{"text_format":"1","workbook":"xlsx","n_sheets":8,"sheets":["HOME","DMHH-kymoi","check","DMKH-kymoi","NHAP","XUAT","DMHH","DMKH"],"not_rendered":{"charts":0,"images":4,"macros":1,"external_links":2,"defined_names":2,"comments":2,"pivot_tables":0},"unopened":[],"bounds":{"document_bytes":16777216,"sheet_cells":100000,"rows_first":2000,"rows_last":500,"rows_between":2000,"halvings":0,"cell_chars":16384,"cell_head_chars":4096},"cells_cut":0,"cells_raw":0,"read":"whole","date_system":"1900"}

{"sheet":"HOME","index":0,"n_rows":31,"n_cols":7,"rows_kept":31,"cut":false,"hidden":false,"merged":[]}
["TẠO DỮ LIỆU KỲ MỚI CHO PHẦN MỀM 1.4 PRO",null,null,null,null,null,1]
[]
[]
["Link file Kỳ cũ",null,"C:\\Users\\dell\\Desktop\\BAN HANG\\Excel.webkynang.vn2 - Ban FULL 1.4 (Nang cap 2017).xlsm"]
[]
[]
[]
[]
[]
[]
[]
[]
[]
[]
[]
["1. HƯỚNG DẪN CÁCH SỬ DỤNG:"]
[]
["- Bước 1:","Bạn nhấn nút \"Chọn file\": Một cửa sổ sẽ hiện lên, bạn chọn file của kỳ cũ là được"]
["- Bước 2:","Bạn nhấn nút \"Tính toán số đầu kỳ mới\""]
["- Bước 3:","Bạn lần lượt copy dữ liệu danh mục và số dư ở 2 sheet DMHH-kymoi và DMKH-kymoi để paste special value sang danh mục tương ứng bên file kỳ mới của 1.4 PRO"]
[]
["4 Sheet màu xanh là dữ liệu nguồn được lấy tự động từ kỳ cũ của bạn. Tại sheet DMHH, DMKH có công thức nên bạn không nên xóa hay chỉnh sửa."]
[]
["2. LƯU Ý:"]
[]
["Ở file kỳ mới bạn nên xóa dữ liệu nhập, xuất và thu chi khác ở phần NHẬP PHIẾU nhé bạn."]
["Cách làm:"]
["- Bước 1:","Chọn vùng cần xóa, ví dụ như hình dưới"]
["- Bước 2:","Nhấn phím \"Delete\" là xong"]
[]
["Không chọn cả dòng hay chọn cả cột STT để xóa."]

{"sheet":"DMHH-kymoi","index":1,"n_rows":1002,"n_cols":14,"rows_kept":1002,"cut":false,"hidden":false,"merged":[[0,5,0,7]]}
["STT","MÃ HÀNG","TÊN HÀNG","ĐVT","NHÓM HÀNG","TỒN KHO BẮT ĐẦU KỲ MỚI"]
[null,null,null,null,null,"Số lượng","Đơn giá tồn","Thành tiền"]
[1,"BX30","Bánh xe 30","Cái","MT",97,6053.5714285714294,587196.42857142864,null,null,null,null,{"$f":"VLOOKUP($B3,[2]NXT!$D1:$N10000,9,0)-F3","v":-97},{"$f":"VLOOKUP($B3,[1]NXT!$D$14:$Z$1900,11,0)-H3","v":{"$error":"#N/A"}}]
[2,"BX36","Bánh xe 36 ","Cái","MT",94,6153.9877300613507,578474.84662576695,null,null,null,null,{"$f":"VLOOKUP($B4,[2]NXT!$D2:$N10001,9,0)-F4","v":{"$error":"#N/A"}},{"$f":"VLOOKUP($B4,[1]NXT!$D$14:$Z$1900,11,0)-H4","v":{"$error":"#N/A"}}]
[3,"BX48","Bánh xe 48","Cái","MT",-17,12000,-204000,null,null,null,null,{"$f":"VLOOKUP($B5,[2]NXT!$D3:$N10002,9,0)-F5","v":{"$error":"#N/A"}},{"$f":"VLOOKUP($B5,[1]NXT!$D$14:$Z$1900,11,0)-H5","v":{"$error":"#N/A"}}]
[4,"BXB","Bánh xe bạc treo","Cái","MT",39,9000,351000,null,null,null,null,{"$f":"VLOOKUP($B6,[2]NXT!$D4:$N10003,9,0)-F6","v":{"$error":"#N/A"}},{"$f":"VLOOKUP($B6,[1]NXT!$D$14:$Z$1900,11,0)-H6","v":{"$error":"#N/A"}}]
[5,"CCN20","Chụp nhựa 20","Cái","CN",768,140,107520,null,null,null,null,{"$f":"VLOOKUP($B7,[2]NXT!$D5:$N10004,9,0)-F7","v":{"$error":"#N/A"}},{"$f":"VLOOKUP($B7,[1]NXT!$D$14:$Z$1900,11,0)-H7","v":{"$error":"#N/A"}}]
[6,"CCN24","Chụp nhựa 24","Cái","CN",141,140,19740,null,null,null,null,{"$f":"VLOOKUP($B8,[2]NXT!$D6:$N10005,9,0)-F8","v":{"$error":"#N/A"}},{"$f":"VLOOKUP($B8,[1]NXT!$D$14:$Z$1900,11,0)-H8","v":{"$error":"#N/A"}}]
[7,"CCN25","Chụp nhựa 25","Cái","CN",354,160,56640,null,null,null,null,{"$f":"VLOOKUP($B9,[2]NXT!$D7:$N10006,9,0)-F9","v":{"$error":"#N/A"}},{"$f":"VLOOKUP($B9,[1]NXT!$D$14:$Z$1900,11,0)-H9","v":{"$error":"#N/A"}}]
[8,"CCN2550","Chụp nhựa 2550","Cái","CN",445,210,93450,null,null,null,null,{"$f":"VLOOKUP($B10,[2]NXT!$D8:$N10007,9,0)-F10","v":{"$error":"#N/A"}},{"$f":"VLOOKUP($B10,[1]NXT!$D$14:$Z$1900,11,0)-H10","v":{"$error":"#N/A"}}]
[9,"CCN30","Chụp nhựa 30","Cái","CN",426,180,76680,null,null,null,null,{"$f":"VLOOKUP($B11,[2]NXT!$D9:$N10008,9,0)-F11","v":{"$error":"#N/A"}},{"$f":"VLOOKUP($B11,[1]NXT!$D$14:$Z$1900,11,0)-H11","v":{"$error":"#N/A"}}]
[10,"CCN36","Chụp nhựa 36","Cái","CN",268,280,75040,null,null,null,null,{"$f":"VLOOKUP($B12,[2]NXT!$D10:$N10009,9,0)-F12","v":{"$error":"#N/A"}},{"$f":"VLOOKUP($B12,[1]NXT!$D$14:$Z$1900,11,0)-H12","v":{"$error":"#N/A"}}]
[11,"CCN40","Chụp nhựa 40","Cái","CN",326,300,97800,null,null,null,null,{"$f":"VLOOKUP($B13,[2]NXT!$D11:$N10010,9,0)-F13","v":{"$error":"#N/A"}},{"$f":"VLOOKUP($B13,[1]NXT!$D$14:$Z$1900,11,0)-H13","v":{"$error":"#N/A"}}]
[12,"CCN48","Chụp nhựa 48","Cái","CN",51,472.66304347826099,24105.815217391311,null,null,null,null,{"$f":"VLOOKUP($B14,[2]NXT!$D12:$N10011,9,0)-F14","v":{"$error":"#N/A"}},{"$f":"VLOOKUP($B14,[1]NXT!$D$14:$Z$1900,11,0)-H14","v":{"$error":"#N/A"}}]
[13,"CCN50","Chụp nhựa 50","Cái","CN",127,500,63500,null,null,null,null,{"$f":"VLOOKUP($B15,[2]NXT!$D13:$N10012,9,0)-F15","v":{"$error":"#N/A"}},{"$f":"VLOOKUP($B15,[1]NXT!$D$14:$Z$1900,11,0)-H15","v":{"$error":"#N/A"}}]
[14,"CCN510","Chụp nhựa 510","Cái","CN",72,740,53280,null,null,null,null,{"$f":"VLOOKUP($B16,[2]NXT!$D14:$N10013,9,0)-F16","v":{"$error":"#N/A"}},{"$f":"VLOOKUP($B16,[1]NXT!$D$14:$Z$1900,11,0)-H16","v":{"$error":"#N/A"}}]
[15,"CCN612","Chụp nhựa 612","Cái","CN",15,1000,15000,null,null,null,null,{"$f":"VLOOKUP($B17,[2]NXT!$D15:$N10014,9,0)-F17","v":{"$error":"#N/A"}},{"$f":"VLOOKUP($B17,[1]NXT!$D$14:$Z$1900,11,0)-H17","v":{"$error":"#N/A"}}]
[16,"CCS1326","Chụp chông sắt 1326","Cái","CC",251,160,40160,null,null,null,null,{"$f":"VLOOKUP($B18,[2]NXT!$D16:$N10015,9,0)-F18","v":{"$error":"#N/A"}},{"$f":"VLOOKUP($B18,[1]NXT!$D$14:$Z$1900,11,0)-H18","v":{"$error":"#N/A"}}]
[17,"CCS24","Chụp chông sắt 24","Cái","CC",376,464.98533724340172,174834.48680351904,null,null,null,null,{"$f":"VLOOKUP($B19,[2]NXT!$D17:$N10016,9,0)-F19","v":{"$error":"#N/A"}},{"$f":"VLOOKUP($B19,[1]NXT!$D$14:$Z$1900,11,0)-H19","v":{"$error":"#N/A"}}]
[18,"CCS25","Chụp chông sắt 2550","Cái","CC",256,711.28205128205127,182088.20512820513,null,null,null,null,{"$f":"VLOOKUP($B20,[2]NXT!$D18:$N10017,9,0)-F20","v":{"$error":"#N/A"}},{"$f":"VLOOKUP($B20,[1]NXT!$D$14:$Z$1900,11,0)-H20","v":{"$error":"#N/A"}}]
[19,"CCS36","Chụp chông sắt 36","Cái","CC",269,1850.1672240802677,497694.98327759199,null,null,null,null,{"$f":"VLOOKUP($B21,[2]NXT!$D19:$N10018,9,0)-F21","v":{"$error":"#N/A"}},{"$f":"VLOOKUP($B21,[1]NXT!$D$14:$Z$1900,11,0)-H21","v":{"$error":"#N/A"}}]
[20,"CCS48","Chụp chông sắt 48","Cái","CC",21,1800,37800,null,null,null,null,{"$f":"VLOOKUP($B22,[2]NXT!$D20:$N10019,9,0)-F22","v":{"$error":"#N/A"}},{"$f":"VLOOKUP($B22,[1]NXT!$D$14:$Z$1900,11,0)-H22","v":{"$error":"#N/A"}}]
[21,"CKL","Chén kẽm lớn","Kg","CK",40,16642.857142857141,665714.28571428568,null,null,null,null,{"$f":"VLOOKUP($B23,[2]NXT!$D21:$N10020,9,0)-F23","v":{"$error":"#N/A"}},{"$f":"VLOOKUP($B23,[1]NXT!$D$14:$Z$1900,11,0)-H23","v":{"$error":"#N/A"}}]
[22,"CKN","Chén kẽm nhỏ","Kg","CK",32,17000,544000,null,null,null,null,{"$f":"VLOOKUP($B24,[2]NXT!$D22:$N10021,9,0)-F24","v":{"$error":"#N/A"}},{"$f":"VLOOKUP($B24,[1]NXT!$D$14:$Z$1900,11,0)-H24","v":{"$error":"#N/A"}}]
[23,"CKT","Chén kẽm trung","Kg","CK",25.8,16594.594594594593,428140.54054054053,null,null,null,null,{"$f":"VLOOKUP($B25,[2]NXT!$D23:$N10022,9,0)-F25","v":{"$error":"#N/A"}},{"$f":"VLOOKUP($B25,[1]NXT!$D$14:$Z$1900,11,0)-H25","v":{"$error":"#N/A"}}]
[24,"CN10L","Cách nhiệt 10 li","Mét","CN",324.04999999999995,13082.560296846008,4239403.6641929485,null,null,null,null,{"$f":"VLOOKUP($B26,[2]NXT!$D24:$N10023,9,0)-F26","v":{"$error":"#N/A"}},{"$f":"VLOOKUP($B26,[1]NXT!$D$14:$Z$1900,11,0)-H26","v":{"$error":"#N/A"}}]
[25,"CN20L","Cách nhiệt 20 li","Mét","CN",141.39999999999998,28600.000000000004,4044040,null,null,null,null,{"$f":"VLOOKUP($B27,[2]NXT!$D25:$N10024,9,0)-F27","v":{"$error":"#N/A"}},{"$f":"VLOOKUP($B27,[1]NXT!$D$14:$Z$1900,11,0)-H27","v":{"$error":"#N/A"}}]
[26,"CN5L","Cách nhiệt 5 li","Mét","CN",468.44,7666.6666666666661,3591373.333333333,null,null,null,null,{"$f":"VLOOKUP($B28,[2]NXT!$D26:$N10025,9,0)-F28","v":{"$error":"#N/A"}},{"$f":"VLOOKUP($B28,[1]NXT!$D$14:$Z$1900,11,0)-H28","v":{"$error":"#N/A"}}]
[27,"CNCT","Cách nhiệt Cát Tường","Cuộn","CN",5,1128000,5640000,null,null,null,null,{"$f":"VLOOKUP($B29,[2]NXT!$D27:$N10026,9,0)-F29","v":{"$error":"#N/A"}},{"$f":"VLOOKUP($B29,[1]NXT!$D$14:$Z$1900,11,0)-H29","v":{"$error":"#N/A"}}]
[28,"CNVN","Cách nhiệt Việt Nhật","Cuộn","CN",0,0,0,null,null,null,null,{"$f":"VLOOKUP($B30,[2]NXT!$D28:$N10027,9,0)-F30","v":{"$error":"#N/A"}},{"$f":"VLOOKUP($B30,[1]NXT!$D$14:$Z$1900,11,0)-H30","v":{"$error":"#N/A"}}]
[29,"HD1020 0.6","Hộp đen 10x20 (0.6)","cây","HD",180,28697.368421052633,5165526.3157894742,null,null,null,null,{"$f":"VLOOKUP($B31,[2]NXT!$D29:$N10028,9,0)-F31","v":{"$error":"#N/A"}},{"$f":"VLOOKUP($B31,[1]NXT!$D$14:$Z$1900,11,0)-H31","v":{"$error":"#N/A"}}]
[30,"HD1020 0.7","Hộp đen 10x20 (0.7)","Cây","HD",0,0,0,null,null,null,null,{"$f":"VLOOKUP($B32,[2]NXT!$D30:$N10029,9,0)-F32","v":{"$error":"#N/A"}},{"$f":"VLOOKUP($B32,[1]NXT!$D$14:$Z$1900,11,0)-H32","v":{"$error":"#N/A"}}]
[31,"HD1326 0.9","Hộp đen 13x26 (0.9)","Cây","HD",0,0,0,null,null,null,null,{"$f":"VLOOKUP($B33,[2]NXT!$D31:$N10030,9,0)-F33","v":{"$error":"#N/A"}},{"$f":"VLOOKUP($B33,[1]NXT!$D$14:$Z$1900,11,0)-H33","v":{"$error":"#N/A"}}]
[32,"HD1326 1.0","Hộp đen 13x26 (1.0)","Cây","HD",0,0,0,null,null,null,null,{"$f":"VLOOKUP($B34,[2]NXT!$D32:$N10031,9,0)-F34","v":{"$error":"#N/A"}},{"$f":"VLOOKUP($B34,[1]NXT!$D$14:$Z$1900,11,0)-H34","v":{"$error":"#N/A"}}]
[33,"HD2040 1.4","Hộp đen 20x40 (1.4)","Cây","HD",0,0,0,null,null,null,null,{"$f":"VLOOKUP($B35,[2]NXT!$D33:$N10032,9,0)-F35","v":{"$error":"#N/A"}},{"$f":"VLOOKUP($B35,[1]NXT!$D$14:$Z$1900,11,0)-H35","v":{"$error":"#N/A"}}]
[34,"HD2550 0.7","Hộp đen 25x50 (0.7)","Cây","HD",1117,72716.869158878457,81224742.850467235,null,null,null,null,{"$f":"VLOOKUP($B36,[2]NXT!$D34:$N10033,9,0)-F36","v":{"$error":"#N/A"}},{"$f":"VLOOKUP($B36,[1]NXT!$D$14:$Z$1900,11,0)-H36","v":{"$error":"#N/A"}}]
[35,"HD2550 0.8","Hộp đen 25x50 (0.8)","Cây","HD",0,0,0,null,null,null,null,{"$f":"VLOOKUP($B37,[2]NXT!$D35:$N10034,9,0)-F37","v":{"$error":"#N/A"}},{"$f":"VLOOKUP($B37,[1]NXT!$D$14:$Z$1900,11,0)-H37","v":{"$error":"#N/A"}}]
[36,"HD2550 0.9","Hộp đen 25x50 (0.9)","Cây","HD",100,86978.378378378373,8697837.8378378376,null,null,null,null,{"$f":"VLOOKUP($B38,[2]NXT!$D36:$N10035,9,0)-F38","v":{"$error":"#N/A"}},{"$f":"VLOOKUP($B38,[1]NXT!$D$14:$Z$1900,11,0)-H38","v":{"$error":"#N/A"}}]
[37,"HD2550 1.2","Hộp đen 25x50 (1.2)","Cây","HD",0,0,0,null,null,null,null,{"$f":"VLOOKUP($B39,[2]NXT!$D37:$N10036,9,0)-F39","v":{"$error":"#N/A"}},{"$f":"VLOOKUP($B39,[1]NXT!$D$14:$Z$1900,11,0)-H39","v":{"$error":"#N/A"}}]
[38,"HD2550 1.4","Hộp đen 25x50 (1.4)","Cây","HD",0,0,0,null,null,null,null,{"$f":"VLOOKUP($B40,[2]NXT!$D38:$N10037,9,0)-F40","v":{"$error":"#N/A"}},{"$f":"VLOOKUP($B40,[1]NXT!$D$14:$Z$1900,11,0)-H40","v":{"$error":"#N/A"}}]
[39,"HD4080 1.2","Hộp đen 40x80 (1.2)","Cây","HD",0,0,0,null,null,null,null,{"$f":"VLOOKUP($B41,[2]NXT!$D39:$N10038,9,0)-F41","v":{"$error":"#N/A"}},{"$f":"VLOOKUP($B41,[1]NXT!$D$14:$Z$1900,11,0)-H41","v":{"$error":"#N/A"}}]
[40,"HD4080 1.8","Hộp đen 40x80 (1.8)","Cây","HD",0,0,0,null,null,null,null,{"$f":"VLOOKUP($B42,[2]NXT!$D40:$N10039,9,0)-F42","v":{"$error":"#N/A"}},{"$f":"VLOOKUP($B42,[1]NXT!$D$14:$Z$1900,11,0)-H42","v":{"$error":"#N/A"}}]
[41,"HD4080 3.0","Hộp đen 40x80 (3.0)","Cây","HD",0,0,0,null,null,null,null,{"$f":"VLOOKUP($B43,[2]NXT!$D41:$N10040,9,0)-F43","v":{"$error":"#N/A"}},{"$f":"VLOOKUP($B43,[1]NXT!$D$14:$Z$1900,11,0)-H43","v":{"$error":"#N/A"}}]
[42,"HD4590 1.4","Hộp đen 45x90 (1.4)","Cây","HD",0,0,0,null,null,null,null,{"$f":"VLOOKUP($B44,[2]NXT!$D42:$N10041,9,0)-F44","v":{"$error":"#N/A"}},{"$f":"VLOOKUP($B44,[1]NXT!$D$14:$Z$1900,11,0)-H44","v":{"$error":"#N/A"}}]
[43,"HD5010 1.4","Hộp đen 50x100 (1.4)","Cây","HD",0,0,0,null,null,null,null,{"$f":"VLOOKUP($B45,[2]NXT!$D43:$N10042,9,0)-F45","v":{"$error":"#N/A"}},{"$f":"VLOOKUP($B45,[1]NXT!$D$14:$Z$1900,11,0)-H45","v":{"$error":"#N/A"}}]
[44,"HD5010 1.8","Hộp đen 50x100 (1.8)","Cây","HD",0,0,0,null,null,null,null,{"$f":"VLOOKUP($B46,[2]NXT!$D44:$N10043,9,0)-F46","v":{"$error":"#N/A"}},{"$f":"VLOOKUP($B46,[1]NXT!$D$14:$Z$1900,11,0)-H46","v":{"$error":"#N/A"}}]
[45,"HD5010 3.0","Hộp đen 50x100 (3.0)","Cây","HD",2,592000,1184000,null,null,null,null,{"$f":"VLOOKUP($B47,[2]NXT!$D45:$N10044,9,0)-F47","v":{"$error":"#N/A"}},{"$f":"VLOOKUP($B47,[1]NXT!$D$14:$Z$1900,11,0)-H47","v":{"$error":"#N/A"}}]
[46,"HD612 1.4","Hộp đen 60x120 (1.4)","Cây","HD",0,0,0,null,null,null,null,{"$f":"VLOOKUP($B48,[2]NXT!$D46:$N10045,9,0)-F48","v":{"$error":"#N/A"}},{"$f":"VLOOKUP($B48,[1]NXT!$D$14:$Z$1900,11,0)-H48","v":{"$error":"#N/A"}}]
[47,"HD612 1.8","Hộp đen 60x120 (1.8)","Cây","HD",0,0,0,null,null,null,null,{"$f":"VLOOKUP($B49,[2]NXT!$D47:$N10046,9,0)-F49","v":{"$error":"#N/A"}},{"$f":"VLOOKUP($B49,[1]NXT!$D$14:$Z$1900,11,0)-H49","v":{"$error":"#N/A"}}]
[48,"HK1326 0.9","Hộp kẽm 13x26 (0.9)","Cây","HK",30,45165.758754863899,1354972.762645917,null,null,null,null,{"$f":"VLOOKUP($B50,[2]NXT!$D48:$N10047,9,0)-F50","v":{"$error":"#N/A"}},{"$f":"VLOOKUP($B50,[1]NXT!$D$14:$Z$1900,11,0)-H50","v":{"$error":"#N/A"}}]
[49,"HK1326 1.0","Hộp kẽm 13x26 (1.0)","Cây","HK",62,49243.661971830988,3053107.0422535213,null,null,null,null,{"$f":"VLOOKUP($B51,[2]NXT!$D49:$N10048,9,0)-F51","v":{"$error":"#N/A"}},{"$f":"VLOOKUP($B51,[1]NXT!$D$14:$Z$1900,11,0)-H51","v":{"$error":"#N/A"}}]
[50,"HK1326 1.1","Hộp kẽm 13x26 (1.1)","Cây","HK",79,56372.511848341223,4453428.4360189568,null,null,null,null,{"$f":"VLOOKUP($B52,[2]NXT!$D50:$N10049,9,0)-F52","v":{"$error":"#N/A"}},{"$f":"VLOOKUP($B52,[1]NXT!$D$14:$Z$1900,11,0)-H52","v":{"$error":"#N/A"}}]
[51,"HK1326 1.2","Hộp kẽm 13x26 (1.2)","Cây","HK",153,61076.293823038395,9344672.954924874,null,null,null,null,{"$f":"VLOOKUP($B53,[2]NXT!$D51:$N10050,9,0)-F53","v":{"$error":"#N/A"}},{"$f":"VLOOKUP($B53,[1]NXT!$D$14:$Z$1900,11,0)-H53","v":{"$error":"#N/A"}}]
[52,"HK2040 0.9","Hộp kẽm 20x40 (0.9)","Cây","HK",0,0,0,null,null,null,null,{"$f":"VLOOKUP($B54,[2]NXT!$D52:$N10051,9,0)-F54","v":{"$error":"#N/A"}},{"$f":"VLOOKUP($B54,[1]NXT!$D$14:$Z$1900,11,0)-H54","v":{"$error":"#N/A"}}]
[53,"HK2040 1.0","Hộp kẽm 20x40 (1.0)","Cây","HK",0,0,0,null,null,null,null,{"$f":"VLOOKUP($B55,[2]NXT!$D53:$N10052,9,0)-F55","v":{"$error":"#N/A"}},{"$f":"VLOOKUP($B55,[1]NXT!$D$14:$Z$1900,11,0)-H55","v":{"$error":"#N/A"}}]
[54,"HK2040 1.1","Hộp kẽm 20x40 (1.1)","Cây","HK",0,0,0,null,null,null,null,{"$f":"VLOOKUP($B56,[2]NXT!$D54:$N10053,9,0)-F56","v":{"$error":"#N/A"}},{"$f":"VLOOKUP($B56,[1]NXT!$D$14:$Z$1900,11,0)-H56","v":{"$error":"#N/A"}}]
[55,"HK2040 1.2 ","Hộp kẽm 20x40 (1.2) ","Cây","HK",72,96346.131805157594,6936921.4899713472,null,null,null,null,{"$f":"VLOOKUP($B57,[2]NXT!$D55:$N10054,9,0)-F57","v":{"$error":"#N/A"}},{"$f":"VLOOKUP($B57,[1]NXT!$D$14:$Z$1900,11,0)-H57","v":{"$error":"#N/A"}}]
[56,"HK2040 1.3","Hộp kẽm 20x40 (1.3)","Cây","HK",39,101752,3968328,null,null,null,null,{"$f":"VLOOKUP($B58,[2]NXT!$D56:$N10055,9,0)-F58","v":{"$error":"#N/A"}},{"$f":"VLOOKUP($B58,[1]NXT!$D$14:$Z$1900,11,0)-H58","v":{"$error":"#N/A"}}]
[57,"HK2040 1.4 ","Hộp kẽm 20x40 (1.4) ","Cây","HK",63,108619.7986577181,6843047.3154362403,null,null,null,null,{"$f":"VLOOKUP($B59,[2]NXT!$D57:$N10056,9,0)-F59","v":{"$error":"#N/A"}},{"$f":"VLOOKUP($B59,[1]NXT!$D$14:$Z$1900,11,0)-H59","v":{"$error":"#N/A"}}]
[58,"HK2040 1.8","Hộp kẽm 20x40 (1.8)","Cây","HK",0,0,0,null,null,null,null,{"$f":"VLOOKUP($B60,[2]NXT!$D58:$N10057,9,0)-F60","v":{"$error":"#N/A"}},{"$f":"VLOOKUP($B60,[1]NXT!$D$14:$Z$1900,11,0)-H60","v":{"$error":"#N/A"}}]
[59,"HK2550 1.1","Hộp kẽm 25x50 (1.1)","Cây","HK",1,123200,123200,null,null,null,null,{"$f":"VLOOKUP($B61,[2]NXT!$D59:$N10058,9,0)-F61","v":{"$error":"#N/A"}},{"$f":"VLOOKUP($B61,[1]NXT!$D$14:$Z$1900,11,0)-H61","v":{"$error":"#N/A"}}]
[60,"HK2550 1.2 ","Hộp kẽm 25x50 (1.2) ","Cây","HK",24,125697.52066115693,3016740.4958677664,null,null,null,null,{"$f":"VLOOKUP($B62,[2]NXT!$D60:$N10059,9,0)-F62","v":{"$error":"#N/A"}},{"$f":"VLOOKUP($B62,[1]NXT!$D$14:$Z$1900,11,0)-H62","v":{"$error":"#N/A"}}]
[61,"HK2550 1.3","Hộp kẽm 25x50 (1.3)","Cây","HK",0,0,0,null,null,null,null,{"$f":"VLOOKUP($B63,[2]NXT!$D61:$N10060,9,0)-F63","v":{"$error":"#N/A"}},{"$f":"VLOOKUP($B63,[1]NXT!$D$14:$Z$1900,11,0)-H63","v":{"$error":"#N/A"}}]
[62,"HK2550 1.4 ","Hộp kẽm 25x50 (1.4) ","Cây","HK",69,136627.21088435373,9427277.551020408,null,null,null,null,{"$f":"VLOOKUP($B64,[2]NXT!$D62:$N10061,9,0)-F64","v":{"$error":"#N/A"}},{"$f":"VLOOKUP($B64,[1]NXT!$D$14:$Z$1900,11,0)-H64","v":{"$error":"#N/A"}}]
[63,"HK2550 1.8","Hộp kẽm 25x50 (1.8)","Cây","HK",0,0,0,null,null,null,null,{"$f":"VLOOKUP($B65,[2]NXT!$D63:$N10062,9,0)-F65","v":{"$error":"#N/A"}},{"$f":"VLOOKUP($B65,[1]NXT!$D$14:$Z$1900,11,0)-H65","v":{"$error":"#N/A"}}]
[64,"HK3060 1.1","Hộp kẽm 30x60 (1.1)","Cây","HK",1,142590.47619047621,142590.47619047621,null,null,null,null,{"$f":"VLOOKUP($B66,[2]NXT!$D64:$N10063,9,0)-F66","v":{"$error":"#N/A"}},{"$f":"VLOOKUP($B66,[1]NXT!$D$14:$Z$1900,11,0)-H66","v":{"$error":"#N/A"}}]
[65,"HK3060 1.2 ","Hộp kẽm 30x60 (1.2) ","Cây","HK",87,146786.44859813078,12770421.028037377,null,null,null,null,{"$f":"VLOOKUP($B67,[2]NXT!$D65:$N10064,9,0)-F67","v":{"$error":"#N/A"}},{"$f":"VLOOKUP($B67,[1]NXT!$D$14:$Z$1900,11,0)-H67","v":{"$error":"#N/A"}}]
[66,"HK3060 1.3","Hộp kẽm 30x60 (1.3)","Cây","HK",41,155353.04347826086,6369474.7826086953,null,null,null,null,{"$f":"VLOOKUP($B68,[2]NXT!$D66:$N10065,9,0)-F68","v":{"$error":"#N/A"}},{"$f":"VLOOKUP($B68,[1]NXT!$D$14:$Z$1900,11,0)-H68","v":{"$error":"#N/A"}}]
[67,"HK3060 1.4 ","Hộp kẽm 30x60 (1.4) ","Cây","HK",219,163055.6074766352,35709178.037383109,null,null,null,null,{"$f":"VLOOKUP($B69,[2]NXT!$D67:$N10066,9,0)-F69","v":{"$error":"#N/A"}},{"$f":"VLOOKUP($B69,[1]NXT!$D$14:$Z$1900,11,0)-H69","v":{"$error":"#N/A"}}]
[68,"HK3060 1.7","Hộp kẽm 30x60 (1.7)","Cây","HK",29,216515.25423728811,6278942.3728813557,null,null,null,null,{"$f":"VLOOKUP($B70,[2]NXT!$D68:$N10067,9,0)-F70","v":{"$error":"#N/A"}},{"$f":"VLOOKUP($B70,[1]NXT!$D$14:$Z$1900,11,0)-H70","v":{"$error":"#N/A"}}]
[69,"HK3060 1.8","Hộp kẽm 30x60 (1.8)","Cây","HK",55,202272.37701974891,11124980.73608619,null,null,null,null,{"$f":"VLOOKUP($B71,[2]NXT!$D69:$N10068,9,0)-F71","v":{"$error":"#N/A"}},{"$f":"VLOOKUP($B71,[1]NXT!$D$14:$Z$1900,11,0)-H71","v":{"$error":"#N/A"}}]
[70,"HK3060 2.0","Hộp kẽm 30x60 (2.0)","Cây","HK",50,245412.24489795923,12270612.244897962,null,null,null,null,{"$f":"VLOOKUP($B72,[2]NXT!$D70:$N10069,9,0)-F72","v":{"$error":"#N/A"}},{"$f":"VLOOKUP($B72,[1]NXT!$D$14:$Z$1900,11,0)-H72","v":{"$error":"#N/A"}}]
[71,"HK4080 1.1","Hộp kẽm 40x80 (1.1)","Cây","HK",6,174435.85657370338,1046615.1394422203,null,null,null,null,{"$f":"VLOOKUP($B73,[2]NXT!$D71:$N10070,9,0)-F73","v":{"$error":"#N/A"}},{"$f":"VLOOKUP($B73,[1]NXT!$D$14:$Z$1900,11,0)-H73","v":{"$error":"#N/A"}}]
[72,"HK4080 1.2 ","Hộp kẽm 40x80 (1.2)","Cây","HK",46,199757.5,9188845,null,null,null,null,{"$f":"VLOOKUP($B74,[2]NXT!$D72:$N10071,9,0)-F74","v":{"$error":"#N/A"}},{"$f":"VLOOKUP($B74,[1]NXT!$D$14:$Z$1900,11,0)-H74","v":{"$error":"#N/A"}}]
[73,"HK4080 1.3","Hộp kẽm 40x80 (1.3)","Cây","HK",42,211300.9708737864,8874640.7766990289,null,null,null,null,{"$f":"VLOOKUP($B75,[2]NXT!$D73:$N10072,9,0)-F75","v":{"$error":"#N/A"}},{"$f":"VLOOKUP($B75,[1]NXT!$D$14:$Z$1900,11,0)-H75","v":{"$error":"#N/A"}}]
[74,"HK4080 1.4 ","Hộp kẽm 40x80 (1.4) ","Cây","HK",181,218034.89539748925,39464316.066945553,null,null,null,null,{"$f":"VLOOKUP($B76,[2]NXT!$D74:$N10073,9,0)-F76","v":{"$error":"#N/A"}},{"$f":"VLOOKUP($B76,[1]NXT!$D$14:$Z$1900,11,0)-H76","v":{"$error":"#N/A"}}]
[75,"HK4080 1.7","Hộp kẽm 40x80 (1.7)","Cây","HK",54,275721.12676056335,14888940.845070422,null,null,null,null,{"$f":"VLOOKUP($B77,[2]NXT!$D75:$N10074,9,0)-F77","v":{"$error":"#N/A"}},{"$f":"VLOOKUP($B77,[1]NXT!$D$14:$Z$1900,11,0)-H77","v":{"$error":"#N/A"}}]
[76,"HK4080 1.8","Hộp kẽm 40x80 (1.8)","Cây","HK",79,273655.82548476435,21618810.213296384,null,null,null,null,{"$f":"VLOOKUP($B78,[2]NXT!$D76:$N10075,9,0)-F78","v":{"$error":"#N/A"}},{"$f":"VLOOKUP($B78,[1]NXT!$D$14:$Z$1900,11,0)-H78","v":{"$error":"#N/A"}}]
[77,"HK4080 2.0","Hộp kẽm 40x80(2.0)","Cây","HK",47,338850.27027027006,15925962.702702694,null,null,null,null,{"$f":"VLOOKUP($B79,[2]NXT!$D77:$N10076,9,0)-F79","v":{"$error":"#N/A"}},{"$f":"VLOOKUP($B79,[1]NXT!$D$14:$Z$1900,11,0)-H79","v":{"$error":"#N/A"}}]
[78,"HK4080 2.5","Hộp kẽm 40x80 (2.5)","Cây","HK",10,451840,4518400,null,null,null,null,{"$f":"VLOOKUP($B80,[2]NXT!$D78:$N10077,9,0)-F80","v":{"$error":"#N/A"}},{"$f":"VLOOKUP($B80,[1]NXT!$D$14:$Z$1900,11,0)-H80","v":{"$error":"#N/A"}}]
[79,"HK5010 1.2","Hộp kẽm 50x100 (1.2)","Cây","HK",0,0,0,null,null,null,null,{"$f":"VLOOKUP($B81,[2]NXT!$D79:$N10078,9,0)-F81","v":{"$error":"#N/A"}},{"$f":"VLOOKUP($B81,[1]NXT!$D$14:$Z$1900,11,0)-H81","v":{"$error":"#N/A"}}]
[80,"HK5010 1.3","Hộp kẽm 50x100 (1.3)","Cây","HK",15,275600,4134000,null,null,null,null,{"$f":"VLOOKUP($B82,[2]NXT!$D80:$N10079,9,0)-F82","v":{"$error":"#N/A"}},{"$f":"VLOOKUP($B82,[1]NXT!$D$14:$Z$1900,11,0)-H82","v":{"$error":"#N/A"}}]
[81,"HK5010 1.4 ","Hộp kẽm 50x100 (1.4) ","Cây","HK",115,275377.69230769225,31668434.615384609,null,null,null,null,{"$f":"VLOOKUP($B83,[2]NXT!$D81:$N10080,9,0)-F83","v":{"$error":"#N/A"}},{"$f":"VLOOKUP($B83,[1]NXT!$D$14:$Z$1900,11,0)-H83","v":{"$error":"#N/A"}}]
[82,"HK5010 1.7","Hộp kẽm 50x100 (1.7)","Cây","HK",25,359848.27586206893,8996206.8965517227,null,null,null,null,{"$f":"VLOOKUP($B84,[2]NXT!$D82:$N10081,9,0)-F84","v":{"$error":"#N/A"}},{"$f":"VLOOKUP($B84,[1]NXT!$D$14:$Z$1900,11,0)-H84","v":{"$error":"#N/A"}}]
[83,"HK5010 1.8","Hộp kẽm 50x100 (1.8)","Cây","HK",47,343469.337349398,16143058.855421707,null,null,null,null,{"$f":"VLOOKUP($B85,[2]NXT!$D83:$N10082,9,0)-F85","v":{"$error":"#N/A"}},{"$f":"VLOOKUP($B85,[1]NXT!$D$14:$Z$1900,11,0)-H85","v":{"$error":"#N/A"}}]
[84,"HK5010 2.0","Hộp kẽm 50x100 (2.0)","Cây","HK",32,411725.71428571409,13175222.857142851,null,null,null,null,{"$f":"VLOOKUP($B86,[2]NXT!$D84:$N10083,9,0)-F86","v":{"$error":"#N/A"}},{"$f":"VLOOKUP($B86,[1]NXT!$D$14:$Z$1900,11,0)-H86","v":{"$error":"#N/A"}}]
[85,"HK612 1.4","Hộp kẽm 60x120 (1.4)","Cây","HK",3,340333.33333333331,1021000,null,null,null,null,{"$f":"VLOOKUP($B87,[2]NXT!$D85:$N10084,9,0)-F87","v":{"$error":"#N/A"}},{"$f":"VLOOKUP($B87,[1]NXT!$D$14:$Z$1900,11,0)-H87","v":{"$error":"#N/A"}}]
[86,"HK612 1.8","Hộp Kẽm 60x120 (1.8)","Cây","HK",0,0,0,null,null,null,null,{"$f":"VLOOKUP($B88,[2]NXT!$D86:$N10085,9,0)-F88","v":{"$error":"#N/A"}},{"$f":"VLOOKUP($B88,[1]NXT!$D$14:$Z$1900,11,0)-H88","v":{"$error":"#N/A"}}]
[87,"HK612 2.0","Hộp kẽm 60x120 (2.0)","Cây","HK",6,530176.4705882353,3181058.823529412,null,null,null,null,{"$f":"VLOOKUP($B89,[2]NXT!$D87:$N10086,9,0)-F89","v":{"$error":"#N/A"}},{"$f":"VLOOKUP($B89,[1]NXT!$D$14:$Z$1900,11,0)-H89","v":{"$error":"#N/A"}}]
[88,"HK612 2.5","Hộp kẽm 60x120 (2.5)","Cây","HK",0,0,0,null,null,null,null,{"$f":"VLOOKUP($B90,[2]NXT!$D88:$N10087,9,0)-F90","v":{"$error":"#N/A"}},{"$f":"VLOOKUP($B90,[1]NXT!$D$14:$Z$1900,11,0)-H90","v":{"$error":"#N/A"}}]
[89,"I100","I100","Cây","I",8,600805.5555555555,4806444.444444444,null,null,null,null,{"$f":"VLOOKUP($B91,[2]NXT!$D89:$N10088,9,0)-F91","v":{"$error":"#N/A"}},{"$f":"VLOOKUP($B91,[1]NXT!$D$14:$Z$1900,11,0)-H91","v":{"$error":"#N/A"}}]
[90,"I120","I 120","Cây","I",7,754130.43478260876,5278913.0434782617,null,null,null,null,{"$f":"VLOOKUP($B92,[2]NXT!$D90:$N10089,9,0)-F92","v":{"$error":"#N/A"}},{"$f":"VLOOKUP($B92,[1]NXT!$D$14:$Z$1900,11,0)-H92","v":{"$error":"#N/A"}}]
[91,"I150","I 150","Cây","I",6,934800,5608800,null,null,null,null,{"$f":"VLOOKUP($B93,[2]NXT!$D91:$N10090,9,0)-F93","v":{"$error":"#N/A"}},{"$f":"VLOOKUP($B93,[1]NXT!$D$14:$Z$1900,11,0)-H93","v":{"$error":"#N/A"}}]
[92,"I150 D","I 150 (Dày)","Cây","I",10,1210000,12100000,null,null,null,null,{"$f":"VLOOKUP($B94,[2]NXT!$D92:$N10091,9,0)-F94","v":{"$error":"#N/A"}},{"$f":"VLOOKUP($B94,[1]NXT!$D$14:$Z$1900,11,0)-H94","v":{"$error":"#N/A"}}]
[93,"I200","I 200","Cây","I",0,0,0,null,null,null,null,{"$f":"VLOOKUP($B95,[2]NXT!$D93:$N10092,9,0)-F95","v":{"$error":"#N/A"}},{"$f":"VLOOKUP($B95,[1]NXT!$D$14:$Z$1900,11,0)-H95","v":{"$error":"#N/A"}}]
[94,"LA2F","La 2F(2Li3 - 2li5)","kg","La",0,0,0,null,null,null,null,{"$f":"VLOOKUP($B96,[2]NXT!$D94:$N10093,9,0)-F96","v":{"$error":"#N/A"}},{"$f":"VLOOKUP($B96,[1]NXT!$D$14:$Z$1900,11,0)-H96","v":{"$error":"#N/A"}}]
[95,"LA3F","La 3F (2Li3)","kg","La",0,0,0,null,null,null,null,{"$f":"VLOOKUP($B97,[2]NXT!$D95:$N10094,9,0)-F97","v":{"$error":"#N/A"}},{"$f":"VLOOKUP($B97,[1]NXT!$D$14:$Z$1900,11,0)-H97","v":{"$error":"#N/A"}}]
[96,"LC 14","La cứng 14","Cây","LC",649,8304.2996108949428,5389490.4474708177,null,null,null,null,{"$f":"VLOOKUP($B98,[2]NXT!$D96:$N10095,9,0)-F98","v":{"$error":"#N/A"}},{"$f":"VLOOKUP($B98,[1]NXT!$D$14:$Z$1900,11,0)-H98","v":{"$error":"#N/A"}}]
[97,"LC 16","La cứng 16","Cây","LC",-57,10100,-575700,null,null,null,null,{"$f":"VLOOKUP($B99,[2]NXT!$D97:$N10096,9,0)-F99","v":{"$error":"#N/A"}},{"$f":"VLOOKUP($B99,[1]NXT!$D$14:$Z$1900,11,0)-H99","v":{"$error":"#N/A"}}]
[98,"LC 18","La cứng 18","Cây","LC",84,14000,1176000,null,null,null,null,{"$f":"VLOOKUP($B100,[2]NXT!$D98:$N10097,9,0)-F100","v":{"$error":"#N/A"}},{"$f":"VLOOKUP($B100,[1]NXT!$D$14:$Z$1900,11,0)-H100","v":{"$error":"#N/A"}}]
[99,"LC 20","La cứng 20","Cây","LC",59,14100,831900,null,null,null,null,{"$f":"VLOOKUP($B101,[2]NXT!$D99:$N10098,9,0)-F101","v":{"$error":"#N/A"}},{"$f":"VLOOKUP($B101,[1]NXT!$D$14:$Z$1900,11,0)-H101","v":{"$error":"#N/A"}}]
[100,"LC 20 10","La cứng 20 10li","Cây","LC",16,70000,1120000,null,null,null,null,{"$f":"VLOOKUP($B102,[2]NXT!$D100:$N10099,9,0)-F102","v":{"$error":"#N/A"}},{"$f":"VLOOKUP($B102,[1]NXT!$D$14:$Z$1900,11,0)-H102","v":{"$error":"#N/A"}}]
[101,"LC 20 5","La cứng 20 5li","Cây","LC",6,22800,136800,null,null,null,null,{"$f":"VLOOKUP($B103,[2]NXT!$D101:$N10100,9,0)-F103","v":{"$error":"#N/A"}},{"$f":"VLOOKUP($B103,[1]NXT!$D$14:$Z$1900,11,0)-H103","v":{"$error":"#N/A"}}]
[102,"LC 25","La cứng 25","Cây","LC",15,22800,342000,null,null,null,null,{"$f":"VLOOKUP($B104,[2]NXT!$D102:$N10101,9,0)-F104","v":{"$error":"#N/A"}},{"$f":"VLOOKUP($B104,[1]NXT!$D$14:$Z$1900,11,0)-H104","v":{"$error":"#N/A"}}]
[103,"LC 25 10","La cứng 25 10li","Cây","LC",0,0,0,null,null,null,null,{"$f":"VLOOKUP($B105,[2]NXT!$D103:$N10102,9,0)-F105","v":{"$error":"#N/A"}},{"$f":"VLOOKUP($B105,[1]NXT!$D$14:$Z$1900,11,0)-H105","v":{"$error":"#N/A"}}]
[104,"LC 25 5","La cứng 25 5li","Cây","LC",13,32000,416000,null,null,null,null,{"$f":"VLOOKUP($B106,[2]NXT!$D104:$N10103,9,0)-F106","v":{"$error":"#N/A"}},{"$f":"VLOOKUP($B106,[1]NXT!$D$14:$Z$1900,11,0)-H106","v":{"$error":"#N/A"}}]
[105,"LC 30","La cứng 30","Cây","LC",11,17000,187000,null,null,null,null,{"$f":"VLOOKUP($B107,[2]NXT!$D105:$N10104,9,0)-F107","v":{"$error":"#N/A"}},{"$f":"VLOOKUP($B107,[1]NXT!$D$14:$Z$1900,11,0)-H107","v":{"$error":"#N/A"}}]
[106,"LC 30 4","La cứng 30 4li","Cây","LC",1,38000,38000,null,null,null,null,{"$f":"VLOOKUP($B108,[2]NXT!$D106:$N10105,9,0)-F108","v":{"$error":"#N/A"}},{"$f":"VLOOKUP($B108,[1]NXT!$D$14:$Z$1900,11,0)-H108","v":{"$error":"#N/A"}}]
[107,"LC 30 5","La cứng 30 5li","Cây","LC",1,46675.675675675739,46675.675675675739,null,null,null,null,{"$f":"VLOOKUP($B109,[2]NXT!$D107:$N10106,9,0)-F109","v":{"$error":"#N/A"}},{"$f":"VLOOKUP($B109,[1]NXT!$D$14:$Z$1900,11,0)-H109","v":{"$error":"#N/A"}}]
[108,"LC 40","La cứng 40","Cây","LC",27,26000,702000,null,null,null,null,{"$f":"VLOOKUP($B110,[2]NXT!$D108:$N10107,9,0)-F110","v":{"$error":"#N/A"}},{"$f":"VLOOKUP($B110,[1]NXT!$D$14:$Z$1900,11,0)-H110","v":{"$error":"#N/A"}}]
[109,"LC 40 4","La cứng 40 4li","Cây","LC",3,62000,186000,null,null,null,null,{"$f":"VLOOKUP($B111,[2]NXT!$D109:$N10108,9,0)-F111","v":{"$error":"#N/A"}},{"$f":"VLOOKUP($B111,[1]NXT!$D$14:$Z$1900,11,0)-H111","v":{"$error":"#N/A"}}]
[110,"LC 40 5","La cứng 40 5li","Cây","LC",1,67227.272727272823,67227.272727272823,null,null,null,null,{"$f":"VLOOKUP($B112,[2]NXT!$D110:$N10109,9,0)-F112","v":{"$error":"#N/A"}},{"$f":"VLOOKUP($B112,[1]NXT!$D$14:$Z$1900,11,0)-H112","v":{"$error":"#N/A"}}]
[111,"LC 40 6","La cứng 40 6li","Cây","LC",1,93000,93000,null,null,null,null,{"$f":"VLOOKUP($B113,[2]NXT!$D111:$N10110,9,0)-F113","v":{"$error":"#N/A"}},{"$f":"VLOOKUP($B113,[1]NXT!$D$14:$Z$1900,11,0)-H113","v":{"$error":"#N/A"}}]
[112,"LC 40 8","La cứng 40 8li","Cây","LC",10,105600,1056000,null,null,null,null,{"$f":"VLOOKUP($B114,[2]NXT!$D112:$N10111,9,0)-F114","v":{"$error":"#N/A"}},{"$f":"VLOOKUP($B114,[1]NXT!$D$14:$Z$1900,11,0)-H114","v":{"$error":"#N/A"}}]
[113,"LC 50","La cứng 50","Cây","LC",1,35000,35000,null,null,null,null,{"$f":"VLOOKUP($B115,[2]NXT!$D113:$N10112,9,0)-F115","v":{"$error":"#N/A"}},{"$f":"VLOOKUP($B115,[1]NXT!$D$14:$Z$1900,11,0)-H115","v":{"$error":"#N/A"}}]
[114,"LC 50 5","La cứng 50 5li","Cây","LC",9,86000,774000,null,null,null,null,{"$f":"VLOOKUP($B116,[2]NXT!$D114:$N10113,9,0)-F116","v":{"$error":"#N/A"}},{"$f":"VLOOKUP($B116,[1]NXT!$D$14:$Z$1900,11,0)-H116","v":{"$error":"#N/A"}}]
[115,"LC 60 5","La cứng 60 5li","Cây","LC",8,60200,481600,null,null,null,null,{"$f":"VLOOKUP($B117,[2]NXT!$D115:$N10114,9,0)-F117","v":{"$error":"#N/A"}},{"$f":"VLOOKUP($B117,[1]NXT!$D$14:$Z$1900,11,0)-H117","v":{"$error":"#N/A"}}]
[116,"LCK 2.0M","Lá cửa kéo 2.0m","Lá","LCK",128,0,0,null,null,null,null,{"$f":"VLOOKUP($B118,[2]NXT!$D116:$N10115,9,0)-F118","v":{"$error":"#N/A"}},{"$f":"VLOOKUP($B118,[1]NXT!$D$14:$Z$1900,11,0)-H118","v":{"$error":"#N/A"}}]
[117,"LCK 2.5M","Lá cửa kéo 2.5m","Lá","LCK",142,0,0,null,null,null,null,{"$f":"VLOOKUP($B119,[2]NXT!$D117:$N10116,9,0)-F119","v":{"$error":"#N/A"}},{"$f":"VLOOKUP($B119,[1]NXT!$D$14:$Z$1900,11,0)-H119","v":{"$error":"#N/A"}}]
[118,"MANG30 1.2 4M","Máng cửa sổ 30 (1.2) 4m","Cây","MT",11,86871.794871794817,955589.74358974304,null,null,null,null,{"$f":"VLOOKUP($B120,[2]NXT!$D118:$N10117,9,0)-F120","v":{"$error":"#N/A"}},{"$f":"VLOOKUP($B120,[1]NXT!$D$14:$Z$1900,11,0)-H120","v":{"$error":"#N/A"}}]
[119,"MANG30 1.2 5M","Máng cửa sổ 30 (1.2) 5m","Cây","MT",20,106944.44444444445,2138888.888888889,null,null,null,null,{"$f":"VLOOKUP($B121,[2]NXT!$D119:$N10118,9,0)-F121","v":{"$error":"#N/A"}},{"$f":"VLOOKUP($B121,[1]NXT!$D$14:$Z$1900,11,0)-H121","v":{"$error":"#N/A"}}]
[120,"MANG30 1.2 6M","Máng cửa sổ 30 (1.2) 6m","Cây","MT",25,126063.82978723406,3151595.7446808517,null,null,null,null,{"$f":"VLOOKUP($B122,[2]NXT!$D120:$N10119,9,0)-F122","v":{"$error":"#N/A"}},{"$f":"VLOOKUP($B122,[1]NXT!$D$14:$Z$1900,11,0)-H122","v":{"$error":"#N/A"}}]
[121,"MANG36 1.2 4M","Máng cửa đi 36 (1.2) 4m","Cây","MT",21,109354.83870967741,2296451.6129032257,null,null,null,null,{"$f":"VLOOKUP($B123,[2]NXT!$D121:$N10120,9,0)-F123","v":{"$error":"#N/A"}},{"$f":"VLOOKUP($B123,[1]NXT!$D$14:$Z$1900,11,0)-H123","v":{"$error":"#N/A"}}]
[122,"MANG36 1.2 5M","Máng cửa đi 36 (1.2) 5m","Cây","MT",30,137058.82352941175,4111764.7058823528,null,null,null,null,{"$f":"VLOOKUP($B124,[2]NXT!$D122:$N10121,9,0)-F124","v":{"$error":"#N/A"}},{"$f":"VLOOKUP($B124,[1]NXT!$D$14:$Z$1900,11,0)-H124","v":{"$error":"#N/A"}}]
[123,"MANG36 1.2 6M","Máng cửa đi 36 (1.2) 6m","Cây","MT",27,147247.05882352943,3975670.5882352944,null,null,null,null,{"$f":"VLOOKUP($B125,[2]NXT!$D123:$N10122,9,0)-F125","v":{"$error":"#N/A"}},{"$f":"VLOOKUP($B125,[1]NXT!$D$14:$Z$1900,11,0)-H125","v":{"$error":"#N/A"}}]
[124,"MANG36 1.4 6M","Máng cửa đi 36 (1.4) 6m","Cây","MT",16,175500,2808000,null,null,null,null,{"$f":"VLOOKUP($B126,[2]NXT!$D124:$N10123,9,0)-F126","v":{"$error":"#N/A"}},{"$f":"VLOOKUP($B126,[1]NXT!$D$14:$Z$1900,11,0)-H126","v":{"$error":"#N/A"}}]
[125,"MANG48 1.4 4M Đ","Máng cửa đi 48 (1.4) 4m đen","Cây","MT",7,220000,1540000,null,null,null,null,{"$f":"VLOOKUP($B127,[2]NXT!$D125:$N10124,9,0)-F127","v":{"$error":"#N/A"}},{"$f":"VLOOKUP($B127,[1]NXT!$D$14:$Z$1900,11,0)-H127","v":{"$error":"#N/A"}}]
[126,"MCK 2.5M","Máng cửa kéo 2.5m","Cây","MCK",8,0,0,null,null,null,null,{"$f":"VLOOKUP($B128,[2]NXT!$D126:$N10125,9,0)-F128","v":{"$error":"#N/A"}},{"$f":"VLOOKUP($B128,[1]NXT!$D$14:$Z$1900,11,0)-H128","v":{"$error":"#N/A"}}]
[127,"MCK 2M","Máng cửa kéo 2m","Cây","MCK",18,0,0,null,null,null,null,{"$f":"VLOOKUP($B129,[2]NXT!$D127:$N10126,9,0)-F129","v":{"$error":"#N/A"}},{"$f":"VLOOKUP($B129,[1]NXT!$D$14:$Z$1900,11,0)-H129","v":{"$error":"#N/A"}}]
[128,"NCL","Nẹp tam giác Lớn (8kg)","Cây","NC",777,13300,10334100,null,null,null,null,{"$f":"VLOOKUP($B130,[2]NXT!$D128:$N10127,9,0)-F130","v":{"$error":"#N/A"}},{"$f":"VLOOKUP($B130,[1]NXT!$D$14:$Z$1900,11,0)-H130","v":{"$error":"#N/A"}}]
[129,"NCL1","Nẹp tam giác lớn (7kg)","Cây","NC",86,13300,1143800,null,null,null,null,{"$f":"VLOOKUP($B131,[2]NXT!$D129:$N10128,9,0)-F131","v":{"$error":"#N/A"}},{"$f":"VLOOKUP($B131,[1]NXT!$D$14:$Z$1900,11,0)-H131","v":{"$error":"#N/A"}}]
[130,"NCN","Nẹp tam giác Nhỏ","Cây","NC",297,7400,2197800,null,null,null,null,{"$f":"VLOOKUP($B132,[2]NXT!$D130:$N10129,9,0)-F132","v":{"$error":"#N/A"}},{"$f":"VLOOKUP($B132,[1]NXT!$D$14:$Z$1900,11,0)-H132","v":{"$error":"#N/A"}}]
[131,"OD114 1.4","Ống đen 114 (1.4)","Cây","OD",0,0,0,null,null,null,null,{"$f":"VLOOKUP($B133,[2]NXT!$D131:$N10130,9,0)-F133","v":{"$error":"#N/A"}},{"$f":"VLOOKUP($B133,[1]NXT!$D$14:$Z$1900,11,0)-H133","v":{"$error":"#N/A"}}]
[132,"OD114 2.0","Ống đen 114 (2.0)","Cây","OD",0,0,0,null,null,null,null,{"$f":"VLOOKUP($B134,[2]NXT!$D132:$N10131,9,0)-F134","v":{"$error":"#N/A"}},{"$f":"VLOOKUP($B134,[1]NXT!$D$14:$Z$1900,11,0)-H134","v":{"$error":"#N/A"}}]
[133,"OD140 2.0","Ống đen 140 (2.0)","Cây","OD",0,0,0,null,null,null,null,{"$f":"VLOOKUP($B135,[2]NXT!$D133:$N10132,9,0)-F135","v":{"$error":"#N/A"}},{"$f":"VLOOKUP($B135,[1]NXT!$D$14:$Z$1900,11,0)-H135","v":{"$error":"#N/A"}}]
[134,"OD16 0.5","Ống đen 16 (0.5)","Cây","OD",1571,23539.044793829722,36979839.37110649,null,null,null,null,{"$f":"VLOOKUP($B136,[2]NXT!$D134:$N10133,9,0)-F136","v":{"$error":"#N/A"}},{"$f":"VLOOKUP($B136,[1]NXT!$D$14:$Z$1900,11,0)-H136","v":{"$error":"#N/A"}}]
[135,"OD168.3 4.0","Ống đen 168.3 (4.0)","Cây","OD",0,0,0,null,null,null,null,{"$f":"VLOOKUP($B137,[2]NXT!$D135:$N10134,9,0)-F137","v":{"$error":"#N/A"}},{"$f":"VLOOKUP($B137,[1]NXT!$D$14:$Z$1900,11,0)-H137","v":{"$error":"#N/A"}}]
[136,"OD22 0.6","Ống đen 22 (0.6)","Cây","OD",0,0,0,null,null,null,null,{"$f":"VLOOKUP($B138,[2]NXT!$D136:$N10135,9,0)-F138","v":{"$error":"#N/A"}},{"$f":"VLOOKUP($B138,[1]NXT!$D$14:$Z$1900,11,0)-H138","v":{"$error":"#N/A"}}]
[137,"OD27 1.2","Ống đen 27 (1.2)","Cây","OD",0,0,0,null,null,null,null,{"$f":"VLOOKUP($B139,[2]NXT!$D137:$N10136,9,0)-F139","v":{"$error":"#N/A"}},{"$f":"VLOOKUP($B139,[1]NXT!$D$14:$Z$1900,11,0)-H139","v":{"$error":"#N/A"}}]
[138,"OD27 1.4","Ống đen 27 (1.4)","Cây","OD",0,0,0,null,null,null,null,{"$f":"VLOOKUP($B140,[2]NXT!$D138:$N10137,9,0)-F140","v":{"$error":"#N/A"}},{"$f":"VLOOKUP($B140,[1]NXT!$D$14:$Z$1900,11,0)-H140","v":{"$error":"#N/A"}}]
[139,"OD34 1.1","Ống đen 34 (1.1)","Cây","OD",18,74000,1332000,null,null,null,null,{"$f":"VLOOKUP($B141,[2]NXT!$D139:$N10138,9,0)-F141","v":{"$error":"#N/A"}},{"$f":"VLOOKUP($B141,[1]NXT!$D$14:$Z$1900,11,0)-H141","v":{"$error":"#N/A"}}]
[140,"OD34 1.2","Ống đen 34 (1.2)","Cây","OD",-11,0,0,null,null,null,null,{"$f":"VLOOKUP($B142,[2]NXT!$D140:$N10139,9,0)-F142","v":{"$error":"#N/A"}},{"$f":"VLOOKUP($B142,[1]NXT!$D$14:$Z$1900,11,0)-H142","v":{"$error":"#N/A"}}]
[141,"OD34 1.4","Ống đen 34 (1.4)","Cây","OD",0,0,0,null,null,null,null,{"$f":"VLOOKUP($B143,[2]NXT!$D141:$N10140,9,0)-F143","v":{"$error":"#N/A"}},{"$f":"VLOOKUP($B143,[1]NXT!$D$14:$Z$1900,11,0)-H143","v":{"$error":"#N/A"}}]
[142,"OD42 1.2","Ống đen 42 (1.2)","Cây","OD",0,0,0,null,null,null,null,{"$f":"VLOOKUP($B144,[2]NXT!$D142:$N10141,9,0)-F144","v":{"$error":"#N/A"}},{"$f":"VLOOKUP($B144,[1]NXT!$D$14:$Z$1900,11,0)-H144","v":{"$error":"#N/A"}}]
[143,"OD42 1.4","Ống đen 42 (1.4)","Cây","OD",0,0,0,null,null,null,null,{"$f":"VLOOKUP($B145,[2]NXT!$D143:$N10142,9,0)-F145","v":{"$error":"#N/A"}},{"$f":"VLOOKUP($B145,[1]NXT!$D$14:$Z$1900,11,0)-H145","v":{"$error":"#N/A"}}]
[144,"OD49 3.0","Ông đen 49(3.0)","cây","OD",4,198000,792000,null,null,null,null,{"$f":"VLOOKUP($B146,[2]NXT!$D144:$N10143,9,0)-F146","v":{"$error":"#N/A"}},{"$f":"VLOOKUP($B146,[1]NXT!$D$14:$Z$1900,11,0)-H146","v":{"$error":"#N/A"}}]
[145,"OD60 1.2","Ống đen 60 (1.2)","Cây","OD",0,0,0,null,null,null,null,{"$f":"VLOOKUP($B147,[2]NXT!$D145:$N10144,9,0)-F147","v":{"$error":"#N/A"}},{"$f":"VLOOKUP($B147,[1]NXT!$D$14:$Z$1900,11,0)-H147","v":{"$error":"#N/A"}}]
[146,"OD60 1.4","Ống đen 60 (1.4)","Cây","OD",0,0,0,null,null,null,null,{"$f":"VLOOKUP($B148,[2]NXT!$D146:$N10145,9,0)-F148","v":{"$error":"#N/A"}},{"$f":"VLOOKUP($B148,[1]NXT!$D$14:$Z$1900,11,0)-H148","v":{"$error":"#N/A"}}]
[147,"OD60 3.0","Ống đen 60 (3.0)","Cây","OD",4,364000,1456000,null,null,null,null,{"$f":"VLOOKUP($B149,[2]NXT!$D147:$N10146,9,0)-F149","v":{"$error":"#N/A"}},{"$f":"VLOOKUP($B149,[1]NXT!$D$14:$Z$1900,11,0)-H149","v":{"$error":"#N/A"}}]
[148,"OD76 1.4","Ông đen 76(1.4)","cây","OD",0,0,0,null,null,null,null,{"$f":"VLOOKUP($B150,[2]NXT!$D148:$N10147,9,0)-F150","v":{"$error":"#N/A"}},{"$f":"VLOOKUP($B150,[1]NXT!$D$14:$Z$1900,11,0)-H150","v":{"$error":"#N/A"}}]
[149,"OD76 1.8","Ông đen 76 (1.8)","cây","OD",0,0,0,null,null,null,null,{"$f":"VLOOKUP($B151,[2]NXT!$D149:$N10148,9,0)-F151","v":{"$error":"#N/A"}},{"$f":"VLOOKUP($B151,[1]NXT!$D$14:$Z$1900,11,0)-H151","v":{"$error":"#N/A"}}]
[150,"OD90 1.4","Ống đen 90 (1.4)","Cây","OD",1,293884.61538461549,293884.61538461549,null,null,null,null,{"$f":"VLOOKUP($B152,[2]NXT!$D150:$N10149,9,0)-F152","v":{"$error":"#N/A"}},{"$f":"VLOOKUP($B152,[1]NXT!$D$14:$Z$1900,11,0)-H152","v":{"$error":"#N/A"}}]
[151,"OK114 1.4","Ống kẽm 114 (1.4)","Cây","OK",0,0,0,null,null,null,null,{"$f":"VLOOKUP($B153,[2]NXT!$D151:$N10150,9,0)-F153","v":{"$error":"#N/A"}},{"$f":"VLOOKUP($B153,[1]NXT!$D$14:$Z$1900,11,0)-H153","v":{"$error":"#N/A"}}]
[152,"OK114 1.8","ống kẽm 114 (1.8)","Cây","OK",10,433033.74193548335,4330337.4193548337,null,null,null,null,{"$f":"VLOOKUP($B154,[2]NXT!$D152:$N10151,9,0)-F154","v":{"$error":"#N/A"}},{"$f":"VLOOKUP($B154,[1]NXT!$D$14:$Z$1900,11,0)-H154","v":{"$error":"#N/A"}}]
[153,"OK114 2.0","Ống kẽm 114 (2.0)","Cây","OK",0,0,0,null,null,null,null,{"$f":"VLOOKUP($B155,[2]NXT!$D153:$N10152,9,0)-F155","v":{"$error":"#N/A"}},{"$f":"VLOOKUP($B155,[1]NXT!$D$14:$Z$1900,11,0)-H155","v":{"$error":"#N/A"}}]
[154,"OK114 2.5 HP","Ống kẽm 114 (2.6) Hòa Phát","Cây","OK",2,800000,1600000,null,null,null,null,{"$f":"VLOOKUP($B156,[2]NXT!$D154:$N10153,9,0)-F156","v":{"$error":"#N/A"}},{"$f":"VLOOKUP($B156,[1]NXT!$D$14:$Z$1900,11,0)-H156","v":{"$error":"#N/A"}}]
[155,"OK21 0.9","Ống kẽm 21 (0.9)","Cây","OK",4,50000,200000,null,null,null,null,{"$f":"VLOOKUP($B157,[2]NXT!$D155:$N10154,9,0)-F157","v":{"$error":"#N/A"}},{"$f":"VLOOKUP($B157,[1]NXT!$D$14:$Z$1900,11,0)-H157","v":{"$error":"#N/A"}}]
[156,"OK21 1.1","Ống kẽm 21 (1.1)","Cây","OK",3,49395.238095238106,148185.71428571432,null,null,null,null,{"$f":"VLOOKUP($B158,[2]NXT!$D156:$N10155,9,0)-F158","v":{"$error":"#N/A"}},{"$f":"VLOOKUP($B158,[1]NXT!$D$14:$Z$1900,11,0)-H158","v":{"$error":"#N/A"}}]
[157,"OK21 1.2 ","Ống kẽm 21 (1.2) ","Cây","OK",10,54696.774193548386,546967.74193548388,null,null,null,null,{"$f":"VLOOKUP($B159,[2]NXT!$D157:$N10156,9,0)-F159","v":{"$error":"#N/A"}},{"$f":"VLOOKUP($B159,[1]NXT!$D$14:$Z$1900,11,0)-H159","v":{"$error":"#N/A"}}]
[158,"OK21 1.3","Ống kẽm 21 (1.3)","Cây","OK",0,0,0,null,null,null,null,{"$f":"VLOOKUP($B160,[2]NXT!$D158:$N10157,9,0)-F160","v":{"$error":"#N/A"}},{"$f":"VLOOKUP($B160,[1]NXT!$D$14:$Z$1900,11,0)-H160","v":{"$error":"#N/A"}}]
[159,"OK21 1.4","Ống kẽm 21 (1.4)","Cây","OK",8,62090.909090909117,496727.27272727294,null,null,null,null,{"$f":"VLOOKUP($B161,[2]NXT!$D159:$N10158,9,0)-F161","v":{"$error":"#N/A"}},{"$f":"VLOOKUP($B161,[1]NXT!$D$14:$Z$1900,11,0)-H161","v":{"$error":"#N/A"}}]
[160,"OK21 1.8","Ống kẽm 21 (1.8)","Cây","OK",0,0,0,null,null,null,null,{"$f":"VLOOKUP($B162,[2]NXT!$D160:$N10159,9,0)-F162","v":{"$error":"#N/A"}},{"$f":"VLOOKUP($B162,[1]NXT!$D$14:$Z$1900,11,0)-H162","v":{"$error":"#N/A"}}]
[161,"OK27 1.1","Ống kẽm 27 (1.1)","Cây","OK",4,67900,271600,null,null,null,null,{"$f":"VLOOKUP($B163,[2]NXT!$D161:$N10160,9,0)-F163","v":{"$error":"#N/A"}},{"$f":"VLOOKUP($B163,[1]NXT!$D$14:$Z$1900,11,0)-H163","v":{"$error":"#N/A"}}]
[162,"OK27 1.2","Ống kẽm 27 (1.2)","Cây","OK",8,68000,544000,null,null,null,null,{"$f":"VLOOKUP($B164,[2]NXT!$D162:$N10161,9,0)-F164","v":{"$error":"#N/A"}},{"$f":"VLOOKUP($B164,[1]NXT!$D$14:$Z$1900,11,0)-H164","v":{"$error":"#N/A"}}]
[163,"OK27 1.3","Ống kẽm 27 (1.3)","Cây","OK",0,0,0,null,null,null,null,{"$f":"VLOOKUP($B165,[2]NXT!$D163:$N10162,9,0)-F165","v":{"$error":"#N/A"}},{"$f":"VLOOKUP($B165,[1]NXT!$D$14:$Z$1900,11,0)-H165","v":{"$error":"#N/A"}}]
[164,"OK27 1.4 ","Ống kẽm 27 (1.4) ","Cây","OK",11,78166.666666666657,859833.33333333326,null,null,null,null,{"$f":"VLOOKUP($B166,[2]NXT!$D164:$N10163,9,0)-F166","v":{"$error":"#N/A"}},{"$f":"VLOOKUP($B166,[1]NXT!$D$14:$Z$1900,11,0)-H166","v":{"$error":"#N/A"}}]
[165,"OK27 1.7","Ống kẽm 27 (1.7)","Cây","OK",1,96459.375,96459.375,null,null,null,null,{"$f":"VLOOKUP($B167,[2]NXT!$D165:$N10164,9,0)-F167","v":{"$error":"#N/A"}},{"$f":"VLOOKUP($B167,[1]NXT!$D$14:$Z$1900,11,0)-H167","v":{"$error":"#N/A"}}]
[166,"OK27 1.8","Ống kẽm 27 (1.8)","Cây","OK",9,101917.07317073178,917253.65853658598,null,null,null,null,{"$f":"VLOOKUP($B168,[2]NXT!$D166:$N10165,9,0)-F168","v":{"$error":"#N/A"}},{"$f":"VLOOKUP($B168,[1]NXT!$D$14:$Z$1900,11,0)-H168","v":{"$error":"#N/A"}}]
[167,"OK34 1.1","Ống kẽm 34 (1.1)","Cây","OK",1,82000,82000,null,null,null,null,{"$f":"VLOOKUP($B169,[2]NXT!$D167:$N10166,9,0)-F169","v":{"$error":"#N/A"}},{"$f":"VLOOKUP($B169,[1]NXT!$D$14:$Z$1900,11,0)-H169","v":{"$error":"#N/A"}}]
[168,"OK34 1.2","Ống kẽm 34 (1.2)","Cây","OK",12,85925,1031100,null,null,null,null,{"$f":"VLOOKUP($B170,[2]NXT!$D168:$N10167,9,0)-F170","v":{"$error":"#N/A"}},{"$f":"VLOOKUP($B170,[1]NXT!$D$14:$Z$1900,11,0)-H170","v":{"$error":"#N/A"}}]
[169,"OK34 1.4","Ống kẽm 34 (1.4)","Cây","OK",16,94735.141025641002,1515762.256410256,null,null,null,null,{"$f":"VLOOKUP($B171,[2]NXT!$D169:$N10168,9,0)-F171","v":{"$error":"#N/A"}},{"$f":"VLOOKUP($B171,[1]NXT!$D$14:$Z$1900,11,0)-H171","v":{"$error":"#N/A"}}]
[170,"OK34 1.7","Ống kẽm 34 (1.7)","Cây","OK",8,132100,1056800,null,null,null,null,{"$f":"VLOOKUP($B172,[2]NXT!$D170:$N10169,9,0)-F172","v":{"$error":"#N/A"}},{"$f":"VLOOKUP($B172,[1]NXT!$D$14:$Z$1900,11,0)-H172","v":{"$error":"#N/A"}}]
[171,"OK34 1.8","Ống kẽm 34 (1.8)","Cây","OK",5,133515.3846153846,667576.92307692301,null,null,null,null,{"$f":"VLOOKUP($B173,[2]NXT!$D171:$N10170,9,0)-F173","v":{"$error":"#N/A"}},{"$f":"VLOOKUP($B173,[1]NXT!$D$14:$Z$1900,11,0)-H173","v":{"$error":"#N/A"}}]
[172,"OK34 2.3","Ống kẽm 34 (2.3)","Cây","OK",0,0,0,null,null,null,null,{"$f":"VLOOKUP($B174,[2]NXT!$D172:$N10171,9,0)-F174","v":{"$error":"#N/A"}},{"$f":"VLOOKUP($B174,[1]NXT!$D$14:$Z$1900,11,0)-H174","v":{"$error":"#N/A"}}]
[173,"OK42 1.1","Ống kẽm 42 (1.1)","Cây","OK",0,0,0,null,null,null,null,{"$f":"VLOOKUP($B175,[2]NXT!$D173:$N10172,9,0)-F175","v":{"$error":"#N/A"}},{"$f":"VLOOKUP($B175,[1]NXT!$D$14:$Z$1900,11,0)-H175","v":{"$error":"#N/A"}}]
[174,"OK42 1.2","Ống kẽm 42 (1.2)","Cây","OK",0,0,0,null,null,null,null,{"$f":"VLOOKUP($B176,[2]NXT!$D174:$N10173,9,0)-F176","v":{"$error":"#N/A"}},{"$f":"VLOOKUP($B176,[1]NXT!$D$14:$Z$1900,11,0)-H176","v":{"$error":"#N/A"}}]
[175,"OK42 1.3","Ống kẽm 42 (1.3)","Cây","OK",0,0,0,null,null,null,null,{"$f":"VLOOKUP($B177,[2]NXT!$D175:$N10174,9,0)-F177","v":{"$error":"#N/A"}},{"$f":"VLOOKUP($B177,[1]NXT!$D$14:$Z$1900,11,0)-H177","v":{"$error":"#N/A"}}]
[176,"OK42 1.4","Ống kẽm 42 (1.4)","Cây","OK",10,123200,1232000,null,null,null,null,{"$f":"VLOOKUP($B178,[2]NXT!$D176:$N10175,9,0)-F178","v":{"$error":"#N/A"}},{"$f":"VLOOKUP($B178,[1]NXT!$D$14:$Z$1900,11,0)-H178","v":{"$error":"#N/A"}}]
[177,"OK42 1.7","Ống kẽm 42 (1.7)","Cây","OK",9,154500,1390500,null,null,null,null,{"$f":"VLOOKUP($B179,[2]NXT!$D177:$N10176,9,0)-F179","v":{"$error":"#N/A"}},{"$f":"VLOOKUP($B179,[1]NXT!$D$14:$Z$1900,11,0)-H179","v":{"$error":"#N/A"}}]
[178,"OK42 1.8","Ống kẽm 42 (1.8)","Cây","OK",0,0,0,null,null,null,null,{"$f":"VLOOKUP($B180,[2]NXT!$D178:$N10177,9,0)-F180","v":{"$error":"#N/A"}},{"$f":"VLOOKUP($B180,[1]NXT!$D$14:$Z$1900,11,0)-H180","v":{"$error":"#N/A"}}]
[179,"OK49 1.1","Ống kẽm 49 (1.1)","Cây","OK",0,0,0,null,null,null,null,{"$f":"VLOOKUP($B181,[2]NXT!$D179:$N10178,9,0)-F181","v":{"$error":"#N/A"}},{"$f":"VLOOKUP($B181,[1]NXT!$D$14:$Z$1900,11,0)-H181","v":{"$error":"#N/A"}}]
[180,"OK49 1.3","Ống kẽm 49 (1.3)","Cây","OK",0,0,0,null,null,null,null,{"$f":"VLOOKUP($B182,[2]NXT!$D180:$N10179,9,0)-F182","v":{"$error":"#N/A"}},{"$f":"VLOOKUP($B182,[1]NXT!$D$14:$Z$1900,11,0)-H182","v":{"$error":"#N/A"}}]
[181,"OK49 1.4","Ống kẽm 49 (1.4)","Cây","OK",5,143600,718000,null,null,null,null,{"$f":"VLOOKUP($B183,[2]NXT!$D181:$N10180,9,0)-F183","v":{"$error":"#N/A"}},{"$f":"VLOOKUP($B183,[1]NXT!$D$14:$Z$1900,11,0)-H183","v":{"$error":"#N/A"}}]
[182,"OK49 1.7","Ống kẽm 49 (1.7)","Cây","OK",10,176000,1760000,null,null,null,null,{"$f":"VLOOKUP($B184,[2]NXT!$D182:$N10181,9,0)-F184","v":{"$error":"#N/A"}},{"$f":"VLOOKUP($B184,[1]NXT!$D$14:$Z$1900,11,0)-H184","v":{"$error":"#N/A"}}]
[183,"OK49 1.8","Ống kẽm 49 (1.8)","Cây","OK",0,0,0,null,null,null,null,{"$f":"VLOOKUP($B185,[2]NXT!$D183:$N10182,9,0)-F185","v":{"$error":"#N/A"}},{"$f":"VLOOKUP($B185,[1]NXT!$D$14:$Z$1900,11,0)-H185","v":{"$error":"#N/A"}}]
[184,"OK49 2.0","Ống kẽm 49 (2.0)","Cây","OK",0,0,0,null,null,null,null,{"$f":"VLOOKUP($B186,[2]NXT!$D184:$N10183,9,0)-F186","v":{"$error":"#N/A"}},{"$f":"VLOOKUP($B186,[1]NXT!$D$14:$Z$1900,11,0)-H186","v":{"$error":"#N/A"}}]
[185,"OK60 1.2","Ống kẽm 60 (1.2)","Cây","OK",0,0,0,null,null,null,null,{"$f":"VLOOKUP($B187,[2]NXT!$D185:$N10184,9,0)-F187","v":{"$error":"#N/A"}},{"$f":"VLOOKUP($B187,[1]NXT!$D$14:$Z$1900,11,0)-H187","v":{"$error":"#N/A"}}]
[186,"OK60 1.3","Ống kẽm 60 (1.3)","Cây","OK",0,0,0,null,null,null,null,{"$f":"VLOOKUP($B188,[2]NXT!$D186:$N10185,9,0)-F188","v":{"$error":"#N/A"}},{"$f":"VLOOKUP($B188,[1]NXT!$D$14:$Z$1900,11,0)-H188","v":{"$error":"#N/A"}}]
[187,"OK60 1.4 ","Ống kẽm 60 (1.4) ","Cây","OK",10,176506.25,1765062.5,null,null,null,null,{"$f":"VLOOKUP($B189,[2]NXT!$D187:$N10186,9,0)-F189","v":{"$error":"#N/A"}},{"$f":"VLOOKUP($B189,[1]NXT!$D$14:$Z$1900,11,0)-H189","v":{"$error":"#N/A"}}]
[188,"OK60 1.7","Ống kẽm 60 (1.7)","Cây","OK",3,217500,652500,null,null,null,null,{"$f":"VLOOKUP($B190,[2]NXT!$D188:$N10187,9,0)-F190","v":{"$error":"#N/A"}},{"$f":"VLOOKUP($B190,[1]NXT!$D$14:$Z$1900,11,0)-H190","v":{"$error":"#N/A"}}]
[189,"OK60 1.8","Ống kẽm 60 (1.8)","Cây","OK",0,0,0,null,null,null,null,{"$f":"VLOOKUP($B191,[2]NXT!$D189:$N10188,9,0)-F191","v":{"$error":"#N/A"}},{"$f":"VLOOKUP($B191,[1]NXT!$D$14:$Z$1900,11,0)-H191","v":{"$error":"#N/A"}}]
[190,"OK60 2.0","Ống kẽm 60 (2.0)","Cây","OK",9,268628.57142857154,2417657.1428571437,null,null,null,null,{"$f":"VLOOKUP($B192,[2]NXT!$D190:$N10189,9,0)-F192","v":{"$error":"#N/A"}},{"$f":"VLOOKUP($B192,[1]NXT!$D$14:$Z$1900,11,0)-H192","v":{"$error":"#N/A"}}]
[191,"OK60 2.5","Ống kẽm 60 (2.5)","Cây","OK",0,0,0,null,null,null,null,{"$f":"VLOOKUP($B193,[2]NXT!$D191:$N10190,9,0)-F193","v":{"$error":"#N/A"}},{"$f":"VLOOKUP($B193,[1]NXT!$D$14:$Z$1900,11,0)-H193","v":{"$error":"#N/A"}}]
[192,"OK76 1.3","Ống kẽm 76 (1.3)","Cây","OK",0,0,0,null,null,null,null,{"$f":"VLOOKUP($B194,[2]NXT!$D192:$N10191,9,0)-F194","v":{"$error":"#N/A"}},{"$f":"VLOOKUP($B194,[1]NXT!$D$14:$Z$1900,11,0)-H194","v":{"$error":"#N/A"}}]
[193,"OK76 1.4 ","Ống kẽm 76 (1.4) ","Cây","OK",5,257200,1286000,null,null,null,null,{"$f":"VLOOKUP($B195,[2]NXT!$D193:$N10192,9,0)-F195","v":{"$error":"#N/A"}},{"$f":"VLOOKUP($B195,[1]NXT!$D$14:$Z$1900,11,0)-H195","v":{"$error":"#N/A"}}]
[194,"OK76 1.7","Ống kẽm 76 (1.7)","Cây","OK",9,288000,2592000,null,null,null,null,{"$f":"VLOOKUP($B196,[2]NXT!$D194:$N10193,9,0)-F196","v":{"$error":"#N/A"}},{"$f":"VLOOKUP($B196,[1]NXT!$D$14:$Z$1900,11,0)-H196","v":{"$error":"#N/A"}}]
[195,"OK76 1.8","Ống kẽm 76 (1.8)","Cây","OK",0,0,0,null,null,null,null,{"$f":"VLOOKUP($B197,[2]NXT!$D195:$N10194,9,0)-F197","v":{"$error":"#N/A"}},{"$f":"VLOOKUP($B197,[1]NXT!$D$14:$Z$1900,11,0)-H197","v":{"$error":"#N/A"}}]
[196,"OK76 2.0","Ống kẽm 76 (2.0)","Cây","OK",3,325900,977700,null,null,null,null,{"$f":"VLOOKUP($B198,[2]NXT!$D196:$N10195,9,0)-F198","v":{"$error":"#N/A"}},{"$f":"VLOOKUP($B198,[1]NXT!$D$14:$Z$1900,11,0)-H198","v":{"$error":"#N/A"}}]
[197,"OK90 1.3","Ống kẽm 90 (1.3)","Cây","OK",0,0,0,null,null,null,null,{"$f":"VLOOKUP($B199,[2]NXT!$D197:$N10196,9,0)-F199","v":{"$error":"#N/A"}},{"$f":"VLOOKUP($B199,[1]NXT!$D$14:$Z$1900,11,0)-H199","v":{"$error":"#N/A"}}]
[198,"OK90 1.4 ","Ống kẽm 90 (1.4) ","Cây","OK",5,277500,1387500,null,null,null,null,{"$f":"VLOOKUP($B200,[2]NXT!$D198:$N10197,9,0)-F200","v":{"$error":"#N/A"}},{"$f":"VLOOKUP($B200,[1]NXT!$D$14:$Z$1900,11,0)-H200","v":{"$error":"#N/A"}}]
[199,"OK90 1.7","Ống kẽm 90 (1.7)","Cây","OK",5,330000,1650000,null,null,null,null,{"$f":"VLOOKUP($B201,[2]NXT!$D199:$N10198,9,0)-F201","v":{"$error":"#N/A"}},{"$f":"VLOOKUP($B201,[1]NXT!$D$14:$Z$1900,11,0)-H201","v":{"$error":"#N/A"}}]
[200,"OK90 1.8","Ống kẽm 90 (1.8)","Cây","OK",0,0,0,null,null,null,null,{"$f":"VLOOKUP($B202,[2]NXT!$D200:$N10199,9,0)-F202","v":{"$error":"#N/A"}},{"$f":"VLOOKUP($B202,[1]NXT!$D$14:$Z$1900,11,0)-H202","v":{"$error":"#N/A"}}]
[201,"OK90 2.0","Ông kẽm 90 (2.0)","cây","OK",5,389060,1945300,null,null,null,null,{"$f":"VLOOKUP($B203,[2]NXT!$D201:$N10200,9,0)-F203","v":{"$error":"#N/A"}},{"$f":"VLOOKUP($B203,[1]NXT!$D$14:$Z$1900,11,0)-H203","v":{"$error":"#N/A"}}]
[202,"OK90 2.9 HP","Ống kẽm 90 (2.9) Hòa Phát","Cây","OK",0,0,0,null,null,null,null,{"$f":"VLOOKUP($B204,[2]NXT!$D202:$N10201,9,0)-F204","v":{"$error":"#N/A"}},{"$f":"VLOOKUP($B204,[1]NXT!$D$14:$Z$1900,11,0)-H204","v":{"$error":"#N/A"}}]
[203,"OKN21 2.6","Ống kẽm nhúng 21 (2.6)","Cây","OKN",3,164200,492600,null,null,null,null,{"$f":"VLOOKUP($B205,[2]NXT!$D203:$N10202,9,0)-F205","v":{"$error":"#N/A"}},{"$f":"VLOOKUP($B205,[1]NXT!$D$14:$Z$1900,11,0)-H205","v":{"$error":"#N/A"}}]
[204,"OKN27 2.1","Ống kẽm nhúng 27 (2.1)","Cây","OKN",0,0,0,null,null,null,null,{"$f":"VLOOKUP($B206,[2]NXT!$D204:$N10203,9,0)-F206","v":{"$error":"#N/A"}},{"$f":"VLOOKUP($B206,[1]NXT!$D$14:$Z$1900,11,0)-H206","v":{"$error":"#N/A"}}]
[205,"OKN27 2.3","Ống kẽm nhúng 27 (2.3)","Cây","OKN",0,0,0,null,null,null,null,{"$f":"VLOOKUP($B207,[2]NXT!$D205:$N10204,9,0)-F207","v":{"$error":"#N/A"}},{"$f":"VLOOKUP($B207,[1]NXT!$D$14:$Z$1900,11,0)-H207","v":{"$error":"#N/A"}}]
[206,"OKN27 2.6","Ống kẽm nhúng 27 (2.6)","Cây","OKN",0,0,0,null,null,null,null,{"$f":"VLOOKUP($B208,[2]NXT!$D206:$N10205,9,0)-F208","v":{"$error":"#N/A"}},{"$f":"VLOOKUP($B208,[1]NXT!$D$14:$Z$1900,11,0)-H208","v":{"$error":"#N/A"}}]
[207,"OKN34 2.1","Ống kẽm nhúng 34 (2.1)","Cây","OKN",0,0,0,null,null,null,null,{"$f":"VLOOKUP($B209,[2]NXT!$D207:$N10206,9,0)-F209","v":{"$error":"#N/A"}},{"$f":"VLOOKUP($B209,[1]NXT!$D$14:$Z$1900,11,0)-H209","v":{"$error":"#N/A"}}]
[208,"OKN34 2.6","Ống kẽm nhúng 34 (2.6)","Cây","OKN",-4,261886.95652173972,-1047547.8260869589,null,null,null,null,{"$f":"VLOOKUP($B210,[2]NXT!$D208:$N10207,9,0)-F210","v":{"$error":"#N/A"}},{"$f":"VLOOKUP($B210,[1]NXT!$D$14:$Z$1900,11,0)-H210","v":{"$error":"#N/A"}}]
[209,"OKN34 3.2","Ống kẽm nhúng 34 (3.2)","Cây","OKN",1,326000,326000,null,null,null,null,{"$f":"VLOOKUP($B211,[2]NXT!$D209:$N10208,9,0)-F211","v":{"$error":"#N/A"}},{"$f":"VLOOKUP($B211,[1]NXT!$D$14:$Z$1900,11,0)-H211","v":{"$error":"#N/A"}}]
[210,"OKN42 3.2","Ống kẽm nhúng 42 (3.2)","Cây","OKN",6,422300,2533800,null,null,null,null,{"$f":"VLOOKUP($B212,[2]NXT!$D210:$N10209,9,0)-F212","v":{"$error":"#N/A"}},{"$f":"VLOOKUP($B212,[1]NXT!$D$14:$Z$1900,11,0)-H212","v":{"$error":"#N/A"}}]
[211,"ON49 0.7","Ống 49 (0.7) Nhũ","Cây","ON",0,0,0,null,null,null,null,{"$f":"VLOOKUP($B213,[2]NXT!$D211:$N10210,9,0)-F213","v":{"$error":"#N/A"}},{"$f":"VLOOKUP($B213,[1]NXT!$D$14:$Z$1900,11,0)-H213","v":{"$error":"#N/A"}}]
[212,"SGMN10","Sắt gân 10 MN","Cây","SG",0,0,0,null,null,null,null,{"$f":"VLOOKUP($B214,[2]NXT!$D212:$N10211,9,0)-F214","v":{"$error":"#N/A"}},{"$f":"VLOOKUP($B214,[1]NXT!$D$14:$Z$1900,11,0)-H214","v":{"$error":"#N/A"}}]
[213,"SGMN12","Sắt gân 12 MN","Cây","SG",0,0,0,null,null,null,null,{"$f":"VLOOKUP($B215,[2]NXT!$D213:$N10212,9,0)-F215","v":{"$error":"#N/A"}},{"$f":"VLOOKUP($B215,[1]NXT!$D$14:$Z$1900,11,0)-H215","v":{"$error":"#N/A"}}]
[214,"SGMN14","Sắt gân 14 MN","Cây","SG",0,0,0,null,null,null,null,{"$f":"VLOOKUP($B216,[2]NXT!$D214:$N10213,9,0)-F216","v":{"$error":"#N/A"}},{"$f":"VLOOKUP($B216,[1]NXT!$D$14:$Z$1900,11,0)-H216","v":{"$error":"#N/A"}}]
[215,"SGMN16","Sắt gân 16 MN","Cây","SG",0,0,0,null,null,null,null,{"$f":"VLOOKUP($B217,[2]NXT!$D215:$N10214,9,0)-F217","v":{"$error":"#N/A"}},{"$f":"VLOOKUP($B217,[1]NXT!$D$14:$Z$1900,11,0)-H217","v":{"$error":"#N/A"}}]
[216,"TKP2.0","Tôn kẽm phẳng 2d","Mét","TKP",100,22300,2230000,null,null,null,null,{"$f":"VLOOKUP($B218,[2]NXT!$D216:$N10215,9,0)-F218","v":{"$error":"#N/A"}},{"$f":"VLOOKUP($B218,[1]NXT!$D$14:$Z$1900,11,0)-H218","v":{"$error":"#N/A"}}]
[217,"TKSTL2.0M","Tôn kẽm 2d sóng tròn lớn 2.0m","Tấm","TKST",7,48000,336000,null,null,null,null,{"$f":"VLOOKUP($B219,[2]NXT!$D217:$N10216,9,0)-F219","v":{"$error":"#N/A"}},{"$f":"VLOOKUP($B219,[1]NXT!$D$14:$Z$1900,11,0)-H219","v":{"$error":"#N/A"}}]
[218,"TKSTL2.4M","Tôn kẽm 2d sóng tròn lớn 2.4m","Tấm","TKST",32,57600,1843200,null,null,null,null,{"$f":"VLOOKUP($B220,[2]NXT!$D218:$N10217,9,0)-F220","v":{"$error":"#N/A"}},{"$f":"VLOOKUP($B220,[1]NXT!$D$14:$Z$1900,11,0)-H220","v":{"$error":"#N/A"}}]
[219,"TKSTL3.0M","Tôn kẽm 2d sóng tròn lớn 3.0m","Tấm","TKST",14,57600,806400,null,null,null,null,{"$f":"VLOOKUP($B221,[2]NXT!$D219:$N10218,9,0)-F221","v":{"$error":"#N/A"}},{"$f":"VLOOKUP($B221,[1]NXT!$D$14:$Z$1900,11,0)-H221","v":{"$error":"#N/A"}}]
[220,"TKSTN2.4M","Tôn kẽm 2d Sóng tròn nhuyễn 2.4m","Tấm","TKST",0,0,0,null,null,null,null,{"$f":"VLOOKUP($B222,[2]NXT!$D220:$N10219,9,0)-F222","v":{"$error":"#N/A"}},{"$f":"VLOOKUP($B222,[1]NXT!$D$14:$Z$1900,11,0)-H222","v":{"$error":"#N/A"}}]
[221,"TL3.5","Tôn Lạnh 3.5","Mét","TL",250.72000000000014,59299.999999999964,14867696,null,null,null,null,{"$f":"VLOOKUP($B223,[2]NXT!$D221:$N10220,9,0)-F223","v":{"$error":"#N/A"}},{"$f":"VLOOKUP($B223,[1]NXT!$D$14:$Z$1900,11,0)-H223","v":{"$error":"#N/A"}}]
[222,"TL4.0","Tôn Lạnh 4.0","Mét","TL",10.449999999999989,65200.000000000073,681340,null,null,null,null,{"$f":"VLOOKUP($B224,[2]NXT!$D222:$N10221,9,0)-F224","v":{"$error":"#N/A"}},{"$f":"VLOOKUP($B224,[1]NXT!$D$14:$Z$1900,11,0)-H224","v":{"$error":"#N/A"}}]
[223,"TL4.5","Tôn Lạnh 4.5","Mét","TL",1151.3300000000002,70889.111880046141,81616761.180853531,null,null,null,null,{"$f":"VLOOKUP($B225,[2]NXT!$D223:$N10222,9,0)-F225","v":{"$error":"#N/A"}},{"$f":"VLOOKUP($B225,[1]NXT!$D$14:$Z$1900,11,0)-H225","v":{"$error":"#N/A"}}]
[224,"TL5.0","Tôn Lạnh 5.0","Mét","TL",1124.8699999999994,76063.85481852325,85561948.369712204,null,null,null,null,{"$f":"VLOOKUP($B226,[2]NXT!$D224:$N10223,9,0)-F226","v":{"$error":"#N/A"}},{"$f":"VLOOKUP($B226,[1]NXT!$D$14:$Z$1900,11,0)-H226","v":{"$error":"#N/A"}}]
[225,"TL5.0 ĐA","Tole Lạnh 5.0 ĐÁ","Mét","TL",1089.7600000000011,88638.066176470427,96594218.996470511,null,null,null,null,{"$f":"VLOOKUP($B227,[2]NXT!$D225:$N10224,9,0)-F227","v":{"$error":"#N/A"}},{"$f":"VLOOKUP($B227,[1]NXT!$D$14:$Z$1900,11,0)-H227","v":{"$error":"#N/A"}}]
[226,"TLL4.5","Tôn Lạnh Lỗi 4.5","kg","TL",1016,17000,17272000,null,null,null,null,{"$f":"VLOOKUP($B228,[2]NXT!$D226:$N10225,9,0)-F228","v":{"$error":"#N/A"}},{"$f":"VLOOKUP($B228,[1]NXT!$D$14:$Z$1900,11,0)-H228","v":{"$error":"#N/A"}}]
[227,"TMDD4.0","Tôn Đỏ Đậm 4.0","Mét","TM",0,0,0,null,null,null,null,{"$f":"VLOOKUP($B229,[2]NXT!$D227:$N10226,9,0)-F229","v":{"$error":"#N/A"}},{"$f":"VLOOKUP($B229,[1]NXT!$D$14:$Z$1900,11,0)-H229","v":{"$error":"#N/A"}}]
[228,"TMDD4.5","Tôn Đỏ Đậm 4.5","Mét","TM",0,0,0,null,null,null,null,{"$f":"VLOOKUP($B230,[2]NXT!$D228:$N10227,9,0)-F230","v":{"$error":"#N/A"}},{"$f":"VLOOKUP($B230,[1]NXT!$D$14:$Z$1900,11,0)-H230","v":{"$error":"#N/A"}}]
[229,"TMDD4.5 ĐA","Tôn Đỏ Đậm 4.5 ĐÁ","Mét","TM",0,0,0,null,null,null,null,{"$f":"VLOOKUP($B231,[2]NXT!$D229:$N10228,9,0)-F231","v":{"$error":"#N/A"}},{"$f":"VLOOKUP($B231,[1]NXT!$D$14:$Z$1900,11,0)-H231","v":{"$error":"#N/A"}}]
[230,"TMDD5.0ĐA","Tôn Đỏ Đậm 5.0 ĐÁ","Mét","TM",0,0,0,null,null,null,null,{"$f":"VLOOKUP($B232,[2]NXT!$D230:$N10229,9,0)-F232","v":{"$error":"#N/A"}},{"$f":"VLOOKUP($B232,[1]NXT!$D$14:$Z$1900,11,0)-H232","v":{"$error":"#N/A"}}]
[231,"TMDT4.0","Tôn Đỏ Tươi 4.0","Mét","TM",0,0,0,null,null,null,null,{"$f":"VLOOKUP($B233,[2]NXT!$D231:$N10230,9,0)-F233","v":{"$error":"#N/A"}},{"$f":"VLOOKUP($B233,[1]NXT!$D$14:$Z$1900,11,0)-H233","v":{"$error":"#N/A"}}]
[232,"TMND4.5","Tôn Nâu Đất 4.5","Mét","TM",0,0,0,null,null,null,null,{"$f":"VLOOKUP($B234,[2]NXT!$D232:$N10231,9,0)-F234","v":{"$error":"#N/A"}},{"$f":"VLOOKUP($B234,[1]NXT!$D$14:$Z$1900,11,0)-H234","v":{"$error":"#N/A"}}]
[233,"TMP2.0","Tôn màu phẳng 2d","Mét","TMP",100,23000,2300000,null,null,null,null,{"$f":"VLOOKUP($B235,[2]NXT!$D233:$N10232,9,0)-F235","v":{"$error":"#N/A"}},{"$f":"VLOOKUP($B235,[1]NXT!$D$14:$Z$1900,11,0)-H235","v":{"$error":"#N/A"}}]
[234,"TMTS","Tôn Trắng Sữa 3.5","Mét","TM",0,0,0,null,null,null,null,{"$f":"VLOOKUP($B236,[2]NXT!$D234:$N10233,9,0)-F236","v":{"$error":"#N/A"}},{"$f":"VLOOKUP($B236,[1]NXT!$D$14:$Z$1900,11,0)-H236","v":{"$error":"#N/A"}}]
[235,"TMTS4.5 ĐA","Tole màu trắng sữa 4.5 ĐA","Mét","TM",0,0,0,null,null,null,null,{"$f":"VLOOKUP($B237,[2]NXT!$D235:$N10234,9,0)-F237","v":{"$error":"#N/A"}},{"$f":"VLOOKUP($B237,[1]NXT!$D$14:$Z$1900,11,0)-H237","v":{"$error":"#N/A"}}]
[236,"TMVK5.0PN","Tôn Vàng Kem 5.0 Phương Nam","Mét","TM",533.86,111500,59525390,null,null,null,null,{"$f":"VLOOKUP($B238,[2]NXT!$D236:$N10235,9,0)-F238","v":{"$error":"#N/A"}},{"$f":"VLOOKUP($B238,[1]NXT!$D$14:$Z$1900,11,0)-H238","v":{"$error":"#N/A"}}]
[237,"TMXD4.0","Tôn Xanh Dương 4.0","Mét","TM",38,75300,2861400,null,null,null,null,{"$f":"VLOOKUP($B239,[2]NXT!$D237:$N10236,9,0)-F239","v":{"$error":"#N/A"}},{"$f":"VLOOKUP($B239,[1]NXT!$D$14:$Z$1900,11,0)-H239","v":{"$error":"#N/A"}}]
[238,"TMXDT3.5","Tôn Xanh Dương Tím 3.5","Mét","TM",79,59000,4661000,null,null,null,null,{"$f":"VLOOKUP($B240,[2]NXT!$D238:$N10237,9,0)-F240","v":{"$error":"#N/A"}},{"$f":"VLOOKUP($B240,[1]NXT!$D$14:$Z$1900,11,0)-H240","v":{"$error":"#N/A"}}]
[239,"TMXDT4.0 ĐA","Tôn Xanh Dương Tím 4.0 ĐÁ","Mét","TM",477,79300,37826100,null,null,null,null,{"$f":"VLOOKUP($B241,[2]NXT!$D239:$N10238,9,0)-F241","v":{"$error":"#N/A"}},{"$f":"VLOOKUP($B241,[1]NXT!$D$14:$Z$1900,11,0)-H241","v":{"$error":"#N/A"}}]
[240,"TMXDT4.5 ĐA","Tôn Xanh Dương Tím 4.5 ĐA","Mét","TM",402.6,87900,35388540,null,null,null,null,{"$f":"VLOOKUP($B242,[2]NXT!$D240:$N10239,9,0)-F242","v":{"$error":"#N/A"}},{"$f":"VLOOKUP($B242,[1]NXT!$D$14:$Z$1900,11,0)-H242","v":{"$error":"#N/A"}}]
[241,"TMXN3.0","Tôn XNgọc 3.0","Mét","TM",629.6899999999996,46460.035735556841,29255419.902322769,null,null,null,null,{"$f":"VLOOKUP($B243,[2]NXT!$D241:$N10240,9,0)-F243","v":{"$error":"#N/A"}},{"$f":"VLOOKUP($B243,[1]NXT!$D$14:$Z$1900,11,0)-H243","v":{"$error":"#N/A"}}]
[242,"TMXN3.5","Tôn XNgọc 3.5","Mét","TM",1318.6199999999994,51631.450577663694,68082263.360718876,null,null,null,null,{"$f":"VLOOKUP($B244,[2]NXT!$D242:$N10241,9,0)-F244","v":{"$error":"#N/A"}},{"$f":"VLOOKUP($B244,[1]NXT!$D$14:$Z$1900,11,0)-H244","v":{"$error":"#N/A"}}]
[243,"TMXN3.8","Tôn XNgọc 3.8","Mét","TM",0,0,0,null,null,null,null,{"$f":"VLOOKUP($B245,[2]NXT!$D243:$N10242,9,0)-F245","v":{"$error":"#N/A"}},{"$f":"VLOOKUP($B245,[1]NXT!$D$14:$Z$1900,11,0)-H245","v":{"$error":"#N/A"}}]
[244,"TMXN4.0","Tôn XNgọc 4.0","Mét","TM",1246.0499999999993,59949.170794744794,74699664.268791705,null,null,null,null,{"$f":"VLOOKUP($B246,[2]NXT!$D244:$N10243,9,0)-F246","v":{"$error":"#N/A"}},{"$f":"VLOOKUP($B246,[1]NXT!$D$14:$Z$1900,11,0)-H246","v":{"$error":"#N/A"}}]
[245,"TMXN4.0DA","Tôn XNgọc 4.0 ĐÁ","Mét","TM",-3.2,0,0,null,null,null,null,{"$f":"VLOOKUP($B247,[2]NXT!$D245:$N10244,9,0)-F247","v":{"$error":"#N/A"}},{"$f":"VLOOKUP($B247,[1]NXT!$D$14:$Z$1900,11,0)-H247","v":{"$error":"#N/A"}}]
[246,"TMXN4.3","Tôn XNgọc 4.3","Mét","TM",0,0,0,null,null,null,null,{"$f":"VLOOKUP($B248,[2]NXT!$D246:$N10245,9,0)-F248","v":{"$error":"#N/A"}},{"$f":"VLOOKUP($B248,[1]NXT!$D$14:$Z$1900,11,0)-H248","v":{"$error":"#N/A"}}]
[247,"TMXN4.5","Tôn XNgọc 4.5","Mét","TM",396.51999999999862,65502.559771880013,25973075.000745773,null,null,null,null,{"$f":"VLOOKUP($B249,[2]NXT!$D247:$N10246,9,0)-F249","v":{"$error":"#N/A"}},{"$f":"VLOOKUP($B249,[1]NXT!$D$14:$Z$1900,11,0)-H249","v":{"$error":"#N/A"}}]
[248,"TMXN4.5DA","Tôn XNgọc 4.5 ĐÁ","Mét","TM",2376.5700000000002,85344.680851063807,202827608.17021272,null,null,null,null,{"$f":"VLOOKUP($B250,[2]NXT!$D248:$N10247,9,0)-F250","v":{"$error":"#N/A"}},{"$f":"VLOOKUP($B250,[1]NXT!$D$14:$Z$1900,11,0)-H250","v":{"$error":"#N/A"}}]
[249,"TMXN4.7","Tôn XNgọc 4.7","Mét","TM",0,0,0,null,null,null,null,{"$f":"VLOOKUP($B251,[2]NXT!$D249:$N10248,9,0)-F251","v":{"$error":"#N/A"}},{"$f":"VLOOKUP($B251,[1]NXT!$D$14:$Z$1900,11,0)-H251","v":{"$error":"#N/A"}}]
[250,"TMXN5.0","Tôn XNgọc 5.0","Mét","TM",504.09999999999991,73300.638510143166,36950851.87296316,null,null,null,null,{"$f":"VLOOKUP($B252,[2]NXT!$D250:$N10249,9,0)-F252","v":{"$error":"#N/A"}},{"$f":"VLOOKUP($B252,[1]NXT!$D$14:$Z$1900,11,0)-H252","v":{"$error":"#N/A"}}]
[251,"TMXN5.0DA","Tôn XNgọc 5.0 ĐÁ","Mét","TM",-2200.5499999999993,94109.004287756048,-207091569.38542151,null,null,null,null,{"$f":"VLOOKUP($B253,[2]NXT!$D251:$N10250,9,0)-F253","v":{"$error":"#N/A"}},{"$f":"VLOOKUP($B253,[1]NXT!$D$14:$Z$1900,11,0)-H253","v":{"$error":"#N/A"}}]
[252,"TNST 2.0M","Tôn nhựa sóng tròn 2.0m","Tấm","TNST",0,0,0,null,null,null,null,{"$f":"VLOOKUP($B254,[2]NXT!$D252:$N10251,9,0)-F254","v":{"$error":"#N/A"}},{"$f":"VLOOKUP($B254,[1]NXT!$D$14:$Z$1900,11,0)-H254","v":{"$error":"#N/A"}}]
[253,"TNST 2.4M","Tôn nhựa sóng tròn 2.4m","Tấm","TNST",0,0,0,null,null,null,null,{"$f":"VLOOKUP($B255,[2]NXT!$D253:$N10252,9,0)-F255","v":{"$error":"#N/A"}},{"$f":"VLOOKUP($B255,[1]NXT!$D$14:$Z$1900,11,0)-H255","v":{"$error":"#N/A"}}]
[254,"TNST 3.0M","Tôn nhựa sóng tròn 3.0m","Tấm","TNST",0,0,0,null,null,null,null,{"$f":"VLOOKUP($B256,[2]NXT!$D254:$N10253,9,0)-F256","v":{"$error":"#N/A"}},{"$f":"VLOOKUP($B256,[1]NXT!$D$14:$Z$1900,11,0)-H256","v":{"$error":"#N/A"}}]
[255,"TNSV M 2.0M","Tôn nhựa sóng vuông mỏng 2.0m","Tấm","TNSV",16,97000,1552000,null,null,null,null,{"$f":"VLOOKUP($B257,[2]NXT!$D255:$N10254,9,0)-F257","v":{"$error":"#N/A"}},{"$f":"VLOOKUP($B257,[1]NXT!$D$14:$Z$1900,11,0)-H257","v":{"$error":"#N/A"}}]
[256,"TNSV M 2.4M","Tôn nhựa sóng vuông Mỏng 2.4m","Tấm","TNSV",21,116400,2444400,null,null,null,null,{"$f":"VLOOKUP($B258,[2]NXT!$D256:$N10255,9,0)-F258","v":{"$error":"#N/A"}},{"$f":"VLOOKUP($B258,[1]NXT!$D$14:$Z$1900,11,0)-H258","v":{"$error":"#N/A"}}]
[257,"TNSV M 2.5M","Tôn nhựa sóng vuông mỏng 2.5m","Tấm","TNSV",21,121250,2546250,null,null,null,null,{"$f":"VLOOKUP($B259,[2]NXT!$D257:$N10256,9,0)-F259","v":{"$error":"#N/A"}},{"$f":"VLOOKUP($B259,[1]NXT!$D$14:$Z$1900,11,0)-H259","v":{"$error":"#N/A"}}]
[258,"TNSV M 3.0M","Tôn nhựa sóng vuông mỏng 3.0m","Tấm","TNSV",2,145500,291000,null,null,null,null,{"$f":"VLOOKUP($B260,[2]NXT!$D258:$N10257,9,0)-F260","v":{"$error":"#N/A"}},{"$f":"VLOOKUP($B260,[1]NXT!$D$14:$Z$1900,11,0)-H260","v":{"$error":"#N/A"}}]
[259,"TNSV1.0 2.0M","Tôn nhựa sóng vuông (1.0) 2.0m","Tấm","TNSV",8,130000,1040000,null,null,null,null,{"$f":"VLOOKUP($B261,[2]NXT!$D259:$N10258,9,0)-F261","v":{"$error":"#N/A"}},{"$f":"VLOOKUP($B261,[1]NXT!$D$14:$Z$1900,11,0)-H261","v":{"$error":"#N/A"}}]
[260,"TNSV1.0 2.5M","Tôn nhựa sóng vuông (1.0) 2.5m","Tấm","TNSV",25,156056.70103092783,3901417.5257731955,null,null,null,null,{"$f":"VLOOKUP($B262,[2]NXT!$D260:$N10259,9,0)-F262","v":{"$error":"#N/A"}},{"$f":"VLOOKUP($B262,[1]NXT!$D$14:$Z$1900,11,0)-H262","v":{"$error":"#N/A"}}]
[261,"TNSV1.0 3.0M","Tôn nhựa sóng vuông (1.0) 3.0m","Tấm","TNSV",17,184285.714285714,3132857.1428571381,null,null,null,null,{"$f":"VLOOKUP($B263,[2]NXT!$D261:$N10260,9,0)-F263","v":{"$error":"#N/A"}},{"$f":"VLOOKUP($B263,[1]NXT!$D$14:$Z$1900,11,0)-H263","v":{"$error":"#N/A"}}]
[262,"TNSV1.0 4.5M","Tôn nhựa sóng vuông (1.0) 4.5m","Tấm","TNSV",40,270000,10800000,null,null,null,null,{"$f":"VLOOKUP($B264,[2]NXT!$D262:$N10261,9,0)-F264","v":{"$error":"#N/A"}},{"$f":"VLOOKUP($B264,[1]NXT!$D$14:$Z$1900,11,0)-H264","v":{"$error":"#N/A"}}]
[263,"TNSV1.0 5.0M","Tôn nhựa sóng vuông (1.0) 5.0m","Tấm","TNSV",60,302222.22222222219,18133333.333333332,null,null,null,null,{"$f":"VLOOKUP($B265,[2]NXT!$D263:$N10262,9,0)-F265","v":{"$error":"#N/A"}},{"$f":"VLOOKUP($B265,[1]NXT!$D$14:$Z$1900,11,0)-H265","v":{"$error":"#N/A"}}]
[264,"TNSV1.0 5.5M","Tôn nhựa sóng vuông (1.0) 5.5m","Tấm","TNSV",20,330000,6600000,null,null,null,null,{"$f":"VLOOKUP($B266,[2]NXT!$D264:$N10263,9,0)-F266","v":{"$error":"#N/A"}},{"$f":"VLOOKUP($B266,[1]NXT!$D$14:$Z$1900,11,0)-H266","v":{"$error":"#N/A"}}]
[265,"TNSV1.0 6.0M","Tôn nhựa sóng vuông (1.0) 6.0m","Tấm","TNSV",26,360000,9360000,null,null,null,null,{"$f":"VLOOKUP($B267,[2]NXT!$D265:$N10264,9,0)-F267","v":{"$error":"#N/A"}},{"$f":"VLOOKUP($B267,[1]NXT!$D$14:$Z$1900,11,0)-H267","v":{"$error":"#N/A"}}]
[266,"U100","U 100","Cây","U",6,442187.5,2653125,null,null,null,null,{"$f":"VLOOKUP($B268,[2]NXT!$D266:$N10265,9,0)-F268","v":{"$error":"#N/A"}},{"$f":"VLOOKUP($B268,[1]NXT!$D$14:$Z$1900,11,0)-H268","v":{"$error":"#N/A"}}]
[267,"U100D","U 100 (D)","Cây","U",0,0,0,null,null,null,null,{"$f":"VLOOKUP($B269,[2]NXT!$D267:$N10266,9,0)-F269","v":{"$error":"#N/A"}},{"$f":"VLOOKUP($B269,[1]NXT!$D$14:$Z$1900,11,0)-H269","v":{"$error":"#N/A"}}]
[268,"U120","U 120","Cây","U",7,581333.33333333326,4069333.333333333,null,null,null,null,{"$f":"VLOOKUP($B270,[2]NXT!$D268:$N10267,9,0)-F270","v":{"$error":"#N/A"}},{"$f":"VLOOKUP($B270,[1]NXT!$D$14:$Z$1900,11,0)-H270","v":{"$error":"#N/A"}}]
[269,"U140","U 140","Cây","U",0,0,0,null,null,null,null,{"$f":"VLOOKUP($B271,[2]NXT!$D269:$N10268,9,0)-F271","v":{"$error":"#N/A"}},{"$f":"VLOOKUP($B271,[1]NXT!$D$14:$Z$1900,11,0)-H271","v":{"$error":"#N/A"}}]
[270,"U160","U 160","Cây","U",0,0,0,null,null,null,null,{"$f":"VLOOKUP($B272,[2]NXT!$D270:$N10269,9,0)-F272","v":{"$error":"#N/A"}},{"$f":"VLOOKUP($B272,[1]NXT!$D$14:$Z$1900,11,0)-H272","v":{"$error":"#N/A"}}]
[271,"U200","U 200","Cây","U",0,0,0,null,null,null,null,{"$f":"VLOOKUP($B273,[2]NXT!$D271:$N10270,9,0)-F273","v":{"$error":"#N/A"}},{"$f":"VLOOKUP($B273,[1]NXT!$D$14:$Z$1900,11,0)-H273","v":{"$error":"#N/A"}}]
[272,"U50","U 50","Cây","U",0,0,0,null,null,null,null,{"$f":"VLOOKUP($B274,[2]NXT!$D272:$N10271,9,0)-F274","v":{"$error":"#N/A"}},{"$f":"VLOOKUP($B274,[1]NXT!$D$14:$Z$1900,11,0)-H274","v":{"$error":"#N/A"}}]
[273,"U65","U 65","Cây","U",17,259869.56521739133,4417782.6086956523,null,null,null,null,{"$f":"VLOOKUP($B275,[2]NXT!$D273:$N10272,9,0)-F275","v":{"$error":"#N/A"}},{"$f":"VLOOKUP($B275,[1]NXT!$D$14:$Z$1900,11,0)-H275","v":{"$error":"#N/A"}}]
[274,"U80D","U 80 (D)","Cây","U",3,423000,1269000,null,null,null,null,{"$f":"VLOOKUP($B276,[2]NXT!$D274:$N10273,9,0)-F276","v":{"$error":"#N/A"}},{"$f":"VLOOKUP($B276,[1]NXT!$D$14:$Z$1900,11,0)-H276","v":{"$error":"#N/A"}}]
[275,"U80M","U 80 (M)","Cây","U",5,314423.07692307682,1572115.384615384,null,null,null,null,{"$f":"VLOOKUP($B277,[2]NXT!$D275:$N10274,9,0)-F277","v":{"$error":"#N/A"}},{"$f":"VLOOKUP($B277,[1]NXT!$D$14:$Z$1900,11,0)-H277","v":{"$error":"#N/A"}}]
[276,"UCK 2.0M","U cửa kéo 2.0m","Cây","UCK",30,15400,462000,null,null,null,null,{"$f":"VLOOKUP($B278,[2]NXT!$D276:$N10275,9,0)-F278","v":{"$error":"#N/A"}},{"$f":"VLOOKUP($B278,[1]NXT!$D$14:$Z$1900,11,0)-H278","v":{"$error":"#N/A"}}]
[277,"UCK 2.1M","U cửa kéo 2.1m","Cây","UCK",70,15960,1117200,null,null,null,null,{"$f":"VLOOKUP($B279,[2]NXT!$D277:$N10276,9,0)-F279","v":{"$error":"#N/A"}},{"$f":"VLOOKUP($B279,[1]NXT!$D$14:$Z$1900,11,0)-H279","v":{"$error":"#N/A"}}]
[278,"UCK 2.2M","U cửa kéo 2.2m","Cây","UCK",66,18040,1190640,null,null,null,null,{"$f":"VLOOKUP($B280,[2]NXT!$D278:$N10277,9,0)-F280","v":{"$error":"#N/A"}},{"$f":"VLOOKUP($B280,[1]NXT!$D$14:$Z$1900,11,0)-H280","v":{"$error":"#N/A"}}]
[279,"UCK 2.3M","U cửa kéo 2.3m","Cây","UCK",49,18860,924140,null,null,null,null,{"$f":"VLOOKUP($B281,[2]NXT!$D279:$N10278,9,0)-F281","v":{"$error":"#N/A"}},{"$f":"VLOOKUP($B281,[1]NXT!$D$14:$Z$1900,11,0)-H281","v":{"$error":"#N/A"}}]
[280,"UCK 2.4M","U cửa kéo 2.4m","Cây","UCK",40,22080,883200,null,null,null,null,{"$f":"VLOOKUP($B282,[2]NXT!$D280:$N10279,9,0)-F282","v":{"$error":"#N/A"}},{"$f":"VLOOKUP($B282,[1]NXT!$D$14:$Z$1900,11,0)-H282","v":{"$error":"#N/A"}}]
[281,"UCK 2.5M","U cửa kéo 2.5m","Cây","UCK",90,20500,1845000,null,null,null,null,{"$f":"VLOOKUP($B283,[2]NXT!$D281:$N10280,9,0)-F283","v":{"$error":"#N/A"}},{"$f":"VLOOKUP($B283,[1]NXT!$D$14:$Z$1900,11,0)-H283","v":{"$error":"#N/A"}}]
[282,"UCK 2.6M","U cửa kéo 2.6m","Cây","UCK",102,23920,2439840,null,null,null,null,{"$f":"VLOOKUP($B284,[2]NXT!$D282:$N10281,9,0)-F284","v":{"$error":"#N/A"}},{"$f":"VLOOKUP($B284,[1]NXT!$D$14:$Z$1900,11,0)-H284","v":{"$error":"#N/A"}}]
[283,"UCK 2.7M","U cửa kéo 2.7m","Cây","UCK",62,20660,1280920,null,null,null,null,{"$f":"VLOOKUP($B285,[2]NXT!$D283:$N10282,9,0)-F285","v":{"$error":"#N/A"}},{"$f":"VLOOKUP($B285,[1]NXT!$D$14:$Z$1900,11,0)-H285","v":{"$error":"#N/A"}}]
[284,"UCK 2.8M","U cửa kéo 2.8m","Cây","UCK",107,23800,2546600,null,null,null,null,{"$f":"VLOOKUP($B286,[2]NXT!$D284:$N10283,9,0)-F286","v":{"$error":"#N/A"}},{"$f":"VLOOKUP($B286,[1]NXT!$D$14:$Z$1900,11,0)-H286","v":{"$error":"#N/A"}}]
[285,"UCK 2.9M","U cửa kéo 2.9m","Cây","UCK",25,26680,667000,null,null,null,null,{"$f":"VLOOKUP($B287,[2]NXT!$D285:$N10284,9,0)-F287","v":{"$error":"#N/A"}},{"$f":"VLOOKUP($B287,[1]NXT!$D$14:$Z$1900,11,0)-H287","v":{"$error":"#N/A"}}]
[286,"UCK 3.0M","U cửa kéo 3.0m","Cây","UCK",0,0,0,null,null,null,null,{"$f":"VLOOKUP($B288,[2]NXT!$D286:$N10285,9,0)-F288","v":{"$error":"#N/A"}},{"$f":"VLOOKUP($B288,[1]NXT!$D$14:$Z$1900,11,0)-H288","v":{"$error":"#N/A"}}]
[287,"V25","V đen25(X)","Cây","V",125,67282.844243792293,8410355.5304740369,null,null,null,null,{"$f":"VLOOKUP($B289,[2]NXT!$D287:$N10286,9,0)-F289","v":{"$error":"#N/A"}},{"$f":"VLOOKUP($B289,[1]NXT!$D$14:$Z$1900,11,0)-H289","v":{"$error":"#N/A"}}]
[288,"V30Đ","V đen 30(Đ)","Cây","V",193.5,89311.51079136692,17281777.338129498,null,null,null,null,{"$f":"VLOOKUP($B290,[2]NXT!$D288:$N10287,9,0)-F290","v":{"$error":"#N/A"}},{"$f":"VLOOKUP($B290,[1]NXT!$D$14:$Z$1900,11,0)-H290","v":{"$error":"#N/A"}}]
[289,"V30K","V kẽm 30","Cây","V",15,102900,1543500,null,null,null,null,{"$f":"VLOOKUP($B291,[2]NXT!$D289:$N10288,9,0)-F291","v":{"$error":"#N/A"}},{"$f":"VLOOKUP($B291,[1]NXT!$D$14:$Z$1900,11,0)-H291","v":{"$error":"#N/A"}}]
[290,"V30X","V đen 30(X)","Cây","V",319,67000,21373000,null,null,null,null,{"$f":"VLOOKUP($B292,[2]NXT!$D290:$N10289,9,0)-F292","v":{"$error":"#N/A"}},{"$f":"VLOOKUP($B292,[1]NXT!$D$14:$Z$1900,11,0)-H292","v":{"$error":"#N/A"}}]
[291,"V40Đ","V đen 40(Đ)","Cây","V",104,129411.76470588233,13458823.529411763,null,null,null,null,{"$f":"VLOOKUP($B293,[2]NXT!$D291:$N10290,9,0)-F293","v":{"$error":"#N/A"}},{"$f":"VLOOKUP($B293,[1]NXT!$D$14:$Z$1900,11,0)-H293","v":{"$error":"#N/A"}}]
[292,"V40K","V kẽm 40","Cây","V",120,178459.55882352943,21415147.05882353,null,null,null,null,{"$f":"VLOOKUP($B294,[2]NXT!$D292:$N10291,9,0)-F294","v":{"$error":"#N/A"}},{"$f":"VLOOKUP($B294,[1]NXT!$D$14:$Z$1900,11,0)-H294","v":{"$error":"#N/A"}}]
[293,"V40T","V đen 40(T)","Cây","V",36,167200,6019200,null,null,null,null,{"$f":"VLOOKUP($B295,[2]NXT!$D293:$N10292,9,0)-F295","v":{"$error":"#N/A"}},{"$f":"VLOOKUP($B295,[1]NXT!$D$14:$Z$1900,11,0)-H295","v":{"$error":"#N/A"}}]
[294,"V40X","V đen 40(X)","Cây","V",56,97322.891566265112,5450081.9277108461,null,null,null,null,{"$f":"VLOOKUP($B296,[2]NXT!$D294:$N10293,9,0)-F296","v":{"$error":"#N/A"}},{"$f":"VLOOKUP($B296,[1]NXT!$D$14:$Z$1900,11,0)-H296","v":{"$error":"#N/A"}}]
[295,"V50Đ","V đen 50(Đ)","Cây","V",56,198918.30985915501,11139425.352112681,null,null,null,null,{"$f":"VLOOKUP($B297,[2]NXT!$D295:$N10294,9,0)-F297","v":{"$error":"#N/A"}},{"$f":"VLOOKUP($B297,[1]NXT!$D$14:$Z$1900,11,0)-H297","v":{"$error":"#N/A"}}]
[296,"V50K","V kẽm 50","Cây","V",2,269500,539000,null,null,null,null,{"$f":"VLOOKUP($B298,[2]NXT!$D296:$N10295,9,0)-F298","v":{"$error":"#N/A"}},{"$f":"VLOOKUP($B298,[1]NXT!$D$14:$Z$1900,11,0)-H298","v":{"$error":"#N/A"}}]
[297,"V50T","V đen 50(T)","Cây","V",43,260500,11201500,null,null,null,null,{"$f":"VLOOKUP($B299,[2]NXT!$D297:$N10296,9,0)-F299","v":{"$error":"#N/A"}},{"$f":"VLOOKUP($B299,[1]NXT!$D$14:$Z$1900,11,0)-H299","v":{"$error":"#N/A"}}]
[298,"V50T NB","V đen 50(T) NB","Cây","V",0,0,0,null,null,null,null,{"$f":"VLOOKUP($B300,[2]NXT!$D298:$N10297,9,0)-F300","v":{"$error":"#N/A"}},{"$f":"VLOOKUP($B300,[1]NXT!$D$14:$Z$1900,11,0)-H300","v":{"$error":"#N/A"}}]
[299,"V50X","V đen 50(X)","Cây","V",110,160068.29268292684,17607512.195121951,null,null,null,null,{"$f":"VLOOKUP($B301,[2]NXT!$D299:$N10298,9,0)-F301","v":{"$error":"#N/A"}},{"$f":"VLOOKUP($B301,[1]NXT!$D$14:$Z$1900,11,0)-H301","v":{"$error":"#N/A"}}]
[300,"V60Đ","V đen 60(Đ)","Cây","V",0,0,0,null,null,null,null,{"$f":"VLOOKUP($B302,[2]NXT!$D300:$N10299,9,0)-F302","v":{"$error":"#N/A"}},{"$f":"VLOOKUP($B302,[1]NXT!$D$14:$Z$1900,11,0)-H302","v":{"$error":"#N/A"}}]
[301,"V60T","V đen 60(T)","cây","V",0,0,0,null,null,null,null,{"$f":"VLOOKUP($B303,[2]NXT!$D301:$N10300,9,0)-F303","v":{"$error":"#N/A"}},{"$f":"VLOOKUP($B303,[1]NXT!$D$14:$Z$1900,11,0)-H303","v":{"$error":"#N/A"}}]
[302,"V63 4LI 26KG","V63 (4li2) 26kg","Cây","V",0,0,0,null,null,null,null,{"$f":"VLOOKUP($B304,[2]NXT!$D302:$N10301,9,0)-F304","v":{"$error":"#N/A"}},{"$f":"VLOOKUP($B304,[1]NXT!$D$14:$Z$1900,11,0)-H304","v":{"$error":"#N/A"}}]
[303,"V70 5.0","V đen 70 (5.0)","Cây","V",4,350000,1400000,null,null,null,null,{"$f":"VLOOKUP($B305,[2]NXT!$D303:$N10302,9,0)-F305","v":{"$error":"#N/A"}},{"$f":"VLOOKUP($B305,[1]NXT!$D$14:$Z$1900,11,0)-H305","v":{"$error":"#N/A"}}]
[304,"V75 5.0","V đen75 (5.0)","Cây","V",0,0,0,null,null,null,null,{"$f":"VLOOKUP($B306,[2]NXT!$D304:$N10303,9,0)-F306","v":{"$error":"#N/A"}},{"$f":"VLOOKUP($B306,[1]NXT!$D$14:$Z$1900,11,0)-H306","v":{"$error":"#N/A"}}]
[305,"V75 6.0","V đen 75 (6.0)","Cây","V",1,417000,417000,null,null,null,null,{"$f":"VLOOKUP($B307,[2]NXT!$D305:$N10304,9,0)-F307","v":{"$error":"#N/A"}},{"$f":"VLOOKUP($B307,[1]NXT!$D$14:$Z$1900,11,0)-H307","v":{"$error":"#N/A"}}]
[306,"V75 8.0","V đen 75 (8.0)","Cây","V",0,0,0,null,null,null,null,{"$f":"VLOOKUP($B308,[2]NXT!$D306:$N10305,9,0)-F308","v":{"$error":"#N/A"}},{"$f":"VLOOKUP($B308,[1]NXT!$D$14:$Z$1900,11,0)-H308","v":{"$error":"#N/A"}}]
[307,"VD100 2.5","Vuông đen 100 (2.5)","Cây","VD",0,0,0,null,null,null,null,{"$f":"VLOOKUP($B309,[2]NXT!$D307:$N10306,9,0)-F309","v":{"$error":"#N/A"}},{"$f":"VLOOKUP($B309,[1]NXT!$D$14:$Z$1900,11,0)-H309","v":{"$error":"#N/A"}}]
[308,"VD100 3.0","Vuông đen 100 (3.0)","Cây","VD",0,0,0,null,null,null,null,{"$f":"VLOOKUP($B310,[2]NXT!$D308:$N10307,9,0)-F310","v":{"$error":"#N/A"}},{"$f":"VLOOKUP($B310,[1]NXT!$D$14:$Z$1900,11,0)-H310","v":{"$error":"#N/A"}}]
[309,"VD14 0.6","Vuông đen 14 (0.6)","Cây","VD",0,0,0,null,null,null,null,{"$f":"VLOOKUP($B311,[2]NXT!$D309:$N10308,9,0)-F311","v":{"$error":"#N/A"}},{"$f":"VLOOKUP($B311,[1]NXT!$D$14:$Z$1900,11,0)-H311","v":{"$error":"#N/A"}}]
[310,"VD16 0.6","Vuông đen 16 (0.6)","Cây","VD",0,0,0,null,null,null,null,{"$f":"VLOOKUP($B312,[2]NXT!$D310:$N10309,9,0)-F312","v":{"$error":"#N/A"}},{"$f":"VLOOKUP($B312,[1]NXT!$D$14:$Z$1900,11,0)-H312","v":{"$error":"#N/A"}}]
[311,"VD16 1.2","Vuông đen 16 (1.2)","Cây","VD",0,0,0,null,null,null,null,{"$f":"VLOOKUP($B313,[2]NXT!$D311:$N10310,9,0)-F313","v":{"$error":"#N/A"}},{"$f":"VLOOKUP($B313,[1]NXT!$D$14:$Z$1900,11,0)-H313","v":{"$error":"#N/A"}}]
[312,"VD20 0.6","Vuông đen 20 (0.6)","Cây","VD",0,0,0,null,null,null,null,{"$f":"VLOOKUP($B314,[2]NXT!$D312:$N10311,9,0)-F314","v":{"$error":"#N/A"}},{"$f":"VLOOKUP($B314,[1]NXT!$D$14:$Z$1900,11,0)-H314","v":{"$error":"#N/A"}}]
[313,"VD20 0.9","Vuông đen 20 (0.9)","Cây","VD",0,0,0,null,null,null,null,{"$f":"VLOOKUP($B315,[2]NXT!$D313:$N10312,9,0)-F315","v":{"$error":"#N/A"}},{"$f":"VLOOKUP($B315,[1]NXT!$D$14:$Z$1900,11,0)-H315","v":{"$error":"#N/A"}}]
[314,"VD20 1.2","Vuông đen 20 (1.2)","Cây","VD",0,0,0,null,null,null,null,{"$f":"VLOOKUP($B316,[2]NXT!$D314:$N10313,9,0)-F316","v":{"$error":"#N/A"}},{"$f":"VLOOKUP($B316,[1]NXT!$D$14:$Z$1900,11,0)-H316","v":{"$error":"#N/A"}}]
[315,"VD25 0.6","Vuông đen 25 (0.6)","Cây","VD",0,0,0,null,null,null,null,{"$f":"VLOOKUP($B317,[2]NXT!$D315:$N10314,9,0)-F317","v":{"$error":"#N/A"}},{"$f":"VLOOKUP($B317,[1]NXT!$D$14:$Z$1900,11,0)-H317","v":{"$error":"#N/A"}}]
[316,"VD25 0.8","Vuông đen 25 (0.8)","Cây","VD",0,0,0,null,null,null,null,{"$f":"VLOOKUP($B318,[2]NXT!$D316:$N10315,9,0)-F318","v":{"$error":"#N/A"}},{"$f":"VLOOKUP($B318,[1]NXT!$D$14:$Z$1900,11,0)-H318","v":{"$error":"#N/A"}}]
[317,"VD30 0.9","Vuông đen 30 (0.9)","Cây","VD",0,0,0,null,null,null,null,{"$f":"VLOOKUP($B319,[2]NXT!$D317:$N10316,9,0)-F319","v":{"$error":"#N/A"}},{"$f":"VLOOKUP($B319,[1]NXT!$D$14:$Z$1900,11,0)-H319","v":{"$error":"#N/A"}}]
[318,"VD30 1.2","Vuông đen 30 (1.2)","Cây","VD",0,0,0,null,null,null,null,{"$f":"VLOOKUP($B320,[2]NXT!$D318:$N10317,9,0)-F320","v":{"$error":"#N/A"}},{"$f":"VLOOKUP($B320,[1]NXT!$D$14:$Z$1900,11,0)-H320","v":{"$error":"#N/A"}}]
[319,"VD30 1.4","Vuông đen 30 (1.4)","Cây","VD",0,0,0,null,null,null,null,{"$f":"VLOOKUP($B321,[2]NXT!$D319:$N10318,9,0)-F321","v":{"$error":"#N/A"}},{"$f":"VLOOKUP($B321,[1]NXT!$D$14:$Z$1900,11,0)-H321","v":{"$error":"#N/A"}}]
[320,"VD30 1.8","Vuông đen 30 (1.8)","Cây","VD",0,0,0,null,null,null,null,{"$f":"VLOOKUP($B322,[2]NXT!$D320:$N10319,9,0)-F322","v":{"$error":"#N/A"}},{"$f":"VLOOKUP($B322,[1]NXT!$D$14:$Z$1900,11,0)-H322","v":{"$error":"#N/A"}}]
[321,"VD30 2.5","Vuông đen 30 (2.5)","Cây","VD",55,201500,11082500,null,null,null,null,{"$f":"VLOOKUP($B323,[2]NXT!$D321:$N10320,9,0)-F323","v":{"$error":"#N/A"}},{"$f":"VLOOKUP($B323,[1]NXT!$D$14:$Z$1900,11,0)-H323","v":{"$error":"#N/A"}}]
[322,"VD38 1.4","Vuông đen 38 (1.4)","Cây","VD",41,157000,6437000,null,null,null,null,{"$f":"VLOOKUP($B324,[2]NXT!$D322:$N10321,9,0)-F324","v":{"$error":"#N/A"}},{"$f":"VLOOKUP($B324,[1]NXT!$D$14:$Z$1900,11,0)-H324","v":{"$error":"#N/A"}}]
[323,"VD40 1.2","Vuông đen 40 (1.2)","Cây","VD",0,0,0,null,null,null,null,{"$f":"VLOOKUP($B325,[2]NXT!$D323:$N10322,9,0)-F325","v":{"$error":"#N/A"}},{"$f":"VLOOKUP($B325,[1]NXT!$D$14:$Z$1900,11,0)-H325","v":{"$error":"#N/A"}}]
[324,"VD40 1.4","Vuông đen 40 (1.4)","Cây","VD",0,0,0,null,null,null,null,{"$f":"VLOOKUP($B326,[2]NXT!$D324:$N10323,9,0)-F326","v":{"$error":"#N/A"}},{"$f":"VLOOKUP($B326,[1]NXT!$D$14:$Z$1900,11,0)-H326","v":{"$error":"#N/A"}}]
[325,"VD40 3.0","Vuông đen 40 (3.0)","Cây","VD",0,0,0,null,null,null,null,{"$f":"VLOOKUP($B327,[2]NXT!$D325:$N10324,9,0)-F327","v":{"$error":"#N/A"}},{"$f":"VLOOKUP($B327,[1]NXT!$D$14:$Z$1900,11,0)-H327","v":{"$error":"#N/A"}}]
[326,"VD50 1.2","Vuông đen 50 (1.2)","Cây","VD",0,0,0,null,null,null,null,{"$f":"VLOOKUP($B328,[2]NXT!$D326:$N10325,9,0)-F328","v":{"$error":"#N/A"}},{"$f":"VLOOKUP($B328,[1]NXT!$D$14:$Z$1900,11,0)-H328","v":{"$error":"#N/A"}}]
[327,"VD50 1.4","Vuông đen 50 (1.4)","Cây","VD",0,0,0,null,null,null,null,{"$f":"VLOOKUP($B329,[2]NXT!$D327:$N10326,9,0)-F329","v":{"$error":"#N/A"}},{"$f":"VLOOKUP($B329,[1]NXT!$D$14:$Z$1900,11,0)-H329","v":{"$error":"#N/A"}}]
[328,"VD50 2.0","Vuông đen 50 (2.0)","Cây","VD",0,0,0,null,null,null,null,{"$f":"VLOOKUP($B330,[2]NXT!$D328:$N10327,9,0)-F330","v":{"$error":"#N/A"}},{"$f":"VLOOKUP($B330,[1]NXT!$D$14:$Z$1900,11,0)-H330","v":{"$error":"#N/A"}}]
[329,"VD50 3.0","Vuông đen 50 (3.0)","Cây","VD",0,0,0,null,null,null,null,{"$f":"VLOOKUP($B331,[2]NXT!$D329:$N10328,9,0)-F331","v":{"$error":"#N/A"}},{"$f":"VLOOKUP($B331,[1]NXT!$D$14:$Z$1900,11,0)-H331","v":{"$error":"#N/A"}}]
[330,"VD75 2.3","Vuông đen 75 (2.3)","Cây","VD",0,0,0,null,null,null,null,{"$f":"VLOOKUP($B332,[2]NXT!$D330:$N10329,9,0)-F332","v":{"$error":"#N/A"}},{"$f":"VLOOKUP($B332,[1]NXT!$D$14:$Z$1900,11,0)-H332","v":{"$error":"#N/A"}}]
[331,"VD90 1.4","Vuông đen 90 (1.4)","Cây","VD",0,0,0,null,null,null,null,{"$f":"VLOOKUP($B333,[2]NXT!$D331:$N10330,9,0)-F333","v":{"$error":"#N/A"}},{"$f":"VLOOKUP($B333,[1]NXT!$D$14:$Z$1900,11,0)-H333","v":{"$error":"#N/A"}}]
[332,"VD90 1.8","Vuông đen 90 (1.8)","Cây","VD",0,0,0,null,null,null,null,{"$f":"VLOOKUP($B334,[2]NXT!$D332:$N10331,9,0)-F334","v":{"$error":"#N/A"}},{"$f":"VLOOKUP($B334,[1]NXT!$D$14:$Z$1900,11,0)-H334","v":{"$error":"#N/A"}}]
[333,"VK100 1.4","Vuông kẽm 100 (1.4)","Cây","VK",0,0,0,null,null,null,null,{"$f":"VLOOKUP($B335,[2]NXT!$D333:$N10332,9,0)-F335","v":{"$error":"#N/A"}},{"$f":"VLOOKUP($B335,[1]NXT!$D$14:$Z$1900,11,0)-H335","v":{"$error":"#N/A"}}]
[334,"VK100 1.8","Vuông kẽm 100 (1.8)","Cây","VK",3,472858.66666666605,1418575.9999999981,null,null,null,null,{"$f":"VLOOKUP($B336,[2]NXT!$D334:$N10333,9,0)-F336","v":{"$error":"#N/A"}},{"$f":"VLOOKUP($B336,[1]NXT!$D$14:$Z$1900,11,0)-H336","v":{"$error":"#N/A"}}]
[335,"VK100 2.0","Vuông kẽm 100 (2.0)","Cây","VK",2,538500,1077000,null,null,null,null,{"$f":"VLOOKUP($B337,[2]NXT!$D335:$N10334,9,0)-F337","v":{"$error":"#N/A"}},{"$f":"VLOOKUP($B337,[1]NXT!$D$14:$Z$1900,11,0)-H337","v":{"$error":"#N/A"}}]
[336,"VK12 1.0","Vuông kẽm 12 (1.0)","Cây","VK",0,0,0,null,null,null,null,{"$f":"VLOOKUP($B338,[2]NXT!$D336:$N10335,9,0)-F338","v":{"$error":"#N/A"}},{"$f":"VLOOKUP($B338,[1]NXT!$D$14:$Z$1900,11,0)-H338","v":{"$error":"#N/A"}}]
[337,"VK14 0.8","Vuông kẽm 14 (0.8)","Cây","VK",3,33500,100500,null,null,null,null,{"$f":"VLOOKUP($B339,[2]NXT!$D337:$N10336,9,0)-F339","v":{"$error":"#N/A"}},{"$f":"VLOOKUP($B339,[1]NXT!$D$14:$Z$1900,11,0)-H339","v":{"$error":"#N/A"}}]
[338,"VK14 0.9","Vuông kẽm 14 (0.9)","Cây","VK",58,31348.717948717949,1818225.641025641,null,null,null,null,{"$f":"VLOOKUP($B340,[2]NXT!$D338:$N10337,9,0)-F340","v":{"$error":"#N/A"}},{"$f":"VLOOKUP($B340,[1]NXT!$D$14:$Z$1900,11,0)-H340","v":{"$error":"#N/A"}}]
[339,"VK14 1.0","Vuông kẽm 14 (1.0)","Cây","VK",0,0,0,null,null,null,null,{"$f":"VLOOKUP($B341,[2]NXT!$D339:$N10338,9,0)-F341","v":{"$error":"#N/A"}},{"$f":"VLOOKUP($B341,[1]NXT!$D$14:$Z$1900,11,0)-H341","v":{"$error":"#N/A"}}]
[340,"VK14 1.1","Vuông kẽm 14 (1.1)","Cây","VK",93,40250,3743250,null,null,null,null,{"$f":"VLOOKUP($B342,[2]NXT!$D340:$N10339,9,0)-F342","v":{"$error":"#N/A"}},{"$f":"VLOOKUP($B342,[1]NXT!$D$14:$Z$1900,11,0)-H342","v":{"$error":"#N/A"}}]
[341,"VK14 1.2","Vuông kẽm 14 (1.2)","Cây","VK",97,44868.020304568556,4352197.9695431497,null,null,null,null,{"$f":"VLOOKUP($B343,[2]NXT!$D341:$N10340,9,0)-F343","v":{"$error":"#N/A"}},{"$f":"VLOOKUP($B343,[1]NXT!$D$14:$Z$1900,11,0)-H343","v":{"$error":"#N/A"}}]
[342,"VK20 0.8","Vuông kẽm 20 (0.8)","Cây","VK",13,47400,616200,null,null,null,null,{"$f":"VLOOKUP($B344,[2]NXT!$D342:$N10341,9,0)-F344","v":{"$error":"#N/A"}},{"$f":"VLOOKUP($B344,[1]NXT!$D$14:$Z$1900,11,0)-H344","v":{"$error":"#N/A"}}]
[343,"VK20 0.9","Vuông kẽm 20 (0.9)","Cây","VK",0,0,0,null,null,null,null,{"$f":"VLOOKUP($B345,[2]NXT!$D343:$N10342,9,0)-F345","v":{"$error":"#N/A"}},{"$f":"VLOOKUP($B345,[1]NXT!$D$14:$Z$1900,11,0)-H345","v":{"$error":"#N/A"}}]
[344,"VK20 1.0","Vuông kẽm 20 (1.0)","Cây","VK",0,0,0,null,null,null,null,{"$f":"VLOOKUP($B346,[2]NXT!$D344:$N10343,9,0)-F346","v":{"$error":"#N/A"}},{"$f":"VLOOKUP($B346,[1]NXT!$D$14:$Z$1900,11,0)-H346","v":{"$error":"#N/A"}}]
[345,"VK20 1.1","Vuông kẽm 20 (1.1)","Cây","VK",0,0,0,null,null,null,null,{"$f":"VLOOKUP($B347,[2]NXT!$D345:$N10344,9,0)-F347","v":{"$error":"#N/A"}},{"$f":"VLOOKUP($B347,[1]NXT!$D$14:$Z$1900,11,0)-H347","v":{"$error":"#N/A"}}]
[346,"VK20 1.2","Vuông kẽm 20 (1.2)","Cây","VK",45,63640.552995391685,2863824.8847926259,null,null,null,null,{"$f":"VLOOKUP($B348,[2]NXT!$D346:$N10345,9,0)-F348","v":{"$error":"#N/A"}},{"$f":"VLOOKUP($B348,[1]NXT!$D$14:$Z$1900,11,0)-H348","v":{"$error":"#N/A"}}]
[347,"VK20 1.4","Vuông kẽm 20 (1.4)","Cây","VK",19,68176.470588235286,1295352.9411764704,null,null,null,null,{"$f":"VLOOKUP($B349,[2]NXT!$D347:$N10346,9,0)-F349","v":{"$error":"#N/A"}},{"$f":"VLOOKUP($B349,[1]NXT!$D$14:$Z$1900,11,0)-H349","v":{"$error":"#N/A"}}]
[348,"VK25 0.9","Vuông kẽm 25 (0.9)","Cây","VK",0,0,0,null,null,null,null,{"$f":"VLOOKUP($B350,[2]NXT!$D348:$N10347,9,0)-F350","v":{"$error":"#N/A"}},{"$f":"VLOOKUP($B350,[1]NXT!$D$14:$Z$1900,11,0)-H350","v":{"$error":"#N/A"}}]
[349,"VK25 1.0","Vuông kẽm 25 (1.0)","Cây","VK",5,67750,338750,null,null,null,null,{"$f":"VLOOKUP($B351,[2]NXT!$D349:$N10348,9,0)-F351","v":{"$error":"#N/A"}},{"$f":"VLOOKUP($B351,[1]NXT!$D$14:$Z$1900,11,0)-H351","v":{"$error":"#N/A"}}]
[350,"VK25 1.1","Vuông kẽm 25 (1.1)","Cây","VK",1,85000,85000,null,null,null,null,{"$f":"VLOOKUP($B352,[2]NXT!$D350:$N10349,9,0)-F352","v":{"$error":"#N/A"}},{"$f":"VLOOKUP($B352,[1]NXT!$D$14:$Z$1900,11,0)-H352","v":{"$error":"#N/A"}}]
[351,"VK25 1.2","Vuông kẽm 25 (1.2)","Cây","VK",25,81473.23943661974,2036830.9859154937,null,null,null,null,{"$f":"VLOOKUP($B353,[2]NXT!$D351:$N10350,9,0)-F353","v":{"$error":"#N/A"}},{"$f":"VLOOKUP($B353,[1]NXT!$D$14:$Z$1900,11,0)-H353","v":{"$error":"#N/A"}}]
[352,"VK25 1.3","Vuông kẽm 25 (1.3)","Cây","VK",10,92000,920000,null,null,null,null,{"$f":"VLOOKUP($B354,[2]NXT!$D352:$N10351,9,0)-F354","v":{"$error":"#N/A"}},{"$f":"VLOOKUP($B354,[1]NXT!$D$14:$Z$1900,11,0)-H354","v":{"$error":"#N/A"}}]
[353,"VK25 1.4","Vuông kẽm 25 (1.4)","Cây","VK",3,88188.524590164117,264565.57377049234,null,null,null,null,{"$f":"VLOOKUP($B355,[2]NXT!$D353:$N10352,9,0)-F355","v":{"$error":"#N/A"}},{"$f":"VLOOKUP($B355,[1]NXT!$D$14:$Z$1900,11,0)-H355","v":{"$error":"#N/A"}}]
[354,"VK25 1.7","Vuông kẽm 25 (1.7)","Cây","VK",40,118200,4728000,null,null,null,null,{"$f":"VLOOKUP($B356,[2]NXT!$D354:$N10353,9,0)-F356","v":{"$error":"#N/A"}},{"$f":"VLOOKUP($B356,[1]NXT!$D$14:$Z$1900,11,0)-H356","v":{"$error":"#N/A"}}]
[355,"VK30 0.9 ","Vuông kẽm 30 (0.9)","Cây","VK",0,0,0,null,null,null,null,{"$f":"VLOOKUP($B357,[2]NXT!$D355:$N10354,9,0)-F357","v":{"$error":"#N/A"}},{"$f":"VLOOKUP($B357,[1]NXT!$D$14:$Z$1900,11,0)-H357","v":{"$error":"#N/A"}}]
[356,"VK30 1.0","Vuông kẽm 30 (1.0)","Cây","VK",0,0,0,null,null,null,null,{"$f":"VLOOKUP($B358,[2]NXT!$D356:$N10355,9,0)-F358","v":{"$error":"#N/A"}},{"$f":"VLOOKUP($B358,[1]NXT!$D$14:$Z$1900,11,0)-H358","v":{"$error":"#N/A"}}]
[357,"VK30 1.2","Vuông kẽm 30 (1.2)","Cây","VK",132,94676.7482517483,12497330.769230776,null,null,null,null,{"$f":"VLOOKUP($B359,[2]NXT!$D357:$N10356,9,0)-F359","v":{"$error":"#N/A"}},{"$f":"VLOOKUP($B359,[1]NXT!$D$14:$Z$1900,11,0)-H359","v":{"$error":"#N/A"}}]
[358,"VK30 1.3","Vuông kẽm 30 (1.3)","Cây","VK",0,0,0,null,null,null,null,{"$f":"VLOOKUP($B360,[2]NXT!$D358:$N10357,9,0)-F360","v":{"$error":"#N/A"}},{"$f":"VLOOKUP($B360,[1]NXT!$D$14:$Z$1900,11,0)-H360","v":{"$error":"#N/A"}}]
[359,"VK30 1.4","Vuông kẽm 30 (1.4)","Cây","VK",183,106537.31233933161,19496328.158097684,null,null,null,null,{"$f":"VLOOKUP($B361,[2]NXT!$D359:$N10358,9,0)-F361","v":{"$error":"#N/A"}},{"$f":"VLOOKUP($B361,[1]NXT!$D$14:$Z$1900,11,0)-H361","v":{"$error":"#N/A"}}]
[360,"VK30 1.7","Vuông kẽm 30 (1.7)","Cây","VK",0,0,0,null,null,null,null,{"$f":"VLOOKUP($B362,[2]NXT!$D360:$N10359,9,0)-F362","v":{"$error":"#N/A"}},{"$f":"VLOOKUP($B362,[1]NXT!$D$14:$Z$1900,11,0)-H362","v":{"$error":"#N/A"}}]
[361,"VK30 1.8","Vuông kẽm 30 (1.8)","Cây","VK",29,137200,3978800,null,null,null,null,{"$f":"VLOOKUP($B363,[2]NXT!$D361:$N10360,9,0)-F363","v":{"$error":"#N/A"}},{"$f":"VLOOKUP($B363,[1]NXT!$D$14:$Z$1900,11,0)-H363","v":{"$error":"#N/A"}}]
[362,"VK40 1.2","Vuông kẽm 40 (1.2)","Cây","VK",73,128345.5555555555,9369225.5555555522,null,null,null,null,{"$f":"VLOOKUP($B364,[2]NXT!$D362:$N10361,9,0)-F364","v":{"$error":"#N/A"}},{"$f":"VLOOKUP($B364,[1]NXT!$D$14:$Z$1900,11,0)-H364","v":{"$error":"#N/A"}}]
[363,"VK40 1.3","Vuông kẽm 40 (1.3)","Cây","VK",5,147100,735500,null,null,null,null,{"$f":"VLOOKUP($B365,[2]NXT!$D363:$N10362,9,0)-F365","v":{"$error":"#N/A"}},{"$f":"VLOOKUP($B365,[1]NXT!$D$14:$Z$1900,11,0)-H365","v":{"$error":"#N/A"}}]
[364,"VK40 1.4","Vuông kẽm 40 (1.4)","Cây","VK",85,143428.60110803245,12191431.09418276,null,null,null,null,{"$f":"VLOOKUP($B366,[2]NXT!$D364:$N10363,9,0)-F366","v":{"$error":"#N/A"}},{"$f":"VLOOKUP($B366,[1]NXT!$D$14:$Z$1900,11,0)-H366","v":{"$error":"#N/A"}}]
[365,"VK40 1.7","Vuông kẽm 40 (1.7)","Cây","VK",39,222121.73913043478,8662747.826086957,null,null,null,null,{"$f":"VLOOKUP($B367,[2]NXT!$D365:$N10364,9,0)-F367","v":{"$error":"#N/A"}},{"$f":"VLOOKUP($B367,[1]NXT!$D$14:$Z$1900,11,0)-H367","v":{"$error":"#N/A"}}]
[366,"VK40 1.8","Vuông kẽm 40 (1.8)","Cây","VK",15,181353.90034364312,2720308.5051546469,null,null,null,null,{"$f":"VLOOKUP($B368,[2]NXT!$D366:$N10365,9,0)-F368","v":{"$error":"#N/A"}},{"$f":"VLOOKUP($B368,[1]NXT!$D$14:$Z$1900,11,0)-H368","v":{"$error":"#N/A"}}]
[367,"VK40 2.0","Vuông kẽm 40 (2.0)","Cây","VK",40,225036.36363636362,9001454.5454545449,null,null,null,null,{"$f":"VLOOKUP($B369,[2]NXT!$D367:$N10366,9,0)-F369","v":{"$error":"#N/A"}},{"$f":"VLOOKUP($B369,[1]NXT!$D$14:$Z$1900,11,0)-H369","v":{"$error":"#N/A"}}]
[368,"VK40 3.0","Vuông kẽm 40 (3.0)","Cây","VK",2,324000,648000,null,null,null,null,{"$f":"VLOOKUP($B370,[2]NXT!$D368:$N10367,9,0)-F370","v":{"$error":"#N/A"}},{"$f":"VLOOKUP($B370,[1]NXT!$D$14:$Z$1900,11,0)-H370","v":{"$error":"#N/A"}}]
[369,"VK50 1.2","Vuông kẽm 50 (1.2)","Cây","VK",0,0,0,null,null,null,null,{"$f":"VLOOKUP($B371,[2]NXT!$D369:$N10368,9,0)-F371","v":{"$error":"#N/A"}},{"$f":"VLOOKUP($B371,[1]NXT!$D$14:$Z$1900,11,0)-H371","v":{"$error":"#N/A"}}]
[370,"VK50 1.4","Vuông kẽm 50 (1.4)","Cây","VK",0,0,0,null,null,null,null,{"$f":"VLOOKUP($B372,[2]NXT!$D370:$N10369,9,0)-F372","v":{"$error":"#N/A"}},{"$f":"VLOOKUP($B372,[1]NXT!$D$14:$Z$1900,11,0)-H372","v":{"$error":"#N/A"}}]
[371,"VK50 1.8","Vuông kẽm 50 (1.8)","Cây","VK",0,0,0,null,null,null,null,{"$f":"VLOOKUP($B373,[2]NXT!$D371:$N10370,9,0)-F373","v":{"$error":"#N/A"}},{"$f":"VLOOKUP($B373,[1]NXT!$D$14:$Z$1900,11,0)-H373","v":{"$error":"#N/A"}}]
[372,"VK75 1.3","Vuông kẽm 75 (1.3)","Cây","VK",3,312000,936000,null,null,null,null,{"$f":"VLOOKUP($B374,[2]NXT!$D372:$N10371,9,0)-F374","v":{"$error":"#N/A"}},{"$f":"VLOOKUP($B374,[1]NXT!$D$14:$Z$1900,11,0)-H374","v":{"$error":"#N/A"}}]
[373,"VK75 1.4","Vuông kẽm 75 (1.4)","Cây","VK",16,287505.71428571432,4600091.4285714291,null,null,null,null,{"$f":"VLOOKUP($B375,[2]NXT!$D373:$N10372,9,0)-F375","v":{"$error":"#N/A"}},{"$f":"VLOOKUP($B375,[1]NXT!$D$14:$Z$1900,11,0)-H375","v":{"$error":"#N/A"}}]
[374,"VK75 1.8","Vuông kẽm 75 (1.8)","Cây","VK",11,363854.16666666674,4002395.833333334,null,null,null,null,{"$f":"VLOOKUP($B376,[2]NXT!$D374:$N10373,9,0)-F376","v":{"$error":"#N/A"}},{"$f":"VLOOKUP($B376,[1]NXT!$D$14:$Z$1900,11,0)-H376","v":{"$error":"#N/A"}}]
[375,"VK90 1.3","Vuông kẽm 90 (1.3)","Cây","VK",1,365100,365100,null,null,null,null,{"$f":"VLOOKUP($B377,[2]NXT!$D375:$N10374,9,0)-F377","v":{"$error":"#N/A"}},{"$f":"VLOOKUP($B377,[1]NXT!$D$14:$Z$1900,11,0)-H377","v":{"$error":"#N/A"}}]
[376,"VK90 1.4","Vuông kẽm 90 (1.4)","Cây","VK",8,341445.45454545459,2731563.6363636367,null,null,null,null,{"$f":"VLOOKUP($B378,[2]NXT!$D376:$N10375,9,0)-F378","v":{"$error":"#N/A"}},{"$f":"VLOOKUP($B378,[1]NXT!$D$14:$Z$1900,11,0)-H378","v":{"$error":"#N/A"}}]
[377,"VK90 1.7 PX","Vuông kẽm 90 (1.7)","Cây","VK",19,432158.62068965519,8211013.7931034481,null,null,null,null,{"$f":"VLOOKUP($B379,[2]NXT!$D377:$N10376,9,0)-F379","v":{"$error":"#N/A"}},{"$f":"VLOOKUP($B379,[1]NXT!$D$14:$Z$1900,11,0)-H379","v":{"$error":"#N/A"}}]
[378,"VK90 1.8 PX","Vuông kẽm 90 (1.8) PX","Cây","VK",11,447000,4917000,null,null,null,null,{"$f":"VLOOKUP($B380,[2]NXT!$D378:$N10377,9,0)-F380","v":{"$error":"#N/A"}},{"$f":"VLOOKUP($B380,[1]NXT!$D$14:$Z$1900,11,0)-H380","v":{"$error":"#N/A"}}]
[379,"VK90 1.8 VT","Vuông kẽm 90 (1.8) VT","Cây","VK",0,0,0,null,null,null,null,{"$f":"VLOOKUP($B381,[2]NXT!$D379:$N10378,9,0)-F381","v":{"$error":"#N/A"}},{"$f":"VLOOKUP($B381,[1]NXT!$D$14:$Z$1900,11,0)-H381","v":{"$error":"#N/A"}}]
[380,"VK90 2.0","Vuông kẽm 90 (2.0)","Cây","VK",0,0,0,null,null,null,null,{"$f":"VLOOKUP($B382,[2]NXT!$D380:$N10379,9,0)-F382","v":{"$error":"#N/A"}},{"$f":"VLOOKUP($B382,[1]NXT!$D$14:$Z$1900,11,0)-H382","v":{"$error":"#N/A"}}]
[381,"VK90 2.5","Vuông kẽm 90 (2.5)","Cây","VK",3,639800,1919400,null,null,null,null,{"$f":"VLOOKUP($B383,[2]NXT!$D381:$N10380,9,0)-F383","v":{"$error":"#N/A"}},{"$f":"VLOOKUP($B383,[1]NXT!$D$14:$Z$1900,11,0)-H383","v":{"$error":"#N/A"}}]
[382,"VL30","V Lỗ 30","Cây","VL",39,32400,1263600,null,null,null,null,{"$f":"VLOOKUP($B384,[2]NXT!$D382:$N10381,9,0)-F384","v":{"$error":"#N/A"}},{"$f":"VLOOKUP($B384,[1]NXT!$D$14:$Z$1900,11,0)-H384","v":{"$error":"#N/A"}}]
[383,"VL30(D)","V Lỗ 30 (dày)","Cây","VL",25,47400,1185000,null,null,null,null,{"$f":"VLOOKUP($B385,[2]NXT!$D383:$N10382,9,0)-F385","v":{"$error":"#N/A"}},{"$f":"VLOOKUP($B385,[1]NXT!$D$14:$Z$1900,11,0)-H385","v":{"$error":"#N/A"}}]
[384,"VL35","V Lỗ 35","Cây","VL",112,41400,4636800,null,null,null,null,{"$f":"VLOOKUP($B386,[2]NXT!$D384:$N10383,9,0)-F386","v":{"$error":"#N/A"}},{"$f":"VLOOKUP($B386,[1]NXT!$D$14:$Z$1900,11,0)-H386","v":{"$error":"#N/A"}}]
[385,"VL40","V Lỗ 40","Cây","VL",90,43184.210526315794,3886578.9473684216,null,null,null,null,{"$f":"VLOOKUP($B387,[2]NXT!$D385:$N10384,9,0)-F387","v":{"$error":"#N/A"}},{"$f":"VLOOKUP($B387,[1]NXT!$D$14:$Z$1900,11,0)-H387","v":{"$error":"#N/A"}}]
[386,"VL40(D)","V Lỗ 40 (dày)","Cây","VL",31,60000,1860000,null,null,null,null,{"$f":"VLOOKUP($B388,[2]NXT!$D386:$N10385,9,0)-F388","v":{"$error":"#N/A"}},{"$f":"VLOOKUP($B388,[1]NXT!$D$14:$Z$1900,11,0)-H388","v":{"$error":"#N/A"}}]
[387,"VL46","V Lỗ 46","Cây","VL",0,0,0,null,null,null,null,{"$f":"VLOOKUP($B389,[2]NXT!$D387:$N10386,9,0)-F389","v":{"$error":"#N/A"}},{"$f":"VLOOKUP($B389,[1]NXT!$D$14:$Z$1900,11,0)-H389","v":{"$error":"#N/A"}}]
[388,"VL46(D)","V Lỗ 46 (dày)","Cây","VL",12,76500,918000,null,null,null,null,{"$f":"VLOOKUP($B390,[2]NXT!$D388:$N10387,9,0)-F390","v":{"$error":"#N/A"}},{"$f":"VLOOKUP($B390,[1]NXT!$D$14:$Z$1900,11,0)-H390","v":{"$error":"#N/A"}}]
[389,"VLB","Bas V Lỗ","Cái","VL",1400,400,560000,null,null,null,null,{"$f":"VLOOKUP($B391,[2]NXT!$D389:$N10388,9,0)-F391","v":{"$error":"#N/A"}},{"$f":"VLOOKUP($B391,[1]NXT!$D$14:$Z$1900,11,0)-H391","v":{"$error":"#N/A"}}]
[390,"VLO","Ốc V Lỗ","Con","VL",3990,290,1157100,null,null,null,null,{"$f":"VLOOKUP($B392,[2]NXT!$D390:$N10389,9,0)-F392","v":{"$error":"#N/A"}},{"$f":"VLOOKUP($B392,[1]NXT!$D$14:$Z$1900,11,0)-H392","v":{"$error":"#N/A"}}]
[391,null,null,null,null,0,0,0,null,null,null,null,{"$f":"VLOOKUP($B393,[2]NXT!$D391:$N10390,9,0)-F393","v":{"$error":"#N/A"}},{"$f":"VLOOKUP($B393,[1]NXT!$D$14:$Z$1900,11,0)-H393","v":{"$error":"#N/A"}}]
[392,null,null,null,null,0,0,0,null,null,null,null,{"$f":"VLOOKUP($B394,[2]NXT!$D392:$N10391,9,0)-F394","v":{"$error":"#N/A"}},{"$f":"VLOOKUP($B394,[1]NXT!$D$14:$Z$1900,11,0)-H394","v":{"$error":"#N/A"}}]
[393,null,null,null,null,0,0,0,null,null,null,null,{"$f":"VLOOKUP($B395,[2]NXT!$D393:$N10392,9,0)-F395","v":{"$error":"#N/A"}},{"$f":"VLOOKUP($B395,[1]NXT!$D$14:$Z$1900,11,0)-H395","v":{"$error":"#N/A"}}]
[394,null,null,null,null,0,0,0,null,null,null,null,{"$f":"VLOOKUP($B396,[2]NXT!$D394:$N10393,9,0)-F396","v":{"$error":"#N/A"}},{"$f":"VLOOKUP($B396,[1]NXT!$D$14:$Z$1900,11,0)-H396","v":{"$error":"#N/A"}}]
[395,null,null,null,null,0,0,0,null,null,null,null,{"$f":"VLOOKUP($B397,[2]NXT!$D395:$N10394,9,0)-F397","v":{"$error":"#N/A"}},{"$f":"VLOOKUP($B397,[1]NXT!$D$14:$Z$1900,11,0)-H397","v":{"$error":"#N/A"}}]
[396,null,null,null,null,0,0,0,null,null,null,null,{"$f":"VLOOKUP($B398,[2]NXT!$D396:$N10395,9,0)-F398","v":{"$error":"#N/A"}},{"$f":"VLOOKUP($B398,[1]NXT!$D$14:$Z$1900,11,0)-H398","v":{"$error":"#N/A"}}]
[397,null,null,null,null,0,0,0,null,null,null,null,{"$f":"VLOOKUP($B399,[2]NXT!$D397:$N10396,9,0)-F399","v":{"$error":"#N/A"}},{"$f":"VLOOKUP($B399,[1]NXT!$D$14:$Z$1900,11,0)-H399","v":{"$error":"#N/A"}}]
[398,null,null,null,null,0,0,0,null,null,null,null,{"$f":"VLOOKUP($B400,[2]NXT!$D398:$N10397,9,0)-F400","v":{"$error":"#N/A"}},{"$f":"VLOOKUP($B400,[1]NXT!$D$14:$Z$1900,11,0)-H400","v":{"$error":"#N/A"}}]
[399,null,null,null,null,0,0,0,null,null,null,null,{"$f":"VLOOKUP($B401,[2]NXT!$D399:$N10398,9,0)-F401","v":{"$error":"#N/A"}},{"$f":"VLOOKUP($B401,[1]NXT!$D$14:$Z$1900,11,0)-H401","v":{"$error":"#N/A"}}]
[400,null,null,null,null,0,0,0,null,null,null,null,{"$f":"VLOOKUP($B402,[2]NXT!$D400:$N10399,9,0)-F402","v":{"$error":"#N/A"}},{"$f":"VLOOKUP($B402,[1]NXT!$D$14:$Z$1900,11,0)-H402","v":{"$error":"#N/A"}}]
[401,null,null,null,null,0,0,0,null,null,null,null,{"$f":"VLOOKUP($B403,[2]NXT!$D401:$N10400,9,0)-F403","v":{"$error":"#N/A"}},{"$f":"VLOOKUP($B403,[1]NXT!$D$14:$Z$1900,11,0)-H403","v":{"$error":"#N/A"}}]
[402,null,null,null,null,0,0,0,null,null,null,null,{"$f":"VLOOKUP($B404,[2]NXT!$D402:$N10401,9,0)-F404","v":{"$error":"#N/A"}},{"$f":"VLOOKUP($B404,[1]NXT!$D$14:$Z$1900,11,0)-H404","v":{"$error":"#N/A"}}]
[403,null,null,null,null,0,0,0,null,null,null,null,{"$f":"VLOOKUP($B405,[2]NXT!$D403:$N10402,9,0)-F405","v":{"$error":"#N/A"}},{"$f":"VLOOKUP($B405,[1]NXT!$D$14:$Z$1900,11,0)-H405","v":{"$error":"#N/A"}}]
[404,null,null,null,null,0,0,0,null,null,null,null,{"$f":"VLOOKUP($B406,[2]NXT!$D404:$N10403,9,0)-F406","v":{"$error":"#N/A"}},{"$f":"VLOOKUP($B406,[1]NXT!$D$14:$Z$1900,11,0)-H406","v":{"$error":"#N/A"}}]
[405,null,null,null,null,0,0,0,null,null,null,null,{"$f":"VLOOKUP($B407,[2]NXT!$D405:$N10404,9,0)-F407","v":{"$error":"#N/A"}},{"$f":"VLOOKUP($B407,[1]NXT!$D$14:$Z$1900,11,0)-H407","v":{"$error":"#N/A"}}]
[406,null,null,null,null,0,0,0,null,null,null,null,{"$f":"VLOOKUP($B408,[2]NXT!$D406:$N10405,9,0)-F408","v":{"$error":"#N/A"}},{"$f":"VLOOKUP($B408,[1]NXT!$D$14:$Z$1900,11,0)-H408","v":{"$error":"#N/A"}}]
[407,null,null,null,null,0,0,0,null,null,null,null,{"$f":"VLOOKUP($B409,[2]NXT!$D407:$N10406,9,0)-F409","v":{"$error":"#N/A"}},{"$f":"VLOOKUP($B409,[1]NXT!$D$14:$Z$1900,11,0)-H409","v":{"$error":"#N/A"}}]
[408,null,null,null,null,0,0,0,null,null,null,null,{"$f":"VLOOKUP($B410,[2]NXT!$D408:$N10407,9,0)-F410","v":{"$error":"#N/A"}},{"$f":"VLOOKUP($B410,[1]NXT!$D$14:$Z$1900,11,0)-H410","v":{"$error":"#N/A"}}]
[409,null,null,null,null,0,0,0,null,null,null,null,{"$f":"VLOOKUP($B411,[2]NXT!$D409:$N10408,9,0)-F411","v":{"$error":"#N/A"}},{"$f":"VLOOKUP($B411,[1]NXT!$D$14:$Z$1900,11,0)-H411","v":{"$error":"#N/A"}}]
[410,null,null,null,null,0,0,0,null,null,null,null,{"$f":"VLOOKUP($B412,[2]NXT!$D410:$N10409,9,0)-F412","v":{"$error":"#N/A"}},{"$f":"VLOOKUP($B412,[1]NXT!$D$14:$Z$1900,11,0)-H412","v":{"$error":"#N/A"}}]
[411,null,null,null,null,0,0,0,null,null,null,null,{"$f":"VLOOKUP($B413,[2]NXT!$D411:$N10410,9,0)-F413","v":{"$error":"#N/A"}},{"$f":"VLOOKUP($B413,[1]NXT!$D$14:$Z$1900,11,0)-H413","v":{"$error":"#N/A"}}]
[412,null,null,null,null,0,0,0,null,null,null,null,{"$f":"VLOOKUP($B414,[2]NXT!$D412:$N10411,9,0)-F414","v":{"$error":"#N/A"}},{"$f":"VLOOKUP($B414,[1]NXT!$D$14:$Z$1900,11,0)-H414","v":{"$error":"#N/A"}}]
[413,null,null,null,null,0,0,0,null,null,null,null,{"$f":"VLOOKUP($B415,[2]NXT!$D413:$N10412,9,0)-F415","v":{"$error":"#N/A"}},{"$f":"VLOOKUP($B415,[1]NXT!$D$14:$Z$1900,11,0)-H415","v":{"$error":"#N/A"}}]
[414,null,null,null,null,0,0,0,null,null,null,null,{"$f":"VLOOKUP($B416,[2]NXT!$D414:$N10413,9,0)-F416","v":{"$error":"#N/A"}},{"$f":"VLOOKUP($B416,[1]NXT!$D$14:$Z$1900,11,0)-H416","v":{"$error":"#N/A"}}]
[415,null,null,null,null,0,0,0,null,null,null,null,{"$f":"VLOOKUP($B417,[2]NXT!$D415:$N10414,9,0)-F417","v":{"$error":"#N/A"}},{"$f":"VLOOKUP($B417,[1]NXT!$D$14:$Z$1900,11,0)-H417","v":{"$error":"#N/A"}}]
[416,null,null,null,null,0,0,0,null,null,null,null,{"$f":"VLOOKUP($B418,[2]NXT!$D416:$N10415,9,0)-F418","v":{"$error":"#N/A"}},{"$f":"VLOOKUP($B418,[1]NXT!$D$14:$Z$1900,11,0)-H418","v":{"$error":"#N/A"}}]
[417,null,null,null,null,0,0,0,null,null,null,null,{"$f":"VLOOKUP($B419,[2]NXT!$D417:$N10416,9,0)-F419","v":{"$error":"#N/A"}},{"$f":"VLOOKUP($B419,[1]NXT!$D$14:$Z$1900,11,0)-H419","v":{"$error":"#N/A"}}]
[418,null,null,null,null,0,0,0,null,null,null,null,{"$f":"VLOOKUP($B420,[2]NXT!$D418:$N10417,9,0)-F420","v":{"$error":"#N/A"}},{"$f":"VLOOKUP($B420,[1]NXT!$D$14:$Z$1900,11,0)-H420","v":{"$error":"#N/A"}}]
[419,null,null,null,null,0,0,0,null,null,null,null,{"$f":"VLOOKUP($B421,[2]NXT!$D419:$N10418,9,0)-F421","v":{"$error":"#N/A"}},{"$f":"VLOOKUP($B421,[1]NXT!$D$14:$Z$1900,11,0)-H421","v":{"$error":"#N/A"}}]
[420,null,null,null,null,0,0,0,null,null,null,null,{"$f":"VLOOKUP($B422,[2]NXT!$D420:$N10419,9,0)-F422","v":{"$error":"#N/A"}},{"$f":"VLOOKUP($B422,[1]NXT!$D$14:$Z$1900,11,0)-H422","v":{"$error":"#N/A"}}]
[421,null,null,null,null,0,0,0,null,null,null,null,{"$f":"VLOOKUP($B423,[2]NXT!$D421:$N10420,9,0)-F423","v":{"$error":"#N/A"}},{"$f":"VLOOKUP($B423,[1]NXT!$D$14:$Z$1900,11,0)-H423","v":{"$error":"#N/A"}}]
[422,null,null,null,null,0,0,0,null,null,null,null,{"$f":"VLOOKUP($B424,[2]NXT!$D422:$N10421,9,0)-F424","v":{"$error":"#N/A"}},{"$f":"VLOOKUP($B424,[1]NXT!$D$14:$Z$1900,11,0)-H424","v":{"$error":"#N/A"}}]
[423,null,null,null,null,0,0,0,null,null,null,null,{"$f":"VLOOKUP($B425,[2]NXT!$D423:$N10422,9,0)-F425","v":{"$error":"#N/A"}},{"$f":"VLOOKUP($B425,[1]NXT!$D$14:$Z$1900,11,0)-H425","v":{"$error":"#N/A"}}]
[424,null,null,null,null,0,0,0,null,null,null,null,{"$f":"VLOOKUP($B426,[2]NXT!$D424:$N10423,9,0)-F426","v":{"$error":"#N/A"}},{"$f":"VLOOKUP($B426,[1]NXT!$D$14:$Z$1900,11,0)-H426","v":{"$error":"#N/A"}}]
[425,null,null,null,null,0,0,0,null,null,null,null,{"$f":"VLOOKUP($B427,[2]NXT!$D425:$N10424,9,0)-F427","v":{"$error":"#N/A"}},{"$f":"VLOOKUP($B427,[1]NXT!$D$14:$Z$1900,11,0)-H427","v":{"$error":"#N/A"}}]
[426,null,null,null,null,0,0,0,null,null,null,null,{"$f":"VLOOKUP($B428,[2]NXT!$D426:$N10425,9,0)-F428","v":{"$error":"#N/A"}},{"$f":"VLOOKUP($B428,[1]NXT!$D$14:$Z$1900,11,0)-H428","v":{"$error":"#N/A"}}]
[427,null,null,null,null,0,0,0,null,null,null,null,{"$f":"VLOOKUP($B429,[2]NXT!$D427:$N10426,9,0)-F429","v":{"$error":"#N/A"}},{"$f":"VLOOKUP($B429,[1]NXT!$D$14:$Z$1900,11,0)-H429","v":{"$error":"#N/A"}}]
[428,null,null,null,null,0,0,0,null,null,null,null,{"$f":"VLOOKUP($B430,[2]NXT!$D428:$N10427,9,0)-F430","v":{"$error":"#N/A"}},{"$f":"VLOOKUP($B430,[1]NXT!$D$14:$Z$1900,11,0)-H430","v":{"$error":"#N/A"}}]
[429,null,null,null,null,0,0,0,null,null,null,null,{"$f":"VLOOKUP($B431,[2]NXT!$D429:$N10428,9,0)-F431","v":{"$error":"#N/A"}},{"$f":"VLOOKUP($B431,[1]NXT!$D$14:$Z$1900,11,0)-H431","v":{"$error":"#N/A"}}]
[430,null,null,null,null,0,0,0,null,null,null,null,{"$f":"VLOOKUP($B432,[2]NXT!$D430:$N10429,9,0)-F432","v":{"$error":"#N/A"}},{"$f":"VLOOKUP($B432,[1]NXT!$D$14:$Z$1900,11,0)-H432","v":{"$error":"#N/A"}}]
[431,null,null,null,null,0,0,0,null,null,null,null,{"$f":"VLOOKUP($B433,[2]NXT!$D431:$N10430,9,0)-F433","v":{"$error":"#N/A"}},{"$f":"VLOOKUP($B433,[1]NXT!$D$14:$Z$1900,11,0)-H433","v":{"$error":"#N/A"}}]
[432,null,null,null,null,0,0,0,null,null,null,null,{"$f":"VLOOKUP($B434,[2]NXT!$D432:$N10431,9,0)-F434","v":{"$error":"#N/A"}},{"$f":"VLOOKUP($B434,[1]NXT!$D$14:$Z$1900,11,0)-H434","v":{"$error":"#N/A"}}]
[433,null,null,null,null,0,0,0,null,null,null,null,{"$f":"VLOOKUP($B435,[2]NXT!$D433:$N10432,9,0)-F435","v":{"$error":"#N/A"}},{"$f":"VLOOKUP($B435,[1]NXT!$D$14:$Z$1900,11,0)-H435","v":{"$error":"#N/A"}}]
[434,null,null,null,null,0,0,0,null,null,null,null,{"$f":"VLOOKUP($B436,[2]NXT!$D434:$N10433,9,0)-F436","v":{"$error":"#N/A"}},{"$f":"VLOOKUP($B436,[1]NXT!$D$14:$Z$1900,11,0)-H436","v":{"$error":"#N/A"}}]
[435,null,null,null,null,0,0,0,null,null,null,null,{"$f":"VLOOKUP($B437,[2]NXT!$D435:$N10434,9,0)-F437","v":{"$error":"#N/A"}},{"$f":"VLOOKUP($B437,[1]NXT!$D$14:$Z$1900,11,0)-H437","v":{"$error":"#N/A"}}]
[436,null,null,null,null,0,0,0,null,null,null,null,{"$f":"VLOOKUP($B438,[2]NXT!$D436:$N10435,9,0)-F438","v":{"$error":"#N/A"}},{"$f":"VLOOKUP($B438,[1]NXT!$D$14:$Z$1900,11,0)-H438","v":{"$error":"#N/A"}}]
[437,null,null,null,null,0,0,0,null,null,null,null,{"$f":"VLOOKUP($B439,[2]NXT!$D437:$N10436,9,0)-F439","v":{"$error":"#N/A"}},{"$f":"VLOOKUP($B439,[1]NXT!$D$14:$Z$1900,11,0)-H439","v":{"$error":"#N/A"}}]
[438,null,null,null,null,0,0,0,null,null,null,null,{"$f":"VLOOKUP($B440,[2]NXT!$D438:$N10437,9,0)-F440","v":{"$error":"#N/A"}},{"$f":"VLOOKUP($B440,[1]NXT!$D$14:$Z$1900,11,0)-H440","v":{"$error":"#N/A"}}]
[439,null,null,null,null,0,0,0,null,null,null,null,{"$f":"VLOOKUP($B441,[2]NXT!$D439:$N10438,9,0)-F441","v":{"$error":"#N/A"}},{"$f":"VLOOKUP($B441,[1]NXT!$D$14:$Z$1900,11,0)-H441","v":{"$error":"#N/A"}}]
[440,null,null,null,null,0,0,0,null,null,null,null,{"$f":"VLOOKUP($B442,[2]NXT!$D440:$N10439,9,0)-F442","v":{"$error":"#N/A"}},{"$f":"VLOOKUP($B442,[1]NXT!$D$14:$Z$1900,11,0)-H442","v":{"$error":"#N/A"}}]
[441,null,null,null,null,0,0,0,null,null,null,null,{"$f":"VLOOKUP($B443,[2]NXT!$D441:$N10440,9,0)-F443","v":{"$error":"#N/A"}},{"$f":"VLOOKUP($B443,[1]NXT!$D$14:$Z$1900,11,0)-H443","v":{"$error":"#N/A"}}]
[442,null,null,null,null,0,0,0,null,null,null,null,{"$f":"VLOOKUP($B444,[2]NXT!$D442:$N10441,9,0)-F444","v":{"$error":"#N/A"}},{"$f":"VLOOKUP($B444,[1]NXT!$D$14:$Z$1900,11,0)-H444","v":{"$error":"#N/A"}}]
[443,null,null,null,null,0,0,0,null,null,null,null,{"$f":"VLOOKUP($B445,[2]NXT!$D443:$N10442,9,0)-F445","v":{"$error":"#N/A"}},{"$f":"VLOOKUP($B445,[1]NXT!$D$14:$Z$1900,11,0)-H445","v":{"$error":"#N/A"}}]
[444,null,null,null,null,0,0,0,null,null,null,null,{"$f":"VLOOKUP($B446,[2]NXT!$D444:$N10443,9,0)-F446","v":{"$error":"#N/A"}},{"$f":"VLOOKUP($B446,[1]NXT!$D$14:$Z$1900,11,0)-H446","v":{"$error":"#N/A"}}]
[445,null,null,null,null,0,0,0,null,null,null,null,{"$f":"VLOOKUP($B447,[2]NXT!$D445:$N10444,9,0)-F447","v":{"$error":"#N/A"}},{"$f":"VLOOKUP($B447,[1]NXT!$D$14:$Z$1900,11,0)-H447","v":{"$error":"#N/A"}}]
[446,null,null,null,null,0,0,0,null,null,null,null,{"$f":"VLOOKUP($B448,[2]NXT!$D446:$N10445,9,0)-F448","v":{"$error":"#N/A"}},{"$f":"VLOOKUP($B448,[1]NXT!$D$14:$Z$1900,11,0)-H448","v":{"$error":"#N/A"}}]
[447,null,null,null,null,0,0,0,null,null,null,null,{"$f":"VLOOKUP($B449,[2]NXT!$D447:$N10446,9,0)-F449","v":{"$error":"#N/A"}},{"$f":"VLOOKUP($B449,[1]NXT!$D$14:$Z$1900,11,0)-H449","v":{"$error":"#N/A"}}]
[448,null,null,null,null,0,0,0,null,null,null,null,{"$f":"VLOOKUP($B450,[2]NXT!$D448:$N10447,9,0)-F450","v":{"$error":"#N/A"}},{"$f":"VLOOKUP($B450,[1]NXT!$D$14:$Z$1900,11,0)-H450","v":{"$error":"#N/A"}}]
[449,null,null,null,null,0,0,0,null,null,null,null,{"$f":"VLOOKUP($B451,[2]NXT!$D449:$N10448,9,0)-F451","v":{"$error":"#N/A"}},{"$f":"VLOOKUP($B451,[1]NXT!$D$14:$Z$1900,11,0)-H451","v":{"$error":"#N/A"}}]
[450,null,null,null,null,0,0,0,null,null,null,null,{"$f":"VLOOKUP($B452,[2]NXT!$D450:$N10449,9,0)-F452","v":{"$error":"#N/A"}},{"$f":"VLOOKUP($B452,[1]NXT!$D$14:$Z$1900,11,0)-H452","v":{"$error":"#N/A"}}]
[451,null,null,null,null,0,0,0,null,null,null,null,{"$f":"VLOOKUP($B453,[2]NXT!$D451:$N10450,9,0)-F453","v":{"$error":"#N/A"}},{"$f":"VLOOKUP($B453,[1]NXT!$D$14:$Z$1900,11,0)-H453","v":{"$error":"#N/A"}}]
[452,null,null,null,null,0,0,0,null,null,null,null,{"$f":"VLOOKUP($B454,[2]NXT!$D452:$N10451,9,0)-F454","v":{"$error":"#N/A"}},{"$f":"VLOOKUP($B454,[1]NXT!$D$14:$Z$1900,11,0)-H454","v":{"$error":"#N/A"}}]
[453,null,null,null,null,0,0,0,null,null,null,null,{"$f":"VLOOKUP($B455,[2]NXT!$D453:$N10452,9,0)-F455","v":{"$error":"#N/A"}},{"$f":"VLOOKUP($B455,[1]NXT!$D$14:$Z$1900,11,0)-H455","v":{"$error":"#N/A"}}]
[454,null,null,null,null,0,0,0,null,null,null,null,{"$f":"VLOOKUP($B456,[2]NXT!$D454:$N10453,9,0)-F456","v":{"$error":"#N/A"}},{"$f":"VLOOKUP($B456,[1]NXT!$D$14:$Z$1900,11,0)-H456","v":{"$error":"#N/A"}}]
[455,null,null,null,null,0,0,0,null,null,null,null,{"$f":"VLOOKUP($B457,[2]NXT!$D455:$N10454,9,0)-F457","v":{"$error":"#N/A"}},{"$f":"VLOOKUP($B457,[1]NXT!$D$14:$Z$1900,11,0)-H457","v":{"$error":"#N/A"}}]
[456,null,null,null,null,0,0,0,null,null,null,null,{"$f":"VLOOKUP($B458,[2]NXT!$D456:$N10455,9,0)-F458","v":{"$error":"#N/A"}},{"$f":"VLOOKUP($B458,[1]NXT!$D$14:$Z$1900,11,0)-H458","v":{"$error":"#N/A"}}]
[457,null,null,null,null,0,0,0,null,null,null,null,{"$f":"VLOOKUP($B459,[2]NXT!$D457:$N10456,9,0)-F459","v":{"$error":"#N/A"}},{"$f":"VLOOKUP($B459,[1]NXT!$D$14:$Z$1900,11,0)-H459","v":{"$error":"#N/A"}}]
[458,null,null,null,null,0,0,0,null,null,null,null,{"$f":"VLOOKUP($B460,[2]NXT!$D458:$N10457,9,0)-F460","v":{"$error":"#N/A"}},{"$f":"VLOOKUP($B460,[1]NXT!$D$14:$Z$1900,11,0)-H460","v":{"$error":"#N/A"}}]
[459,null,null,null,null,0,0,0,null,null,null,null,{"$f":"VLOOKUP($B461,[2]NXT!$D459:$N10458,9,0)-F461","v":{"$error":"#N/A"}},{"$f":"VLOOKUP($B461,[1]NXT!$D$14:$Z$1900,11,0)-H461","v":{"$error":"#N/A"}}]
[460,null,null,null,null,0,0,0,null,null,null,null,{"$f":"VLOOKUP($B462,[2]NXT!$D460:$N10459,9,0)-F462","v":{"$error":"#N/A"}},{"$f":"VLOOKUP($B462,[1]NXT!$D$14:$Z$1900,11,0)-H462","v":{"$error":"#N/A"}}]
[461,null,null,null,null,0,0,0,null,null,null,null,{"$f":"VLOOKUP($B463,[2]NXT!$D461:$N10460,9,0)-F463","v":{"$error":"#N/A"}},{"$f":"VLOOKUP($B463,[1]NXT!$D$14:$Z$1900,11,0)-H463","v":{"$error":"#N/A"}}]
[462,null,null,null,null,0,0,0,null,null,null,null,{"$f":"VLOOKUP($B464,[2]NXT!$D462:$N10461,9,0)-F464","v":{"$error":"#N/A"}},{"$f":"VLOOKUP($B464,[1]NXT!$D$14:$Z$1900,11,0)-H464","v":{"$error":"#N/A"}}]
[463,null,null,null,null,0,0,0,null,null,null,null,{"$f":"VLOOKUP($B465,[2]NXT!$D463:$N10462,9,0)-F465","v":{"$error":"#N/A"}},{"$f":"VLOOKUP($B465,[1]NXT!$D$14:$Z$1900,11,0)-H465","v":{"$error":"#N/A"}}]
[464,null,null,null,null,0,0,0,null,null,null,null,{"$f":"VLOOKUP($B466,[2]NXT!$D464:$N10463,9,0)-F466","v":{"$error":"#N/A"}},{"$f":"VLOOKUP($B466,[1]NXT!$D$14:$Z$1900,11,0)-H466","v":{"$error":"#N/A"}}]
[465,null,null,null,null,0,0,0,null,null,null,null,{"$f":"VLOOKUP($B467,[2]NXT!$D465:$N10464,9,0)-F467","v":{"$error":"#N/A"}},{"$f":"VLOOKUP($B467,[1]NXT!$D$14:$Z$1900,11,0)-H467","v":{"$error":"#N/A"}}]
[466,null,null,null,null,0,0,0,null,null,null,null,{"$f":"VLOOKUP($B468,[2]NXT!$D466:$N10465,9,0)-F468","v":{"$error":"#N/A"}},{"$f":"VLOOKUP($B468,[1]NXT!$D$14:$Z$1900,11,0)-H468","v":{"$error":"#N/A"}}]
[467,null,null,null,null,0,0,0,null,null,null,null,{"$f":"VLOOKUP($B469,[2]NXT!$D467:$N10466,9,0)-F469","v":{"$error":"#N/A"}},{"$f":"VLOOKUP($B469,[1]NXT!$D$14:$Z$1900,11,0)-H469","v":{"$error":"#N/A"}}]
[468,null,null,null,null,0,0,0,null,null,null,null,{"$f":"VLOOKUP($B470,[2]NXT!$D468:$N10467,9,0)-F470","v":{"$error":"#N/A"}},{"$f":"VLOOKUP($B470,[1]NXT!$D$14:$Z$1900,11,0)-H470","v":{"$error":"#N/A"}}]
[469,null,null,null,null,0,0,0,null,null,null,null,{"$f":"VLOOKUP($B471,[2]NXT!$D469:$N10468,9,0)-F471","v":{"$error":"#N/A"}},{"$f":"VLOOKUP($B471,[1]NXT!$D$14:$Z$1900,11,0)-H471","v":{"$error":"#N/A"}}]
[470,null,null,null,null,0,0,0,null,null,null,null,{"$f":"VLOOKUP($B472,[2]NXT!$D470:$N10469,9,0)-F472","v":{"$error":"#N/A"}},{"$f":"VLOOKUP($B472,[1]NXT!$D$14:$Z$1900,11,0)-H472","v":{"$error":"#N/A"}}]
[471,null,null,null,null,0,0,0,null,null,null,null,{"$f":"VLOOKUP($B473,[2]NXT!$D471:$N10470,9,0)-F473","v":{"$error":"#N/A"}},{"$f":"VLOOKUP($B473,[1]NXT!$D$14:$Z$1900,11,0)-H473","v":{"$error":"#N/A"}}]
[472,null,null,null,null,0,0,0,null,null,null,null,{"$f":"VLOOKUP($B474,[2]NXT!$D472:$N10471,9,0)-F474","v":{"$error":"#N/A"}},{"$f":"VLOOKUP($B474,[1]NXT!$D$14:$Z$1900,11,0)-H474","v":{"$error":"#N/A"}}]
[473,null,null,null,null,0,0,0,null,null,null,null,{"$f":"VLOOKUP($B475,[2]NXT!$D473:$N10472,9,0)-F475","v":{"$error":"#N/A"}},{"$f":"VLOOKUP($B475,[1]NXT!$D$14:$Z$1900,11,0)-H475","v":{"$error":"#N/A"}}]
[474,null,null,null,null,0,0,0,null,null,null,null,{"$f":"VLOOKUP($B476,[2]NXT!$D474:$N10473,9,0)-F476","v":{"$error":"#N/A"}},{"$f":"VLOOKUP($B476,[1]NXT!$D$14:$Z$1900,11,0)-H476","v":{"$error":"#N/A"}}]
[475,null,null,null,null,0,0,0,null,null,null,null,{"$f":"VLOOKUP($B477,[2]NXT!$D475:$N10474,9,0)-F477","v":{"$error":"#N/A"}},{"$f":"VLOOKUP($B477,[1]NXT!$D$14:$Z$1900,11,0)-H477","v":{"$error":"#N/A"}}]
[476,null,null,null,null,0,0,0,null,null,null,null,{"$f":"VLOOKUP($B478,[2]NXT!$D476:$N10475,9,0)-F478","v":{"$error":"#N/A"}},{"$f":"VLOOKUP($B478,[1]NXT!$D$14:$Z$1900,11,0)-H478","v":{"$error":"#N/A"}}]
[477,null,null,null,null,0,0,0,null,null,null,null,{"$f":"VLOOKUP($B479,[2]NXT!$D477:$N10476,9,0)-F479","v":{"$error":"#N/A"}},{"$f":"VLOOKUP($B479,[1]NXT!$D$14:$Z$1900,11,0)-H479","v":{"$error":"#N/A"}}]
[478,null,null,null,null,0,0,0,null,null,null,null,{"$f":"VLOOKUP($B480,[2]NXT!$D478:$N10477,9,0)-F480","v":{"$error":"#N/A"}},{"$f":"VLOOKUP($B480,[1]NXT!$D$14:$Z$1900,11,0)-H480","v":{"$error":"#N/A"}}]
[479,null,null,null,null,0,0,0,null,null,null,null,{"$f":"VLOOKUP($B481,[2]NXT!$D479:$N10478,9,0)-F481","v":{"$error":"#N/A"}},{"$f":"VLOOKUP($B481,[1]NXT!$D$14:$Z$1900,11,0)-H481","v":{"$error":"#N/A"}}]
[480,null,null,null,null,0,0,0,null,null,null,null,{"$f":"VLOOKUP($B482,[2]NXT!$D480:$N10479,9,0)-F482","v":{"$error":"#N/A"}},{"$f":"VLOOKUP($B482,[1]NXT!$D$14:$Z$1900,11,0)-H482","v":{"$error":"#N/A"}}]
[481,null,null,null,null,0,0,0,null,null,null,null,{"$f":"VLOOKUP($B483,[2]NXT!$D481:$N10480,9,0)-F483","v":{"$error":"#N/A"}},{"$f":"VLOOKUP($B483,[1]NXT!$D$14:$Z$1900,11,0)-H483","v":{"$error":"#N/A"}}]
[482,null,null,null,null,0,0,0,null,null,null,null,{"$f":"VLOOKUP($B484,[2]NXT!$D482:$N10481,9,0)-F484","v":{"$error":"#N/A"}},{"$f":"VLOOKUP($B484,[1]NXT!$D$14:$Z$1900,11,0)-H484","v":{"$error":"#N/A"}}]
[483,null,null,null,null,0,0,0,null,null,null,null,{"$f":"VLOOKUP($B485,[2]NXT!$D483:$N10482,9,0)-F485","v":{"$error":"#N/A"}},{"$f":"VLOOKUP($B485,[1]NXT!$D$14:$Z$1900,11,0)-H485","v":{"$error":"#N/A"}}]
[484,null,null,null,null,0,0,0,null,null,null,null,{"$f":"VLOOKUP($B486,[2]NXT!$D484:$N10483,9,0)-F486","v":{"$error":"#N/A"}},{"$f":"VLOOKUP($B486,[1]NXT!$D$14:$Z$1900,11,0)-H486","v":{"$error":"#N/A"}}]
[485,null,null,null,null,0,0,0,null,null,null,null,{"$f":"VLOOKUP($B487,[2]NXT!$D485:$N10484,9,0)-F487","v":{"$error":"#N/A"}},{"$f":"VLOOKUP($B487,[1]NXT!$D$14:$Z$1900,11,0)-H487","v":{"$error":"#N/A"}}]
[486,null,null,null,null,0,0,0,null,null,null,null,{"$f":"VLOOKUP($B488,[2]NXT!$D486:$N10485,9,0)-F488","v":{"$error":"#N/A"}},{"$f":"VLOOKUP($B488,[1]NXT!$D$14:$Z$1900,11,0)-H488","v":{"$error":"#N/A"}}]
[487,null,null,null,null,0,0,0,null,null,null,null,{"$f":"VLOOKUP($B489,[2]NXT!$D487:$N10486,9,0)-F489","v":{"$error":"#N/A"}},{"$f":"VLOOKUP($B489,[1]NXT!$D$14:$Z$1900,11,0)-H489","v":{"$error":"#N/A"}}]
[488,null,null,null,null,0,0,0,null,null,null,null,{"$f":"VLOOKUP($B490,[2]NXT!$D488:$N10487,9,0)-F490","v":{"$error":"#N/A"}},{"$f":"VLOOKUP($B490,[1]NXT!$D$14:$Z$1900,11,0)-H490","v":{"$error":"#N/A"}}]
[489,null,null,null,null,0,0,0,null,null,null,null,{"$f":"VLOOKUP($B491,[2]NXT!$D489:$N10488,9,0)-F491","v":{"$error":"#N/A"}},{"$f":"VLOOKUP($B491,[1]NXT!$D$14:$Z$1900,11,0)-H491","v":{"$error":"#N/A"}}]
[490,null,null,null,null,0,0,0,null,null,null,null,{"$f":"VLOOKUP($B492,[2]NXT!$D490:$N10489,9,0)-F492","v":{"$error":"#N/A"}},{"$f":"VLOOKUP($B492,[1]NXT!$D$14:$Z$1900,11,0)-H492","v":{"$error":"#N/A"}}]
[491,null,null,null,null,0,0,0,null,null,null,null,{"$f":"VLOOKUP($B493,[2]NXT!$D491:$N10490,9,0)-F493","v":{"$error":"#N/A"}},{"$f":"VLOOKUP($B493,[1]NXT!$D$14:$Z$1900,11,0)-H493","v":{"$error":"#N/A"}}]
[492,null,null,null,null,0,0,0,null,null,null,null,{"$f":"VLOOKUP($B494,[2]NXT!$D492:$N10491,9,0)-F494","v":{"$error":"#N/A"}},{"$f":"VLOOKUP($B494,[1]NXT!$D$14:$Z$1900,11,0)-H494","v":{"$error":"#N/A"}}]
[493,null,null,null,null,0,0,0,null,null,null,null,{"$f":"VLOOKUP($B495,[2]NXT!$D493:$N10492,9,0)-F495","v":{"$error":"#N/A"}},{"$f":"VLOOKUP($B495,[1]NXT!$D$14:$Z$1900,11,0)-H495","v":{"$error":"#N/A"}}]
[494,null,null,null,null,0,0,0,null,null,null,null,{"$f":"VLOOKUP($B496,[2]NXT!$D494:$N10493,9,0)-F496","v":{"$error":"#N/A"}},{"$f":"VLOOKUP($B496,[1]NXT!$D$14:$Z$1900,11,0)-H496","v":{"$error":"#N/A"}}]
[495,null,null,null,null,0,0,0,null,null,null,null,{"$f":"VLOOKUP($B497,[2]NXT!$D495:$N10494,9,0)-F497","v":{"$error":"#N/A"}},{"$f":"VLOOKUP($B497,[1]NXT!$D$14:$Z$1900,11,0)-H497","v":{"$error":"#N/A"}}]
[496,null,null,null,null,0,0,0,null,null,null,null,{"$f":"VLOOKUP($B498,[2]NXT!$D496:$N10495,9,0)-F498","v":{"$error":"#N/A"}},{"$f":"VLOOKUP($B498,[1]NXT!$D$14:$Z$1900,11,0)-H498","v":{"$error":"#N/A"}}]
[497,null,null,null,null,0,0,0,null,null,null,null,{"$f":"VLOOKUP($B499,[2]NXT!$D497:$N10496,9,0)-F499","v":{"$error":"#N/A"}},{"$f":"VLOOKUP($B499,[1]NXT!$D$14:$Z$1900,11,0)-H499","v":{"$error":"#N/A"}}]
[498,null,null,null,null,0,0,0,null,null,null,null,{"$f":"VLOOKUP($B500,[2]NXT!$D498:$N10497,9,0)-F500","v":{"$error":"#N/A"}},{"$f":"VLOOKUP($B500,[1]NXT!$D$14:$Z$1900,11,0)-H500","v":{"$error":"#N/A"}}]
[499,null,null,null,null,0,0,0,null,null,null,null,{"$f":"VLOOKUP($B501,[2]NXT!$D499:$N10498,9,0)-F501","v":{"$error":"#N/A"}},{"$f":"VLOOKUP($B501,[1]NXT!$D$14:$Z$1900,11,0)-H501","v":{"$error":"#N/A"}}]
[500,null,null,null,null,0,0,0,null,null,null,null,{"$f":"VLOOKUP($B502,[2]NXT!$D500:$N10499,9,0)-F502","v":{"$error":"#N/A"}},{"$f":"VLOOKUP($B502,[1]NXT!$D$14:$Z$1900,11,0)-H502","v":{"$error":"#N/A"}}]
[501,null,null,null,null,0,0,0,null,null,null,null,{"$f":"VLOOKUP($B503,[2]NXT!$D501:$N10500,9,0)-F503","v":{"$error":"#N/A"}},{"$f":"VLOOKUP($B503,[1]NXT!$D$14:$Z$1900,11,0)-H503","v":{"$error":"#N/A"}}]
[502,null,null,null,null,0,0,0,null,null,null,null,{"$f":"VLOOKUP($B504,[2]NXT!$D502:$N10501,9,0)-F504","v":{"$error":"#N/A"}},{"$f":"VLOOKUP($B504,[1]NXT!$D$14:$Z$1900,11,0)-H504","v":{"$error":"#N/A"}}]
[503,null,null,null,null,0,0,0,null,null,null,null,{"$f":"VLOOKUP($B505,[2]NXT!$D503:$N10502,9,0)-F505","v":{"$error":"#N/A"}},{"$f":"VLOOKUP($B505,[1]NXT!$D$14:$Z$1900,11,0)-H505","v":{"$error":"#N/A"}}]
[504,null,null,null,null,0,0,0,null,null,null,null,{"$f":"VLOOKUP($B506,[2]NXT!$D504:$N10503,9,0)-F506","v":{"$error":"#N/A"}},{"$f":"VLOOKUP($B506,[1]NXT!$D$14:$Z$1900,11,0)-H506","v":{"$error":"#N/A"}}]
[505,null,null,null,null,0,0,0,null,null,null,null,{"$f":"VLOOKUP($B507,[2]NXT!$D505:$N10504,9,0)-F507","v":{"$error":"#N/A"}},{"$f":"VLOOKUP($B507,[1]NXT!$D$14:$Z$1900,11,0)-H507","v":{"$error":"#N/A"}}]
[506,null,null,null,null,0,0,0,null,null,null,null,{"$f":"VLOOKUP($B508,[2]NXT!$D506:$N10505,9,0)-F508","v":{"$error":"#N/A"}},{"$f":"VLOOKUP($B508,[1]NXT!$D$14:$Z$1900,11,0)-H508","v":{"$error":"#N/A"}}]
[507,null,null,null,null,0,0,0,null,null,null,null,{"$f":"VLOOKUP($B509,[2]NXT!$D507:$N10506,9,0)-F509","v":{"$error":"#N/A"}},{"$f":"VLOOKUP($B509,[1]NXT!$D$14:$Z$1900,11,0)-H509","v":{"$error":"#N/A"}}]
[508,null,null,null,null,0,0,0,null,null,null,null,{"$f":"VLOOKUP($B510,[2]NXT!$D508:$N10507,9,0)-F510","v":{"$error":"#N/A"}},{"$f":"VLOOKUP($B510,[1]NXT!$D$14:$Z$1900,11,0)-H510","v":{"$error":"#N/A"}}]
[509,null,null,null,null,0,0,0,null,null,null,null,{"$f":"VLOOKUP($B511,[2]NXT!$D509:$N10508,9,0)-F511","v":{"$error":"#N/A"}},{"$f":"VLOOKUP($B511,[1]NXT!$D$14:$Z$1900,11,0)-H511","v":{"$error":"#N/A"}}]
[510,null,null,null,null,0,0,0,null,null,null,null,{"$f":"VLOOKUP($B512,[2]NXT!$D510:$N10509,9,0)-F512","v":{"$error":"#N/A"}},{"$f":"VLOOKUP($B512,[1]NXT!$D$14:$Z$1900,11,0)-H512","v":{"$error":"#N/A"}}]
[511,null,null,null,null,0,0,0,null,null,null,null,{"$f":"VLOOKUP($B513,[2]NXT!$D511:$N10510,9,0)-F513","v":{"$error":"#N/A"}},{"$f":"VLOOKUP($B513,[1]NXT!$D$14:$Z$1900,11,0)-H513","v":{"$error":"#N/A"}}]
[512,null,null,null,null,0,0,0,null,null,null,null,{"$f":"VLOOKUP($B514,[2]NXT!$D512:$N10511,9,0)-F514","v":{"$error":"#N/A"}},{"$f":"VLOOKUP($B514,[1]NXT!$D$14:$Z$1900,11,0)-H514","v":{"$error":"#N/A"}}]
[513,null,null,null,null,0,0,0,null,null,null,null,{"$f":"VLOOKUP($B515,[2]NXT!$D513:$N10512,9,0)-F515","v":{"$error":"#N/A"}},{"$f":"VLOOKUP($B515,[1]NXT!$D$14:$Z$1900,11,0)-H515","v":{"$error":"#N/A"}}]
[514,null,null,null,null,0,0,0,null,null,null,null,{"$f":"VLOOKUP($B516,[2]NXT!$D514:$N10513,9,0)-F516","v":{"$error":"#N/A"}},{"$f":"VLOOKUP($B516,[1]NXT!$D$14:$Z$1900,11,0)-H516","v":{"$error":"#N/A"}}]
[515,null,null,null,null,0,0,0,null,null,null,null,{"$f":"VLOOKUP($B517,[2]NXT!$D515:$N10514,9,0)-F517","v":{"$error":"#N/A"}},{"$f":"VLOOKUP($B517,[1]NXT!$D$14:$Z$1900,11,0)-H517","v":{"$error":"#N/A"}}]
[516,null,null,null,null,0,0,0,null,null,null,null,{"$f":"VLOOKUP($B518,[2]NXT!$D516:$N10515,9,0)-F518","v":{"$error":"#N/A"}},{"$f":"VLOOKUP($B518,[1]NXT!$D$14:$Z$1900,11,0)-H518","v":{"$error":"#N/A"}}]
[517,null,null,null,null,0,0,0,null,null,null,null,{"$f":"VLOOKUP($B519,[2]NXT!$D517:$N10516,9,0)-F519","v":{"$error":"#N/A"}},{"$f":"VLOOKUP($B519,[1]NXT!$D$14:$Z$1900,11,0)-H519","v":{"$error":"#N/A"}}]
[518,null,null,null,null,0,0,0,null,null,null,null,{"$f":"VLOOKUP($B520,[2]NXT!$D518:$N10517,9,0)-F520","v":{"$error":"#N/A"}},{"$f":"VLOOKUP($B520,[1]NXT!$D$14:$Z$1900,11,0)-H520","v":{"$error":"#N/A"}}]
[519,null,null,null,null,0,0,0,null,null,null,null,{"$f":"VLOOKUP($B521,[2]NXT!$D519:$N10518,9,0)-F521","v":{"$error":"#N/A"}},{"$f":"VLOOKUP($B521,[1]NXT!$D$14:$Z$1900,11,0)-H521","v":{"$error":"#N/A"}}]
[520,null,null,null,null,0,0,0,null,null,null,null,{"$f":"VLOOKUP($B522,[2]NXT!$D520:$N10519,9,0)-F522","v":{"$error":"#N/A"}},{"$f":"VLOOKUP($B522,[1]NXT!$D$14:$Z$1900,11,0)-H522","v":{"$error":"#N/A"}}]
[521,null,null,null,null,0,0,0,null,null,null,null,{"$f":"VLOOKUP($B523,[2]NXT!$D521:$N10520,9,0)-F523","v":{"$error":"#N/A"}},{"$f":"VLOOKUP($B523,[1]NXT!$D$14:$Z$1900,11,0)-H523","v":{"$error":"#N/A"}}]
[522,null,null,null,null,0,0,0,null,null,null,null,{"$f":"VLOOKUP($B524,[2]NXT!$D522:$N10521,9,0)-F524","v":{"$error":"#N/A"}},{"$f":"VLOOKUP($B524,[1]NXT!$D$14:$Z$1900,11,0)-H524","v":{"$error":"#N/A"}}]
[523,null,null,null,null,0,0,0,null,null,null,null,{"$f":"VLOOKUP($B525,[2]NXT!$D523:$N10522,9,0)-F525","v":{"$error":"#N/A"}},{"$f":"VLOOKUP($B525,[1]NXT!$D$14:$Z$1900,11,0)-H525","v":{"$error":"#N/A"}}]
[524,null,null,null,null,0,0,0,null,null,null,null,{"$f":"VLOOKUP($B526,[2]NXT!$D524:$N10523,9,0)-F526","v":{"$error":"#N/A"}},{"$f":"VLOOKUP($B526,[1]NXT!$D$14:$Z$1900,11,0)-H526","v":{"$error":"#N/A"}}]
[525,null,null,null,null,0,0,0,null,null,null,null,{"$f":"VLOOKUP($B527,[2]NXT!$D525:$N10524,9,0)-F527","v":{"$error":"#N/A"}},{"$f":"VLOOKUP($B527,[1]NXT!$D$14:$Z$1900,11,0)-H527","v":{"$error":"#N/A"}}]
[526,null,null,null,null,0,0,0,null,null,null,null,{"$f":"VLOOKUP($B528,[2]NXT!$D526:$N10525,9,0)-F528","v":{"$error":"#N/A"}},{"$f":"VLOOKUP($B528,[1]NXT!$D$14:$Z$1900,11,0)-H528","v":{"$error":"#N/A"}}]
[527,null,null,null,null,0,0,0,null,null,null,null,{"$f":"VLOOKUP($B529,[2]NXT!$D527:$N10526,9,0)-F529","v":{"$error":"#N/A"}},{"$f":"VLOOKUP($B529,[1]NXT!$D$14:$Z$1900,11,0)-H529","v":{"$error":"#N/A"}}]
[528,null,null,null,null,0,0,0,null,null,null,null,{"$f":"VLOOKUP($B530,[2]NXT!$D528:$N10527,9,0)-F530","v":{"$error":"#N/A"}},{"$f":"VLOOKUP($B530,[1]NXT!$D$14:$Z$1900,11,0)-H530","v":{"$error":"#N/A"}}]
[529,null,null,null,null,0,0,0,null,null,null,null,{"$f":"VLOOKUP($B531,[2]NXT!$D529:$N10528,9,0)-F531","v":{"$error":"#N/A"}},{"$f":"VLOOKUP($B531,[1]NXT!$D$14:$Z$1900,11,0)-H531","v":{"$error":"#N/A"}}]
[530,null,null,null,null,0,0,0,null,null,null,null,{"$f":"VLOOKUP($B532,[2]NXT!$D530:$N10529,9,0)-F532","v":{"$error":"#N/A"}},{"$f":"VLOOKUP($B532,[1]NXT!$D$14:$Z$1900,11,0)-H532","v":{"$error":"#N/A"}}]
[531,null,null,null,null,0,0,0,null,null,null,null,{"$f":"VLOOKUP($B533,[2]NXT!$D531:$N10530,9,0)-F533","v":{"$error":"#N/A"}},{"$f":"VLOOKUP($B533,[1]NXT!$D$14:$Z$1900,11,0)-H533","v":{"$error":"#N/A"}}]
[532,null,null,null,null,0,0,0,null,null,null,null,{"$f":"VLOOKUP($B534,[2]NXT!$D532:$N10531,9,0)-F534","v":{"$error":"#N/A"}},{"$f":"VLOOKUP($B534,[1]NXT!$D$14:$Z$1900,11,0)-H534","v":{"$error":"#N/A"}}]
[533,null,null,null,null,0,0,0,null,null,null,null,{"$f":"VLOOKUP($B535,[2]NXT!$D533:$N10532,9,0)-F535","v":{"$error":"#N/A"}},{"$f":"VLOOKUP($B535,[1]NXT!$D$14:$Z$1900,11,0)-H535","v":{"$error":"#N/A"}}]
[534,null,null,null,null,0,0,0,null,null,null,null,{"$f":"VLOOKUP($B536,[2]NXT!$D534:$N10533,9,0)-F536","v":{"$error":"#N/A"}},{"$f":"VLOOKUP($B536,[1]NXT!$D$14:$Z$1900,11,0)-H536","v":{"$error":"#N/A"}}]
[535,null,null,null,null,0,0,0,null,null,null,null,{"$f":"VLOOKUP($B537,[2]NXT!$D535:$N10534,9,0)-F537","v":{"$error":"#N/A"}},{"$f":"VLOOKUP($B537,[1]NXT!$D$14:$Z$1900,11,0)-H537","v":{"$error":"#N/A"}}]
[536,null,null,null,null,0,0,0,null,null,null,null,{"$f":"VLOOKUP($B538,[2]NXT!$D536:$N10535,9,0)-F538","v":{"$error":"#N/A"}},{"$f":"VLOOKUP($B538,[1]NXT!$D$14:$Z$1900,11,0)-H538","v":{"$error":"#N/A"}}]
[537,null,null,null,null,0,0,0,null,null,null,null,{"$f":"VLOOKUP($B539,[2]NXT!$D537:$N10536,9,0)-F539","v":{"$error":"#N/A"}},{"$f":"VLOOKUP($B539,[1]NXT!$D$14:$Z$1900,11,0)-H539","v":{"$error":"#N/A"}}]
[538,null,null,null,null,0,0,0,null,null,null,null,{"$f":"VLOOKUP($B540,[2]NXT!$D538:$N10537,9,0)-F540","v":{"$error":"#N/A"}},{"$f":"VLOOKUP($B540,[1]NXT!$D$14:$Z$1900,11,0)-H540","v":{"$error":"#N/A"}}]
[539,null,null,null,null,0,0,0,null,null,null,null,{"$f":"VLOOKUP($B541,[2]NXT!$D539:$N10538,9,0)-F541","v":{"$error":"#N/A"}},{"$f":"VLOOKUP($B541,[1]NXT!$D$14:$Z$1900,11,0)-H541","v":{"$error":"#N/A"}}]
[540,null,null,null,null,0,0,0,null,null,null,null,{"$f":"VLOOKUP($B542,[2]NXT!$D540:$N10539,9,0)-F542","v":{"$error":"#N/A"}},{"$f":"VLOOKUP($B542,[1]NXT!$D$14:$Z$1900,11,0)-H542","v":{"$error":"#N/A"}}]
[541,null,null,null,null,0,0,0,null,null,null,null,{"$f":"VLOOKUP($B543,[2]NXT!$D541:$N10540,9,0)-F543","v":{"$error":"#N/A"}},{"$f":"VLOOKUP($B543,[1]NXT!$D$14:$Z$1900,11,0)-H543","v":{"$error":"#N/A"}}]
[542,null,null,null,null,0,0,0,null,null,null,null,{"$f":"VLOOKUP($B544,[2]NXT!$D542:$N10541,9,0)-F544","v":{"$error":"#N/A"}},{"$f":"VLOOKUP($B544,[1]NXT!$D$14:$Z$1900,11,0)-H544","v":{"$error":"#N/A"}}]
[543,null,null,null,null,0,0,0,null,null,null,null,{"$f":"VLOOKUP($B545,[2]NXT!$D543:$N10542,9,0)-F545","v":{"$error":"#N/A"}},{"$f":"VLOOKUP($B545,[1]NXT!$D$14:$Z$1900,11,0)-H545","v":{"$error":"#N/A"}}]
[544,null,null,null,null,0,0,0,null,null,null,null,{"$f":"VLOOKUP($B546,[2]NXT!$D544:$N10543,9,0)-F546","v":{"$error":"#N/A"}},{"$f":"VLOOKUP($B546,[1]NXT!$D$14:$Z$1900,11,0)-H546","v":{"$error":"#N/A"}}]
[545,null,null,null,null,0,0,0,null,null,null,null,{"$f":"VLOOKUP($B547,[2]NXT!$D545:$N10544,9,0)-F547","v":{"$error":"#N/A"}},{"$f":"VLOOKUP($B547,[1]NXT!$D$14:$Z$1900,11,0)-H547","v":{"$error":"#N/A"}}]
[546,null,null,null,null,0,0,0,null,null,null,null,{"$f":"VLOOKUP($B548,[2]NXT!$D546:$N10545,9,0)-F548","v":{"$error":"#N/A"}},{"$f":"VLOOKUP($B548,[1]NXT!$D$14:$Z$1900,11,0)-H548","v":{"$error":"#N/A"}}]
[547,null,null,null,null,0,0,0,null,null,null,null,{"$f":"VLOOKUP($B549,[2]NXT!$D547:$N10546,9,0)-F549","v":{"$error":"#N/A"}},{"$f":"VLOOKUP($B549,[1]NXT!$D$14:$Z$1900,11,0)-H549","v":{"$error":"#N/A"}}]
[548,null,null,null,null,0,0,0,null,null,null,null,{"$f":"VLOOKUP($B550,[2]NXT!$D548:$N10547,9,0)-F550","v":{"$error":"#N/A"}},{"$f":"VLOOKUP($B550,[1]NXT!$D$14:$Z$1900,11,0)-H550","v":{"$error":"#N/A"}}]
[549,null,null,null,null,0,0,0,null,null,null,null,{"$f":"VLOOKUP($B551,[2]NXT!$D549:$N10548,9,0)-F551","v":{"$error":"#N/A"}},{"$f":"VLOOKUP($B551,[1]NXT!$D$14:$Z$1900,11,0)-H551","v":{"$error":"#N/A"}}]
[550,null,null,null,null,0,0,0,null,null,null,null,{"$f":"VLOOKUP($B552,[2]NXT!$D550:$N10549,9,0)-F552","v":{"$error":"#N/A"}},{"$f":"VLOOKUP($B552,[1]NXT!$D$14:$Z$1900,11,0)-H552","v":{"$error":"#N/A"}}]
[551,null,null,null,null,0,0,0,null,null,null,null,{"$f":"VLOOKUP($B553,[2]NXT!$D551:$N10550,9,0)-F553","v":{"$error":"#N/A"}},{"$f":"VLOOKUP($B553,[1]NXT!$D$14:$Z$1900,11,0)-H553","v":{"$error":"#N/A"}}]
[552,null,null,null,null,0,0,0,null,null,null,null,{"$f":"VLOOKUP($B554,[2]NXT!$D552:$N10551,9,0)-F554","v":{"$error":"#N/A"}},{"$f":"VLOOKUP($B554,[1]NXT!$D$14:$Z$1900,11,0)-H554","v":{"$error":"#N/A"}}]
[553,null,null,null,null,0,0,0,null,null,null,null,{"$f":"VLOOKUP($B555,[2]NXT!$D553:$N10552,9,0)-F555","v":{"$error":"#N/A"}},{"$f":"VLOOKUP($B555,[1]NXT!$D$14:$Z$1900,11,0)-H555","v":{"$error":"#N/A"}}]
[554,null,null,null,null,0,0,0,null,null,null,null,{"$f":"VLOOKUP($B556,[2]NXT!$D554:$N10553,9,0)-F556","v":{"$error":"#N/A"}},{"$f":"VLOOKUP($B556,[1]NXT!$D$14:$Z$1900,11,0)-H556","v":{"$error":"#N/A"}}]
[555,null,null,null,null,0,0,0,null,null,null,null,{"$f":"VLOOKUP($B557,[2]NXT!$D555:$N10554,9,0)-F557","v":{"$error":"#N/A"}},{"$f":"VLOOKUP($B557,[1]NXT!$D$14:$Z$1900,11,0)-H557","v":{"$error":"#N/A"}}]
[556,null,null,null,null,0,0,0,null,null,null,null,{"$f":"VLOOKUP($B558,[2]NXT!$D556:$N10555,9,0)-F558","v":{"$error":"#N/A"}},{"$f":"VLOOKUP($B558,[1]NXT!$D$14:$Z$1900,11,0)-H558","v":{"$error":"#N/A"}}]
[557,null,null,null,null,0,0,0,null,null,null,null,{"$f":"VLOOKUP($B559,[2]NXT!$D557:$N10556,9,0)-F559","v":{"$error":"#N/A"}},{"$f":"VLOOKUP($B559,[1]NXT!$D$14:$Z$1900,11,0)-H559","v":{"$error":"#N/A"}}]
[558,null,null,null,null,0,0,0,null,null,null,null,{"$f":"VLOOKUP($B560,[2]NXT!$D558:$N10557,9,0)-F560","v":{"$error":"#N/A"}},{"$f":"VLOOKUP($B560,[1]NXT!$D$14:$Z$1900,11,0)-H560","v":{"$error":"#N/A"}}]
[559,null,null,null,null,0,0,0,null,null,null,null,{"$f":"VLOOKUP($B561,[2]NXT!$D559:$N10558,9,0)-F561","v":{"$error":"#N/A"}},{"$f":"VLOOKUP($B561,[1]NXT!$D$14:$Z$1900,11,0)-H561","v":{"$error":"#N/A"}}]
[560,null,null,null,null,0,0,0,null,null,null,null,{"$f":"VLOOKUP($B562,[2]NXT!$D560:$N10559,9,0)-F562","v":{"$error":"#N/A"}},{"$f":"VLOOKUP($B562,[1]NXT!$D$14:$Z$1900,11,0)-H562","v":{"$error":"#N/A"}}]
[561,null,null,null,null,0,0,0,null,null,null,null,{"$f":"VLOOKUP($B563,[2]NXT!$D561:$N10560,9,0)-F563","v":{"$error":"#N/A"}},{"$f":"VLOOKUP($B563,[1]NXT!$D$14:$Z$1900,11,0)-H563","v":{"$error":"#N/A"}}]
[562,null,null,null,null,0,0,0,null,null,null,null,{"$f":"VLOOKUP($B564,[2]NXT!$D562:$N10561,9,0)-F564","v":{"$error":"#N/A"}},{"$f":"VLOOKUP($B564,[1]NXT!$D$14:$Z$1900,11,0)-H564","v":{"$error":"#N/A"}}]
[563,null,null,null,null,0,0,0,null,null,null,null,{"$f":"VLOOKUP($B565,[2]NXT!$D563:$N10562,9,0)-F565","v":{"$error":"#N/A"}},{"$f":"VLOOKUP($B565,[1]NXT!$D$14:$Z$1900,11,0)-H565","v":{"$error":"#N/A"}}]
[564,null,null,null,null,0,0,0,null,null,null,null,{"$f":"VLOOKUP($B566,[2]NXT!$D564:$N10563,9,0)-F566","v":{"$error":"#N/A"}},{"$f":"VLOOKUP($B566,[1]NXT!$D$14:$Z$1900,11,0)-H566","v":{"$error":"#N/A"}}]
[565,null,null,null,null,0,0,0,null,null,null,null,{"$f":"VLOOKUP($B567,[2]NXT!$D565:$N10564,9,0)-F567","v":{"$error":"#N/A"}},{"$f":"VLOOKUP($B567,[1]NXT!$D$14:$Z$1900,11,0)-H567","v":{"$error":"#N/A"}}]
[566,null,null,null,null,0,0,0,null,null,null,null,{"$f":"VLOOKUP($B568,[2]NXT!$D566:$N10565,9,0)-F568","v":{"$error":"#N/A"}},{"$f":"VLOOKUP($B568,[1]NXT!$D$14:$Z$1900,11,0)-H568","v":{"$error":"#N/A"}}]
[567,null,null,null,null,0,0,0,null,null,null,null,{"$f":"VLOOKUP($B569,[2]NXT!$D567:$N10566,9,0)-F569","v":{"$error":"#N/A"}},{"$f":"VLOOKUP($B569,[1]NXT!$D$14:$Z$1900,11,0)-H569","v":{"$error":"#N/A"}}]
[568,null,null,null,null,0,0,0,null,null,null,null,{"$f":"VLOOKUP($B570,[2]NXT!$D568:$N10567,9,0)-F570","v":{"$error":"#N/A"}},{"$f":"VLOOKUP($B570,[1]NXT!$D$14:$Z$1900,11,0)-H570","v":{"$error":"#N/A"}}]
[569,null,null,null,null,0,0,0,null,null,null,null,{"$f":"VLOOKUP($B571,[2]NXT!$D569:$N10568,9,0)-F571","v":{"$error":"#N/A"}},{"$f":"VLOOKUP($B571,[1]NXT!$D$14:$Z$1900,11,0)-H571","v":{"$error":"#N/A"}}]
[570,null,null,null,null,0,0,0,null,null,null,null,{"$f":"VLOOKUP($B572,[2]NXT!$D570:$N10569,9,0)-F572","v":{"$error":"#N/A"}},{"$f":"VLOOKUP($B572,[1]NXT!$D$14:$Z$1900,11,0)-H572","v":{"$error":"#N/A"}}]
[571,null,null,null,null,0,0,0,null,null,null,null,{"$f":"VLOOKUP($B573,[2]NXT!$D571:$N10570,9,0)-F573","v":{"$error":"#N/A"}},{"$f":"VLOOKUP($B573,[1]NXT!$D$14:$Z$1900,11,0)-H573","v":{"$error":"#N/A"}}]
[572,null,null,null,null,0,0,0,null,null,null,null,{"$f":"VLOOKUP($B574,[2]NXT!$D572:$N10571,9,0)-F574","v":{"$error":"#N/A"}},{"$f":"VLOOKUP($B574,[1]NXT!$D$14:$Z$1900,11,0)-H574","v":{"$error":"#N/A"}}]
[573,null,null,null,null,0,0,0,null,null,null,null,{"$f":"VLOOKUP($B575,[2]NXT!$D573:$N10572,9,0)-F575","v":{"$error":"#N/A"}},{"$f":"VLOOKUP($B575,[1]NXT!$D$14:$Z$1900,11,0)-H575","v":{"$error":"#N/A"}}]
[574,null,null,null,null,0,0,0,null,null,null,null,{"$f":"VLOOKUP($B576,[2]NXT!$D574:$N10573,9,0)-F576","v":{"$error":"#N/A"}},{"$f":"VLOOKUP($B576,[1]NXT!$D$14:$Z$1900,11,0)-H576","v":{"$error":"#N/A"}}]
[575,null,null,null,null,0,0,0,null,null,null,null,{"$f":"VLOOKUP($B577,[2]NXT!$D575:$N10574,9,0)-F577","v":{"$error":"#N/A"}},{"$f":"VLOOKUP($B577,[1]NXT!$D$14:$Z$1900,11,0)-H577","v":{"$error":"#N/A"}}]
[576,null,null,null,null,0,0,0,null,null,null,null,{"$f":"VLOOKUP($B578,[2]NXT!$D576:$N10575,9,0)-F578","v":{"$error":"#N/A"}},{"$f":"VLOOKUP($B578,[1]NXT!$D$14:$Z$1900,11,0)-H578","v":{"$error":"#N/A"}}]
[577,null,null,null,null,0,0,0,null,null,null,null,{"$f":"VLOOKUP($B579,[2]NXT!$D577:$N10576,9,0)-F579","v":{"$error":"#N/A"}},{"$f":"VLOOKUP($B579,[1]NXT!$D$14:$Z$1900,11,0)-H579","v":{"$error":"#N/A"}}]
[578,null,null,null,null,0,0,0,null,null,null,null,{"$f":"VLOOKUP($B580,[2]NXT!$D578:$N10577,9,0)-F580","v":{"$error":"#N/A"}},{"$f":"VLOOKUP($B580,[1]NXT!$D$14:$Z$1900,11,0)-H580","v":{"$error":"#N/A"}}]
[579,null,null,null,null,0,0,0,null,null,null,null,{"$f":"VLOOKUP($B581,[2]NXT!$D579:$N10578,9,0)-F581","v":{"$error":"#N/A"}},{"$f":"VLOOKUP($B581,[1]NXT!$D$14:$Z$1900,11,0)-H581","v":{"$error":"#N/A"}}]
[580,null,null,null,null,0,0,0,null,null,null,null,{"$f":"VLOOKUP($B582,[2]NXT!$D580:$N10579,9,0)-F582","v":{"$error":"#N/A"}},{"$f":"VLOOKUP($B582,[1]NXT!$D$14:$Z$1900,11,0)-H582","v":{"$error":"#N/A"}}]
[581,null,null,null,null,0,0,0,null,null,null,null,{"$f":"VLOOKUP($B583,[2]NXT!$D581:$N10580,9,0)-F583","v":{"$error":"#N/A"}},{"$f":"VLOOKUP($B583,[1]NXT!$D$14:$Z$1900,11,0)-H583","v":{"$error":"#N/A"}}]
[582,null,null,null,null,0,0,0,null,null,null,null,{"$f":"VLOOKUP($B584,[2]NXT!$D582:$N10581,9,0)-F584","v":{"$error":"#N/A"}},{"$f":"VLOOKUP($B584,[1]NXT!$D$14:$Z$1900,11,0)-H584","v":{"$error":"#N/A"}}]
[583,null,null,null,null,0,0,0,null,null,null,null,{"$f":"VLOOKUP($B585,[2]NXT!$D583:$N10582,9,0)-F585","v":{"$error":"#N/A"}},{"$f":"VLOOKUP($B585,[1]NXT!$D$14:$Z$1900,11,0)-H585","v":{"$error":"#N/A"}}]
[584,null,null,null,null,0,0,0,null,null,null,null,{"$f":"VLOOKUP($B586,[2]NXT!$D584:$N10583,9,0)-F586","v":{"$error":"#N/A"}},{"$f":"VLOOKUP($B586,[1]NXT!$D$14:$Z$1900,11,0)-H586","v":{"$error":"#N/A"}}]
[585,null,null,null,null,0,0,0,null,null,null,null,{"$f":"VLOOKUP($B587,[2]NXT!$D585:$N10584,9,0)-F587","v":{"$error":"#N/A"}},{"$f":"VLOOKUP($B587,[1]NXT!$D$14:$Z$1900,11,0)-H587","v":{"$error":"#N/A"}}]
[586,null,null,null,null,0,0,0,null,null,null,null,{"$f":"VLOOKUP($B588,[2]NXT!$D586:$N10585,9,0)-F588","v":{"$error":"#N/A"}},{"$f":"VLOOKUP($B588,[1]NXT!$D$14:$Z$1900,11,0)-H588","v":{"$error":"#N/A"}}]
[587,null,null,null,null,0,0,0,null,null,null,null,{"$f":"VLOOKUP($B589,[2]NXT!$D587:$N10586,9,0)-F589","v":{"$error":"#N/A"}},{"$f":"VLOOKUP($B589,[1]NXT!$D$14:$Z$1900,11,0)-H589","v":{"$error":"#N/A"}}]
[588,null,null,null,null,0,0,0,null,null,null,null,{"$f":"VLOOKUP($B590,[2]NXT!$D588:$N10587,9,0)-F590","v":{"$error":"#N/A"}},{"$f":"VLOOKUP($B590,[1]NXT!$D$14:$Z$1900,11,0)-H590","v":{"$error":"#N/A"}}]
[589,null,null,null,null,0,0,0,null,null,null,null,{"$f":"VLOOKUP($B591,[2]NXT!$D589:$N10588,9,0)-F591","v":{"$error":"#N/A"}},{"$f":"VLOOKUP($B591,[1]NXT!$D$14:$Z$1900,11,0)-H591","v":{"$error":"#N/A"}}]
[590,null,null,null,null,0,0,0,null,null,null,null,{"$f":"VLOOKUP($B592,[2]NXT!$D590:$N10589,9,0)-F592","v":{"$error":"#N/A"}},{"$f":"VLOOKUP($B592,[1]NXT!$D$14:$Z$1900,11,0)-H592","v":{"$error":"#N/A"}}]
[591,null,null,null,null,0,0,0,null,null,null,null,{"$f":"VLOOKUP($B593,[2]NXT!$D591:$N10590,9,0)-F593","v":{"$error":"#N/A"}},{"$f":"VLOOKUP($B593,[1]NXT!$D$14:$Z$1900,11,0)-H593","v":{"$error":"#N/A"}}]
[592,null,null,null,null,0,0,0,null,null,null,null,{"$f":"VLOOKUP($B594,[2]NXT!$D592:$N10591,9,0)-F594","v":{"$error":"#N/A"}},{"$f":"VLOOKUP($B594,[1]NXT!$D$14:$Z$1900,11,0)-H594","v":{"$error":"#N/A"}}]
[593,null,null,null,null,0,0,0,null,null,null,null,{"$f":"VLOOKUP($B595,[2]NXT!$D593:$N10592,9,0)-F595","v":{"$error":"#N/A"}},{"$f":"VLOOKUP($B595,[1]NXT!$D$14:$Z$1900,11,0)-H595","v":{"$error":"#N/A"}}]
[594,null,null,null,null,0,0,0,null,null,null,null,{"$f":"VLOOKUP($B596,[2]NXT!$D594:$N10593,9,0)-F596","v":{"$error":"#N/A"}},{"$f":"VLOOKUP($B596,[1]NXT!$D$14:$Z$1900,11,0)-H596","v":{"$error":"#N/A"}}]
[595,null,null,null,null,0,0,0,null,null,null,null,{"$f":"VLOOKUP($B597,[2]NXT!$D595:$N10594,9,0)-F597","v":{"$error":"#N/A"}},{"$f":"VLOOKUP($B597,[1]NXT!$D$14:$Z$1900,11,0)-H597","v":{"$error":"#N/A"}}]
[596,null,null,null,null,0,0,0,null,null,null,null,{"$f":"VLOOKUP($B598,[2]NXT!$D596:$N10595,9,0)-F598","v":{"$error":"#N/A"}},{"$f":"VLOOKUP($B598,[1]NXT!$D$14:$Z$1900,11,0)-H598","v":{"$error":"#N/A"}}]
[597,null,null,null,null,0,0,0,null,null,null,null,{"$f":"VLOOKUP($B599,[2]NXT!$D597:$N10596,9,0)-F599","v":{"$error":"#N/A"}},{"$f":"VLOOKUP($B599,[1]NXT!$D$14:$Z$1900,11,0)-H599","v":{"$error":"#N/A"}}]
[598,null,null,null,null,0,0,0,null,null,null,null,{"$f":"VLOOKUP($B600,[2]NXT!$D598:$N10597,9,0)-F600","v":{"$error":"#N/A"}},{"$f":"VLOOKUP($B600,[1]NXT!$D$14:$Z$1900,11,0)-H600","v":{"$error":"#N/A"}}]
[599,null,null,null,null,0,0,0,null,null,null,null,{"$f":"VLOOKUP($B601,[2]NXT!$D599:$N10598,9,0)-F601","v":{"$error":"#N/A"}},{"$f":"VLOOKUP($B601,[1]NXT!$D$14:$Z$1900,11,0)-H601","v":{"$error":"#N/A"}}]
[600,null,null,null,null,0,0,0,null,null,null,null,{"$f":"VLOOKUP($B602,[2]NXT!$D600:$N10599,9,0)-F602","v":{"$error":"#N/A"}},{"$f":"VLOOKUP($B602,[1]NXT!$D$14:$Z$1900,11,0)-H602","v":{"$error":"#N/A"}}]
[null,null,null,null,null,0,0,0,null,null,null,null,{"$f":"VLOOKUP($B603,[2]NXT!$D601:$N10600,9,0)-F603","v":{"$error":"#N/A"}},{"$f":"VLOOKUP($B603,[1]NXT!$D$14:$Z$1900,11,0)-H603","v":{"$error":"#N/A"}}]
[null,null,".",".",null,0,0,0,null,null,null,null,{"$f":"VLOOKUP($B604,[2]NXT!$D602:$N10601,9,0)-F604","v":{"$error":"#N/A"}},{"$f":"VLOOKUP($B604,[1]NXT!$D$14:$Z$1900,11,0)-H604","v":{"$error":"#N/A"}}]
[null,null,null,null,null,0,0,0,null,null,null,null,{"$f":"VLOOKUP($B605,[2]NXT!$D603:$N10602,9,0)-F605","v":{"$error":"#N/A"}},{"$f":"VLOOKUP($B605,[1]NXT!$D$14:$Z$1900,11,0)-H605","v":{"$error":"#N/A"}}]
[null,null,null,null,null,0,0,0,null,null,null,null,{"$f":"VLOOKUP($B606,[2]NXT!$D604:$N10603,9,0)-F606","v":{"$error":"#N/A"}},{"$f":"VLOOKUP($B606,[1]NXT!$D$14:$Z$1900,11,0)-H606","v":{"$error":"#N/A"}}]
[null,null,null,null,null,0,0,0,null,null,null,null,{"$f":"VLOOKUP($B607,[2]NXT!$D605:$N10604,9,0)-F607","v":{"$error":"#N/A"}},{"$f":"VLOOKUP($B607,[1]NXT!$D$14:$Z$1900,11,0)-H607","v":{"$error":"#N/A"}}]
[null,null,null,null,null,0,0,0,null,null,null,null,{"$f":"VLOOKUP($B608,[2]NXT!$D606:$N10605,9,0)-F608","v":{"$error":"#N/A"}},{"$f":"VLOOKUP($B608,[1]NXT!$D$14:$Z$1900,11,0)-H608","v":{"$error":"#N/A"}}]
[null,null,null,null,null,0,0,0,null,null,null,null,{"$f":"VLOOKUP($B609,[2]NXT!$D607:$N10606,9,0)-F609","v":{"$error":"#N/A"}},{"$f":"VLOOKUP($B609,[1]NXT!$D$14:$Z$1900,11,0)-H609","v":{"$error":"#N/A"}}]
[null,null,null,null,null,0,0,0,null,null,null,null,{"$f":"VLOOKUP($B610,[2]NXT!$D608:$N10607,9,0)-F610","v":{"$error":"#N/A"}},{"$f":"VLOOKUP($B610,[1]NXT!$D$14:$Z$1900,11,0)-H610","v":{"$error":"#N/A"}}]
[null,null,null,null,null,0,0,0,null,null,null,null,{"$f":"VLOOKUP($B611,[2]NXT!$D609:$N10608,9,0)-F611","v":{"$error":"#N/A"}},{"$f":"VLOOKUP($B611,[1]NXT!$D$14:$Z$1900,11,0)-H611","v":{"$error":"#N/A"}}]
[null,null,null,null,null,0,0,0,null,null,null,null,{"$f":"VLOOKUP($B612,[2]NXT!$D610:$N10609,9,0)-F612","v":{"$error":"#N/A"}},{"$f":"VLOOKUP($B612,[1]NXT!$D$14:$Z$1900,11,0)-H612","v":{"$error":"#N/A"}}]
[null,null,null,null,null,0,0,0,null,null,null,null,{"$f":"VLOOKUP($B613,[2]NXT!$D611:$N10610,9,0)-F613","v":{"$error":"#N/A"}},{"$f":"VLOOKUP($B613,[1]NXT!$D$14:$Z$1900,11,0)-H613","v":{"$error":"#N/A"}}]
[null,null,null,null,null,0,0,0,null,null,null,null,{"$f":"VLOOKUP($B614,[2]NXT!$D612:$N10611,9,0)-F614","v":{"$error":"#N/A"}},{"$f":"VLOOKUP($B614,[1]NXT!$D$14:$Z$1900,11,0)-H614","v":{"$error":"#N/A"}}]
[null,null,null,null,null,0,0,0,null,null,null,null,{"$f":"VLOOKUP($B615,[2]NXT!$D613:$N10612,9,0)-F615","v":{"$error":"#N/A"}},{"$f":"VLOOKUP($B615,[1]NXT!$D$14:$Z$1900,11,0)-H615","v":{"$error":"#N/A"}}]
[null,null,null,null,null,0,0,0,null,null,null,null,{"$f":"VLOOKUP($B616,[2]NXT!$D614:$N10613,9,0)-F616","v":{"$error":"#N/A"}},{"$f":"VLOOKUP($B616,[1]NXT!$D$14:$Z$1900,11,0)-H616","v":{"$error":"#N/A"}}]
[null,null,null,null,null,0,0,0,null,null,null,null,{"$f":"VLOOKUP($B617,[2]NXT!$D615:$N10614,9,0)-F617","v":{"$error":"#N/A"}},{"$f":"VLOOKUP($B617,[1]NXT!$D$14:$Z$1900,11,0)-H617","v":{"$error":"#N/A"}}]
[null,null,null,null,null,0,0,0,null,null,null,null,{"$f":"VLOOKUP($B618,[2]NXT!$D616:$N10615,9,0)-F618","v":{"$error":"#N/A"}},{"$f":"VLOOKUP($B618,[1]NXT!$D$14:$Z$1900,11,0)-H618","v":{"$error":"#N/A"}}]
[null,null,null,null,null,0,0,0,null,null,null,null,{"$f":"VLOOKUP($B619,[2]NXT!$D617:$N10616,9,0)-F619","v":{"$error":"#N/A"}},{"$f":"VLOOKUP($B619,[1]NXT!$D$14:$Z$1900,11,0)-H619","v":{"$error":"#N/A"}}]
[null,null,null,null,null,0,0,0,null,null,null,null,{"$f":"VLOOKUP($B620,[2]NXT!$D618:$N10617,9,0)-F620","v":{"$error":"#N/A"}},{"$f":"VLOOKUP($B620,[1]NXT!$D$14:$Z$1900,11,0)-H620","v":{"$error":"#N/A"}}]
[null,null,null,null,null,0,0,0,null,null,null,null,{"$f":"VLOOKUP($B621,[2]NXT!$D619:$N10618,9,0)-F621","v":{"$error":"#N/A"}},{"$f":"VLOOKUP($B621,[1]NXT!$D$14:$Z$1900,11,0)-H621","v":{"$error":"#N/A"}}]
[null,null,null,null,null,0,0,0,null,null,null,null,{"$f":"VLOOKUP($B622,[2]NXT!$D620:$N10619,9,0)-F622","v":{"$error":"#N/A"}},{"$f":"VLOOKUP($B622,[1]NXT!$D$14:$Z$1900,11,0)-H622","v":{"$error":"#N/A"}}]
[null,null,null,null,null,0,0,0,null,null,null,null,{"$f":"VLOOKUP($B623,[2]NXT!$D621:$N10620,9,0)-F623","v":{"$error":"#N/A"}},{"$f":"VLOOKUP($B623,[1]NXT!$D$14:$Z$1900,11,0)-H623","v":{"$error":"#N/A"}}]
[null,null,null,null,null,0,0,0,null,null,null,null,{"$f":"VLOOKUP($B624,[2]NXT!$D622:$N10621,9,0)-F624","v":{"$error":"#N/A"}},{"$f":"VLOOKUP($B624,[1]NXT!$D$14:$Z$1900,11,0)-H624","v":{"$error":"#N/A"}}]
[null,null,null,null,null,0,0,0,null,null,null,null,{"$f":"VLOOKUP($B625,[2]NXT!$D623:$N10622,9,0)-F625","v":{"$error":"#N/A"}},{"$f":"VLOOKUP($B625,[1]NXT!$D$14:$Z$1900,11,0)-H625","v":{"$error":"#N/A"}}]
[null,null,null,null,null,0,0,0,null,null,null,null,{"$f":"VLOOKUP($B626,[2]NXT!$D624:$N10623,9,0)-F626","v":{"$error":"#N/A"}},{"$f":"VLOOKUP($B626,[1]NXT!$D$14:$Z$1900,11,0)-H626","v":{"$error":"#N/A"}}]
[null,null,null,null,null,0,0,0,null,null,null,null,{"$f":"VLOOKUP($B627,[2]NXT!$D625:$N10624,9,0)-F627","v":{"$error":"#N/A"}},{"$f":"VLOOKUP($B627,[1]NXT!$D$14:$Z$1900,11,0)-H627","v":{"$error":"#N/A"}}]
[null,null,null,null,null,0,0,0,null,null,null,null,{"$f":"VLOOKUP($B628,[2]NXT!$D626:$N10625,9,0)-F628","v":{"$error":"#N/A"}},{"$f":"VLOOKUP($B628,[1]NXT!$D$14:$Z$1900,11,0)-H628","v":{"$error":"#N/A"}}]
[null,null,null,null,null,0,0,0,null,null,null,null,{"$f":"VLOOKUP($B629,[2]NXT!$D627:$N10626,9,0)-F629","v":{"$error":"#N/A"}},{"$f":"VLOOKUP($B629,[1]NXT!$D$14:$Z$1900,11,0)-H629","v":{"$error":"#N/A"}}]
[null,null,null,null,null,0,0,0,null,null,null,null,{"$f":"VLOOKUP($B630,[2]NXT!$D628:$N10627,9,0)-F630","v":{"$error":"#N/A"}},{"$f":"VLOOKUP($B630,[1]NXT!$D$14:$Z$1900,11,0)-H630","v":{"$error":"#N/A"}}]
[null,null,null,null,null,0,0,0,null,null,null,null,{"$f":"VLOOKUP($B631,[2]NXT!$D629:$N10628,9,0)-F631","v":{"$error":"#N/A"}},{"$f":"VLOOKUP($B631,[1]NXT!$D$14:$Z$1900,11,0)-H631","v":{"$error":"#N/A"}}]
[null,null,null,null,null,0,0,0,null,null,null,null,{"$f":"VLOOKUP($B632,[2]NXT!$D630:$N10629,9,0)-F632","v":{"$error":"#N/A"}},{"$f":"VLOOKUP($B632,[1]NXT!$D$14:$Z$1900,11,0)-H632","v":{"$error":"#N/A"}}]
[null,null,null,null,null,0,0,0,null,null,null,null,{"$f":"VLOOKUP($B633,[2]NXT!$D631:$N10630,9,0)-F633","v":{"$error":"#N/A"}},{"$f":"VLOOKUP($B633,[1]NXT!$D$14:$Z$1900,11,0)-H633","v":{"$error":"#N/A"}}]
[null,null,null,null,null,0,0,0,null,null,null,null,{"$f":"VLOOKUP($B634,[2]NXT!$D632:$N10631,9,0)-F634","v":{"$error":"#N/A"}},{"$f":"VLOOKUP($B634,[1]NXT!$D$14:$Z$1900,11,0)-H634","v":{"$error":"#N/A"}}]
[null,null,null,null,null,0,0,0,null,null,null,null,{"$f":"VLOOKUP($B635,[2]NXT!$D633:$N10632,9,0)-F635","v":{"$error":"#N/A"}},{"$f":"VLOOKUP($B635,[1]NXT!$D$14:$Z$1900,11,0)-H635","v":{"$error":"#N/A"}}]
[null,null,null,null,null,0,0,0,null,null,null,null,{"$f":"VLOOKUP($B636,[2]NXT!$D634:$N10633,9,0)-F636","v":{"$error":"#N/A"}},{"$f":"VLOOKUP($B636,[1]NXT!$D$14:$Z$1900,11,0)-H636","v":{"$error":"#N/A"}}]
[null,null,null,null,null,0,0,0,null,null,null,null,{"$f":"VLOOKUP($B637,[2]NXT!$D635:$N10634,9,0)-F637","v":{"$error":"#N/A"}},{"$f":"VLOOKUP($B637,[1]NXT!$D$14:$Z$1900,11,0)-H637","v":{"$error":"#N/A"}}]
[null,null,null,null,null,0,0,0,null,null,null,null,{"$f":"VLOOKUP($B638,[2]NXT!$D636:$N10635,9,0)-F638","v":{"$error":"#N/A"}},{"$f":"VLOOKUP($B638,[1]NXT!$D$14:$Z$1900,11,0)-H638","v":{"$error":"#N/A"}}]
[null,null,null,null,null,0,0,0,null,null,null,null,{"$f":"VLOOKUP($B639,[2]NXT!$D637:$N10636,9,0)-F639","v":{"$error":"#N/A"}},{"$f":"VLOOKUP($B639,[1]NXT!$D$14:$Z$1900,11,0)-H639","v":{"$error":"#N/A"}}]
[null,null,null,null,null,0,0,0,null,null,null,null,{"$f":"VLOOKUP($B640,[2]NXT!$D638:$N10637,9,0)-F640","v":{"$error":"#N/A"}},{"$f":"VLOOKUP($B640,[1]NXT!$D$14:$Z$1900,11,0)-H640","v":{"$error":"#N/A"}}]
[null,null,null,null,null,0,0,0,null,null,null,null,{"$f":"VLOOKUP($B641,[2]NXT!$D639:$N10638,9,0)-F641","v":{"$error":"#N/A"}},{"$f":"VLOOKUP($B641,[1]NXT!$D$14:$Z$1900,11,0)-H641","v":{"$error":"#N/A"}}]
[null,null,null,null,null,0,0,0,null,null,null,null,{"$f":"VLOOKUP($B642,[2]NXT!$D640:$N10639,9,0)-F642","v":{"$error":"#N/A"}},{"$f":"VLOOKUP($B642,[1]NXT!$D$14:$Z$1900,11,0)-H642","v":{"$error":"#N/A"}}]
[null,null,null,null,null,0,0,0,null,null,null,null,{"$f":"VLOOKUP($B643,[2]NXT!$D641:$N10640,9,0)-F643","v":{"$error":"#N/A"}},{"$f":"VLOOKUP($B643,[1]NXT!$D$14:$Z$1900,11,0)-H643","v":{"$error":"#N/A"}}]
[null,null,null,null,null,0,0,0,null,null,null,null,{"$f":"VLOOKUP($B644,[2]NXT!$D642:$N10641,9,0)-F644","v":{"$error":"#N/A"}},{"$f":"VLOOKUP($B644,[1]NXT!$D$14:$Z$1900,11,0)-H644","v":{"$error":"#N/A"}}]
[null,null,null,null,null,0,0,0,null,null,null,null,{"$f":"VLOOKUP($B645,[2]NXT!$D643:$N10642,9,0)-F645","v":{"$error":"#N/A"}},{"$f":"VLOOKUP($B645,[1]NXT!$D$14:$Z$1900,11,0)-H645","v":{"$error":"#N/A"}}]
[null,null,null,null,null,0,0,0,null,null,null,null,{"$f":"VLOOKUP($B646,[2]NXT!$D644:$N10643,9,0)-F646","v":{"$error":"#N/A"}},{"$f":"VLOOKUP($B646,[1]NXT!$D$14:$Z$1900,11,0)-H646","v":{"$error":"#N/A"}}]
[null,null,null,null,null,0,0,0,null,null,null,null,{"$f":"VLOOKUP($B647,[2]NXT!$D645:$N10644,9,0)-F647","v":{"$error":"#N/A"}},{"$f":"VLOOKUP($B647,[1]NXT!$D$14:$Z$1900,11,0)-H647","v":{"$error":"#N/A"}}]
[null,null,null,null,null,0,0,0,null,null,null,null,{"$f":"VLOOKUP($B648,[2]NXT!$D646:$N10645,9,0)-F648","v":{"$error":"#N/A"}},{"$f":"VLOOKUP($B648,[1]NXT!$D$14:$Z$1900,11,0)-H648","v":{"$error":"#N/A"}}]
[null,null,null,null,null,0,0,0,null,null,null,null,{"$f":"VLOOKUP($B649,[2]NXT!$D647:$N10646,9,0)-F649","v":{"$error":"#N/A"}},{"$f":"VLOOKUP($B649,[1]NXT!$D$14:$Z$1900,11,0)-H649","v":{"$error":"#N/A"}}]
[null,null,null,null,null,0,0,0,null,null,null,null,{"$f":"VLOOKUP($B650,[2]NXT!$D648:$N10647,9,0)-F650","v":{"$error":"#N/A"}},{"$f":"VLOOKUP($B650,[1]NXT!$D$14:$Z$1900,11,0)-H650","v":{"$error":"#N/A"}}]
[null,null,null,null,null,0,0,0,null,null,null,null,{"$f":"VLOOKUP($B651,[2]NXT!$D649:$N10648,9,0)-F651","v":{"$error":"#N/A"}},{"$f":"VLOOKUP($B651,[1]NXT!$D$14:$Z$1900,11,0)-H651","v":{"$error":"#N/A"}}]
[null,null,null,null,null,0,0,0,null,null,null,null,{"$f":"VLOOKUP($B652,[2]NXT!$D650:$N10649,9,0)-F652","v":{"$error":"#N/A"}},{"$f":"VLOOKUP($B652,[1]NXT!$D$14:$Z$1900,11,0)-H652","v":{"$error":"#N/A"}}]
[null,null,null,null,null,0,0,0,null,null,null,null,{"$f":"VLOOKUP($B653,[2]NXT!$D651:$N10650,9,0)-F653","v":{"$error":"#N/A"}},{"$f":"VLOOKUP($B653,[1]NXT!$D$14:$Z$1900,11,0)-H653","v":{"$error":"#N/A"}}]
[null,null,null,null,null,0,0,0,null,null,null,null,{"$f":"VLOOKUP($B654,[2]NXT!$D652:$N10651,9,0)-F654","v":{"$error":"#N/A"}},{"$f":"VLOOKUP($B654,[1]NXT!$D$14:$Z$1900,11,0)-H654","v":{"$error":"#N/A"}}]
[null,null,null,null,null,0,0,0,null,null,null,null,{"$f":"VLOOKUP($B655,[2]NXT!$D653:$N10652,9,0)-F655","v":{"$error":"#N/A"}},{"$f":"VLOOKUP($B655,[1]NXT!$D$14:$Z$1900,11,0)-H655","v":{"$error":"#N/A"}}]
[null,null,null,null,null,0,0,0,null,null,null,null,{"$f":"VLOOKUP($B656,[2]NXT!$D654:$N10653,9,0)-F656","v":{"$error":"#N/A"}},{"$f":"VLOOKUP($B656,[1]NXT!$D$14:$Z$1900,11,0)-H656","v":{"$error":"#N/A"}}]
[null,null,null,null,null,0,0,0,null,null,null,null,{"$f":"VLOOKUP($B657,[2]NXT!$D655:$N10654,9,0)-F657","v":{"$error":"#N/A"}},{"$f":"VLOOKUP($B657,[1]NXT!$D$14:$Z$1900,11,0)-H657","v":{"$error":"#N/A"}}]
[null,null,null,null,null,0,0,0,null,null,null,null,{"$f":"VLOOKUP($B658,[2]NXT!$D656:$N10655,9,0)-F658","v":{"$error":"#N/A"}},{"$f":"VLOOKUP($B658,[1]NXT!$D$14:$Z$1900,11,0)-H658","v":{"$error":"#N/A"}}]
[null,null,null,null,null,0,0,0,null,null,null,null,{"$f":"VLOOKUP($B659,[2]NXT!$D657:$N10656,9,0)-F659","v":{"$error":"#N/A"}},{"$f":"VLOOKUP($B659,[1]NXT!$D$14:$Z$1900,11,0)-H659","v":{"$error":"#N/A"}}]
[null,null,null,null,null,0,0,0,null,null,null,null,{"$f":"VLOOKUP($B660,[2]NXT!$D658:$N10657,9,0)-F660","v":{"$error":"#N/A"}},{"$f":"VLOOKUP($B660,[1]NXT!$D$14:$Z$1900,11,0)-H660","v":{"$error":"#N/A"}}]
[null,null,null,null,null,0,0,0,null,null,null,null,{"$f":"VLOOKUP($B661,[2]NXT!$D659:$N10658,9,0)-F661","v":{"$error":"#N/A"}},{"$f":"VLOOKUP($B661,[1]NXT!$D$14:$Z$1900,11,0)-H661","v":{"$error":"#N/A"}}]
[null,null,null,null,null,0,0,0,null,null,null,null,{"$f":"VLOOKUP($B662,[2]NXT!$D660:$N10659,9,0)-F662","v":{"$error":"#N/A"}},{"$f":"VLOOKUP($B662,[1]NXT!$D$14:$Z$1900,11,0)-H662","v":{"$error":"#N/A"}}]
[null,null,null,null,null,0,0,0,null,null,null,null,{"$f":"VLOOKUP($B663,[2]NXT!$D661:$N10660,9,0)-F663","v":{"$error":"#N/A"}},{"$f":"VLOOKUP($B663,[1]NXT!$D$14:$Z$1900,11,0)-H663","v":{"$error":"#N/A"}}]
[null,null,null,null,null,0,0,0,null,null,null,null,{"$f":"VLOOKUP($B664,[2]NXT!$D662:$N10661,9,0)-F664","v":{"$error":"#N/A"}},{"$f":"VLOOKUP($B664,[1]NXT!$D$14:$Z$1900,11,0)-H664","v":{"$error":"#N/A"}}]
[null,null,null,null,null,0,0,0,null,null,null,null,{"$f":"VLOOKUP($B665,[2]NXT!$D663:$N10662,9,0)-F665","v":{"$error":"#N/A"}},{"$f":"VLOOKUP($B665,[1]NXT!$D$14:$Z$1900,11,0)-H665","v":{"$error":"#N/A"}}]
[null,null,null,null,null,0,0,0,null,null,null,null,{"$f":"VLOOKUP($B666,[2]NXT!$D664:$N10663,9,0)-F666","v":{"$error":"#N/A"}},{"$f":"VLOOKUP($B666,[1]NXT!$D$14:$Z$1900,11,0)-H666","v":{"$error":"#N/A"}}]
[null,null,null,null,null,0,0,0,null,null,null,null,{"$f":"VLOOKUP($B667,[2]NXT!$D665:$N10664,9,0)-F667","v":{"$error":"#N/A"}},{"$f":"VLOOKUP($B667,[1]NXT!$D$14:$Z$1900,11,0)-H667","v":{"$error":"#N/A"}}]
[null,null,null,null,null,0,0,0,null,null,null,null,{"$f":"VLOOKUP($B668,[2]NXT!$D666:$N10665,9,0)-F668","v":{"$error":"#N/A"}},{"$f":"VLOOKUP($B668,[1]NXT!$D$14:$Z$1900,11,0)-H668","v":{"$error":"#N/A"}}]
[null,null,null,null,null,0,0,0,null,null,null,null,{"$f":"VLOOKUP($B669,[2]NXT!$D667:$N10666,9,0)-F669","v":{"$error":"#N/A"}},{"$f":"VLOOKUP($B669,[1]NXT!$D$14:$Z$1900,11,0)-H669","v":{"$error":"#N/A"}}]
[null,null,null,null,null,0,0,0,null,null,null,null,{"$f":"VLOOKUP($B670,[2]NXT!$D668:$N10667,9,0)-F670","v":{"$error":"#N/A"}},{"$f":"VLOOKUP($B670,[1]NXT!$D$14:$Z$1900,11,0)-H670","v":{"$error":"#N/A"}}]
[null,null,null,null,null,0,0,0,null,null,null,null,{"$f":"VLOOKUP($B671,[2]NXT!$D669:$N10668,9,0)-F671","v":{"$error":"#N/A"}},{"$f":"VLOOKUP($B671,[1]NXT!$D$14:$Z$1900,11,0)-H671","v":{"$error":"#N/A"}}]
[null,null,null,null,null,0,0,0,null,null,null,null,{"$f":"VLOOKUP($B672,[2]NXT!$D670:$N10669,9,0)-F672","v":{"$error":"#N/A"}},{"$f":"VLOOKUP($B672,[1]NXT!$D$14:$Z$1900,11,0)-H672","v":{"$error":"#N/A"}}]
[null,null,null,null,null,0,0,0,null,null,null,null,{"$f":"VLOOKUP($B673,[2]NXT!$D671:$N10670,9,0)-F673","v":{"$error":"#N/A"}},{"$f":"VLOOKUP($B673,[1]NXT!$D$14:$Z$1900,11,0)-H673","v":{"$error":"#N/A"}}]
[null,null,null,null,null,0,0,0,null,null,null,null,{"$f":"VLOOKUP($B674,[2]NXT!$D672:$N10671,9,0)-F674","v":{"$error":"#N/A"}},{"$f":"VLOOKUP($B674,[1]NXT!$D$14:$Z$1900,11,0)-H674","v":{"$error":"#N/A"}}]
[null,null,null,null,null,0,0,0,null,null,null,null,{"$f":"VLOOKUP($B675,[2]NXT!$D673:$N10672,9,0)-F675","v":{"$error":"#N/A"}},{"$f":"VLOOKUP($B675,[1]NXT!$D$14:$Z$1900,11,0)-H675","v":{"$error":"#N/A"}}]
[null,null,null,null,null,0,0,0,null,null,null,null,{"$f":"VLOOKUP($B676,[2]NXT!$D674:$N10673,9,0)-F676","v":{"$error":"#N/A"}},{"$f":"VLOOKUP($B676,[1]NXT!$D$14:$Z$1900,11,0)-H676","v":{"$error":"#N/A"}}]
[null,null,null,null,null,0,0,0,null,null,null,null,{"$f":"VLOOKUP($B677,[2]NXT!$D675:$N10674,9,0)-F677","v":{"$error":"#N/A"}},{"$f":"VLOOKUP($B677,[1]NXT!$D$14:$Z$1900,11,0)-H677","v":{"$error":"#N/A"}}]
[null,null,null,null,null,0,0,0,null,null,null,null,{"$f":"VLOOKUP($B678,[2]NXT!$D676:$N10675,9,0)-F678","v":{"$error":"#N/A"}},{"$f":"VLOOKUP($B678,[1]NXT!$D$14:$Z$1900,11,0)-H678","v":{"$error":"#N/A"}}]
[null,null,null,null,null,0,0,0,null,null,null,null,{"$f":"VLOOKUP($B679,[2]NXT!$D677:$N10676,9,0)-F679","v":{"$error":"#N/A"}},{"$f":"VLOOKUP($B679,[1]NXT!$D$14:$Z$1900,11,0)-H679","v":{"$error":"#N/A"}}]
[null,null,null,null,null,0,0,0,null,null,null,null,{"$f":"VLOOKUP($B680,[2]NXT!$D678:$N10677,9,0)-F680","v":{"$error":"#N/A"}},{"$f":"VLOOKUP($B680,[1]NXT!$D$14:$Z$1900,11,0)-H680","v":{"$error":"#N/A"}}]
[null,null,null,null,null,0,0,0,null,null,null,null,{"$f":"VLOOKUP($B681,[2]NXT!$D679:$N10678,9,0)-F681","v":{"$error":"#N/A"}},{"$f":"VLOOKUP($B681,[1]NXT!$D$14:$Z$1900,11,0)-H681","v":{"$error":"#N/A"}}]
[null,null,null,null,null,0,0,0,null,null,null,null,{"$f":"VLOOKUP($B682,[2]NXT!$D680:$N10679,9,0)-F682","v":{"$error":"#N/A"}},{"$f":"VLOOKUP($B682,[1]NXT!$D$14:$Z$1900,11,0)-H682","v":{"$error":"#N/A"}}]
[null,null,null,null,null,0,0,0,null,null,null,null,{"$f":"VLOOKUP($B683,[2]NXT!$D681:$N10680,9,0)-F683","v":{"$error":"#N/A"}},{"$f":"VLOOKUP($B683,[1]NXT!$D$14:$Z$1900,11,0)-H683","v":{"$error":"#N/A"}}]
[null,null,null,null,null,0,0,0,null,null,null,null,{"$f":"VLOOKUP($B684,[2]NXT!$D682:$N10681,9,0)-F684","v":{"$error":"#N/A"}},{"$f":"VLOOKUP($B684,[1]NXT!$D$14:$Z$1900,11,0)-H684","v":{"$error":"#N/A"}}]
[null,null,null,null,null,0,0,0,null,null,null,null,{"$f":"VLOOKUP($B685,[2]NXT!$D683:$N10682,9,0)-F685","v":{"$error":"#N/A"}},{"$f":"VLOOKUP($B685,[1]NXT!$D$14:$Z$1900,11,0)-H685","v":{"$error":"#N/A"}}]
[null,null,null,null,null,0,0,0,null,null,null,null,{"$f":"VLOOKUP($B686,[2]NXT!$D684:$N10683,9,0)-F686","v":{"$error":"#N/A"}},{"$f":"VLOOKUP($B686,[1]NXT!$D$14:$Z$1900,11,0)-H686","v":{"$error":"#N/A"}}]
[null,null,null,null,null,0,0,0,null,null,null,null,{"$f":"VLOOKUP($B687,[2]NXT!$D685:$N10684,9,0)-F687","v":{"$error":"#N/A"}},{"$f":"VLOOKUP($B687,[1]NXT!$D$14:$Z$1900,11,0)-H687","v":{"$error":"#N/A"}}]
[null,null,null,null,null,0,0,0,null,null,null,null,{"$f":"VLOOKUP($B688,[2]NXT!$D686:$N10685,9,0)-F688","v":{"$error":"#N/A"}},{"$f":"VLOOKUP($B688,[1]NXT!$D$14:$Z$1900,11,0)-H688","v":{"$error":"#N/A"}}]
[null,null,null,null,null,0,0,0,null,null,null,null,{"$f":"VLOOKUP($B689,[2]NXT!$D687:$N10686,9,0)-F689","v":{"$error":"#N/A"}},{"$f":"VLOOKUP($B689,[1]NXT!$D$14:$Z$1900,11,0)-H689","v":{"$error":"#N/A"}}]
[null,null,null,null,null,0,0,0,null,null,null,null,{"$f":"VLOOKUP($B690,[2]NXT!$D688:$N10687,9,0)-F690","v":{"$error":"#N/A"}},{"$f":"VLOOKUP($B690,[1]NXT!$D$14:$Z$1900,11,0)-H690","v":{"$error":"#N/A"}}]
[null,null,null,null,null,0,0,0,null,null,null,null,{"$f":"VLOOKUP($B691,[2]NXT!$D689:$N10688,9,0)-F691","v":{"$error":"#N/A"}},{"$f":"VLOOKUP($B691,[1]NXT!$D$14:$Z$1900,11,0)-H691","v":{"$error":"#N/A"}}]
[null,null,null,null,null,0,0,0,null,null,null,null,{"$f":"VLOOKUP($B692,[2]NXT!$D690:$N10689,9,0)-F692","v":{"$error":"#N/A"}},{"$f":"VLOOKUP($B692,[1]NXT!$D$14:$Z$1900,11,0)-H692","v":{"$error":"#N/A"}}]
[null,null,null,null,null,0,0,0,null,null,null,null,{"$f":"VLOOKUP($B693,[2]NXT!$D691:$N10690,9,0)-F693","v":{"$error":"#N/A"}},{"$f":"VLOOKUP($B693,[1]NXT!$D$14:$Z$1900,11,0)-H693","v":{"$error":"#N/A"}}]
[null,null,null,null,null,0,0,0,null,null,null,null,{"$f":"VLOOKUP($B694,[2]NXT!$D692:$N10691,9,0)-F694","v":{"$error":"#N/A"}},{"$f":"VLOOKUP($B694,[1]NXT!$D$14:$Z$1900,11,0)-H694","v":{"$error":"#N/A"}}]
[null,null,null,null,null,0,0,0,null,null,null,null,{"$f":"VLOOKUP($B695,[2]NXT!$D693:$N10692,9,0)-F695","v":{"$error":"#N/A"}},{"$f":"VLOOKUP($B695,[1]NXT!$D$14:$Z$1900,11,0)-H695","v":{"$error":"#N/A"}}]
[null,null,null,null,null,0,0,0,null,null,null,null,{"$f":"VLOOKUP($B696,[2]NXT!$D694:$N10693,9,0)-F696","v":{"$error":"#N/A"}},{"$f":"VLOOKUP($B696,[1]NXT!$D$14:$Z$1900,11,0)-H696","v":{"$error":"#N/A"}}]
[null,null,null,null,null,0,0,0,null,null,null,null,{"$f":"VLOOKUP($B697,[2]NXT!$D695:$N10694,9,0)-F697","v":{"$error":"#N/A"}},{"$f":"VLOOKUP($B697,[1]NXT!$D$14:$Z$1900,11,0)-H697","v":{"$error":"#N/A"}}]
[null,null,null,null,null,0,0,0,null,null,null,null,{"$f":"VLOOKUP($B698,[2]NXT!$D696:$N10695,9,0)-F698","v":{"$error":"#N/A"}},{"$f":"VLOOKUP($B698,[1]NXT!$D$14:$Z$1900,11,0)-H698","v":{"$error":"#N/A"}}]
[null,null,null,null,null,0,0,0,null,null,null,null,{"$f":"VLOOKUP($B699,[2]NXT!$D697:$N10696,9,0)-F699","v":{"$error":"#N/A"}},{"$f":"VLOOKUP($B699,[1]NXT!$D$14:$Z$1900,11,0)-H699","v":{"$error":"#N/A"}}]
[null,null,null,null,null,0,0,0,null,null,null,null,{"$f":"VLOOKUP($B700,[2]NXT!$D698:$N10697,9,0)-F700","v":{"$error":"#N/A"}},{"$f":"VLOOKUP($B700,[1]NXT!$D$14:$Z$1900,11,0)-H700","v":{"$error":"#N/A"}}]
[null,null,null,null,null,0,0,0,null,null,null,null,{"$f":"VLOOKUP($B701,[2]NXT!$D699:$N10698,9,0)-F701","v":{"$error":"#N/A"}},{"$f":"VLOOKUP($B701,[1]NXT!$D$14:$Z$1900,11,0)-H701","v":{"$error":"#N/A"}}]
[null,null,null,null,null,0,0,0,null,null,null,null,{"$f":"VLOOKUP($B702,[2]NXT!$D700:$N10699,9,0)-F702","v":{"$error":"#N/A"}},{"$f":"VLOOKUP($B702,[1]NXT!$D$14:$Z$1900,11,0)-H702","v":{"$error":"#N/A"}}]
[null,null,null,null,null,0,0,0,null,null,null,null,{"$f":"VLOOKUP($B703,[2]NXT!$D701:$N10700,9,0)-F703","v":{"$error":"#N/A"}},{"$f":"VLOOKUP($B703,[1]NXT!$D$14:$Z$1900,11,0)-H703","v":{"$error":"#N/A"}}]
[null,null,null,null,null,0,0,0,null,null,null,null,{"$f":"VLOOKUP($B704,[2]NXT!$D702:$N10701,9,0)-F704","v":{"$error":"#N/A"}},{"$f":"VLOOKUP($B704,[1]NXT!$D$14:$Z$1900,11,0)-H704","v":{"$error":"#N/A"}}]
[null,null,null,null,null,0,0,0,null,null,null,null,{"$f":"VLOOKUP($B705,[2]NXT!$D703:$N10702,9,0)-F705","v":{"$error":"#N/A"}},{"$f":"VLOOKUP($B705,[1]NXT!$D$14:$Z$1900,11,0)-H705","v":{"$error":"#N/A"}}]
[null,null,null,null,null,0,0,0,null,null,null,null,{"$f":"VLOOKUP($B706,[2]NXT!$D704:$N10703,9,0)-F706","v":{"$error":"#N/A"}},{"$f":"VLOOKUP($B706,[1]NXT!$D$14:$Z$1900,11,0)-H706","v":{"$error":"#N/A"}}]
[null,null,null,null,null,0,0,0,null,null,null,null,{"$f":"VLOOKUP($B707,[2]NXT!$D705:$N10704,9,0)-F707","v":{"$error":"#N/A"}},{"$f":"VLOOKUP($B707,[1]NXT!$D$14:$Z$1900,11,0)-H707","v":{"$error":"#N/A"}}]
[null,null,null,null,null,0,0,0,null,null,null,null,{"$f":"VLOOKUP($B708,[2]NXT!$D706:$N10705,9,0)-F708","v":{"$error":"#N/A"}},{"$f":"VLOOKUP($B708,[1]NXT!$D$14:$Z$1900,11,0)-H708","v":{"$error":"#N/A"}}]
[null,null,null,null,null,0,0,0,null,null,null,null,{"$f":"VLOOKUP($B709,[2]NXT!$D707:$N10706,9,0)-F709","v":{"$error":"#N/A"}},{"$f":"VLOOKUP($B709,[1]NXT!$D$14:$Z$1900,11,0)-H709","v":{"$error":"#N/A"}}]
[null,null,null,null,null,0,0,0,null,null,null,null,{"$f":"VLOOKUP($B710,[2]NXT!$D708:$N10707,9,0)-F710","v":{"$error":"#N/A"}},{"$f":"VLOOKUP($B710,[1]NXT!$D$14:$Z$1900,11,0)-H710","v":{"$error":"#N/A"}}]
[null,null,null,null,null,0,0,0,null,null,null,null,{"$f":"VLOOKUP($B711,[2]NXT!$D709:$N10708,9,0)-F711","v":{"$error":"#N/A"}},{"$f":"VLOOKUP($B711,[1]NXT!$D$14:$Z$1900,11,0)-H711","v":{"$error":"#N/A"}}]
[null,null,null,null,null,0,0,0,null,null,null,null,{"$f":"VLOOKUP($B712,[2]NXT!$D710:$N10709,9,0)-F712","v":{"$error":"#N/A"}},{"$f":"VLOOKUP($B712,[1]NXT!$D$14:$Z$1900,11,0)-H712","v":{"$error":"#N/A"}}]
[null,null,null,null,null,0,0,0,null,null,null,null,{"$f":"VLOOKUP($B713,[2]NXT!$D711:$N10710,9,0)-F713","v":{"$error":"#N/A"}},{"$f":"VLOOKUP($B713,[1]NXT!$D$14:$Z$1900,11,0)-H713","v":{"$error":"#N/A"}}]
[null,null,null,null,null,0,0,0,null,null,null,null,{"$f":"VLOOKUP($B714,[2]NXT!$D712:$N10711,9,0)-F714","v":{"$error":"#N/A"}},{"$f":"VLOOKUP($B714,[1]NXT!$D$14:$Z$1900,11,0)-H714","v":{"$error":"#N/A"}}]
[null,null,null,null,null,0,0,0,null,null,null,null,{"$f":"VLOOKUP($B715,[2]NXT!$D713:$N10712,9,0)-F715","v":{"$error":"#N/A"}},{"$f":"VLOOKUP($B715,[1]NXT!$D$14:$Z$1900,11,0)-H715","v":{"$error":"#N/A"}}]
[null,null,null,null,null,0,0,0,null,null,null,null,{"$f":"VLOOKUP($B716,[2]NXT!$D714:$N10713,9,0)-F716","v":{"$error":"#N/A"}},{"$f":"VLOOKUP($B716,[1]NXT!$D$14:$Z$1900,11,0)-H716","v":{"$error":"#N/A"}}]
[null,null,null,null,null,0,0,0,null,null,null,null,{"$f":"VLOOKUP($B717,[2]NXT!$D715:$N10714,9,0)-F717","v":{"$error":"#N/A"}},{"$f":"VLOOKUP($B717,[1]NXT!$D$14:$Z$1900,11,0)-H717","v":{"$error":"#N/A"}}]
[null,null,null,null,null,0,0,0,null,null,null,null,{"$f":"VLOOKUP($B718,[2]NXT!$D716:$N10715,9,0)-F718","v":{"$error":"#N/A"}},{"$f":"VLOOKUP($B718,[1]NXT!$D$14:$Z$1900,11,0)-H718","v":{"$error":"#N/A"}}]
[null,null,null,null,null,0,0,0,null,null,null,null,{"$f":"VLOOKUP($B719,[2]NXT!$D717:$N10716,9,0)-F719","v":{"$error":"#N/A"}},{"$f":"VLOOKUP($B719,[1]NXT!$D$14:$Z$1900,11,0)-H719","v":{"$error":"#N/A"}}]
[null,null,null,null,null,0,0,0,null,null,null,null,{"$f":"VLOOKUP($B720,[2]NXT!$D718:$N10717,9,0)-F720","v":{"$error":"#N/A"}},{"$f":"VLOOKUP($B720,[1]NXT!$D$14:$Z$1900,11,0)-H720","v":{"$error":"#N/A"}}]
[null,null,null,null,null,0,0,0,null,null,null,null,{"$f":"VLOOKUP($B721,[2]NXT!$D719:$N10718,9,0)-F721","v":{"$error":"#N/A"}},{"$f":"VLOOKUP($B721,[1]NXT!$D$14:$Z$1900,11,0)-H721","v":{"$error":"#N/A"}}]
[null,null,null,null,null,0,0,0,null,null,null,null,{"$f":"VLOOKUP($B722,[2]NXT!$D720:$N10719,9,0)-F722","v":{"$error":"#N/A"}},{"$f":"VLOOKUP($B722,[1]NXT!$D$14:$Z$1900,11,0)-H722","v":{"$error":"#N/A"}}]
[null,null,null,null,null,0,0,0,null,null,null,null,{"$f":"VLOOKUP($B723,[2]NXT!$D721:$N10720,9,0)-F723","v":{"$error":"#N/A"}},{"$f":"VLOOKUP($B723,[1]NXT!$D$14:$Z$1900,11,0)-H723","v":{"$error":"#N/A"}}]
[null,null,null,null,null,0,0,0,null,null,null,null,{"$f":"VLOOKUP($B724,[2]NXT!$D722:$N10721,9,0)-F724","v":{"$error":"#N/A"}},{"$f":"VLOOKUP($B724,[1]NXT!$D$14:$Z$1900,11,0)-H724","v":{"$error":"#N/A"}}]
[null,null,null,null,null,0,0,0,null,null,null,null,{"$f":"VLOOKUP($B725,[2]NXT!$D723:$N10722,9,0)-F725","v":{"$error":"#N/A"}},{"$f":"VLOOKUP($B725,[1]NXT!$D$14:$Z$1900,11,0)-H725","v":{"$error":"#N/A"}}]
[null,null,null,null,null,0,0,0,null,null,null,null,{"$f":"VLOOKUP($B726,[2]NXT!$D724:$N10723,9,0)-F726","v":{"$error":"#N/A"}},{"$f":"VLOOKUP($B726,[1]NXT!$D$14:$Z$1900,11,0)-H726","v":{"$error":"#N/A"}}]
[null,null,null,null,null,0,0,0,null,null,null,null,{"$f":"VLOOKUP($B727,[2]NXT!$D725:$N10724,9,0)-F727","v":{"$error":"#N/A"}},{"$f":"VLOOKUP($B727,[1]NXT!$D$14:$Z$1900,11,0)-H727","v":{"$error":"#N/A"}}]
[null,null,null,null,null,0,0,0,null,null,null,null,{"$f":"VLOOKUP($B728,[2]NXT!$D726:$N10725,9,0)-F728","v":{"$error":"#N/A"}},{"$f":"VLOOKUP($B728,[1]NXT!$D$14:$Z$1900,11,0)-H728","v":{"$error":"#N/A"}}]
[null,null,null,null,null,0,0,0,null,null,null,null,{"$f":"VLOOKUP($B729,[2]NXT!$D727:$N10726,9,0)-F729","v":{"$error":"#N/A"}},{"$f":"VLOOKUP($B729,[1]NXT!$D$14:$Z$1900,11,0)-H729","v":{"$error":"#N/A"}}]
[null,null,null,null,null,0,0,0,null,null,null,null,{"$f":"VLOOKUP($B730,[2]NXT!$D728:$N10727,9,0)-F730","v":{"$error":"#N/A"}},{"$f":"VLOOKUP($B730,[1]NXT!$D$14:$Z$1900,11,0)-H730","v":{"$error":"#N/A"}}]
[null,null,null,null,null,0,0,0,null,null,null,null,{"$f":"VLOOKUP($B731,[2]NXT!$D729:$N10728,9,0)-F731","v":{"$error":"#N/A"}},{"$f":"VLOOKUP($B731,[1]NXT!$D$14:$Z$1900,11,0)-H731","v":{"$error":"#N/A"}}]
[null,null,null,null,null,0,0,0,null,null,null,null,{"$f":"VLOOKUP($B732,[2]NXT!$D730:$N10729,9,0)-F732","v":{"$error":"#N/A"}},{"$f":"VLOOKUP($B732,[1]NXT!$D$14:$Z$1900,11,0)-H732","v":{"$error":"#N/A"}}]
[null,null,null,null,null,0,0,0,null,null,null,null,{"$f":"VLOOKUP($B733,[2]NXT!$D731:$N10730,9,0)-F733","v":{"$error":"#N/A"}},{"$f":"VLOOKUP($B733,[1]NXT!$D$14:$Z$1900,11,0)-H733","v":{"$error":"#N/A"}}]
[null,null,null,null,null,0,0,0,null,null,null,null,{"$f":"VLOOKUP($B734,[2]NXT!$D732:$N10731,9,0)-F734","v":{"$error":"#N/A"}},{"$f":"VLOOKUP($B734,[1]NXT!$D$14:$Z$1900,11,0)-H734","v":{"$error":"#N/A"}}]
[null,null,null,null,null,0,0,0,null,null,null,null,{"$f":"VLOOKUP($B735,[2]NXT!$D733:$N10732,9,0)-F735","v":{"$error":"#N/A"}},{"$f":"VLOOKUP($B735,[1]NXT!$D$14:$Z$1900,11,0)-H735","v":{"$error":"#N/A"}}]
[null,null,null,null,null,0,0,0,null,null,null,null,{"$f":"VLOOKUP($B736,[2]NXT!$D734:$N10733,9,0)-F736","v":{"$error":"#N/A"}},{"$f":"VLOOKUP($B736,[1]NXT!$D$14:$Z$1900,11,0)-H736","v":{"$error":"#N/A"}}]
[null,null,null,null,null,0,0,0,null,null,null,null,{"$f":"VLOOKUP($B737,[2]NXT!$D735:$N10734,9,0)-F737","v":{"$error":"#N/A"}},{"$f":"VLOOKUP($B737,[1]NXT!$D$14:$Z$1900,11,0)-H737","v":{"$error":"#N/A"}}]
[null,null,null,null,null,0,0,0,null,null,null,null,{"$f":"VLOOKUP($B738,[2]NXT!$D736:$N10735,9,0)-F738","v":{"$error":"#N/A"}},{"$f":"VLOOKUP($B738,[1]NXT!$D$14:$Z$1900,11,0)-H738","v":{"$error":"#N/A"}}]
[null,null,null,null,null,0,0,0,null,null,null,null,{"$f":"VLOOKUP($B739,[2]NXT!$D737:$N10736,9,0)-F739","v":{"$error":"#N/A"}},{"$f":"VLOOKUP($B739,[1]NXT!$D$14:$Z$1900,11,0)-H739","v":{"$error":"#N/A"}}]
[null,null,null,null,null,0,0,0,null,null,null,null,{"$f":"VLOOKUP($B740,[2]NXT!$D738:$N10737,9,0)-F740","v":{"$error":"#N/A"}},{"$f":"VLOOKUP($B740,[1]NXT!$D$14:$Z$1900,11,0)-H740","v":{"$error":"#N/A"}}]
[null,null,null,null,null,0,0,0,null,null,null,null,{"$f":"VLOOKUP($B741,[2]NXT!$D739:$N10738,9,0)-F741","v":{"$error":"#N/A"}},{"$f":"VLOOKUP($B741,[1]NXT!$D$14:$Z$1900,11,0)-H741","v":{"$error":"#N/A"}}]
[null,null,null,null,null,0,0,0,null,null,null,null,{"$f":"VLOOKUP($B742,[2]NXT!$D740:$N10739,9,0)-F742","v":{"$error":"#N/A"}},{"$f":"VLOOKUP($B742,[1]NXT!$D$14:$Z$1900,11,0)-H742","v":{"$error":"#N/A"}}]
[null,null,null,null,null,0,0,0,null,null,null,null,{"$f":"VLOOKUP($B743,[2]NXT!$D741:$N10740,9,0)-F743","v":{"$error":"#N/A"}},{"$f":"VLOOKUP($B743,[1]NXT!$D$14:$Z$1900,11,0)-H743","v":{"$error":"#N/A"}}]
[null,null,null,null,null,0,0,0,null,null,null,null,{"$f":"VLOOKUP($B744,[2]NXT!$D742:$N10741,9,0)-F744","v":{"$error":"#N/A"}},{"$f":"VLOOKUP($B744,[1]NXT!$D$14:$Z$1900,11,0)-H744","v":{"$error":"#N/A"}}]
[null,null,null,null,null,0,0,0,null,null,null,null,{"$f":"VLOOKUP($B745,[2]NXT!$D743:$N10742,9,0)-F745","v":{"$error":"#N/A"}},{"$f":"VLOOKUP($B745,[1]NXT!$D$14:$Z$1900,11,0)-H745","v":{"$error":"#N/A"}}]
[null,null,null,null,null,0,0,0,null,null,null,null,{"$f":"VLOOKUP($B746,[2]NXT!$D744:$N10743,9,0)-F746","v":{"$error":"#N/A"}},{"$f":"VLOOKUP($B746,[1]NXT!$D$14:$Z$1900,11,0)-H746","v":{"$error":"#N/A"}}]
[null,null,null,null,null,0,0,0,null,null,null,null,{"$f":"VLOOKUP($B747,[2]NXT!$D745:$N10744,9,0)-F747","v":{"$error":"#N/A"}},{"$f":"VLOOKUP($B747,[1]NXT!$D$14:$Z$1900,11,0)-H747","v":{"$error":"#N/A"}}]
[null,null,null,null,null,0,0,0,null,null,null,null,{"$f":"VLOOKUP($B748,[2]NXT!$D746:$N10745,9,0)-F748","v":{"$error":"#N/A"}},{"$f":"VLOOKUP($B748,[1]NXT!$D$14:$Z$1900,11,0)-H748","v":{"$error":"#N/A"}}]
[null,null,null,null,null,0,0,0,null,null,null,null,{"$f":"VLOOKUP($B749,[2]NXT!$D747:$N10746,9,0)-F749","v":{"$error":"#N/A"}},{"$f":"VLOOKUP($B749,[1]NXT!$D$14:$Z$1900,11,0)-H749","v":{"$error":"#N/A"}}]
[null,null,null,null,null,0,0,0,null,null,null,null,{"$f":"VLOOKUP($B750,[2]NXT!$D748:$N10747,9,0)-F750","v":{"$error":"#N/A"}},{"$f":"VLOOKUP($B750,[1]NXT!$D$14:$Z$1900,11,0)-H750","v":{"$error":"#N/A"}}]
[null,null,null,null,null,0,0,0,null,null,null,null,{"$f":"VLOOKUP($B751,[2]NXT!$D749:$N10748,9,0)-F751","v":{"$error":"#N/A"}},{"$f":"VLOOKUP($B751,[1]NXT!$D$14:$Z$1900,11,0)-H751","v":{"$error":"#N/A"}}]
[null,null,null,null,null,0,0,0,null,null,null,null,{"$f":"VLOOKUP($B752,[2]NXT!$D750:$N10749,9,0)-F752","v":{"$error":"#N/A"}},{"$f":"VLOOKUP($B752,[1]NXT!$D$14:$Z$1900,11,0)-H752","v":{"$error":"#N/A"}}]
[null,null,null,null,null,0,0,0,null,null,null,null,{"$f":"VLOOKUP($B753,[2]NXT!$D751:$N10750,9,0)-F753","v":{"$error":"#N/A"}},{"$f":"VLOOKUP($B753,[1]NXT!$D$14:$Z$1900,11,0)-H753","v":{"$error":"#N/A"}}]
[null,null,null,null,null,0,0,0,null,null,null,null,{"$f":"VLOOKUP($B754,[2]NXT!$D752:$N10751,9,0)-F754","v":{"$error":"#N/A"}},{"$f":"VLOOKUP($B754,[1]NXT!$D$14:$Z$1900,11,0)-H754","v":{"$error":"#N/A"}}]
[null,null,null,null,null,0,0,0,null,null,null,null,{"$f":"VLOOKUP($B755,[2]NXT!$D753:$N10752,9,0)-F755","v":{"$error":"#N/A"}},{"$f":"VLOOKUP($B755,[1]NXT!$D$14:$Z$1900,11,0)-H755","v":{"$error":"#N/A"}}]
[null,null,null,null,null,0,0,0,null,null,null,null,{"$f":"VLOOKUP($B756,[2]NXT!$D754:$N10753,9,0)-F756","v":{"$error":"#N/A"}},{"$f":"VLOOKUP($B756,[1]NXT!$D$14:$Z$1900,11,0)-H756","v":{"$error":"#N/A"}}]
[null,null,null,null,null,0,0,0,null,null,null,null,{"$f":"VLOOKUP($B757,[2]NXT!$D755:$N10754,9,0)-F757","v":{"$error":"#N/A"}},{"$f":"VLOOKUP($B757,[1]NXT!$D$14:$Z$1900,11,0)-H757","v":{"$error":"#N/A"}}]
[null,null,null,null,null,0,0,0,null,null,null,null,{"$f":"VLOOKUP($B758,[2]NXT!$D756:$N10755,9,0)-F758","v":{"$error":"#N/A"}},{"$f":"VLOOKUP($B758,[1]NXT!$D$14:$Z$1900,11,0)-H758","v":{"$error":"#N/A"}}]
[null,null,null,null,null,0,0,0,null,null,null,null,{"$f":"VLOOKUP($B759,[2]NXT!$D757:$N10756,9,0)-F759","v":{"$error":"#N/A"}},{"$f":"VLOOKUP($B759,[1]NXT!$D$14:$Z$1900,11,0)-H759","v":{"$error":"#N/A"}}]
[null,null,null,null,null,0,0,0,null,null,null,null,{"$f":"VLOOKUP($B760,[2]NXT!$D758:$N10757,9,0)-F760","v":{"$error":"#N/A"}},{"$f":"VLOOKUP($B760,[1]NXT!$D$14:$Z$1900,11,0)-H760","v":{"$error":"#N/A"}}]
[null,null,null,null,null,0,0,0,null,null,null,null,{"$f":"VLOOKUP($B761,[2]NXT!$D759:$N10758,9,0)-F761","v":{"$error":"#N/A"}},{"$f":"VLOOKUP($B761,[1]NXT!$D$14:$Z$1900,11,0)-H761","v":{"$error":"#N/A"}}]
[null,null,null,null,null,0,0,0,null,null,null,null,{"$f":"VLOOKUP($B762,[2]NXT!$D760:$N10759,9,0)-F762","v":{"$error":"#N/A"}},{"$f":"VLOOKUP($B762,[1]NXT!$D$14:$Z$1900,11,0)-H762","v":{"$error":"#N/A"}}]
[null,null,null,null,null,0,0,0,null,null,null,null,{"$f":"VLOOKUP($B763,[2]NXT!$D761:$N10760,9,0)-F763","v":{"$error":"#N/A"}},{"$f":"VLOOKUP($B763,[1]NXT!$D$14:$Z$1900,11,0)-H763","v":{"$error":"#N/A"}}]
[null,null,null,null,null,0,0,0,null,null,null,null,{"$f":"VLOOKUP($B764,[2]NXT!$D762:$N10761,9,0)-F764","v":{"$error":"#N/A"}},{"$f":"VLOOKUP($B764,[1]NXT!$D$14:$Z$1900,11,0)-H764","v":{"$error":"#N/A"}}]
[null,null,null,null,null,0,0,0,null,null,null,null,{"$f":"VLOOKUP($B765,[2]NXT!$D763:$N10762,9,0)-F765","v":{"$error":"#N/A"}},{"$f":"VLOOKUP($B765,[1]NXT!$D$14:$Z$1900,11,0)-H765","v":{"$error":"#N/A"}}]
[null,null,null,null,null,0,0,0,null,null,null,null,{"$f":"VLOOKUP($B766,[2]NXT!$D764:$N10763,9,0)-F766","v":{"$error":"#N/A"}},{"$f":"VLOOKUP($B766,[1]NXT!$D$14:$Z$1900,11,0)-H766","v":{"$error":"#N/A"}}]
[null,null,null,null,null,0,0,0,null,null,null,null,{"$f":"VLOOKUP($B767,[2]NXT!$D765:$N10764,9,0)-F767","v":{"$error":"#N/A"}},{"$f":"VLOOKUP($B767,[1]NXT!$D$14:$Z$1900,11,0)-H767","v":{"$error":"#N/A"}}]
[null,null,null,null,null,0,0,0,null,null,null,null,{"$f":"VLOOKUP($B768,[2]NXT!$D766:$N10765,9,0)-F768","v":{"$error":"#N/A"}},{"$f":"VLOOKUP($B768,[1]NXT!$D$14:$Z$1900,11,0)-H768","v":{"$error":"#N/A"}}]
[null,null,null,null,null,0,0,0,null,null,null,null,{"$f":"VLOOKUP($B769,[2]NXT!$D767:$N10766,9,0)-F769","v":{"$error":"#N/A"}},{"$f":"VLOOKUP($B769,[1]NXT!$D$14:$Z$1900,11,0)-H769","v":{"$error":"#N/A"}}]
[null,null,null,null,null,0,0,0,null,null,null,null,{"$f":"VLOOKUP($B770,[2]NXT!$D768:$N10767,9,0)-F770","v":{"$error":"#N/A"}},{"$f":"VLOOKUP($B770,[1]NXT!$D$14:$Z$1900,11,0)-H770","v":{"$error":"#N/A"}}]
[null,null,null,null,null,0,0,0,null,null,null,null,{"$f":"VLOOKUP($B771,[2]NXT!$D769:$N10768,9,0)-F771","v":{"$error":"#N/A"}},{"$f":"VLOOKUP($B771,[1]NXT!$D$14:$Z$1900,11,0)-H771","v":{"$error":"#N/A"}}]
[null,null,null,null,null,0,0,0,null,null,null,null,{"$f":"VLOOKUP($B772,[2]NXT!$D770:$N10769,9,0)-F772","v":{"$error":"#N/A"}},{"$f":"VLOOKUP($B772,[1]NXT!$D$14:$Z$1900,11,0)-H772","v":{"$error":"#N/A"}}]
[null,null,null,null,null,0,0,0,null,null,null,null,{"$f":"VLOOKUP($B773,[2]NXT!$D771:$N10770,9,0)-F773","v":{"$error":"#N/A"}},{"$f":"VLOOKUP($B773,[1]NXT!$D$14:$Z$1900,11,0)-H773","v":{"$error":"#N/A"}}]
[null,null,null,null,null,0,0,0,null,null,null,null,{"$f":"VLOOKUP($B774,[2]NXT!$D772:$N10771,9,0)-F774","v":{"$error":"#N/A"}},{"$f":"VLOOKUP($B774,[1]NXT!$D$14:$Z$1900,11,0)-H774","v":{"$error":"#N/A"}}]
[null,null,null,null,null,0,0,0,null,null,null,null,{"$f":"VLOOKUP($B775,[2]NXT!$D773:$N10772,9,0)-F775","v":{"$error":"#N/A"}},{"$f":"VLOOKUP($B775,[1]NXT!$D$14:$Z$1900,11,0)-H775","v":{"$error":"#N/A"}}]
[null,null,null,null,null,0,0,0,null,null,null,null,{"$f":"VLOOKUP($B776,[2]NXT!$D774:$N10773,9,0)-F776","v":{"$error":"#N/A"}},{"$f":"VLOOKUP($B776,[1]NXT!$D$14:$Z$1900,11,0)-H776","v":{"$error":"#N/A"}}]
[null,null,null,null,null,0,0,0,null,null,null,null,{"$f":"VLOOKUP($B777,[2]NXT!$D775:$N10774,9,0)-F777","v":{"$error":"#N/A"}},{"$f":"VLOOKUP($B777,[1]NXT!$D$14:$Z$1900,11,0)-H777","v":{"$error":"#N/A"}}]
[null,null,null,null,null,0,0,0,null,null,null,null,{"$f":"VLOOKUP($B778,[2]NXT!$D776:$N10775,9,0)-F778","v":{"$error":"#N/A"}},{"$f":"VLOOKUP($B778,[1]NXT!$D$14:$Z$1900,11,0)-H778","v":{"$error":"#N/A"}}]
[null,null,null,null,null,0,0,0,null,null,null,null,{"$f":"VLOOKUP($B779,[2]NXT!$D777:$N10776,9,0)-F779","v":{"$error":"#N/A"}},{"$f":"VLOOKUP($B779,[1]NXT!$D$14:$Z$1900,11,0)-H779","v":{"$error":"#N/A"}}]
[null,null,null,null,null,0,0,0,null,null,null,null,{"$f":"VLOOKUP($B780,[2]NXT!$D778:$N10777,9,0)-F780","v":{"$error":"#N/A"}},{"$f":"VLOOKUP($B780,[1]NXT!$D$14:$Z$1900,11,0)-H780","v":{"$error":"#N/A"}}]
[null,null,null,null,null,0,0,0,null,null,null,null,{"$f":"VLOOKUP($B781,[2]NXT!$D779:$N10778,9,0)-F781","v":{"$error":"#N/A"}},{"$f":"VLOOKUP($B781,[1]NXT!$D$14:$Z$1900,11,0)-H781","v":{"$error":"#N/A"}}]
[null,null,null,null,null,0,0,0,null,null,null,null,{"$f":"VLOOKUP($B782,[2]NXT!$D780:$N10779,9,0)-F782","v":{"$error":"#N/A"}},{"$f":"VLOOKUP($B782,[1]NXT!$D$14:$Z$1900,11,0)-H782","v":{"$error":"#N/A"}}]
[null,null,null,null,null,0,0,0,null,null,null,null,{"$f":"VLOOKUP($B783,[2]NXT!$D781:$N10780,9,0)-F783","v":{"$error":"#N/A"}},{"$f":"VLOOKUP($B783,[1]NXT!$D$14:$Z$1900,11,0)-H783","v":{"$error":"#N/A"}}]
[null,null,null,null,null,0,0,0,null,null,null,null,{"$f":"VLOOKUP($B784,[2]NXT!$D782:$N10781,9,0)-F784","v":{"$error":"#N/A"}},{"$f":"VLOOKUP($B784,[1]NXT!$D$14:$Z$1900,11,0)-H784","v":{"$error":"#N/A"}}]
[null,null,null,null,null,0,0,0,null,null,null,null,{"$f":"VLOOKUP($B785,[2]NXT!$D783:$N10782,9,0)-F785","v":{"$error":"#N/A"}},{"$f":"VLOOKUP($B785,[1]NXT!$D$14:$Z$1900,11,0)-H785","v":{"$error":"#N/A"}}]
[null,null,null,null,null,0,0,0,null,null,null,null,{"$f":"VLOOKUP($B786,[2]NXT!$D784:$N10783,9,0)-F786","v":{"$error":"#N/A"}},{"$f":"VLOOKUP($B786,[1]NXT!$D$14:$Z$1900,11,0)-H786","v":{"$error":"#N/A"}}]
[null,null,null,null,null,0,0,0,null,null,null,null,{"$f":"VLOOKUP($B787,[2]NXT!$D785:$N10784,9,0)-F787","v":{"$error":"#N/A"}},{"$f":"VLOOKUP($B787,[1]NXT!$D$14:$Z$1900,11,0)-H787","v":{"$error":"#N/A"}}]
[null,null,null,null,null,0,0,0,null,null,null,null,{"$f":"VLOOKUP($B788,[2]NXT!$D786:$N10785,9,0)-F788","v":{"$error":"#N/A"}},{"$f":"VLOOKUP($B788,[1]NXT!$D$14:$Z$1900,11,0)-H788","v":{"$error":"#N/A"}}]
[null,null,null,null,null,0,0,0,null,null,null,null,{"$f":"VLOOKUP($B789,[2]NXT!$D787:$N10786,9,0)-F789","v":{"$error":"#N/A"}},{"$f":"VLOOKUP($B789,[1]NXT!$D$14:$Z$1900,11,0)-H789","v":{"$error":"#N/A"}}]
[null,null,null,null,null,0,0,0,null,null,null,null,{"$f":"VLOOKUP($B790,[2]NXT!$D788:$N10787,9,0)-F790","v":{"$error":"#N/A"}},{"$f":"VLOOKUP($B790,[1]NXT!$D$14:$Z$1900,11,0)-H790","v":{"$error":"#N/A"}}]
[null,null,null,null,null,0,0,0,null,null,null,null,{"$f":"VLOOKUP($B791,[2]NXT!$D789:$N10788,9,0)-F791","v":{"$error":"#N/A"}},{"$f":"VLOOKUP($B791,[1]NXT!$D$14:$Z$1900,11,0)-H791","v":{"$error":"#N/A"}}]
[null,null,null,null,null,0,0,0,null,null,null,null,{"$f":"VLOOKUP($B792,[2]NXT!$D790:$N10789,9,0)-F792","v":{"$error":"#N/A"}},{"$f":"VLOOKUP($B792,[1]NXT!$D$14:$Z$1900,11,0)-H792","v":{"$error":"#N/A"}}]
[null,null,null,null,null,0,0,0,null,null,null,null,{"$f":"VLOOKUP($B793,[2]NXT!$D791:$N10790,9,0)-F793","v":{"$error":"#N/A"}},{"$f":"VLOOKUP($B793,[1]NXT!$D$14:$Z$1900,11,0)-H793","v":{"$error":"#N/A"}}]
[null,null,null,null,null,0,0,0,null,null,null,null,{"$f":"VLOOKUP($B794,[2]NXT!$D792:$N10791,9,0)-F794","v":{"$error":"#N/A"}},{"$f":"VLOOKUP($B794,[1]NXT!$D$14:$Z$1900,11,0)-H794","v":{"$error":"#N/A"}}]
[null,null,null,null,null,0,0,0,null,null,null,null,{"$f":"VLOOKUP($B795,[2]NXT!$D793:$N10792,9,0)-F795","v":{"$error":"#N/A"}},{"$f":"VLOOKUP($B795,[1]NXT!$D$14:$Z$1900,11,0)-H795","v":{"$error":"#N/A"}}]
[null,null,null,null,null,0,0,0,null,null,null,null,{"$f":"VLOOKUP($B796,[2]NXT!$D794:$N10793,9,0)-F796","v":{"$error":"#N/A"}},{"$f":"VLOOKUP($B796,[1]NXT!$D$14:$Z$1900,11,0)-H796","v":{"$error":"#N/A"}}]
[null,null,null,null,null,0,0,0,null,null,null,null,{"$f":"VLOOKUP($B797,[2]NXT!$D795:$N10794,9,0)-F797","v":{"$error":"#N/A"}},{"$f":"VLOOKUP($B797,[1]NXT!$D$14:$Z$1900,11,0)-H797","v":{"$error":"#N/A"}}]
[null,null,null,null,null,0,0,0,null,null,null,null,{"$f":"VLOOKUP($B798,[2]NXT!$D796:$N10795,9,0)-F798","v":{"$error":"#N/A"}},{"$f":"VLOOKUP($B798,[1]NXT!$D$14:$Z$1900,11,0)-H798","v":{"$error":"#N/A"}}]
[null,null,null,null,null,0,0,0,null,null,null,null,{"$f":"VLOOKUP($B799,[2]NXT!$D797:$N10796,9,0)-F799","v":{"$error":"#N/A"}},{"$f":"VLOOKUP($B799,[1]NXT!$D$14:$Z$1900,11,0)-H799","v":{"$error":"#N/A"}}]
[null,null,null,null,null,0,0,0,null,null,null,null,{"$f":"VLOOKUP($B800,[2]NXT!$D798:$N10797,9,0)-F800","v":{"$error":"#N/A"}},{"$f":"VLOOKUP($B800,[1]NXT!$D$14:$Z$1900,11,0)-H800","v":{"$error":"#N/A"}}]
[null,null,null,null,null,0,0,0,null,null,null,null,{"$f":"VLOOKUP($B801,[2]NXT!$D799:$N10798,9,0)-F801","v":{"$error":"#N/A"}},{"$f":"VLOOKUP($B801,[1]NXT!$D$14:$Z$1900,11,0)-H801","v":{"$error":"#N/A"}}]
[null,null,null,null,null,0,0,0,null,null,null,null,{"$f":"VLOOKUP($B802,[2]NXT!$D800:$N10799,9,0)-F802","v":{"$error":"#N/A"}},{"$f":"VLOOKUP($B802,[1]NXT!$D$14:$Z$1900,11,0)-H802","v":{"$error":"#N/A"}}]
[null,null,null,null,null,0,0,0,null,null,null,null,{"$f":"VLOOKUP($B803,[2]NXT!$D801:$N10800,9,0)-F803","v":{"$error":"#N/A"}},{"$f":"VLOOKUP($B803,[1]NXT!$D$14:$Z$1900,11,0)-H803","v":{"$error":"#N/A"}}]
[null,null,null,null,null,0,0,0,null,null,null,null,{"$f":"VLOOKUP($B804,[2]NXT!$D802:$N10801,9,0)-F804","v":{"$error":"#N/A"}},{"$f":"VLOOKUP($B804,[1]NXT!$D$14:$Z$1900,11,0)-H804","v":{"$error":"#N/A"}}]
[null,null,null,null,null,0,0,0,null,null,null,null,{"$f":"VLOOKUP($B805,[2]NXT!$D803:$N10802,9,0)-F805","v":{"$error":"#N/A"}},{"$f":"VLOOKUP($B805,[1]NXT!$D$14:$Z$1900,11,0)-H805","v":{"$error":"#N/A"}}]
[null,null,null,null,null,0,0,0,null,null,null,null,{"$f":"VLOOKUP($B806,[2]NXT!$D804:$N10803,9,0)-F806","v":{"$error":"#N/A"}},{"$f":"VLOOKUP($B806,[1]NXT!$D$14:$Z$1900,11,0)-H806","v":{"$error":"#N/A"}}]
[null,null,null,null,null,0,0,0,null,null,null,null,{"$f":"VLOOKUP($B807,[2]NXT!$D805:$N10804,9,0)-F807","v":{"$error":"#N/A"}},{"$f":"VLOOKUP($B807,[1]NXT!$D$14:$Z$1900,11,0)-H807","v":{"$error":"#N/A"}}]
[null,null,null,null,null,0,0,0,null,null,null,null,{"$f":"VLOOKUP($B808,[2]NXT!$D806:$N10805,9,0)-F808","v":{"$error":"#N/A"}},{"$f":"VLOOKUP($B808,[1]NXT!$D$14:$Z$1900,11,0)-H808","v":{"$error":"#N/A"}}]
[null,null,null,null,null,0,0,0,null,null,null,null,{"$f":"VLOOKUP($B809,[2]NXT!$D807:$N10806,9,0)-F809","v":{"$error":"#N/A"}},{"$f":"VLOOKUP($B809,[1]NXT!$D$14:$Z$1900,11,0)-H809","v":{"$error":"#N/A"}}]
[null,null,null,null,null,0,0,0,null,null,null,null,{"$f":"VLOOKUP($B810,[2]NXT!$D808:$N10807,9,0)-F810","v":{"$error":"#N/A"}},{"$f":"VLOOKUP($B810,[1]NXT!$D$14:$Z$1900,11,0)-H810","v":{"$error":"#N/A"}}]
[null,null,null,null,null,0,0,0,null,null,null,null,{"$f":"VLOOKUP($B811,[2]NXT!$D809:$N10808,9,0)-F811","v":{"$error":"#N/A"}},{"$f":"VLOOKUP($B811,[1]NXT!$D$14:$Z$1900,11,0)-H811","v":{"$error":"#N/A"}}]
[null,null,null,null,null,0,0,0,null,null,null,null,{"$f":"VLOOKUP($B812,[2]NXT!$D810:$N10809,9,0)-F812","v":{"$error":"#N/A"}},{"$f":"VLOOKUP($B812,[1]NXT!$D$14:$Z$1900,11,0)-H812","v":{"$error":"#N/A"}}]
[null,null,null,null,null,0,0,0,null,null,null,null,{"$f":"VLOOKUP($B813,[2]NXT!$D811:$N10810,9,0)-F813","v":{"$error":"#N/A"}},{"$f":"VLOOKUP($B813,[1]NXT!$D$14:$Z$1900,11,0)-H813","v":{"$error":"#N/A"}}]
[null,null,null,null,null,0,0,0,null,null,null,null,{"$f":"VLOOKUP($B814,[2]NXT!$D812:$N10811,9,0)-F814","v":{"$error":"#N/A"}},{"$f":"VLOOKUP($B814,[1]NXT!$D$14:$Z$1900,11,0)-H814","v":{"$error":"#N/A"}}]
[null,null,null,null,null,0,0,0,null,null,null,null,{"$f":"VLOOKUP($B815,[2]NXT!$D813:$N10812,9,0)-F815","v":{"$error":"#N/A"}},{"$f":"VLOOKUP($B815,[1]NXT!$D$14:$Z$1900,11,0)-H815","v":{"$error":"#N/A"}}]
[null,null,null,null,null,0,0,0,null,null,null,null,{"$f":"VLOOKUP($B816,[2]NXT!$D814:$N10813,9,0)-F816","v":{"$error":"#N/A"}},{"$f":"VLOOKUP($B816,[1]NXT!$D$14:$Z$1900,11,0)-H816","v":{"$error":"#N/A"}}]
[null,null,null,null,null,0,0,0,null,null,null,null,{"$f":"VLOOKUP($B817,[2]NXT!$D815:$N10814,9,0)-F817","v":{"$error":"#N/A"}},{"$f":"VLOOKUP($B817,[1]NXT!$D$14:$Z$1900,11,0)-H817","v":{"$error":"#N/A"}}]
[null,null,null,null,null,0,0,0,null,null,null,null,{"$f":"VLOOKUP($B818,[2]NXT!$D816:$N10815,9,0)-F818","v":{"$error":"#N/A"}},{"$f":"VLOOKUP($B818,[1]NXT!$D$14:$Z$1900,11,0)-H818","v":{"$error":"#N/A"}}]
[null,null,null,null,null,0,0,0,null,null,null,null,{"$f":"VLOOKUP($B819,[2]NXT!$D817:$N10816,9,0)-F819","v":{"$error":"#N/A"}},{"$f":"VLOOKUP($B819,[1]NXT!$D$14:$Z$1900,11,0)-H819","v":{"$error":"#N/A"}}]
[null,null,null,null,null,0,0,0,null,null,null,null,{"$f":"VLOOKUP($B820,[2]NXT!$D818:$N10817,9,0)-F820","v":{"$error":"#N/A"}},{"$f":"VLOOKUP($B820,[1]NXT!$D$14:$Z$1900,11,0)-H820","v":{"$error":"#N/A"}}]
[null,null,null,null,null,0,0,0,null,null,null,null,{"$f":"VLOOKUP($B821,[2]NXT!$D819:$N10818,9,0)-F821","v":{"$error":"#N/A"}},{"$f":"VLOOKUP($B821,[1]NXT!$D$14:$Z$1900,11,0)-H821","v":{"$error":"#N/A"}}]
[null,null,null,null,null,0,0,0,null,null,null,null,{"$f":"VLOOKUP($B822,[2]NXT!$D820:$N10819,9,0)-F822","v":{"$error":"#N/A"}},{"$f":"VLOOKUP($B822,[1]NXT!$D$14:$Z$1900,11,0)-H822","v":{"$error":"#N/A"}}]
[null,null,null,null,null,0,0,0,null,null,null,null,{"$f":"VLOOKUP($B823,[2]NXT!$D821:$N10820,9,0)-F823","v":{"$error":"#N/A"}},{"$f":"VLOOKUP($B823,[1]NXT!$D$14:$Z$1900,11,0)-H823","v":{"$error":"#N/A"}}]
[null,null,null,null,null,0,0,0,null,null,null,null,{"$f":"VLOOKUP($B824,[2]NXT!$D822:$N10821,9,0)-F824","v":{"$error":"#N/A"}},{"$f":"VLOOKUP($B824,[1]NXT!$D$14:$Z$1900,11,0)-H824","v":{"$error":"#N/A"}}]
[null,null,null,null,null,0,0,0,null,null,null,null,{"$f":"VLOOKUP($B825,[2]NXT!$D823:$N10822,9,0)-F825","v":{"$error":"#N/A"}},{"$f":"VLOOKUP($B825,[1]NXT!$D$14:$Z$1900,11,0)-H825","v":{"$error":"#N/A"}}]
[null,null,null,null,null,0,0,0,null,null,null,null,{"$f":"VLOOKUP($B826,[2]NXT!$D824:$N10823,9,0)-F826","v":{"$error":"#N/A"}},{"$f":"VLOOKUP($B826,[1]NXT!$D$14:$Z$1900,11,0)-H826","v":{"$error":"#N/A"}}]
[null,null,null,null,null,0,0,0,null,null,null,null,{"$f":"VLOOKUP($B827,[2]NXT!$D825:$N10824,9,0)-F827","v":{"$error":"#N/A"}},{"$f":"VLOOKUP($B827,[1]NXT!$D$14:$Z$1900,11,0)-H827","v":{"$error":"#N/A"}}]
[null,null,".",".",null,0,0,0,null,null,null,null,{"$f":"VLOOKUP($B828,[2]NXT!$D826:$N10825,9,0)-F828","v":{"$error":"#N/A"}},{"$f":"VLOOKUP($B828,[1]NXT!$D$14:$Z$1900,11,0)-H828","v":{"$error":"#N/A"}}]
[null,null,null,null,null,0,0,0,null,null,null,null,{"$f":"VLOOKUP($B829,[2]NXT!$D827:$N10826,9,0)-F829","v":{"$error":"#N/A"}},{"$f":"VLOOKUP($B829,[1]NXT!$D$14:$Z$1900,11,0)-H829","v":{"$error":"#N/A"}}]
[null,null,null,null,null,0,0,0,null,null,null,null,{"$f":"VLOOKUP($B830,[2]NXT!$D828:$N10827,9,0)-F830","v":{"$error":"#N/A"}},{"$f":"VLOOKUP($B830,[1]NXT!$D$14:$Z$1900,11,0)-H830","v":{"$error":"#N/A"}}]
[null,null,null,null,null,0,0,0,null,null,null,null,{"$f":"VLOOKUP($B831,[2]NXT!$D829:$N10828,9,0)-F831","v":{"$error":"#N/A"}},{"$f":"VLOOKUP($B831,[1]NXT!$D$14:$Z$1900,11,0)-H831","v":{"$error":"#N/A"}}]
[null,null,null,null,null,0,0,0,null,null,null,null,{"$f":"VLOOKUP($B832,[2]NXT!$D830:$N10829,9,0)-F832","v":{"$error":"#N/A"}},{"$f":"VLOOKUP($B832,[1]NXT!$D$14:$Z$1900,11,0)-H832","v":{"$error":"#N/A"}}]
[null,null,null,null,null,0,0,0,null,null,null,null,{"$f":"VLOOKUP($B833,[2]NXT!$D831:$N10830,9,0)-F833","v":{"$error":"#N/A"}},{"$f":"VLOOKUP($B833,[1]NXT!$D$14:$Z$1900,11,0)-H833","v":{"$error":"#N/A"}}]
[null,null,null,null,null,0,0,0,null,null,null,null,{"$f":"VLOOKUP($B834,[2]NXT!$D832:$N10831,9,0)-F834","v":{"$error":"#N/A"}},{"$f":"VLOOKUP($B834,[1]NXT!$D$14:$Z$1900,11,0)-H834","v":{"$error":"#N/A"}}]
[null,null,null,null,null,0,0,0,null,null,null,null,{"$f":"VLOOKUP($B835,[2]NXT!$D833:$N10832,9,0)-F835","v":{"$error":"#N/A"}},{"$f":"VLOOKUP($B835,[1]NXT!$D$14:$Z$1900,11,0)-H835","v":{"$error":"#N/A"}}]
[null,null,null,null,null,0,0,0,null,null,null,null,{"$f":"VLOOKUP($B836,[2]NXT!$D834:$N10833,9,0)-F836","v":{"$error":"#N/A"}},{"$f":"VLOOKUP($B836,[1]NXT!$D$14:$Z$1900,11,0)-H836","v":{"$error":"#N/A"}}]
[null,null,null,null,null,0,0,0,null,null,null,null,{"$f":"VLOOKUP($B837,[2]NXT!$D835:$N10834,9,0)-F837","v":{"$error":"#N/A"}},{"$f":"VLOOKUP($B837,[1]NXT!$D$14:$Z$1900,11,0)-H837","v":{"$error":"#N/A"}}]
[null,null,null,null,null,0,0,0,null,null,null,null,{"$f":"VLOOKUP($B838,[2]NXT!$D836:$N10835,9,0)-F838","v":{"$error":"#N/A"}},{"$f":"VLOOKUP($B838,[1]NXT!$D$14:$Z$1900,11,0)-H838","v":{"$error":"#N/A"}}]
[null,null,null,null,null,0,0,0,null,null,null,null,{"$f":"VLOOKUP($B839,[2]NXT!$D837:$N10836,9,0)-F839","v":{"$error":"#N/A"}},{"$f":"VLOOKUP($B839,[1]NXT!$D$14:$Z$1900,11,0)-H839","v":{"$error":"#N/A"}}]
[null,null,null,null,null,0,0,0,null,null,null,null,{"$f":"VLOOKUP($B840,[2]NXT!$D838:$N10837,9,0)-F840","v":{"$error":"#N/A"}},{"$f":"VLOOKUP($B840,[1]NXT!$D$14:$Z$1900,11,0)-H840","v":{"$error":"#N/A"}}]
[null,null,null,null,null,0,0,0,null,null,null,null,{"$f":"VLOOKUP($B841,[2]NXT!$D839:$N10838,9,0)-F841","v":{"$error":"#N/A"}},{"$f":"VLOOKUP($B841,[1]NXT!$D$14:$Z$1900,11,0)-H841","v":{"$error":"#N/A"}}]
[null,null,null,null,null,0,0,0,null,null,null,null,{"$f":"VLOOKUP($B842,[2]NXT!$D840:$N10839,9,0)-F842","v":{"$error":"#N/A"}},{"$f":"VLOOKUP($B842,[1]NXT!$D$14:$Z$1900,11,0)-H842","v":{"$error":"#N/A"}}]
[null,null,null,null,null,0,0,0,null,null,null,null,{"$f":"VLOOKUP($B843,[2]NXT!$D841:$N10840,9,0)-F843","v":{"$error":"#N/A"}},{"$f":"VLOOKUP($B843,[1]NXT!$D$14:$Z$1900,11,0)-H843","v":{"$error":"#N/A"}}]
[null,null,null,null,null,0,0,0,null,null,null,null,{"$f":"VLOOKUP($B844,[2]NXT!$D842:$N10841,9,0)-F844","v":{"$error":"#N/A"}},{"$f":"VLOOKUP($B844,[1]NXT!$D$14:$Z$1900,11,0)-H844","v":{"$error":"#N/A"}}]
[null,null,null,null,null,0,0,0,null,null,null,null,{"$f":"VLOOKUP($B845,[2]NXT!$D843:$N10842,9,0)-F845","v":{"$error":"#N/A"}},{"$f":"VLOOKUP($B845,[1]NXT!$D$14:$Z$1900,11,0)-H845","v":{"$error":"#N/A"}}]
[null,null,null,null,null,0,0,0,null,null,null,null,{"$f":"VLOOKUP($B846,[2]NXT!$D844:$N10843,9,0)-F846","v":{"$error":"#N/A"}},{"$f":"VLOOKUP($B846,[1]NXT!$D$14:$Z$1900,11,0)-H846","v":{"$error":"#N/A"}}]
[null,null,null,null,null,0,0,0,null,null,null,null,{"$f":"VLOOKUP($B847,[2]NXT!$D845:$N10844,9,0)-F847","v":{"$error":"#N/A"}},{"$f":"VLOOKUP($B847,[1]NXT!$D$14:$Z$1900,11,0)-H847","v":{"$error":"#N/A"}}]
[null,null,null,null,null,0,0,0,null,null,null,null,{"$f":"VLOOKUP($B848,[2]NXT!$D846:$N10845,9,0)-F848","v":{"$error":"#N/A"}},{"$f":"VLOOKUP($B848,[1]NXT!$D$14:$Z$1900,11,0)-H848","v":{"$error":"#N/A"}}]
[null,null,null,null,null,0,0,0,null,null,null,null,{"$f":"VLOOKUP($B849,[2]NXT!$D847:$N10846,9,0)-F849","v":{"$error":"#N/A"}},{"$f":"VLOOKUP($B849,[1]NXT!$D$14:$Z$1900,11,0)-H849","v":{"$error":"#N/A"}}]
[null,null,null,null,null,0,0,0,null,null,null,null,{"$f":"VLOOKUP($B850,[2]NXT!$D848:$N10847,9,0)-F850","v":{"$error":"#N/A"}},{"$f":"VLOOKUP($B850,[1]NXT!$D$14:$Z$1900,11,0)-H850","v":{"$error":"#N/A"}}]
[null,null,null,null,null,0,0,0,null,null,null,null,{"$f":"VLOOKUP($B851,[2]NXT!$D849:$N10848,9,0)-F851","v":{"$error":"#N/A"}},{"$f":"VLOOKUP($B851,[1]NXT!$D$14:$Z$1900,11,0)-H851","v":{"$error":"#N/A"}}]
[null,null,null,null,null,0,0,0,null,null,null,null,{"$f":"VLOOKUP($B852,[2]NXT!$D850:$N10849,9,0)-F852","v":{"$error":"#N/A"}},{"$f":"VLOOKUP($B852,[1]NXT!$D$14:$Z$1900,11,0)-H852","v":{"$error":"#N/A"}}]
[null,null,null,null,null,0,0,0,null,null,null,null,{"$f":"VLOOKUP($B853,[2]NXT!$D851:$N10850,9,0)-F853","v":{"$error":"#N/A"}},{"$f":"VLOOKUP($B853,[1]NXT!$D$14:$Z$1900,11,0)-H853","v":{"$error":"#N/A"}}]
[null,null,null,null,null,0,0,0,null,null,null,null,{"$f":"VLOOKUP($B854,[2]NXT!$D852:$N10851,9,0)-F854","v":{"$error":"#N/A"}},{"$f":"VLOOKUP($B854,[1]NXT!$D$14:$Z$1900,11,0)-H854","v":{"$error":"#N/A"}}]
[null,null,null,null,null,0,0,0,null,null,null,null,{"$f":"VLOOKUP($B855,[2]NXT!$D853:$N10852,9,0)-F855","v":{"$error":"#N/A"}},{"$f":"VLOOKUP($B855,[1]NXT!$D$14:$Z$1900,11,0)-H855","v":{"$error":"#N/A"}}]
[null,null,null,null,null,0,0,0,null,null,null,null,{"$f":"VLOOKUP($B856,[2]NXT!$D854:$N10853,9,0)-F856","v":{"$error":"#N/A"}},{"$f":"VLOOKUP($B856,[1]NXT!$D$14:$Z$1900,11,0)-H856","v":{"$error":"#N/A"}}]
[null,null,null,null,null,0,0,0,null,null,null,null,{"$f":"VLOOKUP($B857,[2]NXT!$D855:$N10854,9,0)-F857","v":{"$error":"#N/A"}},{"$f":"VLOOKUP($B857,[1]NXT!$D$14:$Z$1900,11,0)-H857","v":{"$error":"#N/A"}}]
[null,null,null,null,null,0,0,0,null,null,null,null,{"$f":"VLOOKUP($B858,[2]NXT!$D856:$N10855,9,0)-F858","v":{"$error":"#N/A"}},{"$f":"VLOOKUP($B858,[1]NXT!$D$14:$Z$1900,11,0)-H858","v":{"$error":"#N/A"}}]
[null,null,null,null,null,0,0,0,null,null,null,null,{"$f":"VLOOKUP($B859,[2]NXT!$D857:$N10856,9,0)-F859","v":{"$error":"#N/A"}},{"$f":"VLOOKUP($B859,[1]NXT!$D$14:$Z$1900,11,0)-H859","v":{"$error":"#N/A"}}]
[null,null,null,null,null,0,0,0,null,null,null,null,{"$f":"VLOOKUP($B860,[2]NXT!$D858:$N10857,9,0)-F860","v":{"$error":"#N/A"}},{"$f":"VLOOKUP($B860,[1]NXT!$D$14:$Z$1900,11,0)-H860","v":{"$error":"#N/A"}}]
[null,null,null,null,null,0,0,0,null,null,null,null,{"$f":"VLOOKUP($B861,[2]NXT!$D859:$N10858,9,0)-F861","v":{"$error":"#N/A"}},{"$f":"VLOOKUP($B861,[1]NXT!$D$14:$Z$1900,11,0)-H861","v":{"$error":"#N/A"}}]
[null,null,null,null,null,0,0,0,null,null,null,null,{"$f":"VLOOKUP($B862,[2]NXT!$D860:$N10859,9,0)-F862","v":{"$error":"#N/A"}},{"$f":"VLOOKUP($B862,[1]NXT!$D$14:$Z$1900,11,0)-H862","v":{"$error":"#N/A"}}]
[null,null,null,null,null,0,0,0,null,null,null,null,{"$f":"VLOOKUP($B863,[2]NXT!$D861:$N10860,9,0)-F863","v":{"$error":"#N/A"}},{"$f":"VLOOKUP($B863,[1]NXT!$D$14:$Z$1900,11,0)-H863","v":{"$error":"#N/A"}}]
[null,null,null,null,null,0,0,0,null,null,null,null,{"$f":"VLOOKUP($B864,[2]NXT!$D862:$N10861,9,0)-F864","v":{"$error":"#N/A"}},{"$f":"VLOOKUP($B864,[1]NXT!$D$14:$Z$1900,11,0)-H864","v":{"$error":"#N/A"}}]
[null,null,null,null,null,0,0,0,null,null,null,null,{"$f":"VLOOKUP($B865,[2]NXT!$D863:$N10862,9,0)-F865","v":{"$error":"#N/A"}},{"$f":"VLOOKUP($B865,[1]NXT!$D$14:$Z$1900,11,0)-H865","v":{"$error":"#N/A"}}]
[null,null,null,null,null,0,0,0,null,null,null,null,{"$f":"VLOOKUP($B866,[2]NXT!$D864:$N10863,9,0)-F866","v":{"$error":"#N/A"}},{"$f":"VLOOKUP($B866,[1]NXT!$D$14:$Z$1900,11,0)-H866","v":{"$error":"#N/A"}}]
[null,null,null,null,null,0,0,0,null,null,null,null,{"$f":"VLOOKUP($B867,[2]NXT!$D865:$N10864,9,0)-F867","v":{"$error":"#N/A"}},{"$f":"VLOOKUP($B867,[1]NXT!$D$14:$Z$1900,11,0)-H867","v":{"$error":"#N/A"}}]
[null,null,null,null,null,0,0,0,null,null,null,null,{"$f":"VLOOKUP($B868,[2]NXT!$D866:$N10865,9,0)-F868","v":{"$error":"#N/A"}},{"$f":"VLOOKUP($B868,[1]NXT!$D$14:$Z$1900,11,0)-H868","v":{"$error":"#N/A"}}]
[null,null,null,null,null,0,0,0,null,null,null,null,{"$f":"VLOOKUP($B869,[2]NXT!$D867:$N10866,9,0)-F869","v":{"$error":"#N/A"}},{"$f":"VLOOKUP($B869,[1]NXT!$D$14:$Z$1900,11,0)-H869","v":{"$error":"#N/A"}}]
[null,null,null,null,null,0,0,0,null,null,null,null,{"$f":"VLOOKUP($B870,[2]NXT!$D868:$N10867,9,0)-F870","v":{"$error":"#N/A"}},{"$f":"VLOOKUP($B870,[1]NXT!$D$14:$Z$1900,11,0)-H870","v":{"$error":"#N/A"}}]
[null,null,null,null,null,0,0,0,null,null,null,null,{"$f":"VLOOKUP($B871,[2]NXT!$D869:$N10868,9,0)-F871","v":{"$error":"#N/A"}},{"$f":"VLOOKUP($B871,[1]NXT!$D$14:$Z$1900,11,0)-H871","v":{"$error":"#N/A"}}]
[null,null,null,null,null,0,0,0,null,null,null,null,{"$f":"VLOOKUP($B872,[2]NXT!$D870:$N10869,9,0)-F872","v":{"$error":"#N/A"}},{"$f":"VLOOKUP($B872,[1]NXT!$D$14:$Z$1900,11,0)-H872","v":{"$error":"#N/A"}}]
[null,null,null,null,null,0,0,0,null,null,null,null,{"$f":"VLOOKUP($B873,[2]NXT!$D871:$N10870,9,0)-F873","v":{"$error":"#N/A"}},{"$f":"VLOOKUP($B873,[1]NXT!$D$14:$Z$1900,11,0)-H873","v":{"$error":"#N/A"}}]
[null,null,null,null,null,0,0,0,null,null,null,null,{"$f":"VLOOKUP($B874,[2]NXT!$D872:$N10871,9,0)-F874","v":{"$error":"#N/A"}},{"$f":"VLOOKUP($B874,[1]NXT!$D$14:$Z$1900,11,0)-H874","v":{"$error":"#N/A"}}]
[null,null,null,null,null,0,0,0,null,null,null,null,{"$f":"VLOOKUP($B875,[2]NXT!$D873:$N10872,9,0)-F875","v":{"$error":"#N/A"}},{"$f":"VLOOKUP($B875,[1]NXT!$D$14:$Z$1900,11,0)-H875","v":{"$error":"#N/A"}}]
[null,null,null,null,null,0,0,0,null,null,null,null,{"$f":"VLOOKUP($B876,[2]NXT!$D874:$N10873,9,0)-F876","v":{"$error":"#N/A"}},{"$f":"VLOOKUP($B876,[1]NXT!$D$14:$Z$1900,11,0)-H876","v":{"$error":"#N/A"}}]
[null,null,null,null,null,0,0,0,null,null,null,null,{"$f":"VLOOKUP($B877,[2]NXT!$D875:$N10874,9,0)-F877","v":{"$error":"#N/A"}},{"$f":"VLOOKUP($B877,[1]NXT!$D$14:$Z$1900,11,0)-H877","v":{"$error":"#N/A"}}]
[null,null,null,null,null,0,0,0,null,null,null,null,{"$f":"VLOOKUP($B878,[2]NXT!$D876:$N10875,9,0)-F878","v":{"$error":"#N/A"}},{"$f":"VLOOKUP($B878,[1]NXT!$D$14:$Z$1900,11,0)-H878","v":{"$error":"#N/A"}}]
[null,null,null,null,null,0,0,0,null,null,null,null,{"$f":"VLOOKUP($B879,[2]NXT!$D877:$N10876,9,0)-F879","v":{"$error":"#N/A"}},{"$f":"VLOOKUP($B879,[1]NXT!$D$14:$Z$1900,11,0)-H879","v":{"$error":"#N/A"}}]
[null,null,null,null,null,0,0,0,null,null,null,null,{"$f":"VLOOKUP($B880,[2]NXT!$D878:$N10877,9,0)-F880","v":{"$error":"#N/A"}},{"$f":"VLOOKUP($B880,[1]NXT!$D$14:$Z$1900,11,0)-H880","v":{"$error":"#N/A"}}]
[null,null,null,null,null,0,0,0,null,null,null,null,{"$f":"VLOOKUP($B881,[2]NXT!$D879:$N10878,9,0)-F881","v":{"$error":"#N/A"}},{"$f":"VLOOKUP($B881,[1]NXT!$D$14:$Z$1900,11,0)-H881","v":{"$error":"#N/A"}}]
[null,null,null,null,null,0,0,0,null,null,null,null,{"$f":"VLOOKUP($B882,[2]NXT!$D880:$N10879,9,0)-F882","v":{"$error":"#N/A"}},{"$f":"VLOOKUP($B882,[1]NXT!$D$14:$Z$1900,11,0)-H882","v":{"$error":"#N/A"}}]
[null,null,null,null,null,0,0,0,null,null,null,null,{"$f":"VLOOKUP($B883,[2]NXT!$D881:$N10880,9,0)-F883","v":{"$error":"#N/A"}},{"$f":"VLOOKUP($B883,[1]NXT!$D$14:$Z$1900,11,0)-H883","v":{"$error":"#N/A"}}]
[null,null,null,null,null,0,0,0,null,null,null,null,{"$f":"VLOOKUP($B884,[2]NXT!$D882:$N10881,9,0)-F884","v":{"$error":"#N/A"}},{"$f":"VLOOKUP($B884,[1]NXT!$D$14:$Z$1900,11,0)-H884","v":{"$error":"#N/A"}}]
[null,null,null,null,null,0,0,0,null,null,null,null,{"$f":"VLOOKUP($B885,[2]NXT!$D883:$N10882,9,0)-F885","v":{"$error":"#N/A"}},{"$f":"VLOOKUP($B885,[1]NXT!$D$14:$Z$1900,11,0)-H885","v":{"$error":"#N/A"}}]
[null,null,null,null,null,0,0,0,null,null,null,null,{"$f":"VLOOKUP($B886,[2]NXT!$D884:$N10883,9,0)-F886","v":{"$error":"#N/A"}},{"$f":"VLOOKUP($B886,[1]NXT!$D$14:$Z$1900,11,0)-H886","v":{"$error":"#N/A"}}]
[null,null,null,null,null,0,0,0,null,null,null,null,{"$f":"VLOOKUP($B887,[2]NXT!$D885:$N10884,9,0)-F887","v":{"$error":"#N/A"}},{"$f":"VLOOKUP($B887,[1]NXT!$D$14:$Z$1900,11,0)-H887","v":{"$error":"#N/A"}}]
[null,null,null,null,null,0,0,0,null,null,null,null,{"$f":"VLOOKUP($B888,[2]NXT!$D886:$N10885,9,0)-F888","v":{"$error":"#N/A"}},{"$f":"VLOOKUP($B888,[1]NXT!$D$14:$Z$1900,11,0)-H888","v":{"$error":"#N/A"}}]
[null,null,null,null,null,0,0,0,null,null,null,null,{"$f":"VLOOKUP($B889,[2]NXT!$D887:$N10886,9,0)-F889","v":{"$error":"#N/A"}},{"$f":"VLOOKUP($B889,[1]NXT!$D$14:$Z$1900,11,0)-H889","v":{"$error":"#N/A"}}]
[null,null,null,null,null,0,0,0,null,null,null,null,{"$f":"VLOOKUP($B890,[2]NXT!$D888:$N10887,9,0)-F890","v":{"$error":"#N/A"}},{"$f":"VLOOKUP($B890,[1]NXT!$D$14:$Z$1900,11,0)-H890","v":{"$error":"#N/A"}}]
[null,null,null,null,null,0,0,0,null,null,null,null,{"$f":"VLOOKUP($B891,[2]NXT!$D889:$N10888,9,0)-F891","v":{"$error":"#N/A"}},{"$f":"VLOOKUP($B891,[1]NXT!$D$14:$Z$1900,11,0)-H891","v":{"$error":"#N/A"}}]
[null,null,null,null,null,0,0,0,null,null,null,null,{"$f":"VLOOKUP($B892,[2]NXT!$D890:$N10889,9,0)-F892","v":{"$error":"#N/A"}},{"$f":"VLOOKUP($B892,[1]NXT!$D$14:$Z$1900,11,0)-H892","v":{"$error":"#N/A"}}]
[null,null,null,null,null,0,0,0,null,null,null,null,{"$f":"VLOOKUP($B893,[2]NXT!$D891:$N10890,9,0)-F893","v":{"$error":"#N/A"}},{"$f":"VLOOKUP($B893,[1]NXT!$D$14:$Z$1900,11,0)-H893","v":{"$error":"#N/A"}}]
[null,null,null,null,null,0,0,0,null,null,null,null,{"$f":"VLOOKUP($B894,[2]NXT!$D892:$N10891,9,0)-F894","v":{"$error":"#N/A"}},{"$f":"VLOOKUP($B894,[1]NXT!$D$14:$Z$1900,11,0)-H894","v":{"$error":"#N/A"}}]
[null,null,null,null,null,0,0,0,null,null,null,null,{"$f":"VLOOKUP($B895,[2]NXT!$D893:$N10892,9,0)-F895","v":{"$error":"#N/A"}},{"$f":"VLOOKUP($B895,[1]NXT!$D$14:$Z$1900,11,0)-H895","v":{"$error":"#N/A"}}]
[null,null,null,null,null,0,0,0,null,null,null,null,{"$f":"VLOOKUP($B896,[2]NXT!$D894:$N10893,9,0)-F896","v":{"$error":"#N/A"}},{"$f":"VLOOKUP($B896,[1]NXT!$D$14:$Z$1900,11,0)-H896","v":{"$error":"#N/A"}}]
[null,null,null,null,null,0,0,0,null,null,null,null,{"$f":"VLOOKUP($B897,[2]NXT!$D895:$N10894,9,0)-F897","v":{"$error":"#N/A"}},{"$f":"VLOOKUP($B897,[1]NXT!$D$14:$Z$1900,11,0)-H897","v":{"$error":"#N/A"}}]
[null,null,null,null,null,0,0,0,null,null,null,null,{"$f":"VLOOKUP($B898,[2]NXT!$D896:$N10895,9,0)-F898","v":{"$error":"#N/A"}},{"$f":"VLOOKUP($B898,[1]NXT!$D$14:$Z$1900,11,0)-H898","v":{"$error":"#N/A"}}]
[null,null,null,null,null,0,0,0,null,null,null,null,{"$f":"VLOOKUP($B899,[2]NXT!$D897:$N10896,9,0)-F899","v":{"$error":"#N/A"}},{"$f":"VLOOKUP($B899,[1]NXT!$D$14:$Z$1900,11,0)-H899","v":{"$error":"#N/A"}}]
[null,null,null,null,null,0,0,0,null,null,null,null,{"$f":"VLOOKUP($B900,[2]NXT!$D898:$N10897,9,0)-F900","v":{"$error":"#N/A"}},{"$f":"VLOOKUP($B900,[1]NXT!$D$14:$Z$1900,11,0)-H900","v":{"$error":"#N/A"}}]
[null,null,null,null,null,0,0,0,null,null,null,null,{"$f":"VLOOKUP($B901,[2]NXT!$D899:$N10898,9,0)-F901","v":{"$error":"#N/A"}},{"$f":"VLOOKUP($B901,[1]NXT!$D$14:$Z$1900,11,0)-H901","v":{"$error":"#N/A"}}]
[null,null,null,null,null,0,0,0,null,null,null,null,{"$f":"VLOOKUP($B902,[2]NXT!$D900:$N10899,9,0)-F902","v":{"$error":"#N/A"}},{"$f":"VLOOKUP($B902,[1]NXT!$D$14:$Z$1900,11,0)-H902","v":{"$error":"#N/A"}}]
[null,null,null,null,null,0,0,0,null,null,null,null,{"$f":"VLOOKUP($B903,[2]NXT!$D901:$N10900,9,0)-F903","v":{"$error":"#N/A"}},{"$f":"VLOOKUP($B903,[1]NXT!$D$14:$Z$1900,11,0)-H903","v":{"$error":"#N/A"}}]
[null,null,null,null,null,0,0,0,null,null,null,null,{"$f":"VLOOKUP($B904,[2]NXT!$D902:$N10901,9,0)-F904","v":{"$error":"#N/A"}},{"$f":"VLOOKUP($B904,[1]NXT!$D$14:$Z$1900,11,0)-H904","v":{"$error":"#N/A"}}]
[null,null,null,null,null,0,0,0,null,null,null,null,{"$f":"VLOOKUP($B905,[2]NXT!$D903:$N10902,9,0)-F905","v":{"$error":"#N/A"}},{"$f":"VLOOKUP($B905,[1]NXT!$D$14:$Z$1900,11,0)-H905","v":{"$error":"#N/A"}}]
[null,null,null,null,null,0,0,0,null,null,null,null,{"$f":"VLOOKUP($B906,[2]NXT!$D904:$N10903,9,0)-F906","v":{"$error":"#N/A"}},{"$f":"VLOOKUP($B906,[1]NXT!$D$14:$Z$1900,11,0)-H906","v":{"$error":"#N/A"}}]
[null,null,null,null,null,0,0,0,null,null,null,null,{"$f":"VLOOKUP($B907,[2]NXT!$D905:$N10904,9,0)-F907","v":{"$error":"#N/A"}},{"$f":"VLOOKUP($B907,[1]NXT!$D$14:$Z$1900,11,0)-H907","v":{"$error":"#N/A"}}]
[null,null,null,null,null,0,0,0,null,null,null,null,{"$f":"VLOOKUP($B908,[2]NXT!$D906:$N10905,9,0)-F908","v":{"$error":"#N/A"}},{"$f":"VLOOKUP($B908,[1]NXT!$D$14:$Z$1900,11,0)-H908","v":{"$error":"#N/A"}}]
[null,null,null,null,null,0,0,0,null,null,null,null,{"$f":"VLOOKUP($B909,[2]NXT!$D907:$N10906,9,0)-F909","v":{"$error":"#N/A"}},{"$f":"VLOOKUP($B909,[1]NXT!$D$14:$Z$1900,11,0)-H909","v":{"$error":"#N/A"}}]
[null,null,null,null,null,0,0,0,null,null,null,null,{"$f":"VLOOKUP($B910,[2]NXT!$D908:$N10907,9,0)-F910","v":{"$error":"#N/A"}},{"$f":"VLOOKUP($B910,[1]NXT!$D$14:$Z$1900,11,0)-H910","v":{"$error":"#N/A"}}]
[null,null,null,null,null,0,0,0,null,null,null,null,{"$f":"VLOOKUP($B911,[2]NXT!$D909:$N10908,9,0)-F911","v":{"$error":"#N/A"}},{"$f":"VLOOKUP($B911,[1]NXT!$D$14:$Z$1900,11,0)-H911","v":{"$error":"#N/A"}}]
[null,null,null,null,null,0,0,0,null,null,null,null,{"$f":"VLOOKUP($B912,[2]NXT!$D910:$N10909,9,0)-F912","v":{"$error":"#N/A"}},{"$f":"VLOOKUP($B912,[1]NXT!$D$14:$Z$1900,11,0)-H912","v":{"$error":"#N/A"}}]
[null,null,null,null,null,0,0,0,null,null,null,null,{"$f":"VLOOKUP($B913,[2]NXT!$D911:$N10910,9,0)-F913","v":{"$error":"#N/A"}},{"$f":"VLOOKUP($B913,[1]NXT!$D$14:$Z$1900,11,0)-H913","v":{"$error":"#N/A"}}]
[null,null,null,null,null,0,0,0,null,null,null,null,{"$f":"VLOOKUP($B914,[2]NXT!$D912:$N10911,9,0)-F914","v":{"$error":"#N/A"}},{"$f":"VLOOKUP($B914,[1]NXT!$D$14:$Z$1900,11,0)-H914","v":{"$error":"#N/A"}}]
[null,null,null,null,null,0,0,0,null,null,null,null,{"$f":"VLOOKUP($B915,[2]NXT!$D913:$N10912,9,0)-F915","v":{"$error":"#N/A"}},{"$f":"VLOOKUP($B915,[1]NXT!$D$14:$Z$1900,11,0)-H915","v":{"$error":"#N/A"}}]
[null,null,null,null,null,0,0,0,null,null,null,null,{"$f":"VLOOKUP($B916,[2]NXT!$D914:$N10913,9,0)-F916","v":{"$error":"#N/A"}},{"$f":"VLOOKUP($B916,[1]NXT!$D$14:$Z$1900,11,0)-H916","v":{"$error":"#N/A"}}]
[null,null,null,null,null,0,0,0,null,null,null,null,{"$f":"VLOOKUP($B917,[2]NXT!$D915:$N10914,9,0)-F917","v":{"$error":"#N/A"}},{"$f":"VLOOKUP($B917,[1]NXT!$D$14:$Z$1900,11,0)-H917","v":{"$error":"#N/A"}}]
[null,null,null,null,null,0,0,0,null,null,null,null,{"$f":"VLOOKUP($B918,[2]NXT!$D916:$N10915,9,0)-F918","v":{"$error":"#N/A"}},{"$f":"VLOOKUP($B918,[1]NXT!$D$14:$Z$1900,11,0)-H918","v":{"$error":"#N/A"}}]
[null,null,null,null,null,0,0,0,null,null,null,null,{"$f":"VLOOKUP($B919,[2]NXT!$D917:$N10916,9,0)-F919","v":{"$error":"#N/A"}},{"$f":"VLOOKUP($B919,[1]NXT!$D$14:$Z$1900,11,0)-H919","v":{"$error":"#N/A"}}]
[null,null,null,null,null,0,0,0,null,null,null,null,{"$f":"VLOOKUP($B920,[2]NXT!$D918:$N10917,9,0)-F920","v":{"$error":"#N/A"}},{"$f":"VLOOKUP($B920,[1]NXT!$D$14:$Z$1900,11,0)-H920","v":{"$error":"#N/A"}}]
[null,null,null,null,null,0,0,0,null,null,null,null,{"$f":"VLOOKUP($B921,[2]NXT!$D919:$N10918,9,0)-F921","v":{"$error":"#N/A"}},{"$f":"VLOOKUP($B921,[1]NXT!$D$14:$Z$1900,11,0)-H921","v":{"$error":"#N/A"}}]
[null,null,null,null,null,0,0,0,null,null,null,null,{"$f":"VLOOKUP($B922,[2]NXT!$D920:$N10919,9,0)-F922","v":{"$error":"#N/A"}},{"$f":"VLOOKUP($B922,[1]NXT!$D$14:$Z$1900,11,0)-H922","v":{"$error":"#N/A"}}]
[null,null,null,null,null,0,0,0,null,null,null,null,{"$f":"VLOOKUP($B923,[2]NXT!$D921:$N10920,9,0)-F923","v":{"$error":"#N/A"}},{"$f":"VLOOKUP($B923,[1]NXT!$D$14:$Z$1900,11,0)-H923","v":{"$error":"#N/A"}}]
[null,null,null,null,null,0,0,0,null,null,null,null,{"$f":"VLOOKUP($B924,[2]NXT!$D922:$N10921,9,0)-F924","v":{"$error":"#N/A"}},{"$f":"VLOOKUP($B924,[1]NXT!$D$14:$Z$1900,11,0)-H924","v":{"$error":"#N/A"}}]
[null,null,null,null,null,0,0,0,null,null,null,null,{"$f":"VLOOKUP($B925,[2]NXT!$D923:$N10922,9,0)-F925","v":{"$error":"#N/A"}},{"$f":"VLOOKUP($B925,[1]NXT!$D$14:$Z$1900,11,0)-H925","v":{"$error":"#N/A"}}]
[null,null,null,null,null,0,0,0,null,null,null,null,{"$f":"VLOOKUP($B926,[2]NXT!$D924:$N10923,9,0)-F926","v":{"$error":"#N/A"}},{"$f":"VLOOKUP($B926,[1]NXT!$D$14:$Z$1900,11,0)-H926","v":{"$error":"#N/A"}}]
[null,null,null,null,null,0,0,0,null,null,null,null,{"$f":"VLOOKUP($B927,[2]NXT!$D925:$N10924,9,0)-F927","v":{"$error":"#N/A"}},{"$f":"VLOOKUP($B927,[1]NXT!$D$14:$Z$1900,11,0)-H927","v":{"$error":"#N/A"}}]
[null,null,null,null,null,0,0,0,null,null,null,null,{"$f":"VLOOKUP($B928,[2]NXT!$D926:$N10925,9,0)-F928","v":{"$error":"#N/A"}},{"$f":"VLOOKUP($B928,[1]NXT!$D$14:$Z$1900,11,0)-H928","v":{"$error":"#N/A"}}]
[null,null,null,null,null,0,0,0,null,null,null,null,{"$f":"VLOOKUP($B929,[2]NXT!$D927:$N10926,9,0)-F929","v":{"$error":"#N/A"}},{"$f":"VLOOKUP($B929,[1]NXT!$D$14:$Z$1900,11,0)-H929","v":{"$error":"#N/A"}}]
[null,null,null,null,null,0,0,0,null,null,null,null,{"$f":"VLOOKUP($B930,[2]NXT!$D928:$N10927,9,0)-F930","v":{"$error":"#N/A"}},{"$f":"VLOOKUP($B930,[1]NXT!$D$14:$Z$1900,11,0)-H930","v":{"$error":"#N/A"}}]
[null,null,null,null,null,0,0,0,null,null,null,null,{"$f":"VLOOKUP($B931,[2]NXT!$D929:$N10928,9,0)-F931","v":{"$error":"#N/A"}},{"$f":"VLOOKUP($B931,[1]NXT!$D$14:$Z$1900,11,0)-H931","v":{"$error":"#N/A"}}]
[null,null,null,null,null,0,0,0,null,null,null,null,{"$f":"VLOOKUP($B932,[2]NXT!$D930:$N10929,9,0)-F932","v":{"$error":"#N/A"}},{"$f":"VLOOKUP($B932,[1]NXT!$D$14:$Z$1900,11,0)-H932","v":{"$error":"#N/A"}}]
[null,null,null,null,null,0,0,0,null,null,null,null,{"$f":"VLOOKUP($B933,[2]NXT!$D931:$N10930,9,0)-F933","v":{"$error":"#N/A"}},{"$f":"VLOOKUP($B933,[1]NXT!$D$14:$Z$1900,11,0)-H933","v":{"$error":"#N/A"}}]
[null,null,null,null,null,0,0,0,null,null,null,null,{"$f":"VLOOKUP($B934,[2]NXT!$D932:$N10931,9,0)-F934","v":{"$error":"#N/A"}},{"$f":"VLOOKUP($B934,[1]NXT!$D$14:$Z$1900,11,0)-H934","v":{"$error":"#N/A"}}]
[null,null,null,null,null,0,0,0,null,null,null,null,{"$f":"VLOOKUP($B935,[2]NXT!$D933:$N10932,9,0)-F935","v":{"$error":"#N/A"}},{"$f":"VLOOKUP($B935,[1]NXT!$D$14:$Z$1900,11,0)-H935","v":{"$error":"#N/A"}}]
[null,null,null,null,null,0,0,0,null,null,null,null,{"$f":"VLOOKUP($B936,[2]NXT!$D934:$N10933,9,0)-F936","v":{"$error":"#N/A"}},{"$f":"VLOOKUP($B936,[1]NXT!$D$14:$Z$1900,11,0)-H936","v":{"$error":"#N/A"}}]
[null,null,null,null,null,0,0,0,null,null,null,null,{"$f":"VLOOKUP($B937,[2]NXT!$D935:$N10934,9,0)-F937","v":{"$error":"#N/A"}},{"$f":"VLOOKUP($B937,[1]NXT!$D$14:$Z$1900,11,0)-H937","v":{"$error":"#N/A"}}]
[null,null,null,null,null,0,0,0,null,null,null,null,{"$f":"VLOOKUP($B938,[2]NXT!$D936:$N10935,9,0)-F938","v":{"$error":"#N/A"}},{"$f":"VLOOKUP($B938,[1]NXT!$D$14:$Z$1900,11,0)-H938","v":{"$error":"#N/A"}}]
[null,null,null,null,null,0,0,0,null,null,null,null,{"$f":"VLOOKUP($B939,[2]NXT!$D937:$N10936,9,0)-F939","v":{"$error":"#N/A"}},{"$f":"VLOOKUP($B939,[1]NXT!$D$14:$Z$1900,11,0)-H939","v":{"$error":"#N/A"}}]
[null,null,null,null,null,0,0,0,null,null,null,null,{"$f":"VLOOKUP($B940,[2]NXT!$D938:$N10937,9,0)-F940","v":{"$error":"#N/A"}},{"$f":"VLOOKUP($B940,[1]NXT!$D$14:$Z$1900,11,0)-H940","v":{"$error":"#N/A"}}]
[null,null,null,null,null,0,0,0,null,null,null,null,{"$f":"VLOOKUP($B941,[2]NXT!$D939:$N10938,9,0)-F941","v":{"$error":"#N/A"}},{"$f":"VLOOKUP($B941,[1]NXT!$D$14:$Z$1900,11,0)-H941","v":{"$error":"#N/A"}}]
[null,null,null,null,null,0,0,0,null,null,null,null,{"$f":"VLOOKUP($B942,[2]NXT!$D940:$N10939,9,0)-F942","v":{"$error":"#N/A"}},{"$f":"VLOOKUP($B942,[1]NXT!$D$14:$Z$1900,11,0)-H942","v":{"$error":"#N/A"}}]
[null,null,null,null,null,0,0,0,null,null,null,null,{"$f":"VLOOKUP($B943,[2]NXT!$D941:$N10940,9,0)-F943","v":{"$error":"#N/A"}},{"$f":"VLOOKUP($B943,[1]NXT!$D$14:$Z$1900,11,0)-H943","v":{"$error":"#N/A"}}]
[null,null,null,null,null,0,0,0,null,null,null,null,{"$f":"VLOOKUP($B944,[2]NXT!$D942:$N10941,9,0)-F944","v":{"$error":"#N/A"}},{"$f":"VLOOKUP($B944,[1]NXT!$D$14:$Z$1900,11,0)-H944","v":{"$error":"#N/A"}}]
[null,null,null,null,null,0,0,0,null,null,null,null,{"$f":"VLOOKUP($B945,[2]NXT!$D943:$N10942,9,0)-F945","v":{"$error":"#N/A"}},{"$f":"VLOOKUP($B945,[1]NXT!$D$14:$Z$1900,11,0)-H945","v":{"$error":"#N/A"}}]
[null,null,null,null,null,0,0,0,null,null,null,null,{"$f":"VLOOKUP($B946,[2]NXT!$D944:$N10943,9,0)-F946","v":{"$error":"#N/A"}},{"$f":"VLOOKUP($B946,[1]NXT!$D$14:$Z$1900,11,0)-H946","v":{"$error":"#N/A"}}]
[null,null,null,null,null,0,0,0,null,null,null,null,{"$f":"VLOOKUP($B947,[2]NXT!$D945:$N10944,9,0)-F947","v":{"$error":"#N/A"}},{"$f":"VLOOKUP($B947,[1]NXT!$D$14:$Z$1900,11,0)-H947","v":{"$error":"#N/A"}}]
[null,null,null,null,null,0,0,0,null,null,null,null,{"$f":"VLOOKUP($B948,[2]NXT!$D946:$N10945,9,0)-F948","v":{"$error":"#N/A"}},{"$f":"VLOOKUP($B948,[1]NXT!$D$14:$Z$1900,11,0)-H948","v":{"$error":"#N/A"}}]
[null,null,null,null,null,0,0,0,null,null,null,null,{"$f":"VLOOKUP($B949,[2]NXT!$D947:$N10946,9,0)-F949","v":{"$error":"#N/A"}},{"$f":"VLOOKUP($B949,[1]NXT!$D$14:$Z$1900,11,0)-H949","v":{"$error":"#N/A"}}]
[null,null,null,null,null,0,0,0,null,null,null,null,{"$f":"VLOOKUP($B950,[2]NXT!$D948:$N10947,9,0)-F950","v":{"$error":"#N/A"}},{"$f":"VLOOKUP($B950,[1]NXT!$D$14:$Z$1900,11,0)-H950","v":{"$error":"#N/A"}}]
[null,null,null,null,null,0,0,0,null,null,null,null,{"$f":"VLOOKUP($B951,[2]NXT!$D949:$N10948,9,0)-F951","v":{"$error":"#N/A"}},{"$f":"VLOOKUP($B951,[1]NXT!$D$14:$Z$1900,11,0)-H951","v":{"$error":"#N/A"}}]
[null,null,null,null,null,0,0,0,null,null,null,null,{"$f":"VLOOKUP($B952,[2]NXT!$D950:$N10949,9,0)-F952","v":{"$error":"#N/A"}},{"$f":"VLOOKUP($B952,[1]NXT!$D$14:$Z$1900,11,0)-H952","v":{"$error":"#N/A"}}]
[null,null,null,null,null,0,0,0,null,null,null,null,{"$f":"VLOOKUP($B953,[2]NXT!$D951:$N10950,9,0)-F953","v":{"$error":"#N/A"}},{"$f":"VLOOKUP($B953,[1]NXT!$D$14:$Z$1900,11,0)-H953","v":{"$error":"#N/A"}}]
[null,null,null,null,null,0,0,0,null,null,null,null,{"$f":"VLOOKUP($B954,[2]NXT!$D952:$N10951,9,0)-F954","v":{"$error":"#N/A"}},{"$f":"VLOOKUP($B954,[1]NXT!$D$14:$Z$1900,11,0)-H954","v":{"$error":"#N/A"}}]
[null,null,null,null,null,0,0,0,null,null,null,null,{"$f":"VLOOKUP($B955,[2]NXT!$D953:$N10952,9,0)-F955","v":{"$error":"#N/A"}},{"$f":"VLOOKUP($B955,[1]NXT!$D$14:$Z$1900,11,0)-H955","v":{"$error":"#N/A"}}]
[null,null,null,null,null,0,0,0,null,null,null,null,{"$f":"VLOOKUP($B956,[2]NXT!$D954:$N10953,9,0)-F956","v":{"$error":"#N/A"}},{"$f":"VLOOKUP($B956,[1]NXT!$D$14:$Z$1900,11,0)-H956","v":{"$error":"#N/A"}}]
[null,null,null,null,null,0,0,0,null,null,null,null,{"$f":"VLOOKUP($B957,[2]NXT!$D955:$N10954,9,0)-F957","v":{"$error":"#N/A"}},{"$f":"VLOOKUP($B957,[1]NXT!$D$14:$Z$1900,11,0)-H957","v":{"$error":"#N/A"}}]
[null,null,null,null,null,0,0,0,null,null,null,null,{"$f":"VLOOKUP($B958,[2]NXT!$D956:$N10955,9,0)-F958","v":{"$error":"#N/A"}},{"$f":"VLOOKUP($B958,[1]NXT!$D$14:$Z$1900,11,0)-H958","v":{"$error":"#N/A"}}]
[null,null,null,null,null,0,0,0,null,null,null,null,{"$f":"VLOOKUP($B959,[2]NXT!$D957:$N10956,9,0)-F959","v":{"$error":"#N/A"}},{"$f":"VLOOKUP($B959,[1]NXT!$D$14:$Z$1900,11,0)-H959","v":{"$error":"#N/A"}}]
[null,null,null,null,null,0,0,0,null,null,null,null,{"$f":"VLOOKUP($B960,[2]NXT!$D958:$N10957,9,0)-F960","v":{"$error":"#N/A"}},{"$f":"VLOOKUP($B960,[1]NXT!$D$14:$Z$1900,11,0)-H960","v":{"$error":"#N/A"}}]
[null,null,null,null,null,0,0,0,null,null,null,null,{"$f":"VLOOKUP($B961,[2]NXT!$D959:$N10958,9,0)-F961","v":{"$error":"#N/A"}},{"$f":"VLOOKUP($B961,[1]NXT!$D$14:$Z$1900,11,0)-H961","v":{"$error":"#N/A"}}]
[null,null,null,null,null,0,0,0,null,null,null,null,{"$f":"VLOOKUP($B962,[2]NXT!$D960:$N10959,9,0)-F962","v":{"$error":"#N/A"}},{"$f":"VLOOKUP($B962,[1]NXT!$D$14:$Z$1900,11,0)-H962","v":{"$error":"#N/A"}}]
[null,null,null,null,null,0,0,0,null,null,null,null,{"$f":"VLOOKUP($B963,[2]NXT!$D961:$N10960,9,0)-F963","v":{"$error":"#N/A"}},{"$f":"VLOOKUP($B963,[1]NXT!$D$14:$Z$1900,11,0)-H963","v":{"$error":"#N/A"}}]
[null,null,null,null,null,0,0,0,null,null,null,null,{"$f":"VLOOKUP($B964,[2]NXT!$D962:$N10961,9,0)-F964","v":{"$error":"#N/A"}},{"$f":"VLOOKUP($B964,[1]NXT!$D$14:$Z$1900,11,0)-H964","v":{"$error":"#N/A"}}]
[null,null,null,null,null,0,0,0,null,null,null,null,{"$f":"VLOOKUP($B965,[2]NXT!$D963:$N10962,9,0)-F965","v":{"$error":"#N/A"}},{"$f":"VLOOKUP($B965,[1]NXT!$D$14:$Z$1900,11,0)-H965","v":{"$error":"#N/A"}}]
[null,null,null,null,null,0,0,0,null,null,null,null,{"$f":"VLOOKUP($B966,[2]NXT!$D964:$N10963,9,0)-F966","v":{"$error":"#N/A"}},{"$f":"VLOOKUP($B966,[1]NXT!$D$14:$Z$1900,11,0)-H966","v":{"$error":"#N/A"}}]
[null,null,null,null,null,0,0,0,null,null,null,null,{"$f":"VLOOKUP($B967,[2]NXT!$D965:$N10964,9,0)-F967","v":{"$error":"#N/A"}},{"$f":"VLOOKUP($B967,[1]NXT!$D$14:$Z$1900,11,0)-H967","v":{"$error":"#N/A"}}]
[null,null,null,null,null,0,0,0,null,null,null,null,{"$f":"VLOOKUP($B968,[2]NXT!$D966:$N10965,9,0)-F968","v":{"$error":"#N/A"}},{"$f":"VLOOKUP($B968,[1]NXT!$D$14:$Z$1900,11,0)-H968","v":{"$error":"#N/A"}}]
[null,null,null,null,null,0,0,0,null,null,null,null,{"$f":"VLOOKUP($B969,[2]NXT!$D967:$N10966,9,0)-F969","v":{"$error":"#N/A"}},{"$f":"VLOOKUP($B969,[1]NXT!$D$14:$Z$1900,11,0)-H969","v":{"$error":"#N/A"}}]
[null,null,null,null,null,0,0,0,null,null,null,null,{"$f":"VLOOKUP($B970,[2]NXT!$D968:$N10967,9,0)-F970","v":{"$error":"#N/A"}},{"$f":"VLOOKUP($B970,[1]NXT!$D$14:$Z$1900,11,0)-H970","v":{"$error":"#N/A"}}]
[null,null,null,null,null,0,0,0,null,null,null,null,{"$f":"VLOOKUP($B971,[2]NXT!$D969:$N10968,9,0)-F971","v":{"$error":"#N/A"}},{"$f":"VLOOKUP($B971,[1]NXT!$D$14:$Z$1900,11,0)-H971","v":{"$error":"#N/A"}}]
[null,null,null,null,null,0,0,0,null,null,null,null,{"$f":"VLOOKUP($B972,[2]NXT!$D970:$N10969,9,0)-F972","v":{"$error":"#N/A"}},{"$f":"VLOOKUP($B972,[1]NXT!$D$14:$Z$1900,11,0)-H972","v":{"$error":"#N/A"}}]
[null,null,null,null,null,0,0,0,null,null,null,null,{"$f":"VLOOKUP($B973,[2]NXT!$D971:$N10970,9,0)-F973","v":{"$error":"#N/A"}},{"$f":"VLOOKUP($B973,[1]NXT!$D$14:$Z$1900,11,0)-H973","v":{"$error":"#N/A"}}]
[null,null,null,null,null,0,0,0,null,null,null,null,{"$f":"VLOOKUP($B974,[2]NXT!$D972:$N10971,9,0)-F974","v":{"$error":"#N/A"}},{"$f":"VLOOKUP($B974,[1]NXT!$D$14:$Z$1900,11,0)-H974","v":{"$error":"#N/A"}}]
[null,null,null,null,null,0,0,0,null,null,null,null,{"$f":"VLOOKUP($B975,[2]NXT!$D973:$N10972,9,0)-F975","v":{"$error":"#N/A"}},{"$f":"VLOOKUP($B975,[1]NXT!$D$14:$Z$1900,11,0)-H975","v":{"$error":"#N/A"}}]
[null,null,null,null,null,0,0,0,null,null,null,null,{"$f":"VLOOKUP($B976,[2]NXT!$D974:$N10973,9,0)-F976","v":{"$error":"#N/A"}},{"$f":"VLOOKUP($B976,[1]NXT!$D$14:$Z$1900,11,0)-H976","v":{"$error":"#N/A"}}]
[null,null,null,null,null,0,0,0,null,null,null,null,{"$f":"VLOOKUP($B977,[2]NXT!$D975:$N10974,9,0)-F977","v":{"$error":"#N/A"}},{"$f":"VLOOKUP($B977,[1]NXT!$D$14:$Z$1900,11,0)-H977","v":{"$error":"#N/A"}}]
[null,null,null,null,null,0,0,0,null,null,null,null,{"$f":"VLOOKUP($B978,[2]NXT!$D976:$N10975,9,0)-F978","v":{"$error":"#N/A"}},{"$f":"VLOOKUP($B978,[1]NXT!$D$14:$Z$1900,11,0)-H978","v":{"$error":"#N/A"}}]
[null,null,null,null,null,0,0,0,null,null,null,null,{"$f":"VLOOKUP($B979,[2]NXT!$D977:$N10976,9,0)-F979","v":{"$error":"#N/A"}},{"$f":"VLOOKUP($B979,[1]NXT!$D$14:$Z$1900,11,0)-H979","v":{"$error":"#N/A"}}]
[null,null,null,null,null,0,0,0,null,null,null,null,{"$f":"VLOOKUP($B980,[2]NXT!$D978:$N10977,9,0)-F980","v":{"$error":"#N/A"}},{"$f":"VLOOKUP($B980,[1]NXT!$D$14:$Z$1900,11,0)-H980","v":{"$error":"#N/A"}}]
[null,null,null,null,null,0,0,0,null,null,null,null,{"$f":"VLOOKUP($B981,[2]NXT!$D979:$N10978,9,0)-F981","v":{"$error":"#N/A"}},{"$f":"VLOOKUP($B981,[1]NXT!$D$14:$Z$1900,11,0)-H981","v":{"$error":"#N/A"}}]
[null,null,null,null,null,0,0,0,null,null,null,null,{"$f":"VLOOKUP($B982,[2]NXT!$D980:$N10979,9,0)-F982","v":{"$error":"#N/A"}},{"$f":"VLOOKUP($B982,[1]NXT!$D$14:$Z$1900,11,0)-H982","v":{"$error":"#N/A"}}]
[null,null,null,null,null,0,0,0,null,null,null,null,{"$f":"VLOOKUP($B983,[2]NXT!$D981:$N10980,9,0)-F983","v":{"$error":"#N/A"}},{"$f":"VLOOKUP($B983,[1]NXT!$D$14:$Z$1900,11,0)-H983","v":{"$error":"#N/A"}}]
[null,null,null,null,null,0,0,0,null,null,null,null,{"$f":"VLOOKUP($B984,[2]NXT!$D982:$N10981,9,0)-F984","v":{"$error":"#N/A"}},{"$f":"VLOOKUP($B984,[1]NXT!$D$14:$Z$1900,11,0)-H984","v":{"$error":"#N/A"}}]
[null,null,null,null,null,0,0,0,null,null,null,null,{"$f":"VLOOKUP($B985,[2]NXT!$D983:$N10982,9,0)-F985","v":{"$error":"#N/A"}},{"$f":"VLOOKUP($B985,[1]NXT!$D$14:$Z$1900,11,0)-H985","v":{"$error":"#N/A"}}]
[null,null,null,null,null,0,0,0,null,null,null,null,{"$f":"VLOOKUP($B986,[2]NXT!$D984:$N10983,9,0)-F986","v":{"$error":"#N/A"}},{"$f":"VLOOKUP($B986,[1]NXT!$D$14:$Z$1900,11,0)-H986","v":{"$error":"#N/A"}}]
[null,null,null,null,null,0,0,0,null,null,null,null,{"$f":"VLOOKUP($B987,[2]NXT!$D985:$N10984,9,0)-F987","v":{"$error":"#N/A"}},{"$f":"VLOOKUP($B987,[1]NXT!$D$14:$Z$1900,11,0)-H987","v":{"$error":"#N/A"}}]
[null,null,null,null,null,0,0,0,null,null,null,null,{"$f":"VLOOKUP($B988,[2]NXT!$D986:$N10985,9,0)-F988","v":{"$error":"#N/A"}},{"$f":"VLOOKUP($B988,[1]NXT!$D$14:$Z$1900,11,0)-H988","v":{"$error":"#N/A"}}]
[null,null,null,null,null,0,0,0,null,null,null,null,{"$f":"VLOOKUP($B989,[2]NXT!$D987:$N10986,9,0)-F989","v":{"$error":"#N/A"}},{"$f":"VLOOKUP($B989,[1]NXT!$D$14:$Z$1900,11,0)-H989","v":{"$error":"#N/A"}}]
[null,null,null,null,null,0,0,0,null,null,null,null,{"$f":"VLOOKUP($B990,[2]NXT!$D988:$N10987,9,0)-F990","v":{"$error":"#N/A"}},{"$f":"VLOOKUP($B990,[1]NXT!$D$14:$Z$1900,11,0)-H990","v":{"$error":"#N/A"}}]
[null,null,null,null,null,0,0,0,null,null,null,null,{"$f":"VLOOKUP($B991,[2]NXT!$D989:$N10988,9,0)-F991","v":{"$error":"#N/A"}},{"$f":"VLOOKUP($B991,[1]NXT!$D$14:$Z$1900,11,0)-H991","v":{"$error":"#N/A"}}]
[null,null,null,null,null,0,0,0,null,null,null,null,{"$f":"VLOOKUP($B992,[2]NXT!$D990:$N10989,9,0)-F992","v":{"$error":"#N/A"}},{"$f":"VLOOKUP($B992,[1]NXT!$D$14:$Z$1900,11,0)-H992","v":{"$error":"#N/A"}}]
[null,null,null,null,null,0,0,0,null,null,null,null,{"$f":"VLOOKUP($B993,[2]NXT!$D991:$N10990,9,0)-F993","v":{"$error":"#N/A"}},{"$f":"VLOOKUP($B993,[1]NXT!$D$14:$Z$1900,11,0)-H993","v":{"$error":"#N/A"}}]
[null,null,null,null,null,0,0,0,null,null,null,null,{"$f":"VLOOKUP($B994,[2]NXT!$D992:$N10991,9,0)-F994","v":{"$error":"#N/A"}},{"$f":"VLOOKUP($B994,[1]NXT!$D$14:$Z$1900,11,0)-H994","v":{"$error":"#N/A"}}]
[null,null,null,null,null,0,0,0,null,null,null,null,{"$f":"VLOOKUP($B995,[2]NXT!$D993:$N10992,9,0)-F995","v":{"$error":"#N/A"}},{"$f":"VLOOKUP($B995,[1]NXT!$D$14:$Z$1900,11,0)-H995","v":{"$error":"#N/A"}}]
[null,null,null,null,null,0,0,0,null,null,null,null,{"$f":"VLOOKUP($B996,[2]NXT!$D994:$N10993,9,0)-F996","v":{"$error":"#N/A"}},{"$f":"VLOOKUP($B996,[1]NXT!$D$14:$Z$1900,11,0)-H996","v":{"$error":"#N/A"}}]
[null,null,null,null,null,0,0,0,null,null,null,null,{"$f":"VLOOKUP($B997,[2]NXT!$D995:$N10994,9,0)-F997","v":{"$error":"#N/A"}},{"$f":"VLOOKUP($B997,[1]NXT!$D$14:$Z$1900,11,0)-H997","v":{"$error":"#N/A"}}]
[null,null,null,null,null,0,0,0,null,null,null,null,{"$f":"VLOOKUP($B998,[2]NXT!$D996:$N10995,9,0)-F998","v":{"$error":"#N/A"}},{"$f":"VLOOKUP($B998,[1]NXT!$D$14:$Z$1900,11,0)-H998","v":{"$error":"#N/A"}}]
[null,null,null,null,null,0,0,0,null,null,null,null,{"$f":"VLOOKUP($B999,[2]NXT!$D997:$N10996,9,0)-F999","v":{"$error":"#N/A"}},{"$f":"VLOOKUP($B999,[1]NXT!$D$14:$Z$1900,11,0)-H999","v":{"$error":"#N/A"}}]
[null,null,null,null,null,0,0,0]
[null,null,null,null,null,0,0,0]
[null,null,null,null,null,0,0,0]

{"sheet":"check","index":2,"n_rows":6,"n_cols":3,"rows_kept":6,"cut":false,"hidden":true,"merged":[]}
["DMHH",{"$f":"SUM(DMHH!F3:F15000)","v":33737},{"$f":"SUM(DMHH!H3:H15000)","v":1435653510}]
["NHẬP",{"$f":"SUM(NHAP!G:G)","v":56209},{"$f":"SUM(NHAP!I:I)","v":5282670365}]
["XUẤT",{"$f":"SUM(XUAT!H:H)","v":57353.42000000002},{"$f":"SUM(XUAT!K:K)","v":0}]
["TỒN",{"$f":"B1+B2-B3","v":32592.57999999998},{"$f":"C1+C2-C3","v":6718323875}]
["TỒN TT",{"$f":"SUM('DMHH-kymoi'!F3:F5000)","v":32592.579999999991},{"$f":"SUM('DMHH-kymoi'!H3:H5000)","v":1662727732.8642981}]
["GAP",{"$f":"B4-B5","v":0},{"$f":"C4-C5","v":5055596142.1357021}]

{"sheet":"DMKH-kymoi","index":3,"n_rows":1002,"n_cols":6,"rows_kept":1002,"cut":false,"hidden":false,"merged":[[0,4,0,5]]}
["STT","MÃ KH/ NCC","TÊN KH/ NCC","LOẠI","TỒN BẮT ĐẦU KỲ MỚI"]
[null,null,null,null,"Phải trả","Phải thu"]
[1,"HP","Hải Phương","NCC",624671380,0]
[2,"KL","Khách lẻ","KH",0,5055596142.1357002]
[3,"PXV","Phú Xuân Việt","NCC",792639385,0]
[4,"VT","Việt Thành","NCC",2604569272,0]
[5,null,null,null,0,0]
[6,null,null,null,0,0]
[7,null,null,null,0,0]
[8,null,null,null,0,0]
[9,null,null,null,0,0]
[10,null,null,null,0,0]
[11,null,null,null,0,0]
[12,null,null,null,0,0]
[13,null,null,null,0,0]
[14,null,null,null,0,0]
[15,null,null,null,0,0]
[16,null,null,null,0,0]
[17,null,null,null,0,0]
[18,null,null,null,0,0]
[19,null,null,null,0,0]
[20,null,null,null,0,0]
[21,null,null,null,0,0]
[22,null,null,null,0,0]
[23,null,null,null,0,0]
[24,null,null,null,0,0]
[25,null,null,null,0,0]
[26,null,null,null,0,0]
[27,null,null,null,0,0]
[28,null,null,null,0,0]
[29,null,null,null,0,0]
[30,null,null,null,0,0]
[31,null,null,null,0,0]
[32,null,null,null,0,0]
[33,null,null,null,0,0]
[34,null,null,null,0,0]
[35,null,null,null,0,0]
[36,null,null,null,0,0]
[37,null,null,null,0,0]
[38,null,null,null,0,0]
[39,null,null,null,0,0]
[40,null,null,null,0,0]
[41,null,null,null,0,0]
[42,null,null,null,0,0]
[43,null,null,null,0,0]
[44,null,null,null,0,0]
[45,null,null,null,0,0]
[46,null,null,null,0,0]
[47,null,null,null,0,0]
[48,null,null,null,0,0]
[49,null,null,null,0,0]
[50,null,null,null,0,0]
[51,null,null,null,0,0]
[52,null,null,null,0,0]
[53,null,null,null,0,0]
[54,null,null,null,0,0]
[55,null,null,null,0,0]
[56,null,null,null,0,0]
[57,null,null,null,0,0]
[58,null,null,null,0,0]
[59,null,null,null,0,0]
[60,null,null,null,0,0]
[61,null,null,null,0,0]
[62,null,null,null,0,0]
[63,null,null,null,0,0]
[64,null,null,null,0,0]
[65,null,null,null,0,0]
[66,null,null,null,0,0]
[67,null,null,null,0,0]
[68,null,null,null,0,0]
[69,null,null,null,0,0]
[70,null,null,null,0,0]
[71,null,null,null,0,0]
[72,null,null,null,0,0]
[73,null,null,null,0,0]
[74,null,null,null,0,0]
[75,null,null,null,0,0]
[76,null,null,null,0,0]
[77,null,null,null,0,0]
[78,null,null,null,0,0]
[79,null,null,null,0,0]
[80,null,null,null,0,0]
[81,null,null,null,0,0]
[82,null,null,null,0,0]
[83,null,null,null,0,0]
[84,null,null,null,0,0]
[85,null,null,null,0,0]
[86,null,null,null,0,0]
[87,null,null,null,0,0]
[88,null,null,null,0,0]
[89,null,null,null,0,0]
[90,null,null,null,0,0]
[91,null,null,null,0,0]
[92,null,null,null,0,0]
[93,null,null,null,0,0]
[94,null,null,null,0,0]
[95,null,null,null,0,0]
[96,null,null,null,0,0]
[97,null,null,null,0,0]
[98,null,null,null,0,0]
[99,null,null,null,0,0]
[100,null,null,null,0,0]
[101,null,null,null,0,0]
[102,null,null,null,0,0]
[103,null,null,null,0,0]
[104,null,null,null,0,0]
[105,null,null,null,0,0]
[106,null,null,null,0,0]
[107,null,null,null,0,0]
[108,null,null,null,0,0]
[109,null,null,null,0,0]
[110,null,null,null,0,0]
[111,null,null,null,0,0]
[112,null,null,null,0,0]
[113,null,null,null,0,0]
[114,null,null,null,0,0]
[115,null,null,null,0,0]
[116,null,null,null,0,0]
[117,null,null,null,0,0]
[118,null,null,null,0,0]
[119,null,null,null,0,0]
[120,null,null,null,0,0]
[121,null,null,null,0,0]
[122,null,null,null,0,0]
[123,null,null,null,0,0]
[124,null,null,null,0,0]
[125,null,null,null,0,0]
[126,null,null,null,0,0]
[127,null,null,null,0,0]
[128,null,null,null,0,0]
[129,null,null,null,0,0]
[130,null,null,null,0,0]
[131,null,null,null,0,0]
[132,null,null,null,0,0]
[133,null,null,null,0,0]
[134,null,null,null,0,0]
[135,null,null,null,0,0]
[136,null,null,null,0,0]
[137,null,null,null,0,0]
[138,null,null,null,0,0]
[139,null,null,null,0,0]
[140,null,null,null,0,0]
[141,null,null,null,0,0]
[142,null,null,null,0,0]
[143,null,null,null,0,0]
[144,null,null,null,0,0]
[145,null,null,null,0,0]
[146,null,null,null,0,0]
[147,null,null,null,0,0]
[148,null,null,null,0,0]
[149,null,null,null,0,0]
[150,null,null,null,0,0]
[151,null,null,null,0,0]
[152,null,null,null,0,0]
[153,null,null,null,0,0]
[154,null,null,null,0,0]
[155,null,null,null,0,0]
[156,null,null,null,0,0]
[157,null,null,null,0,0]
[158,null,null,null,0,0]
[159,null,null,null,0,0]
[160,null,null,null,0,0]
[161,null,null,null,0,0]
[162,null,null,null,0,0]
[163,null,null,null,0,0]
[164,null,null,null,0,0]
[165,null,null,null,0,0]
[166,null,null,null,0,0]
[167,null,null,null,0,0]
[168,null,null,null,0,0]
[169,null,null,null,0,0]
[170,null,null,null,0,0]
[171,null,null,null,0,0]
[172,null,null,null,0,0]
[173,null,null,null,0,0]
[174,null,null,null,0,0]
[175,null,null,null,0,0]
[176,null,null,null,0,0]
[177,null,null,null,0,0]
[178,null,null,null,0,0]
[179,null,null,null,0,0]
[180,null,null,null,0,0]
[181,null,null,null,0,0]
[182,null,null,null,0,0]
[183,null,null,null,0,0]
[184,null,null,null,0,0]
[185,null,null,null,0,0]
[186,null,null,null,0,0]
[187,null,null,null,0,0]
[188,null,null,null,0,0]
[189,null,null,null,0,0]
[190,null,null,null,0,0]
[191,null,null,null,0,0]
[192,null,null,null,0,0]
[193,null,null,null,0,0]
[194,null,null,null,0,0]
[195,null,null,null,0,0]
[196,null,null,null,0,0]
[197,null,null,null,0,0]
[198,null,null,null,0,0]
[199,null,null,null,0,0]
[200,null,null,null,0,0]
[null,null,null,null,0,0]
[null,null,".",".",0,0]
[null,null,null,null,0,0]
[null,null,null,null,0,0]
[null,null,null,null,0,0]
[null,null,null,null,0,0]
[null,null,null,null,0,0]
[null,null,null,null,0,0]
[null,null,null,null,0,0]
[null,null,null,null,0,0]
[null,null,null,null,0,0]
[null,null,null,null,0,0]
[null,null,null,null,0,0]
[null,null,null,null,0,0]
[null,null,null,null,0,0]
[null,null,null,null,0,0]
[null,null,null,null,0,0]
[null,null,null,null,0,0]
[null,null,null,null,0,0]
[null,null,null,null,0,0]
[null,null,null,null,0,0]
[null,null,null,null,0,0]
[null,null,null,null,0,0]
[null,null,null,null,0,0]
[null,null,null,null,0,0]
[null,null,null,null,0,0]
[null,null,null,null,0,0]
[null,null,null,null,0,0]
[null,null,null,null,0,0]
[null,null,null,null,0,0]
[null,null,null,null,0,0]
[null,null,null,null,0,0]
[null,null,null,null,0,0]
[null,null,null,null,0,0]
[null,null,null,null,0,0]
[null,null,null,null,0,0]
[null,null,null,null,0,0]
[null,null,null,null,0,0]
[null,null,null,null,0,0]
[null,null,null,null,0,0]
[null,null,null,null,0,0]
[null,null,null,null,0,0]
[null,null,null,null,0,0]
[null,null,null,null,0,0]
[null,null,null,null,0,0]
[null,null,null,null,0,0]
[null,null,null,null,0,0]
[null,null,null,null,0,0]
[null,null,null,null,0,0]
[null,null,null,null,0,0]
[null,null,null,null,0,0]
[null,null,null,null,0,0]
[null,null,null,null,0,0]
[null,null,null,null,0,0]
[null,null,null,null,0,0]
[null,null,null,null,0,0]
[null,null,null,null,0,0]
[null,null,null,null,0,0]
[null,null,null,null,0,0]
[null,null,null,null,0,0]
[null,null,null,null,0,0]
[null,null,null,null,0,0]
[null,null,null,null,0,0]
[null,null,null,null,0,0]
[null,null,null,null,0,0]
[null,null,null,null,0,0]
[null,null,null,null,0,0]
[null,null,null,null,0,0]
[null,null,null,null,0,0]
[null,null,null,null,0,0]
[null,null,null,null,0,0]
[null,null,null,null,0,0]
[null,null,null,null,0,0]
[null,null,null,null,0,0]
[null,null,null,null,0,0]
[null,null,null,null,0,0]
[null,null,null,null,0,0]
[null,null,null,null,0,0]
[null,null,null,null,0,0]
[null,null,null,null,0,0]
[null,null,null,null,0,0]
[null,null,null,null,0,0]
[null,null,null,null,0,0]
[null,null,null,null,0,0]
[null,null,null,null,0,0]
[null,null,null,null,0,0]
[null,null,null,null,0,0]
[null,null,null,null,0,0]
[null,null,null,null,0,0]
[null,null,null,null,0,0]
[null,null,null,null,0,0]
[null,null,null,null,0,0]
[null,null,null,null,0,0]
[null,null,null,null,0,0]
[null,null,null,null,0,0]
[null,null,null,null,0,0]
[null,null,null,null,0,0]
[null,null,null,null,0,0]
[null,null,null,null,0,0]
[null,null,null,null,0,0]
[null,null,null,null,0,0]
[null,null,null,null,0,0]
[null,null,null,null,0,0]
[null,null,null,null,0,0]
[null,null,null,null,0,0]
[null,null,null,null,0,0]
[null,null,null,null,0,0]
[null,null,null,null,0,0]
[null,null,null,null,0,0]
[null,null,null,null,0,0]
[null,null,null,null,0,0]
[null,null,null,null,0,0]
[null,null,null,null,0,0]
[null,null,null,null,0,0]
[null,null,null,null,0,0]
[null,null,null,null,0,0]
[null,null,null,null,0,0]
[null,null,null,null,0,0]
[null,null,null,null,0,0]
[null,null,null,null,0,0]
[null,null,null,null,0,0]
[null,null,null,null,0,0]
[null,null,null,null,0,0]
[null,null,null,null,0,0]
[null,null,null,null,0,0]
[null,null,null,null,0,0]
[null,null,null,null,0,0]
[null,null,null,null,0,0]
[null,null,null,null,0,0]
[null,null,null,null,0,0]
[null,null,null,null,0,0]
[null,null,null,null,0,0]
[null,null,null,null,0,0]
[null,null,null,null,0,0]
[null,null,null,null,0,0]
[null,null,null,null,0,0]
[null,null,null,null,0,0]
[null,null,null,null,0,0]
[null,null,null,null,0,0]
[null,null,null,null,0,0]
[null,null,null,null,0,0]
[null,null,null,null,0,0]
[null,null,null,null,0,0]
[null,null,null,null,0,0]
[null,null,null,null,0,0]
[null,null,null,null,0,0]
[null,null,null,null,0,0]
[null,null,null,null,0,0]
[null,null,null,null,0,0]
[null,null,null,null,0,0]
[null,null,null,null,0,0]
[null,null,null,null,0,0]
[null,null,null,null,0,0]
[null,null,null,null,0,0]
[null,null,null,null,0,0]
[null,null,null,null,0,0]
[null,null,null,null,0,0]
[null,null,null,null,0,0]
[null,null,null,null,0,0]
[null,null,null,null,0,0]
[null,null,null,null,0,0]
[null,null,null,null,0,0]
[null,null,null,null,0,0]
[null,null,null,null,0,0]
[null,null,null,null,0,0]
[null,null,null,null,0,0]
[null,null,null,null,0,0]
[null,null,null,null,0,0]
[null,null,null,null,0,0]
[null,null,null,null,0,0]
[null,null,null,null,0,0]
[null,null,null,null,0,0]
[null,null,null,null,0,0]
[null,null,null,null,0,0]
[null,null,null,null,0,0]
[null,null,null,null,0,0]
[null,null,null,null,0,0]
[null,null,null,null,0,0]
[null,null,null,null,0,0]
[null,null,null,null,0,0]
[null,null,null,null,0,0]
[null,null,null,null,0,0]
[null,null,null,null,0,0]
[null,null,null,null,0,0]
[null,null,null,null,0,0]
[null,null,null,null,0,0]
[null,null,null,null,0,0]
[null,null,null,null,0,0]
[null,null,null,null,0,0]
[null,null,null,null,0,0]
[null,null,null,null,0,0]
[null,null,null,null,0,0]
[null,null,null,null,0,0]
[null,null,null,null,0,0]
[null,null,null,null,0,0]
[null,null,null,null,0,0]
[null,null,null,null,0,0]
[null,null,null,null,0,0]
[null,null,null,null,0,0]
[null,null,null,null,0,0]
[null,null,null,null,0,0]
[null,null,null,null,0,0]
[null,null,null,null,0,0]
[null,null,null,null,0,0]
[null,null,null,null,0,0]
[null,null,null,null,0,0]
[null,null,null,null,0,0]
[null,null,null,null,0,0]
[null,null,null,null,0,0]
[null,null,null,null,0,0]
[null,null,null,null,0,0]
[null,null,null,null,0,0]
[null,null,null,null,0,0]
[null,null,null,null,0,0]
[null,null,null,null,0,0]
[null,null,null,null,0,0]
[null,null,null,null,0,0]
[null,null,null,null,0,0]
[null,null,null,null,0,0]
[null,null,null,null,0,0]
[null,null,null,null,0,0]
[null,null,null,null,0,0]
[null,null,null,null,0,0]
[null,null,null,null,0,0]
[null,null,null,null,0,0]
[null,null,".",".",0,0]
[null,null,null,null,0,0]
[null,null,null,null,0,0]
[null,null,null,null,0,0]
[null,null,null,null,0,0]
[null,null,null,null,0,0]
[null,null,null,null,0,0]
[null,null,null,null,0,0]
[null,null,null,null,0,0]
[null,null,null,null,0,0]
[null,null,null,null,0,0]
[null,null,null,null,0,0]
[null,null,null,null,0,0]
[null,null,null,null,0,0]
[null,null,null,null,0,0]
[null,null,null,null,0,0]
[null,null,null,null,0,0]
[null,null,null,null,0,0]
[null,null,null,null,0,0]
[null,null,null,null,0,0]
[null,null,null,null,0,0]
[null,null,null,null,0,0]
[null,null,null,null,0,0]
[null,null,null,null,0,0]
[null,null,null,null,0,0]
[null,null,null,null,0,0]
[null,null,null,null,0,0]
[null,null,null,null,0,0]
[null,null,null,null,0,0]
[null,null,null,null,0,0]
[null,null,null,null,0,0]
[null,null,null,null,0,0]
[null,null,null,null,0,0]
[null,null,null,null,0,0]
[null,null,null,null,0,0]
[null,null,null,null,0,0]
[null,null,null,null,0,0]
[null,null,null,null,0,0]
[null,null,null,null,0,0]
[null,null,null,null,0,0]
[null,null,null,null,0,0]
[null,null,null,null,0,0]
[null,null,null,null,0,0]
[null,null,null,null,0,0]
[null,null,null,null,0,0]
[null,null,null,null,0,0]
[null,null,null,null,0,0]
[null,null,null,null,0,0]
[null,null,null,null,0,0]
[null,null,null,null,0,0]
[null,null,null,null,0,0]
[null,null,null,null,0,0]
[null,null,null,null,0,0]
[null,null,null,null,0,0]
[null,null,null,null,0,0]
[null,null,null,null,0,0]
[null,null,null,null,0,0]
[null,null,null,null,0,0]
[null,null,null,null,0,0]
[null,null,null,null,0,0]
[null,null,null,null,0,0]
[null,null,null,null,0,0]
[null,null,null,null,0,0]
[null,null,null,null,0,0]
[null,null,null,null,0,0]
[null,null,null,null,0,0]
[null,null,null,null,0,0]
[null,null,null,null,0,0]
[null,null,null,null,0,0]
[null,null,null,null,0,0]
[null,null,null,null,0,0]
[null,null,null,null,0,0]
[null,null,null,null,0,0]
[null,null,null,null,0,0]
[null,null,null,null,0,0]
[null,null,null,null,0,0]
[null,null,null,null,0,0]
[null,null,null,null,0,0]
[null,null,null,null,0,0]
[null,null,null,null,0,0]
[null,null,null,null,0,0]
[null,null,null,null,0,0]
[null,null,null,null,0,0]
[null,null,null,null,0,0]
[null,null,null,null,0,0]
[null,null,null,null,0,0]
[null,null,null,null,0,0]
[null,null,null,null,0,0]
[null,null,null,null,0,0]
[null,null,null,null,0,0]
[null,null,null,null,0,0]
[null,null,null,null,0,0]
[null,null,null,null,0,0]
[null,null,null,null,0,0]
[null,null,null,null,0,0]
[null,null,null,null,0,0]
[null,null,null,null,0,0]
[null,null,null,null,0,0]
[null,null,null,null,0,0]
[null,null,null,null,0,0]
[null,null,null,null,0,0]
[null,null,null,null,0,0]
[null,null,null,null,0,0]
[null,null,null,null,0,0]
[null,null,null,null,0,0]
[null,null,null,null,0,0]
[null,null,null,null,0,0]
[null,null,null,null,0,0]
[null,null,null,null,0,0]
[null,null,null,null,0,0]
[null,null,null,null,0,0]
[null,null,null,null,0,0]
[null,null,null,null,0,0]
[null,null,null,null,0,0]
[null,null,null,null,0,0]
[null,null,null,null,0,0]
[null,null,null,null,0,0]
[null,null,null,null,0,0]
[null,null,null,null,0,0]
[null,null,null,null,0,0]
[null,null,null,null,0,0]
[null,null,null,null,0,0]
[null,null,null,null,0,0]
[null,null,null,null,0,0]
[null,null,null,null,0,0]
[null,null,null,null,0,0]
[null,null,null,null,0,0]
[null,null,null,null,0,0]
[null,null,null,null,0,0]
[null,null,null,null,0,0]
[null,null,null,null,0,0]
[null,null,null,null,0,0]
[null,null,null,null,0,0]
[null,null,null,null,0,0]
[null,null,null,null,0,0]
[null,null,null,null,0,0]
[null,null,null,null,0,0]
[null,null,null,null,0,0]
[null,null,null,null,0,0]
[null,null,null,null,0,0]
[null,null,null,null,0,0]
[null,null,null,null,0,0]
[null,null,null,null,0,0]
[null,null,null,null,0,0]
[null,null,null,null,0,0]
[null,null,null,null,0,0]
[null,null,null,null,0,0]
[null,null,null,null,0,0]
[null,null,null,null,0,0]
[null,null,null,null,0,0]
[null,null,null,null,0,0]
[null,null,null,null,0,0]
[null,null,null,null,0,0]
[null,null,null,null,0,0]
[null,null,null,null,0,0]
[null,null,null,null,0,0]
[null,null,null,null,0,0]
[null,null,null,null,0,0]
[null,null,null,null,0,0]
[null,null,null,null,0,0]
[null,null,null,null,0,0]
[null,null,null,null,0,0]
[null,null,null,null,0,0]
[null,null,null,null,0,0]
[null,null,null,null,0,0]
[null,null,null,null,0,0]
[null,null,null,null,0,0]
[null,null,null,null,0,0]
[null,null,null,null,0,0]
[null,null,null,null,0,0]
[null,null,null,null,0,0]
[null,null,null,null,0,0]
[null,null,null,null,0,0]
[null,null,null,null,0,0]
[null,null,null,null,0,0]
[null,null,null,null,0,0]
[null,null,null,null,0,0]
[null,null,null,null,0,0]
[null,null,null,null,0,0]
[null,null,null,null,0,0]
[null,null,null,null,0,0]
[null,null,null,null,0,0]
[null,null,null,null,0,0]
[null,null,null,null,0,0]
[null,null,null,null,0,0]
[null,null,null,null,0,0]
[null,null,null,null,0,0]
[null,null,null,null,0,0]
[null,null,null,null,0,0]
[null,null,null,null,0,0]
[null,null,null,null,0,0]
[null,null,null,null,0,0]
[null,null,null,null,0,0]
[null,null,null,null,0,0]
[null,null,null,null,0,0]
[null,null,null,null,0,0]
[null,null,null,null,0,0]
[null,null,null,null,0,0]
[null,null,null,null,0,0]
[null,null,null,null,0,0]
[null,null,null,null,0,0]
[null,null,null,null,0,0]
[null,null,null,null,0,0]
[null,null,null,null,0,0]
[null,null,null,null,0,0]
[null,null,null,null,0,0]
[null,null,null,null,0,0]
[null,null,null,null,0,0]
[null,null,null,null,0,0]
[null,null,null,null,0,0]
[null,null,null,null,0,0]
[null,null,null,null,0,0]
[null,null,null,null,0,0]
[null,null,null,null,0,0]
[null,null,null,null,0,0]
[null,null,null,null,0,0]
[null,null,null,null,0,0]
[null,null,null,null,0,0]
[null,null,null,null,0,0]
[null,null,null,null,0,0]
[null,null,null,null,0,0]
[null,null,null,null,0,0]
[null,null,null,null,0,0]
[null,null,null,null,0,0]
[null,null,null,null,0,0]
[null,null,null,null,0,0]
[null,null,null,null,0,0]
[null,null,null,null,0,0]
[null,null,null,null,0,0]
[null,null,null,null,0,0]
[null,null,null,null,0,0]
[null,null,null,null,0,0]
[null,null,null,null,0,0]
[null,null,null,null,0,0]
[null,null,null,null,0,0]
[null,null,null,null,0,0]
[null,null,null,null,0,0]
[null,null,null,null,0,0]
[null,null,null,null,0,0]
[null,null,null,null,0,0]
[null,null,null,null,0,0]
[null,null,null,null,0,0]
[null,null,null,null,0,0]
[null,null,null,null,0,0]
[null,null,null,null,0,0]
[null,null,null,null,0,0]
[null,null,null,null,0,0]
[null,null,null,null,0,0]
[null,null,null,null,0,0]
[null,null,null,null,0,0]
[null,null,null,null,0,0]
[null,null,null,null,0,0]
[null,null,null,null,0,0]
[null,null,null,null,0,0]
[null,null,null,null,0,0]
[null,null,null,null,0,0]
[null,null,null,null,0,0]
[null,null,null,null,0,0]
[null,null,null,null,0,0]
[null,null,null,null,0,0]
[null,null,null,null,0,0]
[null,null,null,null,0,0]
[null,null,null,null,0,0]
[null,null,null,null,0,0]
[null,null,null,null,0,0]
[null,null,null,null,0,0]
[null,null,null,null,0,0]
[null,null,null,null,0,0]
[null,null,null,null,0,0]
[null,null,null,null,0,0]
[null,null,null,null,0,0]
[null,null,null,null,0,0]
[null,null,null,null,0,0]
[null,null,null,null,0,0]
[null,null,null,null,0,0]
[null,null,null,null,0,0]
[null,null,null,null,0,0]
[null,null,null,null,0,0]
[null,null,null,null,0,0]
[null,null,null,null,0,0]
[null,null,null,null,0,0]
[null,null,null,null,0,0]
[null,null,null,null,0,0]
[null,null,null,null,0,0]
[null,null,null,null,0,0]
[null,null,null,null,0,0]
[null,null,null,null,0,0]
[null,null,null,null,0,0]
[null,null,null,null,0,0]
[null,null,null,null,0,0]
[null,null,null,null,0,0]
[null,null,null,null,0,0]
[null,null,null,null,0,0]
[null,null,null,null,0,0]
[null,null,null,null,0,0]
[null,null,null,null,0,0]
[null,null,null,null,0,0]
[null,null,null,null,0,0]
[null,null,null,null,0,0]
[null,null,null,null,0,0]
[null,null,null,null,0,0]
[null,null,null,null,0,0]
[null,null,null,null,0,0]
[null,null,null,null,0,0]
[null,null,null,null,0,0]
[null,null,null,null,0,0]
[null,null,null,null,0,0]
[null,null,null,null,0,0]
[null,null,null,null,0,0]
[null,null,null,null,0,0]
[null,null,null,null,0,0]
[null,null,null,null,0,0]
[null,null,null,null,0,0]
[null,null,null,null,0,0]
[null,null,null,null,0,0]
[null,null,null,null,0,0]
[null,null,null,null,0,0]
[null,null,null,null,0,0]
[null,null,null,null,0,0]
[null,null,null,null,0,0]
[null,null,null,null,0,0]
[null,null,null,null,0,0]
[null,null,null,null,0,0]
[null,null,null,null,0,0]
[null,null,null,null,0,0]
[null,null,null,null,0,0]
[null,null,null,null,0,0]
[null,null,null,null,0,0]
[null,null,null,null,0,0]
[null,null,null,null,0,0]
[null,null,null,null,0,0]
[null,null,null,null,0,0]
[null,null,null,null,0,0]
[null,null,null,null,0,0]
[null,null,null,null,0,0]
[null,null,null,null,0,0]
[null,null,null,null,0,0]
[null,null,null,null,0,0]
[null,null,null,null,0,0]
[null,null,null,null,0,0]
[null,null,null,null,0,0]
[null,null,null,null,0,0]
[null,null,null,null,0,0]
[null,null,null,null,0,0]
[null,null,null,null,0,0]
[null,null,null,null,0,0]
[null,null,null,null,0,0]
[null,null,null,null,0,0]
[null,null,null,null,0,0]
[null,null,null,null,0,0]
[null,null,null,null,0,0]
[null,null,null,null,0,0]
[null,null,null,null,0,0]
[null,null,null,null,0,0]
[null,null,null,null,0,0]
[null,null,null,null,0,0]
[null,null,null,null,0,0]
[null,null,null,null,0,0]
[null,null,null,null,0,0]
[null,null,null,null,0,0]
[null,null,null,null,0,0]
[null,null,null,null,0,0]
[null,null,null,null,0,0]
[null,null,null,null,0,0]
[null,null,null,null,0,0]
[null,null,null,null,0,0]
[null,null,null,null,0,0]
[null,null,null,null,0,0]
[null,null,null,null,0,0]
[null,null,null,null,0,0]
[null,null,null,null,0,0]
[null,null,null,null,0,0]
[null,null,null,null,0,0]
[null,null,null,null,0,0]
[null,null,null,null,0,0]
[null,null,null,null,0,0]
[null,null,null,null,0,0]
[null,null,null,null,0,0]
[null,null,null,null,0,0]
[null,null,null,null,0,0]
[null,null,null,null,0,0]
[null,null,null,null,0,0]
[null,null,null,null,0,0]
[null,null,null,null,0,0]
[null,null,null,null,0,0]
[null,null,null,null,0,0]
[null,null,null,null,0,0]
[null,null,null,null,0,0]
[null,null,null,null,0,0]
[null,null,null,null,0,0]
[null,null,null,null,0,0]
[null,null,null,null,0,0]
[null,null,null,null,0,0]
[null,null,null,null,0,0]
[null,null,null,null,0,0]
[null,null,null,null,0,0]
[null,null,null,null,0,0]
[null,null,null,null,0,0]
[null,null,null,null,0,0]
[null,null,null,null,0,0]
[null,null,null,null,0,0]
[null,null,null,null,0,0]
[null,null,null,null,0,0]
[null,null,null,null,0,0]
[null,null,null,null,0,0]
[null,null,null,null,0,0]
[null,null,null,null,0,0]
[null,null,null,null,0,0]
[null,null,null,null,0,0]
[null,null,null,null,0,0]
[null,null,null,null,0,0]
[null,null,null,null,0,0]
[null,null,null,null,0,0]
[null,null,null,null,0,0]
[null,null,null,null,0,0]
[null,null,null,null,0,0]
[null,null,null,null,0,0]
[null,null,null,null,0,0]
[null,null,null,null,0,0]
[null,null,null,null,0,0]
[null,null,null,null,0,0]
[null,null,null,null,0,0]
[null,null,null,null,0,0]
[null,null,null,null,0,0]
[null,null,null,null,0,0]
[null,null,null,null,0,0]
[null,null,null,null,0,0]
[null,null,null,null,0,0]
[null,null,null,null,0,0]
[null,null,null,null,0,0]
[null,null,null,null,0,0]
[null,null,null,null,0,0]
[null,null,null,null,0,0]
[null,null,null,null,0,0]
[null,null,null,null,0,0]
[null,null,null,null,0,0]
[null,null,null,null,0,0]
[null,null,null,null,0,0]
[null,null,null,null,0,0]
[null,null,null,null,0,0]
[null,null,null,null,0,0]
[null,null,null,null,0,0]
[null,null,null,null,0,0]
[null,null,null,null,0,0]
[null,null,null,null,0,0]
[null,null,null,null,0,0]
[null,null,null,null,0,0]
[null,null,null,null,0,0]
[null,null,null,null,0,0]
[null,null,null,null,0,0]
[null,null,null,null,0,0]
[null,null,null,null,0,0]
[null,null,null,null,0,0]
[null,null,null,null,0,0]
[null,null,null,null,0,0]
[null,null,null,null,0,0]
[null,null,null,null,0,0]
[null,null,null,null,0,0]
[null,null,null,null,0,0]
[null,null,null,null,0,0]
[null,null,null,null,0,0]
[null,null,null,null,0,0]
[null,null,null,null,0,0]
[null,null,null,null,0,0]
[null,null,null,null,0,0]
[null,null,null,null,0,0]
[null,null,null,null,0,0]
[null,null,null,null,0,0]
[null,null,null,null,0,0]
[null,null,null,null,0,0]
[null,null,null,null,0,0]
[null,null,null,null,0,0]
[null,null,null,null,0,0]
[null,null,null,null,0,0]
[null,null,null,null,0,0]
[null,null,null,null,0,0]
[null,null,null,null,0,0]
[null,null,null,null,0,0]
[null,null,null,null,0,0]
[null,null,null,null,0,0]
[null,null,null,null,0,0]
[null,null,null,null,0,0]
[null,null,null,null,0,0]
[null,null,null,null,0,0]
[null,null,null,null,0,0]
[null,null,null,null,0,0]
[null,null,null,null,0,0]
[null,null,null,null,0,0]
[null,null,null,null,0,0]
[null,null,null,null,0,0]
[null,null,null,null,0,0]
[null,null,null,null,0,0]
[null,null,null,null,0,0]
[null,null,null,null,0,0]
[null,null,null,null,0,0]
[null,null,null,null,0,0]
[null,null,null,null,0,0]
[null,null,null,null,0,0]
[null,null,null,null,0,0]
[null,null,null,null,0,0]
[null,null,null,null,0,0]
[null,null,null,null,0,0]
[null,null,null,null,0,0]
[null,null,null,null,0,0]
[null,null,null,null,0,0]
[null,null,null,null,0,0]
[null,null,null,null,0,0]
[null,null,null,null,0,0]
[null,null,null,null,0,0]
[null,null,null,null,0,0]
[null,null,null,null,0,0]
[null,null,null,null,0,0]
[null,null,null,null,0,0]
[null,null,null,null,0,0]
[null,null,null,null,0,0]
[null,null,null,null,0,0]
[null,null,null,null,0,0]
[null,null,null,null,0,0]
[null,null,null,null,0,0]
[null,null,null,null,0,0]
[null,null,null,null,0,0]
[null,null,null,null,0,0]
[null,null,null,null,0,0]
[null,null,null,null,0,0]
[null,null,null,null,0,0]
[null,null,null,null,0,0]
[null,null,null,null,0,0]
[null,null,null,null,0,0]
[null,null,null,null,0,0]
[null,null,null,null,0,0]
[null,null,null,null,0,0]
[null,null,null,null,0,0]
[null,null,null,null,0,0]
[null,null,null,null,0,0]
[null,null,null,null,0,0]
[null,null,null,null,0,0]
[null,null,null,null,0,0]
[null,null,null,null,0,0]
[null,null,null,null,0,0]
[null,null,null,null,0,0]
[null,null,null,null,0,0]
[null,null,null,null,0,0]
[null,null,null,null,0,0]
[null,null,null,null,0,0]
[null,null,null,null,0,0]
[null,null,null,null,0,0]
[null,null,null,null,0,0]
[null,null,null,null,0,0]
[null,null,null,null,0,0]
[null,null,null,null,0,0]
[null,null,null,null,0,0]
[null,null,null,null,0,0]
[null,null,null,null,0,0]
[null,null,null,null,0,0]
[null,null,null,null,0,0]
[null,null,null,null,0,0]
[null,null,null,null,0,0]
[null,null,null,null,0,0]
[null,null,null,null,0,0]
[null,null,null,null,0,0]
[null,null,null,null,0,0]
[null,null,null,null,0,0]
[null,null,null,null,0,0]
[null,null,null,null,0,0]
[null,null,null,null,0,0]
[null,null,null,null,0,0]
[null,null,null,null,0,0]
[null,null,null,null,0,0]
[null,null,null,null,0,0]
[null,null,null,null,0,0]
[null,null,null,null,0,0]
[null,null,null,null,0,0]
[null,null,null,null,0,0]
[null,null,null,null,0,0]
[null,null,null,null,0,0]

{"sheet":"NHAP","index":4,"n_rows":5001,"n_cols":15,"rows_kept":5001,"cut":false,"hidden":false,"merged":[]}
["STT","Ngày nhập","Chứng từ","Mã hàng","Tên hàng/ Nội dung thanh toán NCC","ĐVT","Số lượng","Đơn Giá nhập","Thành tiền","%VAT","Phải trả","Nhà cung cấp","Số tiền trả NCC","Ghi chú"]
[1,"2020-04-20","PN001","OK114 2.0","Ống kẽm 114 (2.0)","Cây",1,491000,491000,0,491000,"PXV",null,0]
[2,"2020-04-21","PN002","HK4080 2.0","Hộp kẽm 40x80(2.0)","Cây",18,332000,5976000,0,5976000,"PXV",null,0]
[3,"2020-04-22","PN003","LC 30 5","La cứng 30 5li","Cây",20,44500,890000,0,890000,"PXV",null,0]
[4,"2020-04-22","PN003","TMXN5.0","Tôn XNgọc 5.0","Mét",1008,73600,74188800,0,74188800,"HP",null,0]
[5,"2020-04-22","PN003","TL5.0","Tôn Lạnh 5.0","Mét",1052,75300,79215600,0,79215600,"HP",null,0]
[6,"2020-04-24","PN004","VK30 1.4","Vuông kẽm 30 (1.4)","Cây",100,105490,10549000,0,10549000,"VT",null,0]
[7,"2020-04-24","PN004","VK30 1.2","Vuông kẽm 30 (1.2)","Cây",20,96000,1920000,0,1920000,"VT",null,0]
[8,"2020-04-24","PN004","HK1326 0.9","Hộp kẽm 13x26 (0.9)","Cây",50,45216,2260800,0,2260800,"VT",null,0]
[9,"2020-04-25","PN005","HK3060 1.3","Hộp kẽm 30x60 (1.3)","Cây",50,148600,7430000,0,7430000,"PXV",null,0]
[10,"2020-04-25","PN005","HK3060 1.8","Hộp kẽm 30x60 (1.8)","Cây",50,193300,9665000,0,9665000,"PXV",null,0]
[11,"2020-04-25","PN005","VK90 2.0","Vuông kẽm 90 (2.0)","Cây",4,491800,1967200,0,1967200,"PXV",null,0]
[12,"2020-04-25","PN005","TL5.0 ĐA","Tole Lạnh 5.0 ĐÁ","Mét",1052,87000,91524000,0,91524000,"PXV",null,0]
[13,"2020-04-25","PN005","HK3060 1.4 ","Hộp kẽm 30x60 (1.4) ","Cây",50,158928,7946400,0,7946400,"VT",null,0]
[14,"2020-04-25","PN005","HK4080 1.4 ","Hộp kẽm 40x80 (1.4) ","Cây",50,219912,10995600,0,10995600,"VT",null,0]
[15,"2020-04-27","PX006","VK40 1.4","Vuông kẽm 40 (1.4)","Cây",7,147000,1029000,0,1029000,"VT",null,0]
[16,"2020-04-27","PX006","VK100 1.4","Vuông kẽm 100 (1.4)","Cây",4,372000,1488000,0,1488000,"VT",null,0]
[17,"2020-04-27","PX006","HK3060 1.4 ","Hộp kẽm 30x60 (1.4) ","Cây",50,162624,8131200,0,8131200,"VT",null,0]
[18,"2020-04-27","PX006","VK40 1.4","Vuông kẽm 40 (1.4)","Cây",50,141064,7053200,0,7053200,"VT",null,0]
[19,"2020-04-27","PN006","HK5010 2.0","Hộp kẽm 50x100 (2.0)","Cây",5,418400,2092000,0,2092000,"PXV",null,0]
[20,"2020-04-28","PN007","VK30 1.4","Vuông kẽm 30 (1.4)","Cây",100,105028,10502800,0,10502800,"PXV",null,0]
[21,"2020-04-28","PN007","HK4080 1.4 ","Hộp kẽm 40x80 (1.4) ","Cây",50,216832,10841600,0,10841600,"VT",null,0]
[22,"2020-04-28","PN007","HK2040 1.4 ","Hộp kẽm 20x40 (1.4) ","Cây",50,107184,5359200,0,5359200,"VT",null,0]
[23,"2020-05-04","PN008","VK90 1.8 VT","Vuông kẽm 90 (1.8) VT","Cây",3,435000,1305000,0,1305000,"VT",null,0]
[24,"2020-05-04","PN008","HK5010 1.8","Hộp kẽm 50x100 (1.8)","Cây",2,365000,730000,0,730000,"VT",null,0]
[25,"2020-05-04","PN008","CN10L","Cách nhiệt 10 li","Mét",250,15000,3750000,0,3750000,"KL",null,0]
[26,"2020-05-05","PN009","VK75 1.8","Vuông kẽm 75 (1.8)","Cây",3,343000,1029000,0,1029000,"KL",null,0]
[27,"2020-05-05","PN009","HK3060 1.4 ","Hộp kẽm 30x60 (1.4) ","Cây",100,157388,15738800,0,15738800,"KL",null,0]
[28,"2020-05-07","PN010","I100","I100","Cây",10,605000,6050000,0,6050000,"KL",null,0]
[29,"2020-05-07","PN010","HK4080 1.4 ","Hộp kẽm 40x80 (1.4) ","Cây",50,216832,10841600,0,10841600,"KL",null,0]
[30,"2020-05-07","PN010","HK1326 1.2","Hộp kẽm 13x26 (1.2)","Cây",50,62800,3140000,0,3140000,"KL",null,0]
[31,"2020-05-08","PN011","VK90 2.0","Vuông kẽm 90 (2.0)","Cây",2,478900,957800,0,957800,"KL",null,0]
[32,"2020-05-09","PN012","VK40 1.4","Vuông kẽm 40 (1.4)","Cây",20,147000,2940000,0,2940000,"VT",null,0]
[33,"2020-05-09","PX012","OK49 1.8","Ống kẽm 49 (1.8)","Cây",18,189000,3402000,0,3402000,"KL",null,0]
[34,"2020-05-11","PX013","VK40 1.4","Vuông kẽm 40 (1.4)","Cây",50,139216,6960800,0,6960800,"KL",null,0]
[35,"2020-05-11","PX013","HK2040 1.4 ","Hộp kẽm 20x40 (1.4) ","Cây",50,104720,5236000,0,5236000,"KL",null,0]
[36,"2020-05-11","PX013","HK5010 1.4 ","Hộp kẽm 50x100 (1.4) ","Cây",20,265760,5315200,0,5315200,"KL",null,0]
[37,"2020-05-11","PX013","HK1326 1.2","Hộp kẽm 13x26 (1.2)","Cây",50,61600,3080000,0,3080000,"KL",null,0]
[38,"2020-05-11","PN013","TMXN3.5","Tôn XNgọc 3.5","Mét",1340,51000,68340000,0,68340000,"KL",null,0]
[39,"2020-05-11","PN013","TMXN4.5","Tôn XNgọc 4.5","Mét",1065,65000,69225000,0,69225000,"KL",null,0]
[40,"2020-05-12","PN014","V40X","V đen 40(X)","Cây",100,97500,9750000,0,9750000,"KL",null,0]
[41,"2020-05-13","PN015","HK4080 1.8","Hộp kẽm 40x80 (1.8)","Cây",5,285000,1425000,0,1425000,"VT",null,0]
[42,"2020-05-13","PN015","VK30 1.8","Vuông kẽm 30 (1.8)","Cây",12,139000,1668000,0,1668000,"VT",null,0]
[43,"2020-05-13","PN015","VK100 1.8","Vuông kẽm 100 (1.8)","Cây",1,450000,450000,0,450000,"VT",null,0]
[44,"2020-05-13","PN015","HK612 1.8","Hộp Kẽm 60x120 (1.8)","Cây",4,427000,1708000,0,1708000,"VT",null,0]
[45,"2020-05-14","PN016","HK4080 1.8","Hộp kẽm 40x80 (1.8)","Cây",20,283880,5677600,0,5677600,"VT",null,0]
[46,"2020-05-14","PN016","HK5010 1.8","Hộp kẽm 50x100 (1.8)","Cây",20,347300,6946000,0,6946000,"VT",null,0]
[47,"2020-05-15","PN017","HK4080 1.8","Hộp kẽm 40x80 (1.8)","Cây",50,243000,12150000,0,12150000,"PXV",null,0]
[48,"2020-05-18","PN018","HD2550 0.9","Hộp đen 25x50 (0.9)","Cây",150,86800,13020000,0,13020000,"KL",null,0]
[49,"2020-05-18","PN018","HK3060 2.0","Hộp kẽm 30x60 (2.0)","Cây",11,231000,2541000,0,2541000,"PXV",null,0]
[50,"2020-05-19","PN019","TMXN4.5DA","Tôn XNgọc 4.5 ĐÁ","Mét",1056,85500,90288000,0,90288000,"KL",null,0]
[51,"2020-05-20","PN020","HK3060 1.4 ","Hộp kẽm 30x60 (1.4) ","Cây",50,155228,7761400,0,7761400,"VT",null,0]
[52,"2020-05-20","PN020","HK5010 1.4 ","Hộp kẽm 50x100 (1.4) ","Cây",20,267270,5345400,0,5345400,"VT",null,0]
[53,"2020-05-20","PN020","OK90 1.8","Ống kẽm 90 (1.8)","Cây",10,315200,3152000,0,3152000,"PXV",null,0]
[54,"2020-05-20","PN020","OK90 2.0","Ông kẽm 90 (2.0)","cây",5,386000,1930000,0,1930000,"PXV",null,0]
[55,"2020-05-20","PN020","HK4080 1.8","Hộp kẽm 40x80 (1.8)","Cây",40,275575,11023000,0,11023000,"KL",null,0]
[56,"2020-05-20","PN020","TMXN4.5DA","Tôn XNgọc 4.5 ĐÁ","Mét",1056,85500,90288000,0,90288000,"KL",null,0]
[57,"2020-05-21","PN021","HK4080 1.8","Hộp kẽm 40x80 (1.8)","Cây",40,275575,11023000,0,11023000,"KL",null,0]
[58,"2020-05-21","PN021","OK90 1.8","Ống kẽm 90 (1.8)","Cây",10,315200,3152000,0,3152000,"PXV",null,0]
[59,"2020-05-21","PN021","OK90 2.0","Ông kẽm 90 (2.0)","cây",5,386000,1930000,0,1930000,"PXV",null,0]
[60,"2020-05-21","PN021","HK612 1.8","Hộp Kẽm 60x120 (1.8)","Cây",2,427000,854000,0,854000,"PXV",null,0]
[61,"2020-05-22","PN022","HK612 1.8","Hộp Kẽm 60x120 (1.8)","Cây",9,410800,3697200,0,3697200,"PXV",null,0]
[62,"2020-05-22","PN022","HK3060 1.3","Hộp kẽm 30x60 (1.3)","Cây",50,154800,7740000,0,7740000,"PXV",null,0]
[63,"2020-05-22","PN022","OK90 2.0","Ông kẽm 90 (2.0)","cây",15,391100,5866500,0,5866500,"PXV",null,0]
[64,"2020-05-22","PN022","OK114 1.8","ống kẽm 114 (1.8)","Cây",1,427100,427100,0,427100,"VT",null,0]
[65,"2020-05-22","PN022","VK20 1.4","Vuông kẽm 20 (1.4)","Cây",10,66100,661000,0,661000,"PXV",null,0]
[66,"2020-05-25","PN023","OK114 1.8","ống kẽm 114 (1.8)","Cây",2,427000,854000,0,854000,"PXV",null,0]
[67,"2020-05-25","PN023","OD16 0.5","Ống đen 16 (0.5)","Cây",500,22500,11250000,0,11250000,"PXV",null,0]
[68,"2020-05-25","PN023","OK114 1.8","ống kẽm 114 (1.8)","Cây",5,427000,2135000,0,2135000,"VT",null,0]
[69,"2020-05-25","PN023","HK4080 1.4 ","Hộp kẽm 40x80 (1.4) ","Cây",50,208984,10449200,0,10449200,"VT",null,0]
[70,"2020-05-25","PN023","HK3060 1.2 ","Hộp kẽm 30x60 (1.2) ","Cây",50,141336,7066800,0,7066800,"VT",null,0]
[71,"2020-05-25","PN023","VK14 1.2","Vuông kẽm 14 (1.2)","Cây",100,43100,4310000,0,4310000,"VT",null,0]
[72,"2020-05-25","PN023","CN10L","Cách nhiệt 10 li","Mét",300,8500,2550000,0,2550000,"KL",null,0]
[73,"2020-05-26","PN024","VK20 1.4","Vuông kẽm 20 (1.4)","Cây",25,68000,1700000,0,1700000,"KL",null,0]
[74,"2020-05-26","PN024","HK5010 1.8","Hộp kẽm 50x100 (1.8)","Cây",32,308000,9856000,0,9856000,"PXV",null,0]
[75,"2020-05-26","PN024","TNSV1.0 3.0M","Tôn nhựa sóng vuông (1.0) 3.0m","Tấm",30,180000,5400000,0,5400000,"KL",null,0]
[76,"2020-05-27","PN025","VK20 1.4","Vuông kẽm 20 (1.4)","Cây",30,68000,2040000,0,2040000,"VT",null,0]
[77,"2020-05-27","PN025","VK25 1.2","Vuông kẽm 25 (1.2)","Cây",20,78000,1560000,0,1560000,"VT",null,0]
[78,"2020-05-27","PN025","VK25 1.4","Vuông kẽm 25 (1.4)","Cây",20,88000,1760000,0,1760000,"VT",null,0]
[79,"2020-05-27","PN025","OK114 1.8","ống kẽm 114 (1.8)","Cây",3,427000,1281000,0,1281000,"VT",null,0]
[80,"2020-05-27","PN025","LC 14","La cứng 14","Cây",301,7820,2353820,0,2353820,"VT",null,0]
[81,"2020-05-27","PN025","TMXN5.0DA","Tôn XNgọc 5.0 ĐÁ","Mét",820,93600,76752000,0,76752000,"VT",null,0]
[82,"2020-05-28","PN026","HK2040 1.2 ","Hộp kẽm 20x40 (1.2) ","Cây",6,94000,564000,0,564000,"VT",null,0]
[83,"2020-05-29","PN026","HK4080 1.4 ","Hộp kẽm 40x80 (1.4) ","Cây",50,211400,10570000,0,10570000,"VT",null,0]
[84,"2020-05-29","PN026","HK2040 1.2 ","Hộp kẽm 20x40 (1.2) ","Cây",50,93016,4650800,0,4650800,"VT",null,0]
[85,"2020-06-01","PN027","HK4080 1.4 ","Hộp kẽm 40x80 (1.4) ","Cây",50,212608,10630400,0,10630400,"VT",null,0]
[86,"2020-06-01","PN027","HK4080 1.8","Hộp kẽm 40x80 (1.8)","Cây",20,279350,5587000,0,5587000,"VT",null,0]
[87,"2020-06-01","PN027","HK5010 2.0","Hộp kẽm 50x100 (2.0)","Cây",10,412900,4129000,0,4129000,"PXV",null,0]
[88,"2020-06-01","PN027","HK3060 2.0","Hộp kẽm 30x60 (2.0)","Cây",15,234100,3511500,0,3511500,"PXV",null,0]
[89,"2020-06-01","PN027","OK60 1.8","Ống kẽm 60 (1.8)","Cây",10,217500,2175000,0,2175000,"PXV",null,0]
[90,"2020-06-02","PN028","VK100 1.8","Vuông kẽm 100 (1.8)","Cây",1,477000,477000,0,477000,"VT",null,0]
[91,"2020-06-02","PN028","OK34 1.4","Ống kẽm 34 (1.4)","Cây",61,92581,5647441,0,5647441,"VT",null,0]
[92,"2020-06-03","PN029","HK3060 1.4 ","Hộp kẽm 30x60 (1.4) ","Cây",50,157040,7852000,0,7852000,"VT",null,0]
[93,"2020-06-03","PN029","VK30 1.4","Vuông kẽm 30 (1.4)","Cây",69,103731,7157439,0,7157439,"VT",null,0]
[94,"2020-06-03","PN029","VK30 1.2","Vuông kẽm 30 (1.2)","Cây",100,93620,9362000,0,9362000,"VT",null,0]
[95,"2020-06-03","PN029","VK14 1.2","Vuông kẽm 14 (1.2)","Cây",100,43100,4310000,0,4310000,"VT",null,0]
[96,"2020-06-03","PN029","HK4080 1.8","Hộp kẽm 40x80 (1.8)","Cây",20,262740,5254800,0,5254800,"VT",null,0]
[97,"2020-06-03","PN029","HK4080 1.8","Hộp kẽm 40x80 (1.8)","Cây",11,274546,3020006,0,3020006,"VT",null,0]
[98,"2020-06-04","PN030","VK40 1.2","Vuông kẽm 40 (1.2)","Cây",50,129256,6462800,0,6462800,"VT",null,0]
[99,"2020-06-04","PN030","HK4080 1.8","Hộp kẽm 40x80 (1.8)","Cây",20,264250,5285000,0,5285000,"VT",null,0]
[100,"2020-06-05","PN031","VK30 1.8","Vuông kẽm 30 (1.8)","Cây",3,142000,426000,0,426000,"KL",null,0]
[101,"2020-06-05","PN031","VK25 1.0","Vuông kẽm 25 (1.0)","Cây",10,63500,635000,0,635000,"PXV",null,0]
[102,"2020-06-05","PN031","OK114 1.8","ống kẽm 114 (1.8)","Cây",5,427000,2135000,0,2135000,"VT",null,0]
[103,"2020-06-06","PN032","HK4080 1.4 ","Hộp kẽm 40x80 (1.4) ","Cây",1,212500,212500,0,212500,"KL",null,0]
[104,"2020-06-06","PN032","VK40 1.4","Vuông kẽm 40 (1.4)","Cây",4,139400,557600,0,557600,"KL",null,0]
[105,"2020-06-08","PN033","HK3060 1.4 ","Hộp kẽm 30x60 (1.4) ","Cây",50,160060,8003000,0,8003000,"VT",null,0]
[106,"2020-06-08","PN033","HK3060 1.8","Hộp kẽm 30x60 (1.8)","Cây",100,203246,20324600,0,20324600,"VT",null,0]
[107,"2020-06-08","PN033","HK4080 1.8","Hộp kẽm 40x80 (1.8)","Cây",20,273310,5466200,0,5466200,"VT",null,0]
[108,"2020-06-08","PN033","VK25 0.9","Vuông kẽm 25 (0.9)","Cây",30,56700,1701000,0,1701000,"VT",null,0]
[109,"2020-06-09","PN034","VK40 1.4","Vuông kẽm 40 (1.4)","Cây",50,138316,6915800,0,6915800,"VT",null,0]
[110,"2020-06-09","PN034","HK3060 1.4 ","Hộp kẽm 30x60 (1.4) ","Cây",50,157644,7882200,0,7882200,"VT",null,0]
[111,"2020-06-09","PN034","HK4080 1.4 ","Hộp kẽm 40x80 (1.4) ","Cây",50,215326,10766300,0,10766300,"VT",null,0]
[112,"2020-06-09","PN034","HK1326 1.2","Hộp kẽm 13x26 (1.2)","Cây",50,59192,2959600,0,2959600,"VT",null,0]
[113,"2020-06-09","PN034","VK100 1.4","Vuông kẽm 100 (1.4)","Cây",2,365000,730000,0,730000,"VT",null,0]
[114,"2020-06-10","PN035","HK5010 2.0","Hộp kẽm 50x100 (2.0)","Cây",12,412900,4954800,0,4954800,"PXV",null,0]
[115,"2020-06-10","PN035","VK90 1.4","Vuông kẽm 90 (1.4)","Cây",8,326000,2608000,0,2608000,"VT",null,0]
[116,"2020-06-11","PN036","VK100 1.8","Vuông kẽm 100 (1.8)","Cây",6,476700,2860200,0,2860200,"VT",null,0]
[117,"2020-06-11","PN036","HK3060 1.8","Hộp kẽm 30x60 (1.8)","Cây",20,213100,4262000,0,4262000,"VT",null,0]
[118,"2020-06-11","PN036","OK60 1.4 ","Ống kẽm 60 (1.4) ","Cây",10,170300,1703000,0,1703000,"VT",null,0]
[119,"2020-06-11","PN036","VK14 0.9","Vuông kẽm 14 (0.9)","Cây",100,31000,3100000,0,3100000,"VT",null,0]
[120,"2020-06-11","PN036","HK1326 0.9","Hộp kẽm 13x26 (0.9)","Cây",50,44400,2220000,0,2220000,"VT",null,0]
[121,"2020-06-11","PN036","VK30 1.8","Vuông kẽm 30 (1.8)","Cây",20,139000,2780000,0,2780000,"VT",null,0]
[122,"2020-06-11","PN037","OK60 2.0","Ống kẽm 60 (2.0)","Cây",10,257200,2572000,0,2572000,"PXV",null,0]
[123,"2020-06-11","PN037","VK40 1.8","Vuông kẽm 40 (1.8)","Cây",20,176700,3534000,0,3534000,"PXV",null,0]
[124,"2020-06-11","PN037","V25","V đen25(X)","Cây",150,66500,9975000,0,9975000,"KL",null,0]
[125,"2020-06-13","PN038","VK30 1.2","Vuông kẽm 30 (1.2)","Cây",100,92714,9271400,0,9271400,"VT",null,0]
[126,"2020-06-13","PN038","HK4080 1.4 ","Hộp kẽm 40x80 (1.4) ","Cây",50,213212,10660600,0,10660600,"VT",null,0]
[127,"2020-06-13","PN038","HK4080 2.0","Hộp kẽm 40x80(2.0)","Cây",20,326160,6523200,0,6523200,"VT",null,0]
[128,"2020-06-13","PN038","VK75 1.4","Vuông kẽm 75 (1.4)","Cây",5,272900,1364500,0,1364500,"VT",null,0]
[129,"2020-06-13","PN038","VK75 1.8","Vuông kẽm 75 (1.8)","Cây",5,356900,1784500,0,1784500,"VT",null,0]
[130,"2020-06-13","PN038","OK21 1.8","Ống kẽm 21 (1.8)","Cây",5,80000,400000,0,400000,"VT",null,0]
[131,"2020-06-15","PN039","HK5010 1.8","Hộp kẽm 50x100 (1.8)","Cây",2,357000,714000,0,714000,"VT",null,0]
[132,"2020-06-15","PN039","U80M","U 80 (M)","Cây",3,340000,1020000,0,1020000,"KL",null,0]
[133,"2020-06-16","PN040","LC 14","La cứng 14","Cây",450,8200,3690000,0,3690000,"VT",null,0]
[134,"2020-06-18","PN041","VK40 1.2","Vuông kẽm 40 (1.2)","Cây",50,123820,6191000,0,6191000,"VT",null,0]
[135,"2020-06-18","PN041","HK4080 1.2 ","Hộp kẽm 40x80 (1.2)","Cây",50,188448,9422400,0,9422400,"VT",null,0]
[136,"2020-06-18","PN041","HK4080 1.8","Hộp kẽm 40x80 (1.8)","Cây",50,250000,12500000,0,12500000,"PXV",null,0]
[137,"2020-06-19","PN042","TMXN4.0","Tôn XNgọc 4.0","Mét",1213,58000,70354000,0,70354000,"HP",null,0]
[138,"2020-06-19","PN042","TL4.5","Tôn Lạnh 4.5","Mét",953,70300,66995900,0,66995900,"HP",null,0]
[139,"2020-06-19","PN042","TL5.0 ĐA","Tole Lạnh 5.0 ĐÁ","Mét",1080,87600,94608000,0,94608000,null,null,0]
[140,"2020-06-19","PN042","CN10L","Cách nhiệt 10 li","Mét",200,15000,3000000,0,3000000,"KL",null,0]
[141,"2020-06-19","PN042","CN20L","Cách nhiệt 20 li","Mét",150,29000,4350000,0,4350000,"KL",null,0]
[142,"2020-06-19","PN042","HK4080 1.4 ","Hộp kẽm 40x80 (1.4) ","Cây",74,207300,15340200,0,15340200,"KL",null,0]
[143,"2020-06-19","PN042","HK2040 1.0","Hộp kẽm 20x40 (1.0)","Cây",10,77000,770000,0,770000,"KL",null,0]
[144,"2020-06-19","PN042","OK27 1.2","Ống kẽm 27 (1.2)","Cây",10,67500,675000,0,675000,"KL",null,0]
[145,"2020-06-19","PN042","OK27 1.4 ","Ống kẽm 27 (1.4) ","Cây",10,76000,760000,0,760000,"KL",null,0]
[146,"2020-06-20","PN043","HK3060 1.8","Hộp kẽm 30x60 (1.8)","Cây",50,196800,9840000,0,9840000,"PXV",null,0]
[147,"2020-06-20","PN043","OK42 1.8","Ống kẽm 42 (1.8)","Cây",10,152600,1526000,0,1526000,"PXV",null,0]
[148,"2020-06-20","PN043","OK21 1.2 ","Ống kẽm 21 (1.2) ","Cây",10,51700,517000,0,517000,"VT",null,0]
[149,"2020-06-20","PN043","HK4080 1.8","Hộp kẽm 40x80 (1.8)","Cây",20,276330,5526600,0,5526600,"VT",null,0]
[150,"2020-06-20","PN043","HK4080 1.4 ","Hộp kẽm 40x80 (1.4) ","Cây",50,213816,10690800,0,10690800,"VT",null,0]
[151,"2020-06-20","PN043","HK3060 1.4 ","Hộp kẽm 30x60 (1.4) ","Cây",50,158852,7942600,0,7942600,"VT",null,0]
[152,"2020-06-20","PN043","HK5010 1.8","Hộp kẽm 50x100 (1.8)","Cây",20,351830,7036600,0,7036600,"VT",null,0]
[153,"2020-06-20","PN043","OK42 1.4","Ống kẽm 42 (1.4)","Cây",10,119200,1192000,0,1192000,"VT",null,0]
[154,"2020-06-22","PN044","VK90 1.4","Vuông kẽm 90 (1.4)","Cây",3,326000,978000,0,978000,"VT",null,0]
[155,"2020-06-22","PN044","HK2040 1.2 ","Hộp kẽm 20x40 (1.2) ","Cây",50,93620,4681000,0,4681000,"VT",null,0]
[156,"2020-06-22","PN044","HK5010 1.4 ","Hộp kẽm 50x100 (1.4) ","Cây",20,264250,5285000,0,5285000,"VT",null,0]
[157,"2020-06-22","PN044","HK3060 1.4 ","Hộp kẽm 30x60 (1.4) ","Cây",100,159003,15900300,0,15900300,"VT",null,0]
[158,"2020-06-22","PN044","VK25 0.9","Vuông kẽm 25 (0.9)","Cây",65,56700,3685500,0,3685500,"VT",null,0]
[159,"2020-06-22","PN044","HK3060 1.2 ","Hộp kẽm 30x60 (1.2) ","Cây",50,144356,7217800,0,7217800,"VT",null,0]
[160,"2020-06-23","PN045","V50Đ","V đen 50(Đ)","Cây",100,192500,19250000,0,19250000,"VT",null,0]
[161,"2020-06-23","PN045","HK5010 1.4 ","Hộp kẽm 50x100 (1.4) ","Cây",100,265005,26500500,0,26500500,"VT",null,0]
[162,"2020-06-23","PN045","HK5010 1.2","Hộp kẽm 50x100 (1.2)","Cây",25,238580,5964500,0,5964500,"VT",null,0]
[163,"2020-06-23","PN045","OK114 1.8","ống kẽm 114 (1.8)","Cây",19,413263,7851997,0,7851997,"VT",null,0]
[164,"2020-06-23","PN045","VK20 1.0","Vuông kẽm 20 (1.0)","Cây",40,49800,1992000,0,1992000,"VT",null,0]
[165,"2020-06-23","PN045","TNSV1.0 2.5M","Tôn nhựa sóng vuông (1.0) 2.5m","Tấm",30,150000,4500000,0,4500000,null,null,0]
[166,"2020-06-24","PN046","HK5010 1.8","Hộp kẽm 50x100 (1.8)","Cây",32,315500,10096000,0,10096000,"PXV",null,0]
[167,"2020-06-25","PN047","HD2550 0.9","Hộp đen 25x50 (0.9)","Cây",200,86800,17360000,0,17360000,"PXV",null,0]
[168,"2020-06-25","PN047","TMXN4.5","Tôn XNgọc 4.5","Mét",1070,65200,69764000,0,69764000,"PXV",null,0]
[169,"2020-06-25","PN047","VK50 1.4","Vuông kẽm 50 (1.4)","Cây",5,181000,905000,0,905000,"PXV",null,0]
[170,"2020-06-26","PN048","HK1326 0.9","Hộp kẽm 13x26 (0.9)","Cây",50,44500,2225000,0,2225000,"VT",null,0]
[171,"2020-06-26","PN048","VK75 1.8","Vuông kẽm 75 (1.8)","Cây",5,357000,1785000,0,1785000,"VT",null,0]
[172,"2020-06-26","PN048","VK30 1.4","Vuông kẽm 30 (1.4)","Cây",90,103351,9301590,0,9301590,"VT",null,0]
[173,"2020-06-26","PN048","HK3060 1.8","Hộp kẽm 30x60 (1.8)","Cây",50,192900,9645000,0,9645000,"VT",null,0]
[174,"2020-06-26","PN048","VK30 1.8","Vuông kẽm 30 (1.8)","Cây",30,139000,4170000,0,4170000,"VT",null,0]
[175,"2020-06-27","PN049","VK40 1.2","Vuông kẽm 40 (1.2)","Cây",100,124424,12442400,0,12442400,"VT",null,0]
[176,"2020-06-27","PN049","HK612 1.8","Hộp Kẽm 60x120 (1.8)","Cây",20,395620,7912400,0,7912400,"VT",null,0]
[177,"2020-06-29","PN050","HK1326 1.0","Hộp kẽm 13x26 (1.0)","Cây",50,50000,2500000,0,2500000,"VT",null,0]
[178,"2020-06-29","PN050","I150","I 150","Cây",4,1152000,4608000,0,4608000,"VT",null,0]
[179,"2020-06-29","PN050","U80M","U 80 (M)","Cây",2,309000,618000,0,618000,"VT",null,0]
[180,"2020-07-01","PN051","TMXN5.0DA","Tôn XNgọc 5.0 ĐÁ","Mét",1040,93800,97552000,0,97552000,"KL",null,0]
[181,"2020-07-01","PN051","HK612 1.8","Hộp Kẽm 60x120 (1.8)","Cây",10,427000,4270000,0,4270000,"VT",null,0]
[182,"2020-07-03","PN052","MANG30 1.2 6M","Máng cửa sổ 30 (1.2) 6m","Cây",50,123000,6150000,0,6150000,"KL",null,0]
[183,"2020-07-03","PN052","MANG36 1.2 6M","Máng cửa đi 36 (1.2) 6m","Cây",50,144000,7200000,0,7200000,"KL",null,0]
[184,"2020-07-03","PN052","HK4080 1.1","Hộp kẽm 40x80 (1.1)","Cây",80,172500,13800000,0,13800000,"VT",null,0]
[185,"2020-07-03","PN052","VK40 1.4","Vuông kẽm 40 (1.4)","Cây",50,136500,6825000,0,6825000,"VT",null,0]
[186,"2020-07-04","PN053","HK4080 1.8","Hộp kẽm 40x80 (1.8)","Cây",20,274500,5490000,0,5490000,"VT",null,0]
[187,"2020-07-04","PN053","VK75 1.8","Vuông kẽm 75 (1.8)","Cây",10,354500,3545000,0,3545000,"VT",null,0]
[188,"2020-07-04","PN053","HK5010 1.2","Hộp kẽm 50x100 (1.2)","Cây",6,240000,1440000,0,1440000,"VT",null,0]
[189,"2020-07-07","PN054","VK90 1.4","Vuông kẽm 90 (1.4)","Cây",4,323400,1293600,0,1293600,"VT",null,0]
[190,"2020-07-07","PN054","OK49 1.8","Ống kẽm 49 (1.8)","Cây",10,178000,1780000,0,1780000,"VT",null,0]
[191,"2020-07-07","PN054","HK3060 1.2 ","Hộp kẽm 30x60 (1.2) ","Cây",50,142200,7110000,0,7110000,"VT",null,0]
[192,"2020-07-07","PN054","LC 30 5","La cứng 30 5li","Cây",10,45200,452000,0,452000,"PXV",null,0]
[193,"2020-07-07","PN054","BX30","Bánh xe 30","Cái",50,5900,295000,0,295000,"PXV",null,0]
[194,"2020-07-08","PN055","TMXN4.5DA","Tôn XNgọc 4.5 ĐÁ","Mét",1004,86500,86846000,0,86846000,"PXV",null,0]
[195,"2020-07-08","PN055","VK30 1.8","Vuông kẽm 30 (1.8)","Cây",50,132600,6630000,0,6630000,"VT",null,0]
[196,"2020-07-08","PN055","HK1326 1.1","Hộp kẽm 13x26 (1.1)","Cây",50,53400,2670000,0,2670000,"VT",null,0]
[197,"2020-07-08","PN055","VK20 1.0","Vuông kẽm 20 (1.0)","Cây",30,49500,1485000,0,1485000,"VT",null,0]
[198,"2020-07-08","PN055","TMXN5.0","Tôn XNgọc 5.0","Mét",1000,71100,71100000,0,71100000,"VT",null,0]
[199,"2020-07-10","PN056","V40Đ","V đen 40(Đ)","Cây",100,125500,12550000,0,12550000,"PXV",null,0]
[200,"2020-07-10","PN056","VK50 1.4","Vuông kẽm 50 (1.4)","Cây",2,180000,360000,0,360000,"PXV",null,0]
[201,"2020-07-10","PN056","OK27 1.8","Ống kẽm 27 (1.8)","Cây",10,95700,957000,0,957000,"PXV",null,0]
[202,"2020-07-10","PN056","OK49 1.8","Ống kẽm 49 (1.8)","Cây",10,172900,1729000,0,1729000,"PXV",null,0]
[203,"2020-07-11","PN057","HD2550 0.7","Hộp đen 25x50 (0.7)","Cây",60,71000,4260000,0,4260000,null,null,0]
[204,"2020-07-11","PN057","HK4080 1.8","Hộp kẽm 40x80 (1.8)","Cây",20,272250,5445000,0,5445000,"VT",null,0]
[205,"2020-07-11","PN057","HK1326 1.2","Hộp kẽm 13x26 (1.2)","Cây",50,57900,2895000,0,2895000,"VT",null,0]
[206,"2020-07-11","PN057","HK2040 1.2 ","Hộp kẽm 20x40 (1.2) ","Cây",50,92100,4605000,0,4605000,"VT",null,0]
[207,"2020-07-11","PN057","HK2040 1.4 ","Hộp kẽm 20x40 (1.4) ","Cây",50,101400,5070000,0,5070000,"VT",null,0]
[208,"2020-07-11","PN057","VK25 1.2","Vuông kẽm 25 (1.2)","Cây",20,77300,1546000,0,1546000,"VT",null,0]
[209,"2020-07-11","PN057","VK25 1.4","Vuông kẽm 25 (1.4)","Cây",25,87500,2187500,0,2187500,"VT",null,0]
[210,"2020-07-13","PN58","TNSV1.0 2.5M","Tôn nhựa sóng vuông (1.0) 2.5m","Tấm",20,150000,3000000,0,3000000,"KL",null,0]
[211,"2020-07-13","PN58","TNSV1.0 3.0M","Tôn nhựa sóng vuông (1.0) 3.0m","Tấm",30,180000,5400000,0,5400000,"KL",null,0]
[212,"2020-07-13","PN58","HK4080 1.8","Hộp kẽm 40x80 (1.8)","Cây",60,274500,16470000,0,16470000,"VT",null,0]
[213,"2020-07-13","PN58","HK3060 1.8","Hộp kẽm 30x60 (1.8)","Cây",17,202942,3450014,0,3450014,"VT",null,0]
[214,"2020-07-13","PN58","VK30 1.8","Vuông kẽm 30 (1.8)","Cây",100,134400,13440000,0,13440000,"VT",null,0]
[215,"2020-07-13","PN058","VK40 1.8","Vuông kẽm 40 (1.8)","Cây",100,179100,17910000,0,17910000,"VT",null,0]
[216,"2020-07-15","PN059","OKN34 2.6","Ống kẽm nhúng 34 (2.6)","Cây",10,259800,2598000,0,2598000,"PXV",null,0]
[217,"2020-07-15","PN059","U100","U 100","Cây",5,438000,2190000,0,2190000,"PXV",null,0]
[218,"2020-07-15","PN059","U80M","U 80 (M)","Cây",5,309000,1545000,0,1545000,"PXV",null,0]
[219,"2020-07-15","PN059","HD2550 0.7","Hộp đen 25x50 (0.7)","Cây",600,71000,42600000,0,42600000,"PXV",null,0]
[220,"2020-07-16","PN060","CN10L","Cách nhiệt 10 li","Mét",200,15000,3000000,0,3000000,"KL",null,0]
[221,"2020-07-17","PN061","HK4080 1.1","Hộp kẽm 40x80 (1.1)","Cây",150,173400,26010000,0,26010000,"KL",null,0]
[222,"2020-07-17","PN061","HK4080 1.4 ","Hộp kẽm 40x80 (1.4) ","Cây",50,208200,10410000,0,10410000,"VT",null,0]
[223,"2020-07-17","PN061","HK5010 2.0","Hộp kẽm 50x100 (2.0)","Cây",64,401700,25708800,0,25708800,"PXV",null,0]
[224,"2020-07-18","PN062","HK2550 1.4 ","Hộp kẽm 25x50 (1.4) ","Cây",50,133300,6665000,0,6665000,"VT",null,0]
[225,"2020-07-18","PN062","VK20 1.2","Vuông kẽm 20 (1.2)","Cây",20,59300,1186000,0,1186000,"VT",null,0]
[226,"2020-07-18","PN062","VK75 1.8","Vuông kẽm 75 (1.8)","Cây",5,354500,1772500,0,1772500,"VT",null,0]
[227,"2020-07-18","PN062","VK30 1.2","Vuông kẽm 30 (1.2)","Cây",100,92100,9210000,0,9210000,"VT",null,0]
[228,"2020-07-20","PN063","HK5010 2.0","Hộp kẽm 50x100 (2.0)","Cây",20,397500,7950000,0,7950000,"VT",null,0]
[229,"2020-07-20","PN063","HK4080 2.0","Hộp kẽm 40x80(2.0)","Cây",20,322500,6450000,0,6450000,"VT",null,0]
[230,"2020-07-21","PN064","VK20 1.0","Vuông kẽm 20 (1.0)","Cây",30,50500,1515000,0,1515000,"VT",null,0]
[231,"2020-07-21","PN064","V30K","V kẽm 30","Cây",20,99500,1990000,0,1990000,"VT",null,0]
[232,"2020-07-21","PN064","OK27 1.4 ","Ống kẽm 27 (1.4) ","Cây",10,76400,764000,0,764000,"VT",null,0]
[233,"2020-07-21","PN064","TMXN4.0","Tôn XNgọc 4.0","Mét",1190,58000,69020000,0,69020000,"HP",null,0]
[234,"2020-07-21","PN064","TMXN3.5","Tôn XNgọc 3.5","Mét",800,50000,40000000,0,40000000,"HP",null,0]
[235,"2020-07-21","PN064","TL5.0","Tôn Lạnh 5.0","Mét",940,74200,69748000,0,69748000,"HP",null,0]
[236,"2020-07-21","PN064","BX30","Bánh xe 30","Cái",20,6500,130000,0,130000,"KL",null,0]
[237,"2020-07-21","PN064","MANG30 1.2 4M","Máng cửa sổ 30 (1.2) 4m","Cây",1,128000,128000,0,128000,"KL",null,0]
[238,"2020-07-21","PN064","HK5010 2.0","Hộp kẽm 50x100 (2.0)","Cây",40,416900,16676000,0,16676000,"VT",null,0]
[239,"2020-07-21","PN064","HK4080 1.8","Hộp kẽm 40x80 (1.8)","Cây",40,274500,10980000,0,10980000,"VT",null,0]
[240,"2020-07-21","PN064","VK40 1.8","Vuông kẽm 40 (1.8)","Cây",50,176400,8820000,0,8820000,"VT",null,0]
[241,"2020-07-21","PN064","VK30 1.8","Vuông kẽm 30 (1.8)","Cây",50,132600,6630000,0,6630000,"VT",null,0]
[242,"2020-07-21","PN064","HK3060 1.4 ","Hộp kẽm 30x60 (1.4) ","Cây",50,150600,7530000,0,7530000,"VT",null,0]
[243,"2020-07-22","PN065","VL40","V Lỗ 40","Cây",100,42900,4290000,0,4290000,"KL",null,0]
[244,"2020-07-22","PN065","HD2550 0.7","Hộp đen 25x50 (0.7)","Cây",50,72124,3606200,0,3606200,"KL",null,0]
[245,"2020-07-23","PN066","HD2550 0.7","Hộp đen 25x50 (0.7)","Cây",800,71869,57495200,0,57495200,"KL",null,0]
[246,"2020-07-27","PX067","HK4080 2.0","Hộp kẽm 40x80(2.0)","Cây",20,326800,6536000,0,6536000,"VT",null,0]
[247,"2020-07-27","PX067","VK30 1.4","Vuông kẽm 30 (1.4)","Cây",100,103664,10366400,0,10366400,"VT",null,0]
[248,"2020-07-27","PX067","I100","I100","Cây",7,591000,4137000,0,4137000,"PXV",null,0]
[249,"2020-07-29","PX068","TNSV1.0 3.0M","Tôn nhựa sóng vuông (1.0) 3.0m","Tấm",20,180000,3600000,0,3600000,"PXV",null,0]
[250,"2020-07-31","PX069","CN5L","Cách nhiệt 5 li","Mét",100,8500,850000,0,850000,"KL",null,0]
[251,"2020-07-31","PX069","CN10L","Cách nhiệt 10 li","Mét",50,15000,750000,0,750000,"KL",null,0]
[252,"2020-07-31","PX069","CN20L","Cách nhiệt 20 li","Mét",150,29000,4350000,0,4350000,"KL",null,0]
[253,"2020-07-31","PX069","TMVK5.0PN","Tôn Vàng Kem 5.0 Phương Nam","Mét",1005,111500,112057500,0,112057500,"KL",null,0]
[254,"2020-07-31","PX069","HK5010 1.4 ","Hộp kẽm 50x100 (1.4) ","Cây",20,269040,5380800,0,5380800,"VT",null,0]
[255,"2020-07-31","PX069","TMXN3.0","Tôn XNgọc 3.0","Mét",1740,45400,78996000,0,78996000,null,null,0]
[256,"2020-07-31","PX069","TMXN4.5","Tôn XNgọc 4.5","Mét",1029,64730,66607170,0,66607170,"KL",null,0]
[257,"2020-07-31","PX069","V25","V đen25(X)","Cây",150,65000,9750000,0,9750000,"KL",null,0]
[258,"2020-08-01","PN070","HK3060 1.8","Hộp kẽm 30x60 (1.8)","Cây",100,203376,20337600,0,20337600,"VT",null,0]
[259,"2020-08-01","PN070","HK5010 1.8","Hộp kẽm 50x100 (1.8)","Cây",60,333387,20003220,0,20003220,"VT",null,0]
[260,"2020-08-01","PN070","VK40 1.4","Vuông kẽm 40 (1.4)","Cây",50,138320,6916000,0,6916000,"VT",null,0]
[261,"2020-08-01","PN070","HK4080 1.4 ","Hộp kẽm 40x80 (1.4) ","Cây",50,212800,10640000,0,10640000,"VT",null,0]
[262,"2020-08-03","PN071","U65","U 65","Cây",8,255000,2040000,0,2040000,"KL",null,0]
[263,"2020-08-03","PN071","U80M","U 80 (M)","Cây",8,306000,2448000,0,2448000,"KL",null,0]
[264,"2020-08-03","PN071","U100","U 100","Cây",4,432000,1728000,0,1728000,"KL",null,0]
[265,"2020-08-05","PN072","VK30 1.8","Vuông kẽm 30 (1.8)","Cây",10,142000,1420000,0,1420000,"VT",null,0]
[266,"2020-08-06","PN073","VK50 1.8","Vuông kẽm 50 (1.8)","Cây",30,240800,7224000,0,7224000,"VT",null,0]
[267,"2020-08-06","PN073","VK40 1.8","Vuông kẽm 40 (1.8)","Cây",10,191200,1912000,0,1912000,"VT",null,0]
[268,"2020-08-06","PN073","VK30 1.8","Vuông kẽm 30 (1.8)","Cây",20,142000,2840000,0,2840000,"VT",null,0]
[269,"2020-08-06","PN073","HK612 1.4","Hộp kẽm 60x120 (1.4)","Cây",3,333000,999000,0,999000,"VT",null,0]
[270,"2020-08-06","PN073","VK75 1.4","Vuông kẽm 75 (1.4)","Cây",5,279000,1395000,0,1395000,"VT",null,0]
[271,"2020-08-07","PN074","OK49 1.4","Ống kẽm 49 (1.4)","Cây",10,140600,1406000,0,1406000,"VT",null,0]
[272,"2020-08-07","PN074","VK40 1.4","Vuông kẽm 40 (1.4)","Cây",50,141988,7099400,0,7099400,"VT",null,0]
[273,"2020-08-07","PN074","VK40 2.0","Vuông kẽm 40 (2.0)","Cây",4,212400,849600,0,849600,"VT",null,0]
[274,"2020-08-07","PN074","HK4080 1.4 ","Hộp kẽm 40x80 (1.4) ","Cây",50,215600,10780000,0,10780000,"VT",null,0]
[275,"2020-08-07","PN074","HK3060 1.4 ","Hộp kẽm 30x60 (1.4) ","Cây",50,162932,8146600,0,8146600,"VT",null,0]
[276,"2020-08-07","PN074","HK3060 1.8","Hộp kẽm 30x60 (1.8)","Cây",50,208824,10441200,0,10441200,"VT",null,0]
[277,"2020-08-08","PN075","VK40 1.4","Vuông kẽm 40 (1.4)","Cây",50,144760,7238000,0,7238000,"VT",null,0]
[278,"2020-08-08","PN075","HK3060 1.2 ","Hộp kẽm 30x60 (1.2) ","Cây",50,144760,7238000,0,7238000,"VT",null,0]
[279,"2020-08-10","PN076","VK40 1.4","Vuông kẽm 40 (1.4)","Cây",50,140140,7007000,0,7007000,"VT",null,0]
[280,"2020-08-10","PN076","HK5010 1.4 ","Hộp kẽm 50x100 (1.4) ","Cây",20,270270,5405400,0,5405400,"VT",null,0]
[281,"2020-08-10","PN076","HK1326 0.9","Hộp kẽm 13x26 (0.9)","Cây",50,44588,2229400,0,2229400,"VT",null,0]
[282,"2020-08-10","PN076","OD60 3.0","Ống đen 60 (3.0)","Cây",2,364000,728000,0,728000,"KL",null,0]
[283,"2020-08-12","PN077","VK100 1.8","Vuông kẽm 100 (1.8)","Cây",16,472588,7561408,0,7561408,null,null,0]
[284,"2020-08-12","PN077","HK1326 1.0","Hộp kẽm 13x26 (1.0)","Cây",50,47432,2371600,0,2371600,null,null,0]
[285,"2020-08-12","PN077","OK60 2.5","Ống kẽm 60 (2.5)","Cây",2,331800,663600,0,663600,"PXV",null,0]
[286,"2020-08-13","PN078","OK27 1.8","Ống kẽm 27 (1.8)","Cây",15,102000,1530000,0,1530000,"VT",null,0]
[287,"2020-08-14","PN079","I120","I 120","Cây",7,761000,5327000,0,5327000,"VT",null,0]
[288,"2020-08-15","PN080","VK30 1.8","Vuông kẽm 30 (1.8)","Cây",30,143700,4311000,0,4311000,"VT",null,0]
[289,"2020-08-15","PN080","VK40 1.8","Vuông kẽm 40 (1.8)","Cây",50,184200,9210000,0,9210000,"VT",null,0]
[290,"2020-08-15","PN080","VK50 1.8","Vuông kẽm 50 (1.8)","Cây",50,237000,11850000,0,11850000,"VT",null,0]
[291,"2020-08-15","PN080","VK40 1.4","Vuông kẽm 40 (1.4)","Cây",50,143832,7191600,0,7191600,"VT",null,0]
[292,"2020-08-15","PN080","HK3060 1.4 ","Hộp kẽm 30x60 (1.4) ","Cây",50,165048,8252400,0,8252400,"VT",null,0]
[293,"2020-08-15","PN080","HK4080 1.4 ","Hộp kẽm 40x80 (1.4) ","Cây",50,215592,10779600,0,10779600,"VT",null,0]
[294,"2020-08-17","PN081","HK4080 1.8","Hộp kẽm 40x80 (1.8)","Cây",50,268056,13402800,0,13402800,"VT",null,0]
[295,"2020-08-17","PN081","HK5010 1.8","Hộp kẽm 50x100 (1.8)","Cây",32,346200,11078400,0,11078400,"VT",null,0]
[296,"2020-08-17","PN081","V40X","V đen 40(X)","Cây",100,92600,9260000,0,9260000,"VT",null,0]
[297,"2020-08-17","PN081","VK75 1.8","Vuông kẽm 75 (1.8)","Cây",7,369000,2583000,0,2583000,"VT",null,0]
[298,"2020-08-17","PN081","OK21 1.1","Ống kẽm 21 (1.1)","Cây",20,49000,980000,0,980000,"VT",null,0]
[299,"2020-08-19","PN082","BX30","Bánh xe 30","Cái",50,5900,295000,0,295000,"VT",null,0]
[300,"2020-08-19","PN082","BX36","Bánh xe 36 ","Cái",50,5900,295000,0,295000,"VT",null,0]
[301,"2020-08-19","PN082","HK612 1.8","Hộp Kẽm 60x120 (1.8)","Cây",20,408720,8174400,0,8174400,"VT",null,0]
[302,"2020-08-19","PN082","HK3060 1.4 ","Hộp kẽm 30x60 (1.4) ","Cây",50,164112,8205600,0,8205600,"VT",null,0]
[303,"2020-08-19","PN082","TMXN4.5","Tôn XNgọc 4.5","Mét",1075,66000,70950000,0,70950000,"VT",null,0]
[304,"2020-08-20","PN083","HK612 1.8","Hộp Kẽm 60x120 (1.8)","Cây",11,441000,4851000,0,4851000,"VT",null,0]
[305,"2020-08-20","PN083","VK30 1.2","Vuông kẽm 30 (1.2)","Cây",100,93756,9375600,0,9375600,"VT",null,0]
[306,"2020-08-20","PN083","VK40 1.2","Vuông kẽm 40 (1.2)","Cây",16,131200,2099200,0,2099200,"VT",null,0]
[307,"2020-08-20","PN083","VK20 1.4","Vuông kẽm 20 (1.4)","Cây",20,69700,1394000,0,1394000,"VT",null,0]
[308,"2020-08-20","PN083","VK75 1.4","Vuông kẽm 75 (1.4)","Cây",5,282100,1410500,0,1410500,"VT",null,0]
[309,"2020-08-22","PN084","HK4080 1.8","Hộp kẽm 40x80 (1.8)","Cây",20,281580,5631600,0,5631600,"VT",null,0]
[310,"2020-08-22","PN084","HK3060 1.4 ","Hộp kẽm 30x60 (1.4) ","Cây",50,163800,8190000,0,8190000,"VT",null,0]
[311,"2020-08-22","PN084","HK612 1.8","Hộp Kẽm 60x120 (1.8)","Cây",1,441000,441000,0,441000,"VT",null,0]
[312,"2020-08-22","PN084","HK5010 1.4 ","Hộp kẽm 50x100 (1.4) ","Cây",20,277680,5553600,0,5553600,"VT",null,0]
[313,"2020-08-26","PN085","MANG30 1.2 4M","Máng cửa sổ 30 (1.2) 4m","Cây",20,82000,1640000,0,1640000,"VT",null,0]
[314,"2020-08-26","PN085","MANG30 1.2 5M","Máng cửa sổ 30 (1.2) 5m","Cây",20,102500,2050000,0,2050000,"VT",null,0]
[315,"2020-08-26","PN085","MANG30 1.2 6M","Máng cửa sổ 30 (1.2) 6m","Cây",20,123000,2460000,0,2460000,"VT",null,0]
[316,"2020-08-26","PN085","HK3060 1.3","Hộp kẽm 30x60 (1.3)","Cây",50,155000,7750000,0,7750000,"VT",null,0]
[317,"2020-08-26","PN085","HK5010 1.8","Hộp kẽm 50x100 (1.8)","Cây",20,338520,6770400,0,6770400,"VT",null,0]
[318,"2020-08-26","PN085","I120","I 120","Cây",10,735000,7350000,0,7350000,"VT",null,0]
[319,"2020-08-27","PN086","VK30 1.4","Vuông kẽm 30 (1.4)","Cây",100,108072,10807200,0,10807200,"VT",null,0]
[320,"2020-08-27","PN086","HK3060 1.4 ","Hộp kẽm 30x60 (1.4) ","Cây",50,166848,8342400,0,8342400,"VT",null,0]
[321,"2020-08-27","PN086","HK4080 1.4 ","Hộp kẽm 40x80 (1.4) ","Cây",50,222780,11139000,0,11139000,"VT",null,0]
[322,"2020-08-27","PN086","HK1326 1.2","Hộp kẽm 13x26 (1.2)","Cây",100,60040,6004000,0,6004000,"VT",null,0]
[323,"2020-08-28","PN087","HK5010 1.4 ","Hộp kẽm 50x100 (1.4) ","Cây",20,284400,5688000,0,5688000,"VT",null,0]
[324,"2020-08-28","PN087","HK5010 1.8","Hộp kẽm 50x100 (1.8)","Cây",20,342860,6857200,0,6857200,"VT",null,0]
[325,"2020-08-28","PN087","OK90 1.8","Ống kẽm 90 (1.8)","Cây",10,332100,3321000,0,3321000,"PXV",null,0]
[326,"2020-08-28","PN087","HK4080 1.8","Hộp kẽm 40x80 (1.8)","Cây",50,281030,14051500,0,14051500,"PXV",null,0]
[327,"2020-08-28","PN087","HK3060 1.8","Hộp kẽm 30x60 (1.8)","Cây",50,192482,9624100,0,9624100,"PXV",null,0]
[328,"2020-08-29","PN088","HD2550 0.7","Hộp đen 25x50 (0.7)","Cây",1257,73600,92515200,0,92515200,"PXV",null,0]
[329,"2020-08-31","PN089","HK2040 1.3","Hộp kẽm 20x40 (1.3)","Cây",50,101752,5087600,0,5087600,"PXV",null,0]
[330,"2020-08-31","PN089","VK40 1.8","Vuông kẽm 40 (1.8)","Cây",43,187395,8057985,0,8057985,"PXV",null,0]
[331,"2020-08-31","PN089","VK50 1.8","Vuông kẽm 50 (1.8)","Cây",30,247200,7416000,0,7416000,"PXV",null,0]
[332,"2020-09-01","PN090","TMXN5.0","Tôn XNgọc 5.0","Mét",958,75240,72079920,0,72079920,"HP",null,0]
[333,"2020-09-01","PN090","TL5.0 ĐA","Tole Lạnh 5.0 ĐÁ","Mét",932,89130,83069160,0,83069160,"HP",null,0]
[334,"2020-09-01","PN090","HK4080 1.4 ","Hộp kẽm 40x80 (1.4) ","Cây",50,219936,10996800,0,10996800,"VT",null,0]
[335,"2020-09-01","PN090","OK34 1.8","Ống kẽm 34 (1.8)","Cây",16,134400,2150400,0,2150400,"VT",null,0]
[336,"2020-09-01","PN090","VK25 1.4","Vuông kẽm 25 (1.4)","Cây",16,89500,1432000,0,1432000,"VT",null,0]
[337,"2020-09-01","PN090","HK2040 1.4 ","Hộp kẽm 20x40 (1.4) ","Cây",50,107840,5392000,0,5392000,"VT",null,0]
[338,"2020-09-01","PN090","VK30 1.4","Vuông kẽm 30 (1.4)","Cây",100,108640,10864000,0,10864000,"VT",null,0]
[339,"2020-09-01","PN090","VK40 1.2","Vuông kẽm 40 (1.2)","Cây",50,130824,6541200,0,6541200,"VT",null,0]
[340,"2020-09-03","PN091","VK20 1.1","Vuông kẽm 20 (1.1)","Cây",50,58000,2900000,0,2900000,"VT",null,0]
[341,"2020-09-03","PN091","VK20 1.1","Vuông kẽm 20 (1.1)","Cây",20,58000,1160000,0,1160000,"VT",null,0]
[342,"2020-09-03","PN091","VK20 1.2","Vuông kẽm 20 (1.2)","Cây",30,65000,1950000,0,1950000,"VT",null,0]
[343,"2020-09-03","PN091","HK612 1.4","Hộp kẽm 60x120 (1.4)","Cây",3,336000,1008000,0,1008000,"VT",null,0]
[344,"2020-09-04","PN092","HK4080 1.4 ","Hộp kẽm 40x80 (1.4) ","Cây",50,225280,11264000,0,11264000,"VT",null,0]
[345,"2020-09-04","PN092","HK3060 1.4 ","Hộp kẽm 30x60 (1.4) ","Cây",50,168640,8432000,0,8432000,"VT",null,0]
[346,"2020-09-04","PN092","VK40 1.4","Vuông kẽm 40 (1.4)","Cây",50,145280,7264000,0,7264000,"VT",null,0]
[347,"2020-09-04","PN092","HK5010 1.4 ","Hộp kẽm 50x100 (1.4) ","Cây",20,287550,5751000,0,5751000,"VT",null,0]
[348,"2020-09-04","PN092","HK3060 1.2 ","Hộp kẽm 30x60 (1.2) ","Cây",50,150822,7541100,0,7541100,"VT",null,0]
[349,"2020-09-04","PN092","VK20 1.2","Vuông kẽm 20 (1.2)","Cây",100,63525,6352500,0,6352500,"VT",null,0]
[350,"2020-09-04","PN092","HK2040 1.2 ","Hộp kẽm 20x40 (1.2) ","Cây",40,99225,3969000,0,3969000,"VT",null,0]
[351,"2020-09-04","PN092","OK27 1.8","Ống kẽm 27 (1.8)","Cây",10,104000,1040000,0,1040000,"VT",null,0]
[352,"2020-09-05","PN093","VK20 1.0","Vuông kẽm 20 (1.0)","Cây",20,54000,1080000,0,1080000,"VT",null,0]
[353,"2020-09-05","PN093","VK75 1.4","Vuông kẽm 75 (1.4)","Cây",7,295000,2065000,0,2065000,"VT",null,0]
[354,"2020-09-05","PN093","VK50 1.2","Vuông kẽm 50 (1.2)","Cây",2,173200,346400,0,346400,"VT",null,0]
[355,"2020-09-07","PN094","HK3060 1.2 ","Hộp kẽm 30x60 (1.2) ","Cây",50,151590,7579500,0,7579500,"VT",null,0]
[356,"2020-09-07","PN094","HK3060 1.4 ","Hộp kẽm 30x60 (1.4) ","Cây",50,172128,8606400,0,8606400,"VT",null,0]
[357,"2020-09-08","PN095","TL5.0 ĐA","Tole Lạnh 5.0 ĐÁ","Mét",2112,89760,189573120,0,189573120,"VT",null,0]
[358,"2020-09-08","PN095","OK60 2.0","Ống kẽm 60 (2.0)","Cây",10,272500,2725000,0,2725000,"VT",null,0]
[359,"2020-09-08","PN095","OKN34 2.6","Ống kẽm nhúng 34 (2.6)","Cây",10,259800,2598000,0,2598000,"VT",null,0]
[360,"2020-09-09","PN096","LC 40 5","La cứng 40 5li","Cây",10,67400,674000,0,674000,"PXV",null,0]
[361,"2020-09-11","PN097","OK27 1.4 ","Ống kẽm 27 (1.4) ","Cây",10,82100,821000,0,821000,"VT",null,0]
[362,"2020-09-11","PN097","OK49 1.4","Ống kẽm 49 (1.4)","Cây",8,149000,1192000,0,1192000,"VT",null,0]
[363,"2020-09-11","PN097","VK40 1.4","Vuông kẽm 40 (1.4)","Cây",50,151264,7563200,0,7563200,"VT",null,0]
[364,"2020-09-11","PN097","HK4080 1.8","Hộp kẽm 40x80 (1.8)","Cây",20,294215,5884300,0,5884300,"VT",null,0]
[365,"2020-09-11","PN097","HK2550 1.4 ","Hộp kẽm 25x50 (1.4) ","Cây",50,141484,7074200,0,7074200,"VT",null,0]
[366,"2020-09-11","PN097","HK4080 1.4 ","Hộp kẽm 40x80 (1.4) ","Cây",50,228200,11410000,0,11410000,"VT",null,0]
[367,"2020-09-12","PN098","HK5010 1.8","Hộp kẽm 50x100 (1.8)","Cây",32,366800,11737600,0,11737600,"VT",null,0]
[368,"2020-09-14","PN099","TL4.5","Tôn Lạnh 4.5","Mét",1324,70870,93831880,0,93831880,"VT",null,0]
[369,"2020-09-16","PN100","V30Đ","V đen 30(Đ)","Cây",200,88068,17613600,0,17613600,"VT",null,0]
[370,"2020-09-16","PN100","HK1326 1.2","Hộp kẽm 13x26 (1.2)","Cây",100,61940,6194000,0,6194000,"VT",null,0]
[371,"2020-09-16","PN100","HK4080 1.8","Hộp kẽm 40x80 (1.8)","Cây",20,295845,5916900,0,5916900,"VT",null,0]
[372,"2020-09-16","PN100","VK40 1.4","Vuông kẽm 40 (1.4)","Cây",50,148656,7432800,0,7432800,"VT",null,0]
[373,"2020-09-16","PN100","HK4080 1.4 ","Hộp kẽm 40x80 (1.4) ","Cây",50,225918,11295900,0,11295900,"VT",null,0]
[374,"2020-09-16","PN100","VK14 1.2","Vuông kẽm 14 (1.2)","Cây",100,46400,4640000,0,4640000,"VT",null,0]
[375,"2020-09-16","PN100","TL5.0","Tôn Lạnh 5.0","Mét",970,76770,74466900,0,74466900,"VT",null,0]
[376,"2020-09-17","PN101","HK1326 0.9","Hộp kẽm 13x26 (0.9)","Cây",15,44600,669000,0,669000,"KL",null,0]
[377,"2020-09-17","PN101","HK1326 1.2","Hộp kẽm 13x26 (1.2)","Cây",11,62000,682000,0,682000,"KL",null,0]
[378,"2020-09-17","PN101","HK2040 1.2 ","Hộp kẽm 20x40 (1.2) ","Cây",1,97300,97300,0,97300,"KL",null,0]
[379,"2020-09-17","PN101","HK3060 1.2 ","Hộp kẽm 30x60 (1.2) ","Cây",10,150800,1508000,0,1508000,"KL",null,0]
[380,"2020-09-17","PN101","HK3060 1.4 ","Hộp kẽm 30x60 (1.4) ","Cây",15,168500,2527500,0,2527500,"KL",null,0]
[381,"2020-09-17","PX101","HK3060 2.0","Hộp kẽm 30x60 (2.0)","Cây",11,236000,2596000,0,2596000,"KL",null,0]
[382,"2020-09-17","PX101","HK4080 1.1","Hộp kẽm 40x80 (1.1)","Cây",1,173400,173400,0,173400,"KL",null,0]
[383,"2020-09-17","PN101","VK90 1.4","Vuông kẽm 90 (1.4)","Cây",3,365000,1095000,0,1095000,"KL",null,0]
[384,"2020-09-17","PN101","VK40 1.4","Vuông kẽm 40 (1.4)","Cây",20,149000,2980000,0,2980000,"KL",null,0]
[385,"2020-09-18","PN102","OK21 1.2 ","Ống kẽm 21 (1.2) ","Cây",9,56000,504000,0,504000,"KL",null,0]
[386,"2020-09-18","PN102","OK21 1.4","Ống kẽm 21 (1.4)","Cây",3,63000,189000,0,189000,"KL",null,0]
[387,"2020-09-18","PN102","OK60 1.4 ","Ống kẽm 60 (1.4) ","Cây",8,171500,1372000,0,1372000,"KL",null,0]
[388,"2020-09-18","PN102","CNCT","Cách nhiệt Cát Tường","Cuộn",44,1128000,49632000,0,49632000,"KL",null,0]
[389,"2020-09-18","PN102","V30K","V kẽm 30","Cây",15,103500,1552500,0,1552500,"KL",null,0]
[390,"2020-09-18","PN102","V40K","V kẽm 40","Cây",15,175500,2632500,0,2632500,"KL",null,0]
[391,"2020-09-18","PN102","VK90 1.4","Vuông kẽm 90 (1.4)","Cây",10,352000,3520000,0,3520000,"VT",null,0]
[392,"2020-09-18","PN102","OK114 1.8","ống kẽm 114 (1.8)","Cây",8,461000,3688000,0,3688000,"VT",null,0]
[393,"2020-09-18","PN102","OK21 1.2 ","Ống kẽm 21 (1.2) ","Cây",10,56000,560000,0,560000,"VT",null,0]
[394,"2020-09-18","PN102","OK21 1.4","Ống kẽm 21 (1.4)","Cây",10,63000,630000,0,630000,"VT",null,0]
[395,"2020-09-18","PN102","HK5010 1.2","Hộp kẽm 50x100 (1.2)","Cây",2,261000,522000,0,522000,"VT",null,0]
[396,"2020-09-18","PN102","VK50 1.8","Vuông kẽm 50 (1.8)","Cây",12,255200,3062400,0,3062400,"VT",null,0]
[397,"2020-09-19","PN103","HK4080 2.0","Hộp kẽm 40x80(2.0)","Cây",6,360300,2161800,0,2161800,"PXV",null,0]
[398,"2020-09-21","PN104","HK3060 1.4 ","Hộp kẽm 30x60 (1.4) ","Cây",50,170824,8541200,0,8541200,"VT",null,0]
[399,"2020-09-21","PN104","HK3060 1.8","Hộp kẽm 30x60 (1.8)","Cây",50,219724,10986200,0,10986200,"VT",null,0]
[400,"2020-09-21","PN104","HK2040 1.4 ","Hộp kẽm 20x40 (1.4) ","Cây",50,112470,5623500,0,5623500,"VT",null,0]
[401,"2020-09-21","PN104","HK1326 1.2","Hộp kẽm 13x26 (1.2)","Cây",50,61614,3080700,0,3080700,"VT",null,0]
[402,"2020-09-21","PN104","VK30 1.8","Vuông kẽm 30 (1.8)","Cây",20,150300,3006000,0,3006000,"VT",null,0]
[403,"2020-09-21","PN104","OK90 1.4 ","Ống kẽm 90 (1.4) ","Cây",6,277700,1666200,0,1666200,"VT",null,0]
[404,"2020-09-22","PN105","HK4080 2.0","Hộp kẽm 40x80(2.0)","Cây",50,348600,17430000,0,17430000,"PXV",null,0]
[405,"2020-09-22","PN105","I100","I100","Cây",10,579000,5790000,0,5790000,"PXV",null,0]
[406,"2020-09-23","PN106","HK3060 1.1","Hộp kẽm 30x60 (1.1)","Cây",20,142000,2840000,0,2840000,"VT",null,0]
[407,"2020-09-23","PN106","HK4080 1.1","Hộp kẽm 40x80 (1.1)","Cây",20,190000,3800000,0,3800000,"VT",null,0]
[408,"2020-09-23","PN106","V50X","V đen 50(X)","Cây",100,156404,15640400,0,15640400,"VT",null,0]
[409,"2020-09-24","PN107","HK612 2.0","Hộp kẽm 60x120 (2.0)","Cây",11,533600,5869600,0,5869600,"PXV",null,0]
[410,"2020-09-25","PN108","HK3060 1.2 ","Hộp kẽm 30x60 (1.2) ","Cây",50,149308,7465400,0,7465400,"VT",null,0]
[411,"2020-09-25","PN108","HK2040 1.2 ","Hộp kẽm 20x40 (1.2) ","Cây",50,98452,4922600,0,4922600,"VT",null,0]
[412,"2020-09-25","PN108","VK30 1.2","Vuông kẽm 30 (1.2)","Cây",100,98941,9894100,0,9894100,"VT",null,0]
[413,"2020-09-25","PN108","CCS25","Chụp chông sắt 2550","Cái",200,1450,290000,0,290000,"VT",null,0]
[414,"2020-09-25","PN108","CKT","Chén kẽm trung","Kg",30,16500,495000,0,495000,"VT",null,0]
[415,"2020-09-25","PN108","CKL","Chén kẽm lớn","Kg",30,16500,495000,0,495000,"VT",null,0]
[416,"2020-09-28","PN109","HK2550 1.2 ","Hộp kẽm 25x50 (1.2) ","Cây",50,122576,6128800,0,6128800,"VT",null,0]
[417,"2020-09-29","PN110","HK3060 1.7","Hộp kẽm 30x60 (1.7)","Cây",50,220100,11005000,0,11005000,"PXV",null,0]
[418,"2020-09-29","PN110","VK30 1.7","Vuông kẽm 30 (1.7)","Cây",10,142800,1428000,0,1428000,"PXV",null,0]
[419,"2020-09-29","PN110","OK90 1.4 ","Ống kẽm 90 (1.4) ","Cây",2,290000,580000,0,580000,"PXV",null,0]
[420,"2020-09-30","PN111","HK4080 1.2 ","Hộp kẽm 40x80 (1.2)","Cây",50,200816,10040800,0,10040800,"PXV",null,0]
[421,"2020-09-30","PN111","HK3060 1.4 ","Hộp kẽm 30x60 (1.4) ","Cây",50,170824,8541200,0,8541200,"VT",null,0]
[422,"2020-09-30","PN111","OK90 1.4 ","Ống kẽm 90 (1.4) ","Cây",7,277700,1943900,0,1943900,"VT",null,0]
[423,"2020-09-30","PN111","OD90 1.4","Ống đen 90 (1.4)","Cây",4,306000,1224000,0,1224000,"VT",null,0]
[424,"2020-10-01","PN112","HK5010 1.7","Hộp kẽm 50x100 (1.7)","Cây",20,359415,7188300,0,7188300,"VT",null,0]
[425,"2020-10-01","PN112","VK75 1.8","Vuông kẽm 75 (1.8)","Cây",5,386000,1930000,0,1930000,"VT",null,0]
[426,"2020-10-01","PN112","V25","V đen25(X)","Cây",200,66075,13215000,0,13215000,"VT",null,0]
[427,"2020-10-01","PN112","OK42 1.4","Ống kẽm 42 (1.4)","Cây",10,129000,1290000,0,1290000,"VT",null,0]
[428,"2020-10-03","PN113","TNSV1.0 5.0M","Tôn nhựa sóng vuông (1.0) 5.0m","Tấm",20,300000,6000000,0,6000000,"KL",null,0]
[429,"2020-10-03","PN113","HK3060 1.3","Hộp kẽm 30x60 (1.3)","Cây",50,164304,8215200,0,8215200,"VT",null,0]
[430,"2020-10-03","PN113","HK4080 1.3","Hộp kẽm 40x80 (1.3)","Cây",50,217768,10888400,0,10888400,"VT",null,0]
[431,"2020-10-06","PN114","OK60 2.0","Ống kẽm 60 (2.0)","Cây",10,277600,2776000,0,2776000,"PXV",null,0]
[432,"2020-10-07","PN115","OK27 1.7","Ống kẽm 27 (1.7)","Cây",127,96400,12242800,0,12242800,"PXV",null,0]
[433,"2020-10-07","PN115","HD1020 0.6","Hộp đen 10x20 (0.6)","cây",150,29000,4350000,0,4350000,"KL",null,0]
[434,"2020-10-07","PN115","CCN48","Chụp nhựa 48","Cái",135,470,63450,0,63450,"KL",null,0]
[435,"2020-10-07","PN115","HK3060 2.0","Hộp kẽm 30x60 (2.0)","Cây",3,252700,758100,0,758100,"KL",null,0]
[436,"2020-10-10","PN116","TNSV1.0 5.0M","Tôn nhựa sóng vuông (1.0) 5.0m","Tấm",10,300000,3000000,0,3000000,"KL",null,0]
[437,"2020-10-10","PN116","TNSV1.0 6.0M","Tôn nhựa sóng vuông (1.0) 6.0m","Tấm",20,360000,7200000,0,7200000,"KL",null,0]
[438,"2020-10-13","PN117","HK1326 1.1","Hộp kẽm 13x26 (1.1)","Cây",50,56398,2819900,0,2819900,"VT",null,0]
[439,"2020-10-13","PN117","HK5010 1.4 ","Hộp kẽm 50x100 (1.4) ","Cây",20,286880,5737600,0,5737600,"VT",null,0]
[440,"2020-10-13","PN117","HK5010 1.7","Hộp kẽm 50x100 (1.7)","Cây",20,361045,7220900,0,7220900,"VT",null,0]
[441,"2020-10-13","PN117","OK90 1.4 ","Ống kẽm 90 (1.4) ","Cây",6,277700,1666200,0,1666200,"VT",null,0]
[442,"2020-10-15","PN118","OK114 1.8","ống kẽm 114 (1.8)","Cây",19,446105,8475995,0,8475995,"VT",null,0]
[443,"2020-10-15","PN118","HK2040 1.2 ","Hộp kẽm 20x40 (1.2) ","Cây",50,99430,4971500,0,4971500,"VT",null,0]
[444,"2020-10-15","PN118","VK25 1.0","Vuông kẽm 25 (1.0)","Cây",50,68600,3430000,0,3430000,"VT",null,0]
[445,"2020-10-15","PN118","OK60 1.4 ","Ống kẽm 60 (1.4) ","Cây",7,184100,1288700,0,1288700,"VT",null,0]
[446,"2020-10-15","PN118","VK75 1.4","Vuông kẽm 75 (1.4)","Cây",7,294000,2058000,0,2058000,"VT",null,0]
[447,"2020-10-17","PN119","TMXN4.0","Tôn XNgọc 4.0","Mét",1165,63000,73395000,0,73395000,"KL",null,0]
[448,"2020-10-17","PN119","VK90 1.7 PX","Vuông kẽm 90 (1.7)","Cây",12,443400,5320800,0,5320800,"PXV",null,0]
[449,"2020-10-17","PN119","VK40 2.0","Vuông kẽm 40 (2.0)","Cây",40,226300,9052000,0,9052000,"PXV",null,0]
[450,"2020-10-22","PN120","HK4080 1.4 ","Hộp kẽm 40x80 (1.4) ","Cây",100,228200,22820000,0,22820000,"VT",null,0]
[451,"2020-10-22","PN120","VK20 1.0","Vuông kẽm 20 (1.0)","Cây",30,53800,1614000,0,1614000,"VT",null,0]
[452,"2020-10-22","PN120","HK3060 1.4 ","Hộp kẽm 30x60 (1.4) ","Cây",50,167890,8394500,0,8394500,"VT",null,0]
[453,"2020-10-22","PN120","OK34 1.4","Ống kẽm 34 (1.4)","Cây",10,103000,1030000,0,1030000,"VT",null,0]
[454,"2020-10-22","PN120","OK21 1.4","Ống kẽm 21 (1.4)","Cây",10,63000,630000,0,630000,"VT",null,0]
[455,"2020-10-22","PN120","VK25 1.2","Vuông kẽm 25 (1.2)","Cây",20,84100,1682000,0,1682000,"VT",null,0]
[456,"2020-10-22","PN120","TMXN3.5","Tôn XNgọc 3.5","Mét",1420,52800,74976000,0,74976000,"VT",null,0]
[457,"2020-10-22","PN120","TL5.0","Tôn Lạnh 5.0","Mét",946,77900,73693400,0,73693400,"VT",null,0]
[458,"2020-10-22","PN120","TMXN4.5DA","Tôn XNgọc 4.5 ĐÁ","Mét",948,82800,78494400,0,78494400,"VT",null,0]
[459,"2020-10-23","PN121","V40K","V kẽm 40","Cây",100,178160,17816000,0,17816000,"VT",null,0]
[460,"2020-10-23","PN121","VK75 1.4","Vuông kẽm 75 (1.4)","Cây",5,295000,1475000,0,1475000,"VT",null,0]
[461,"2020-10-23","PN121","U80D","U 80 (D)","Cây",3,423000,1269000,0,1269000,"PXV",null,0]
[462,"2020-10-23","PN121","HK5010 1.8","Hộp kẽm 50x100 (1.8)","Cây",20,376530,7530600,0,7530600,"PXV",null,0]
[463,"2020-10-23","PN121","HK1326 1.2","Hộp kẽm 13x26 (1.2)","Cây",100,61288,6128800,0,6128800,"PXV",null,0]
[464,"2020-10-23","PN121","VK90 1.4","Vuông kẽm 90 (1.4)","Cây",4,352000,1408000,0,1408000,"PXV",null,0]
[465,"2020-10-23","PN121","HK612 1.4","Hộp kẽm 60x120 (1.4)","Cây",3,352000,1056000,0,1056000,"PXV",null,0]
[466,"2020-10-26","PN122","HK2550 1.2 ","Hộp kẽm 25x50 (1.2) ","Cây",15,129000,1935000,0,1935000,"VT",null,0]
[467,"2020-10-26","PN122","HK5010 1.4 ","Hộp kẽm 50x100 (1.4) ","Cây",20,288510,5770200,0,5770200,"VT",null,0]
[468,"2020-10-26","PN122","VK40 1.4","Vuông kẽm 40 (1.4)","Cây",50,150615,7530750,0,7530750,"VT",null,0]
[469,"2020-10-26","PN122","HK1326 1.1","Hộp kẽm 13x26 (1.1)","Cây",50,58432,2921600,0,2921600,"VT",null,0]
[470,"2020-10-26","PN122","VK90 1.7 PX","Vuông kẽm 90 (1.7)","Cây",7,443400,3103800,0,3103800,"VT",null,0]
[471,"2020-10-26","PN122","HK4080 2.0","Hộp kẽm 40x80(2.0)","Cây",20,348820,6976400,0,6976400,"VT",null,0]
[472,"2020-10-26","PN122","VK75 1.8","Vuông kẽm 75 (1.8)","Cây",6,386000,2316000,0,2316000,"VT",null,0]
[473,"2020-10-26","PN122","HK5010 1.4 ","Hộp kẽm 50x100 (1.4) ","Cây",40,285250,11410000,0,11410000,"VT",null,0]
[474,"2020-10-26","PN122","HK5010 1.4 ","Hộp kẽm 50x100 (1.4) ","Cây",40,286065,11442600,0,11442600,"VT",null,0]
[475,"2020-10-26","PN122","OK34 1.2","Ống kẽm 34 (1.2)","Cây",5,92000,460000,0,460000,"VT",null,0]
[476,"2020-10-28","PN123","HK3060 1.4 ","Hộp kẽm 30x60 (1.4) ","Cây",100,169520,16952000,0,16952000,"VT",null,0]
[477,"2020-10-28","PN123","HK4080 1.7","Hộp kẽm 40x80 (1.7)","Cây",20,276285,5525700,0,5525700,"VT",null,0]
[478,"2020-10-28","PN123","HK4080 2.5","Hộp kẽm 40x80 (2.5)","Cây",6,444400,2666400,0,2666400,"VT",null,0]
[479,"2020-10-29","PN124","BX30","Bánh xe 30","Cái",50,5700,285000,0,285000,"VT",null,0]
[480,"2020-10-29","PN124","BX36","Bánh xe 36 ","Cái",33,5700,188100,0,188100,"VT",null,0]
[481,"2020-10-29","PN124","CCS36","Chụp chông sắt 36","Cái",150,1900,285000,0,285000,"VT",null,0]
[482,"2020-10-29","PN124","CCS24","Chụp chông sắt 24","Cái",200,1200,240000,0,240000,"VT",null,0]
[483,"2020-10-29","PN124","U80M","U 80 (M)","Cây",7,312000,2184000,0,2184000,"VT",null,0]
[484,"2020-10-29","PN124","U120","U 120","Cây",5,568000,2840000,0,2840000,"VT",null,0]
[485,"2020-10-29","PN124","MANG36 1.2 4M","Máng cửa đi 36 (1.2) 4m","Cây",20,98000,1960000,0,1960000,"VT",null,0]
[486,"2020-10-29","PN124","MANG36 1.2 5M","Máng cửa đi 36 (1.2) 5m","Cây",16,122500,1960000,0,1960000,"VT",null,0]
[487,"2020-10-29","PN124","MANG36 1.2 6M","Máng cửa đi 36 (1.2) 6m","Cây",16,147000,2352000,0,2352000,"VT",null,0]
[488,"2020-10-29","PN124","MANG36 1.4 6M","Máng cửa đi 36 (1.4) 6m","Cây",10,171000,1710000,0,1710000,"VT",null,0]
[489,"2020-10-29","PN124","TNSV1.0 4.5M","Tôn nhựa sóng vuông (1.0) 4.5m","Tấm",20,270000,5400000,0,5400000,"VT",null,0]
[490,"2020-10-29","PN124","TNSV1.0 5.0M","Tôn nhựa sóng vuông (1.0) 5.0m","Tấm",20,300000,6000000,0,6000000,"VT",null,0]
[491,"2020-10-29","PN124","HK612 2.0","Hộp kẽm 60x120 (2.0)","Cây",6,523900,3143400,0,3143400,"PXV",null,0]
[492,"2020-10-29","PN124","I120","I 120","Cây",4,772000,3088000,0,3088000,"PXV",null,0]
[493,"2020-10-29","PN124","HK4080 2.0","Hộp kẽm 40x80(2.0)","Cây",20,348820,6976400,0,6976400,"VT",null,0]
[494,"2020-10-29","PN124","HK5010 2.0","Hộp kẽm 50x100 (2.0)","Cây",20,438470,8769400,0,8769400,"VT",null,0]
[495,"2020-10-31","PN125","VK30 1.4","Vuông kẽm 30 (1.4)","Cây",100,113122,11312200,0,11312200,"VT",null,0]
[496,"2020-10-31","PN125","HK4080 1.8","Hộp kẽm 40x80 (1.8)","Cây",20,299105,5982100,0,5982100,"VT",null,0]
[497,"2020-11-01","PN126","TNSV1.0 5.0M","Tôn nhựa sóng vuông (1.0) 5.0m","Tấm",20,310000,6200000,0,6200000,"VT",null,0]
[498,"2020-11-02","PN127","HK3060 2.0","Hộp kẽm 30x60 (2.0)","Cây",50,252700,12635000,0,12635000,"PXV",null,0]
[499,"2020-11-02","PN127","HK4080 1.8","Hộp kẽm 40x80 (1.8)","Cây",20,301550,6031000,0,6031000,"PXV",null,0]
[500,"2020-11-02","PN127","HK4080 1.4 ","Hộp kẽm 40x80 (1.4) ","Cây",50,228852,11442600,0,11442600,"VT",null,0]
[501,"2020-11-02","PN127","HK4080 1.8","Hộp kẽm 40x80 (1.8)","Cây",20,299105,5982100,0,5982100,"VT",null,0]
[502,"2020-11-02","PN127","HK5010 1.8","Hộp kẽm 50x100 (1.8)","Cây",20,379790,7595800,0,7595800,"VT",null,0]
[503,"2020-11-04","PN128","U65","U 65","Cây",11,257000,2827000,0,2827000,"KL",null,0]
[504,"2020-11-04","PN128","VK40 1.2","Vuông kẽm 40 (1.2)","Cây",50,133020,6651000,0,6651000,"KL",null,0]
[505,"2020-11-04","PN128","VK40 1.7","Vuông kẽm 40 (1.7)","Cây",20,278700,5574000,0,5574000,"KL",null,0]
[506,null,null,null,null,null,0,0,0,0,0,null,null,0]
[507,null,null,null,null,null,0,0,0,0,0,null,null,0]
[508,null,null,null,null,null,0,0,0,0,0,null,null,0]
[509,null,null,null,null,null,0,0,0,0,0,null,null,0]
[510,null,null,null,null,null,0,0,0,0,0,null,null,0]
[511,null,null,null,null,null,0,0,0,0,0,null,null,0]
[512,null,null,null,null,null,0,0,0,0,0,null,null,0]
[513,null,null,null,null,null,0,0,0,0,0,null,null,0]
[514,null,null,null,null,null,0,0,0,0,0,null,null,0]
[515,null,null,null,null,null,0,0,0,0,0,null,null,0]
[516,null,null,null,null,null,0,0,0,0,0,null,null,0]
[517,null,null,null,null,null,0,0,0,0,0,null,null,0]
[518,null,null,null,null,null,0,0,0,0,0,null,null,0]
[519,null,null,null,null,null,0,0,0,0,0,null,null,0]
[520,null,null,null,null,null,0,0,0,0,0,null,null,0]
[521,null,null,null,null,null,0,0,0,0,0,null,null,0]
[522,null,null,null,null,null,0,0,0,0,0,null,null,0]
[523,null,null,null,null,null,0,0,0,0,0,null,null,0]
[524,null,null,null,null,null,0,0,0,0,0,null,null,0]
[525,null,null,null,null,null,0,0,0,0,0,null,null,0]
[526,null,null,null,null,null,0,0,0,0,0,null,null,0]
[527,null,null,null,null,null,0,0,0,0,0,null,null,0]
[528,null,null,null,null,null,0,0,0,0,0,null,null,0]
[529,null,null,null,null,null,0,0,0,0,0,null,null,0]
[530,null,null,null,null,null,0,0,0,0,0,null,null,0]
[531,null,null,null,null,null,0,0,0,0,0,null,null,0]
[532,null,null,null,null,null,0,0,0,0,0,null,null,0]
[533,null,null,null,null,null,0,0,0,0,0,null,null,0]
[534,null,null,null,null,null,0,0,0,0,0,null,null,0]
[535,null,null,null,null,null,0,0,0,0,0,null,null,0]
[536,null,null,null,null,null,0,0,0,0,0,null,null,0]
[537,null,null,null,null,null,0,0,0,0,0,null,null,0]
[538,null,null,null,null,null,0,0,0,0,0,null,null,0]
[539,null,null,null,null,null,0,0,0,0,0,null,null,0]
[540,null,null,null,null,null,0,0,0,0,0,null,null,0]
[541,null,null,null,null,null,0,0,0,0,0,null,null,0]
[542,null,null,null,null,null,0,0,0,0,0,null,null,0]
[543,null,null,null,null,null,0,0,0,0,0,null,null,0]
[544,null,null,null,null,null,0,0,0,0,0,null,null,0]
[545,null,null,null,null,null,0,0,0,0,0,null,null,0]
[546,null,null,null,null,null,0,0,0,0,0,null,null,0]
[547,null,null,null,null,null,0,0,0,0,0,null,null,0]
[548,null,null,null,null,null,0,0,0,0,0,null,null,0]
[549,null,null,null,null,null,0,0,0,0,0,null,null,0]
[550,null,null,null,null,null,0,0,0,0,0,null,null,0]
[551,null,null,null,null,null,0,0,0,0,0,null,null,0]
[552,null,null,null,null,null,0,0,0,0,0,null,null,0]
[553,null,null,null,null,null,0,0,0,0,0,null,null,0]
[554,null,null,null,null,null,0,0,0,0,0,null,null,0]
[555,null,null,null,null,null,0,0,0,0,0,null,null,0]
[556,null,null,null,null,null,0,0,0,0,0,null,null,0]
[557,null,null,null,null,null,0,0,0,0,0,null,null,0]
[558,null,null,null,null,null,0,0,0,0,0,null,null,0]
[559,null,null,null,null,null,0,0,0,0,0,null,null,0]
[560,null,null,null,null,null,0,0,0,0,0,null,null,0]
[561,null,null,null,null,null,0,0,0,0,0,null,null,0]
[562,null,null,null,null,null,0,0,0,0,0,null,null,0]
[563,null,null,null,null,null,0,0,0,0,0,null,null,0]
[564,null,null,null,null,null,0,0,0,0,0,null,null,0]
[565,null,null,null,null,null,0,0,0,0,0,null,null,0]
[566,null,null,null,null,null,0,0,0,0,0,null,null,0]
[567,null,null,null,null,null,0,0,0,0,0,null,null,0]
[568,null,null,null,null,null,0,0,0,0,0,null,null,0]
[569,null,null,null,null,null,0,0,0,0,0,null,null,0]
[570,null,null,null,null,null,0,0,0,0,0,null,null,0]
[571,null,null,null,null,null,0,0,0,0,0,null,null,0]
[572,null,null,null,null,null,0,0,0,0,0,null,null,0]
[573,null,null,null,null,null,0,0,0,0,0,null,null,0]
[574,null,null,null,null,null,0,0,0,0,0,null,null,0]
[575,null,null,null,null,null,0,0,0,0,0,null,null,0]
[576,null,null,null,null,null,0,0,0,0,0,null,null,0]
[577,null,null,null,null,null,0,0,0,0,0,null,null,0]
[578,null,null,null,null,null,0,0,0,0,0,null,null,0]
[579,null,null,null,null,null,0,0,0,0,0,null,null,0]
[580,null,null,null,null,null,0,0,0,0,0,null,null,0]
[581,null,null,null,null,null,0,0,0,0,0,null,null,0]
[582,null,null,null,null,null,0,0,0,0,0,null,null,0]
[583,null,null,null,null,null,0,0,0,0,0,null,null,0]
[584,null,null,null,null,null,0,0,0,0,0,null,null,0]
[585,null,null,null,null,null,0,0,0,0,0,null,null,0]
[586,null,null,null,null,null,0,0,0,0,0,null,null,0]
[587,null,null,null,null,null,0,0,0,0,0,null,null,0]
[588,null,null,null,null,null,0,0,0,0,0,null,null,0]
[589,null,null,null,null,null,0,0,0,0,0,null,null,0]
[590,null,null,null,null,null,0,0,0,0,0,null,null,0]
[591,null,null,null,null,null,0,0,0,0,0,null,null,0]
[592,null,null,null,null,null,0,0,0,0,0,null,null,0]
[593,null,null,null,null,null,0,0,0,0,0,null,null,0]
[594,null,null,null,null,null,0,0,0,0,0,null,null,0]
[595,null,null,null,null,null,0,0,0,0,0,null,null,0]
[596,null,null,null,null,null,0,0,0,0,0,null,null,0]
[597,null,null,null,null,null,0,0,0,0,0,null,null,0]
[598,null,null,null,null,null,0,0,0,0,0,null,null,0]
[599,null,null,null,null,null,0,0,0,0,0,null,null,0]
[600,null,null,null,null,null,0,0,0,0,0,null,null,0]
[601,null,null,null,null,null,0,0,0,0,0,null,null,0]
[602,null,null,null,null,null,0,0,0,0,0,null,null,0]
[603,null,null,null,null,null,0,0,0,0,0,null,null,0]
[604,null,null,null,null,null,0,0,0,0,0,null,null,0]
[605,null,null,null,null,null,0,0,0,0,0,null,null,0]
[606,null,null,null,null,null,0,0,0,0,0,null,null,0]
[607,null,null,null,null,null,0,0,0,0,0,null,null,0]
[608,null,null,null,null,null,0,0,0,0,0,null,null,0]
[609,null,null,null,null,null,0,0,0,0,0,null,null,0]
[610,null,null,null,null,null,0,0,0,0,0,null,null,0]
[611,null,null,null,null,null,0,0,0,0,0,null,null,0]
[612,null,null,null,null,null,0,0,0,0,0,null,null,0]
[613,null,null,null,null,null,0,0,0,0,0,null,null,0]
[614,null,null,null,null,null,0,0,0,0,0,null,null,0]
[615,null,null,null,null,null,0,0,0,0,0,null,null,0]
[616,null,null,null,null,null,0,0,0,0,0,null,null,0]
[617,null,null,null,null,null,0,0,0,0,0,null,null,0]
[618,null,null,null,null,null,0,0,0,0,0,null,null,0]
[619,null,null,null,null,null,0,0,0,0,0,null,null,0]
[620,null,null,null,null,null,0,0,0,0,0,null,null,0]
[621,null,null,null,null,null,0,0,0,0,0,null,null,0]
[622,null,null,null,null,null,0,0,0,0,0,null,null,0]
[623,null,null,null,null,null,0,0,0,0,0,null,null,0]
[624,null,null,null,null,null,0,0,0,0,0,null,null,0]
[625,null,null,null,null,null,0,0,0,0,0,null,null,0]
[626,null,null,null,null,null,0,0,0,0,0,null,null,0]
[627,null,null,null,null,null,0,0,0,0,0,null,null,0]
[628,null,null,null,null,null,0,0,0,0,0,null,null,0]
[629,null,null,null,null,null,0,0,0,0,0,null,null,0]
[630,null,null,null,null,null,0,0,0,0,0,null,null,0]
[631,null,null,null,null,null,0,0,0,0,0,null,null,0]
[632,null,null,null,null,null,0,0,0,0,0,null,null,0]
[633,null,null,null,null,null,0,0,0,0,0,null,null,0]
[634,null,null,null,null,null,0,0,0,0,0,null,null,0]
[635,null,null,null,null,null,0,0,0,0,0,null,null,0]
[636,null,null,null,null,null,0,0,0,0,0,null,null,0]
[637,null,null,null,null,null,0,0,0,0,0,null,null,0]
[638,null,null,null,null,null,0,0,0,0,0,null,null,0]
[639,null,null,null,null,null,0,0,0,0,0,null,null,0]
[640,null,null,null,null,null,0,0,0,0,0,null,null,0]
[641,null,null,null,null,null,0,0,0,0,0,null,null,0]
[642,null,null,null,null,null,0,0,0,0,0,null,null,0]
[643,null,null,null,null,null,0,0,0,0,0,null,null,0]
[644,null,null,null,null,null,0,0,0,0,0,null,null,0]
[645,null,null,null,null,null,0,0,0,0,0,null,null,0]
[646,null,null,null,null,null,0,0,0,0,0,null,null,0]
[647,null,null,null,null,null,0,0,0,0,0,null,null,0]
[648,null,null,null,null,null,0,0,0,0,0,null,null,0]
[649,null,null,null,null,null,0,0,0,0,0,null,null,0]
[650,null,null,null,null,null,0,0,0,0,0,null,null,0]
[651,null,null,null,null,null,0,0,0,0,0,null,null,0]
[652,null,null,null,null,null,0,0,0,0,0,null,null,0]
[653,null,null,null,null,null,0,0,0,0,0,null,null,0]
[654,null,null,null,null,null,0,0,0,0,0,null,null,0]
[655,null,null,null,null,null,0,0,0,0,0,null,null,0]
[656,null,null,null,null,null,0,0,0,0,0,null,null,0]
[657,null,null,null,null,null,0,0,0,0,0,null,null,0]
[658,null,null,null,null,null,0,0,0,0,0,null,null,0]
[659,null,null,null,null,null,0,0,0,0,0,null,null,0]
[660,null,null,null,null,null,0,0,0,0,0,null,null,0]
[661,null,null,null,null,null,0,0,0,0,0,null,null,0]
[662,null,null,null,null,null,0,0,0,0,0,null,null,0]
[663,null,null,null,null,null,0,0,0,0,0,null,null,0]
[664,null,null,null,null,null,0,0,0,0,0,null,null,0]
[665,null,null,null,null,null,0,0,0,0,0,null,null,0]
[666,null,null,null,null,null,0,0,0,0,0,null,null,0]
[667,null,null,null,null,null,0,0,0,0,0,null,null,0]
[668,null,null,null,null,null,0,0,0,0,0,null,null,0]
[669,null,null,null,null,null,0,0,0,0,0,null,null,0]
[670,null,null,null,null,null,0,0,0,0,0,null,null,0]
[671,null,null,null,null,null,0,0,0,0,0,null,null,0]
[672,null,null,null,null,null,0,0,0,0,0,null,null,0]
[673,null,null,null,null,null,0,0,0,0,0,null,null,0]
[674,null,null,null,null,null,0,0,0,0,0,null,null,0]
[675,null,null,null,null,null,0,0,0,0,0,null,null,0]
[676,null,null,null,null,null,0,0,0,0,0,null,null,0]
[677,null,null,null,null,null,0,0,0,0,0,null,null,0]
[678,null,null,null,null,null,0,0,0,0,0,null,null,0]
[679,null,null,null,null,null,0,0,0,0,0,null,null,0]
[680,null,null,null,null,null,0,0,0,0,0,null,null,0]
[681,null,null,null,null,null,0,0,0,0,0,null,null,0]
[682,null,null,null,null,null,0,0,0,0,0,null,null,0]
[683,null,null,null,null,null,0,0,0,0,0,null,null,0]
[684,null,null,null,null,null,0,0,0,0,0,null,null,0]
[685,null,null,null,null,null,0,0,0,0,0,null,null,0]
[686,null,null,null,null,null,0,0,0,0,0,null,null,0]
[687,null,null,null,null,null,0,0,0,0,0,null,null,0]
[688,null,null,null,null,null,0,0,0,0,0,null,null,0]
[689,null,null,null,null,null,0,0,0,0,0,null,null,0]
[690,null,null,null,null,null,0,0,0,0,0,null,null,0]
[691,null,null,null,null,null,0,0,0,0,0,null,null,0]
[692,null,null,null,null,null,0,0,0,0,0,null,null,0]
[693,null,null,null,null,null,0,0,0,0,0,null,null,0]
[694,null,null,null,null,null,0,0,0,0,0,null,null,0]
[695,null,null,null,null,null,0,0,0,0,0,null,null,0]
[696,null,null,null,null,null,0,0,0,0,0,null,null,0]
[697,null,null,null,null,null,0,0,0,0,0,null,null,0]
[698,null,null,null,null,null,0,0,0,0,0,null,null,0]
[699,null,null,null,null,null,0,0,0,0,0,null,null,0]
[700,null,null,null,null,null,0,0,0,0,0,null,null,0]
[701,null,null,null,null,null,0,0,0,0,0,null,null,0]
[702,null,null,null,null,null,0,0,0,0,0,null,null,0]
[703,null,null,null,null,null,0,0,0,0,0,null,null,0]
[704,null,null,null,null,null,0,0,0,0,0,null,null,0]
[705,null,null,null,null,null,0,0,0,0,0,null,null,0]
[706,null,null,null,null,null,0,0,0,0,0,null,null,0]
[707,null,null,null,null,null,0,0,0,0,0,null,null,0]
[708,null,null,null,null,null,0,0,0,0,0,null,null,0]
[709,null,null,null,null,null,0,0,0,0,0,null,null,0]
[710,null,null,null,null,null,0,0,0,0,0,null,null,0]
[711,null,null,null,null,null,0,0,0,0,0,null,null,0]
[712,null,null,null,null,null,0,0,0,0,0,null,null,0]
[713,null,null,null,null,null,0,0,0,0,0,null,null,0]
[714,null,null,null,null,null,0,0,0,0,0,null,null,0]
[715,null,null,null,null,null,0,0,0,0,0,null,null,0]
[716,null,null,null,null,null,0,0,0,0,0,null,null,0]
[717,null,null,null,null,null,0,0,0,0,0,null,null,0]
[718,null,null,null,null,null,0,0,0,0,0,null,null,0]
[719,null,null,null,null,null,0,0,0,0,0,null,null,0]
[720,null,null,null,null,null,0,0,0,0,0,null,null,0]
[721,null,null,null,null,null,0,0,0,0,0,null,null,0]
[722,null,null,null,null,null,0,0,0,0,0,null,null,0]
[723,null,null,null,null,null,0,0,0,0,0,null,null,0]
[724,null,null,null,null,null,0,0,0,0,0,null,null,0]
[725,null,null,null,null,null,0,0,0,0,0,null,null,0]
[726,null,null,null,null,null,0,0,0,0,0,null,null,0]
[727,null,null,null,null,null,0,0,0,0,0,null,null,0]
[728,null,null,null,null,null,0,0,0,0,0,null,null,0]
[729,null,null,null,null,null,0,0,0,0,0,null,null,0]
[730,null,null,null,null,null,0,0,0,0,0,null,null,0]
[731,null,null,null,null,null,0,0,0,0,0,null,null,0]
[732,null,null,null,null,null,0,0,0,0,0,null,null,0]
[733,null,null,null,null,null,0,0,0,0,0,null,null,0]
[734,null,null,null,null,null,0,0,0,0,0,null,null,0]
[735,null,null,null,null,null,0,0,0,0,0,null,null,0]
[736,null,null,null,null,null,0,0,0,0,0,null,null,0]
[737,null,null,null,null,null,0,0,0,0,0,null,null,0]
[738,null,null,null,null,null,0,0,0,0,0,null,null,0]
[739,null,null,null,null,null,0,0,0,0,0,null,null,0]
[740,null,null,null,null,null,0,0,0,0,0,null,null,0]
[741,null,null,null,null,null,0,0,0,0,0,null,null,0]
[742,null,null,null,null,null,0,0,0,0,0,null,null,0]
[743,null,null,null,null,null,0,0,0,0,0,null,null,0]
[744,null,null,null,null,null,0,0,0,0,0,null,null,0]
[745,null,null,null,null,null,0,0,0,0,0,null,null,0]
[746,null,null,null,null,null,0,0,0,0,0,null,null,0]
[747,null,null,null,null,null,0,0,0,0,0,null,null,0]
[748,null,null,null,null,null,0,0,0,0,0,null,null,0]
[749,null,null,null,null,null,0,0,0,0,0,null,null,0]
[750,null,null,null,null,null,0,0,0,0,0,null,null,0]
[751,null,null,null,null,null,0,0,0,0,0,null,null,0]
[752,null,null,null,null,null,0,0,0,0,0,null,null,0]
[753,null,null,null,null,null,0,0,0,0,0,null,null,0]
[754,null,null,null,null,null,0,0,0,0,0,null,null,0]
[755,null,null,null,null,null,0,0,0,0,0,null,null,0]
[756,null,null,null,null,null,0,0,0,0,0,null,null,0]
[757,null,null,null,null,null,0,0,0,0,0,null,null,0]
[758,null,null,null,null,null,0,0,0,0,0,null,null,0]
[759,null,null,null,null,null,0,0,0,0,0,null,null,0]
[760,null,null,null,null,null,0,0,0,0,0,null,null,0]
[761,null,null,null,null,null,0,0,0,0,0,null,null,0]
[762,null,null,null,null,null,0,0,0,0,0,null,null,0]
[763,null,null,null,null,null,0,0,0,0,0,null,null,0]
[764,null,null,null,null,null,0,0,0,0,0,null,null,0]
[765,null,null,null,null,null,0,0,0,0,0,null,null,0]
[766,null,null,null,null,null,0,0,0,0,0,null,null,0]
[767,null,null,null,null,null,0,0,0,0,0,null,null,0]
[768,null,null,null,null,null,0,0,0,0,0,null,null,0]
[769,null,null,null,null,null,0,0,0,0,0,null,null,0]
[770,null,null,null,null,null,0,0,0,0,0,null,null,0]
[771,null,null,null,null,null,0,0,0,0,0,null,null,0]
[772,null,null,null,null,null,0,0,0,0,0,null,null,0]
[773,null,null,null,null,null,0,0,0,0,0,null,null,0]
[774,null,null,null,null,null,0,0,0,0,0,null,null,0]
[775,null,null,null,null,null,0,0,0,0,0,null,null,0]
[776,null,null,null,null,null,0,0,0,0,0,null,null,0]
[777,null,null,null,null,null,0,0,0,0,0,null,null,0]
[778,null,null,null,null,null,0,0,0,0,0,null,null,0]
[779,null,null,null,null,null,0,0,0,0,0,null,null,0]
[780,null,null,null,null,null,0,0,0,0,0,null,null,0]
[781,null,null,null,null,null,0,0,0,0,0,null,null,0]
[782,null,null,null,null,null,0,0,0,0,0,null,null,0]
[783,null,null,null,null,null,0,0,0,0,0,null,null,0]
[784,null,null,null,null,null,0,0,0,0,0,null,null,0]
[785,null,null,null,null,null,0,0,0,0,0,null,null,0]
[786,null,null,null,null,null,0,0,0,0,0,null,null,0]
[787,null,null,null,null,null,0,0,0,0,0,null,null,0]
[788,null,null,null,null,null,0,0,0,0,0,null,null,0]
[789,null,null,null,null,null,0,0,0,0,0,null,null,0]
[790,null,null,null,null,null,0,0,0,0,0,null,null,0]
[791,null,null,null,null,null,0,0,0,0,0,null,null,0]
[792,null,null,null,null,null,0,0,0,0,0,null,null,0]
[793,null,null,null,null,null,0,0,0,0,0,null,null,0]
[794,null,null,null,null,null,0,0,0,0,0,null,null,0]
[795,null,null,null,null,null,0,0,0,0,0,null,null,0]
[796,null,null,null,null,null,0,0,0,0,0,null,null,0]
[797,null,null,null,null,null,0,0,0,0,0,null,null,0]
[798,null,null,null,null,null,0,0,0,0,0,null,null,0]
[799,null,null,null,null,null,0,0,0,0,0,null,null,0]
[800,null,null,null,null,null,0,0,0,0,0,null,null,0]
[801,null,null,null,null,null,0,0,0,0,0,null,null,0]
[802,null,null,null,null,null,0,0,0,0,0,null,null,0]
[803,null,null,null,null,null,0,0,0,0,0,null,null,0]
[804,null,null,null,null,null,0,0,0,0,0,null,null,0]
[805,null,null,null,null,null,0,0,0,0,0,null,null,0]
[806,null,null,null,null,null,0,0,0,0,0,null,null,0]
[807,null,null,null,null,null,0,0,0,0,0,null,null,0]
[808,null,null,null,null,null,0,0,0,0,0,null,null,0]
[809,null,null,null,null,null,0,0,0,0,0,null,null,0]
[810,null,null,null,null,null,0,0,0,0,0,null,null,0]
[811,null,null,null,null,null,0,0,0,0,0,null,null,0]
[812,null,null,null,null,null,0,0,0,0,0,null,null,0]
[813,null,null,null,null,null,0,0,0,0,0,null,null,0]
[814,null,null,null,null,null,0,0,0,0,0,null,null,0]
[815,null,null,null,null,null,0,0,0,0,0,null,null,0]
[816,null,null,null,null,null,0,0,0,0,0,null,null,0]
[817,null,null,null,null,null,0,0,0,0,0,null,null,0]
[818,null,null,null,null,null,0,0,0,0,0,null,null,0]
[819,null,null,null,null,null,0,0,0,0,0,null,null,0]
[820,null,null,null,null,null,0,0,0,0,0,null,null,0]
[821,null,null,null,null,null,0,0,0,0,0,null,null,0]
[822,null,null,null,null,null,0,0,0,0,0,null,null,0]
[823,null,null,null,null,null,0,0,0,0,0,null,null,0]
[824,null,null,null,null,null,0,0,0,0,0,null,null,0]
[825,null,null,null,null,null,0,0,0,0,0,null,null,0]
[826,null,null,null,null,null,0,0,0,0,0,null,null,0]
[827,null,null,null,null,null,0,0,0,0,0,null,null,0]
[828,null,null,null,null,null,0,0,0,0,0,null,null,0]
[829,null,null,null,null,null,0,0,0,0,0,null,null,0]
[830,null,null,null,null,null,0,0,0,0,0,null,null,0]
[831,null,null,null,null,null,0,0,0,0,0,null,null,0]
[832,null,null,null,null,null,0,0,0,0,0,null,null,0]
[833,null,null,null,null,null,0,0,0,0,0,null,null,0]
[834,null,null,null,null,null,0,0,0,0,0,null,null,0]
[835,null,null,null,null,null,0,0,0,0,0,null,null,0]
[836,null,null,null,null,null,0,0,0,0,0,null,null,0]
[837,null,null,null,null,null,0,0,0,0,0,null,null,0]
[838,null,null,null,null,null,0,0,0,0,0,null,null,0]
[839,null,null,null,null,null,0,0,0,0,0,null,null,0]
[840,null,null,null,null,null,0,0,0,0,0,null,null,0]
[841,null,null,null,null,null,0,0,0,0,0,null,null,0]
[842,null,null,null,null,null,0,0,0,0,0,null,null,0]
[843,null,null,null,null,null,0,0,0,0,0,null,null,0]
[844,null,null,null,null,null,0,0,0,0,0,null,null,0]
[845,null,null,null,null,null,0,0,0,0,0,null,null,0]
[846,null,null,null,null,null,0,0,0,0,0,null,null,0]
[847,null,null,null,null,null,0,0,0,0,0,null,null,0]
[848,null,null,null,null,null,0,0,0,0,0,null,null,0]
[849,null,null,null,null,null,0,0,0,0,0,null,null,0]
[850,null,null,null,null,null,0,0,0,0,0,null,null,0]
[851,null,null,null,null,null,0,0,0,0,0,null,null,0]
[852,null,null,null,null,null,0,0,0,0,0,null,null,0]
[853,null,null,null,null,null,0,0,0,0,0,null,null,0]
[854,null,null,null,null,null,0,0,0,0,0,null,null,0]
[855,null,null,null,null,null,0,0,0,0,0,null,null,0]
[856,null,null,null,null,null,0,0,0,0,0,null,null,0]
[857,null,null,null,null,null,0,0,0,0,0,null,null,0]
[858,null,null,null,null,null,0,0,0,0,0,null,null,0]
[859,null,null,null,null,null,0,0,0,0,0,null,null,0]
[860,null,null,null,null,null,0,0,0,0,0,null,null,0]
[861,null,null,null,null,null,0,0,0,0,0,null,null,0]
[862,null,null,null,null,null,0,0,0,0,0,null,null,0]
[863,null,null,null,null,null,0,0,0,0,0,null,null,0]
[864,null,null,null,null,null,0,0,0,0,0,null,null,0]
[865,null,null,null,null,null,0,0,0,0,0,null,null,0]
[866,null,null,null,null,null,0,0,0,0,0,null,null,0]
[867,null,null,null,null,null,0,0,0,0,0,null,null,0]
[868,null,null,null,null,null,0,0,0,0,0,null,null,0]
[869,null,null,null,null,null,0,0,0,0,0,null,null,0]
[870,null,null,null,null,null,0,0,0,0,0,null,null,0]
[871,null,null,null,null,null,0,0,0,0,0,null,null,0]
[872,null,null,null,null,null,0,0,0,0,0,null,null,0]
[873,null,null,null,null,null,0,0,0,0,0,null,null,0]
[874,null,null,null,null,null,0,0,0,0,0,null,null,0]
[875,null,null,null,null,null,0,0,0,0,0,null,null,0]
[876,null,null,null,null,null,0,0,0,0,0,null,null,0]
[877,null,null,null,null,null,0,0,0,0,0,null,null,0]
[878,null,null,null,null,null,0,0,0,0,0,null,null,0]
[879,null,null,null,null,null,0,0,0,0,0,null,null,0]
[880,null,null,null,null,null,0,0,0,0,0,null,null,0]
[881,null,null,null,null,null,0,0,0,0,0,null,null,0]
[882,null,null,null,null,null,0,0,0,0,0,null,null,0]
[883,null,null,null,null,null,0,0,0,0,0,null,null,0]
[884,null,null,null,null,null,0,0,0,0,0,null,null,0]
[885,null,null,null,null,null,0,0,0,0,0,null,null,0]
[886,null,null,null,null,null,0,0,0,0,0,null,null,0]
[887,null,null,null,null,null,0,0,0,0,0,null,null,0]
[888,null,null,null,null,null,0,0,0,0,0,null,null,0]
[889,null,null,null,null,null,0,0,0,0,0,null,null,0]
[890,null,null,null,null,null,0,0,0,0,0,null,null,0]
[891,null,null,null,null,null,0,0,0,0,0,null,null,0]
[892,null,null,null,null,null,0,0,0,0,0,null,null,0]
[893,null,null,null,null,null,0,0,0,0,0,null,null,0]
[894,null,null,null,null,null,0,0,0,0,0,null,null,0]
[895,null,null,null,null,null,0,0,0,0,0,null,null,0]
[896,null,null,null,null,null,0,0,0,0,0,null,null,0]
[897,null,null,null,null,null,0,0,0,0,0,null,null,0]
[898,null,null,null,null,null,0,0,0,0,0,null,null,0]
[899,null,null,null,null,null,0,0,0,0,0,null,null,0]
[900,null,null,null,null,null,0,0,0,0,0,null,null,0]
[901,null,null,null,null,null,0,0,0,0,0,null,null,0]
[902,null,null,null,null,null,0,0,0,0,0,null,null,0]
[903,null,null,null,null,null,0,0,0,0,0,null,null,0]
[904,null,null,null,null,null,0,0,0,0,0,null,null,0]
[905,null,null,null,null,null,0,0,0,0,0,null,null,0]
[906,null,null,null,null,null,0,0,0,0,0,null,null,0]
[907,null,null,null,null,null,0,0,0,0,0,null,null,0]
[908,null,null,null,null,null,0,0,0,0,0,null,null,0]
[909,null,null,null,null,null,0,0,0,0,0,null,null,0]
[910,null,null,null,null,null,0,0,0,0,0,null,null,0]
[911,null,null,null,null,null,0,0,0,0,0,null,null,0]
[912,null,null,null,null,null,0,0,0,0,0,null,null,0]
[913,null,null,null,null,null,0,0,0,0,0,null,null,0]
[914,null,null,null,null,null,0,0,0,0,0,null,null,0]
[915,null,null,null,null,null,0,0,0,0,0,null,null,0]
[916,null,null,null,null,null,0,0,0,0,0,null,null,0]
[917,null,null,null,null,null,0,0,0,0,0,null,null,0]
[918,null,null,null,null,null,0,0,0,0,0,null,null,0]
[919,null,null,null,null,null,0,0,0,0,0,null,null,0]
[920,null,null,null,null,null,0,0,0,0,0,null,null,0]
[921,null,null,null,null,null,0,0,0,0,0,null,null,0]
[922,null,null,null,null,null,0,0,0,0,0,null,null,0]
[923,null,null,null,null,null,0,0,0,0,0,null,null,0]
[924,null,null,null,null,null,0,0,0,0,0,null,null,0]
[925,null,null,null,null,null,0,0,0,0,0,null,null,0]
[926,null,null,null,null,null,0,0,0,0,0,null,null,0]
[927,null,null,null,null,null,0,0,0,0,0,null,null,0]
[928,null,null,null,null,null,0,0,0,0,0,null,null,0]
[929,null,null,null,null,null,0,0,0,0,0,null,null,0]
[930,null,null,null,null,null,0,0,0,0,0,null,null,0]
[931,null,null,null,null,null,0,0,0,0,0,null,null,0]
[932,null,null,null,null,null,0,0,0,0,0,null,null,0]
[933,null,null,null,null,null,0,0,0,0,0,null,null,0]
[934,null,null,null,null,null,0,0,0,0,0,null,null,0]
[935,null,null,null,null,null,0,0,0,0,0,null,null,0]
[936,null,null,null,null,null,0,0,0,0,0,null,null,0]
[937,null,null,null,null,null,0,0,0,0,0,null,null,0]
[938,null,null,null,null,null,0,0,0,0,0,null,null,0]
[939,null,null,null,null,null,0,0,0,0,0,null,null,0]
[940,null,null,null,null,null,0,0,0,0,0,null,null,0]
[941,null,null,null,null,null,0,0,0,0,0,null,null,0]
[942,null,null,null,null,null,0,0,0,0,0,null,null,0]
[943,null,null,null,null,null,0,0,0,0,0,null,null,0]
[944,null,null,null,null,null,0,0,0,0,0,null,null,0]
[945,null,null,null,null,null,0,0,0,0,0,null,null,0]
[946,null,null,null,null,null,0,0,0,0,0,null,null,0]
[947,null,null,null,null,null,0,0,0,0,0,null,null,0]
[948,null,null,null,null,null,0,0,0,0,0,null,null,0]
[949,null,null,null,null,null,0,0,0,0,0,null,null,0]
[950,null,null,null,null,null,0,0,0,0,0,null,null,0]
[951,null,null,null,null,null,0,0,0,0,0,null,null,0]
[952,null,null,null,null,null,0,0,0,0,0,null,null,0]
[953,null,null,null,null,null,0,0,0,0,0,null,null,0]
[954,null,null,null,null,null,0,0,0,0,0,null,null,0]
[955,null,null,null,null,null,0,0,0,0,0,null,null,0]
[956,null,null,null,null,null,0,0,0,0,0,null,null,0]
[957,null,null,null,null,null,0,0,0,0,0,null,null,0]
[958,null,null,null,null,null,0,0,0,0,0,null,null,0]
[959,null,null,null,null,null,0,0,0,0,0,null,null,0]
[960,null,null,null,null,null,0,0,0,0,0,null,null,0]
[961,null,null,null,null,null,0,0,0,0,0,null,null,0]
[962,null,null,null,null,null,0,0,0,0,0,null,null,0]
[963,null,null,null,null,null,0,0,0,0,0,null,null,0]
[964,null,null,null,null,null,0,0,0,0,0,null,null,0]
[965,null,null,null,null,null,0,0,0,0,0,null,null,0]
[966,null,null,null,null,null,0,0,0,0,0,null,null,0]
[967,null,null,null,null,null,0,0,0,0,0,null,null,0]
[968,null,null,null,null,null,0,0,0,0,0,null,null,0]
[969,null,null,null,null,null,0,0,0,0,0,null,null,0]
[970,null,null,null,null,null,0,0,0,0,0,null,null,0]
[971,null,null,null,null,null,0,0,0,0,0,null,null,0]
[972,null,null,null,null,null,0,0,0,0,0,null,null,0]
[973,null,null,null,null,null,0,0,0,0,0,null,null,0]
[974,null,null,null,null,null,0,0,0,0,0,null,null,0]
[975,null,null,null,null,null,0,0,0,0,0,null,null,0]
[976,null,null,null,null,null,0,0,0,0,0,null,null,0]
[977,null,null,null,null,null,0,0,0,0,0,null,null,0]
[978,null,null,null,null,null,0,0,0,0,0,null,null,0]
[979,null,null,null,null,null,0,0,0,0,0,null,null,0]
[980,null,null,null,null,null,0,0,0,0,0,null,null,0]
[981,null,null,null,null,null,0,0,0,0,0,null,null,0]
[982,null,null,null,null,null,0,0,0,0,0,null,null,0]
[983,null,null,null,null,null,0,0,0,0,0,null,null,0]
[984,null,null,null,null,null,0,0,0,0,0,null,null,0]
[985,null,null,null,null,null,0,0,0,0,0,null,null,0]
[986,null,null,null,null,null,0,0,0,0,0,null,null,0]
[987,null,null,null,null,null,0,0,0,0,0,null,null,0]
[988,null,null,null,null,null,0,0,0,0,0,null,null,0]
[989,null,null,null,null,null,0,0,0,0,0,null,null,0]
[990,null,null,null,null,null,0,0,0,0,0,null,null,0]
[991,null,null,null,null,null,0,0,0,0,0,null,null,0]
[992,null,null,null,null,null,0,0,0,0,0,null,null,0]
[993,null,null,null,null,null,0,0,0,0,0,null,null,0]
[994,null,null,null,null,null,0,0,0,0,0,null,null,0]
[995,null,null,null,null,null,0,0,0,0,0,null,null,0]
[996,null,null,null,null,null,0,0,0,0,0,null,null,0]
[997,null,null,null,null,null,0,0,0,0,0,null,null,0]
[998,null,null,null,null,null,0,0,0,0,0,null,null,0]
[999,null,null,null,null,null,0,0,0,0,0,null,null,0]
[1000,null,null,null,null,null,0,0,0,0,0,null,null,0]
[1001,null,null,null,null,null,0,0,0,0,0,null,null,0]
[1002,null,null,null,null,null,0,0,0,0,0,null,null,0]
[1003,null,null,null,null,null,0,0,0,0,0,null,null,0]
[1004,null,null,null,null,null,0,0,0,0,0,null,null,0]
[1005,null,null,null,null,null,0,0,0,0,0,null,null,0]
[1006,null,null,null,null,null,0,0,0,0,0,null,null,0]
[1007,null,null,null,null,null,0,0,0,0,0,null,null,0]
[1008,null,null,null,null,null,0,0,0,0,0,null,null,0]
[1009,null,null,null,null,null,0,0,0,0,0,null,null,0]
[1010,null,null,null,null,null,0,0,0,0,0,null,null,0]
[1011,null,null,null,null,null,0,0,0,0,0,null,null,0]
[1012,null,null,null,null,null,0,0,0,0,0,null,null,0]
[1013,null,null,null,null,null,0,0,0,0,0,null,null,0]
[1014,null,null,null,null,null,0,0,0,0,0,null,null,0]
[1015,null,null,null,null,null,0,0,0,0,0,null,null,0]
[1016,null,null,null,null,null,0,0,0,0,0,null,null,0]
[1017,null,null,null,null,null,0,0,0,0,0,null,null,0]
[1018,null,null,null,null,null,0,0,0,0,0,null,null,0]
[1019,null,null,null,null,null,0,0,0,0,0,null,null,0]
[1020,null,null,null,null,null,0,0,0,0,0,null,null,0]
[1021,null,null,null,null,null,0,0,0,0,0,null,null,0]
[1022,null,null,null,null,null,0,0,0,0,0,null,null,0]
[1023,null,null,null,null,null,0,0,0,0,0,null,null,0]
[1024,null,null,null,null,null,0,0,0,0,0,null,null,0]
[1025,null,null,null,null,null,0,0,0,0,0,null,null,0]
[1026,null,null,null,null,null,0,0,0,0,0,null,null,0]
[1027,null,null,null,null,null,0,0,0,0,0,null,null,0]
[1028,null,null,null,null,null,0,0,0,0,0,null,null,0]
[1029,null,null,null,null,null,0,0,0,0,0,null,null,0]
[1030,null,null,null,null,null,0,0,0,0,0,null,null,0]
[1031,null,null,null,null,null,0,0,0,0,0,null,null,0]
[1032,null,null,null,null,null,0,0,0,0,0,null,null,0]
[1033,null,null,null,null,null,0,0,0,0,0,null,null,0]
[1034,null,null,null,null,null,0,0,0,0,0,null,null,0]
[1035,null,null,null,null,null,0,0,0,0,0,null,null,0]
[1036,null,null,null,null,null,0,0,0,0,0,null,null,0]
[1037,null,null,null,null,null,0,0,0,0,0,null,null,0]
[1038,null,null,null,null,null,0,0,0,0,0,null,null,0]
[1039,null,null,null,null,null,0,0,0,0,0,null,null,0]
[1040,null,null,null,null,null,0,0,0,0,0,null,null,0]
[1041,null,null,null,null,null,0,0,0,0,0,null,null,0]
[1042,null,null,null,null,null,0,0,0,0,0,null,null,0]
[1043,null,null,null,null,null,0,0,0,0,0,null,null,0]
[1044,null,null,null,null,null,0,0,0,0,0,null,null,0]
[1045,null,null,null,null,null,0,0,0,0,0,null,null,0]
[1046,null,null,null,null,null,0,0,0,0,0,null,null,0]
[1047,null,null,null,null,null,0,0,0,0,0,null,null,0]
[1048,null,null,null,null,null,0,0,0,0,0,null,null,0]
[1049,null,null,null,null,null,0,0,0,0,0,null,null,0]
[1050,null,null,null,null,null,0,0,0,0,0,null,null,0]
[1051,null,null,null,null,null,0,0,0,0,0,null,null,0]
[1052,null,null,null,null,null,0,0,0,0,0,null,null,0]
[1053,null,null,null,null,null,0,0,0,0,0,null,null,0]
[1054,null,null,null,null,null,0,0,0,0,0,null,null,0]
[1055,null,null,null,null,null,0,0,0,0,0,null,null,0]
[1056,null,null,null,null,null,0,0,0,0,0,null,null,0]
[1057,null,null,null,null,null,0,0,0,0,0,null,null,0]
[1058,null,null,null,null,null,0,0,0,0,0,null,null,0]
[1059,null,null,null,null,null,0,0,0,0,0,null,null,0]
[1060,null,null,null,null,null,0,0,0,0,0,null,null,0]
[1061,null,null,null,null,null,0,0,0,0,0,null,null,0]
[1062,null,null,null,null,null,0,0,0,0,0,null,null,0]
[1063,null,null,null,null,null,0,0,0,0,0,null,null,0]
[1064,null,null,null,null,null,0,0,0,0,0,null,null,0]
[1065,null,null,null,null,null,0,0,0,0,0,null,null,0]
[1066,null,null,null,null,null,0,0,0,0,0,null,null,0]
[1067,null,null,null,null,null,0,0,0,0,0,null,null,0]
[1068,null,null,null,null,null,0,0,0,0,0,null,null,0]
[1069,null,null,null,null,null,0,0,0,0,0,null,null,0]
[1070,null,null,null,null,null,0,0,0,0,0,null,null,0]
[1071,null,null,null,null,null,0,0,0,0,0,null,null,0]
[1072,null,null,null,null,null,0,0,0,0,0,null,null,0]
[1073,null,null,null,null,null,0,0,0,0,0,null,null,0]
[1074,null,null,null,null,null,0,0,0,0,0,null,null,0]
[1075,null,null,null,null,null,0,0,0,0,0,null,null,0]
[1076,null,null,null,null,null,0,0,0,0,0,null,null,0]
[1077,null,null,null,null,null,0,0,0,0,0,null,null,0]
[1078,null,null,null,null,null,0,0,0,0,0,null,null,0]
[1079,null,null,null,null,null,0,0,0,0,0,null,null,0]
[1080,null,null,null,null,null,0,0,0,0,0,null,null,0]
[1081,null,null,null,null,null,0,0,0,0,0,null,null,0]
[1082,null,null,null,null,null,0,0,0,0,0,null,null,0]
[1083,null,null,null,null,null,0,0,0,0,0,null,null,0]
[1084,null,null,null,null,null,0,0,0,0,0,null,null,0]
[1085,null,null,null,null,null,0,0,0,0,0,null,null,0]
[1086,null,null,null,null,null,0,0,0,0,0,null,null,0]
[1087,null,null,null,null,null,0,0,0,0,0,null,null,0]
[1088,null,null,null,null,null,0,0,0,0,0,null,null,0]
[1089,null,null,null,null,null,0,0,0,0,0,null,null,0]
[1090,null,null,null,null,null,0,0,0,0,0,null,null,0]
[1091,null,null,null,null,null,0,0,0,0,0,null,null,0]
[1092,null,null,null,null,null,0,0,0,0,0,null,null,0]
[1093,null,null,null,null,null,0,0,0,0,0,null,null,0]
[1094,null,null,null,null,null,0,0,0,0,0,null,null,0]
[1095,null,null,null,null,null,0,0,0,0,0,null,null,0]
[1096,null,null,null,null,null,0,0,0,0,0,null,null,0]
[1097,null,null,null,null,null,0,0,0,0,0,null,null,0]
[1098,null,null,null,null,null,0,0,0,0,0,null,null,0]
[1099,null,null,null,null,null,0,0,0,0,0,null,null,0]
[1100,null,null,null,null,null,0,0,0,0,0,null,null,0]
[1101,null,null,null,null,null,0,0,0,0,0,null,null,0]
[1102,null,null,null,null,null,0,0,0,0,0,null,null,0]
[1103,null,null,null,null,null,0,0,0,0,0,null,null,0]
[1104,null,null,null,null,null,0,0,0,0,0,null,null,0]
[1105,null,null,null,null,null,0,0,0,0,0,null,null,0]
[1106,null,null,null,null,null,0,0,0,0,0,null,null,0]
[1107,null,null,null,null,null,0,0,0,0,0,null,null,0]
[1108,null,null,null,null,null,0,0,0,0,0,null,null,0]
[1109,null,null,null,null,null,0,0,0,0,0,null,null,0]
[1110,null,null,null,null,null,0,0,0,0,0,null,null,0]
[1111,null,null,null,null,null,0,0,0,0,0,null,null,0]
[1112,null,null,null,null,null,0,0,0,0,0,null,null,0]
[1113,null,null,null,null,null,0,0,0,0,0,null,null,0]
[1114,null,null,null,null,null,0,0,0,0,0,null,null,0]
[1115,null,null,null,null,null,0,0,0,0,0,null,null,0]
[1116,null,null,null,null,null,0,0,0,0,0,null,null,0]
[1117,null,null,null,null,null,0,0,0,0,0,null,null,0]
[1118,null,null,null,null,null,0,0,0,0,0,null,null,0]
[1119,null,null,null,null,null,0,0,0,0,0,null,null,0]
[1120,null,null,null,null,null,0,0,0,0,0,null,null,0]
[1121,null,null,null,null,null,0,0,0,0,0,null,null,0]
[1122,null,null,null,null,null,0,0,0,0,0,null,null,0]
[1123,null,null,null,null,null,0,0,0,0,0,null,null,0]
[1124,null,null,null,null,null,0,0,0,0,0,null,null,0]
[1125,null,null,null,null,null,0,0,0,0,0,null,null,0]
[1126,null,null,null,null,null,0,0,0,0,0,null,null,0]
[1127,null,null,null,null,null,0,0,0,0,0,null,null,0]
[1128,null,null,null,null,null,0,0,0,0,0,null,null,0]
[1129,null,null,null,null,null,0,0,0,0,0,null,null,0]
[1130,null,null,null,null,null,0,0,0,0,0,null,null,0]
[1131,null,null,null,null,null,0,0,0,0,0,null,null,0]
[1132,null,null,null,null,null,0,0,0,0,0,null,null,0]
[1133,null,null,null,null,null,0,0,0,0,0,null,null,0]
[1134,null,null,null,null,null,0,0,0,0,0,null,null,0]
[1135,null,null,null,null,null,0,0,0,0,0,null,null,0]
[1136,null,null,null,null,null,0,0,0,0,0,null,null,0]
[1137,null,null,null,null,null,0,0,0,0,0,null,null,0]
[1138,null,null,null,null,null,0,0,0,0,0,null,null,0]
[1139,null,null,null,null,null,0,0,0,0,0,null,null,0]
[1140,null,null,null,null,null,0,0,0,0,0,null,null,0]
[1141,null,null,null,null,null,0,0,0,0,0,null,null,0]
[1142,null,null,null,null,null,0,0,0,0,0,null,null,0]
[1143,null,null,null,null,null,0,0,0,0,0,null,null,0]
[1144,null,null,null,null,null,0,0,0,0,0,null,null,0]
[1145,null,null,null,null,null,0,0,0,0,0,null,null,0]
[1146,null,null,null,null,null,0,0,0,0,0,null,null,0]
[1147,null,null,null,null,null,0,0,0,0,0,null,null,0]
[1148,null,null,null,null,null,0,0,0,0,0,null,null,0]
[1149,null,null,null,null,null,0,0,0,0,0,null,null,0]
[1150,null,null,null,null,null,0,0,0,0,0,null,null,0]
[1151,null,null,null,null,null,0,0,0,0,0,null,null,0]
[1152,null,null,null,null,null,0,0,0,0,0,null,null,0]
[1153,null,null,null,null,null,0,0,0,0,0,null,null,0]
[1154,null,null,null,null,null,0,0,0,0,0,null,null,0]
[1155,null,null,null,null,null,0,0,0,0,0,null,null,0]
[1156,null,null,null,null,null,0,0,0,0,0,null,null,0]
[1157,null,null,null,null,null,0,0,0,0,0,null,null,0]
[1158,null,null,null,null,null,0,0,0,0,0,null,null,0]
[1159,null,null,null,null,null,0,0,0,0,0,null,null,0]
[1160,null,null,null,null,null,0,0,0,0,0,null,null,0]
[1161,null,null,null,null,null,0,0,0,0,0,null,null,0]
[1162,null,null,null,null,null,0,0,0,0,0,null,null,0]
[1163,null,null,null,null,null,0,0,0,0,0,null,null,0]
[1164,null,null,null,null,null,0,0,0,0,0,null,null,0]
[1165,null,null,null,null,null,0,0,0,0,0,null,null,0]
[1166,null,null,null,null,null,0,0,0,0,0,null,null,0]
[1167,null,null,null,null,null,0,0,0,0,0,null,null,0]
[1168,null,null,null,null,null,0,0,0,0,0,null,null,0]
[1169,null,null,null,null,null,0,0,0,0,0,null,null,0]
[1170,null,null,null,null,null,0,0,0,0,0,null,null,0]
[1171,null,null,null,null,null,0,0,0,0,0,null,null,0]
[1172,null,null,null,null,null,0,0,0,0,0,null,null,0]
[1173,null,null,null,null,null,0,0,0,0,0,null,null,0]
[1174,null,null,null,null,null,0,0,0,0,0,null,null,0]
[1175,null,null,null,null,null,0,0,0,0,0,null,null,0]
[1176,null,null,null,null,null,0,0,0,0,0,null,null,0]
[1177,null,null,null,null,null,0,0,0,0,0,null,null,0]
[1178,null,null,null,null,null,0,0,0,0,0,null,null,0]
[1179,null,null,null,null,null,0,0,0,0,0,null,null,0]
[1180,null,null,null,null,null,0,0,0,0,0,null,null,0]
[1181,null,null,null,null,null,0,0,0,0,0,null,null,0]
[1182,null,null,null,null,null,0,0,0,0,0,null,null,0]
[1183,null,null,null,null,null,0,0,0,0,0,null,null,0]
[1184,null,null,null,null,null,0,0,0,0,0,null,null,0]
[1185,null,null,null,null,null,0,0,0,0,0,null,null,0]
[1186,null,null,null,null,null,0,0,0,0,0,null,null,0]
[1187,null,null,null,null,null,0,0,0,0,0,null,null,0]
[1188,null,null,null,null,null,0,0,0,0,0,null,null,0]
[1189,null,null,null,null,null,0,0,0,0,0,null,null,0]
[1190,null,null,null,null,null,0,0,0,0,0,null,null,0]
[1191,null,null,null,null,null,0,0,0,0,0,null,null,0]
[1192,null,null,null,null,null,0,0,0,0,0,null,null,0]
[1193,null,null,null,null,null,0,0,0,0,0,null,null,0]
[1194,null,null,null,null,null,0,0,0,0,0,null,null,0]
[1195,null,null,null,null,null,0,0,0,0,0,null,null,0]
[1196,null,null,null,null,null,0,0,0,0,0,null,null,0]
[1197,null,null,null,null,null,0,0,0,0,0,null,null,0]
[1198,null,null,null,null,null,0,0,0,0,0,null,null,0]
[1199,null,null,null,null,null,0,0,0,0,0,null,null,0]
[1200,null,null,null,null,null,0,0,0,0,0,null,null,0]
[1201,null,null,null,null,null,0,0,0,0,0,null,null,0]
[1202,null,null,null,null,null,0,0,0,0,0,null,null,0]
[1203,null,null,null,null,null,0,0,0,0,0,null,null,0]
[1204,null,null,null,null,null,0,0,0,0,0,null,null,0]
[1205,null,null,null,null,null,0,0,0,0,0,null,null,0]
[1206,null,null,null,null,null,0,0,0,0,0,null,null,0]
[1207,null,null,null,null,null,0,0,0,0,0,null,null,0]
[1208,null,null,null,null,null,0,0,0,0,0,null,null,0]
[1209,null,null,null,null,null,0,0,0,0,0,null,null,0]
[1210,null,null,null,null,null,0,0,0,0,0,null,null,0]
[1211,null,null,null,null,null,0,0,0,0,0,null,null,0]
[1212,null,null,null,null,null,0,0,0,0,0,null,null,0]
[1213,null,null,null,null,null,0,0,0,0,0,null,null,0]
[1214,null,null,null,null,null,0,0,0,0,0,null,null,0]
[1215,null,null,null,null,null,0,0,0,0,0,null,null,0]
[1216,null,null,null,null,null,0,0,0,0,0,null,null,0]
[1217,null,null,null,null,null,0,0,0,0,0,null,null,0]
[1218,null,null,null,null,null,0,0,0,0,0,null,null,0]
[1219,null,null,null,null,null,0,0,0,0,0,null,null,0]
[1220,null,null,null,null,null,0,0,0,0,0,null,null,0]
[1221,null,null,null,null,null,0,0,0,0,0,null,null,0]
[1222,null,null,null,null,null,0,0,0,0,0,null,null,0]
[1223,null,null,null,null,null,0,0,0,0,0,null,null,0]
[1224,null,null,null,null,null,0,0,0,0,0,null,null,0]
[1225,null,null,null,null,null,0,0,0,0,0,null,null,0]
[1226,null,null,null,null,null,0,0,0,0,0,null,null,0]
[1227,null,null,null,null,null,0,0,0,0,0,null,null,0]
[1228,null,null,null,null,null,0,0,0,0,0,null,null,0]
[1229,null,null,null,null,null,0,0,0,0,0,null,null,0]
[1230,null,null,null,null,null,0,0,0,0,0,null,null,0]
[1231,null,null,null,null,null,0,0,0,0,0,null,null,0]
[1232,null,null,null,null,null,0,0,0,0,0,null,null,0]
[1233,null,null,null,null,null,0,0,0,0,0,null,null,0]
[1234,null,null,null,null,null,0,0,0,0,0,null,null,0]
[1235,null,null,null,null,null,0,0,0,0,0,null,null,0]
[1236,null,null,null,null,null,0,0,0,0,0,null,null,0]
[1237,null,null,null,null,null,0,0,0,0,0,null,null,0]
[1238,null,null,null,null,null,0,0,0,0,0,null,null,0]
[1239,null,null,null,null,null,0,0,0,0,0,null,null,0]
[1240,null,null,null,null,null,0,0,0,0,0,null,null,0]
[1241,null,null,null,null,null,0,0,0,0,0,null,null,0]
[1242,null,null,null,null,null,0,0,0,0,0,null,null,0]
[1243,null,null,null,null,null,0,0,0,0,0,null,null,0]
[1244,null,null,null,null,null,0,0,0,0,0,null,null,0]
[1245,null,null,null,null,null,0,0,0,0,0,null,null,0]
[1246,null,null,null,null,null,0,0,0,0,0,null,null,0]
[1247,null,null,null,null,null,0,0,0,0,0,null,null,0]
[1248,null,null,null,null,null,0,0,0,0,0,null,null,0]
[1249,null,null,null,null,null,0,0,0,0,0,null,null,0]
[1250,null,null,null,null,null,0,0,0,0,0,null,null,0]
[1251,null,null,null,null,null,0,0,0,0,0,null,null,0]
[1252,null,null,null,null,null,0,0,0,0,0,null,null,0]
[1253,null,null,null,null,null,0,0,0,0,0,null,null,0]
[1254,null,null,null,null,null,0,0,0,0,0,null,null,0]
[1255,null,null,null,null,null,0,0,0,0,0,null,null,0]
[1256,null,null,null,null,null,0,0,0,0,0,null,null,0]
[1257,null,null,null,null,null,0,0,0,0,0,null,null,0]
[1258,null,null,null,null,null,0,0,0,0,0,null,null,0]
[1259,null,null,null,null,null,0,0,0,0,0,null,null,0]
[1260,null,null,null,null,null,0,0,0,0,0,null,null,0]
[1261,null,null,null,null,null,0,0,0,0,0,null,null,0]
[1262,null,null,null,null,null,0,0,0,0,0,null,null,0]
[1263,null,null,null,null,null,0,0,0,0,0,null,null,0]
[1264,null,null,null,null,null,0,0,0,0,0,null,null,0]
[1265,null,null,null,null,null,0,0,0,0,0,null,null,0]
[1266,null,null,null,null,null,0,0,0,0,0,null,null,0]
[1267,null,null,null,null,null,0,0,0,0,0,null,null,0]
[1268,null,null,null,null,null,0,0,0,0,0,null,null,0]
[1269,null,null,null,null,null,0,0,0,0,0,null,null,0]
[1270,null,null,null,null,null,0,0,0,0,0,null,null,0]
[1271,null,null,null,null,null,0,0,0,0,0,null,null,0]
[1272,null,null,null,null,null,0,0,0,0,0,null,null,0]
[1273,null,null,null,null,null,0,0,0,0,0,null,null,0]
[1274,null,null,null,null,null,0,0,0,0,0,null,null,0]
[1275,null,null,null,null,null,0,0,0,0,0,null,null,0]
[1276,null,null,null,null,null,0,0,0,0,0,null,null,0]
[1277,null,null,null,null,null,0,0,0,0,0,null,null,0]
[1278,null,null,null,null,null,0,0,0,0,0,null,null,0]
[1279,null,null,null,null,null,0,0,0,0,0,null,null,0]
[1280,null,null,null,null,null,0,0,0,0,0,null,null,0]
[1281,null,null,null,null,null,0,0,0,0,0,null,null,0]
[1282,null,null,null,null,null,0,0,0,0,0,null,null,0]
[1283,null,null,null,null,null,0,0,0,0,0,null,null,0]
[1284,null,null,null,null,null,0,0,0,0,0,null,null,0]
[1285,null,null,null,null,null,0,0,0,0,0,null,null,0]
[1286,null,null,null,null,null,0,0,0,0,0,null,null,0]
[1287,null,null,null,null,null,0,0,0,0,0,null,null,0]
[1288,null,null,null,null,null,0,0,0,0,0,null,null,0]
[1289,null,null,null,null,null,0,0,0,0,0,null,null,0]
[1290,null,null,null,null,null,0,0,0,0,0,null,null,0]
[1291,null,null,null,null,null,0,0,0,0,0,null,null,0]
[1292,null,null,null,null,null,0,0,0,0,0,null,null,0]
[1293,null,null,null,null,null,0,0,0,0,0,null,null,0]
[1294,null,null,null,null,null,0,0,0,0,0,null,null,0]
[1295,null,null,null,null,null,0,0,0,0,0,null,null,0]
[1296,null,null,null,null,null,0,0,0,0,0,null,null,0]
[1297,null,null,null,null,null,0,0,0,0,0,null,null,0]
[1298,null,null,null,null,null,0,0,0,0,0,null,null,0]
[1299,null,null,null,null,null,0,0,0,0,0,null,null,0]
[1300,null,null,null,null,null,0,0,0,0,0,null,null,0]
[1301,null,null,null,null,null,0,0,0,0,0,null,null,0]
[1302,null,null,null,null,null,0,0,0,0,0,null,null,0]
[1303,null,null,null,null,null,0,0,0,0,0,null,null,0]
[1304,null,null,null,null,null,0,0,0,0,0,null,null,0]
[1305,null,null,null,null,null,0,0,0,0,0,null,null,0]
[1306,null,null,null,null,null,0,0,0,0,0,null,null,0]
[1307,null,null,null,null,null,0,0,0,0,0,null,null,0]
[1308,null,null,null,null,null,0,0,0,0,0,null,null,0]
[1309,null,null,null,null,null,0,0,0,0,0,null,null,0]
[1310,null,null,null,null,null,0,0,0,0,0,null,null,0]
[1311,null,null,null,null,null,0,0,0,0,0,null,null,0]
[1312,null,null,null,null,null,0,0,0,0,0,null,null,0]
[1313,null,null,null,null,null,0,0,0,0,0,null,null,0]
[1314,null,null,null,null,null,0,0,0,0,0,null,null,0]
[1315,null,null,null,null,null,0,0,0,0,0,null,null,0]
[1316,null,null,null,null,null,0,0,0,0,0,null,null,0]
[1317,null,null,null,null,null,0,0,0,0,0,null,null,0]
[1318,null,null,null,null,null,0,0,0,0,0,null,null,0]
[1319,null,null,null,null,null,0,0,0,0,0,null,null,0]
[1320,null,null,null,null,null,0,0,0,0,0,null,null,0]
[1321,null,null,null,null,null,0,0,0,0,0,null,null,0]
[1322,null,null,null,null,null,0,0,0,0,0,null,null,0]
[1323,null,null,null,null,null,0,0,0,0,0,null,null,0]
[1324,null,null,null,null,null,0,0,0,0,0,null,null,0]
[1325,null,null,null,null,null,0,0,0,0,0,null,null,0]
[1326,null,null,null,null,null,0,0,0,0,0,null,null,0]
[1327,null,null,null,null,null,0,0,0,0,0,null,null,0]
[1328,null,null,null,null,null,0,0,0,0,0,null,null,0]
[1329,null,null,null,null,null,0,0,0,0,0,null,null,0]
[1330,null,null,null,null,null,0,0,0,0,0,null,null,0]
[1331,null,null,null,null,null,0,0,0,0,0,null,null,0]
[1332,null,null,null,null,null,0,0,0,0,0,null,null,0]
[1333,null,null,null,null,null,0,0,0,0,0,null,null,0]
[1334,null,null,null,null,null,0,0,0,0,0,null,null,0]
[1335,null,null,null,null,null,0,0,0,0,0,null,null,0]
[1336,null,null,null,null,null,0,0,0,0,0,null,null,0]
[1337,null,null,null,null,null,0,0,0,0,0,null,null,0]
[1338,null,null,null,null,null,0,0,0,0,0,null,null,0]
[1339,null,null,null,null,null,0,0,0,0,0,null,null,0]
[1340,null,null,null,null,null,0,0,0,0,0,null,null,0]
[1341,null,null,null,null,null,0,0,0,0,0,null,null,0]
[1342,null,null,null,null,null,0,0,0,0,0,null,null,0]
[1343,null,null,null,null,null,0,0,0,0,0,null,null,0]
[1344,null,null,null,null,null,0,0,0,0,0,null,null,0]
[1345,null,null,null,null,null,0,0,0,0,0,null,null,0]
[1346,null,null,null,null,null,0,0,0,0,0,null,null,0]
[1347,null,null,null,null,null,0,0,0,0,0,null,null,0]
[1348,null,null,null,null,null,0,0,0,0,0,null,null,0]
[1349,null,null,null,null,null,0,0,0,0,0,null,null,0]
[1350,null,null,null,null,null,0,0,0,0,0,null,null,0]
[1351,null,null,null,null,null,0,0,0,0,0,null,null,0]
[1352,null,null,null,null,null,0,0,0,0,0,null,null,0]
[1353,null,null,null,null,null,0,0,0,0,0,null,null,0]
[1354,null,null,null,null,null,0,0,0,0,0,null,null,0]
[1355,null,null,null,null,null,0,0,0,0,0,null,null,0]
[1356,null,null,null,null,null,0,0,0,0,0,null,null,0]
[1357,null,null,null,null,null,0,0,0,0,0,null,null,0]
[1358,null,null,null,null,null,0,0,0,0,0,null,null,0]
[1359,null,null,null,null,null,0,0,0,0,0,null,null,0]
[1360,null,null,null,null,null,0,0,0,0,0,null,null,0]
[1361,null,null,null,null,null,0,0,0,0,0,null,null,0]
[1362,null,null,null,null,null,0,0,0,0,0,null,null,0]
[1363,null,null,null,null,null,0,0,0,0,0,null,null,0]
[1364,null,null,null,null,null,0,0,0,0,0,null,null,0]
[1365,null,null,null,null,null,0,0,0,0,0,null,null,0]
[1366,null,null,null,null,null,0,0,0,0,0,null,null,0]
[1367,null,null,null,null,null,0,0,0,0,0,null,null,0]
[1368,null,null,null,null,null,0,0,0,0,0,null,null,0]
[1369,null,null,null,null,null,0,0,0,0,0,null,null,0]
[1370,null,null,null,null,null,0,0,0,0,0,null,null,0]
[1371,null,null,null,null,null,0,0,0,0,0,null,null,0]
[1372,null,null,null,null,null,0,0,0,0,0,null,null,0]
[1373,null,null,null,null,null,0,0,0,0,0,null,null,0]
[1374,null,null,null,null,null,0,0,0,0,0,null,null,0]
[1375,null,null,null,null,null,0,0,0,0,0,null,null,0]
[1376,null,null,null,null,null,0,0,0,0,0,null,null,0]
[1377,null,null,null,null,null,0,0,0,0,0,null,null,0]
[1378,null,null,null,null,null,0,0,0,0,0,null,null,0]
[1379,null,null,null,null,null,0,0,0,0,0,null,null,0]
[1380,null,null,null,null,null,0,0,0,0,0,null,null,0]
[1381,null,null,null,null,null,0,0,0,0,0,null,null,0]
[1382,null,null,null,null,null,0,0,0,0,0,null,null,0]
[1383,null,null,null,null,null,0,0,0,0,0,null,null,0]
[1384,null,null,null,null,null,0,0,0,0,0,null,null,0]
[1385,null,null,null,null,null,0,0,0,0,0,null,null,0]
[1386,null,null,null,null,null,0,0,0,0,0,null,null,0]
[1387,null,null,null,null,null,0,0,0,0,0,null,null,0]
[1388,null,null,null,null,null,0,0,0,0,0,null,null,0]
[1389,null,null,null,null,null,0,0,0,0,0,null,null,0]
[1390,null,null,null,null,null,0,0,0,0,0,null,null,0]
[1391,null,null,null,null,null,0,0,0,0,0,null,null,0]
[1392,null,null,null,null,null,0,0,0,0,0,null,null,0]
[1393,null,null,null,null,null,0,0,0,0,0,null,null,0]
[1394,null,null,null,null,null,0,0,0,0,0,null,null,0]
[1395,null,null,null,null,null,0,0,0,0,0,null,null,0]
[1396,null,null,null,null,null,0,0,0,0,0,null,null,0]
[1397,null,null,null,null,null,0,0,0,0,0,null,null,0]
[1398,null,null,null,null,null,0,0,0,0,0,null,null,0]
[1399,null,null,null,null,null,0,0,0,0,0,null,null,0]
[1400,null,null,null,null,null,0,0,0,0,0,null,null,0]
[1401,null,null,null,null,null,0,0,0,0,0,null,null,0]
[1402,null,null,null,null,null,0,0,0,0,0,null,null,0]
[1403,null,null,null,null,null,0,0,0,0,0,null,null,0]
[1404,null,null,null,null,null,0,0,0,0,0,null,null,0]
[1405,null,null,null,null,null,0,0,0,0,0,null,null,0]
[1406,null,null,null,null,null,0,0,0,0,0,null,null,0]
[1407,null,null,null,null,null,0,0,0,0,0,null,null,0]
[1408,null,null,null,null,null,0,0,0,0,0,null,null,0]
[1409,null,null,null,null,null,0,0,0,0,0,null,null,0]
[1410,null,null,null,null,null,0,0,0,0,0,null,null,0]
[1411,null,null,null,null,null,0,0,0,0,0,null,null,0]
[1412,null,null,null,null,null,0,0,0,0,0,null,null,0]
[1413,null,null,null,null,null,0,0,0,0,0,null,null,0]
[1414,null,null,null,null,null,0,0,0,0,0,null,null,0]
[1415,null,null,null,null,null,0,0,0,0,0,null,null,0]
[1416,null,null,null,null,null,0,0,0,0,0,null,null,0]
[1417,null,null,null,null,null,0,0,0,0,0,null,null,0]
[1418,null,null,null,null,null,0,0,0,0,0,null,null,0]
[1419,null,null,null,null,null,0,0,0,0,0,null,null,0]
[1420,null,null,null,null,null,0,0,0,0,0,null,null,0]
[1421,null,null,null,null,null,0,0,0,0,0,null,null,0]
[1422,null,null,null,null,null,0,0,0,0,0,null,null,0]
[1423,null,null,null,null,null,0,0,0,0,0,null,null,0]
[1424,null,null,null,null,null,0,0,0,0,0,null,null,0]
[1425,null,null,null,null,null,0,0,0,0,0,null,null,0]
[1426,null,null,null,null,null,0,0,0,0,0,null,null,0]
[1427,null,null,null,null,null,0,0,0,0,0,null,null,0]
[1428,null,null,null,null,null,0,0,0,0,0,null,null,0]
[1429,null,null,null,null,null,0,0,0,0,0,null,null,0]
[1430,null,null,null,null,null,0,0,0,0,0,null,null,0]
[1431,null,null,null,null,null,0,0,0,0,0,null,null,0]
[1432,null,null,null,null,null,0,0,0,0,0,null,null,0]
[1433,null,null,null,null,null,0,0,0,0,0,null,null,0]
[1434,null,null,null,null,null,0,0,0,0,0,null,null,0]
[1435,null,null,null,null,null,0,0,0,0,0,null,null,0]
[1436,null,null,null,null,null,0,0,0,0,0,null,null,0]
[1437,null,null,null,null,null,0,0,0,0,0,null,null,0]
[1438,null,null,null,null,null,0,0,0,0,0,null,null,0]
[1439,null,null,null,null,null,0,0,0,0,0,null,null,0]
[1440,null,null,null,null,null,0,0,0,0,0,null,null,0]
[1441,null,null,null,null,null,0,0,0,0,0,null,null,0]
[1442,null,null,null,null,null,0,0,0,0,0,null,null,0]
[1443,null,null,null,null,null,0,0,0,0,0,null,null,0]
[1444,null,null,null,null,null,0,0,0,0,0,null,null,0]
[1445,null,null,null,null,null,0,0,0,0,0,null,null,0]
[1446,null,null,null,null,null,0,0,0,0,0,null,null,0]
[1447,null,null,null,null,null,0,0,0,0,0,null,null,0]
[1448,null,null,null,null,null,0,0,0,0,0,null,null,0]
[1449,null,null,null,null,null,0,0,0,0,0,null,null,0]
[1450,null,null,null,null,null,0,0,0,0,0,null,null,0]
[1451,null,null,null,null,null,0,0,0,0,0,null,null,0]
[1452,null,null,null,null,null,0,0,0,0,0,null,null,0]
[1453,null,null,null,null,null,0,0,0,0,0,null,null,0]
[1454,null,null,null,null,null,0,0,0,0,0,null,null,0]
[1455,null,null,null,null,null,0,0,0,0,0,null,null,0]
[1456,null,null,null,null,null,0,0,0,0,0,null,null,0]
[1457,null,null,null,null,null,0,0,0,0,0,null,null,0]
[1458,null,null,null,null,null,0,0,0,0,0,null,null,0]
[1459,null,null,null,null,null,0,0,0,0,0,null,null,0]
[1460,null,null,null,null,null,0,0,0,0,0,null,null,0]
[1461,null,null,null,null,null,0,0,0,0,0,null,null,0]
[1462,null,null,null,null,null,0,0,0,0,0,null,null,0]
[1463,null,null,null,null,null,0,0,0,0,0,null,null,0]
[1464,null,null,null,null,null,0,0,0,0,0,null,null,0]
[1465,null,null,null,null,null,0,0,0,0,0,null,null,0]
[1466,null,null,null,null,null,0,0,0,0,0,null,null,0]
[1467,null,null,null,null,null,0,0,0,0,0,null,null,0]
[1468,null,null,null,null,null,0,0,0,0,0,null,null,0]
[1469,null,null,null,null,null,0,0,0,0,0,null,null,0]
[1470,null,null,null,null,null,0,0,0,0,0,null,null,0]
[1471,null,null,null,null,null,0,0,0,0,0,null,null,0]
[1472,null,null,null,null,null,0,0,0,0,0,null,null,0]
[1473,null,null,null,null,null,0,0,0,0,0,null,null,0]
[1474,null,null,null,null,null,0,0,0,0,0,null,null,0]
[1475,null,null,null,null,null,0,0,0,0,0,null,null,0]
[1476,null,null,null,null,null,0,0,0,0,0,null,null,0]
[1477,null,null,null,null,null,0,0,0,0,0,null,null,0]
[1478,null,null,null,null,null,0,0,0,0,0,null,null,0]
[1479,null,null,null,null,null,0,0,0,0,0,null,null,0]
[1480,null,null,null,null,null,0,0,0,0,0,null,null,0]
[1481,null,null,null,null,null,0,0,0,0,0,null,null,0]
[1482,null,null,null,null,null,0,0,0,0,0,null,null,0]
[1483,null,null,null,null,null,0,0,0,0,0,null,null,0]
[1484,null,null,null,null,null,0,0,0,0,0,null,null,0]
[1485,null,null,null,null,null,0,0,0,0,0,null,null,0]
[1486,null,null,null,null,null,0,0,0,0,0,null,null,0]
[1487,null,null,null,null,null,0,0,0,0,0,null,null,0]
[1488,null,null,null,null,null,0,0,0,0,0,null,null,0]
[1489,null,null,null,null,null,0,0,0,0,0,null,null,0]
[1490,null,null,null,null,null,0,0,0,0,0,null,null,0]
[1491,null,null,null,null,null,0,0,0,0,0,null,null,0]
[1492,null,null,null,null,null,0,0,0,0,0,null,null,0]
[1493,null,null,null,null,null,0,0,0,0,0,null,null,0]
[1494,null,null,null,null,null,0,0,0,0,0,null,null,0]
[1495,null,null,null,null,null,0,0,0,0,0,null,null,0]
[1496,null,null,null,null,null,0,0,0,0,0,null,null,0]
[1497,null,null,null,null,null,0,0,0,0,0,null,null,0]
[1498,null,null,null,null,null,0,0,0,0,0,null,null,0]
[1499,null,null,null,null,null,0,0,0,0,0,null,null,0]
[1500,null,null,null,null,null,0,0,0,0,0,null,null,0]
[1501,null,null,null,null,null,0,0,0,0,0,null,null,0]
[1502,null,null,null,null,null,0,0,0,0,0,null,null,0]
[1503,null,null,null,null,null,0,0,0,0,0,null,null,0]
[1504,null,null,null,null,null,0,0,0,0,0,null,null,0]
[1505,null,null,null,null,null,0,0,0,0,0,null,null,0]
[1506,null,null,null,null,null,0,0,0,0,0,null,null,0]
[1507,null,null,null,null,null,0,0,0,0,0,null,null,0]
[1508,null,null,null,null,null,0,0,0,0,0,null,null,0]
[1509,null,null,null,null,null,0,0,0,0,0,null,null,0]
[1510,null,null,null,null,null,0,0,0,0,0,null,null,0]
[1511,null,null,null,null,null,0,0,0,0,0,null,null,0]
[1512,null,null,null,null,null,0,0,0,0,0,null,null,0]
[1513,null,null,null,null,null,0,0,0,0,0,null,null,0]
[1514,null,null,null,null,null,0,0,0,0,0,null,null,0]
[1515,null,null,null,null,null,0,0,0,0,0,null,null,0]
[1516,null,null,null,null,null,0,0,0,0,0,null,null,0]
[1517,null,null,null,null,null,0,0,0,0,0,null,null,0]
[1518,null,null,null,null,null,0,0,0,0,0,null,null,0]
[1519,null,null,null,null,null,0,0,0,0,0,null,null,0]
[1520,null,null,null,null,null,0,0,0,0,0,null,null,0]
[1521,null,null,null,null,null,0,0,0,0,0,null,null,0]
[1522,null,null,null,null,null,0,0,0,0,0,null,null,0]
[1523,null,null,null,null,null,0,0,0,0,0,null,null,0]
[1524,null,null,null,null,null,0,0,0,0,0,null,null,0]
[1525,null,null,null,null,null,0,0,0,0,0,null,null,0]
[1526,null,null,null,null,null,0,0,0,0,0,null,null,0]
[1527,null,null,null,null,null,0,0,0,0,0,null,null,0]
[1528,null,null,null,null,null,0,0,0,0,0,null,null,0]
[1529,null,null,null,null,null,0,0,0,0,0,null,null,0]
[1530,null,null,null,null,null,0,0,0,0,0,null,null,0]
[1531,null,null,null,null,null,0,0,0,0,0,null,null,0]
[1532,null,null,null,null,null,0,0,0,0,0,null,null,0]
[1533,null,null,null,null,null,0,0,0,0,0,null,null,0]
[1534,null,null,null,null,null,0,0,0,0,0,null,null,0]
[1535,null,null,null,null,null,0,0,0,0,0,null,null,0]
[1536,null,null,null,null,null,0,0,0,0,0,null,null,0]
[1537,null,null,null,null,null,0,0,0,0,0,null,null,0]
[1538,null,null,null,null,null,0,0,0,0,0,null,null,0]
[1539,null,null,null,null,null,0,0,0,0,0,null,null,0]
[1540,null,null,null,null,null,0,0,0,0,0,null,null,0]
[1541,null,null,null,null,null,0,0,0,0,0,null,null,0]
[1542,null,null,null,null,null,0,0,0,0,0,null,null,0]
[1543,null,null,null,null,null,0,0,0,0,0,null,null,0]
[1544,null,null,null,null,null,0,0,0,0,0,null,null,0]
[1545,null,null,null,null,null,0,0,0,0,0,null,null,0]
[1546,null,null,null,null,null,0,0,0,0,0,null,null,0]
[1547,null,null,null,null,null,0,0,0,0,0,null,null,0]
[1548,null,null,null,null,null,0,0,0,0,0,null,null,0]
[1549,null,null,null,null,null,0,0,0,0,0,null,null,0]
[1550,null,null,null,null,null,0,0,0,0,0,null,null,0]
[1551,null,null,null,null,null,0,0,0,0,0,null,null,0]
[1552,null,null,null,null,null,0,0,0,0,0,null,null,0]
[1553,null,null,null,null,null,0,0,0,0,0,null,null,0]
[1554,null,null,null,null,null,0,0,0,0,0,null,null,0]
[1555,null,null,null,null,null,0,0,0,0,0,null,null,0]
[1556,null,null,null,null,null,0,0,0,0,0,null,null,0]
[1557,null,null,null,null,null,0,0,0,0,0,null,null,0]
[1558,null,null,null,null,null,0,0,0,0,0,null,null,0]
[1559,null,null,null,null,null,0,0,0,0,0,null,null,0]
[1560,null,null,null,null,null,0,0,0,0,0,null,null,0]
[1561,null,null,null,null,null,0,0,0,0,0,null,null,0]
[1562,null,null,null,null,null,0,0,0,0,0,null,null,0]
[1563,null,null,null,null,null,0,0,0,0,0,null,null,0]
[1564,null,null,null,null,null,0,0,0,0,0,null,null,0]
[1565,null,null,null,null,null,0,0,0,0,0,null,null,0]
[1566,null,null,null,null,null,0,0,0,0,0,null,null,0]
[1567,null,null,null,null,null,0,0,0,0,0,null,null,0]
[1568,null,null,null,null,null,0,0,0,0,0,null,null,0]
[1569,null,null,null,null,null,0,0,0,0,0,null,null,0]
[1570,null,null,null,null,null,0,0,0,0,0,null,null,0]
[1571,null,null,null,null,null,0,0,0,0,0,null,null,0]
[1572,null,null,null,null,null,0,0,0,0,0,null,null,0]
[1573,null,null,null,null,null,0,0,0,0,0,null,null,0]
[1574,null,null,null,null,null,0,0,0,0,0,null,null,0]
[1575,null,null,null,null,null,0,0,0,0,0,null,null,0]
[1576,null,null,null,null,null,0,0,0,0,0,null,null,0]
[1577,null,null,null,null,null,0,0,0,0,0,null,null,0]
[1578,null,null,null,null,null,0,0,0,0,0,null,null,0]
[1579,null,null,null,null,null,0,0,0,0,0,null,null,0]
[1580,null,null,null,null,null,0,0,0,0,0,null,null,0]
[1581,null,null,null,null,null,0,0,0,0,0,null,null,0]
[1582,null,null,null,null,null,0,0,0,0,0,null,null,0]
[1583,null,null,null,null,null,0,0,0,0,0,null,null,0]
[1584,null,null,null,null,null,0,0,0,0,0,null,null,0]
[1585,null,null,null,null,null,0,0,0,0,0,null,null,0]
[1586,null,null,null,null,null,0,0,0,0,0,null,null,0]
[1587,null,null,null,null,null,0,0,0,0,0,null,null,0]
[1588,null,null,null,null,null,0,0,0,0,0,null,null,0]
[1589,null,null,null,null,null,0,0,0,0,0,null,null,0]
[1590,null,null,null,null,null,0,0,0,0,0,null,null,0]
[1591,null,null,null,null,null,0,0,0,0,0,null,null,0]
[1592,null,null,null,null,null,0,0,0,0,0,null,null,0]
[1593,null,null,null,null,null,0,0,0,0,0,null,null,0]
[1594,null,null,null,null,null,0,0,0,0,0,null,null,0]
[1595,null,null,null,null,null,0,0,0,0,0,null,null,0]
[1596,null,null,null,null,null,0,0,0,0,0,null,null,0]
[1597,null,null,null,null,null,0,0,0,0,0,null,null,0]
[1598,null,null,null,null,null,0,0,0,0,0,null,null,0]
[1599,null,null,null,null,null,0,0,0,0,0,null,null,0]
[1600,null,null,null,null,null,0,0,0,0,0,null,null,0]
[1601,null,null,null,null,null,0,0,0,0,0,null,null,0]
[1602,null,null,null,null,null,0,0,0,0,0,null,null,0]
[1603,null,null,null,null,null,0,0,0,0,0,null,null,0]
[1604,null,null,null,null,null,0,0,0,0,0,null,null,0]
[1605,null,null,null,null,null,0,0,0,0,0,null,null,0]
[1606,null,null,null,null,null,0,0,0,0,0,null,null,0]
[1607,null,null,null,null,null,0,0,0,0,0,null,null,0]
[1608,null,null,null,null,null,0,0,0,0,0,null,null,0]
[1609,null,null,null,null,null,0,0,0,0,0,null,null,0]
[1610,null,null,null,null,null,0,0,0,0,0,null,null,0]
[1611,null,null,null,null,null,0,0,0,0,0,null,null,0]
[1612,null,null,null,null,null,0,0,0,0,0,null,null,0]
[1613,null,null,null,null,null,0,0,0,0,0,null,null,0]
[1614,null,null,null,null,null,0,0,0,0,0,null,null,0]
[1615,null,null,null,null,null,0,0,0,0,0,null,null,0]
[1616,null,null,null,null,null,0,0,0,0,0,null,null,0]
[1617,null,null,null,null,null,0,0,0,0,0,null,null,0]
[1618,null,null,null,null,null,0,0,0,0,0,null,null,0]
[1619,null,null,null,null,null,0,0,0,0,0,null,null,0]
[1620,null,null,null,null,null,0,0,0,0,0,null,null,0]
[1621,null,null,null,null,null,0,0,0,0,0,null,null,0]
[1622,null,null,null,null,null,0,0,0,0,0,null,null,0]
[1623,null,null,null,null,null,0,0,0,0,0,null,null,0]
[1624,null,null,null,null,null,0,0,0,0,0,null,null,0]
[1625,null,null,null,null,null,0,0,0,0,0,null,null,0]
[1626,null,null,null,null,null,0,0,0,0,0,null,null,0]
[1627,null,null,null,null,null,0,0,0,0,0,null,null,0]
[1628,null,null,null,null,null,0,0,0,0,0,null,null,0]
[1629,null,null,null,null,null,0,0,0,0,0,null,null,0]
[1630,null,null,null,null,null,0,0,0,0,0,null,null,0]
[1631,null,null,null,null,null,0,0,0,0,0,null,null,0]
[1632,null,null,null,null,null,0,0,0,0,0,null,null,0]
[1633,null,null,null,null,null,0,0,0,0,0,null,null,0]
[1634,null,null,null,null,null,0,0,0,0,0,null,null,0]
[1635,null,null,null,null,null,0,0,0,0,0,null,null,0]
[1636,null,null,null,null,null,0,0,0,0,0,null,null,0]
[1637,null,null,null,null,null,0,0,0,0,0,null,null,0]
[1638,null,null,null,null,null,0,0,0,0,0,null,null,0]
[1639,null,null,null,null,null,0,0,0,0,0,null,null,0]
[1640,null,null,null,null,null,0,0,0,0,0,null,null,0]
[1641,null,null,null,null,null,0,0,0,0,0,null,null,0]
[1642,null,null,null,null,null,0,0,0,0,0,null,null,0]
[1643,null,null,null,null,null,0,0,0,0,0,null,null,0]
[1644,null,null,null,null,null,0,0,0,0,0,null,null,0]
[1645,null,null,null,null,null,0,0,0,0,0,null,null,0]
[1646,null,null,null,null,null,0,0,0,0,0,null,null,0]
[1647,null,null,null,null,null,0,0,0,0,0,null,null,0]
[1648,null,null,null,null,null,0,0,0,0,0,null,null,0]
[1649,null,null,null,null,null,0,0,0,0,0,null,null,0]
[1650,null,null,null,null,null,0,0,0,0,0,null,null,0]
[1651,null,null,null,null,null,0,0,0,0,0,null,null,0]
[1652,null,null,null,null,null,0,0,0,0,0,null,null,0]
[1653,null,null,null,null,null,0,0,0,0,0,null,null,0]
[1654,null,null,null,null,null,0,0,0,0,0,null,null,0]
[1655,null,null,null,null,null,0,0,0,0,0,null,null,0]
[1656,null,null,null,null,null,0,0,0,0,0,null,null,0]
[1657,null,null,null,null,null,0,0,0,0,0,null,null,0]
[1658,null,null,null,null,null,0,0,0,0,0,null,null,0]
[1659,null,null,null,null,null,0,0,0,0,0,null,null,0]
[1660,null,null,null,null,null,0,0,0,0,0,null,null,0]
[1661,null,null,null,null,null,0,0,0,0,0,null,null,0]
[1662,null,null,null,null,null,0,0,0,0,0,null,null,0]
[1663,null,null,null,null,null,0,0,0,0,0,null,null,0]
[1664,null,null,null,null,null,0,0,0,0,0,null,null,0]
[1665,null,null,null,null,null,0,0,0,0,0,null,null,0]
[1666,null,null,null,null,null,0,0,0,0,0,null,null,0]
[1667,null,null,null,null,null,0,0,0,0,0,null,null,0]
[1668,null,null,null,null,null,0,0,0,0,0,null,null,0]
[1669,null,null,null,null,null,0,0,0,0,0,null,null,0]
[1670,null,null,null,null,null,0,0,0,0,0,null,null,0]
[1671,null,null,null,null,null,0,0,0,0,0,null,null,0]
[1672,null,null,null,null,null,0,0,0,0,0,null,null,0]
[1673,null,null,null,null,null,0,0,0,0,0,null,null,0]
[1674,null,null,null,null,null,0,0,0,0,0,null,null,0]
[1675,null,null,null,null,null,0,0,0,0,0,null,null,0]
[1676,null,null,null,null,null,0,0,0,0,0,null,null,0]
[1677,null,null,null,null,null,0,0,0,0,0,null,null,0]
[1678,null,null,null,null,null,0,0,0,0,0,null,null,0]
[1679,null,null,null,null,null,0,0,0,0,0,null,null,0]
[1680,null,null,null,null,null,0,0,0,0,0,null,null,0]
[1681,null,null,null,null,null,0,0,0,0,0,null,null,0]
[1682,null,null,null,null,null,0,0,0,0,0,null,null,0]
[1683,null,null,null,null,null,0,0,0,0,0,null,null,0]
[1684,null,null,null,null,null,0,0,0,0,0,null,null,0]
[1685,null,null,null,null,null,0,0,0,0,0,null,null,0]
[1686,null,null,null,null,null,0,0,0,0,0,null,null,0]
[1687,null,null,null,null,null,0,0,0,0,0,null,null,0]
[1688,null,null,null,null,null,0,0,0,0,0,null,null,0]
[1689,null,null,null,null,null,0,0,0,0,0,null,null,0]
[1690,null,null,null,null,null,0,0,0,0,0,null,null,0]
[1691,null,null,null,null,null,0,0,0,0,0,null,null,0]
[1692,null,null,null,null,null,0,0,0,0,0,null,null,0]
[1693,null,null,null,null,null,0,0,0,0,0,null,null,0]
[1694,null,null,null,null,null,0,0,0,0,0,null,null,0]
[1695,null,null,null,null,null,0,0,0,0,0,null,null,0]
[1696,null,null,null,null,null,0,0,0,0,0,null,null,0]
[1697,null,null,null,null,null,0,0,0,0,0,null,null,0]
[1698,null,null,null,null,null,0,0,0,0,0,null,null,0]
[1699,null,null,null,null,null,0,0,0,0,0,null,null,0]
[1700,null,null,null,null,null,0,0,0,0,0,null,null,0]
[1701,null,null,null,null,null,0,0,0,0,0,null,null,0]
[1702,null,null,null,null,null,0,0,0,0,0,null,null,0]
[1703,null,null,null,null,null,0,0,0,0,0,null,null,0]
[1704,null,null,null,null,null,0,0,0,0,0,null,null,0]
[1705,null,null,null,null,null,0,0,0,0,0,null,null,0]
[1706,null,null,null,null,null,0,0,0,0,0,null,null,0]
[1707,null,null,null,null,null,0,0,0,0,0,null,null,0]
[1708,null,null,null,null,null,0,0,0,0,0,null,null,0]
[1709,null,null,null,null,null,0,0,0,0,0,null,null,0]
[1710,null,null,null,null,null,0,0,0,0,0,null,null,0]
[1711,null,null,null,null,null,0,0,0,0,0,null,null,0]
[1712,null,null,null,null,null,0,0,0,0,0,null,null,0]
[1713,null,null,null,null,null,0,0,0,0,0,null,null,0]
[1714,null,null,null,null,null,0,0,0,0,0,null,null,0]
[1715,null,null,null,null,null,0,0,0,0,0,null,null,0]
[1716,null,null,null,null,null,0,0,0,0,0,null,null,0]
[1717,null,null,null,null,null,0,0,0,0,0,null,null,0]
[1718,null,null,null,null,null,0,0,0,0,0,null,null,0]
[1719,null,null,null,null,null,0,0,0,0,0,null,null,0]
[1720,null,null,null,null,null,0,0,0,0,0,null,null,0]
[1721,null,null,null,null,null,0,0,0,0,0,null,null,0]
[1722,null,null,null,null,null,0,0,0,0,0,null,null,0]
[1723,null,null,null,null,null,0,0,0,0,0,null,null,0]
[1724,null,null,null,null,null,0,0,0,0,0,null,null,0]
[1725,null,null,null,null,null,0,0,0,0,0,null,null,0]
[1726,null,null,null,null,null,0,0,0,0,0,null,null,0]
[1727,null,null,null,null,null,0,0,0,0,0,null,null,0]
[1728,null,null,null,null,null,0,0,0,0,0,null,null,0]
[1729,null,null,null,null,null,0,0,0,0,0,null,null,0]
[1730,null,null,null,null,null,0,0,0,0,0,null,null,0]
[1731,null,null,null,null,null,0,0,0,0,0,null,null,0]
[1732,null,null,null,null,null,0,0,0,0,0,null,null,0]
[1733,null,null,null,null,null,0,0,0,0,0,null,null,0]
[1734,null,null,null,null,null,0,0,0,0,0,null,null,0]
[1735,null,null,null,null,null,0,0,0,0,0,null,null,0]
[1736,null,null,null,null,null,0,0,0,0,0,null,null,0]
[1737,null,null,null,null,null,0,0,0,0,0,null,null,0]
[1738,null,null,null,null,null,0,0,0,0,0,null,null,0]
[1739,null,null,null,null,null,0,0,0,0,0,null,null,0]
[1740,null,null,null,null,null,0,0,0,0,0,null,null,0]
[1741,null,null,null,null,null,0,0,0,0,0,null,null,0]
[1742,null,null,null,null,null,0,0,0,0,0,null,null,0]
[1743,null,null,null,null,null,0,0,0,0,0,null,null,0]
[1744,null,null,null,null,null,0,0,0,0,0,null,null,0]
[1745,null,null,null,null,null,0,0,0,0,0,null,null,0]
[1746,null,null,null,null,null,0,0,0,0,0,null,null,0]
[1747,null,null,null,null,null,0,0,0,0,0,null,null,0]
[1748,null,null,null,null,null,0,0,0,0,0,null,null,0]
[1749,null,null,null,null,null,0,0,0,0,0,null,null,0]
[1750,null,null,null,null,null,0,0,0,0,0,null,null,0]
[1751,null,null,null,null,null,0,0,0,0,0,null,null,0]
[1752,null,null,null,null,null,0,0,0,0,0,null,null,0]
[1753,null,null,null,null,null,0,0,0,0,0,null,null,0]
[1754,null,null,null,null,null,0,0,0,0,0,null,null,0]
[1755,null,null,null,null,null,0,0,0,0,0,null,null,0]
[1756,null,null,null,null,null,0,0,0,0,0,null,null,0]
[1757,null,null,null,null,null,0,0,0,0,0,null,null,0]
[1758,null,null,null,null,null,0,0,0,0,0,null,null,0]
[1759,null,null,null,null,null,0,0,0,0,0,null,null,0]
[1760,null,null,null,null,null,0,0,0,0,0,null,null,0]
[1761,null,null,null,null,null,0,0,0,0,0,null,null,0]
[1762,null,null,null,null,null,0,0,0,0,0,null,null,0]
[1763,null,null,null,null,null,0,0,0,0,0,null,null,0]
[1764,null,null,null,null,null,0,0,0,0,0,null,null,0]
[1765,null,null,null,null,null,0,0,0,0,0,null,null,0]
[1766,null,null,null,null,null,0,0,0,0,0,null,null,0]
[1767,null,null,null,null,null,0,0,0,0,0,null,null,0]
[1768,null,null,null,null,null,0,0,0,0,0,null,null,0]
[1769,null,null,null,null,null,0,0,0,0,0,null,null,0]
[1770,null,null,null,null,null,0,0,0,0,0,null,null,0]
[1771,null,null,null,null,null,0,0,0,0,0,null,null,0]
[1772,null,null,null,null,null,0,0,0,0,0,null,null,0]
[1773,null,null,null,null,null,0,0,0,0,0,null,null,0]
[1774,null,null,null,null,null,0,0,0,0,0,null,null,0]
[1775,null,null,null,null,null,0,0,0,0,0,null,null,0]
[1776,null,null,null,null,null,0,0,0,0,0,null,null,0]
[1777,null,null,null,null,null,0,0,0,0,0,null,null,0]
[1778,null,null,null,null,null,0,0,0,0,0,null,null,0]
[1779,null,null,null,null,null,0,0,0,0,0,null,null,0]
[1780,null,null,null,null,null,0,0,0,0,0,null,null,0]
[1781,null,null,null,null,null,0,0,0,0,0,null,null,0]
[1782,null,null,null,null,null,0,0,0,0,0,null,null,0]
[1783,null,null,null,null,null,0,0,0,0,0,null,null,0]
[1784,null,null,null,null,null,0,0,0,0,0,null,null,0]
[1785,null,null,null,null,null,0,0,0,0,0,null,null,0]
[1786,null,null,null,null,null,0,0,0,0,0,null,null,0]
[1787,null,null,null,null,null,0,0,0,0,0,null,null,0]
[1788,null,null,null,null,null,0,0,0,0,0,null,null,0]
[1789,null,null,null,null,null,0,0,0,0,0,null,null,0]
[1790,null,null,null,null,null,0,0,0,0,0,null,null,0]
[1791,null,null,null,null,null,0,0,0,0,0,null,null,0]
[1792,null,null,null,null,null,0,0,0,0,0,null,null,0]
[1793,null,null,null,null,null,0,0,0,0,0,null,null,0]
[1794,null,null,null,null,null,0,0,0,0,0,null,null,0]
[1795,null,null,null,null,null,0,0,0,0,0,null,null,0]
[1796,null,null,null,null,null,0,0,0,0,0,null,null,0]
[1797,null,null,null,null,null,0,0,0,0,0,null,null,0]
[1798,null,null,null,null,null,0,0,0,0,0,null,null,0]
[1799,null,null,null,null,null,0,0,0,0,0,null,null,0]
[1800,null,null,null,null,null,0,0,0,0,0,null,null,0]
[1801,null,null,null,null,null,0,0,0,0,0,null,null,0]
[1802,null,null,null,null,null,0,0,0,0,0,null,null,0]
[1803,null,null,null,null,null,0,0,0,0,0,null,null,0]
[1804,null,null,null,null,null,0,0,0,0,0,null,null,0]
[1805,null,null,null,null,null,0,0,0,0,0,null,null,0]
[1806,null,null,null,null,null,0,0,0,0,0,null,null,0]
[1807,null,null,null,null,null,0,0,0,0,0,null,null,0]
[1808,null,null,null,null,null,0,0,0,0,0,null,null,0]
[1809,null,null,null,null,null,0,0,0,0,0,null,null,0]
[1810,null,null,null,null,null,0,0,0,0,0,null,null,0]
[1811,null,null,null,null,null,0,0,0,0,0,null,null,0]
[1812,null,null,null,null,null,0,0,0,0,0,null,null,0]
[1813,null,null,null,null,null,0,0,0,0,0,null,null,0]
[1814,null,null,null,null,null,0,0,0,0,0,null,null,0]
[1815,null,null,null,null,null,0,0,0,0,0,null,null,0]
[1816,null,null,null,null,null,0,0,0,0,0,null,null,0]
[1817,null,null,null,null,null,0,0,0,0,0,null,null,0]
[1818,null,null,null,null,null,0,0,0,0,0,null,null,0]
[1819,null,null,null,null,null,0,0,0,0,0,null,null,0]
[1820,null,null,null,null,null,0,0,0,0,0,null,null,0]
[1821,null,null,null,null,null,0,0,0,0,0,null,null,0]
[1822,null,null,null,null,null,0,0,0,0,0,null,null,0]
[1823,null,null,null,null,null,0,0,0,0,0,null,null,0]
[1824,null,null,null,null,null,0,0,0,0,0,null,null,0]
[1825,null,null,null,null,null,0,0,0,0,0,null,null,0]
[1826,null,null,null,null,null,0,0,0,0,0,null,null,0]
[1827,null,null,null,null,null,0,0,0,0,0,null,null,0]
[1828,null,null,null,null,null,0,0,0,0,0,null,null,0]
[1829,null,null,null,null,null,0,0,0,0,0,null,null,0]
[1830,null,null,null,null,null,0,0,0,0,0,null,null,0]
[1831,null,null,null,null,null,0,0,0,0,0,null,null,0]
[1832,null,null,null,null,null,0,0,0,0,0,null,null,0]
[1833,null,null,null,null,null,0,0,0,0,0,null,null,0]
[1834,null,null,null,null,null,0,0,0,0,0,null,null,0]
[1835,null,null,null,null,null,0,0,0,0,0,null,null,0]
[1836,null,null,null,null,null,0,0,0,0,0,null,null,0]
[1837,null,null,null,null,null,0,0,0,0,0,null,null,0]
[1838,null,null,null,null,null,0,0,0,0,0,null,null,0]
[1839,null,null,null,null,null,0,0,0,0,0,null,null,0]
[1840,null,null,null,null,null,0,0,0,0,0,null,null,0]
[1841,null,null,null,null,null,0,0,0,0,0,null,null,0]
[1842,null,null,null,null,null,0,0,0,0,0,null,null,0]
[1843,null,null,null,null,null,0,0,0,0,0,null,null,0]
[1844,null,null,null,null,null,0,0,0,0,0,null,null,0]
[1845,null,null,null,null,null,0,0,0,0,0,null,null,0]
[1846,null,null,null,null,null,0,0,0,0,0,null,null,0]
[1847,null,null,null,null,null,0,0,0,0,0,null,null,0]
[1848,null,null,null,null,null,0,0,0,0,0,null,null,0]
[1849,null,null,null,null,null,0,0,0,0,0,null,null,0]
[1850,null,null,null,null,null,0,0,0,0,0,null,null,0]
[1851,null,null,null,null,null,0,0,0,0,0,null,null,0]
[1852,null,null,null,null,null,0,0,0,0,0,null,null,0]
[1853,null,null,null,null,null,0,0,0,0,0,null,null,0]
[1854,null,null,null,null,null,0,0,0,0,0,null,null,0]
[1855,null,null,null,null,null,0,0,0,0,0,null,null,0]
[1856,null,null,null,null,null,0,0,0,0,0,null,null,0]
[1857,null,null,null,null,null,0,0,0,0,0,null,null,0]
[1858,null,null,null,null,null,0,0,0,0,0,null,null,0]
[1859,null,null,null,null,null,0,0,0,0,0,null,null,0]
[1860,null,null,null,null,null,0,0,0,0,0,null,null,0]
[1861,null,null,null,null,null,0,0,0,0,0,null,null,0]
[1862,null,null,null,null,null,0,0,0,0,0,null,null,0]
[1863,null,null,null,null,null,0,0,0,0,0,null,null,0]
[1864,null,null,null,null,null,0,0,0,0,0,null,null,0]
[1865,null,null,null,null,null,0,0,0,0,0,null,null,0]
[1866,null,null,null,null,null,0,0,0,0,0,null,null,0]
[1867,null,null,null,null,null,0,0,0,0,0,null,null,0]
[1868,null,null,null,null,null,0,0,0,0,0,null,null,0]
[1869,null,null,null,null,null,0,0,0,0,0,null,null,0]
[1870,null,null,null,null,null,0,0,0,0,0,null,null,0]
[1871,null,null,null,null,null,0,0,0,0,0,null,null,0]
[1872,null,null,null,null,null,0,0,0,0,0,null,null,0]
[1873,null,null,null,null,null,0,0,0,0,0,null,null,0]
[1874,null,null,null,null,null,0,0,0,0,0,null,null,0]
[1875,null,null,null,null,null,0,0,0,0,0,null,null,0]
[1876,null,null,null,null,null,0,0,0,0,0,null,null,0]
[1877,null,null,null,null,null,0,0,0,0,0,null,null,0]
[1878,null,null,null,null,null,0,0,0,0,0,null,null,0]
[1879,null,null,null,null,null,0,0,0,0,0,null,null,0]
[1880,null,null,null,null,null,0,0,0,0,0,null,null,0]
[1881,null,null,null,null,null,0,0,0,0,0,null,null,0]
[1882,null,null,null,null,null,0,0,0,0,0,null,null,0]
[1883,null,null,null,null,null,0,0,0,0,0,null,null,0]
[1884,null,null,null,null,null,0,0,0,0,0,null,null,0]
[1885,null,null,null,null,null,0,0,0,0,0,null,null,0]
[1886,null,null,null,null,null,0,0,0,0,0,null,null,0]
[1887,null,null,null,null,null,0,0,0,0,0,null,null,0]
[1888,null,null,null,null,null,0,0,0,0,0,null,null,0]
[1889,null,null,null,null,null,0,0,0,0,0,null,null,0]
[1890,null,null,null,null,null,0,0,0,0,0,null,null,0]
[1891,null,null,null,null,null,0,0,0,0,0,null,null,0]
[1892,null,null,null,null,null,0,0,0,0,0,null,null,0]
[1893,null,null,null,null,null,0,0,0,0,0,null,null,0]
[1894,null,null,null,null,null,0,0,0,0,0,null,null,0]
[1895,null,null,null,null,null,0,0,0,0,0,null,null,0]
[1896,null,null,null,null,null,0,0,0,0,0,null,null,0]
[1897,null,null,null,null,null,0,0,0,0,0,null,null,0]
[1898,null,null,null,null,null,0,0,0,0,0,null,null,0]
[1899,null,null,null,null,null,0,0,0,0,0,null,null,0]
[1900,null,null,null,null,null,0,0,0,0,0,null,null,0]
[1901,null,null,null,null,null,0,0,0,0,0,null,null,0]
[1902,null,null,null,null,null,0,0,0,0,0,null,null,0]
[1903,null,null,null,null,null,0,0,0,0,0,null,null,0]
[1904,null,null,null,null,null,0,0,0,0,0,null,null,0]
[1905,null,null,null,null,null,0,0,0,0,0,null,null,0]
[1906,null,null,null,null,null,0,0,0,0,0,null,null,0]
[1907,null,null,null,null,null,0,0,0,0,0,null,null,0]
[1908,null,null,null,null,null,0,0,0,0,0,null,null,0]
[1909,null,null,null,null,null,0,0,0,0,0,null,null,0]
[1910,null,null,null,null,null,0,0,0,0,0,null,null,0]
[1911,null,null,null,null,null,0,0,0,0,0,null,null,0]
[1912,null,null,null,null,null,0,0,0,0,0,null,null,0]
[1913,null,null,null,null,null,0,0,0,0,0,null,null,0]
[1914,null,null,null,null,null,0,0,0,0,0,null,null,0]
[1915,null,null,null,null,null,0,0,0,0,0,null,null,0]
[1916,null,null,null,null,null,0,0,0,0,0,null,null,0]
[1917,null,null,null,null,null,0,0,0,0,0,null,null,0]
[1918,null,null,null,null,null,0,0,0,0,0,null,null,0]
[1919,null,null,null,null,null,0,0,0,0,0,null,null,0]
[1920,null,null,null,null,null,0,0,0,0,0,null,null,0]
[1921,null,null,null,null,null,0,0,0,0,0,null,null,0]
[1922,null,null,null,null,null,0,0,0,0,0,null,null,0]
[1923,null,null,null,null,null,0,0,0,0,0,null,null,0]
[1924,null,null,null,null,null,0,0,0,0,0,null,null,0]
[1925,null,null,null,null,null,0,0,0,0,0,null,null,0]
[1926,null,null,null,null,null,0,0,0,0,0,null,null,0]
[1927,null,null,null,null,null,0,0,0,0,0,null,null,0]
[1928,null,null,null,null,null,0,0,0,0,0,null,null,0]
[1929,null,null,null,null,null,0,0,0,0,0,null,null,0]
[1930,null,null,null,null,null,0,0,0,0,0,null,null,0]
[1931,null,null,null,null,null,0,0,0,0,0,null,null,0]
[1932,null,null,null,null,null,0,0,0,0,0,null,null,0]
[1933,null,null,null,null,null,0,0,0,0,0,null,null,0]
[1934,null,null,null,null,null,0,0,0,0,0,null,null,0]
[1935,null,null,null,null,null,0,0,0,0,0,null,null,0]
[1936,null,null,null,null,null,0,0,0,0,0,null,null,0]
[1937,null,null,null,null,null,0,0,0,0,0,null,null,0]
[1938,null,null,null,null,null,0,0,0,0,0,null,null,0]
[1939,null,null,null,null,null,0,0,0,0,0,null,null,0]
[1940,null,null,null,null,null,0,0,0,0,0,null,null,0]
[1941,null,null,null,null,null,0,0,0,0,0,null,null,0]
[1942,null,null,null,null,null,0,0,0,0,0,null,null,0]
[1943,null,null,null,null,null,0,0,0,0,0,null,null,0]
[1944,null,null,null,null,null,0,0,0,0,0,null,null,0]
[1945,null,null,null,null,null,0,0,0,0,0,null,null,0]
[1946,null,null,null,null,null,0,0,0,0,0,null,null,0]
[1947,null,null,null,null,null,0,0,0,0,0,null,null,0]
[1948,null,null,null,null,null,0,0,0,0,0,null,null,0]
[1949,null,null,null,null,null,0,0,0,0,0,null,null,0]
[1950,null,null,null,null,null,0,0,0,0,0,null,null,0]
[1951,null,null,null,null,null,0,0,0,0,0,null,null,0]
[1952,null,null,null,null,null,0,0,0,0,0,null,null,0]
[1953,null,null,null,null,null,0,0,0,0,0,null,null,0]
[1954,null,null,null,null,null,0,0,0,0,0,null,null,0]
[1955,null,null,null,null,null,0,0,0,0,0,null,null,0]
[1956,null,null,null,null,null,0,0,0,0,0,null,null,0]
[1957,null,null,null,null,null,0,0,0,0,0,null,null,0]
[1958,null,null,null,null,null,0,0,0,0,0,null,null,0]
[1959,null,null,null,null,null,0,0,0,0,0,null,null,0]
[1960,null,null,null,null,null,0,0,0,0,0,null,null,0]
[1961,null,null,null,null,null,0,0,0,0,0,null,null,0]
[1962,null,null,null,null,null,0,0,0,0,0,null,null,0]
[1963,null,null,null,null,null,0,0,0,0,0,null,null,0]
[1964,null,null,null,null,null,0,0,0,0,0,null,null,0]
[1965,null,null,null,null,null,0,0,0,0,0,null,null,0]
[1966,null,null,null,null,null,0,0,0,0,0,null,null,0]
[1967,null,null,null,null,null,0,0,0,0,0,null,null,0]
[1968,null,null,null,null,null,0,0,0,0,0,null,null,0]
[1969,null,null,null,null,null,0,0,0,0,0,null,null,0]
[1970,null,null,null,null,null,0,0,0,0,0,null,null,0]
[1971,null,null,null,null,null,0,0,0,0,0,null,null,0]
[1972,null,null,null,null,null,0,0,0,0,0,null,null,0]
[1973,null,null,null,null,null,0,0,0,0,0,null,null,0]
[1974,null,null,null,null,null,0,0,0,0,0,null,null,0]
[1975,null,null,null,null,null,0,0,0,0,0,null,null,0]
[1976,null,null,null,null,null,0,0,0,0,0,null,null,0]
[1977,null,null,null,null,null,0,0,0,0,0,null,null,0]
[1978,null,null,null,null,null,0,0,0,0,0,null,null,0]
[1979,null,null,null,null,null,0,0,0,0,0,null,null,0]
[1980,null,null,null,null,null,0,0,0,0,0,null,null,0]
[1981,null,null,null,null,null,0,0,0,0,0,null,null,0]
[1982,null,null,null,null,null,0,0,0,0,0,null,null,0]
[1983,null,null,null,null,null,0,0,0,0,0,null,null,0]
[1984,null,null,null,null,null,0,0,0,0,0,null,null,0]
[1985,null,null,null,null,null,0,0,0,0,0,null,null,0]
[1986,null,null,null,null,null,0,0,0,0,0,null,null,0]
[1987,null,null,null,null,null,0,0,0,0,0,null,null,0]
[1988,null,null,null,null,null,0,0,0,0,0,null,null,0]
[1989,null,null,null,null,null,0,0,0,0,0,null,null,0]
[1990,null,null,null,null,null,0,0,0,0,0,null,null,0]
[1991,null,null,null,null,null,0,0,0,0,0,null,null,0]
[1992,null,null,null,null,null,0,0,0,0,0,null,null,0]
[1993,null,null,null,null,null,0,0,0,0,0,null,null,0]
[1994,null,null,null,null,null,0,0,0,0,0,null,null,0]
[1995,null,null,null,null,null,0,0,0,0,0,null,null,0]
[1996,null,null,null,null,null,0,0,0,0,0,null,null,0]
[1997,null,null,null,null,null,0,0,0,0,0,null,null,0]
[1998,null,null,null,null,null,0,0,0,0,0,null,null,0]
[1999,null,null,null,null,null,0,0,0,0,0,null,null,0]
[2000,null,null,null,null,null,0,0,0,0,0,null,null,0]
[2001,null,null,null,null,null,0,0,0,0,0,null,null,0]
[2002,null,null,null,null,null,0,0,0,0,0,null,null,0]
[2003,null,null,null,null,null,0,0,0,0,0,null,null,0]
[2004,null,null,null,null,null,0,0,0,0,0,null,null,0]
[2005,null,null,null,null,null,0,0,0,0,0,null,null,0]
[2006,null,null,null,null,null,0,0,0,0,0,null,null,0]
[2007,null,null,null,null,null,0,0,0,0,0,null,null,0]
[2008,null,null,null,null,null,0,0,0,0,0,null,null,0]
[2009,null,null,null,null,null,0,0,0,0,0,null,null,0]
[2010,null,null,null,null,null,0,0,0,0,0,null,null,0]
[2011,null,null,null,null,null,0,0,0,0,0,null,null,0]
[2012,null,null,null,null,null,0,0,0,0,0,null,null,0]
[2013,null,null,null,null,null,0,0,0,0,0,null,null,0]
[2014,null,null,null,null,null,0,0,0,0,0,null,null,0]
[2015,null,null,null,null,null,0,0,0,0,0,null,null,0]
[2016,null,null,null,null,null,0,0,0,0,0,null,null,0]
[2017,null,null,null,null,null,0,0,0,0,0,null,null,0]
[2018,null,null,null,null,null,0,0,0,0,0,null,null,0]
[2019,null,null,null,null,null,0,0,0,0,0,null,null,0]
[2020,null,null,null,null,null,0,0,0,0,0,null,null,0]
[2021,null,null,null,null,null,0,0,0,0,0,null,null,0]
[2022,null,null,null,null,null,0,0,0,0,0,null,null,0]
[2023,null,null,null,null,null,0,0,0,0,0,null,null,0]
[2024,null,null,null,null,null,0,0,0,0,0,null,null,0]
[2025,null,null,null,null,null,0,0,0,0,0,null,null,0]
[2026,null,null,null,null,null,0,0,0,0,0,null,null,0]
[2027,null,null,null,null,null,0,0,0,0,0,null,null,0]
[2028,null,null,null,null,null,0,0,0,0,0,null,null,0]
[2029,null,null,null,null,null,0,0,0,0,0,null,null,0]
[2030,null,null,null,null,null,0,0,0,0,0,null,null,0]
[2031,null,null,null,null,null,0,0,0,0,0,null,null,0]
[2032,null,null,null,null,null,0,0,0,0,0,null,null,0]
[2033,null,null,null,null,null,0,0,0,0,0,null,null,0]
[2034,null,null,null,null,null,0,0,0,0,0,null,null,0]
[2035,null,null,null,null,null,0,0,0,0,0,null,null,0]
[2036,null,null,null,null,null,0,0,0,0,0,null,null,0]
[2037,null,null,null,null,null,0,0,0,0,0,null,null,0]
[2038,null,null,null,null,null,0,0,0,0,0,null,null,0]
[2039,null,null,null,null,null,0,0,0,0,0,null,null,0]
[2040,null,null,null,null,null,0,0,0,0,0,null,null,0]
[2041,null,null,null,null,null,0,0,0,0,0,null,null,0]
[2042,null,null,null,null,null,0,0,0,0,0,null,null,0]
[2043,null,null,null,null,null,0,0,0,0,0,null,null,0]
[2044,null,null,null,null,null,0,0,0,0,0,null,null,0]
[2045,null,null,null,null,null,0,0,0,0,0,null,null,0]
[2046,null,null,null,null,null,0,0,0,0,0,null,null,0]
[2047,null,null,null,null,null,0,0,0,0,0,null,null,0]
[2048,null,null,null,null,null,0,0,0,0,0,null,null,0]
[2049,null,null,null,null,null,0,0,0,0,0,null,null,0]
[2050,null,null,null,null,null,0,0,0,0,0,null,null,0]
[2051,null,null,null,null,null,0,0,0,0,0,null,null,0]
[2052,null,null,null,null,null,0,0,0,0,0,null,null,0]
[2053,null,null,null,null,null,0,0,0,0,0,null,null,0]
[2054,null,null,null,null,null,0,0,0,0,0,null,null,0]
[2055,null,null,null,null,null,0,0,0,0,0,null,null,0]
[2056,null,null,null,null,null,0,0,0,0,0,null,null,0]
[2057,null,null,null,null,null,0,0,0,0,0,null,null,0]
[2058,null,null,null,null,null,0,0,0,0,0,null,null,0]
[2059,null,null,null,null,null,0,0,0,0,0,null,null,0]
[2060,null,null,null,null,null,0,0,0,0,0,null,null,0]
[2061,null,null,null,null,null,0,0,0,0,0,null,null,0]
[2062,null,null,null,null,null,0,0,0,0,0,null,null,0]
[2063,null,null,null,null,null,0,0,0,0,0,null,null,0]
[2064,null,null,null,null,null,0,0,0,0,0,null,null,0]
[2065,null,null,null,null,null,0,0,0,0,0,null,null,0]
[2066,null,null,null,null,null,0,0,0,0,0,null,null,0]
[2067,null,null,null,null,null,0,0,0,0,0,null,null,0]
[2068,null,null,null,null,null,0,0,0,0,0,null,null,0]
[2069,null,null,null,null,null,0,0,0,0,0,null,null,0]
[2070,null,null,null,null,null,0,0,0,0,0,null,null,0]
[2071,null,null,null,null,null,0,0,0,0,0,null,null,0]
[2072,null,null,null,null,null,0,0,0,0,0,null,null,0]
[2073,null,null,null,null,null,0,0,0,0,0,null,null,0]
[2074,null,null,null,null,null,0,0,0,0,0,null,null,0]
[2075,null,null,null,null,null,0,0,0,0,0,null,null,0]
[2076,null,null,null,null,null,0,0,0,0,0,null,null,0]
[2077,null,null,null,null,null,0,0,0,0,0,null,null,0]
[2078,null,null,null,null,null,0,0,0,0,0,null,null,0]
[2079,null,null,null,null,null,0,0,0,0,0,null,null,0]
[2080,null,null,null,null,null,0,0,0,0,0,null,null,0]
[2081,null,null,null,null,null,0,0,0,0,0,null,null,0]
[2082,null,null,null,null,null,0,0,0,0,0,null,null,0]
[2083,null,null,null,null,null,0,0,0,0,0,null,null,0]
[2084,null,null,null,null,null,0,0,0,0,0,null,null,0]
[2085,null,null,null,null,null,0,0,0,0,0,null,null,0]
[2086,null,null,null,null,null,0,0,0,0,0,null,null,0]
[2087,null,null,null,null,null,0,0,0,0,0,null,null,0]
[2088,null,null,null,null,null,0,0,0,0,0,null,null,0]
[2089,null,null,null,null,null,0,0,0,0,0,null,null,0]
[2090,null,null,null,null,null,0,0,0,0,0,null,null,0]
[2091,null,null,null,null,null,0,0,0,0,0,null,null,0]
[2092,null,null,null,null,null,0,0,0,0,0,null,null,0]
[2093,null,null,null,null,null,0,0,0,0,0,null,null,0]
[2094,null,null,null,null,null,0,0,0,0,0,null,null,0]
[2095,null,null,null,null,null,0,0,0,0,0,null,null,0]
[2096,null,null,null,null,null,0,0,0,0,0,null,null,0]
[2097,null,null,null,null,null,0,0,0,0,0,null,null,0]
[2098,null,null,null,null,null,0,0,0,0,0,null,null,0]
[2099,null,null,null,null,null,0,0,0,0,0,null,null,0]
[2100,null,null,null,null,null,0,0,0,0,0,null,null,0]
[2101,null,null,null,null,null,0,0,0,0,0,null,null,0]
[2102,null,null,null,null,null,0,0,0,0,0,null,null,0]
[2103,null,null,null,null,null,0,0,0,0,0,null,null,0]
[2104,null,null,null,null,null,0,0,0,0,0,null,null,0]
[2105,null,null,null,null,null,0,0,0,0,0,null,null,0]
[2106,null,null,null,null,null,0,0,0,0,0,null,null,0]
[2107,null,null,null,null,null,0,0,0,0,0,null,null,0]
[2108,null,null,null,null,null,0,0,0,0,0,null,null,0]
[2109,null,null,null,null,null,0,0,0,0,0,null,null,0]
[2110,null,null,null,null,null,0,0,0,0,0,null,null,0]
[2111,null,null,null,null,null,0,0,0,0,0,null,null,0]
[2112,null,null,null,null,null,0,0,0,0,0,null,null,0]
[2113,null,null,null,null,null,0,0,0,0,0,null,null,0]
[2114,null,null,null,null,null,0,0,0,0,0,null,null,0]
[2115,null,null,null,null,null,0,0,0,0,0,null,null,0]
[2116,null,null,null,null,null,0,0,0,0,0,null,null,0]
[2117,null,null,null,null,null,0,0,0,0,0,null,null,0]
[2118,null,null,null,null,null,0,0,0,0,0,null,null,0]
[2119,null,null,null,null,null,0,0,0,0,0,null,null,0]
[2120,null,null,null,null,null,0,0,0,0,0,null,null,0]
[2121,null,null,null,null,null,0,0,0,0,0,null,null,0]
[2122,null,null,null,null,null,0,0,0,0,0,null,null,0]
[2123,null,null,null,null,null,0,0,0,0,0,null,null,0]
[2124,null,null,null,null,null,0,0,0,0,0,null,null,0]
[2125,null,null,null,null,null,0,0,0,0,0,null,null,0]
[2126,null,null,null,null,null,0,0,0,0,0,null,null,0]
[2127,null,null,null,null,null,0,0,0,0,0,null,null,0]
[2128,null,null,null,null,null,0,0,0,0,0,null,null,0]
[2129,null,null,null,null,null,0,0,0,0,0,null,null,0]
[2130,null,null,null,null,null,0,0,0,0,0,null,null,0]
[2131,null,null,null,null,null,0,0,0,0,0,null,null,0]
[2132,null,null,null,null,null,0,0,0,0,0,null,null,0]
[2133,null,null,null,null,null,0,0,0,0,0,null,null,0]
[2134,null,null,null,null,null,0,0,0,0,0,null,null,0]
[2135,null,null,null,null,null,0,0,0,0,0,null,null,0]
[2136,null,null,null,null,null,0,0,0,0,0,null,null,0]
[2137,null,null,null,null,null,0,0,0,0,0,null,null,0]
[2138,null,null,null,null,null,0,0,0,0,0,null,null,0]
[2139,null,null,null,null,null,0,0,0,0,0,null,null,0]
[2140,null,null,null,null,null,0,0,0,0,0,null,null,0]
[2141,null,null,null,null,null,0,0,0,0,0,null,null,0]
[2142,null,null,null,null,null,0,0,0,0,0,null,null,0]
[2143,null,null,null,null,null,0,0,0,0,0,null,null,0]
[2144,null,null,null,null,null,0,0,0,0,0,null,null,0]
[2145,null,null,null,null,null,0,0,0,0,0,null,null,0]
[2146,null,null,null,null,null,0,0,0,0,0,null,null,0]
[2147,null,null,null,null,null,0,0,0,0,0,null,null,0]
[2148,null,null,null,null,null,0,0,0,0,0,null,null,0]
[2149,null,null,null,null,null,0,0,0,0,0,null,null,0]
[2150,null,null,null,null,null,0,0,0,0,0,null,null,0]
[2151,null,null,null,null,null,0,0,0,0,0,null,null,0]
[2152,null,null,null,null,null,0,0,0,0,0,null,null,0]
[2153,null,null,null,null,null,0,0,0,0,0,null,null,0]
[2154,null,null,null,null,null,0,0,0,0,0,null,null,0]
[2155,null,null,null,null,null,0,0,0,0,0,null,null,0]
[2156,null,null,null,null,null,0,0,0,0,0,null,null,0]
[2157,null,null,null,null,null,0,0,0,0,0,null,null,0]
[2158,null,null,null,null,null,0,0,0,0,0,null,null,0]
[2159,null,null,null,null,null,0,0,0,0,0,null,null,0]
[2160,null,null,null,null,null,0,0,0,0,0,null,null,0]
[2161,null,null,null,null,null,0,0,0,0,0,null,null,0]
[2162,null,null,null,null,null,0,0,0,0,0,null,null,0]
[2163,null,null,null,null,null,0,0,0,0,0,null,null,0]
[2164,null,null,null,null,null,0,0,0,0,0,null,null,0]
[2165,null,null,null,null,null,0,0,0,0,0,null,null,0]
[2166,null,null,null,null,null,0,0,0,0,0,null,null,0]
[2167,null,null,null,null,null,0,0,0,0,0,null,null,0]
[2168,null,null,null,null,null,0,0,0,0,0,null,null,0]
[2169,null,null,null,null,null,0,0,0,0,0,null,null,0]
[2170,null,null,null,null,null,0,0,0,0,0,null,null,0]
[2171,null,null,null,null,null,0,0,0,0,0,null,null,0]
[2172,null,null,null,null,null,0,0,0,0,0,null,null,0]
[2173,null,null,null,null,null,0,0,0,0,0,null,null,0]
[2174,null,null,null,null,null,0,0,0,0,0,null,null,0]
[2175,null,null,null,null,null,0,0,0,0,0,null,null,0]
[2176,null,null,null,null,null,0,0,0,0,0,null,null,0]
[2177,null,null,null,null,null,0,0,0,0,0,null,null,0]
[2178,null,null,null,null,null,0,0,0,0,0,null,null,0]
[2179,null,null,null,null,null,0,0,0,0,0,null,null,0]
[2180,null,null,null,null,null,0,0,0,0,0,null,null,0]
[2181,null,null,null,null,null,0,0,0,0,0,null,null,0]
[2182,null,null,null,null,null,0,0,0,0,0,null,null,0]
[2183,null,null,null,null,null,0,0,0,0,0,null,null,0]
[2184,null,null,null,null,null,0,0,0,0,0,null,null,0]
[2185,null,null,null,null,null,0,0,0,0,0,null,null,0]
[2186,null,null,null,null,null,0,0,0,0,0,null,null,0]
[2187,null,null,null,null,null,0,0,0,0,0,null,null,0]
[2188,null,null,null,null,null,0,0,0,0,0,null,null,0]
[2189,null,null,null,null,null,0,0,0,0,0,null,null,0]
[2190,null,null,null,null,null,0,0,0,0,0,null,null,0]
[2191,null,null,null,null,null,0,0,0,0,0,null,null,0]
[2192,null,null,null,null,null,0,0,0,0,0,null,null,0]
[2193,null,null,null,null,null,0,0,0,0,0,null,null,0]
[2194,null,null,null,null,null,0,0,0,0,0,null,null,0]
[2195,null,null,null,null,null,0,0,0,0,0,null,null,0]
[2196,null,null,null,null,null,0,0,0,0,0,null,null,0]
[2197,null,null,null,null,null,0,0,0,0,0,null,null,0]
[2198,null,null,null,null,null,0,0,0,0,0,null,null,0]
[2199,null,null,null,null,null,0,0,0,0,0,null,null,0]
[2200,null,null,null,null,null,0,0,0,0,0,null,null,0]
[2201,null,null,null,null,null,0,0,0,0,0,null,null,0]
[2202,null,null,null,null,null,0,0,0,0,0,null,null,0]
[2203,null,null,null,null,null,0,0,0,0,0,null,null,0]
[2204,null,null,null,null,null,0,0,0,0,0,null,null,0]
[2205,null,null,null,null,null,0,0,0,0,0,null,null,0]
[2206,null,null,null,null,null,0,0,0,0,0,null,null,0]
[2207,null,null,null,null,null,0,0,0,0,0,null,null,0]
[2208,null,null,null,null,null,0,0,0,0,0,null,null,0]
[2209,null,null,null,null,null,0,0,0,0,0,null,null,0]
[2210,null,null,null,null,null,0,0,0,0,0,null,null,0]
[2211,null,null,null,null,null,0,0,0,0,0,null,null,0]
[2212,null,null,null,null,null,0,0,0,0,0,null,null,0]
[2213,null,null,null,null,null,0,0,0,0,0,null,null,0]
[2214,null,null,null,null,null,0,0,0,0,0,null,null,0]
[2215,null,null,null,null,null,0,0,0,0,0,null,null,0]
[2216,null,null,null,null,null,0,0,0,0,0,null,null,0]
[2217,null,null,null,null,null,0,0,0,0,0,null,null,0]
[2218,null,null,null,null,null,0,0,0,0,0,null,null,0]
[2219,null,null,null,null,null,0,0,0,0,0,null,null,0]
[2220,null,null,null,null,null,0,0,0,0,0,null,null,0]
[2221,null,null,null,null,null,0,0,0,0,0,null,null,0]
[2222,null,null,null,null,null,0,0,0,0,0,null,null,0]
[2223,null,null,null,null,null,0,0,0,0,0,null,null,0]
[2224,null,null,null,null,null,0,0,0,0,0,null,null,0]
[2225,null,null,null,null,null,0,0,0,0,0,null,null,0]
[2226,null,null,null,null,null,0,0,0,0,0,null,null,0]
[2227,null,null,null,null,null,0,0,0,0,0,null,null,0]
[2228,null,null,null,null,null,0,0,0,0,0,null,null,0]
[2229,null,null,null,null,null,0,0,0,0,0,null,null,0]
[2230,null,null,null,null,null,0,0,0,0,0,null,null,0]
[2231,null,null,null,null,null,0,0,0,0,0,null,null,0]
[2232,null,null,null,null,null,0,0,0,0,0,null,null,0]
[2233,null,null,null,null,null,0,0,0,0,0,null,null,0]
[2234,null,null,null,null,null,0,0,0,0,0,null,null,0]
[2235,null,null,null,null,null,0,0,0,0,0,null,null,0]
[2236,null,null,null,null,null,0,0,0,0,0,null,null,0]
[2237,null,null,null,null,null,0,0,0,0,0,null,null,0]
[2238,null,null,null,null,null,0,0,0,0,0,null,null,0]
[2239,null,null,null,null,null,0,0,0,0,0,null,null,0]
[2240,null,null,null,null,null,0,0,0,0,0,null,null,0]
[2241,null,null,null,null,null,0,0,0,0,0,null,null,0]
[2242,null,null,null,null,null,0,0,0,0,0,null,null,0]
[2243,null,null,null,null,null,0,0,0,0,0,null,null,0]
[2244,null,null,null,null,null,0,0,0,0,0,null,null,0]
[2245,null,null,null,null,null,0,0,0,0,0,null,null,0]
[2246,null,null,null,null,null,0,0,0,0,0,null,null,0]
[2247,null,null,null,null,null,0,0,0,0,0,null,null,0]
[2248,null,null,null,null,null,0,0,0,0,0,null,null,0]
[2249,null,null,null,null,null,0,0,0,0,0,null,null,0]
[2250,null,null,null,null,null,0,0,0,0,0,null,null,0]
[2251,null,null,null,null,null,0,0,0,0,0,null,null,0]
[2252,null,null,null,null,null,0,0,0,0,0,null,null,0]
[2253,null,null,null,null,null,0,0,0,0,0,null,null,0]
[2254,null,null,null,null,null,0,0,0,0,0,null,null,0]
[2255,null,null,null,null,null,0,0,0,0,0,null,null,0]
[2256,null,null,null,null,null,0,0,0,0,0,null,null,0]
[2257,null,null,null,null,null,0,0,0,0,0,null,null,0]
[2258,null,null,null,null,null,0,0,0,0,0,null,null,0]
[2259,null,null,null,null,null,0,0,0,0,0,null,null,0]
[2260,null,null,null,null,null,0,0,0,0,0,null,null,0]
[2261,null,null,null,null,null,0,0,0,0,0,null,null,0]
[2262,null,null,null,null,null,0,0,0,0,0,null,null,0]
[2263,null,null,null,null,null,0,0,0,0,0,null,null,0]
[2264,null,null,null,null,null,0,0,0,0,0,null,null,0]
[2265,null,null,null,null,null,0,0,0,0,0,null,null,0]
[2266,null,null,null,null,null,0,0,0,0,0,null,null,0]
[2267,null,null,null,null,null,0,0,0,0,0,null,null,0]
[2268,null,null,null,null,null,0,0,0,0,0,null,null,0]
[2269,null,null,null,null,null,0,0,0,0,0,null,null,0]
[2270,null,null,null,null,null,0,0,0,0,0,null,null,0]
[2271,null,null,null,null,null,0,0,0,0,0,null,null,0]
[2272,null,null,null,null,null,0,0,0,0,0,null,null,0]
[2273,null,null,null,null,null,0,0,0,0,0,null,null,0]
[2274,null,null,null,null,null,0,0,0,0,0,null,null,0]
[2275,null,null,null,null,null,0,0,0,0,0,null,null,0]
[2276,null,null,null,null,null,0,0,0,0,0,null,null,0]
[2277,null,null,null,null,null,0,0,0,0,0,null,null,0]
[2278,null,null,null,null,null,0,0,0,0,0,null,null,0]
[2279,null,null,null,null,null,0,0,0,0,0,null,null,0]
[2280,null,null,null,null,null,0,0,0,0,0,null,null,0]
[2281,null,null,null,null,null,0,0,0,0,0,null,null,0]
[2282,null,null,null,null,null,0,0,0,0,0,null,null,0]
[2283,null,null,null,null,null,0,0,0,0,0,null,null,0]
[2284,null,null,null,null,null,0,0,0,0,0,null,null,0]
[2285,null,null,null,null,null,0,0,0,0,0,null,null,0]
[2286,null,null,null,null,null,0,0,0,0,0,null,null,0]
[2287,null,null,null,null,null,0,0,0,0,0,null,null,0]
[2288,null,null,null,null,null,0,0,0,0,0,null,null,0]
[2289,null,null,null,null,null,0,0,0,0,0,null,null,0]
[2290,null,null,null,null,null,0,0,0,0,0,null,null,0]
[2291,null,null,null,null,null,0,0,0,0,0,null,null,0]
[2292,null,null,null,null,null,0,0,0,0,0,null,null,0]
[2293,null,null,null,null,null,0,0,0,0,0,null,null,0]
[2294,null,null,null,null,null,0,0,0,0,0,null,null,0]
[2295,null,null,null,null,null,0,0,0,0,0,null,null,0]
[2296,null,null,null,null,null,0,0,0,0,0,null,null,0]
[2297,null,null,null,null,null,0,0,0,0,0,null,null,0]
[2298,null,null,null,null,null,0,0,0,0,0,null,null,0]
[2299,null,null,null,null,null,0,0,0,0,0,null,null,0]
[2300,null,null,null,null,null,0,0,0,0,0,null,null,0]
[2301,null,null,null,null,null,0,0,0,0,0,null,null,0]
[2302,null,null,null,null,null,0,0,0,0,0,null,null,0]
[2303,null,null,null,null,null,0,0,0,0,0,null,null,0]
[2304,null,null,null,null,null,0,0,0,0,0,null,null,0]
[2305,null,null,null,null,null,0,0,0,0,0,null,null,0]
[2306,null,null,null,null,null,0,0,0,0,0,null,null,0]
[2307,null,null,null,null,null,0,0,0,0,0,null,null,0]
[2308,null,null,null,null,null,0,0,0,0,0,null,null,0]
[2309,null,null,null,null,null,0,0,0,0,0,null,null,0]
[2310,null,null,null,null,null,0,0,0,0,0,null,null,0]
[2311,null,null,null,null,null,0,0,0,0,0,null,null,0]
[2312,null,null,null,null,null,0,0,0,0,0,null,null,0]
[2313,null,null,null,null,null,0,0,0,0,0,null,null,0]
[2314,null,null,null,null,null,0,0,0,0,0,null,null,0]
[2315,null,null,null,null,null,0,0,0,0,0,null,null,0]
[2316,null,null,null,null,null,0,0,0,0,0,null,null,0]
[2317,null,null,null,null,null,0,0,0,0,0,null,null,0]
[2318,null,null,null,null,null,0,0,0,0,0,null,null,0]
[2319,null,null,null,null,null,0,0,0,0,0,null,null,0]
[2320,null,null,null,null,null,0,0,0,0,0,null,null,0]
[2321,null,null,null,null,null,0,0,0,0,0,null,null,0]
[2322,null,null,null,null,null,0,0,0,0,0,null,null,0]
[2323,null,null,null,null,null,0,0,0,0,0,null,null,0]
[2324,null,null,null,null,null,0,0,0,0,0,null,null,0]
[2325,null,null,null,null,null,0,0,0,0,0,null,null,0]
[2326,null,null,null,null,null,0,0,0,0,0,null,null,0]
[2327,null,null,null,null,null,0,0,0,0,0,null,null,0]
[2328,null,null,null,null,null,0,0,0,0,0,null,null,0]
[2329,null,null,null,null,null,0,0,0,0,0,null,null,0]
[2330,null,null,null,null,null,0,0,0,0,0,null,null,0]
[2331,null,null,null,null,null,0,0,0,0,0,null,null,0]
[2332,null,null,null,null,null,0,0,0,0,0,null,null,0]
[2333,null,null,null,null,null,0,0,0,0,0,null,null,0]
[2334,null,null,null,null,null,0,0,0,0,0,null,null,0]
[2335,null,null,null,null,null,0,0,0,0,0,null,null,0]
[2336,null,null,null,null,null,0,0,0,0,0,null,null,0]
[2337,null,null,null,null,null,0,0,0,0,0,null,null,0]
[2338,null,null,null,null,null,0,0,0,0,0,null,null,0]
[2339,null,null,null,null,null,0,0,0,0,0,null,null,0]
[2340,null,null,null,null,null,0,0,0,0,0,null,null,0]
[2341,null,null,null,null,null,0,0,0,0,0,null,null,0]
[2342,null,null,null,null,null,0,0,0,0,0,null,null,0]
[2343,null,null,null,null,null,0,0,0,0,0,null,null,0]
[2344,null,null,null,null,null,0,0,0,0,0,null,null,0]
[2345,null,null,null,null,null,0,0,0,0,0,null,null,0]
[2346,null,null,null,null,null,0,0,0,0,0,null,null,0]
[2347,null,null,null,null,null,0,0,0,0,0,null,null,0]
[2348,null,null,null,null,null,0,0,0,0,0,null,null,0]
[2349,null,null,null,null,null,0,0,0,0,0,null,null,0]
[2350,null,null,null,null,null,0,0,0,0,0,null,null,0]
[2351,null,null,null,null,null,0,0,0,0,0,null,null,0]
[2352,null,null,null,null,null,0,0,0,0,0,null,null,0]
[2353,null,null,null,null,null,0,0,0,0,0,null,null,0]
[2354,null,null,null,null,null,0,0,0,0,0,null,null,0]
[2355,null,null,null,null,null,0,0,0,0,0,null,null,0]
[2356,null,null,null,null,null,0,0,0,0,0,null,null,0]
[2357,null,null,null,null,null,0,0,0,0,0,null,null,0]
[2358,null,null,null,null,null,0,0,0,0,0,null,null,0]
[2359,null,null,null,null,null,0,0,0,0,0,null,null,0]
[2360,null,null,null,null,null,0,0,0,0,0,null,null,0]
[2361,null,null,null,null,null,0,0,0,0,0,null,null,0]
[2362,null,null,null,null,null,0,0,0,0,0,null,null,0]
[2363,null,null,null,null,null,0,0,0,0,0,null,null,0]
[2364,null,null,null,null,null,0,0,0,0,0,null,null,0]
[2365,null,null,null,null,null,0,0,0,0,0,null,null,0]
[2366,null,null,null,null,null,0,0,0,0,0,null,null,0]
[2367,null,null,null,null,null,0,0,0,0,0,null,null,0]
[2368,null,null,null,null,null,0,0,0,0,0,null,null,0]
[2369,null,null,null,null,null,0,0,0,0,0,null,null,0]
[2370,null,null,null,null,null,0,0,0,0,0,null,null,0]
[2371,null,null,null,null,null,0,0,0,0,0,null,null,0]
[2372,null,null,null,null,null,0,0,0,0,0,null,null,0]
[2373,null,null,null,null,null,0,0,0,0,0,null,null,0]
[2374,null,null,null,null,null,0,0,0,0,0,null,null,0]
[2375,null,null,null,null,null,0,0,0,0,0,null,null,0]
[2376,null,null,null,null,null,0,0,0,0,0,null,null,0]
[2377,null,null,null,null,null,0,0,0,0,0,null,null,0]
[2378,null,null,null,null,null,0,0,0,0,0,null,null,0]
[2379,null,null,null,null,null,0,0,0,0,0,null,null,0]
[2380,null,null,null,null,null,0,0,0,0,0,null,null,0]
[2381,null,null,null,null,null,0,0,0,0,0,null,null,0]
[2382,null,null,null,null,null,0,0,0,0,0,null,null,0]
[2383,null,null,null,null,null,0,0,0,0,0,null,null,0]
[2384,null,null,null,null,null,0,0,0,0,0,null,null,0]
[2385,null,null,null,null,null,0,0,0,0,0,null,null,0]
[2386,null,null,null,null,null,0,0,0,0,0,null,null,0]
[2387,null,null,null,null,null,0,0,0,0,0,null,null,0]
[2388,null,null,null,null,null,0,0,0,0,0,null,null,0]
[2389,null,null,null,null,null,0,0,0,0,0,null,null,0]
[2390,null,null,null,null,null,0,0,0,0,0,null,null,0]
[2391,null,null,null,null,null,0,0,0,0,0,null,null,0]
[2392,null,null,null,null,null,0,0,0,0,0,null,null,0]
[2393,null,null,null,null,null,0,0,0,0,0,null,null,0]
[2394,null,null,null,null,null,0,0,0,0,0,null,null,0]
[2395,null,null,null,null,null,0,0,0,0,0,null,null,0]
[2396,null,null,null,null,null,0,0,0,0,0,null,null,0]
[2397,null,null,null,null,null,0,0,0,0,0,null,null,0]
[2398,null,null,null,null,null,0,0,0,0,0,null,null,0]
[2399,null,null,null,null,null,0,0,0,0,0,null,null,0]
[2400,null,null,null,null,null,0,0,0,0,0,null,null,0]
[2401,null,null,null,null,null,0,0,0,0,0,null,null,0]
[2402,null,null,null,null,null,0,0,0,0,0,null,null,0]
[2403,null,null,null,null,null,0,0,0,0,0,null,null,0]
[2404,null,null,null,null,null,0,0,0,0,0,null,null,0]
[2405,null,null,null,null,null,0,0,0,0,0,null,null,0]
[2406,null,null,null,null,null,0,0,0,0,0,null,null,0]
[2407,null,null,null,null,null,0,0,0,0,0,null,null,0]
[2408,null,null,null,null,null,0,0,0,0,0,null,null,0]
[2409,null,null,null,null,null,0,0,0,0,0,null,null,0]
[2410,null,null,null,null,null,0,0,0,0,0,null,null,0]
[2411,null,null,null,null,null,0,0,0,0,0,null,null,0]
[2412,null,null,null,null,null,0,0,0,0,0,null,null,0]
[2413,null,null,null,null,null,0,0,0,0,0,null,null,0]
[2414,null,null,null,null,null,0,0,0,0,0,null,null,0]
[2415,null,null,null,null,null,0,0,0,0,0,null,null,0]
[2416,null,null,null,null,null,0,0,0,0,0,null,null,0]
[2417,null,null,null,null,null,0,0,0,0,0,null,null,0]
[2418,null,null,null,null,null,0,0,0,0,0,null,null,0]
[2419,null,null,null,null,null,0,0,0,0,0,null,null,0]
[2420,null,null,null,null,null,0,0,0,0,0,null,null,0]
[2421,null,null,null,null,null,0,0,0,0,0,null,null,0]
[2422,null,null,null,null,null,0,0,0,0,0,null,null,0]
[2423,null,null,null,null,null,0,0,0,0,0,null,null,0]
[2424,null,null,null,null,null,0,0,0,0,0,null,null,0]
[2425,null,null,null,null,null,0,0,0,0,0,null,null,0]
[2426,null,null,null,null,null,0,0,0,0,0,null,null,0]
[2427,null,null,null,null,null,0,0,0,0,0,null,null,0]
[2428,null,null,null,null,null,0,0,0,0,0,null,null,0]
[2429,null,null,null,null,null,0,0,0,0,0,null,null,0]
[2430,null,null,null,null,null,0,0,0,0,0,null,null,0]
[2431,null,null,null,null,null,0,0,0,0,0,null,null,0]
[2432,null,null,null,null,null,0,0,0,0,0,null,null,0]
[2433,null,null,null,null,null,0,0,0,0,0,null,null,0]
[2434,null,null,null,null,null,0,0,0,0,0,null,null,0]
[2435,null,null,null,null,null,0,0,0,0,0,null,null,0]
[2436,null,null,null,null,null,0,0,0,0,0,null,null,0]
[2437,null,null,null,null,null,0,0,0,0,0,null,null,0]
[2438,null,null,null,null,null,0,0,0,0,0,null,null,0]
[2439,null,null,null,null,null,0,0,0,0,0,null,null,0]
[2440,null,null,null,null,null,0,0,0,0,0,null,null,0]
[2441,null,null,null,null,null,0,0,0,0,0,null,null,0]
[2442,null,null,null,null,null,0,0,0,0,0,null,null,0]
[2443,null,null,null,null,null,0,0,0,0,0,null,null,0]
[2444,null,null,null,null,null,0,0,0,0,0,null,null,0]
[2445,null,null,null,null,null,0,0,0,0,0,null,null,0]
[2446,null,null,null,null,null,0,0,0,0,0,null,null,0]
[2447,null,null,null,null,null,0,0,0,0,0,null,null,0]
[2448,null,null,null,null,null,0,0,0,0,0,null,null,0]
[2449,null,null,null,null,null,0,0,0,0,0,null,null,0]
[2450,null,null,null,null,null,0,0,0,0,0,null,null,0]
[2451,null,null,null,null,null,0,0,0,0,0,null,null,0]
[2452,null,null,null,null,null,0,0,0,0,0,null,null,0]
[2453,null,null,null,null,null,0,0,0,0,0,null,null,0]
[2454,null,null,null,null,null,0,0,0,0,0,null,null,0]
[2455,null,null,null,null,null,0,0,0,0,0,null,null,0]
[2456,null,null,null,null,null,0,0,0,0,0,null,null,0]
[2457,null,null,null,null,null,0,0,0,0,0,null,null,0]
[2458,null,null,null,null,null,0,0,0,0,0,null,null,0]
[2459,null,null,null,null,null,0,0,0,0,0,null,null,0]
[2460,null,null,null,null,null,0,0,0,0,0,null,null,0]
[2461,null,null,null,null,null,0,0,0,0,0,null,null,0]
[2462,null,null,null,null,null,0,0,0,0,0,null,null,0]
[2463,null,null,null,null,null,0,0,0,0,0,null,null,0]
[2464,null,null,null,null,null,0,0,0,0,0,null,null,0]
[2465,null,null,null,null,null,0,0,0,0,0,null,null,0]
[2466,null,null,null,null,null,0,0,0,0,0,null,null,0]
[2467,null,null,null,null,null,0,0,0,0,0,null,null,0]
[2468,null,null,null,null,null,0,0,0,0,0,null,null,0]
[2469,null,null,null,null,null,0,0,0,0,0,null,null,0]
[2470,null,null,null,null,null,0,0,0,0,0,null,null,0]
[2471,null,null,null,null,null,0,0,0,0,0,null,null,0]
[2472,null,null,null,null,null,0,0,0,0,0,null,null,0]
[2473,null,null,null,null,null,0,0,0,0,0,null,null,0]
[2474,null,null,null,null,null,0,0,0,0,0,null,null,0]
[2475,null,null,null,null,null,0,0,0,0,0,null,null,0]
[2476,null,null,null,null,null,0,0,0,0,0,null,null,0]
[2477,null,null,null,null,null,0,0,0,0,0,null,null,0]
[2478,null,null,null,null,null,0,0,0,0,0,null,null,0]
[2479,null,null,null,null,null,0,0,0,0,0,null,null,0]
[2480,null,null,null,null,null,0,0,0,0,0,null,null,0]
[2481,null,null,null,null,null,0,0,0,0,0,null,null,0]
[2482,null,null,null,null,null,0,0,0,0,0,null,null,0]
[2483,null,null,null,null,null,0,0,0,0,0,null,null,0]
[2484,null,null,null,null,null,0,0,0,0,0,null,null,0]
[2485,null,null,null,null,null,0,0,0,0,0,null,null,0]
[2486,null,null,null,null,null,0,0,0,0,0,null,null,0]
[2487,null,null,null,null,null,0,0,0,0,0,null,null,0]
[2488,null,null,null,null,null,0,0,0,0,0,null,null,0]
[2489,null,null,null,null,null,0,0,0,0,0,null,null,0]
[2490,null,null,null,null,null,0,0,0,0,0,null,null,0]
[2491,null,null,null,null,null,0,0,0,0,0,null,null,0]
[2492,null,null,null,null,null,0,0,0,0,0,null,null,0]
[2493,null,null,null,null,null,0,0,0,0,0,null,null,0]
[2494,null,null,null,null,null,0,0,0,0,0,null,null,0]
[2495,null,null,null,null,null,0,0,0,0,0,null,null,0]
[2496,null,null,null,null,null,0,0,0,0,0,null,null,0]
[2497,null,null,null,null,null,0,0,0,0,0,null,null,0]
[2498,null,null,null,null,null,0,0,0,0,0,null,null,0]
[2499,null,null,null,null,null,0,0,0,0,0,null,null,0]
[2500,null,null,null,null,null,0,0,0,0,0,null,null,0]
[2501,null,null,null,null,null,0,0,0,0,0,null,null,0]
[2502,null,null,null,null,null,0,0,0,0,0,null,null,0]
[2503,null,null,null,null,null,0,0,0,0,0,null,null,0]
[2504,null,null,null,null,null,0,0,0,0,0,null,null,0]
[2505,null,null,null,null,null,0,0,0,0,0,null,null,0]
[2506,null,null,null,null,null,0,0,0,0,0,null,null,0]
[2507,null,null,null,null,null,0,0,0,0,0,null,null,0]
[2508,null,null,null,null,null,0,0,0,0,0,null,null,0]
[2509,null,null,null,null,null,0,0,0,0,0,null,null,0]
[2510,null,null,null,null,null,0,0,0,0,0,null,null,0]
[2511,null,null,null,null,null,0,0,0,0,0,null,null,0]
[2512,null,null,null,null,null,0,0,0,0,0,null,null,0]
[2513,null,null,null,null,null,0,0,0,0,0,null,null,0]
[2514,null,null,null,null,null,0,0,0,0,0,null,null,0]
[2515,null,null,null,null,null,0,0,0,0,0,null,null,0]
[2516,null,null,null,null,null,0,0,0,0,0,null,null,0]
[2517,null,null,null,null,null,0,0,0,0,0,null,null,0]
[2518,null,null,null,null,null,0,0,0,0,0,null,null,0]
[2519,null,null,null,null,null,0,0,0,0,0,null,null,0]
[2520,null,null,null,null,null,0,0,0,0,0,null,null,0]
[2521,null,null,null,null,null,0,0,0,0,0,null,null,0]
[2522,null,null,null,null,null,0,0,0,0,0,null,null,0]
[2523,null,null,null,null,null,0,0,0,0,0,null,null,0]
[2524,null,null,null,null,null,0,0,0,0,0,null,null,0]
[2525,null,null,null,null,null,0,0,0,0,0,null,null,0]
[2526,null,null,null,null,null,0,0,0,0,0,null,null,0]
[2527,null,null,null,null,null,0,0,0,0,0,null,null,0]
[2528,null,null,null,null,null,0,0,0,0,0,null,null,0]
[2529,null,null,null,null,null,0,0,0,0,0,null,null,0]
[2530,null,null,null,null,null,0,0,0,0,0,null,null,0]
[2531,null,null,null,null,null,0,0,0,0,0,null,null,0]
[2532,null,null,null,null,null,0,0,0,0,0,null,null,0]
[2533,null,null,null,null,null,0,0,0,0,0,null,null,0]
[2534,null,null,null,null,null,0,0,0,0,0,null,null,0]
[2535,null,null,null,null,null,0,0,0,0,0,null,null,0]
[2536,null,null,null,null,null,0,0,0,0,0,null,null,0]
[2537,null,null,null,null,null,0,0,0,0,0,null,null,0]
[2538,null,null,null,null,null,0,0,0,0,0,null,null,0]
[2539,null,null,null,null,null,0,0,0,0,0,null,null,0]
[2540,null,null,null,null,null,0,0,0,0,0,null,null,0]
[2541,null,null,null,null,null,0,0,0,0,0,null,null,0]
[2542,null,null,null,null,null,0,0,0,0,0,null,null,0]
[2543,null,null,null,null,null,0,0,0,0,0,null,null,0]
[2544,null,null,null,null,null,0,0,0,0,0,null,null,0]
[2545,null,null,null,null,null,0,0,0,0,0,null,null,0]
[2546,null,null,null,null,null,0,0,0,0,0,null,null,0]
[2547,null,null,null,null,null,0,0,0,0,0,null,null,0]
[2548,null,null,null,null,null,0,0,0,0,0,null,null,0]
[2549,null,null,null,null,null,0,0,0,0,0,null,null,0]
[2550,null,null,null,null,null,0,0,0,0,0,null,null,0]
[2551,null,null,null,null,null,0,0,0,0,0,null,null,0]
[2552,null,null,null,null,null,0,0,0,0,0,null,null,0]
[2553,null,null,null,null,null,0,0,0,0,0,null,null,0]
[2554,null,null,null,null,null,0,0,0,0,0,null,null,0]
[2555,null,null,null,null,null,0,0,0,0,0,null,null,0]
[2556,null,null,null,null,null,0,0,0,0,0,null,null,0]
[2557,null,null,null,null,null,0,0,0,0,0,null,null,0]
[2558,null,null,null,null,null,0,0,0,0,0,null,null,0]
[2559,null,null,null,null,null,0,0,0,0,0,null,null,0]
[2560,null,null,null,null,null,0,0,0,0,0,null,null,0]
[2561,null,null,null,null,null,0,0,0,0,0,null,null,0]
[2562,null,null,null,null,null,0,0,0,0,0,null,null,0]
[2563,null,null,null,null,null,0,0,0,0,0,null,null,0]
[2564,null,null,null,null,null,0,0,0,0,0,null,null,0]
[2565,null,null,null,null,null,0,0,0,0,0,null,null,0]
[2566,null,null,null,null,null,0,0,0,0,0,null,null,0]
[2567,null,null,null,null,null,0,0,0,0,0,null,null,0]
[2568,null,null,null,null,null,0,0,0,0,0,null,null,0]
[2569,null,null,null,null,null,0,0,0,0,0,null,null,0]
[2570,null,null,null,null,null,0,0,0,0,0,null,null,0]
[2571,null,null,null,null,null,0,0,0,0,0,null,null,0]
[2572,null,null,null,null,null,0,0,0,0,0,null,null,0]
[2573,null,null,null,null,null,0,0,0,0,0,null,null,0]
[2574,null,null,null,null,null,0,0,0,0,0,null,null,0]
[2575,null,null,null,null,null,0,0,0,0,0,null,null,0]
[2576,null,null,null,null,null,0,0,0,0,0,null,null,0]
[2577,null,null,null,null,null,0,0,0,0,0,null,null,0]
[2578,null,null,null,null,null,0,0,0,0,0,null,null,0]
[2579,null,null,null,null,null,0,0,0,0,0,null,null,0]
[2580,null,null,null,null,null,0,0,0,0,0,null,null,0]
[2581,null,null,null,null,null,0,0,0,0,0,null,null,0]
[2582,null,null,null,null,null,0,0,0,0,0,null,null,0]
[2583,null,null,null,null,null,0,0,0,0,0,null,null,0]
[2584,null,null,null,null,null,0,0,0,0,0,null,null,0]
[2585,null,null,null,null,null,0,0,0,0,0,null,null,0]
[2586,null,null,null,null,null,0,0,0,0,0,null,null,0]
[2587,null,null,null,null,null,0,0,0,0,0,null,null,0]
[2588,null,null,null,null,null,0,0,0,0,0,null,null,0]
[2589,null,null,null,null,null,0,0,0,0,0,null,null,0]
[2590,null,null,null,null,null,0,0,0,0,0,null,null,0]
[2591,null,null,null,null,null,0,0,0,0,0,null,null,0]
[2592,null,null,null,null,null,0,0,0,0,0,null,null,0]
[2593,null,null,null,null,null,0,0,0,0,0,null,null,0]
[2594,null,null,null,null,null,0,0,0,0,0,null,null,0]
[2595,null,null,null,null,null,0,0,0,0,0,null,null,0]
[2596,null,null,null,null,null,0,0,0,0,0,null,null,0]
[2597,null,null,null,null,null,0,0,0,0,0,null,null,0]
[2598,null,null,null,null,null,0,0,0,0,0,null,null,0]
[2599,null,null,null,null,null,0,0,0,0,0,null,null,0]
[2600,null,null,null,null,null,0,0,0,0,0,null,null,0]
[2601,null,null,null,null,null,0,0,0,0,0,null,null,0]
[2602,null,null,null,null,null,0,0,0,0,0,null,null,0]
[2603,null,null,null,null,null,0,0,0,0,0,null,null,0]
[2604,null,null,null,null,null,0,0,0,0,0,null,null,0]
[2605,null,null,null,null,null,0,0,0,0,0,null,null,0]
[2606,null,null,null,null,null,0,0,0,0,0,null,null,0]
[2607,null,null,null,null,null,0,0,0,0,0,null,null,0]
[2608,null,null,null,null,null,0,0,0,0,0,null,null,0]
[2609,null,null,null,null,null,0,0,0,0,0,null,null,0]
[2610,null,null,null,null,null,0,0,0,0,0,null,null,0]
[2611,null,null,null,null,null,0,0,0,0,0,null,null,0]
[2612,null,null,null,null,null,0,0,0,0,0,null,null,0]
[2613,null,null,null,null,null,0,0,0,0,0,null,null,0]
[2614,null,null,null,null,null,0,0,0,0,0,null,null,0]
[2615,null,null,null,null,null,0,0,0,0,0,null,null,0]
[2616,null,null,null,null,null,0,0,0,0,0,null,null,0]
[2617,null,null,null,null,null,0,0,0,0,0,null,null,0]
[2618,null,null,null,null,null,0,0,0,0,0,null,null,0]
[2619,null,null,null,null,null,0,0,0,0,0,null,null,0]
[2620,null,null,null,null,null,0,0,0,0,0,null,null,0]
[2621,null,null,null,null,null,0,0,0,0,0,null,null,0]
[2622,null,null,null,null,null,0,0,0,0,0,null,null,0]
[2623,null,null,null,null,null,0,0,0,0,0,null,null,0]
[2624,null,null,null,null,null,0,0,0,0,0,null,null,0]
[2625,null,null,null,null,null,0,0,0,0,0,null,null,0]
[2626,null,null,null,null,null,0,0,0,0,0,null,null,0]
[2627,null,null,null,null,null,0,0,0,0,0,null,null,0]
[2628,null,null,null,null,null,0,0,0,0,0,null,null,0]
[2629,null,null,null,null,null,0,0,0,0,0,null,null,0]
[2630,null,null,null,null,null,0,0,0,0,0,null,null,0]
[2631,null,null,null,null,null,0,0,0,0,0,null,null,0]
[2632,null,null,null,null,null,0,0,0,0,0,null,null,0]
[2633,null,null,null,null,null,0,0,0,0,0,null,null,0]
[2634,null,null,null,null,null,0,0,0,0,0,null,null,0]
[2635,null,null,null,null,null,0,0,0,0,0,null,null,0]
[2636,null,null,null,null,null,0,0,0,0,0,null,null,0]
[2637,null,null,null,null,null,0,0,0,0,0,null,null,0]
[2638,null,null,null,null,null,0,0,0,0,0,null,null,0]
[2639,null,null,null,null,null,0,0,0,0,0,null,null,0]
[2640,null,null,null,null,null,0,0,0,0,0,null,null,0]
[2641,null,null,null,null,null,0,0,0,0,0,null,null,0]
[2642,null,null,null,null,null,0,0,0,0,0,null,null,0]
[2643,null,null,null,null,null,0,0,0,0,0,null,null,0]
[2644,null,null,null,null,null,0,0,0,0,0,null,null,0]
[2645,null,null,null,null,null,0,0,0,0,0,null,null,0]
[2646,null,null,null,null,null,0,0,0,0,0,null,null,0]
[2647,null,null,null,null,null,0,0,0,0,0,null,null,0]
[2648,null,null,null,null,null,0,0,0,0,0,null,null,0]
[2649,null,null,null,null,null,0,0,0,0,0,null,null,0]
[2650,null,null,null,null,null,0,0,0,0,0,null,null,0]
[2651,null,null,null,null,null,0,0,0,0,0,null,null,0]
[2652,null,null,null,null,null,0,0,0,0,0,null,null,0]
[2653,null,null,null,null,null,0,0,0,0,0,null,null,0]
[2654,null,null,null,null,null,0,0,0,0,0,null,null,0]
[2655,null,null,null,null,null,0,0,0,0,0,null,null,0]
[2656,null,null,null,null,null,0,0,0,0,0,null,null,0]
[2657,null,null,null,null,null,0,0,0,0,0,null,null,0]
[2658,null,null,null,null,null,0,0,0,0,0,null,null,0]
[2659,null,null,null,null,null,0,0,0,0,0,null,null,0]
[2660,null,null,null,null,null,0,0,0,0,0,null,null,0]
[2661,null,null,null,null,null,0,0,0,0,0,null,null,0]
[2662,null,null,null,null,null,0,0,0,0,0,null,null,0]
[2663,null,null,null,null,null,0,0,0,0,0,null,null,0]
[2664,null,null,null,null,null,0,0,0,0,0,null,null,0]
[2665,null,null,null,null,null,0,0,0,0,0,null,null,0]
[2666,null,null,null,null,null,0,0,0,0,0,null,null,0]
[2667,null,null,null,null,null,0,0,0,0,0,null,null,0]
[2668,null,null,null,null,null,0,0,0,0,0,null,null,0]
[2669,null,null,null,null,null,0,0,0,0,0,null,null,0]
[2670,null,null,null,null,null,0,0,0,0,0,null,null,0]
[2671,null,null,null,null,null,0,0,0,0,0,null,null,0]
[2672,null,null,null,null,null,0,0,0,0,0,null,null,0]
[2673,null,null,null,null,null,0,0,0,0,0,null,null,0]
[2674,null,null,null,null,null,0,0,0,0,0,null,null,0]
[2675,null,null,null,null,null,0,0,0,0,0,null,null,0]
[2676,null,null,null,null,null,0,0,0,0,0,null,null,0]
[2677,null,null,null,null,null,0,0,0,0,0,null,null,0]
[2678,null,null,null,null,null,0,0,0,0,0,null,null,0]
[2679,null,null,null,null,null,0,0,0,0,0,null,null,0]
[2680,null,null,null,null,null,0,0,0,0,0,null,null,0]
[2681,null,null,null,null,null,0,0,0,0,0,null,null,0]
[2682,null,null,null,null,null,0,0,0,0,0,null,null,0]
[2683,null,null,null,null,null,0,0,0,0,0,null,null,0]
[2684,null,null,null,null,null,0,0,0,0,0,null,null,0]
[2685,null,null,null,null,null,0,0,0,0,0,null,null,0]
[2686,null,null,null,null,null,0,0,0,0,0,null,null,0]
[2687,null,null,null,null,null,0,0,0,0,0,null,null,0]
[2688,null,null,null,null,null,0,0,0,0,0,null,null,0]
[2689,null,null,null,null,null,0,0,0,0,0,null,null,0]
[2690,null,null,null,null,null,0,0,0,0,0,null,null,0]
[2691,null,null,null,null,null,0,0,0,0,0,null,null,0]
[2692,null,null,null,null,null,0,0,0,0,0,null,null,0]
[2693,null,null,null,null,null,0,0,0,0,0,null,null,0]
[2694,null,null,null,null,null,0,0,0,0,0,null,null,0]
[2695,null,null,null,null,null,0,0,0,0,0,null,null,0]
[2696,null,null,null,null,null,0,0,0,0,0,null,null,0]
[2697,null,null,null,null,null,0,0,0,0,0,null,null,0]
[2698,null,null,null,null,null,0,0,0,0,0,null,null,0]
[2699,null,null,null,null,null,0,0,0,0,0,null,null,0]
[2700,null,null,null,null,null,0,0,0,0,0,null,null,0]
[2701,null,null,null,null,null,0,0,0,0,0,null,null,0]
[2702,null,null,null,null,null,0,0,0,0,0,null,null,0]
[2703,null,null,null,null,null,0,0,0,0,0,null,null,0]
[2704,null,null,null,null,null,0,0,0,0,0,null,null,0]
[2705,null,null,null,null,null,0,0,0,0,0,null,null,0]
[2706,null,null,null,null,null,0,0,0,0,0,null,null,0]
[2707,null,null,null,null,null,0,0,0,0,0,null,null,0]
[2708,null,null,null,null,null,0,0,0,0,0,null,null,0]
[2709,null,null,null,null,null,0,0,0,0,0,null,null,0]
[2710,null,null,null,null,null,0,0,0,0,0,null,null,0]
[2711,null,null,null,null,null,0,0,0,0,0,null,null,0]
[2712,null,null,null,null,null,0,0,0,0,0,null,null,0]
[2713,null,null,null,null,null,0,0,0,0,0,null,null,0]
[2714,null,null,null,null,null,0,0,0,0,0,null,null,0]
[2715,null,null,null,null,null,0,0,0,0,0,null,null,0]
[2716,null,null,null,null,null,0,0,0,0,0,null,null,0]
[2717,null,null,null,null,null,0,0,0,0,0,null,null,0]
[2718,null,null,null,null,null,0,0,0,0,0,null,null,0]
[2719,null,null,null,null,null,0,0,0,0,0,null,null,0]
[2720,null,null,null,null,null,0,0,0,0,0,null,null,0]
[2721,null,null,null,null,null,0,0,0,0,0,null,null,0]
[2722,null,null,null,null,null,0,0,0,0,0,null,null,0]
[2723,null,null,null,null,null,0,0,0,0,0,null,null,0]
[2724,null,null,null,null,null,0,0,0,0,0,null,null,0]
[2725,null,null,null,null,null,0,0,0,0,0,null,null,0]
[2726,null,null,null,null,null,0,0,0,0,0,null,null,0]
[2727,null,null,null,null,null,0,0,0,0,0,null,null,0]
[2728,null,null,null,null,null,0,0,0,0,0,null,null,0]
[2729,null,null,null,null,null,0,0,0,0,0,null,null,0]
[2730,null,null,null,null,null,0,0,0,0,0,null,null,0]
[2731,null,null,null,null,null,0,0,0,0,0,null,null,0]
[2732,null,null,null,null,null,0,0,0,0,0,null,null,0]
[2733,null,null,null,null,null,0,0,0,0,0,null,null,0]
[2734,null,null,null,null,null,0,0,0,0,0,null,null,0]
[2735,null,null,null,null,null,0,0,0,0,0,null,null,0]
[2736,null,null,null,null,null,0,0,0,0,0,null,null,0]
[2737,null,null,null,null,null,0,0,0,0,0,null,null,0]
[2738,null,null,null,null,null,0,0,0,0,0,null,null,0]
[2739,null,null,null,null,null,0,0,0,0,0,null,null,0]
[2740,null,null,null,null,null,0,0,0,0,0,null,null,0]
[2741,null,null,null,null,null,0,0,0,0,0,null,null,0]
[2742,null,null,null,null,null,0,0,0,0,0,null,null,0]
[2743,null,null,null,null,null,0,0,0,0,0,null,null,0]
[2744,null,null,null,null,null,0,0,0,0,0,null,null,0]
[2745,null,null,null,null,null,0,0,0,0,0,null,null,0]
[2746,null,null,null,null,null,0,0,0,0,0,null,null,0]
[2747,null,null,null,null,null,0,0,0,0,0,null,null,0]
[2748,null,null,null,null,null,0,0,0,0,0,null,null,0]
[2749,null,null,null,null,null,0,0,0,0,0,null,null,0]
[2750,null,null,null,null,null,0,0,0,0,0,null,null,0]
[2751,null,null,null,null,null,0,0,0,0,0,null,null,0]
[2752,null,null,null,null,null,0,0,0,0,0,null,null,0]
[2753,null,null,null,null,null,0,0,0,0,0,null,null,0]
[2754,null,null,null,null,null,0,0,0,0,0,null,null,0]
[2755,null,null,null,null,null,0,0,0,0,0,null,null,0]
[2756,null,null,null,null,null,0,0,0,0,0,null,null,0]
[2757,null,null,null,null,null,0,0,0,0,0,null,null,0]
[2758,null,null,null,null,null,0,0,0,0,0,null,null,0]
[2759,null,null,null,null,null,0,0,0,0,0,null,null,0]
[2760,null,null,null,null,null,0,0,0,0,0,null,null,0]
[2761,null,null,null,null,null,0,0,0,0,0,null,null,0]
[2762,null,null,null,null,null,0,0,0,0,0,null,null,0]
[2763,null,null,null,null,null,0,0,0,0,0,null,null,0]
[2764,null,null,null,null,null,0,0,0,0,0,null,null,0]
[2765,null,null,null,null,null,0,0,0,0,0,null,null,0]
[2766,null,null,null,null,null,0,0,0,0,0,null,null,0]
[2767,null,null,null,null,null,0,0,0,0,0,null,null,0]
[2768,null,null,null,null,null,0,0,0,0,0,null,null,0]
[2769,null,null,null,null,null,0,0,0,0,0,null,null,0]
[2770,null,null,null,null,null,0,0,0,0,0,null,null,0]
[2771,null,null,null,null,null,0,0,0,0,0,null,null,0]
[2772,null,null,null,null,null,0,0,0,0,0,null,null,0]
[2773,null,null,null,null,null,0,0,0,0,0,null,null,0]
[2774,null,null,null,null,null,0,0,0,0,0,null,null,0]
[2775,null,null,null,null,null,0,0,0,0,0,null,null,0]
[2776,null,null,null,null,null,0,0,0,0,0,null,null,0]
[2777,null,null,null,null,null,0,0,0,0,0,null,null,0]
[2778,null,null,null,null,null,0,0,0,0,0,null,null,0]
[2779,null,null,null,null,null,0,0,0,0,0,null,null,0]
[2780,null,null,null,null,null,0,0,0,0,0,null,null,0]
[2781,null,null,null,null,null,0,0,0,0,0,null,null,0]
[2782,null,null,null,null,null,0,0,0,0,0,null,null,0]
[2783,null,null,null,null,null,0,0,0,0,0,null,null,0]
[2784,null,null,null,null,null,0,0,0,0,0,null,null,0]
[2785,null,null,null,null,null,0,0,0,0,0,null,null,0]
[2786,null,null,null,null,null,0,0,0,0,0,null,null,0]
[2787,null,null,null,null,null,0,0,0,0,0,null,null,0]
[2788,null,null,null,null,null,0,0,0,0,0,null,null,0]
[2789,null,null,null,null,null,0,0,0,0,0,null,null,0]
[2790,null,null,null,null,null,0,0,0,0,0,null,null,0]
[2791,null,null,null,null,null,0,0,0,0,0,null,null,0]
[2792,null,null,null,null,null,0,0,0,0,0,null,null,0]
[2793,null,null,null,null,null,0,0,0,0,0,null,null,0]
[2794,null,null,null,null,null,0,0,0,0,0,null,null,0]
[2795,null,null,null,null,null,0,0,0,0,0,null,null,0]
[2796,null,null,null,null,null,0,0,0,0,0,null,null,0]
[2797,null,null,null,null,null,0,0,0,0,0,null,null,0]
[2798,null,null,null,null,null,0,0,0,0,0,null,null,0]
[2799,null,null,null,null,null,0,0,0,0,0,null,null,0]
[2800,null,null,null,null,null,0,0,0,0,0,null,null,0]
[2801,null,null,null,null,null,0,0,0,0,0,null,null,0]
[2802,null,null,null,null,null,0,0,0,0,0,null,null,0]
[2803,null,null,null,null,null,0,0,0,0,0,null,null,0]
[2804,null,null,null,null,null,0,0,0,0,0,null,null,0]
[2805,null,null,null,null,null,0,0,0,0,0,null,null,0]
[2806,null,null,null,null,null,0,0,0,0,0,null,null,0]
[2807,null,null,null,null,null,0,0,0,0,0,null,null,0]
[2808,null,null,null,null,null,0,0,0,0,0,null,null,0]
[2809,null,null,null,null,null,0,0,0,0,0,null,null,0]
[2810,null,null,null,null,null,0,0,0,0,0,null,null,0]
[2811,null,null,null,null,null,0,0,0,0,0,null,null,0]
[2812,null,null,null,null,null,0,0,0,0,0,null,null,0]
[2813,null,null,null,null,null,0,0,0,0,0,null,null,0]
[2814,null,null,null,null,null,0,0,0,0,0,null,null,0]
[2815,null,null,null,null,null,0,0,0,0,0,null,null,0]
[2816,null,null,null,null,null,0,0,0,0,0,null,null,0]
[2817,null,null,null,null,null,0,0,0,0,0,null,null,0]
[2818,null,null,null,null,null,0,0,0,0,0,null,null,0]
[2819,null,null,null,null,null,0,0,0,0,0,null,null,0]
[2820,null,null,null,null,null,0,0,0,0,0,null,null,0]
[2821,null,null,null,null,null,0,0,0,0,0,null,null,0]
[2822,null,null,null,null,null,0,0,0,0,0,null,null,0]
[2823,null,null,null,null,null,0,0,0,0,0,null,null,0]
[2824,null,null,null,null,null,0,0,0,0,0,null,null,0]
[2825,null,null,null,null,null,0,0,0,0,0,null,null,0]
[2826,null,null,null,null,null,0,0,0,0,0,null,null,0]
[2827,null,null,null,null,null,0,0,0,0,0,null,null,0]
[2828,null,null,null,null,null,0,0,0,0,0,null,null,0]
[2829,null,null,null,null,null,0,0,0,0,0,null,null,0]
[2830,null,null,null,null,null,0,0,0,0,0,null,null,0]
[2831,null,null,null,null,null,0,0,0,0,0,null,null,0]
[2832,null,null,null,null,null,0,0,0,0,0,null,null,0]
[2833,null,null,null,null,null,0,0,0,0,0,null,null,0]
[2834,null,null,null,null,null,0,0,0,0,0,null,null,0]
[2835,null,null,null,null,null,0,0,0,0,0,null,null,0]
[2836,null,null,null,null,null,0,0,0,0,0,null,null,0]
[2837,null,null,null,null,null,0,0,0,0,0,null,null,0]
[2838,null,null,null,null,null,0,0,0,0,0,null,null,0]
[2839,null,null,null,null,null,0,0,0,0,0,null,null,0]
[2840,null,null,null,null,null,0,0,0,0,0,null,null,0]
[2841,null,null,null,null,null,0,0,0,0,0,null,null,0]
[2842,null,null,null,null,null,0,0,0,0,0,null,null,0]
[2843,null,null,null,null,null,0,0,0,0,0,null,null,0]
[2844,null,null,null,null,null,0,0,0,0,0,null,null,0]
[2845,null,null,null,null,null,0,0,0,0,0,null,null,0]
[2846,null,null,null,null,null,0,0,0,0,0,null,null,0]
[2847,null,null,null,null,null,0,0,0,0,0,null,null,0]
[2848,null,null,null,null,null,0,0,0,0,0,null,null,0]
[2849,null,null,null,null,null,0,0,0,0,0,null,null,0]
[2850,null,null,null,null,null,0,0,0,0,0,null,null,0]
[2851,null,null,null,null,null,0,0,0,0,0,null,null,0]
[2852,null,null,null,null,null,0,0,0,0,0,null,null,0]
[2853,null,null,null,null,null,0,0,0,0,0,null,null,0]
[2854,null,null,null,null,null,0,0,0,0,0,null,null,0]
[2855,null,null,null,null,null,0,0,0,0,0,null,null,0]
[2856,null,null,null,null,null,0,0,0,0,0,null,null,0]
[2857,null,null,null,null,null,0,0,0,0,0,null,100000000,0]
[2858,null,null,null,null,null,0,0,0,0,0,null,null,0]
[2859,null,null,null,null,null,0,0,0,0,0,null,null,0]
[2860,null,null,null,null,null,0,0,0,0,0,null,10000000,0]
[2861,null,null,null,null,null,0,0,0,0,0,null,null,0]
[2862,null,null,null,null,null,0,0,0,0,0,null,100000000,0]
[2863,null,null,null,null,null,0,0,0,0,0,null,null,0]
[2864,null,null,null,null,null,0,0,0,0,0,null,null,0]
[2865,null,null,null,null,null,0,0,0,0,0,null,null,0]
[2866,null,null,null,null,null,0,0,0,0,0,null,null,0]
[2867,null,null,null,null,null,0,0,0,0,0,null,null,0]
[2868,null,null,null,null,null,0,0,0,0,0,null,null,0]
[2869,null,null,null,null,null,0,0,0,0,0,null,null,0]
[2870,null,null,null,null,null,0,0,0,0,0,null,null,0]
[2871,null,null,null,null,null,0,0,0,0,0,null,null,0]
[2872,null,null,null,null,null,0,0,0,0,0,null,null,0]
[2873,null,null,null,null,null,0,0,0,0,0,null,null,0]
[2874,null,null,null,null,null,0,0,0,0,0,null,null,0]
[2875,null,null,null,null,null,0,0,0,0,0,null,null,0]
[2876,null,null,null,null,null,0,0,0,0,0,null,null,0]
[2877,null,null,null,null,null,0,0,0,0,0,null,null,0]
[2878,null,null,null,null,null,0,0,0,0,0,null,null,0]
[2879,null,null,null,null,null,0,0,0,0,0,null,null,0]
[2880,null,null,null,null,null,0,0,0,0,0,null,null,0]
[2881,null,null,null,null,null,0,0,0,0,0,null,null,0]
[2882,null,null,null,null,null,0,0,0,0,0,null,null,0]
[2883,null,null,null,null,null,0,0,0,0,0,null,null,0]
[2884,null,null,null,null,null,0,0,0,0,0,null,null,0]
[2885,null,null,null,null,null,0,0,0,0,0,null,null,0]
[2886,null,null,null,null,null,0,0,0,0,0,null,null,0]
[2887,null,null,null,null,null,0,0,0,0,0,null,null,0]
[2888,null,null,null,null,null,0,0,0,0,0,null,null,0]
[2889,null,null,null,null,null,0,0,0,0,0,null,null,0]
[2890,null,null,null,null,null,0,0,0,0,0,null,null,0]
[2891,null,null,null,null,null,0,0,0,0,0,null,null,0]
[2892,null,null,null,null,null,0,0,0,0,0,null,null,0]
[2893,null,null,null,null,null,0,0,0,0,0,null,null,0]
[2894,null,null,null,null,null,0,0,0,0,0,null,null,0]
[2895,null,null,null,null,null,0,0,0,0,0,null,null,0]
[2896,null,null,null,null,null,0,0,0,0,0,null,null,0]
[2897,null,null,null,null,null,0,0,0,0,0,null,null,0]
[2898,null,null,null,null,null,0,0,0,0,0,null,null,0]
[2899,null,null,null,null,null,0,0,0,0,0,null,null,0]
[2900,null,null,null,null,null,0,0,0,0,0,null,null,0]
[2901,null,null,null,null,null,0,0,0,0,0,null,null,0]
[2902,null,null,null,null,null,0,0,0,0,0,null,null,0]
[2903,null,null,null,null,null,0,0,0,0,0,null,null,0]
[2904,null,null,null,null,null,0,0,0,0,0,null,null,0]
[2905,null,null,null,null,null,0,0,0,0,0,null,null,0]
[2906,null,null,null,null,null,0,0,0,0,0,null,null,0]
[2907,null,null,null,null,null,0,0,0,0,0,null,null,0]
[2908,null,null,null,null,null,0,0,0,0,0,null,null,0]
[2909,null,null,null,null,null,0,0,0,0,0,null,null,0]
[2910,null,null,null,null,null,0,0,0,0,0,null,null,0]
[2911,null,null,null,null,null,0,0,0,0,0,null,null,0]
[2912,null,null,null,null,null,0,0,0,0,0,null,null,0]
[2913,null,null,null,null,null,0,0,0,0,0,null,null,0]
[2914,null,null,null,null,null,0,0,0,0,0,null,null,0]
[2915,null,null,null,null,null,0,0,0,0,0,null,null,0]
[2916,null,null,null,null,null,0,0,0,0,0,null,null,0]
[2917,null,null,null,null,null,0,0,0,0,0,null,null,0]
[2918,null,null,null,null,null,0,0,0,0,0,null,null,0]
[2919,null,null,null,null,null,0,0,0,0,0,null,null,0]
[2920,null,null,null,null,null,0,0,0,0,0,null,null,0]
[2921,null,null,null,null,null,0,0,0,0,0,null,null,0]
[2922,null,null,null,null,null,0,0,0,0,0,null,null,0]
[2923,null,null,null,null,null,0,0,0,0,0,null,null,0]
[2924,null,null,null,null,null,0,0,0,0,0,null,null,0]
[2925,null,null,null,null,null,0,0,0,0,0,null,null,0]
[2926,null,null,null,null,null,0,0,0,0,0,null,null,0]
[2927,null,null,null,null,null,0,0,0,0,0,null,null,0]
[2928,null,null,null,null,null,0,0,0,0,0,null,null,0]
[2929,null,null,null,null,null,0,0,0,0,0,null,null,0]
[2930,null,null,null,null,null,0,0,0,0,0,null,null,0]
[2931,null,null,null,null,null,0,0,0,0,0,null,null,0]
[2932,null,null,null,null,null,0,0,0,0,0,null,null,0]
[2933,null,null,null,null,null,0,0,0,0,0,null,null,0]
[2934,null,null,null,null,null,0,0,0,0,0,null,null,0]
[2935,null,null,null,null,null,0,0,0,0,0,null,null,0]
[2936,null,null,null,null,null,0,0,0,0,0,null,null,0]
[2937,null,null,null,null,null,0,0,0,0,0,null,null,0]
[2938,null,null,null,null,null,0,0,0,0,0,null,null,0]
[2939,null,null,null,null,null,0,0,0,0,0,null,null,0]
[2940,null,null,null,null,null,0,0,0,0,0,null,null,0]
[2941,null,null,null,null,null,0,0,0,0,0,null,null,0]
[2942,null,null,null,null,null,0,0,0,0,0,null,null,0]
[2943,null,null,null,null,null,0,0,0,0,0,null,null,0]
[2944,null,null,null,null,null,0,0,0,0,0,null,null,0]
[2945,null,null,null,null,null,0,0,0,0,0,null,null,0]
[2946,null,null,null,null,null,0,0,0,0,0,null,null,0]
[2947,null,null,null,null,null,0,0,0,0,0,null,null,0]
[2948,null,null,null,null,null,0,0,0,0,0,null,null,0]
[2949,null,null,null,null,null,0,0,0,0,0,null,null,0]
[2950,null,null,null,null,null,0,0,0,0,0,null,null,0]
[2951,null,null,null,null,null,0,0,0,0,0,null,null,0]
[2952,null,null,null,null,null,0,0,0,0,0,null,null,0]
[2953,null,null,null,null,null,0,0,0,0,0,null,null,0]
[2954,null,null,null,null,null,0,0,0,0,0,null,null,0]
[2955,null,null,null,null,null,0,0,0,0,0,null,null,0]
[2956,null,null,null,null,null,0,0,0,0,0,null,null,0]
[2957,null,null,null,null,null,0,0,0,0,0,null,null,0]
[2958,null,null,null,null,null,0,0,0,0,0,null,null,0]
[2959,null,null,null,null,null,0,0,0,0,0,null,null,0]
[2960,null,null,null,null,null,0,0,0,0,0,null,null,0]
[2961,null,null,null,null,null,0,0,0,0,0,null,null,0]
[2962,null,null,null,null,null,0,0,0,0,0,null,null,0]
[2963,null,null,null,null,null,0,0,0,0,0,null,null,0]
[2964,null,null,null,null,null,0,0,0,0,0,null,null,0]
[2965,null,null,null,null,null,0,0,0,0,0,null,null,0]
[2966,null,null,null,null,null,0,0,0,0,0,null,null,0]
[2967,null,null,null,null,null,0,0,0,0,0,null,null,0]
[2968,null,null,null,null,null,0,0,0,0,0,null,null,0]
[2969,null,null,null,null,null,0,0,0,0,0,null,null,0]
[2970,null,null,null,null,null,0,0,0,0,0,null,null,0]
[2971,null,null,null,null,null,0,0,0,0,0,null,null,0]
[2972,null,null,null,null,null,0,0,0,0,0,null,null,0]
[2973,null,null,null,null,null,0,0,0,0,0,null,null,0]
[2974,null,null,null,null,null,0,0,0,0,0,null,null,0]
[2975,null,null,null,null,null,0,0,0,0,0,null,null,0]
[2976,null,null,null,null,null,0,0,0,0,0,null,null,0]
[2977,null,null,null,null,null,0,0,0,0,0,null,null,0]
[2978,null,null,null,null,null,0,0,0,0,0,null,null,0]
[2979,null,null,null,null,null,0,0,0,0,0,null,null,0]
[2980,null,null,null,null,null,0,0,0,0,0,null,null,0]
[2981,null,null,null,null,null,0,0,0,0,0,null,null,0]
[2982,null,null,null,null,null,0,0,0,0,0,null,null,0]
[2983,null,null,null,null,null,0,0,0,0,0,null,null,0]
[2984,null,null,null,null,null,0,0,0,0,0,null,null,0]
[2985,null,null,null,null,null,0,0,0,0,0,null,null,0]
[2986,null,null,null,null,null,0,0,0,0,0,null,null,0]
[2987,null,null,null,null,null,0,0,0,0,0,null,null,0]
[2988,null,null,null,null,null,0,0,0,0,0,null,null,0]
[2989,null,null,null,null,null,0,0,0,0,0,null,null,0]
[2990,null,null,null,null,null,0,0,0,0,0,null,null,0]
[2991,null,null,null,null,null,0,0,0,0,0,null,null,0]
[2992,null,null,null,null,null,0,0,0,0,0,null,null,0]
[null,null,null,null,null,null,0,0,0,0,0,null,null,0]
[null,null,".",".",".",".",0,0,0,0,0,".",null,0]
[null,null,null,null,null,null,0,0,0,0,0,null,null,0]
[null,null,null,null,null,null,0,0,0,0,0,null,null,0]
[null,null,null,null,null,null,0,0,0,0,0,null,null,0]
[null,null,null,null,null,null,0,0,0,0,0,null,null,0]
[null,null,null,null,null,null,0,0,0,0,0,null,null,0]
[null,null,null,null,null,null,0,0,0,0,0,null,null,0]
[null,null,null,null,null,null,0,0,0,0,0,null,null,0]
[null,null,null,null,null,null,0,0,0,0,0,null,null,0]
[null,null,null,null,null,null,0,0,0,0,0,null,null,0]
[null,null,null,null,null,null,0,0,0,0,0,null,null,0]
[null,null,null,null,null,null,0,0,0,0,0,null,null,0]
[null,null,null,null,null,null,0,0,0,0,0,null,null,0]
[null,null,null,null,null,null,0,0,0,0,0,null,null,0]
[null,null,null,null,null,null,0,0,0,0,0,null,null,0]
[null,null,null,null,null,null,0,0,0,0,0,null,null,0]
[null,null,null,null,null,null,0,0,0,0,0,null,null,0]
[null,null,null,null,null,null,0,0,0,0,0,null,null,0]
[null,null,null,null,null,null,0,0,0,0,0,null,null,0]
[null,null,null,null,null,null,0,0,0,0,0,null,null,0]
[null,null,null,null,null,null,0,0,0,0,0,null,null,0]
[null,null,null,null,null,null,0,0,0,0,0,null,null,0]
[null,null,null,null,null,null,0,0,0,0,0,null,null,0]
[null,null,null,null,null,null,0,0,0,0,0,null,null,0]
[null,null,null,null,null,null,0,0,0,0,0,null,null,0]
[null,null,null,null,null,null,0,0,0,0,0,null,null,0]
[null,null,null,null,null,null,0,0,0,0,0,null,null,0]
[null,null,null,null,null,null,0,0,0,0,0,null,null,0]
[null,null,null,null,null,null,0,0,0,0,0,null,null,0]
[null,null,null,null,null,null,0,0,0,0,0,null,null,0]
[null,null,null,null,null,null,0,0,0,0,0,null,null,0]
[null,null,null,null,null,null,0,0,0,0,0,null,null,0]
[null,null,null,null,null,null,0,0,0,0,0,null,null,0]
[null,null,null,null,null,null,0,0,0,0,0,null,null,0]
[null,null,null,null,null,null,0,0,0,0,0,null,null,0]
[null,null,null,null,null,null,0,0,0,0,0,null,null,0]
[null,null,null,null,null,null,0,0,0,0,0,null,null,0]
[null,null,null,null,null,null,0,0,0,0,0,null,null,0]
[null,null,null,null,null,null,0,0,0,0,0,null,null,0]
[null,null,null,null,null,null,0,0,0,0,0,null,null,0]
[null,null,null,null,null,null,0,0,0,0,0,null,null,0]
[null,null,null,null,null,null,0,0,0,0,0,null,null,0]
[null,null,null,null,null,null,0,0,0,0,0,null,null,0]
[null,null,null,null,null,null,0,0,0,0,0,null,null,0]
[null,null,null,null,null,null,0,0,0,0,0,null,null,0]
[null,null,null,null,null,null,0,0,0,0,0,null,null,0]
[null,null,null,null,null,null,0,0,0,0,0,null,null,0]
[null,null,null,null,null,null,0,0,0,0,0,null,null,0]
[null,null,null,null,null,null,0,0,0,0,0,null,null,0]
[null,null,null,null,null,null,0,0,0,0,0,null,null,0]
[null,null,null,null,null,null,0,0,0,0,0,null,null,0]
[null,null,null,null,null,null,0,0,0,0,0,null,null,0]
[null,null,null,null,null,null,0,0,0,0,0,null,null,0]
[null,null,null,null,null,null,0,0,0,0,0,null,null,0]
[null,null,null,null,null,null,0,0,0,0,0,null,null,0]
[null,null,null,null,null,null,0,0,0,0,0,null,null,0]
[null,null,null,null,null,null,0,0,0,0,0,null,null,0]
[null,null,null,null,null,null,0,0,0,0,0,null,null,0]
[null,null,null,null,null,null,0,0,0,0,0,null,null,0]
[null,null,null,null,null,null,0,0,0,0,0,null,null,0]
[null,null,null,null,null,null,0,0,0,0,0,null,null,0]
[null,null,null,null,null,null,0,0,0,0,0,null,null,0]
[null,null,null,null,null,null,0,0,0,0,0,null,null,0]
[null,null,null,null,null,null,0,0,0,0,0,null,null,0]
[null,null,null,null,null,null,0,0,0,0,0,null,null,0]
[null,null,null,null,null,null,0,0,0,0,0,null,null,0]
[null,null,null,null,null,null,0,0,0,0,0,null,null,0]
[null,null,null,null,null,null,0,0,0,0,0,null,null,0]
[null,null,null,null,null,null,0,0,0,0,0,null,null,0]
[null,null,null,null,null,null,0,0,0,0,0,null,null,0]
[null,null,null,null,null,null,0,0,0,0,0,null,null,0]
[null,null,null,null,null,null,0,0,0,0,0,null,null,0]
[null,null,null,null,null,null,0,0,0,0,0,null,null,0]
[null,null,null,null,null,null,0,0,0,0,0,null,null,0]
[null,null,null,null,null,null,0,0,0,0,0,null,null,0]
[null,null,null,null,null,null,0,0,0,0,0,null,null,0]
[null,null,null,null,null,null,0,0,0,0,0,null,null,0]
[null,null,null,null,null,null,0,0,0,0,0,null,null,0]
[null,null,null,null,null,null,0,0,0,0,0,null,null,0]
[null,null,null,null,null,null,0,0,0,0,0,null,null,0]
[null,null,null,null,null,null,0,0,0,0,0,null,null,0]
[null,null,null,null,null,null,0,0,0,0,0,null,null,0]
[null,null,null,null,null,null,0,0,0,0,0,null,null,0]
[null,null,null,null,null,null,0,0,0,0,0,null,null,0]
[null,null,null,null,null,null,0,0,0,0,0,null,null,0]
[null,null,null,null,null,null,0,0,0,0,0,null,null,0]
[null,null,null,null,null,null,0,0,0,0,0,null,null,0]
[null,null,null,null,null,null,0,0,0,0,0,null,null,0]
[null,null,null,null,null,null,0,0,0,0,0,null,null,0]
[null,null,null,null,null,null,0,0,0,0,0,null,null,0]
[null,null,null,null,null,null,0,0,0,0,0,null,null,0]
[null,null,null,null,null,null,0,0,0,0,0,null,null,0]
[null,null,null,null,null,null,0,0,0,0,0,null,null,0]
[null,null,null,null,null,null,0,0,0,0,0,null,null,0]
[null,null,null,null,null,null,0,0,0,0,0,null,null,0]
[null,null,null,null,null,null,0,0,0,0,0,null,null,0]
[null,null,null,null,null,null,0,0,0,0,0,null,null,0]
[null,null,null,null,null,null,0,0,0,0,0,null,null,0]
[null,null,null,null,null,null,0,0,0,0,0,null,null,0]
[null,null,null,null,null,null,0,0,0,0,0,null,null,0]
[null,null,null,null,null,null,0,0,0,0,0,null,null,0]
[null,null,null,null,null,null,0,0,0,0,0,null,null,0]
[null,null,null,null,null,null,0,0,0,0,0,null,null,0]
[null,null,null,null,null,null,0,0,0,0,0,null,null,0]
[null,null,null,null,null,null,0,0,0,0,0,null,null,0]
[null,null,null,null,null,null,0,0,0,0,0,null,null,0]
[null,null,null,null,null,null,0,0,0,0,0,null,null,0]
[null,null,null,null,null,null,0,0,0,0,0,null,null,0]
[null,null,null,null,null,null,0,0,0,0,0,null,null,0]
[null,null,null,null,null,null,0,0,0,0,0,null,null,0]
[null,null,null,null,null,null,0,0,0,0,0,null,null,0]
[null,null,null,null,null,null,0,0,0,0,0,null,null,0]
[null,null,null,null,null,null,0,0,0,0,0,null,null,0]
[null,null,null,null,null,null,0,0,0,0,0,null,null,0]
[null,null,null,null,null,null,0,0,0,0,0,null,null,0]
[null,null,null,null,null,null,0,0,0,0,0,null,null,0]
[null,null,null,null,null,null,0,0,0,0,0,null,null,0]
[null,null,null,null,null,null,0,0,0,0,0,null,null,0]
[null,null,null,null,null,null,0,0,0,0,0,null,null,0]
[null,null,null,null,null,null,0,0,0,0,0,null,null,0]
[null,null,null,null,null,null,0,0,0,0,0,null,null,0]
[null,null,null,null,null,null,0,0,0,0,0,null,null,0]
[null,null,null,null,null,null,0,0,0,0,0,null,null,0]
[null,null,null,null,null,null,0,0,0,0,0,null,null,0]
[null,null,null,null,null,null,0,0,0,0,0,null,null,0]
[null,null,null,null,null,null,0,0,0,0,0,null,null,0]
[null,null,null,null,null,null,0,0,0,0,0,null,null,0]
[null,null,null,null,null,null,0,0,0,0,0,null,null,0]
[null,null,null,null,null,null,0,0,0,0,0,null,null,0]
[null,null,null,null,null,null,0,0,0,0,0,null,null,0]
[null,null,null,null,null,null,0,0,0,0,0,null,null,0]
[null,null,null,null,null,null,0,0,0,0,0,null,null,0]
[null,null,null,null,null,null,0,0,0,0,0,null,null,0]
[null,null,null,null,null,null,0,0,0,0,0,null,null,0]
[null,null,null,null,null,null,0,0,0,0,0,null,null,0]
[null,null,null,null,null,null,0,0,0,0,0,null,null,0]
[null,null,null,null,null,null,0,0,0,0,0,null,null,0]
[null,null,null,null,null,null,0,0,0,0,0,null,null,0]
[null,null,null,null,null,null,0,0,0,0,0,null,null,0]
[null,null,null,null,null,null,0,0,0,0,0,null,null,0]
[null,null,null,null,null,null,0,0,0,0,0,null,null,0]
[null,null,null,null,null,null,0,0,0,0,0,null,null,0]
[null,null,null,null,null,null,0,0,0,0,0,null,null,0]
[null,null,null,null,null,null,0,0,0,0,0,null,null,0]
[null,null,null,null,null,null,0,0,0,0,0,null,null,0]
[null,null,null,null,null,null,0,0,0,0,0,null,null,0]
[null,null,null,null,null,null,0,0,0,0,0,null,null,0]
[null,null,null,null,null,null,0,0,0,0,0,null,null,0]
[null,null,null,null,null,null,0,0,0,0,0,null,null,0]
[null,null,null,null,null,null,0,0,0,0,0,null,null,0]
[null,null,null,null,null,null,0,0,0,0,0,null,null,0]
[null,null,null,null,null,null,0,0,0,0,0,null,null,0]
[null,null,null,null,null,null,0,0,0,0,0,null,null,0]
[null,null,null,null,null,null,0,0,0,0,0,null,null,0]
[null,null,null,null,null,null,0,0,0,0,0,null,null,0]
[null,null,null,null,null,null,0,0,0,0,0,null,null,0]
[null,null,null,null,null,null,0,0,0,0,0,null,null,0]
[null,null,null,null,null,null,0,0,0,0,0,null,null,0]
[null,null,null,null,null,null,0,0,0,0,0,null,null,0]
[null,null,null,null,null,null,0,0,0,0,0,null,null,0]
[null,null,null,null,null,null,0,0,0,0,0,null,null,0]
[null,null,null,null,null,null,0,0,0,0,0,null,null,0]
[null,null,null,null,null,null,0,0,0,0,0,null,null,0]
[null,null,null,null,null,null,0,0,0,0,0,null,null,0]
[null,null,null,null,null,null,0,0,0,0,0,null,null,0]
[null,null,null,null,null,null,0,0,0,0,0,null,null,0]
[null,null,null,null,null,null,0,0,0,0,0,null,null,0]
[null,null,null,null,null,null,0,0,0,0,0,null,null,0]
[null,null,null,null,null,null,0,0,0,0,0,null,null,0]
[null,null,null,null,null,null,0,0,0,0,0,null,null,0]
[null,null,null,null,null,null,0,0,0,0,0,null,null,0]
[null,null,null,null,null,null,0,0,0,0,0,null,null,0]
[null,null,null,null,null,null,0,0,0,0,0,null,null,0]
[null,null,null,null,null,null,0,0,0,0,0,null,null,0]
[null,null,null,null,null,null,0,0,0,0,0,null,null,0]
[null,null,null,null,null,null,0,0,0,0,0,null,null,0]
[null,null,null,null,null,null,0,0,0,0,0,null,null,0]
[null,null,null,null,null,null,0,0,0,0,0,null,null,0]
[null,null,null,null,null,null,0,0,0,0,0,null,null,0]
[null,null,null,null,null,null,0,0,0,0,0,null,null,0]
[null,null,null,null,null,null,0,0,0,0,0,null,null,0]
[null,null,null,null,null,null,0,0,0,0,0,null,null,0]
[null,null,null,null,null,null,0,0,0,0,0,null,null,0]
[null,null,null,null,null,null,0,0,0,0,0,null,null,0]
[null,null,null,null,null,null,0,0,0,0,0,null,null,0]
[null,null,null,null,null,null,0,0,0,0,0,null,null,0]
[null,null,null,null,null,null,0,0,0,0,0,null,null,0]
[null,null,null,null,null,null,0,0,0,0,0,null,null,0]
[null,null,null,null,null,null,0,0,0,0,0,null,null,0]
[null,null,null,null,null,null,0,0,0,0,0,null,null,0]
[null,null,null,null,null,null,0,0,0,0,0,null,null,0]
[null,null,null,null,null,null,0,0,0,0,0,null,null,0]
[null,null,null,null,null,null,0,0,0,0,0,null,null,0]
[null,null,null,null,null,null,0,0,0,0,0,null,null,0]
[null,null,null,null,null,null,0,0,0,0,0,null,null,0]
[null,null,null,null,null,null,0,0,0,0,0,null,null,0]
[null,null,null,null,null,null,0,0,0,0,0,null,null,0]
[null,null,null,null,null,null,0,0,0,0,0,null,null,0]
[null,null,null,null,null,null,0,0,0,0,0,null,null,0]
[null,null,null,null,null,null,0,0,0,0,0,null,null,0]
[null,null,null,null,null,null,0,0,0,0,0,null,null,0]
[null,null,null,null,null,null,0,0,0,0,0,null,null,0]
[null,null,null,null,null,null,0,0,0,0,0,null,null,0]
[null,null,null,null,null,null,0,0,0,0,0,null,null,0]
[null,null,null,null,null,null,0,0,0,0,0,null,null,0]
[null,null,null,null,null,null,0,0,0,0,0,null,null,0]
[null,null,null,null,null,null,0,0,0,0,0,null,null,0]
[null,null,null,null,null,null,0,0,0,0,0,null,null,0]
[null,null,null,null,null,null,0,0,0,0,0,null,null,0]
[null,null,null,null,null,null,0,0,0,0,0,null,null,0]
[null,null,null,null,null,null,0,0,0,0,0,null,null,0]
[null,null,null,null,null,null,0,0,0,0,0,null,null,0]
[null,null,null,null,null,null,0,0,0,0,0,null,null,0]
[null,null,null,null,null,null,0,0,0,0,0,null,null,0]
[null,null,null,null,null,null,0,0,0,0,0,null,null,0]
[null,null,null,null,null,null,0,0,0,0,0,null,null,0]
[null,null,null,null,null,null,0,0,0,0,0,null,null,0]
[null,null,null,null,null,null,0,0,0,0,0,null,null,0]
[null,null,null,null,null,null,0,0,0,0,0,null,null,0]
[null,null,null,null,null,null,0,0,0,0,0,null,null,0]
[null,null,null,null,null,null,0,0,0,0,0,null,null,0]
[null,null,null,null,null,null,0,0,0,0,0,null,null,0]
[null,null,null,null,null,null,0,0,0,0,0,null,null,0]
[null,null,null,null,null,null,0,0,0,0,0,null,null,0]
[null,null,null,null,null,null,0,0,0,0,0,null,null,0]
[null,null,null,null,null,null,0,0,0,0,0,null,null,0]
[null,null,null,null,null,null,0,0,0,0,0,null,null,0]
[null,null,null,null,null,null,0,0,0,0,0,null,null,0]
[null,null,null,null,null,null,0,0,0,0,0,null,null,0]
[null,null,null,null,null,null,0,0,0,0,0,null,null,0]
[null,null,null,null,null,null,0,0,0,0,0,null,null,0]
[null,null,null,null,null,null,0,0,0,0,0,null,null,0]
[null,null,null,null,null,null,0,0,0,0,0,null,null,0]
[null,null,null,null,null,null,0,0,0,0,0,null,null,0]
[null,null,null,null,null,null,0,0,0,0,0,null,null,0]
[null,null,null,null,null,null,0,0,0,0,0,null,null,0]
[null,null,null,null,null,null,0,0,0,0,0,null,null,0]
[null,null,null,null,null,null,0,0,0,0,0,null,null,0]
[null,null,null,null,null,null,0,0,0,0,0,null,null,0]
[null,null,null,null,null,null,0,0,0,0,0,null,null,0]
[null,null,null,null,null,null,0,0,0,0,0,null,null,0]
[null,null,null,null,null,null,0,0,0,0,0,null,null,0]
[null,null,null,null,null,null,0,0,0,0,0,null,null,0]
[null,null,null,null,null,null,0,0,0,0,0,null,null,0]
[null,null,null,null,null,null,0,0,0,0,0,null,null,0]
[null,null,null,null,null,null,0,0,0,0,0,null,null,0]
[null,null,null,null,null,null,0,0,0,0,0,null,null,0]
[null,null,null,null,null,null,0,0,0,0,0,null,null,0]
[null,null,null,null,null,null,0,0,0,0,0,null,null,0]
[null,null,".",".",".",".",0,0,0,0,0,".",null,0,"."]
[null,null,null,null,null,null,0,0,0,0,0,null,null,0]
[null,null,null,null,null,null,0,0,0,0,0,null,null,0]
[null,null,null,null,null,null,0,0,0,0,0,null,null,0]
[null,null,null,null,null,null,0,0,0,0,0,null,null,0]
[null,null,null,null,null,null,0,0,0,0,0,null,null,0]
[null,null,null,null,null,null,0,0,0,0,0,null,null,0]
[null,null,null,null,null,null,0,0,0,0,0,null,null,0]
[null,null,null,null,null,null,0,0,0,0,0,null,null,0]
[null,null,null,null,null,null,0,0,0,0,0,null,null,0]
[null,null,null,null,null,null,0,0,0,0,0,null,null,0]
[null,null,null,null,null,null,0,0,0,0,0,null,null,0]
[null,null,null,null,null,null,0,0,0,0,0,null,null,0]
[null,null,null,null,null,null,0,0,0,0,0,null,null,0]
[null,null,null,null,null,null,0,0,0,0,0,null,null,0]
[null,null,null,null,null,null,0,0,0,0,0,null,null,0]
[null,null,null,null,null,null,0,0,0,0,0,null,null,0]
[null,null,null,null,null,null,0,0,0,0,0,null,null,0]
[null,null,null,null,null,null,0,0,0,0,0,null,null,0]
[null,null,null,null,null,null,0,0,0,0,0,null,null,0]
[null,null,null,null,null,null,0,0,0,0,0,null,null,0]
[null,null,null,null,null,null,0,0,0,0,0,null,null,0]
[null,null,null,null,null,null,0,0,0,0,0,null,null,0]
[null,null,null,null,null,null,0,0,0,0,0,null,null,0]
[null,null,null,null,null,null,0,0,0,0,0,null,null,0]
[null,null,null,null,null,null,0,0,0,0,0,null,null,0]
[null,null,null,null,null,null,0,0,0,0,0,null,null,0]
[null,null,null,null,null,null,0,0,0,0,0,null,null,0]
[null,null,null,null,null,null,0,0,0,0,0,null,null,0]
[null,null,null,null,null,null,0,0,0,0,0,null,null,0]
[null,null,null,null,null,null,0,0,0,0,0,null,null,0]
[null,null,null,null,null,null,0,0,0,0,0,null,null,0]
[null,null,null,null,null,null,0,0,0,0,0,null,null,0]
[null,null,null,null,null,null,0,0,0,0,0,null,null,0]
[null,null,null,null,null,null,0,0,0,0,0,null,null,0]
[null,null,null,null,null,null,0,0,0,0,0,null,null,0]
[null,null,null,null,null,null,0,0,0,0,0,null,null,0]
[null,null,null,null,null,null,0,0,0,0,0,null,null,0]
[null,null,null,null,null,null,0,0,0,0,0,null,null,0]
[null,null,null,null,null,null,0,0,0,0,0,null,null,0]
[null,null,null,null,null,null,0,0,0,0,0,null,null,0]
[null,null,null,null,null,null,0,0,0,0,0,null,null,0]
[null,null,null,null,null,null,0,0,0,0,0,null,null,0]
[null,null,null,null,null,null,0,0,0,0,0,null,null,0]
[null,null,null,null,null,null,0,0,0,0,0,null,null,0]
[null,null,null,null,null,null,0,0,0,0,0,null,null,0]
[null,null,null,null,null,null,0,0,0,0,0,null,null,0]
[null,null,null,null,null,null,0,0,0,0,0,null,null,0]
[null,null,null,null,null,null,0,0,0,0,0,null,null,0]
[null,null,null,null,null,null,0,0,0,0,0,null,null,0]
[null,null,null,null,null,null,0,0,0,0,0,null,null,0]
[null,null,null,null,null,null,0,0,0,0,0,null,null,0]
[null,null,null,null,null,null,0,0,0,0,0,null,null,0]
[null,null,null,null,null,null,0,0,0,0,0,null,null,0]
[null,null,null,null,null,null,0,0,0,0,0,null,null,0]
[null,null,null,null,null,null,0,0,0,0,0,null,null,0]
[null,null,null,null,null,null,0,0,0,0,0,null,null,0]
[null,null,null,null,null,null,0,0,0,0,0,null,null,0]
[null,null,null,null,null,null,0,0,0,0,0,null,null,0]
[null,null,null,null,null,null,0,0,0,0,0,null,null,0]
[null,null,null,null,null,null,0,0,0,0,0,null,null,0]
[null,null,null,null,null,null,0,0,0,0,0,null,null,0]
[null,null,null,null,null,null,0,0,0,0,0,null,null,0]
[null,null,null,null,null,null,0,0,0,0,0,null,null,0]
[null,null,null,null,null,null,0,0,0,0,0,null,null,0]
[null,null,null,null,null,null,0,0,0,0,0,null,null,0]
[null,null,null,null,null,null,0,0,0,0,0,null,null,0]
[null,null,null,null,null,null,0,0,0,0,0,null,null,0]
[null,null,null,null,null,null,0,0,0,0,0,null,null,0]
[null,null,null,null,null,null,0,0,0,0,0,null,null,0]
[null,null,null,null,null,null,0,0,0,0,0,null,null,0]
[null,null,null,null,null,null,0,0,0,0,0,null,null,0]
[null,null,null,null,null,null,0,0,0,0,0,null,null,0]
[null,null,null,null,null,null,0,0,0,0,0,null,null,0]
[null,null,null,null,null,null,0,0,0,0,0,null,null,0]
[null,null,null,null,null,null,0,0,0,0,0,null,null,0]
[null,null,null,null,null,null,0,0,0,0,0,null,null,0]
[null,null,null,null,null,null,0,0,0,0,0,null,null,0]
[null,null,null,null,null,null,0,0,0,0,0,null,null,0]
[null,null,null,null,null,null,0,0,0,0,0,null,null,0]
[null,null,null,null,null,null,0,0,0,0,0,null,null,0]
[null,null,null,null,null,null,0,0,0,0,0,null,null,0]
[null,null,null,null,null,null,0,0,0,0,0,null,null,0]
[null,null,null,null,null,null,0,0,0,0,0,null,null,0]
[null,null,null,null,null,null,0,0,0,0,0,null,null,0]
[null,null,null,null,null,null,0,0,0,0,0,null,null,0]
[null,null,null,null,null,null,0,0,0,0,0,null,null,0]
[null,null,null,null,null,null,0,0,0,0,0,null,null,0]
[null,null,null,null,null,null,0,0,0,0,0,null,null,0]
[null,null,null,null,null,null,0,0,0,0,0,null,null,0]
[null,null,null,null,null,null,0,0,0,0,0,null,null,0]
[null,null,null,null,null,null,0,0,0,0,0,null,null,0]
[null,null,null,null,null,null,0,0,0,0,0,null,null,0]
[null,null,null,null,null,null,0,0,0,0,0,null,null,0]
[null,null,null,null,null,null,0,0,0,0,0,null,null,0]
[null,null,null,null,null,null,0,0,0,0,0,null,null,0]
[null,null,null,null,null,null,0,0,0,0,0,null,null,0]
[null,null,null,null,null,null,0,0,0,0,0,null,null,0]
[null,null,null,null,null,null,0,0,0,0,0,null,null,0]
[null,null,null,null,null,null,0,0,0,0,0,null,null,0]
[null,null,null,null,null,null,0,0,0,0,0,null,null,0]
[null,null,null,null,null,null,0,0,0,0,0,null,null,0]
[null,null,null,null,null,null,0,0,0,0,0,null,null,0]
[null,null,null,null,null,null,0,0,0,0,0,null,null,0]
[null,null,null,null,null,null,0,0,0,0,0,null,null,0]
[null,null,null,null,null,null,0,0,0,0,0,null,null,0]
[null,null,null,null,null,null,0,0,0,0,0,null,null,0]
[null,null,null,null,null,null,0,0,0,0,0,null,null,0]
[null,null,null,null,null,null,0,0,0,0,0,null,null,0]
[null,null,null,null,null,null,0,0,0,0,0,null,null,0]
[null,null,null,null,null,null,0,0,0,0,0,null,null,0]
[null,null,null,null,null,null,0,0,0,0,0,null,null,0]
[null,null,null,null,null,null,0,0,0,0,0,null,null,0]
[null,null,null,null,null,null,0,0,0,0,0,null,null,0]
[null,null,null,null,null,null,0,0,0,0,0,null,null,0]
[null,null,null,null,null,null,0,0,0,0,0,null,null,0]
[null,null,null,null,null,null,0,0,0,0,0,null,null,0]
[null,null,null,null,null,null,0,0,0,0,0,null,null,0]
[null,null,null,null,null,null,0,0,0,0,0,null,null,0]
[null,null,null,null,null,null,0,0,0,0,0,null,null,0]
[null,null,null,null,null,null,0,0,0,0,0,null,null,0]
[null,null,null,null,null,null,0,0,0,0,0,null,null,0]
[null,null,null,null,null,null,0,0,0,0,0,null,null,0]
[null,null,null,null,null,null,0,0,0,0,0,null,null,0]
[null,null,null,null,null,null,0,0,0,0,0,null,null,0]
[null,null,null,null,null,null,0,0,0,0,0,null,null,0]
[null,null,null,null,null,null,0,0,0,0,0,null,null,0]
[null,null,null,null,null,null,0,0,0,0,0,null,null,0]
[null,null,null,null,null,null,0,0,0,0,0,null,null,0]
[null,null,null,null,null,null,0,0,0,0,0,null,null,0]
[null,null,null,null,null,null,0,0,0,0,0,null,null,0]
[null,null,null,null,null,null,0,0,0,0,0,null,null,0]
[null,null,null,null,null,null,0,0,0,0,0,null,null,0]
[null,null,null,null,null,null,0,0,0,0,0,null,null,0]
[null,null,null,null,null,null,0,0,0,0,0,null,null,0]
[null,null,null,null,null,null,0,0,0,0,0,null,null,0]
[null,null,null,null,null,null,0,0,0,0,0,null,null,0]
[null,null,null,null,null,null,0,0,0,0,0,null,null,0]
[null,null,null,null,null,null,0,0,0,0,0,null,null,0]
[null,null,null,null,null,null,0,0,0,0,0,null,null,0]
[null,null,null,null,null,null,0,0,0,0,0,null,null,0]
[null,null,null,null,null,null,0,0,0,0,0,null,null,0]
[null,null,null,null,null,null,0,0,0,0,0,null,null,0]
[null,null,null,null,null,null,0,0,0,0,0,null,null,0]
[null,null,null,null,null,null,0,0,0,0,0,null,null,0]
[null,null,null,null,null,null,0,0,0,0,0,null,null,0]
[null,null,null,null,null,null,0,0,0,0,0,null,null,0]
[null,null,null,null,null,null,0,0,0,0,0,null,null,0]
[null,null,null,null,null,null,0,0,0,0,0,null,null,0]
[null,null,null,null,null,null,0,0,0,0,0,null,null,0]
[null,null,null,null,null,null,0,0,0,0,0,null,null,0]
[null,null,null,null,null,null,0,0,0,0,0,null,null,0]
[null,null,null,null,null,null,0,0,0,0,0,null,null,0]
[null,null,null,null,null,null,0,0,0,0,0,null,null,0]
[null,null,null,null,null,null,0,0,0,0,0,null,null,0]
[null,null,null,null,null,null,0,0,0,0,0,null,null,0]
[null,null,null,null,null,null,0,0,0,0,0,null,null,0]
[null,null,null,null,null,null,0,0,0,0,0,null,null,0]
[null,null,null,null,null,null,0,0,0,0,0,null,null,0]
[null,null,null,null,null,null,0,0,0,0,0,null,null,0]
[null,null,null,null,null,null,0,0,0,0,0,null,null,0]
[null,null,null,null,null,null,0,0,0,0,0,null,null,0]
[null,null,null,null,null,null,0,0,0,0,0,null,null,0]
[null,null,null,null,null,null,0,0,0,0,0,null,null,0]
[null,null,null,null,null,null,0,0,0,0,0,null,null,0]
[null,null,null,null,null,null,0,0,0,0,0,null,null,0]
[null,null,null,null,null,null,0,0,0,0,0,null,null,0]
[null,null,null,null,null,null,0,0,0,0,0,null,null,0]
[null,null,null,null,null,null,0,0,0,0,0,null,null,0]
[null,null,null,null,null,null,0,0,0,0,0,null,null,0]
[null,null,null,null,null,null,0,0,0,0,0,null,null,0]
[null,null,null,null,null,null,0,0,0,0,0,null,null,0]
[null,null,null,null,null,null,0,0,0,0,0,null,null,0]
[null,null,null,null,null,null,0,0,0,0,0,null,null,0]
[null,null,null,null,null,null,0,0,0,0,0,null,null,0]
[null,null,null,null,null,null,0,0,0,0,0,null,null,0]
[null,null,null,null,null,null,0,0,0,0,0,null,null,0]
[null,null,null,null,null,null,0,0,0,0,0,null,null,0]
[null,null,null,null,null,null,0,0,0,0,0,null,null,0]
[null,null,null,null,null,null,0,0,0,0,0,null,null,0]
[null,null,null,null,null,null,0,0,0,0,0,null,null,0]
[null,null,null,null,null,null,0,0,0,0,0,null,null,0]
[null,null,null,null,null,null,0,0,0,0,0,null,null,0]
[null,null,null,null,null,null,0,0,0,0,0,null,null,0]
[null,null,null,null,null,null,0,0,0,0,0,null,null,0]
[null,null,null,null,null,null,0,0,0,0,0,null,null,0]
[null,null,null,null,null,null,0,0,0,0,0,null,null,0]
[null,null,null,null,null,null,0,0,0,0,0,null,null,0]
[null,null,null,null,null,null,0,0,0,0,0,null,null,0]
[null,null,null,null,null,null,0,0,0,0,0,null,null,0]
[null,null,null,null,null,null,0,0,0,0,0,null,null,0]
[null,null,null,null,null,null,0,0,0,0,0,null,null,0]
[null,null,null,null,null,null,0,0,0,0,0,null,null,0]
[null,null,null,null,null,null,0,0,0,0,0,null,null,0]
[null,null,null,null,null,null,0,0,0,0,0,null,null,0]
[null,null,null,null,null,null,0,0,0,0,0,null,null,0]
[null,null,null,null,null,null,0,0,0,0,0,null,null,0]
[null,null,null,null,null,null,0,0,0,0,0,null,null,0]
[null,null,null,null,null,null,0,0,0,0,0,null,null,0]
[null,null,null,null,null,null,0,0,0,0,0,null,null,0]
[null,null,null,null,null,null,0,0,0,0,0,null,null,0]
[null,null,null,null,null,null,0,0,0,0,0,null,null,0]
[null,null,null,null,null,null,0,0,0,0,0,null,null,0]
[null,null,null,null,null,null,0,0,0,0,0,null,null,0]
[null,null,null,null,null,null,0,0,0,0,0,null,null,0]
[null,null,null,null,null,null,0,0,0,0,0,null,null,0]
[null,null,null,null,null,null,0,0,0,0,0,null,null,0]
[null,null,null,null,null,null,0,0,0,0,0,null,null,0]
[null,null,null,null,null,null,0,0,0,0,0,null,null,0]
[null,null,null,null,null,null,0,0,0,0,0,null,null,0]
[null,null,null,null,null,null,0,0,0,0,0,null,null,0]
[null,null,null,null,null,null,0,0,0,0,0,null,null,0]
[null,null,null,null,null,null,0,0,0,0,0,null,null,0]
[null,null,null,null,null,null,0,0,0,0,0,null,null,0]
[null,null,null,null,null,null,0,0,0,0,0,null,null,0]
[null,null,null,null,null,null,0,0,0,0,0,null,null,0]
[null,null,null,null,null,null,0,0,0,0,0,null,null,0]
[null,null,null,null,null,null,0,0,0,0,0,null,null,0]
[null,null,null,null,null,null,0,0,0,0,0,null,null,0]
[null,null,null,null,null,null,0,0,0,0,0,null,null,0]
[null,null,null,null,null,null,0,0,0,0,0,null,null,0]
[null,null,null,null,null,null,0,0,0,0,0,null,null,0]
[null,null,null,null,null,null,0,0,0,0,0,null,null,0]
[null,null,null,null,null,null,0,0,0,0,0,null,null,0]
[null,null,null,null,null,null,0,0,0,0,0,null,null,0]
[null,null,null,null,null,null,0,0,0,0,0,null,null,0]
[null,null,null,null,null,null,0,0,0,0,0,null,null,0]
[null,null,null,null,null,null,0,0,0,0,0,null,null,0]
[null,null,null,null,null,null,0,0,0,0,0,null,null,0]
[null,null,null,null,null,null,0,0,0,0,0,null,null,0]
[null,null,null,null,null,null,0,0,0,0,0,null,null,0]
[null,null,null,null,null,null,0,0,0,0,0,null,null,0]
[null,null,null,null,null,null,0,0,0,0,0,null,null,0]
[null,null,null,null,null,null,0,0,0,0,0,null,null,0]
[null,null,null,null,null,null,0,0,0,0,0,null,null,0]
[null,null,null,null,null,null,0,0,0,0,0,null,null,0]
[null,null,null,null,null,null,0,0,0,0,0,null,null,0]
[null,null,null,null,null,null,0,0,0,0,0,null,null,0]
[null,null,null,null,null,null,0,0,0,0,0,null,null,0]
[null,null,null,null,null,null,0,0,0,0,0,null,null,0]
[null,null,null,null,null,null,0,0,0,0,0,null,null,0]
[null,null,null,null,null,null,0,0,0,0,0,null,null,0]
[null,null,null,null,null,null,0,0,0,0,0,null,null,0]
[null,null,null,null,null,null,0,0,0,0,0,null,null,0]
[null,null,null,null,null,null,0,0,0,0,0,null,null,0]
[null,null,null,null,null,null,0,0,0,0,0,null,null,0]
[null,null,null,null,null,null,0,0,0,0,0,null,null,0]
[null,null,null,null,null,null,0,0,0,0,0,null,null,0]
[null,null,null,null,null,null,0,0,0,0,0,null,null,0]
[null,null,null,null,null,null,0,0,0,0,0,null,null,0]
[null,null,null,null,null,null,0,0,0,0,0,null,null,0]
[null,null,null,null,null,null,0,0,0,0,0,null,null,0]
[null,null,null,null,null,null,0,0,0,0,0,null,null,0]
[null,null,null,null,null,null,0,0,0,0,0,null,null,0]
[null,null,null,null,null,null,0,0,0,0,0,null,null,0]
[null,null,null,null,null,null,0,0,0,0,0,null,null,0]
[null,null,null,null,null,null,0,0,0,0,0,null,null,0]
[null,null,null,null,null,null,0,0,0,0,0,null,null,0]
[null,null,null,null,null,null,0,0,0,0,0,null,null,0]
[null,null,null,null,null,null,0,0,0,0,0,null,null,0]
[null,null,null,null,null,null,0,0,0,0,0,null,null,0]
[null,null,null,null,null,null,0,0,0,0,0,null,null,0]
[null,null,null,null,null,null,0,0,0,0,0,null,null,0]
[null,null,null,null,null,null,0,0,0,0,0,null,null,0]
[null,null,null,null,null,null,0,0,0,0,0,null,null,0]
[null,null,null,null,null,null,0,0,0,0,0,null,null,0]
[null,null,null,null,null,null,0,0,0,0,0,null,null,0]
[null,null,null,null,null,null,0,0,0,0,0,null,null,0]
[null,null,null,null,null,null,0,0,0,0,0,null,null,0]
[null,null,null,null,null,null,0,0,0,0,0,null,null,0]
[null,null,null,null,null,null,0,0,0,0,0,null,null,0]
[null,null,null,null,null,null,0,0,0,0,0,null,null,0]
[null,null,null,null,null,null,0,0,0,0,0,null,null,0]
[null,null,null,null,null,null,0,0,0,0,0,null,null,0]
[null,null,null,null,null,null,0,0,0,0,0,null,null,0]
[null,null,null,null,null,null,0,0,0,0,0,null,null,0]
[null,null,null,null,null,null,0,0,0,0,0,null,null,0]
[null,null,null,null,null,null,0,0,0,0,0,null,null,0]
[null,null,null,null,null,null,0,0,0,0,0,null,null,0]
[null,null,null,null,null,null,0,0,0,0,0,null,null,0]
[null,null,null,null,null,null,0,0,0,0,0,null,null,0]
[null,null,null,null,null,null,0,0,0,0,0,null,null,0]
[null,null,null,null,null,null,0,0,0,0,0,null,null,0]
[null,null,null,null,null,null,0,0,0,0,0,null,null,0]
[null,null,null,null,null,null,0,0,0,0,0,null,null,0]
[null,null,null,null,null,null,0,0,0,0,0,null,null,0]
[null,null,null,null,null,null,0,0,0,0,0,null,null,0]
[null,null,null,null,null,null,0,0,0,0,0,null,null,0]
[null,null,null,null,null,null,0,0,0,0,0,null,null,0]
[null,null,null,null,null,null,0,0,0,0,0,null,null,0]
[null,null,null,null,null,null,0,0,0,0,0,null,null,0]
[null,null,null,null,null,null,0,0,0,0,0,null,null,0]
[null,null,null,null,null,null,0,0,0,0,0,null,null,0]
[null,null,null,null,null,null,0,0,0,0,0,null,null,0]
[null,null,null,null,null,null,0,0,0,0,0,null,null,0]
[null,null,null,null,null,null,0,0,0,0,0,null,null,0]
[null,null,null,null,null,null,0,0,0,0,0,null,null,0]
[null,null,null,null,null,null,0,0,0,0,0,null,null,0]
[null,null,null,null,null,null,0,0,0,0,0,null,null,0]
[null,null,null,null,null,null,0,0,0,0,0,null,null,0]
[null,null,null,null,null,null,0,0,0,0,0,null,null,0]
[null,null,null,null,null,null,0,0,0,0,0,null,null,0]
[null,null,null,null,null,null,0,0,0,0,0,null,null,0]
[null,null,null,null,null,null,0,0,0,0,0,null,null,0]
[null,null,null,null,null,null,0,0,0,0,0,null,null,0]
[null,null,null,null,null,null,0,0,0,0,0,null,null,0]
[null,null,null,null,null,null,0,0,0,0,0,null,null,0]
[null,null,null,null,null,null,0,0,0,0,0,null,null,0]
[null,null,null,null,null,null,0,0,0,0,0,null,null,0]
[null,null,null,null,null,null,0,0,0,0,0,null,null,0]
[null,null,null,null,null,null,0,0,0,0,0,null,null,0]
[null,null,null,null,null,null,0,0,0,0,0,null,null,0]
[null,null,null,null,null,null,0,0,0,0,0,null,null,0]
[null,null,null,null,null,null,0,0,0,0,0,null,null,0]
[null,null,null,null,null,null,0,0,0,0,0,null,null,0]
[null,null,null,null,null,null,0,0,0,0,0,null,null,0]
[null,null,null,null,null,null,0,0,0,0,0,null,null,0]
[null,null,null,null,null,null,0,0,0,0,0,null,null,0]
[null,null,null,null,null,null,0,0,0,0,0,null,null,0]
[null,null,null,null,null,null,0,0,0,0,0,null,null,0]
[null,null,null,null,null,null,0,0,0,0,0,null,null,0]
[null,null,null,null,null,null,0,0,0,0,0,null,null,0]
[null,null,null,null,null,null,0,0,0,0,0,null,null,0]
[null,null,null,null,null,null,0,0,0,0,0,null,null,0]
[null,null,null,null,null,null,0,0,0,0,0,null,null,0]
[null,null,null,null,null,null,0,0,0,0,0,null,null,0]
[null,null,null,null,null,null,0,0,0,0,0,null,null,0]
[null,null,null,null,null,null,0,0,0,0,0,null,null,0]
[null,null,null,null,null,null,0,0,0,0,0,null,null,0]
[null,null,null,null,null,null,0,0,0,0,0,null,null,0]
[null,null,null,null,null,null,0,0,0,0,0,null,null,0]
[null,null,null,null,null,null,0,0,0,0,0,null,null,0]
[null,null,null,null,null,null,0,0,0,0,0,null,null,0]
[null,null,null,null,null,null,0,0,0,0,0,null,null,0]
[null,null,null,null,null,null,0,0,0,0,0,null,null,0]
[null,null,null,null,null,null,0,0,0,0,0,null,null,0]
[null,null,null,null,null,null,0,0,0,0,0,null,null,0]
[null,null,null,null,null,null,0,0,0,0,0,null,null,0]
[null,null,null,null,null,null,0,0,0,0,0,null,null,0]
[null,null,null,null,null,null,0,0,0,0,0,null,null,0]
[null,null,null,null,null,null,0,0,0,0,0,null,null,0]
[null,null,null,null,null,null,0,0,0,0,0,null,null,0]
[null,null,null,null,null,null,0,0,0,0,0,null,null,0]
[null,null,null,null,null,null,0,0,0,0,0,null,null,0]
[null,null,null,null,null,null,0,0,0,0,0,null,null,0]
[null,null,null,null,null,null,0,0,0,0,0,null,null,0]
[null,null,null,null,null,null,0,0,0,0,0,null,null,0]
[null,null,null,null,null,null,0,0,0,0,0,null,null,0]
[null,null,null,null,null,null,0,0,0,0,0,null,null,0]
[null,null,null,null,null,null,0,0,0,0,0,null,null,0]
[null,null,null,null,null,null,0,0,0,0,0,null,null,0]
[null,null,null,null,null,null,0,0,0,0,0,null,null,0]
[null,null,null,null,null,null,0,0,0,0,0,null,null,0]
[null,null,null,null,null,null,0,0,0,0,0,null,null,0]
[null,null,null,null,null,null,0,0,0,0,0,null,null,0]
[null,null,null,null,null,null,0,0,0,0,0,null,null,0]
[null,null,null,null,null,null,0,0,0,0,0,null,null,0]
[null,null,null,null,null,null,0,0,0,0,0,null,null,0]
[null,null,null,null,null,null,0,0,0,0,0,null,null,0]
[null,null,null,null,null,null,0,0,0,0,0,null,null,0]
[null,null,null,null,null,null,0,0,0,0,0,null,null,0]
[null,null,null,null,null,null,0,0,0,0,0,null,null,0]
[null,null,null,null,null,null,0,0,0,0,0,null,null,0]
[null,null,null,null,null,null,0,0,0,0,0,null,null,0]
[null,null,null,null,null,null,0,0,0,0,0,null,null,0]
[null,null,null,null,null,null,0,0,0,0,0,null,null,0]
[null,null,null,null,null,null,0,0,0,0,0,null,null,0]
[null,null,null,null,null,null,0,0,0,0,0,null,null,0]
[null,null,null,null,null,null,0,0,0,0,0,null,null,0]
[null,null,null,null,null,null,0,0,0,0,0,null,null,0]
[null,null,null,null,null,null,0,0,0,0,0,null,null,0]
[null,null,null,null,null,null,0,0,0,0,0,null,null,0]
[null,null,null,null,null,null,0,0,0,0,0,null,null,0]
[null,null,null,null,null,null,0,0,0,0,0,null,null,0]
[null,null,null,null,null,null,0,0,0,0,0,null,null,0]
[null,null,null,null,null,null,0,0,0,0,0,null,null,0]
[null,null,null,null,null,null,0,0,0,0,0,null,null,0]
[null,null,null,null,null,null,0,0,0,0,0,null,null,0]
[null,null,null,null,null,null,0,0,0,0,0,null,null,0]
[null,null,null,null,null,null,0,0,0,0,0,null,null,0]
[null,null,null,null,null,null,0,0,0,0,0,null,null,0]
[null,null,null,null,null,null,0,0,0,0,0,null,null,0]
[null,null,null,null,null,null,0,0,0,0,0,null,null,0]
[null,null,null,null,null,null,0,0,0,0,0,null,null,0]
[null,null,null,null,null,null,0,0,0,0,0,null,null,0]
[null,null,null,null,null,null,0,0,0,0,0,null,null,0]
[null,null,null,null,null,null,0,0,0,0,0,null,null,0]
[null,null,null,null,null,null,0,0,0,0,0,null,null,0]
[null,null,null,null,null,null,0,0,0,0,0,null,null,0]
[null,null,null,null,null,null,0,0,0,0,0,null,null,0]
[null,null,null,null,null,null,0,0,0,0,0,null,null,0]
[null,null,null,null,null,null,0,0,0,0,0,null,null,0]
[null,null,null,null,null,null,0,0,0,0,0,null,null,0]
[null,null,null,null,null,null,0,0,0,0,0,null,null,0]
[null,null,null,null,null,null,0,0,0,0,0,null,null,0]
[null,null,null,null,null,null,0,0,0,0,0,null,null,0]
[null,null,null,null,null,null,0,0,0,0,0,null,null,0]
[null,null,null,null,null,null,0,0,0,0,0,null,null,0]
[null,null,null,null,null,null,0,0,0,0,0,null,null,0]
[null,null,null,null,null,null,0,0,0,0,0,null,null,0]
[null,null,null,null,null,null,0,0,0,0,0,null,null,0]
[null,null,null,null,null,null,0,0,0,0,0,null,null,0]
[null,null,null,null,null,null,0,0,0,0,0,null,null,0]
[null,null,null,null,null,null,0,0,0,0,0,null,null,0]
[null,null,null,null,null,null,0,0,0,0,0,null,null,0]
[null,null,null,null,null,null,0,0,0,0,0,null,null,0]
[null,null,null,null,null,null,0,0,0,0,0,null,null,0]
[null,null,null,null,null,null,0,0,0,0,0,null,null,0]
[null,null,null,null,null,null,0,0,0,0,0,null,null,0]
[null,null,null,null,null,null,0,0,0,0,0,null,null,0]
[null,null,null,null,null,null,0,0,0,0,0,null,null,0]
[null,null,null,null,null,null,0,0,0,0,0,null,null,0]
[null,null,null,null,null,null,0,0,0,0,0,null,null,0]
[null,null,null,null,null,null,0,0,0,0,0,null,null,0]
[null,null,null,null,null,null,0,0,0,0,0,null,null,0]
[null,null,null,null,null,null,0,0,0,0,0,null,null,0]
[null,null,null,null,null,null,0,0,0,0,0,null,null,0]
[null,null,null,null,null,null,0,0,0,0,0,null,null,0]
[null,null,null,null,null,null,0,0,0,0,0,null,null,0]
[null,null,null,null,null,null,0,0,0,0,0,null,null,0]
[null,null,null,null,null,null,0,0,0,0,0,null,null,0]
[null,null,null,null,null,null,0,0,0,0,0,null,null,0]
[null,null,null,null,null,null,0,0,0,0,0,null,null,0]
[null,null,null,null,null,null,0,0,0,0,0,null,null,0]
[null,null,null,null,null,null,0,0,0,0,0,null,null,0]
[null,null,null,null,null,null,0,0,0,0,0,null,null,0]
[null,null,null,null,null,null,0,0,0,0,0,null,null,0]
[null,null,null,null,null,null,0,0,0,0,0,null,null,0]
[null,null,null,null,null,null,0,0,0,0,0,null,null,0]
[null,null,null,null,null,null,0,0,0,0,0,null,null,0]
[null,null,null,null,null,null,0,0,0,0,0,null,null,0]
[null,null,null,null,null,null,0,0,0,0,0,null,null,0]
[null,null,null,null,null,null,0,0,0,0,0,null,null,0]
[null,null,null,null,null,null,0,0,0,0,0,null,null,0]
[null,null,null,null,null,null,0,0,0,0,0,null,null,0]
[null,null,null,null,null,null,0,0,0,0,0,null,null,0]
[null,null,null,null,null,null,0,0,0,0,0,null,null,0]
[null,null,null,null,null,null,0,0,0,0,0,null,null,0]
[null,null,null,null,null,null,0,0,0,0,0,null,null,0]
[null,null,null,null,null,null,0,0,0,0,0,null,null,0]
[null,null,null,null,null,null,0,0,0,0,0,null,null,0]
[null,null,null,null,null,null,0,0,0,0,0,null,null,0]
[null,null,null,null,null,null,0,0,0,0,0,null,null,0]
[null,null,null,null,null,null,0,0,0,0,0,null,null,0]
[null,null,null,null,null,null,0,0,0,0,0,null,null,0]
[null,null,null,null,null,null,0,0,0,0,0,null,null,0]
[null,null,null,null,null,null,0,0,0,0,0,null,null,0]
[null,null,null,null,null,null,0,0,0,0,0,null,null,0]
[null,null,null,null,null,null,0,0,0,0,0,null,null,0]
[null,null,null,null,null,null,0,0,0,0,0,null,null,0]
[null,null,null,null,null,null,0,0,0,0,0,null,null,0]
[null,null,null,null,null,null,0,0,0,0,0,null,null,0]
[null,null,null,null,null,null,0,0,0,0,0,null,null,0]
[null,null,null,null,null,null,0,0,0,0,0,null,null,0]
[null,null,null,null,null,null,0,0,0,0,0,null,null,0]
[null,null,null,null,null,null,0,0,0,0,0,null,null,0]
[null,null,null,null,null,null,0,0,0,0,0,null,null,0]
[null,null,null,null,null,null,0,0,0,0,0,null,null,0]
[null,null,null,null,null,null,0,0,0,0,0,null,null,0]
[null,null,null,null,null,null,0,0,0,0,0,null,null,0]
[null,null,null,null,null,null,0,0,0,0,0,null,null,0]
[null,null,null,null,null,null,0,0,0,0,0,null,null,0]
[null,null,null,null,null,null,0,0,0,0,0,null,null,0]
[null,null,null,null,null,null,0,0,0,0,0,null,null,0]
[null,null,null,null,null,null,0,0,0,0,0,null,null,0]
[null,null,null,null,null,null,0,0,0,0,0,null,null,0]
[null,null,null,null,null,null,0,0,0,0,0,null,null,0]
[null,null,null,null,null,null,0,0,0,0,0,null,null,0]
[null,null,null,null,null,null,0,0,0,0,0,null,null,0]
[null,null,null,null,null,null,0,0,0,0,0,null,null,0]
[null,null,null,null,null,null,0,0,0,0,0,null,null,0]
[null,null,null,null,null,null,0,0,0,0,0,null,null,0]
[null,null,null,null,null,null,0,0,0,0,0,null,null,0]
[null,null,null,null,null,null,0,0,0,0,0,null,null,0]
[null,null,null,null,null,null,0,0,0,0,0,null,null,0]
[null,null,null,null,null,null,0,0,0,0,0,null,null,0]
[null,null,null,null,null,null,0,0,0,0,0,null,null,0]
[null,null,null,null,null,null,0,0,0,0,0,null,null,0]
[null,null,null,null,null,null,0,0,0,0,0,null,null,0]
[null,null,null,null,null,null,0,0,0,0,0,null,null,0]
[null,null,null,null,null,null,0,0,0,0,0,null,null,0]
[null,null,null,null,null,null,0,0,0,0,0,null,null,0]
[null,null,null,null,null,null,0,0,0,0,0,null,null,0]
[null,null,null,null,null,null,0,0,0,0,0,null,null,0]
[null,null,null,null,null,null,0,0,0,0,0,null,null,0]
[null,null,null,null,null,null,0,0,0,0,0,null,null,0]
[null,null,null,null,null,null,0,0,0,0,0,null,null,0]
[null,null,null,null,null,null,0,0,0,0,0,null,null,0]
[null,null,null,null,null,null,0,0,0,0,0,null,null,0]
[null,null,null,null,null,null,0,0,0,0,0,null,null,0]
[null,null,null,null,null,null,0,0,0,0,0,null,null,0]
[null,null,null,null,null,null,0,0,0,0,0,null,null,0]
[null,null,null,null,null,null,0,0,0,0,0,null,null,0]
[null,null,null,null,null,null,0,0,0,0,0,null,null,0]
[null,null,null,null,null,null,0,0,0,0,0,null,null,0]
[null,null,null,null,null,null,0,0,0,0,0,null,null,0]
[null,null,null,null,null,null,0,0,0,0,0,null,null,0]
[null,null,null,null,null,null,0,0,0,0,0,null,null,0]
[null,null,null,null,null,null,0,0,0,0,0,null,null,0]
[null,null,null,null,null,null,0,0,0,0,0,null,null,0]
[null,null,null,null,null,null,0,0,0,0,0,null,null,0]
[null,null,null,null,null,null,0,0,0,0,0,null,null,0]
[null,null,null,null,null,null,0,0,0,0,0,null,null,0]
[null,null,null,null,null,null,0,0,0,0,0,null,null,0]
[null,null,null,null,null,null,0,0,0,0,0,null,null,0]
[null,null,null,null,null,null,0,0,0,0,0,null,null,0]
[null,null,null,null,null,null,0,0,0,0,0,null,null,0]
[null,null,null,null,null,null,0,0,0,0,0,null,null,0]
[null,null,null,null,null,null,0,0,0,0,0,null,null,0]
[null,null,null,null,null,null,0,0,0,0,0,null,null,0]
[null,null,null,null,null,null,0,0,0,0,0,null,null,0]
[null,null,null,null,null,null,0,0,0,0,0,null,null,0]
[null,null,null,null,null,null,0,0,0,0,0,null,null,0]
[null,null,null,null,null,null,0,0,0,0,0,null,null,0]
[null,null,null,null,null,null,0,0,0,0,0,null,null,0]
[null,null,null,null,null,null,0,0,0,0,0,null,null,0]
[null,null,null,null,null,null,0,0,0,0,0,null,null,0]
[null,null,null,null,null,null,0,0,0,0,0,null,null,0]
[null,null,null,null,null,null,0,0,0,0,0,null,null,0]
[null,null,null,null,null,null,0,0,0,0,0,null,null,0]
[null,null,null,null,null,null,0,0,0,0,0,null,null,0]
[null,null,null,null,null,null,0,0,0,0,0,null,null,0]
[null,null,null,null,null,null,0,0,0,0,0,null,null,0]
[null,null,null,null,null,null,0,0,0,0,0,null,null,0]
[null,null,null,null,null,null,0,0,0,0,0,null,null,0]
[null,null,null,null,null,null,0,0,0,0,0,null,null,0]
[null,null,null,null,null,null,0,0,0,0,0,null,null,0]
[null,null,null,null,null,null,0,0,0,0,0,null,null,0]
[null,null,null,null,null,null,0,0,0,0,0,null,null,0]
[null,null,null,null,null,null,0,0,0,0,0,null,null,0]
[null,null,null,null,null,null,0,0,0,0,0,null,null,0]
[null,null,null,null,null,null,0,0,0,0,0,null,null,0]
[null,null,null,null,null,null,0,0,0,0,0,null,null,0]
[null,null,null,null,null,null,0,0,0,0,0,null,null,0]
[null,null,null,null,null,null,0,0,0,0,0,null,null,0]
[null,null,null,null,null,null,0,0,0,0,0,null,null,0]
[null,null,null,null,null,null,0,0,0,0,0,null,null,0]
[null,null,null,null,null,null,0,0,0,0,0,null,null,0]
[null,null,null,null,null,null,0,0,0,0,0,null,null,0]
[null,null,null,null,null,null,0,0,0,0,0,null,null,0]
[null,null,null,null,null,null,0,0,0,0,0,null,null,0]
[null,null,null,null,null,null,0,0,0,0,0,null,null,0]
[null,null,null,null,null,null,0,0,0,0,0,null,null,0]
[null,null,null,null,null,null,0,0,0,0,0,null,null,0]
[null,null,null,null,null,null,0,0,0,0,0,null,null,0]
[null,null,null,null,null,null,0,0,0,0,0,null,null,0]
[null,null,null,null,null,null,0,0,0,0,0,null,null,0]
[null,null,null,null,null,null,0,0,0,0,0,null,null,0]
[null,null,null,null,null,null,0,0,0,0,0,null,null,0]
[null,null,null,null,null,null,0,0,0,0,0,null,null,0]
[null,null,null,null,null,null,0,0,0,0,0,null,null,0]
[null,null,null,null,null,null,0,0,0,0,0,null,null,0]
[null,null,null,null,null,null,0,0,0,0,0,null,null,0]
[null,null,null,null,null,null,0,0,0,0,0,null,null,0]
[null,null,null,null,null,null,0,0,0,0,0,null,null,0]
[null,null,null,null,null,null,0,0,0,0,0,null,null,0]
[null,null,null,null,null,null,0,0,0,0,0,null,null,0]
[null,null,null,null,null,null,0,0,0,0,0,null,null,0]
[null,null,null,null,null,null,0,0,0,0,0,null,null,0]
[null,null,null,null,null,null,0,0,0,0,0,null,null,0]
[null,null,null,null,null,null,0,0,0,0,0,null,null,0]
[null,null,null,null,null,null,0,0,0,0,0,null,null,0]
[null,null,null,null,null,null,0,0,0,0,0,null,null,0]
[null,null,null,null,null,null,0,0,0,0,0,null,null,0]
[null,null,null,null,null,null,0,0,0,0,0,null,null,0]
[null,null,null,null,null,null,0,0,0,0,0,null,null,0]
[null,null,null,null,null,null,0,0,0,0,0,null,null,0]
[null,null,null,null,null,null,0,0,0,0,0,null,null,0]
[null,null,null,null,null,null,0,0,0,0,0,null,null,0]
[null,null,null,null,null,null,0,0,0,0,0,null,null,0]
[null,null,null,null,null,null,0,0,0,0,0,null,null,0]
[null,null,null,null,null,null,0,0,0,0,0,null,null,0]
[null,null,null,null,null,null,0,0,0,0,0,null,null,0]
[null,null,null,null,null,null,0,0,0,0,0,null,null,0]
[null,null,null,null,null,null,0,0,0,0,0,null,null,0]
[null,null,null,null,null,null,0,0,0,0,0,null,null,0]
[null,null,null,null,null,null,0,0,0,0,0,null,null,0]
[null,null,null,null,null,null,0,0,0,0,0,null,null,0]
[null,null,null,null,null,null,0,0,0,0,0,null,null,0]
[null,null,null,null,null,null,0,0,0,0,0,null,null,0]
[null,null,null,null,null,null,0,0,0,0,0,null,null,0]
[null,null,null,null,null,null,0,0,0,0,0,null,null,0]
[null,null,null,null,null,null,0,0,0,0,0,null,null,0]
[null,null,null,null,null,null,0,0,0,0,0,null,null,0]
[null,null,null,null,null,null,0,0,0,0,0,null,null,0]
[null,null,null,null,null,null,0,0,0,0,0,null,null,0]
[null,null,null,null,null,null,0,0,0,0,0,null,null,0]
[null,null,null,null,null,null,0,0,0,0,0,null,null,0]
[null,null,null,null,null,null,0,0,0,0,0,null,null,0]
[null,null,null,null,null,null,0,0,0,0,0,null,null,0]
[null,null,null,null,null,null,0,0,0,0,0,null,null,0]
[null,null,null,null,null,null,0,0,0,0,0,null,null,0]
[null,null,null,null,null,null,0,0,0,0,0,null,null,0]
[null,null,null,null,null,null,0,0,0,0,0,null,null,0]
[null,null,null,null,null,null,0,0,0,0,0,null,null,0]
[null,null,null,null,null,null,0,0,0,0,0,null,null,0]
[null,null,null,null,null,null,0,0,0,0,0,null,null,0]
[null,null,null,null,null,null,0,0,0,0,0,null,null,0]
[null,null,null,null,null,null,0,0,0,0,0,null,null,0]
[null,null,null,null,null,null,0,0,0,0,0,null,null,0]
[null,null,null,null,null,null,0,0,0,0,0,null,null,0]
[null,null,null,null,null,null,0,0,0,0,0,null,null,0]
[null,null,null,null,null,null,0,0,0,0,0,null,null,0]
[null,null,null,null,null,null,0,0,0,0,0,null,null,0]
[null,null,null,null,null,null,0,0,0,0,0,null,null,0]
[null,null,null,null,null,null,0,0,0,0,0,null,null,0]
[null,null,null,null,null,null,0,0,0,0,0,null,null,0]
[null,null,null,null,null,null,0,0,0,0,0,null,null,0]
[null,null,null,null,null,null,0,0,0,0,0,null,null,0]
[null,null,null,null,null,null,0,0,0,0,0,null,null,0]
[null,null,null,null,null,null,0,0,0,0,0,null,null,0]
[null,null,null,null,null,null,0,0,0,0,0,null,null,0]
[null,null,null,null,null,null,0,0,0,0,0,null,null,0]
[null,null,null,null,null,null,0,0,0,0,0,null,null,0]
[null,null,null,null,null,null,0,0,0,0,0,null,null,0]
[null,null,null,null,null,null,0,0,0,0,0,null,null,0]
[null,null,null,null,null,null,0,0,0,0,0,null,null,0]
[null,null,null,null,null,null,0,0,0,0,0,null,null,0]
[null,null,null,null,null,null,0,0,0,0,0,null,null,0]
[null,null,null,null,null,null,0,0,0,0,0,null,null,0]
[null,null,null,null,null,null,0,0,0,0,0,null,null,0]
[null,null,null,null,null,null,0,0,0,0,0,null,null,0]
[null,null,null,null,null,null,0,0,0,0,0,null,null,0]
[null,null,null,null,null,null,0,0,0,0,0,null,null,0]
[null,null,null,null,null,null,0,0,0,0,0,null,null,0]
[null,null,null,null,null,null,0,0,0,0,0,null,null,0]
[null,null,null,null,null,null,0,0,0,0,0,null,null,0]
[null,null,null,null,null,null,0,0,0,0,0,null,null,0]
[null,null,null,null,null,null,0,0,0,0,0,null,null,0]
[null,null,null,null,null,null,0,0,0,0,0,null,null,0]
[null,null,null,null,null,null,0,0,0,0,0,null,null,0]
[null,null,null,null,null,null,0,0,0,0,0,null,null,0]
[null,null,null,null,null,null,0,0,0,0,0,null,null,0]
[null,null,null,null,null,null,0,0,0,0,0,null,null,0]
[null,null,null,null,null,null,0,0,0,0,0,null,null,0]
[null,null,null,null,null,null,0,0,0,0,0,null,null,0]
[null,null,null,null,null,null,0,0,0,0,0,null,null,0]
[null,null,null,null,null,null,0,0,0,0,0,null,null,0]
[null,null,null,null,null,null,0,0,0,0,0,null,null,0]
[null,null,null,null,null,null,0,0,0,0,0,null,null,0]
[null,null,null,null,null,null,0,0,0,0,0,null,null,0]
[null,null,null,null,null,null,0,0,0,0,0,null,null,0]
[null,null,null,null,null,null,0,0,0,0,0,null,null,0]
[null,null,null,null,null,null,0,0,0,0,0,null,null,0]
[null,null,null,null,null,null,0,0,0,0,0,null,null,0]
[null,null,null,null,null,null,0,0,0,0,0,null,null,0]
[null,null,null,null,null,null,0,0,0,0,0,null,null,0]
[null,null,null,null,null,null,0,0,0,0,0,null,null,0]
[null,null,null,null,null,null,0,0,0,0,0,null,null,0]
[null,null,null,null,null,null,0,0,0,0,0,null,null,0]
[null,null,null,null,null,null,0,0,0,0,0,null,null,0]
[null,null,null,null,null,null,0,0,0,0,0,null,null,0]
[null,null,null,null,null,null,0,0,0,0,0,null,null,0]
[null,null,null,null,null,null,0,0,0,0,0,null,null,0]
[null,null,null,null,null,null,0,0,0,0,0,null,null,0]
[null,null,null,null,null,null,0,0,0,0,0,null,null,0]
[null,null,null,null,null,null,0,0,0,0,0,null,null,0]
[null,null,null,null,null,null,0,0,0,0,0,null,null,0]
[null,null,null,null,null,null,0,0,0,0,0,null,null,0]
[null,null,null,null,null,null,0,0,0,0,0,null,null,0]
[null,null,null,null,null,null,0,0,0,0,0,null,null,0]
[null,null,null,null,null,null,0,0,0,0,0,null,null,0]
[null,null,null,null,null,null,0,0,0,0,0,null,null,0]
[null,null,null,null,null,null,0,0,0,0,0,null,null,0]
[null,null,null,null,null,null,0,0,0,0,0,null,null,0]
[null,null,null,null,null,null,0,0,0,0,0,null,null,0]
[null,null,null,null,null,null,0,0,0,0,0,null,null,0]
[null,null,null,null,null,null,0,0,0,0,0,null,null,0]
[null,null,null,null,null,null,0,0,0,0,0,null,null,0]
[null,null,null,null,null,null,0,0,0,0,0,null,null,0]
[null,null,null,null,null,null,0,0,0,0,0,null,null,0]
[null,null,null,null,null,null,0,0,0,0,0,null,null,0]
[null,null,null,null,null,null,0,0,0,0,0,null,null,0]
[null,null,null,null,null,null,0,0,0,0,0,null,null,0]
[null,null,null,null,null,null,0,0,0,0,0,null,null,0]
[null,null,null,null,null,null,0,0,0,0,0,null,null,0]
[null,null,null,null,null,null,0,0,0,0,0,null,null,0]
[null,null,null,null,null,null,0,0,0,0,0,null,null,0]
[null,null,null,null,null,null,0,0,0,0,0,null,null,0]
[null,null,null,null,null,null,0,0,0,0,0,null,null,0]
[null,null,null,null,null,null,0,0,0,0,0,null,null,0]
[null,null,null,null,null,null,0,0,0,0,0,null,null,0]
[null,null,null,null,null,null,0,0,0,0,0,null,null,0]
[null,null,null,null,null,null,0,0,0,0,0,null,null,0]
[null,null,null,null,null,null,0,0,0,0,0,null,null,0]
[null,null,null,null,null,null,0,0,0,0,0,null,null,0]
[null,null,null,null,null,null,0,0,0,0,0,null,null,0]
[null,null,null,null,null,null,0,0,0,0,0,null,null,0]
[null,null,null,null,null,null,0,0,0,0,0,null,null,0]
[null,null,null,null,null,null,0,0,0,0,0,null,null,0]
[null,null,null,null,null,null,0,0,0,0,0,null,null,0]
[null,null,null,null,null,null,0,0,0,0,0,null,null,0]
[null,null,null,null,null,null,0,0,0,0,0,null,null,0]
[null,null,null,null,null,null,0,0,0,0,0,null,null,0]
[null,null,null,null,null,null,0,0,0,0,0,null,null,0]
[null,null,null,null,null,null,0,0,0,0,0,null,null,0]
[null,null,null,null,null,null,0,0,0,0,0,null,null,0]
[null,null,null,null,null,null,0,0,0,0,0,null,null,0]
[null,null,null,null,null,null,0,0,0,0,0,null,null,0]
[null,null,null,null,null,null,0,0,0,0,0,null,null,0]
[null,null,null,null,null,null,0,0,0,0,0,null,null,0]
[null,null,null,null,null,null,0,0,0,0,0,null,null,0]
[null,null,null,null,null,null,0,0,0,0,0,null,null,0]
[null,null,null,null,null,null,0,0,0,0,0,null,null,0]
[null,null,null,null,null,null,0,0,0,0,0,null,null,0]
[null,null,null,null,null,null,0,0,0,0,0,null,null,0]
[null,null,null,null,null,null,0,0,0,0,0,null,null,0]
[null,null,null,null,null,null,0,0,0,0,0,null,null,0]
[null,null,null,null,null,null,0,0,0,0,0,null,null,0]
[null,null,null,null,null,null,0,0,0,0,0,null,null,0]
[null,null,null,null,null,null,0,0,0,0,0,null,null,0]
[null,null,null,null,null,null,0,0,0,0,0,null,null,0]
[null,null,null,null,null,null,0,0,0,0,0,null,null,0]
[null,null,null,null,null,null,0,0,0,0,0,null,null,0]
[null,null,null,null,null,null,0,0,0,0,0,null,null,0]
[null,null,null,null,null,null,0,0,0,0,0,null,null,0]
[null,null,null,null,null,null,0,0,0,0,0,null,null,0]
[null,null,null,null,null,null,0,0,0,0,0,null,null,0]
[null,null,null,null,null,null,0,0,0,0,0,null,null,0]
[null,null,null,null,null,null,0,0,0,0,0,null,null,0]
[null,null,null,null,null,null,0,0,0,0,0,null,null,0]
[null,null,null,null,null,null,0,0,0,0,0,null,null,0]
[null,null,null,null,null,null,0,0,0,0,0,null,null,0]
[null,null,null,null,null,null,0,0,0,0,0,null,null,0]
[null,null,null,null,null,null,0,0,0,0,0,null,null,0]
[null,null,null,null,null,null,0,0,0,0,0,null,null,0]
[null,null,null,null,null,null,0,0,0,0,0,null,null,0]
[null,null,null,null,null,null,0,0,0,0,0,null,null,0]
[null,null,null,null,null,null,0,0,0,0,0,null,null,0]
[null,null,null,null,null,null,0,0,0,0,0,null,null,0]
[null,null,null,null,null,null,0,0,0,0,0,null,null,0]
[null,null,null,null,null,null,0,0,0,0,0,null,null,0]
[null,null,null,null,null,null,0,0,0,0,0,null,null,0]
[null,null,null,null,null,null,0,0,0,0,0,null,null,0]
[null,null,null,null,null,null,0,0,0,0,0,null,null,0]
[null,null,null,null,null,null,0,0,0,0,0,null,null,0]
[null,null,null,null,null,null,0,0,0,0,0,null,null,0]
[null,null,null,null,null,null,0,0,0,0,0,null,null,0]
[null,null,null,null,null,null,0,0,0,0,0,null,null,0]
[null,null,null,null,null,null,0,0,0,0,0,null,null,0]
[null,null,null,null,null,null,0,0,0,0,0,null,null,0]
[null,null,null,null,null,null,0,0,0,0,0,null,null,0]
[null,null,null,null,null,null,0,0,0,0,0,null,null,0]
[null,null,null,null,null,null,0,0,0,0,0,null,null,0]
[null,null,null,null,null,null,0,0,0,0,0,null,null,0]
[null,null,null,null,null,null,0,0,0,0,0,null,null,0]
[null,null,null,null,null,null,0,0,0,0,0,null,null,0]
[null,null,null,null,null,null,0,0,0,0,0,null,null,0]
[null,null,null,null,null,null,0,0,0,0,0,null,null,0]
[null,null,null,null,null,null,0,0,0,0,0,null,null,0]
[null,null,null,null,null,null,0,0,0,0,0,null,null,0]
[null,null,null,null,null,null,0,0,0,0,0,null,null,0]
[null,null,null,null,null,null,0,0,0,0,0,null,null,0]
[null,null,null,null,null,null,0,0,0,0,0,null,null,0]
[null,null,null,null,null,null,0,0,0,0,0,null,null,0]
[null,null,null,null,null,null,0,0,0,0,0,null,null,0]
[null,null,null,null,null,null,0,0,0,0,0,null,null,0]
[null,null,null,null,null,null,0,0,0,0,0,null,null,0]
[null,null,null,null,null,null,0,0,0,0,0,null,null,0]
[null,null,null,null,null,null,0,0,0,0,0,null,null,0]
[null,null,null,null,null,null,0,0,0,0,0,null,null,0]
[null,null,null,null,null,null,0,0,0,0,0,null,null,0]
[null,null,null,null,null,null,0,0,0,0,0,null,null,0]
[null,null,null,null,null,null,0,0,0,0,0,null,null,0]
[null,null,null,null,null,null,0,0,0,0,0,null,null,0]
[null,null,null,null,null,null,0,0,0,0,0,null,null,0]
[null,null,null,null,null,null,0,0,0,0,0,null,null,0]
[null,null,null,null,null,null,0,0,0,0,0,null,null,0]
[null,null,null,null,null,null,0,0,0,0,0,null,null,0]
[null,null,null,null,null,null,0,0,0,0,0,null,null,0]
[null,null,null,null,null,null,0,0,0,0,0,null,null,0]
[null,null,null,null,null,null,0,0,0,0,0,null,null,0]
[null,null,null,null,null,null,0,0,0,0,0,null,null,0]
[null,null,null,null,null,null,0,0,0,0,0,null,null,0]
[null,null,null,null,null,null,0,0,0,0,0,null,null,0]
[null,null,null,null,null,null,0,0,0,0,0,null,null,0]
[null,null,null,null,null,null,0,0,0,0,0,null,null,0]
[null,null,null,null,null,null,0,0,0,0,0,null,null,0]
[null,null,null,null,null,null,0,0,0,0,0,null,null,0]
[null,null,null,null,null,null,0,0,0,0,0,null,null,0]
[null,null,null,null,null,null,0,0,0,0,0,null,null,0]
[null,null,null,null,null,null,0,0,0,0,0,null,null,0]
[null,null,null,null,null,null,0,0,0,0,0,null,null,0]
[null,null,null,null,null,null,0,0,0,0,0,null,null,0]
[null,null,null,null,null,null,0,0,0,0,0,null,null,0]
[null,null,null,null,null,null,0,0,0,0,0,null,null,0]
[null,null,null,null,null,null,0,0,0,0,0,null,null,0]
[null,null,null,null,null,null,0,0,0,0,0,null,null,0]
[null,null,null,null,null,null,0,0,0,0,0,null,null,0]
[null,null,null,null,null,null,0,0,0,0,0,null,null,0]
[null,null,null,null,null,null,0,0,0,0,0,null,null,0]
[null,null,null,null,null,null,0,0,0,0,0,null,null,0]
[null,null,null,null,null,null,0,0,0,0,0,null,null,0]
[null,null,null,null,null,null,0,0,0,0,0,null,null,0]
[null,null,null,null,null,null,0,0,0,0,0,null,null,0]
[null,null,null,null,null,null,0,0,0,0,0,null,null,0]
[null,null,null,null,null,null,0,0,0,0,0,null,null,0]
[null,null,null,null,null,null,0,0,0,0,0,null,null,0]
[null,null,null,null,null,null,0,0,0,0,0,null,null,0]
[null,null,null,null,null,null,0,0,0,0,0,null,null,0]
[null,null,null,null,null,null,0,0,0,0,0,null,null,0]
[null,null,null,null,null,null,0,0,0,0,0,null,null,0]
[null,null,null,null,null,null,0,0,0,0,0,null,null,0]
[null,null,null,null,null,null,0,0,0,0,0,null,null,0]
[null,null,null,null,null,null,0,0,0,0,0,null,null,0]
[null,null,null,null,null,null,0,0,0,0,0,null,null,0]
[null,null,null,null,null,null,0,0,0,0,0,null,null,0]
[null,null,null,null,null,null,0,0,0,0,0,null,null,0]
[null,null,null,null,null,null,0,0,0,0,0,null,null,0]
[null,null,null,null,null,null,0,0,0,0,0,null,null,0]
[null,null,null,null,null,null,0,0,0,0,0,null,null,0]
[null,null,null,null,null,null,0,0,0,0,0,null,null,0]
[null,null,null,null,null,null,0,0,0,0,0,null,null,0]
[null,null,null,null,null,null,0,0,0,0,0,null,null,0]
[null,null,null,null,null,null,0,0,0,0,0,null,null,0]
[null,null,null,null,null,null,0,0,0,0,0,null,null,0]
[null,null,null,null,null,null,0,0,0,0,0,null,null,0]
[null,null,null,null,null,null,0,0,0,0,0,null,null,0]
[null,null,null,null,null,null,0,0,0,0,0,null,null,0]
[null,null,null,null,null,null,0,0,0,0,0,null,null,0]
[null,null,null,null,null,null,0,0,0,0,0,null,null,0]
[null,null,null,null,null,null,0,0,0,0,0,null,null,0]
[null,null,null,null,null,null,0,0,0,0,0,null,null,0]
[null,null,null,null,null,null,0,0,0,0,0,null,null,0]
[null,null,null,null,null,null,0,0,0,0,0,null,null,0]
[null,null,null,null,null,null,0,0,0,0,0,null,null,0]
[null,null,null,null,null,null,0,0,0,0,0,null,null,0]
[null,null,null,null,null,null,0,0,0,0,0,null,null,0]
[null,null,null,null,null,null,0,0,0,0,0,null,null,0]
[null,null,null,null,null,null,0,0,0,0,0,null,null,0]
[null,null,null,null,null,null,0,0,0,0,0,null,null,0]
[null,null,null,null,null,null,0,0,0,0,0,null,null,0]
[null,null,null,null,null,null,0,0,0,0,0,null,null,0]
[null,null,null,null,null,null,0,0,0,0,0,null,null,0]
[null,null,null,null,null,null,0,0,0,0,0,null,null,0]
[null,null,null,null,null,null,0,0,0,0,0,null,null,0]
[null,null,null,null,null,null,0,0,0,0,0,null,null,0]
[null,null,null,null,null,null,0,0,0,0,0,null,null,0]
[null,null,null,null,null,null,0,0,0,0,0,null,null,0]
[null,null,null,null,null,null,0,0,0,0,0,null,null,0]
[null,null,null,null,null,null,0,0,0,0,0,null,null,0]
[null,null,null,null,null,null,0,0,0,0,0,null,null,0]
[null,null,null,null,null,null,0,0,0,0,0,null,null,0]
[null,null,null,null,null,null,0,0,0,0,0,null,null,0]
[null,null,null,null,null,null,0,0,0,0,0,null,null,0]
[null,null,null,null,null,null,0,0,0,0,0,null,null,0]
[null,null,null,null,null,null,0,0,0,0,0,null,null,0]
[null,null,null,null,null,null,0,0,0,0,0,null,null,0]
[null,null,null,null,null,null,0,0,0,0,0,null,null,0]
[null,null,null,null,null,null,0,0,0,0,0,null,null,0]
[null,null,null,null,null,null,0,0,0,0,0,null,null,0]
[null,null,null,null,null,null,0,0,0,0,0,null,null,0]
[null,null,null,null,null,null,0,0,0,0,0,null,null,0]
[null,null,null,null,null,null,0,0,0,0,0,null,null,0]
[null,null,null,null,null,null,0,0,0,0,0,null,null,0]
[null,null,null,null,null,null,0,0,0,0,0,null,null,0]
[null,null,null,null,null,null,0,0,0,0,0,null,null,0]
[null,null,null,null,null,null,0,0,0,0,0,null,null,0]
[null,null,null,null,null,null,0,0,0,0,0,null,null,0]
[null,null,null,null,null,null,0,0,0,0,0,null,null,0]
[null,null,null,null,null,null,0,0,0,0,0,null,null,0]
[null,null,null,null,null,null,0,0,0,0,0,null,null,0]
[null,null,null,null,null,null,0,0,0,0,0,null,null,0]
[null,null,null,null,null,null,0,0,0,0,0,null,null,0]
[null,null,null,null,null,null,0,0,0,0,0,null,null,0]
[null,null,null,null,null,null,0,0,0,0,0,null,null,0]
[null,null,null,null,null,null,0,0,0,0,0,null,null,0]
[null,null,null,null,null,null,0,0,0,0,0,null,null,0]
[null,null,null,null,null,null,0,0,0,0,0,null,null,0]
[null,null,null,null,null,null,0,0,0,0,0,null,null,0]
[null,null,null,null,null,null,0,0,0,0,0,null,null,0]
[null,null,null,null,null,null,0,0,0,0,0,null,null,0]
[null,null,null,null,null,null,0,0,0,0,0,null,null,0]
[null,null,null,null,null,null,0,0,0,0,0,null,null,0]
[null,null,null,null,null,null,0,0,0,0,0,null,null,0]
[null,null,null,null,null,null,0,0,0,0,0,null,null,0]
[null,null,null,null,null,null,0,0,0,0,0,null,null,0]
[null,null,null,null,null,null,0,0,0,0,0,null,null,0]
[null,null,null,null,null,null,0,0,0,0,0,null,null,0]
[null,null,null,null,null,null,0,0,0,0,0,null,null,0]
[null,null,null,null,null,null,0,0,0,0,0,null,null,0]
[null,null,null,null,null,null,0,0,0,0,0,null,null,0]
[null,null,null,null,null,null,0,0,0,0,0,null,null,0]
[null,null,null,null,null,null,0,0,0,0,0,null,null,0]
[null,null,null,null,null,null,0,0,0,0,0,null,null,0]
[null,null,null,null,null,null,0,0,0,0,0,null,null,0]
[null,null,null,null,null,null,0,0,0,0,0,null,null,0]
[null,null,null,null,null,null,0,0,0,0,0,null,null,0]
[null,null,null,null,null,null,0,0,0,0,0,null,null,0]
[null,null,null,null,null,null,0,0,0,0,0,null,null,0]
[null,null,null,null,null,null,0,0,0,0,0,null,null,0]
[null,null,null,null,null,null,0,0,0,0,0,null,null,0]
[null,null,null,null,null,null,0,0,0,0,0,null,null,0]
[null,null,null,null,null,null,0,0,0,0,0,null,null,0]
[null,null,null,null,null,null,0,0,0,0,0,null,null,0]
[null,null,null,null,null,null,0,0,0,0,0,null,null,0]
[null,null,null,null,null,null,0,0,0,0,0,null,null,0]
[null,null,null,null,null,null,0,0,0,0,0,null,null,0]
[null,null,null,null,null,null,0,0,0,0,0,null,null,0]
[null,null,null,null,null,null,0,0,0,0,0,null,null,0]
[null,null,null,null,null,null,0,0,0,0,0,null,null,0]
[null,null,null,null,null,null,0,0,0,0,0,null,null,0]
[null,null,null,null,null,null,0,0,0,0,0,null,null,0]
[null,null,null,null,null,null,0,0,0,0,0,null,null,0]
[null,null,null,null,null,null,0,0,0,0,0,null,null,0]
[null,null,null,null,null,null,0,0,0,0,0,null,null,0]
[null,null,null,null,null,null,0,0,0,0,0,null,null,0]
[null,null,null,null,null,null,0,0,0,0,0,null,null,0]
[null,null,null,null,null,null,0,0,0,0,0,null,null,0]
[null,null,null,null,null,null,0,0,0,0,0,null,null,0]
[null,null,null,null,null,null,0,0,0,0,0,null,null,0]
[null,null,null,null,null,null,0,0,0,0,0,null,null,0]
[null,null,null,null,null,null,0,0,0,0,0,null,null,0]
[null,null,null,null,null,null,0,0,0,0,0,null,null,0]
[null,null,null,null,null,null,0,0,0,0,0,null,null,0]
[null,null,null,null,null,null,0,0,0,0,0,null,null,0]
[null,null,null,null,null,null,0,0,0,0,0,null,null,0]
[null,null,null,null,null,null,0,0,0,0,0,null,null,0]
[null,null,null,null,null,null,0,0,0,0,0,null,null,0]
[null,null,null,null,null,null,0,0,0,0,0,null,null,0]
[null,null,null,null,null,null,0,0,0,0,0,null,null,0]
[null,null,null,null,null,null,0,0,0,0,0,null,null,0]
[null,null,null,null,null,null,0,0,0,0,0,null,null,0]
[null,null,null,null,null,null,0,0,0,0,0,null,null,0]
[null,null,null,null,null,null,0,0,0,0,0,null,null,0]
[null,null,null,null,null,null,0,0,0,0,0,null,null,0]
[null,null,null,null,null,null,0,0,0,0,0,null,null,0]
[null,null,null,null,null,null,0,0,0,0,0,null,null,0]
[null,null,null,null,null,null,0,0,0,0,0,null,null,0]
[null,null,null,null,null,null,0,0,0,0,0,null,null,0]
[null,null,null,null,null,null,0,0,0,0,0,null,null,0]
[null,null,null,null,null,null,0,0,0,0,0,null,null,0]
[null,null,null,null,null,null,0,0,0,0,0,null,null,0]
[null,null,null,null,null,null,0,0,0,0,0,null,null,0]
[null,null,null,null,null,null,0,0,0,0,0,null,null,0]
[null,null,null,null,null,null,0,0,0,0,0,null,null,0]
[null,null,null,null,null,null,0,0,0,0,0,null,null,0]
[null,null,null,null,null,null,0,0,0,0,0,null,null,0]
[null,null,null,null,null,null,0,0,0,0,0,null,null,0]
[null,null,null,null,null,null,0,0,0,0,0,null,null,0]
[null,null,null,null,null,null,0,0,0,0,0,null,null,0]
[null,null,null,null,null,null,0,0,0,0,0,null,null,0]
[null,null,null,null,null,null,0,0,0,0,0,null,null,0]
[null,null,null,null,null,null,0,0,0,0,0,null,null,0]
[null,null,null,null,null,null,0,0,0,0,0,null,null,0]
[null,null,null,null,null,null,0,0,0,0,0,null,null,0]
[null,null,null,null,null,null,0,0,0,0,0,null,null,0]
[null,null,null,null,null,null,0,0,0,0,0,null,null,0]
[null,null,null,null,null,null,0,0,0,0,0,null,null,0]
[null,null,null,null,null,null,0,0,0,0,0,null,null,0]
[null,null,null,null,null,null,0,0,0,0,0,null,null,0]
[null,null,null,null,null,null,0,0,0,0,0,null,null,0]
[null,null,null,null,null,null,0,0,0,0,0,null,null,0]
[null,null,null,null,null,null,0,0,0,0,0,null,null,0]
[null,null,null,null,null,null,0,0,0,0,0,null,null,0]
[null,null,null,null,null,null,0,0,0,0,0,null,null,0]
[null,null,null,null,null,null,0,0,0,0,0,null,null,0]
[null,null,null,null,null,null,0,0,0,0,0,null,null,0]
[null,null,null,null,null,null,0,0,0,0,0,null,null,0]
[null,null,null,null,null,null,0,0,0,0,0,null,null,0]
[null,null,null,null,null,null,0,0,0,0,0,null,null,0]
[null,null,null,null,null,null,0,0,0,0,0,null,null,0]
[null,null,null,null,null,null,0,0,0,0,0,null,null,0]
[null,null,null,null,null,null,0,0,0,0,0,null,null,0]
[null,null,null,null,null,null,0,0,0,0,0,null,null,0]
[null,null,null,null,null,null,0,0,0,0,0,null,null,0]
[null,null,null,null,null,null,0,0,0,0,0,null,null,0]
[null,null,null,null,null,null,0,0,0,0,0,null,null,0]
[null,null,null,null,null,null,0,0,0,0,0,null,null,0]
[null,null,null,null,null,null,0,0,0,0,0,null,null,0]
[null,null,null,null,null,null,0,0,0,0,0,null,null,0]
[null,null,null,null,null,null,0,0,0,0,0,null,null,0]
[null,null,null,null,null,null,0,0,0,0,0,null,null,0]
[null,null,null,null,null,null,0,0,0,0,0,null,null,0]
[null,null,null,null,null,null,0,0,0,0,0,null,null,0]
[null,null,null,null,null,null,0,0,0,0,0,null,null,0]
[null,null,null,null,null,null,0,0,0,0,0,null,null,0]
[null,null,null,null,null,null,0,0,0,0,0,null,null,0]
[null,null,null,null,null,null,0,0,0,0,0,null,null,0]
[null,null,null,null,null,null,0,0,0,0,0,null,null,0]
[null,null,null,null,null,null,0,0,0,0,0,null,null,0]
[null,null,null,null,null,null,0,0,0,0,0,null,null,0]
[null,null,null,null,null,null,0,0,0,0,0,null,null,0]
[null,null,null,null,null,null,0,0,0,0,0,null,null,0]
[null,null,null,null,null,null,0,0,0,0,0,null,null,0]
[null,null,null,null,null,null,0,0,0,0,0,null,null,0]
[null,null,null,null,null,null,0,0,0,0,0,null,null,0]
[null,null,null,null,null,null,0,0,0,0,0,null,null,0]
[null,null,null,null,null,null,0,0,0,0,0,null,null,0]
[null,null,null,null,null,null,0,0,0,0,0,null,null,0]
[null,null,null,null,null,null,0,0,0,0,0,null,null,0]
[null,null,null,null,null,null,0,0,0,0,0,null,null,0]
[null,null,null,null,null,null,0,0,0,0,0,null,null,0]
[null,null,null,null,null,null,0,0,0,0,0,null,null,0]
[null,null,null,null,null,null,0,0,0,0,0,null,null,0]
[null,null,null,null,null,null,0,0,0,0,0,null,null,0]
[null,null,null,null,null,null,0,0,0,0,0,null,null,0]
[null,null,null,null,null,null,0,0,0,0,0,null,null,0]
[null,null,null,null,null,null,0,0,0,0,0,null,null,0]
[null,null,null,null,null,null,0,0,0,0,0,null,null,0]
[null,null,null,null,null,null,0,0,0,0,0,null,null,0]
[null,null,null,null,null,null,0,0,0,0,0,null,null,0]
[null,null,null,null,null,null,0,0,0,0,0,null,null,0]
[null,null,null,null,null,null,0,0,0,0,0,null,null,0]
[null,null,null,null,null,null,0,0,0,0,0,null,null,0]
[null,null,null,null,null,null,0,0,0,0,0,null,null,0]
[null,null,null,null,null,null,0,0,0,0,0,null,null,0]
[null,null,null,null,null,null,0,0,0,0,0,null,null,0]
[null,null,null,null,null,null,0,0,0,0,0,null,null,0]
[null,null,null,null,null,null,0,0,0,0,0,null,null,0]
[null,null,null,null,null,null,0,0,0,0,0,null,null,0]
[null,null,null,null,null,null,0,0,0,0,0,null,null,0]
[null,null,null,null,null,null,0,0,0,0,0,null,null,0]
[null,null,null,null,null,null,0,0,0,0,0,null,null,0]
[null,null,null,null,null,null,0,0,0,0,0,null,null,0]
[null,null,null,null,null,null,0,0,0,0,0,null,null,0]
[null,null,null,null,null,null,0,0,0,0,0,null,null,0]
[null,null,null,null,null,null,0,0,0,0,0,null,null,0]
[null,null,null,null,null,null,0,0,0,0,0,null,null,0]
[null,null,null,null,null,null,0,0,0,0,0,null,null,0]
[null,null,null,null,null,null,0,0,0,0,0,null,null,0]
[null,null,null,null,null,null,0,0,0,0,0,null,null,0]
[null,null,null,null,null,null,0,0,0,0,0,null,null,0]
[null,null,null,null,null,null,0,0,0,0,0,null,null,0]
[null,null,null,null,null,null,0,0,0,0,0,null,null,0]
[null,null,null,null,null,null,0,0,0,0,0,null,null,0]
[null,null,null,null,null,null,0,0,0,0,0,null,null,0]
[null,null,null,null,null,null,0,0,0,0,0,null,null,0]
[null,null,null,null,null,null,0,0,0,0,0,null,null,0]
[null,null,null,null,null,null,0,0,0,0,0,null,null,0]
[null,null,null,null,null,null,0,0,0,0,0,null,null,0]
[null,null,null,null,null,null,0,0,0,0,0,null,null,0]
[null,null,null,null,null,null,0,0,0,0,0,null,null,0]
[null,null,null,null,null,null,0,0,0,0,0,null,null,0]
[null,null,null,null,null,null,0,0,0,0,0,null,null,0]
[null,null,null,null,null,null,0,0,0,0,0,null,null,0]
[null,null,null,null,null,null,0,0,0,0,0,null,null,0]
[null,null,null,null,null,null,0,0,0,0,0,null,null,0]
[null,null,null,null,null,null,0,0,0,0,0,null,null,0]
[null,null,null,null,null,null,0,0,0,0,0,null,null,0]
[null,null,null,null,null,null,0,0,0,0,0,null,null,0]
[null,null,null,null,null,null,0,0,0,0,0,null,null,0]
[null,null,null,null,null,null,0,0,0,0,0,null,null,0]
[null,null,null,null,null,null,0,0,0,0,0,null,null,0]
[null,null,null,null,null,null,0,0,0,0,0,null,null,0]
[null,null,null,null,null,null,0,0,0,0,0,null,null,0]
[null,null,null,null,null,null,0,0,0,0,0,null,null,0]
[null,null,null,null,null,null,0,0,0,0,0,null,null,0]
[null,null,null,null,null,null,0,0,0,0,0,null,null,0]
[null,null,null,null,null,null,0,0,0,0,0,null,null,0]
[null,null,null,null,null,null,0,0,0,0,0,null,null,0]
[null,null,null,null,null,null,0,0,0,0,0,null,null,0]
[null,null,null,null,null,null,0,0,0,0,0,null,null,0]
[null,null,null,null,null,null,0,0,0,0,0,null,null,0]
[null,null,null,null,null,null,0,0,0,0,0,null,null,0]
[null,null,null,null,null,null,0,0,0,0,0,null,null,0]
[null,null,null,null,null,null,0,0,0,0,0,null,null,0]
[null,null,null,null,null,null,0,0,0,0,0,null,null,0]
[null,null,null,null,null,null,0,0,0,0,0,null,null,0]
[null,null,null,null,null,null,0,0,0,0,0,null,null,0]
[null,null,null,null,null,null,0,0,0,0,0,null,null,0]
[null,null,null,null,null,null,0,0,0,0,0,null,null,0]
[null,null,null,null,null,null,0,0,0,0,0,null,null,0]
[null,null,null,null,null,null,0,0,0,0,0,null,null,0]
[null,null,null,null,null,null,0,0,0,0,0,null,null,0]
[null,null,null,null,null,null,0,0,0,0,0,null,null,0]
[null,null,null,null,null,null,0,0,0,0,0,null,null,0]
[null,null,null,null,null,null,0,0,0,0,0,null,null,0]
[null,null,null,null,null,null,0,0,0,0,0,null,null,0]
[null,null,null,null,null,null,0,0,0,0,0,null,null,0]
[null,null,null,null,null,null,0,0,0,0,0,null,null,0]
[null,null,null,null,null,null,0,0,0,0,0,null,null,0]
[null,null,null,null,null,null,0,0,0,0,0,null,null,0]
[null,null,null,null,null,null,0,0,0,0,0,null,null,0]
[null,null,null,null,null,null,0,0,0,0,0,null,null,0]
[null,null,null,null,null,null,0,0,0,0,0,null,null,0]
[null,null,null,null,null,null,0,0,0,0,0,null,null,0]
[null,null,null,null,null,null,0,0,0,0,0,null,null,0]
[null,null,null,null,null,null,0,0,0,0,0,null,null,0]
[null,null,null,null,null,null,0,0,0,0,0,null,null,0]
[null,null,null,null,null,null,0,0,0,0,0,null,null,0]
[null,null,null,null,null,null,0,0,0,0,0,null,null,0]
[null,null,null,null,null,null,0,0,0,0,0,null,null,0]
[null,null,null,null,null,null,0,0,0,0,0,null,null,0]
[null,null,null,null,null,null,0,0,0,0,0,null,null,0]
[null,null,null,null,null,null,0,0,0,0,0,null,null,0]
[null,null,null,null,null,null,0,0,0,0,0,null,null,0]
[null,null,null,null,null,null,0,0,0,0,0,null,null,0]
[null,null,null,null,null,null,0,0,0,0,0,null,null,0]
[null,null,null,null,null,null,0,0,0,0,0,null,null,0]
[null,null,null,null,null,null,0,0,0,0,0,null,null,0]
[null,null,null,null,null,null,0,0,0,0,0,null,null,0]
[null,null,null,null,null,null,0,0,0,0,0,null,null,0]
[null,null,null,null,null,null,0,0,0,0,0,null,null,0]
[null,null,null,null,null,null,0,0,0,0,0,null,null,0]
[null,null,null,null,null,null,0,0,0,0,0,null,null,0]
[null,null,null,null,null,null,0,0,0,0,0,null,null,0]
[null,null,null,null,null,null,0,0,0,0,0,null,null,0]
[null,null,null,null,null,null,0,0,0,0,0,null,null,0]
[null,null,null,null,null,null,0,0,0,0,0,null,null,0]
[null,null,null,null,null,null,0,0,0,0,0,null,null,0]
[null,null,null,null,null,null,0,0,0,0,0,null,null,0]
[null,null,null,null,null,null,0,0,0,0,0,null,null,0]
[null,null,null,null,null,null,0,0,0,0,0,null,null,0]
[null,null,null,null,null,null,0,0,0,0,0,null,null,0]
[null,null,null,null,null,null,0,0,0,0,0,null,null,0]
[null,null,null,null,null,null,0,0,0,0,0,null,null,0]
[null,null,null,null,null,null,0,0,0,0,0,null,null,0]
[null,null,null,null,null,null,0,0,0,0,0,null,null,0]
[null,null,null,null,null,null,0,0,0,0,0,null,null,0]
[null,null,null,null,null,null,0,0,0,0,0,null,null,0]
[null,null,null,null,null,null,0,0,0,0,0,null,null,0]
[null,null,null,null,null,null,0,0,0,0,0,null,null,0]
[null,null,null,null,null,null,0,0,0,0,0,null,null,0]
[null,null,null,null,null,null,0,0,0,0,0,null,null,0]
[null,null,null,null,null,null,0,0,0,0,0,null,null,0]
[null,null,null,null,null,null,0,0,0,0,0,null,null,0]
[null,null,null,null,null,null,0,0,0,0,0,null,null,0]
[null,null,null,null,null,null,0,0,0,0,0,null,null,0]
[null,null,null,null,null,null,0,0,0,0,0,null,null,0]
[null,null,null,null,null,null,0,0,0,0,0,null,null,0]
[null,null,null,null,null,null,0,0,0,0,0,null,null,0]
[null,null,null,null,null,null,0,0,0,0,0,null,null,0]
[null,null,null,null,null,null,0,0,0,0,0,null,null,0]
[null,null,null,null,null,null,0,0,0,0,0,null,null,0]
[null,null,null,null,null,null,0,0,0,0,0,null,null,0]
[null,null,null,null,null,null,0,0,0,0,0,null,null,0]
[null,null,null,null,null,null,0,0,0,0,0,null,null,0]
[null,null,null,null,null,null,0,0,0,0,0,null,null,0]
[null,null,null,null,null,null,0,0,0,0,0,null,null,0]
[null,null,null,null,null,null,0,0,0,0,0,null,null,0]
[null,null,null,null,null,null,0,0,0,0,0,null,null,0]
[null,null,null,null,null,null,0,0,0,0,0,null,null,0]
[null,null,null,null,null,null,0,0,0,0,0,null,null,0]
[null,null,null,null,null,null,0,0,0,0,0,null,null,0]
[null,null,null,null,null,null,0,0,0,0,0,null,null,0]
[null,null,null,null,null,null,0,0,0,0,0,null,null,0]
[null,null,null,null,null,null,0,0,0,0,0,null,null,0]
[null,null,null,null,null,null,0,0,0,0,0,null,null,0]
[null,null,null,null,null,null,0,0,0,0,0,null,null,0]
[null,null,null,null,null,null,0,0,0,0,0,null,null,0]
[null,null,null,null,null,null,0,0,0,0,0,null,null,0]
[null,null,null,null,null,null,0,0,0,0,0,null,null,0]
[null,null,null,null,null,null,0,0,0,0,0,null,null,0]
[null,null,null,null,null,null,0,0,0,0,0,null,null,0]
[null,null,null,null,null,null,0,0,0,0,0,null,null,0]
[null,null,null,null,null,null,0,0,0,0,0,null,null,0]
[null,null,null,null,null,null,0,0,0,0,0,null,null,0]
[null,null,null,null,null,null,0,0,0,0,0,null,null,0]
[null,null,null,null,null,null,0,0,0,0,0,null,null,0]
[null,null,null,null,null,null,0,0,0,0,0,null,null,0]
[null,null,null,null,null,null,0,0,0,0,0,null,null,0]
[null,null,null,null,null,null,0,0,0,0,0,null,null,0]
[null,null,null,null,null,null,0,0,0,0,0,null,null,0]
[null,null,null,null,null,null,0,0,0,0,0,null,null,0]
[null,null,null,null,null,null,0,0,0,0,0,null,null,0]
[null,null,null,null,null,null,0,0,0,0,0,null,null,0]
[null,null,null,null,null,null,0,0,0,0,0,null,null,0]
[null,null,null,null,null,null,0,0,0,0,0,null,null,0]
[null,null,null,null,null,null,0,0,0,0,0,null,null,0]
[null,null,null,null,null,null,0,0,0,0,0,null,null,0]
[null,null,null,null,null,null,0,0,0,0,0,null,null,0]
[null,null,null,null,null,null,0,0,0,0,0,null,null,0]
[null,null,null,null,null,null,0,0,0,0,0,null,null,0]
[null,null,null,null,null,null,0,0,0,0,0,null,null,0]
[null,null,null,null,null,null,0,0,0,0,0,null,null,0]
[null,null,null,null,null,null,0,0,0,0,0,null,null,0]
[null,null,null,null,null,null,0,0,0,0,0,null,null,0]
[null,null,null,null,null,null,0,0,0,0,0,null,null,0]
[null,null,null,null,null,null,0,0,0,0,0,null,null,0]
[null,null,null,null,null,null,0,0,0,0,0,null,null,0]
[null,null,null,null,null,null,0,0,0,0,0,null,null,0]
[null,null,null,null,null,null,0,0,0,0,0,null,null,0]
[null,null,null,null,null,null,0,0,0,0,0,null,null,0]
[null,null,null,null,null,null,0,0,0,0,0,null,null,0]
[null,null,null,null,null,null,0,0,0,0,0,null,null,0]
[null,null,null,null,null,null,0,0,0,0,0,null,null,0]
[null,null,null,null,null,null,0,0,0,0,0,null,null,0]
[null,null,null,null,null,null,0,0,0,0,0,null,null,0]
[null,null,null,null,null,null,0,0,0,0,0,null,null,0]
[null,null,null,null,null,null,0,0,0,0,0,null,null,0]
[null,null,null,null,null,null,0,0,0,0,0,null,null,0]
[null,null,null,null,null,null,0,0,0,0,0,null,null,0]
[null,null,null,null,null,null,0,0,0,0,0,null,null,0]
[null,null,null,null,null,null,0,0,0,0,0,null,null,0]
[null,null,null,null,null,null,0,0,0,0,0,null,null,0]
[null,null,null,null,null,null,0,0,0,0,0,null,null,0]
[null,null,null,null,null,null,0,0,0,0,0,null,null,0]
[null,null,null,null,null,null,0,0,0,0,0,null,null,0]
[null,null,null,null,null,null,0,0,0,0,0,null,null,0]
[null,null,null,null,null,null,0,0,0,0,0,null,null,0]
[null,null,null,null,null,null,0,0,0,0,0,null,null,0]
[null,null,null,null,null,null,0,0,0,0,0,null,null,0]
[null,null,null,null,null,null,0,0,0,0,0,null,null,0]
[null,null,null,null,null,null,0,0,0,0,0,null,null,0]
[null,null,null,null,null,null,0,0,0,0,0,null,null,0]
[null,null,null,null,null,null,0,0,0,0,0,null,null,0]
[null,null,null,null,null,null,0,0,0,0,0,null,null,0]
[null,null,null,null,null,null,0,0,0,0,0,null,null,0]
[null,null,null,null,null,null,0,0,0,0,0,null,null,0]
[null,null,null,null,null,null,0,0,0,0,0,null,null,0]
[null,null,null,null,null,null,0,0,0,0,0,null,null,0]
[null,null,null,null,null,null,0,0,0,0,0,null,null,0]
[null,null,null,null,null,null,0,0,0,0,0,null,null,0]
[null,null,null,null,null,null,0,0,0,0,0,null,null,0]
[null,null,null,null,null,null,0,0,0,0,0,null,null,0]
[null,null,null,null,null,null,0,0,0,0,0,null,null,0]
[null,null,null,null,null,null,0,0,0,0,0,null,null,0]
[null,null,null,null,null,null,0,0,0,0,0,null,null,0]
[null,null,null,null,null,null,0,0,0,0,0,null,null,0]
[null,null,null,null,null,null,0,0,0,0,0,null,null,0]
[null,null,null,null,null,null,0,0,0,0,0,null,null,0]
[null,null,null,null,null,null,0,0,0,0,0,null,null,0]
[null,null,null,null,null,null,0,0,0,0,0,null,null,0]
[null,null,null,null,null,null,0,0,0,0,0,null,null,0]
[null,null,null,null,null,null,0,0,0,0,0,null,null,0]
[null,null,null,null,null,null,0,0,0,0,0,null,null,0]
[null,null,null,null,null,null,0,0,0,0,0,null,null,0]
[null,null,null,null,null,null,0,0,0,0,0,null,null,0]
[null,null,null,null,null,null,0,0,0,0,0,null,null,0]
[null,null,null,null,null,null,0,0,0,0,0,null,null,0]
[null,null,null,null,null,null,0,0,0,0,0,null,null,0]
[null,null,null,null,null,null,0,0,0,0,0,null,null,0]
[null,null,null,null,null,null,0,0,0,0,0,null,null,0]
[null,null,null,null,null,null,0,0,0,0,0,null,null,0]
[null,null,null,null,null,null,0,0,0,0,0,null,null,0]
[null,null,null,null,null,null,0,0,0,0,0,null,null,0]
[null,null,null,null,null,null,0,0,0,0,0,null,null,0]
[null,null,null,null,null,null,0,0,0,0,0,null,null,0]
[null,null,null,null,null,null,0,0,0,0,0,null,null,0]
[null,null,null,null,null,null,0,0,0,0,0,null,null,0]
[null,null,null,null,null,null,0,0,0,0,0,null,null,0]
[null,null,null,null,null,null,0,0,0,0,0,null,null,0]
[null,null,null,null,null,null,0,0,0,0,0,null,null,0]
[null,null,null,null,null,null,0,0,0,0,0,null,null,0]
[null,null,null,null,null,null,0,0,0,0,0,null,null,0]
[null,null,null,null,null,null,0,0,0,0,0,null,null,0]
[null,null,null,null,null,null,0,0,0,0,0,null,null,0]
[null,null,null,null,null,null,0,0,0,0,0,null,null,0]
[null,null,null,null,null,null,0,0,0,0,0,null,null,0]
[null,null,null,null,null,null,0,0,0,0,0,null,null,0]
[null,null,null,null,null,null,0,0,0,0,0,null,null,0]
[null,null,null,null,null,null,0,0,0,0,0,null,null,0]
[null,null,null,null,null,null,0,0,0,0,0,null,null,0]
[null,null,null,null,null,null,0,0,0,0,0,null,null,0]
[null,null,null,null,null,null,0,0,0,0,0,null,null,0]
[null,null,null,null,null,null,0,0,0,0,0,null,null,0]
[null,null,null,null,null,null,0,0,0,0,0,null,null,0]
[null,null,null,null,null,null,0,0,0,0,0,null,null,0]
[null,null,null,null,null,null,0,0,0,0,0,null,null,0]
[null,null,null,null,null,null,0,0,0,0,0,null,null,0]
[null,null,null,null,null,null,0,0,0,0,0,null,null,0]
[null,null,null,null,null,null,0,0,0,0,0,null,null,0]
[null,null,null,null,null,null,0,0,0,0,0,null,null,0]
[null,null,null,null,null,null,0,0,0,0,0,null,null,0]
[null,null,null,null,null,null,0,0,0,0,0,null,null,0]
[null,null,null,null,null,null,0,0,0,0,0,null,null,0]
[null,null,null,null,null,null,0,0,0,0,0,null,null,0]
[null,null,null,null,null,null,0,0,0,0,0,null,null,0]
[null,null,null,null,null,null,0,0,0,0,0,null,null,0]
[null,null,null,null,null,null,0,0,0,0,0,null,null,0]
[null,null,null,null,null,null,0,0,0,0,0,null,null,0]
[null,null,null,null,null,null,0,0,0,0,0,null,null,0]
[null,null,null,null,null,null,0,0,0,0,0,null,null,0]
[null,null,null,null,null,null,0,0,0,0,0,null,null,0]
[null,null,null,null,null,null,0,0,0,0,0,null,null,0]
[null,null,null,null,null,null,0,0,0,0,0,null,null,0]
[null,null,null,null,null,null,0,0,0,0,0,null,null,0]
[null,null,null,null,null,null,0,0,0,0,0,null,null,0]
[null,null,null,null,null,null,0,0,0,0,0,null,null,0]
[null,null,null,null,null,null,0,0,0,0,0,null,null,0]
[null,null,null,null,null,null,0,0,0,0,0,null,null,0]
[null,null,null,null,null,null,0,0,0,0,0,null,null,0]
[null,null,null,null,null,null,0,0,0,0,0,null,null,0]
[null,null,null,null,null,null,0,0,0,0,0,null,null,0]
[null,null,null,null,null,null,0,0,0,0,0,null,null,0]
[null,null,null,null,null,null,0,0,0,0,0,null,null,0]
[null,null,null,null,null,null,0,0,0,0,0,null,null,0]
[null,null,null,null,null,null,0,0,0,0,0,null,null,0]
[null,null,null,null,null,null,0,0,0,0,0,null,null,0]
[null,null,null,null,null,null,0,0,0,0,0,null,null,0]
[null,null,null,null,null,null,0,0,0,0,0,null,null,0]
[null,null,null,null,null,null,0,0,0,0,0,null,null,0]
[null,null,null,null,null,null,0,0,0,0,0,null,null,0]
[null,null,null,null,null,null,0,0,0,0,0,null,null,0]
[null,null,null,null,null,null,0,0,0,0,0,null,null,0]
[null,null,null,null,null,null,0,0,0,0,0,null,null,0]
[null,null,null,null,null,null,0,0,0,0,0,null,null,0]
[null,null,null,null,null,null,0,0,0,0,0,null,null,0]
[null,null,null,null,null,null,0,0,0,0,0,null,null,0]
[null,null,null,null,null,null,0,0,0,0,0,null,null,0]
[null,null,null,null,null,null,0,0,0,0,0,null,null,0]
[null,null,null,null,null,null,0,0,0,0,0,null,null,0]
[null,null,null,null,null,null,0,0,0,0,0,null,null,0]
[null,null,null,null,null,null,0,0,0,0,0,null,null,0]
[null,null,null,null,null,null,0,0,0,0,0,null,null,0]
[null,null,null,null,null,null,0,0,0,0,0,null,null,0]
[null,null,null,null,null,null,0,0,0,0,0,null,null,0]
[null,null,null,null,null,null,0,0,0,0,0,null,null,0]
[null,null,null,null,null,null,0,0,0,0,0,null,null,0]
[null,null,null,null,null,null,0,0,0,0,0,null,null,0]
[null,null,null,null,null,null,0,0,0,0,0,null,null,0]
[null,null,null,null,null,null,0,0,0,0,0,null,null,0]
[null,null,null,null,null,null,0,0,0,0,0,null,null,0]
[null,null,null,null,null,null,0,0,0,0,0,null,null,0]
[null,null,null,null,null,null,0,0,0,0,0,null,null,0]
[null,null,null,null,null,null,0,0,0,0,0,null,null,0]
[null,null,null,null,null,null,0,0,0,0,0,null,null,0]
[null,null,null,null,null,null,0,0,0,0,0,null,null,0]
[null,null,null,null,null,null,0,0,0,0,0,null,null,0]
[null,null,null,null,null,null,0,0,0,0,0,null,null,0]
[null,null,null,null,null,null,0,0,0,0,0,null,null,0]
[null,null,null,null,null,null,0,0,0,0,0,null,null,0]
[null,null,null,null,null,null,0,0,0,0,0,null,null,0]
[null,null,null,null,null,null,0,0,0,0,0,null,null,0]
[null,null,null,null,null,null,0,0,0,0,0,null,null,0]
[null,null,null,null,null,null,0,0,0,0,0,null,null,0]
[null,null,null,null,null,null,0,0,0,0,0,null,null,0]
[null,null,null,null,null,null,0,0,0,0,0,null,null,0]
[null,null,null,null,null,null,0,0,0,0,0,null,null,0]
[null,null,null,null,null,null,0,0,0,0,0,null,null,0]
[null,null,null,null,null,null,0,0,0,0,0,null,null,0]
[null,null,null,null,null,null,0,0,0,0,0,null,null,0]
[null,null,null,null,null,null,0,0,0,0,0,null,null,0]
[null,null,null,null,null,null,0,0,0,0,0,null,null,0]
[null,null,null,null,null,null,0,0,0,0,0,null,null,0]
[null,null,null,null,null,null,0,0,0,0,0,null,null,0]
[null,null,null,null,null,null,0,0,0,0,0,null,null,0]
[null,null,null,null,null,null,0,0,0,0,0,null,null,0]
[null,null,null,null,null,null,0,0,0,0,0,null,null,0]
[null,null,null,null,null,null,0,0,0,0,0,null,null,0]
[null,null,null,null,null,null,0,0,0,0,0,null,null,0]
[null,null,null,null,null,null,0,0,0,0,0,null,null,0]
[null,null,null,null,null,null,0,0,0,0,0,null,null,0]
[null,null,null,null,null,null,0,0,0,0,0,null,null,0]
[null,null,null,null,null,null,0,0,0,0,0,null,null,0]
[null,null,null,null,null,null,0,0,0,0,0,null,null,0]
[null,null,null,null,null,null,0,0,0,0,0,null,null,0]
[null,null,null,null,null,null,0,0,0,0,0,null,null,0]
[null,null,null,null,null,null,0,0,0,0,0,null,null,0]
[null,null,null,null,null,null,0,0,0,0,0,null,null,0]
[null,null,null,null,null,null,0,0,0,0,0,null,null,0]
[null,null,null,null,null,null,0,0,0,0,0,null,null,0]
[null,null,null,null,null,null,0,0,0,0,0,null,null,0]
[null,null,null,null,null,null,0,0,0,0,0,null,null,0]
[null,null,null,null,null,null,0,0,0,0,0,null,null,0]
[null,null,null,null,null,null,0,0,0,0,0,null,null,0]
[null,null,null,null,null,null,0,0,0,0,0,null,null,0]
[null,null,null,null,null,null,0,0,0,0,0,null,null,0]
[null,null,null,null,null,null,0,0,0,0,0,null,null,0]
[null,null,null,null,null,null,0,0,0,0,0,null,null,0]
[null,null,null,null,null,null,0,0,0,0,0,null,null,0]
[null,null,null,null,null,null,0,0,0,0,0,null,null,0]
[null,null,null,null,null,null,0,0,0,0,0,null,null,0]
[null,null,null,null,null,null,0,0,0,0,0,null,null,0]
[null,null,null,null,null,null,0,0,0,0,0,null,null,0]
[null,null,null,null,null,null,0,0,0,0,0,null,null,0]
[null,null,null,null,null,null,0,0,0,0,0,null,null,0]
[null,null,null,null,null,null,0,0,0,0,0,null,null,0]
[null,null,null,null,null,null,0,0,0,0,0,null,null,0]
[null,null,null,null,null,null,0,0,0,0,0,null,null,0]
[null,null,null,null,null,null,0,0,0,0,0,null,null,0]
[null,null,null,null,null,null,0,0,0,0,0,null,null,0]
[null,null,null,null,null,null,0,0,0,0,0,null,null,0]
[null,null,null,null,null,null,0,0,0,0,0,null,null,0]
[null,null,null,null,null,null,0,0,0,0,0,null,null,0]
[null,null,null,null,null,null,0,0,0,0,0,null,null,0]
[null,null,null,null,null,null,0,0,0,0,0,null,null,0]
[null,null,null,null,null,null,0,0,0,0,0,null,null,0]
[null,null,null,null,null,null,0,0,0,0,0,null,null,0]
[null,null,null,null,null,null,0,0,0,0,0,null,null,0]
[null,null,null,null,null,null,0,0,0,0,0,null,null,0]
[null,null,null,null,null,null,0,0,0,0,0,null,null,0]
[null,null,null,null,null,null,0,0,0,0,0,null,null,0]
[null,null,null,null,null,null,0,0,0,0,0,null,null,0]
[null,null,null,null,null,null,0,0,0,0,0,null,null,0]
[null,null,null,null,null,null,0,0,0,0,0,null,null,0]
[null,null,null,null,null,null,0,0,0,0,0,null,null,0]
[null,null,null,null,null,null,0,0,0,0,0,null,null,0]
[null,null,null,null,null,null,0,0,0,0,0,null,null,0]
[null,null,null,null,null,null,0,0,0,0,0,null,null,0]
[null,null,null,null,null,null,0,0,0,0,0,null,null,0]
[null,null,null,null,null,null,0,0,0,0,0,null,null,0]
[null,null,null,null,null,null,0,0,0,0,0,null,null,0]
[null,null,null,null,null,null,0,0,0,0,0,null,null,0]
[null,null,null,null,null,null,0,0,0,0,0,null,null,0]
[null,null,null,null,null,null,0,0,0,0,0,null,null,0]
[null,null,null,null,null,null,0,0,0,0,0,null,null,0]
[null,null,null,null,null,null,0,0,0,0,0,null,null,0]
[null,null,null,null,null,null,0,0,0,0,0,null,null,0]
[null,null,null,null,null,null,0,0,0,0,0,null,null,0]
[null,null,null,null,null,null,0,0,0,0,0,null,null,0]
[null,null,null,null,null,null,0,0,0,0,0,null,null,0]
[null,null,null,null,null,null,0,0,0,0,0,null,null,0]
[null,null,null,null,null,null,0,0,0,0,0,null,null,0]
[null,null,null,null,null,null,0,0,0,0,0,null,null,0]
[null,null,null,null,null,null,0,0,0,0,0,null,null,0]
[null,null,null,null,null,null,0,0,0,0,0,null,null,0]
[null,null,null,null,null,null,0,0,0,0,0,null,null,0]
[null,null,null,null,null,null,0,0,0,0,0,null,null,0]
[null,null,null,null,null,null,0,0,0,0,0,null,null,0]
[null,null,null,null,null,null,0,0,0,0,0,null,null,0]
[null,null,null,null,null,null,0,0,0,0,0,null,null,0]
[null,null,null,null,null,null,0,0,0,0,0,null,null,0]
[null,null,null,null,null,null,0,0,0,0,0,null,null,0]
[null,null,null,null,null,null,0,0,0,0,0,null,null,0]
[null,null,null,null,null,null,0,0,0,0,0,null,null,0]
[null,null,null,null,null,null,0,0,0,0,0,null,null,0]
[null,null,null,null,null,null,0,0,0,0,0,null,null,0]
[null,null,null,null,null,null,0,0,0,0,0,null,null,0]
[null,null,null,null,null,null,0,0,0,0,0,null,null,0]
[null,null,null,null,null,null,0,0,0,0,0,null,null,0]
[null,null,null,null,null,null,0,0,0,0,0,null,null,0]
[null,null,null,null,null,null,0,0,0,0,0,null,null,0]
[null,null,null,null,null,null,0,0,0,0,0,null,null,0]
[null,null,null,null,null,null,0,0,0,0,0,null,null,0]
[null,null,null,null,null,null,0,0,0,0,0,null,null,0]
[null,null,null,null,null,null,0,0,0,0,0,null,null,0]
[null,null,null,null,null,null,0,0,0,0,0,null,null,0]
[null,null,null,null,null,null,0,0,0,0,0,null,null,0]
[null,null,null,null,null,null,0,0,0,0,0,null,null,0]
[null,null,null,null,null,null,0,0,0,0,0,null,null,0]
[null,null,null,null,null,null,0,0,0,0,0,null,null,0]
[null,null,null,null,null,null,0,0,0,0,0,null,null,0]
[null,null,null,null,null,null,0,0,0,0,0,null,null,0]
[null,null,null,null,null,null,0,0,0,0,0,null,null,0]
[null,null,null,null,null,null,0,0,0,0,0,null,null,0]
[null,null,null,null,null,null,0,0,0,0,0,null,null,0]
[null,null,null,null,null,null,0,0,0,0,0,null,null,0]
[null,null,null,null,null,null,0,0,0,0,0,null,null,0]
[null,null,null,null,null,null,0,0,0,0,0,null,null,0]
[null,null,null,null,null,null,0,0,0,0,0,null,null,0]
[null,null,null,null,null,null,0,0,0,0,0,null,null,0]
[null,null,null,null,null,null,0,0,0,0,0,null,null,0]
[null,null,null,null,null,null,0,0,0,0,0,null,null,0]
[null,null,null,null,null,null,0,0,0,0,0,null,null,0]
[null,null,null,null,null,null,0,0,0,0,0,null,null,0]
[null,null,null,null,null,null,0,0,0,0,0,null,null,0]
[null,null,null,null,null,null,0,0,0,0,0,null,null,0]
[null,null,null,null,null,null,0,0,0,0,0,null,null,0]
[null,null,null,null,null,null,0,0,0,0,0,null,null,0]
[null,null,null,null,null,null,0,0,0,0,0,null,null,0]
[null,null,null,null,null,null,0,0,0,0,0,null,null,0]
[null,null,null,null,null,null,0,0,0,0,0,null,null,0]
[null,null,null,null,null,null,0,0,0,0,0,null,null,0]
[null,null,null,null,null,null,0,0,0,0,0,null,null,0]
[null,null,null,null,null,null,0,0,0,0,0,null,null,0]
[null,null,null,null,null,null,0,0,0,0,0,null,null,0]
[null,null,null,null,null,null,0,0,0,0,0,null,null,0]
[null,null,null,null,null,null,0,0,0,0,0,null,null,0]
[null,null,null,null,null,null,0,0,0,0,0,null,null,0]
[null,null,null,null,null,null,0,0,0,0,0,null,null,0]
[null,null,null,null,null,null,0,0,0,0,0,null,null,0]
[null,null,null,null,null,null,0,0,0,0,0,null,null,0]
[null,null,null,null,null,null,0,0,0,0,0,null,null,0]
[null,null,null,null,null,null,0,0,0,0,0,null,null,0]
[null,null,null,null,null,null,0,0,0,0,0,null,null,0]
[null,null,null,null,null,null,0,0,0,0,0,null,null,0]
[null,null,null,null,null,null,0,0,0,0,0,null,null,0]
[null,null,null,null,null,null,0,0,0,0,0,null,null,0]
[null,null,null,null,null,null,0,0,0,0,0,null,null,0]
[null,null,null,null,null,null,0,0,0,0,0,null,null,0]
[null,null,null,null,null,null,0,0,0,0,0,null,null,0]
[null,null,null,null,null,null,0,0,0,0,0,null,null,0]
[null,null,null,null,null,null,0,0,0,0,0,null,null,0]
[null,null,null,null,null,null,0,0,0,0,0,null,null,0]
[null,null,null,null,null,null,0,0,0,0,0,null,null,0]
[null,null,null,null,null,null,0,0,0,0,0,null,null,0]
[null,null,null,null,null,null,0,0,0,0,0,null,null,0]
[null,null,null,null,null,null,0,0,0,0,0,null,null,0]
[null,null,null,null,null,null,0,0,0,0,0,null,null,0]
[null,null,null,null,null,null,0,0,0,0,0,null,null,0]
[null,null,null,null,null,null,0,0,0,0,0,null,null,0]
[null,null,null,null,null,null,0,0,0,0,0,null,null,0]
[null,null,null,null,null,null,0,0,0,0,0,null,null,0]
[null,null,null,null,null,null,0,0,0,0,0,null,null,0]
[null,null,null,null,null,null,0,0,0,0,0,null,null,0]
[null,null,null,null,null,null,0,0,0,0,0,null,null,0]
[null,null,null,null,null,null,0,0,0,0,0,null,null,0]
[null,null,null,null,null,null,0,0,0,0,0,null,null,0]
[null,null,null,null,null,null,0,0,0,0,0,null,null,0]
[null,null,null,null,null,null,0,0,0,0,0,null,null,0]
[null,null,null,null,null,null,0,0,0,0,0,null,null,0]
[null,null,null,null,null,null,0,0,0,0,0,null,null,0]
[null,null,null,null,null,null,0,0,0,0,0,null,null,0]
[null,null,null,null,null,null,0,0,0,0,0,null,null,0]
[null,null,null,null,null,null,0,0,0,0,0,null,null,0]
[null,null,null,null,null,null,0,0,0,0,0,null,null,0]
[null,null,null,null,null,null,0,0,0,0,0,null,null,0]
[null,null,null,null,null,null,0,0,0,0,0,null,null,0]
[null,null,null,null,null,null,0,0,0,0,0,null,null,0]
[null,null,null,null,null,null,0,0,0,0,0,null,null,0]
[null,null,null,null,null,null,0,0,0,0,0,null,null,0]
[null,null,null,null,null,null,0,0,0,0,0,null,null,0]
[null,null,null,null,null,null,0,0,0,0,0,null,null,0]
[null,null,null,null,null,null,0,0,0,0,0,null,null,0]
[null,null,null,null,null,null,0,0,0,0,0,null,null,0]
[null,null,null,null,null,null,0,0,0,0,0,null,null,0]
[null,null,null,null,null,null,0,0,0,0,0,null,null,0]
[null,null,null,null,null,null,0,0,0,0,0,null,null,0]
[null,null,null,null,null,null,0,0,0,0,0,null,null,0]
[null,null,null,null,null,null,0,0,0,0,0,null,null,0]
[null,null,null,null,null,null,0,0,0,0,0,null,null,0]
[null,null,null,null,null,null,0,0,0,0,0,null,null,0]
[null,null,null,null,null,null,0,0,0,0,0,null,null,0]
[null,null,null,null,null,null,0,0,0,0,0,null,null,0]
[null,null,null,null,null,null,0,0,0,0,0,null,null,0]
[null,null,null,null,null,null,0,0,0,0,0,null,null,0]
[null,null,null,null,null,null,0,0,0,0,0,null,null,0]
[null,null,null,null,null,null,0,0,0,0,0,null,null,0]
[null,null,null,null,null,null,0,0,0,0,0,null,null,0]
[null,null,null,null,null,null,0,0,0,0,0,null,null,0]
[null,null,null,null,null,null,0,0,0,0,0,null,null,0]
[null,null,null,null,null,null,0,0,0,0,0,null,null,0]
[null,null,null,null,null,null,0,0,0,0,0,null,null,0]
[null,null,null,null,null,null,0,0,0,0,0,null,null,0]
[null,null,null,null,null,null,0,0,0,0,0,null,null,0]
[null,null,null,null,null,null,0,0,0,0,0,null,null,0]
[null,null,null,null,null,null,0,0,0,0,0,null,null,0]
[null,null,null,null,null,null,0,0,0,0,0,null,null,0]
[null,null,null,null,null,null,0,0,0,0,0,null,null,0]
[null,null,null,null,null,null,0,0,0,0,0,null,null,0]
[null,null,null,null,null,null,0,0,0,0,0,null,null,0]
[null,null,null,null,null,null,0,0,0,0,0,null,null,0]
[null,null,null,null,null,null,0,0,0,0,0,null,null,0]
[null,null,null,null,null,null,0,0,0,0,0,null,null,0]
[null,null,null,null,null,null,0,0,0,0,0,null,null,0]
[null,null,null,null,null,null,0,0,0,0,0,null,null,0]
[null,null,null,null,null,null,0,0,0,0,0,null,null,0]
[null,null,null,null,null,null,0,0,0,0,0,null,null,0]
[null,null,null,null,null,null,0,0,0,0,0,null,null,0]
[null,null,null,null,null,null,0,0,0,0,0,null,null,0]
[null,null,null,null,null,null,0,0,0,0,0,null,null,0]
[null,null,null,null,null,null,0,0,0,0,0,null,null,0]
[null,null,null,null,null,null,0,0,0,0,0,null,null,0]
[null,null,null,null,null,null,0,0,0,0,0,null,null,0]
[null,null,null,null,null,null,0,0,0,0,0,null,null,0]
[null,null,null,null,null,null,0,0,0,0,0,null,null,0]
[null,null,null,null,null,null,0,0,0,0,0,null,null,0]
[null,null,null,null,null,null,0,0,0,0,0,null,null,0]
[null,null,null,null,null,null,0,0,0,0,0,null,null,0]
[null,null,null,null,null,null,0,0,0,0,0,null,null,0]
[null,null,null,null,null,null,0,0,0,0,0,null,null,0]
[null,null,null,null,null,null,0,0,0,0,0,null,null,0]
[null,null,null,null,null,null,0,0,0,0,0,null,null,0]
[null,null,null,null,null,null,0,0,0,0,0,null,null,0]
[null,null,null,null,null,null,0,0,0,0,0,null,null,0]
[null,null,null,null,null,null,0,0,0,0,0,null,null,0]
[null,null,null,null,null,null,0,0,0,0,0,null,null,0]
[null,null,null,null,null,null,0,0,0,0,0,null,null,0]
[null,null,null,null,null,null,0,0,0,0,0,null,null,0]
[null,null,null,null,null,null,0,0,0,0,0,null,null,0]
[null,null,null,null,null,null,0,0,0,0,0,null,null,0]
[null,null,null,null,null,null,0,0,0,0,0,null,null,0]
[null,null,null,null,null,null,0,0,0,0,0,null,null,0]
[null,null,null,null,null,null,0,0,0,0,0,null,null,0]
[null,null,null,null,null,null,0,0,0,0,0,null,null,0]
[null,null,null,null,null,null,0,0,0,0,0,null,null,0]
[null,null,null,null,null,null,0,0,0,0,0,null,null,0]
[null,null,null,null,null,null,0,0,0,0,0,null,null,0]
[null,null,null,null,null,null,0,0,0,0,0,null,null,0]
[null,null,null,null,null,null,0,0,0,0,0,null,null,0]
[null,null,null,null,null,null,0,0,0,0,0,null,null,0]
[null,null,null,null,null,null,0,0,0,0,0,null,null,0]
[null,null,null,null,null,null,0,0,0,0,0,null,null,0]
[null,null,null,null,null,null,0,0,0,0,0,null,null,0]
[null,null,null,null,null,null,0,0,0,0,0,null,null,0]
[null,null,null,null,null,null,0,0,0,0,0,null,null,0]
[null,null,null,null,null,null,0,0,0,0,0,null,null,0]
[null,null,null,null,null,null,0,0,0,0,0,null,null,0]
[null,null,null,null,null,null,0,0,0,0,0,null,null,0]
[null,null,null,null,null,null,0,0,0,0,0,null,null,0]
[null,null,null,null,null,null,0,0,0,0,0,null,null,0]
[null,null,null,null,null,null,0,0,0,0,0,null,null,0]
[null,null,null,null,null,null,0,0,0,0,0,null,null,0]
[null,null,null,null,null,null,0,0,0,0,0,null,null,0]
[null,null,null,null,null,null,0,0,0,0,0,null,null,0]
[null,null,null,null,null,null,0,0,0,0,0,null,null,0]
[null,null,null,null,null,null,0,0,0,0,0,null,null,0]
[null,null,null,null,null,null,0,0,0,0,0,null,null,0]
[null,null,null,null,null,null,0,0,0,0,0,null,null,0]
[null,null,null,null,null,null,0,0,0,0,0,null,null,0]
[null,null,null,null,null,null,0,0,0,0,0,null,null,0]
[null,null,null,null,null,null,0,0,0,0,0,null,null,0]
[null,null,null,null,null,null,0,0,0,0,0,null,null,0]
[null,null,null,null,null,null,0,0,0,0,0,null,null,0]
[null,null,null,null,null,null,0,0,0,0,0,null,null,0]
[null,null,null,null,null,null,0,0,0,0,0,null,null,0]
[null,null,null,null,null,null,0,0,0,0,0,null,null,0]
[null,null,null,null,null,null,0,0,0,0,0,null,null,0]
[null,null,null,null,null,null,0,0,0,0,0,null,null,0]
[null,null,null,null,null,null,0,0,0,0,0,null,null,0]
[null,null,null,null,null,null,0,0,0,0,0,null,null,0]
[null,null,null,null,null,null,0,0,0,0,0,null,null,0]
[null,null,null,null,null,null,0,0,0,0,0,null,null,0]
[null,null,null,null,null,null,0,0,0,0,0,null,null,0]
[null,null,null,null,null,null,0,0,0,0,0,null,null,0]
[null,null,null,null,null,null,0,0,0,0,0,null,null,0]
[null,null,null,null,null,null,0,0,0,0,0,null,null,0]
[null,null,null,null,null,null,0,0,0,0,0,null,null,0]
[null,null,null,null,null,null,0,0,0,0,0,null,null,0]
[null,null,null,null,null,null,0,0,0,0,0,null,null,0]
[null,null,null,null,null,null,0,0,0,0,0,null,null,0]
[null,null,null,null,null,null,0,0,0,0,0,null,null,0]
[null,null,null,null,null,null,0,0,0,0,0,null,null,0]
[null,null,null,null,null,null,0,0,0,0,0,null,null,0]
[null,null,null,null,null,null,0,0,0,0,0,null,null,0]
[null,null,null,null,null,null,0,0,0,0,0,null,null,0]
[null,null,null,null,null,null,0,0,0,0,0,null,null,0]
[null,null,null,null,null,null,0,0,0,0,0,null,null,0]
[null,null,null,null,null,null,0,0,0,0,0,null,null,0]
[null,null,null,null,null,null,0,0,0,0,0,null,null,0]
[null,null,null,null,null,null,0,0,0,0,0,null,null,0]
[null,null,null,null,null,null,0,0,0,0,0,null,null,0]
[null,null,null,null,null,null,0,0,0,0,0,null,null,0]
[null,null,null,null,null,null,0,0,0,0,0,null,null,0]
[null,null,null,null,null,null,0,0,0,0,0,null,null,0]
[null,null,null,null,null,null,0,0,0,0,0,null,null,0]
[null,null,null,null,null,null,0,0,0,0,0,null,null,0]
[null,null,null,null,null,null,0,0,0,0,0,null,null,0]
[null,null,null,null,null,null,0,0,0,0,0,null,null,0]
[null,null,null,null,null,null,0,0,0,0,0,null,null,0]
[null,null,null,null,null,null,0,0,0,0,0,null,null,0]
[null,null,null,null,null,null,0,0,0,0,0,null,null,0]
[null,null,null,null,null,null,0,0,0,0,0,null,null,0]
[null,null,null,null,null,null,0,0,0,0,0,null,null,0]
[null,null,null,null,null,null,0,0,0,0,0,null,null,0]
[null,null,null,null,null,null,0,0,0,0,0,null,null,0]
[null,null,null,null,null,null,0,0,0,0,0,null,null,0]
[null,null,null,null,null,null,0,0,0,0,0,null,null,0]
[null,null,null,null,null,null,0,0,0,0,0,null,null,0]
[null,null,null,null,null,null,0,0,0,0,0,null,null,0]
[null,null,null,null,null,null,0,0,0,0,0,null,null,0]
[null,null,null,null,null,null,0,0,0,0,0,null,null,0]
[null,null,null,null,null,null,0,0,0,0,0,null,null,0]
[null,null,null,null,null,null,0,0,0,0,0,null,null,0]
[null,null,null,null,null,null,0,0,0,0,0,null,null,0]
[null,null,null,null,null,null,0,0,0,0,0,null,null,0]
[null,null,null,null,null,null,0,0,0,0,0,null,null,0]
[null,null,null,null,null,null,0,0,0,0,0,null,null,0]
[null,null,null,null,null,null,0,0,0,0,0,null,null,0]
[null,null,null,null,null,null,0,0,0,0,0,null,null,0]
[null,null,null,null,null,null,0,0,0,0,0,null,null,0]
[null,null,null,null,null,null,0,0,0,0,0,null,null,0]
[null,null,null,null,null,null,0,0,0,0,0,null,null,0]
[null,null,null,null,null,null,0,0,0,0,0,null,null,0]
[null,null,null,null,null,null,0,0,0,0,0,null,null,0]
[null,null,null,null,null,null,0,0,0,0,0,null,null,0]
[null,null,null,null,null,null,0,0,0,0,0,null,null,0]
[null,null,null,null,null,null,0,0,0,0,0,null,null,0]
[null,null,null,null,null,null,0,0,0,0,0,null,null,0]
[null,null,null,null,null,null,0,0,0,0,0,null,null,0]
[null,null,null,null,null,null,0,0,0,0,0,null,null,0]
[null,null,null,null,null,null,0,0,0,0,0,null,null,0]
[null,null,null,null,null,null,0,0,0,0,0,null,null,0]
[null,null,null,null,null,null,0,0,0,0,0,null,null,0]
[null,null,null,null,null,null,0,0,0,0,0,null,null,0]
[null,null,null,null,null,null,0,0,0,0,0,null,null,0]
[null,null,null,null,null,null,0,0,0,0,0,null,null,0]
[null,null,null,null,null,null,0,0,0,0,0,null,null,0]
[null,null,null,null,null,null,0,0,0,0,0,null,null,0]
[null,null,null,null,null,null,0,0,0,0,0,null,null,0]
[null,null,null,null,null,null,0,0,0,0,0,null,null,0]
[null,null,null,null,null,null,0,0,0,0,0,null,null,0]
[null,null,null,null,null,null,0,0,0,0,0,null,null,0]
[null,null,null,null,null,null,0,0,0,0,0,null,null,0]
[null,null,null,null,null,null,0,0,0,0,0,null,null,0]
[null,null,null,null,null,null,0,0,0,0,0,null,null,0]
[null,null,null,null,null,null,0,0,0,0,0,null,null,0]
[null,null,null,null,null,null,0,0,0,0,0,null,null,0]
[null,null,null,null,null,null,0,0,0,0,0,null,null,0]
[null,null,null,null,null,null,0,0,0,0,0,null,null,0]
[null,null,null,null,null,null,0,0,0,0,0,null,null,0]
[null,null,null,null,null,null,0,0,0,0,0,null,null,0]
[null,null,null,null,null,null,0,0,0,0,0,null,null,0]
[null,null,null,null,null,null,0,0,0,0,0,null,null,0]
[null,null,null,null,null,null,0,0,0,0,0,null,null,0]
[null,null,null,null,null,null,0,0,0,0,0,null,null,0]
[null,null,null,null,null,null,0,0,0,0,0,null,null,0]
[null,null,null,null,null,null,0,0,0,0,0,null,null,0]
[null,null,null,null,null,null,0,0,0,0,0,null,null,0]
[null,null,null,null,null,null,0,0,0,0,0,null,null,0]
[null,null,null,null,null,null,0,0,0,0,0,null,null,0]
[null,null,null,null,null,null,0,0,0,0,0,null,null,0]
[null,null,null,null,null,null,0,0,0,0,0,null,null,0]
[null,null,null,null,null,null,0,0,0,0,0,null,null,0]
[null,null,null,null,null,null,0,0,0,0,0,null,null,0]
[null,null,null,null,null,null,0,0,0,0,0,null,null,0]
[null,null,null,null,null,null,0,0,0,0,0,null,null,0]
[null,null,null,null,null,null,0,0,0,0,0,null,null,0]
[null,null,null,null,null,null,0,0,0,0,0,null,null,0]
[null,null,null,null,null,null,0,0,0,0,0,null,null,0]
[null,null,null,null,null,null,0,0,0,0,0,null,null,0]
[null,null,null,null,null,null,0,0,0,0,0,null,null,0]
[null,null,null,null,null,null,0,0,0,0,0,null,null,0]
[null,null,null,null,null,null,0,0,0,0,0,null,null,0]
[null,null,null,null,null,null,0,0,0,0,0,null,null,0]
[null,null,null,null,null,null,0,0,0,0,0,null,null,0]
[null,null,null,null,null,null,0,0,0,0,0,null,null,0]
[null,null,null,null,null,null,0,0,0,0,0,null,null,0]
[null,null,null,null,null,null,0,0,0,0,0,null,null,0]
[null,null,null,null,null,null,0,0,0,0,0,null,null,0]
[null,null,null,null,null,null,0,0,0,0,0,null,null,0]
[null,null,null,null,null,null,0,0,0,0,0,null,null,0]
[null,null,null,null,null,null,0,0,0,0,0,null,null,0]
[null,null,null,null,null,null,0,0,0,0,0,null,null,0]
[null,null,null,null,null,null,0,0,0,0,0,null,null,0]
[null,null,null,null,null,null,0,0,0,0,0,null,null,0]
[null,null,null,null,null,null,0,0,0,0,0,null,null,0]
[null,null,null,null,null,null,0,0,0,0,0,null,null,0]
[null,null,null,null,null,null,0,0,0,0,0,null,null,0]
[null,null,null,null,null,null,0,0,0,0,0,null,null,0]
[null,null,null,null,null,null,0,0,0,0,0,null,null,0]
[null,null,null,null,null,null,0,0,0,0,0,null,null,0]
[null,null,null,null,null,null,0,0,0,0,0,null,null,0]
[null,null,null,null,null,null,0,0,0,0,0,null,null,0]
[null,null,null,null,null,null,0,0,0,0,0,null,null,0]
[null,null,null,null,null,null,0,0,0,0,0,null,null,0]
[null,null,null,null,null,null,0,0,0,0,0,null,null,0]
[null,null,null,null,null,null,0,0,0,0,0,null,null,0]
[null,null,null,null,null,null,0,0,0,0,0,null,null,0]
[null,null,null,null,null,null,0,0,0,0,0,null,null,0]
[null,null,null,null,null,null,0,0,0,0,0,null,null,0]
[null,null,null,null,null,null,0,0,0,0,0,null,null,0]
[null,null,null,null,null,null,0,0,0,0,0,null,null,0]
[null,null,null,null,null,null,0,0,0,0,0,null,null,0]
[null,null,null,null,null,null,0,0,0,0,0,null,null,0]
[null,null,null,null,null,null,0,0,0,0,0,null,null,0]
[null,null,null,null,null,null,0,0,0,0,0,null,null,0]
[null,null,null,null,null,null,0,0,0,0,0,null,null,0]
[null,null,null,null,null,null,0,0,0,0,0,null,null,0]
[null,null,null,null,null,null,0,0,0,0,0,null,null,0]
[null,null,null,null,null,null,0,0,0,0,0,null,null,0]
[null,null,null,null,null,null,0,0,0,0,0,null,null,0]
[null,null,null,null,null,null,0,0,0,0,0,null,null,0]
[null,null,null,null,null,null,0,0,0,0,0,null,null,0]
[null,null,null,null,null,null,0,0,0,0,0,null,null,0]
[null,null,null,null,null,null,0,0,0,0,0,null,null,0]
[null,null,null,null,null,null,0,0,0,0,0,null,null,0]
[null,null,null,null,null,null,0,0,0,0,0,null,null,0]
[null,null,null,null,null,null,0,0,0,0,0,null,null,0]
[null,null,null,null,null,null,0,0,0,0,0,null,null,0]
[null,null,null,null,null,null,0,0,0,0,0,null,null,0]
[null,null,null,null,null,null,0,0,0,0,0,null,null,0]
[null,null,null,null,null,null,0,0,0,0,0,null,null,0]
[null,null,null,null,null,null,0,0,0,0,0,null,null,0]
[null,null,null,null,null,null,0,0,0,0,0,null,null,0]
[null,null,null,null,null,null,0,0,0,0,0,null,null,0]
[null,null,null,null,null,null,0,0,0,0,0,null,null,0]
[null,null,null,null,null,null,0,0,0,0,0,null,null,0]
[null,null,null,null,null,null,0,0,0,0,0,null,null,0]
[null,null,null,null,null,null,0,0,0,0,0,null,null,0]
[null,null,null,null,null,null,0,0,0,0,0,null,null,0]
[null,null,null,null,null,null,0,0,0,0,0,null,null,0]
[null,null,null,null,null,null,0,0,0,0,0,null,null,0]
[null,null,null,null,null,null,0,0,0,0,0,null,null,0]
[null,null,null,null,null,null,0,0,0,0,0,null,null,0]
[null,null,null,null,null,null,0,0,0,0,0,null,null,0]

{"sheet":"XUAT","index":5,"n_rows":5001,"n_cols":16,"rows_kept":5001,"cut":false,"hidden":false,"merged":[]}
["STT","Ngày xuất","Chứng từ xuất","Thuộc phiếu nhập","Mã hàng","Tên hàng/ Nội dung thu tiền KH","ĐVT","Số lượng","Giá Bán","Doanh thu","%VAT","Phải Thu","Giá vốn","Mã KH","Số tiền thu KH","Ghi chú"]
["1","2020-04-20","PX001",null,"OK114 2.0","Ống kẽm 114 (2.0)","Cây",1,588000,588000,0,491000,491000,"KL",null,0]
["2","2020-04-20","PX001",null,"TMXN5.0","Tôn XNgọc 5.0","Mét",4.8,90000,432000,0,351843.06484868639,351843.06484868639,"KL",null,0]
["3","2020-04-20","PX001",null,"VK30 1.4","Vuông kẽm 30 (1.4)","Cây",5,130000,650000,0,532686.56169665814,532686.56169665814,"KL",null,0]
["4","2020-04-20","PX001",null,"HK1326 1.2","Hộp kẽm 13x26 (1.2)","Cây",13,74000,962000,0,793991.81969949917,793991.81969949917,"KL",null,0]
["5","2020-04-20","PX001",null,"TL4.0","Tôn Lạnh 4.0","Mét",3.3,76000,250800,0,215160,215160,"KL",null,0]
["6","2020-04-20","PX001",null,"TMXN3.5","Tôn XNgọc 3.5","Mét",146.69999999999999,64000,9388800,0,7574333.7997432603,7574333.7997432603,"KL",null,0]
["7","2020-04-20","PX001",null,"LC 30 5","La cứng 30 5li","Cây",3,75000,225000,0,140027.02702702701,140027.02702702701,"KL",null,0]
["8","2020-04-20","PX001",null,"HK3060 1.3","Hộp kẽm 30x60 (1.3)","Cây",10,174000,1740000,0,1553530.4347826086,1553530.4347826086,"KL",null,0]
["9","2020-04-20","PX001",null,"HK3060 1.2 ","Hộp kẽm 30x60 (1.2) ","Cây",10,107000,1070000,0,1467864.4859813084,1467864.4859813084,"KL",null,0]
["10","2020-04-20","PX001",null,"TMXN4.5DA","Tôn XNgọc 4.5 ĐÁ","Mét",9,103000,927000,0,768102.1276595745,768102.1276595745,"KL",null,0]
["11","2020-04-20","PX001",null,"TMXN3.5","Tôn XNgọc 3.5","Mét",31,58000,1798000,0,1600574.9679075738,1600574.9679075738,"KL",null,0]
["12","2020-04-20","PX001",null,"TMXN4.0","Tôn XNgọc 4.0","Mét",13.5,70000,945000,0,809313.8057290545,809313.8057290545,"KL",null,0]
["13","2020-04-20","PX001",null,"TMXN5.0","Tôn XNgọc 5.0","Mét",28.2,84000,2368800,0,2067078.0059860328,2067078.0059860328,"KL",null,0]
["14","2020-04-20","PX001",null,"TMXN5.0","Tôn XNgọc 5.0","Mét",82.86,82000,6794520,0,6073690.9069504496,6073690.9069504496,"KL",null,0]
["15","2020-04-20","PX001",null,"TMXN4.0","Tôn XNgọc 4.0","Mét",20,68000,1360000,0,1198983.4158948956,1198983.4158948956,"KL",null,0]
["16","2020-04-20","PX001-TT",null,null,"Thu tien luon",0,0,0,0,0,0,0,"KL",29499920,0]
["17","2020-04-21","PX002",null,"HD2550 0.7","Hộp đen 25x50 (0.7)","Cây",100,80000,8000000,0,7271686.9158878503,7271686.9158878503,"KL",null,0]
["18","2020-04-21","PX002",null,"MANG30 1.2 6M","Máng cửa sổ 30 (1.2) 6m","Cây",1,192000,192000,0,126063.82978723405,126063.82978723405,"KL",null,0]
["19","2020-04-21","PX002",null,"HK4080 2.0","Hộp kẽm 40x80(2.0)","Cây",18,375000,6750000,0,6099304.8648648653,6099304.8648648653,"KL",null,0]
["20","2020-04-21","PX002",null,"CCN48","Chụp nhựa 48","Cái",49,1400,68600,0,23160.489130434784,23160.489130434784,"KL",null,0]
["21","2020-04-21","PX002",null,"OK49 1.8","Ống kẽm 49 (1.8)","Cây",1,222000,222000,0,183582.92682926828,183582.92682926828,"KL",null,0]
["22","2020-04-21","PX002",null,"OK34 1.8","Ống kẽm 34 (1.8)","Cây",1,120000,120000,0,133515.38461538462,133515.38461538462,"KL",null,0]
["23","2020-04-21","PX002",null,"VK30 1.2","Vuông kẽm 30 (1.2)","Cây",11,108000,1188000,0,1041444.2307692309,1041444.2307692309,"KL",null,0]
["24","2020-04-21","PX002",null,"TMXN3.5","Tôn XNgọc 3.5","Mét",3,64000,192000,0,154894.35173299102,154894.35173299102,"KL",null,0]
["25","2020-04-21","PX002",null,"HK2040 1.4 ","Hộp kẽm 20x40 (1.4) ","Cây",6,125000,750000,0,651718.79194630869,651718.79194630869,"KL",null,0]
["26","2020-04-21","PX002",null,"TL5.0","Tôn Lạnh 5.0","Mét",4.4000000000000004,95000,418000.00000000006,0,334680.96120150189,334680.96120150189,"KL",null,0]
["27","2020-04-21","PX002",null,"V40Đ","V đen 40(Đ)","Cây",3,170000,510000,0,388235.29411764705,388235.29411764705,"KL",null,0]
["28","2020-04-21","PX002",null,"VK40 1.4","Vuông kẽm 40 (1.4)","Cây",3,165000,495000,0,430285.80332409975,430285.80332409975,"KL",null,0]
["29","2020-04-21","PX002",null,"HK4080 1.4 ","Hộp kẽm 40x80 (1.4) ","Cây",4,245000,980000,0,872139.58158995816,872139.58158995816,"KL",null,0]
["30","2020-04-21","PX002",null,"NCL","Nẹp tam giác Lớn (8kg)","Cây",15,17000,255000,0,199500,199500,"KL",null,0]
["31","2020-04-21","PX002",null,"TMXN5.0DA","Tôn XNgọc 5.0 ĐÁ","Mét",97.5,106000,10335000,0,9175627.918056218,9175627.918056218,"KL",null,0]
["32","2020-04-21","PX002",null,"TL5.0","Tôn Lạnh 5.0","Mét",51.6,85000,4386000,0,3924894.9086357947,3924894.9086357947,"KL",null,0]
["33","2020-04-21","PX002",null,"TL3.5","Tôn Lạnh 3.5","Mét",67.5,64000,4320000,0,4002750,4002750,"KL",null,0]
["34","2020-04-21","PX002",null,"TMXN5.0","Tôn XNgọc 5.0","Mét",20,84000,1680000,0,1466012.7702028602,1466012.7702028602,"KL",null,0]
["35","2020-04-21","PX002",null,"TMXN4.0","Tôn XNgọc 4.0","Mét",15.93,70000,1115100,0,954990.29076028429,954990.29076028429,"KL",null,0]
["36","2020-04-21","PX002",null,"TMXN4.0","Tôn XNgọc 4.0","Mét",3.6,70000,252000,0,215817.0148610812,215817.0148610812,"KL",null,0]
["37","2020-04-21","PX002-TT",null,null,"Thu tien luon",0,0,0,0,0,0,0,"KL",42228700,0]
["38","2020-04-22","PX003",null,"V40X","V đen 40(X)","Cây",10,127000,1270000,0,973228.91566265048,973228.91566265048,"KL",null,0]
["39","2020-04-22","PX003",null,"TMXN4.0","Tôn XNgọc 4.0","Mét",30,70000,2100000,0,1798475.1238423435,1798475.1238423435,"KL",null,0]
["40","2020-04-22","PX003",null,"TMXN3.5","Tôn XNgọc 3.5","Mét",13.5,61000,823500,0,697024.58279845957,697024.58279845957,"KL",null,0]
["41","2020-04-22","PX003",null,"TL4.0","Tôn Lạnh 4.0","Mét",10,74000,740000,0,652000,652000,"KL",null,0]
["42","2020-04-22","PX003",null,"TMXN4.0","Tôn XNgọc 4.0","Mét",4,70000,280000,0,239796.68317897912,239796.68317897912,"KL",null,0]
["43","2020-04-22","PX003",null,"TMXN3.0","Tôn XNgọc 3.0","Mét",232.4,53000,12317200,0,10797312.304943418,10797312.304943418,"KL",null,0]
["44","2020-04-22","PX003",null,"TL5.0 ĐA","Tole Lạnh 5.0 ĐÁ","Mét",21.5,104000,2236000,0,1905718.4227941176,1905718.4227941176,"KL",null,0]
["45","2020-04-22","PX003",null,"HK4080 1.4 ","Hộp kẽm 40x80 (1.4) ","Cây",14,240000,3360000,0,3052488.5355648538,3052488.5355648538,"KL",null,0]
["46","2020-04-22","PX003",null,"TL3.5","Tôn Lạnh 3.5","Mét",5.99,72000,431280,0,355207,355207,"KL",null,0]
["47","2020-04-22","PX003",null,"HK3060 1.8","Hộp kẽm 30x60 (1.8)","Cây",1,215000,215000,0,202272.37701974864,202272.37701974864,"KL",null,0]
["48","2020-04-22","PX003",null,"LC 30 5","La cứng 30 5li","Cây",20,57000,1140000,0,933513.51351351349,933513.51351351349,"KL",null,0]
["49","2020-04-22","PX003",null,"HK4080 1.4 ","Hộp kẽm 40x80 (1.4) ","Cây",6,240000,1440000,0,1308209.3723849372,1308209.3723849372,"KL",null,0]
["50","2020-04-22","PX003",null,"HK2550 1.4 ","Hộp kẽm 25x50 (1.4) ","Cây",10,154000,1540000,0,1366272.1088435373,1366272.1088435373,"KL",null,0]
["51","2020-04-22","PX003",null,"HK2550 1.2 ","Hộp kẽm 25x50 (1.2) ","Cây",8,135000,1080000,0,1005580.1652892563,1005580.1652892563,"KL",null,0]
["52","2020-04-22","PX003",null,"LC 25","La cứng 25","Cây",2,25000,50000,0,45600,45600,"KL",null,0]
["53","2020-04-22","PX003-TT",null,null,"Thu tien luon",0,0,0,0,0,0,0,"KL",29022980,0]
["54","2020-04-23","PX004",null,"TMXN5.0","Tôn XNgọc 5.0","Mét",4,93000,372000,0,293202.55404057202,293202.55404057202,"KL",null,0]
["55","2020-04-23","PX004",null,"TMXN5.0DA","Tôn XNgọc 5.0 ĐÁ","Mét",58.6,108000,6328800,0,5514787.6512625059,5514787.6512625059,"KL",null,0]
["56","2020-04-23","PX004",null,"VK40 1.2","Vuông kẽm 40 (1.2)","Cây",5,145000,725000,0,641727.77777777775,641727.77777777775,"KL",null,0]
["57","2020-04-23","PX004",null,"HK1326 0.9","Hộp kẽm 13x26 (0.9)","Cây",20,54000,1080000,0,903315.17509727622,903315.17509727622,"KL",null,0]
["58","2020-04-23","PX004",null,"OK42 1.4","Ống kẽm 42 (1.4)","Cây",15,137000,2055000,0,1848000,1848000,"KL",null,0]
["59","2020-04-23","PX004",null,"TMXN3.5","Tôn XNgọc 3.5","Mét",35.6,64000,2278400,0,1838079.6405648268,1838079.6405648268,"KL",null,0]
["60","2020-04-23","PX004",null,"LC 14","La cứng 14","Cây",60,10950,657000,0,498257.97665369645,498257.97665369645,"KL",null,0]
["61","2020-04-23","PX004",null,"TMXN3.5","Tôn XNgọc 3.5","Mét",55,61000,3355000,0,2839729.781771502,2839729.781771502,"KL",null,0]
["62","2020-04-23","PX004",null,"TL4.5","Tôn Lạnh 4.5","Mét",22,79000,1738000,0,1559560.4613610152,1559560.4613610152,"KL",null,0]
["63","2020-04-23","PX004-TT",null,null,"Thu tien luon",0,0,0,0,0,0,0,"KL",18589200,0]
["64","2020-04-24","PX005",null,"HK4080 1.8","Hộp kẽm 40x80 (1.8)","Cây",4,285000,1140000,0,1094623.3019390581,1094623.3019390581,"KL",null,0]
["65","2020-04-24","PX005",null,"HK3060 1.8","Hộp kẽm 30x60 (1.8)","Cây",10,215000,2150000,0,2022723.7701974865,2022723.7701974865,"KL",null,0]
["66","2020-04-24","PX005",null,"MCK 2M","Máng cửa kéo 2m","Cây",1,80000,80000,0,0,0,"KL",null,0]
["67","2020-04-24","PX005",null,"TMXN3.0","Tôn XNgọc 3.0","Mét",4,61000,244000,0,185840.14294222751,185840.14294222751,"KL",null,0]
["68","2020-04-24","PX005",null,"HK4080 1.2 ","Hộp kẽm 40x80 (1.2)","Cây",8,215000,1720000,0,1598060,1598060,"KL",null,0]
["69","2020-04-24","PX005",null,"HK3060 1.2 ","Hộp kẽm 30x60 (1.2) ","Cây",1,163000,163000,0,146786.44859813084,146786.44859813084,"KL",null,0]
["70","2020-04-24","PX005",null,"TMXN4.5","Tôn XNgọc 4.5","Mét",26,78000,2028000,0,1703066.5540688748,1703066.5540688748,"KL",null,0]
["71","2020-04-24","PX005",null,"TMXN3.5","Tôn XNgọc 3.5","Mét",18.5,64000,1184000,0,955181.83568677795,955181.83568677795,"KL",null,0]
["72","2020-04-24","PX005",null,"HK3060 1.3","Hộp kẽm 30x60 (1.3)","Cây",10,174000,1740000,0,1553530.4347826086,1553530.4347826086,"KL",null,0]
["73","2020-04-24","PX005",null,"VK30 1.4","Vuông kẽm 30 (1.4)","Cây",7,125000,875000,0,745761.18637532135,745761.18637532135,"KL",null,0]
["74","2020-04-24","PX005",null,"HK4080 1.4 ","Hộp kẽm 40x80 (1.4) ","Cây",10,240000,2400000,0,2180348.9539748952,2180348.9539748952,"KL",null,0]
["75","2020-04-24","PX005",null,"VK30 1.4","Vuông kẽm 30 (1.4)","Cây",12,122000,1464000,0,1278447.7480719795,1278447.7480719795,"KL",null,0]
["76","2020-04-24","PX005",null,"HK3060 1.4 ","Hộp kẽm 30x60 (1.4) ","Cây",15,183000,2745000,0,2445834.1121495329,2445834.1121495329,"KL",null,0]
["77","2020-04-24","PX005",null,"VK30 1.3","Vuông kẽm 30 (1.3)","Cây",3,117000,351000,0,333000,333000,"KL",null,0]
["78","2020-04-24","PX005",null,"HK3060 1.2 ","Hộp kẽm 30x60 (1.2) ","Cây",3,163000,489000,0,440359.34579439252,440359.34579439252,"KL",null,0]
["79","2020-04-24","PX005",null,"VK30 1.2","Vuông kẽm 30 (1.2)","Cây",2,110000,220000,0,189353.49650349651,189353.49650349651,"KL",null,0]
["80","2020-04-24","PX005",null,"CNCT","Cách nhiệt Cát Tường","Cuộn",2,1360000,2720000,0,2256000,2256000,"KL",null,0]
["81","2020-04-24","PX005",null,"TMXN3.5","Tôn XNgọc 3.5","Mét",27.5,64000,1760000,0,1419864.890885751,1419864.890885751,"KL",null,0]
["82","2020-04-24","PX005",null,"HK3060 1.3","Hộp kẽm 30x60 (1.3)","Cây",10,174000,1740000,0,1553530.4347826086,1553530.4347826086,"KL",null,0]
["83","2020-04-24","PX005-TT",null,null,"Thu tien luon",0,0,0,0,0,0,0,"KL",25213000,0]
["84","2020-04-25","PX006",null,"VK30 1.3","Vuông kẽm 30 (1.3)","Cây",2,125000,250000,0,222000,222000,"KL",null,0]
["85","2020-04-25","PX006",null,"TL3.5","Tôn Lạnh 3.5","Mét",2.5,74000,185000,0,148250,148250,"KL",null,0]
["86","2020-04-25","PX006",null,"TL4.0","Tôn Lạnh 4.0","Mét",45,79000,3555000,0,2934000,2934000,"KL",null,0]
["87","2020-04-25","PX006",null,"VK90 2.0","Vuông kẽm 90 (2.0)","Cây",4,542000,2168000,0,1950000,1950000,"KL",null,0]
["88","2020-04-25","PX006",null,"HK3060 1.4 ","Hộp kẽm 30x60 (1.4) ","Cây",7,186000,1302000,0,1141389.2523364485,1141389.2523364485,"KL",null,0]
["89","2020-04-25","PX006",null,"HK2040 1.4 ","Hộp kẽm 20x40 (1.4) ","Cây",20,125000,2500000,0,2172395.9731543623,2172395.9731543623,"KL",null,0]
["90","2020-04-25","PX006",null,"TMXN4.5","Tôn XNgọc 4.5","Mét",2.25,84000,189000,0,147380.75948672954,147380.75948672954,"KL",null,0]
["91","2020-04-25","PX006",null,"HK4080 1.4 ","Hộp kẽm 40x80 (1.4) ","Cây",10,240000,2400000,0,2180348.9539748952,2180348.9539748952,"KL",null,0]
["92","2020-04-25","PX006",null,"HK3060 1.4 ","Hộp kẽm 30x60 (1.4) ","Cây",10,183000,1830000,0,1630556.0747663551,1630556.0747663551,"KL",null,0]
["93","2020-04-25","PX006",null,"TL5.0 ĐA","Tole Lạnh 5.0 ĐÁ","Mét",128.69999999999999,96000,12355199.999999998,0,11407719.116911763,11407719.116911763,"KL",null,0]
["94","2020-04-25","PX006",null,"TMXN5.0DA","Tôn XNgọc 5.0 ĐÁ","Mét",140.80000000000001,103000,14502400.000000002,0,13250547.803716056,13250547.803716056,"KL",null,0]
["95","2020-04-25","PX006",null,"TMXN4.5","Tôn XNgọc 4.5","Mét",5,75000,375000,0,327512.79885939899,327512.79885939899,"KL",null,0]
["96","2020-04-25","PX006",null,"TMXN4.0","Tôn XNgọc 4.0","Mét",43.5,70000,3045000,0,2607788.9295713981,2607788.9295713981,"KL",null,0]
["97","2020-04-25","PX006",null,"TMXN3.5","Tôn XNgọc 3.5","Mét",10.5,61000,640500,0,542130.23106546851,542130.23106546851,"KL",null,0]
["98","2020-04-25","PX006",null,"TMXN3.0","Tôn XNgọc 3.0","Mét",54,55000,2970000,0,2508841.9297200716,2508841.9297200716,"KL",null,0]
["99","2020-04-25","PX006",null,"TMXN4.0","Tôn XNgọc 4.0","Mét",60,68000,4080000,0,3596950.2476846869,3596950.2476846869,"KL",null,0]
["100","2020-04-25","PX006-TT",null,null,"Thu tien luon",0,0,0,0,0,0,0,"KL",52347100,0]
["101","2020-04-26","PX007",null,"HK3060 1.8","Hộp kẽm 30x60 (1.8)","Cây",4,233000,932000,0,809089.50807899458,809089.50807899458,"KL",null,0]
["102","2020-04-26","PX007",null,"V40Đ","V đen 40(Đ)","Cây",3,170000,510000,0,388235.29411764705,388235.29411764705,"KL",null,0]
["103","2020-04-26","PX007",null,"HK1326 1.2","Hộp kẽm 13x26 (1.2)","Cây",6,72000,432000,0,366457.76293823036,366457.76293823036,"KL",null,0]
["104","2020-04-26","PX007",null,"VK14 1.2","Vuông kẽm 14 (1.2)","Cây",6,54000,324000,0,269208.12182741117,269208.12182741117,"KL",null,0]
["105","2020-04-26","PX007",null,"LC 16","La cứng 16","Cây",10,17000,170000,0,101000,101000,"KL",null,0]
["106","2020-04-26","PX007",null,"HK4080 2.0","Hộp kẽm 40x80(2.0)","Cây",1,380000,380000,0,338850.2702702703,338850.2702702703,"KL",null,0]
["107","2020-04-26","PX007",null,"HK3060 1.4 ","Hộp kẽm 30x60 (1.4) ","Cây",5,186000,930000,0,815278.03738317755,815278.03738317755,"KL",null,0]
["108","2020-04-26","PX007",null,"VK30 1.4","Vuông kẽm 30 (1.4)","Cây",3,125000,375000,0,319611.93701799487,319611.93701799487,"KL",null,0]
["109","2020-04-26","PX007",null,"TL3.5","Tôn Lạnh 3.5","Mét",4.4000000000000004,68000,299200,0,260920.00000000003,260920.00000000003,"KL",null,0]
["110","2020-04-26","PX007",null,"HK3060 1.2 ","Hộp kẽm 30x60 (1.2) ","Cây",1,163000,163000,0,146786.44859813084,146786.44859813084,"KL",null,0]
["111","2020-04-26","PX007",null,"VK30 1.2","Vuông kẽm 30 (1.2)","Cây",5,107000,535000,0,473383.7412587413,473383.7412587413,"KL",null,0]
["112","2020-04-26","PX007",null,"TMXN4.5","Tôn XNgọc 4.5","Mét",14,78000,1092000,0,917035.83680631721,917035.83680631721,"KL",null,0]
["113","2020-04-26","PX007",null,"TL5.0 ĐA","Tole Lạnh 5.0 ĐÁ","Mét",9.1,106000,964600,0,806606.40220588236,806606.40220588236,"KL",null,0]
["114","2020-04-26","PX007",null,"TMXN5.0","Tôn XNgọc 5.0","Mét",61.2,94000,5752800,0,4485999.0768207526,4485999.0768207526,"KL",null,0]
["115","2020-04-26","PX007",null,"TMXN3.0","Tôn XNgọc 3.0","Mét",40.1,61000,2446100,0,1863047.4329958309,1863047.4329958309,"KL",null,0]
["116","2020-04-26","PX007",null,"VK30 1.2","Vuông kẽm 30 (1.2)","Cây",3,114000,342000,0,284030.24475524476,284030.24475524476,"KL",null,0]
["117","2020-04-26","PX007",null,"TMXN3.0","Tôn XNgọc 3.0","Mét",10.5,55000,577500,0,487830.37522334722,487830.37522334722,"KL",null,0]
["118","2020-04-26","PX007-TT",null,null,"Thu tien luon",0,0,0,0,0,0,0,"KL",16225200,0]
["119","2020-04-27","PX008",null,"HK5010 2.0","Hộp kẽm 50x100 (2.0)","Cây",5,470000,2350000,0,2058628.5714285714,2058628.5714285714,"KL",null,0]
["120","2020-04-27","PX008",null,"HK4080 1.4 ","Hộp kẽm 40x80 (1.4) ","Cây",20,240000,4800000,0,4360697.9079497904,4360697.9079497904,"KL",null,0]
["121","2020-04-27","PX008",null,"HK3060 1.2 ","Hộp kẽm 30x60 (1.2) ","Cây",5,163000,815000,0,733932.24299065419,733932.24299065419,"KL",null,0]
["122","2020-04-27","PX008",null,"VK25 1.2","Vuông kẽm 25 (1.2)","Cây",2,92000,184000,0,162946.47887323942,162946.47887323942,"KL",null,0]
["123","2020-04-27","PX008",null,"TMXN5.0DA","Tôn XNgọc 5.0 ĐÁ","Mét",30,107000,3210000,0,2823270.1286326824,2823270.1286326824,"KL",null,0]
["124","2020-04-27","PX008",null,"VK100 1.4","Vuông kẽm 100 (1.4)","Cây",7,410000,2870000,0,2702311.111111111,2702311.111111111,"KL",null,0]
["125","2020-04-27","PX008",null,"HK3060 1.4 ","Hộp kẽm 30x60 (1.4) ","Cây",24,183000,4392000,0,3913334.5794392526,3913334.5794392526,"KL",null,0]
["126","2020-04-27","PX008",null,"HK4080 1.4 ","Hộp kẽm 40x80 (1.4) ","Cây",30,240000,7200000,0,6541046.8619246865,6541046.8619246865,"KL",null,0]
["127","2020-04-27","PX008",null,"VK30 1.4","Vuông kẽm 30 (1.4)","Cây",85,120000,10200000,0,9055671.5488431882,9055671.5488431882,"KL",null,0]
["128","2020-04-27","PX008",null,"HK5010 1.8","Hộp kẽm 50x100 (1.8)","Cây",5,374000,1870000,0,1717346.686746988,1717346.686746988,"KL",null,0]
["129","2020-04-27","PX008",null,"VK40 1.4","Vuông kẽm 40 (1.4)","Cây",25,163000,4075000,0,3585715.0277008312,3585715.0277008312,"KL",null,0]
["130","2020-04-27","PX008",null,"TMXN4.5DA","Tôn XNgọc 4.5 ĐÁ","Mét",12.51,100000,1251000,0,1067661.9574468087,1067661.9574468087,"KL",null,0]
["131","2020-04-27","PX008",null,"V25","V đen25(X)","Cây",1,95000,95000,0,67282.844243792322,67282.844243792322,"KL",null,0]
["132","2020-04-27","PX008",null,"LC 20","La cứng 20","Cây",1,22000,22000,0,14100,14100,"KL",null,0]
["133","2020-04-27","PX008",null,"OK21 1.4","Ống kẽm 21 (1.4)","Cây",10,75000,750000,0,620909.09090909082,620909.09090909082,"KL",null,0]
["134","2020-04-27","PX008",null,"VK30 1.3","Vuông kẽm 30 (1.3)","Cây",4,125000,500000,0,444000,444000,"KL",null,0]
["135","2020-04-27","PX008",null,"LC 30","La cứng 30","Cây",2,30000,60000,0,34000,34000,"KL",null,0]
["136","2020-04-27","PX008",null,"V50T","V đen 50(T)","Cây",1,300000,300000,0,260500,260500,"KL",null,0]
["137","2020-04-27","PX008",null,"TL5.0 ĐA","Tole Lạnh 5.0 ĐÁ","Mét",60,104000,6240000,0,5318283.9705882352,5318283.9705882352,"KL",null,0]
["138","2020-04-27","PX008",null,"TMXN5.0DA","Tôn XNgọc 5.0 ĐÁ","Mét",7.3,107000,781100,0,686995.73130061931,686995.73130061931,"KL",null,0]
["139","2020-04-27","PX008",null,"CNCT","Cách nhiệt Cát Tường","Cuộn",1,1360000,1360000,0,1128000,1128000,"KL",null,0]
["140","2020-04-27","PX008",null,"TMXN5.0DA","Tôn XNgọc 5.0 ĐÁ","Mét",22.5,110000,2475000,0,2117452.5964745115,2117452.5964745115,"KL",null,0]
["141","2020-04-27","PX008",null,"VK40 1.2","Vuông kẽm 40 (1.2)","Cây",3,148000,444000,0,385036.66666666669,385036.66666666669,"KL",null,0]
["142","2020-04-27","PX008",null,"HK2040 1.4 ","Hộp kẽm 20x40 (1.4) ","Cây",2,125000,250000,0,217239.59731543623,217239.59731543623,"KL",null,0]
["143","2020-04-27","PX008",null,"VK20 1.2","Vuông kẽm 20 (1.2)","Cây",4,75000,300000,0,254562.21198156683,254562.21198156683,"KL",null,0]
["144","2020-04-27","PX008",null,"VK25 1.2","Vuông kẽm 25 (1.2)","Cây",2,97000,194000,0,162946.47887323942,162946.47887323942,"KL",null,0]
["145","2020-04-27","PX008",null,"VK30 1.2","Vuông kẽm 30 (1.2)","Cây",1,114000,114000,0,94676.748251748257,94676.748251748257,"KL",null,0]
["146","2020-04-27","PX008",null,"V25","V đen25(X)","Cây",150,80000,12000000,0,10092426.636568848,10092426.636568848,"KL",null,0]
["147","2020-04-27","PX008",null,"TL5.0 ĐA","Tole Lạnh 5.0 ĐÁ","Mét",10,104000,1040000,0,886380.6617647059,886380.6617647059,"KL",null,0]
["148","2020-04-27","PX008",null,"HK3060 1.4 ","Hộp kẽm 30x60 (1.4) ","Cây",1,183000,183000,0,163055.60747663552,163055.60747663552,"KL",null,0]
["149","2020-04-27","PX008",null,"HK2040 1.2 ","Hộp kẽm 20x40 (1.2) ","Cây",6,108000,648000,0,578076.7908309456,578076.7908309456,"KL",null,0]
["150","2020-04-27","PX008",null,"HK2040 1.2 ","Hộp kẽm 20x40 (1.2) ","Cây",1,2000,2000,0,96346.131805157594,96346.131805157594,"KL",null,0]
["151","2020-04-27","PX008",null,"CCS24","Chụp chông sắt 24","Cái",13,2000,26000,0,6044.809384164223,6044.809384164223,"KL",null,0]
["152","2020-04-27","PX008",null,"BX30","Bánh xe 30","Cái",2,12000,24000,0,12107.142857142857,12107.142857142857,"KL",null,0]
["153","2020-04-27","PX008-TT",null,null,"Thu tien luon",0,0,0,0,0,0,0,"KL",71025100,0]
["154","2020-04-28","PX009",null,"TMXN4.0","Tôn XNgọc 4.0","Mét",75.900000000000006,73000,5540700,0,4550142.0633211294,4550142.0633211294,"KL",null,0]
["155","2020-04-28","PX009",null,"VK30 1.4","Vuông kẽm 30 (1.4)","Cây",20,122000,2440000,0,2130746.2467866326,2130746.2467866326,"KL",null,0]
["156","2020-04-28","PX009",null,"TMXN5.0","Tôn XNgọc 5.0","Mét",12.75,90000,1147500,0,934583.14100432338,934583.14100432338,"KL",null,0]
["157","2020-04-28","PX009",null,"TMXN4.5","Tôn XNgọc 4.5","Mét",12,78000,936000,0,786030.71726255759,786030.71726255759,"KL",null,0]
["158","2020-04-28","PX009",null,"VK30 1.2","Vuông kẽm 30 (1.2)","Cây",3,110000,330000,0,284030.24475524476,284030.24475524476,"KL",null,0]
["159","2020-04-28","PX009",null,"V40X","V đen 40(X)","Cây",3,125000,375000,0,291968.67469879519,291968.67469879519,"KL",null,0]
["160","2020-04-28","PX009",null,"HK2040 1.4 ","Hộp kẽm 20x40 (1.4) ","Cây",14,125000,1750000,0,1520677.1812080536,1520677.1812080536,"KL",null,0]
["161","2020-04-28","PX009",null,"V40X","V đen 40(X)","Cây",10,127000,1270000,0,973228.91566265048,973228.91566265048,"KL",null,0]
["162","2020-04-28","PX009",null,"MANG36 1.2 4M","Máng cửa đi 36 (1.2) 4m","Cây",1,144000,144000,0,109354.83870967742,109354.83870967742,"KL",null,0]
["163","2020-04-28","PX009",null,"BX36","Bánh xe 36 ","Cái",2,12000,24000,0,12307.9754601227,12307.9754601227,"KL",null,0]
["164","2020-04-28","PX009",null,"LC 40","La cứng 40","Cây",1,50000,50000,0,26000,26000,"KL",null,0]
["165","2020-04-28","PX009",null,"TL5.0","Tôn Lạnh 5.0","Mét",3,92000,276000,0,228191.56445556943,228191.56445556943,"KL",null,0]
["166","2020-04-28","PX009",null,"TMXN5.0DA","Tôn XNgọc 5.0 ĐÁ","Mét",25,103000,2575000,0,2352725.1071939021,2352725.1071939021,"KL",null,0]
["167","2020-04-28","PX009",null,"TL5.0","Tôn Lạnh 5.0","Mét",147.19999999999999,85000,12511999.999999998,0,11196599.429286607,11196599.429286607,"KL",null,0]
["168","2020-04-28","PX009",null,"TMXN4.0","Tôn XNgọc 4.0","Mét",12.5,70000,875000,0,749364.63493430975,749364.63493430975,"KL",null,0]
["169","2020-04-28","PX009",null,"HK5010 1.8","Hộp kẽm 50x100 (1.8)","Cây",1,364000,364000,0,343469.3373493976,343469.3373493976,"KL",null,0]
["170","2020-04-28","PX009",null,"TMXN4.5","Tôn XNgọc 4.5","Mét",10.4,77500,806000,0,681226.62162754999,681226.62162754999,"KL",null,0]
["171","2020-04-28","PX009",null,"TMXN4.0","Tôn XNgọc 4.0","Mét",12.5,70000,875000,0,749364.63493430975,749364.63493430975,"KL",null,0]
["172","2020-04-28","PX009-TT",null,null,"Thu tien luon",0,0,0,0,0,0,0,"KL",32290200,0]
["173","2020-04-29","PX010",null,"TMXN4.5","Tôn XNgọc 4.5","Mét",18,78000,1404000,0,1179046.0758938363,1179046.0758938363,"KL",null,0]
["174","2020-04-29","PX010",null,"OK90 1.8","Ống kẽm 90 (1.8)","Cây",1,350000,350000,0,321525,321525,"KL",null,0]
["175","2020-04-29","PX010",null,"HK4080 1.4 ","Hộp kẽm 40x80 (1.4) ","Cây",3,240000,720000,0,654104.68619246862,654104.68619246862,"KL",null,0]
["176","2020-04-29","PX010",null,"HK3060 1.4 ","Hộp kẽm 30x60 (1.4) ","Cây",27,178000,4806000,0,4402501.4018691592,4402501.4018691592,"KL",null,0]
["177","2020-04-29","PX010",null,"TL5.0 ĐA","Tole Lạnh 5.0 ĐÁ","Mét",82.2,104000,8548800,0,7286049.0397058828,7286049.0397058828,"KL",null,0]
["178","2020-04-29","PX010",null,"TL3.5","Tôn Lạnh 3.5","Mét",6.5,68000,442000,0,385450,385450,"KL",null,0]
["179","2020-04-29","PX010",null,"HD2550 0.7","Hộp đen 25x50 (0.7)","Cây",100,80000,8000000,0,7271686.9158878503,7271686.9158878503,"KL",null,0]
["180","2020-04-29","PX010",null,"HD2550 0.9","Hộp đen 25x50 (0.9)","Cây",20,106000,2120000,0,1739567.5675675673,1739567.5675675673,"KL",null,0]
["181","2020-04-29","PX010",null,"MANG30 1.2 4M","Máng cửa sổ 30 (1.2) 4m","Cây",1,120000,120000,0,86871.794871794875,86871.794871794875,"KL",null,0]
["182","2020-04-29","PX010",null,"BX30","Bánh xe 30","Cái",2,12000,24000,0,12107.142857142857,12107.142857142857,"KL",null,0]
["183","2020-04-29","PX010",null,"HK4080 1.8","Hộp kẽm 40x80 (1.8)","Cây",20,302000,6040000,0,5473116.5096952906,5473116.5096952906,"KL",null,0]
["184","2020-04-29","PX010",null,"HK3060 1.4 ","Hộp kẽm 30x60 (1.4) ","Cây",5,183000,915000,0,815278.03738317755,815278.03738317755,"KL",null,0]
["185","2020-04-29","PX010",null,"TMXN3.0","Tôn XNgọc 3.0","Mét",7,63000,441000,0,325220.25014889817,325220.25014889817,"KL",null,0]
["186","2020-04-29","PX010",null,"TNSV1.0 3.0M","Tôn nhựa sóng vuông (1.0) 3.0m","Tấm",1,255000,255000,0,184285.71428571429,184285.71428571429,"KL",null,0]
["187","2020-04-29","PX010",null,"TMXN4.5","Tôn XNgọc 4.5","Mét",47.7,75000,3577500,0,3124472.1011186666,3124472.1011186666,"KL",null,0]
["188","2020-04-29","PX010",null,"CN5L","Cách nhiệt 5 li","Mét",42.96,20000,859200,0,329360,329360,"KL",null,0]
["189","2020-04-29","PX010",null,"TL5.0","Tôn Lạnh 5.0","Mét",1.8,85000,153000,0,136914.93867334168,136914.93867334168,"KL",null,0]
["190","2020-04-29","PX010",null,"TMXN4.0","Tôn XNgọc 4.0","Mét",13,70000,910000,0,779339.22033168213,779339.22033168213,"KL",null,0]
["191","2020-04-29","PX010",null,"TMXN3.0","Tôn XNgọc 3.0","Mét",81.7,55000,4493500,0,3795784.9195949971,3795784.9195949971,"KL",null,0]
["192","2020-04-29","PX010",null,"I100","I100","Cây",2,650000,1300000,0,1201611.111111111,1201611.111111111,"KL",null,0]
["193","2020-04-29","PX010",null,"CN10L","Cách nhiệt 10 li","Mét",60.6,21000,1272600,0,792803.15398886835,792803.15398886835,"KL",null,0]
["194","2020-04-29","PX010",null,"OK60 1.4 ","Ống kẽm 60 (1.4) ","Cây",3,190000,570000,0,529518.75,529518.75,"KL",null,0]
["195","2020-04-29","PX010-TT",null,null,"Thu tien luon",0,0,0,0,0,0,0,"KL",47321600,0]
["196","2020-05-02","PX011",null,"OK90 1.8","Ống kẽm 90 (1.8)","Cây",2,374000,748000,0,643050,643050,"KL",null,0]
["197","2020-05-02","PX011",null,"HK4080 1.4 ","Hộp kẽm 40x80 (1.4) ","Cây",2,245000,490000,0,436069.79079497908,436069.79079497908,"KL",null,0]
["198","2020-05-02","PX011",null,"HK3060 1.4 ","Hộp kẽm 30x60 (1.4) ","Cây",11,186000,2046000,0,1793611.6822429907,1793611.6822429907,"KL",null,0]
["199","2020-05-02","PX011",null,"VK30 1.4","Vuông kẽm 30 (1.4)","Cây",3,125000,375000,0,319611.93701799487,319611.93701799487,"KL",null,0]
["200","2020-05-02","PX011",null,"TMXN5.0","Tôn XNgọc 5.0","Mét",24.5,90000,2205000,0,1795865.6434985036,1795865.6434985036,"KL",null,0]
["201","2020-05-02","PX011",null,"CCN36","Chụp nhựa 36","Cái",10,1000,10000,0,2800,2800,"KL",null,0]
["202","2020-05-02","PX011",null,"TMXN4.0","Tôn XNgọc 4.0","Mét",37.799999999999997,70000,2646000,0,2266078.6560413525,2266078.6560413525,"KL",null,0]
["203","2020-05-02","PX011",null,"TMXN3.0","Tôn XNgọc 3.0","Mét",44.4,55000,2442000,0,2062825.5866587253,2062825.5866587253,"KL",null,0]
["204","2020-05-02","PX011",null,"TMXN3.5","Tôn XNgọc 3.5","Mét",16.600000000000001,61000,1012600.0000000001,0,857082.07958921709,857082.07958921709,"KL",null,0]
["205","2020-05-02","PX011",null,"CCS24","Chụp chông sắt 24","Cái",23,2000,46000,0,10694.662756598242,10694.662756598242,"KL",null,0]
["206","2020-05-02","PX011",null,"TMXN4.0","Tôn XNgọc 4.0","Mét",10,70000,700000,0,599491.70794744778,599491.70794744778,"KL",null,0]
["207","2020-05-02","PX011",null,"TMXN5.0","Tôn XNgọc 5.0","Mét",4.5999999999999996,84000,386399.99999999994,0,337182.93714665779,337182.93714665779,"KL",null,0]
["208","2020-05-02","PX011-TT",null,null,"Thu tien luon",0,0,0,0,0,0,0,"KL",13107000,0]
["209","2020-05-04","PX012",null,"TL4.5","Tôn Lạnh 4.5","Mét",55,79000,4345000,0,3898901.1534025376,3898901.1534025376,"KL",null,0]
["210","2020-05-04","PX012",null,"TMXN4.0","Tôn XNgọc 4.0","Mét",5.8,70000,406000,0,347705.19060951972,347705.19060951972,"KL",null,0]
["211","2020-05-04","PX012",null,"TMXN3.0","Tôn XNgọc 3.0","Mét",40.5,53000,2146500,0,1881631.4472900536,1881631.4472900536,"KL",null,0]
["212","2020-05-04","PX012",null,"TMXN4.0","Tôn XNgọc 4.0","Mét",20.399999999999999,68000,1387200,0,1222963.0842127935,1222963.0842127935,"KL",null,0]
["213","2020-05-04","PX012",null,"TMXN5.0","Tôn XNgọc 5.0","Mét",89.5,82000,7339000,0,6560407.1466577994,6560407.1466577994,"KL",null,0]
["214","2020-05-04","PX012",null,"VK30 1.4","Vuông kẽm 30 (1.4)","Cây",4,120000,480000,0,426149.24935732648,426149.24935732648,"KL",null,0]
["215","2020-05-04","PX012",null,"HK1326 1.2","Hộp kẽm 13x26 (1.2)","Cây",20,72000,1440000,0,1221525.8764607678,1221525.8764607678,"KL",null,0]
["216","2020-05-04","PX012",null,"TMXN5.0","Tôn XNgọc 5.0","Mét",4.74,90000,426600,0,347445.02653807786,347445.02653807786,"KL",null,0]
["217","2020-05-04","PX012",null,"HK1326 1.2","Hộp kẽm 13x26 (1.2)","Cây",5,72000,360000,0,305381.46911519195,305381.46911519195,"KL",null,0]
["218","2020-05-04","PX012",null,"I100","I100","Cây",4,680000,2720000,0,2403222.222222222,2403222.222222222,"KL",null,0]
["219","2020-05-04","PX012",null,"CCS24","Chụp chông sắt 24","Cái",110,2200,242000,0,51148.387096774197,51148.387096774197,"KL",null,0]
["220","2020-05-04","PX012",null,"CCN24","Chụp nhựa 24","Cái",22,500,11000,0,3080,3080,"KL",null,0]
["221","2020-05-04","PX012",null,"CCN36","Chụp nhựa 36","Cái",2,1000,2000,0,560,560,"KL",null,0]
["222","2020-05-04","PX012",null,"VK14 1.1","Vuông kẽm 14 (1.1)","Cây",4,48000,192000,0,161000,161000,"KL",null,0]
["223","2020-05-04","PX012-TT",null,null,"Thu tien luon",0,0,0,0,0,0,0,"KL",21497300,0]
["224","2020-05-05","PX013",null,"TL5.0","Tôn Lạnh 5.0","Mét",13.2,88000,1161600,0,1004042.8836045054,1004042.8836045054,"KL",null,0]
["225","2020-05-05","PX013",null,"HK4080 1.4 ","Hộp kẽm 40x80 (1.4) ","Cây",4,240000,960000,0,872139.58158995816,872139.58158995816,"KL",null,0]
["226","2020-05-05","PX013",null,"TL5.0","Tôn Lạnh 5.0","Mét",2,92000,184000,0,152127.7096370463,152127.7096370463,"KL",null,0]
["227","2020-05-05","PX013",null,"HK3060 1.4 ","Hộp kẽm 30x60 (1.4) ","Cây",2,186000,372000,0,326111.21495327103,326111.21495327103,"KL",null,0]
["228","2020-05-05","PX013",null,"TNSV1.0 2.5M","Tôn nhựa sóng vuông (1.0) 2.5m","Tấm",4,200000,800000,0,624226.80412371131,624226.80412371131,"KL",null,0]
["229","2020-05-05","PX013",null,"VK20 1.0","Vuông kẽm 20 (1.0)","Cây",20,63000,1260000,0,1023735.5371900827,1023735.5371900827,"KL",null,0]
["230","2020-05-05","PX013",null,"V30Đ","V đen 30(Đ)","Cây",2,120000,240000,0,178623.02158273381,178623.02158273381,"KL",null,0]
["231","2020-05-05","PX013",null,"OKN34 2.6","Ống kẽm nhúng 34 (2.6)","Cây",2,290000,580000,0,523773.91304347827,523773.91304347827,"KL",null,0]
["232","2020-05-05","PX013",null,"TL4.0","Tôn Lạnh 4.0","Mét",3.5,80000,280000,0,228200,228200,"KL",null,0]
["233","2020-05-05","PX013",null,"BX30","Bánh xe 30","Cái",2,12000,24000,0,12107.142857142857,12107.142857142857,"KL",null,0]
["234","2020-05-05","PX013",null,"V30X","V đen 30(X)","Cây",1,80000,80000,0,67000,67000,"KL",null,0]
["235","2020-05-05","PX013",null,"VK30 1.2","Vuông kẽm 30 (1.2)","Cây",1,115000,115000,0,94676.748251748257,94676.748251748257,"KL",null,0]
["236","2020-05-05","PX013-TT",null,null,"Thu tien luon",0,0,0,0,0,0,0,"KL",6056600,0]
["237","2020-05-06","PX014",null,"HK4080 1.4 ","Hộp kẽm 40x80 (1.4) ","Cây",1,240000,240000,0,218034.89539748954,218034.89539748954,"KL",null,0]
["238","2020-05-06","PX014",null,"VK40 1.4","Vuông kẽm 40 (1.4)","Cây",4,163000,652000,0,573714.40443213296,573714.40443213296,"KL",null,0]
["239","2020-05-06","PX014",null,"TMXN5.0","Tôn XNgọc 5.0","Mét",7,90000,630000,0,513104.46957100101,513104.46957100101,"KL",null,0]
["240","2020-05-06","PX014",null,"MANG30 1.2 4M","Máng cửa sổ 30 (1.2) 4m","Cây",1,128000,128000,0,86871.794871794875,86871.794871794875,"KL",null,0]
["241","2020-05-06","PX014",null,"BX30","Bánh xe 30","Cái",6,12000,72000,0,36321.428571428572,36321.428571428572,"KL",null,0]
["242","2020-05-06","PX014",null,"HK3060 1.2 ","Hộp kẽm 30x60 (1.2) ","Cây",3,163000,489000,0,440359.34579439252,440359.34579439252,"KL",null,0]
["243","2020-05-06","PX014",null,"V40X","V đen 40(X)","Cây",10,127000,1270000,0,973228.91566265048,973228.91566265048,"KL",null,0]
["244","2020-05-06","PX014",null,"TMXN5.0","Tôn XNgọc 5.0","Mét",11.25,92000,1035000,0,824632.18323910877,824632.18323910877,"KL",null,0]
["245","2020-05-06","PX014",null,"HK2550 1.4 ","Hộp kẽm 25x50 (1.4) ","Cây",5,165000,825000,0,683136.05442176864,683136.05442176864,"KL",null,0]
["246","2020-05-06","PX014",null,"VK75 1.8","Vuông kẽm 75 (1.8)","Cây",3,380000,1140000,0,1091562.5,1091562.5,"KL",null,0]
["247","2020-05-06","PX014",null,"HK4080 1.4 ","Hộp kẽm 40x80 (1.4) ","Cây",4,240000,960000,0,872139.58158995816,872139.58158995816,"KL",null,0]
["248","2020-05-06","PX014",null,"HK3060 1.4 ","Hộp kẽm 30x60 (1.4) ","Cây",38,178000,6764000,0,6196113.0841121497,6196113.0841121497,"KL",null,0]
["249","2020-05-06","PX014",null,"VK30 1.4","Vuông kẽm 30 (1.4)","Cây",8,120000,960000,0,852298.49871465296,852298.49871465296,"KL",null,0]
["250","2020-05-06","PX014",null,"VK90 1.8 VT","Vuông kẽm 90 (1.8) VT","Cây",3,462000,1386000,0,1305000,1305000,"KL",null,0]
["251","2020-05-06","PX014",null,"HK5010 1.8","Hộp kẽm 50x100 (1.8)","Cây",5,387000,1935000,0,1717346.686746988,1717346.686746988,"KL",null,0]
["252","2020-05-06","PX014",null,"TL5.0","Tôn Lạnh 5.0","Mét",60,92000,5520000,0,4563831.2891113888,4563831.2891113888,"KL",null,0]
["253","2020-05-06","PX014",null,"TMXN4.0","Tôn XNgọc 4.0","Mét",17.100000000000001,73000,1248300,0,1025130.8205901358,1025130.8205901358,"KL",null,0]
["254","2020-05-06","PX014",null,"TMXN5.0","Tôn XNgọc 5.0","Mét",98.3,90000,8847000,0,7205452.7655470576,7205452.7655470576,"KL",null,0]
["255","2020-05-06","PX014",null,"HK4080 1.4 ","Hộp kẽm 40x80 (1.4) ","Cây",3,237000,711000,0,654104.68619246862,654104.68619246862,"KL",null,0]
["256","2020-05-06","PX014-TT",null,null,"Thu tien luon",0,0,0,0,0,0,0,"KL",34812300,0]
["257","2020-05-07","PX015",null,"OD90 1.4","Ống đen 90 (1.4)","Cây",4,325000,1300000,0,1175538.4615384615,1175538.4615384615,"KL",null,0]
["258","2020-05-07","PX015",null,"OD34 1.1","Ống đen 34 (1.1)","Cây",6,112000,672000,0,444000,444000,"KL",null,0]
["259","2020-05-07","PX015",null,"TMXN5.0DA","Tôn XNgọc 5.0 ĐÁ","Mét",30,110000,3300000,0,2823270.1286326824,2823270.1286326824,"KL",null,0]
["260","2020-05-07","PX015",null,"TMXN4.0","Tôn XNgọc 4.0","Mét",4,73000,292000,0,239796.68317897912,239796.68317897912,"KL",null,0]
["261","2020-05-07","PX015",null,"TL5.0","Tôn Lạnh 5.0","Mét",18,89000,1602000,0,1369149.3867334167,1369149.3867334167,"KL",null,0]
["262","2020-05-07","PX015",null,"OK90 1.8","Ống kẽm 90 (1.8)","Cây",1,355000,355000,0,321525,321525,"KL",null,0]
["263","2020-05-07","PX015",null,"VK30 1.2","Vuông kẽm 30 (1.2)","Cây",5,107000,535000,0,473383.7412587413,473383.7412587413,"KL",null,0]
["264","2020-05-07","PX015",null,"TMXN5.0","Tôn XNgọc 5.0","Mét",21.2,90000,1908000,0,1553973.5364150316,1553973.5364150316,"KL",null,0]
["265","2020-05-07","PX015",null,"TMXN4.0","Tôn XNgọc 4.0","Mét",3,73000,219000,0,179847.51238423435,179847.51238423435,"KL",null,0]
["266","2020-05-07","PX015",null,"V30Đ","V đen 30(Đ)","Cây",7,115000,805000,0,625180.57553956832,625180.57553956832,"KL",null,0]
["267","2020-05-07","PX015",null,"LC 40 4","La cứng 40 4li","Cây",1,90000,90000,0,62000,62000,"KL",null,0]
["268","2020-05-07","PX015",null,"LC 40","La cứng 40","Cây",2,50000,100000,0,52000,52000,"KL",null,0]
["269","2020-05-07","PX015",null,"LC 30","La cứng 30","Cây",1,35000,35000,0,17000,17000,"KL",null,0]
["270","2020-05-07","PX015",null,"V30Đ","V đen 30(Đ)","Cây",2,125000,250000,0,178623.02158273381,178623.02158273381,"KL",null,0]
["271","2020-05-07","PX015",null,"HD2550 0.7","Hộp đen 25x50 (0.7)","Cây",150,80000,12000000,0,10907530.373831775,10907530.373831775,"KL",null,0]
["272","2020-05-07","PX015",null,"HK4080 1.4 ","Hộp kẽm 40x80 (1.4) ","Cây",20,240000,4800000,0,4360697.9079497904,4360697.9079497904,"KL",null,0]
["273","2020-05-07","PX015",null,"TMXN4.5","Tôn XNgọc 4.5","Mét",13.5,78000,1053000,0,884284.5569203773,884284.5569203773,"KL",null,0]
["274","2020-05-07","PX015",null,"TMXN3.0","Tôn XNgọc 3.0","Mét",16,58000,928000,0,743360.57176891004,743360.57176891004,"KL",null,0]
["275","2020-05-07","PX015-TT",null,null,"Thu tien luon",0,0,0,0,0,0,0,"KL",30244000,0]
["276","2020-05-08","PX016",null,"TMXN4.0","Tôn XNgọc 4.0","Mét",22.2,73000,1620600,0,1330871.5916433341,1330871.5916433341,"KL",null,0]
["277","2020-05-08","PX016",null,"TMXN5.0","Tôn XNgọc 5.0","Mét",40,87000,3480000,0,2932025.5404057205,2932025.5404057205,"KL",null,0]
["278","2020-05-08","PX016",null,"HK2040 1.2 ","Hộp kẽm 20x40 (1.2) ","Cây",10,108000,1080000,0,963461.31805157592,963461.31805157592,"KL",null,0]
["279","2020-05-08","PX016",null,"LC 14","La cứng 14","Cây",7,14000,98000,0,58130.097276264583,58130.097276264583,"KL",null,0]
["280","2020-05-08","PX016",null,"NCN","Nẹp tam giác Nhỏ","Cây",10,10000,100000,0,74000,74000,"KL",null,0]
["281","2020-05-08","PX016",null,"V30Đ","V đen 30(Đ)","Cây",3,115000,345000,0,267934.5323741007,267934.5323741007,"KL",null,0]
["282","2020-05-08","PX016",null,"V40T","V đen 40(T)","Cây",8,190000,1520000,0,1337600,1337600,"KL",null,0]
["283","2020-05-08","PX016",null,"HK3060 1.2 ","Hộp kẽm 30x60 (1.2) ","Cây",19,163000,3097000,0,2788942.5233644862,2788942.5233644862,"KL",null,0]
["284","2020-05-08","PX016",null,"HK1326 1.2","Hộp kẽm 13x26 (1.2)","Cây",55,70000,3850000,0,3359196.1602671118,3359196.1602671118,"KL",null,0]
["285","2020-05-08","PX016",null,"VK14 1.1","Vuông kẽm 14 (1.1)","Cây",5,47000,235000,0,201250,201250,"KL",null,0]
["286","2020-05-08","PX016",null,"HK4080 1.4 ","Hộp kẽm 40x80 (1.4) ","Cây",9,240000,2160000,0,1962314.0585774058,1962314.0585774058,"KL",null,0]
["287","2020-05-08","PX016",null,"VK40 1.4","Vuông kẽm 40 (1.4)","Cây",20,163000,3260000,0,2868572.0221606647,2868572.0221606647,"KL",null,0]
["288","2020-05-08","PX016",null,"VK90 2.0","Vuông kẽm 90 (2.0)","Cây",2,560000,1120000,0,975000,975000,"KL",null,0]
["289","2020-05-08","PX016",null,"TL3.5","Tôn Lạnh 3.5","Mét",4.4000000000000004,67000,294800,0,260920.00000000003,260920.00000000003,"KL",null,0]
["290","2020-05-08","PX016",null,"TMXN4.5","Tôn XNgọc 4.5","Mét",7.6,81000,615600,0,497819.45426628646,497819.45426628646,"KL",null,0]
["291","2020-05-08","PX016",null,"TMXN3.5","Tôn XNgọc 3.5","Mét",2.1,67000,140700,0,108426.04621309372,108426.04621309372,"KL",null,0]
["292","2020-05-08","PX016",null,"TL4.5","Tôn Lạnh 4.5","Mét",5,84000,420000,0,354445.5594002307,354445.5594002307,"KL",null,0]
["293","2020-05-08","PX016",null,"VK30 1.8","Vuông kẽm 30 (1.8)","Cây",2,165000,330000,0,274400,274400,"KL",null,0]
["294","2020-05-08","PX016",null,"TL3.5","Tôn Lạnh 3.5","Mét",1.8,72000,129600,0,106740,106740,"KL",null,0]
["295","2020-05-08","PX016-TT",null,null,"Thu tien luon",0,0,0,0,0,0,0,"KL",23896300,0]
["296","2020-05-09","PX017",null,"HK1326 1.1","Hộp kẽm 13x26 (1.1)","Cây",3,78000,234000,0,169117.53554502368,169117.53554502368,"KL",null,0]
["297","2020-05-09","PX017",null,"TMXN3.5","Tôn XNgọc 3.5","Mét",8.5,67000,569500,0,438867.32991014124,438867.32991014124,"KL",null,0]
["298","2020-05-09","PX017",null,"TMXN4.5","Tôn XNgọc 4.5","Mét",16,81000,1296000,0,1048040.9563500768,1048040.9563500768,"KL",null,0]
["299","2020-05-09","PX017",null,"TMXN4.0","Tôn XNgọc 4.0","Mét",3.5,76000,266000,0,209822.09778160672,209822.09778160672,"KL",null,0]
["300","2020-05-09","PX017",null,"VK40 1.4","Vuông kẽm 40 (1.4)","Cây",12,183000,2196000,0,1721143.213296399,1721143.213296399,"KL",null,0]
["301","2020-05-09","PX017",null,"TL5.0 ĐA","Tole Lạnh 5.0 ĐÁ","Mét",35.4,104000,3681600,0,3137787.5426470586,3137787.5426470586,"KL",null,0]
["302","2020-05-09","PX017",null,"TL3.5","Tôn Lạnh 3.5","Mét",18,70000,1260000,0,1067400,1067400,"KL",null,0]
["303","2020-05-09","PX017",null,"HK5010 1.3","Hộp kẽm 50x100 (1.3)","Cây",9,295000,2655000,0,2480400,2480400,"KL",null,0]
["304","2020-05-09","PX017",null,"TMXN4.5","Tôn XNgọc 4.5","Mét",33,78000,2574000,0,2161584.4724720335,2161584.4724720335,"KL",null,0]
["305","2020-05-09","PX017",null,"TMXN3.0","Tôn XNgọc 3.0","Mét",3.6,63000,226800,0,167256.12864800476,167256.12864800476,"KL",null,0]
["306","2020-05-09","PX017",null,"HK2040 1.4 ","Hộp kẽm 20x40 (1.4) ","Cây",8,122000,976000,0,868958.38926174492,868958.38926174492,"KL",null,0]
["307","2020-05-09","PX017",null,"HK3060 1.4 ","Hộp kẽm 30x60 (1.4) ","Cây",3,183000,549000,0,489166.82242990658,489166.82242990658,"KL",null,0]
["308","2020-05-09","PX017",null,"HK1326 1.1","Hộp kẽm 13x26 (1.1)","Cây",1,72000,72000,0,56372.51184834123,56372.51184834123,"KL",null,0]
["309","2020-05-09","PX017",null,"TL5.0","Tôn Lạnh 5.0","Mét",4.75,92000,437000,0,361303.31038798497,361303.31038798497,"KL",null,0]
["310","2020-05-09","PX017",null,"OK49 1.8","Ống kẽm 49 (1.8)","Cây",18,203000,3654000,0,3304492.682926829,3304492.682926829,"KL",null,0]
["311","2020-05-09","PX017",null,"VK40 1.8","Vuông kẽm 40 (1.8)","Cây",1,205000,205000,0,181353.9003436426,181353.9003436426,"KL",null,0]
["312","2020-05-09","PX017",null,"TL5.0","Tôn Lạnh 5.0","Mét",15,89000,1335000,0,1140957.8222778472,1140957.8222778472,"KL",null,0]
["313","2020-05-09","PX017",null,"LC 14","La cứng 14","Cây",60,10640,638400,0,498257.97665369645,498257.97665369645,"KL",null,0]
["314","2020-05-09","PX017",null,"VK40 1.4","Vuông kẽm 40 (1.4)","Cây",20,163000,3260000,0,2868572.0221606647,2868572.0221606647,"KL",null,0]
["315","2020-05-09","PX017",null,"OK27 1.2","Ống kẽm 27 (1.2)","Cây",10,78000,780000,0,680000,680000,"KL",null,0]
["316","2020-05-09","PX017",null,"OK27 1.8","Ống kẽm 27 (1.8)","Cây",2,110000,220000,0,203834.14634146341,203834.14634146341,"KL",null,0]
["317","2020-05-09","PX017",null,"V40K","V kẽm 40","Cây",5,203000,1015000,0,892297.79411764699,892297.79411764699,"KL",null,0]
["318","2020-05-09","PX017",null,"OK90 1.8","Ống kẽm 90 (1.8)","Cây",2,355000,710000,0,643050,643050,"KL",null,0]
["319","2020-05-09","PX017",null,"VK30 1.8","Vuông kẽm 30 (1.8)","Cây",5,165000,825000,0,686000,686000,"KL",null,0]
["320","2020-05-09","PX017",null,"V40Đ","V đen 40(Đ)","Cây",2,170000,340000,0,258823.5294117647,258823.5294117647,"KL",null,0]
["321","2020-05-09","PX017",null,"TL4.0","Tôn Lạnh 4.0","Mét",6.75,79000,533250,0,440100,440100,"KL",null,0]
["322","2020-05-09","PX017",null,"TL4.0","Tôn Lạnh 4.0","Mét",50.4,74000,3729600,0,3286080,3286080,"KL",null,0]
["323","2020-05-09","PX017",null,"VK30 1.2","Vuông kẽm 30 (1.2)","Cây",4,107000,428000,0,378706.99300699303,378706.99300699303,"KL",null,0]
["324","2020-05-09","PX017-TT",null,null,"Thu tien luon",0,0,0,0,0,0,0,"KL",34666150,0]
["325","2020-05-10","PX018",null,"TMXN3.0","Tôn XNgọc 3.0","Mét",4.5,63000,283500,0,209070.16081000594,209070.16081000594,"KL",null,0]
["326","2020-05-10","PX018",null,"HK1326 1.1","Hộp kẽm 13x26 (1.1)","Cây",4,66000,264000,0,225490.04739336492,225490.04739336492,"KL",null,0]
["327","2020-05-10","PX018",null,"VK75 1.4","Vuông kẽm 75 (1.4)","Cây",1,305000,305000,0,287505.71428571426,287505.71428571426,"KL",null,0]
["328","2020-05-10","PX018",null,"CCS1326","Chụp chông sắt 1326","Cái",7,1800,12600,0,1120,1120,"KL",null,0]
["329","2020-05-10","PX018",null,"TMXN4.5","Tôn XNgọc 4.5","Mét",16.5,75000,1237500,0,1080792.2362360167,1080792.2362360167,"KL",null,0]
["330","2020-05-10","PX018",null,"TMXN3.0","Tôn XNgọc 3.0","Mét",15,55000,825000,0,696900.53603335319,696900.53603335319,"KL",null,0]
["331","2020-05-10","PX018-TT",null,null,"Thu tien luon",0,0,0,0,0,0,0,"KL",2927600,0]
["332","2020-05-11","PX019",null,"TMXN4.0","Tôn XNgọc 4.0","Mét",45.5,73000,3321500,0,2727687.2711608876,2727687.2711608876,"KL",null,0]
["333","2020-05-11","PX019",null,"MANG30 1.2 4M","Máng cửa sổ 30 (1.2) 4m","Cây",1,128000,128000,0,86871.794871794875,86871.794871794875,"KL",null,0]
["334","2020-05-11","PX019",null,"BX30","Bánh xe 30","Cái",2,12000,24000,0,12107.142857142857,12107.142857142857,"KL",null,0]
["335","2020-05-11","PX019",null,"CCS24","Chụp chông sắt 24","Cái",10,2400,24000,0,4649.8533724340177,4649.8533724340177,"KL",null,0]
["336","2020-05-11","PX019",null,"CCN24","Chụp nhựa 24","Cái",4,500,2000,0,560,560,"KL",null,0]
["337","2020-05-11","PX019",null,"CCN36","Chụp nhựa 36","Cái",4,1000,4000,0,1120,1120,"KL",null,0]
["338","2020-05-11","PX019",null,"TL4.0","Tôn Lạnh 4.0","Mét",5,79000,395000,0,326000,326000,"KL",null,0]
["339","2020-05-11","PX019",null,"TMXN5.0","Tôn XNgọc 5.0","Mét",1.6,90000,144000,0,117281.02161622881,117281.02161622881,"KL",null,0]
["340","2020-05-11","PX019",null,"BX30","Bánh xe 30","Cái",2,12000,24000,0,12107.142857142857,12107.142857142857,"KL",null,0]
["341","2020-05-11","PX019",null,"TNSV1.0 2.5M","Tôn nhựa sóng vuông (1.0) 2.5m","Tấm",3,200000,600000,0,468170.10309278348,468170.10309278348,"KL",null,0]
["342","2020-05-11","PX019",null,"TMXN5.0","Tôn XNgọc 5.0","Mét",3.1,112000,347200,0,227231.97938144332,227231.97938144332,"KL",null,0]
["343","2020-05-11","PX019",null,"TL5.0 ĐA","Tole Lạnh 5.0 ĐÁ","Mét",28,105000,2940000,0,2481865.8529411764,2481865.8529411764,"KL",null,0]
["344","2020-05-11","PX019",null,"HK3060 1.3","Hộp kẽm 30x60 (1.3)","Cây",6,172000,1032000,0,932118.26086956519,932118.26086956519,"KL",null,0]
["345","2020-05-11","PX019",null,"VK40 1.4","Vuông kẽm 40 (1.4)","Cây",4,163000,652000,0,573714.40443213296,573714.40443213296,"KL",null,0]
["346","2020-05-11","PX019",null,"HK3060 1.2 ","Hộp kẽm 30x60 (1.2) ","Cây",12,169000,2028000,0,1761437.3831775701,1761437.3831775701,"KL",null,0]
["347","2020-05-11","PX019",null,"HD2550 0.7","Hộp đen 25x50 (0.7)","Cây",100,80000,8000000,0,7271686.9158878503,7271686.9158878503,"KL",null,0]
["348","2020-05-11","PX019",null,"HK2040 1.4 ","Hộp kẽm 20x40 (1.4) ","Cây",40,128000,5120000,0,4344791.9463087246,4344791.9463087246,"KL",null,0]
["349","2020-05-11","PX019",null,"VK40 1.4","Vuông kẽm 40 (1.4)","Cây",10,163000,1630000,0,1434286.0110803323,1434286.0110803323,"KL",null,0]
["350","2020-05-11","PX019",null,"TMXN4.0","Tôn XNgọc 4.0","Mét",21,76000,1596000,0,1258932.5866896403,1258932.5866896403,"KL",null,0]
["351","2020-05-11","PX019",null,"CCN36","Chụp nhựa 36","Cái",10,840,8400,0,2800,2800,"KL",null,0]
["352","2020-05-11","PX019",null,"HK1326 1.1","Hộp kẽm 13x26 (1.1)","Cây",2,66000,132000,0,112745.02369668246,112745.02369668246,"KL",null,0]
["353","2020-05-11","PX019-TT",null,null,"Thu tien luon",0,0,0,0,0,0,0,"KL",28152100,0]
["354","2020-05-12","PX020",null,"HK4080 2.0","Hộp kẽm 40x80(2.0)","Cây",6,375000,2250000,0,2033101.6216216218,2033101.6216216218,"KL",null,0]
["355","2020-05-12","PX020",null,"HK5010 1.4 ","Hộp kẽm 50x100 (1.4) ","Cây",20,299000,5980000,0,5507553.846153846,5507553.846153846,"KL",null,0]
["356","2020-05-12","PX020",null,"TMXN5.0DA","Tôn XNgọc 5.0 ĐÁ","Mét",3,112000,336000,0,282327.01286326826,282327.01286326826,"KL",null,0]
["357","2020-05-12","PX020",null,"HK5010 1.8","Hộp kẽm 50x100 (1.8)","Cây",3,390000,1170000,0,1030408.0120481928,1030408.0120481928,"KL",null,0]
["358","2020-05-12","PX020",null,"HK4080 1.8","Hộp kẽm 40x80 (1.8)","Cây",1,305000,305000,0,273655.82548476453,273655.82548476453,"KL",null,0]
["359","2020-05-12","PX020",null,"V40X","V đen 40(X)","Cây",10,127000,1270000,0,973228.91566265048,973228.91566265048,"KL",null,0]
["360","2020-05-12","PX020",null,"VL40","V Lỗ 40","Cây",20,53000,1060000,0,863684.21052631573,863684.21052631573,"KL",null,0]
["361","2020-05-12","PX020",null,"VL30","V Lỗ 30","Cây",10,42000,420000,0,324000,324000,"KL",null,0]
["362","2020-05-12","PX020",null,"VK20 1.0","Vuông kẽm 20 (1.0)","Cây",2,58000,116000,0,102373.55371900827,102373.55371900827,"KL",null,0]
["363","2020-05-12","PX020",null,"LC 40 4","La cứng 40 4li","Cây",1,90000,90000,0,62000,62000,"KL",null,0]
["364","2020-05-12","PX020",null,"TMXN3.5","Tôn XNgọc 3.5","Mét",6.4,61000,390400,0,330441.2836970475,330441.2836970475,"KL",null,0]
["365","2020-05-12","PX020",null,"TMXN4.5","Tôn XNgọc 4.5","Mét",21,73000,1533000,0,1375553.7552094758,1375553.7552094758,"KL",null,0]
["366","2020-05-12","PX020",null,"I100","I100","Cây",1,650000,650000,0,600805.5555555555,600805.5555555555,"KL",null,0]
["367","2020-05-12","PX020",null,"TMXN4.0","Tôn XNgọc 4.0","Mét",35,70000,2450000,0,2098220.9778160672,2098220.9778160672,"KL",null,0]
["368","2020-05-12","PX020",null,"OK60 1.4 ","Ống kẽm 60 (1.4) ","Cây",3,190000,570000,0,529518.75,529518.75,"KL",null,0]
["369","2020-05-12","PX020-TT",null,null,"Thu tien luon",0,0,0,0,0,0,0,"KL",18590400,0]
["370","2020-05-13","PX021",null,"TL3.5","Tôn Lạnh 3.5","Mét",8.1999999999999993,70000,574000,0,486259.99999999994,486259.99999999994,"KL",null,0]
["371","2020-05-13","PX021",null,"HK4080 1.4 ","Hộp kẽm 40x80 (1.4) ","Cây",2,240000,480000,0,436069.79079497908,436069.79079497908,"KL",null,0]
["372","2020-05-13","PX021",null,"TMXN5.0DA","Tôn XNgọc 5.0 ĐÁ","Mét",2,112000,224000,0,188218.00857551215,188218.00857551215,"KL",null,0]
["373","2020-05-13","PX021",null,"HK5010 2.0","Hộp kẽm 50x100 (2.0)","Cây",3,450000,1350000,0,1235177.1428571427,1235177.1428571427,"KL",null,0]
["374","2020-05-13","PX021",null,"HK4080 1.8","Hộp kẽm 40x80 (1.8)","Cây",5,315000,1575000,0,1368279.1274238226,1368279.1274238226,"KL",null,0]
["375","2020-05-13","PX021",null,"TMXN4.5","Tôn XNgọc 4.5","Mét",48.6,81000,3936600,0,3183424.4049133584,3183424.4049133584,"KL",null,0]
["376","2020-05-13","PX021",null,"HK3060 2.0","Hộp kẽm 30x60 (2.0)","Cây",3,285000,855000,0,736236.73469387752,736236.73469387752,"KL",null,0]
["377","2020-05-13","PX021",null,"VK30 1.8","Vuông kẽm 30 (1.8)","Cây",12,165000,1980000,0,1646400,1646400,"KL",null,0]
["378","2020-05-13","PX021",null,"V40T","V đen 40(T)","Cây",10,210000,2100000,0,1672000,1672000,"KL",null,0]
["379","2020-05-13","PX021",null,"VK14 1.1","Vuông kẽm 14 (1.1)","Cây",3,47000,141000,0,120750,120750,"KL",null,0]
["380","2020-05-13","PX021",null,"HK1326 1.1","Hộp kẽm 13x26 (1.1)","Cây",3,64000,192000,0,169117.53554502368,169117.53554502368,"KL",null,0]
["381","2020-05-13","PX021",null,"V30Đ","V đen 30(Đ)","Cây",5,125000,625000,0,446557.55395683454,446557.55395683454,"KL",null,0]
["382","2020-05-13","PX021",null,"LC 25","La cứng 25","Cây",3,25000,75000,0,68400,68400,"KL",null,0]
["383","2020-05-13","PX021",null,"LC 14","La cứng 14","Cây",3,14000,42000,0,24912.898832684823,24912.898832684823,"KL",null,0]
["384","2020-05-13","PX021",null,"CCS24","Chụp chông sắt 24","Cái",90,2200,198000,0,41848.680351906158,41848.680351906158,"KL",null,0]
["385","2020-05-13","PX021",null,"VK20 1.0","Vuông kẽm 20 (1.0)","Cây",2,58000,116000,0,102373.55371900827,102373.55371900827,"KL",null,0]
["386","2020-05-13","PX021",null,"VK40 1.2","Vuông kẽm 40 (1.2)","Cây",4,143000,572000,0,513382.22222222225,513382.22222222225,"KL",null,0]
["387","2020-05-13","PX021",null,"HK4080 1.8","Hộp kẽm 40x80 (1.8)","Cây",9,295000,2655000,0,2462902.429362881,2462902.429362881,"KL",null,0]
["388","2020-05-13","PX021",null,"VK14 1.0","Vuông kẽm 14 (1.0)","Cây",3,43000,129000,0,120900,120900,"KL",null,0]
["389","2020-05-13","PX021",null,"TL5.0 ĐA","Tole Lạnh 5.0 ĐÁ","Mét",16.5,101000,1666500,0,1462528.0919117646,1462528.0919117646,"KL",null,0]
["390","2020-05-13","PX021",null,"HK4080 1.4 ","Hộp kẽm 40x80 (1.4) ","Cây",5,236000,1180000,0,1090174.4769874476,1090174.4769874476,"KL",null,0]
["391","2020-05-13","PX021",null,"HK5010 1.8","Hộp kẽm 50x100 (1.8)","Cây",1,390000,390000,0,343469.3373493976,343469.3373493976,"KL",null,0]
["392","2020-05-13","PX021",null,"VK100 1.8","Vuông kẽm 100 (1.8)","Cây",1,490000,490000,0,472858.66666666669,472858.66666666669,"KL",null,0]
["393","2020-05-13","PX021",null,"HK612 1.8","Hộp Kẽm 60x120 (1.8)","Cây",4,460000,1840000,0,1657558.4415584416,1657558.4415584416,"KL",null,0]
["394","2020-05-13","PX021",null,"HK3060 1.4 ","Hộp kẽm 30x60 (1.4) ","Cây",23,178000,4094000,0,3750278.9719626168,3750278.9719626168,"KL",null,0]
["395","2020-05-13","PX021",null,"TL5.0 ĐA","Tole Lạnh 5.0 ĐÁ","Mét",104,102000,10608000,0,9218358.8823529407,9218358.8823529407,"KL",null,0]
["396","2020-05-13","PX021",null,"TL4.0","Tôn Lạnh 4.0","Mét",2.5,73000,182500,0,163000,163000,"KL",null,0]
["397","2020-05-13","PX021-TT",null,null,"Thu tien luon",0,0,0,0,0,0,0,"KL",38270600,0]
["398","2020-05-14","PX022",null,"TMXN4.5","Tôn XNgọc 4.5","Mét",1.55,84000,130200,0,101528.9676464137,101528.9676464137,"KL",null,0]
["399","2020-05-14","PX022",null,"VK20 1.0","Vuông kẽm 20 (1.0)","Cây",40,56000,2240000,0,2047471.0743801654,2047471.0743801654,"KL",null,0]
["400","2020-05-14","PX022",null,"HK3060 1.4 ","Hộp kẽm 30x60 (1.4) ","Cây",10,180000,1800000,0,1630556.0747663551,1630556.0747663551,"KL",null,0]
["401","2020-05-14","PX022",null,"HK4080 1.4 ","Hộp kẽm 40x80 (1.4) ","Cây",5,240000,1200000,0,1090174.4769874476,1090174.4769874476,"KL",null,0]
["402","2020-05-14","PX022",null,"TMXN5.0DA","Tôn XNgọc 5.0 ĐÁ","Mét",21.4,107000,2289800,0,2013932.69175798,2013932.69175798,"KL",null,0]
["403","2020-05-14","PX022",null,"TMXN5.0","Tôn XNgọc 5.0","Mét",10,87000,870000,0,733006.38510143012,733006.38510143012,"KL",null,0]
["404","2020-05-14","PX022",null,"TMXN5.0DA","Tôn XNgọc 5.0 ĐÁ","Mét",27,107000,2889000,0,2540943.1157694142,2540943.1157694142,"KL",null,0]
["405","2020-05-14","PX022",null,"TL5.0 ĐA","Tole Lạnh 5.0 ĐÁ","Mét",90.2,104000,9380800,0,7995153.5691176476,7995153.5691176476,"KL",null,0]
["406","2020-05-14","PX022",null,"HK5010 1.8","Hộp kẽm 50x100 (1.8)","Cây",1,390000,390000,0,343469.3373493976,343469.3373493976,"KL",null,0]
["407","2020-05-14","PX022",null,"TMXN3.0","Tôn XNgọc 3.0","Mét",10,55000,550000,0,464600.35735556879,464600.35735556879,"KL",null,0]
["408","2020-05-14","PX022",null,"TMXN4.0","Tôn XNgọc 4.0","Mét",20,70000,1400000,0,1198983.4158948956,1198983.4158948956,"KL",null,0]
["409","2020-05-14","PX022",null,"OK90 1.8","Ống kẽm 90 (1.8)","Cây",1,335000,335000,0,321525,321525,"KL",null,0]
["410","2020-05-14","PX022",null,"TL5.0","Tôn Lạnh 5.0","Mét",149.5,89000,13305500,0,11371546.295369212,11371546.295369212,"KL",null,0]
["411","2020-05-14","PX022",null,"TL5.0 ĐA","Tole Lạnh 5.0 ĐÁ","Mét",6.5,102000,663000,0,576147.4301470588,576147.4301470588,"KL",null,0]
["412","2020-05-14","PX022-TT",null,null,"Thu tien luon",0,0,0,0,0,0,0,"KL",37443300,0]
["413","2020-05-15","PX023",null,"TMXN5.0DA","Tôn XNgọc 5.0 ĐÁ","Mét",161.19999999999999,110000,17732000,0,15170371.491186278,15170371.491186278,"KL",null,0]
["414","2020-05-15","PX023",null,"HK3060 1.4 ","Hộp kẽm 30x60 (1.4) ","Cây",2,180000,360000,0,326111.21495327103,326111.21495327103,"KL",null,0]
["415","2020-05-15","PX023",null,"VK30 1.4","Vuông kẽm 30 (1.4)","Cây",4,122000,488000,0,426149.24935732648,426149.24935732648,"KL",null,0]
["416","2020-05-15","PX023",null,"HK4080 1.8","Hộp kẽm 40x80 (1.8)","Cây",15,315000,4725000,0,4104837.3822714677,4104837.3822714677,"KL",null,0]
["417","2020-05-15","PX023",null,"V50Đ","V đen 50(Đ)","Cây",5,245000,1225000,0,994591.54929577466,994591.54929577466,"KL",null,0]
["418","2020-05-15","PX023",null,"VK14 1.2","Vuông kẽm 14 (1.2)","Cây",20,52000,1040000,0,897360.4060913705,897360.4060913705,"KL",null,0]
["419","2020-05-15","PX023",null,"V40T","V đen 40(T)","Cây",1,190000,190000,0,167200,167200,"KL",null,0]
["420","2020-05-15","PX023-TT",null,null,"Thu tien luon",0,0,0,0,0,0,0,"KL",25760000,0]
["421","2020-05-16","PX024",null,"TMXN5.0","Tôn XNgọc 5.0","Mét",315.3,82000,25854600,0,23111691.32224809,23111691.32224809,"KL",null,0]
["422","2020-05-16","PX024",null,"TMXN5.0DA","Tôn XNgọc 5.0 ĐÁ","Mét",15,110000,1650000,0,1411635.0643163412,1411635.0643163412,"KL",null,0]
["423","2020-05-16","PX024",null,"TMXN4.5","Tôn XNgọc 4.5","Mét",17.2,78000,1341600,0,1126644.0280763325,1126644.0280763325,"KL",null,0]
["424","2020-05-16","PX024",null,"HK4080 1.3","Hộp kẽm 40x80 (1.3)","Cây",1,224000,224000,0,211300.9708737864,211300.9708737864,"KL",null,0]
["425","2020-05-16","PX024",null,"HK3060 1.3","Hộp kẽm 30x60 (1.3)","Cây",5,166000,830000,0,776765.21739130432,776765.21739130432,"KL",null,0]
["426","2020-05-16","PX024",null,"HK1326 1.1","Hộp kẽm 13x26 (1.1)","Cây",5,64000,320000,0,281862.55924170616,281862.55924170616,"KL",null,0]
["427","2020-05-16","PX024",null,"HK4080 1.2 ","Hộp kẽm 40x80 (1.2)","Cây",1,225000,225000,0,199757.5,199757.5,"KL",null,0]
["428","2020-05-16","PX024",null,"TNSV1.0 3.0M","Tôn nhựa sóng vuông (1.0) 3.0m","Tấm",4,225000,900000,0,737142.85714285716,737142.85714285716,"KL",null,0]
["429","2020-05-16","PX024",null,"HK4080 1.2 ","Hộp kẽm 40x80 (1.2)","Cây",2,225000,450000,0,399515,399515,"KL",null,0]
["430","2020-05-16","PX024",null,"VK90 1.4","Vuông kẽm 90 (1.4)","Cây",1,375000,375000,0,341445.45454545453,341445.45454545453,"KL",null,0]
["431","2020-05-16","PX024",null,"VK20 1.2","Vuông kẽm 20 (1.2)","Cây",5,75000,375000,0,318202.76497695851,318202.76497695851,"KL",null,0]
["432","2020-05-16","PX024",null,"HK3060 1.4 ","Hộp kẽm 30x60 (1.4) ","Cây",35,176000,6160000,0,5706946.2616822431,5706946.2616822431,"KL",null,0]
["433","2020-05-16","PX024",null,"HK3060 1.8","Hộp kẽm 30x60 (1.8)","Cây",4,220000,880000,0,809089.50807899458,809089.50807899458,"KL",null,0]
["434","2020-05-16","PX024",null,"VK30 1.4","Vuông kẽm 30 (1.4)","Cây",2,120000,240000,0,213074.62467866324,213074.62467866324,"KL",null,0]
["435","2020-05-16","PX024",null,"VK75 1.8","Vuông kẽm 75 (1.8)","Cây",2,370000,740000,0,727708.33333333337,727708.33333333337,"KL",null,0]
["436","2020-05-16","PX024",null,"TL5.0 ĐA","Tole Lạnh 5.0 ĐÁ","Mét",48,100000,4800000,0,4254627.176470588,4254627.176470588,"KL",null,0]
["437","2020-05-16","PX024",null,"HK4080 1.8","Hộp kẽm 40x80 (1.8)","Cây",8,350000,2800000,0,2189246.6038781162,2189246.6038781162,"KL",null,0]
["438","2020-05-16","PX024",null,"CCN48","Chụp nhựa 48","Cái",22,1500,33000,0,10398.58695652174,10398.58695652174,"KL",null,0]
["439","2020-05-16","PX024",null,"VK40 1.4","Vuông kẽm 40 (1.4)","Cây",2,170000,340000,0,286857.20221606648,286857.20221606648,"KL",null,0]
["440","2020-05-16","PX024-TT",null,null,"Thu tien luon",0,0,0,0,0,0,0,"KL",48538200,0]
["441","2020-05-17","PX025",null,"TL4.5","Tôn Lạnh 4.5","Mét",9.6,88000,844800,0,680535.47404844291,680535.47404844291,"KL",null,0]
["442","2020-05-17","PX025",null,"TNSV1.0 2.5M","Tôn nhựa sóng vuông (1.0) 2.5m","Tấm",3,187000,561000,0,468170.10309278348,468170.10309278348,"KL",null,0]
["443","2020-05-17","PX025",null,"TNSV1.0 3.0M","Tôn nhựa sóng vuông (1.0) 3.0m","Tấm",3,225000,675000,0,552857.14285714284,552857.14285714284,"KL",null,0]
["444","2020-05-17","PX025",null,"TMXN3.5","Tôn XNgọc 3.5","Mét",134,59000,7906000,0,6918614.3774069324,6918614.3774069324,"KL",null,0]
["445","2020-05-17","PX025",null,"MANG30 1.2 4M","Máng cửa sổ 30 (1.2) 4m","Cây",1,120000,120000,0,86871.794871794875,86871.794871794875,"KL",null,0]
["446","2020-05-17","PX025",null,"MANG30 1.2 6M","Máng cửa sổ 30 (1.2) 6m","Cây",1,180000,180000,0,126063.82978723405,126063.82978723405,"KL",null,0]
["447","2020-05-17","PX025",null,"CNCT","Cách nhiệt Cát Tường","Cuộn",1,1440000,1440000,0,1128000,1128000,"KL",null,0]
["448","2020-05-17","PX025",null,"BX48","Bánh xe 48","Cái",2,20000,40000,0,24000,24000,"KL",null,0]
["449","2020-05-17","PX025",null,"HK3060 1.2 ","Hộp kẽm 30x60 (1.2) ","Cây",3,168000,504000,0,440359.34579439252,440359.34579439252,"KL",null,0]
["450","2020-05-17","PX025",null,"HK2040 1.2 ","Hộp kẽm 20x40 (1.2) ","Cây",2,115000,230000,0,192692.26361031519,192692.26361031519,"KL",null,0]
["451","2020-05-17","PX025",null,"BX30","Bánh xe 30","Cái",2,12000,24000,0,12107.142857142857,12107.142857142857,"KL",null,0]
["452","2020-05-17","PX025",null,"MANG36 1.2 4M","Máng cửa đi 36 (1.2) 4m","Cây",1,144000,144000,0,109354.83870967742,109354.83870967742,"KL",null,0]
["453","2020-05-17","PX025",null,"BX36","Bánh xe 36 ","Cái",4,12000,48000,0,24615.950920245399,24615.950920245399,"KL",null,0]
["454","2020-05-17","PX025",null,"HK4080 1.8","Hộp kẽm 40x80 (1.8)","Cây",2,248000,496000,0,547311.65096952906,547311.65096952906,"KL",null,0]
["455","2020-05-17","PX025-TT",null,null,"Thu tien luon",0,0,0,0,0,0,0,"KL",13212800,0]
["456","2020-05-18","PX026",null,"OKN34 2.6","Ống kẽm nhúng 34 (2.6)","Cây",1,290000,290000,0,261886.95652173914,261886.95652173914,"KL",null,0]
["457","2020-05-18","PX026",null,"CCN24","Chụp nhựa 24","Cái",16,500,8000,0,2240,2240,"KL",null,0]
["458","2020-05-18","PX026",null,"CCN30","Chụp nhựa 30","Cái",40,500,20000,0,7200,7200,"KL",null,0]
["459","2020-05-18","PX026",null,"TMXN5.0","Tôn XNgọc 5.0","Mét",2,90000,180000,0,146601.27702028601,146601.27702028601,"KL",null,0]
["460","2020-05-18","PX026",null,"V50T","V đen 50(T)","Cây",1,300000,300000,0,260500,260500,"KL",null,0]
["461","2020-05-18","PX026",null,"HK3060 2.0","Hộp kẽm 30x60 (2.0)","Cây",11,280000,3080000,0,2699534.6938775508,2699534.6938775508,"KL",null,0]
["462","2020-05-18","PX026",null,"HK3060 2.0","Hộp kẽm 30x60 (2.0)","Cây",11,280000,3080000,0,2699534.6938775508,2699534.6938775508,"KL",null,0]
["463","2020-05-18","PX026",null,"HK4080 2.0","Hộp kẽm 40x80(2.0)","Cây",2,365000,730000,0,677700.54054054059,677700.54054054059,"KL",null,0]
["464","2020-05-18","PX026",null,"HK3060 1.8","Hộp kẽm 30x60 (1.8)","Cây",2,220000,440000,0,404544.75403949729,404544.75403949729,"KL",null,0]
["465","2020-05-18","PX026",null,"HK1326 1.2","Hộp kẽm 13x26 (1.2)","Cây",8,70000,560000,0,488610.35058430716,488610.35058430716,"KL",null,0]
["466","2020-05-18","PX026",null,"MANG36 1.2 4M","Máng cửa đi 36 (1.2) 4m","Cây",1,144000,144000,0,109354.83870967742,109354.83870967742,"KL",null,0]
["467","2020-05-18","PX026",null,"BX36","Bánh xe 36 ","Cái",2,12000,24000,0,12307.9754601227,12307.9754601227,"KL",null,0]
["468","2020-05-18","PX026",null,"HD2550 0.9","Hộp đen 25x50 (0.9)","Cây",50,104000,5200000,0,4348918.9189189188,4348918.9189189188,"KL",null,0]
["469","2020-05-18","PX026",null,"HD2550 0.7","Hộp đen 25x50 (0.7)","Cây",100,80000,8000000,0,7271686.9158878503,7271686.9158878503,"KL",null,0]
["470","2020-05-18","PX026",null,"OD16 0.5","Ống đen 16 (0.5)","Cây",200,24500,4900000,0,4707808.9587659454,4707808.9587659454,"KL",null,0]
["471","2020-05-18","PX026",null,"TMXN4.5DA","Tôn XNgọc 4.5 ĐÁ","Mét",74,94000,6956000,0,6315506.3829787243,6315506.3829787243,"KL",null,0]
["472","2020-05-18","PX026-TT",null,null,"Thu tien luon",0,0,0,0,0,0,0,"KL",33912000,0]
["473","2020-05-19","PX027",null,"TL5.0","Tôn Lạnh 5.0","Mét",3.5,92000,322000,0,266223.49186483101,266223.49186483101,"KL",null,0]
["474","2020-05-19","PX027",null,"TMXN4.0","Tôn XNgọc 4.0","Mét",8,68000,544000,0,479593.36635795824,479593.36635795824,"KL",null,0]
["475","2020-05-19","PX027",null,"TMXN4.0","Tôn XNgọc 4.0","Mét",3,8000,24000,0,179847.51238423435,179847.51238423435,"KL",null,0]
["476","2020-05-19","PX027",null,"BX36","Bánh xe 36 ","Cái",3,8000,24000,0,18461.963190184048,18461.963190184048,"KL",null,0]
["477","2020-05-19","PX027",null,"LC 40 6","La cứng 40 6li","Cây",2,130000,260000,0,186000,186000,"KL",null,0]
["478","2020-05-19","PX027",null,"HK5010 1.4 ","Hộp kẽm 50x100 (1.4) ","Cây",8,292000,2336000,0,2203021.5384615385,2203021.5384615385,"KL",null,0]
["479","2020-05-19","PX027",null,"HK3060 1.4 ","Hộp kẽm 30x60 (1.4) ","Cây",3,176000,528000,0,489166.82242990658,489166.82242990658,"KL",null,0]
["480","2020-05-19","PX027",null,"HK1326 1.1","Hộp kẽm 13x26 (1.1)","Cây",3,64000,192000,0,169117.53554502368,169117.53554502368,"KL",null,0]
["481","2020-05-19","PX027",null,"LC 14","La cứng 14","Cây",15,14000,210000,0,124564.49416342411,124564.49416342411,"KL",null,0]
["482","2020-05-19","PX027-TT",null,null,"Thu tien luon",0,0,0,0,0,0,0,"KL",4440000,0]
["483","2020-05-20","PX028",null,"TMXN4.0","Tôn XNgọc 4.0","Mét",48.62,73000,3549260,0,2914728.684040491,2914728.684040491,"KL",null,0]
["484","2020-05-20","PX028",null,"VK30 1.4","Vuông kẽm 30 (1.4)","Cây",13,120000,1560000,0,1384985.060411311,1384985.060411311,"KL",null,0]
["485","2020-05-20","PX028",null,"TL4.0","Tôn Lạnh 4.0","Mét",24.3,76000,1846800,0,1584360,1584360,"KL",null,0]
["486","2020-05-20","PX028",null,"TMXN4.0","Tôn XNgọc 4.0","Mét",4,76000,304000,0,239796.68317897912,239796.68317897912,"KL",null,0]
["487","2020-05-20","PX028",null,"NCN","Nẹp tam giác Nhỏ","Cây",20,12000,240000,0,148000,148000,"KL",null,0]
["488","2020-05-20","PX028",null,"TL4.0","Tôn Lạnh 4.0","Mét",29.1,79000,2298900,0,1897320,1897320,"KL",null,0]
["489","2020-05-20","PX028",null,"TL5.0 ĐA","Tole Lạnh 5.0 ĐÁ","Mét",33.299999999999997,100000,3329999.9999999995,0,2951647.6036764705,2951647.6036764705,"KL",null,0]
["490","2020-05-20","PX028",null,"TMXN4.0","Tôn XNgọc 4.0","Mét",15,68000,1020000,0,899237.56192117173,899237.56192117173,"KL",null,0]
["491","2020-05-20","PX028",null,"VK40 1.8","Vuông kẽm 40 (1.8)","Cây",4,195000,780000,0,725415.6013745704,725415.6013745704,"KL",null,0]
["492","2020-05-20","PX028",null,"TMXN3.0","Tôn XNgọc 3.0","Mét",98.55,55000,5420250,0,4578636.5217391299,4578636.5217391299,"KL",null,0]
["493","2020-05-20","PX028",null,"I100","I100","Cây",1,645000,645000,0,600805.5555555555,600805.5555555555,"KL",null,0]
["494","2020-05-20","PX028",null,"OK90 1.8","Ống kẽm 90 (1.8)","Cây",2,335000,670000,0,643050,643050,"KL",null,0]
["495","2020-05-20","PX028-TT",null,null,"Thu tien luon",0,0,0,0,0,0,0,"KL",21664210,0]
["496","2020-05-21","PX029",null,"OK90 2.0","Ông kẽm 90 (2.0)","cây",5,445000,2225000,0,1945300,1945300,"KL",null,0]
["497","2020-05-21","PX029",null,"HK1326 1.2","Hộp kẽm 13x26 (1.2)","Cây",3,70000,210000,0,183228.88146911518,183228.88146911518,"KL",null,0]
["498","2020-05-21","PX029",null,"TMXN3.0","Tôn XNgọc 3.0","Mét",2.08,65000,135200,0,96636.874329958315,96636.874329958315,"KL",null,0]
["499","2020-05-21","PX029",null,"HK2040 1.2 ","Hộp kẽm 20x40 (1.2) ","Cây",1,115000,115000,0,96346.131805157594,96346.131805157594,"KL",null,0]
["500","2020-05-21","PX029",null,"TMXN5.0DA","Tôn XNgọc 5.0 ĐÁ","Mét",7.2,107000,770400,0,677584.83087184373,677584.83087184373,"KL",null,0]
["501","2020-05-21","PX029",null,"OKN21 2.6","Ống kẽm nhúng 21 (2.6)","Cây",1,190000,190000,0,164200,164200,"KL",null,0]
["502","2020-05-21","PX029",null,"V40Đ","V đen 40(Đ)","Cây",7,165000,1155000,0,905882.35294117639,905882.35294117639,"KL",null,0]
["503","2020-05-21","PX029",null,"HK4080 1.8","Hộp kẽm 40x80 (1.8)","Cây",34,310000,10540000,0,9304298.0664819945,9304298.0664819945,"KL",null,0]
["504","2020-05-21","PX029",null,"VK14 1.2","Vuông kẽm 14 (1.2)","Cây",20,52000,1040000,0,897360.4060913705,897360.4060913705,"KL",null,0]
["505","2020-05-21","PX029",null,"TMXN3.0","Tôn XNgọc 3.0","Mét",5.2,55000,286000,0,241592.18582489577,241592.18582489577,"KL",null,0]
["506","2020-05-21","PX029-TT",null,null,"Thu tien luon",0,0,0,0,0,0,0,"KL",16666600,0]
["507","2020-05-22","PX030",null,"HK4080 1.4 ","Hộp kẽm 40x80 (1.4) ","Cây",6,240000,1440000,0,1308209.3723849372,1308209.3723849372,"KL",null,0]
["508","2020-05-22","PX030",null,"TL5.0 ĐA","Tole Lạnh 5.0 ĐÁ","Mét",15,101000,1515000,0,1329570.9926470588,1329570.9926470588,"KL",null,0]
["509","2020-05-22","PX030",null,"V30K","V kẽm 30","Cây",1,130000,130000,0,102900,102900,"KL",null,0]
["510","2020-05-22","PX030",null,"V40Đ","V đen 40(Đ)","Cây",1,170000,170000,0,129411.76470588235,129411.76470588235,"KL",null,0]
["511","2020-05-22","PX030",null,"TL3.5","Tôn Lạnh 3.5","Mét",25.2,67000,1688400,0,1494360,1494360,"KL",null,0]
["512","2020-05-22","PX030",null,"TKSTL2.0M","Tôn kẽm 2d sóng tròn lớn 2.0m","Tấm",12,70000,840000,0,576000,576000,"KL",null,0]
["513","2020-05-22","PX030",null,"TMXN5.0","Tôn XNgọc 5.0","Mét",1.5,87000,130500,0,109950.95776521451,109950.95776521451,"KL",null,0]
["514","2020-05-22","PX030-TT",null,null,"Thu tien luon",0,0,0,0,0,0,0,"KL",5913900,0]
["515","2020-05-23","PX031",null,"TL5.0 ĐA","Tole Lạnh 5.0 ĐÁ","Mét",145.4,100000,14540000,0,12887974.822058825,12887974.822058825,"KL",null,0]
["516","2020-05-23","PX031",null,"HK612 1.8","Hộp Kẽm 60x120 (1.8)","Cây",2,460000,920000,0,828779.22077922081,828779.22077922081,"KL",null,0]
["517","2020-05-23","PX031",null,"HK4080 1.4 ","Hộp kẽm 40x80 (1.4) ","Cây",18,235000,4230000,0,3924628.1171548115,3924628.1171548115,"KL",null,0]
["518","2020-05-23","PX031",null,"OK60 2.0","Ống kẽm 60 (2.0)","Cây",1,320000,320000,0,268628.57142857142,268628.57142857142,"KL",null,0]
["519","2020-05-23","PX031",null,"OK114 1.8","ống kẽm 114 (1.8)","Cây",1,530000,530000,0,433033.74193548388,433033.74193548388,"KL",null,0]
["520","2020-05-23","PX031",null,"HK3060 1.4 ","Hộp kẽm 30x60 (1.4) ","Cây",9,176000,1584000,0,1467500.4672897197,1467500.4672897197,"KL",null,0]
["521","2020-05-23","PX031",null,"HK3060 1.3","Hộp kẽm 30x60 (1.3)","Cây",50,166000,8300000,0,7767652.173913043,7767652.173913043,"KL",null,0]
["522","2020-05-23","PX031",null,"HK612 1.8","Hộp Kẽm 60x120 (1.8)","Cây",9,440000,3960000,0,3729506.4935064935,3729506.4935064935,"KL",null,0]
["523","2020-05-23","PX031",null,"V30K","V kẽm 30","Cây",1,118000,118000,0,102900,102900,"KL",null,0]
["524","2020-05-23","PX031",null,"TMXN4.5","Tôn XNgọc 4.5","Mét",16,75000,1200000,0,1048040.9563500768,1048040.9563500768,"KL",null,0]
["525","2020-05-23","PX031",null,"TMXN4.5","Tôn XNgọc 4.5","Mét",130,71000,9230000,0,8515332.7703443747,8515332.7703443747,"KL",null,0]
["526","2020-05-23","PX031",null,"LC 18","La cứng 18","Cây",2,20000,40000,0,28000,28000,"KL",null,0]
["527","2020-05-23","PX031",null,"TMXN5.0","Tôn XNgọc 5.0","Mét",1.3,90000,117000,0,95290.830063185917,95290.830063185917,"KL",null,0]
["528","2020-05-23","PX031",null,"VK25 1.2","Vuông kẽm 25 (1.2)","Cây",1,96000,96000,0,81473.239436619711,81473.239436619711,"KL",null,0]
["529","2020-05-23","PX031",null,"TL3.5","Tôn Lạnh 3.5","Mét",42.8,67000,2867600,0,2538040,2538040,"KL",null,0]
["530","2020-05-23","PX031",null,"VK14 1.2","Vuông kẽm 14 (1.2)","Cây",20,50000,1000000,0,897360.4060913705,897360.4060913705,"KL",null,0]
["531","2020-05-23","PX031",null,"TMXN5.0","Tôn XNgọc 5.0","Mét",13,87000,1131000,0,952908.30063185911,952908.30063185911,"KL",null,0]
["532","2020-05-23","PX031",null,"LC 30 5","La cứng 30 5li","Cây",4,85000,340000,0,186702.70270270269,186702.70270270269,"KL",null,0]
["533","2020-05-23","PX031",null,"HK3060 1.4 ","Hộp kẽm 30x60 (1.4) ","Cây",1,186000,186000,0,163055.60747663552,163055.60747663552,"KL",null,0]
["534","2020-05-23","PX031",null,"HK1326 1.2","Hộp kẽm 13x26 (1.2)","Cây",4,75000,300000,0,244305.17529215358,244305.17529215358,"KL",null,0]
["535","2020-05-23","PX031",null,"TMXN5.0","Tôn XNgọc 5.0","Mét",4,90000,360000,0,293202.55404057202,293202.55404057202,"KL",null,0]
["536","2020-05-23","PX031",null,"TMXN3.0","Tôn XNgọc 3.0","Mét",37.5,59000,2212500,0,1742251.340083383,1742251.340083383,"KL",null,0]
["537","2020-05-23","PX031",null,"TMXN5.0DA","Tôn XNgọc 5.0 ĐÁ","Mét",65.099999999999994,107000,6965699.9999999991,0,6126496.1791329198,6126496.1791329198,"KL",null,0]
["538","2020-05-23","PX031",null,"TL4.5","Tôn Lạnh 4.5","Mét",10,83000,830000,0,708891.11880046141,708891.11880046141,"KL",null,0]
["539","2020-05-23","PX031",null,"TMXN3.0","Tôn XNgọc 3.0","Mét",2,58000,116000,0,92920.071471113755,92920.071471113755,"KL",null,0]
["540","2020-05-23","PX031",null,"TMXN3.5","Tôn XNgọc 3.5","Mét",5,64000,320000,0,258157.25288831835,258157.25288831835,"KL",null,0]
["541","2020-05-23","PX031",null,"V40Đ","V đen 40(Đ)","Cây",2,170000,340000,0,258823.5294117647,258823.5294117647,"KL",null,0]
["542","2020-05-23","PX031",null,"OK90 2.0","Ông kẽm 90 (2.0)","cây",15,445000,6675000,0,5835900,5835900,"KL",null,0]
["543","2020-05-23","PX031",null,"HK1326 1.2","Hộp kẽm 13x26 (1.2)","Cây",3,70000,210000,0,183228.88146911518,183228.88146911518,"KL",null,0]
["544","2020-05-23","PX031-TT",null,null,"Thu tien luon",0,0,0,0,0,0,0,"KL",69038800,0]
["545","2020-05-24","PX032",null,"HD2550 0.7","Hộp đen 25x50 (0.7)","Cây",100,79000,7900000,0,7271686.9158878503,7271686.9158878503,"KL",null,0]
["546","2020-05-24","PX032",null,"VK25 1.2","Vuông kẽm 25 (1.2)","Cây",7,94000,658000,0,570312.67605633801,570312.67605633801,"KL",null,0]
["547","2020-05-24","PX032",null,"VK14 1.2","Vuông kẽm 14 (1.2)","Cây",15,52000,780000,0,673020.30456852785,673020.30456852785,"KL",null,0]
["548","2020-05-24","PX032",null,"OD16 0.5","Ống đen 16 (0.5)","Cây",200,24500,4900000,0,4707808.9587659454,4707808.9587659454,"KL",null,0]
["549","2020-05-24","PX032",null,"TL5.0 ĐA","Tole Lạnh 5.0 ĐÁ","Mét",48.9,100000,4890000,0,4334401.4360294119,4334401.4360294119,"KL",null,0]
["550","2020-05-24","PX032",null,"HK2040 1.2 ","Hộp kẽm 20x40 (1.2) ","Cây",4,115000,460000,0,385384.52722063038,385384.52722063038,"KL",null,0]
["551","2020-05-24","PX032-TT",null,null,"Thu tien luon",0,0,0,0,0,0,0,"KL",19588000,0]
["552","2020-05-25","PX033",null,"TL5.0 ĐA","Tole Lạnh 5.0 ĐÁ","Mét",7.5,100000,750000,0,664785.4963235294,664785.4963235294,"KL",null,0]
["553","2020-05-25","PX033",null,"HK4080 1.8","Hộp kẽm 40x80 (1.8)","Cây",2,310000,620000,0,547311.65096952906,547311.65096952906,"KL",null,0]
["554","2020-05-25","PX033",null,"HK3060 1.8","Hộp kẽm 30x60 (1.8)","Cây",3,220000,660000,0,606817.1310592459,606817.1310592459,"KL",null,0]
["555","2020-05-25","PX033",null,"HK2550 1.4 ","Hộp kẽm 25x50 (1.4) ","Cây",2,150000,300000,0,273254.42176870746,273254.42176870746,"KL",null,0]
["556","2020-05-25","PX033",null,"V40Đ","V đen 40(Đ)","Cây",1,165000,165000,0,129411.76470588235,129411.76470588235,"KL",null,0]
["557","2020-05-25","PX033",null,"OK114 1.8","ống kẽm 114 (1.8)","Cây",7,530000,3710000,0,3031236.1935483869,3031236.1935483869,"KL",null,0]
["558","2020-05-25","PX033",null,"V40Đ","V đen 40(Đ)","Cây",1,165000,165000,0,129411.76470588235,129411.76470588235,"KL",null,0]
["559","2020-05-25","PX033",null,"HK4080 1.4 ","Hộp kẽm 40x80 (1.4) ","Cây",3,235000,705000,0,654104.68619246862,654104.68619246862,"KL",null,0]
["560","2020-05-25","PX033",null,"HK3060 1.8","Hộp kẽm 30x60 (1.8)","Cây",2,220000,440000,0,404544.75403949729,404544.75403949729,"KL",null,0]
["561","2020-05-25","PX033",null,"HK2040 1.4 ","Hộp kẽm 20x40 (1.4) ","Cây",10,120000,1200000,0,1086197.9865771811,1086197.9865771811,"KL",null,0]
["562","2020-05-25","PX033",null,"VK14 1.2","Vuông kẽm 14 (1.2)","Cây",5,50000,250000,0,224340.10152284263,224340.10152284263,"KL",null,0]
["563","2020-05-25","PX033",null,"TMXN5.0","Tôn XNgọc 5.0","Mét",27.4,90000,2466000,0,2008437.4951779183,2008437.4951779183,"KL",null,0]
["564","2020-05-25","PX033",null,"VK30 1.4","Vuông kẽm 30 (1.4)","Cây",18,125000,2250000,0,1917671.6221079691,1917671.6221079691,"KL",null,0]
["565","2020-05-25","PX033",null,"TMXN5.0","Tôn XNgọc 5.0","Mét",15,90000,1350000,0,1099509.5776521452,1099509.5776521452,"KL",null,0]
["566","2020-05-25","PX033",null,"TMXN4.0","Tôn XNgọc 4.0","Mét",4,70000,280000,0,239796.68317897912,239796.68317897912,"KL",null,0]
["567","2020-05-25","PX033",null,"TMXN5.0DA","Tôn XNgọc 5.0 ĐÁ","Mét",26,107000,2782000,0,2446834.1114816582,2446834.1114816582,"KL",null,0]
["568","2020-05-25","PX033",null,"OK90 1.8","Ống kẽm 90 (1.8)","Cây",2,335000,670000,0,643050,643050,"KL",null,0]
["569","2020-05-25","PX033",null,"CN10L","Cách nhiệt 10 li","Mét",123,21000,2583000,0,1609154.9165120595,1609154.9165120595,"KL",null,0]
["570","2020-05-25","PX033-TT",null,null,"Thu tien luon",0,0,0,0,0,0,0,"KL",21346000,0]
["571","2020-05-26","PX034",null,"HK3060 2.0","Hộp kẽm 30x60 (2.0)","Cây",3,280000,840000,0,736236.73469387752,736236.73469387752,"KL",null,0]
["572","2020-05-26","PX034",null,"TL4.5","Tôn Lạnh 4.5","Mét",5,79000,395000,0,354445.5594002307,354445.5594002307,"KL",null,0]
["573","2020-05-26","PX034",null,"TMXN4.5","Tôn XNgọc 4.5","Mét",452,92000,41584000,0,29607157.016889669,29607157.016889669,"KL",null,0]
["574","2020-05-26","PX034",null,"TMXN3.5","Tôn XNgọc 3.5","Mét",22,61000,1342000,0,1135891.9127086008,1135891.9127086008,"KL",null,0]
["575","2020-05-26","PX034",null,"VK20 1.4","Vuông kẽm 20 (1.4)","Cây",25,83000,2075000,0,1704411.7647058824,1704411.7647058824,"KL",null,0]
["576","2020-05-26","PX034",null,"TL5.0 ĐA","Tole Lạnh 5.0 ĐÁ","Mét",42.57,101000,4299570,0,3773322.477132353,3773322.477132353,"KL",null,0]
["577","2020-05-26","PX034",null,"TL3.5","Tôn Lạnh 3.5","Mét",15.3,68000,1040400,0,907290,907290,"KL",null,0]
["578","2020-05-26","PX034",null,"TL4.0","Tôn Lạnh 4.0","Mét",18,79000,1422000,0,1173600,1173600,"KL",null,0]
["579","2020-05-26","PX034",null,"CNCT","Cách nhiệt Cát Tường","Cuộn",1,1360000,1360000,0,1128000,1128000,"KL",null,0]
["580","2020-05-26","PX034",null,"TMXN5.0DA","Tôn XNgọc 5.0 ĐÁ","Mét",123.5,110000,13585000,0,11622462.029537875,11622462.029537875,"KL",null,0]
["581","2020-05-26","PX034",null,"TMXN4.5DA","Tôn XNgọc 4.5 ĐÁ","Mét",69.900000000000006,100000,6990000.0000000009,0,5965593.1914893631,5965593.1914893631,"KL",null,0]
["582","2020-05-26","PX034",null,"TL5.0 ĐA","Tole Lạnh 5.0 ĐÁ","Mét",77,100000,7700000,0,6825131.0955882352,6825131.0955882352,"KL",null,0]
["583","2020-05-26","PX034",null,"HK3060 1.4 ","Hộp kẽm 30x60 (1.4) ","Cây",20,176000,3520000,0,3261112.1495327102,3261112.1495327102,"KL",null,0]
["584","2020-05-26","PX034",null,"CNCT","Cách nhiệt Cát Tường","Cuộn",2,1360000,2720000,0,2256000,2256000,"KL",null,0]
["585","2020-05-26","PX034",null,"TMXN3.5","Tôn XNgọc 3.5","Mét",25,67000,1675000,0,1290786.2644415919,1290786.2644415919,"KL",null,0]
["586","2020-05-26","PX034",null,"TMXN3.5","Tôn XNgọc 3.5","Mét",2.2000000000000002,67000,147400,0,113589.19127086009,113589.19127086009,"KL",null,0]
["587","2020-05-26","PX034-TT",null,null,"Thu tien luon",0,0,0,0,0,0,0,"KL",90695370,0]
["588","2020-05-27","PX035",null,"CCS25","Chụp chông sắt 2550","Cái",12,2500,30000,0,8535.3846153846152,8535.3846153846152,"KL",null,0]
["589","2020-05-27","PX035",null,"HK4080 1.4 ","Hộp kẽm 40x80 (1.4) ","Cây",10,235000,2350000,0,2180348.9539748952,2180348.9539748952,"KL",null,0]
["590","2020-05-27","PX035",null,"TL3.5","Tôn Lạnh 3.5","Mét",5.4,70000,378000,0,320220,320220,"KL",null,0]
["591","2020-05-27","PX035",null,"HK1326 1.1","Hộp kẽm 13x26 (1.1)","Cây",10,64000,640000,0,563725.11848341231,563725.11848341231,"KL",null,0]
["592","2020-05-27","PX035",null,"HD2550 0.7","Hộp đen 25x50 (0.7)","Cây",150,79000,11850000,0,10907530.373831775,10907530.373831775,"KL",null,0]
["593","2020-05-27","PX035",null,"HD1020 0.6","Hộp đen 10x20 (0.6)","cây",50,35000,1750000,0,1434868.4210526315,1434868.4210526315,"KL",null,0]
["594","2020-05-27","PX035",null,"HK5010 1.8","Hộp kẽm 50x100 (1.8)","Cây",4,380000,1520000,0,1373877.3493975904,1373877.3493975904,"KL",null,0]
["595","2020-05-27","PX035",null,"OK114 1.8","ống kẽm 114 (1.8)","Cây",1,530000,530000,0,433033.74193548388,433033.74193548388,"KL",null,0]
["596","2020-05-27","PX035",null,"TL3.5","Tôn Lạnh 3.5","Mét",4,70000,280000,0,237200,237200,"KL",null,0]
["597","2020-05-27","PX035",null,"HK2550 1.4 ","Hộp kẽm 25x50 (1.4) ","Cây",1,150000,150000,0,136627.21088435373,136627.21088435373,"KL",null,0]
["598","2020-05-27","PX035",null,"VK20 1.2","Vuông kẽm 20 (1.2)","Cây",8,70000,560000,0,509124.42396313365,509124.42396313365,"KL",null,0]
["599","2020-05-27","PX035",null,"TMXN5.0DA","Tôn XNgọc 5.0 ĐÁ","Mét",40,107000,4280000,0,3764360.1715102429,3764360.1715102429,"KL",null,0]
["600","2020-05-27","PX035-TT",null,null,"Thu tien luon",0,0,0,0,0,0,0,"KL",24318000,0]
["601","2020-05-28","PX036",null,"HK4080 1.4 ","Hộp kẽm 40x80 (1.4) ","Cây",60,235000,14100000,0,13082093.723849373,13082093.723849373,"KL",null,0]
["602","2020-05-28","PX036",null,"HK3060 1.4 ","Hộp kẽm 30x60 (1.4) ","Cây",2,175000,350000,0,326111.21495327103,326111.21495327103,"KL",null,0]
["603","2020-05-28","PX036",null,"HK2040 1.2 ","Hộp kẽm 20x40 (1.2) ","Cây",25,108000,2700000,0,2408653.2951289397,2408653.2951289397,"KL",null,0]
["604","2020-05-28","PX036",null,"LC 25","La cứng 25","Cây",5,30000,150000,0,114000,114000,"KL",null,0]
["605","2020-05-28","PX036",null,"LC 30","La cứng 30","Cây",8,30000,240000,0,136000,136000,"KL",null,0]
["606","2020-05-28","PX036",null,"HK4080 1.4 ","Hộp kẽm 40x80 (1.4) ","Cây",1,235000,235000,0,218034.89539748954,218034.89539748954,"KL",null,0]
["607","2020-05-28","PX036",null,"VK40 1.4","Vuông kẽm 40 (1.4)","Cây",1,160000,160000,0,143428.60110803324,143428.60110803324,"KL",null,0]
["608","2020-05-28","PX036",null,"TL3.5","Tôn Lạnh 3.5","Mét",1.8,70000,126000,0,106740,106740,"KL",null,0]
["609","2020-05-28","PX036",null,"HK4080 1.4 ","Hộp kẽm 40x80 (1.4) ","Cây",2,235000,470000,0,436069.79079497908,436069.79079497908,"KL",null,0]
["610","2020-05-28","PX036",null,"HK2040 1.2 ","Hộp kẽm 20x40 (1.2) ","Cây",10,108000,1080000,0,963461.31805157592,963461.31805157592,"KL",null,0]
["611","2020-05-28","PX036",null,"TL3.5","Tôn Lạnh 3.5","Mét",9,70000,630000,0,533700,533700,"KL",null,0]
["612","2020-05-28","PX036",null,"HK3060 1.2 ","Hộp kẽm 30x60 (1.2) ","Cây",3,159000,477000,0,440359.34579439252,440359.34579439252,"KL",null,0]
["613","2020-05-28","PX036",null,"VK30 1.2","Vuông kẽm 30 (1.2)","Cây",1,107000,107000,0,94676.748251748257,94676.748251748257,"KL",null,0]
["614","2020-05-28","PX036",null,"TMXN3.0","Tôn XNgọc 3.0","Mét",32.700000000000003,64000,2092800.0000000002,0,1519243.16855271,1519243.16855271,"KL",null,0]
["615","2020-05-28","PX036",null,"HK1326 0.9","Hộp kẽm 13x26 (0.9)","Cây",6,54000,324000,0,270994.55252918287,270994.55252918287,"KL",null,0]
["616","2020-05-28","PX036",null,"V40K","V kẽm 40","Cây",5,203000,1015000,0,892297.79411764699,892297.79411764699,"KL",null,0]
["617","2020-05-28","PX036",null,"NCL","Nẹp tam giác Lớn (8kg)","Cây",20,16500,330000,0,266000,266000,"KL",null,0]
["618","2020-05-28","PX036",null,"TMXN4.0","Tôn XNgọc 4.0","Mét",7.8,74000,577200,0,467603.53219900926,467603.53219900926,"KL",null,0]
["619","2020-05-28","PX036",null,"TL4.5","Tôn Lạnh 4.5","Mét",14,79000,1106000,0,992447.56632064597,992447.56632064597,"KL",null,0]
["620","2020-05-28","PX036",null,"CKL","Chén kẽm lớn","Kg",2,25000,50000,0,33285.714285714283,33285.714285714283,"KL",null,0]
["621","2020-05-28","PX036",null,"VK25 1.4","Vuông kẽm 25 (1.4)","Cây",1,107000,107000,0,88188.524590163928,88188.524590163928,"KL",null,0]
["622","2020-05-28","PX036-TT",null,null,"Thu tien luon",0,0,0,0,0,0,0,"KL",26427000,0]
["623","2020-05-29","PX037",null,"TMXN5.0DA","Tôn XNgọc 5.0 ĐÁ","Mét",13.5,110000,1485000,0,1270471.5578847071,1270471.5578847071,"KL",null,0]
["624","2020-05-29","PX037",null,"TMXN5.0","Tôn XNgọc 5.0","Mét",29.4,87000,2557800,0,2155038.7721982044,2155038.7721982044,"KL",null,0]
["625","2020-05-29","PX037",null,"TMXN5.0DA","Tôn XNgọc 5.0 ĐÁ","Mét",485.2,104000,50460800,0,45661688.880419247,45661688.880419247,"KL",null,0]
["626","2020-05-29","PX037",null,"HK4080 1.4 ","Hộp kẽm 40x80 (1.4) ","Cây",7,235000,1645000,0,1526244.2677824269,1526244.2677824269,"KL",null,0]
["627","2020-05-29","PX037",null,"TL4.5","Tôn Lạnh 4.5","Mét",14.4,86000,1238400,0,1020803.2110726645,1020803.2110726645,"KL",null,0]
["628","2020-05-29","PX037",null,"TL4.0","Tôn Lạnh 4.0","Mét",47.2,76000,3587200,0,3077440,3077440,"KL",null,0]
["629","2020-05-29","PX037",null,"TL3.5","Tôn Lạnh 3.5","Mét",16.899999999999999,67000,1132300,0,1002169.9999999999,1002169.9999999999,"KL",null,0]
["630","2020-05-29","PX037",null,"VK30 1.2","Vuông kẽm 30 (1.2)","Cây",10,107000,1070000,0,946767.4825174826,946767.4825174826,"KL",null,0]
["631","2020-05-29","PX037",null,"BX30","Bánh xe 30","Cái",3,12000,36000,0,18160.714285714286,18160.714285714286,"KL",null,0]
["632","2020-05-29","PX037",null,"VK30 1.2","Vuông kẽm 30 (1.2)","Cây",1,114000,114000,0,94676.748251748257,94676.748251748257,"KL",null,0]
["633","2020-05-29","PX037",null,"MANG30 1.2 6M","Máng cửa sổ 30 (1.2) 6m","Cây",1,192000,192000,0,126063.82978723405,126063.82978723405,"KL",null,0]
["634","2020-05-29","PX037",null,"BX30","Bánh xe 30","Cái",2,12000,24000,0,12107.142857142857,12107.142857142857,"KL",null,0]
["635","2020-05-29","PX037",null,"VK20 1.2","Vuông kẽm 20 (1.2)","Cây",2,75000,150000,0,127281.10599078341,127281.10599078341,"KL",null,0]
["636","2020-05-29","PX037",null,"TL4.0","Tôn Lạnh 4.0","Mét",8,74000,592000,0,521600,521600,"KL",null,0]
["637","2020-05-29","PX037",null,"OK27 1.3","Ống kẽm 27 (1.3)","Cây",2,86000,172000,0,168400,168400,"KL",null,0]
["638","2020-05-29","PX037",null,"TMXN3.5","Tôn XNgọc 3.5","Mét",62.2,61000,3794200,0,3211476.2259306805,3211476.2259306805,"KL",null,0]
["639","2020-05-29","PX037",null,"TMXN3.5","Tôn XNgọc 3.5","Mét",90,60000,5400000,0,4646830.5519897304,4646830.5519897304,"KL",null,0]
["640","2020-05-29","PX037",null,"CN20L","Cách nhiệt 20 li","Mét",13,33000,429000,0,371800,371800,"KL",null,0]
["641","2020-05-29","PX037",null,"TMXN3.5","Tôn XNgọc 3.5","Mét",17.5,64000,1120000,0,903550.38510911423,903550.38510911423,"KL",null,0]
["642","2020-05-29","PX037",null,"NCN","Nẹp tam giác Nhỏ","Cây",1,12000,12000,0,7400,7400,"KL",null,0]
["643","2020-05-29","PX037-TT",null,null,"Thu tien luon",0,0,0,0,0,0,0,"KL",75211700,0]
["644","2020-05-31","PX038",null,"HK4080 1.8","Hộp kẽm 40x80 (1.8)","Cây",2,310000,620000,0,547311.65096952906,547311.65096952906,"KL",null,0]
["645","2020-05-31","PX038",null,"HK3060 1.8","Hộp kẽm 30x60 (1.8)","Cây",3,220000,660000,0,606817.1310592459,606817.1310592459,"KL",null,0]
["646","2020-05-31","PX038",null,"CNCT","Cách nhiệt Cát Tường","Cuộn",50,34000,1700000,0,56400000,56400000,"KL",null,0]
["647","2020-05-31","PX038",null,"TMXN4.0","Tôn XNgọc 4.0","Mét",26.4,73000,1927200,0,1582658.1089812622,1582658.1089812622,"KL",null,0]
["648","2020-05-31","PX038",null,"HK4080 2.0","Hộp kẽm 40x80(2.0)","Cây",1,365000,365000,0,338850.2702702703,338850.2702702703,"KL",null,0]
["649","2020-05-31","PX038",null,"TMXN3.5","Tôn XNgọc 3.5","Mét",12.2,65000,793000,0,629903.6970474968,629903.6970474968,"KL",null,0]
["650","2020-05-31","PX038",null,"VK30 1.3","Vuông kẽm 30 (1.3)","Cây",7,114000,798000,0,777000,777000,"KL",null,0]
["651","2020-05-31","PX038",null,"TMXN5.0DA","Tôn XNgọc 5.0 ĐÁ","Mét",27.2,109000,2964800,0,2559764.9166269652,2559764.9166269652,"KL",null,0]
["652","2020-05-31","PX038",null,"TNSV1.0 2.5M","Tôn nhựa sóng vuông (1.0) 2.5m","Tấm",10,200000,2000000,0,1560567.0103092783,1560567.0103092783,"KL",null,0]
["653","2020-05-31","PX038",null,"TMXN4.0","Tôn XNgọc 4.0","Mét",8.8000000000000007,73000,642400,0,527552.70299375406,527552.70299375406,"KL",null,0]
["654","2020-05-31","PX038",null,"HK4080 1.8","Hộp kẽm 40x80 (1.8)","Cây",4,290000,1160000,0,1094623.3019390581,1094623.3019390581,"KL",null,0]
["655","2020-05-31","PX038-TT",null,null,"Thu tien luon",0,0,0,0,0,0,0,"KL",13630400,0]
["656","2020-06-01","PX039",null,"MANG30 1.2 6M","Máng cửa sổ 30 (1.2) 6m","Cây",1,192000,192000,0,126063.82978723405,126063.82978723405,"KL",null,0]
["657","2020-06-01","PX039",null,"BX30","Bánh xe 30","Cái",3,12000,36000,0,18160.714285714286,18160.714285714286,"KL",null,0]
["658","2020-06-01","PX039",null,"CCN50","Chụp nhựa 50","Cái",20,900,18000,0,10000,10000,"KL",null,0]
["659","2020-06-01","PX039",null,"HK4080 1.2 ","Hộp kẽm 40x80 (1.2)","Cây",21,215000,4515000,0,4194907.5,4194907.5,"KL",null,0]
["660","2020-06-01","PX039",null,"TMXN4.5DA","Tôn XNgọc 4.5 ĐÁ","Mét",51.3,97000,4976100,0,4378182.1276595742,4378182.1276595742,"KL",null,0]
["661","2020-06-01","PX039",null,"CN10L","Cách nhiệt 10 li","Mét",46.8,29000,1357200,0,612263.82189239329,612263.82189239329,"KL",null,0]
["662","2020-06-01","PX039",null,"V40Đ","V đen 40(Đ)","Cây",16,165000,2640000,0,2070588.2352941176,2070588.2352941176,"KL",null,0]
["663","2020-06-01","PX039",null,"LC 16","La cứng 16","Cây",67,16000,1072000,0,676700,676700,"KL",null,0]
["664","2020-06-01","PX039",null,"VK30 1.4","Vuông kẽm 30 (1.4)","Cây",12,120000,1440000,0,1278447.7480719795,1278447.7480719795,"KL",null,0]
["665","2020-06-01","PX039",null,"VK14 1.2","Vuông kẽm 14 (1.2)","Cây",80,50000,4000000,0,3589441.624365482,3589441.624365482,"KL",null,0]
["666","2020-06-01","PX039",null,"TMXN4.0","Tôn XNgọc 4.0","Mét",12,73000,876000,0,719390.04953693738,719390.04953693738,"KL",null,0]
["667","2020-06-01","PX039",null,"VK20 1.2","Vuông kẽm 20 (1.2)","Cây",10,70000,700000,0,636405.52995391702,636405.52995391702,"KL",null,0]
["668","2020-06-01","PX039",null,"VK40 1.2","Vuông kẽm 40 (1.2)","Cây",5,143000,715000,0,641727.77777777775,641727.77777777775,"KL",null,0]
["669","2020-06-01","PX039",null,"VK30 1.2","Vuông kẽm 30 (1.2)","Cây",5,107000,535000,0,473383.7412587413,473383.7412587413,"KL",null,0]
["670","2020-06-01","PX039",null,"V25","V đen25(X)","Cây",1,90000,90000,0,67282.844243792322,67282.844243792322,"KL",null,0]
["671","2020-06-01","PX039",null,"LC 25","La cứng 25","Cây",2,30000,60000,0,45600,45600,"KL",null,0]
["672","2020-06-01","PX039",null,"HK5010 1.8","Hộp kẽm 50x100 (1.8)","Cây",7,390000,2730000,0,2404285.3614457832,2404285.3614457832,"KL",null,0]
["673","2020-06-01","PX039",null,"I100","I100","Cây",5,650000,3250000,0,3004027.7777777775,3004027.7777777775,"KL",null,0]
["674","2020-06-01","PX039",null,"HK4080 1.2 ","Hộp kẽm 40x80 (1.2)","Cây",1,215000,215000,0,199757.5,199757.5,"KL",null,0]
["675","2020-06-01","PX039",null,"TMXN3.5","Tôn XNgọc 3.5","Mét",5.7,67000,381900,0,294299.26829268294,294299.26829268294,"KL",null,0]
["676","2020-06-01","PX039",null,"HK5010 2.0","Hộp kẽm 50x100 (2.0)","Cây",1,475000,475000,0,411725.71428571426,411725.71428571426,"KL",null,0]
["677","2020-06-01","PX039",null,"TL5.0 ĐA","Tole Lạnh 5.0 ĐÁ","Mét",27,105000,2835000,0,2393227.786764706,2393227.786764706,"KL",null,0]
["678","2020-06-01","PX039",null,"HK3060 1.8","Hộp kẽm 30x60 (1.8)","Cây",4,280000,1120000,0,809089.50807899458,809089.50807899458,"KL",null,0]
["679","2020-06-01","PX039",null,"TL3.5","Tôn Lạnh 3.5","Mét",1.9,68000,129200,0,112670,112670,"KL",null,0]
["680","2020-06-01","PX039",null,"TL3.5","Tôn Lạnh 3.5","Mét",28.05,64000,1795200,0,1663365,1663365,"KL",null,0]
["681","2020-06-01","PX039",null,"HK4080 1.4 ","Hộp kẽm 40x80 (1.4) ","Cây",34,240000,8160000,0,7413186.4435146442,7413186.4435146442,"KL",null,0]
["682","2020-06-01","PX039",null,"HK4080 1.8","Hộp kẽm 40x80 (1.8)","Cây",7,315000,2205000,0,1915590.7783933517,1915590.7783933517,"KL",null,0]
["683","2020-06-01","PX039",null,"HK3060 1.4 ","Hộp kẽm 30x60 (1.4) ","Cây",10,180000,1800000,0,1630556.0747663551,1630556.0747663551,"KL",null,0]
["684","2020-06-01","PX039",null,"VK40 1.4","Vuông kẽm 40 (1.4)","Cây",20,164000,3280000,0,2868572.0221606647,2868572.0221606647,"KL",null,0]
["685","2020-06-01","PX039-TT",null,null,"Thu tien luon",0,0,0,0,0,0,0,"KL",51310600,0]
["686","2020-06-02","PX040",null,"V40Đ","V đen 40(Đ)","Cây",1,165000,165000,0,129411.76470588235,129411.76470588235,"KL",null,0]
["687","2020-06-02","PX040",null,"HK1326 1.2","Hộp kẽm 13x26 (1.2)","Cây",10,70000,700000,0,610762.93823038391,610762.93823038391,"KL",null,0]
["688","2020-06-02","PX040",null,"VK14 1.2","Vuông kẽm 14 (1.2)","Cây",2,50000,100000,0,89736.040609137053,89736.040609137053,"KL",null,0]
["689","2020-06-02","PX040",null,"LC 14","La cứng 14","Cây",2,14000,28000,0,16608.599221789882,16608.599221789882,"KL",null,0]
["690","2020-06-02","PX040",null,"LC 20","La cứng 20","Cây",1,20000,20000,0,14100,14100,"KL",null,0]
["691","2020-06-02","PX040",null,"TMXN5.0DA","Tôn XNgọc 5.0 ĐÁ","Mét",74,108000,7992000,0,6964066.3172939494,6964066.3172939494,"KL",null,0]
["692","2020-06-02","PX040",null,"OK60 1.8","Ống kẽm 60 (1.8)","Cây",5,255000,1275000,0,1087500,1087500,"KL",null,0]
["693","2020-06-02","PX040",null,"HK5010 1.8","Hộp kẽm 50x100 (1.8)","Cây",2,360000,720000,0,686938.67469879519,686938.67469879519,"KL",null,0]
["694","2020-06-02","PX040",null,"HK3060 1.8","Hộp kẽm 30x60 (1.8)","Cây",12,220000,2640000,0,2427268.5242369836,2427268.5242369836,"KL",null,0]
["695","2020-06-02","PX040",null,"HK4080 1.8","Hộp kẽm 40x80 (1.8)","Cây",2,290000,580000,0,547311.65096952906,547311.65096952906,"KL",null,0]
["696","2020-06-02","PX040",null,"VK40 1.8","Vuông kẽm 40 (1.8)","Cây",7,195000,1365000,0,1269477.3024054982,1269477.3024054982,"KL",null,0]
["697","2020-06-02","PX040",null,"TMXN4.0","Tôn XNgọc 4.0","Mét",5.2,76000,395200,0,311735.68813267286,311735.68813267286,"KL",null,0]
["698","2020-06-02","PX040",null,"HK4080 1.8","Hộp kẽm 40x80 (1.8)","Cây",12,298000,3576000,0,3283869.9058171744,3283869.9058171744,"KL",null,0]
["699","2020-06-02","PX040",null,"VK40 1.4","Vuông kẽm 40 (1.4)","Cây",10,154000,1540000,0,1434286.0110803323,1434286.0110803323,"KL",null,0]
["700","2020-06-02","PX040",null,"OK34 1.4","Ống kẽm 34 (1.4)","Cây",60,103000,6180000,0,5684108.461538462,5684108.461538462,"KL",null,0]
["701","2020-06-02","PX040",null,"V50Đ","V đen 50(Đ)","Cây",11,240000,2640000,0,2188101.4084507041,2188101.4084507041,"KL",null,0]
["702","2020-06-02","PX040",null,"VK100 1.8","Vuông kẽm 100 (1.8)","Cây",1,605000,605000,0,472858.66666666669,472858.66666666669,"KL",null,0]
["703","2020-06-02","PX040",null,"HK5010 1.8","Hộp kẽm 50x100 (1.8)","Cây",2,475000,950000,0,686938.67469879519,686938.67469879519,"KL",null,0]
["704","2020-06-02","PX040",null,"HK4080 1.8","Hộp kẽm 40x80 (1.8)","Cây",2,380000,760000,0,547311.65096952906,547311.65096952906,"KL",null,0]
["705","2020-06-02","PX040",null,"VK30 1.8","Vuông kẽm 30 (1.8)","Cây",3,185000,555000,0,411600,411600,"KL",null,0]
["706","2020-06-02","PX040",null,"V50T","V đen 50(T)","Cây",2,300000,600000,0,521000,521000,"KL",null,0]
["707","2020-06-02","PX040",null,"V40T","V đen 40(T)","Cây",1,190000,190000,0,167200,167200,"KL",null,0]
["708","2020-06-02","PX040",null,"BX36","Bánh xe 36 ","Cái",2,12000,24000,0,12307.9754601227,12307.9754601227,"KL",null,0]
["709","2020-06-02","PX040",null,"TMXN3.5","Tôn XNgọc 3.5","Mét",196.9,59000,11617100,0,10166232.618741978,10166232.618741978,"KL",null,0]
["710","2020-06-02","PX040-TT",null,null,"Thu tien luon",0,0,0,0,0,0,0,"KL",45217300,0]
["711","2020-06-03","PX041",null,"VK30 1.2","Vuông kẽm 30 (1.2)","Cây",17,107000,1819000,0,1609504.7202797204,1609504.7202797204,"KL",null,0]
["712","2020-06-03","PX041",null,"HK3060 1.2 ","Hộp kẽm 30x60 (1.2) ","Cây",1,160000,160000,0,146786.44859813084,146786.44859813084,"KL",null,0]
["713","2020-06-03","PX041",null,"VK40 1.2","Vuông kẽm 40 (1.2)","Cây",20,143000,2860000,0,2566911.111111111,2566911.111111111,"KL",null,0]
["714","2020-06-03","PX041",null,"HK4080 1.8","Hộp kẽm 40x80 (1.8)","Cây",36,288000,10368000,0,9851609.717451524,9851609.717451524,"KL",null,0]
["715","2020-06-03","PX041",null,"HK4080 1.8","Hộp kẽm 40x80 (1.8)","Cây",15,305000,4575000,0,4104837.3822714677,4104837.3822714677,"KL",null,0]
["716","2020-06-03","PX041",null,"TL3.5","Tôn Lạnh 3.5","Mét",6,67000,402000,0,355800,355800,"KL",null,0]
["717","2020-06-03","PX041",null,"V40Đ","V đen 40(Đ)","Cây",1,165000,165000,0,129411.76470588235,129411.76470588235,"KL",null,0]
["718","2020-06-03","PX041",null,"TL5.0 ĐA","Tole Lạnh 5.0 ĐÁ","Mét",2,103000,206000,0,177276.13235294117,177276.13235294117,"KL",null,0]
["719","2020-06-03","PX041",null,"HD2550 0.7","Hộp đen 25x50 (0.7)","Cây",113,79000,8927000,0,8217006.2149532707,8217006.2149532707,"KL",null,0]
["720","2020-06-03","PX041",null,"VK25 1.2","Vuông kẽm 25 (1.2)","Cây",5,94000,470000,0,407366.19718309853,407366.19718309853,"KL",null,0]
["721","2020-06-03","PX041",null,"VL30(D)","V Lỗ 30 (dày)","Cây",4,60000,240000,0,189600,189600,"KL",null,0]
["722","2020-06-03","PX041",null,"BX30","Bánh xe 30","Cái",2,12000,24000,0,12107.142857142857,12107.142857142857,"KL",null,0]
["723","2020-06-03","PX041",null,"OK27 1.8","Ống kẽm 27 (1.8)","Cây",1,119000,119000,0,101917.0731707317,101917.0731707317,"KL",null,0]
["724","2020-06-03","PX041",null,"TMXN3.0","Tôn XNgọc 3.0","Mét",3.75,55000,206250,0,174225.1340083383,174225.1340083383,"KL",null,0]
["725","2020-06-03","PX041",null,"VL30","V Lỗ 30","Cây",6,32500,195000,0,194400,194400,"KL",null,0]
["726","2020-06-03","PX041-TT",null,null,"Thu tien luon",0,0,0,0,0,0,0,"KL",30736250,0]
["727","2020-06-04","PX042",null,"VK40 1.2","Vuông kẽm 40 (1.2)","Cây",15,145000,2175000,0,1925183.3333333335,1925183.3333333335,"KL",null,0]
["728","2020-06-04","PX042",null,"TMXN3.0","Tôn XNgọc 3.0","Mét",1.2,58000,69600,0,55752.042882668255,55752.042882668255,"KL",null,0]
["729","2020-06-04","PX042",null,"HK4080 1.8","Hộp kẽm 40x80 (1.8)","Cây",20,288000,5760000,0,5473116.5096952906,5473116.5096952906,"KL",null,0]
["730","2020-06-04","PX042",null,"VK40 1.2","Vuông kẽm 40 (1.2)","Cây",20,143000,2860000,0,2566911.111111111,2566911.111111111,"KL",null,0]
["731","2020-06-04","PX042",null,"HK3060 1.4 ","Hộp kẽm 30x60 (1.4) ","Cây",5,176000,880000,0,815278.03738317755,815278.03738317755,"KL",null,0]
["732","2020-06-04","PX042",null,"VK30 1.4","Vuông kẽm 30 (1.4)","Cây",10,120000,1200000,0,1065373.1233933163,1065373.1233933163,"KL",null,0]
["733","2020-06-04","PX042",null,"LC 14","La cứng 14","Cây",10,14000,140000,0,83042.996108949417,83042.996108949417,"KL",null,0]
["734","2020-06-04","PX042",null,"VK20 1.0","Vuông kẽm 20 (1.0)","Cây",5,63000,315000,0,255933.88429752068,255933.88429752068,"KL",null,0]
["735","2020-06-04","PX042",null,"TMXN3.5","Tôn XNgọc 3.5","Mét",120.96,60000,7257600,0,6245340.2618741971,6245340.2618741971,"KL",null,0]
["736","2020-06-04","PX042",null,"TMXN4.0","Tôn XNgọc 4.0","Mét",44.1,70000,3087000,0,2643758.4320482449,2643758.4320482449,"KL",null,0]
["737","2020-06-04","PX042",null,"TL5.0","Tôn Lạnh 5.0","Mét",12,85000,1020000,0,912766.25782227772,912766.25782227772,"KL",null,0]
["738","2020-06-04","PX042",null,"TMXN4.5","Tôn XNgọc 4.5","Mét",9,75000,675000,0,589523.03794691816,589523.03794691816,"KL",null,0]
["739","2020-06-04","PX042",null,"TMXN4.0","Tôn XNgọc 4.0","Mét",119,67000,7973000,0,7133951.3245746288,7133951.3245746288,"KL",null,0]
["740","2020-06-04","PX042",null,"HK3060 1.4 ","Hộp kẽm 30x60 (1.4) ","Cây",20,176000,3520000,0,3261112.1495327102,3261112.1495327102,"KL",null,0]
["741","2020-06-04","PX042",null,"LC 50 5","La cứng 50 5li","Cây",2,110000,220000,0,172000,172000,"KL",null,0]
["742","2020-06-04","PX042-TT",null,null,"Thu tien luon",0,0,0,0,0,0,0,"KL",37152200,0]
["743","2020-06-05","PX043",null,"HK4080 1.8","Hộp kẽm 40x80 (1.8)","Cây",2,350000,700000,0,547311.65096952906,547311.65096952906,"KL",null,0]
["744","2020-06-05","PX043",null,"VK30 1.8","Vuông kẽm 30 (1.8)","Cây",3,175000,525000,0,411600,411600,"KL",null,0]
["745","2020-06-05","PX043",null,"TMXN4.5","Tôn XNgọc 4.5","Mét",24,81000,1944000,0,1572061.4345251152,1572061.4345251152,"KL",null,0]
["746","2020-06-05","PX043",null,"HK2550 1.2 ","Hộp kẽm 25x50 (1.2) ","Cây",10,135000,1350000,0,1256975.2066115704,1256975.2066115704,"KL",null,0]
["747","2020-06-05","PX043",null,"HK3060 2.0","Hộp kẽm 30x60 (2.0)","Cây",1,270000,270000,0,245412.24489795917,245412.24489795917,"KL",null,0]
["748","2020-06-05","PX043",null,"TMXN5.0DA","Tôn XNgọc 5.0 ĐÁ","Mét",70.400000000000006,105000,7392000.0000000009,0,6625273.901858028,6625273.901858028,"KL",null,0]
["749","2020-06-05","PX043",null,"TMXN4.5","Tôn XNgọc 4.5","Mét",7.2,78000,561600,0,471618.43035753455,471618.43035753455,"KL",null,0]
["750","2020-06-05","PX043",null,"TL5.0 ĐA","Tole Lạnh 5.0 ĐÁ","Mét",18.7,100000,1870000,0,1657531.8374999999,1657531.8374999999,"KL",null,0]
["751","2020-06-05","PX043",null,"TMXN3.5","Tôn XNgọc 3.5","Mét",2,64000,128000,0,103262.90115532734,103262.90115532734,"KL",null,0]
["752","2020-06-05","PX043",null,"TL3.5","Tôn Lạnh 3.5","Mét",26.05,67000,1745350,0,1544765,1544765,"KL",null,0]
["753","2020-06-05","PX043",null,"TNSV1.0 2.0M","Tôn nhựa sóng vuông (1.0) 2.0m","Tấm",1,146000,146000,0,130000,130000,"KL",null,0]
["754","2020-06-05","PX043",null,"TNSV1.0 3.0M","Tôn nhựa sóng vuông (1.0) 3.0m","Tấm",1,219000,219000,0,184285.71428571429,184285.71428571429,"KL",null,0]
["755","2020-06-05","PX043",null,"HK4080 1.8","Hộp kẽm 40x80 (1.8)","Cây",6,288000,1728000,0,1641934.9529085872,1641934.9529085872,"KL",null,0]
["756","2020-06-05","PX043",null,"HK3060 1.8","Hộp kẽm 30x60 (1.8)","Cây",5,220000,1100000,0,1011361.8850987433,1011361.8850987433,"KL",null,0]
["757","2020-06-05","PX043",null,"HK2550 1.8","Hộp kẽm 25x50 (1.8)","Cây",9,178000,1602000,0,1481400,1481400,"KL",null,0]
["758","2020-06-05","PX043",null,"TMXN4.5DA","Tôn XNgọc 4.5 ĐÁ","Mét",13.8,94000,1297200,0,1177756.5957446811,1177756.5957446811,"KL",null,0]
["759","2020-06-05","PX043",null,"OK114 1.8","ống kẽm 114 (1.8)","Cây",5,475000,2375000,0,2165168.7096774196,2165168.7096774196,"KL",null,0]
["760","2020-06-05","PX043",null,"VK25 1.0","Vuông kẽm 25 (1.0)","Cây",10,70000,700000,0,677500,677500,"KL",null,0]
["761","2020-06-05","PX043",null,"TMXN3.0","Tôn XNgọc 3.0","Mét",30,55000,1650000,0,1393801.0720667064,1393801.0720667064,"KL",null,0]
["762","2020-06-05","PX043-TT",null,null,"Thu tien luon",0,0,0,0,0,0,0,"KL",27303150,0]
["763","2020-06-06","PX044",null,"TL5.0 ĐA","Tole Lạnh 5.0 ĐÁ","Mét",41.2,103000,4243600,0,3651888.3264705883,3651888.3264705883,"KL",null,0]
["764","2020-06-06","PX044",null,"TMXN4.5","Tôn XNgọc 4.5","Mét",11.4,81000,923400,0,746729.1813994298,746729.1813994298,"KL",null,0]
["765","2020-06-06","PX044",null,"TMXN5.0","Tôn XNgọc 5.0","Mét",4,87000,348000,0,293202.55404057202,293202.55404057202,"KL",null,0]
["766","2020-06-06","PX044",null,"TMXN5.0DA","Tôn XNgọc 5.0 ĐÁ","Mét",49.2,110000,5412000,0,4630163.0109575996,4630163.0109575996,"KL",null,0]
["767","2020-06-06","PX044",null,"HK4080 1.4 ","Hộp kẽm 40x80 (1.4) ","Cây",5,235000,1175000,0,1090174.4769874476,1090174.4769874476,"KL",null,0]
["768","2020-06-06","PX044",null,"HK3060 1.4 ","Hộp kẽm 30x60 (1.4) ","Cây",2,176000,352000,0,326111.21495327103,326111.21495327103,"KL",null,0]
["769","2020-06-06","PX044",null,"TMXN3.0","Tôn XNgọc 3.0","Mét",11,64000,704000,0,511060.39309112565,511060.39309112565,"KL",null,0]
["770","2020-06-06","PX044",null,"VK25 1.2","Vuông kẽm 25 (1.2)","Cây",4,94000,376000,0,325892.95774647885,325892.95774647885,"KL",null,0]
["771","2020-06-06","PX044",null,"VK20 1.0","Vuông kẽm 20 (1.0)","Cây",2,63000,126000,0,102373.55371900827,102373.55371900827,"KL",null,0]
["772","2020-06-06","PX044",null,"TL3.5","Tôn Lạnh 3.5","Mét",2.02,70000,141400,0,119786,119786,"KL",null,0]
["773","2020-06-06","PX044",null,"TL4.5","Tôn Lạnh 4.5","Mét",18,79000,1422000,0,1276004.0138408304,1276004.0138408304,"KL",null,0]
["774","2020-06-06","PX044-TT",null,null,"Thu tien luon",0,0,0,0,0,0,0,"KL",15223400,0]
["775","2020-06-07","PX045",null,"OKN34 2.6","Ống kẽm nhúng 34 (2.6)","Cây",2,290000,580000,0,523773.91304347827,523773.91304347827,"KL",null,0]
["776","2020-06-07","PX045",null,"TMXN3.5","Tôn XNgọc 3.5","Mét",2.7,67000,180900,0,139404.91655969192,139404.91655969192,"KL",null,0]
["777","2020-06-07","PX045",null,"TMXN4.5DA","Tôn XNgọc 4.5 ĐÁ","Mét",16,97000,1552000,0,1365514.8936170214,1365514.8936170214,"KL",null,0]
["778","2020-06-07","PX045",null,"HK4080 1.4 ","Hộp kẽm 40x80 (1.4) ","Cây",3,235000,705000,0,654104.68619246862,654104.68619246862,"KL",null,0]
["779","2020-06-07","PX045",null,"TL5.0 ĐA","Tole Lạnh 5.0 ĐÁ","Mét",2.8,100000,280000,0,248186.58529411763,248186.58529411763,"KL",null,0]
["780","2020-06-07","PX045",null,"TMXN3.5","Tôn XNgọc 3.5","Mét",1.4,64000,89600,0,72284.030808729134,72284.030808729134,"KL",null,0]
["781","2020-06-07","PX045-TT",null,null,"Thu tien luon",0,0,0,0,0,0,0,"KL",3387500,0]
["782","2020-06-08","PX046",null,"TL4.5","Tôn Lạnh 4.5","Mét",2,86000,172000,0,141778.22376009228,141778.22376009228,"KL",null,0]
["783","2020-06-08","PX046",null,"HK1326 1.2","Hộp kẽm 13x26 (1.2)","Cây",3,74000,222000,0,183228.88146911518,183228.88146911518,"KL",null,0]
["784","2020-06-08","PX046",null,"HK3060 1.4 ","Hộp kẽm 30x60 (1.4) ","Cây",2,180000,360000,0,326111.21495327103,326111.21495327103,"KL",null,0]
["785","2020-06-08","PX046",null,"VK25 1.2","Vuông kẽm 25 (1.2)","Cây",2,92000,184000,0,162946.47887323942,162946.47887323942,"KL",null,0]
["786","2020-06-08","PX046",null,"VK20 1.0","Vuông kẽm 20 (1.0)","Cây",5,54000,270000,0,255933.88429752068,255933.88429752068,"KL",null,0]
["787","2020-06-08","PX046",null,"HK3060 1.4 ","Hộp kẽm 30x60 (1.4) ","Cây",6,180000,1080000,0,978333.64485981315,978333.64485981315,"KL",null,0]
["788","2020-06-08","PX046",null,"HK4080 1.4 ","Hộp kẽm 40x80 (1.4) ","Cây",3,240000,720000,0,654104.68619246862,654104.68619246862,"KL",null,0]
["789","2020-06-08","PX046",null,"TMXN4.5","Tôn XNgọc 4.5","Mét",9.06,80000,724800,0,593453.19153323106,593453.19153323106,"KL",null,0]
["790","2020-06-08","PX046",null,"HK3060 1.3","Hộp kẽm 30x60 (1.3)","Cây",2,168000,336000,0,310706.08695652173,310706.08695652173,"KL",null,0]
["791","2020-06-08","PX046",null,"TL4.0","Tôn Lạnh 4.0","Mét",4.4000000000000004,79000,347600,0,286880,286880,"KL",null,0]
["792","2020-06-08","PX046",null,"HK4080 1.4 ","Hộp kẽm 40x80 (1.4) ","Cây",30,240000,7200000,0,6541046.8619246865,6541046.8619246865,"KL",null,0]
["793","2020-06-08","PX046",null,"HK3060 1.4 ","Hộp kẽm 30x60 (1.4) ","Cây",10,180000,1800000,0,1630556.0747663551,1630556.0747663551,"KL",null,0]
["794","2020-06-08","PX046",null,"VK40 1.4","Vuông kẽm 40 (1.4)","Cây",15,164000,2460000,0,2151429.0166204986,2151429.0166204986,"KL",null,0]
["795","2020-06-08","PX046",null,"HK1326 1.2","Hộp kẽm 13x26 (1.2)","Cây",10,70000,700000,0,610762.93823038391,610762.93823038391,"KL",null,0]
["796","2020-06-08","PX046",null,"VK14 1.2","Vuông kẽm 14 (1.2)","Cây",10,50000,500000,0,448680.20304568525,448680.20304568525,"KL",null,0]
["797","2020-06-08","PX046",null,"HK3060 1.4 ","Hộp kẽm 30x60 (1.4) ","Cây",2,176000,352000,0,326111.21495327103,326111.21495327103,"KL",null,0]
["798","2020-06-08","PX046",null,"LC 20","La cứng 20","Cây",10,20000,200000,0,141000,141000,"KL",null,0]
["799","2020-06-08","PX046",null,"TMXN3.0","Tôn XNgọc 3.0","Mét",15.1,58000,875800,0,701546.5396069088,701546.5396069088,"KL",null,0]
["800","2020-06-08","PX046",null,"VK30 1.4","Vuông kẽm 30 (1.4)","Cây",5,120000,600000,0,532686.56169665814,532686.56169665814,"KL",null,0]
["801","2020-06-08","PX046",null,"VK30 1.2","Vuông kẽm 30 (1.2)","Cây",10,120000,1200000,0,946767.4825174826,946767.4825174826,"KL",null,0]
["802","2020-06-08","PX046",null,"HK1326 0.9","Hộp kẽm 13x26 (0.9)","Cây",20,50000,1000000,0,903315.17509727622,903315.17509727622,"KL",null,0]
["803","2020-06-08","PX046",null,"VK14 0.9","Vuông kẽm 14 (0.9)","Cây",17,38000,646000,0,532928.20512820513,532928.20512820513,"KL",null,0]
["804","2020-06-08","PX046",null,"VK14 1.0","Vuông kẽm 14 (1.0)","Cây",3,38000,114000,0,120900,120900,"KL",null,0]
["805","2020-06-08","PX046",null,"TMXN3.0","Tôn XNgọc 3.0","Mét",9.4,55000,517000,0,436724.33591423469,436724.33591423469,"KL",null,0]
["806","2020-06-08","PX046",null,"TL4.5","Tôn Lạnh 4.5","Mét",9.4,79000,742600,0,666357.65167243371,666357.65167243371,"KL",null,0]
["807","2020-06-08","PX046",null,"TMXN3.0","Tôn XNgọc 3.0","Mét",32.1,55000,1765500,0,1491367.1471113758,1491367.1471113758,"KL",null,0]
["808","2020-06-08","PX046",null,"HK4080 1.4 ","Hộp kẽm 40x80 (1.4) ","Cây",3,225000,675000,0,654104.68619246862,654104.68619246862,"KL",null,0]
["809","2020-06-08","PX046",null,"CN20L","Cách nhiệt 20 li","Mét",44,33000,1452000,0,1258400,1258400,"KL",null,0]
["810","2020-06-08","PX046",null,"VL30","V Lỗ 30","Cây",10,42000,420000,0,324000,324000,"KL",null,0]
["811","2020-06-08","PX046",null,"VL40","V Lỗ 40","Cây",10,53000,530000,0,431842.10526315786,431842.10526315786,"KL",null,0]
["812","2020-06-08","PX046",null,"TMXN4.0","Tôn XNgọc 4.0","Mét",22.72,73000,1658560,0,1362045.1604566013,1362045.1604566013,"KL",null,0]
["813","2020-06-08","PX046",null,"VK25 1.4","Vuông kẽm 25 (1.4)","Cây",6,105000,630000,0,529131.14754098351,529131.14754098351,"KL",null,0]
["814","2020-06-08","PX046-TT",null,null,"Thu tien luon",0,0,0,0,0,0,0,"KL",30454860,0]
["815","2020-06-09","PX047",null,"HK3060 1.8","Hộp kẽm 30x60 (1.8)","Cây",100,235000,23500000,0,20227237.701974865,20227237.701974865,"KL",null,0]
["816","2020-06-09","PX047",null,"HK3060 1.4 ","Hộp kẽm 30x60 (1.4) ","Cây",50,175000,8750000,0,8152780.373831776,8152780.373831776,"KL",null,0]
["817","2020-06-09","PX047",null,"VK25 0.9","Vuông kẽm 25 (0.9)","Cây",30,65000,1950000,0,1709226.8041237113,1709226.8041237113,"KL",null,0]
["818","2020-06-09","PX047",null,"HD2550 0.7","Hộp đen 25x50 (0.7)","Cây",150,79000,11850000,0,10907530.373831775,10907530.373831775,"KL",null,0]
["819","2020-06-09","PX047",null,"OD16 0.5","Ống đen 16 (0.5)","Cây",200,24500,4900000,0,4707808.9587659454,4707808.9587659454,"KL",null,0]
["820","2020-06-09","PX047",null,"LC 30 5","La cứng 30 5li","Cây",1,70000,70000,0,46675.675675675673,46675.675675675673,"KL",null,0]
["821","2020-06-09","PX047",null,"CCN20","Chụp nhựa 20","Cái",16,450,7200,0,2240,2240,"KL",null,0]
["822","2020-06-09","PX047",null,"MANG30 1.2 4M","Máng cửa sổ 30 (1.2) 4m","Cây",1,128000,128000,0,86871.794871794875,86871.794871794875,"KL",null,0]
["823","2020-06-09","PX047",null,"BX30","Bánh xe 30","Cái",3,12000,36000,0,18160.714285714286,18160.714285714286,"KL",null,0]
["824","2020-06-09","PX047",null,"HK4080 1.4 ","Hộp kẽm 40x80 (1.4) ","Cây",2,235000,470000,0,436069.79079497908,436069.79079497908,"KL",null,0]
["825","2020-06-09","PX047",null,"HK3060 1.2 ","Hộp kẽm 30x60 (1.2) ","Cây",15,159000,2385000,0,2201796.7289719628,2201796.7289719628,"KL",null,0]
["826","2020-06-09","PX047",null,"VK100 1.4","Vuông kẽm 100 (1.4)","Cây",2,410000,820000,0,772088.88888888888,772088.88888888888,"KL",null,0]
["827","2020-06-09","PX047",null,"VK30 1.2","Vuông kẽm 30 (1.2)","Cây",10,105000,1050000,0,946767.4825174826,946767.4825174826,"KL",null,0]
["828","2020-06-09","PX047",null,"HK1326 0.9","Hộp kẽm 13x26 (0.9)","Cây",20,50000,1000000,0,903315.17509727622,903315.17509727622,"KL",null,0]
["829","2020-06-09","PX047",null,"TMXN4.5","Tôn XNgọc 4.5","Mét",20.25,78000,1579500,0,1326426.8353805661,1326426.8353805661,"KL",null,0]
["830","2020-06-09","PX047",null,"TMXN4.0","Tôn XNgọc 4.0","Mét",21.8,73000,1591400,0,1306891.9233254362,1306891.9233254362,"KL",null,0]
["831","2020-06-09","PX047",null,"CN10L","Cách nhiệt 10 li","Mét",18.8,29000,545200,0,245952.13358070503,245952.13358070503,"KL",null,0]
["832","2020-06-09","PX047",null,"TMXN5.0DA","Tôn XNgọc 5.0 ĐÁ","Mét",11,110000,1210000,0,1035199.0471653169,1035199.0471653169,"KL",null,0]
["833","2020-06-09","PX047",null,"TMXN5.0DA","Tôn XNgọc 5.0 ĐÁ","Mét",81.8,101000,8261800,0,7698116.5507384464,7698116.5507384464,"KL",null,0]
["834","2020-06-09","PX047",null,"TNSV1.0 2.0M","Tôn nhựa sóng vuông (1.0) 2.0m","Tấm",6,144000,864000,0,780000,780000,"KL",null,0]
["835","2020-06-09","PX047",null,"TNSV1.0 3.0M","Tôn nhựa sóng vuông (1.0) 3.0m","Tấm",2,216000,432000,0,368571.42857142858,368571.42857142858,"KL",null,0]
["836","2020-06-09","PX047-TT",null,null,"Thu tien luon",0,0,0,0,0,0,0,"KL",71400100,0]
["837","2020-06-10","PX048",null,"VK30 1.2","Vuông kẽm 30 (1.2)","Cây",30,105000,3150000,0,2840302.4475524477,2840302.4475524477,"KL",null,0]
["838","2020-06-10","PX048",null,"HK4080 1.2 ","Hộp kẽm 40x80 (1.2)","Cây",15,215000,3225000,0,2996362.5,2996362.5,"KL",null,0]
["839","2020-06-10","PX048",null,"OK90 1.8","Ống kẽm 90 (1.8)","Cây",2,355000,710000,0,643050,643050,"KL",null,0]
["840","2020-06-10","PX048",null,"MANG30 1.2 6M","Máng cửa sổ 30 (1.2) 6m","Cây",5,180000,900000,0,630319.14893617027,630319.14893617027,"KL",null,0]
["841","2020-06-10","PX048",null,"LC 30","La cứng 30","Cây",2,30000,60000,0,34000,34000,"KL",null,0]
["842","2020-06-10","PX048",null,"TMXN5.0DA","Tôn XNgọc 5.0 ĐÁ","Mét",58.8,108000,6350400,0,5533609.4521200573,5533609.4521200573,"KL",null,0]
["843","2020-06-10","PX048",null,"TMXN4.5","Tôn XNgọc 4.5","Mét",4.5,79000,355500,0,294761.51897345908,294761.51897345908,"KL",null,0]
["844","2020-06-10","PX048",null,"TL5.0","Tôn Lạnh 5.0","Mét",67,90000,6030000,0,5096278.2728410512,5096278.2728410512,"KL",null,0]
["845","2020-06-10","PX048",null,"VK90 1.4","Vuông kẽm 90 (1.4)","Cây",8,348000,2784000,0,2731563.6363636362,2731563.6363636362,"KL",null,0]
["846","2020-06-10","PX048",null,"HK4080 1.4 ","Hộp kẽm 40x80 (1.4) ","Cây",12,235000,2820000,0,2616418.7447698745,2616418.7447698745,"KL",null,0]
["847","2020-06-10","PX048",null,"VK30 1.4","Vuông kẽm 30 (1.4)","Cây",15,120000,1800000,0,1598059.6850899742,1598059.6850899742,"KL",null,0]
["848","2020-06-10","PX048",null,"HK5010 2.0","Hộp kẽm 50x100 (2.0)","Cây",12,455000,5460000,0,4940708.5714285709,4940708.5714285709,"KL",null,0]
["849","2020-06-10","PX048",null,"TL4.5","Tôn Lạnh 4.5","Mét",71.599999999999994,80000,5728000,0,5075660.4106113035,5075660.4106113035,"KL",null,0]
["850","2020-06-10","PX048",null,"HK4080 1.4 ","Hộp kẽm 40x80 (1.4) ","Cây",17,230000,3910000,0,3706593.2217573221,3706593.2217573221,"KL",null,0]
["851","2020-06-10","PX048",null,"TMXN5.0DA","Tôn XNgọc 5.0 ĐÁ","Mét",19.7,105000,2068500,0,1853947.3844687946,1853947.3844687946,"KL",null,0]
["852","2020-06-10","PX048",null,"TL5.0 ĐA","Tole Lạnh 5.0 ĐÁ","Mét",12,100000,1200000,0,1063656.794117647,1063656.794117647,"KL",null,0]
["853","2020-06-10","PX048",null,"BX48","Bánh xe 48","Cái",2,20000,40000,0,24000,24000,"KL",null,0]
["854","2020-06-10","PX048-TT",null,null,"Thu tien luon",0,0,0,0,0,0,0,"KL",46591400,0]
["855","2020-06-11","PX049",null,"OK90 1.8","Ống kẽm 90 (1.8)","Cây",1,355000,355000,0,321525,321525,"KL",null,0]
["856","2020-06-11","PX049",null,"HK4080 1.2 ","Hộp kẽm 40x80 (1.2)","Cây",1,215000,215000,0,199757.5,199757.5,"KL",null,0]
["857","2020-06-11","PX049",null,"HK2040 1.2 ","Hộp kẽm 20x40 (1.2) ","Cây",19,105000,1995000,0,1830576.5042979943,1830576.5042979943,"KL",null,0]
["858","2020-06-11","PX049",null,"HK3060 1.8","Hộp kẽm 30x60 (1.8)","Cây",7,225000,1575000,0,1415906.6391382406,1415906.6391382406,"KL",null,0]
["859","2020-06-11","PX049",null,"CCN36","Chụp nhựa 36","Cái",20,1000,20000,0,5600,5600,"KL",null,0]
["860","2020-06-11","PX049",null,"TNSV1.0 2.5M","Tôn nhựa sóng vuông (1.0) 2.5m","Tấm",1,180000,180000,0,156056.70103092783,156056.70103092783,"KL",null,0]
["861","2020-06-11","PX049",null,"VK20 1.4","Vuông kẽm 20 (1.4)","Cây",2,85000,170000,0,136352.9411764706,136352.9411764706,"KL",null,0]
["862","2020-06-11","PX049",null,"HK5010 1.4 ","Hộp kẽm 50x100 (1.4) ","Cây",10,295000,2950000,0,2753776.923076923,2753776.923076923,"KL",null,0]
["863","2020-06-11","PX049",null,"HK3060 1.4 ","Hộp kẽm 30x60 (1.4) ","Cây",10,180000,1800000,0,1630556.0747663551,1630556.0747663551,"KL",null,0]
["864","2020-06-11","PX049",null,"VK30 1.4","Vuông kẽm 30 (1.4)","Cây",20,122000,2440000,0,2130746.2467866326,2130746.2467866326,"KL",null,0]
["865","2020-06-11","PX049",null,"TMXN3.5","Tôn XNgọc 3.5","Mét",37.5,64000,2400000,0,1936179.3966623878,1936179.3966623878,"KL",null,0]
["866","2020-06-11","PX049",null,"OK60 1.8","Ống kẽm 60 (1.8)","Cây",2,265000,530000,0,435000,435000,"KL",null,0]
["867","2020-06-11","PX049",null,"HK2040 1.2 ","Hộp kẽm 20x40 (1.2) ","Cây",10,105000,1050000,0,963461.31805157592,963461.31805157592,"KL",null,0]
["868","2020-06-11","PX049",null,"TMXD4.0","Tôn Xanh Dương 4.0","Mét",4,80000,320000,0,301200,301200,"KL",null,0]
["869","2020-06-11","PX049-TT",null,null,"Thu tien luon",0,0,0,0,0,0,0,"KL",16000000,0]
["870","2020-06-12","PX050",null,"V25","V đen25(X)","Cây",150,80000,12000000,0,10092426.636568848,10092426.636568848,"KL",null,0]
["871","2020-06-12","PX050",null,"UCK 2.9M","U cửa kéo 2.9m","Cây",50,31900,1595000,0,1334000,1334000,"KL",null,0]
["872","2020-06-12","PX050",null,"V40X","V đen 40(X)","Cây",10,127000,1270000,0,973228.91566265048,973228.91566265048,"KL",null,0]
["873","2020-06-12","PX050",null,"V50X","V đen 50(X)","Cây",2,201000,402000,0,320136.58536585368,320136.58536585368,"KL",null,0]
["874","2020-06-12","PX050",null,"TMXDT4.0 ĐA","Tôn Xanh Dương Tím 4.0 ĐÁ","Mét",20,85000,1700000,0,1586000,1586000,"KL",null,0]
["875","2020-06-12","PX050",null,"TMXN4.0","Tôn XNgọc 4.0","Mét",57.1,76000,4339600,0,3423097.6523799268,3423097.6523799268,"KL",null,0]
["876","2020-06-12","PX050",null,"TL5.0 ĐA","Tole Lạnh 5.0 ĐÁ","Mét",17.100000000000001,100000,1710000.0000000002,0,1515710.9316176472,1515710.9316176472,"KL",null,0]
["877","2020-06-12","PX050",null,"TMXN3.0","Tôn XNgọc 3.0","Mét",54.65,60000,3279000,0,2539040.9529481833,2539040.9529481833,"KL",null,0]
["878","2020-06-12","PX050",null,"MANG36 1.2 4M","Máng cửa đi 36 (1.2) 4m","Cây",1,160000,160000,0,109354.83870967742,109354.83870967742,"KL",null,0]
["879","2020-06-12","PX050",null,"BX36","Bánh xe 36 ","Cái",2,12000,24000,0,12307.9754601227,12307.9754601227,"KL",null,0]
["880","2020-06-12","PX050-TT",null,null,"Thu tien luon",0,0,0,0,0,0,0,"KL",26479600,0]
["881","2020-06-13","PX051",null,"TMXN3.0","Tôn XNgọc 3.0","Mét",2.5,60000,150000,0,116150.0893388922,116150.0893388922,"KL",null,0]
["882","2020-06-13","PX051",null,"BX30","Bánh xe 30","Cái",2,12000,24000,0,12107.142857142857,12107.142857142857,"KL",null,0]
["883","2020-06-13","PX051",null,"OKN34 3.2","Ống kẽm nhúng 34 (3.2)","Cây",1,360000,360000,0,326000,326000,"KL",null,0]
["884","2020-06-13","PX051",null,"TMXN4.5DA","Tôn XNgọc 4.5 ĐÁ","Mét",157.65,92000,14503800,0,13454588.936170215,13454588.936170215,"KL",null,0]
["885","2020-06-13","PX051",null,"TMXN5.0DA","Tôn XNgọc 5.0 ĐÁ","Mét",11,110000,1210000,0,1035199.0471653169,1035199.0471653169,"KL",null,0]
["886","2020-06-13","PX051",null,"TL4.5","Tôn Lạnh 4.5","Mét",30,83000,2490000,0,2126673.3564013843,2126673.3564013843,"KL",null,0]
["887","2020-06-13","PX051",null,"TL3.5","Tôn Lạnh 3.5","Mét",36,67000,2412000,0,2134800,2134800,"KL",null,0]
["888","2020-06-13","PX051",null,"VK30 1.2","Vuông kẽm 30 (1.2)","Cây",50,107000,5350000,0,4733837.4125874126,4733837.4125874126,"KL",null,0]
["889","2020-06-13","PX051",null,"HK1326 0.9","Hộp kẽm 13x26 (0.9)","Cây",20,51000,1020000,0,903315.17509727622,903315.17509727622,"KL",null,0]
["890","2020-06-13","PX051",null,"V50Đ","V đen 50(Đ)","Cây",2,250000,500000,0,397836.61971830984,397836.61971830984,"KL",null,0]
["891","2020-06-13","PX051",null,"HK3060 1.4 ","Hộp kẽm 30x60 (1.4) ","Cây",6,195000,1170000,0,978333.64485981315,978333.64485981315,"KL",null,0]
["892","2020-06-13","PX051",null,"TMXN3.5","Tôn XNgọc 3.5","Mét",46,57000,2622000,0,2375046.7265725289,2375046.7265725289,"KL",null,0]
["893","2020-06-13","PX051",null,"TMXN4.0","Tôn XNgọc 4.0","Mét",19.5,67000,1306500,0,1169008.8304975233,1169008.8304975233,"KL",null,0]
["894","2020-06-13","PX051",null,"TL5.0","Tôn Lạnh 5.0","Mét",15,88000,1320000,0,1140957.8222778472,1140957.8222778472,"KL",null,0]
["895","2020-06-13","PX051",null,"TMXN3.0","Tôn XNgọc 3.0","Mét",10,55000,550000,0,464600.35735556879,464600.35735556879,"KL",null,0]
["896","2020-06-13","PX051",null,"TMXN4.0","Tôn XNgọc 4.0","Mét",10,70000,700000,0,599491.70794744778,599491.70794744778,"KL",null,0]
["897","2020-06-13","PX051",null,"LC 40 6","La cứng 40 6li","Cây",2,125000,250000,0,186000,186000,"KL",null,0]
["898","2020-06-13","PX051-TT",null,null,"Thu tien luon",0,0,0,0,0,0,0,"KL",35938300,0]
["899","2020-06-14","PX052",null,"HK2550 1.4 ","Hộp kẽm 25x50 (1.4) ","Cây",5,150000,750000,0,683136.05442176864,683136.05442176864,"KL",null,0]
["900","2020-06-14","PX052",null,"OK21 1.8","Ống kẽm 21 (1.8)","Cây",5,90000,450000,0,400000,400000,"KL",null,0]
["901","2020-06-14","PX052",null,"TL5.0 ĐA","Tole Lạnh 5.0 ĐÁ","Mét",17.399999999999999,101000,1757399.9999999998,0,1542302.351470588,1542302.351470588,"KL",null,0]
["902","2020-06-14","PX052",null,"HK3060 1.8","Hộp kẽm 30x60 (1.8)","Cây",5,235000,1175000,0,1011361.8850987433,1011361.8850987433,"KL",null,0]
["903","2020-06-14","PX052",null,"TL5.0 ĐA","Tole Lạnh 5.0 ĐÁ","Mét",7.6,101000,767600,0,673649.30294117646,673649.30294117646,"KL",null,0]
["904","2020-06-14","PX052",null,"TMXN3.5","Tôn XNgọc 3.5","Mét",2.14,69000,147660,0,110491.30423620026,110491.30423620026,"KL",null,0]
["905","2020-06-14","PX052",null,"HK4080 1.4 ","Hộp kẽm 40x80 (1.4) ","Cây",7,235000,1645000,0,1526244.2677824269,1526244.2677824269,"KL",null,0]
["906","2020-06-14","PX052-TT",null,null,"Thu tien luon",0,0,0,0,0,0,0,"KL",6692660,0]
["907","2020-06-15","PX053",null,"HK5010 1.8","Hộp kẽm 50x100 (1.8)","Cây",11,387000,4257000,0,3778162.7108433736,3778162.7108433736,"KL",null,0]
["908","2020-06-15","PX053",null,"HK4080 1.8","Hộp kẽm 40x80 (1.8)","Cây",5,305000,1525000,0,1368279.1274238226,1368279.1274238226,"KL",null,0]
["909","2020-06-15","PX053",null,"TNSV1.0 2.0M","Tôn nhựa sóng vuông (1.0) 2.0m","Tấm",1,150000,150000,0,130000,130000,"KL",null,0]
["910","2020-06-15","PX053",null,"U160","U 160","Cây",3,1100000,3300000,0,3060000,3060000,"KL",null,0]
["911","2020-06-15","PX053",null,"U100","U 100","Cây",4,505000,2020000,0,1768750,1768750,"KL",null,0]
["912","2020-06-15","PX053",null,"U80M","U 80 (M)","Cây",3,360000,1080000,0,943269.23076923075,943269.23076923075,"KL",null,0]
["913","2020-06-15","PX053",null,"V50Đ","V đen 50(Đ)","Cây",4,250000,1000000,0,795673.23943661968,795673.23943661968,"KL",null,0]
["914","2020-06-15","PX053",null,"HK4080 1.4 ","Hộp kẽm 40x80 (1.4) ","Cây",8,235000,1880000,0,1744279.1631799163,1744279.1631799163,"KL",null,0]
["915","2020-06-15","PX053",null,"VK40 1.4","Vuông kẽm 40 (1.4)","Cây",20,160000,3200000,0,2868572.0221606647,2868572.0221606647,"KL",null,0]
["916","2020-06-15","PX053",null,"TL3.5","Tôn Lạnh 3.5","Mét",15,70000,1050000,0,889500,889500,"KL",null,0]
["917","2020-06-15","PX053",null,"HD2550 0.7","Hộp đen 25x50 (0.7)","Cây",150,79000,11850000,0,10907530.373831775,10907530.373831775,"KL",null,0]
["918","2020-06-15","PX053",null,"TL5.0 ĐA","Tole Lạnh 5.0 ĐÁ","Mét",30,103000,3090000,0,2659141.9852941176,2659141.9852941176,"KL",null,0]
["919","2020-06-15","PX053",null,"OD168.3 4.0","Ống đen 168.3 (4.0)","Cây",20,1547000,30940000,0,28700000,28700000,"KL",null,0]
["920","2020-06-15","PX053",null,"TMXN4.5","Tôn XNgọc 4.5","Mét",33.6,81000,2721600,0,2200886.0083351615,2200886.0083351615,"KL",null,0]
["921","2020-06-15","PX053",null,"VK30 1.2","Vuông kẽm 30 (1.2)","Cây",2,110000,220000,0,189353.49650349651,189353.49650349651,"KL",null,0]
["922","2020-06-15","PX053",null,"TMXN3.5","Tôn XNgọc 3.5","Mét",67.599999999999994,60000,4055999.9999999995,0,3490286.0590500641,3490286.0590500641,"KL",null,0]
["923","2020-06-15","PX053-TT",null,null,"Thu tien luon",0,0,0,0,0,0,0,"KL",72339600,0]
["924","2020-06-17","PX054",null,"TMXN4.0","Tôn XNgọc 4.0","Mét",3,76000,228000,0,179847.51238423435,179847.51238423435,"KL",null,0]
["925","2020-06-17","PX054",null,"HK4080 1.8","Hộp kẽm 40x80 (1.8)","Cây",15,288000,4320000,0,4104837.3822714677,4104837.3822714677,"KL",null,0]
["926","2020-06-17","PX054",null,"HK4080 1.3","Hộp kẽm 40x80 (1.3)","Cây",20,226000,4520000,0,4226019.4174757283,4226019.4174757283,"KL",null,0]
["927","2020-06-17","PX054",null,"VK40 1.2","Vuông kẽm 40 (1.2)","Cây",15,145000,2175000,0,1925183.3333333335,1925183.3333333335,"KL",null,0]
["928","2020-06-17","PX054",null,"VK30 1.2","Vuông kẽm 30 (1.2)","Cây",10,107000,1070000,0,946767.4825174826,946767.4825174826,"KL",null,0]
["929","2020-06-17","PX054",null,"HK1326 0.9","Hộp kẽm 13x26 (0.9)","Cây",20,51000,1020000,0,903315.17509727622,903315.17509727622,"KL",null,0]
["930","2020-06-17","PX054",null,"NCL","Nẹp tam giác Lớn (8kg)","Cây",200,16500,3300000,0,2660000,2660000,"KL",null,0]
["931","2020-06-17","PX054",null,"TL5.0","Tôn Lạnh 5.0","Mét",42,92000,3864000,0,3194681.9023779724,3194681.9023779724,"KL",null,0]
["932","2020-06-17","PX054",null,"V50T","V đen 50(T)","Cây",2,300000,600000,0,521000,521000,"KL",null,0]
["933","2020-06-17","PX054",null,"TL4.0","Tôn Lạnh 4.0","Mét",11.1,77000,854700,0,723720,723720,"KL",null,0]
["934","2020-06-17","PX054",null,"TL5.0","Tôn Lạnh 5.0","Mét",4.5,90000,405000,0,342287.34668335418,342287.34668335418,"KL",null,0]
["935","2020-06-17","PX054",null,"OKN21 2.6","Ống kẽm nhúng 21 (2.6)","Cây",1,196000,196000,0,164200,164200,"KL",null,0]
["936","2020-06-17","PX054",null,"LC 20","La cứng 20","Cây",1,20000,20000,0,14100,14100,"KL",null,0]
["937","2020-06-17","PX054",null,"TMXN3.0","Tôn XNgọc 3.0","Mét",20,55000,1100000,0,929200.71471113758,929200.71471113758,"KL",null,0]
["938","2020-06-17","PX054",null,"MANG30 1.2 4M","Máng cửa sổ 30 (1.2) 4m","Cây",2,112000,224000,0,173743.58974358975,173743.58974358975,"KL",null,0]
["939","2020-06-17","PX054",null,"TMXN3.5","Tôn XNgọc 3.5","Mét",50.4,60000,3024000,0,2602225.1091142492,2602225.1091142492,"KL",null,0]
["940","2020-06-17","PX054-TT",null,null,"Thu tien luon",0,0,0,0,0,0,0,"KL",26920700,0]
["941","2020-06-18","PX055",null,"HK4080 1.8","Hộp kẽm 40x80 (1.8)","Cây",16,305000,4880000,0,4378493.2077562325,4378493.2077562325,"KL",null,0]
["942","2020-06-18","PX055",null,"MANG30 1.2 5M","Máng cửa sổ 30 (1.2) 5m","Cây",1,160000,160000,0,106944.44444444444,106944.44444444444,"KL",null,0]
["943","2020-06-18","PX055",null,"BX30","Bánh xe 30","Cái",2,12000,24000,0,12107.142857142857,12107.142857142857,"KL",null,0]
["944","2020-06-18","PX055",null,"HK4080 1.4 ","Hộp kẽm 40x80 (1.4) ","Cây",15,235000,3525000,0,3270523.4309623432,3270523.4309623432,"KL",null,0]
["945","2020-06-18","PX055",null,"HK4080 1.4 ","Hộp kẽm 40x80 (1.4) ","Cây",80,230000,18400000,0,17442791.631799161,17442791.631799161,"KL",null,0]
["946","2020-06-18","PX055",null,"TMXN3.0","Tôn XNgọc 3.0","Mét",19.04,55000,1047200,0,884599.08040500293,884599.08040500293,"KL",null,0]
["947","2020-06-18","PX055-TT",null,null,"Thu tien luon",0,0,0,0,0,0,0,"KL",28036200,0]
["948","2020-06-19","PX056",null,"TMXN5.0DA","Tôn XNgọc 5.0 ĐÁ","Mét",61.9,111000,6870900,0,5825347.3654121011,5825347.3654121011,"KL",null,0]
["949","2020-06-19","PX056",null,"TNSV1.0 2.0M","Tôn nhựa sóng vuông (1.0) 2.0m","Tấm",4,160000,640000,0,520000,520000,"KL",null,0]
["950","2020-06-19","PX056",null,"TMXN4.5","Tôn XNgọc 4.5","Mét",14,78000,1092000,0,917035.83680631721,917035.83680631721,"KL",null,0]
["951","2020-06-19","PX056",null,"TMXN4.0","Tôn XNgọc 4.0","Mét",3.5,74000,259000,0,209822.09778160672,209822.09778160672,"KL",null,0]
["952","2020-06-19","PX056",null,"TMXN5.0","Tôn XNgọc 5.0","Mét",3,90000,270000,0,219901.91553042902,219901.91553042902,"KL",null,0]
["953","2020-06-19","PX056",null,"LC 30","La cứng 30","Cây",1,16000,16000,0,17000,17000,"KL",null,0]
["954","2020-06-19","PX056",null,"V50T","V đen 50(T)","Cây",3,300000,900000,0,781500,781500,"KL",null,0]
["955","2020-06-19","PX056",null,"HK2550 1.4 ","Hộp kẽm 25x50 (1.4) ","Cây",4,145000,580000,0,546508.84353741491,546508.84353741491,"KL",null,0]
["956","2020-06-19","PX056",null,"U80M","U 80 (M)","Cây",2,360000,720000,0,628846.15384615387,628846.15384615387,"KL",null,0]
["957","2020-06-19","PX056",null,"TMXN3.0","Tôn XNgọc 3.0","Mét",7,61000,427000,0,325220.25014889817,325220.25014889817,"KL",null,0]
["958","2020-06-19","PX056",null,"VK25 1.2","Vuông kẽm 25 (1.2)","Cây",2,92000,184000,0,162946.47887323942,162946.47887323942,"KL",null,0]
["959","2020-06-19","PX056",null,"HK2040 1.0","Hộp kẽm 20x40 (1.0)","Cây",10,87000,870000,0,770000,770000,"KL",null,0]
["960","2020-06-19","PX056",null,"OK27 1.2","Ống kẽm 27 (1.2)","Cây",1,78000,78000,0,68000,68000,"KL",null,0]
["961","2020-06-19","PX056",null,"BX30","Bánh xe 30","Cái",2,12000,24000,0,12107.142857142857,12107.142857142857,"KL",null,0]
["962","2020-06-19","PX056",null,"TMXN4.5DA","Tôn XNgọc 4.5 ĐÁ","Mét",75.2,92000,6918400,0,6417920.0000000009,6417920.0000000009,"KL",null,0]
["963","2020-06-19","PX056",null,"HK3060 1.4 ","Hộp kẽm 30x60 (1.4) ","Cây",15,180000,2700000,0,2445834.1121495329,2445834.1121495329,"KL",null,0]
["964","2020-06-19","PX056",null,"OK27 1.3","Ống kẽm 27 (1.3)","Cây",1,80000,80000,0,84200,84200,"KL",null,0]
["965","2020-06-19","PX056",null,"TMXN3.0","Tôn XNgọc 3.0","Mét",10,55000,550000,0,464600.35735556879,464600.35735556879,"KL",null,0]
["966","2020-06-19","PX056",null,"HK4080 1.8","Hộp kẽm 40x80 (1.8)","Cây",14,288000,4032000,0,3831181.5567867034,3831181.5567867034,"KL",null,0]
["967","2020-06-19","PX056",null,"TMXN5.0DA","Tôn XNgọc 5.0 ĐÁ","Mét",58.5,108000,6318000,0,5505376.7508337302,5505376.7508337302,"KL",null,0]
["968","2020-06-19","PX056",null,"TMXN4.5DA","Tôn XNgọc 4.5 ĐÁ","Mét",5.2,103000,535600,0,443792.34042553196,443792.34042553196,"KL",null,0]
["969","2020-06-19","PX056",null,"V50Đ","V đen 50(Đ)","Cây",2,250000,500000,0,397836.61971830984,397836.61971830984,"KL",null,0]
["970","2020-06-19","PX056-TT",null,null,"Thu tien luon",0,0,0,0,0,0,0,"KL",34564900,0]
["971","2020-06-20","PX057",null,"TMXN4.5DA","Tôn XNgọc 4.5 ĐÁ","Mét",197.8,100000,19780000,0,16881177.87234043,16881177.87234043,"KL",null,0]
["972","2020-06-20","PX057",null,"TNSV1.0 2.5M","Tôn nhựa sóng vuông (1.0) 2.5m","Tấm",6,187500,1125000,0,936340.20618556696,936340.20618556696,"KL",null,0]
["973","2020-06-20","PX057",null,"TNSV1.0 3.0M","Tôn nhựa sóng vuông (1.0) 3.0m","Tấm",3,225000,675000,0,552857.14285714284,552857.14285714284,"KL",null,0]
["974","2020-06-20","PX057",null,"TL5.0","Tôn Lạnh 5.0","Mét",109.1,89000,9709900,0,8298566.5607008748,8298566.5607008748,"KL",null,0]
["975","2020-06-20","PX057",null,"HK3060 1.4 ","Hộp kẽm 30x60 (1.4) ","Cây",6,176000,1056000,0,978333.64485981315,978333.64485981315,"KL",null,0]
["976","2020-06-20","PX057",null,"TL5.0 ĐA","Tole Lạnh 5.0 ĐÁ","Mét",108,100000,10800000,0,9572911.1470588241,9572911.1470588241,"KL",null,0]
["977","2020-06-20","PX057",null,"HK5010 1.4 ","Hộp kẽm 50x100 (1.4) ","Cây",1,295000,295000,0,275377.69230769231,275377.69230769231,"KL",null,0]
["978","2020-06-20","PX057",null,"TL5.0 ĐA","Tole Lạnh 5.0 ĐÁ","Mét",22.5,100000,2250000,0,1994356.4889705882,1994356.4889705882,"KL",null,0]
["979","2020-06-20","PX057",null,"HK5010 1.8","Hộp kẽm 50x100 (1.8)","Cây",6,358000,2148000,0,2060816.0240963856,2060816.0240963856,"KL",null,0]
["980","2020-06-20","PX057",null,"TMXN5.0","Tôn XNgọc 5.0","Mét",5.42,87000,471540,0,397289.4607249751,397289.4607249751,"KL",null,0]
["981","2020-06-20","PX057",null,"MANG36 1.2 5M","Máng cửa đi 36 (1.2) 5m","Cây",1,180000,180000,0,137058.82352941178,137058.82352941178,"KL",null,0]
["982","2020-06-20","PX057",null,"BX48","Bánh xe 48","Cái",3,15000,45000,0,36000,36000,"KL",null,0]
["983","2020-06-20","PX057",null,"TMXN4.0","Tôn XNgọc 4.0","Mét",55,67000,3685000,0,3297204.393710963,3297204.393710963,"KL",null,0]
["984","2020-06-20","PX057",null,"TMXN4.0","Tôn XNgọc 4.0","Mét",7.2,73000,525600,0,431634.02972216241,431634.02972216241,"KL",null,0]
["985","2020-06-20","PX057",null,"TMXN3.0","Tôn XNgọc 3.0","Mét",6,55000,330000,0,278760.21441334125,278760.21441334125,"KL",null,0]
["986","2020-06-20","PX057-TT",null,null,"Thu tien luon",0,0,0,0,0,0,0,"KL",53076040,0]
["987","2020-06-21","PX058",null,"HK5010 1.4 ","Hộp kẽm 50x100 (1.4) ","Cây",4,292000,1168000,0,1101510.7692307692,1101510.7692307692,"KL",null,0]
["988","2020-06-21","PX058",null,"HK4080 1.8","Hộp kẽm 40x80 (1.8)","Cây",5,305000,1525000,0,1368279.1274238226,1368279.1274238226,"KL",null,0]
["989","2020-06-21","PX058",null,"VK40 1.4","Vuông kẽm 40 (1.4)","Cây",2,160000,320000,0,286857.20221606648,286857.20221606648,"KL",null,0]
["990","2020-06-21","PX058",null,"TMXN5.0DA","Tôn XNgọc 5.0 ĐÁ","Mét",68.400000000000006,106000,7250400.0000000009,0,6437055.8932825159,6437055.8932825159,"KL",null,0]
["991","2020-06-21","PX058",null,"HK4080 1.4 ","Hộp kẽm 40x80 (1.4) ","Cây",18,235000,4230000,0,3924628.1171548115,3924628.1171548115,"KL",null,0]
["992","2020-06-21","PX058",null,"TL5.0","Tôn Lạnh 5.0","Mét",1.63,94000,153220,0,123984.08335419273,123984.08335419273,"KL",null,0]
["993","2020-06-21","PX058",null,"HK3060 1.4 ","Hộp kẽm 30x60 (1.4) ","Cây",11,176000,1936000,0,1793611.6822429907,1793611.6822429907,"KL",null,0]
["994","2020-06-21","PX058",null,"HK5010 1.8","Hộp kẽm 50x100 (1.8)","Cây",5,355000,1775000,0,1717346.686746988,1717346.686746988,"KL",null,0]
["995","2020-06-21","PX058",null,"VL30","V Lỗ 30","Cây",10,42000,420000,0,324000,324000,"KL",null,0]
["996","2020-06-21","PX058",null,"VL40","V Lỗ 40","Cây",10,53000,530000,0,431842.10526315786,431842.10526315786,"KL",null,0]
["997","2020-06-21","PX058",null,"V50Đ","V đen 50(Đ)","Cây",18,250000,4500000,0,3580529.5774647887,3580529.5774647887,"KL",null,0]
["998","2020-06-21","PX058",null,"V50T","V đen 50(T)","Cây",2,250000,500000,0,521000,521000,"KL",null,0]
["999","2020-06-21","PX058",null,"TL5.0","Tôn Lạnh 5.0","Mét",95.2,90000,8568000,0,7241278.978723404,7241278.978723404,"KL",null,0]
["1000","2020-06-21","PX058",null,"VK40 1.4","Vuông kẽm 40 (1.4)","Cây",1,160000,160000,0,143428.60110803324,143428.60110803324,"KL",null,0]
["1001","2020-06-21","PX058",null,"CN5L","Cách nhiệt 5 li","Mét",40,15000,600000,0,306666.66666666669,306666.66666666669,"KL",null,0]
["1002","2020-06-21","PX058",null,"CN10L","Cách nhiệt 10 li","Mét",40,22000,880000,0,523302.41187384049,523302.41187384049,"KL",null,0]
["1003","2020-06-21","PX058",null,"OK42 1.8","Ống kẽm 42 (1.8)","Cây",4,180000,720000,0,637600,637600,"KL",null,0]
["1004","2020-06-21","PX058",null,"VK100 1.8","Vuông kẽm 100 (1.8)","Cây",3,495000,1485000,0,1418576,1418576,"KL",null,0]
["1005","2020-06-21","PX058",null,"TMXN3.5","Tôn XNgọc 3.5","Mét",22.5,60000,1350000,0,1161707.6379974326,1161707.6379974326,"KL",null,0]
["1006","2020-06-21","PX058",null,"TMXN4.0","Tôn XNgọc 4.0","Mét",44.4,70000,3108000,0,2661743.1832866683,2661743.1832866683,"KL",null,0]
["1007","2020-06-21","PX058",null,"TMXN3.5","Tôn XNgọc 3.5","Mét",5.6,60000,336000,0,289136.12323491654,289136.12323491654,"KL",null,0]
["1008","2020-06-21","PX058-TT",null,null,"Thu tien luon",0,0,0,0,0,0,0,"KL",41514620,0]
["1009","2020-06-22","PX059",null,"TMXN5.0DA","Tôn XNgọc 5.0 ĐÁ","Mét",7.5,106000,795000,0,705817.53215817059,705817.53215817059,"KL",null,0]
["1010","2020-06-22","PX059",null,"TMXN4.5","Tôn XNgọc 4.5","Mét",73.150000000000006,78000,5705700,0,4791512.2473130077,4791512.2473130077,"KL",null,0]
["1011","2020-06-22","PX059",null,"TMXN4.0","Tôn XNgọc 4.0","Mét",1.8,73000,131400,0,107908.5074305406,107908.5074305406,"KL",null,0]
["1012","2020-06-22","PX059",null,"TMXN3.0","Tôn XNgọc 3.0","Mét",18,55000,990000,0,836280.64324002375,836280.64324002375,"KL",null,0]
["1013","2020-06-22","PX059",null,"TL3.5","Tôn Lạnh 3.5","Mét",10,70000,700000,0,593000,593000,"KL",null,0]
["1014","2020-06-22","PX059",null,"VK30 1.4","Vuông kẽm 30 (1.4)","Cây",10,120000,1200000,0,1065373.1233933163,1065373.1233933163,"KL",null,0]
["1015","2020-06-22","PX059",null,"TMXN3.5","Tôn XNgọc 3.5","Mét",23.45,65000,1524250,0,1210757.516046213,1210757.516046213,"KL",null,0]
["1016","2020-06-22","PX059",null,"HK2040 1.2 ","Hộp kẽm 20x40 (1.2) ","Cây",21,107000,2247000,0,2023268.7679083096,2023268.7679083096,"KL",null,0]
["1017","2020-06-22","PX059",null,"HK4080 1.3","Hộp kẽm 40x80 (1.3)","Cây",10,225000,2250000,0,2113009.7087378642,2113009.7087378642,"KL",null,0]
["1018","2020-06-22","PX059",null,"V50X","V đen 50(X)","Cây",4,205000,820000,0,640273.17073170736,640273.17073170736,"KL",null,0]
["1019","2020-06-22","PX059",null,"NCL","Nẹp tam giác Lớn (8kg)","Cây",70,17000,1190000,0,931000,931000,"KL",null,0]
["1020","2020-06-22","PX059",null,"VK40 1.2","Vuông kẽm 40 (1.2)","Cây",5,143000,715000,0,641727.77777777775,641727.77777777775,"KL",null,0]
["1021","2020-06-22","PX059",null,"HK1326 0.9","Hộp kẽm 13x26 (0.9)","Cây",15,55000,825000,0,677486.38132295711,677486.38132295711,"KL",null,0]
["1022","2020-06-22","PX059",null,"VK14 1.0","Vuông kẽm 14 (1.0)","Cây",12,42000,504000,0,483600,483600,"KL",null,0]
["1023","2020-06-22","PX059",null,"HK3060 1.8","Hộp kẽm 30x60 (1.8)","Cây",1,235000,235000,0,202272.37701974864,202272.37701974864,"KL",null,0]
["1024","2020-06-22","PX059",null,"HK3060 1.4 ","Hộp kẽm 30x60 (1.4) ","Cây",100,175000,17500000,0,16305560.747663552,16305560.747663552,"KL",null,0]
["1025","2020-06-22","PX059",null,"VK25 0.9","Vuông kẽm 25 (0.9)","Cây",65,65000,4225000,0,3703324.7422680412,3703324.7422680412,"KL",null,0]
["1026","2020-06-22","PX059",null,"HD2550 0.9","Hộp đen 25x50 (0.9)","Cây",50,104000,5200000,0,4348918.9189189188,4348918.9189189188,"KL",null,0]
["1027","2020-06-22","PX059",null,"HK4080 1.4 ","Hộp kẽm 40x80 (1.4) ","Cây",1,235000,235000,0,218034.89539748954,218034.89539748954,"KL",null,0]
["1028","2020-06-22","PX059",null,"HK3060 1.2 ","Hộp kẽm 30x60 (1.2) ","Cây",3,159000,477000,0,440359.34579439252,440359.34579439252,"KL",null,0]
["1029","2020-06-22","PX059",null,"TMXN4.0","Tôn XNgọc 4.0","Mét",39.450000000000003,73000,2879850,0,2364994.7878526817,2364994.7878526817,"KL",null,0]
["1030","2020-06-22","PX059",null,"TMXN3.5","Tôn XNgọc 3.5","Mét",73.489999999999995,64000,4703360,0,3794395.3029525029,3794395.3029525029,"KL",null,0]
["1031","2020-06-22","PX059",null,"VK90 1.4","Vuông kẽm 90 (1.4)","Cây",3,348000,1044000,0,1024336.3636363635,1024336.3636363635,"KL",null,0]
["1032","2020-06-22","PX059",null,"HK5010 1.4 ","Hộp kẽm 50x100 (1.4) ","Cây",3,292000,876000,0,826133.07692307699,826133.07692307699,"KL",null,0]
["1033","2020-06-22","PX059",null,"HK3060 1.2 ","Hộp kẽm 30x60 (1.2) ","Cây",28,159000,4452000,0,4110020.5607476635,4110020.5607476635,"KL",null,0]
["1034","2020-06-22","PX059",null,"HK5010 1.8","Hộp kẽm 50x100 (1.8)","Cây",15,357000,5355000,0,5152040.0602409635,5152040.0602409635,"KL",null,0]
["1035","2020-06-22","PX059",null,"VK30 1.2","Vuông kẽm 30 (1.2)","Cây",20,107000,2140000,0,1893534.9650349652,1893534.9650349652,"KL",null,0]
["1036","2020-06-22","PX059",null,"LC 20","La cứng 20","Cây",15,22000,330000,0,211500,211500,"KL",null,0]
["1037","2020-06-22","PX059",null,"HK1326 0.9","Hộp kẽm 13x26 (0.9)","Cây",30,51000,1530000,0,1354972.7626459142,1354972.7626459142,"KL",null,0]
["1038","2020-06-22","PX059",null,"VK14 0.9","Vuông kẽm 14 (0.9)","Cây",10,38000,380000,0,313487.1794871795,313487.1794871795,"KL",null,0]
["1039","2020-06-22","PX059",null,"MANG36 1.4 6M","Máng cửa đi 36 (1.4) 6m","Cây",1,390000,390000,0,175500,175500,"KL",null,0]
["1040","2020-06-22","PX059",null,"BX48","Bánh xe 48","Cái",4,15000,60000,0,48000,48000,"KL",null,0]
["1041","2020-06-22","PX059",null,"BX30","Bánh xe 30","Cái",2,12000,24000,0,12107.142857142857,12107.142857142857,"KL",null,0]
["1042","2020-06-22","PX059",null,"VK20 1.0","Vuông kẽm 20 (1.0)","Cây",5,64000,320000,0,255933.88429752068,255933.88429752068,"KL",null,0]
["1043","2020-06-22","PX059-TT",null,null,"Thu tien luon",0,0,0,0,0,0,0,"KL",71953560,0]
["1044","2020-06-23","PX060",null,"HK5010 1.4 ","Hộp kẽm 50x100 (1.4) ","Cây",95,292000,27740000,0,26160880.769230768,26160880.769230768,"KL",null,0]
["1045","2020-06-23","PX060",null,"HK5010 1.2","Hộp kẽm 50x100 (1.2)","Cây",25,265000,6625000,0,6004924.2424242422,6004924.2424242422,"KL",null,0]
["1046","2020-06-23","PX060",null,"VK30 1.2","Vuông kẽm 30 (1.2)","Cây",5,107000,535000,0,473383.7412587413,473383.7412587413,"KL",null,0]
["1047","2020-06-23","PX060",null,"VK20 1.0","Vuông kẽm 20 (1.0)","Cây",20,56000,1120000,0,1023735.5371900827,1023735.5371900827,"KL",null,0]
["1048","2020-06-23","PX060",null,"OK114 1.8","ống kẽm 114 (1.8)","Cây",10,475000,4750000,0,4330337.4193548393,4330337.4193548393,"KL",null,0]
["1049","2020-06-23","PX060",null,"V30X","V đen 30(X)","Cây",200,79000,15800000,0,13400000,13400000,"KL",null,0]
["1050","2020-06-23","PX060",null,"VK25 1.2","Vuông kẽm 25 (1.2)","Cây",2,95000,190000,0,162946.47887323942,162946.47887323942,"KL",null,0]
["1051","2020-06-23","PX060",null,"TL3.5","Tôn Lạnh 3.5","Mét",1,70000,70000,0,59300,59300,"KL",null,0]
["1052","2020-06-23","PX060",null,"VK20 1.0","Vuông kẽm 20 (1.0)","Cây",1,64000,64000,0,51186.776859504134,51186.776859504134,"KL",null,0]
["1053","2020-06-23","PX060",null,"TMXN3.0","Tôn XNgọc 3.0","Mét",6.8,55000,374000,0,315928.24300178676,315928.24300178676,"KL",null,0]
["1054","2020-06-23","PX060",null,"TMXN4.0","Tôn XNgọc 4.0","Mét",1,70000,70000,0,59949.170794744779,59949.170794744779,"KL",null,0]
["1055","2020-06-23","PX060",null,"TMXN4.5","Tôn XNgọc 4.5","Mét",6.7,75000,502500,0,438867.15047159471,438867.15047159471,"KL",null,0]
["1056","2020-06-23","PX060-TT",null,null,"Thu tien luon",0,0,0,0,0,0,0,"KL",57840500,0]
["1057","2020-06-24","PX061",null,"HK1326 1.2","Hộp kẽm 13x26 (1.2)","Cây",22,70000,1540000,0,1343678.4641068447,1343678.4641068447,"KL",null,0]
["1058","2020-06-24","PX061",null,"HK3060 1.4 ","Hộp kẽm 30x60 (1.4) ","Cây",6,176000,1056000,0,978333.64485981315,978333.64485981315,"KL",null,0]
["1059","2020-06-24","PX061",null,"VK30 1.4","Vuông kẽm 30 (1.4)","Cây",12,120000,1440000,0,1278447.7480719795,1278447.7480719795,"KL",null,0]
["1060","2020-06-24","PX061",null,"TL5.0 ĐA","Tole Lạnh 5.0 ĐÁ","Mét",8,103000,824000,0,709104.5294117647,709104.5294117647,"KL",null,0]
["1061","2020-06-24","PX061",null,"HK3060 1.2 ","Hộp kẽm 30x60 (1.2) ","Cây",2,159000,318000,0,293572.89719626168,293572.89719626168,"KL",null,0]
["1062","2020-06-24","PX061",null,"TMXN3.0","Tôn XNgọc 3.0","Mét",6,58000,348000,0,278760.21441334125,278760.21441334125,"KL",null,0]
["1063","2020-06-24","PX061-TT",null,null,"Thu tien luon",0,0,0,0,0,0,0,"KL",5526000,0]
["1064","2020-06-25","PX062",null,"VK20 1.0","Vuông kẽm 20 (1.0)","Cây",5,64000,320000,0,255933.88429752068,255933.88429752068,"KL",null,0]
["1065","2020-06-25","PX062",null,"OK76 1.4 ","Ống kẽm 76 (1.4) ","Cây",1,263000,263000,0,257200,257200,"KL",null,0]
["1066","2020-06-25","PX062",null,"TMXN3.0","Tôn XNgọc 3.0","Mét",5.4,58000,313200,0,250884.19297200715,250884.19297200715,"KL",null,0]
["1067","2020-06-25","PX062",null,"HK3060 1.4 ","Hộp kẽm 30x60 (1.4) ","Cây",2,176000,352000,0,326111.21495327103,326111.21495327103,"KL",null,0]
["1068","2020-06-25","PX062",null,"HK3060 1.3","Hộp kẽm 30x60 (1.3)","Cây",5,166000,830000,0,776765.21739130432,776765.21739130432,"KL",null,0]
["1069","2020-06-25","PX062",null,"VK50 1.4","Vuông kẽm 50 (1.4)","Cây",5,204000,1020000,0,903571.42857142852,903571.42857142852,"KL",null,0]
["1070","2020-06-25","PX062",null,"VK14 0.9","Vuông kẽm 14 (0.9)","Cây",20,38000,760000,0,626974.358974359,626974.358974359,"KL",null,0]
["1071","2020-06-25","PX062",null,"TL5.0","Tôn Lạnh 5.0","Mét",34.200000000000003,87000,2975400.0000000005,0,2601383.8347934918,2601383.8347934918,"KL",null,0]
["1072","2020-06-25","PX062",null,"TMXN3.0","Tôn XNgọc 3.0","Mét",10,55000,550000,0,464600.35735556879,464600.35735556879,"KL",null,0]
["1073","2020-06-25","PX062",null,"BXB","Bánh xe bạc treo","Cái",6,13000,78000,0,54000,54000,"KL",null,0]
["1074","2020-06-25","PX062-TT",null,null,"Thu tien luon",0,0,0,0,0,0,0,"KL",7461600,0]
["1075","2020-06-26","PX063",null,"VK40 1.4","Vuông kẽm 40 (1.4)","Cây",1,160000,160000,0,143428.60110803324,143428.60110803324,"KL",null,0]
["1076","2020-06-26","PX063",null,"TMXN4.5","Tôn XNgọc 4.5","Mét",32.5,78000,2535000,0,2128833.1925860937,2128833.1925860937,"KL",null,0]
["1077","2020-06-26","PX063",null,"TL5.0","Tôn Lạnh 5.0","Mét",4,90000,360000,0,304255.41927409259,304255.41927409259,"KL",null,0]
["1078","2020-06-26","PX063",null,"TMXN4.5","Tôn XNgọc 4.5","Mét",19.2,81000,1555200,0,1257649.1476200921,1257649.1476200921,"KL",null,0]
["1079","2020-06-26","PX063",null,"TMXN3.5","Tôn XNgọc 3.5","Mét",6.8,67000,455600,0,351093.86392811296,351093.86392811296,"KL",null,0]
["1080","2020-06-26","PX063",null,"HK1326 1.2","Hộp kẽm 13x26 (1.2)","Cây",4,70000,280000,0,244305.17529215358,244305.17529215358,"KL",null,0]
["1081","2020-06-26","PX063",null,"HK3060 1.2 ","Hộp kẽm 30x60 (1.2) ","Cây",8,159000,1272000,0,1174291.5887850467,1174291.5887850467,"KL",null,0]
["1082","2020-06-26","PX063",null,"TMXN4.5DA","Tôn XNgọc 4.5 ĐÁ","Mét",43.56,100000,4356000,0,3717614.2978723408,3717614.2978723408,"KL",null,0]
["1083","2020-06-26","PX063",null,"HD2550 0.7","Hộp đen 25x50 (0.7)","Cây",150,79000,11850000,0,10907530.373831775,10907530.373831775,"KL",null,0]
["1084","2020-06-26","PX063",null,"HD1020 0.6","Hộp đen 10x20 (0.6)","cây",50,35000,1750000,0,1434868.4210526315,1434868.4210526315,"KL",null,0]
["1085","2020-06-26","PX063",null,"TL5.0 ĐA","Tole Lạnh 5.0 ĐÁ","Mét",6.7,101000,676700,0,593875.04338235292,593875.04338235292,"KL",null,0]
["1086","2020-06-26","PX063",null,"VK75 1.8","Vuông kẽm 75 (1.8)","Cây",2,387000,774000,0,727708.33333333337,727708.33333333337,"KL",null,0]
["1087","2020-06-26","PX063",null,"HK4080 1.8","Hộp kẽm 40x80 (1.8)","Cây",1,305000,305000,0,273655.82548476453,273655.82548476453,"KL",null,0]
["1088","2020-06-26","PX063",null,"HK3060 1.8","Hộp kẽm 30x60 (1.8)","Cây",3,235000,705000,0,606817.1310592459,606817.1310592459,"KL",null,0]
["1089","2020-06-26","PX063",null,"TL3.5","Tôn Lạnh 3.5","Mét",2.5,70000,175000,0,148250,148250,"KL",null,0]
["1090","2020-06-26","PX063",null,"V30Đ","V đen 30(Đ)","Cây",1.5,25000,37500,0,133967.26618705035,133967.26618705035,"KL",null,0]
["1091","2020-06-26","PX063",null,"TL5.0 ĐA","Tole Lạnh 5.0 ĐÁ","Mét",54.6,100000,5460000,0,4839638.4132352946,4839638.4132352946,"KL",null,0]
["1092","2020-06-26","PX063",null,"TMXN4.0","Tôn XNgọc 4.0","Mét",46.4,78000,3619200,0,2781641.5248761578,2781641.5248761578,"KL",null,0]
["1093","2020-06-26","PX063",null,"TMXN3.0","Tôn XNgọc 3.0","Mét",77.400000000000006,60000,4644000,0,3596006.7659321027,3596006.7659321027,"KL",null,0]
["1094","2020-06-26","PX063",null,"HK4080 1.8","Hộp kẽm 40x80 (1.8)","Cây",2,288000,576000,0,547311.65096952906,547311.65096952906,"KL",null,0]
["1095","2020-06-26","PX063",null,"HK3060 1.4 ","Hộp kẽm 30x60 (1.4) ","Cây",7,176000,1232000,0,1141389.2523364485,1141389.2523364485,"KL",null,0]
["1096","2020-06-26","PX063",null,"VK75 1.8","Vuông kẽm 75 (1.8)","Cây",2,387000,774000,0,727708.33333333337,727708.33333333337,"KL",null,0]
["1097","2020-06-26","PX063",null,"VK30 1.4","Vuông kẽm 30 (1.4)","Cây",20,120000,2400000,0,2130746.2467866326,2130746.2467866326,"KL",null,0]
["1098","2020-06-26","PX063",null,"TL4.5","Tôn Lạnh 4.5","Mét",43.2,86000,3715200.0000000005,0,3062409.6332179937,3062409.6332179937,"KL",null,0]
["1099","2020-06-26","PX063",null,"TL4.5","Tôn Lạnh 4.5","Mét",58.7,79000,4637300,0,4161190.8673587088,4161190.8673587088,"KL",null,0]
["1100","2020-06-26","PX063",null,"TMXN3.0","Tôn XNgọc 3.0","Mét",10,55000,550000,0,464600.35735556879,464600.35735556879,"KL",null,0]
["1101","2020-06-26","PX063",null,"TMXN4.0","Tôn XNgọc 4.0","Mét",10,70000,700000,0,599491.70794744778,599491.70794744778,"KL",null,0]
["1102","2020-06-26","PX063",null,"TMXN4.5","Tôn XNgọc 4.5","Mét",710,73000,51830000,0,46506817.438034661,46506817.438034661,"KL",null,0]
["1103","2020-06-26","PX063",null,"HK3060 1.8","Hộp kẽm 30x60 (1.8)","Cây",70,203000,14210000,0,14159066.391382406,14159066.391382406,"KL",null,0]
["1104","2020-06-26","PX063",null,"VK30 1.8","Vuông kẽm 30 (1.8)","Cây",30,143000,4290000,0,4116000,4116000,"KL",null,0]
["1105","2020-06-26","PX063",null,"HK4080 1.8","Hộp kẽm 40x80 (1.8)","Cây",10,258000,2580000,0,2736558.2548476453,2736558.2548476453,"KL",null,0]
["1106","2020-06-26","PX063-TT",null,null,"Thu tien luon",0,0,0,0,0,0,0,"KL",128464700,0]
["1107","2020-06-27","PX064",null,"HK3060 1.4 ","Hộp kẽm 30x60 (1.4) ","Cây",3,176000,528000,0,489166.82242990658,489166.82242990658,"KL",null,0]
["1108","2020-06-27","PX064",null,"HK5010 1.8","Hộp kẽm 50x100 (1.8)","Cây",1,355000,355000,0,343469.3373493976,343469.3373493976,"KL",null,0]
["1109","2020-06-27","PX064",null,"TMXN5.0DA","Tôn XNgọc 5.0 ĐÁ","Mét",109.4,108000,11815200,0,10295525.069080515,10295525.069080515,"KL",null,0]
["1110","2020-06-27","PX064",null,"HK4080 1.4 ","Hộp kẽm 40x80 (1.4) ","Cây",3,225000,675000,0,654104.68619246862,654104.68619246862,"KL",null,0]
["1111","2020-06-27","PX064",null,"TL3.5","Tôn Lạnh 3.5","Mét",12,70000,840000,0,711600,711600,"KL",null,0]
["1112","2020-06-27","PX064",null,"HK3060 1.3","Hộp kẽm 30x60 (1.3)","Cây",10,166000,1660000,0,1553530.4347826086,1553530.4347826086,"KL",null,0]
["1113","2020-06-27","PX064",null,"VK30 1.2","Vuông kẽm 30 (1.2)","Cây",10,107000,1070000,0,946767.4825174826,946767.4825174826,"KL",null,0]
["1114","2020-06-27","PX064",null,"HK1326 1.1","Hộp kẽm 13x26 (1.1)","Cây",20,64000,1280000,0,1127450.2369668246,1127450.2369668246,"KL",null,0]
["1115","2020-06-27","PX064",null,"VK75 1.8","Vuông kẽm 75 (1.8)","Cây",2,387000,774000,0,727708.33333333337,727708.33333333337,"KL",null,0]
["1116","2020-06-27","PX064",null,"MANG30 1.2 6M","Máng cửa sổ 30 (1.2) 6m","Cây",1,192000,192000,0,126063.82978723405,126063.82978723405,"KL",null,0]
["1117","2020-06-27","PX064",null,"BX30","Bánh xe 30","Cái",2,12000,24000,0,12107.142857142857,12107.142857142857,"KL",null,0]
["1118","2020-06-27","PX064",null,"HK612 1.8","Hộp Kẽm 60x120 (1.8)","Cây",15,449000,6735000,0,6215844.1558441557,6215844.1558441557,"KL",null,0]
["1119","2020-06-27","PX064",null,"LC 40 4","La cứng 40 4li","Cây",4,80000,320000,0,248000,248000,"KL",null,0]
["1120","2020-06-27","PX064",null,"HK3060 1.2 ","Hộp kẽm 30x60 (1.2) ","Cây",1,159000,159000,0,146786.44859813084,146786.44859813084,"KL",null,0]
["1121","2020-06-27","PX064",null,"HK2550 1.2 ","Hộp kẽm 25x50 (1.2) ","Cây",7,135000,945000,0,879882.64462809917,879882.64462809917,"KL",null,0]
["1122","2020-06-27","PX064",null,"MANG30 1.2 6M","Máng cửa sổ 30 (1.2) 6m","Cây",1,192000,192000,0,126063.82978723405,126063.82978723405,"KL",null,0]
["1123","2020-06-27","PX064",null,"BX30","Bánh xe 30","Cái",2,12000,24000,0,12107.142857142857,12107.142857142857,"KL",null,0]
["1124","2020-06-27","PX064",null,"TMXN3.0","Tôn XNgọc 3.0","Mét",20,53000,1060000,0,929200.71471113758,929200.71471113758,"KL",null,0]
["1125","2020-06-27","PX064",null,"TMXN3.5","Tôn XNgọc 3.5","Mét",20,57000,1140000,0,1032629.0115532734,1032629.0115532734,"KL",null,0]
["1126","2020-06-27","PX064-TT",null,null,"Thu tien luon",0,0,0,0,0,0,0,"KL",29788200,0]
["1127","2020-06-28","PX065",null,"TL4.5","Tôn Lạnh 4.5","Mét",14,86000,1204000,0,992447.56632064597,992447.56632064597,"KL",null,0]
["1128","2020-06-28","PX065",null,"TL5.0 ĐA","Tole Lạnh 5.0 ĐÁ","Mét",15.6,103000,1606800,0,1382753.8323529412,1382753.8323529412,"KL",null,0]
["1129","2020-06-28","PX065",null,"VK75 1.8","Vuông kẽm 75 (1.8)","Cây",1,390000,390000,0,363854.16666666669,363854.16666666669,"KL",null,0]
["1130","2020-06-28","PX065",null,"HK4080 1.8","Hộp kẽm 40x80 (1.8)","Cây",1,290000,290000,0,273655.82548476453,273655.82548476453,"KL",null,0]
["1131","2020-06-28","PX065",null,"HK3060 1.8","Hộp kẽm 30x60 (1.8)","Cây",3,220000,660000,0,606817.1310592459,606817.1310592459,"KL",null,0]
["1132","2020-06-28","PX065",null,"VK30 1.4","Vuông kẽm 30 (1.4)","Cây",2,178000,356000,0,213074.62467866324,213074.62467866324,"KL",null,0]
["1133","2020-06-28","PX065",null,"VK30 1.2","Vuông kẽm 30 (1.2)","Cây",4,107000,428000,0,378706.99300699303,378706.99300699303,"KL",null,0]
["1134","2020-06-28","PX065",null,"HK2550 1.2 ","Hộp kẽm 25x50 (1.2) ","Cây",2,135000,270000,0,251395.04132231406,251395.04132231406,"KL",null,0]
["1135","2020-06-28","PX065",null,"V30X","V đen 30(X)","Cây",2,98000,196000,0,134000,134000,"KL",null,0]
["1136","2020-06-28","PX065",null,"LC 14","La cứng 14","Cây",4,14000,56000,0,33217.198443579764,33217.198443579764,"KL",null,0]
["1137","2020-06-28","PX065",null,"VK20 1.0","Vuông kẽm 20 (1.0)","Cây",3,64000,192000,0,153560.3305785124,153560.3305785124,"KL",null,0]
["1138","2020-06-28","PX065",null,"V50Đ","V đen 50(Đ)","Cây",1,250000,250000,0,198918.30985915492,198918.30985915492,"KL",null,0]
["1139","2020-06-28","PX065",null,"VK30 1.8","Vuông kẽm 30 (1.8)","Cây",1,155000,155000,0,137200,137200,"KL",null,0]
["1140","2020-06-28","PX065",null,"MANG30 1.2 4M","Máng cửa sổ 30 (1.2) 4m","Cây",1,140000,140000,0,86871.794871794875,86871.794871794875,"KL",null,0]
["1141","2020-06-28","PX065",null,"BX30","Bánh xe 30","Cái",2,12000,24000,0,12107.142857142857,12107.142857142857,"KL",null,0]
["1142","2020-06-28","PX065-TT",null,null,"Thu tien luon",0,0,0,0,0,0,0,"KL",6217800,0]
["1143","2020-06-29","PX066",null,"TMXN4.5DA","Tôn XNgọc 4.5 ĐÁ","Mét",20,94000,1880000,0,1706893.6170212766,1706893.6170212766,"KL",null,0]
["1144","2020-06-29","PX066",null,"TMXN4.5","Tôn XNgọc 4.5","Mét",5,81000,405000,0,327512.79885939899,327512.79885939899,"KL",null,0]
["1145","2020-06-29","PX066",null,"TMXN4.5","Tôn XNgọc 4.5","Mét",4,75000,300000,0,262010.23908751921,262010.23908751921,"KL",null,0]
["1146","2020-06-29","PX066",null,"TL4.5","Tôn Lạnh 4.5","Mét",12.4,79000,979600,0,879024.98731257219,879024.98731257219,"KL",null,0]
["1147","2020-06-29","PX066",null,"TMXN3.5","Tôn XNgọc 3.5","Mét",4.9000000000000004,60000,294000,0,252994.10783055201,252994.10783055201,"KL",null,0]
["1148","2020-06-29","PX066",null,"HK3060 1.8","Hộp kẽm 30x60 (1.8)","Cây",1,210000,210000,0,202272.37701974864,202272.37701974864,"KL",null,0]
["1149","2020-06-29","PX066",null,"TMXN5.0DA","Tôn XNgọc 5.0 ĐÁ","Mét",122,102000,12444000,0,11481298.523106242,11481298.523106242,"KL",null,0]
["1150","2020-06-29","PX066",null,"I150","I 150","Cây",4,1170000,4680000,0,3739200,3739200,"KL",null,0]
["1151","2020-06-29","PX066",null,"U80M","U 80 (M)","Cây",2,325000,650000,0,628846.15384615387,628846.15384615387,"KL",null,0]
["1152","2020-06-29","PX066",null,"V50Đ","V đen 50(Đ)","Cây",20,203000,4060000,0,3978366.1971830986,3978366.1971830986,"KL",null,0]
["1153","2020-06-29","PX066",null,"HK1326 1.0","Hộp kẽm 13x26 (1.0)","Cây",50,52000,2600000,0,2462183.0985915493,2462183.0985915493,"KL",null,0]
["1154","2020-06-29","PX066",null,"HK4080 1.4 ","Hộp kẽm 40x80 (1.4) ","Cây",4,225000,900000,0,872139.58158995816,872139.58158995816,"KL",null,0]
["1155","2020-06-29","PX066",null,"TMXN3.5","Tôn XNgọc 3.5","Mét",26.8,60000,1608000,0,1383722.8754813864,1383722.8754813864,"KL",null,0]
["1156","2020-06-29","PX066",null,"TMXN5.0DA","Tôn XNgọc 5.0 ĐÁ","Mét",264.7,101000,26734700,0,24910653.434969034,24910653.434969034,"KL",null,0]
["1157","2020-06-29","PX066",null,"VK40 1.2","Vuông kẽm 40 (1.2)","Cây",100,135000,13500000,0,12834555.555555556,12834555.555555556,"KL",null,0]
["1158","2020-06-29","PX066-TT",null,null,"Thu tien luon",0,0,0,0,0,0,0,"KL",71245300,0]
["1159","2020-07-01","PX067",null,"TL4.5","Tôn Lạnh 4.5","Mét",28,79000,2212000,0,1984895.1326412919,1984895.1326412919,"KL",null,0]
["1160","2020-07-01","PX067",null,"TMXN4.5","Tôn XNgọc 4.5","Mét",7,75000,525000,0,458517.9184031586,458517.9184031586,"KL",null,0]
["1161","2020-07-01","PX067",null,"TMXN4.5DA","Tôn XNgọc 4.5 ĐÁ","Mét",345.48,92000,31784160,0,29484880.340425536,29484880.340425536,"KL",null,0]
["1162","2020-07-01","PX067",null,"TMXN3.0","Tôn XNgọc 3.0","Mét",11,55000,605000,0,511060.39309112565,511060.39309112565,"KL",null,0]
["1163","2020-07-01","PX067",null,"HK612 1.8","Hộp Kẽm 60x120 (1.8)","Cây",5,449000,2245000,0,2071948.0519480519,2071948.0519480519,"KL",null,0]
["1164","2020-07-01","PX067",null,"HK612 1.8","Hộp Kẽm 60x120 (1.8)","Cây",10,464000,4640000,0,4143896.1038961038,4143896.1038961038,"KL",null,0]
["1165","2020-07-01","PX067",null,"TMXN3.0","Tôn XNgọc 3.0","Mét",2,63000,126000,0,92920.071471113755,92920.071471113755,"KL",null,0]
["1166","2020-07-01","PX067",null,"VK20 1.0","Vuông kẽm 20 (1.0)","Cây",3,64000,192000,0,153560.3305785124,153560.3305785124,"KL",null,0]
["1167","2020-07-01","PX067",null,"TL4.5","Tôn Lạnh 4.5","Mét",30,86000,2580000,0,2126673.3564013843,2126673.3564013843,"KL",null,0]
["1168","2020-07-01","PX067",null,"OK114 1.8","ống kẽm 114 (1.8)","Cây",1,520000,520000,0,433033.74193548388,433033.74193548388,"KL",null,0]
["1169","2020-07-01","PX067",null,"V40Đ","V đen 40(Đ)","Cây",2,165000,330000,0,258823.5294117647,258823.5294117647,"KL",null,0]
["1170","2020-07-01","PX067",null,"VK20 1.2","Vuông kẽm 20 (1.2)","Cây",3,72000,216000,0,190921.65898617511,190921.65898617511,"KL",null,0]
["1171","2020-07-01","PX067",null,"VL40","V Lỗ 40","Cây",10,53000,530000,0,431842.10526315786,431842.10526315786,"KL",null,0]
["1172","2020-07-01","PX067",null,"TL3.5","Tôn Lạnh 3.5","Mét",28,70000,1960000,0,1660400,1660400,"KL",null,0]
["1173","2020-07-01","PX067",null,"HK4080 1.8","Hộp kẽm 40x80 (1.8)","Cây",6,310000,1860000,0,1641934.9529085872,1641934.9529085872,"KL",null,0]
["1174","2020-07-01","PX067",null,"OK21 1.2 ","Ống kẽm 21 (1.2) ","Cây",1,60000,60000,0,54696.774193548386,54696.774193548386,"KL",null,0]
["1175","2020-07-01","PX067",null,"LC 20","La cứng 20","Cây",10,20000,200000,0,141000,141000,"KL",null,0]
["1176","2020-07-01","PX067",null,"VK14 1.2","Vuông kẽm 14 (1.2)","Cây",10,50000,500000,0,448680.20304568525,448680.20304568525,"KL",null,0]
["1177","2020-07-01","PX067",null,"HK4080 1.8","Hộp kẽm 40x80 (1.8)","Cây",5,288000,1440000,0,1368279.1274238226,1368279.1274238226,"KL",null,0]
["1178","2020-07-01","PX067-TT",null,null,"Thu tien luon",0,0,0,0,0,0,0,"KL",52525160,0]
["1179","2020-07-02","PX068",null,"TMXN4.0","Tôn XNgọc 4.0","Mét",121.5,73000,8869500,0,7283824.2515614908,7283824.2515614908,"KL",null,0]
["1180","2020-07-02","PX068",null,"VK30 1.4","Vuông kẽm 30 (1.4)","Cây",12,120000,1440000,0,1278447.7480719795,1278447.7480719795,"KL",null,0]
["1181","2020-07-02","PX068",null,"VK14 1.2","Vuông kẽm 14 (1.2)","Cây",18,50000,900000,0,807624.36548223346,807624.36548223346,"KL",null,0]
["1182","2020-07-02","PX068",null,"MANG30 1.2 4M","Máng cửa sổ 30 (1.2) 4m","Cây",4,128000,512000,0,347487.1794871795,347487.1794871795,"KL",null,0]
["1183","2020-07-02","PX068",null,"BX30","Bánh xe 30","Cái",16,12000,192000,0,96857.142857142855,96857.142857142855,"KL",null,0]
["1184","2020-07-02","PX068",null,"TMXN3.5","Tôn XNgọc 3.5","Mét",30,67000,2010000,0,1548943.5173299101,1548943.5173299101,"KL",null,0]
["1185","2020-07-02","PX068",null,"VK40 1.4","Vuông kẽm 40 (1.4)","Cây",17,160000,2720000,0,2438286.218836565,2438286.218836565,"KL",null,0]
["1186","2020-07-02","PX068",null,"LC 25","La cứng 25","Cây",1,30000,30000,0,22800,22800,"KL",null,0]
["1187","2020-07-02","PX068",null,"HK4080 1.4 ","Hộp kẽm 40x80 (1.4) ","Cây",2,232000,464000,0,436069.79079497908,436069.79079497908,"KL",null,0]
["1188","2020-07-02","PX068",null,"HK2040 1.2 ","Hộp kẽm 20x40 (1.2) ","Cây",5,107000,535000,0,481730.65902578796,481730.65902578796,"KL",null,0]
["1189","2020-07-02","PX068",null,"MANG30 1.2 4M","Máng cửa sổ 30 (1.2) 4m","Cây",1,128000,128000,0,86871.794871794875,86871.794871794875,"KL",null,0]
["1190","2020-07-02","PX068",null,"BX30","Bánh xe 30","Cái",2,12000,24000,0,12107.142857142857,12107.142857142857,"KL",null,0]
["1191","2020-07-02","PX068",null,"LC 40","La cứng 40","Cây",1,45000,45000,0,26000,26000,"KL",null,0]
["1192","2020-07-02","PX068",null,"CKT","Chén kẽm trung","Kg",2.6,25000,65000,0,43145.945945945947,43145.945945945947,"KL",null,0]
["1193","2020-07-02","PX068",null,"VK20 1.0","Vuông kẽm 20 (1.0)","Cây",10,64000,640000,0,511867.76859504136,511867.76859504136,"KL",null,0]
["1194","2020-07-02","PX068",null,"TL3.5","Tôn Lạnh 3.5","Mét",2.5,68000,170000,0,148250,148250,"KL",null,0]
["1195","2020-07-02","PX068",null,"TMXN5.0DA","Tôn XNgọc 5.0 ĐÁ","Mét",206.6,101000,20866600,0,19442920.285850406,19442920.285850406,"KL",null,0]
["1196","2020-07-02","PX068",null,"TMXN4.0","Tôn XNgọc 4.0","Mét",53.85,67000,3607950,0,3228262.8472970063,3228262.8472970063,"KL",null,0]
["1197","2020-07-02","PX068",null,"CN10L","Cách nhiệt 10 li","Mét",53.85,27000,1453950,0,704495.87198515772,704495.87198515772,"KL",null,0]
["1198","2020-07-02","PX068",null,"TMXN3.0","Tôn XNgọc 3.0","Mét",10,55000,550000,0,464600.35735556879,464600.35735556879,"KL",null,0]
["1199","2020-07-02","PX068",null,"TL3.5","Tôn Lạnh 3.5","Mét",6,64000,384000,0,355800,355800,"KL",null,0]
["1200","2020-07-02","PX068",null,"TL4.5","Tôn Lạnh 4.5","Mét",6,79000,474000,0,425334.67128027685,425334.67128027685,"KL",null,0]
["1201","2020-07-02","PX068",null,"TMXN4.0","Tôn XNgọc 4.0","Mét",33.200000000000003,69000,2290800,0,1990312.4703855268,1990312.4703855268,"KL",null,0]
["1202","2020-07-02","PX068-TT",null,null,"Thu tien luon",0,0,0,0,0,0,0,"KL",48371800,0]
["1203","2020-07-03","PX069",null,"HK2040 1.2 ","Hộp kẽm 20x40 (1.2) ","Cây",15,108000,1620000,0,1445191.977077364,1445191.977077364,"KL",null,0]
["1204","2020-07-03","PX069",null,"V50Đ","V đen 50(Đ)","Cây",5,250000,1250000,0,994591.54929577466,994591.54929577466,"KL",null,0]
["1205","2020-07-03","PX069",null,"V40Đ","V đen 40(Đ)","Cây",5,165000,825000,0,647058.82352941181,647058.82352941181,"KL",null,0]
["1206","2020-07-03","PX069",null,"LC 30","La cứng 30","Cây",10,25000,250000,0,170000,170000,"KL",null,0]
["1207","2020-07-03","PX069",null,"OKN34 2.6","Ống kẽm nhúng 34 (2.6)","Cây",2,290000,580000,0,523773.91304347827,523773.91304347827,"KL",null,0]
["1208","2020-07-03","PX069",null,"TMXN3.0","Tôn XNgọc 3.0","Mét",48,57000,2736000,0,2230081.71530673,2230081.71530673,"KL",null,0]
["1209","2020-07-03","PX069",null,"VK40 1.4","Vuông kẽm 40 (1.4)","Cây",15,156000,2340000,0,2151429.0166204986,2151429.0166204986,"KL",null,0]
["1210","2020-07-03","PX069",null,"MANG36 1.2 4M","Máng cửa đi 36 (1.2) 4m","Cây",1,144000,144000,0,109354.83870967742,109354.83870967742,"KL",null,0]
["1211","2020-07-03","PX069",null,"BX36","Bánh xe 36 ","Cái",2,12000,24000,0,12307.9754601227,12307.9754601227,"KL",null,0]
["1212","2020-07-03","PX069",null,"TL4.5","Tôn Lạnh 4.5","Mét",5.5,83000,456500,0,389890.1153402538,389890.1153402538,"KL",null,0]
["1213","2020-07-03","PX069",null,"TL5.0 ĐA","Tole Lạnh 5.0 ĐÁ","Mét",71.400000000000006,100000,7140000.0000000009,0,6328757.9250000007,6328757.9250000007,"KL",null,0]
["1214","2020-07-03","PX069",null,"TL3.5","Tôn Lạnh 3.5","Mét",5,68000,340000,0,296500,296500,"KL",null,0]
["1215","2020-07-03","PX069",null,"TMXN4.0","Tôn XNgọc 4.0","Mét",17.02,73000,1242460,0,1020334.8869265561,1020334.8869265561,"KL",null,0]
["1216","2020-07-03","PX069",null,"TMXN3.5","Tôn XNgọc 3.5","Mét",63.31,57000,3608670,0,3268787.1360718873,3268787.1360718873,"KL",null,0]
["1217","2020-07-03","PX069",null,"TMXN4.0","Tôn XNgọc 4.0","Mét",20.2,67000,1353400,0,1210973.2500538444,1210973.2500538444,"KL",null,0]
["1218","2020-07-03","PX069",null,"TMXN3.0","Tôn XNgọc 3.0","Mét",30,53000,1590000,0,1393801.0720667064,1393801.0720667064,"KL",null,0]
["1219","2020-07-03","PX069",null,"TMXD4.0","Tôn Xanh Dương 4.0","Mét",14.3,70000,1001000,0,1076790,1076790,"KL",null,0]
["1220","2020-07-03","PX069",null,"OK21 1.2 ","Ống kẽm 21 (1.2) ","Cây",3,60000,180000,0,164090.32258064515,164090.32258064515,"KL",null,0]
["1221","2020-07-03","PX069",null,"OK49 1.8","Ống kẽm 49 (1.8)","Cây",1,210000,210000,0,183582.92682926828,183582.92682926828,"KL",null,0]
["1222","2020-07-03","PX069",null,"BX30","Bánh xe 30","Cái",2,10000,20000,0,12107.142857142857,12107.142857142857,"KL",null,0]
["1223","2020-07-03","PX069",null,"VK40 1.4","Vuông kẽm 40 (1.4)","Cây",10,160000,1600000,0,1434286.0110803323,1434286.0110803323,"KL",null,0]
["1224","2020-07-03","PX069-TT",null,null,"Thu tien luon",0,0,0,0,0,0,0,"KL",28511030,0]
["1225","2020-07-04","PX070",null,"HD2550 0.7","Hộp đen 25x50 (0.7)","Cây",100,79000,7900000,0,7271686.9158878503,7271686.9158878503,"KL",null,0]
["1226","2020-07-04","PX070",null,"OD16 0.5","Ống đen 16 (0.5)","Cây",200,24500,4900000,0,4707808.9587659454,4707808.9587659454,"KL",null,0]
["1227","2020-07-04","PX070",null,"MANG36 1.2 4M","Máng cửa đi 36 (1.2) 4m","Cây",1,144000,144000,0,109354.83870967742,109354.83870967742,"KL",null,0]
["1228","2020-07-04","PX070",null,"V40X","V đen 40(X)","Cây",10,127000,1270000,0,973228.91566265048,973228.91566265048,"KL",null,0]
["1229","2020-07-04","PX070",null,"HK4080 1.1","Hộp kẽm 40x80 (1.1)","Cây",80,193000,15440000,0,13954868.525896415,13954868.525896415,"KL",null,0]
["1230","2020-07-04","PX070",null,"VK50 1.2","Vuông kẽm 50 (1.2)","Cây",15,172000,2580000,0,2418000,2418000,"KL",null,0]
["1231","2020-07-04","PX070",null,"HK5010 1.2","Hộp kẽm 50x100 (1.2)","Cây",6,265000,1590000,0,1441181.8181818181,1441181.8181818181,"KL",null,0]
["1232","2020-07-04","PX070",null,"HK5010 1.4 ","Hộp kẽm 50x100 (1.4) ","Cây",2,285000,570000,0,550755.38461538462,550755.38461538462,"KL",null,0]
["1233","2020-07-04","PX070",null,"HK3060 1.4 ","Hộp kẽm 30x60 (1.4) ","Cây",6,176000,1056000,0,978333.64485981315,978333.64485981315,"KL",null,0]
["1234","2020-07-04","PX070",null,"TMXN5.0","Tôn XNgọc 5.0","Mét",2.5,88000,220000,0,183251.59627535753,183251.59627535753,"KL",null,0]
["1235","2020-07-04","PX070",null,"TMXN3.0","Tôn XNgọc 3.0","Mét",2,65000,130000,0,92920.071471113755,92920.071471113755,"KL",null,0]
["1236","2020-07-04","PX070",null,"TMXN5.0","Tôn XNgọc 5.0","Mét",9,84000,756000,0,659705.74659128708,659705.74659128708,"KL",null,0]
["1237","2020-07-04","PX070",null,"TMXN4.5","Tôn XNgọc 4.5","Mét",36,74000,2664000,0,2358092.1517876727,2358092.1517876727,"KL",null,0]
["1238","2020-07-04","PX070",null,"TMXN5.0","Tôn XNgọc 5.0","Mét",8.8000000000000007,85000,748000.00000000012,0,645045.61888925848,645045.61888925848,"KL",null,0]
["1239","2020-07-04","PX070",null,"TMXN3.0","Tôn XNgọc 3.0","Mét",54,55000,2970000,0,2508841.9297200716,2508841.9297200716,"KL",null,0]
["1240","2020-07-04","PX070",null,"TMXN3.5","Tôn XNgọc 3.5","Mét",36,60000,2160000,0,1858732.2207958922,1858732.2207958922,"KL",null,0]
["1241","2020-07-04","PX070-TT",null,null,"Thu tien luon",0,0,0,0,0,0,0,"KL",45098000,0]
["1242","2020-07-05","PX071",null,"TMXN3.0","Tôn XNgọc 3.0","Mét",26,55000,1430000,0,1207960.9291244787,1207960.9291244787,"KL",null,0]
["1243","2020-07-05","PX071",null,"TL4.5","Tôn Lạnh 4.5","Mét",22,79000,1738000,0,1559560.4613610152,1559560.4613610152,"KL",null,0]
["1244","2020-07-05","PX071",null,"VK75 1.8","Vuông kẽm 75 (1.8)","Cây",8,378000,3024000,0,2910833.3333333335,2910833.3333333335,"KL",null,0]
["1245","2020-07-05","PX071",null,"HK4080 1.8","Hộp kẽm 40x80 (1.8)","Cây",23,300000,6900000,0,6294083.9861495839,6294083.9861495839,"KL",null,0]
["1246","2020-07-05","PX071",null,"HK3060 1.4 ","Hộp kẽm 30x60 (1.4) ","Cây",15,176000,2640000,0,2445834.1121495329,2445834.1121495329,"KL",null,0]
["1247","2020-07-05","PX071",null,"TL5.0 ĐA","Tole Lạnh 5.0 ĐÁ","Mét",64,98000,6272000,0,5672836.2352941176,5672836.2352941176,"KL",null,0]
["1248","2020-07-05","PX071",null,"HK3060 1.2 ","Hộp kẽm 30x60 (1.2) ","Cây",10,159000,1590000,0,1467864.4859813084,1467864.4859813084,"KL",null,0]
["1249","2020-07-05","PX071",null,"TMXN4.0","Tôn XNgọc 4.0","Mét",45.6,71000,3237600,0,2733682.1882403619,2733682.1882403619,"KL",null,0]
["1250","2020-07-05","PX071-TT",null,null,"Thu tien luon",0,0,0,0,0,0,0,"KL",26831600,0]
["1251","2020-07-06","PX072",null,"TMXN4.0","Tôn XNgọc 4.0","Mét",9.4,75000,705000,0,563522.20547060098,563522.20547060098,"KL",null,0]
["1252","2020-07-06","PX072",null,"U100","U 100","Cây",3,510000,1530000,0,1326562.5,1326562.5,"KL",null,0]
["1253","2020-07-06","PX072",null,"HK2040 1.4 ","Hộp kẽm 20x40 (1.4) ","Cây",10,120000,1200000,0,1086197.9865771811,1086197.9865771811,"KL",null,0]
["1254","2020-07-06","PX072",null,"VK75 1.4","Vuông kẽm 75 (1.4)","Cây",3,292000,876000,0,862517.14285714272,862517.14285714272,"KL",null,0]
["1255","2020-07-06","PX072",null,"HK3060 1.4 ","Hộp kẽm 30x60 (1.4) ","Cây",3,176000,528000,0,489166.82242990658,489166.82242990658,"KL",null,0]
["1256","2020-07-06","PX072",null,"TMXN3.0","Tôn XNgọc 3.0","Mét",36.5,59000,2153500,0,1695791.3043478259,1695791.3043478259,"KL",null,0]
["1257","2020-07-06","PX072",null,"MANG30 1.2 5M","Máng cửa sổ 30 (1.2) 5m","Cây",1,160000,160000,0,106944.44444444444,106944.44444444444,"KL",null,0]
["1258","2020-07-06","PX072",null,"BX30","Bánh xe 30","Cái",4,12000,48000,0,24214.285714285714,24214.285714285714,"KL",null,0]
["1259","2020-07-06","PX072",null,"HK1326 1.2","Hộp kẽm 13x26 (1.2)","Cây",3,70000,210000,0,183228.88146911518,183228.88146911518,"KL",null,0]
["1260","2020-07-06","PX072",null,"OK42 1.2","Ống kẽm 42 (1.2)","Cây",16,118000,1888000,0,1680000,1680000,"KL",null,0]
["1261","2020-07-06","PX072",null,"OK49 1.4","Ống kẽm 49 (1.4)","Cây",2,173000,346000,0,287200,287200,"KL",null,0]
["1262","2020-07-06","PX072",null,"V40X","V đen 40(X)","Cây",2,125000,250000,0,194645.78313253011,194645.78313253011,"KL",null,0]
["1263","2020-07-06","PX072",null,"HK1326 0.9","Hộp kẽm 13x26 (0.9)","Cây",14,50000,700000,0,632320.62256809336,632320.62256809336,"KL",null,0]
["1264","2020-07-06","PX072",null,"VK14 0.9","Vuông kẽm 14 (0.9)","Cây",5,35000,175000,0,156743.58974358975,156743.58974358975,"KL",null,0]
["1265","2020-07-06","PX072",null,"MANG30 1.2 6M","Máng cửa sổ 30 (1.2) 6m","Cây",1,192000,192000,0,126063.82978723405,126063.82978723405,"KL",null,0]
["1266","2020-07-06","PX072",null,"BX30","Bánh xe 30","Cái",2,12000,24000,0,12107.142857142857,12107.142857142857,"KL",null,0]
["1267","2020-07-06","PX072",null,"HK3060 1.4 ","Hộp kẽm 30x60 (1.4) ","Cây",1,176000,176000,0,163055.60747663552,163055.60747663552,"KL",null,0]
["1268","2020-07-06","PX072",null,"VK20 1.0","Vuông kẽm 20 (1.0)","Cây",1,65000,65000,0,51186.776859504134,51186.776859504134,"KL",null,0]
["1269","2020-07-06","PX072",null,"CCN48","Chụp nhựa 48","Cái",4,1500,6000,0,1890.6521739130435,1890.6521739130435,"KL",null,0]
["1270","2020-07-06","PX072",null,"MANG30 1.2 6M","Máng cửa sổ 30 (1.2) 6m","Cây",50,132000,6600000,0,6303191.4893617025,6303191.4893617025,"KL",null,0]
["1271","2020-07-06","PX072",null,"MANG36 1.2 6M","Máng cửa đi 36 (1.2) 6m","Cây",50,153000,7650000,0,7362352.9411764704,7362352.9411764704,"KL",null,0]
["1272","2020-07-06","PX072-TT",null,null,"Thu tien luon",0,0,0,0,0,0,0,"KL",25482500,0]
["1273","2020-07-07","PX073",null,"OK60 2.0","Ống kẽm 60 (2.0)","Cây",5,320000,1600000,0,1343142.857142857,1343142.857142857,"KL",null,0]
["1274","2020-07-07","PX073",null,"OK49 1.8","Ống kẽm 49 (1.8)","Cây",5,210000,1050000,0,917914.63414634136,917914.63414634136,"KL",null,0]
["1275","2020-07-07","PX073",null,"HK4080 2.0","Hộp kẽm 40x80(2.0)","Cây",5,360000,1800000,0,1694251.3513513515,1694251.3513513515,"KL",null,0]
["1276","2020-07-07","PX073",null,"LC 30 5","La cứng 30 5li","Cây",3,65000,195000,0,140027.02702702701,140027.02702702701,"KL",null,0]
["1277","2020-07-07","PX073",null,"TNSV M 2.0M","Tôn nhựa sóng vuông mỏng 2.0m","Tấm",4,130000,520000,0,388000,388000,"KL",null,0]
["1278","2020-07-07","PX073",null,"VK90 1.4","Vuông kẽm 90 (1.4)","Cây",4,348000,1392000,0,1365781.8181818181,1365781.8181818181,"KL",null,0]
["1279","2020-07-07","PX073",null,"HK3060 1.2 ","Hộp kẽm 30x60 (1.2) ","Cây",60,159000,9540000,0,8807186.9158878513,8807186.9158878513,"KL",null,0]
["1280","2020-07-07","PX073",null,"VK100 2.0","Vuông kẽm 100 (2.0)","Cây",14,590000,8260000,0,7539000,7539000,"KL",null,0]
["1281","2020-07-07","PX073",null,"HK5010 2.0","Hộp kẽm 50x100 (2.0)","Cây",40,442000,17680000,0,16469028.571428571,16469028.571428571,"KL",null,0]
["1282","2020-07-07","PX073",null,"HK4080 1.8","Hộp kẽm 40x80 (1.8)","Cây",40,305000,12200000,0,10946233.019390581,10946233.019390581,"KL",null,0]
["1283","2020-07-07","PX073",null,"VK40 1.8","Vuông kẽm 40 (1.8)","Cây",40,210000,8400000,0,7254156.0137457037,7254156.0137457037,"KL",null,0]
["1284","2020-07-07","PX073",null,"VK30 1.8","Vuông kẽm 30 (1.8)","Cây",40,155000,6200000,0,5488000,5488000,"KL",null,0]
["1285","2020-07-07","PX073",null,"V40Đ","V đen 40(Đ)","Cây",2,165000,330000,0,258823.5294117647,258823.5294117647,"KL",null,0]
["1286","2020-07-07","PX073",null,"LC 30 5","La cứng 30 5li","Cây",2,70000,140000,0,93351.351351351346,93351.351351351346,"KL",null,0]
["1287","2020-07-07","PX073",null,"MANG30 1.2 4M","Máng cửa sổ 30 (1.2) 4m","Cây",1,148000,148000,0,86871.794871794875,86871.794871794875,"KL",null,0]
["1288","2020-07-07","PX073",null,"BX30","Bánh xe 30","Cái",2,12000,24000,0,12107.142857142857,12107.142857142857,"KL",null,0]
["1289","2020-07-07","PX073",null,"HK1326 1.2","Hộp kẽm 13x26 (1.2)","Cây",2,70000,140000,0,122152.58764607679,122152.58764607679,"KL",null,0]
["1290","2020-07-07","PX073",null,"VK30 1.2","Vuông kẽm 30 (1.2)","Cây",2,107000,214000,0,189353.49650349651,189353.49650349651,"KL",null,0]
["1291","2020-07-07","PX073",null,"TMXD4.0","Tôn Xanh Dương 4.0","Mét",4.7,70000,329000,0,353910,353910,"KL",null,0]
["1292","2020-07-07","PX073",null,"TMXN4.0","Tôn XNgọc 4.0","Mét",14,71000,994000,0,839288.39112642687,839288.39112642687,"KL",null,0]
["1293","2020-07-07","PX073",null,"TMXN4.5DA","Tôn XNgọc 4.5 ĐÁ","Mét",8.5,97000,824500,0,725429.78723404265,725429.78723404265,"KL",null,0]
["1294","2020-07-07","PX073",null,"TMXN5.0","Tôn XNgọc 5.0","Mét",2.1,86000,180600,0,153931.34087130032,153931.34087130032,"KL",null,0]
["1295","2020-07-07","PX073",null,"TMXN3.0","Tôn XNgọc 3.0","Mét",2.5,59000,147500,0,116150.0893388922,116150.0893388922,"KL",null,0]
["1296","2020-07-07","PX073",null,"TMXN4.5","Tôn XNgọc 4.5","Mét",109.8,71000,7795800,0,7192181.062952402,7192181.062952402,"KL",null,0]
["1297","2020-07-07","PX073",null,"TMXN3.5","Tôn XNgọc 3.5","Mét",22.9,57000,1305300,0,1182360.218228498,1182360.218228498,"KL",null,0]
["1298","2020-07-07","PX073-TT",null,null,"Thu tien luon",0,0,0,0,0,0,0,"KL",81409700,0]
["1299","2020-07-08","PX074",null,"HK3060 1.2 ","Hộp kẽm 30x60 (1.2) ","Cây",10,176000,1760000,0,1467864.4859813084,1467864.4859813084,"KL",null,0]
["1300","2020-07-08","PX074",null,"OK76 1.4 ","Ống kẽm 76 (1.4) ","Cây",1,260000,260000,0,257200,257200,"KL",null,0]
["1301","2020-07-08","PX074",null,"VK20 1.0","Vuông kẽm 20 (1.0)","Cây",5,62000,310000,0,255933.88429752068,255933.88429752068,"KL",null,0]
["1302","2020-07-08","PX074",null,"TMXN3.5","Tôn XNgọc 3.5","Mét",7.8,62000,483600,0,402725.31450577662,402725.31450577662,"KL",null,0]
["1303","2020-07-08","PX074",null,"TL3.5","Tôn Lạnh 3.5","Mét",10,66000,660000,0,593000,593000,"KL",null,0]
["1304","2020-07-08","PX074",null,"HK5010 2.0","Hộp kẽm 50x100 (2.0)","Cây",6,455000,2730000,0,2470354.2857142854,2470354.2857142854,"KL",null,0]
["1305","2020-07-08","PX074",null,"TMXN3.0","Tôn XNgọc 3.0","Mét",10,57000,570000,0,464600.35735556879,464600.35735556879,"KL",null,0]
["1306","2020-07-08","PX074",null,"VK30 1.2","Vuông kẽm 30 (1.2)","Cây",4,107000,428000,0,378706.99300699303,378706.99300699303,"KL",null,0]
["1307","2020-07-08","PX074",null,"HK2040 1.2 ","Hộp kẽm 20x40 (1.2) ","Cây",10,107000,1070000,0,963461.31805157592,963461.31805157592,"KL",null,0]
["1308","2020-07-08","PX074",null,"CKT","Chén kẽm trung","Kg",1,25000,25000,0,16594.594594594593,16594.594594594593,"KL",null,0]
["1309","2020-07-08","PX074",null,"TMXN4.5","Tôn XNgọc 4.5","Mét",9.9,76000,752400,0,648475.34174161009,648475.34174161009,"KL",null,0]
["1310","2020-07-08","PX074",null,"V50T","V đen 50(T)","Cây",2,300000,600000,0,521000,521000,"KL",null,0]
["1311","2020-07-08","PX074",null,"TMXN3.5","Tôn XNgọc 3.5","Mét",52.08,60000,3124800,0,2688965.9460847238,2688965.9460847238,"KL",null,0]
["1312","2020-07-08","PX074",null,"TMXN4.0","Tôn XNgọc 4.0","Mét",67,69000,4623000,0,4016594.4432479003,4016594.4432479003,"KL",null,0]
["1313","2020-07-08","PX074",null,"TNSV1.0 3.0M","Tôn nhựa sóng vuông (1.0) 3.0m","Tấm",5,216000,1080000,0,921428.57142857148,921428.57142857148,"KL",null,0]
["1314","2020-07-08","PX074",null,"TNSV1.0 2.5M","Tôn nhựa sóng vuông (1.0) 2.5m","Tấm",7,180000,1260000,0,1092396.9072164949,1092396.9072164949,"KL",null,0]
["1315","2020-07-08","PX074",null,"TNSV1.0 2.0M","Tôn nhựa sóng vuông (1.0) 2.0m","Tấm",2,144000,288000,0,260000,260000,"KL",null,0]
["1316","2020-07-08","PX074",null,"TMXN5.0","Tôn XNgọc 5.0","Mét",15.8,84000,1327200,0,1158150.0884602596,1158150.0884602596,"KL",null,0]
["1317","2020-07-08","PX074",null,"VK30 1.8","Vuông kẽm 30 (1.8)","Cây",50,143000,7150000,0,6860000,6860000,"KL",null,0]
["1318","2020-07-08","PX074",null,"TMXN5.0DA","Tôn XNgọc 5.0 ĐÁ","Mét",155.55000000000001,101000,15710550.000000002,0,14638655.616960458,14638655.616960458,"KL",null,0]
["1319","2020-07-08","PX074",null,"TL5.0","Tôn Lạnh 5.0","Mét",96.3,86000,8281800,0,7324949.219023779,7324949.219023779,"KL",null,0]
["1320","2020-07-08","PX074",null,"HK4080 1.8","Hộp kẽm 40x80 (1.8)","Cây",8,299000,2392000,0,2189246.6038781162,2189246.6038781162,"KL",null,0]
["1321","2020-07-08","PX074",null,"HK2040 1.4 ","Hộp kẽm 20x40 (1.4) ","Cây",20,120000,2400000,0,2172395.9731543623,2172395.9731543623,"KL",null,0]
["1322","2020-07-08","PX074",null,"VK30 1.4","Vuông kẽm 30 (1.4)","Cây",2,120000,240000,0,213074.62467866324,213074.62467866324,"KL",null,0]
["1323","2020-07-08","PX074",null,"TMXN5.0DA","Tôn XNgọc 5.0 ĐÁ","Mét",9,106000,954000,0,846981.03858980467,846981.03858980467,"KL",null,0]
["1324","2020-07-08","PX074-TT",null,null,"Thu tien luon",0,0,0,0,0,0,0,"KL",58480350,0]
["1325","2020-07-09","PX075",null,"HD2550 0.7","Hộp đen 25x50 (0.7)","Cây",50,79000,3950000,0,3635843.4579439252,3635843.4579439252,"KL",null,0]
["1326","2020-07-09","PX075",null,"TMXN4.5","Tôn XNgọc 4.5","Mét",19.079999999999998,76000,1450079.9999999998,0,1249788.8404474666,1249788.8404474666,"KL",null,0]
["1327","2020-07-09","PX075",null,"TL5.0 ĐA","Tole Lạnh 5.0 ĐÁ","Mét",8.8000000000000007,100000,880000.00000000012,0,780014.98235294118,780014.98235294118,"KL",null,0]
["1328","2020-07-09","PX075",null,"VK25 1.2","Vuông kẽm 25 (1.2)","Cây",5,94000,470000,0,407366.19718309853,407366.19718309853,"KL",null,0]
["1329","2020-07-09","PX075",null,"VK25 0.9","Vuông kẽm 25 (0.9)","Cây",2,70000,140000,0,113948.45360824742,113948.45360824742,"KL",null,0]
["1330","2020-07-09","PX075",null,"TMXN5.0DA","Tôn XNgọc 5.0 ĐÁ","Mét",51,104000,5304000,0,4799559.2186755603,4799559.2186755603,"KL",null,0]
["1331","2020-07-09","PX075",null,"OK27 1.4 ","Ống kẽm 27 (1.4) ","Cây",2,97000,194000,0,156333.33333333334,156333.33333333334,"KL",null,0]
["1332","2020-07-09","PX075",null,"TMXN4.0","Tôn XNgọc 4.0","Mét",166.27,71000,11805170,0,9967748.6280422155,9967748.6280422155,"KL",null,0]
["1333","2020-07-09","PX075",null,"TMXN4.5","Tôn XNgọc 4.5","Mét",45,76000,3420000,0,2947615.1897345912,2947615.1897345912,"KL",null,0]
["1334","2020-07-09","PX075",null,"TMXN4.0","Tôn XNgọc 4.0","Mét",3.3,71000,234300,0,197832.26362265777,197832.26362265777,"KL",null,0]
["1335","2020-07-09","PX075",null,"HK3060 1.2 ","Hộp kẽm 30x60 (1.2) ","Cây",1,159000,159000,0,146786.44859813084,146786.44859813084,"KL",null,0]
["1336","2020-07-09","PX075",null,"VK30 1.2","Vuông kẽm 30 (1.2)","Cây",4,107000,428000,0,378706.99300699303,378706.99300699303,"KL",null,0]
["1337","2020-07-09","PX075",null,"TMXN3.5","Tôn XNgọc 3.5","Mét",25,60000,1500000,0,1290786.2644415919,1290786.2644415919,"KL",null,0]
["1338","2020-07-09","PX075",null,"TMXN4.5","Tôn XNgọc 4.5","Mét",7,74000,518000,0,458517.9184031586,458517.9184031586,"KL",null,0]
["1339","2020-07-09","PX075-TT",null,null,"Thu tien luon",0,0,0,0,0,0,0,"KL",30452550,0]
["1340","2020-07-10","PX076",null,"TMXN3.0","Tôn XNgọc 3.0","Mét",8.8000000000000007,55000,484000.00000000006,0,408848.31447290053,408848.31447290053,"KL",null,0]
["1341","2020-07-10","PX076",null,"TMXN4.0","Tôn XNgọc 4.0","Mét",52,69000,3588000,0,3117356.8813267285,3117356.8813267285,"KL",null,0]
["1342","2020-07-10","PX076",null,"TMXN5.0","Tôn XNgọc 5.0","Mét",227.4,80000,18192000,0,16668565.19720652,16668565.19720652,"KL",null,0]
["1343","2020-07-10","PX076",null,"TMXN5.0DA","Tôn XNgọc 5.0 ĐÁ","Mét",22.5,106000,2385000,0,2117452.5964745115,2117452.5964745115,"KL",null,0]
["1344","2020-07-10","PX076",null,"HK5010 1.8","Hộp kẽm 50x100 (1.8)","Cây",8,355000,2840000,0,2747754.6987951808,2747754.6987951808,"KL",null,0]
["1345","2020-07-10","PX076",null,"VK50 1.4","Vuông kẽm 50 (1.4)","Cây",2,204000,408000,0,361428.57142857142,361428.57142857142,"KL",null,0]
["1346","2020-07-10","PX076",null,"HK2550 1.2 ","Hộp kẽm 25x50 (1.2) ","Cây",1,135000,135000,0,125697.52066115703,125697.52066115703,"KL",null,0]
["1347","2020-07-10","PX076",null,"TMXN5.0","Tôn XNgọc 5.0","Mét",162.19999999999999,84000,13624799.999999998,0,11889363.566345194,11889363.566345194,"KL",null,0]
["1348","2020-07-10","PX076",null,"CNCT","Cách nhiệt Cát Tường","Cuộn",1,1360000,1360000,0,1128000,1128000,"KL",null,0]
["1349","2020-07-10","PX076",null,"HK4080 1.8","Hộp kẽm 40x80 (1.8)","Cây",3,288000,864000,0,820967.47645429359,820967.47645429359,"KL",null,0]
["1350","2020-07-10","PX076",null,"VK20 1.2","Vuông kẽm 20 (1.2)","Cây",6,70000,420000,0,381843.31797235023,381843.31797235023,"KL",null,0]
["1351","2020-07-10","PX076",null,"TNSV M 2.0M","Tôn nhựa sóng vuông mỏng 2.0m","Tấm",2,120000,240000,0,194000,194000,"KL",null,0]
["1352","2020-07-10","PX076",null,"HK4080 1.4 ","Hộp kẽm 40x80 (1.4) ","Cây",7,235000,1645000,0,1526244.2677824269,1526244.2677824269,"KL",null,0]
["1353","2020-07-10","PX076",null,"HK3060 1.4 ","Hộp kẽm 30x60 (1.4) ","Cây",3,176000,528000,0,489166.82242990658,489166.82242990658,"KL",null,0]
["1354","2020-07-10","PX076",null,"VK30 1.4","Vuông kẽm 30 (1.4)","Cây",2,120000,240000,0,213074.62467866324,213074.62467866324,"KL",null,0]
["1355","2020-07-10","PX076",null,"HK1326 1.2","Hộp kẽm 13x26 (1.2)","Cây",2,70000,140000,0,122152.58764607679,122152.58764607679,"KL",null,0]
["1356","2020-07-10","PX076",null,"VK75 1.8","Vuông kẽm 75 (1.8)","Cây",2,378000,756000,0,727708.33333333337,727708.33333333337,"KL",null,0]
["1357","2020-07-10","PX076",null,"V50T","V đen 50(T)","Cây",2,300000,600000,0,521000,521000,"KL",null,0]
["1358","2020-07-10","PX076",null,"TMXN4.0","Tôn XNgọc 4.0","Mét",12,73000,876000,0,719390.04953693738,719390.04953693738,"KL",null,0]
["1359","2020-07-10","PX076",null,"VK40 1.8","Vuông kẽm 40 (1.8)","Cây",5,220000,1100000,0,906769.50171821297,906769.50171821297,"KL",null,0]
["1360","2020-07-10","PX076",null,"HK5010 1.8","Hộp kẽm 50x100 (1.8)","Cây",3,355000,1065000,0,1030408.0120481928,1030408.0120481928,"KL",null,0]
["1361","2020-07-10","PX076",null,"HK4080 1.4 ","Hộp kẽm 40x80 (1.4) ","Cây",7,235000,1645000,0,1526244.2677824269,1526244.2677824269,"KL",null,0]
["1362","2020-07-10","PX076",null,"CN10L","Cách nhiệt 10 li","Mét",20,26000,520000,0,261651.20593692025,261651.20593692025,"KL",null,0]
["1363","2020-07-10","PX076",null,"HK1326 1.2","Hộp kẽm 13x26 (1.2)","Cây",2,70000,140000,0,122152.58764607679,122152.58764607679,"KL",null,0]
["1364","2020-07-10","PX076",null,"LC 20","La cứng 20","Cây",1,20000,20000,0,14100,14100,"KL",null,0]
["1365","2020-07-10","PX076-TT",null,null,"Thu tien luon",0,0,0,0,0,0,0,"KL",53815800,0]
["1366","2020-07-11","PX077",null,"VK25 1.4","Vuông kẽm 25 (1.4)","Cây",25,104000,2600000,0,2204713.114754098,2204713.114754098,"KL",null,0]
["1367","2020-07-11","PX077",null,"OK49 1.8","Ống kẽm 49 (1.8)","Cây",4,225000,900000,0,734331.70731707313,734331.70731707313,"KL",null,0]
["1368","2020-07-11","PX077",null,"OK21 1.2 ","Ống kẽm 21 (1.2) ","Cây",1,52600,52600,0,54696.774193548386,54696.774193548386,"KL",null,0]
["1369","2020-07-11","PX077",null,"BX36","Bánh xe 36 ","Cái",2,12000,24000,0,12307.9754601227,12307.9754601227,"KL",null,0]
["1370","2020-07-11","PX077",null,"TMXN4.0","Tôn XNgọc 4.0","Mét",21.02,71000,1492420,0,1260131.5701055352,1260131.5701055352,"KL",null,0]
["1371","2020-07-11","PX077",null,"TMXN5.0","Tôn XNgọc 5.0","Mét",3,84000,252000,0,219901.91553042902,219901.91553042902,"KL",null,0]
["1372","2020-07-11","PX077",null,"TMXN4.5DA","Tôn XNgọc 4.5 ĐÁ","Mét",63.03,98000,6176940,0,5379275.2340425542,5379275.2340425542,"KL",null,0]
["1373","2020-07-11","PX077",null,"TMXN5.0DA","Tôn XNgọc 5.0 ĐÁ","Mét",10,106000,1060000,0,941090.04287756071,941090.04287756071,"KL",null,0]
["1374","2020-07-11","PX077",null,"TMXN4.0","Tôn XNgọc 4.0","Mét",5.2,73000,379600,0,311735.68813267286,311735.68813267286,"KL",null,0]
["1375","2020-07-11","PX077",null,"VK40 1.2","Vuông kẽm 40 (1.2)","Cây",1,145000,145000,0,128345.55555555556,128345.55555555556,"KL",null,0]
["1376","2020-07-11","PX077",null,"TMXN4.5DA","Tôn XNgọc 4.5 ĐÁ","Mét",15.25,96000,1464000,0,1301506.3829787236,1301506.3829787236,"KL",null,0]
["1377","2020-07-11","PX077",null,"TNSV1.0 3.0M","Tôn nhựa sóng vuông (1.0) 3.0m","Tấm",33,216000,7128000,0,6081428.5714285718,6081428.5714285718,"KL",null,0]
["1378","2020-07-11","PX077",null,"TNSV1.0 2.5M","Tôn nhựa sóng vuông (1.0) 2.5m","Tấm",12,180000,2160000,0,1872680.4123711339,1872680.4123711339,"KL",null,0]
["1379","2020-07-11","PX077",null,"TNSV1.0 2.0M","Tôn nhựa sóng vuông (1.0) 2.0m","Tấm",9,144000,1296000,0,1170000,1170000,"KL",null,0]
["1380","2020-07-11","PX077-TT",null,null,"Thu tien luon",0,0,0,0,0,0,0,"KL",25130560,0]
["1381","2020-07-12","PX078",null,"VL40","V Lỗ 40","Cây",20,53000,1060000,0,863684.21052631573,863684.21052631573,"KL",null,0]
["1382","2020-07-12","PX078",null,"V50T","V đen 50(T)","Cây",1,300000,300000,0,260500,260500,"KL",null,0]
["1383","2020-07-12","PX078",null,"TMXN5.0DA","Tôn XNgọc 5.0 ĐÁ","Mét",88,104000,9152000,0,8281592.377322535,8281592.377322535,"KL",null,0]
["1384","2020-07-12","PX078",null,"TNSV1.0 3.0M","Tôn nhựa sóng vuông (1.0) 3.0m","Tấm",2,216000,432000,0,368571.42857142858,368571.42857142858,"KL",null,0]
["1385","2020-07-12","PX078",null,"TNSV1.0 2.0M","Tôn nhựa sóng vuông (1.0) 2.0m","Tấm",1,144000,144000,0,130000,130000,"KL",null,0]
["1386","2020-07-12","PX078",null,"TMXN4.0","Tôn XNgọc 4.0","Mét",97.5,71000,6922500,0,5845044.1524876161,5845044.1524876161,"KL",null,0]
["1387","2020-07-12","PX078",null,"TMXN4.5","Tôn XNgọc 4.5","Mét",6,76000,456000,0,393015.3586312788,393015.3586312788,"KL",null,0]
["1388","2020-07-12","PX078",null,"HK4080 1.2 ","Hộp kẽm 40x80 (1.2)","Cây",1,215000,215000,0,199757.5,199757.5,"KL",null,0]
["1389","2020-07-12","PX078",null,"V40Đ","V đen 40(Đ)","Cây",5,165000,825000,0,647058.82352941181,647058.82352941181,"KL",null,0]
["1390","2020-07-12","PX078",null,"VK30 1.4","Vuông kẽm 30 (1.4)","Cây",1,125000,125000,0,106537.31233933162,106537.31233933162,"KL",null,0]
["1391","2020-07-12","PX078",null,"OK27 1.4 ","Ống kẽm 27 (1.4) ","Cây",1,96000,96000,0,78166.666666666672,78166.666666666672,"KL",null,0]
["1392","2020-07-12","PX078",null,"TNSV1.0 3.0M","Tôn nhựa sóng vuông (1.0) 3.0m","Tấm",2,225000,450000,0,368571.42857142858,368571.42857142858,"KL",null,0]
["1393","2020-07-12","PX078",null,"HK4080 1.8","Hộp kẽm 40x80 (1.8)","Cây",50,305000,15250000,0,13682791.274238227,13682791.274238227,"KL",null,0]
["1394","2020-07-12","PX078",null,"VK40 1.8","Vuông kẽm 40 (1.8)","Cây",80,210000,16800000,0,14508312.027491407,14508312.027491407,"KL",null,0]
["1395","2020-07-12","PX078",null,"VK30 1.8","Vuông kẽm 30 (1.8)","Cây",100,155000,15500000,0,13720000,13720000,"KL",null,0]
["1396","2020-07-12","PX078",null,"HK3060 1.8","Hộp kẽm 30x60 (1.8)","Cây",20,235000,4700000,0,4045447.540394973,4045447.540394973,"KL",null,0]
["1397","2020-07-12","PX078",null,"TMXN5.0DA","Tôn XNgọc 5.0 ĐÁ","Mét",20.8,106000,2204800,0,1957467.2891853265,1957467.2891853265,"KL",null,0]
["1398","2020-07-12","PX078",null,"V40Đ","V đen 40(Đ)","Cây",1,165000,165000,0,129411.76470588235,129411.76470588235,"KL",null,0]
["1399","2020-07-12","PX078",null,"HK3060 1.4 ","Hộp kẽm 30x60 (1.4) ","Cây",3,176000,528000,0,489166.82242990658,489166.82242990658,"KL",null,0]
["1400","2020-07-12","PX078",null,"TL5.0 ĐA","Tole Lạnh 5.0 ĐÁ","Mét",35.700000000000003,96000,3427200.0000000005,0,3164378.9625000004,3164378.9625000004,"KL",null,0]
["1401","2020-07-12","PX078-TT",null,null,"Thu tien luon",0,0,0,0,0,0,0,"KL",78752500,0]
["1402","2020-07-14","PX079",null,"TMXN4.5","Tôn XNgọc 4.5","Mét",49.8,71000,3535800,0,3262027.476639614,3262027.476639614,"KL",null,0]
["1403","2020-07-14","PX079",null,"TL3.5","Tôn Lạnh 3.5","Mét",2,64000,128000,0,118600,118600,"KL",null,0]
["1404","2020-07-14","PX079",null,"TMXN5.0DA","Tôn XNgọc 5.0 ĐÁ","Mét",19.8,104000,2059200,0,1863358.2848975705,1863358.2848975705,"KL",null,0]
["1405","2020-07-14","PX079",null,"VK30 1.4","Vuông kẽm 30 (1.4)","Cây",12,110000,1320000,0,1278447.7480719795,1278447.7480719795,"KL",null,0]
["1406","2020-07-14","PX079",null,"HK3060 1.4 ","Hộp kẽm 30x60 (1.4) ","Cây",5,165000,825000,0,815278.03738317755,815278.03738317755,"KL",null,0]
["1407","2020-07-14","PX079",null,"VK20 1.0","Vuông kẽm 20 (1.0)","Cây",1,62000,62000,0,51186.776859504134,51186.776859504134,"KL",null,0]
["1408","2020-07-14","PX079",null,"OD90 1.4","Ống đen 90 (1.4)","Cây",4,320000,1280000,0,1175538.4615384615,1175538.4615384615,"KL",null,0]
["1409","2020-07-14","PX079",null,"OD34 1.2","Ống đen 34 (1.2)","Cây",5,109000,545000,0,0,0,"KL",null,0]
["1410","2020-07-14","PX079",null,"TMXN3.0","Tôn XNgọc 3.0","Mét",2,60000,120000,0,92920.071471113755,92920.071471113755,"KL",null,0]
["1411","2020-07-14","PX079",null,"HK4080 1.4 ","Hộp kẽm 40x80 (1.4) ","Cây",4,235000,940000,0,872139.58158995816,872139.58158995816,"KL",null,0]
["1412","2020-07-14","PX079",null,"HK3060 1.4 ","Hộp kẽm 30x60 (1.4) ","Cây",5,176000,880000,0,815278.03738317755,815278.03738317755,"KL",null,0]
["1413","2020-07-14","PX079",null,"V40X","V đen 40(X)","Cây",10,130000,1300000,0,973228.91566265048,973228.91566265048,"KL",null,0]
["1414","2020-07-14","PX079",null,"TMXN4.0","Tôn XNgọc 4.0","Mét",30,73000,2190000,0,1798475.1238423435,1798475.1238423435,"KL",null,0]
["1415","2020-07-14","PX079",null,"HK4080 1.4 ","Hộp kẽm 40x80 (1.4) ","Cây",2,235000,470000,0,436069.79079497908,436069.79079497908,"KL",null,0]
["1416","2020-07-14","PX079",null,"HK3060 1.4 ","Hộp kẽm 30x60 (1.4) ","Cây",3,176000,528000,0,489166.82242990658,489166.82242990658,"KL",null,0]
["1417","2020-07-14","PX079",null,"V25","V đen25(X)","Cây",1,95000,95000,0,67282.844243792322,67282.844243792322,"KL",null,0]
["1418","2020-07-14","PX079",null,"U65","U 65","Cây",1,320000,320000,0,259869.5652173913,259869.5652173913,"KL",null,0]
["1419","2020-07-14","PX079",null,"CNCT","Cách nhiệt Cát Tường","Cuộn",1,1360000,1360000,0,1128000,1128000,"KL",null,0]
["1420","2020-07-14","PX079-TT",null,null,"Thu tien luon",0,0,0,0,0,0,0,"KL",17958000,0]
["1421","2020-07-15","PX080",null,"TL4.5","Tôn Lạnh 4.5","Mét",24,87000,2088000,0,1701338.6851211074,1701338.6851211074,"KL",null,0]
["1422","2020-07-15","PX080",null,"HK4080 1.4 ","Hộp kẽm 40x80 (1.4) ","Cây",10,235000,2350000,0,2180348.9539748952,2180348.9539748952,"KL",null,0]
["1423","2020-07-15","PX080",null,"TMXN3.0","Tôn XNgọc 3.0","Mét",9,59000,531000,0,418140.32162001188,418140.32162001188,"KL",null,0]
["1424","2020-07-15","PX080",null,"VK30 1.2","Vuông kẽm 30 (1.2)","Cây",2,70000,140000,0,189353.49650349651,189353.49650349651,"KL",null,0]
["1425","2020-07-15","PX080",null,"OKN34 2.6","Ống kẽm nhúng 34 (2.6)","Cây",2,290000,580000,0,523773.91304347827,523773.91304347827,"KL",null,0]
["1426","2020-07-15","PX080",null,"VK30 1.4","Vuông kẽm 30 (1.4)","Cây",1,125000,125000,0,106537.31233933162,106537.31233933162,"KL",null,0]
["1427","2020-07-15","PX080",null,"VK20 1.2","Vuông kẽm 20 (1.2)","Cây",4,75000,300000,0,254562.21198156683,254562.21198156683,"KL",null,0]
["1428","2020-07-15","PX080",null,"TL3.5","Tôn Lạnh 3.5","Mét",14.85,68000,1009800,0,880605,880605,"KL",null,0]
["1429","2020-07-15","PX080",null,"TL4.5","Tôn Lạnh 4.5","Mét",13.5,83000,1120500,0,957003.01038062293,957003.01038062293,"KL",null,0]
["1430","2020-07-15","PX080",null,"HK3060 1.4 ","Hộp kẽm 30x60 (1.4) ","Cây",2,176000,352000,0,326111.21495327103,326111.21495327103,"KL",null,0]
["1431","2020-07-15","PX080",null,"TMXN4.0","Tôn XNgọc 4.0","Mét",71.5,69000,4933500,0,4286365.7118242513,4286365.7118242513,"KL",null,0]
["1432","2020-07-15","PX080-TT",null,null,"Thu tien luon",0,0,0,0,0,0,0,"KL",13529800,0]
["1433","2020-07-16","PX081",null,"HK4080 1.4 ","Hộp kẽm 40x80 (1.4) ","Cây",21,235000,4935000,0,4578732.8033472802,4578732.8033472802,"KL",null,0]
["1434","2020-07-16","PX081",null,"TMXN4.5","Tôn XNgọc 4.5","Mét",6.5,74000,481000,0,425766.6385172187,425766.6385172187,"KL",null,0]
["1435","2020-07-16","PX081",null,"TMXN5.0","Tôn XNgọc 5.0","Mét",159.80000000000001,80000,12784000,0,11713442.033920852,11713442.033920852,"KL",null,0]
["1436","2020-07-16","PX081",null,"CN10L","Cách nhiệt 10 li","Mét",159.80000000000001,27000,4314600,0,2090593.1354359929,2090593.1354359929,"KL",null,0]
["1437","2020-07-16","PX081",null,"BX48","Bánh xe 48","Cái",4,15000,60000,0,48000,48000,"KL",null,0]
["1438","2020-07-16","PX081",null,"TMXN3.0","Tôn XNgọc 3.0","Mét",10.5,59000,619500,0,487830.37522334722,487830.37522334722,"KL",null,0]
["1439","2020-07-16","PX081",null,"VK20 1.2","Vuông kẽm 20 (1.2)","Cây",12,70000,840000,0,763686.63594470045,763686.63594470045,"KL",null,0]
["1440","2020-07-16","PX081",null,"TL5.0 ĐA","Tole Lạnh 5.0 ĐÁ","Mét",15.6,104000,1622400,0,1382753.8323529412,1382753.8323529412,"KL",null,0]
["1441","2020-07-16","PX081",null,"TMXN4.5","Tôn XNgọc 4.5","Mét",17.5,76000,1330000,0,1146294.7960078965,1146294.7960078965,"KL",null,0]
["1442","2020-07-16","PX081",null,"VK40 1.2","Vuông kẽm 40 (1.2)","Cây",5,143000,715000,0,641727.77777777775,641727.77777777775,"KL",null,0]
["1443","2020-07-16","PX081",null,"VK30 1.2","Vuông kẽm 30 (1.2)","Cây",6,107000,642000,0,568060.48951048951,568060.48951048951,"KL",null,0]
["1444","2020-07-16","PX081",null,"OK27 1.4 ","Ống kẽm 27 (1.4) ","Cây",1,95000,95000,0,78166.666666666672,78166.666666666672,"KL",null,0]
["1445","2020-07-16","PX081",null,"HK4080 1.4 ","Hộp kẽm 40x80 (1.4) ","Cây",3,235000,705000,0,654104.68619246862,654104.68619246862,"KL",null,0]
["1446","2020-07-16","PX081",null,"HK3060 1.4 ","Hộp kẽm 30x60 (1.4) ","Cây",2,176000,352000,0,326111.21495327103,326111.21495327103,"KL",null,0]
["1447","2020-07-16","PX081",null,"TMXN3.0","Tôn XNgọc 3.0","Mét",5,60000,300000,0,232300.1786777844,232300.1786777844,"KL",null,0]
["1448","2020-07-16","PX081",null,"TMXN4.5","Tôn XNgọc 4.5","Mét",30.2,76000,2295200,0,1978177.30511077,1978177.30511077,"KL",null,0]
["1449","2020-07-16","PX081",null,"OD22 0.6","Ống đen 22 (0.6)","Cây",20,45000,900000,0,730000,730000,"KL",null,0]
["1450","2020-07-16","PX081",null,"HD2550 0.7","Hộp đen 25x50 (0.7)","Cây",120,76000,9120000,0,8726024.2990654204,8726024.2990654204,"KL",null,0]
["1451","2020-07-16","PX081",null,"TMXN3.5","Tôn XNgọc 3.5","Mét",27,62000,1674000,0,1394049.1655969191,1394049.1655969191,"KL",null,0]
["1452","2020-07-16","PX081",null,"TMXN4.5","Tôn XNgọc 4.5","Mét",11,76000,836000,0,720528.15749067778,720528.15749067778,"KL",null,0]
["1453","2020-07-16","PX081",null,"HK4080 1.4 ","Hộp kẽm 40x80 (1.4) ","Cây",2,235000,470000,0,436069.79079497908,436069.79079497908,"KL",null,0]
["1454","2020-07-16","PX081",null,"HK3060 1.4 ","Hộp kẽm 30x60 (1.4) ","Cây",4,176000,704000,0,652222.42990654206,652222.42990654206,"KL",null,0]
["1455","2020-07-16","PX081-TT",null,null,"Thu tien luon",0,0,0,0,0,0,0,"KL",45794700,0]
["1456","2020-07-17","PX082",null,"HK1326 0.9","Hộp kẽm 13x26 (0.9)","Cây",15,55000,825000,0,677486.38132295711,677486.38132295711,"KL",null,0]
["1457","2020-07-17","PX082",null,"VK30 1.2","Vuông kẽm 30 (1.2)","Cây",6,107000,642000,0,568060.48951048951,568060.48951048951,"KL",null,0]
["1458","2020-07-17","PX082",null,"HK4080 1.1","Hộp kẽm 40x80 (1.1)","Cây",145,192000,27840000,0,25293199.203187253,25293199.203187253,"KL",null,0]
["1459","2020-07-17","PX082",null,"HK5010 2.0","Hộp kẽm 50x100 (2.0)","Cây",60,431000,25860000,0,24703542.857142854,24703542.857142854,"KL",null,0]
["1460","2020-07-17","PX082",null,"OK34 1.2","Ống kẽm 34 (1.2)","Cây",7,90000,630000,0,601475,601475,"KL",null,0]
["1461","2020-07-17","PX082",null,"TMXN4.0","Tôn XNgọc 4.0","Mét",6,73000,438000,0,359695.02476846869,359695.02476846869,"KL",null,0]
["1462","2020-07-17","PX082",null,"TMXN4.0","Tôn XNgọc 4.0","Mét",1.6,79000,126400,0,95918.673271591659,95918.673271591659,"KL",null,0]
["1463","2020-07-17","PX082",null,"HK2040 1.2 ","Hộp kẽm 20x40 (1.2) ","Cây",1,107000,107000,0,96346.131805157594,96346.131805157594,"KL",null,0]
["1464","2020-07-17","PX082",null,"HK4080 2.0","Hộp kẽm 40x80(2.0)","Cây",3,360000,1080000,0,1016550.8108108109,1016550.8108108109,"KL",null,0]
["1465","2020-07-17","PX082",null,"HK3060 1.4 ","Hộp kẽm 30x60 (1.4) ","Cây",5,176000,880000,0,815278.03738317755,815278.03738317755,"KL",null,0]
["1466","2020-07-17","PX082",null,"VK25 1.4","Vuông kẽm 25 (1.4)","Cây",5,102000,510000,0,440942.62295081967,440942.62295081967,"KL",null,0]
["1467","2020-07-17","PX082",null,"TL3.5","Tôn Lạnh 3.5","Mét",3.5,68000,238000,0,207550,207550,"KL",null,0]
["1468","2020-07-17","PX082",null,"TL4.5","Tôn Lạnh 4.5","Mét",1.4,83000,116199.99999999999,0,99244.756632064586,99244.756632064586,"KL",null,0]
["1469","2020-07-17","PX082",null,"HK2040 1.2 ","Hộp kẽm 20x40 (1.2) ","Cây",6,107000,642000,0,578076.7908309456,578076.7908309456,"KL",null,0]
["1470","2020-07-17","PX082",null,"VK20 1.0","Vuông kẽm 20 (1.0)","Cây",2,62000,124000,0,102373.55371900827,102373.55371900827,"KL",null,0]
["1471","2020-07-17","PX082",null,"TMXN4.5DA","Tôn XNgọc 4.5 ĐÁ","Mét",39.200000000000003,95000,3724000.0000000005,0,3345511.4893617025,3345511.4893617025,"KL",null,0]
["1472","2020-07-17","PX082",null,"TMXN4.0","Tôn XNgọc 4.0","Mét",10,69000,690000,0,599491.70794744778,599491.70794744778,"KL",null,0]
["1473","2020-07-17","PX082",null,"TMXN3.5","Tôn XNgọc 3.5","Mét",18.5,60000,1110000,0,955181.83568677795,955181.83568677795,"KL",null,0]
["1474","2020-07-17","PX082",null,"TMXN3.0","Tôn XNgọc 3.0","Mét",18.8,55000,1034000,0,873448.67182846938,873448.67182846938,"KL",null,0]
["1475","2020-07-17","PX082",null,"TMXN4.5","Tôn XNgọc 4.5","Mét",25.8,72000,1857600,0,1689966.042114499,1689966.042114499,"KL",null,0]
["1476","2020-07-17","PX082-TT",null,null,"Thu tien luon",0,0,0,0,0,0,0,"KL",68474200,0]
["1477","2020-07-18","PX083",null,"TMXN5.0","Tôn XNgọc 5.0","Mét",3.8,86000,326800,0,278542.42633854342,278542.42633854342,"KL",null,0]
["1478","2020-07-18","PX083",null,"TMXN5.0DA","Tôn XNgọc 5.0 ĐÁ","Mét",52.2,104000,5428800,0,4912490.0238208678,4912490.0238208678,"KL",null,0]
["1479","2020-07-18","PX083",null,"HK2550 1.4 ","Hộp kẽm 25x50 (1.4) ","Cây",10,150000,1500000,0,1366272.1088435373,1366272.1088435373,"KL",null,0]
["1480","2020-07-18","PX083",null,"HK4080 1.4 ","Hộp kẽm 40x80 (1.4) ","Cây",12,235000,2820000,0,2616418.7447698745,2616418.7447698745,"KL",null,0]
["1481","2020-07-18","PX083",null,"NCL","Nẹp tam giác Lớn (8kg)","Cây",15,17000,255000,0,199500,199500,"KL",null,0]
["1482","2020-07-18","PX083",null,"TMXN4.0","Tôn XNgọc 4.0","Mét",45,69000,3105000,0,2697712.6857635151,2697712.6857635151,"KL",null,0]
["1483","2020-07-18","PX083",null,"HK3060 1.4 ","Hộp kẽm 30x60 (1.4) ","Cây",2,173000,346000,0,326111.21495327103,326111.21495327103,"KL",null,0]
["1484","2020-07-18","PX083",null,"VK30 1.4","Vuông kẽm 30 (1.4)","Cây",6,118000,708000,0,639223.87403598975,639223.87403598975,"KL",null,0]
["1485","2020-07-18","PX083",null,"MANG36 1.2 4M","Máng cửa đi 36 (1.2) 4m","Cây",1,144000,144000,0,109354.83870967742,109354.83870967742,"KL",null,0]
["1486","2020-07-18","PX083",null,"BX36","Bánh xe 36 ","Cái",4,12000,48000,0,24615.950920245399,24615.950920245399,"KL",null,0]
["1487","2020-07-18","PX083",null,"OK21 1.4","Ống kẽm 21 (1.4)","Cây",3,72000,216000,0,186272.72727272726,186272.72727272726,"KL",null,0]
["1488","2020-07-18","PX083",null,"TMXN5.0","Tôn XNgọc 5.0","Mét",3,86000,258000,0,219901.91553042902,219901.91553042902,"KL",null,0]
["1489","2020-07-18","PX083",null,"TMXN4.0","Tôn XNgọc 4.0","Mét",2.2000000000000002,73000,160600,0,131888.17574843852,131888.17574843852,"KL",null,0]
["1490","2020-07-18","PX083",null,"TL5.0","Tôn Lạnh 5.0","Mét",4,98000,392000,0,304255.41927409259,304255.41927409259,"KL",null,0]
["1491","2020-07-18","PX083-TT",null,null,"Thu tien luon",0,0,0,0,0,0,0,"KL",15708200,0]
["1492","2020-07-19","PX084",null,"TL5.0 ĐA","Tole Lạnh 5.0 ĐÁ","Mét",8.4,100000,840000,0,744559.75588235294,744559.75588235294,"KL",null,0]
["1493","2020-07-19","PX084",null,"TL3.5","Tôn Lạnh 3.5","Mét",10.5,68000,714000,0,622650,622650,"KL",null,0]
["1494","2020-07-19","PX084",null,"TMXN4.0","Tôn XNgọc 4.0","Mét",30.8,73000,2248400,0,1846434.4604781393,1846434.4604781393,"KL",null,0]
["1495","2020-07-19","PX084",null,"V30X","V đen 30(X)","Cây",9,90000,810000,0,603000,603000,"KL",null,0]
["1496","2020-07-19","PX084",null,"TMXN3.0","Tôn XNgọc 3.0","Mét",7.4,55000,407000,0,343804.26444312092,343804.26444312092,"KL",null,0]
["1497","2020-07-19","PX084",null,"HK4080 2.0","Hộp kẽm 40x80(2.0)","Cây",3,360000,1080000,0,1016550.8108108109,1016550.8108108109,"KL",null,0]
["1498","2020-07-19","PX084-TT",null,null,"Thu tien luon",0,0,0,0,0,0,0,"KL",15708200,0]
["1499","2020-07-20","PX085",null,"TMXN5.0DA","Tôn XNgọc 5.0 ĐÁ","Mét",2.6,106000,275600,0,244683.41114816582,244683.41114816582,"KL",null,0]
["1500","2020-07-20","PX085",null,"HK4080 2.0","Hộp kẽm 40x80(2.0)","Cây",5,360000,1800000,0,1694251.3513513515,1694251.3513513515,"KL",null,0]
["1501","2020-07-20","PX085",null,"VK25 1.4","Vuông kẽm 25 (1.4)","Cây",1,105000,105000,0,88188.524590163928,88188.524590163928,"KL",null,0]
["1502","2020-07-20","PX085",null,"VK20 1.0","Vuông kẽm 20 (1.0)","Cây",20,56000,1120000,0,1023735.5371900827,1023735.5371900827,"KL",null,0]
["1503","2020-07-20","PX085",null,"HK5010 2.0","Hộp kẽm 50x100 (2.0)","Cây",5,431000,2155000,0,2058628.5714285714,2058628.5714285714,"KL",null,0]
["1504","2020-07-20","PX085",null,"TMXN5.0DA","Tôn XNgọc 5.0 ĐÁ","Mét",17.5,106000,1855000,0,1646907.5750357313,1646907.5750357313,"KL",null,0]
["1505","2020-07-20","PX085",null,"TMXN5.0","Tôn XNgọc 5.0","Mét",4.62,86000,397320,0,338648.94991686067,338648.94991686067,"KL",null,0]
["1506","2020-07-20","PX085",null,"HK4080 2.0","Hộp kẽm 40x80(2.0)","Cây",4,360000,1440000,0,1355401.0810810812,1355401.0810810812,"KL",null,0]
["1507","2020-07-20","PX085",null,"VK40 1.4","Vuông kẽm 40 (1.4)","Cây",10,160000,1600000,0,1434286.0110803323,1434286.0110803323,"KL",null,0]
["1508","2020-07-20","PX085",null,"V40T","V đen 40(T)","Cây",6,210000,1260000,0,1003200,1003200,"KL",null,0]
["1509","2020-07-20","PX085",null,"TMXN4.5DA","Tôn XNgọc 4.5 ĐÁ","Mét",11.5,97000,1115500,0,981463.82978723408,981463.82978723408,"KL",null,0]
["1510","2020-07-20","PX085",null,"TMXN5.0","Tôn XNgọc 5.0","Mét",3.75,80000,300000,0,274877.39441303629,274877.39441303629,"KL",null,0]
["1511","2020-07-20","PX085",null,"OK27 1.4 ","Ống kẽm 27 (1.4) ","Cây",6,95000,570000,0,469000,469000,"KL",null,0]
["1512","2020-07-20","PX085",null,"HK2040 1.4 ","Hộp kẽm 20x40 (1.4) ","Cây",3,120000,360000,0,325859.39597315434,325859.39597315434,"KL",null,0]
["1513","2020-07-20","PX085",null,"V40X","V đen 40(X)","Cây",2,125000,250000,0,194645.78313253011,194645.78313253011,"KL",null,0]
["1514","2020-07-20","PX085-TT",null,null,"Thu tien luon",0,0,0,0,0,0,0,"KL",14603420,0]
["1515","2020-07-21","PX086",null,"TMXN4.5","Tôn XNgọc 4.5","Mét",19.2,80000,1536000,0,1257649.1476200921,1257649.1476200921,"KL",null,0]
["1516","2020-07-21","PX086",null,"V30K","V kẽm 30","Cây",10,130000,1300000,0,1029000,1029000,"KL",null,0]
["1517","2020-07-21","PX086",null,"TMXN5.0DA","Tôn XNgọc 5.0 ĐÁ","Mét",14.1,104000,1466400,0,1326936.9604573606,1326936.9604573606,"KL",null,0]
["1518","2020-07-21","PX086",null,"VK40 1.2","Vuông kẽm 40 (1.2)","Cây",7,143000,1001000,0,898418.88888888899,898418.88888888899,"KL",null,0]
["1519","2020-07-21","PX086",null,"HK2550 1.2 ","Hộp kẽm 25x50 (1.2) ","Cây",7,135000,945000,0,879882.64462809917,879882.64462809917,"KL",null,0]
["1520","2020-07-21","PX086-TT",null,null,"Thu tien luon",0,0,0,0,0,0,0,"KL",6248400,0]
["1521","2020-07-22","PX087",null,"TMXN5.0DA","Tôn XNgọc 5.0 ĐÁ","Mét",200.7,101000,20270700,0,18887677.160552643,18887677.160552643,"KL",null,0]
["1522","2020-07-22","PX087",null,"NCL","Nẹp tam giác Lớn (8kg)","Cây",10,17000,170000,0,133000,133000,"KL",null,0]
["1523","2020-07-22","PX087",null,"TMXN3.0","Tôn XNgọc 3.0","Mét",10,59000,590000,0,464600.35735556879,464600.35735556879,"KL",null,0]
["1524","2020-07-22","PX087",null,"HK2550 1.2 ","Hộp kẽm 25x50 (1.2) ","Cây",3,135000,405000,0,377092.5619834711,377092.5619834711,"KL",null,0]
["1525","2020-07-22","PX087",null,"TMXN4.5","Tôn XNgọc 4.5","Mét",24,76000,1824000,0,1572061.4345251152,1572061.4345251152,"KL",null,0]
["1526","2020-07-22","PX087",null,"TL4.5","Tôn Lạnh 4.5","Mét",40.700000000000003,83000,3378100.0000000005,0,2885186.8535178783,2885186.8535178783,"KL",null,0]
["1527","2020-07-22","PX087-TT",null,null,"Thu tien luon",0,0,0,0,0,0,0,"KL",26637800,0]
["1528","2020-07-23","PX088",null,"V50T","V đen 50(T)","Cây",3,290000,870000,0,781500,781500,"KL",null,0]
["1529","2020-07-23","PX088",null,"V50Đ","V đen 50(Đ)","Cây",1,250000,250000,0,198918.30985915492,198918.30985915492,"KL",null,0]
["1530","2020-07-23","PX088",null,"HK4080 2.0","Hộp kẽm 40x80(2.0)","Cây",15,360000,5400000,0,5082754.0540540544,5082754.0540540544,"KL",null,0]
["1531","2020-07-23","PX088",null,"HK4080 1.4 ","Hộp kẽm 40x80 (1.4) ","Cây",15,235000,3525000,0,3270523.4309623432,3270523.4309623432,"KL",null,0]
["1532","2020-07-23","PX088",null,"VK40 1.2","Vuông kẽm 40 (1.2)","Cây",4,143000,572000,0,513382.22222222225,513382.22222222225,"KL",null,0]
["1533","2020-07-23","PX088",null,"TL5.0 ĐA","Tole Lạnh 5.0 ĐÁ","Mét",48,99000,4752000,0,4254627.176470588,4254627.176470588,"KL",null,0]
["1534","2020-07-23","PX088",null,"VK30 1.4","Vuông kẽm 30 (1.4)","Cây",13,120000,1560000,0,1384985.060411311,1384985.060411311,"KL",null,0]
["1535","2020-07-23","PX088",null,"MANG30 1.2 5M","Máng cửa sổ 30 (1.2) 5m","Cây",1,160000,160000,0,106944.44444444444,106944.44444444444,"KL",null,0]
["1536","2020-07-23","PX088",null,"BX30","Bánh xe 30","Cái",2,12000,24000,0,12107.142857142857,12107.142857142857,"KL",null,0]
["1537","2020-07-23","PX088",null,"TMXN5.0","Tôn XNgọc 5.0","Mét",1,86000,86000,0,73300.638510143006,73300.638510143006,"KL",null,0]
["1538","2020-07-23","PX088",null,"HK1326 1.2","Hộp kẽm 13x26 (1.2)","Cây",2,70000,140000,0,122152.58764607679,122152.58764607679,"KL",null,0]
["1539","2020-07-23","PX088",null,"HK2550 1.4 ","Hộp kẽm 25x50 (1.4) ","Cây",4,150000,600000,0,546508.84353741491,546508.84353741491,"KL",null,0]
["1540","2020-07-23","PX088",null,"VK30 1.4","Vuông kẽm 30 (1.4)","Cây",4,120000,480000,0,426149.24935732648,426149.24935732648,"KL",null,0]
["1541","2020-07-23","PX088",null,"TMXN4.0","Tôn XNgọc 4.0","Mét",6.8,69000,469200,0,407654.36140426446,407654.36140426446,"KL",null,0]
["1542","2020-07-23","PX088",null,"VK40 1.8","Vuông kẽm 40 (1.8)","Cây",1,190000,190000,0,181353.9003436426,181353.9003436426,"KL",null,0]
["1543","2020-07-23","PX088",null,"TMXN4.5","Tôn XNgọc 4.5","Mét",5.8,74000,429200,0,379914.84667690285,379914.84667690285,"KL",null,0]
["1544","2020-07-23","PX088",null,"TL4.5","Tôn Lạnh 4.5","Mét",27.6,79000,2180400,0,1956539.4878892736,1956539.4878892736,"KL",null,0]
["1545","2020-07-23","PX088",null,"CN20L","Cách nhiệt 20 li","Mét",56,34000,1904000,0,1601600,1601600,"KL",null,0]
["1546","2020-07-23","PX088-TT",null,null,"Thu tien luon",0,0,0,0,0,0,0,"KL",23591800,0]
["1547","2020-07-25","PX089",null,"HK4080 1.2 ","Hộp kẽm 40x80 (1.2)","Cây",2,215000,430000,0,399515,399515,"KL",null,0]
["1548","2020-07-25","PX089",null,"TMXN4.5","Tôn XNgọc 4.5","Mét",8.6999999999999993,78000,678600,0,569872.27001535427,569872.27001535427,"KL",null,0]
["1549","2020-07-25","PX089",null,"HK1326 1.2","Hộp kẽm 13x26 (1.2)","Cây",1,70000,70000,0,61076.293823038395,61076.293823038395,"KL",null,0]
["1550","2020-07-25","PX089",null,"CCN48","Chụp nhựa 48","Cái",4,1000,4000,0,1890.6521739130435,1890.6521739130435,"KL",null,0]
["1551","2020-07-25","PX089",null,"TNSV1.0 3.0M","Tôn nhựa sóng vuông (1.0) 3.0m","Tấm",1,225000,225000,0,184285.71428571429,184285.71428571429,"KL",null,0]
["1552","2020-07-25","PX089",null,"TL5.0","Tôn Lạnh 5.0","Mét",161.69999999999999,88000,14229599.999999998,0,12299525.324155193,12299525.324155193,"KL",null,0]
["1553","2020-07-25","PX089",null,"HK4080 1.4 ","Hộp kẽm 40x80 (1.4) ","Cây",2,235000,470000,0,436069.79079497908,436069.79079497908,"KL",null,0]
["1554","2020-07-25","PX089",null,"HK2550 1.4 ","Hộp kẽm 25x50 (1.4) ","Cây",18,150000,2700000,0,2459289.7959183669,2459289.7959183669,"KL",null,0]
["1555","2020-07-25","PX089",null,"V40X","V đen 40(X)","Cây",10,127000,1270000,0,973228.91566265048,973228.91566265048,"KL",null,0]
["1556","2020-07-25","PX089",null,"TMXN4.0","Tôn XNgọc 4.0","Mét",3.8,75000,285000,0,227806.84902003015,227806.84902003015,"KL",null,0]
["1557","2020-07-25","PX089",null,"LC 30","La cứng 30","Cây",1,30000,30000,0,17000,17000,"KL",null,0]
["1558","2020-07-25","PX089",null,"TMXN5.0DA","Tôn XNgọc 5.0 ĐÁ","Mét",18,101000,1818000,0,1693962.0771796093,1693962.0771796093,"KL",null,0]
["1559","2020-07-25","PX089",null,"TL5.0 ĐA","Tole Lạnh 5.0 ĐÁ","Mét",8.5,96000,816000,0,753423.5625,753423.5625,"KL",null,0]
["1560","2020-07-25","PX089",null,"TMXN4.0","Tôn XNgọc 4.0","Mét",3.5,70000,245000,0,209822.09778160672,209822.09778160672,"KL",null,0]
["1561","2020-07-25","PX089",null,"TMXN5.0","Tôn XNgọc 5.0","Mét",116,82000,9512000,0,8502874.0671765879,8502874.0671765879,"KL",null,0]
["1562","2020-07-25","PX089",null,"TMXN5.0DA","Tôn XNgọc 5.0 ĐÁ","Mét",13,102000,1326000,0,1223417.0557408291,1223417.0557408291,"KL",null,0]
["1563","2020-07-25","PX089",null,"TMXN5.0","Tôn XNgọc 5.0","Mét",5,82000,410000,0,366503.19255071506,366503.19255071506,"KL",null,0]
["1564","2020-07-25","PX089-TT",null,null,"Thu tien luon",0,0,0,0,0,0,0,"KL",34273200,0]
["1565","2020-07-27","PX090",null,"TMXN5.0","Tôn XNgọc 5.0","Mét",3.3,83000,273900,0,241892.1070834719,241892.1070834719,"KL",null,0]
["1566","2020-07-27","PX090",null,"TMXN5.0DA","Tôn XNgọc 5.0 ĐÁ","Mét",54,104000,5616000,0,5081886.2315388285,5081886.2315388285,"KL",null,0]
["1567","2020-07-27","PX090",null,"TMXN3.0","Tôn XNgọc 3.0","Mét",12.2,55000,671000,0,566812.43597379385,566812.43597379385,"KL",null,0]
["1568","2020-07-27","PX090",null,"TMXN3.5","Tôn XNgọc 3.5","Mét",26.1,60000,1566000,0,1347580.8600770219,1347580.8600770219,"KL",null,0]
["1569","2020-07-27","PX090",null,"CN10L","Cách nhiệt 10 li","Mét",24,27000,648000,0,313981.44712430425,313981.44712430425,"KL",null,0]
["1570","2020-07-27","PX090",null,"TL3.5","Tôn Lạnh 3.5","Mét",31.5,68000,2142000,0,1867950,1867950,"KL",null,0]
["1571","2020-07-27","PX090",null,"VK20 1.0","Vuông kẽm 20 (1.0)","Cây",5,62000,310000,0,255933.88429752068,255933.88429752068,"KL",null,0]
["1572","2020-07-27","PX090",null,"OKN34 2.6","Ống kẽm nhúng 34 (2.6)","Cây",2,290000,580000,0,523773.91304347827,523773.91304347827,"KL",null,0]
["1573","2020-07-27","PX090",null,"V50T","V đen 50(T)","Cây",1,300000,300000,0,260500,260500,"KL",null,0]
["1574","2020-07-27","PX090",null,"OKN34 2.6","Ống kẽm nhúng 34 (2.6)","Cây",2,290000,580000,0,523773.91304347827,523773.91304347827,"KL",null,0]
["1575","2020-07-27","PX090",null,"VK30 1.2","Vuông kẽm 30 (1.2)","Cây",1,110000,110000,0,94676.748251748257,94676.748251748257,"KL",null,0]
["1576","2020-07-27","PX090",null,"UCK 2.0M","U cửa kéo 2.0m","Cây",10,24000,240000,0,154000,154000,"KL",null,0]
["1577","2020-07-27","PX090",null,"HD2550 0.9","Hộp đen 25x50 (0.9)","Cây",50,104000,5200000,0,4348918.9189189188,4348918.9189189188,"KL",null,0]
["1578","2020-07-27","PX090",null,"HD2550 0.7","Hộp đen 25x50 (0.7)","Cây",120,76000,9120000,0,8726024.2990654204,8726024.2990654204,"KL",null,0]
["1579","2020-07-27","PX090",null,"OD16 0.5","Ống đen 16 (0.5)","Cây",200,24500,4900000,0,4707808.9587659454,4707808.9587659454,"KL",null,0]
["1580","2020-07-27","PX090-TT",null,null,"Thu tien luon",0,0,0,0,0,0,0,"KL",32256900,0]
["1581","2020-07-29","PX091",null,"TMXN4.5DA","Tôn XNgọc 4.5 ĐÁ","Mét",27,97000,2619000,0,2304306.3829787234,2304306.3829787234,"KL",null,0]
["1582","2020-07-29","PX091",null,"TMXN5.0","Tôn XNgọc 5.0","Mét",12,86000,1032000,0,879607.66212171607,879607.66212171607,"KL",null,0]
["1583","2020-07-29","PX091",null,"TMXN4.0","Tôn XNgọc 4.0","Mét",17.399999999999999,69000,1200600,0,1043115.571828559,1043115.571828559,"KL",null,0]
["1584","2020-07-29","PX091",null,"TMXN3.0","Tôn XNgọc 3.0","Mét",16,55000,880000,0,743360.57176891004,743360.57176891004,"KL",null,0]
["1585","2020-07-29","PX091",null,"TMXN5.0","Tôn XNgọc 5.0","Mét",15,82000,1230000,0,1099509.5776521452,1099509.5776521452,"KL",null,0]
["1586","2020-07-29","PX091",null,"TMXN4.5","Tôn XNgọc 4.5","Mét",96,72000,6912000,0,6288245.7381004607,6288245.7381004607,"KL",null,0]
["1587","2020-07-29","PX091",null,"TMXN4.0","Tôn XNgọc 4.0","Mét",61.35,65000,3987750,0,3677881.6282575922,3677881.6282575922,"KL",null,0]
["1588","2020-07-29","PX091",null,"I100","I100","Cây",3,650000,1950000,0,1802416.6666666665,1802416.6666666665,"KL",null,0]
["1589","2020-07-29","PX091",null,"MANG30 1.2 4M","Máng cửa sổ 30 (1.2) 4m","Cây",1,128000,128000,0,86871.794871794875,86871.794871794875,"KL",null,0]
["1590","2020-07-29","PX091",null,"BX30","Bánh xe 30","Cái",2,12000,24000,0,12107.142857142857,12107.142857142857,"KL",null,0]
["1591","2020-07-29","PX091",null,"LC 20 5","La cứng 20 5li","Cây",2,60000,120000,0,45600,45600,"KL",null,0]
["1592","2020-07-29","PX091",null,"LC 30 5","La cứng 30 5li","Cây",1,70000,70000,0,46675.675675675673,46675.675675675673,"KL",null,0]
["1593","2020-07-29","PX091",null,"HK2550 1.2 ","Hộp kẽm 25x50 (1.2) ","Cây",2,135000,270000,0,251395.04132231406,251395.04132231406,"KL",null,0]
["1594","2020-07-29","PX091-TT",null,null,"Thu tien luon",0,0,0,0,0,0,0,"KL",20423350,0]
["1595","2020-07-31","PX092",null,"TMXN3.0","Tôn XNgọc 3.0","Mét",5,55000,275000,0,232300.1786777844,232300.1786777844,"KL",null,0]
["1596","2020-07-31","PX092",null,"TMXN5.0DA","Tôn XNgọc 5.0 ĐÁ","Mét",121.4,100000,12140000,0,11424833.120533587,11424833.120533587,"KL",null,0]
["1597","2020-07-31","PX092",null,"TMXN5.0","Tôn XNgọc 5.0","Mét",2.9,82000,237800,0,212571.85167941471,212571.85167941471,"KL",null,0]
["1598","2020-07-31","PX092",null,"TMXN4.0","Tôn XNgọc 4.0","Mét",2,71000,142000,0,119898.34158948956,119898.34158948956,"KL",null,0]
["1599","2020-07-31","PX092",null,"HK5010 1.4 ","Hộp kẽm 50x100 (1.4) ","Cây",30,292000,8760000,0,8261330.769230769,8261330.769230769,"KL",null,0]
["1600","2020-07-31","PX092",null,"VK30 1.2","Vuông kẽm 30 (1.2)","Cây",60,107000,6420000,0,5680604.8951048953,5680604.8951048953,"KL",null,0]
["1601","2020-07-31","PX092",null,"VK30 1.4","Vuông kẽm 30 (1.4)","Cây",4,120000,480000,0,426149.24935732648,426149.24935732648,"KL",null,0]
["1602","2020-07-31","PX092",null,"OK114 1.8","ống kẽm 114 (1.8)","Cây",2,530000,1060000,0,866067.48387096776,866067.48387096776,"KL",null,0]
["1603","2020-07-31","PX092",null,"VK20 1.0","Vuông kẽm 20 (1.0)","Cây",3,62000,186000,0,153560.3305785124,153560.3305785124,"KL",null,0]
["1604","2020-07-31","PX092",null,"HK4080 1.8","Hộp kẽm 40x80 (1.8)","Cây",1,261000,261000,0,273655.82548476453,273655.82548476453,"KL",null,0]
["1605","2020-07-31","PX092",null,"CN20L","Cách nhiệt 20 li","Mét",74.400000000000006,34000,2529600,0,2127840,2127840,"KL",null,0]
["1606","2020-07-31","PX092",null,"MANG36 1.2 6M","Máng cửa đi 36 (1.2) 6m","Cây",1,198000,198000,0,147247.0588235294,147247.0588235294,"KL",null,0]
["1607","2020-07-31","PX092",null,"BX36","Bánh xe 36 ","Cái",2,10000,20000,0,12307.9754601227,12307.9754601227,"KL",null,0]
["1608","2020-07-31","PX092",null,"LC 40","La cứng 40","Cây",2,40000,80000,0,52000,52000,"KL",null,0]
["1609","2020-07-31","PX092-TT",null,null,"Thu tien luon",0,0,0,0,0,0,0,"KL",32789400,0]
["1610","2020-08-01","PX093",null,"TMXN4.0","Tôn XNgọc 4.0","Mét",20.399999999999999,74000,1509600,0,1222963.0842127935,1222963.0842127935,"KL",null,0]
["1611","2020-08-01","PX093",null,"TMVK5.0PN","Tôn Vàng Kem 5.0 Phương Nam","Mét",404,122000,49288000,0,45046000,45046000,"KL",null,0]
["1612","2020-08-01","PX093",null,"TMXN3.0","Tôn XNgọc 3.0","Mét",10.24,57000,583680,0,475750.76593210245,475750.76593210245,"KL",null,0]
["1613","2020-08-01","PX093",null,"TMXN4.5","Tôn XNgọc 4.5","Mét",150.4,78000,11731200,0,9851584.9896907229,9851584.9896907229,"KL",null,0]
["1614","2020-08-01","PX093",null,"TMXN4.5DA","Tôn XNgọc 4.5 ĐÁ","Mét",1.5,100000,150000,0,128017.02127659575,128017.02127659575,"KL",null,0]
["1615","2020-08-01","PX093",null,"HK5010 1.8","Hộp kẽm 50x100 (1.8)","Cây",60,344000,20640000,0,20608160.240963854,20608160.240963854,"KL",null,0]
["1616","2020-08-01","PX093",null,"HK3060 1.8","Hộp kẽm 30x60 (1.8)","Cây",100,206000,20600000,0,20227237.701974865,20227237.701974865,"KL",null,0]
["1617","2020-08-01","PX093",null,"HK4080 1.4 ","Hộp kẽm 40x80 (1.4) ","Cây",20,227000,4540000,0,4360697.9079497904,4360697.9079497904,"KL",null,0]
["1618","2020-08-01","PX093",null,"VK40 1.4","Vuông kẽm 40 (1.4)","Cây",50,151000,7550000,0,7171430.0554016624,7171430.0554016624,"KL",null,0]
["1619","2020-08-01","PX093",null,"TNSV1.0 3.0M","Tôn nhựa sóng vuông (1.0) 3.0m","Tấm",6,210000,1260000,0,1105714.2857142857,1105714.2857142857,"KL",null,0]
["1620","2020-08-01","PX093",null,"TL5.0","Tôn Lạnh 5.0","Mét",98.6,88000,8676800,0,7499896.0851063821,7499896.0851063821,"KL",null,0]
["1621","2020-08-01","PX093",null,"TL3.5","Tôn Lạnh 3.5","Mét",13,68000,884000,0,770900,770900,"KL",null,0]
["1622","2020-08-01","PX093",null,"HK3060 1.4 ","Hộp kẽm 30x60 (1.4) ","Cây",4,176000,704000,0,652222.42990654206,652222.42990654206,"KL",null,0]
["1623","2020-08-01","PX093",null,"HK4080 1.4 ","Hộp kẽm 40x80 (1.4) ","Cây",6,235000,1410000,0,1308209.3723849372,1308209.3723849372,"KL",null,0]
["1624","2020-08-01","PX093",null,"V40T","V đen 40(T)","Cây",4,210000,840000,0,668800,668800,"KL",null,0]
["1625","2020-08-01","PX093",null,"LC 25","La cứng 25","Cây",2,30000,60000,0,45600,45600,"KL",null,0]
["1626","2020-08-01","PX093",null,"LC 18","La cứng 18","Cây",1,18000,18000,0,14000,14000,"KL",null,0]
["1627","2020-08-01","PX093",null,"LC 14","La cứng 14","Cây",2,14000,28000,0,16608.599221789882,16608.599221789882,"KL",null,0]
["1628","2020-08-01","PX093",null,"NCL","Nẹp tam giác Lớn (8kg)","Cây",25,18000,450000,0,332500,332500,"KL",null,0]
["1629","2020-08-01","PX093",null,"TNSV1.0 2.0M","Tôn nhựa sóng vuông (1.0) 2.0m","Tấm",2,150000,300000,0,260000,260000,"KL",null,0]
["1630","2020-08-01","PX093",null,"HK3060 1.8","Hộp kẽm 30x60 (1.8)","Cây",2,230000,460000,0,404544.75403949729,404544.75403949729,"KL",null,0]
["1631","2020-08-01","PX093",null,"HK4080 1.8","Hộp kẽm 40x80 (1.8)","Cây",2,295000,590000,0,547311.65096952906,547311.65096952906,"KL",null,0]
["1632","2020-08-01","PX093",null,"VK30 1.8","Vuông kẽm 30 (1.8)","Cây",2,153000,306000,0,274400,274400,"KL",null,0]
["1633","2020-08-01","PX093",null,"V40Đ","V đen 40(Đ)","Cây",4,160000,640000,0,517647.0588235294,517647.0588235294,"KL",null,0]
["1634","2020-08-01","PX093",null,"U120","U 120","Cây",1,650000,650000,0,581333.33333333337,581333.33333333337,"KL",null,0]
["1635","2020-08-01","PX093",null,"V25","V đen25(X)","Cây",150,78500,11775000,0,10092426.636568848,10092426.636568848,"KL",null,0]
["1636","2020-08-01","PX093-TT",null,null,"Thu tien luon",0,0,0,0,0,0,0,"KL",145644280,0]
["1637","2020-08-03","PX094",null,"TMXN4.5DA","Tôn XNgọc 4.5 ĐÁ","Mét",3.1,97000,300700,0,264568.51063829788,264568.51063829788,"KL",null,0]
["1638","2020-08-03","PX094",null,"HK5010 1.8","Hộp kẽm 50x100 (1.8)","Cây",6,387000,2322000,0,2060816.0240963856,2060816.0240963856,"KL",null,0]
["1639","2020-08-03","PX094",null,"VK30 1.4","Vuông kẽm 30 (1.4)","Cây",6,120000,720000,0,639223.87403598975,639223.87403598975,"KL",null,0]
["1640","2020-08-03","PX094",null,"HK1326 1.2","Hộp kẽm 13x26 (1.2)","Cây",4,70000,280000,0,244305.17529215358,244305.17529215358,"KL",null,0]
["1641","2020-08-03","PX094",null,"HD2550 0.7","Hộp đen 25x50 (0.7)","Cây",120,76000,9120000,0,8726024.2990654204,8726024.2990654204,"KL",null,0]
["1642","2020-08-03","PX094",null,"HK3060 1.4 ","Hộp kẽm 30x60 (1.4) ","Cây",10,173000,1730000,0,1630556.0747663551,1630556.0747663551,"KL",null,0]
["1643","2020-08-03","PX094",null,"HK1326 1.1","Hộp kẽm 13x26 (1.1)","Cây",15,64000,960000,0,845587.67772511847,845587.67772511847,"KL",null,0]
["1644","2020-08-03","PX094",null,"VK14 1.1","Vuông kẽm 14 (1.1)","Cây",10,47000,470000,0,402500,402500,"KL",null,0]
["1645","2020-08-03","PX094",null,"MANG30 1.2 4M","Máng cửa sổ 30 (1.2) 4m","Cây",2,128000,256000,0,173743.58974358975,173743.58974358975,"KL",null,0]
["1646","2020-08-03","PX094",null,"BX30","Bánh xe 30","Cái",4,12000,48000,0,24214.285714285714,24214.285714285714,"KL",null,0]
["1647","2020-08-03","PX094",null,"U100","U 100","Cây",3,480000,1440000,0,1326562.5,1326562.5,"KL",null,0]
["1648","2020-08-03","PX094",null,"U80M","U 80 (M)","Cây",8,345000,2760000,0,2515384.6153846155,2515384.6153846155,"KL",null,0]
["1649","2020-08-03","PX094",null,"U65","U 65","Cây",4,280000,1120000,0,1039478.2608695652,1039478.2608695652,"KL",null,0]
["1650","2020-08-03","PX094",null,"V40Đ","V đen 40(Đ)","Cây",2,160000,320000,0,258823.5294117647,258823.5294117647,"KL",null,0]
["1651","2020-08-03","PX094",null,"HK2040 1.4 ","Hộp kẽm 20x40 (1.4) ","Cây",3,120000,360000,0,325859.39597315434,325859.39597315434,"KL",null,0]
["1652","2020-08-03","PX094",null,"OK60 1.4 ","Ống kẽm 60 (1.4) ","Cây",2,192000,384000,0,353012.5,353012.5,"KL",null,0]
["1653","2020-08-03","PX094-TT",null,null,"Thu tien luon",0,0,0,0,0,0,0,"KL",22590700,0]
["1654","2020-08-04","PX095",null,"OKN34 3.2","Ống kẽm nhúng 34 (3.2)","Cây",2,355000,710000,0,652000,652000,"KL",null,0]
["1655","2020-08-04","PX095",null,"TMXN4.5","Tôn XNgọc 4.5","Mét",44.6,76000,3389600,0,2921414.1658258392,2921414.1658258392,"KL",null,0]
["1656","2020-08-04","PX095",null,"VK30 1.4","Vuông kẽm 30 (1.4)","Cây",9,120000,1080000,0,958835.81105398457,958835.81105398457,"KL",null,0]
["1657","2020-08-04","PX095",null,"TMXN5.0DA","Tôn XNgọc 5.0 ĐÁ","Mét",4,110000,440000,0,376436.01715102431,376436.01715102431,"KL",null,0]
["1658","2020-08-04","PX095",null,"TMXN3.0","Tôn XNgọc 3.0","Mét",13.2,60000,792000,0,613272.47170935071,613272.47170935071,"KL",null,0]
["1659","2020-08-04","PX095",null,"U120","U 120","Cây",1,650000,650000,0,581333.33333333337,581333.33333333337,"KL",null,0]
["1660","2020-08-04","PX095",null,"U80M","U 80 (M)","Cây",2,380000,760000,0,628846.15384615387,628846.15384615387,"KL",null,0]
["1661","2020-08-04","PX095",null,"V40Đ","V đen 40(Đ)","Cây",1,165000,165000,0,129411.76470588235,129411.76470588235,"KL",null,0]
["1662","2020-08-04","PX095",null,"TMXN5.0","Tôn XNgọc 5.0","Mét",6,82000,492000,0,439803.83106085804,439803.83106085804,"KL",null,0]
["1663","2020-08-04","PX095",null,"TMXN4.0","Tôn XNgọc 4.0","Mét",19,69000,1311000,0,1139034.2451001508,1139034.2451001508,"KL",null,0]
["1664","2020-08-04","PX095",null,"TMXN3.0","Tôn XNgọc 3.0","Mét",10,55000,550000,0,464600.35735556879,464600.35735556879,"KL",null,0]
["1665","2020-08-04","PX095-TT",null,null,"Thu tien luon",0,0,0,0,0,0,0,"KL",10339600,0]
["1666","2020-08-05","PX096",null,"TMXN4.0","Tôn XNgọc 4.0","Mét",2,69000,138000,0,119898.34158948956,119898.34158948956,"KL",null,0]
["1667","2020-08-05","PX096",null,"TMXN4.5","Tôn XNgọc 4.5","Mét",153.30000000000001,72000,11037600,0,10041542.413029175,10041542.413029175,"KL",null,0]
["1668","2020-08-05","PX096",null,"TMXN3.5","Tôn XNgọc 3.5","Mét",62.3,57000,3551100,0,3216639.3709884468,3216639.3709884468,"KL",null,0]
["1669","2020-08-05","PX096",null,"TMXN4.5","Tôn XNgọc 4.5","Mét",44,72000,3168000,0,2882112.6299627111,2882112.6299627111,"KL",null,0]
["1670","2020-08-05","PX096",null,"MANG30 1.2 6M","Máng cửa sổ 30 (1.2) 6m","Cây",1,174000,174000,0,126063.82978723405,126063.82978723405,"KL",null,0]
["1671","2020-08-05","PX096",null,"BX30","Bánh xe 30","Cái",2,10000,20000,0,12107.142857142857,12107.142857142857,"KL",null,0]
["1672","2020-08-05","PX096",null,"VK30 1.8","Vuông kẽm 30 (1.8)","Cây",35,155000,5425000,0,4802000,4802000,"KL",null,0]
["1673","2020-08-05","PX096",null,"NCL","Nẹp tam giác Lớn (8kg)","Cây",20,17000,340000,0,266000,266000,"KL",null,0]
["1674","2020-08-05","PX096",null,"VK30 1.2","Vuông kẽm 30 (1.2)","Cây",11,107000,1177000,0,1041444.2307692309,1041444.2307692309,"KL",null,0]
["1675","2020-08-05","PX096",null,"OKN34 2.6","Ống kẽm nhúng 34 (2.6)","Cây",2,290000,580000,0,523773.91304347827,523773.91304347827,"KL",null,0]
["1676","2020-08-05","PX096",null,"OK90 1.4 ","Ống kẽm 90 (1.4) ","Cây",1,310000,310000,0,277500,277500,"KL",null,0]
["1677","2020-08-05","PX096",null,"HK4080 1.4 ","Hộp kẽm 40x80 (1.4) ","Cây",3,235000,705000,0,654104.68619246862,654104.68619246862,"KL",null,0]
["1678","2020-08-05","PX096",null,"HK3060 1.4 ","Hộp kẽm 30x60 (1.4) ","Cây",16,176000,2816000,0,2608889.7196261683,2608889.7196261683,"KL",null,0]
["1679","2020-08-05","PX096",null,"VK30 1.4","Vuông kẽm 30 (1.4)","Cây",2,120000,240000,0,213074.62467866324,213074.62467866324,"KL",null,0]
["1680","2020-08-05","PX096-TT",null,null,"Thu tien luon",0,0,0,0,0,0,0,"KL",29681700,0]
["1681","2020-08-06","PX097",null,"CN20L","Cách nhiệt 20 li","Mét",46.2,34000,1570800,0,1321320,1321320,"KL",null,0]
["1682","2020-08-06","PX097",null,"TMXN3.0","Tôn XNgọc 3.0","Mét",72,55000,3960000,0,3345122.572960095,3345122.572960095,"KL",null,0]
["1683","2020-08-06","PX097",null,"TMXN3.0","Tôn XNgọc 3.0","Mét",45,58000,2610000,0,2090701.6081000594,2090701.6081000594,"KL",null,0]
["1684","2020-08-06","PX097",null,"TMXN4.5","Tôn XNgọc 4.5","Mét",16.5,76000,1254000,0,1080792.2362360167,1080792.2362360167,"KL",null,0]
["1685","2020-08-06","PX097",null,"TMXN4.5","Tôn XNgọc 4.5","Mét",20,80000,1600000,0,1310051.1954375959,1310051.1954375959,"KL",null,0]
["1686","2020-08-06","PX097",null,"VK20 1.4","Vuông kẽm 20 (1.4)","Cây",20,80000,1600000,0,1363529.411764706,1363529.411764706,"KL",null,0]
["1687","2020-08-06","PX097",null,"HK612 1.4","Hộp kẽm 60x120 (1.4)","Cây",3,355000,1065000,0,1021000,1021000,"KL",null,0]
["1688","2020-08-06","PX097",null,"VK75 1.4","Vuông kẽm 75 (1.4)","Cây",3,300000,900000,0,862517.14285714272,862517.14285714272,"KL",null,0]
["1689","2020-08-06","PX097",null,"HK4080 1.4 ","Hộp kẽm 40x80 (1.4) ","Cây",11,240000,2640000,0,2398383.8493723851,2398383.8493723851,"KL",null,0]
["1690","2020-08-06","PX097",null,"TL4.5","Tôn Lạnh 4.5","Mét",25.2,82000,2066400,0,1786405.6193771628,1786405.6193771628,"KL",null,0]
["1691","2020-08-06","PX097",null,"TL5.0","Tôn Lạnh 5.0","Mét",2.5,88000,220000,0,190159.63704630788,190159.63704630788,"KL",null,0]
["1692","2020-08-06","PX097",null,"HK4080 1.4 ","Hộp kẽm 40x80 (1.4) ","Cây",5,227000,1135000,0,1090174.4769874476,1090174.4769874476,"KL",null,0]
["1693","2020-08-06","PX097",null,"MANG36 1.4 6M","Máng cửa đi 36 (1.4) 6m","Cây",1,240000,240000,0,175500,175500,"KL",null,0]
["1694","2020-08-06","PX097",null,"BX36","Bánh xe 36 ","Cái",4,12000,48000,0,24615.950920245399,24615.950920245399,"KL",null,0]
["1695","2020-08-06","PX097",null,"VK40 1.2","Vuông kẽm 40 (1.2)","Cây",15,145000,2175000,0,1925183.3333333335,1925183.3333333335,"KL",null,0]
["1696","2020-08-06","PX097",null,"HK3060 1.2 ","Hộp kẽm 30x60 (1.2) ","Cây",5,160000,800000,0,733932.24299065419,733932.24299065419,"KL",null,0]
["1697","2020-08-06","PX097",null,"HK1326 0.9","Hộp kẽm 13x26 (0.9)","Cây",27,51000,1377000,0,1219475.4863813228,1219475.4863813228,"KL",null,0]
["1698","2020-08-06","PX097",null,"HK1326 1.0","Hộp kẽm 13x26 (1.0)","Cây",13,58000,754000,0,640167.60563380283,640167.60563380283,"KL",null,0]
["1699","2020-08-06","PX097",null,"V30Đ","V đen 30(Đ)","Cây",5,125000,625000,0,446557.55395683454,446557.55395683454,"KL",null,0]
["1700","2020-08-06","PX097",null,"VK75 1.8","Vuông kẽm 75 (1.8)","Cây",4,387000,1548000,0,1455416.6666666667,1455416.6666666667,"KL",null,0]
["1701","2020-08-06","PX097",null,"HK4080 1.8","Hộp kẽm 40x80 (1.8)","Cây",4,305000,1220000,0,1094623.3019390581,1094623.3019390581,"KL",null,0]
["1702","2020-08-06","PX097",null,"HK3060 1.4 ","Hộp kẽm 30x60 (1.4) ","Cây",11,178000,1958000,0,1793611.6822429907,1793611.6822429907,"KL",null,0]
["1703","2020-08-06","PX097",null,"VK30 1.4","Vuông kẽm 30 (1.4)","Cây",4,120000,480000,0,426149.24935732648,426149.24935732648,"KL",null,0]
["1704","2020-08-06","PX097",null,"V40X","V đen 40(X)","Cây",1,180000,180000,0,97322.891566265054,97322.891566265054,"KL",null,0]
["1705","2020-08-06","PX097",null,"VK20 1.2","Vuông kẽm 20 (1.2)","Cây",1,75000,75000,0,63640.552995391707,63640.552995391707,"KL",null,0]
["1706","2020-08-06","PX097",null,"HK4080 1.4 ","Hộp kẽm 40x80 (1.4) ","Cây",9,235000,2115000,0,1962314.0585774058,1962314.0585774058,"KL",null,0]
["1707","2020-08-06","PX097",null,"HK4080 1.4 ","Hộp kẽm 40x80 (1.4) ","Cây",10,235000,2350000,0,2180348.9539748952,2180348.9539748952,"KL",null,0]
["1708","2020-08-06","PX097",null,"V50T","V đen 50(T)","Cây",1,305000,305000,0,260500,260500,"KL",null,0]
["1709","2020-08-06","PX097",null,"VK100 2.0","Vuông kẽm 100 (2.0)","Cây",1,605000,605000,0,538500,538500,"KL",null,0]
["1710","2020-08-06","PX097",null,"LC 40","La cứng 40","Cây",1,45000,45000,0,26000,26000,"KL",null,0]
["1711","2020-08-06","PX097-TT",null,null,"Thu tien luon",0,0,0,0,0,0,0,"KL",37521200,0]
["1712","2020-08-07","PX098",null,"TL5.0 ĐA","Tole Lạnh 5.0 ĐÁ","Mét",25,100000,2500000,0,2215951.6544117648,2215951.6544117648,"KL",null,0]
["1713","2020-08-07","PX098",null,"TL4.5","Tôn Lạnh 4.5","Mét",59.4,81000,4811400,0,4210813.2456747405,4210813.2456747405,"KL",null,0]
["1714","2020-08-07","PX098",null,"TL4.5","Tôn Lạnh 4.5","Mét",5,79000,395000,0,354445.5594002307,354445.5594002307,"KL",null,0]
["1715","2020-08-07","PX098",null,"TMXN4.0","Tôn XNgọc 4.0","Mét",6.8,69000,469200,0,407654.36140426446,407654.36140426446,"KL",null,0]
["1716","2020-08-07","PX098",null,"TMXN4.0","Tôn XNgọc 4.0","Mét",12.8,65000,832000,0,767349.38617273327,767349.38617273327,"KL",null,0]
["1717","2020-08-07","PX098",null,"TMXN4.0","Tôn XNgọc 4.0","Mét",10,69000,690000,0,599491.70794744778,599491.70794744778,"KL",null,0]
["1718","2020-08-07","PX098",null,"TMXN4.0","Tôn XNgọc 4.0","Mét",2,75000,150000,0,119898.34158948956,119898.34158948956,"KL",null,0]
["1719","2020-08-07","PX098",null,"TMXN5.0","Tôn XNgọc 5.0","Mét",6.12,82000,501840,0,448599.90768207522,448599.90768207522,"KL",null,0]
["1720","2020-08-07","PX098",null,"TMVK5.0PN","Tôn Vàng Kem 5.0 Phương Nam","Mét",60,122000,7320000,0,6690000,6690000,"KL",null,0]
["1721","2020-08-07","PX098",null,"CN10L","Cách nhiệt 10 li","Mét",12.8,27000,345600,0,167456.77179962897,167456.77179962897,"KL",null,0]
["1722","2020-08-07","PX098",null,"HK4080 1.4 ","Hộp kẽm 40x80 (1.4) ","Cây",2,240000,480000,0,436069.79079497908,436069.79079497908,"KL",null,0]
["1723","2020-08-07","PX098",null,"HK3060 1.4 ","Hộp kẽm 30x60 (1.4) ","Cây",5,178000,890000,0,815278.03738317755,815278.03738317755,"KL",null,0]
["1724","2020-08-07","PX098",null,"VK50 1.8","Vuông kẽm 50 (1.8)","Cây",30,251000,7530000,0,7267889.7637795275,7267889.7637795275,"KL",null,0]
["1725","2020-08-07","PX098",null,"VK40 1.8","Vuông kẽm 40 (1.8)","Cây",32,202000,6464000,0,5803324.8109965632,5803324.8109965632,"KL",null,0]
["1726","2020-08-07","PX098",null,"HK4080 1.4 ","Hộp kẽm 40x80 (1.4) ","Cây",2,235000,470000,0,436069.79079497908,436069.79079497908,"KL",null,0]
["1727","2020-08-07","PX098",null,"VK30 1.4","Vuông kẽm 30 (1.4)","Cây",4,120000,480000,0,426149.24935732648,426149.24935732648,"KL",null,0]
["1728","2020-08-07","PX098",null,"OK49 1.4","Ống kẽm 49 (1.4)","Cây",2,173000,346000,0,287200,287200,"KL",null,0]
["1729","2020-08-07","PX098",null,"HK2550 1.4 ","Hộp kẽm 25x50 (1.4) ","Cây",1,150000,150000,0,136627.21088435373,136627.21088435373,"KL",null,0]
["1730","2020-08-07","PX098",null,"VK40 1.4","Vuông kẽm 40 (1.4)","Cây",50,162000,8100000,0,7171430.0554016624,7171430.0554016624,"KL",null,0]
["1731","2020-08-07","PX098",null,"HK2040 1.2 ","Hộp kẽm 20x40 (1.2) ","Cây",5,107000,535000,0,481730.65902578796,481730.65902578796,"KL",null,0]
["1732","2020-08-07","PX098",null,"HK4080 2.0","Hộp kẽm 40x80(2.0)","Cây",8,356000,2848000,0,2710802.1621621624,2710802.1621621624,"KL",null,0]
["1733","2020-08-07","PX098",null,"HK3060 2.0","Hộp kẽm 30x60 (2.0)","Cây",2,264000,528000,0,490824.48979591834,490824.48979591834,"KL",null,0]
["1734","2020-08-07","PX098",null,"VK40 2.0","Vuông kẽm 40 (2.0)","Cây",4,240000,960000,0,900145.45454545459,900145.45454545459,"KL",null,0]
["1735","2020-08-07","PX098",null,"V50T","V đen 50(T)","Cây",2,290000,580000,0,521000,521000,"KL",null,0]
["1736","2020-08-07","PX098",null,"TNSV1.0 3.0M","Tôn nhựa sóng vuông (1.0) 3.0m","Tấm",1,216000,216000,0,184285.71428571429,184285.71428571429,"KL",null,0]
["1737","2020-08-07","PX098",null,"TNSV1.0 2.0M","Tôn nhựa sóng vuông (1.0) 2.0m","Tấm",1,144000,144000,0,130000,130000,"KL",null,0]
["1738","2020-08-07","PX098",null,"HK3060 1.8","Hộp kẽm 30x60 (1.8)","Cây",7,215000,1505000,0,1415906.6391382406,1415906.6391382406,"KL",null,0]
["1739","2020-08-07","PX098",null,"TMXN4.0","Tôn XNgọc 4.0","Mét",55.2,65000,3588000,0,3309194.2278699121,3309194.2278699121,"KL",null,0]
["1740","2020-08-07","PX098",null,"VK40 1.4","Vuông kẽm 40 (1.4)","Cây",30,151000,4530000,0,4302858.0332409972,4302858.0332409972,"KL",null,0]
["1741","2020-08-07","PX098",null,"HK5010 1.4 ","Hộp kẽm 50x100 (1.4) ","Cây",6,298000,1788000,0,1652266.153846154,1652266.153846154,"KL",null,0]
["1742","2020-08-07","PX098",null,"HK4080 1.4 ","Hộp kẽm 40x80 (1.4) ","Cây",15,240000,3600000,0,3270523.4309623432,3270523.4309623432,"KL",null,0]
["1743","2020-08-07","PX098",null,"HK3060 1.4 ","Hộp kẽm 30x60 (1.4) ","Cây",20,178000,3560000,0,3261112.1495327102,3261112.1495327102,"KL",null,0]
["1744","2020-08-07","PX098",null,"VK30 1.4","Vuông kẽm 30 (1.4)","Cây",15,120000,1800000,0,1598059.6850899742,1598059.6850899742,"KL",null,0]
["1745","2020-08-07","PX098",null,"HK2040 1.4 ","Hộp kẽm 20x40 (1.4) ","Cây",4,120000,480000,0,434479.19463087246,434479.19463087246,"KL",null,0]
["1746","2020-08-07","PX098",null,"VK14 1.2","Vuông kẽm 14 (1.2)","Cây",10,50000,500000,0,448680.20304568525,448680.20304568525,"KL",null,0]
["1747","2020-08-07","PX098",null,"BX30","Bánh xe 30","Cái",4,12000,48000,0,24214.285714285714,24214.285714285714,"KL",null,0]
["1748","2020-08-07","PX098-TT",null,null,"Thu tien luon",0,0,0,0,0,0,0,"KL",70135040,0]
["1749","2020-08-08","PX099",null,"TMXN4.5","Tôn XNgọc 4.5","Mét",53.6,76000,4073600,0,3510937.2037727577,3510937.2037727577,"KL",null,0]
["1750","2020-08-08","PX099",null,"TMXN3.0","Tôn XNgọc 3.0","Mét",1.5,60000,90000,0,69690.053603335313,69690.053603335313,"KL",null,0]
["1751","2020-08-08","PX099",null,"TMXN5.0","Tôn XNgọc 5.0","Mét",1,90000,90000,0,73300.638510143006,73300.638510143006,"KL",null,0]
["1752","2020-08-08","PX099",null,"TMXN4.0","Tôn XNgọc 4.0","Mét",4,75000,300000,0,239796.68317897912,239796.68317897912,"KL",null,0]
["1753","2020-08-08","PX099",null,"TMXN4.0","Tôn XNgọc 4.0","Mét",38.6,65000,2509000,0,2314037.9926771484,2314037.9926771484,"KL",null,0]
["1754","2020-08-08","PX099",null,"TMXN4.5DA","Tôn XNgọc 4.5 ĐÁ","Mét",15,94000,1410000,0,1280170.2127659575,1280170.2127659575,"KL",null,0]
["1755","2020-08-08","PX099",null,"TL4.5","Tôn Lạnh 4.5","Mét",3,85000,255000,0,212667.33564013842,212667.33564013842,"KL",null,0]
["1756","2020-08-08","PX099",null,"TL5.0 ĐA","Tole Lạnh 5.0 ĐÁ","Mét",32.4,103000,3337200,0,2871873.344117647,2871873.344117647,"KL",null,0]
["1757","2020-08-08","PX099",null,"TL5.0","Tôn Lạnh 5.0","Mét",18,84000,1512000,0,1369149.3867334167,1369149.3867334167,"KL",null,0]
["1758","2020-08-08","PX099",null,"VK30 1.2","Vuông kẽm 30 (1.2)","Cây",1,107000,107000,0,94676.748251748257,94676.748251748257,"KL",null,0]
["1759","2020-08-08","PX099",null,"VK40 1.4","Vuông kẽm 40 (1.4)","Cây",50,151000,7550000,0,7171430.0554016624,7171430.0554016624,"KL",null,0]
["1760","2020-08-08","PX099",null,"HK4080 1.4 ","Hộp kẽm 40x80 (1.4) ","Cây",15,227000,3405000,0,3270523.4309623432,3270523.4309623432,"KL",null,0]
["1761","2020-08-08","PX099",null,"HK3060 1.2 ","Hộp kẽm 30x60 (1.2) ","Cây",2,160000,320000,0,293572.89719626168,293572.89719626168,"KL",null,0]
["1762","2020-08-08","PX099",null,"HK1326 1.2","Hộp kẽm 13x26 (1.2)","Cây",4,70000,280000,0,244305.17529215358,244305.17529215358,"KL",null,0]
["1763","2020-08-08","PX099",null,"VK14 1.2","Vuông kẽm 14 (1.2)","Cây",2,50000,100000,0,89736.040609137053,89736.040609137053,"KL",null,0]
["1764","2020-08-08","PX099",null,"HK4080 1.8","Hộp kẽm 40x80 (1.8)","Cây",6,299000,1794000,0,1641934.9529085872,1641934.9529085872,"KL",null,0]
["1765","2020-08-08","PX099",null,"HK3060 1.8","Hộp kẽm 30x60 (1.8)","Cây",12,235000,2820000,0,2427268.5242369836,2427268.5242369836,"KL",null,0]
["1766","2020-08-08","PX099",null,"CCS24","Chụp chông sắt 24","Cái",10,2500,25000,0,4649.8533724340177,4649.8533724340177,"KL",null,0]
["1767","2020-08-08","PX099",null,"VK20 1.0","Vuông kẽm 20 (1.0)","Cây",2,64000,128000,0,102373.55371900827,102373.55371900827,"KL",null,0]
["1768","2020-08-08","PX099",null,"HK5010 1.4 ","Hộp kẽm 50x100 (1.4) ","Cây",2,298000,596000,0,550755.38461538462,550755.38461538462,"KL",null,0]
["1769","2020-08-08","PX099",null,"HD2550 0.7","Hộp đen 25x50 (0.7)","Cây",150,76000,11400000,0,10907530.373831775,10907530.373831775,"KL",null,0]
["1770","2020-08-08","PX099",null,"HD2550 0.9","Hộp đen 25x50 (0.9)","Cây",50,104000,5200000,0,4348918.9189189188,4348918.9189189188,"KL",null,0]
["1771","2020-08-08","PX099",null,"OD16 0.5","Ống đen 16 (0.5)","Cây",200,24500,4900000,0,4707808.9587659454,4707808.9587659454,"KL",null,0]
["1772","2020-08-08","PX099",null,"HD1020 0.6","Hộp đen 10x20 (0.6)","cây",50,35000,1750000,0,1434868.4210526315,1434868.4210526315,"KL",null,0]
["1773","2020-08-08","PX099",null,"V30X","V đen 30(X)","Cây",6,80000,480000,0,402000,402000,"KL",null,0]
["1774","2020-08-08","PX099-TT",null,null,"Thu tien luon",0,0,0,0,0,0,0,"KL",54431800,0]
["1775","2020-08-09","PX100",null,"TL5.0","Tôn Lạnh 5.0","Mét",2.2000000000000002,90000,198000.00000000003,0,167340.48060075095,167340.48060075095,"KL",null,0]
["1776","2020-08-09","PX100",null,"TL5.0 ĐA","Tole Lạnh 5.0 ĐÁ","Mét",94.5,98000,9261000,0,8376297.2536764704,8376297.2536764704,"KL",null,0]
["1777","2020-08-09","PX100",null,"TMXN5.0","Tôn XNgọc 5.0","Mét",33.5,86000,2881000,0,2455571.3900897908,2455571.3900897908,"KL",null,0]
["1778","2020-08-09","PX100",null,"TMXN4.5","Tôn XNgọc 4.5","Mét",40.85,76000,3104600,0,2675779.56668129,2675779.56668129,"KL",null,0]
["1779","2020-08-09","PX100",null,"VK40 1.4","Vuông kẽm 40 (1.4)","Cây",10,162000,1620000,0,1434286.0110803323,1434286.0110803323,"KL",null,0]
["1780","2020-08-09","PX100",null,"VK30 1.4","Vuông kẽm 30 (1.4)","Cây",3,120000,360000,0,319611.93701799487,319611.93701799487,"KL",null,0]
["1781","2020-08-09","PX100",null,"HK1326 1.2","Hộp kẽm 13x26 (1.2)","Cây",5,70000,350000,0,305381.46911519195,305381.46911519195,"KL",null,0]
["1782","2020-08-09","PX100",null,"HK3060 1.8","Hộp kẽm 30x60 (1.8)","Cây",1,240000,240000,0,202272.37701974864,202272.37701974864,"KL",null,0]
["1783","2020-08-09","PX100-TT",null,null,"Thu tien luon",0,0,0,0,0,0,0,"KL",18014600,0]
["1784","2020-08-10","PX101",null,"TMXN5.0","Tôn XNgọc 5.0","Mét",5,86000,430000,0,366503.19255071506,366503.19255071506,"KL",null,0]
["1785","2020-08-10","PX101",null,"TMXN4.0","Tôn XNgọc 4.0","Mét",1.9,75000,142500,0,113903.42451001507,113903.42451001507,"KL",null,0]
["1786","2020-08-10","PX101",null,"TMXN5.0DA","Tôn XNgọc 5.0 ĐÁ","Mét",39.5,107000,4226500,0,3717305.6693663648,3717305.6693663648,"KL",null,0]
["1787","2020-08-10","PX101",null,"VK40 1.4","Vuông kẽm 40 (1.4)","Cây",3,162000,486000,0,430285.80332409975,430285.80332409975,"KL",null,0]
["1788","2020-08-10","PX101",null,"NCL","Nẹp tam giác Lớn (8kg)","Cây",18,18000,324000,0,239400,239400,"KL",null,0]
["1789","2020-08-10","PX101",null,"V40X","V đen 40(X)","Cây",10,127000,1270000,0,973228.91566265048,973228.91566265048,"KL",null,0]
["1790","2020-08-10","PX101",null,"VK30 1.2","Vuông kẽm 30 (1.2)","Cây",2,108000,216000,0,189353.49650349651,189353.49650349651,"KL",null,0]
["1791","2020-08-10","PX101",null,"BX48","Bánh xe 48","Cái",4,15000,60000,0,48000,48000,"KL",null,0]
["1792","2020-08-10","PX101",null,"OK21 1.2 ","Ống kẽm 21 (1.2) ","Cây",4,63000,252000,0,218787.09677419355,218787.09677419355,"KL",null,0]
["1793","2020-08-10","PX101",null,"HK4080 1.8","Hộp kẽm 40x80 (1.8)","Cây",2,300000,600000,0,547311.65096952906,547311.65096952906,"KL",null,0]
["1794","2020-08-10","PX101",null,"VK30 1.8","Vuông kẽm 30 (1.8)","Cây",1,160000,160000,0,137200,137200,"KL",null,0]
["1795","2020-08-10","PX101-TT",null,null,"Thu tien luon",0,0,0,0,0,0,0,"KL",8167000,0]
["1796","2020-08-11","PX102",null,"V50Đ","V đen 50(Đ)","Cây",3,250000,750000,0,596754.9295774647,596754.9295774647,"KL",null,0]
["1797","2020-08-11","PX102",null,"VK14 1.2","Vuông kẽm 14 (1.2)","Cây",7,50000,350000,0,314076.14213197969,314076.14213197969,"KL",null,0]
["1798","2020-08-11","PX102",null,"VK40 1.2","Vuông kẽm 40 (1.2)","Cây",1,143000,143000,0,128345.55555555556,128345.55555555556,"KL",null,0]
["1799","2020-08-11","PX102",null,"VK14 0.9","Vuông kẽm 14 (0.9)","Cây",6,36000,216000,0,188092.30769230769,188092.30769230769,"KL",null,0]
["1800","2020-08-11","PX102",null,"HK3060 1.2 ","Hộp kẽm 30x60 (1.2) ","Cây",2,160000,320000,0,293572.89719626168,293572.89719626168,"KL",null,0]
["1801","2020-08-11","PX102",null,"HK3060 1.2 ","Hộp kẽm 30x60 (1.2) ","Cây",14,160000,2240000,0,2055010.2803738317,2055010.2803738317,"KL",null,0]
["1802","2020-08-11","PX102",null,"HK4080 1.2 ","Hộp kẽm 40x80 (1.2)","Cây",2,215000,430000,0,399515,399515,"KL",null,0]
["1803","2020-08-11","PX102",null,"HK4080 1.8","Hộp kẽm 40x80 (1.8)","Cây",2,305000,610000,0,547311.65096952906,547311.65096952906,"KL",null,0]
["1804","2020-08-11","PX102",null,"VK30 1.2","Vuông kẽm 30 (1.2)","Cây",10,107000,1070000,0,946767.4825174826,946767.4825174826,"KL",null,0]
["1805","2020-08-11","PX102",null,"TMXDT4.5 ĐA","Tôn Xanh Dương Tím 4.5 ĐA","Mét",30.4,102000,3100800,0,2672160,2672160,"KL",null,0]
["1806","2020-08-11","PX102-TT",null,null,"Thu tien luon",0,0,0,0,0,0,0,"KL",9229800,0]
["1807","2020-08-12","PX103",null,"VL30","V Lỗ 30","Cây",5,50000,250000,0,162000,162000,"KL",null,0]
["1808","2020-08-12","PX103",null,"VLO","Ốc V Lỗ","Con",20,350,7000,0,5800,5800,"KL",null,0]
["1809","2020-08-12","PX103",null,"V50T","V đen 50(T)","Cây",3,300000,900000,0,781500,781500,"KL",null,0]
["1810","2020-08-12","PX103",null,"TMXN5.0","Tôn XNgọc 5.0","Mét",2.2000000000000002,84000,184800.00000000003,0,161261.40472231462,161261.40472231462,"KL",null,0]
["1811","2020-08-12","PX103",null,"TMXN5.0","Tôn XNgọc 5.0","Mét",4.2,86000,361200,0,307862.68174260063,307862.68174260063,"KL",null,0]
["1812","2020-08-12","PX103",null,"TMXN5.0","Tôn XNgọc 5.0","Mét",5,84000,420000,0,366503.19255071506,366503.19255071506,"KL",null,0]
["1813","2020-08-12","PX103",null,"TMXN4.5","Tôn XNgọc 4.5","Mét",2.6,74000,192400,0,170306.6554068875,170306.6554068875,"KL",null,0]
["1814","2020-08-12","PX103",null,"TMXN3.0","Tôn XNgọc 3.0","Mét",31.2,55000,1716000,0,1449553.1149493745,1449553.1149493745,"KL",null,0]
["1815","2020-08-12","PX103",null,"TL5.0","Tôn Lạnh 5.0","Mét",16,84000,1344000,0,1217021.6770963704,1217021.6770963704,"KL",null,0]
["1816","2020-08-12","PX103",null,"TL4.5","Tôn Lạnh 4.5","Mét",18,79000,1422000,0,1276004.0138408304,1276004.0138408304,"KL",null,0]
["1817","2020-08-12","PX103",null,"TL5.0","Tôn Lạnh 5.0","Mét",5.6,88000,492799.99999999994,0,425957.58698372962,425957.58698372962,"KL",null,0]
["1818","2020-08-12","PX103",null,"V40T","V đen 40(T)","Cây",1,200000,200000,0,167200,167200,"KL",null,0]
["1819","2020-08-12","PX103",null,"OK60 2.5","Ống kẽm 60 (2.5)","Cây",2,372000,744000,0,663600,663600,"KL",null,0]
["1820","2020-08-12","PX103",null,"HK4080 1.8","Hộp kẽm 40x80 (1.8)","Cây",2,305000,610000,0,547311.65096952906,547311.65096952906,"KL",null,0]
["1821","2020-08-12","PX103",null,"VK100 1.8","Vuông kẽm 100 (1.8)","Cây",6,507000,3042000,0,2837152,2837152,"KL",null,0]
["1822","2020-08-12","PX103",null,"CCN510","Chụp nhựa 510","Cái",15,1500,22500,0,11100,11100,"KL",null,0]
["1823","2020-08-12","PX103-TT",null,null,"Thu tien luon",0,0,0,0,0,0,0,"KL",11908700,0]
["1824","2020-08-13","PX104",null,"TMXN3.0","Tôn XNgọc 3.0","Mét",20,55000,1100000,0,929200.71471113758,929200.71471113758,"KL",null,0]
["1825","2020-08-13","PX104",null,"TMXN4.0","Tôn XNgọc 4.0","Mét",20,69000,1380000,0,1198983.4158948956,1198983.4158948956,"KL",null,0]
["1826","2020-08-13","PX104",null,"TMXN3.0","Tôn XNgọc 3.0","Mét",74,55000,4070000,0,3438042.6444312087,3438042.6444312087,"KL",null,0]
["1827","2020-08-13","PX104",null,"TMXN5.0DA","Tôn XNgọc 5.0 ĐÁ","Mét",90,106000,9540000,0,8469810.3858980462,8469810.3858980462,"KL",null,0]
["1828","2020-08-13","PX104",null,"TMXN3.5","Tôn XNgọc 3.5","Mét",126.7,62000,7855400,0,6541704.7881899877,6541704.7881899877,"KL",null,0]
["1829","2020-08-13","PX104",null,"TMXN5.0DA","Tôn XNgọc 5.0 ĐÁ","Mét",68,104000,7072000,0,6399412.2915674131,6399412.2915674131,"KL",null,0]
["1830","2020-08-13","PX104",null,"TMVK5.0PN","Tôn Vàng Kem 5.0 Phương Nam","Mét",15.04,122000,1834880,0,1676960,1676960,"KL",null,0]
["1831","2020-08-13","PX104",null,"HK5010 1.4 ","Hộp kẽm 50x100 (1.4) ","Cây",2,290000,580000,0,550755.38461538462,550755.38461538462,"KL",null,0]
["1832","2020-08-13","PX104",null,"HK4080 1.4 ","Hộp kẽm 40x80 (1.4) ","Cây",10,231000,2310000,0,2180348.9539748952,2180348.9539748952,"KL",null,0]
["1833","2020-08-13","PX104",null,"HK4080 1.4 ","Hộp kẽm 40x80 (1.4) ","Cây",1,238000,238000,0,218034.89539748954,218034.89539748954,"KL",null,0]
["1834","2020-08-13","PX104",null,"LC 30","La cứng 30","Cây",2,35000,70000,0,34000,34000,"KL",null,0]
["1835","2020-08-13","PX104",null,"CCN48","Chụp nhựa 48","Cái",12,1500,18000,0,5671.95652173913,5671.95652173913,"KL",null,0]
["1836","2020-08-13","PX104",null,"HK3060 1.2 ","Hộp kẽm 30x60 (1.2) ","Cây",3,160000,480000,0,440359.34579439252,440359.34579439252,"KL",null,0]
["1837","2020-08-13","PX104",null,"V40T","V đen 40(T)","Cây",1,200000,200000,0,167200,167200,"KL",null,0]
["1838","2020-08-13","PX104",null,"HK4080 1.4 ","Hộp kẽm 40x80 (1.4) ","Cây",6,238000,1428000,0,1308209.3723849372,1308209.3723849372,"KL",null,0]
["1839","2020-08-13","PX104",null,"HK3060 1.4 ","Hộp kẽm 30x60 (1.4) ","Cây",4,178000,712000,0,652222.42990654206,652222.42990654206,"KL",null,0]
["1840","2020-08-13","PX104",null,"VK75 1.4","Vuông kẽm 75 (1.4)","Cây",1,298000,298000,0,287505.71428571426,287505.71428571426,"KL",null,0]
["1841","2020-08-13","PX104",null,"HK4080 1.3","Hộp kẽm 40x80 (1.3)","Cây",8,226000,1808000,0,1690407.7669902912,1690407.7669902912,"KL",null,0]
["1842","2020-08-13","PX104-TT",null,null,"Thu tien luon",0,0,0,0,0,0,0,"KL",40994280,0]
["1843","2020-08-14","PX105",null,"I120","I 120","Cây",5,850000,4250000,0,3770652.173913043,3770652.173913043,"KL",null,0]
["1844","2020-08-14","PX105",null,"HK4080 1.4 ","Hộp kẽm 40x80 (1.4) ","Cây",10,236000,2360000,0,2180348.9539748952,2180348.9539748952,"KL",null,0]
["1845","2020-08-14","PX105",null,"HK3060 1.4 ","Hộp kẽm 30x60 (1.4) ","Cây",50,176000,8800000,0,8152780.373831776,8152780.373831776,"KL",null,0]
["1846","2020-08-14","PX105",null,"V50T","V đen 50(T)","Cây",5,290000,1450000,0,1302500,1302500,"KL",null,0]
["1847","2020-08-14","PX105",null,"LC 30","La cứng 30","Cây",10,25000,250000,0,170000,170000,"KL",null,0]
["1848","2020-08-14","PX105",null,"TL5.0 ĐA","Tole Lạnh 5.0 ĐÁ","Mét",71.05,98000,6962900,0,6297734.6018382348,6297734.6018382348,"KL",null,0]
["1849","2020-08-14","PX105",null,"TMXN3.5","Tôn XNgọc 3.5","Mét",10.8,62000,669600,0,557619.66623876768,557619.66623876768,"KL",null,0]
["1850","2020-08-14","PX105",null,"VK90 1.7 PX","Vuông kẽm 90 (1.7)","Cây",1,435000,435000,0,432158.62068965519,432158.62068965519,"KL",null,0]
["1851","2020-08-14","PX105",null,"TL5.0","Tôn Lạnh 5.0","Mét",4,88000,352000,0,304255.41927409259,304255.41927409259,"KL",null,0]
["1852","2020-08-14","PX105",null,"TNSV M 2.5M","Tôn nhựa sóng vuông mỏng 2.5m","Tấm",2,150000,300000,0,242500,242500,"KL",null,0]
["1853","2020-08-14","PX105",null,"VK50 1.8","Vuông kẽm 50 (1.8)","Cây",2,245000,490000,0,484525.9842519685,484525.9842519685,"KL",null,0]
["1854","2020-08-14","PX105",null,"HK3060 1.4 ","Hộp kẽm 30x60 (1.4) ","Cây",1,178000,178000,0,163055.60747663552,163055.60747663552,"KL",null,0]
["1855","2020-08-14","PX105",null,"VK30 1.4","Vuông kẽm 30 (1.4)","Cây",1,120000,120000,0,106537.31233933162,106537.31233933162,"KL",null,0]
["1856","2020-08-14","PX105",null,"HK4080 1.4 ","Hộp kẽm 40x80 (1.4) ","Cây",1,238000,238000,0,218034.89539748954,218034.89539748954,"KL",null,0]
["1857","2020-08-14","PX105",null,"BX36","Bánh xe 36 ","Cái",2,12000,24000,0,12307.9754601227,12307.9754601227,"KL",null,0]
["1858","2020-08-14","PX105",null,"VK40 1.4","Vuông kẽm 40 (1.4)","Cây",5,162000,810000,0,717143.00554016617,717143.00554016617,"KL",null,0]
["1859","2020-08-14","PX105",null,"HD2550 0.7","Hộp đen 25x50 (0.7)","Cây",90,76000,6840000,0,6544518.2242990648,6544518.2242990648,"KL",null,0]
["1860","2020-08-14","PX105",null,"HD2550 0.7","Hộp đen 25x50 (0.7)","Cây",50,80000,4000000,0,3635843.4579439252,3635843.4579439252,"KL",null,0]
["1861","2020-08-14","PX105",null,"V30Đ","V đen 30(Đ)","Cây",5,125000,625000,0,446557.55395683454,446557.55395683454,"KL",null,0]
["1862","2020-08-14","PX105",null,"VK40 1.4","Vuông kẽm 40 (1.4)","Cây",1,162000,162000,0,143428.60110803324,143428.60110803324,"KL",null,0]
["1863","2020-08-14","PX105",null,"TMXN4.5","Tôn XNgọc 4.5","Mét",1.6,78000,124800,0,104804.09563500769,104804.09563500769,"KL",null,0]
["1864","2020-08-14","PX105",null,"VK20 1.0","Vuông kẽm 20 (1.0)","Cây",5,63000,315000,0,255933.88429752068,255933.88429752068,"KL",null,0]
["1865","2020-08-14","PX105",null,"OK27 1.8","Ống kẽm 27 (1.8)","Cây",15,125000,1875000,0,1528756.0975609755,1528756.0975609755,"KL",null,0]
["1866","2020-08-14","PX105",null,"U65","U 65","Cây",1,320000,320000,0,259869.5652173913,259869.5652173913,"KL",null,0]
["1867","2020-08-14","PX105",null,"CN10L","Cách nhiệt 10 li","Mét",100,21000,2100000,0,1308256.0296846011,1308256.0296846011,"KL",null,0]
["1868","2020-08-14","PX105",null,"CCN50","Chụp nhựa 50","Cái",5,1500,7500,0,2500,2500,"KL",null,0]
["1869","2020-08-14","PX105",null,"BX36","Bánh xe 36 ","Cái",4,12000,48000,0,24615.950920245399,24615.950920245399,"KL",null,0]
["1870","2020-08-14","PX105-TT",null,null,"Thu tien luon",0,0,0,0,0,0,0,"KL",44106800,0]
["1871","2020-08-15","PX106",null,"VK30 1.8","Vuông kẽm 30 (1.8)","Cây",30,150000,4500000,0,4116000,4116000,"KL",null,0]
["1872","2020-08-15","PX106",null,"TMVK5.0PN","Tôn Vàng Kem 5.0 Phương Nam","Mét",13,122000,1586000,0,1449500,1449500,"KL",null,0]
["1873","2020-08-15","PX106",null,"HK4080 1.4 ","Hộp kẽm 40x80 (1.4) ","Cây",5,231000,1155000,0,1090174.4769874476,1090174.4769874476,"KL",null,0]
["1874","2020-08-15","PX106",null,"VK40 1.4","Vuông kẽm 40 (1.4)","Cây",40,155000,6200000,0,5737144.0443213293,5737144.0443213293,"KL",null,0]
["1875","2020-08-15","PX106",null,"TL4.5","Tôn Lạnh 4.5","Mét",30.5,83000,2531500,0,2162117.9123414075,2162117.9123414075,"KL",null,0]
["1876","2020-08-15","PX106",null,"TL5.0","Tôn Lạnh 5.0","Mét",29.5,105000,3097500,0,2243883.717146433,2243883.717146433,"KL",null,0]
["1877","2020-08-15","PX106",null,"TMXN4.5","Tôn XNgọc 4.5","Mét",12.17,74000,900580,0,797166.15242377715,797166.15242377715,"KL",null,0]
["1878","2020-08-15","PX106",null,"TMXN3.5","Tôn XNgọc 3.5","Mét",4.4000000000000004,60000,264000,0,227178.38254172017,227178.38254172017,"KL",null,0]
["1879","2020-08-15","PX106",null,"TMXN4.5","Tôn XNgọc 4.5","Mét",10.8,74000,799200,0,707427.64553630189,707427.64553630189,"KL",null,0]
["1880","2020-08-15","PX106",null,"TMXN4.5DA","Tôn XNgọc 4.5 ĐÁ","Mét",29.5,99000,2920500,0,2517668.0851063831,2517668.0851063831,"KL",null,0]
["1881","2020-08-15","PX106",null,"TMXN5.0DA","Tôn XNgọc 5.0 ĐÁ","Mét",60,108000,6480000,0,5646540.2572653648,5646540.2572653648,"KL",null,0]
["1882","2020-08-15","PX106",null,"TMXN4.5DA","Tôn XNgọc 4.5 ĐÁ","Mét",37,97000,3589000,0,3157753.1914893622,3157753.1914893622,"KL",null,0]
["1883","2020-08-15","PX106",null,"OK60 1.4 ","Ống kẽm 60 (1.4) ","Cây",1,200000,200000,0,176506.25,176506.25,"KL",null,0]
["1884","2020-08-15","PX106",null,"HK4080 1.4 ","Hộp kẽm 40x80 (1.4) ","Cây",2,232000,464000,0,436069.79079497908,436069.79079497908,"KL",null,0]
["1885","2020-08-15","PX106",null,"HK2550 1.2 ","Hộp kẽm 25x50 (1.2) ","Cây",2,132000,264000,0,251395.04132231406,251395.04132231406,"KL",null,0]
["1886","2020-08-15","PX106",null,"V40X","V đen 40(X)","Cây",2,120000,240000,0,194645.78313253011,194645.78313253011,"KL",null,0]
["1887","2020-08-15","PX106",null,"HK3060 1.4 ","Hộp kẽm 30x60 (1.4) ","Cây",5,178000,890000,0,815278.03738317755,815278.03738317755,"KL",null,0]
["1888","2020-08-15","PX106",null,"HK4080 1.4 ","Hộp kẽm 40x80 (1.4) ","Cây",5,238000,1190000,0,1090174.4769874476,1090174.4769874476,"KL",null,0]
["1889","2020-08-15","PX106",null,"VK100 2.0","Vuông kẽm 100 (2.0)","Cây",4,610000,2440000,0,2154000,2154000,"KL",null,0]
["1890","2020-08-15","PX106",null,"VK50 1.8","Vuông kẽm 50 (1.8)","Cây",50,251000,12550000,0,12113149.606299212,12113149.606299212,"KL",null,0]
["1891","2020-08-15","PX106",null,"VK40 1.8","Vuông kẽm 40 (1.8)","Cây",50,202000,10100000,0,9067695.0171821304,9067695.0171821304,"KL",null,0]
["1892","2020-08-15","PX106-TT",null,null,"Thu tien luon",0,0,0,0,0,0,0,"KL",62361280,0]
["1893","2020-08-16","PX107",null,"TNSV1.0 2.5M","Tôn nhựa sóng vuông (1.0) 2.5m","Tấm",3,187500,562500,0,468170.10309278348,468170.10309278348,"KL",null,0]
["1894","2020-08-16","PX107",null,"TMXN5.0DA","Tôn XNgọc 5.0 ĐÁ","Mét",108,104000,11232000,0,10163772.463077657,10163772.463077657,"KL",null,0]
["1895","2020-08-16","PX107",null,"TMXN4.5DA","Tôn XNgọc 4.5 ĐÁ","Mét",4,97000,388000,0,341378.72340425535,341378.72340425535,"KL",null,0]
["1896","2020-08-16","PX107",null,"TMXN5.0","Tôn XNgọc 5.0","Mét",11,86000,946000,0,806307.02361157304,806307.02361157304,"KL",null,0]
["1897","2020-08-16","PX107",null,"TMXN4.5DA","Tôn XNgọc 4.5 ĐÁ","Mét",53.7,97000,5208900,0,4583009.3617021283,4583009.3617021283,"KL",null,0]
["1898","2020-08-16","PX107",null,"VK100 2.0","Vuông kẽm 100 (2.0)","Cây",1,620000,620000,0,538500,538500,"KL",null,0]
["1899","2020-08-16","PX107",null,"HK4080 2.0","Hộp kẽm 40x80(2.0)","Cây",10,365000,3650000,0,3388502.702702703,3388502.702702703,"KL",null,0]
["1900","2020-08-16","PX107",null,"HK1326 1.2","Hộp kẽm 13x26 (1.2)","Cây",4,70000,280000,0,244305.17529215358,244305.17529215358,"KL",null,0]
["1901","2020-08-16","PX107",null,"TL5.0","Tôn Lạnh 5.0","Mét",4.7,88000,413600,0,357500.1176470588,357500.1176470588,"KL",null,0]
["1902","2020-08-16","PX107",null,"TL5.0","Tôn Lạnh 5.0","Mét",31.5,88000,2772000,0,2396011.4267834793,2396011.4267834793,"KL",null,0]
["1903","2020-08-16","PX107",null,"MANG30 1.2 6M","Máng cửa sổ 30 (1.2) 6m","Cây",2,192000,384000,0,252127.6595744681,252127.6595744681,"KL",null,0]
["1904","2020-08-16","PX107",null,"VK30 1.4","Vuông kẽm 30 (1.4)","Cây",6,120000,720000,0,639223.87403598975,639223.87403598975,"KL",null,0]
["1905","2020-08-16","PX107",null,"HK3060 1.2 ","Hộp kẽm 30x60 (1.2) ","Cây",3,160000,480000,0,440359.34579439252,440359.34579439252,"KL",null,0]
["1906","2020-08-16","PX107",null,"V30K","V kẽm 30","Cây",10,130000,1300000,0,1029000,1029000,"KL",null,0]
["1907","2020-08-16","PX107",null,"BX30","Bánh xe 30","Cái",2,12000,24000,0,12107.142857142857,12107.142857142857,"KL",null,0]
["1908","2020-08-16","PX107",null,"HK4080 2.0","Hộp kẽm 40x80(2.0)","Cây",1,365000,365000,0,338850.2702702703,338850.2702702703,"KL",null,0]
["1909","2020-08-16","PX107",null,"HK3060 1.4 ","Hộp kẽm 30x60 (1.4) ","Cây",5,178000,890000,0,815278.03738317755,815278.03738317755,"KL",null,0]
["1910","2020-08-16","PX107",null,"HK4080 1.4 ","Hộp kẽm 40x80 (1.4) ","Cây",2,235000,470000,0,436069.79079497908,436069.79079497908,"KL",null,0]
["1911","2020-08-16","PX107",null,"HK3060 1.4 ","Hộp kẽm 30x60 (1.4) ","Cây",3,176000,528000,0,489166.82242990658,489166.82242990658,"KL",null,0]
["1912","2020-08-16","PX107-TT",null,null,"Thu tien luon",0,0,0,0,0,0,0,"KL",31654000,0]
["1913","2020-08-17","PX108",null,"VK30 1.4","Vuông kẽm 30 (1.4)","Cây",11,120000,1320000,0,1171910.4357326478,1171910.4357326478,"KL",null,0]
["1914","2020-08-17","PX108",null,"TL5.0","Tôn Lạnh 5.0","Mét",2,90000,180000,0,152127.7096370463,152127.7096370463,"KL",null,0]
["1915","2020-08-17","PX108",null,"TL5.0","Tôn Lạnh 5.0","Mét",24.5,88000,2156000,0,1863564.4430538171,1863564.4430538171,"KL",null,0]
["1916","2020-08-17","PX108",null,"HK3060 1.4 ","Hộp kẽm 30x60 (1.4) ","Cây",4,180000,720000,0,652222.42990654206,652222.42990654206,"KL",null,0]
["1917","2020-08-17","PX108",null,"BX30","Bánh xe 30","Cái",8,12000,96000,0,48428.571428571428,48428.571428571428,"KL",null,0]
["1918","2020-08-17","PX108",null,"OK90 1.4 ","Ống kẽm 90 (1.4) ","Cây",2,280000,560000,0,555000,555000,"KL",null,0]
["1919","2020-08-17","PX108",null,"TMXN4.0","Tôn XNgọc 4.0","Mét",6,74000,444000,0,359695.02476846869,359695.02476846869,"KL",null,0]
["1920","2020-08-17","PX108",null,"TMXN5.0","Tôn XNgọc 5.0","Mét",51.5,80000,4120000,0,3774982.8832723647,3774982.8832723647,"KL",null,0]
["1921","2020-08-17","PX108",null,"TMXN4.0","Tôn XNgọc 4.0","Mét",26.5,69000,1828500,0,1588653.0260607367,1588653.0260607367,"KL",null,0]
["1922","2020-08-17","PX108",null,"TMXN4.5","Tôn XNgọc 4.5","Mét",1.93,74000,142820,0,126419.94035972802,126419.94035972802,"KL",null,0]
["1923","2020-08-17","PX108",null,"TMXN4.0DA","Tôn XNgọc 4.0 ĐÁ","Mét",3.2,94000,300800,0,0,0,"KL",null,0]
["1924","2020-08-17","PX108",null,"TMVK5.0PN","Tôn Vàng Kem 5.0 Phương Nam","Mét",106.8,122000,13029600,0,11908200,11908200,"KL",null,0]
["1925","2020-08-17","PX108",null,"VK75 1.8","Vuông kẽm 75 (1.8)","Cây",3,387000,1161000,0,1091562.5,1091562.5,"KL",null,0]
["1926","2020-08-17","PX108",null,"VK40 1.4","Vuông kẽm 40 (1.4)","Cây",8,162000,1296000,0,1147428.8088642659,1147428.8088642659,"KL",null,0]
["1927","2020-08-17","PX108",null,"HK2040 1.4 ","Hộp kẽm 20x40 (1.4) ","Cây",25,120000,3000000,0,2715494.9664429529,2715494.9664429529,"KL",null,0]
["1928","2020-08-17","PX108",null,"MANG36 1.4 6M","Máng cửa đi 36 (1.4) 6m","Cây",1,240000,240000,0,175500,175500,"KL",null,0]
["1929","2020-08-17","PX108",null,"BX48","Bánh xe 48","Cái",2,15000,30000,0,24000,24000,"KL",null,0]
["1930","2020-08-17","PX108",null,"HK4080 1.8","Hộp kẽm 40x80 (1.8)","Cây",1,305000,305000,0,273655.82548476453,273655.82548476453,"KL",null,0]
["1931","2020-08-17","PX108",null,"VK30 1.4","Vuông kẽm 30 (1.4)","Cây",4,120000,480000,0,426149.24935732648,426149.24935732648,"KL",null,0]
["1932","2020-08-17","PX108",null,"V40X","V đen 40(X)","Cây",20,125000,2500000,0,1946457.831325301,1946457.831325301,"KL",null,0]
["1933","2020-08-17","PX108",null,"HK4080 1.4 ","Hộp kẽm 40x80 (1.4) ","Cây",4,238000,952000,0,872139.58158995816,872139.58158995816,"KL",null,0]
["1934","2020-08-17","PX108",null,"HK5010 1.8","Hộp kẽm 50x100 (1.8)","Cây",30,350000,10500000,0,10304080.120481927,10304080.120481927,"KL",null,0]
["1935","2020-08-17","PX108",null,"HK4080 1.8","Hộp kẽm 40x80 (1.8)","Cây",30,281000,8430000,0,8209674.7645429354,8209674.7645429354,"KL",null,0]
["1936","2020-08-17","PX108",null,"HK3060 1.2 ","Hộp kẽm 30x60 (1.2) ","Cây",1,160000,160000,0,146786.44859813084,146786.44859813084,"KL",null,0]
["1937","2020-08-17","PX108",null,"VK20 1.2","Vuông kẽm 20 (1.2)","Cây",5,70000,350000,0,318202.76497695851,318202.76497695851,"KL",null,0]
["1938","2020-08-17","PX108",null,"VK30 1.2","Vuông kẽm 30 (1.2)","Cây",6,107000,642000,0,568060.48951048951,568060.48951048951,"KL",null,0]
["1939","2020-08-17","PX108",null,"OK21 1.2 ","Ống kẽm 21 (1.2) ","Cây",6,63000,378000,0,328180.6451612903,328180.6451612903,"KL",null,0]
["1940","2020-08-17","PX108",null,"VK40 1.4","Vuông kẽm 40 (1.4)","Cây",10,162000,1620000,0,1434286.0110803323,1434286.0110803323,"KL",null,0]
["1941","2020-08-17","PX108",null,"TNSV1.0 2.5M","Tôn nhựa sóng vuông (1.0) 2.5m","Tấm",11,172500,1897500,0,1716623.7113402062,1716623.7113402062,"KL",null,0]
["1942","2020-08-17","PX108",null,"V50Đ","V đen 50(Đ)","Cây",6,215000,1290000,0,1193509.8591549294,1193509.8591549294,"KL",null,0]
["1943","2020-08-17","PX108",null,"V50Đ","V đen 50(Đ)","Cây",1,220000,220000,0,198918.30985915492,198918.30985915492,"KL",null,0]
["1944","2020-08-17","PX108",null,"V40Đ","V đen 40(Đ)","Cây",1,155000,155000,0,129411.76470588235,129411.76470588235,"KL",null,0]
["1945","2020-08-17","PX108",null,"LC 14","La cứng 14","Cây",3,12000,36000,0,24912.898832684823,24912.898832684823,"KL",null,0]
["1946","2020-08-17","PX108-TT",null,null,"Thu tien luon",0,0,0,0,0,0,0,"KL",59221540,0]
["1947","2020-08-18","PX109",null,"TMXN4.5DA","Tôn XNgọc 4.5 ĐÁ","Mét",168.3,100000,16830000,0,14363509.787234046,14363509.787234046,"KL",null,0]
["1948","2020-08-18","PX109",null,"TMXN4.0","Tôn XNgọc 4.0","Mét",12,68000,816000,0,719390.04953693738,719390.04953693738,"KL",null,0]
["1949","2020-08-18","PX109",null,"HK4080 2.0","Hộp kẽm 40x80(2.0)","Cây",2,365000,730000,0,677700.54054054059,677700.54054054059,"KL",null,0]
["1950","2020-08-18","PX109",null,"HK4080 1.4 ","Hộp kẽm 40x80 (1.4) ","Cây",8,238000,1904000,0,1744279.1631799163,1744279.1631799163,"KL",null,0]
["1951","2020-08-18","PX109",null,"HK3060 1.3","Hộp kẽm 30x60 (1.3)","Cây",4,171000,684000,0,621412.17391304346,621412.17391304346,"KL",null,0]
["1952","2020-08-18","PX109",null,"V50Đ","V đen 50(Đ)","Cây",1,235000,235000,0,198918.30985915492,198918.30985915492,"KL",null,0]
["1953","2020-08-18","PX109",null,"VK30 1.4","Vuông kẽm 30 (1.4)","Cây",10,125000,1250000,0,1065373.1233933163,1065373.1233933163,"KL",null,0]
["1954","2020-08-18","PX109",null,"VK20 1.4","Vuông kẽm 20 (1.4)","Cây",3,85000,255000,0,204529.4117647059,204529.4117647059,"KL",null,0]
["1955","2020-08-18","PX109",null,"V30Đ","V đen 30(Đ)","Cây",2,125000,250000,0,178623.02158273381,178623.02158273381,"KL",null,0]
["1956","2020-08-18","PX109",null,"V40T","V đen 40(T)","Cây",3,200000,600000,0,501600,501600,"KL",null,0]
["1957","2020-08-18","PX109",null,"V50T","V đen 50(T)","Cây",2,290000,580000,0,521000,521000,"KL",null,0]
["1958","2020-08-18","PX109",null,"TL5.0","Tôn Lạnh 5.0","Mét",60.6,88000,5332800,0,4609469.6020025034,4609469.6020025034,"KL",null,0]
["1959","2020-08-18","PX109",null,"TL3.5","Tôn Lạnh 3.5","Mét",21,68000,1428000,0,1245300,1245300,"KL",null,0]
["1960","2020-08-18","PX109",null,"TL4.5","Tôn Lạnh 4.5","Mét",10,79000,790000,0,708891.11880046141,708891.11880046141,"KL",null,0]
["1961","2020-08-18","PX109-TT",null,null,"Thu tien luon",0,0,0,0,0,0,0,"KL",31684800,0]
["1962","2020-08-29","PX110",null,"VK40 1.4","Vuông kẽm 40 (1.4)","Cây",7,155000,1085000,0,1004000.2077562327,1004000.2077562327,"KL",null,0]
["1963","2020-08-29","PX110",null,"TNSV1.0 3.0M","Tôn nhựa sóng vuông (1.0) 3.0m","Tấm",2,207000,414000,0,368571.42857142858,368571.42857142858,"KL",null,0]
["1964","2020-08-29","PX110",null,"TMXN5.0","Tôn XNgọc 5.0","Mét",2.15,86000,184900,0,157596.37279680747,157596.37279680747,"KL",null,0]
["1965","2020-08-19","PX110",null,"TMXN4.5","Tôn XNgọc 4.5","Mét",18,78000,1404000,0,1179046.0758938363,1179046.0758938363,"KL",null,0]
["1966","2020-08-19","PX110",null,"TMXN4.5","Tôn XNgọc 4.5","Mét",45,78000,3510000,0,2947615.1897345912,2947615.1897345912,"KL",null,0]
["1967","2020-08-19","PX110",null,"TMXN4.5","Tôn XNgọc 4.5","Mét",22.05,78000,1719900,0,1444331.4429699497,1444331.4429699497,"KL",null,0]
["1968","2020-08-19","PX110",null,"TNSV1.0 3.0M","Tôn nhựa sóng vuông (1.0) 3.0m","Tấm",2,225000,450000,0,368571.42857142858,368571.42857142858,"KL",null,0]
["1969","2020-08-19","PX110",null,"VK40 1.2","Vuông kẽm 40 (1.2)","Cây",10,143000,1430000,0,1283455.5555555555,1283455.5555555555,"KL",null,0]
["1970","2020-08-19","PX110",null,"VK75 1.4","Vuông kẽm 75 (1.4)","Cây",2,298000,596000,0,575011.42857142852,575011.42857142852,"KL",null,0]
["1971","2020-08-19","PX110",null,"HK4080 1.4 ","Hộp kẽm 40x80 (1.4) ","Cây",4,238000,952000,0,872139.58158995816,872139.58158995816,"KL",null,0]
["1972","2020-08-19","PX110",null,"TMXN4.5","Tôn XNgọc 4.5","Mét",38.4,78000,2995200,0,2515298.2952401843,2515298.2952401843,"KL",null,0]
["1973","2020-08-19","PX110",null,"V40X","V đen 40(X)","Cây",10,127000,1270000,0,973228.91566265048,973228.91566265048,"KL",null,0]
["1974","2020-08-19","PX110",null,"HK5010 1.4 ","Hộp kẽm 50x100 (1.4) ","Cây",11,298000,3278000,0,3029154.6153846155,3029154.6153846155,"KL",null,0]
["1975","2020-08-19","PX110",null,"TL4.5","Tôn Lạnh 4.5","Mét",40.9,81000,3312900,0,2899364.6758938869,2899364.6758938869,"KL",null,0]
["1976","2020-08-19","PX110",null,"TL3.5","Tôn Lạnh 3.5","Mét",2.5,68000,170000,0,148250,148250,"KL",null,0]
["1977","2020-08-19","PX110",null,"HK3060 2.0","Hộp kẽm 30x60 (2.0)","Cây",3,264000,792000,0,736236.73469387752,736236.73469387752,"KL",null,0]
["1978","2020-08-19","PX110",null,"CCN48","Chụp nhựa 48","Cái",22,1500,33000,0,10398.58695652174,10398.58695652174,"KL",null,0]
["1979","2020-08-19","PX110-TT",null,null,"Thu tien luon",0,0,0,0,0,0,0,"KL",23596900,0]
["1980","2020-08-20","PX111",null,"TMXN4.5","Tôn XNgọc 4.5","Mét",365.4,76000,27770400,0,23934635.340644877,23934635.340644877,"KL",null,0]
["1981","2020-08-20","PX111",null,"TMXN3.5","Tôn XNgọc 3.5","Mét",80,62000,4960000,0,4130516.0462130937,4130516.0462130937,"KL",null,0]
["1982","2020-08-20","PX111",null,"TMXN4.0","Tôn XNgọc 4.0","Mét",34.04,73000,2484920,0,2040669.7738531122,2040669.7738531122,"KL",null,0]
["1983","2020-08-20","PX111",null,"TMXN3.5","Tôn XNgọc 3.5","Mét",91,59000,5369000,0,4698462.0025673946,4698462.0025673946,"KL",null,0]
["1984","2020-08-20","PX111",null,"TMXN4.5DA","Tôn XNgọc 4.5 ĐÁ","Mét",17.5,97000,1697500,0,1493531.9148936172,1493531.9148936172,"KL",null,0]
["1985","2020-08-20","PX111",null,"TMXN4.5","Tôn XNgọc 4.5","Mét",4.2,74000,310800,0,275110.75104189519,275110.75104189519,"KL",null,0]
["1986","2020-08-20","PX111",null,"OK60 2.0","Ống kẽm 60 (2.0)","Cây",5,320000,1600000,0,1343142.857142857,1343142.857142857,"KL",null,0]
["1987","2020-08-20","PX111",null,"HK612 1.8","Hộp Kẽm 60x120 (1.8)","Cây",11,475000,5225000,0,4558285.7142857146,4558285.7142857146,"KL",null,0]
["1988","2020-08-20","PX111",null,"HK5010 1.4 ","Hộp kẽm 50x100 (1.4) ","Cây",5,300000,1500000,0,1376888.4615384615,1376888.4615384615,"KL",null,0]
["1989","2020-08-20","PX111",null,"HK5010 1.8","Hộp kẽm 50x100 (1.8)","Cây",20,350000,7000000,0,6869386.7469879519,6869386.7469879519,"KL",null,0]
["1990","2020-08-20","PX111",null,"HK612 1.8","Hộp Kẽm 60x120 (1.8)","Cây",20,423000,8460000,0,8287792.2077922076,8287792.2077922076,"KL",null,0]
["1991","2020-08-20","PX111",null,"V40Đ","V đen 40(Đ)","Cây",2,135000,270000,0,258823.5294117647,258823.5294117647,"KL",null,0]
["1992","2020-08-20","PX111-TT",null,null,"Thu tien luon",0,0,0,0,0,0,0,"KL",66647620,0]
["1993","2020-08-21","PX112",null,"TL4.5","Tôn Lạnh 4.5","Mét",19.600000000000001,81000,1587600,0,1389426.5928489044,1389426.5928489044,"KL",null,0]
["1994","2020-08-21","PX112",null,"TL4.5","Tôn Lạnh 4.5","Mét",19.3,83000,1601900,0,1368159.8592848906,1368159.8592848906,"KL",null,0]
["1995","2020-08-21","PX112",null,"TL5.0","Tôn Lạnh 5.0","Mét",31.5,88000,2772000,0,2396011.4267834793,2396011.4267834793,"KL",null,0]
["1996","2020-08-21","PX112",null,"HK4080 1.8","Hộp kẽm 40x80 (1.8)","Cây",5,305000,1525000,0,1368279.1274238226,1368279.1274238226,"KL",null,0]
["1997","2020-08-21","PX112",null,"HK4080 1.4 ","Hộp kẽm 40x80 (1.4) ","Cây",2,238000,476000,0,436069.79079497908,436069.79079497908,"KL",null,0]
["1998","2020-08-21","PX112",null,"HK4080 1.4 ","Hộp kẽm 40x80 (1.4) ","Cây",3,238000,714000,0,654104.68619246862,654104.68619246862,"KL",null,0]
["1999","2020-08-21","PX112",null,"VK40 1.4","Vuông kẽm 40 (1.4)","Cây",2,162000,324000,0,286857.20221606648,286857.20221606648,"KL",null,0]
["2000","2020-08-21","PX112",null,"HK2040 1.4 ","Hộp kẽm 20x40 (1.4) ","Cây",15,120000,1800000,0,1629296.9798657717,1629296.9798657717,"KL",null,0]
["2001","2020-08-21","PX112",null,"HK3060 1.4 ","Hộp kẽm 30x60 (1.4) ","Cây",2,178000,356000,0,326111.21495327103,326111.21495327103,"KL",null,0]
["2002","2020-08-21","PX112",null,"HK3060 1.4 ","Hộp kẽm 30x60 (1.4) ","Cây",20,178000,3560000,0,3261112.1495327102,3261112.1495327102,"KL",null,0]
["2003","2020-08-21","PX112",null,"HK3060 1.4 ","Hộp kẽm 30x60 (1.4) ","Cây",25,178000,4450000,0,4076390.186915888,4076390.186915888,"KL",null,0]
["2004","2020-08-21","PX112",null,"HK3060 1.2 ","Hộp kẽm 30x60 (1.2) ","Cây",2,160000,320000,0,293572.89719626168,293572.89719626168,"KL",null,0]
["2005","2020-08-21","PX112",null,"HK3060 1.2 ","Hộp kẽm 30x60 (1.2) ","Cây",7,178000,1246000,0,1027505.1401869159,1027505.1401869159,"KL",null,0]
["2006","2020-08-21","PX112",null,"V50T","V đen 50(T)","Cây",2,290000,580000,0,521000,521000,"KL",null,0]
["2007","2020-08-21","PX112",null,"V30Đ","V đen 30(Đ)","Cây",2,120000,240000,0,178623.02158273381,178623.02158273381,"KL",null,0]
["2008","2020-08-21","PX112",null,"TMXN3.5","Tôn XNgọc 3.5","Mét",48,65000,3120000,0,2478309.6277278564,2478309.6277278564,"KL",null,0]
["2009","2020-08-21","PX112",null,"TMXN3.0","Tôn XNgọc 3.0","Mét",1.6,60000,96000,0,74336.057176891001,74336.057176891001,"KL",null,0]
["2010","2020-08-21","PX112",null,"TMXN5.0DA","Tôn XNgọc 5.0 ĐÁ","Mét",22.2,104000,2308800,0,2089219.8951881849,2089219.8951881849,"KL",null,0]
["2011","2020-08-21","PX112",null,"TMXN4.0","Tôn XNgọc 4.0","Mét",2.5,74000,185000,0,149872.92698686194,149872.92698686194,"KL",null,0]
["2012","2020-08-21","PX112",null,"TMXN4.5","Tôn XNgọc 4.5","Mét",9.8000000000000007,75000,735000,0,641925.08576442208,641925.08576442208,"KL",null,0]
["2013","2020-08-21","PX112",null,"TMXN3.0","Tôn XNgọc 3.0","Mét",53.4,55000,2937000,0,2480965.9082787372,2480965.9082787372,"KL",null,0]
["2014","2020-08-21","PX112",null,"TMXN4.5DA","Tôn XNgọc 4.5 ĐÁ","Mét",40.4,97000,3918800,0,3447925.1063829791,3447925.1063829791,"KL",null,0]
["2015","2020-08-21","PX112",null,"TMVK5.0PN","Tôn Vàng Kem 5.0 Phương Nam","Mét",11.3,122000,1378600,0,1259950,1259950,"KL",null,0]
["2016","2020-08-21","PX112",null,"OK34 1.8","Ống kẽm 34 (1.8)","Cây",1,155000,155000,0,133515.38461538462,133515.38461538462,"KL",null,0]
["2017","2020-08-21","PX112",null,"VK40 1.4","Vuông kẽm 40 (1.4)","Cây",4,162000,648000,0,573714.40443213296,573714.40443213296,"KL",null,0]
["2018","2020-08-21","PX112",null,"VK20 1.0","Vuông kẽm 20 (1.0)","Cây",5,62000,310000,0,255933.88429752068,255933.88429752068,"KL",null,0]
["2019","2020-08-21","PX112",null,"HD2550 0.7","Hộp đen 25x50 (0.7)","Cây",150,80000,12000000,0,10907530.373831775,10907530.373831775,"KL",null,0]
["2020","2020-08-21","PX112",null,"OD16 0.5","Ống đen 16 (0.5)","Cây",200,24500,4900000,0,4707808.9587659454,4707808.9587659454,"KL",null,0]
["2021","2020-08-21","PX112",null,"LC 14","La cứng 14","Cây",60,10730,643800,0,498257.97665369645,498257.97665369645,"KL",null,0]
["2022","2020-08-21","PX112",null,"MANG36 1.2 4M","Máng cửa đi 36 (1.2) 4m","Cây",1,128000,128000,0,109354.83870967742,109354.83870967742,"KL",null,0]
["2023","2020-08-21","PX112",null,"BX48","Bánh xe 48","Cái",4,15000,60000,0,48000,48000,"KL",null,0]
["2024","2020-08-21","PX112",null,"V40X","V đen 40(X)","Cây",1,120000,120000,0,97322.891566265054,97322.891566265054,"KL",null,0]
["2025","2020-08-21","PX112",null,"VK90 1.7 PX","Vuông kẽm 90 (1.7)","Cây",4,460000,1840000,0,1728634.4827586208,1728634.4827586208,"KL",null,0]
["2026","2020-08-21","PX112",null,"V40X","V đen 40(X)","Cây",1,125000,125000,0,97322.891566265054,97322.891566265054,"KL",null,0]
["2027","2020-08-21","PX112",null,"CCS36","Chụp chông sắt 36","Cái",30,2500,75000,0,55505.016722408021,55505.016722408021,"KL",null,0]
["2028","2020-08-21","PX112",null,"VL30","V Lỗ 30","Cây",10,42000,420000,0,324000,324000,"KL",null,0]
["2029","2020-08-21","PX112",null,"VL40","V Lỗ 40","Cây",10,53000,530000,0,431842.10526315786,431842.10526315786,"KL",null,0]
["2030","2020-08-21","PX112",null,"VK30 1.4","Vuông kẽm 30 (1.4)","Cây",3,125000,375000,0,319611.93701799487,319611.93701799487,"KL",null,0]
["2031","2020-08-21","PX112",null,"HK1326 1.2","Hộp kẽm 13x26 (1.2)","Cây",1,70000,70000,0,61076.293823038395,61076.293823038395,"KL",null,0]
["2032","2020-08-21","PX112-TT",null,null,"Thu tien luon",0,0,0,0,0,0,0,"KL",58631500,0]
["2033","2020-08-22","PX113",null,"HK4080 1.8","Hộp kẽm 40x80 (1.8)","Cây",6,305000,1830000,0,1641934.9529085872,1641934.9529085872,"KL",null,0]
["2034","2020-08-22","PX113",null,"HK4080 1.8","Hộp kẽm 40x80 (1.8)","Cây",1,290000,290000,0,273655.82548476453,273655.82548476453,"KL",null,0]
["2035","2020-08-22","PX113",null,"TL5.0 ĐA","Tole Lạnh 5.0 ĐÁ","Mét",172.5,100000,17250000,0,15290066.415441176,15290066.415441176,"KL",null,0]
["2036","2020-08-22","PX113",null,"VK75 1.4","Vuông kẽm 75 (1.4)","Cây",4,298000,1192000,0,1150022.857142857,1150022.857142857,"KL",null,0]
["2037","2020-08-22","PX113",null,"HK4080 1.4 ","Hộp kẽm 40x80 (1.4) ","Cây",3,238000,714000,0,654104.68619246862,654104.68619246862,"KL",null,0]
["2038","2020-08-22","PX113",null,"HK3060 1.4 ","Hộp kẽm 30x60 (1.4) ","Cây",15,178000,2670000,0,2445834.1121495329,2445834.1121495329,"KL",null,0]
["2039","2020-08-22","PX113",null,"TMXN4.5DA","Tôn XNgọc 4.5 ĐÁ","Mét",50,99000,4950000,0,4267234.042553192,4267234.042553192,"KL",null,0]
["2040","2020-08-22","PX113",null,"TL5.0 ĐA","Tole Lạnh 5.0 ĐÁ","Mét",19.2,130000,2496000,0,1701850.8705882353,1701850.8705882353,"KL",null,0]
["2041","2020-08-22","PX113",null,"TL5.0 ĐA","Tole Lạnh 5.0 ĐÁ","Mét",25,100000,2500000,0,2215951.6544117648,2215951.6544117648,"KL",null,0]
["2042","2020-08-22","PX113",null,"HK3060 1.4 ","Hộp kẽm 30x60 (1.4) ","Cây",5,178000,890000,0,815278.03738317755,815278.03738317755,"KL",null,0]
["2043","2020-08-22","PX113",null,"HK4080 1.4 ","Hộp kẽm 40x80 (1.4) ","Cây",1,238000,238000,0,218034.89539748954,218034.89539748954,"KL",null,0]
["2044","2020-08-22","PX113",null,"TMXN3.0","Tôn XNgọc 3.0","Mét",88,55000,4840000,0,4088483.1447290052,4088483.1447290052,"KL",null,0]
["2045","2020-08-22","PX113",null,"HK5010 1.4 ","Hộp kẽm 50x100 (1.4) ","Cây",6,300000,1800000,0,1652266.153846154,1652266.153846154,"KL",null,0]
["2046","2020-08-22","PX113",null,"HK612 1.8","Hộp Kẽm 60x120 (1.8)","Cây",1,475000,475000,0,414389.6103896104,414389.6103896104,"KL",null,0]
["2047","2020-08-22","PX113-TT",null,null,"Thu tien luon",0,0,0,0,0,0,0,"KL",42135000,0]
["2048","2020-08-23","PX114",null,"VK30 1.4","Vuông kẽm 30 (1.4)","Cây",1,120000,120000,0,106537.31233933162,106537.31233933162,"KL",null,0]
["2049","2020-08-23","PX114",null,"TMXN5.0DA","Tôn XNgọc 5.0 ĐÁ","Mét",3,106000,318000,0,282327.01286326826,282327.01286326826,"KL",null,0]
["2050","2020-08-23","PX114",null,"TMXN4.5","Tôn XNgọc 4.5","Mét",7,80000,560000,0,458517.9184031586,458517.9184031586,"KL",null,0]
["2051","2020-08-23","PX114",null,"TMXN5.0DA","Tôn XNgọc 5.0 ĐÁ","Mét",31.5,104000,3276000,0,2964433.6350643164,2964433.6350643164,"KL",null,0]
["2052","2020-08-23","PX114",null,"TMXN4.5","Tôn XNgọc 4.5","Mét",58.8,78000,4586400,0,3851550.514586532,3851550.514586532,"KL",null,0]
["2053","2020-08-23","PX114",null,"TMXN3.0","Tôn XNgọc 3.0","Mét",10.6,58000,614800,0,492476.37879690289,492476.37879690289,"KL",null,0]
["2054","2020-08-23","PX114",null,"TMXN3.0","Tôn XNgọc 3.0","Mét",10,55000,550000,0,464600.35735556879,464600.35735556879,"KL",null,0]
["2055","2020-08-23","PX114",null,"TMXN3.5","Tôn XNgọc 3.5","Mét",7.5,59000,442500,0,387235.87933247752,387235.87933247752,"KL",null,0]
["2056","2020-08-23","PX114",null,"TL5.0","Tôn Lạnh 5.0","Mét",16.75,84000,1407000,0,1274069.5682102628,1274069.5682102628,"KL",null,0]
["2057","2020-08-23","PX114",null,"BX30","Bánh xe 30","Cái",2,12000,24000,0,12107.142857142857,12107.142857142857,"KL",null,0]
["2058","2020-08-23","PX114",null,"VK25 1.4","Vuông kẽm 25 (1.4)","Cây",2,107000,214000,0,176377.04918032786,176377.04918032786,"KL",null,0]
["2059","2020-08-23","PX114",null,"HK1326 1.2","Hộp kẽm 13x26 (1.2)","Cây",1,72000,72000,0,61076.293823038395,61076.293823038395,"KL",null,0]
["2060","2020-08-23","PX114",null,"LC 20 5","La cứng 20 5li","Cây",1,40000,40000,0,22800,22800,"KL",null,0]
["2061","2020-08-23","PX114",null,"HK3060 1.4 ","Hộp kẽm 30x60 (1.4) ","Cây",1,178000,178000,0,163055.60747663552,163055.60747663552,"KL",null,0]
["2062","2020-08-23","PX114",null,"HK3060 1.4 ","Hộp kẽm 30x60 (1.4) ","Cây",1,180000,180000,0,163055.60747663552,163055.60747663552,"KL",null,0]
["2063","2020-08-23","PX114",null,"HK1326 1.2","Hộp kẽm 13x26 (1.2)","Cây",10,70000,700000,0,610762.93823038391,610762.93823038391,"KL",null,0]
["2064","2020-08-23","PX114",null,"HK4080 1.4 ","Hộp kẽm 40x80 (1.4) ","Cây",5,236000,1180000,0,1090174.4769874476,1090174.4769874476,"KL",null,0]
["2065","2020-08-23","PX114",null,"HK3060 1.4 ","Hộp kẽm 30x60 (1.4) ","Cây",20,176000,3520000,0,3261112.1495327102,3261112.1495327102,"KL",null,0]
["2066","2020-08-23","PX114",null,"VK30 1.4","Vuông kẽm 30 (1.4)","Cây",5,120000,600000,0,532686.56169665814,532686.56169665814,"KL",null,0]
["2067","2020-08-23","PX114",null,"I120","I 120","Cây",1,850000,850000,0,754130.43478260865,754130.43478260865,"KL",null,0]
["2068","2020-08-23","PX114",null,"CN10L","Cách nhiệt 10 li","Mét",30.1,34000,1023400,0,393785.06493506499,393785.06493506499,"KL",null,0]
["2069","2020-08-23","PX114",null,"CN5L","Cách nhiệt 5 li","Mét",19.2,28000,537600,0,147200,147200,"KL",null,0]
["2070","2020-08-23","PX114",null,"MANG30 1.2 4M","Máng cửa sổ 30 (1.2) 4m","Cây",1,104000,104000,0,86871.794871794875,86871.794871794875,"KL",null,0]
["2071","2020-08-23","PX114",null,"MANG30 1.2 6M","Máng cửa sổ 30 (1.2) 6m","Cây",4,156000,624000,0,504255.31914893619,504255.31914893619,"KL",null,0]
["2072","2020-08-23","PX114",null,"MANG30 1.2 5M","Máng cửa sổ 30 (1.2) 5m","Cây",13,130000,1690000,0,1390277.7777777778,1390277.7777777778,"KL",null,0]
["2073","2020-08-23","PX114-TT",null,null,"Thu tien luon",0,0,0,0,0,0,0,"KL",23411700,0]
["2074","2020-08-25","PX115",null,"TMXN5.0DA","Tôn XNgọc 5.0 ĐÁ","Mét",9,104000,936000,0,846981.03858980467,846981.03858980467,"KL",null,0]
["2075","2020-08-25","PX115",null,"TMXN4.0","Tôn XNgọc 4.0","Mét",4.97,68000,337960,0,297947.37884988153,297947.37884988153,"KL",null,0]
["2076","2020-08-25","PX115",null,"HK3060 1.4 ","Hộp kẽm 30x60 (1.4) ","Cây",2,178000,356000,0,326111.21495327103,326111.21495327103,"KL",null,0]
["2077","2020-08-25","PX115",null,"HK3060 1.8","Hộp kẽm 30x60 (1.8)","Cây",17,238000,4046000,0,3438630.4093357269,3438630.4093357269,"KL",null,0]
["2078","2020-08-25","PX115",null,"TL4.5","Tôn Lạnh 4.5","Mét",29.4,83000,2440200,0,2084139.8892733564,2084139.8892733564,"KL",null,0]
["2079","2020-08-25","PX115",null,"CN5L","Cách nhiệt 5 li","Mét",29.4,23000,676200,0,225400,225400,"KL",null,0]
["2080","2020-08-25","PX115",null,"TL5.0 ĐA","Tole Lạnh 5.0 ĐÁ","Mét",7,100000,700000,0,620466.4632352941,620466.4632352941,"KL",null,0]
["2081","2020-08-25","PX115",null,"TL4.5","Tôn Lạnh 4.5","Mét",4,86000,344000,0,283556.44752018456,283556.44752018456,"KL",null,0]
["2082","2020-08-25","PX115",null,"TL5.0","Tôn Lạnh 5.0","Mét",26.4,86000,2270400,0,2008085.7672090109,2008085.7672090109,"KL",null,0]
["2083","2020-08-25","PX115",null,"TL5.0","Tôn Lạnh 5.0","Mét",36,88000,3168000,0,2738298.7734668334,2738298.7734668334,"KL",null,0]
["2084","2020-08-25","PX115",null,"VK30 1.8","Vuông kẽm 30 (1.8)","Cây",3,165000,495000,0,411600,411600,"KL",null,0]
["2085","2020-08-25","PX115",null,"HK1326 1.2","Hộp kẽm 13x26 (1.2)","Cây",6,70000,420000,0,366457.76293823036,366457.76293823036,"KL",null,0]
["2086","2020-08-25","PX115",null,"HK4080 1.8","Hộp kẽm 40x80 (1.8)","Cây",2,305000,610000,0,547311.65096952906,547311.65096952906,"KL",null,0]
["2087","2020-08-25","PX115",null,"HK2040 1.2 ","Hộp kẽm 20x40 (1.2) ","Cây",1,115000,115000,0,96346.131805157594,96346.131805157594,"KL",null,0]
["2088","2020-08-25","PX115",null,"VK20 1.4","Vuông kẽm 20 (1.4)","Cây",1,80000,80000,0,68176.470588235301,68176.470588235301,"KL",null,0]
["2089","2020-08-25","PX115",null,"VK30 1.4","Vuông kẽm 30 (1.4)","Cây",5,118000,590000,0,532686.56169665814,532686.56169665814,"KL",null,0]
["2090","2020-08-25","PX115",null,"NCN","Nẹp tam giác Nhỏ","Cây",5,12000,60000,0,37000,37000,"KL",null,0]
["2091","2020-08-25","PX115",null,"NCL","Nẹp tam giác Lớn (8kg)","Cây",1,16000,16000,0,13300,13300,"KL",null,0]
["2092","2020-08-25","PX115",null,"OK34 1.2","Ống kẽm 34 (1.2)","Cây",1,100000,100000,0,85925,85925,"KL",null,0]
["2093","2020-08-25","PX115-TT",null,null,"Thu tien luon",0,0,0,0,0,0,0,"KL",17760760,0]
["2094","2020-08-26","PX116",null,"TMXN3.0","Tôn XNgọc 3.0","Mét",7.2,60000,432000,0,334512.25729600951,334512.25729600951,"KL",null,0]
["2095","2020-08-26","PX116",null,"TMXN4.0","Tôn XNgọc 4.0","Mét",6,74000,444000,0,359695.02476846869,359695.02476846869,"KL",null,0]
["2096","2020-08-26","PX116",null,"TMXN4.5","Tôn XNgọc 4.5","Mét",11.6,78000,904800,0,759829.69335380569,759829.69335380569,"KL",null,0]
["2097","2020-08-26","PX116",null,"TMXN4.0","Tôn XNgọc 4.0","Mét",18.5,68000,1258000,0,1109059.6597027783,1109059.6597027783,"KL",null,0]
["2098","2020-08-26","PX116",null,"TMXN3.5","Tôn XNgọc 3.5","Mét",6,64000,384000,0,309788.70346598205,309788.70346598205,"KL",null,0]
["2099","2020-08-26","PX116",null,"HK2040 1.4 ","Hộp kẽm 20x40 (1.4) ","Cây",4,120000,480000,0,434479.19463087246,434479.19463087246,"KL",null,0]
["2100","2020-08-26","PX116",null,"HK4080 1.8","Hộp kẽm 40x80 (1.8)","Cây",1,305000,305000,0,273655.82548476453,273655.82548476453,"KL",null,0]
["2101","2020-08-26","PX116",null,"HK2040 1.2 ","Hộp kẽm 20x40 (1.2) ","Cây",6,107000,642000,0,578076.7908309456,578076.7908309456,"KL",null,0]
["2102","2020-08-26","PX116",null,"HK1326 1.2","Hộp kẽm 13x26 (1.2)","Cây",5,70000,350000,0,305381.46911519195,305381.46911519195,"KL",null,0]
["2103","2020-08-26","PX116",null,"HK5010 1.8","Hộp kẽm 50x100 (1.8)","Cây",10,360000,3600000,0,3434693.373493976,3434693.373493976,"KL",null,0]
["2104","2020-08-26","PX116",null,"HK1326 1.2","Hộp kẽm 13x26 (1.2)","Cây",1,70000,70000,0,61076.293823038395,61076.293823038395,"KL",null,0]
["2105","2020-08-26","PX116",null,"VK40 1.4","Vuông kẽm 40 (1.4)","Cây",5,162000,810000,0,717143.00554016617,717143.00554016617,"KL",null,0]
["2106","2020-08-26","PX116",null,"V40X","V đen 40(X)","Cây",20,127000,2540000,0,1946457.831325301,1946457.831325301,"KL",null,0]
["2107","2020-08-26","PX116",null,"TL3.5","Tôn Lạnh 3.5","Mét",117.4,68000,7983200,0,6961820,6961820,"KL",null,0]
["2108","2020-08-26","PX116",null,"TL5.0","Tôn Lạnh 5.0","Mét",5.5,88000,484000,0,418351.20150187734,418351.20150187734,"KL",null,0]
["2109","2020-08-26","PX116",null,"VK30 1.2","Vuông kẽm 30 (1.2)","Cây",2,110000,220000,0,189353.49650349651,189353.49650349651,"KL",null,0]
["2110","2020-08-26","PX116-TT",null,null,"Thu tien luon",0,0,0,0,0,0,0,"KL",20907000,0]
["2111","2020-08-27","PX117",null,"HK4080 1.4 ","Hộp kẽm 40x80 (1.4) ","Cây",20,240000,4800000,0,4360697.9079497904,4360697.9079497904,"KL",null,0]
["2112","2020-08-27","PX117",null,"HK4080 1.8","Hộp kẽm 40x80 (1.8)","Cây",2,310000,620000,0,547311.65096952906,547311.65096952906,"KL",null,0]
["2113","2020-08-27","PX117",null,"HK3060 1.4 ","Hộp kẽm 30x60 (1.4) ","Cây",20,182000,3640000,0,3261112.1495327102,3261112.1495327102,"KL",null,0]
["2114","2020-08-27","PX117",null,"HK4080 1.4 ","Hộp kẽm 40x80 (1.4) ","Cây",3,240000,720000,0,654104.68619246862,654104.68619246862,"KL",null,0]
["2115","2020-08-27","PX117",null,"HK1326 0.9","Hộp kẽm 13x26 (0.9)","Cây",20,50000,1000000,0,903315.17509727622,903315.17509727622,"KL",null,0]
["2116","2020-08-27","PX117",null,"HK1326 1.2","Hộp kẽm 13x26 (1.2)","Cây",5,70000,350000,0,305381.46911519195,305381.46911519195,"KL",null,0]
["2117","2020-08-27","PX117",null,"HK3060 1.2 ","Hộp kẽm 30x60 (1.2) ","Cây",3,160000,480000,0,440359.34579439252,440359.34579439252,"KL",null,0]
["2118","2020-08-27","PX117",null,"HK2040 1.2 ","Hộp kẽm 20x40 (1.2) ","Cây",3,109000,327000,0,289038.3954154728,289038.3954154728,"KL",null,0]
["2119","2020-08-27","PX117",null,"VK30 1.4","Vuông kẽm 30 (1.4)","Cây",15,122000,1830000,0,1598059.6850899742,1598059.6850899742,"KL",null,0]
["2120","2020-08-27","PX117",null,"VK14 1.2","Vuông kẽm 14 (1.2)","Cây",5,50000,250000,0,224340.10152284263,224340.10152284263,"KL",null,0]
["2121","2020-08-27","PX117",null,"VK40 1.2","Vuông kẽm 40 (1.2)","Cây",3,143000,429000,0,385036.66666666669,385036.66666666669,"KL",null,0]
["2122","2020-08-27","PX117",null,"VK30 1.2","Vuông kẽm 30 (1.2)","Cây",5,110000,550000,0,473383.7412587413,473383.7412587413,"KL",null,0]
["2123","2020-08-27","PX117",null,"NCL","Nẹp tam giác Lớn (8kg)","Cây",20,17000,340000,0,266000,266000,"KL",null,0]
["2124","2020-08-27","PX117",null,"TMXN4.0","Tôn XNgọc 4.0","Mét",2,75000,150000,0,119898.34158948956,119898.34158948956,"KL",null,0]
["2125","2020-08-27","PX117",null,"TMXN3.5","Tôn XNgọc 3.5","Mét",10,64000,640000,0,516314.50577663671,516314.50577663671,"KL",null,0]
["2126","2020-08-27","PX117",null,"TMXN4.5DA","Tôn XNgọc 4.5 ĐÁ","Mét",1.1000000000000001,97000,106700.00000000001,0,93879.148936170226,93879.148936170226,"KL",null,0]
["2127","2020-08-27","PX117",null,"TMXN4.0","Tôn XNgọc 4.0","Mét",4,78000,312000,0,239796.68317897912,239796.68317897912,"KL",null,0]
["2128","2020-08-27","PX117",null,"I120","I 120","Cây",10,770000,7700000,0,7541304.347826086,7541304.347826086,"KL",null,0]
["2129","2020-08-27","PX117",null,"MCK 2.5M","Máng cửa kéo 2.5m","Cây",1,100000,100000,0,0,0,"KL",null,0]
["2130","2020-08-27","PX117",null,"V30X","V đen 30(X)","Cây",5,90000,450000,0,335000,335000,"KL",null,0]
["2131","2020-08-27","PX117",null,"TL5.0 ĐA","Tole Lạnh 5.0 ĐÁ","Mét",55.5,98000,5439000,0,4919412.6727941176,4919412.6727941176,"KL",null,0]
["2132","2020-08-27","PX117-TT",null,null,"Thu tien luon",0,0,0,0,0,0,0,"KL",30233700,0]
["2133","2020-08-28","PX118",null,"HD2550 0.7","Hộp đen 25x50 (0.7)","Cây",100,80000,8000000,0,7271686.9158878503,7271686.9158878503,"KL",null,0]
["2134","2020-08-28","PX118",null,"OKN34 2.6","Ống kẽm nhúng 34 (2.6)","Cây",2,290000,580000,0,523773.91304347827,523773.91304347827,"KL",null,0]
["2135","2020-08-28","PX118",null,"TMXN3.5","Tôn XNgọc 3.5","Mét",3.6,64000,230400,0,185873.22207958924,185873.22207958924,"KL",null,0]
["2136","2020-08-28","PX118",null,"TMXN4.5","Tôn XNgọc 4.5","Mét",16.5,78000,1287000,0,1080792.2362360167,1080792.2362360167,"KL",null,0]
["2137","2020-08-28","PX118",null,"HK1326 1.2","Hộp kẽm 13x26 (1.2)","Cây",2,70000,140000,0,122152.58764607679,122152.58764607679,"KL",null,0]
["2138","2020-08-28","PX118",null,"I100","I100","Cây",2,650000,1300000,0,1201611.111111111,1201611.111111111,"KL",null,0]
["2139","2020-08-28","PX118",null,"HK5010 1.8","Hộp kẽm 50x100 (1.8)","Cây",20,365000,7300000,0,6869386.7469879519,6869386.7469879519,"KL",null,0]
["2140","2020-08-28","PX118",null,"V40T","V đen 40(T)","Cây",2,200000,400000,0,334400,334400,"KL",null,0]
["2141","2020-08-28","PX118",null,"TL4.5","Tôn Lạnh 4.5","Mét",47.2,83000,3917600.0000000005,0,3345966.080738178,3345966.080738178,"KL",null,0]
["2142","2020-08-28","PX118-TT",null,null,"Thu tien luon",0,0,0,0,0,0,0,"KL",23155000,0]
["2143","2020-08-29","PX119",null,"OK90 1.8","Ống kẽm 90 (1.8)","Cây",5,355000,1775000,0,1607625,1607625,"KL",null,0]
["2144","2020-08-29","PX119",null,"HK4080 1.8","Hộp kẽm 40x80 (1.8)","Cây",22,294000,6468000,0,6020428.1606648192,6020428.1606648192,"KL",null,0]
["2145","2020-08-29","PX119",null,"HK3060 1.8","Hộp kẽm 30x60 (1.8)","Cây",28,228000,6384000,0,5663626.5565529624,5663626.5565529624,"KL",null,0]
["2146","2020-08-29","PX119",null,"HK3060 1.4 ","Hộp kẽm 30x60 (1.4) ","Cây",15,176000,2640000,0,2445834.1121495329,2445834.1121495329,"KL",null,0]
["2147","2020-08-29","PX119",null,"HK1326 1.2","Hộp kẽm 13x26 (1.2)","Cây",30,70000,2100000,0,1832288.814691152,1832288.814691152,"KL",null,0]
["2148","2020-08-29","PX119",null,"TL3.5","Tôn Lạnh 3.5","Mét",6.8,68000,462400,0,403240,403240,"KL",null,0]
["2149","2020-08-29","PX119",null,"TL5.0 ĐA","Tole Lạnh 5.0 ĐÁ","Mét",100.95,98000,9893100,0,8948012.7805147059,8948012.7805147059,"KL",null,0]
["2150","2020-08-29","PX119",null,"CNCT","Cách nhiệt Cát Tường","Cuộn",1,1360000,1360000,0,1128000,1128000,"KL",null,0]
["2151","2020-08-29","PX119",null,"TMXN5.0","Tôn XNgọc 5.0","Mét",13.4,86000,1152400,0,982228.55603591632,982228.55603591632,"KL",null,0]
["2152","2020-08-29","PX119",null,"TMXN4.5","Tôn XNgọc 4.5","Mét",11.4,81000,923400,0,746729.1813994298,746729.1813994298,"KL",null,0]
["2153","2020-08-29","PX119",null,"TMXN3.5","Tôn XNgọc 3.5","Mét",2.4,64000,153600,0,123915.48138639281,123915.48138639281,"KL",null,0]
["2154","2020-08-29","PX119",null,"TMXN3.0","Tôn XNgọc 3.0","Mét",10,55000,550000,0,464600.35735556879,464600.35735556879,"KL",null,0]
["2155","2020-08-29","PX119",null,"TMXN4.0","Tôn XNgọc 4.0","Mét",10,68000,680000,0,599491.70794744778,599491.70794744778,"KL",null,0]
["2156","2020-08-29","PX119",null,"V40Đ","V đen 40(Đ)","Cây",1,160000,160000,0,129411.76470588235,129411.76470588235,"KL",null,0]
["2157","2020-08-29","PX119-TT",null,null,"Thu tien luon",0,0,0,0,0,0,0,"KL",34701900,0]
["2158","2020-08-31","PX120",null,"TL5.0 ĐA","Tole Lạnh 5.0 ĐÁ","Mét",130,100000,13000000,0,11522948.602941176,11522948.602941176,"KL",null,0]
["2159","2020-08-31","PX120",null,"TL4.5","Tôn Lạnh 4.5","Mét",9,83000,747000,0,638002.00692041521,638002.00692041521,"KL",null,0]
["2160","2020-08-31","PX120",null,"TL4.5","Tôn Lạnh 4.5","Mét",34.799999999999997,81000,2818800,0,2466941.0934256054,2466941.0934256054,"KL",null,0]
["2161","2020-08-31","PX120",null,"VK40 1.2","Vuông kẽm 40 (1.2)","Cây",17,143000,2431000,0,2181874.4444444445,2181874.4444444445,"KL",null,0]
["2162","2020-08-31","PX120",null,"VK30 1.4","Vuông kẽm 30 (1.4)","Cây",4,122000,488000,0,426149.24935732648,426149.24935732648,"KL",null,0]
["2163","2020-08-31","PX120",null,"VK30 1.4","Vuông kẽm 30 (1.4)","Cây",20,122000,2440000,0,2130746.2467866326,2130746.2467866326,"KL",null,0]
["2164","2020-08-31","PX120",null,"VK50 1.8","Vuông kẽm 50 (1.8)","Cây",30,255000,7650000,0,7267889.7637795275,7267889.7637795275,"KL",null,0]
["2165","2020-08-31","PX120",null,"VK40 1.8","Vuông kẽm 40 (1.8)","Cây",30,204000,6120000,0,5440617.010309278,5440617.010309278,"KL",null,0]
["2166","2020-08-31","PX120",null,"HK5010 1.4 ","Hộp kẽm 50x100 (1.4) ","Cây",10,300000,3000000,0,2753776.923076923,2753776.923076923,"KL",null,0]
["2167","2020-08-31","PX120",null,"HK4080 1.4 ","Hộp kẽm 40x80 (1.4) ","Cây",3,240000,720000,0,654104.68619246862,654104.68619246862,"KL",null,0]
["2168","2020-08-31","PX120",null,"HK3060 1.4 ","Hộp kẽm 30x60 (1.4) ","Cây",2,182000,364000,0,326111.21495327103,326111.21495327103,"KL",null,0]
["2169","2020-08-31","PX120",null,"HK1326 1.2","Hộp kẽm 13x26 (1.2)","Cây",10,72000,720000,0,610762.93823038391,610762.93823038391,"KL",null,0]
["2170","2020-08-31","PX120",null,"TMXN5.0DA","Tôn XNgọc 5.0 ĐÁ","Mét",22,104000,2288000,0,2070398.0943306338,2070398.0943306338,"KL",null,0]
["2171","2020-08-31","PX120",null,"TMXN5.0","Tôn XNgọc 5.0","Mét",28,82000,2296000,0,2052417.8782840041,2052417.8782840041,"KL",null,0]
["2172","2020-08-31","PX120",null,"TMXN3.5","Tôn XNgọc 3.5","Mét",5,59000,295000,0,258157.25288831835,258157.25288831835,"KL",null,0]
["2173","2020-08-31","PX120",null,"TMXN5.0","Tôn XNgọc 5.0","Mét",68,84000,5712000,0,4984443.4186897241,4984443.4186897241,"KL",null,0]
["2174","2020-08-31","PX120",null,"V40T","V đen 40(T)","Cây",4,200000,800000,0,668800,668800,"KL",null,0]
["2175","2020-08-31","PX120",null,"MCK 2.5M","Máng cửa kéo 2.5m","Cây",11,100000,1100000,0,0,0,"KL",null,0]
["2176","2020-08-31","PX120-TT",null,null,"Thu tien luon",0,0,0,0,0,0,0,"KL",52989800,0]
["2177","2020-09-01","PX121",null,"V25","V đen25(X)","Cây",150,79000,11850000,0,10092426.636568848,10092426.636568848,"KL",null,0]
["2178","2020-09-01","PX121",null,"HK3060 2.0","Hộp kẽm 30x60 (2.0)","Cây",3,270000,810000,0,736236.73469387752,736236.73469387752,"KL",null,0]
["2179","2020-09-01","PX121",null,"HK3060 1.4 ","Hộp kẽm 30x60 (1.4) ","Cây",4,185000,740000,0,652222.42990654206,652222.42990654206,"KL",null,0]
["2180","2020-09-01","PX121",null,"HK3060 1.8","Hộp kẽm 30x60 (1.8)","Cây",2,242000,484000,0,404544.75403949729,404544.75403949729,"KL",null,0]
["2181","2020-09-01","PX121",null,"V50T","V đen 50(T)","Cây",2,290000,580000,0,521000,521000,"KL",null,0]
["2182","2020-09-01","PX121",null,"TMXN4.5DA","Tôn XNgọc 4.5 ĐÁ","Mét",15.6,99000,1544400,0,1331377.0212765958,1331377.0212765958,"KL",null,0]
["2183","2020-09-01","PX121",null,"TMXN3.5","Tôn XNgọc 3.5","Mét",4.5,64000,288000,0,232341.52759948652,232341.52759948652,"KL",null,0]
["2184","2020-09-01","PX121",null,"TMXN4.5DA","Tôn XNgọc 4.5 ĐÁ","Mét",2.65,94000,249100,0,226163.40425531915,226163.40425531915,"KL",null,0]
["2185","2020-09-01","PX121",null,"TMXN3.0","Tôn XNgọc 3.0","Mét",9.6999999999999993,55000,533500,0,450662.34663490165,450662.34663490165,"KL",null,0]
["2186","2020-09-01","PX121",null,"OK42 1.8","Ống kẽm 42 (1.8)","Cây",2,188000,376000,0,318800,318800,"KL",null,0]
["2187","2020-09-01","PX121",null,"OK34 1.8","Ống kẽm 34 (1.8)","Cây",10,149000,1490000,0,1335153.8461538462,1335153.8461538462,"KL",null,0]
["2188","2020-09-01","PX121",null,"OK27 1.8","Ống kẽm 27 (1.8)","Cây",6,120000,720000,0,611502.43902439019,611502.43902439019,"KL",null,0]
["2189","2020-09-01","PX121",null,"OK21 1.2 ","Ống kẽm 21 (1.2) ","Cây",2,64000,128000,0,109393.54838709677,109393.54838709677,"KL",null,0]
["2190","2020-09-01","PX121",null,"VK25 1.4","Vuông kẽm 25 (1.4)","Cây",16,102000,1632000,0,1411016.3934426229,1411016.3934426229,"KL",null,0]
["2191","2020-09-01","PX121",null,"TL3.5","Tôn Lạnh 3.5","Mét",40.68,68000,2766240,0,2412324,2412324,"KL",null,0]
["2192","2020-09-01","PX121",null,"TL3.5","Tôn Lạnh 3.5","Mét",4.8,64000,307200,0,284640,284640,"KL",null,0]
["2193","2020-09-01","PX121-TT",null,null,"Thu tien luon",0,0,0,0,0,0,0,"KL",24498440,0]
["2194","2020-09-03","PX122",null,"TMXN5.0DA","Tôn XNgọc 5.0 ĐÁ","Mét",6,102000,612000,0,564654.02572653652,564654.02572653652,"KL",null,0]
["2195","2020-09-03","PX122",null,"TMXN4.5","Tôn XNgọc 4.5","Mét",31.2,79000,2464800,0,2043679.8648826499,2043679.8648826499,"KL",null,0]
["2196","2020-09-03","PX122",null,"TMXN4.0","Tôn XNgọc 4.0","Mét",7,68000,476000,0,419644.19556321343,419644.19556321343,"KL",null,0]
["2197","2020-09-03","PX122",null,"TMXN4.0","Tôn XNgọc 4.0","Mét",13.45,73000,981850,0,806316.34718931722,806316.34718931722,"KL",null,0]
["2198","2020-09-03","PX122",null,"TMXN4.5DA","Tôn XNgọc 4.5 ĐÁ","Mét",9.3000000000000007,94000,874200.00000000012,0,793705.53191489377,793705.53191489377,"KL",null,0]
["2199","2020-09-03","PX122",null,"TL4.5","Tôn Lạnh 4.5","Mét",49.92,83000,4143360,0,3538784.4650519034,3538784.4650519034,"KL",null,0]
["2200","2020-09-03","PX122",null,"TL5.0 ĐA","Tole Lạnh 5.0 ĐÁ","Mét",86.7,101000,8756700,0,7684920.3375000004,7684920.3375000004,"KL",null,0]
["2201","2020-09-03","PX122",null,"TL4.5","Tôn Lạnh 4.5","Mét",12.5,81000,1012500,0,886113.89850057673,886113.89850057673,"KL",null,0]
["2202","2020-09-03","PX122",null,"TNSV1.0 3.0M","Tôn nhựa sóng vuông (1.0) 3.0m","Tấm",5,210000,1050000,0,921428.57142857148,921428.57142857148,"KL",null,0]
["2203","2020-09-03","PX122",null,"HK3060 1.2 ","Hộp kẽm 30x60 (1.2) ","Cây",30,162000,4860000,0,4403593.4579439256,4403593.4579439256,"KL",null,0]
["2204","2020-09-03","PX122",null,"MANG30 1.2 4M","Máng cửa sổ 30 (1.2) 4m","Cây",5,128000,640000,0,434358.97435897437,434358.97435897437,"KL",null,0]
["2205","2020-09-03","PX122",null,"BX30","Bánh xe 30","Cái",18,12000,216000,0,108964.28571428571,108964.28571428571,"KL",null,0]
["2206","2020-09-03","PX122",null,"VK75 1.8","Vuông kẽm 75 (1.8)","Cây",1,390000,390000,0,363854.16666666669,363854.16666666669,"KL",null,0]
["2207","2020-09-03","PX122",null,"VK30 1.4","Vuông kẽm 30 (1.4)","Cây",3,122000,366000,0,319611.93701799487,319611.93701799487,"KL",null,0]
["2208","2020-09-03","PX122",null,"VK20 1.1","Vuông kẽm 20 (1.1)","Cây",50,64000,3200000,0,2900000,2900000,"KL",null,0]
["2209","2020-09-03","PX122-TT",null,null,"Thu tien luon",0,0,0,0,0,0,0,"KL",30043410,0]
["2210","2020-09-04","PX123",null,"TMXN5.0DA","Tôn XNgọc 5.0 ĐÁ","Mét",4.2,106000,445200,0,395257.81800857553,395257.81800857553,"KL",null,0]
["2211","2020-09-04","PX123",null,"TMXN4.0","Tôn XNgọc 4.0","Mét",1.6,73000,116800,0,95918.673271591659,95918.673271591659,"KL",null,0]
["2212","2020-09-04","PX123",null,"TMXN4.5","Tôn XNgọc 4.5","Mét",1.3,82000,106600,0,85153.327703443749,85153.327703443749,"KL",null,0]
["2213","2020-09-04","PX123",null,"TMXN5.0DA","Tôn XNgọc 5.0 ĐÁ","Mét",13.8,104000,1435200,0,1298704.259171034,1298704.259171034,"KL",null,0]
["2214","2020-09-04","PX123",null,"TMXN4.5","Tôn XNgọc 4.5","Mét",66.599999999999994,76000,5061600,0,4362470.4808071945,4362470.4808071945,"KL",null,0]
["2215","2020-09-04","PX123",null,"V40K","V kẽm 40","Cây",6,220000,1320000,0,1070757.3529411764,1070757.3529411764,"KL",null,0]
["2216","2020-09-04","PX123",null,"OK27 1.8","Ống kẽm 27 (1.8)","Cây",4,120000,480000,0,407668.29268292681,407668.29268292681,"KL",null,0]
["2217","2020-09-04","PX123",null,"OK34 1.8","Ống kẽm 34 (1.8)","Cây",1,149000,149000,0,133515.38461538462,133515.38461538462,"KL",null,0]
["2218","2020-09-04","PX123",null,"HK5010 1.4 ","Hộp kẽm 50x100 (1.4) ","Cây",7,303000,2121000,0,1927643.8461538462,1927643.8461538462,"KL",null,0]
["2219","2020-09-04","PX123",null,"HK4080 1.4 ","Hộp kẽm 40x80 (1.4) ","Cây",36,244000,8784000,0,7849256.234309623,7849256.234309623,"KL",null,0]
["2220","2020-09-04","PX123",null,"HK612 1.4","Hộp kẽm 60x120 (1.4)","Cây",3,365000,1095000,0,1021000,1021000,"KL",null,0]
["2221","2020-09-04","PX123",null,"HK3060 1.8","Hộp kẽm 30x60 (1.8)","Cây",21,228000,4788000,0,4247719.9174147211,4247719.9174147211,"KL",null,0]
["2222","2020-09-04","PX123",null,"VK40 1.4","Vuông kẽm 40 (1.4)","Cây",20,163000,3260000,0,2868572.0221606647,2868572.0221606647,"KL",null,0]
["2223","2020-09-04","PX123",null,"VK20 1.2","Vuông kẽm 20 (1.2)","Cây",30,70000,2100000,0,1909216.5898617513,1909216.5898617513,"KL",null,0]
["2224","2020-09-04","PX123",null,"VK20 1.0","Vuông kẽm 20 (1.0)","Cây",5,62000,310000,0,255933.88429752068,255933.88429752068,"KL",null,0]
["2225","2020-09-04","PX123",null,"VK20 1.1","Vuông kẽm 20 (1.1)","Cây",20,64000,1280000,0,1160000,1160000,"KL",null,0]
["2226","2020-09-04","PX123",null,"TL4.5","Tôn Lạnh 4.5","Mét",6.35,83000,527050,0,450145.86043829296,450145.86043829296,"KL",null,0]
["2227","2020-09-04","PX123",null,"TL4.5","Tôn Lạnh 4.5","Mét",2.2000000000000002,83000,182600.00000000003,0,155956.04613610153,155956.04613610153,"KL",null,0]
["2228","2020-09-04","PX123",null,"V50Đ","V đen 50(Đ)","Cây",2,235000,470000,0,397836.61971830984,397836.61971830984,"KL",null,0]
["2229","2020-09-04","PX123",null,"V30X","V đen 30(X)","Cây",5,90000,450000,0,335000,335000,"KL",null,0]
["2230","2020-09-04","PX123-TT",null,null,"Thu tien luon",0,0,0,0,0,0,0,"KL",34482050,0]
["2231","2020-09-05","PX124",null,"VK20 1.0","Vuông kẽm 20 (1.0)","Cây",3,62000,186000,0,153560.3305785124,153560.3305785124,"KL",null,0]
["2232","2020-09-05","PX124",null,"VK25 1.4","Vuông kẽm 25 (1.4)","Cây",2,107000,214000,0,176377.04918032786,176377.04918032786,"KL",null,0]
["2233","2020-09-05","PX124",null,"VK100 1.8","Vuông kẽm 100 (1.8)","Cây",4,650000,2600000,0,1891434.6666666667,1891434.6666666667,"KL",null,0]
["2234","2020-09-05","PX124",null,"VK50 1.2","Vuông kẽm 50 (1.2)","Cây",2,205000,410000,0,322400,322400,"KL",null,0]
["2235","2020-09-05","PX124",null,"VK75 1.4","Vuông kẽm 75 (1.4)","Cây",2,303000,606000,0,575011.42857142852,575011.42857142852,"KL",null,0]
["2236","2020-09-05","PX124",null,"V25","V đen25(X)","Cây",1,90000,90000,0,67282.844243792322,67282.844243792322,"KL",null,0]
["2237","2020-09-05","PX124",null,"OKN34 2.6","Ống kẽm nhúng 34 (2.6)","Cây",2,290000,580000,0,523773.91304347827,523773.91304347827,"KL",null,0]
["2238","2020-09-05","PX124",null,"OK114 1.8","ống kẽm 114 (1.8)","Cây",3,480000,1440000,0,1299101.2258064516,1299101.2258064516,"KL",null,0]
["2239","2020-09-05","PX124",null,"TL5.0","Tôn Lạnh 5.0","Mét",2.2000000000000002,90000,198000.00000000003,0,167340.48060075095,167340.48060075095,"KL",null,0]
["2240","2020-09-05","PX124",null,"TL3.5","Tôn Lạnh 3.5","Mét",7.3,68000,496400,0,432890,432890,"KL",null,0]
["2241","2020-09-05","PX124",null,"TL5.0","Tôn Lạnh 5.0","Mét",83.5,90000,7515000,0,6351331.8773466833,6351331.8773466833,"KL",null,0]
["2242","2020-09-05","PX124",null,"HK1326 1.2","Hộp kẽm 13x26 (1.2)","Cây",3,72000,216000,0,183228.88146911518,183228.88146911518,"KL",null,0]
["2243","2020-09-05","PX124",null,"HK4080 1.4 ","Hộp kẽm 40x80 (1.4) ","Cây",7,245000,1715000,0,1526244.2677824269,1526244.2677824269,"KL",null,0]
["2244","2020-09-05","PX124",null,"HK3060 1.4 ","Hộp kẽm 30x60 (1.4) ","Cây",20,185000,3700000,0,3261112.1495327102,3261112.1495327102,"KL",null,0]
["2245","2020-09-05","PX124",null,"HK4080 1.4 ","Hộp kẽm 40x80 (1.4) ","Cây",2,245000,490000,0,436069.79079497908,436069.79079497908,"KL",null,0]
["2246","2020-09-05","PX124",null,"HK3060 1.4 ","Hộp kẽm 30x60 (1.4) ","Cây",14,184000,2576000,0,2282778.504672897,2282778.504672897,"KL",null,0]
["2247","2020-09-05","PX124",null,"HK1326 1.2","Hộp kẽm 13x26 (1.2)","Cây",4,72000,288000,0,244305.17529215358,244305.17529215358,"KL",null,0]
["2248","2020-09-05","PX124",null,"TMXN4.0","Tôn XNgọc 4.0","Mét",10.199999999999999,68000,693600,0,611481.54210639675,611481.54210639675,"KL",null,0]
["2249","2020-09-05","PX124-TT",null,null,"Thu tien luon",0,0,0,0,0,0,0,"KL",24014000,0]
["2250","2020-09-07","PX125",null,"HK1326 1.2","Hộp kẽm 13x26 (1.2)","Cây",30,73000,2190000,0,1832288.814691152,1832288.814691152,"KL",null,0]
["2251","2020-09-07","PX125",null,"HK4080 1.4 ","Hộp kẽm 40x80 (1.4) ","Cây",6,246000,1476000,0,1308209.3723849372,1308209.3723849372,"KL",null,0]
["2252","2020-09-07","PX125",null,"HK5010 1.4 ","Hộp kẽm 50x100 (1.4) ","Cây",2,305000,610000,0,550755.38461538462,550755.38461538462,"KL",null,0]
["2253","2020-09-07","PX125",null,"HK4080 1.4 ","Hộp kẽm 40x80 (1.4) ","Cây",3,246000,738000,0,654104.68619246862,654104.68619246862,"KL",null,0]
["2254","2020-09-07","PX125",null,"HK4080 1.4 ","Hộp kẽm 40x80 (1.4) ","Cây",3,246000,738000,0,654104.68619246862,654104.68619246862,"KL",null,0]
["2255","2020-09-07","PX125",null,"HK4080 1.8","Hộp kẽm 40x80 (1.8)","Cây",9,303000,2727000,0,2462902.429362881,2462902.429362881,"KL",null,0]
["2256","2020-09-07","PX125",null,"HK3060 1.4 ","Hộp kẽm 30x60 (1.4) ","Cây",5,186000,930000,0,815278.03738317755,815278.03738317755,"KL",null,0]
["2257","2020-09-07","PX125",null,"VK30 1.2","Vuông kẽm 30 (1.2)","Cây",8,110000,880000,0,757413.98601398605,757413.98601398605,"KL",null,0]
["2258","2020-09-07","PX125",null,"VK40 1.4","Vuông kẽm 40 (1.4)","Cây",8,165000,1320000,0,1147428.8088642659,1147428.8088642659,"KL",null,0]
["2259","2020-09-07","PX125",null,"VK14 1.2","Vuông kẽm 14 (1.2)","Cây",10,56000,560000,0,448680.20304568525,448680.20304568525,"KL",null,0]
["2260","2020-09-07","PX125",null,"VK20 1.4","Vuông kẽm 20 (1.4)","Cây",1,82000,82000,0,68176.470588235301,68176.470588235301,"KL",null,0]
["2261","2020-09-07","PX125",null,"TMXN3.5","Tôn XNgọc 3.5","Mét",4.25,62000,263500,0,219433.66495507062,219433.66495507062,"KL",null,0]
["2262","2020-09-07","PX125",null,"TMXN5.0DA","Tôn XNgọc 5.0 ĐÁ","Mét",16.2,106000,1717200,0,1524565.8694616484,1524565.8694616484,"KL",null,0]
["2263","2020-09-07","PX125",null,"TMXN4.5","Tôn XNgọc 4.5","Mét",12.4,78000,967200,0,812231.74117130961,812231.74117130961,"KL",null,0]
["2264","2020-09-07","PX125",null,"TMXN4.0","Tôn XNgọc 4.0","Mét",13.5,73000,985500,0,809313.8057290545,809313.8057290545,"KL",null,0]
["2265","2020-09-07","PX125",null,"TMXN3.0","Tôn XNgọc 3.0","Mét",1.7,62000,105400,0,78982.06075044669,78982.06075044669,"KL",null,0]
["2266","2020-09-07","PX125",null,"TMXN4.5DA","Tôn XNgọc 4.5 ĐÁ","Mét",8.8000000000000007,103000,906400.00000000012,0,751033.19148936181,751033.19148936181,"KL",null,0]
["2267","2020-09-07","PX125",null,"TMXN5.0","Tôn XNgọc 5.0","Mét",7.5,84000,630000,0,549754.78882607259,549754.78882607259,"KL",null,0]
["2268","2020-09-07","PX125",null,"MANG30 1.2 4M","Máng cửa sổ 30 (1.2) 4m","Cây",1,128000,128000,0,86871.794871794875,86871.794871794875,"KL",null,0]
["2269","2020-09-07","PX125",null,"BX30","Bánh xe 30","Cái",2,12000,24000,0,12107.142857142857,12107.142857142857,"KL",null,0]
["2270","2020-09-07","PX125",null,"V40X","V đen 40(X)","Cây",10,127000,1270000,0,973228.91566265048,973228.91566265048,"KL",null,0]
["2271","2020-09-07","PX125",null,"V25","V đen25(X)","Cây",1,90000,90000,0,67282.844243792322,67282.844243792322,"KL",null,0]
["2272","2020-09-07","PX125-TT",null,null,"Thu tien luon",0,0,0,0,0,0,0,"KL",19338200,0]
["2273","2020-09-08","PX126",null,"HK2040 1.2 ","Hộp kẽm 20x40 (1.2) ","Cây",11,110000,1210000,0,1059807.4498567334,1059807.4498567334,"KL",null,0]
["2274","2020-09-08","PX126",null,"HK4080 1.8","Hộp kẽm 40x80 (1.8)","Cây",2,315000,630000,0,547311.65096952906,547311.65096952906,"KL",null,0]
["2275","2020-09-08","PX126",null,"HK3060 1.4 ","Hộp kẽm 30x60 (1.4) ","Cây",10,185000,1850000,0,1630556.0747663551,1630556.0747663551,"KL",null,0]
["2276","2020-09-08","PX126",null,"HK4080 1.4 ","Hộp kẽm 40x80 (1.4) ","Cây",1,246000,246000,0,218034.89539748954,218034.89539748954,"KL",null,0]
["2277","2020-09-08","PX126",null,"HK4080 1.8","Hộp kẽm 40x80 (1.8)","Cây",1,305000,305000,0,273655.82548476453,273655.82548476453,"KL",null,0]
["2278","2020-09-08","PX126",null,"HK3060 1.4 ","Hộp kẽm 30x60 (1.4) ","Cây",4,185000,740000,0,652222.42990654206,652222.42990654206,"KL",null,0]
["2279","2020-09-08","PX126",null,"HK3060 1.2 ","Hộp kẽm 30x60 (1.2) ","Cây",35,160000,5600000,0,5137525.7009345796,5137525.7009345796,"KL",null,0]
["2280","2020-09-08","PX126",null,"HK4080 1.2 ","Hộp kẽm 40x80 (1.2)","Cây",20,213000,4260000,0,3995150,3995150,"KL",null,0]
["2281","2020-09-08","PX126",null,"TMXN5.0","Tôn XNgọc 5.0","Mét",58.7,86000,5048200,0,4302747.4805453951,4302747.4805453951,"KL",null,0]
["2282","2020-09-08","PX126",null,"TMXN4.0","Tôn XNgọc 4.0","Mét",20.100000000000001,68000,1366800,0,1204978.3329743701,1204978.3329743701,"KL",null,0]
["2283","2020-09-08","PX126",null,"TMXN3.0","Tôn XNgọc 3.0","Mét",10,55000,550000,0,464600.35735556879,464600.35735556879,"KL",null,0]
["2284","2020-09-08","PX126",null,"OK90 1.8","Ống kẽm 90 (1.8)","Cây",2,372000,744000,0,643050,643050,"KL",null,0]
["2285","2020-09-08","PX126",null,"OK60 2.0","Ống kẽm 60 (2.0)","Cây",2,325000,650000,0,537257.14285714284,537257.14285714284,"KL",null,0]
["2286","2020-09-08","PX126",null,"VK30 1.4","Vuông kẽm 30 (1.4)","Cây",6,125000,750000,0,639223.87403598975,639223.87403598975,"KL",null,0]
["2287","2020-09-08","PX126",null,"VK90 1.4","Vuông kẽm 90 (1.4)","Cây",3,365000,1095000,0,1024336.3636363635,1024336.3636363635,"KL",null,0]
["2288","2020-09-08","PX126",null,"VK30 1.2","Vuông kẽm 30 (1.2)","Cây",30,105000,3150000,0,2840302.4475524477,2840302.4475524477,"KL",null,0]
["2289","2020-09-08","PX126",null,"TL3.5","Tôn Lạnh 3.5","Mét",3,68000,204000,0,177900,177900,"KL",null,0]
["2290","2020-09-08","PX126",null,"LC 20","La cứng 20","Cây",1,20000,20000,0,14100,14100,"KL",null,0]
["2291","2020-09-08","PX126",null,"V30Đ","V đen 30(Đ)","Cây",4,103000,412000,0,357246.04316546762,357246.04316546762,"KL",null,0]
["2292","2020-09-08","PX126-TT",null,null,"Thu tien luon",0,0,0,0,0,0,0,"KL",28831000,0]
["2293","2020-09-09","PX127",null,"TMXN5.0","Tôn XNgọc 5.0","Mét",2,84000,168000,0,146601.27702028601,146601.27702028601,"KL",null,0]
["2294","2020-09-09","PX127",null,"TMXN4.5","Tôn XNgọc 4.5","Mét",10.8,73000,788400,0,707427.64553630189,707427.64553630189,"KL",null,0]
["2295","2020-09-09","PX127",null,"HK4080 1.4 ","Hộp kẽm 40x80 (1.4) ","Cây",5,244000,1220000,0,1090174.4769874476,1090174.4769874476,"KL",null,0]
["2296","2020-09-09","PX127",null,"HK5010 1.8","Hộp kẽm 50x100 (1.8)","Cây",4,365000,1460000,0,1373877.3493975904,1373877.3493975904,"KL",null,0]
["2297","2020-09-09","PX127",null,"HK3060 1.8","Hộp kẽm 30x60 (1.8)","Cây",24,228000,5472000,0,4854537.0484739672,4854537.0484739672,"KL",null,0]
["2298","2020-09-09","PX127",null,"VK40 1.4","Vuông kẽm 40 (1.4)","Cây",30,163000,4890000,0,4302858.0332409972,4302858.0332409972,"KL",null,0]
["2299","2020-09-09","PX127",null,"VK20 1.2","Vuông kẽm 20 (1.2)","Cây",40,70000,2800000,0,2545622.1198156681,2545622.1198156681,"KL",null,0]
["2300","2020-09-09","PX127",null,"UCK 3.0M","U cửa kéo 3.0m","Cây",34,34500,1173000,0,938400,938400,"KL",null,0]
["2301","2020-09-09","PX127",null,"V50T","V đen 50(T)","Cây",1,290000,290000,0,260500,260500,"KL",null,0]
["2302","2020-09-09","PX127",null,"V30X","V đen 30(X)","Cây",200,78000,15600000,0,13400000,13400000,"KL",null,0]
["2303","2020-09-09","PX127",null,"HD2550 0.7","Hộp đen 25x50 (0.7)","Cây",150,80000,12000000,0,10907530.373831775,10907530.373831775,"KL",null,0]
["2304","2020-09-09","PX127",null,"OD16 0.5","Ống đen 16 (0.5)","Cây",200,24500,4900000,0,4707808.9587659454,4707808.9587659454,"KL",null,0]
["2305","2020-09-09","PX127",null,"TL5.0 ĐA","Tole Lạnh 5.0 ĐÁ","Mét",1031.7,98000,101106600,0,91447892.874264702,91447892.874264702,"KL",null,0]
["2306","2020-09-09","PX127-TT",null,null,"Thu tien luon",0,0,0,0,0,0,0,"KL",151868000,0]
["2307","2020-09-10","PX128",null,"V40X","V đen 40(X)","Cây",10,127000,1270000,0,973228.91566265048,973228.91566265048,"KL",null,0]
["2308","2020-09-10","PX128",null,"OK60 2.0","Ống kẽm 60 (2.0)","Cây",2,325000,650000,0,537257.14285714284,537257.14285714284,"KL",null,0]
["2309","2020-09-10","PX128",null,"OK49 1.4","Ống kẽm 49 (1.4)","Cây",6,170000,1020000,0,861600,861600,"KL",null,0]
["2310","2020-09-10","PX128",null,"OK21 1.2 ","Ống kẽm 21 (1.2) ","Cây",4,62000,248000,0,218787.09677419355,218787.09677419355,"KL",null,0]
["2311","2020-09-10","PX128",null,"OK60 1.4 ","Ống kẽm 60 (1.4) ","Cây",10,68000,680000,0,1765062.5,1765062.5,"KL",null,0]
["2312","2020-09-10","PX128",null,"HK4080 1.8","Hộp kẽm 40x80 (1.8)","Cây",3,305000,915000,0,820967.47645429359,820967.47645429359,"KL",null,0]
["2313","2020-09-10","PX128",null,"HK2550 1.4 ","Hộp kẽm 25x50 (1.4) ","Cây",7,153000,1071000,0,956390.4761904761,956390.4761904761,"KL",null,0]
["2314","2020-09-10","PX128",null,"HK4080 1.4 ","Hộp kẽm 40x80 (1.4) ","Cây",2,246000,492000,0,436069.79079497908,436069.79079497908,"KL",null,0]
["2315","2020-09-10","PX128",null,"HK4080 1.8","Hộp kẽm 40x80 (1.8)","Cây",7,319000,2233000,0,1915590.7783933517,1915590.7783933517,"KL",null,0]
["2316","2020-09-10","PX128",null,"HK4080 1.4 ","Hộp kẽm 40x80 (1.4) ","Cây",16,246000,3936000,0,3488558.3263598327,3488558.3263598327,"KL",null,0]
["2317","2020-09-10","PX128",null,"VK14 1.2","Vuông kẽm 14 (1.2)","Cây",10,52000,520000,0,448680.20304568525,448680.20304568525,"KL",null,0]
["2318","2020-09-10","PX128",null,"TNSV1.0 2.5M","Tôn nhựa sóng vuông (1.0) 2.5m","Tấm",3,180000,540000,0,468170.10309278348,468170.10309278348,"KL",null,0]
["2319","2020-09-10","PX128",null,"TMXN4.0","Tôn XNgọc 4.0","Mét",3,75000,225000,0,179847.51238423435,179847.51238423435,"KL",null,0]
["2320","2020-09-10","PX128",null,"TMXN4.0","Tôn XNgọc 4.0","Mét",10,68000,680000,0,599491.70794744778,599491.70794744778,"KL",null,0]
["2321","2020-09-10","PX128",null,"TMXN4.0","Tôn XNgọc 4.0","Mét",15,73000,1095000,0,899237.56192117173,899237.56192117173,"KL",null,0]
["2322","2020-09-10","PX128",null,"TL4.5","Tôn Lạnh 4.5","Mét",53,82000,4346000,0,3757122.9296424454,3757122.9296424454,"KL",null,0]
["2323","2020-09-10","PX128",null,"LC 40 5","La cứng 40 5li","Cây",10,75000,750000,0,672272.72727272718,672272.72727272718,"KL",null,0]
["2324","2020-09-10","PX128",null,"MANG36 1.4 6M","Máng cửa đi 36 (1.4) 6m","Cây",1,270000,270000,0,175500,175500,"KL",null,0]
["2325","2020-09-10","PX128",null,"BX36","Bánh xe 36 ","Cái",2,12000,24000,0,12307.9754601227,12307.9754601227,"KL",null,0]
["2326","2020-09-10","PX128-TT",null,null,"Thu tien luon",0,0,0,0,0,0,0,"KL",20965000,0]
["2327","2020-09-11","PX129",null,"HK1326 1.2","Hộp kẽm 13x26 (1.2)","Cây",12,73000,876000,0,732915.52587646071,732915.52587646071,"KL",null,0]
["2328","2020-09-11","PX129",null,"HK3060 2.0","Hộp kẽm 30x60 (2.0)","Cây",5,275000,1375000,0,1227061.224489796,1227061.224489796,"KL",null,0]
["2329","2020-09-11","PX129",null,"HK4080 1.4 ","Hộp kẽm 40x80 (1.4) ","Cây",16,246000,3936000,0,3488558.3263598327,3488558.3263598327,"KL",null,0]
["2330","2020-09-11","PX129",null,"TL5.0","Tôn Lạnh 5.0","Mét",84.5,86000,7267000,0,6427395.7321652062,6427395.7321652062,"KL",null,0]
["2331","2020-09-11","PX129",null,"V50X","V đen 50(X)","Cây",2,198000,396000,0,320136.58536585368,320136.58536585368,"KL",null,0]
["2332","2020-09-11","PX129",null,"TMXN5.0DA","Tôn XNgọc 5.0 ĐÁ","Mét",8,106000,848000,0,752872.03430204862,752872.03430204862,"KL",null,0]
["2333","2020-09-11","PX129",null,"TMXN4.5","Tôn XNgọc 4.5","Mét",14.3,80000,1144000,0,936686.60473788122,936686.60473788122,"KL",null,0]
["2334","2020-09-11","PX129",null,"TMXN5.0","Tôn XNgọc 5.0","Mét",19.2,82000,1574400,0,1407372.2593947456,1407372.2593947456,"KL",null,0]
["2335","2020-09-11","PX129",null,"TMXN5.0","Tôn XNgọc 5.0","Mét",6.6,84000,554400,0,483784.2141669438,483784.2141669438,"KL",null,0]
["2336","2020-09-11","PX129",null,"CN10L","Cách nhiệt 10 li","Mét",19.2,27000,518400,0,251185.1576994434,251185.1576994434,"KL",null,0]
["2337","2020-09-11","PX129",null,"VK30 1.4","Vuông kẽm 30 (1.4)","Cây",10,125000,1250000,0,1065373.1233933163,1065373.1233933163,"KL",null,0]
["2338","2020-09-11","PX129",null,"VK90 1.7 PX","Vuông kẽm 90 (1.7)","Cây",5,472000,2360000,0,2160793.1034482759,2160793.1034482759,"KL",null,0]
["2339","2020-09-11","PX129",null,"OK49 1.8","Ống kẽm 49 (1.8)","Cây",1,215000,215000,0,183582.92682926828,183582.92682926828,"KL",null,0]
["2340","2020-09-11","PX129",null,"OK27 1.4 ","Ống kẽm 27 (1.4) ","Cây",9,95000,855000,0,703500,703500,"KL",null,0]
["2341","2020-09-11","PX129-TT",null,null,"Thu tien luon",0,0,0,0,0,0,0,"KL",23169200,0]
["2342","2020-09-12","PX130",null,"LC 30","La cứng 30","Cây",1,30000,30000,0,17000,17000,"KL",null,0]
["2343","2020-09-12","PX130",null,"LC 30 4","La cứng 30 4li","Cây",1,60000,60000,0,38000,38000,"KL",null,0]
["2344","2020-09-12","PX130",null,"TMXN4.5","Tôn XNgọc 4.5","Mét",11.5,75000,862500,0,753279.43737661769,753279.43737661769,"KL",null,0]
["2345","2020-09-12","PX130",null,"TMXN4.5DA","Tôn XNgọc 4.5 ĐÁ","Mét",25,100000,2500000,0,2133617.021276596,2133617.021276596,"KL",null,0]
["2346","2020-09-12","PX130",null,"TMXN3.5","Tôn XNgọc 3.5","Mét",39.200000000000003,59000,2312800,0,2023952.862644416,2023952.862644416,"KL",null,0]
["2347","2020-09-12","PX130",null,"TMXN3.0","Tôn XNgọc 3.0","Mét",13.2,57000,752400,0,613272.47170935071,613272.47170935071,"KL",null,0]
["2348","2020-09-12","PX130",null,"UCK 2.9M","U cửa kéo 2.9m","Cây",5,33350,166750,0,133400,133400,"KL",null,0]
["2349","2020-09-12","PX130",null,"HK4080 1.8","Hộp kẽm 40x80 (1.8)","Cây",10,319000,3190000,0,2736558.2548476453,2736558.2548476453,"KL",null,0]
["2350","2020-09-12","PX130",null,"HK4080 1.4 ","Hộp kẽm 40x80 (1.4) ","Cây",2,246000,492000,0,436069.79079497908,436069.79079497908,"KL",null,0]
["2351","2020-09-12","PX130",null,"HK3060 1.8","Hộp kẽm 30x60 (1.8)","Cây",2,241000,482000,0,404544.75403949729,404544.75403949729,"KL",null,0]
["2352","2020-09-12","PX130",null,"HK3060 1.4 ","Hộp kẽm 30x60 (1.4) ","Cây",6,185000,1110000,0,978333.64485981315,978333.64485981315,"KL",null,0]
["2353","2020-09-12","PX130",null,"HK3060 1.4 ","Hộp kẽm 30x60 (1.4) ","Cây",8,185000,1480000,0,1304444.8598130841,1304444.8598130841,"KL",null,0]
["2354","2020-09-12","PX130",null,"HK2550 1.4 ","Hộp kẽm 25x50 (1.4) ","Cây",3,153000,459000,0,409881.63265306118,409881.63265306118,"KL",null,0]
["2355","2020-09-12","PX130",null,"HK2040 1.4 ","Hộp kẽm 20x40 (1.4) ","Cây",15,125000,1875000,0,1629296.9798657717,1629296.9798657717,"KL",null,0]
["2356","2020-09-12","PX130",null,"VK75 1.8","Vuông kẽm 75 (1.8)","Cây",1,410000,410000,0,363854.16666666669,363854.16666666669,"KL",null,0]
["2357","2020-09-12","PX130",null,"VK30 1.4","Vuông kẽm 30 (1.4)","Cây",3,125000,375000,0,319611.93701799487,319611.93701799487,"KL",null,0]
["2358","2020-09-12","PX130",null,"VK30 1.2","Vuông kẽm 30 (1.2)","Cây",1,106000,106000,0,94676.748251748257,94676.748251748257,"KL",null,0]
["2359","2020-09-12","PX130",null,"VK30 1.4","Vuông kẽm 30 (1.4)","Cây",8,125000,1000000,0,852298.49871465296,852298.49871465296,"KL",null,0]
["2360","2020-09-12","PX130",null,"VK14 1.2","Vuông kẽm 14 (1.2)","Cây",6,53000,318000,0,269208.12182741117,269208.12182741117,"KL",null,0]
["2361","2020-09-12","PX130",null,"VK100 1.8","Vuông kẽm 100 (1.8)","Cây",1,560000,560000,0,472858.66666666669,472858.66666666669,"KL",null,0]
["2362","2020-09-12","PX130",null,"OK21 1.1","Ống kẽm 21 (1.1)","Cây",8,62000,496000,0,395161.90476190473,395161.90476190473,"KL",null,0]
["2363","2020-09-12","PX130",null,"TNSV1.0 2.5M","Tôn nhựa sóng vuông (1.0) 2.5m","Tấm",3,175000,525000,0,468170.10309278348,468170.10309278348,"KL",null,0]
["2364","2020-09-12","PX130",null,"TL4.5","Tôn Lạnh 4.5","Mét",13.5,81000,1093500,0,957003.01038062293,957003.01038062293,"KL",null,0]
["2365","2020-09-12","PX130",null,"TNSV M 2.0M","Tôn nhựa sóng vuông mỏng 2.0m","Tấm",8,120000,960000,0,776000,776000,"KL",null,0]
["2366","2020-09-12","PX130",null,"MANG36 1.2 4M","Máng cửa đi 36 (1.2) 4m","Cây",1,128000,128000,0,109354.83870967742,109354.83870967742,"KL",null,0]
["2367","2020-09-12","PX130",null,"BX36","Bánh xe 36 ","Cái",2,12000,24000,0,12307.9754601227,12307.9754601227,"KL",null,0]
["2368","2020-09-12","PX130",null,"CCS24","Chụp chông sắt 24","Cái",30,2500,75000,0,13949.560117302053,13949.560117302053,"KL",null,0]
["2369","2020-09-12","PX130-TT",null,null,"Thu tien luon",0,0,0,0,0,0,0,"KL",21842950,0]
["2370","2020-09-14","PX131",null,"HK3060 1.4 ","Hộp kẽm 30x60 (1.4) ","Cây",1,185000,185000,0,163055.60747663552,163055.60747663552,"KL",null,0]
["2371","2020-09-14","PX131",null,"HK1326 1.2","Hộp kẽm 13x26 (1.2)","Cây",10,73000,730000,0,610762.93823038391,610762.93823038391,"KL",null,0]
["2372","2020-09-14","PX131",null,"HK3060 1.4 ","Hộp kẽm 30x60 (1.4) ","Cây",1,185000,185000,0,163055.60747663552,163055.60747663552,"KL",null,0]
["2373","2020-09-14","PX131",null,"HK3060 1.8","Hộp kẽm 30x60 (1.8)","Cây",4,241000,964000,0,809089.50807899458,809089.50807899458,"KL",null,0]
["2374","2020-09-14","PX131",null,"HK3060 1.4 ","Hộp kẽm 30x60 (1.4) ","Cây",20,180000,3600000,0,3261112.1495327102,3261112.1495327102,"KL",null,0]
["2375","2020-09-14","PX131",null,"HK2040 1.4 ","Hộp kẽm 20x40 (1.4) ","Cây",4,125000,500000,0,434479.19463087246,434479.19463087246,"KL",null,0]
["2376","2020-09-14","PX131",null,"HK2040 1.2 ","Hộp kẽm 20x40 (1.2) ","Cây",3,110000,330000,0,289038.3954154728,289038.3954154728,"KL",null,0]
["2377","2020-09-14","PX131",null,"HK4080 1.8","Hộp kẽm 40x80 (1.8)","Cây",2,319000,638000,0,547311.65096952906,547311.65096952906,"KL",null,0]
["2378","2020-09-14","PX131",null,"HK4080 1.4 ","Hộp kẽm 40x80 (1.4) ","Cây",35,238000,8330000,0,7631221.3389121341,7631221.3389121341,"KL",null,0]
["2379","2020-09-14","PX131",null,"HK4080 1.8","Hộp kẽm 40x80 (1.8)","Cây",6,319000,1914000,0,1641934.9529085872,1641934.9529085872,"KL",null,0]
["2380","2020-09-14","PX131",null,"HK1326 1.2","Hộp kẽm 13x26 (1.2)","Cây",5,73000,365000,0,305381.46911519195,305381.46911519195,"KL",null,0]
["2381","2020-09-14","PX131",null,"HK1326 1.2","Hộp kẽm 13x26 (1.2)","Cây",7,75000,525000,0,427534.05676126876,427534.05676126876,"KL",null,0]
["2382","2020-09-14","PX131",null,"HK5010 1.8","Hộp kẽm 50x100 (1.8)","Cây",30,374000,11220000,0,10304080.120481927,10304080.120481927,"KL",null,0]
["2383","2020-09-14","PX131",null,"TL5.0","Tôn Lạnh 5.0","Mét",86.4,88000,7603200.0000000009,0,6571917.0563204009,6571917.0563204009,"KL",null,0]
["2384","2020-09-14","PX131",null,"TL5.0","Tôn Lạnh 5.0","Mét",24.9,88000,2191200,0,1893989.9849812263,1893989.9849812263,"KL",null,0]
["2385","2020-09-14","PX131",null,"TL5.0","Tôn Lạnh 5.0","Mét",4.4000000000000004,90000,396000.00000000006,0,334680.96120150189,334680.96120150189,"KL",null,0]
["2386","2020-09-14","PX131",null,"TLL4.5","Tôn Lạnh Lỗi 4.5","kg",1574,18000,28332000,0,26758000,26758000,"KL",null,0]
["2387","2020-09-14","PX131",null,"TMXN4.0","Tôn XNgọc 4.0","Mét",3,75000,225000,0,179847.51238423435,179847.51238423435,"KL",null,0]
["2388","2020-09-14","PX131",null,"TMXN4.5","Tôn XNgọc 4.5","Mét",13,80000,1040000,0,851533.2770344374,851533.2770344374,"KL",null,0]
["2389","2020-09-14","PX131",null,"TMXN3.0","Tôn XNgọc 3.0","Mét",9.9,55000,544500,0,459954.35378201312,459954.35378201312,"KL",null,0]
["2390","2020-09-14","PX131",null,"TMXN4.0","Tôn XNgọc 4.0","Mét",9,68000,612000,0,539542.53715270304,539542.53715270304,"KL",null,0]
["2391","2020-09-14","PX131",null,"TMXN5.0DA","Tôn XNgọc 5.0 ĐÁ","Mét",31,104000,3224000,0,2917379.1329204384,2917379.1329204384,"KL",null,0]
["2392","2020-09-14","PX131",null,"VK14 1.2","Vuông kẽm 14 (1.2)","Cây",4,53000,212000,0,179472.08121827411,179472.08121827411,"KL",null,0]
["2393","2020-09-14","PX131",null,"VK30 1.4","Vuông kẽm 30 (1.4)","Cây",7,124000,868000,0,745761.18637532135,745761.18637532135,"KL",null,0]
["2394","2020-09-14","PX131",null,"VK20 1.0","Vuông kẽm 20 (1.0)","Cây",2,62000,124000,0,102373.55371900827,102373.55371900827,"KL",null,0]
["2395","2020-09-14","PX131",null,"VK40 1.4","Vuông kẽm 40 (1.4)","Cây",50,160000,8000000,0,7171430.0554016624,7171430.0554016624,"KL",null,0]
["2396","2020-09-14","PX131",null,"LC 14","La cứng 14","Cây",7,14000,98000,0,58130.097276264583,58130.097276264583,"KL",null,0]
["2397","2020-09-14","PX131",null,"LC 30","La cứng 30","Cây",1,30000,30000,0,17000,17000,"KL",null,0]
["2398","2020-09-14","PX131",null,"V30Đ","V đen 30(Đ)","Cây",10,120000,1200000,0,893115.10791366908,893115.10791366908,"KL",null,0]
["2399","2020-09-14","PX131",null,"V30Đ","V đen 30(Đ)","Cây",15,120000,1800000,0,1339672.6618705036,1339672.6618705036,"KL",null,0]
["2400","2020-09-14","PX131",null,"OK27 1.8","Ống kẽm 27 (1.8)","Cây",1,118000,118000,0,101917.0731707317,101917.0731707317,"KL",null,0]
["2401","2020-09-14","PX131",null,"OK114 1.8","ống kẽm 114 (1.8)","Cây",3,466000,1398000,0,1299101.2258064516,1299101.2258064516,"KL",null,0]
["2402","2020-09-14","PX131-TT",null,null,"Thu tien luon",0,0,0,0,0,0,0,"KL",87501900,0]
["2403","2020-09-15","PX132",null,"TL3.5","Tôn Lạnh 3.5","Mét",4.0999999999999996,68000,278800,0,243129.99999999997,243129.99999999997,"KL",null,0]
["2404","2020-09-15","PX132",null,"TMXN3.5","Tôn XNgọc 3.5","Mét",24,62000,1488000,0,1239154.8138639282,1239154.8138639282,"KL",null,0]
["2405","2020-09-15","PX132",null,"TMXN3.5","Tôn XNgọc 3.5","Mét",17.100000000000001,59000,1008900.0000000001,0,882897.80487804883,882897.80487804883,"KL",null,0]
["2406","2020-09-15","PX132",null,"TMXN4.0","Tôn XNgọc 4.0","Mét",56.5,68000,3842000,0,3387128.14990308,3387128.14990308,"KL",null,0]
["2407","2020-09-15","PX132",null,"HK3060 1.4 ","Hộp kẽm 30x60 (1.4) ","Cây",12,185000,2220000,0,1956667.2897196263,1956667.2897196263,"KL",null,0]
["2408","2020-09-15","PX132",null,"HK1326 1.2","Hộp kẽm 13x26 (1.2)","Cây",12,73000,876000,0,732915.52587646071,732915.52587646071,"KL",null,0]
["2409","2020-09-15","PX132",null,"HK1326 1.1","Hộp kẽm 13x26 (1.1)","Cây",13,65000,845000,0,732842.65402843594,732842.65402843594,"KL",null,0]
["2410","2020-09-15","PX132",null,"HK1326 1.1","Hộp kẽm 13x26 (1.1)","Cây",2,66000,132000,0,112745.02369668246,112745.02369668246,"KL",null,0]
["2411","2020-09-15","PX132",null,"LC 30","La cứng 30","Cây",1,30000,30000,0,17000,17000,"KL",null,0]
["2412","2020-09-15","PX132",null,"MANG36 1.2 6M","Máng cửa đi 36 (1.2) 6m","Cây",3,216000,648000,0,441741.17647058819,441741.17647058819,"KL",null,0]
["2413","2020-09-15","PX132",null,"MANG36 1.2 5M","Máng cửa đi 36 (1.2) 5m","Cây",1,180000,180000,0,137058.82352941178,137058.82352941178,"KL",null,0]
["2414","2020-09-15","PX132",null,"BX36","Bánh xe 36 ","Cái",6,12000,72000,0,36923.926380368095,36923.926380368095,"KL",null,0]
["2415","2020-09-15","PX132",null,"VK40 1.2","Vuông kẽm 40 (1.2)","Cây",10,147000,1470000,0,1283455.5555555555,1283455.5555555555,"KL",null,0]
["2416","2020-09-15","PX132",null,"VK30 1.2","Vuông kẽm 30 (1.2)","Cây",15,110000,1650000,0,1420151.2237762238,1420151.2237762238,"KL",null,0]
["2417","2020-09-15","PX132",null,"VK20 1.0","Vuông kẽm 20 (1.0)","Cây",5,62000,310000,0,255933.88429752068,255933.88429752068,"KL",null,0]
["2418","2020-09-15","PX132-TT",null,null,"Thu tien luon",0,0,0,0,0,0,0,"KL",15050700,0]
["2419","2020-09-16","PX133",null,"TL5.0 ĐA","Tole Lạnh 5.0 ĐÁ","Mét",239,98000,23422000,0,21184497.81617647,21184497.81617647,"KL",null,0]
["2420","2020-09-16","PX133",null,"TL5.0","Tôn Lạnh 5.0","Mét",126,86000,10836000,0,9584045.7071339171,9584045.7071339171,"KL",null,0]
["2421","2020-09-16","PX133",null,"HK3060 1.2 ","Hộp kẽm 30x60 (1.2) ","Cây",20,160000,3200000,0,2935728.9719626168,2935728.9719626168,"KL",null,0]
["2422","2020-09-16","PX133",null,"HK3060 1.4 ","Hộp kẽm 30x60 (1.4) ","Cây",2,169000,338000,0,326111.21495327103,326111.21495327103,"KL",null,0]
["2423","2020-09-16","PX133",null,"HK2040 1.4 ","Hộp kẽm 20x40 (1.4) ","Cây",2,125000,250000,0,217239.59731543623,217239.59731543623,"KL",null,0]
["2424","2020-09-16","PX133",null,"HK2040 1.2 ","Hộp kẽm 20x40 (1.2) ","Cây",30,96000,2880000,0,2890383.954154728,2890383.954154728,"KL",null,0]
["2425","2020-09-16","PX133",null,"HK4080 1.4 ","Hộp kẽm 40x80 (1.4) ","Cây",3,225000,675000,0,654104.68619246862,654104.68619246862,"KL",null,0]
["2426","2020-09-16","PX133",null,"V50X","V đen 50(X)","Cây",5,198000,990000,0,800341.46341463423,800341.46341463423,"KL",null,0]
["2427","2020-09-16","PX133",null,"V50Đ","V đen 50(Đ)","Cây",4,235000,940000,0,795673.23943661968,795673.23943661968,"KL",null,0]
["2428","2020-09-16","PX133",null,"V40T","V đen 40(T)","Cây",3,200000,600000,0,501600,501600,"KL",null,0]
["2429","2020-09-16","PX133",null,"V40T","V đen 40(T)","Cây",6,200000,1200000,0,1003200,1003200,"KL",null,0]
["2430","2020-09-16","PX133",null,"V30K","V kẽm 30","Cây",3,130000,390000,0,308700,308700,"KL",null,0]
["2431","2020-09-16","PX133",null,"TMXN4.0","Tôn XNgọc 4.0","Mét",40,65000,2600000,0,2397966.8317897911,2397966.8317897911,"KL",null,0]
["2432","2020-09-16","PX133",null,"TMXN3.0","Tôn XNgọc 3.0","Mét",7.5,59000,442500,0,348450.26801667659,348450.26801667659,"KL",null,0]
["2433","2020-09-16","PX133",null,"TMXN3.5","Tôn XNgọc 3.5","Mét",20.8,62000,1289600,0,1073934.1720154043,1073934.1720154043,"KL",null,0]
["2434","2020-09-16","PX133",null,"TMXN4.5","Tôn XNgọc 4.5","Mét",17,70000,1190000,0,1113543.5161219565,1113543.5161219565,"KL",null,0]
["2435","2020-09-16","PX133",null,"TMXN5.0","Tôn XNgọc 5.0","Mét",6,80000,480000,0,439803.83106085804,439803.83106085804,"KL",null,0]
["2436","2020-09-16","PX133",null,"VK20 1.4","Vuông kẽm 20 (1.4)","Cây",4,82000,328000,0,272705.8823529412,272705.8823529412,"KL",null,0]
["2437","2020-09-16","PX133",null,"VK30 1.2","Vuông kẽm 30 (1.2)","Cây",6,113000,678000,0,568060.48951048951,568060.48951048951,"KL",null,0]
["2438","2020-09-16","PX133",null,"VK30 1.4","Vuông kẽm 30 (1.4)","Cây",1,108000,108000,0,106537.31233933162,106537.31233933162,"KL",null,0]
["2439","2020-09-16","PX133",null,"LC 30 5","La cứng 30 5li","Cây",2,70000,140000,0,93351.351351351346,93351.351351351346,"KL",null,0]
["2440","2020-09-16","PX133",null,"MANG36 1.2 5M","Máng cửa đi 36 (1.2) 5m","Cây",2,180000,360000,0,274117.64705882355,274117.64705882355,"KL",null,0]
["2441","2020-09-16","PX133",null,"BX36","Bánh xe 36 ","Cái",10,12000,120000,0,61539.877300613502,61539.877300613502,"KL",null,0]
["2442","2020-09-16","PX133",null,"V40T","V đen 40(T)","Cây",2,200000,400000,0,334400,334400,"KL",null,0]
["2443","2020-09-16","PX133-TT",null,null,"Thu tien luon",0,0,0,0,0,0,0,"KL",53857100,0]
["2444","2020-09-17","PX134",null,"MANG36 1.2 6M","Máng cửa đi 36 (1.2) 6m","Cây",2,216000,432000,0,294494.1176470588,294494.1176470588,"KL",null,0]
["2445","2020-09-17","PX134",null,"BX36","Bánh xe 36 ","Cái",8,12000,96000,0,49231.901840490798,49231.901840490798,"KL",null,0]
["2446","2020-09-17","PX134",null,"HD2550 0.7","Hộp đen 25x50 (0.7)","Cây",150,80000,12000000,0,10907530.373831775,10907530.373831775,"KL",null,0]
["2447","2020-09-17","PX134",null,"HD1020 0.6","Hộp đen 10x20 (0.6)","cây",50,35000,1750000,0,1434868.4210526315,1434868.4210526315,"KL",null,0]
["2448","2020-09-17","PX134",null,"TNSV1.0 3.0M","Tôn nhựa sóng vuông (1.0) 3.0m","Tấm",1,216000,216000,0,184285.71428571429,184285.71428571429,"KL",null,0]
["2449","2020-09-17","PX134",null,"TL5.0","Tôn Lạnh 5.0","Mét",130.19999999999999,86000,11197199.999999998,0,9903513.8973717131,9903513.8973717131,"KL",null,0]
["2450","2020-09-17","PX134",null,"TMXN4.0","Tôn XNgọc 4.0","Mét",10.95,65000,711750,0,656443.42020245525,656443.42020245525,"KL",null,0]
["2451","2020-09-17","PX134",null,"TMXN3.5","Tôn XNgọc 3.5","Mét",12.1,59000,713900,0,624740.55198973045,624740.55198973045,"KL",null,0]
["2452","2020-09-17","PX134",null,"NCL","Nẹp tam giác Lớn (8kg)","Cây",20,16000,320000,0,266000,266000,"KL",null,0]
["2453","2020-09-17","PX134",null,"VK30 1.8","Vuông kẽm 30 (1.8)","Cây",3,165000,495000,0,411600,411600,"KL",null,0]
["2454","2020-09-17","PX134",null,"HK1326 1.0","Hộp kẽm 13x26 (1.0)","Cây",15,48000,720000,0,738654.92957746482,738654.92957746482,"KL",null,0]
["2455","2020-09-17","PX134",null,"HK1326 1.1","Hộp kẽm 13x26 (1.1)","Cây",1,57100,57100,0,56372.51184834123,56372.51184834123,"KL",null,0]
["2456","2020-09-17","PX134",null,"HK2550 1.4 ","Hộp kẽm 25x50 (1.4) ","Cây",3,139100,417300,0,409881.63265306118,409881.63265306118,"KL",null,0]
["2457","2020-09-17","PX134",null,"HK3060 1.3","Hộp kẽm 30x60 (1.3)","Cây",22,155000,3410000,0,3417766.9565217393,3417766.9565217393,"KL",null,0]
["2458","2020-09-17","PX134",null,"HK3060 1.8","Hộp kẽm 30x60 (1.8)","Cây",9,210000,1890000,0,1820451.3931777377,1820451.3931777377,"KL",null,0]
["2459","2020-09-17","PX134",null,"HK4080 1.4 ","Hộp kẽm 40x80 (1.4) ","Cây",14,225800,3161200,0,3052488.5355648538,3052488.5355648538,"KL",null,0]
["2460","2020-09-17","PX134",null,"HK4080 1.8","Hộp kẽm 40x80 (1.8)","Cây",91,294200,26772200,0,24902680.119113572,24902680.119113572,"KL",null,0]
["2461","2020-09-17","PX134",null,"HK5010 1.4 ","Hộp kẽm 50x100 (1.4) ","Cây",17,285600,4855200,0,4681420.769230769,4681420.769230769,"KL",null,0]
["2462","2020-09-17","PX134",null,"HK5010 1.8","Hộp kẽm 50x100 (1.8)","Cây",18,352000,6336000,0,6182448.0722891567,6182448.0722891567,"KL",null,0]
["2463","2020-09-17","PX134",null,"VK14 0.9","Vuông kẽm 14 (0.9)","Cây",1,31000,31000,0,31348.717948717949,31348.717948717949,"KL",null,0]
["2464","2020-09-17","PX134",null,"VK20 1.0","Vuông kẽm 20 (1.0)","Cây",10,53700,537000,0,511867.76859504136,511867.76859504136,"KL",null,0]
["2465","2020-09-17","PX134",null,"VK20 1.2","Vuông kẽm 20 (1.2)","Cây",7,63100,441700,0,445483.87096774194,445483.87096774194,"KL",null,0]
["2466","2020-09-17","PX134",null,"VK20 1.4","Vuông kẽm 20 (1.4)","Cây",10,69400,694000,0,681764.70588235301,681764.70588235301,"KL",null,0]
["2467","2020-09-17","PX134",null,"VK30 1.2","Vuông kẽm 30 (1.2)","Cây",9,93400,840600,0,852090.73426573433,852090.73426573433,"KL",null,0]
["2468","2020-09-17","PX134",null,"VK30 1.3","Vuông kẽm 30 (1.3)","Cây",7,111000,777000,0,777000,777000,"KL",null,0]
["2469","2020-09-17","PX134",null,"VK30 1.4","Vuông kẽm 30 (1.4)","Cây",21,108300,2274300,0,2237283.5591259641,2237283.5591259641,"KL",null,0]
["2470","2020-09-17","PX134",null,"VK30 1.8","Vuông kẽm 30 (1.8)","Cây",1,139000,139000,0,137200,137200,"KL",null,0]
["2471","2020-09-17","PX134",null,"VK40 1.8","Vuông kẽm 40 (1.8)","Cây",26,178600,4643600,0,4715201.4089347078,4715201.4089347078,"KL",null,0]
["2472","2020-09-17","PX134",null,"VK14 1.2","Vuông kẽm 14 (1.2)","Cây",3,45700,137100,0,134604.06091370559,134604.06091370559,"KL",null,0]
["2473","2020-09-18","PX135",null,"OK21 1.1","Ống kẽm 21 (1.1)","Cây",10,49000,490000,0,493952.38095238095,493952.38095238095,"KL",null,0]
["2474","2020-09-18","PX135",null,"OK27 1.2","Ống kẽm 27 (1.2)","Cây",1,67900,67900,0,68000,68000,"KL",null,0]
["2475","2020-09-18","PX135",null,"OK27 1.8","Ống kẽm 27 (1.8)","Cây",3,104000,312000,0,305751.21951219509,305751.21951219509,"KL",null,0]
["2476","2020-09-18","PX135",null,"OK34 1.8","Ống kẽm 34 (1.8)","Cây",7,134400,940800,0,934607.69230769237,934607.69230769237,"KL",null,0]
["2477","2020-09-18","PX135",null,"OK42 1.8","Ống kẽm 42 (1.8)","Cây",9,154500,1390500,0,1434600,1434600,"KL",null,0]
["2478","2020-09-18","PX135",null,"OK49 1.8","Ống kẽm 49 (1.8)","Cây",11,176000,1936000,0,2019412.1951219512,2019412.1951219512,"KL",null,0]
["2479","2020-09-18","PX135",null,"OK60 1.3","Ống kẽm 60 (1.3)","Cây",1,203000,203000,0,203000,203000,"KL",null,0]
["2480","2020-09-18","PX135",null,"OK60 1.8","Ống kẽm 60 (1.8)","Cây",3,217500,652500,0,652500,652500,"KL",null,0]
["2481","2020-09-18","PX135",null,"OK76 1.8","Ống kẽm 76 (1.8)","Cây",9,288000,2592000,0,2592000,2592000,"KL",null,0]
["2482","2020-09-18","PX135",null,"OK90 1.8","Ống kẽm 90 (1.8)","Cây",19,330000,6270000,0,6108975,6108975,"KL",null,0]
["2483","2020-09-18","PX135",null,"BX30","Bánh xe 30","Cái",2,12000,24000,0,12107.142857142857,12107.142857142857,"KL",null,0]
["2484","2020-09-18","PX135",null,"VK30 1.4","Vuông kẽm 30 (1.4)","Cây",2,125000,250000,0,213074.62467866324,213074.62467866324,"KL",null,0]
["2485","2020-09-18","PX135",null,"VK30 1.4","Vuông kẽm 30 (1.4)","Cây",8,125000,1000000,0,852298.49871465296,852298.49871465296,"KL",null,0]
["2486","2020-09-18","PX135",null,"VK14 1.2","Vuông kẽm 14 (1.2)","Cây",3,53000,159000,0,134604.06091370559,134604.06091370559,"KL",null,0]
["2487","2020-09-18","PX135",null,"VK50 1.8","Vuông kẽm 50 (1.8)","Cây",12,280000,3360000,0,2907155.9055118109,2907155.9055118109,"KL",null,0]
["2488","2020-09-18","PX135",null,"VK30 1.4","Vuông kẽm 30 (1.4)","Cây",2,125000,250000,0,213074.62467866324,213074.62467866324,"KL",null,0]
["2489","2020-09-18","PX135",null,"VK30 1.2","Vuông kẽm 30 (1.2)","Cây",5,110000,550000,0,473383.7412587413,473383.7412587413,"KL",null,0]
["2490","2020-09-18","PX135",null,"VK30 1.4","Vuông kẽm 30 (1.4)","Cây",5,125000,625000,0,532686.56169665814,532686.56169665814,"KL",null,0]
["2491","2020-09-18","PX135",null,"HK4080 1.4 ","Hộp kẽm 40x80 (1.4) ","Cây",1,246000,246000,0,218034.89539748954,218034.89539748954,"KL",null,0]
["2492","2020-09-18","PX135",null,"HK1326 1.2","Hộp kẽm 13x26 (1.2)","Cây",40,73000,2920000,0,2443051.7529215356,2443051.7529215356,"KL",null,0]
["2493","2020-09-18","PX135",null,"HK3060 1.4 ","Hộp kẽm 30x60 (1.4) ","Cây",7,185000,1295000,0,1141389.2523364485,1141389.2523364485,"KL",null,0]
["2494","2020-09-18","PX135",null,"HK3060 1.4 ","Hộp kẽm 30x60 (1.4) ","Cây",4,185000,740000,0,652222.42990654206,652222.42990654206,"KL",null,0]
["2495","2020-09-18","PX135",null,"HK2040 1.4 ","Hộp kẽm 20x40 (1.4) ","Cây",8,125000,1000000,0,868958.38926174492,868958.38926174492,"KL",null,0]
["2496","2020-09-18","PX135",null,"HK5010 1.8","Hộp kẽm 50x100 (1.8)","Cây",5,398000,1990000,0,1717346.686746988,1717346.686746988,"KL",null,0]
["2497","2020-09-18","PX135",null,"HK5010 1.2","Hộp kẽm 50x100 (1.2)","Cây",2,267000,534000,0,480393.93939393939,480393.93939393939,"KL",null,0]
["2498","2020-09-18","PX135",null,"HK3060 1.4 ","Hộp kẽm 30x60 (1.4) ","Cây",5,185000,925000,0,815278.03738317755,815278.03738317755,"KL",null,0]
["2499","2020-09-18","PX135",null,"HK1326 1.2","Hộp kẽm 13x26 (1.2)","Cây",5,73000,365000,0,305381.46911519195,305381.46911519195,"KL",null,0]
["2500","2020-09-18","PX135",null,"HK5010 1.4 ","Hộp kẽm 50x100 (1.4) ","Cây",5,305000,1525000,0,1376888.4615384615,1376888.4615384615,"KL",null,0]
["2501","2020-09-18","PX135",null,"HK2550 1.4 ","Hộp kẽm 25x50 (1.4) ","Cây",3,153000,459000,0,409881.63265306118,409881.63265306118,"KL",null,0]
["2502","2020-09-18","PX135",null,"HK4080 1.8","Hộp kẽm 40x80 (1.8)","Cây",1,319000,319000,0,273655.82548476453,273655.82548476453,"KL",null,0]
["2503","2020-09-18","PX135",null,"HK4080 1.3","Hộp kẽm 40x80 (1.3)","Cây",12,239000,2868000,0,2535611.6504854369,2535611.6504854369,"KL",null,0]
["2504","2020-09-18","PX135",null,"OK21 1.4","Ống kẽm 21 (1.4)","Cây",2,74000,148000,0,124181.81818181818,124181.81818181818,"KL",null,0]
["2505","2020-09-18","PX135",null,"OK114 1.8","ống kẽm 114 (1.8)","Cây",8,510000,4080000,0,3464269.935483871,3464269.935483871,"KL",null,0]
["2506","2020-09-18","PX135",null,"OK34 1.8","Ống kẽm 34 (1.8)","Cây",1,150000,150000,0,133515.38461538462,133515.38461538462,"KL",null,0]
["2507","2020-09-18","PX135",null,"LC 30","La cứng 30","Cây",1,30000,30000,0,17000,17000,"KL",null,0]
["2508","2020-09-18","PX135",null,"CCS24","Chụp chông sắt 24","Cái",20,2500,50000,0,9299.7067448680355,9299.7067448680355,"KL",null,0]
["2509","2020-09-18","PX135",null,"TMXN4.0","Tôn XNgọc 4.0","Mét",59,73000,4307000,0,3537001.0768899419,3537001.0768899419,"KL",null,0]
["2510","2020-09-18","PX135",null,"TMXN4.5DA","Tôn XNgọc 4.5 ĐÁ","Mét",52.5,99000,5197500,0,4480595.7446808517,4480595.7446808517,"KL",null,0]
["2511","2020-09-18","PX135",null,"TMXN3.5","Tôn XNgọc 3.5","Mét",4,64000,256000,0,206525.80231065469,206525.80231065469,"KL",null,0]
["2512","2020-09-18","PX135",null,"TMXN5.0DA","Tôn XNgọc 5.0 ĐÁ","Mét",2.2000000000000002,108000,237600.00000000003,0,207039.80943306338,207039.80943306338,"KL",null,0]
["2513","2020-09-18","PX135",null,"TMXN4.0","Tôn XNgọc 4.0","Mét",32.5,65000,2112500,0,1948348.0508292054,1948348.0508292054,"KL",null,0]
["2514","2020-09-18","PX135",null,"TMXN4.5","Tôn XNgọc 4.5","Mét",100.7,78000,7854600,0,6596107.7690282958,6596107.7690282958,"KL",null,0]
["2515","2020-09-18","PX135",null,"TMXN3.0","Tôn XNgọc 3.0","Mét",16,57000,912000,0,743360.57176891004,743360.57176891004,"KL",null,0]
["2516","2020-09-18","PX135",null,"V40T","V đen 40(T)","Cây",2,200000,400000,0,334400,334400,"KL",null,0]
["2517","2020-09-18","PX135",null,"TL5.0 ĐA","Tole Lạnh 5.0 ĐÁ","Mét",22.5,100000,2250000,0,1994356.4889705882,1994356.4889705882,"KL",null,0]
["2518","2020-09-18","PX135",null,"TL3.5","Tôn Lạnh 3.5","Mét",32.5,66000,2145000,0,1927250,1927250,"KL",null,0]
["2519","2020-09-18","PX135-TT",null,null,"Thu tien luon",0,0,0,0,0,0,0,"KL",66388900,0]
["2520","2020-09-19","PX136",null,"TL5.0 ĐA","Tole Lạnh 5.0 ĐÁ","Mét",306.3,98000,30017400,0,27149839.669852942,27149839.669852942,"KL",null,0]
["2521","2020-09-19","PX136",null,"TL5.0 ĐA","Tole Lạnh 5.0 ĐÁ","Mét",2.27,108000,245160,0,201208.41022058824,201208.41022058824,"KL",null,0]
["2522","2020-09-19","PX136",null,"TL5.0","Tôn Lạnh 5.0","Mét",150,89000,13350000,0,11409578.222778473,11409578.222778473,"KL",null,0]
["2523","2020-09-19","PX136",null,"TL3.5","Tôn Lạnh 3.5","Mét",96,64000,6144000,0,5692800,5692800,"KL",null,0]
["2524","2020-09-19","PX136",null,"HK2040 1.4 ","Hộp kẽm 20x40 (1.4) ","Cây",18,125000,2250000,0,1955156.3758389261,1955156.3758389261,"KL",null,0]
["2525","2020-09-19","PX136",null,"HK4080 1.4 ","Hộp kẽm 40x80 (1.4) ","Cây",4,246000,984000,0,872139.58158995816,872139.58158995816,"KL",null,0]
["2526","2020-09-19","PX136",null,"HK4080 1.4 ","Hộp kẽm 40x80 (1.4) ","Cây",6,246000,1476000,0,1308209.3723849372,1308209.3723849372,"KL",null,0]
["2527","2020-09-19","PX136",null,"HK4080 1.2 ","Hộp kẽm 40x80 (1.2)","Cây",8,220000,1760000,0,1598060,1598060,"KL",null,0]
["2528","2020-09-19","PX136",null,"HK4080 2.0","Hộp kẽm 40x80(2.0)","Cây",6,375000,2250000,0,2033101.6216216218,2033101.6216216218,"KL",null,0]
["2529","2020-09-19","PX136",null,"HK5010 1.4 ","Hộp kẽm 50x100 (1.4) ","Cây",2,305000,610000,0,550755.38461538462,550755.38461538462,"KL",null,0]
["2530","2020-09-19","PX136",null,"HK5010 1.4 ","Hộp kẽm 50x100 (1.4) ","Cây",4,305000,1220000,0,1101510.7692307692,1101510.7692307692,"KL",null,0]
["2531","2020-09-19","PX136",null,"HK3060 1.4 ","Hộp kẽm 30x60 (1.4) ","Cây",1,185000,185000,0,163055.60747663552,163055.60747663552,"KL",null,0]
["2532","2020-09-19","PX136",null,"HK3060 1.4 ","Hộp kẽm 30x60 (1.4) ","Cây",5,185000,925000,0,815278.03738317755,815278.03738317755,"KL",null,0]
["2533","2020-09-19","PX136",null,"HK3060 1.2 ","Hộp kẽm 30x60 (1.2) ","Cây",3,166000,498000,0,440359.34579439252,440359.34579439252,"KL",null,0]
["2534","2020-09-19","PX136",null,"VK40 1.4","Vuông kẽm 40 (1.4)","Cây",6,165000,990000,0,860571.60664819949,860571.60664819949,"KL",null,0]
["2535","2020-09-19","PX136",null,"VK20 1.2","Vuông kẽm 20 (1.2)","Cây",20,72000,1440000,0,1272811.059907834,1272811.059907834,"KL",null,0]
["2536","2020-09-19","PX136",null,"VK30 1.4","Vuông kẽm 30 (1.4)","Cây",5,125000,625000,0,532686.56169665814,532686.56169665814,"KL",null,0]
["2537","2020-09-19","PX136",null,"VK90 1.4","Vuông kẽm 90 (1.4)","Cây",6,375000,2250000,0,2048672.7272727271,2048672.7272727271,"KL",null,0]
["2538","2020-09-19","PX136",null,"VK30 1.2","Vuông kẽm 30 (1.2)","Cây",3,110000,330000,0,284030.24475524476,284030.24475524476,"KL",null,0]
["2539","2020-09-19","PX136",null,"VK25 1.2","Vuông kẽm 25 (1.2)","Cây",4,94000,376000,0,325892.95774647885,325892.95774647885,"KL",null,0]
["2540","2020-09-19","PX136",null,"TMXN5.0","Tôn XNgọc 5.0","Mét",80.58,88000,7091040,0,5906565.4511473235,5906565.4511473235,"KL",null,0]
["2541","2020-09-19","PX136",null,"TMXN3.5","Tôn XNgọc 3.5","Mét",52.8,59000,3115200,0,2726140.5905006416,2726140.5905006416,"KL",null,0]
["2542","2020-09-19","PX136",null,"TMXN5.0","Tôn XNgọc 5.0","Mét",4,88000,352000,0,293202.55404057202,293202.55404057202,"KL",null,0]
["2543","2020-09-19","PX136",null,"TMXN3.0","Tôn XNgọc 3.0","Mét",68,53000,3604000,0,3159282.4300178676,3159282.4300178676,"KL",null,0]
["2544","2020-09-19","PX136",null,"TNSV1.0 3.0M","Tôn nhựa sóng vuông (1.0) 3.0m","Tấm",1,240000,240000,0,184285.71428571429,184285.71428571429,"KL",null,0]
["2545","2020-09-19","PX136",null,"CCN48","Chụp nhựa 48","Cái",4,1500,6000,0,1890.6521739130435,1890.6521739130435,"KL",null,0]
["2546","2020-09-19","PX136",null,"LC 30","La cứng 30","Cây",1,30000,30000,0,17000,17000,"KL",null,0]
["2547","2020-09-19","PX136-TT",null,null,"Thu tien luon",0,0,0,0,0,0,0,"KL",82363800,0]
["2548","2020-09-20","PX137",null,"TMXN5.0","Tôn XNgọc 5.0","Mét",23,88000,2024000,0,1685914.6857332892,1685914.6857332892,"KL",null,0]
["2549","2020-09-20","PX137",null,"TMXN3.0","Tôn XNgọc 3.0","Mét",4,59000,236000,0,185840.14294222751,185840.14294222751,"KL",null,0]
["2550","2020-09-20","PX137",null,"TMXN5.0DA","Tôn XNgọc 5.0 ĐÁ","Mét",23.4,106000,2480400,0,2202150.7003334919,2202150.7003334919,"KL",null,0]
["2551","2020-09-20","PX137",null,"HK4080 1.4 ","Hộp kẽm 40x80 (1.4) ","Cây",4,246000,984000,0,872139.58158995816,872139.58158995816,"KL",null,0]
["2552","2020-09-20","PX137",null,"HK4080 1.7","Hộp kẽm 40x80 (1.7)","Cây",2,305000,610000,0,551442.25352112681,551442.25352112681,"KL",null,0]
["2553","2020-09-20","PX137",null,"HK3060 1.2 ","Hộp kẽm 30x60 (1.2) ","Cây",2,166000,332000,0,293572.89719626168,293572.89719626168,"KL",null,0]
["2554","2020-09-20","PX137",null,"HK2040 1.4 ","Hộp kẽm 20x40 (1.4) ","Cây",4,125000,500000,0,434479.19463087246,434479.19463087246,"KL",null,0]
["2555","2020-09-20","PX137",null,"HK1326 1.2","Hộp kẽm 13x26 (1.2)","Cây",2,75000,150000,0,122152.58764607679,122152.58764607679,"KL",null,0]
["2556","2020-09-20","PX137",null,"TL5.0","Tôn Lạnh 5.0","Mét",0.8,92000,73600,0,60851.08385481852,60851.08385481852,"KL",null,0]
["2557","2020-09-20","PX137",null,"TL5.0","Tôn Lạnh 5.0","Mét",13.2,100000,1320000,0,1004042.8836045054,1004042.8836045054,"KL",null,0]
["2558","2020-09-20","PX137",null,"VK30 1.4","Vuông kẽm 30 (1.4)","Cây",2,125000,250000,0,213074.62467866324,213074.62467866324,"KL",null,0]
["2559","2020-09-20","PX137",null,"VK30 1.4","Vuông kẽm 30 (1.4)","Cây",1,125000,125000,0,106537.31233933162,106537.31233933162,"KL",null,0]
["2560","2020-09-20","PX137",null,"CCN30","Chụp nhựa 30","Cái",2,500,1000,0,360,360,"KL",null,0]
["2561","2020-09-20","PX137-TT",null,null,"Thu tien luon",0,0,0,0,0,0,0,"KL",9086000,0]
["2562","2020-09-21","PX138",null,"VK30 1.8","Vuông kẽm 30 (1.8)","Cây",5,175000,875000,0,686000,686000,"KL",null,0]
["2563","2020-09-21","PX138",null,"V30Đ","V đen 30(Đ)","Cây",5,120000,600000,0,446557.55395683454,446557.55395683454,"KL",null,0]
["2564","2020-09-21","PX138",null,"TL5.0","Tôn Lạnh 5.0","Mét",5,88000,440000,0,380319.27409261576,380319.27409261576,"KL",null,0]
["2565","2020-09-21","PX138",null,"TL3.5","Tôn Lạnh 3.5","Mét",4,68000,272000,0,237200,237200,"KL",null,0]
["2566","2020-09-21","PX138",null,"OK90 1.7","Ống kẽm 90 (1.7)","Cây",2,372000,744000,0,660000,660000,"KL",null,0]
["2567","2020-09-21","PX138",null,"HK3060 1.8","Hộp kẽm 30x60 (1.8)","Cây",7,241000,1687000,0,1415906.6391382406,1415906.6391382406,"KL",null,0]
["2568","2020-09-21","PX138",null,"TMXN5.0","Tôn XNgọc 5.0","Mét",5,88000,440000,0,366503.19255071506,366503.19255071506,"KL",null,0]
["2569","2020-09-21","PX138",null,"TMXN3.5","Tôn XNgọc 3.5","Mét",17.5,59000,1032500,0,903550.38510911423,903550.38510911423,"KL",null,0]
["2570","2020-09-21","PX138",null,"TMXN3.0","Tôn XNgọc 3.0","Mét",20,55000,1100000,0,929200.71471113758,929200.71471113758,"KL",null,0]
["2571","2020-09-21","PX138",null,"MANG30 1.2 4M","Máng cửa sổ 30 (1.2) 4m","Cây",1,128000,128000,0,86871.794871794875,86871.794871794875,"KL",null,0]
["2572","2020-09-21","PX138",null,"BX30","Bánh xe 30","Cái",2,12000,24000,0,12107.142857142857,12107.142857142857,"KL",null,0]
["2573","2020-09-21","PX138",null,"TNSV M 2.5M","Tôn nhựa sóng vuông mỏng 2.5m","Tấm",6,150000,900000,0,727500,727500,"KL",null,0]
["2574","2020-09-21","PX138",null,"TNSV1.0 2.0M","Tôn nhựa sóng vuông (1.0) 2.0m","Tấm",4,150000,600000,0,520000,520000,"KL",null,0]
["2575","2020-09-21","PX138",null,"HK5010 1.7","Hộp kẽm 50x100 (1.7)","Cây",10,373000,3730000,0,3598482.7586206896,3598482.7586206896,"KL",null,0]
["2576","2020-09-21","PX138",null,"HK3060 1.3","Hộp kẽm 30x60 (1.3)","Cây",20,176000,3520000,0,3107060.8695652173,3107060.8695652173,"KL",null,0]
["2577","2020-09-21","PX138-TT",null,null,"Thu tien luon",0,0,0,0,0,0,0,"KL",16092500,0]
["2578","2020-09-22","PX139",null,"TL5.0","Tôn Lạnh 5.0","Mét",115.3,83000,9569900,0,8770162.4605757184,8770162.4605757184,"KL",null,0]
["2579","2020-09-22","PX139",null,"TL5.0 ĐA","Tole Lạnh 5.0 ĐÁ","Mét",5,102000,510000,0,443190.33088235295,443190.33088235295,"KL",null,0]
["2580","2020-09-22","PX139",null,"TNSV1.0 3.0M","Tôn nhựa sóng vuông (1.0) 3.0m","Tấm",8,225000,1800000,0,1474285.7142857143,1474285.7142857143,"KL",null,0]
["2581","2020-09-22","PX139",null,"TMXN5.0","Tôn XNgọc 5.0","Mét",5,84000,420000,0,366503.19255071506,366503.19255071506,"KL",null,0]
["2582","2020-09-22","PX139",null,"TMXN3.0","Tôn XNgọc 3.0","Mét",17.5,53000,927500,0,813050.62537224533,813050.62537224533,"KL",null,0]
["2583","2020-09-22","PX139",null,"TMXN3.0","Tôn XNgọc 3.0","Mét",6,59000,354000,0,278760.21441334125,278760.21441334125,"KL",null,0]
["2584","2020-09-22","PX139",null,"TMXN5.0DA","Tôn XNgọc 5.0 ĐÁ","Mét",3.5,104000,364000,0,329381.51500714628,329381.51500714628,"KL",null,0]
["2585","2020-09-22","PX139",null,"HK4080 2.0","Hộp kẽm 40x80(2.0)","Cây",23,375000,8625000,0,7793556.2162162168,7793556.2162162168,"KL",null,0]
["2586","2020-09-22","PX139",null,"HK2040 1.2 ","Hộp kẽm 20x40 (1.2) ","Cây",13,110000,1430000,0,1252499.7134670487,1252499.7134670487,"KL",null,0]
["2587","2020-09-22","PX139",null,"HK4080 1.8","Hộp kẽm 40x80 (1.8)","Cây",9,319000,2871000,0,2462902.429362881,2462902.429362881,"KL",null,0]
["2588","2020-09-22","PX139",null,"HK3060 1.8","Hộp kẽm 30x60 (1.8)","Cây",2,241000,482000,0,404544.75403949729,404544.75403949729,"KL",null,0]
["2589","2020-09-22","PX139",null,"I100","I100","Cây",6,630000,3780000,0,3604833.333333333,3604833.333333333,"KL",null,0]
["2590","2020-09-22","PX139",null,"OK49 1.4","Ống kẽm 49 (1.4)","Cây",5,165000,825000,0,718000,718000,"KL",null,0]
["2591","2020-09-22","PX139",null,"VK20 1.0","Vuông kẽm 20 (1.0)","Cây",20,62000,1240000,0,1023735.5371900827,1023735.5371900827,"KL",null,0]
["2592","2020-09-22","PX139",null,"VK30 1.2","Vuông kẽm 30 (1.2)","Cây",3,113000,339000,0,284030.24475524476,284030.24475524476,"KL",null,0]
["2593","2020-09-22","PX139-TT",null,null,"Thu tien luon",0,0,0,0,0,0,0,"KL",33537400,0]
["2594","2020-09-23","PX140",null,"TMXN4.5","Tôn XNgọc 4.5","Mét",18.34,80000,1467200,0,1201316.9462162754,1201316.9462162754,"KL",null,0]
["2595","2020-09-23","PX140",null,"TMXN3.0","Tôn XNgọc 3.0","Mét",33,59000,1947000,0,1533181.1792733769,1533181.1792733769,"KL",null,0]
["2596","2020-09-23","PX140",null,"TMXN4.5DA","Tôn XNgọc 4.5 ĐÁ","Mét",11.5,99000,1138500,0,981463.82978723408,981463.82978723408,"KL",null,0]
["2597","2020-09-23","PX140",null,"TMXN5.0DA","Tôn XNgọc 5.0 ĐÁ","Mét",8.8000000000000007,95000,836000.00000000012,0,828159.2377322535,828159.2377322535,"KL",null,0]
["2598","2020-09-23","PX140",null,"TMXN4.0","Tôn XNgọc 4.0","Mét",109,66000,7194000,0,6534459.6166271809,6534459.6166271809,"KL",null,0]
["2599","2020-09-23","PX140",null,"TMXN3.0","Tôn XNgọc 3.0","Mét",16,53000,848000,0,743360.57176891004,743360.57176891004,"KL",null,0]
["2600","2020-09-23","PX140",null,"HK4080 1.4 ","Hộp kẽm 40x80 (1.4) ","Cây",2,246000,492000,0,436069.79079497908,436069.79079497908,"KL",null,0]
["2601","2020-09-23","PX140",null,"HK3060 1.4 ","Hộp kẽm 30x60 (1.4) ","Cây",6,185000,1110000,0,978333.64485981315,978333.64485981315,"KL",null,0]
["2602","2020-09-23","PX140",null,"HK4080 1.2 ","Hộp kẽm 40x80 (1.2)","Cây",4,220000,880000,0,799030,799030,"KL",null,0]
["2603","2020-09-23","PX140",null,"HK612 2.0","Hộp kẽm 60x120 (2.0)","Cây",11,575000,6325000,0,5831941.176470588,5831941.176470588,"KL",null,0]
["2604","2020-09-23","PX140",null,"HK3060 1.4 ","Hộp kẽm 30x60 (1.4) ","Cây",8,185000,1480000,0,1304444.8598130841,1304444.8598130841,"KL",null,0]
["2605","2020-09-23","PX140",null,"HK3060 1.4 ","Hộp kẽm 30x60 (1.4) ","Cây",3,170000,510000,0,489166.82242990658,489166.82242990658,"KL",null,0]
["2606","2020-09-23","PX140",null,"HK4080 1.1","Hộp kẽm 40x80 (1.1)","Cây",20,198000,3960000,0,3488717.1314741038,3488717.1314741038,"KL",null,0]
["2607","2020-09-23","PX140",null,"HK3060 1.1","Hộp kẽm 30x60 (1.1)","Cây",20,149000,2980000,0,2851809.5238095238,2851809.5238095238,"KL",null,0]
["2608","2020-09-23","PX140",null,"TL5.0","Tôn Lạnh 5.0","Mét",6,85000,510000,0,456383.12891113886,456383.12891113886,"KL",null,0]
["2609","2020-09-23","PX140",null,"TL5.0","Tôn Lạnh 5.0","Mét",309.60000000000002,86000,26625600.000000004,0,23549369.451814767,23549369.451814767,"KL",null,0]
["2610","2020-09-23","PX140",null,"TL5.0 ĐA","Tole Lạnh 5.0 ĐÁ","Mét",4,102000,408000,0,354552.26470588235,354552.26470588235,"KL",null,0]
["2611","2020-09-23","PX140",null,"TL3.5","Tôn Lạnh 3.5","Mét",1.6,72000,115200,0,94880,94880,"KL",null,0]
["2612","2020-09-23","PX140",null,"OK90 1.4 ","Ống kẽm 90 (1.4) ","Cây",1,308000,308000,0,277500,277500,"KL",null,0]
["2613","2020-09-23","PX140",null,"OK114 1.8","ống kẽm 114 (1.8)","Cây",1,510000,510000,0,433033.74193548388,433033.74193548388,"KL",null,0]
["2614","2020-09-23","PX140",null,"OK60 2.0","Ống kẽm 60 (2.0)","Cây",1,300000,300000,0,268628.57142857142,268628.57142857142,"KL",null,0]
["2615","2020-09-23","PX140",null,"V40Đ","V đen 40(Đ)","Cây",2,160000,320000,0,258823.5294117647,258823.5294117647,"KL",null,0]
["2616","2020-09-23","PX140",null,"CKT","Chén kẽm trung","Kg",0.6,25000,15000,0,9956.7567567567548,9956.7567567567548,"KL",null,0]
["2617","2020-09-23","PX140",null,"TNSV M 2.0M","Tôn nhựa sóng vuông mỏng 2.0m","Tấm",1,120000,120000,0,97000,97000,"KL",null,0]
["2618","2020-09-23","PX140",null,"NCN","Nẹp tam giác Nhỏ","Cây",3,11000,33000,0,22200,22200,"KL",null,0]
["2619","2020-09-23","PX140",null,"LC 30","La cứng 30","Cây",1,30000,30000,0,17000,17000,"KL",null,0]
["2620","2020-09-23","PX140",null,"LC 20","La cứng 20","Cây",1,20000,20000,0,14100,14100,"KL",null,0]
["2621","2020-09-23","PX140",null,"TNSV1.0 2.0M","Tôn nhựa sóng vuông (1.0) 2.0m","Tấm",12,150000,1800000,0,1560000,1560000,"KL",null,0]
["2622","2020-09-23","PX140",null,"VK40 1.2","Vuông kẽm 40 (1.2)","Cây",7,147000,1029000,0,898418.88888888899,898418.88888888899,"KL",null,0]
["2623","2020-09-23","PX140",null,"VK30 1.4","Vuông kẽm 30 (1.4)","Cây",8,125000,1000000,0,852298.49871465296,852298.49871465296,"KL",null,0]
["2624","2020-09-23","PX140",null,"VK20 1.0","Vuông kẽm 20 (1.0)","Cây",8,62000,496000,0,409494.21487603307,409494.21487603307,"KL",null,0]
["2625","2020-09-23","PX140",null,"VK30 1.2","Vuông kẽm 30 (1.2)","Cây",1,95000,95000,0,94676.748251748257,94676.748251748257,"KL",null,0]
["2626","2020-09-23","PX140-TT",null,null,"Thu tien luon",0,0,0,0,0,0,0,"KL",64902500,0]
["2627","2020-09-25","PX141",null,"HD2550 0.9","Hộp đen 25x50 (0.9)","Cây",50,104000,5200000,0,4348918.9189189188,4348918.9189189188,"KL",null,0]
["2628","2020-09-25","PX141",null,"HD2550 0.7","Hộp đen 25x50 (0.7)","Cây",150,81000,12150000,0,10907530.373831775,10907530.373831775,"KL",null,0]
["2629","2020-09-25","PX141",null,"VK30 1.4","Vuông kẽm 30 (1.4)","Cây",2,125000,250000,0,213074.62467866324,213074.62467866324,"KL",null,0]
["2630","2020-09-25","PX141",null,"HK1326 1.2","Hộp kẽm 13x26 (1.2)","Cây",1,73000,73000,0,61076.293823038395,61076.293823038395,"KL",null,0]
["2631","2020-09-25","PX141",null,"TMXN3.5","Tôn XNgọc 3.5","Mét",3.5,64000,224000,0,180710.07702182286,180710.07702182286,"KL",null,0]
["2632","2020-09-25","PX141-TT",null,null,"Thu tien luon",0,0,0,0,0,0,0,"KL",17897000,0]
["2633","2020-09-26","PX142",null,"TL4.5","Tôn Lạnh 4.5","Mét",9,84000,756000,0,638002.00692041521,638002.00692041521,"KL",null,0]
["2634","2020-09-26","PX142",null,"V40T","V đen 40(T)","Cây",5,200000,1000000,0,836000,836000,"KL",null,0]
["2635","2020-09-26","PX142",null,"HK4080 1.8","Hộp kẽm 40x80 (1.8)","Cây",1,319000,319000,0,273655.82548476453,273655.82548476453,"KL",null,0]
["2636","2020-09-26","PX142",null,"OK21 1.4","Ống kẽm 21 (1.4)","Cây",5,74000,370000,0,310454.54545454541,310454.54545454541,"KL",null,0]
["2637","2020-09-26","PX142",null,"TMXN5.0DA","Tôn XNgọc 5.0 ĐÁ","Mét",3.1,108000,334800,0,291737.91329204384,291737.91329204384,"KL",null,0]
["2638","2020-09-26","PX142",null,"TL5.0","Tôn Lạnh 5.0","Mét",4.3,90000,387000,0,327074.5757196495,327074.5757196495,"KL",null,0]
["2639","2020-09-26","PX142",null,"HK5010 2.0","Hộp kẽm 50x100 (2.0)","Cây",5,468000,2340000,0,2058628.5714285714,2058628.5714285714,"KL",null,0]
["2640","2020-09-26","PX142",null,"HK5010 1.4 ","Hộp kẽm 50x100 (1.4) ","Cây",3,305000,915000,0,826133.07692307699,826133.07692307699,"KL",null,0]
["2641","2020-09-26","PX142",null,"HK4080 1.2 ","Hộp kẽm 40x80 (1.2)","Cây",6,220000,1320000,0,1198545,1198545,"KL",null,0]
["2642","2020-09-26","PX142",null,"I100","I100","Cây",2,630000,1260000,0,1201611.111111111,1201611.111111111,"KL",null,0]
["2643","2020-09-26","PX142",null,"TMXN4.5","Tôn XNgọc 4.5","Mét",26.5,84000,2226000,0,1735817.8339548148,1735817.8339548148,"KL",null,0]
["2644","2020-09-26","PX142-TT",null,null,"Thu tien luon",0,0,0,0,0,0,0,"KL",11227800,0]
["2645","2020-10-27","PX143",null,"TL5.0 ĐA","Tole Lạnh 5.0 ĐÁ","Mét",34.549999999999997,100000,3454999.9999999995,0,3062445.1863970584,3062445.1863970584,"KL",null,0]
["2646","2020-10-27","PX143",null,"TL5.0","Tôn Lạnh 5.0","Mét",30.1,86000,2588600,0,2289522.030037547,2289522.030037547,"KL",null,0]
["2647","2020-10-27","PX143",null,"TL4.5","Tôn Lạnh 4.5","Mét",48,82000,3936000,0,3402677.3702422148,3402677.3702422148,"KL",null,0]
["2648","2020-10-27","PX143",null,"TMXN4.5DA","Tôn XNgọc 4.5 ĐÁ","Mét",80.400000000000006,100000,8040000.0000000009,0,6861712.3404255332,6861712.3404255332,"KL",null,0]
["2649","2020-10-27","PX143",null,"TMXN4.0","Tôn XNgọc 4.0","Mét",14.8,78000,1154400,0,887247.72776222276,887247.72776222276,"KL",null,0]
["2650","2020-10-27","PX143",null,"TMXN3.0","Tôn XNgọc 3.0","Mét",23.2,62000,1438400,0,1077872.8290649196,1077872.8290649196,"KL",null,0]
["2651","2020-10-27","PX143",null,"TMXN3.5","Tôn XNgọc 3.5","Mét",22,60000,1320000,0,1135891.9127086008,1135891.9127086008,"KL",null,0]
["2652","2020-10-27","PX143",null,"TMXN4.0","Tôn XNgọc 4.0","Mét",25,70000,1750000,0,1498729.2698686195,1498729.2698686195,"KL",null,0]
["2653","2020-10-27","PX143",null,"TMXN3.5","Tôn XNgọc 3.5","Mét",47.5,59000,2802500,0,2452493.9024390243,2452493.9024390243,"KL",null,0]
["2654","2020-10-27","PX143",null,"TMXN5.0","Tôn XNgọc 5.0","Mét",2,86000,172000,0,146601.27702028601,146601.27702028601,"KL",null,0]
["2655","2020-10-27","PX143",null,"VK30 1.4","Vuông kẽm 30 (1.4)","Cây",5,125000,625000,0,532686.56169665814,532686.56169665814,"KL",null,0]
["2656","2020-10-27","PX143",null,"VK20 1.0","Vuông kẽm 20 (1.0)","Cây",2,62000,124000,0,102373.55371900827,102373.55371900827,"KL",null,0]
["2657","2020-10-27","PX143",null,"VK20 1.2","Vuông kẽm 20 (1.2)","Cây",3,72000,216000,0,190921.65898617511,190921.65898617511,"KL",null,0]
["2658","2020-10-27","PX143",null,"VK20 1.2","Vuông kẽm 20 (1.2)","Cây",4,72000,288000,0,254562.21198156683,254562.21198156683,"KL",null,0]
["2659","2020-10-27","PX143",null,"HK2550 1.2 ","Hộp kẽm 25x50 (1.2) ","Cây",55,134000,7370000,0,6913363.6363636367,6913363.6363636367,"KL",null,0]
["2660","2020-10-27","PX143",null,"HK3060 1.4 ","Hộp kẽm 30x60 (1.4) ","Cây",10,185000,1850000,0,1630556.0747663551,1630556.0747663551,"KL",null,0]
["2661","2020-10-27","PX143",null,"HK5010 1.3","Hộp kẽm 50x100 (1.3)","Cây",2,294000,588000,0,551200,551200,"KL",null,0]
["2662","2020-10-27","PX143",null,"HK4080 1.2 ","Hộp kẽm 40x80 (1.2)","Cây",5,220000,1100000,0,998787.5,998787.5,"KL",null,0]
["2663","2020-10-27","PX143",null,"HK3060 1.2 ","Hộp kẽm 30x60 (1.2) ","Cây",5,166000,830000,0,733932.24299065419,733932.24299065419,"KL",null,0]
["2664","2020-10-27","PX143",null,"CCS25","Chụp chông sắt 2550","Cái",200,2500,500000,0,142256.41025641025,142256.41025641025,"KL",null,0]
["2665","2020-10-27","PX143",null,"CKT","Chén kẽm trung","Kg",7,25000,175000,0,116162.16216216216,116162.16216216216,"KL",null,0]
["2666","2020-10-27","PX143",null,"OK90 1.4 ","Ống kẽm 90 (1.4) ","Cây",3,308000,924000,0,832500,832500,"KL",null,0]
["2667","2020-10-27","PX143",null,"NCL","Nẹp tam giác Lớn (8kg)","Cây",13,17000,221000,0,172900,172900,"KL",null,0]
["2668","2020-10-27","PX143-TT",null,null,"Thu tien luon",0,0,0,0,0,0,0,"KL",41467900,0]
["2669","2020-09-29","PX144",null,"TMXN4.5","Tôn XNgọc 4.5","Mét",58.1,84000,4880400,0,3805698.7227462167,3805698.7227462167,"KL",null,0]
["2670","2020-09-29","PX144",null,"TMXN5.0DA","Tôn XNgọc 5.0 ĐÁ","Mét",45,106000,4770000,0,4234905.1929490231,4234905.1929490231,"KL",null,0]
["2671","2020-09-29","PX144",null,"TMXN4.5DA","Tôn XNgọc 4.5 ĐÁ","Mét",6,100000,600000,0,512068.08510638302,512068.08510638302,"KL",null,0]
["2672","2020-09-29","PX144",null,"TMXN4.0","Tôn XNgọc 4.0","Mét",73.010000000000005,72000,5256720,0,4376888.9597243164,4376888.9597243164,"KL",null,0]
["2673","2020-09-29","PX144",null,"TMXN4.0","Tôn XNgọc 4.0","Mét",16,70000,1120000,0,959186.73271591647,959186.73271591647,"KL",null,0]
["2674","2020-09-29","PX144",null,"TMXN3.0","Tôn XNgọc 3.0","Mét",3,56000,168000,0,139380.10720667063,139380.10720667063,"KL",null,0]
["2675","2020-09-29","PX144",null,"HK4080 1.4 ","Hộp kẽm 40x80 (1.4) ","Cây",1,246000,246000,0,218034.89539748954,218034.89539748954,"KL",null,0]
["2676","2020-09-29","PX144",null,"HK2040 1.2 ","Hộp kẽm 20x40 (1.2) ","Cây",9,110000,990000,0,867115.18624641839,867115.18624641839,"KL",null,0]
["2677","2020-09-29","PX144",null,"HK2040 1.3","Hộp kẽm 20x40 (1.3)","Cây",2,120000,240000,0,203504,203504,"KL",null,0]
["2678","2020-09-29","PX144",null,"HK4080 1.4 ","Hộp kẽm 40x80 (1.4) ","Cây",25,246000,6150000,0,5450872.3849372389,5450872.3849372389,"KL",null,0]
["2679","2020-09-29","PX144",null,"HK5010 1.8","Hộp kẽm 50x100 (1.8)","Cây",2,398000,796000,0,686938.67469879519,686938.67469879519,"KL",null,0]
["2680","2020-09-29","PX144",null,"HK3060 1.4 ","Hộp kẽm 30x60 (1.4) ","Cây",10,185000,1850000,0,1630556.0747663551,1630556.0747663551,"KL",null,0]
["2681","2020-09-29","PX144",null,"HK2550 1.4 ","Hộp kẽm 25x50 (1.4) ","Cây",2,153000,306000,0,273254.42176870746,273254.42176870746,"KL",null,0]
["2682","2020-09-29","PX144",null,"HK5010 1.7","Hộp kẽm 50x100 (1.7)","Cây",6,373000,2238000,0,2159089.6551724141,2159089.6551724141,"KL",null,0]
["2683","2020-09-29","PX144",null,"HK3060 1.3","Hộp kẽm 30x60 (1.3)","Cây",15,176000,2640000,0,2330295.6521739131,2330295.6521739131,"KL",null,0]
["2684","2020-09-29","PX144",null,"HK4080 1.2 ","Hộp kẽm 40x80 (1.2)","Cây",1,220000,220000,0,199757.5,199757.5,"KL",null,0]
["2685","2020-09-29","PX144",null,"HK3060 1.7","Hộp kẽm 30x60 (1.7)","Cây",30,228000,6840000,0,6495457.6271186443,6495457.6271186443,"KL",null,0]
["2686","2020-09-29","PX144",null,"VK20 1.2","Vuông kẽm 20 (1.2)","Cây",3,72000,216000,0,190921.65898617511,190921.65898617511,"KL",null,0]
["2687","2020-09-29","PX144",null,"VK40 1.4","Vuông kẽm 40 (1.4)","Cây",2,165000,330000,0,286857.20221606648,286857.20221606648,"KL",null,0]
["2688","2020-09-29","PX144",null,"VK75 1.8","Vuông kẽm 75 (1.8)","Cây",3,398000,1194000,0,1091562.5,1091562.5,"KL",null,0]
["2689","2020-09-29","PX144",null,"VK30 1.7","Vuông kẽm 30 (1.7)","Cây",10,148000,1480000,0,1428000,1428000,"KL",null,0]
["2690","2020-09-29","PX144",null,"TL5.0 ĐA","Tole Lạnh 5.0 ĐÁ","Mét",12,103000,1236000,0,1063656.794117647,1063656.794117647,"KL",null,0]
["2691","2020-09-29","PX144",null,"TL3.5","Tôn Lạnh 3.5","Mét",3.5,66000,231000,0,207550,207550,"KL",null,0]
["2692","2020-09-29","PX144",null,"TL3.5","Tôn Lạnh 3.5","Mét",10,64000,640000,0,593000,593000,"KL",null,0]
["2693","2020-09-29","PX144",null,"TL5.0 ĐA","Tole Lạnh 5.0 ĐÁ","Mét",5.6,90000,503999.99999999994,0,496373.17058823525,496373.17058823525,"KL",null,0]
["2694","2020-09-29","PX144",null,"OK90 1.4 ","Ống kẽm 90 (1.4) ","Cây",5,305000,1525000,0,1387500,1387500,"KL",null,0]
["2695","2020-09-29","PX144",null,"OD90 1.4","Ống đen 90 (1.4)","Cây",4,325000,1300000,0,1175538.4615384615,1175538.4615384615,"KL",null,0]
["2696","2020-09-29","PX144",null,"OD34 1.2","Ống đen 34 (1.2)","Cây",6,112000,672000,0,0,0,"KL",null,0]
["2697","2020-09-29","PX144",null,"CCN48","Chụp nhựa 48","Cái",16,1400,22400,0,7562.608695652174,7562.608695652174,"KL",null,0]
["2698","2020-09-29","PX144",null,"LC 30","La cứng 30","Cây",2,30000,60000,0,34000,34000,"KL",null,0]
["2699","2020-09-29","PX144",null,"LC 16","La cứng 16","Cây",3,16000,48000,0,30300,30300,"KL",null,0]
["2700","2020-09-29","PX144",null,"LC 30","La cứng 30","Cây",5,20000,100000,0,85000,85000,"KL",null,0]
["2701","2020-09-29","PX144",null,"V30Đ","V đen 30(Đ)","Cây",3,120000,360000,0,267934.5323741007,267934.5323741007,"KL",null,0]
["2702","2020-09-29","PX144",null,"TNSV1.0 2.0M","Tôn nhựa sóng vuông (1.0) 2.0m","Tấm",2,150000,300000,0,260000,260000,"KL",null,0]
["2703","2020-09-29","PX144-TT",null,null,"Thu tien luon",0,0,0,0,0,0,0,"KL",49529520,0]
["2704","2020-10-01","PX145",null,"I100","I100","Cây",2,650000,1300000,0,1201611.111111111,1201611.111111111,"KL",null,0]
["2705","2020-10-01","PX145",null,"CCN612","Chụp nhựa 612","Cái",42,3000,126000,0,42000,42000,"KL",null,0]
["2706","2020-10-01","PX145",null,"TL3.5","Tôn Lạnh 3.5","Mét",4.8,70000,336000,0,284640,284640,"KL",null,0]
["2707","2020-10-01","PX145",null,"V40T","V đen 40(T)","Cây",1,200000,200000,0,167200,167200,"KL",null,0]
["2708","2020-10-01","PX145",null,"TL4.5","Tôn Lạnh 4.5","Mét",45,82000,3690000,0,3190010.0346020763,3190010.0346020763,"KL",null,0]
["2709","2020-10-01","PX145",null,"HK2040 1.2 ","Hộp kẽm 20x40 (1.2) ","Cây",40,109000,4360000,0,3853845.2722063037,3853845.2722063037,"KL",null,0]
["2710","2020-10-01","PX145",null,"HK4080 2.0","Hộp kẽm 40x80(2.0)","Cây",6,380000,2280000,0,2033101.6216216218,2033101.6216216218,"KL",null,0]
["2711","2020-10-01","PX145",null,"HK1326 1.2","Hộp kẽm 13x26 (1.2)","Cây",10,73000,730000,0,610762.93823038391,610762.93823038391,"KL",null,0]
["2712","2020-10-01","PX145",null,"VK14 1.2","Vuông kẽm 14 (1.2)","Cây",10,53000,530000,0,448680.20304568525,448680.20304568525,"KL",null,0]
["2713","2020-10-01","PX145",null,"TMXN5.0","Tôn XNgọc 5.0","Mét",75,90000,6750000,0,5497547.8882607259,5497547.8882607259,"KL",null,0]
["2714","2020-10-01","PX145",null,"TMXN3.0","Tôn XNgọc 3.0","Mét",5,62000,310000,0,232300.1786777844,232300.1786777844,"KL",null,0]
["2715","2020-10-01","PX145",null,"V25","V đen25(X)","Cây",150,80000,12000000,0,10092426.636568848,10092426.636568848,"KL",null,0]
["2716","2020-10-01","PX145",null,"OK42 1.4","Ống kẽm 42 (1.4)","Cây",10,148000,1480000,0,1232000,1232000,"KL",null,0]
["2717","2020-10-01","PX145",null,"V30Đ","V đen 30(Đ)","Cây",11,130000,1430000,0,982426.618705036,982426.618705036,"KL",null,0]
["2718","2020-10-01","PX145",null,"V30X","V đen 30(X)","Cây",5,98000,490000,0,335000,335000,"KL",null,0]
["2719","2020-10-01","PX145",null,"VK30 1.4","Vuông kẽm 30 (1.4)","Cây",6,125000,750000,0,639223.87403598975,639223.87403598975,"KL",null,0]
["2720","2020-10-01","PX145",null,"TMXN4.5DA","Tôn XNgọc 4.5 ĐÁ","Mét",13.7,100000,1370000,0,1169222.1276595746,1169222.1276595746,"KL",null,0]
["2721","2020-10-01","PX145",null,"VK30 1.4","Vuông kẽm 30 (1.4)","Cây",10,120000,1200000,0,1065373.1233933163,1065373.1233933163,"KL",null,0]
["2722","2020-10-01","PX145",null,"HK3060 1.3","Hộp kẽm 30x60 (1.3)","Cây",10,176000,1760000,0,1553530.4347826086,1553530.4347826086,"KL",null,0]
["2723","2020-10-01","PX145",null,"HK5010 1.7","Hộp kẽm 50x100 (1.7)","Cây",8,373000,2984000,0,2878786.2068965519,2878786.2068965519,"KL",null,0]
["2724","2020-10-01","PX145",null,"TMXN4.0","Tôn XNgọc 4.0","Mét",17,70000,1190000,0,1019135.9035106612,1019135.9035106612,"KL",null,0]
["2725","2020-10-01","PX145",null,"TMXN3.0","Tôn XNgọc 3.0","Mét",45.8,56000,2564800,0,2127869.6366885048,2127869.6366885048,"KL",null,0]
["2726","2020-10-01","PX145",null,"TMXN4.5","Tôn XNgọc 4.5","Mét",15.9,78000,1240200,0,1041490.7003728888,1041490.7003728888,"KL",null,0]
["2727","2020-10-01","PX145-TT",null,null,"Thu tien luon",0,0,0,0,0,0,0,"KL",49071000,0]
["2728","2020-10-03","PX146",null,"TL5.0 ĐA","Tole Lạnh 5.0 ĐÁ","Mét",58.5,100000,5850000,0,5185326.8713235296,5185326.8713235296,"KL",null,0]
["2729","2020-10-03","PX146",null,"TMXN3.5","Tôn XNgọc 3.5","Mét",4,62000,248000,0,206525.80231065469,206525.80231065469,"KL",null,0]
["2730","2020-10-03","PX146",null,"VK75 1.8","Vuông kẽm 75 (1.8)","Cây",2,398000,796000,0,727708.33333333337,727708.33333333337,"KL",null,0]
["2731","2020-10-03","PX146",null,"HK4080 1.3","Hộp kẽm 40x80 (1.3)","Cây",10,239000,2390000,0,2113009.7087378642,2113009.7087378642,"KL",null,0]
["2732","2020-10-03","PX146",null,"HK3060 1.3","Hộp kẽm 30x60 (1.3)","Cây",10,179000,1790000,0,1553530.4347826086,1553530.4347826086,"KL",null,0]
["2733","2020-10-03","PX146",null,"TMXN5.0","Tôn XNgọc 5.0","Mét",4,92000,368000,0,293202.55404057202,293202.55404057202,"KL",null,0]
["2734","2020-10-03","PX146",null,"VK20 1.0","Vuông kẽm 20 (1.0)","Cây",8,62000,496000,0,409494.21487603307,409494.21487603307,"KL",null,0]
["2735","2020-10-03","PX146",null,"HK4080 1.4 ","Hộp kẽm 40x80 (1.4) ","Cây",1,246000,246000,0,218034.89539748954,218034.89539748954,"KL",null,0]
["2736","2020-10-03","PX146",null,"TL4.5","Tôn Lạnh 4.5","Mét",44,82000,3608000,0,3119120.9227220304,3119120.9227220304,"KL",null,0]
["2737","2020-10-03","PX146",null,"TMXN4.5","Tôn XNgọc 4.5","Mét",12.5,78000,975000,0,818781.9971484975,818781.9971484975,"KL",null,0]
["2738","2020-10-03","PX146",null,"TNSV1.0 5.0M","Tôn nhựa sóng vuông (1.0) 5.0m","Tấm",20,375000,7500000,0,6044444.444444445,6044444.444444445,"KL",null,0]
["2739","2020-10-03","PX146",null,"TNSV1.0 3.0M","Tôn nhựa sóng vuông (1.0) 3.0m","Tấm",6,225000,1350000,0,1105714.2857142857,1105714.2857142857,"KL",null,0]
["2740","2020-10-03","PX146-TT",null,null,"Thu tien luon",0,0,0,0,0,0,0,"KL",25617000,0]
["2741","2020-10-05","PX147",null,"TL5.0 ĐA","Tole Lạnh 5.0 ĐÁ","Mét",25,100000,2500000,0,2215951.6544117648,2215951.6544117648,"KL",null,0]
["2742","2020-10-05","PX147",null,"VK20 1.0","Vuông kẽm 20 (1.0)","Cây",7,62000,434000,0,358307.43801652896,358307.43801652896,"KL",null,0]
["2743","2020-10-05","PX147",null,"VK25 1.2","Vuông kẽm 25 (1.2)","Cây",6,94000,564000,0,488839.43661971827,488839.43661971827,"KL",null,0]
["2744","2020-10-05","PX147",null,"LC 20","La cứng 20","Cây",3,20000,60000,0,42300,42300,"KL",null,0]
["2745","2020-10-05","PX147",null,"HK3060 1.2 ","Hộp kẽm 30x60 (1.2) ","Cây",1,166000,166000,0,146786.44859813084,146786.44859813084,"KL",null,0]
["2746","2020-10-05","PX147",null,"HK1326 1.0","Hộp kẽm 13x26 (1.0)","Cây",2,61000,122000,0,98487.323943661977,98487.323943661977,"KL",null,0]
["2747","2020-10-05","PX147",null,"OK60 2.0","Ống kẽm 60 (2.0)","Cây",10,325000,3250000,0,2686285.7142857141,2686285.7142857141,"KL",null,0]
["2748","2020-10-05","PX147",null,"V40X","V đen 40(X)","Cây",10,127000,1270000,0,973228.91566265048,973228.91566265048,"KL",null,0]
["2749","2020-10-05","PX147",null,"TL3.5","Tôn Lạnh 3.5","Mét",1.6,70000,112000,0,94880,94880,"KL",null,0]
["2750","2020-10-05","PX147",null,"HD2550 0.7","Hộp đen 25x50 (0.7)","Cây",150,81000,12150000,0,10907530.373831775,10907530.373831775,"KL",null,0]
["2751","2020-10-05","PX147",null,"OD16 0.5","Ống đen 16 (0.5)","Cây",200,24500,4900000,0,4707808.9587659454,4707808.9587659454,"KL",null,0]
["2752","2020-10-05","PX147",null,"TL3.5","Tôn Lạnh 3.5","Mét",12,68000,816000,0,711600,711600,"KL",null,0]
["2753","2020-10-05","PX147",null,"TMXN3.0","Tôn XNgọc 3.0","Mét",15,56000,840000,0,696900.53603335319,696900.53603335319,"KL",null,0]
["2754","2020-10-05","PX147",null,"TMXN4.0","Tôn XNgọc 4.0","Mét",25,70000,1750000,0,1498729.2698686195,1498729.2698686195,"KL",null,0]
["2755","2020-10-05","PX147",null,"HK4080 2.0","Hộp kẽm 40x80(2.0)","Cây",2,370000,740000,0,677700.54054054059,677700.54054054059,"KL",null,0]
["2756","2020-10-05","PX147",null,"TMXN4.5","Tôn XNgọc 4.5","Mét",11.5,80500,925750,0,753279.43737661769,753279.43737661769,"KL",null,0]
["2757","2020-10-05","PX147",null,"TMXN4.5","Tôn XNgọc 4.5","Mét",9.6,78000,748800,0,628824.57381004607,628824.57381004607,"KL",null,0]
["2758","2020-10-05","PX147",null,"TMXN3.0","Tôn XNgọc 3.0","Mét",156,54000,8424000,0,7247765.5747468732,7247765.5747468732,"KL",null,0]
["2759","2020-10-05","PX147",null,"TMXDT4.0 ĐA","Tôn Xanh Dương Tím 4.0 ĐÁ","Mét",7,85000,595000,0,555100,555100,"KL",null,0]
["2760","2020-10-05","PX147-TT",null,null,"Thu tien luon",0,0,0,0,0,0,0,"KL",40367550,0]
["2761","2020-10-17","PX148",null,"TL3.5","Tôn Lạnh 3.5","Mét",4.5,68000,306000,0,266850,266850,"KL",null,0]
["2762","2020-10-17","PX148",null,"OK90 1.4 ","Ống kẽm 90 (1.4) ","Cây",4,308000,1232000,0,1110000,1110000,"KL",null,0]
["2763","2020-10-17","PX148",null,"HK4080 1.4 ","Hộp kẽm 40x80 (1.4) ","Cây",3,246000,738000,0,654104.68619246862,654104.68619246862,"KL",null,0]
["2764","2020-10-17","PX148",null,"VK14 1.2","Vuông kẽm 14 (1.2)","Cây",1,52000,52000,0,44868.020304568527,44868.020304568527,"KL",null,0]
["2765","2020-10-17","PX148",null,"OKN34 2.6","Ống kẽm nhúng 34 (2.6)","Cây",4,290000,1160000,0,1047547.8260869565,1047547.8260869565,"KL",null,0]
["2766","2020-10-17","PX148",null,"LC 14","La cứng 14","Cây",10,14000,140000,0,83042.996108949417,83042.996108949417,"KL",null,0]
["2767","2020-10-17","PX148",null,"CCN40","Chụp nhựa 40","Cái",100,900,90000,0,30000,30000,"KL",null,0]
["2768","2020-10-17","PX148",null,"V40X","V đen 40(X)","Cây",1,120000,120000,0,97322.891566265054,97322.891566265054,"KL",null,0]
["2769","2020-10-17","PX148",null,"TMXN3.0","Tôn XNgọc 3.0","Mét",62.2,58000,3607600,0,2889814.2227516379,2889814.2227516379,"KL",null,0]
["2770","2020-10-17","PX148",null,"HK4080 1.2 ","Hộp kẽm 40x80 (1.2)","Cây",10,220000,2200000,0,1997575,1997575,"KL",null,0]
["2771","2020-10-17","PX148",null,"TMXN4.5","Tôn XNgọc 4.5","Mét",1.4,84000,117599.99999999999,0,91703.583680631709,91703.583680631709,"KL",null,0]
["2772","2020-10-17","PX148",null,"TMXN5.0DA","Tôn XNgọc 5.0 ĐÁ","Mét",18,106000,1908000,0,1693962.0771796093,1693962.0771796093,"KL",null,0]
["2773","2020-10-17","PX148",null,"HK3060 1.4 ","Hộp kẽm 30x60 (1.4) ","Cây",4,185000,740000,0,652222.42990654206,652222.42990654206,"KL",null,0]
["2774","2020-10-17","PX148-TT",null,null,"Thu tien luon",0,0,0,0,0,0,0,"KL",12411200,0]
["2775","2020-10-08","PX149",null,"TMXN5.0","Tôn XNgọc 5.0","Mét",46.9,90000,4221000,0,3437799.9461257067,3437799.9461257067,"KL",null,0]
["2776","2020-10-08","PX149",null,"TMXN3.0","Tôn XNgọc 3.0","Mét",9.3000000000000007,60000,558000,0,432078.33234067902,432078.33234067902,"KL",null,0]
["2777","2020-10-08","PX149",null,"TMXN5.0","Tôn XNgọc 5.0","Mét",13,88000,1144000,0,952908.30063185911,952908.30063185911,"KL",null,0]
["2778","2020-10-08","PX149",null,"TMXN5.0","Tôn XNgọc 5.0","Mét",6,90000,540000,0,439803.83106085804,439803.83106085804,"KL",null,0]
["2779","2020-10-08","PX149",null,"TMXN3.0","Tôn XNgọc 3.0","Mét",124.9,56000,6994400,0,5802858.4633710543,5802858.4633710543,"KL",null,0]
["2780","2020-10-08","PX149",null,"TL3.5","Tôn Lạnh 3.5","Mét",6.9,70000,483000,0,409170,409170,"KL",null,0]
["2781","2020-10-08","PX149",null,"CCN20","Chụp nhựa 20","Cái",56,420,23520,0,7840,7840,"KL",null,0]
["2782","2020-10-08","PX149",null,"CCN25","Chụp nhựa 25","Cái",6,480,2880,0,960,960,"KL",null,0]
["2783","2020-10-08","PX149",null,"HK4080 2.0","Hộp kẽm 40x80(2.0)","Cây",5,380000,1900000,0,1694251.3513513515,1694251.3513513515,"KL",null,0]
["2784","2020-10-08","PX149",null,"HK1326 1.2","Hộp kẽm 13x26 (1.2)","Cây",20,73000,1460000,0,1221525.8764607678,1221525.8764607678,"KL",null,0]
["2785","2020-10-08","PX149",null,"HK3060 2.0","Hộp kẽm 30x60 (2.0)","Cây",6,275000,1650000,0,1472473.469387755,1472473.469387755,"KL",null,0]
["2786","2020-10-08","PX149",null,"HK1326 1.2","Hộp kẽm 13x26 (1.2)","Cây",7,68000,476000,0,427534.05676126876,427534.05676126876,"KL",null,0]
["2787","2020-10-08","PX149",null,"VK14 1.2","Vuông kẽm 14 (1.2)","Cây",10,53000,530000,0,448680.20304568525,448680.20304568525,"KL",null,0]
["2788","2020-10-08","PX149",null,"VK20 1.2","Vuông kẽm 20 (1.2)","Cây",5,68000,340000,0,318202.76497695851,318202.76497695851,"KL",null,0]
["2789","2020-10-08","PX149",null,"VK40 1.4","Vuông kẽm 40 (1.4)","Cây",4,160000,640000,0,573714.40443213296,573714.40443213296,"KL",null,0]
["2790","2020-10-08","PX149",null,"OK27 1.7","Ống kẽm 27 (1.7)","Cây",127,100000,12700000,0,12250340.625,12250340.625,"KL",null,0]
["2791","2020-10-08","PX149",null,"TNSV1.0 5.0M","Tôn nhựa sóng vuông (1.0) 5.0m","Tấm",10,375000,3750000,0,3022222.2222222225,3022222.2222222225,"KL",null,0]
["2792","2020-10-08","PX149",null,"V50T","V đen 50(T)","Cây",6,290000,1740000,0,1563000,1563000,"KL",null,0]
["2793","2020-10-08","PX149",null,"MANG36 1.2 6M","Máng cửa đi 36 (1.2) 6m","Cây",2,180000,360000,0,294494.1176470588,294494.1176470588,"KL",null,0]
["2794","2020-10-08","PX149",null,"BX36","Bánh xe 36 ","Cái",3,10000,30000,0,18461.963190184048,18461.963190184048,"KL",null,0]
["2795","2020-10-08","PX149-TT",null,null,"Thu tien luon",0,0,0,0,0,0,0,"KL",39542800,0]
["2796","2020-10-10","PX150",null,"MANG30 1.2 4M","Máng cửa sổ 30 (1.2) 4m","Cây",3,128000,384000,0,260615.38461538462,260615.38461538462,"KL",null,0]
["2797","2020-10-10","PX150",null,"LC 50 5","La cứng 50 5li","Cây",2,110000,220000,0,172000,172000,"KL",null,0]
["2798","2020-10-10","PX150",null,"BX30","Bánh xe 30","Cái",4,12000,48000,0,24214.285714285714,24214.285714285714,"KL",null,0]
["2799","2020-10-10","PX150",null,"TMXN4.0","Tôn XNgọc 4.0","Mét",16.5,70000,1155000,0,989161.31811328884,989161.31811328884,"KL",null,0]
["2800","2020-10-10","PX150",null,"TMXN5.0","Tôn XNgọc 5.0","Mét",14.7,84000,1234800,0,1077519.3860991022,1077519.3860991022,"KL",null,0]
["2801","2020-10-10","PX150",null,"TMXN3.5","Tôn XNgọc 3.5","Mét",3,58000,174000,0,154894.35173299102,154894.35173299102,"KL",null,0]
["2802","2020-10-10","PX150",null,"TMXN3.0","Tôn XNgọc 3.0","Mét",10,54000,540000,0,464600.35735556879,464600.35735556879,"KL",null,0]
["2803","2020-10-10","PX150",null,"TMXN5.0DA","Tôn XNgọc 5.0 ĐÁ","Mét",8.8000000000000007,106000,932800.00000000012,0,828159.2377322535,828159.2377322535,"KL",null,0]
["2804","2020-10-10","PX150",null,"TMXN4.5DA","Tôn XNgọc 4.5 ĐÁ","Mét",45,98000,4410000,0,3840510.6382978726,3840510.6382978726,"KL",null,0]
["2805","2020-10-10","PX150",null,"TMXN5.0DA","Tôn XNgọc 5.0 ĐÁ","Mét",4.4000000000000004,108000,475200.00000000006,0,414079.61886612675,414079.61886612675,"KL",null,0]
["2806","2020-10-10","PX150",null,"TMXN3.5","Tôn XNgọc 3.5","Mét",3,64000,192000,0,154894.35173299102,154894.35173299102,"KL",null,0]
["2807","2020-10-10","PX150",null,"TNSV1.0 6.0M","Tôn nhựa sóng vuông (1.0) 6.0m","Tấm",14,420000,5880000,0,5040000,5040000,"KL",null,0]
["2808","2020-10-10","PX150",null,"TL3.5","Tôn Lạnh 3.5","Mét",7,64000,448000,0,415100,415100,"KL",null,0]
["2809","2020-10-10","PX150",null,"TL4.5","Tôn Lạnh 4.5","Mét",2,80000,160000,0,141778.22376009228,141778.22376009228,"KL",null,0]
["2810","2020-10-10","PX150",null,"TL5.0","Tôn Lạnh 5.0","Mét",11,87000,957000,0,836702.40300375468,836702.40300375468,"KL",null,0]
["2811","2020-10-10","PX150",null,"TL4.5","Tôn Lạnh 4.5","Mét",32,82000,2624000,0,2268451.5801614765,2268451.5801614765,"KL",null,0]
["2812","2020-10-10","PX150",null,"HK2040 1.3","Hộp kẽm 20x40 (1.3)","Cây",9,120000,1080000,0,915768,915768,"KL",null,0]
["2813","2020-10-10","PX150",null,"HK5010 1.7","Hộp kẽm 50x100 (1.7)","Cây",9,379000,3411000,0,3238634.4827586208,3238634.4827586208,"KL",null,0]
["2814","2020-10-10","PX150",null,"HK5010 1.3","Hộp kẽm 50x100 (1.3)","Cây",2,294000,588000,0,551200,551200,"KL",null,0]
["2815","2020-10-10","PX150",null,"HK4080 1.2 ","Hộp kẽm 40x80 (1.2)","Cây",6,220000,1320000,0,1198545,1198545,"KL",null,0]
["2816","2020-10-10","PX150",null,"HK5010 1.4 ","Hộp kẽm 50x100 (1.4) ","Cây",6,305000,1830000,0,1652266.153846154,1652266.153846154,"KL",null,0]
["2817","2020-10-10","PX150",null,"HK3060 1.4 ","Hộp kẽm 30x60 (1.4) ","Cây",3,185000,555000,0,489166.82242990658,489166.82242990658,"KL",null,0]
["2818","2020-10-10","PX150",null,"VK30 1.2","Vuông kẽm 30 (1.2)","Cây",2,110000,220000,0,189353.49650349651,189353.49650349651,"KL",null,0]
["2819","2020-10-10","PX150",null,"CN10L","Cách nhiệt 10 li","Mét",45,33000,1485000,0,588715.21335807047,588715.21335807047,"KL",null,0]
["2820","2020-10-10","PX150",null,"OK90 1.4 ","Ống kẽm 90 (1.4) ","Cây",2,308000,616000,0,555000,555000,"KL",null,0]
["2821","2020-10-10","PX150-TT",null,null,"Thu tien luon",0,0,0,0,0,0,0,"KL",30939800,0]
["2822","2020-10-11","PX151",null,"TL4.5","Tôn Lạnh 4.5","Mét",50,82000,4100000,0,3544455.5940023069,3544455.5940023069,"KL",null,0]
["2823","2020-10-11","PX151",null,"TL4.5","Tôn Lạnh 4.5","Mét",17.5,84000,1470000,0,1240559.4579008075,1240559.4579008075,"KL",null,0]
["2824","2020-10-11","PX151",null,"TNSV1.0 2.0M","Tôn nhựa sóng vuông (1.0) 2.0m","Tấm",5,150000,750000,0,650000,650000,"KL",null,0]
["2825","2020-10-11","PX151",null,"OK90 1.7","Ống kẽm 90 (1.7)","Cây",1,397000,397000,0,330000,330000,"KL",null,0]
["2826","2020-10-11","PX151",null,"HK4080 2.0","Hộp kẽm 40x80(2.0)","Cây",1,375000,375000,0,338850.2702702703,338850.2702702703,"KL",null,0]
["2827","2020-10-11","PX151",null,"HK3060 1.8","Hộp kẽm 30x60 (1.8)","Cây",4,241000,964000,0,809089.50807899458,809089.50807899458,"KL",null,0]
["2828","2020-10-11","PX151",null,"CCN36","Chụp nhựa 36","Cái",20,1000,20000,0,5600,5600,"KL",null,0]
["2829","2020-10-11","PX151",null,"VK50 1.8","Vuông kẽm 50 (1.8)","Cây",2,280000,560000,0,484525.9842519685,484525.9842519685,"KL",null,0]
["2830","2020-10-11","PX151",null,"V30Đ","V đen 30(Đ)","Cây",2,120000,240000,0,178623.02158273381,178623.02158273381,"KL",null,0]
["2831","2020-10-11","PX151",null,"VK30 1.4","Vuông kẽm 30 (1.4)","Cây",1,125000,125000,0,106537.31233933162,106537.31233933162,"KL",null,0]
["2832","2020-10-11","PX151",null,"V50T","V đen 50(T)","Cây",1,300000,300000,0,260500,260500,"KL",null,0]
["2833","2020-10-11","PX151-TT",null,null,"Thu tien luon",0,0,0,0,0,0,0,"KL",9301000,0]
["2834","2020-10-12","PX152",null,"HK5010 2.0","Hộp kẽm 50x100 (2.0)","Cây",2,468000,936000,0,823451.42857142852,823451.42857142852,"KL",null,0]
["2835","2020-10-12","PX152",null,"HK4080 2.0","Hộp kẽm 40x80(2.0)","Cây",1,375000,375000,0,338850.2702702703,338850.2702702703,"KL",null,0]
["2836","2020-10-12","PX152",null,"HK2040 1.2 ","Hộp kẽm 20x40 (1.2) ","Cây",2,110000,220000,0,192692.26361031519,192692.26361031519,"KL",null,0]
["2837","2020-10-12","PX152",null,"HK4080 1.7","Hộp kẽm 40x80 (1.7)","Cây",2,305000,610000,0,551442.25352112681,551442.25352112681,"KL",null,0]
["2838","2020-10-12","PX152",null,"VK100 2.0","Vuông kẽm 100 (2.0)","Cây",2,630000,1260000,0,1077000,1077000,"KL",null,0]
["2839","2020-10-12","PX152",null,"VK50 1.8","Vuông kẽm 50 (1.8)","Cây",1,280000,280000,0,242262.99212598425,242262.99212598425,"KL",null,0]
["2840","2020-10-12","PX152",null,"VK25 1.2","Vuông kẽm 25 (1.2)","Cây",2,94000,188000,0,162946.47887323942,162946.47887323942,"KL",null,0]
["2841","2020-10-12","PX152",null,"VK75 1.4","Vuông kẽm 75 (1.4)","Cây",1,312000,312000,0,287505.71428571426,287505.71428571426,"KL",null,0]
["2842","2020-10-12","PX152",null,"CCN25","Chụp nhựa 25","Cái",4,500,2000,0,640,640,"KL",null,0]
["2843","2020-10-12","PX152",null,"TMXN3.5","Tôn XNgọc 3.5","Mét",1.5,66000,99000,0,77447.175866495512,77447.175866495512,"KL",null,0]
["2844","2020-10-12","PX152",null,"TL4.5","Tôn Lạnh 4.5","Mét",18,82000,1476000,0,1276004.0138408304,1276004.0138408304,"KL",null,0]
["2845","2020-10-12","PX152",null,"TL5.0 ĐA","Tole Lạnh 5.0 ĐÁ","Mét",59.5,100000,5950000,0,5273964.9375,5273964.9375,"KL",null,0]
["2846","2020-10-12","PX152-TT",null,null,"Thu tien luon",0,0,0,0,0,0,0,"KL",11708000,0]
["2847","2020-10-13","PX153",null,"TMXN4.0","Tôn XNgọc 4.0","Mét",6.8,75000,510000,0,407654.36140426446,407654.36140426446,"KL",null,0]
["2848","2020-10-13","PX153",null,"TMXN5.0","Tôn XNgọc 5.0","Mét",16.62,90000,1495800,0,1218256.6120385767,1218256.6120385767,"KL",null,0]
["2849","2020-10-13","PX153",null,"TMXN3.5","Tôn XNgọc 3.5","Mét",8,64000,512000,0,413051.60462130938,413051.60462130938,"KL",null,0]
["2850","2020-10-13","PX153",null,"TMXN4.5","Tôn XNgọc 4.5","Mét",132.30000000000001,78000,10319400,0,8665988.6578196976,8665988.6578196976,"KL",null,0]
["2851","2020-10-13","PX153",null,"TMXN5.0","Tôn XNgọc 5.0","Mét",8,90000,720000,0,586405.10808114405,586405.10808114405,"KL",null,0]
["2852","2020-10-13","PX153",null,"HD2550 0.7","Hộp đen 25x50 (0.7)","Cây",150,81000,12150000,0,10907530.373831775,10907530.373831775,"KL",null,0]
["2853","2020-10-13","PX153",null,"LC 14","La cứng 14","Cây",60,10383,622980,0,498257.97665369645,498257.97665369645,"KL",null,0]
["2854","2020-10-13","PX153",null,"VK40 1.2","Vuông kẽm 40 (1.2)","Cây",15,147000,2205000,0,1925183.3333333335,1925183.3333333335,"KL",null,0]
["2855","2020-10-13","PX153",null,"HK1326 1.1","Hộp kẽm 13x26 (1.1)","Cây",50,65000,3250000,0,2818625.5924170613,2818625.5924170613,"KL",null,0]
["2856","2020-10-13","PX153",null,"LC 14","La cứng 14","Cây",60,10754,645240,0,498257.97665369645,498257.97665369645,"KL",null,0]
["2857","2020-10-13","PX153",null,"TL4.5","Tôn Lạnh 4.5","Mét",22.3,84000,1873200,0,1580827.1949250291,1580827.1949250291,"KL",null,0]
["2858","2020-10-13","PX153",null,"TL3.5","Tôn Lạnh 3.5","Mét",2.5,68000,170000,0,148250,148250,"KL",null,0]
["2859","2020-10-13","PX153",null,"TNSV1.0 2.5M","Tôn nhựa sóng vuông (1.0) 2.5m","Tấm",6,187500,1125000,0,936340.20618556696,936340.20618556696,"KL",null,0]
["2860","2020-10-13","PX153",null,"V25","V đen25(X)","Cây",6,98000,588000,0,403697.06546275393,403697.06546275393,"KL",null,0]
["2861","2020-10-13","PX153",null,"OK49 1.7","Ống kẽm 49 (1.7)","Cây",1,195000,195000,0,176000,176000,"KL",null,0]
["2862","2020-10-13","PX153",null,"HK2040 1.2 ","Hộp kẽm 20x40 (1.2) ","Cây",8,110000,880000,0,770769.05444126076,770769.05444126076,"KL",null,0]
["2863","2020-10-13","PX153-TT",null,null,"Thu tien luon",0,0,0,0,0,0,0,"KL",37261620,0]
["2864","2020-10-14","PX154",null,"VL30","V Lỗ 30","Cây",10,42000,420000,0,324000,324000,"KL",null,0]
["2865","2020-10-14","PX154",null,"VL40","V Lỗ 40","Cây",20,53000,1060000,0,863684.21052631573,863684.21052631573,"KL",null,0]
["2866","2020-10-14","PX154",null,"OKN34 2.6","Ống kẽm nhúng 34 (2.6)","Cây",2,290000,580000,0,523773.91304347827,523773.91304347827,"KL",null,0]
["2867","2020-10-14","PX154",null,"TMXN3.0","Tôn XNgọc 3.0","Mét",15.8,58000,916400,0,734068.56462179869,734068.56462179869,"KL",null,0]
["2868","2020-10-14","PX154",null,"TNSV1.0 3.0M","Tôn nhựa sóng vuông (1.0) 3.0m","Tấm",1,225000,225000,0,184285.71428571429,184285.71428571429,"KL",null,0]
["2869","2020-10-14","PX154",null,"MCK 2.5M","Máng cửa kéo 2.5m","Cây",6,87500,525000,0,0,0,"KL",null,0]
["2870","2020-10-14","PX154",null,"TMXN4.0","Tôn XNgọc 4.0","Mét",84,74000,6216000,0,5035730.3467585612,5035730.3467585612,"KL",null,0]
["2871","2020-10-14","PX154",null,"TMXN5.0","Tôn XNgọc 5.0","Mét",2,92000,184000,0,146601.27702028601,146601.27702028601,"KL",null,0]
["2872","2020-10-14","PX154-TT",null,null,"Thu tien luon",0,0,0,0,0,0,0,"KL",10126400,0]
["2873","2020-10-15","PX155",null,"TMXN5.0","Tôn XNgọc 5.0","Mét",2.44,95000,231800,0,178853.55796474894,178853.55796474894,"KL",null,0]
["2874","2020-10-15","PX155",null,"TMXN4.5","Tôn XNgọc 4.5","Mét",2.1,84000,176400,0,137555.37552094759,137555.37552094759,"KL",null,0]
["2875","2020-10-15","PX155",null,"OK60 1.4 ","Ống kẽm 60 (1.4) ","Cây",3,206000,618000,0,529518.75,529518.75,"KL",null,0]
["2876","2020-10-15","PX155",null,"HK4080 2.0","Hộp kẽm 40x80(2.0)","Cây",10,375000,3750000,0,3388502.702702703,3388502.702702703,"KL",null,0]
["2877","2020-10-15","PX155",null,"HK5010 1.4 ","Hộp kẽm 50x100 (1.4) ","Cây",10,305000,3050000,0,2753776.923076923,2753776.923076923,"KL",null,0]
["2878","2020-10-15","PX155",null,"HK5010 1.4 ","Hộp kẽm 50x100 (1.4) ","Cây",4,305000,1220000,0,1101510.7692307692,1101510.7692307692,"KL",null,0]
["2879","2020-10-15","PX155",null,"HK4080 1.4 ","Hộp kẽm 40x80 (1.4) ","Cây",12,245000,2940000,0,2616418.7447698745,2616418.7447698745,"KL",null,0]
["2880","2020-10-15","PX155",null,"HK4080 1.7","Hộp kẽm 40x80 (1.7)","Cây",2,290000,580000,0,551442.25352112681,551442.25352112681,"KL",null,0]
["2881","2020-10-15","PX155",null,"UCK 2.0M","U cửa kéo 2.0m","Cây",4,24000,96000,0,61600,61600,"KL",null,0]
["2882","2020-10-15","PX155",null,"OK114 1.8","ống kẽm 114 (1.8)","Cây",10,510000,5100000,0,4330337.4193548393,4330337.4193548393,"KL",null,0]
["2883","2020-10-15","PX155",null,"VK25 1.0","Vuông kẽm 25 (1.0)","Cây",40,75000,3000000,0,2710000,2710000,"KL",null,0]
["2884","2020-10-15","PX155",null,"VK25 1.0","Vuông kẽm 25 (1.0)","Cây",5,77000,385000,0,338750,338750,"KL",null,0]
["2885","2020-10-15","PX155",null,"TNSV1.0 3.0M","Tôn nhựa sóng vuông (1.0) 3.0m","Tấm",5,225000,1125000,0,921428.57142857148,921428.57142857148,"KL",null,0]
["2886","2020-10-15","PX155-TT",null,null,"Thu tien luon",0,0,0,0,0,0,0,"KL",22272200,0]
["2887","2020-10-16","PX156",null,"TMXN4.0","Tôn XNgọc 4.0","Mét",6.3,75000,472500,0,377679.77600689209,377679.77600689209,"KL",null,0]
["2888","2020-10-16","PX156",null,"TMXN4.0","Tôn XNgọc 4.0","Mét",52.5,70000,3675000,0,3147331.466724101,3147331.466724101,"KL",null,0]
["2889","2020-10-16","PX156",null,"TMXN5.0","Tôn XNgọc 5.0","Mét",5.8,86000,498800,0,425143.70335882943,425143.70335882943,"KL",null,0]
["2890","2020-10-16","PX156",null,"TMXN5.0","Tôn XNgọc 5.0","Mét",24.8,90000,2232000,0,1817855.8350515466,1817855.8350515466,"KL",null,0]
["2891","2020-10-16","PX156",null,"HK4080 1.4 ","Hộp kẽm 40x80 (1.4) ","Cây",4,246000,984000,0,872139.58158995816,872139.58158995816,"KL",null,0]
["2892","2020-10-16","PX156",null,"HK5010 2.0","Hộp kẽm 50x100 (2.0)","Cây",4,455000,1820000,0,1646902.857142857,1646902.857142857,"KL",null,0]
["2893","2020-10-16","PX156",null,"HK5010 1.3","Hộp kẽm 50x100 (1.3)","Cây",2,294000,588000,0,551200,551200,"KL",null,0]
["2894","2020-10-16","PX156",null,"HK3060 1.2 ","Hộp kẽm 30x60 (1.2) ","Cây",3,166000,498000,0,440359.34579439252,440359.34579439252,"KL",null,0]
["2895","2020-10-16","PX156",null,"VK40 1.4","Vuông kẽm 40 (1.4)","Cây",10,165000,1650000,0,1434286.0110803323,1434286.0110803323,"KL",null,0]
["2896","2020-10-16","PX156",null,"VK30 1.4","Vuông kẽm 30 (1.4)","Cây",4,125000,500000,0,426149.24935732648,426149.24935732648,"KL",null,0]
["2897","2020-10-16","PX156",null,"U80M","U 80 (M)","Cây",4,340000,1360000,0,1257692.3076923077,1257692.3076923077,"KL",null,0]
["2898","2020-10-16","PX156",null,"TL5.0 ĐA","Tole Lạnh 5.0 ĐÁ","Mét",28.4,105000,2982000,0,2517321.0794117646,2517321.0794117646,"KL",null,0]
["2899","2020-10-16","PX156",null,"V50T","V đen 50(T)","Cây",2,280000,560000,0,521000,521000,"KL",null,0]
["2900","2020-10-16","PX156",null,"MANG36 1.2 4M","Máng cửa đi 36 (1.2) 4m","Cây",1,144000,144000,0,109354.83870967742,109354.83870967742,"KL",null,0]
["2901","2020-10-16","PX156",null,"BX36","Bánh xe 36 ","Cái",3,12000,36000,0,18461.963190184048,18461.963190184048,"KL",null,0]
["2902","2020-10-16","PX156-TT",null,null,"Thu tien luon",0,0,0,0,0,0,0,"KL",18000300,0]
["2903","2020-10-17","PX157",null,"VL30(D)","V Lỗ 30 (dày)","Cây",2,60000,120000,0,94800,94800,"KL",null,0]
["2904","2020-10-17","PX157",null,"CCN25","Chụp nhựa 25","Cái",20,500,10000,0,3200,3200,"KL",null,0]
["2905","2020-10-17","PX157",null,"TMXN4.5","Tôn XNgọc 4.5","Mét",4,85000,340000,0,262010.23908751921,262010.23908751921,"KL",null,0]
["2906","2020-10-17","PX157",null,"TMXN5.0DA","Tôn XNgọc 5.0 ĐÁ","Mét",10.4,111000,1154400,0,978733.64459266327,978733.64459266327,"KL",null,0]
["2907","2020-10-17","PX157",null,"TMXN3.0","Tôn XNgọc 3.0","Mét",16.399999999999999,56000,918399.99999999988,0,761944.58606313274,761944.58606313274,"KL",null,0]
["2908","2020-10-17","PX157",null,"TMXN4.0","Tôn XNgọc 4.0","Mét",22.5,70000,1575000,0,1348856.3428817575,1348856.3428817575,"KL",null,0]
["2909","2020-10-17","PX157",null,"TMXN4.0","Tôn XNgọc 4.0","Mét",16,70000,1120000,0,959186.73271591647,959186.73271591647,"KL",null,0]
["2910","2020-10-17","PX157",null,"TL5.0 ĐA","Tole Lạnh 5.0 ĐÁ","Mét",34.75,98000,3405500,0,3080172.7996323528,3080172.7996323528,"KL",null,0]
["2911","2020-10-17","PX157-TT",null,null,"Thu tien luon",0,0,0,0,0,0,0,"KL",8643300,0]
["2912","2020-10-19","PX158",null,"TMXN3.0","Tôn XNgọc 3.0","Mét",55,56000,3080000,0,2555301.9654556285,2555301.9654556285,"KL",null,0]
["2913","2020-10-19","PX158",null,"TMXN3.0","Tôn XNgọc 3.0","Mét",12.5,60000,750000,0,580750.44669446093,580750.44669446093,"KL",null,0]
["2914","2020-10-19","PX158",null,"TMXN5.0","Tôn XNgọc 5.0","Mét",74.099999999999994,90000,6668999.9999999991,0,5431577.3136015963,5431577.3136015963,"KL",null,0]
["2915","2020-10-19","PX158",null,"TMXN5.0","Tôn XNgọc 5.0","Mét",39,90000,3510000,0,2858724.9018955771,2858724.9018955771,"KL",null,0]
["2916","2020-10-19","PX158",null,"HK4080 1.4 ","Hộp kẽm 40x80 (1.4) ","Cây",9,246000,2214000,0,1962314.0585774058,1962314.0585774058,"KL",null,0]
["2917","2020-10-19","PX158-TT",null,null,"Thu tien luon",0,0,0,0,0,0,0,"KL",16223000,0]
["2918","2020-10-20","PX159",null,"TMXN5.0DA","Tôn XNgọc 5.0 ĐÁ","Mét",52.5,104000,5460000,0,4940722.7251071939,4940722.7251071939,"KL",null,0]
["2919","2020-10-20","PX159",null,"TMXN4.0","Tôn XNgọc 4.0","Mét",20,72000,1440000,0,1198983.4158948956,1198983.4158948956,"KL",null,0]
["2920","2020-10-20","PX159",null,"TMXN5.0","Tôn XNgọc 5.0","Mét",2,90000,180000,0,146601.27702028601,146601.27702028601,"KL",null,0]
["2921","2020-10-20","PX159",null,"HK3060 1.4 ","Hộp kẽm 30x60 (1.4) ","Cây",10,185000,1850000,0,1630556.0747663551,1630556.0747663551,"KL",null,0]
["2922","2020-10-20","PX159",null,"HK3060 1.4 ","Hộp kẽm 30x60 (1.4) ","Cây",20,185000,3700000,0,3261112.1495327102,3261112.1495327102,"KL",null,0]
["2923","2020-10-20","PX159",null,"HK4080 1.7","Hộp kẽm 40x80 (1.7)","Cây",4,305000,1220000,0,1102884.5070422536,1102884.5070422536,"KL",null,0]
["2924","2020-10-20","PX159",null,"HK4080 1.4 ","Hộp kẽm 40x80 (1.4) ","Cây",4,246000,984000,0,872139.58158995816,872139.58158995816,"KL",null,0]
["2925","2020-10-20","PX159",null,"HK4080 1.7","Hộp kẽm 40x80 (1.7)","Cây",2,305000,610000,0,551442.25352112681,551442.25352112681,"KL",null,0]
["2926","2020-10-20","PX159",null,"HK4080 1.7","Hộp kẽm 40x80 (1.7)","Cây",2,305000,610000,0,551442.25352112681,551442.25352112681,"KL",null,0]
["2927","2020-10-20","PX159",null,"HK3060 1.4 ","Hộp kẽm 30x60 (1.4) ","Cây",4,185000,740000,0,652222.42990654206,652222.42990654206,"KL",null,0]
["2928","2020-10-20","PX159",null,"TL4.5","Tôn Lạnh 4.5","Mét",53.5,84000,4494000,0,3792567.4855824686,3792567.4855824686,"KL",null,0]
["2929","2020-10-20","PX159",null,"TL5.0","Tôn Lạnh 5.0","Mét",28,91000,2548000,0,2129787.9349186481,2129787.9349186481,"KL",null,0]
["2930","2020-10-20","PX159",null,"TL3.5","Tôn Lạnh 3.5","Mét",13.5,71000,958500,0,800550,800550,"KL",null,0]
["2931","2020-10-20","PX159",null,"TL5.0","Tôn Lạnh 5.0","Mét",26.9,90000,2421000,0,2046117.6946182726,2046117.6946182726,"KL",null,0]
["2932","2020-10-20","PX159",null,"TL4.5","Tôn Lạnh 4.5","Mét",10,84000,840000,0,708891.11880046141,708891.11880046141,"KL",null,0]
["2933","2020-10-20","PX159",null,"VK100 1.8","Vuông kẽm 100 (1.8)","Cây",5,560000,2800000,0,2364293.3333333335,2364293.3333333335,"KL",null,0]
["2934","2020-10-20","PX159",null,"VK75 1.4","Vuông kẽm 75 (1.4)","Cây",2,312000,624000,0,575011.42857142852,575011.42857142852,"KL",null,0]
["2935","2020-10-20","PX159",null,"VK40 1.4","Vuông kẽm 40 (1.4)","Cây",10,165000,1650000,0,1434286.0110803323,1434286.0110803323,"KL",null,0]
["2936","2020-10-20","PX159",null,"VK14 1.1","Vuông kẽm 14 (1.1)","Cây",10,47000,470000,0,402500,402500,"KL",null,0]
["2937","2020-10-20","PX159",null,"VK75 1.8","Vuông kẽm 75 (1.8)","Cây",1,410000,410000,0,363854.16666666669,363854.16666666669,"KL",null,0]
["2938","2020-10-20","PX159",null,"OK21 1.4","Ống kẽm 21 (1.4)","Cây",5,74000,370000,0,310454.54545454541,310454.54545454541,"KL",null,0]
["2939","2020-10-20","PX159",null,"OK90 1.4 ","Ống kẽm 90 (1.4) ","Cây",1,308000,308000,0,277500,277500,"KL",null,0]
["2940","2020-10-20","PX159",null,"OK90 1.4 ","Ống kẽm 90 (1.4) ","Cây",1,308000,308000,0,277500,277500,"KL",null,0]
["2941","2020-10-20","PX159",null,"OK34 1.4","Ống kẽm 34 (1.4)","Cây",2,115000,230000,0,189470.28205128206,189470.28205128206,"KL",null,0]
["2942","2020-10-20","PX159-TT",null,null,"Thu tien luon",0,0,0,0,0,0,0,"KL",35225500,0]
["2943","2020-10-21","PX160",null,"OKN34 2.6","Ống kẽm nhúng 34 (2.6)","Cây",2,290000,580000,0,523773.91304347827,523773.91304347827,"KL",null,0]
["2944","2020-10-21","PX160",null,"VK25 1.2","Vuông kẽm 25 (1.2)","Cây",2,95000,190000,0,162946.47887323942,162946.47887323942,"KL",null,0]
["2945","2020-10-21","PX160",null,"VK14 1.2","Vuông kẽm 14 (1.2)","Cây",10,53000,530000,0,448680.20304568525,448680.20304568525,"KL",null,0]
["2946","2020-10-21","PX160",null,"VK30 1.2","Vuông kẽm 30 (1.2)","Cây",15,108000,1620000,0,1420151.2237762238,1420151.2237762238,"KL",null,0]
["2947","2020-10-21","PX160",null,"VK40 1.7","Vuông kẽm 40 (1.7)","Cây",7,216000,1512000,0,1554852.1739130435,1554852.1739130435,"KL",null,0]
["2948","2020-10-21","PX160",null,"LC 14","La cứng 14","Cây",2,14000,28000,0,16608.599221789882,16608.599221789882,"KL",null,0]
["2949","2020-10-21","PX160",null,"LC 14","La cứng 14","Cây",14,14000,196000,0,116260.19455252917,116260.19455252917,"KL",null,0]
["2950","2020-10-21","PX160",null,"HK4080 1.7","Hộp kẽm 40x80 (1.7)","Cây",3,305000,915000,0,827163.38028169028,827163.38028169028,"KL",null,0]
["2951","2020-10-21","PX160",null,"HK1326 1.2","Hộp kẽm 13x26 (1.2)","Cây",11,73000,803000,0,671839.23205342237,671839.23205342237,"KL",null,0]
["2952","2020-10-21","PX160",null,"HK3060 1.4 ","Hộp kẽm 30x60 (1.4) ","Cây",7,185000,1295000,0,1141389.2523364485,1141389.2523364485,"KL",null,0]
["2953","2020-10-21","PX160",null,"HK3060 1.2 ","Hộp kẽm 30x60 (1.2) ","Cây",1,164000,164000,0,146786.44859813084,146786.44859813084,"KL",null,0]
["2954","2020-10-21","PX160",null,"HK1326 1.2","Hộp kẽm 13x26 (1.2)","Cây",1,75000,75000,0,61076.293823038395,61076.293823038395,"KL",null,0]
["2955","2020-10-21","PX160",null,"TL5.0","Tôn Lạnh 5.0","Mét",31.8,90000,2862000,0,2418830.5832290361,2418830.5832290361,"KL",null,0]
["2956","2020-10-21","PX160",null,"TL5.0","Tôn Lạnh 5.0","Mét",59.6,91000,5423600,0,4533405.7471839795,4533405.7471839795,"KL",null,0]
["2957","2020-10-21","PX160",null,"TL3.5","Tôn Lạnh 3.5","Mét",33.24,68000,2260320,0,1971132.0000000002,1971132.0000000002,"KL",null,0]
["2958","2020-10-21","PX160",null,"TL4.5","Tôn Lạnh 4.5","Mét",12.6,80000,1008000,0,893202.80968858139,893202.80968858139,"KL",null,0]
["2959","2020-10-21","PX160",null,"TL3.5","Tôn Lạnh 3.5","Mét",10,64000,640000,0,593000,593000,"KL",null,0]
["2960","2020-10-21","PX160",null,"TMXN3.5","Tôn XNgọc 3.5","Mét",59.4,62000,3682800,0,3066908.1643132223,3066908.1643132223,"KL",null,0]
["2961","2020-10-21","PX160",null,"TMXN4.5","Tôn XNgọc 4.5","Mét",4.8,84000,403200,0,314412.28690502304,314412.28690502304,"KL",null,0]
["2962","2020-10-21","PX160",null,"TMXN5.0DA","Tôn XNgọc 5.0 ĐÁ","Mét",9,90000,810000,0,846981.03858980467,846981.03858980467,"KL",null,0]
["2963","2020-10-21","PX160",null,"TMXN3.0","Tôn XNgọc 3.0","Mét",20,56000,1120000,0,929200.71471113758,929200.71471113758,"KL",null,0]
["2964","2020-10-21","PX160",null,"TMXN4.0","Tôn XNgọc 4.0","Mét",39,70000,2730000,0,2338017.6609950466,2338017.6609950466,"KL",null,0]
["2965","2020-10-21","PX160",null,"MCK 2M","Máng cửa kéo 2m","Cây",1,70000,70000,0,0,0,"KL",null,0]
["2966","2020-10-21","PX160",null,"MCK 2.5M","Máng cửa kéo 2.5m","Cây",1,95000,95000,0,0,0,"KL",null,0]
["2967","2020-10-21","PX160",null,"V40X","V đen 40(X)","Cây",10,127000,1270000,0,973228.91566265048,973228.91566265048,"KL",null,0]
["2968","2020-10-21","PX160-TT",null,null,"Thu tien luon",0,0,0,0,0,0,0,"KL",30282920,0]
["2969",null,null,null,null,null,0,0,0,0,0,0,0,null,null,0]
["2970",null,null,null,null,null,0,0,0,0,0,0,0,null,null,0]
["2971",null,null,null,null,null,0,0,0,0,0,0,0,null,null,0]
["2972",null,null,null,null,null,0,0,0,0,0,0,0,null,null,0]
["2973",null,null,null,null,null,0,0,0,0,0,0,0,null,null,0]
["2974",null,null,null,null,null,0,0,0,0,0,0,0,null,null,0]
["2975",null,null,null,null,null,0,0,0,0,0,0,0,null,null,0]
["2976",null,null,null,null,null,0,0,0,0,0,0,0,null,null,0]
["2977",null,null,null,null,null,0,0,0,0,0,0,0,null,null,0]
["2978",null,null,null,null,null,0,0,0,0,0,0,0,null,null,0]
["2979",null,null,null,null,null,0,0,0,0,0,0,0,null,null,0]
["2980",null,null,null,null,null,0,0,0,0,0,0,0,null,null,0]
["2981",null,null,null,null,null,0,0,0,0,0,0,0,null,null,0]
["2982",null,null,null,null,null,0,0,0,0,0,0,0,null,null,0]
["2983",null,null,null,null,null,0,0,0,0,0,0,0,null,null,0]
["2984",null,null,null,null,null,0,0,0,0,0,0,0,null,null,0]
["2985",null,null,null,null,null,0,0,0,0,0,0,0,null,null,0]
["2986",null,null,null,null,null,0,0,0,0,0,0,0,null,null,0]
["2987",null,null,null,null,null,0,0,0,0,0,0,0,null,null,0]
["2988",null,null,null,null,null,0,0,0,0,0,0,0,null,null,0]
["2989",null,null,null,null,null,0,0,0,0,0,0,0,null,null,0]
["2990",null,null,null,null,null,0,0,0,0,0,0,0,null,null,0]
["2991",null,null,null,null,null,0,0,0,0,0,0,0,null,null,0]
[null,null,null,null,null,null,0,0,0,0,0,0,0,null,null,0]
[".",null,".",".",".",".",".",".",".",0,".",0,0,".",null,0]
[null,null,null,null,null,null,0,0,0,0,0,0,0,null,null,0]
[null,null,null,null,null,null,0,0,0,0,0,0,0,null,null,0]
[null,null,null,null,null,null,0,0,0,0,0,0,0,null,null,0]
[null,null,null,null,null,null,0,0,0,0,0,0,0,null,null,0]
[null,null,null,null,null,null,0,0,0,0,0,0,0,null,null,0]
[null,null,null,null,null,null,0,0,0,0,0,0,0,null,null,0]
[null,null,null,null,null,null,0,0,0,0,0,0,0,null,null,0]
[null,null,null,null,null,null,0,0,0,0,0,0,0,null,null,0]
[null,null,null,null,null,null,0,0,0,0,0,0,0,null,null,0]
[null,null,null,null,null,null,0,0,0,0,0,0,0,null,null,0]
[null,null,null,null,null,null,0,0,0,0,0,0,0,null,null,0]
[null,null,null,null,null,null,0,0,0,0,0,0,0,null,null,0]
[null,null,null,null,null,null,0,0,0,0,0,0,0,null,null,0]
[null,null,null,null,null,null,0,0,0,0,0,0,0,null,null,0]
[null,null,null,null,null,null,0,0,0,0,0,0,0,null,null,0]
[null,null,null,null,null,null,0,0,0,0,0,0,0,null,null,0]
[null,null,null,null,null,null,0,0,0,0,0,0,0,null,null,0]
[null,null,null,null,null,null,0,0,0,0,0,0,0,null,null,0]
[null,null,null,null,null,null,0,0,0,0,0,0,0,null,null,0]
[null,null,null,null,null,null,0,0,0,0,0,0,0,null,null,0]
[null,null,null,null,null,null,0,0,0,0,0,0,0,null,null,0]
[null,null,null,null,null,null,0,0,0,0,0,0,0,null,null,0]
[null,null,null,null,null,null,0,0,0,0,0,0,0,null,null,0]
[null,null,null,null,null,null,0,0,0,0,0,0,0,null,null,0]
[null,null,null,null,null,null,0,0,0,0,0,0,0,null,null,0]
[null,null,null,null,null,null,0,0,0,0,0,0,0,null,null,0]
[null,null,null,null,null,null,0,0,0,0,0,0,0,null,null,0]
[null,null,null,null,null,null,0,0,0,0,0,0,0,null,null,0]
[null,null,null,null,null,null,0,0,0,0,0,0,0,null,null,0]
[null,null,null,null,null,null,0,0,0,0,0,0,0,null,null,0]
[null,null,null,null,null,null,0,0,0,0,0,0,0,null,null,0]
[null,null,null,null,null,null,0,0,0,0,0,0,0,null,null,0]
[null,null,null,null,null,null,0,0,0,0,0,0,0,null,null,0]
[null,null,null,null,null,null,0,0,0,0,0,0,0,null,null,0]
[null,null,null,null,null,null,0,0,0,0,0,0,0,null,null,0]
[null,null,null,null,null,null,0,0,0,0,0,0,0,null,null,0]
[null,null,null,null,null,null,0,0,0,0,0,0,0,null,null,0]
[null,null,null,null,null,null,0,0,0,0,0,0,0,null,null,0]
[null,null,null,null,null,null,0,0,0,0,0,0,0,null,null,0]
[null,null,null,null,null,null,0,0,0,0,0,0,0,null,null,0]
[null,null,null,null,null,null,0,0,0,0,0,0,0,null,null,0]
[null,null,null,null,null,null,0,0,0,0,0,0,0,null,null,0]
[null,null,null,null,null,null,0,0,0,0,0,0,0,null,null,0]
[null,null,null,null,null,null,0,0,0,0,0,0,0,null,null,0]
[null,null,null,null,null,null,0,0,0,0,0,0,0,null,null,0]
[null,null,null,null,null,null,0,0,0,0,0,0,0,null,null,0]
[null,null,null,null,null,null,0,0,0,0,0,0,0,null,null,0]
[null,null,null,null,null,null,0,0,0,0,0,0,0,null,null,0]
[null,null,null,null,null,null,0,0,0,0,0,0,0,null,null,0]
[null,null,null,null,null,null,0,0,0,0,0,0,0,null,null,0]
[null,null,null,null,null,null,0,0,0,0,0,0,0,null,null,0]
[null,null,null,null,null,null,0,0,0,0,0,0,0,null,null,0]
[null,null,null,null,null,null,0,0,0,0,0,0,0,null,null,0]
[null,null,null,null,null,null,0,0,0,0,0,0,0,null,null,0]
[null,null,null,null,null,null,0,0,0,0,0,0,0,null,null,0]
[null,null,null,null,null,null,0,0,0,0,0,0,0,null,null,0]
[null,null,null,null,null,null,0,0,0,0,0,0,0,null,null,0]
[null,null,null,null,null,null,0,0,0,0,0,0,0,null,null,0]
[null,null,null,null,null,null,0,0,0,0,0,0,0,null,null,0]
[null,null,null,null,null,null,0,0,0,0,0,0,0,null,null,0]
[null,null,null,null,null,null,0,0,0,0,0,0,0,null,null,0]
[null,null,null,null,null,null,0,0,0,0,0,0,0,null,null,0]
[null,null,null,null,null,null,0,0,0,0,0,0,0,null,null,0]
[null,null,null,null,null,null,0,0,0,0,0,0,0,null,null,0]
[null,null,null,null,null,null,0,0,0,0,0,0,0,null,null,0]
[null,null,null,null,null,null,0,0,0,0,0,0,0,null,null,0]
[null,null,null,null,null,null,0,0,0,0,0,0,0,null,null,0]
[null,null,null,null,null,null,0,0,0,0,0,0,0,null,null,0]
[null,null,null,null,null,null,0,0,0,0,0,0,0,null,null,0]
[null,null,null,null,null,null,0,0,0,0,0,0,0,null,null,0]
[null,null,null,null,null,null,0,0,0,0,0,0,0,null,null,0]
[null,null,null,null,null,null,0,0,0,0,0,0,0,null,null,0]
[null,null,null,null,null,null,0,0,0,0,0,0,0,null,null,0]
[null,null,null,null,null,null,0,0,0,0,0,0,0,null,null,0]
[null,null,null,null,null,null,0,0,0,0,0,0,0,null,null,0]
[null,null,null,null,null,null,0,0,0,0,0,0,0,null,null,0]
[null,null,null,null,null,null,0,0,0,0,0,0,0,null,null,0]
[null,null,null,null,null,null,0,0,0,0,0,0,0,null,null,0]
[null,null,null,null,null,null,0,0,0,0,0,0,0,null,null,0]
[null,null,null,null,null,null,0,0,0,0,0,0,0,null,null,0]
[null,null,null,null,null,null,0,0,0,0,0,0,0,null,null,0]
[null,null,null,null,null,null,0,0,0,0,0,0,0,null,null,0]
[null,null,null,null,null,null,0,0,0,0,0,0,0,null,null,0]
[null,null,null,null,null,null,0,0,0,0,0,0,0,null,null,0]
[null,null,null,null,null,null,0,0,0,0,0,0,0,null,null,0]
[null,null,null,null,null,null,0,0,0,0,0,0,0,null,null,0]
[null,null,null,null,null,null,0,0,0,0,0,0,0,null,null,0]
[null,null,null,null,null,null,0,0,0,0,0,0,0,null,null,0]
[null,null,null,null,null,null,0,0,0,0,0,0,0,null,null,0]
[null,null,null,null,null,null,0,0,0,0,0,0,0,null,null,0]
[null,null,null,null,null,null,0,0,0,0,0,0,0,null,null,0]
[null,null,null,null,null,null,0,0,0,0,0,0,0,null,null,0]
[null,null,null,null,null,null,0,0,0,0,0,0,0,null,null,0]
[null,null,null,null,null,null,0,0,0,0,0,0,0,null,null,0]
[null,null,null,null,null,null,0,0,0,0,0,0,0,null,null,0]
[null,null,null,null,null,null,0,0,0,0,0,0,0,null,null,0]
[null,null,null,null,null,null,0,0,0,0,0,0,0,null,null,0]
[null,null,null,null,null,null,0,0,0,0,0,0,0,null,null,0]
[null,null,null,null,null,null,0,0,0,0,0,0,0,null,null,0]
[null,null,null,null,null,null,0,0,0,0,0,0,0,null,null,0]
[null,null,null,null,null,null,0,0,0,0,0,0,0,null,null,0]
[null,null,null,null,null,null,0,0,0,0,0,0,0,null,null,0]
[null,null,null,null,null,null,0,0,0,0,0,0,0,null,null,0]
[null,null,null,null,null,null,0,0,0,0,0,0,0,null,null,0]
[null,null,null,null,null,null,0,0,0,0,0,0,0,null,null,0]
[null,null,null,null,null,null,0,0,0,0,0,0,0,null,null,0]
[null,null,null,null,null,null,0,0,0,0,0,0,0,null,null,0]
[null,null,null,null,null,null,0,0,0,0,0,0,0,null,null,0]
[null,null,null,null,null,null,0,0,0,0,0,0,0,null,null,0]
[null,null,null,null,null,null,0,0,0,0,0,0,0,null,null,0]
[null,null,null,null,null,null,0,0,0,0,0,0,0,null,null,0]
[null,null,null,null,null,null,0,0,0,0,0,0,0,null,null,0]
[null,null,null,null,null,null,0,0,0,0,0,0,0,null,null,0]
[null,null,null,null,null,null,0,0,0,0,0,0,0,null,null,0]
[null,null,null,null,null,null,0,0,0,0,0,0,0,null,null,0]
[null,null,null,null,null,null,0,0,0,0,0,0,0,null,null,0]
[null,null,null,null,null,null,0,0,0,0,0,0,0,null,null,0]
[null,null,null,null,null,null,0,0,0,0,0,0,0,null,null,0]
[null,null,null,null,null,null,0,0,0,0,0,0,0,null,null,0]
[null,null,null,null,null,null,0,0,0,0,0,0,0,null,null,0]
[null,null,null,null,null,null,0,0,0,0,0,0,0,null,null,0]
[null,null,null,null,null,null,0,0,0,0,0,0,0,null,null,0]
[null,null,null,null,null,null,0,0,0,0,0,0,0,null,null,0]
[null,null,null,null,null,null,0,0,0,0,0,0,0,null,null,0]
[null,null,null,null,null,null,0,0,0,0,0,0,0,null,null,0]
[null,null,null,null,null,null,0,0,0,0,0,0,0,null,null,0]
[null,null,null,null,null,null,0,0,0,0,0,0,0,null,null,0]
[null,null,null,null,null,null,0,0,0,0,0,0,0,null,null,0]
[null,null,null,null,null,null,0,0,0,0,0,0,0,null,null,0]
[null,null,null,null,null,null,0,0,0,0,0,0,0,null,null,0]
[null,null,null,null,null,null,0,0,0,0,0,0,0,null,null,0]
[null,null,null,null,null,null,0,0,0,0,0,0,0,null,null,0]
[null,null,null,null,null,null,0,0,0,0,0,0,0,null,null,0]
[null,null,null,null,null,null,0,0,0,0,0,0,0,null,null,0]
[null,null,null,null,null,null,0,0,0,0,0,0,0,null,null,0]
[null,null,null,null,null,null,0,0,0,0,0,0,0,null,null,0]
[null,null,null,null,null,null,0,0,0,0,0,0,0,null,null,0]
[null,null,null,null,null,null,0,0,0,0,0,0,0,null,null,0]
[null,null,null,null,null,null,0,0,0,0,0,0,0,null,null,0]
[null,null,null,null,null,null,0,0,0,0,0,0,0,null,null,0]
[null,null,null,null,null,null,0,0,0,0,0,0,0,null,null,0]
[null,null,null,null,null,null,0,0,0,0,0,0,0,null,null,0]
[null,null,null,null,null,null,0,0,0,0,0,0,0,null,null,0]
[null,null,null,null,null,null,0,0,0,0,0,0,0,null,null,0]
[null,null,null,null,null,null,0,0,0,0,0,0,0,null,null,0]
[null,null,null,null,null,null,0,0,0,0,0,0,0,null,null,0]
[null,null,null,null,null,null,0,0,0,0,0,0,0,null,null,0]
[null,null,null,null,null,null,0,0,0,0,0,0,0,null,null,0]
[null,null,null,null,null,null,0,0,0,0,0,0,0,null,null,0]
[null,null,null,null,null,null,0,0,0,0,0,0,0,null,null,0]
[null,null,null,null,null,null,0,0,0,0,0,0,0,null,null,0]
[null,null,null,null,null,null,0,0,0,0,0,0,0,null,null,0]
[null,null,null,null,null,null,0,0,0,0,0,0,0,null,null,0]
[null,null,null,null,null,null,0,0,0,0,0,0,0,null,null,0]
[null,null,null,null,null,null,0,0,0,0,0,0,0,null,null,0]
[null,null,null,null,null,null,0,0,0,0,0,0,0,null,null,0]
[null,null,null,null,null,null,0,0,0,0,0,0,0,null,null,0]
[null,null,null,null,null,null,0,0,0,0,0,0,0,null,null,0]
[null,null,null,null,null,null,0,0,0,0,0,0,0,null,null,0]
[null,null,null,null,null,null,0,0,0,0,0,0,0,null,null,0]
[null,null,null,null,null,null,0,0,0,0,0,0,0,null,null,0]
[null,null,null,null,null,null,0,0,0,0,0,0,0,null,null,0]
[null,null,null,null,null,null,0,0,0,0,0,0,0,null,null,0]
[null,null,null,null,null,null,0,0,0,0,0,0,0,null,null,0]
[null,null,null,null,null,null,0,0,0,0,0,0,0,null,null,0]
[null,null,null,null,null,null,0,0,0,0,0,0,0,null,null,0]
[null,null,null,null,null,null,0,0,0,0,0,0,0,null,null,0]
[null,null,null,null,null,null,0,0,0,0,0,0,0,null,null,0]
[null,null,null,null,null,null,0,0,0,0,0,0,0,null,null,0]
[null,null,null,null,null,null,0,0,0,0,0,0,0,null,null,0]
[null,null,null,null,null,null,0,0,0,0,0,0,0,null,null,0]
[null,null,null,null,null,null,0,0,0,0,0,0,0,null,null,0]
[null,null,null,null,null,null,0,0,0,0,0,0,0,null,null,0]
[null,null,null,null,null,null,0,0,0,0,0,0,0,null,null,0]
[null,null,null,null,null,null,0,0,0,0,0,0,0,null,null,0]
[null,null,null,null,null,null,0,0,0,0,0,0,0,null,null,0]
[null,null,null,null,null,null,0,0,0,0,0,0,0,null,null,0]
[null,null,null,null,null,null,0,0,0,0,0,0,0,null,null,0]
[null,null,null,null,null,null,0,0,0,0,0,0,0,null,null,0]
[null,null,null,null,null,null,0,0,0,0,0,0,0,null,null,0]
[null,null,null,null,null,null,0,0,0,0,0,0,0,null,null,0]
[null,null,null,null,null,null,0,0,0,0,0,0,0,null,null,0]
[null,null,null,null,null,null,0,0,0,0,0,0,0,null,null,0]
[null,null,null,null,null,null,0,0,0,0,0,0,0,null,null,0]
[null,null,null,null,null,null,0,0,0,0,0,0,0,null,null,0]
[null,null,null,null,null,null,0,0,0,0,0,0,0,null,null,0]
[null,null,null,null,null,null,0,0,0,0,0,0,0,null,null,0]
[null,null,null,null,null,null,0,0,0,0,0,0,0,null,null,0]
[null,null,null,null,null,null,0,0,0,0,0,0,0,null,null,0]
[null,null,null,null,null,null,0,0,0,0,0,0,0,null,null,0]
[null,null,null,null,null,null,0,0,0,0,0,0,0,null,null,0]
[null,null,null,null,null,null,0,0,0,0,0,0,0,null,null,0]
[null,null,null,null,null,null,0,0,0,0,0,0,0,null,null,0]
[null,null,null,null,null,null,0,0,0,0,0,0,0,null,null,0]
[null,null,null,null,null,null,0,0,0,0,0,0,0,null,null,0]
[null,null,null,null,null,null,0,0,0,0,0,0,0,null,null,0]
[null,null,null,null,null,null,0,0,0,0,0,0,0,null,null,0]
[null,null,null,null,null,null,0,0,0,0,0,0,0,null,null,0]
[null,null,null,null,null,null,0,0,0,0,0,0,0,null,null,0]
[null,null,null,null,null,null,0,0,0,0,0,0,0,null,null,0]
[null,null,null,null,null,null,0,0,0,0,0,0,0,null,null,0]
[null,null,null,null,null,null,0,0,0,0,0,0,0,null,null,0]
[null,null,null,null,null,null,0,0,0,0,0,0,0,null,null,0]
[null,null,null,null,null,null,0,0,0,0,0,0,0,null,null,0]
[null,null,null,null,null,null,0,0,0,0,0,0,0,null,null,0]
[null,null,null,null,null,null,0,0,0,0,0,0,0,null,null,0]
[null,null,null,null,null,null,0,0,0,0,0,0,0,null,null,0]
[null,null,null,null,null,null,0,0,0,0,0,0,0,null,null,0]
[null,null,null,null,null,null,0,0,0,0,0,0,0,null,null,0]
[null,null,null,null,null,null,0,0,0,0,0,0,0,null,null,0]
[null,null,null,null,null,null,0,0,0,0,0,0,0,null,null,0]
[null,null,null,null,null,null,0,0,0,0,0,0,0,null,null,0]
[null,null,null,null,null,null,0,0,0,0,0,0,0,null,null,0]
[null,null,null,null,null,null,0,0,0,0,0,0,0,null,null,0]
[null,null,null,null,null,null,0,0,0,0,0,0,0,null,null,0]
[null,null,null,null,null,null,0,0,0,0,0,0,0,null,null,0]
[null,null,null,null,null,null,0,0,0,0,0,0,0,null,null,0]
[null,null,null,null,null,null,0,0,0,0,0,0,0,null,null,0]
[null,null,null,null,null,null,0,0,0,0,0,0,0,null,null,0]
[null,null,null,null,null,null,0,0,0,0,0,0,0,null,null,0]
[null,null,null,null,null,null,0,0,0,0,0,0,0,null,null,0]
[null,null,null,null,null,null,0,0,0,0,0,0,0,null,null,0]
[null,null,null,null,null,null,0,0,0,0,0,0,0,null,null,0]
[".",null,".",null,".",".",".",".",".",0,0,0,0,".",null,0]
[null,null,null,null,null,null,0,0,0,0,0,0,0,null,null,0]
[null,null,null,null,null,null,0,0,0,0,0,0,0,null,null,0]
[null,null,null,null,null,null,0,0,0,0,0,0,0,null,null,0]
[null,null,null,null,null,null,0,0,0,0,0,0,0,null,null,0]
[null,null,null,null,null,null,0,0,0,0,0,0,0,null,null,0]
[null,null,null,null,null,null,0,0,0,0,0,0,0,null,null,0]
[null,null,null,null,null,null,0,0,0,0,0,0,0,null,null,0]
[null,null,null,null,null,null,0,0,0,0,0,0,0,null,null,0]
[null,null,null,null,null,null,0,0,0,0,0,0,0,null,null,0]
[null,null,null,null,null,null,0,0,0,0,0,0,0,null,null,0]
[null,null,null,null,null,null,0,0,0,0,0,0,0,null,null,0]
[null,null,null,null,null,null,0,0,0,0,0,0,0,null,null,0]
[null,null,null,null,null,null,0,0,0,0,0,0,0,null,null,0]
[null,null,null,null,null,null,0,0,0,0,0,0,0,null,null,0]
[null,null,null,null,null,null,0,0,0,0,0,0,0,null,null,0]
[null,null,null,null,null,null,0,0,0,0,0,0,0,null,null,0]
[null,null,null,null,null,null,0,0,0,0,0,0,0,null,null,0]
[null,null,null,null,null,null,0,0,0,0,0,0,0,null,null,0]
[null,null,null,null,null,null,0,0,0,0,0,0,0,null,null,0]
[null,null,null,null,null,null,0,0,0,0,0,0,0,null,null,0]
[null,null,null,null,null,null,0,0,0,0,0,0,0,null,null,0]
[null,null,null,null,null,null,0,0,0,0,0,0,0,null,null,0]
[null,null,null,null,null,null,0,0,0,0,0,0,0,null,null,0]
[null,null,null,null,null,null,0,0,0,0,0,0,0,null,null,0]
[null,null,null,null,null,null,0,0,0,0,0,0,0,null,null,0]
[null,null,null,null,null,null,0,0,0,0,0,0,0,null,null,0]
[null,null,null,null,null,null,0,0,0,0,0,0,0,null,null,0]
[null,null,null,null,null,null,0,0,0,0,0,0,0,null,null,0]
[null,null,null,null,null,null,0,0,0,0,0,0,0,null,null,0]
[null,null,null,null,null,null,0,0,0,0,0,0,0,null,null,0]
[null,null,null,null,null,null,0,0,0,0,0,0,0,null,null,0]
[null,null,null,null,null,null,0,0,0,0,0,0,0,null,null,0]
[null,null,null,null,null,null,0,0,0,0,0,0,0,null,null,0]
[null,null,null,null,null,null,0,0,0,0,0,0,0,null,null,0]
[null,null,null,null,null,null,0,0,0,0,0,0,0,null,null,0]
[null,null,null,null,null,null,0,0,0,0,0,0,0,null,null,0]
[null,null,null,null,null,null,0,0,0,0,0,0,0,null,null,0]
[null,null,null,null,null,null,0,0,0,0,0,0,0,null,null,0]
[null,null,null,null,null,null,0,0,0,0,0,0,0,null,null,0]
[null,null,null,null,null,null,0,0,0,0,0,0,0,null,null,0]
[null,null,null,null,null,null,0,0,0,0,0,0,0,null,null,0]
[null,null,null,null,null,null,0,0,0,0,0,0,0,null,null,0]
[null,null,null,null,null,null,0,0,0,0,0,0,0,null,null,0]
[null,null,null,null,null,null,0,0,0,0,0,0,0,null,null,0]
[null,null,null,null,null,null,0,0,0,0,0,0,0,null,null,0]
[null,null,null,null,null,null,0,0,0,0,0,0,0,null,null,0]
[null,null,null,null,null,null,0,0,0,0,0,0,0,null,null,0]
[null,null,null,null,null,null,0,0,0,0,0,0,0,null,null,0]
[null,null,null,null,null,null,0,0,0,0,0,0,0,null,null,0]
[null,null,null,null,null,null,0,0,0,0,0,0,0,null,null,0]
[null,null,null,null,null,null,0,0,0,0,0,0,0,null,null,0]
[null,null,null,null,null,null,0,0,0,0,0,0,0,null,null,0]
[null,null,null,null,null,null,0,0,0,0,0,0,0,null,null,0]
[null,null,null,null,null,null,0,0,0,0,0,0,0,null,null,0]
[null,null,null,null,null,null,0,0,0,0,0,0,0,null,null,0]
[null,null,null,null,null,null,0,0,0,0,0,0,0,null,null,0]
[null,null,null,null,null,null,0,0,0,0,0,0,0,null,null,0]
[null,null,null,null,null,null,0,0,0,0,0,0,0,null,null,0]
[null,null,null,null,null,null,0,0,0,0,0,0,0,null,null,0]
[null,null,null,null,null,null,0,0,0,0,0,0,0,null,null,0]
[null,null,null,null,null,null,0,0,0,0,0,0,0,null,null,0]
[null,null,null,null,null,null,0,0,0,0,0,0,0,null,null,0]
[null,null,null,null,null,null,0,0,0,0,0,0,0,null,null,0]
[null,null,null,null,null,null,0,0,0,0,0,0,0,null,null,0]
[null,null,null,null,null,null,0,0,0,0,0,0,0,null,null,0]
[null,null,null,null,null,null,0,0,0,0,0,0,0,null,null,0]
[null,null,null,null,null,null,0,0,0,0,0,0,0,null,null,0]
[null,null,null,null,null,null,0,0,0,0,0,0,0,null,null,0]
[null,null,null,null,null,null,0,0,0,0,0,0,0,null,null,0]
[null,null,null,null,null,null,0,0,0,0,0,0,0,null,null,0]
[null,null,null,null,null,null,0,0,0,0,0,0,0,null,null,0]
[null,null,null,null,null,null,0,0,0,0,0,0,0,null,null,0]
[null,null,null,null,null,null,0,0,0,0,0,0,0,null,null,0]
[null,null,null,null,null,null,0,0,0,0,0,0,0,null,null,0]
[null,null,null,null,null,null,0,0,0,0,0,0,0,null,null,0]
[null,null,null,null,null,null,0,0,0,0,0,0,0,null,null,0]
[null,null,null,null,null,null,0,0,0,0,0,0,0,null,null,0]
[null,null,null,null,null,null,0,0,0,0,0,0,0,null,null,0]
[null,null,null,null,null,null,0,0,0,0,0,0,0,null,null,0]
[null,null,null,null,null,null,0,0,0,0,0,0,0,null,null,0]
[null,null,null,null,null,null,0,0,0,0,0,0,0,null,null,0]
[null,null,null,null,null,null,0,0,0,0,0,0,0,null,null,0]
[null,null,null,null,null,null,0,0,0,0,0,0,0,null,null,0]
[null,null,null,null,null,null,0,0,0,0,0,0,0,null,null,0]
[null,null,null,null,null,null,0,0,0,0,0,0,0,null,null,0]
[null,null,null,null,null,null,0,0,0,0,0,0,0,null,null,0]
[null,null,null,null,null,null,0,0,0,0,0,0,0,null,null,0]
[null,null,null,null,null,null,0,0,0,0,0,0,0,null,null,0]
[null,null,null,null,null,null,0,0,0,0,0,0,0,null,null,0]
[null,null,null,null,null,null,0,0,0,0,0,0,0,null,null,0]
[null,null,null,null,null,null,0,0,0,0,0,0,0,null,null,0]
[null,null,null,null,null,null,0,0,0,0,0,0,0,null,null,0]
[null,null,null,null,null,null,0,0,0,0,0,0,0,null,null,0]
[null,null,null,null,null,null,0,0,0,0,0,0,0,null,null,0]
[null,null,null,null,null,null,0,0,0,0,0,0,0,null,null,0]
[null,null,null,null,null,null,0,0,0,0,0,0,0,null,null,0]
[null,null,null,null,null,null,0,0,0,0,0,0,0,null,null,0]
[null,null,null,null,null,null,0,0,0,0,0,0,0,null,null,0]
[null,null,null,null,null,null,0,0,0,0,0,0,0,null,null,0]
[null,null,null,null,null,null,0,0,0,0,0,0,0,null,null,0]
[null,null,null,null,null,null,0,0,0,0,0,0,0,null,null,0]
[null,null,null,null,null,null,0,0,0,0,0,0,0,null,null,0]
[null,null,null,null,null,null,0,0,0,0,0,0,0,null,null,0]
[null,null,null,null,null,null,0,0,0,0,0,0,0,null,null,0]
[null,null,null,null,null,null,0,0,0,0,0,0,0,null,null,0]
[null,null,null,null,null,null,0,0,0,0,0,0,0,null,null,0]
[null,null,null,null,null,null,0,0,0,0,0,0,0,null,null,0]
[null,null,null,null,null,null,0,0,0,0,0,0,0,null,null,0]
[null,null,null,null,null,null,0,0,0,0,0,0,0,null,null,0]
[null,null,null,null,null,null,0,0,0,0,0,0,0,null,null,0]
[null,null,null,null,null,null,0,0,0,0,0,0,0,null,null,0]
[null,null,null,null,null,null,0,0,0,0,0,0,0,null,null,0]
[null,null,null,null,null,null,0,0,0,0,0,0,0,null,null,0]
[null,null,null,null,null,null,0,0,0,0,0,0,0,null,null,0]
[null,null,null,null,null,null,0,0,0,0,0,0,0,null,null,0]
[null,null,null,null,null,null,0,0,0,0,0,0,0,null,null,0]
[null,null,null,null,null,null,0,0,0,0,0,0,0,null,null,0]
[null,null,null,null,null,null,0,0,0,0,0,0,0,null,null,0]
[null,null,null,null,null,null,0,0,0,0,0,0,0,null,null,0]
[null,null,null,null,null,null,0,0,0,0,0,0,0,null,null,0]
[null,null,null,null,null,null,0,0,0,0,0,0,0,null,null,0]
[null,null,null,null,null,null,0,0,0,0,0,0,0,null,null,0]
[null,null,null,null,null,null,0,0,0,0,0,0,0,null,null,0]
[null,null,null,null,null,null,0,0,0,0,0,0,0,null,null,0]
[null,null,null,null,null,null,0,0,0,0,0,0,0,null,null,0]
[null,null,null,null,null,null,0,0,0,0,0,0,0,null,null,0]
[null,null,null,null,null,null,0,0,0,0,0,0,0,null,null,0]
[null,null,null,null,null,null,0,0,0,0,0,0,0,null,null,0]
[null,null,null,null,null,null,0,0,0,0,0,0,0,null,null,0]
[null,null,null,null,null,null,0,0,0,0,0,0,0,null,null,0]
[null,null,null,null,null,null,0,0,0,0,0,0,0,null,null,0]
[null,null,null,null,null,null,0,0,0,0,0,0,0,null,null,0]
[null,null,null,null,null,null,0,0,0,0,0,0,0,null,null,0]
[null,null,null,null,null,null,0,0,0,0,0,0,0,null,null,0]
[null,null,null,null,null,null,0,0,0,0,0,0,0,null,null,0]
[null,null,null,null,null,null,0,0,0,0,0,0,0,null,null,0]
[null,null,null,null,null,null,0,0,0,0,0,0,0,null,null,0]
[null,null,null,null,null,null,0,0,0,0,0,0,0,null,null,0]
[null,null,null,null,null,null,0,0,0,0,0,0,0,null,null,0]
[null,null,null,null,null,null,0,0,0,0,0,0,0,null,null,0]
[null,null,null,null,null,null,0,0,0,0,0,0,0,null,null,0]
[null,null,null,null,null,null,0,0,0,0,0,0,0,null,null,0]
[null,null,null,null,null,null,0,0,0,0,0,0,0,null,null,0]
[null,null,null,null,null,null,0,0,0,0,0,0,0,null,null,0]
[null,null,null,null,null,null,0,0,0,0,0,0,0,null,null,0]
[null,null,null,null,null,null,0,0,0,0,0,0,0,null,null,0]
[null,null,null,null,null,null,0,0,0,0,0,0,0,null,null,0]
[null,null,null,null,null,null,0,0,0,0,0,0,0,null,null,0]
[null,null,null,null,null,null,0,0,0,0,0,0,0,null,null,0]
[null,null,null,null,null,null,0,0,0,0,0,0,0,null,null,0]
[null,null,null,null,null,null,0,0,0,0,0,0,0,null,null,0]
[null,null,null,null,null,null,0,0,0,0,0,0,0,null,null,0]
[null,null,null,null,null,null,0,0,0,0,0,0,0,null,null,0]
[null,null,null,null,null,null,0,0,0,0,0,0,0,null,null,0]
[null,null,null,null,null,null,0,0,0,0,0,0,0,null,null,0]
[null,null,null,null,null,null,0,0,0,0,0,0,0,null,null,0]
[null,null,null,null,null,null,0,0,0,0,0,0,0,null,null,0]
[null,null,null,null,null,null,0,0,0,0,0,0,0,null,null,0]
[null,null,null,null,null,null,0,0,0,0,0,0,0,null,null,0]
[null,null,null,null,null,null,0,0,0,0,0,0,0,null,null,0]
[null,null,null,null,null,null,0,0,0,0,0,0,0,null,null,0]
[null,null,null,null,null,null,0,0,0,0,0,0,0,null,null,0]
[null,null,null,null,null,null,0,0,0,0,0,0,0,null,null,0]
[null,null,null,null,null,null,0,0,0,0,0,0,0,null,null,0]
[null,null,null,null,null,null,0,0,0,0,0,0,0,null,null,0]
[null,null,null,null,null,null,0,0,0,0,0,0,0,null,null,0]
[null,null,null,null,null,null,0,0,0,0,0,0,0,null,null,0]
[null,null,null,null,null,null,0,0,0,0,0,0,0,null,null,0]
[null,null,null,null,null,null,0,0,0,0,0,0,0,null,null,0]
[null,null,null,null,null,null,0,0,0,0,0,0,0,null,null,0]
[null,null,null,null,null,null,0,0,0,0,0,0,0,null,null,0]
[null,null,null,null,null,null,0,0,0,0,0,0,0,null,null,0]
[null,null,null,null,null,null,0,0,0,0,0,0,0,null,null,0]
[null,null,null,null,null,null,0,0,0,0,0,0,0,null,null,0]
[null,null,null,null,null,null,0,0,0,0,0,0,0,null,null,0]
[null,null,null,null,null,null,0,0,0,0,0,0,0,null,null,0]
[null,null,null,null,null,null,0,0,0,0,0,0,0,null,null,0]
[null,null,null,null,null,null,0,0,0,0,0,0,0,null,null,0]
[null,null,null,null,null,null,0,0,0,0,0,0,0,null,null,0]
[null,null,null,null,null,null,0,0,0,0,0,0,0,null,null,0]
[null,null,null,null,null,null,0,0,0,0,0,0,0,null,null,0]
[null,null,null,null,null,null,0,0,0,0,0,0,0,null,null,0]
[null,null,null,null,null,null,0,0,0,0,0,0,0,null,null,0]
[null,null,null,null,null,null,0,0,0,0,0,0,0,null,null,0]
[null,null,null,null,null,null,0,0,0,0,0,0,0,null,null,0]
[null,null,null,null,null,null,0,0,0,0,0,0,0,null,null,0]
[null,null,null,null,null,null,0,0,0,0,0,0,0,null,null,0]
[null,null,null,null,null,null,0,0,0,0,0,0,0,null,null,0]
[null,null,null,null,null,null,0,0,0,0,0,0,0,null,null,0]
[null,null,null,null,null,null,0,0,0,0,0,0,0,null,null,0]
[null,null,null,null,null,null,0,0,0,0,0,0,0,null,null,0]
[null,null,null,null,null,null,0,0,0,0,0,0,0,null,null,0]
[null,null,null,null,null,null,0,0,0,0,0,0,0,null,null,0]
[null,null,null,null,null,null,0,0,0,0,0,0,0,null,null,0]
[null,null,null,null,null,null,0,0,0,0,0,0,0,null,null,0]
[null,null,null,null,null,null,0,0,0,0,0,0,0,null,null,0]
[null,null,null,null,null,null,0,0,0,0,0,0,0,null,null,0]
[null,null,null,null,null,null,0,0,0,0,0,0,0,null,null,0]
[null,null,null,null,null,null,0,0,0,0,0,0,0,null,null,0]
[null,null,null,null,null,null,0,0,0,0,0,0,0,null,null,0]
[null,null,null,null,null,null,0,0,0,0,0,0,0,null,null,0]
[null,null,null,null,null,null,0,0,0,0,0,0,0,null,null,0]
[null,null,null,null,null,null,0,0,0,0,0,0,0,null,null,0]
[null,null,null,null,null,null,0,0,0,0,0,0,0,null,null,0]
[null,null,null,null,null,null,0,0,0,0,0,0,0,null,null,0]
[null,null,null,null,null,null,0,0,0,0,0,0,0,null,null,0]
[null,null,null,null,null,null,0,0,0,0,0,0,0,null,null,0]
[null,null,null,null,null,null,0,0,0,0,0,0,0,null,null,0]
[null,null,null,null,null,null,0,0,0,0,0,0,0,null,null,0]
[null,null,null,null,null,null,0,0,0,0,0,0,0,null,null,0]
[null,null,null,null,null,null,0,0,0,0,0,0,0,null,null,0]
[null,null,null,null,null,null,0,0,0,0,0,0,0,null,null,0]
[null,null,null,null,null,null,0,0,0,0,0,0,0,null,null,0]
[null,null,null,null,null,null,0,0,0,0,0,0,0,null,null,0]
[null,null,null,null,null,null,0,0,0,0,0,0,0,null,null,0]
[null,null,null,null,null,null,0,0,0,0,0,0,0,null,null,0]
[null,null,null,null,null,null,0,0,0,0,0,0,0,null,null,0]
[null,null,null,null,null,null,0,0,0,0,0,0,0,null,null,0]
[null,null,null,null,null,null,0,0,0,0,0,0,0,null,null,0]
[null,null,null,null,null,null,0,0,0,0,0,0,0,null,null,0]
[null,null,null,null,null,null,0,0,0,0,0,0,0,null,null,0]
[null,null,null,null,null,null,0,0,0,0,0,0,0,null,null,0]
[null,null,null,null,null,null,0,0,0,0,0,0,0,null,null,0]
[null,null,null,null,null,null,0,0,0,0,0,0,0,null,null,0]
[null,null,null,null,null,null,0,0,0,0,0,0,0,null,null,0]
[null,null,null,null,null,null,0,0,0,0,0,0,0,null,null,0]
[null,null,null,null,null,null,0,0,0,0,0,0,0,null,null,0]
[null,null,null,null,null,null,0,0,0,0,0,0,0,null,null,0]
[null,null,null,null,null,null,0,0,0,0,0,0,0,null,null,0]
[null,null,null,null,null,null,0,0,0,0,0,0,0,null,null,0]
[null,null,null,null,null,null,0,0,0,0,0,0,0,null,null,0]
[null,null,null,null,null,null,0,0,0,0,0,0,0,null,null,0]
[null,null,null,null,null,null,0,0,0,0,0,0,0,null,null,0]
[null,null,null,null,null,null,0,0,0,0,0,0,0,null,null,0]
[null,null,null,null,null,null,0,0,0,0,0,0,0,null,null,0]
[null,null,null,null,null,null,0,0,0,0,0,0,0,null,null,0]
[null,null,null,null,null,null,0,0,0,0,0,0,0,null,null,0]
[null,null,null,null,null,null,0,0,0,0,0,0,0,null,null,0]
[null,null,null,null,null,null,0,0,0,0,0,0,0,null,null,0]
[null,null,null,null,null,null,0,0,0,0,0,0,0,null,null,0]
[null,null,null,null,null,null,0,0,0,0,0,0,0,null,null,0]
[null,null,null,null,null,null,0,0,0,0,0,0,0,null,null,0]
[null,null,null,null,null,null,0,0,0,0,0,0,0,null,null,0]
[null,null,null,null,null,null,0,0,0,0,0,0,0,null,null,0]
[null,null,null,null,null,null,0,0,0,0,0,0,0,null,null,0]
[null,null,null,null,null,null,0,0,0,0,0,0,0,null,null,0]
[null,null,null,null,null,null,0,0,0,0,0,0,0,null,null,0]
[null,null,null,null,null,null,0,0,0,0,0,0,0,null,null,0]
[null,null,null,null,null,null,0,0,0,0,0,0,0,null,null,0]
[null,null,null,null,null,null,0,0,0,0,0,0,0,null,null,0]
[null,null,null,null,null,null,0,0,0,0,0,0,0,null,null,0]
[null,null,null,null,null,null,0,0,0,0,0,0,0,null,null,0]
[null,null,null,null,null,null,0,0,0,0,0,0,0,null,null,0]
[null,null,null,null,null,null,0,0,0,0,0,0,0,null,null,0]
[null,null,null,null,null,null,0,0,0,0,0,0,0,null,null,0]
[null,null,null,null,null,null,0,0,0,0,0,0,0,null,null,0]
[null,null,null,null,null,null,0,0,0,0,0,0,0,null,null,0]
[null,null,null,null,null,null,0,0,0,0,0,0,0,null,null,0]
[null,null,null,null,null,null,0,0,0,0,0,0,0,null,null,0]
[null,null,null,null,null,null,0,0,0,0,0,0,0,null,null,0]
[null,null,null,null,null,null,0,0,0,0,0,0,0,null,null,0]
[null,null,null,null,null,null,0,0,0,0,0,0,0,null,null,0]
[null,null,null,null,null,null,0,0,0,0,0,0,0,null,null,0]
[null,null,null,null,null,null,0,0,0,0,0,0,0,null,null,0]
[null,null,null,null,null,null,0,0,0,0,0,0,0,null,null,0]
[null,null,null,null,null,null,0,0,0,0,0,0,0,null,null,0]
[null,null,null,null,null,null,0,0,0,0,0,0,0,null,null,0]
[null,null,null,null,null,null,0,0,0,0,0,0,0,null,null,0]
[null,null,null,null,null,null,0,0,0,0,0,0,0,null,null,0]
[null,null,null,null,null,null,0,0,0,0,0,0,0,null,null,0]
[null,null,null,null,null,null,0,0,0,0,0,0,0,null,null,0]
[null,null,null,null,null,null,0,0,0,0,0,0,0,null,null,0]
[null,null,null,null,null,null,0,0,0,0,0,0,0,null,null,0]
[null,null,null,null,null,null,0,0,0,0,0,0,0,null,null,0]
[null,null,null,null,null,null,0,0,0,0,0,0,0,null,null,0]
[null,null,null,null,null,null,0,0,0,0,0,0,0,null,null,0]
[null,null,null,null,null,null,0,0,0,0,0,0,0,null,null,0]
[null,null,null,null,null,null,0,0,0,0,0,0,0,null,null,0]
[null,null,null,null,null,null,0,0,0,0,0,0,0,null,null,0]
[null,null,null,null,null,null,0,0,0,0,0,0,0,null,null,0]
[null,null,null,null,null,null,0,0,0,0,0,0,0,null,null,0]
[null,null,null,null,null,null,0,0,0,0,0,0,0,null,null,0]
[null,null,null,null,null,null,0,0,0,0,0,0,0,null,null,0]
[null,null,null,null,null,null,0,0,0,0,0,0,0,null,null,0]
[null,null,null,null,null,null,0,0,0,0,0,0,0,null,null,0]
[null,null,null,null,null,null,0,0,0,0,0,0,0,null,null,0]
[null,null,null,null,null,null,0,0,0,0,0,0,0,null,null,0]
[null,null,null,null,null,null,0,0,0,0,0,0,0,null,null,0]
[null,null,null,null,null,null,0,0,0,0,0,0,0,null,null,0]
[null,null,null,null,null,null,0,0,0,0,0,0,0,null,null,0]
[null,null,null,null,null,null,0,0,0,0,0,0,0,null,null,0]
[null,null,null,null,null,null,0,0,0,0,0,0,0,null,null,0]
[null,null,null,null,null,null,0,0,0,0,0,0,0,null,null,0]
[null,null,null,null,null,null,0,0,0,0,0,0,0,null,null,0]
[null,null,null,null,null,null,0,0,0,0,0,0,0,null,null,0]
[null,null,null,null,null,null,0,0,0,0,0,0,0,null,null,0]
[null,null,null,null,null,null,0,0,0,0,0,0,0,null,null,0]
[null,null,null,null,null,null,0,0,0,0,0,0,0,null,null,0]
[null,null,null,null,null,null,0,0,0,0,0,0,0,null,null,0]
[null,null,null,null,null,null,0,0,0,0,0,0,0,null,null,0]
[null,null,null,null,null,null,0,0,0,0,0,0,0,null,null,0]
[null,null,null,null,null,null,0,0,0,0,0,0,0,null,null,0]
[null,null,null,null,null,null,0,0,0,0,0,0,0,null,null,0]
[null,null,null,null,null,null,0,0,0,0,0,0,0,null,null,0]
[null,null,null,null,null,null,0,0,0,0,0,0,0,null,null,0]
[null,null,null,null,null,null,0,0,0,0,0,0,0,null,null,0]
[null,null,null,null,null,null,0,0,0,0,0,0,0,null,null,0]
[null,null,null,null,null,null,0,0,0,0,0,0,0,null,null,0]
[null,null,null,null,null,null,0,0,0,0,0,0,0,null,null,0]
[null,null,null,null,null,null,0,0,0,0,0,0,0,null,null,0]
[null,null,null,null,null,null,0,0,0,0,0,0,0,null,null,0]
[null,null,null,null,null,null,0,0,0,0,0,0,0,null,null,0]
[null,null,null,null,null,null,0,0,0,0,0,0,0,null,null,0]
[null,null,null,null,null,null,0,0,0,0,0,0,0,null,null,0]
[null,null,null,null,null,null,0,0,0,0,0,0,0,null,null,0]
[null,null,null,null,null,null,0,0,0,0,0,0,0,null,null,0]
[null,null,null,null,null,null,0,0,0,0,0,0,0,null,null,0]
[null,null,null,null,null,null,0,0,0,0,0,0,0,null,null,0]
[null,null,null,null,null,null,0,0,0,0,0,0,0,null,null,0]
[null,null,null,null,null,null,0,0,0,0,0,0,0,null,null,0]
[null,null,null,null,null,null,0,0,0,0,0,0,0,null,null,0]
[null,null,null,null,null,null,0,0,0,0,0,0,0,null,null,0]
[null,null,null,null,null,null,0,0,0,0,0,0,0,null,null,0]
[null,null,null,null,null,null,0,0,0,0,0,0,0,null,null,0]
[null,null,null,null,null,null,0,0,0,0,0,0,0,null,null,0]
[null,null,null,null,null,null,0,0,0,0,0,0,0,null,null,0]
[null,null,null,null,null,null,0,0,0,0,0,0,0,null,null,0]
[null,null,null,null,null,null,0,0,0,0,0,0,0,null,null,0]
[null,null,null,null,null,null,0,0,0,0,0,0,0,null,null,0]
[null,null,null,null,null,null,0,0,0,0,0,0,0,null,null,0]
[null,null,null,null,null,null,0,0,0,0,0,0,0,null,null,0]
[null,null,null,null,null,null,0,0,0,0,0,0,0,null,null,0]
[null,null,null,null,null,null,0,0,0,0,0,0,0,null,null,0]
[null,null,null,null,null,null,0,0,0,0,0,0,0,null,null,0]
[null,null,null,null,null,null,0,0,0,0,0,0,0,null,null,0]
[null,null,null,null,null,null,0,0,0,0,0,0,0,null,null,0]
[null,null,null,null,null,null,0,0,0,0,0,0,0,null,null,0]
[null,null,null,null,null,null,0,0,0,0,0,0,0,null,null,0]
[null,null,null,null,null,null,0,0,0,0,0,0,0,null,null,0]
[null,null,null,null,null,null,0,0,0,0,0,0,0,null,null,0]
[null,null,null,null,null,null,0,0,0,0,0,0,0,null,null,0]
[null,null,null,null,null,null,0,0,0,0,0,0,0,null,null,0]
[null,null,null,null,null,null,0,0,0,0,0,0,0,null,null,0]
[null,null,null,null,null,null,0,0,0,0,0,0,0,null,null,0]
[null,null,null,null,null,null,0,0,0,0,0,0,0,null,null,0]
[null,null,null,null,null,null,0,0,0,0,0,0,0,null,null,0]
[null,null,null,null,null,null,0,0,0,0,0,0,0,null,null,0]
[null,null,null,null,null,null,0,0,0,0,0,0,0,null,null,0]
[null,null,null,null,null,null,0,0,0,0,0,0,0,null,null,0]
[null,null,null,null,null,null,0,0,0,0,0,0,0,null,null,0]
[null,null,null,null,null,null,0,0,0,0,0,0,0,null,null,0]
[null,null,null,null,null,null,0,0,0,0,0,0,0,null,null,0]
[null,null,null,null,null,null,0,0,0,0,0,0,0,null,null,0]
[null,null,null,null,null,null,0,0,0,0,0,0,0,null,null,0]
[null,null,null,null,null,null,0,0,0,0,0,0,0,null,null,0]
[null,null,null,null,null,null,0,0,0,0,0,0,0,null,null,0]
[null,null,null,null,null,null,0,0,0,0,0,0,0,null,null,0]
[null,null,null,null,null,null,0,0,0,0,0,0,0,null,null,0]
[null,null,null,null,null,null,0,0,0,0,0,0,0,null,null,0]
[null,null,null,null,null,null,0,0,0,0,0,0,0,null,null,0]
[null,null,null,null,null,null,0,0,0,0,0,0,0,null,null,0]
[null,null,null,null,null,null,0,0,0,0,0,0,0,null,null,0]
[null,null,null,null,null,null,0,0,0,0,0,0,0,null,null,0]
[null,null,null,null,null,null,0,0,0,0,0,0,0,null,null,0]
[null,null,null,null,null,null,0,0,0,0,0,0,0,null,null,0]
[null,null,null,null,null,null,0,0,0,0,0,0,0,null,null,0]
[null,null,null,null,null,null,0,0,0,0,0,0,0,null,null,0]
[null,null,null,null,null,null,0,0,0,0,0,0,0,null,null,0]
[null,null,null,null,null,null,0,0,0,0,0,0,0,null,null,0]
[null,null,null,null,null,null,0,0,0,0,0,0,0,null,null,0]
[null,null,null,null,null,null,0,0,0,0,0,0,0,null,null,0]
[null,null,null,null,null,null,0,0,0,0,0,0,0,null,null,0]
[null,null,null,null,null,null,0,0,0,0,0,0,0,null,null,0]
[null,null,null,null,null,null,0,0,0,0,0,0,0,null,null,0]
[null,null,null,null,null,null,0,0,0,0,0,0,0,null,null,0]
[null,null,null,null,null,null,0,0,0,0,0,0,0,null,null,0]
[null,null,null,null,null,null,0,0,0,0,0,0,0,null,null,0]
[null,null,null,null,null,null,0,0,0,0,0,0,0,null,null,0]
[null,null,null,null,null,null,0,0,0,0,0,0,0,null,null,0]
[null,null,null,null,null,null,0,0,0,0,0,0,0,null,null,0]
[null,null,null,null,null,null,0,0,0,0,0,0,0,null,null,0]
[null,null,null,null,null,null,0,0,0,0,0,0,0,null,null,0]
[null,null,null,null,null,null,0,0,0,0,0,0,0,null,null,0]
[null,null,null,null,null,null,0,0,0,0,0,0,0,null,null,0]
[null,null,null,null,null,null,0,0,0,0,0,0,0,null,null,0]
[null,null,null,null,null,null,0,0,0,0,0,0,0,null,null,0]
[null,null,null,null,null,null,0,0,0,0,0,0,0,null,null,0]
[null,null,null,null,null,null,0,0,0,0,0,0,0,null,null,0]
[null,null,null,null,null,null,0,0,0,0,0,0,0,null,null,0]
[null,null,null,null,null,null,0,0,0,0,0,0,0,null,null,0]
[null,null,null,null,null,null,0,0,0,0,0,0,0,null,null,0]
[null,null,null,null,null,null,0,0,0,0,0,0,0,null,null,0]
[null,null,null,null,null,null,0,0,0,0,0,0,0,null,null,0]
[null,null,null,null,null,null,0,0,0,0,0,0,0,null,null,0]
[null,null,null,null,null,null,0,0,0,0,0,0,0,null,null,0]
[null,null,null,null,null,null,0,0,0,0,0,0,0,null,null,0]
[null,null,null,null,null,null,0,0,0,0,0,0,0,null,null,0]
[null,null,null,null,null,null,0,0,0,0,0,0,0,null,null,0]
[null,null,null,null,null,null,0,0,0,0,0,0,0,null,null,0]
[null,null,null,null,null,null,0,0,0,0,0,0,0,null,null,0]
[null,null,null,null,null,null,0,0,0,0,0,0,0,null,null,0]
[null,null,null,null,null,null,0,0,0,0,0,0,0,null,null,0]
[null,null,null,null,null,null,0,0,0,0,0,0,0,null,null,0]
[null,null,null,null,null,null,0,0,0,0,0,0,0,null,null,0]
[null,null,null,null,null,null,0,0,0,0,0,0,0,null,null,0]
[null,null,null,null,null,null,0,0,0,0,0,0,0,null,null,0]
[null,null,null,null,null,null,0,0,0,0,0,0,0,null,null,0]
[null,null,null,null,null,null,0,0,0,0,0,0,0,null,null,0]
[null,null,null,null,null,null,0,0,0,0,0,0,0,null,null,0]
[null,null,null,null,null,null,0,0,0,0,0,0,0,null,null,0]
[null,null,null,null,null,null,0,0,0,0,0,0,0,null,null,0]
[null,null,null,null,null,null,0,0,0,0,0,0,0,null,null,0]
[null,null,null,null,null,null,0,0,0,0,0,0,0,null,null,0]
[null,null,null,null,null,null,0,0,0,0,0,0,0,null,null,0]
[null,null,null,null,null,null,0,0,0,0,0,0,0,null,null,0]
[null,null,null,null,null,null,0,0,0,0,0,0,0,null,null,0]
[null,null,null,null,null,null,0,0,0,0,0,0,0,null,null,0]
[null,null,null,null,null,null,0,0,0,0,0,0,0,null,null,0]
[null,null,null,null,null,null,0,0,0,0,0,0,0,null,null,0]
[null,null,null,null,null,null,0,0,0,0,0,0,0,null,null,0]
[null,null,null,null,null,null,0,0,0,0,0,0,0,null,null,0]
[null,null,null,null,null,null,0,0,0,0,0,0,0,null,null,0]
[null,null,null,null,null,null,0,0,0,0,0,0,0,null,null,0]
[null,null,null,null,null,null,0,0,0,0,0,0,0,null,null,0]
[null,null,null,null,null,null,0,0,0,0,0,0,0,null,null,0]
[null,null,null,null,null,null,0,0,0,0,0,0,0,null,null,0]
[null,null,null,null,null,null,0,0,0,0,0,0,0,null,null,0]
[null,null,null,null,null,null,0,0,0,0,0,0,0,null,null,0]
[null,null,null,null,null,null,0,0,0,0,0,0,0,null,null,0]
[null,null,null,null,null,null,0,0,0,0,0,0,0,null,null,0]
[null,null,null,null,null,null,0,0,0,0,0,0,0,null,null,0]
[null,null,null,null,null,null,0,0,0,0,0,0,0,null,null,0]
[null,null,null,null,null,null,0,0,0,0,0,0,0,null,null,0]
[null,null,null,null,null,null,0,0,0,0,0,0,0,null,null,0]
[null,null,null,null,null,null,0,0,0,0,0,0,0,null,null,0]
[null,null,null,null,null,null,0,0,0,0,0,0,0,null,null,0]
[null,null,null,null,null,null,0,0,0,0,0,0,0,null,null,0]
[null,null,null,null,null,null,0,0,0,0,0,0,0,null,null,0]
[null,null,null,null,null,null,0,0,0,0,0,0,0,null,null,0]
[null,null,null,null,null,null,0,0,0,0,0,0,0,null,null,0]
[null,null,null,null,null,null,0,0,0,0,0,0,0,null,null,0]
[null,null,null,null,null,null,0,0,0,0,0,0,0,null,null,0]
[null,null,null,null,null,null,0,0,0,0,0,0,0,null,null,0]
[null,null,null,null,null,null,0,0,0,0,0,0,0,null,null,0]
[null,null,null,null,null,null,0,0,0,0,0,0,0,null,null,0]
[null,null,null,null,null,null,0,0,0,0,0,0,0,null,null,0]
[null,null,null,null,null,null,0,0,0,0,0,0,0,null,null,0]
[null,null,null,null,null,null,0,0,0,0,0,0,0,null,null,0]
[null,null,null,null,null,null,0,0,0,0,0,0,0,null,null,0]
[null,null,null,null,null,null,0,0,0,0,0,0,0,null,null,0]
[null,null,null,null,null,null,0,0,0,0,0,0,0,null,null,0]
[null,null,null,null,null,null,0,0,0,0,0,0,0,null,null,0]
[null,null,null,null,null,null,0,0,0,0,0,0,0,null,null,0]
[null,null,null,null,null,null,0,0,0,0,0,0,0,null,null,0]
[null,null,null,null,null,null,0,0,0,0,0,0,0,null,null,0]
[null,null,null,null,null,null,0,0,0,0,0,0,0,null,null,0]
[null,null,null,null,null,null,0,0,0,0,0,0,0,null,null,0]
[null,null,null,null,null,null,0,0,0,0,0,0,0,null,null,0]
[null,null,null,null,null,null,0,0,0,0,0,0,0,null,null,0]
[null,null,null,null,null,null,0,0,0,0,0,0,0,null,null,0]
[null,null,null,null,null,null,0,0,0,0,0,0,0,null,null,0]
[null,null,null,null,null,null,0,0,0,0,0,0,0,null,null,0]
[null,null,null,null,null,null,0,0,0,0,0,0,0,null,null,0]
[null,null,null,null,null,null,0,0,0,0,0,0,0,null,null,0]
[null,null,null,null,null,null,0,0,0,0,0,0,0,null,null,0]
[null,null,null,null,null,null,0,0,0,0,0,0,0,null,null,0]
[null,null,null,null,null,null,0,0,0,0,0,0,0,null,null,0]
[null,null,null,null,null,null,0,0,0,0,0,0,0,null,null,0]
[null,null,null,null,null,null,0,0,0,0,0,0,0,null,null,0]
[null,null,null,null,null,null,0,0,0,0,0,0,0,null,null,0]
[null,null,null,null,null,null,0,0,0,0,0,0,0,null,null,0]
[null,null,null,null,null,null,0,0,0,0,0,0,0,null,null,0]
[null,null,null,null,null,null,0,0,0,0,0,0,0,null,null,0]
[null,null,null,null,null,null,0,0,0,0,0,0,0,null,null,0]
[null,null,null,null,null,null,0,0,0,0,0,0,0,null,null,0]
[null,null,null,null,null,null,0,0,0,0,0,0,0,null,null,0]
[null,null,null,null,null,null,0,0,0,0,0,0,0,null,null,0]
[null,null,null,null,null,null,0,0,0,0,0,0,0,null,null,0]
[null,null,null,null,null,null,0,0,0,0,0,0,0,null,null,0]
[null,null,null,null,null,null,0,0,0,0,0,0,0,null,null,0]
[null,null,null,null,null,null,0,0,0,0,0,0,0,null,null,0]
[null,null,null,null,null,null,0,0,0,0,0,0,0,null,null,0]
[null,null,null,null,null,null,0,0,0,0,0,0,0,null,null,0]
[null,null,null,null,null,null,0,0,0,0,0,0,0,null,null,0]
[null,null,null,null,null,null,0,0,0,0,0,0,0,null,null,0]
[null,null,null,null,null,null,0,0,0,0,0,0,0,null,null,0]
[null,null,null,null,null,null,0,0,0,0,0,0,0,null,null,0]
[null,null,null,null,null,null,0,0,0,0,0,0,0,null,null,0]
[null,null,null,null,null,null,0,0,0,0,0,0,0,null,null,0]
[null,null,null,null,null,null,0,0,0,0,0,0,0,null,null,0]
[null,null,null,null,null,null,0,0,0,0,0,0,0,null,null,0]
[null,null,null,null,null,null,0,0,0,0,0,0,0,null,null,0]
[null,null,null,null,null,null,0,0,0,0,0,0,0,null,null,0]
[null,null,null,null,null,null,0,0,0,0,0,0,0,null,null,0]
[null,null,null,null,null,null,0,0,0,0,0,0,0,null,null,0]
[null,null,null,null,null,null,0,0,0,0,0,0,0,null,null,0]
[null,null,null,null,null,null,0,0,0,0,0,0,0,null,null,0]
[null,null,null,null,null,null,0,0,0,0,0,0,0,null,null,0]
[null,null,null,null,null,null,0,0,0,0,0,0,0,null,null,0]
[null,null,null,null,null,null,0,0,0,0,0,0,0,null,null,0]
[null,null,null,null,null,null,0,0,0,0,0,0,0,null,null,0]
[null,null,null,null,null,null,0,0,0,0,0,0,0,null,null,0]
[null,null,null,null,null,null,0,0,0,0,0,0,0,null,null,0]
[null,null,null,null,null,null,0,0,0,0,0,0,0,null,null,0]
[null,null,null,null,null,null,0,0,0,0,0,0,0,null,null,0]
[null,null,null,null,null,null,0,0,0,0,0,0,0,null,null,0]
[null,null,null,null,null,null,0,0,0,0,0,0,0,null,null,0]
[null,null,null,null,null,null,0,0,0,0,0,0,0,null,null,0]
[null,null,null,null,null,null,0,0,0,0,0,0,0,null,null,0]
[null,null,null,null,null,null,0,0,0,0,0,0,0,null,null,0]
[null,null,null,null,null,null,0,0,0,0,0,0,0,null,null,0]
[null,null,null,null,null,null,0,0,0,0,0,0,0,null,null,0]
[null,null,null,null,null,null,0,0,0,0,0,0,0,null,null,0]
[null,null,null,null,null,null,0,0,0,0,0,0,0,null,null,0]
[null,null,null,null,null,null,0,0,0,0,0,0,0,null,null,0]
[null,null,null,null,null,null,0,0,0,0,0,0,0,null,null,0]
[null,null,null,null,null,null,0,0,0,0,0,0,0,null,null,0]
[null,null,null,null,null,null,0,0,0,0,0,0,0,null,null,0]
[null,null,null,null,null,null,0,0,0,0,0,0,0,null,null,0]
[null,null,null,null,null,null,0,0,0,0,0,0,0,null,null,0]
[null,null,null,null,null,null,0,0,0,0,0,0,0,null,null,0]
[null,null,null,null,null,null,0,0,0,0,0,0,0,null,null,0]
[null,null,null,null,null,null,0,0,0,0,0,0,0,null,null,0]
[null,null,null,null,null,null,0,0,0,0,0,0,0,null,null,0]
[null,null,null,null,null,null,0,0,0,0,0,0,0,null,null,0]
[null,null,null,null,null,null,0,0,0,0,0,0,0,null,null,0]
[null,null,null,null,null,null,0,0,0,0,0,0,0,null,null,0]
[null,null,null,null,null,null,0,0,0,0,0,0,0,null,null,0]
[null,null,null,null,null,null,0,0,0,0,0,0,0,null,null,0]
[null,null,null,null,null,null,0,0,0,0,0,0,0,null,null,0]
[null,null,null,null,null,null,0,0,0,0,0,0,0,null,null,0]
[null,null,null,null,null,null,0,0,0,0,0,0,0,null,null,0]
[null,null,null,null,null,null,0,0,0,0,0,0,0,null,null,0]
[null,null,null,null,null,null,0,0,0,0,0,0,0,null,null,0]
[null,null,null,null,null,null,0,0,0,0,0,0,0,null,null,0]
[null,null,null,null,null,null,0,0,0,0,0,0,0,null,null,0]
[null,null,null,null,null,null,0,0,0,0,0,0,0,null,null,0]
[null,null,null,null,null,null,0,0,0,0,0,0,0,null,null,0]
[null,null,null,null,null,null,0,0,0,0,0,0,0,null,null,0]
[null,null,null,null,null,null,0,0,0,0,0,0,0,null,null,0]
[null,null,null,null,null,null,0,0,0,0,0,0,0,null,null,0]
[null,null,null,null,null,null,0,0,0,0,0,0,0,null,null,0]
[null,null,null,null,null,null,0,0,0,0,0,0,0,null,null,0]
[null,null,null,null,null,null,0,0,0,0,0,0,0,null,null,0]
[null,null,null,null,null,null,0,0,0,0,0,0,0,null,null,0]
[null,null,null,null,null,null,0,0,0,0,0,0,0,null,null,0]
[null,null,null,null,null,null,0,0,0,0,0,0,0,null,null,0]
[null,null,null,null,null,null,0,0,0,0,0,0,0,null,null,0]
[null,null,null,null,null,null,0,0,0,0,0,0,0,null,null,0]
[null,null,null,null,null,null,0,0,0,0,0,0,0,null,null,0]
[null,null,null,null,null,null,0,0,0,0,0,0,0,null,null,0]
[null,null,null,null,null,null,0,0,0,0,0,0,0,null,null,0]
[null,null,null,null,null,null,0,0,0,0,0,0,0,null,null,0]
[null,null,null,null,null,null,0,0,0,0,0,0,0,null,null,0]
[null,null,null,null,null,null,0,0,0,0,0,0,0,null,null,0]
[null,null,null,null,null,null,0,0,0,0,0,0,0,null,null,0]
[null,null,null,null,null,null,0,0,0,0,0,0,0,null,null,0]
[null,null,null,null,null,null,0,0,0,0,0,0,0,null,null,0]
[null,null,null,null,null,null,0,0,0,0,0,0,0,null,null,0]
[null,null,null,null,null,null,0,0,0,0,0,0,0,null,null,0]
[null,null,null,null,null,null,0,0,0,0,0,0,0,null,null,0]
[null,null,null,null,null,null,0,0,0,0,0,0,0,null,null,0]
[null,null,null,null,null,null,0,0,0,0,0,0,0,null,null,0]
[null,null,null,null,null,null,0,0,0,0,0,0,0,null,null,0]
[null,null,null,null,null,null,0,0,0,0,0,0,0,null,null,0]
[null,null,null,null,null,null,0,0,0,0,0,0,0,null,null,0]
[null,null,null,null,null,null,0,0,0,0,0,0,0,null,null,0]
[null,null,null,null,null,null,0,0,0,0,0,0,0,null,null,0]
[null,null,null,null,null,null,0,0,0,0,0,0,0,null,null,0]
[null,null,null,null,null,null,0,0,0,0,0,0,0,null,null,0]
[null,null,null,null,null,null,0,0,0,0,0,0,0,null,null,0]
[null,null,null,null,null,null,0,0,0,0,0,0,0,null,null,0]
[null,null,null,null,null,null,0,0,0,0,0,0,0,null,null,0]
[null,null,null,null,null,null,0,0,0,0,0,0,0,null,null,0]
[null,null,null,null,null,null,0,0,0,0,0,0,0,null,null,0]
[null,null,null,null,null,null,0,0,0,0,0,0,0,null,null,0]
[null,null,null,null,null,null,0,0,0,0,0,0,0,null,null,0]
[null,null,null,null,null,null,0,0,0,0,0,0,0,null,null,0]
[null,null,null,null,null,null,0,0,0,0,0,0,0,null,null,0]
[null,null,null,null,null,null,0,0,0,0,0,0,0,null,null,0]
[null,null,null,null,null,null,0,0,0,0,0,0,0,null,null,0]
[null,null,null,null,null,null,0,0,0,0,0,0,0,null,null,0]
[null,null,null,null,null,null,0,0,0,0,0,0,0,null,null,0]
[null,null,null,null,null,null,0,0,0,0,0,0,0,null,null,0]
[null,null,null,null,null,null,0,0,0,0,0,0,0,null,null,0]
[null,null,null,null,null,null,0,0,0,0,0,0,0,null,null,0]
[null,null,null,null,null,null,0,0,0,0,0,0,0,null,null,0]
[null,null,null,null,null,null,0,0,0,0,0,0,0,null,null,0]
[null,null,null,null,null,null,0,0,0,0,0,0,0,null,null,0]
[null,null,null,null,null,null,0,0,0,0,0,0,0,null,null,0]
[null,null,null,null,null,null,0,0,0,0,0,0,0,null,null,0]
[null,null,null,null,null,null,0,0,0,0,0,0,0,null,null,0]
[null,null,null,null,null,null,0,0,0,0,0,0,0,null,null,0]
[null,null,null,null,null,null,0,0,0,0,0,0,0,null,null,0]
[null,null,null,null,null,null,0,0,0,0,0,0,0,null,null,0]
[null,null,null,null,null,null,0,0,0,0,0,0,0,null,null,0]
[null,null,null,null,null,null,0,0,0,0,0,0,0,null,null,0]
[null,null,null,null,null,null,0,0,0,0,0,0,0,null,null,0]
[null,null,null,null,null,null,0,0,0,0,0,0,0,null,null,0]
[null,null,null,null,null,null,0,0,0,0,0,0,0,null,null,0]
[null,null,null,null,null,null,0,0,0,0,0,0,0,null,null,0]
[null,null,null,null,null,null,0,0,0,0,0,0,0,null,null,0]
[null,null,null,null,null,null,0,0,0,0,0,0,0,null,null,0]
[null,null,null,null,null,null,0,0,0,0,0,0,0,null,null,0]
[null,null,null,null,null,null,0,0,0,0,0,0,0,null,null,0]
[null,null,null,null,null,null,0,0,0,0,0,0,0,null,null,0]
[null,null,null,null,null,null,0,0,0,0,0,0,0,null,null,0]
[null,null,null,null,null,null,0,0,0,0,0,0,0,null,null,0]
[null,null,null,null,null,null,0,0,0,0,0,0,0,null,null,0]
[null,null,null,null,null,null,0,0,0,0,0,0,0,null,null,0]
[null,null,null,null,null,null,0,0,0,0,0,0,0,null,null,0]
[null,null,null,null,null,null,0,0,0,0,0,0,0,null,null,0]
[null,null,null,null,null,null,0,0,0,0,0,0,0,null,null,0]
[null,null,null,null,null,null,0,0,0,0,0,0,0,null,null,0]
[null,null,null,null,null,null,0,0,0,0,0,0,0,null,null,0]
[null,null,null,null,null,null,0,0,0,0,0,0,0,null,null,0]
[null,null,null,null,null,null,0,0,0,0,0,0,0,null,null,0]
[null,null,null,null,null,null,0,0,0,0,0,0,0,null,null,0]
[null,null,null,null,null,null,0,0,0,0,0,0,0,null,null,0]
[null,null,null,null,null,null,0,0,0,0,0,0,0,null,null,0]
[null,null,null,null,null,null,0,0,0,0,0,0,0,null,null,0]
[null,null,null,null,null,null,0,0,0,0,0,0,0,null,null,0]
[null,null,null,null,null,null,0,0,0,0,0,0,0,null,null,0]
[null,null,null,null,null,null,0,0,0,0,0,0,0,null,null,0]
[null,null,null,null,null,null,0,0,0,0,0,0,0,null,null,0]
[null,null,null,null,null,null,0,0,0,0,0,0,0,null,null,0]
[null,null,null,null,null,null,0,0,0,0,0,0,0,null,null,0]
[null,null,null,null,null,null,0,0,0,0,0,0,0,null,null,0]
[null,null,null,null,null,null,0,0,0,0,0,0,0,null,null,0]
[null,null,null,null,null,null,0,0,0,0,0,0,0,null,null,0]
[null,null,null,null,null,null,0,0,0,0,0,0,0,null,null,0]
[null,null,null,null,null,null,0,0,0,0,0,0,0,null,null,0]
[null,null,null,null,null,null,0,0,0,0,0,0,0,null,null,0]
[null,null,null,null,null,null,0,0,0,0,0,0,0,null,null,0]
[null,null,null,null,null,null,0,0,0,0,0,0,0,null,null,0]
[null,null,null,null,null,null,0,0,0,0,0,0,0,null,null,0]
[null,null,null,null,null,null,0,0,0,0,0,0,0,null,null,0]
[null,null,null,null,null,null,0,0,0,0,0,0,0,null,null,0]
[null,null,null,null,null,null,0,0,0,0,0,0,0,null,null,0]
[null,null,null,null,null,null,0,0,0,0,0,0,0,null,null,0]
[null,null,null,null,null,null,0,0,0,0,0,0,0,null,null,0]
[null,null,null,null,null,null,0,0,0,0,0,0,0,null,null,0]
[null,null,null,null,null,null,0,0,0,0,0,0,0,null,null,0]
[null,null,null,null,null,null,0,0,0,0,0,0,0,null,null,0]
[null,null,null,null,null,null,0,0,0,0,0,0,0,null,null,0]
[null,null,null,null,null,null,0,0,0,0,0,0,0,null,null,0]
[null,null,null,null,null,null,0,0,0,0,0,0,0,null,null,0]
[null,null,null,null,null,null,0,0,0,0,0,0,0,null,null,0]
[null,null,null,null,null,null,0,0,0,0,0,0,0,null,null,0]
[null,null,null,null,null,null,0,0,0,0,0,0,0,null,null,0]
[null,null,null,null,null,null,0,0,0,0,0,0,0,null,null,0]
[null,null,null,null,null,null,0,0,0,0,0,0,0,null,null,0]
[null,null,null,null,null,null,0,0,0,0,0,0,0,null,null,0]
[null,null,null,null,null,null,0,0,0,0,0,0,0,null,null,0]
[null,null,null,null,null,null,0,0,0,0,0,0,0,null,null,0]
[null,null,null,null,null,null,0,0,0,0,0,0,0,null,null,0]
[null,null,null,null,null,null,0,0,0,0,0,0,0,null,null,0]
[null,null,null,null,null,null,0,0,0,0,0,0,0,null,null,0]
[null,null,null,null,null,null,0,0,0,0,0,0,0,null,null,0]
[null,null,null,null,null,null,0,0,0,0,0,0,0,null,null,0]
[null,null,null,null,null,null,0,0,0,0,0,0,0,null,null,0]
[null,null,null,null,null,null,0,0,0,0,0,0,0,null,null,0]
[null,null,null,null,null,null,0,0,0,0,0,0,0,null,null,0]
[null,null,null,null,null,null,0,0,0,0,0,0,0,null,null,0]
[null,null,null,null,null,null,0,0,0,0,0,0,0,null,null,0]
[null,null,null,null,null,null,0,0,0,0,0,0,0,null,null,0]
[null,null,null,null,null,null,0,0,0,0,0,0,0,null,null,0]
[null,null,null,null,null,null,0,0,0,0,0,0,0,null,null,0]
[null,null,null,null,null,null,0,0,0,0,0,0,0,null,null,0]
[null,null,null,null,null,null,0,0,0,0,0,0,0,null,null,0]
[null,null,null,null,null,null,0,0,0,0,0,0,0,null,null,0]
[null,null,null,null,null,null,0,0,0,0,0,0,0,null,null,0]
[null,null,null,null,null,null,0,0,0,0,0,0,0,null,null,0]
[null,null,null,null,null,null,0,0,0,0,0,0,0,null,null,0]
[null,null,null,null,null,null,0,0,0,0,0,0,0,null,null,0]
[null,null,null,null,null,null,0,0,0,0,0,0,0,null,null,0]
[null,null,null,null,null,null,0,0,0,0,0,0,0,null,null,0]
[null,null,null,null,null,null,0,0,0,0,0,0,0,null,null,0]
[null,null,null,null,null,null,0,0,0,0,0,0,0,null,null,0]
[null,null,null,null,null,null,0,0,0,0,0,0,0,null,null,0]
[null,null,null,null,null,null,0,0,0,0,0,0,0,null,null,0]
[null,null,null,null,null,null,0,0,0,0,0,0,0,null,null,0]
[null,null,null,null,null,null,0,0,0,0,0,0,0,null,null,0]
[null,null,null,null,null,null,0,0,0,0,0,0,0,null,null,0]
[null,null,null,null,null,null,0,0,0,0,0,0,0,null,null,0]
[null,null,null,null,null,null,0,0,0,0,0,0,0,null,null,0]
[null,null,null,null,null,null,0,0,0,0,0,0,0,null,null,0]
[null,null,null,null,null,null,0,0,0,0,0,0,0,null,null,0]
[null,null,null,null,null,null,0,0,0,0,0,0,0,null,null,0]
[null,null,null,null,null,null,0,0,0,0,0,0,0,null,null,0]
[null,null,null,null,null,null,0,0,0,0,0,0,0,null,null,0]
[null,null,null,null,null,null,0,0,0,0,0,0,0,null,null,0]
[null,null,null,null,null,null,0,0,0,0,0,0,0,null,null,0]
[null,null,null,null,null,null,0,0,0,0,0,0,0,null,null,0]
[null,null,null,null,null,null,0,0,0,0,0,0,0,null,null,0]
[null,null,null,null,null,null,0,0,0,0,0,0,0,null,null,0]
[null,null,null,null,null,null,0,0,0,0,0,0,0,null,null,0]
[null,null,null,null,null,null,0,0,0,0,0,0,0,null,null,0]
[null,null,null,null,null,null,0,0,0,0,0,0,0,null,null,0]
[null,null,null,null,null,null,0,0,0,0,0,0,0,null,null,0]
[null,null,null,null,null,null,0,0,0,0,0,0,0,null,null,0]
[null,null,null,null,null,null,0,0,0,0,0,0,0,null,null,0]
[null,null,null,null,null,null,0,0,0,0,0,0,0,null,null,0]
[null,null,null,null,null,null,0,0,0,0,0,0,0,null,null,0]
[null,null,null,null,null,null,0,0,0,0,0,0,0,null,null,0]
[null,null,null,null,null,null,0,0,0,0,0,0,0,null,null,0]
[null,null,null,null,null,null,0,0,0,0,0,0,0,null,null,0]
[null,null,null,null,null,null,0,0,0,0,0,0,0,null,null,0]
[null,null,null,null,null,null,0,0,0,0,0,0,0,null,null,0]
[null,null,null,null,null,null,0,0,0,0,0,0,0,null,null,0]
[null,null,null,null,null,null,0,0,0,0,0,0,0,null,null,0]
[null,null,null,null,null,null,0,0,0,0,0,0,0,null,null,0]
[null,null,null,null,null,null,0,0,0,0,0,0,0,null,null,0]
[null,null,null,null,null,null,0,0,0,0,0,0,0,null,null,0]
[null,null,null,null,null,null,0,0,0,0,0,0,0,null,null,0]
[null,null,null,null,null,null,0,0,0,0,0,0,0,null,null,0]
[null,null,null,null,null,null,0,0,0,0,0,0,0,null,null,0]
[null,null,null,null,null,null,0,0,0,0,0,0,0,null,null,0]
[null,null,null,null,null,null,0,0,0,0,0,0,0,null,null,0]
[null,null,null,null,null,null,0,0,0,0,0,0,0,null,null,0]
[null,null,null,null,null,null,0,0,0,0,0,0,0,null,null,0]
[null,null,null,null,null,null,0,0,0,0,0,0,0,null,null,0]
[null,null,null,null,null,null,0,0,0,0,0,0,0,null,null,0]
[null,null,null,null,null,null,0,0,0,0,0,0,0,null,null,0]
[null,null,null,null,null,null,0,0,0,0,0,0,0,null,null,0]
[null,null,null,null,null,null,0,0,0,0,0,0,0,null,null,0]
[null,null,null,null,null,null,0,0,0,0,0,0,0,null,null,0]
[null,null,null,null,null,null,0,0,0,0,0,0,0,null,null,0]
[null,null,null,null,null,null,0,0,0,0,0,0,0,null,null,0]
[null,null,null,null,null,null,0,0,0,0,0,0,0,null,null,0]
[null,null,null,null,null,null,0,0,0,0,0,0,0,null,null,0]
[null,null,null,null,null,null,0,0,0,0,0,0,0,null,null,0]
[null,null,null,null,null,null,0,0,0,0,0,0,0,null,null,0]
[null,null,null,null,null,null,0,0,0,0,0,0,0,null,null,0]
[null,null,null,null,null,null,0,0,0,0,0,0,0,null,null,0]
[null,null,null,null,null,null,0,0,0,0,0,0,0,null,null,0]
[null,null,null,null,null,null,0,0,0,0,0,0,0,null,null,0]
[null,null,null,null,null,null,0,0,0,0,0,0,0,null,null,0]
[null,null,null,null,null,null,0,0,0,0,0,0,0,null,null,0]
[null,null,null,null,null,null,0,0,0,0,0,0,0,null,null,0]
[null,null,null,null,null,null,0,0,0,0,0,0,0,null,null,0]
[null,null,null,null,null,null,0,0,0,0,0,0,0,null,null,0]
[null,null,null,null,null,null,0,0,0,0,0,0,0,null,null,0]
[null,null,null,null,null,null,0,0,0,0,0,0,0,null,null,0]
[null,null,null,null,null,null,0,0,0,0,0,0,0,null,null,0]
[null,null,null,null,null,null,0,0,0,0,0,0,0,null,null,0]
[null,null,null,null,null,null,0,0,0,0,0,0,0,null,null,0]
[null,null,null,null,null,null,0,0,0,0,0,0,0,null,null,0]
[null,null,null,null,null,null,0,0,0,0,0,0,0,null,null,0]
[null,null,null,null,null,null,0,0,0,0,0,0,0,null,null,0]
[null,null,null,null,null,null,0,0,0,0,0,0,0,null,null,0]
[null,null,null,null,null,null,0,0,0,0,0,0,0,null,null,0]
[null,null,null,null,null,null,0,0,0,0,0,0,0,null,null,0]
[null,null,null,null,null,null,0,0,0,0,0,0,0,null,null,0]
[null,null,null,null,null,null,0,0,0,0,0,0,0,null,null,0]
[null,null,null,null,null,null,0,0,0,0,0,0,0,null,null,0]
[null,null,null,null,null,null,0,0,0,0,0,0,0,null,null,0]
[null,null,null,null,null,null,0,0,0,0,0,0,0,null,null,0]
[null,null,null,null,null,null,0,0,0,0,0,0,0,null,null,0]
[null,null,null,null,null,null,0,0,0,0,0,0,0,null,null,0]
[null,null,null,null,null,null,0,0,0,0,0,0,0,null,null,0]
[null,null,null,null,null,null,0,0,0,0,0,0,0,null,null,0]
[null,null,null,null,null,null,0,0,0,0,0,0,0,null,null,0]
[null,null,null,null,null,null,0,0,0,0,0,0,0,null,null,0]
[null,null,null,null,null,null,0,0,0,0,0,0,0,null,null,0]
[null,null,null,null,null,null,0,0,0,0,0,0,0,null,null,0]
[null,null,null,null,null,null,0,0,0,0,0,0,0,null,null,0]
[null,null,null,null,null,null,0,0,0,0,0,0,0,null,null,0]
[null,null,null,null,null,null,0,0,0,0,0,0,0,null,null,0]
[null,null,null,null,null,null,0,0,0,0,0,0,0,null,null,0]
[null,null,null,null,null,null,0,0,0,0,0,0,0,null,null,0]
[null,null,null,null,null,null,0,0,0,0,0,0,0,null,null,0]
[null,null,null,null,null,null,0,0,0,0,0,0,0,null,null,0]
[null,null,null,null,null,null,0,0,0,0,0,0,0,null,null,0]
[null,null,null,null,null,null,0,0,0,0,0,0,0,null,null,0]
[null,null,null,null,null,null,0,0,0,0,0,0,0,null,null,0]
[null,null,null,null,null,null,0,0,0,0,0,0,0,null,null,0]
[null,null,null,null,null,null,0,0,0,0,0,0,0,null,null,0]
[null,null,null,null,null,null,0,0,0,0,0,0,0,null,null,0]
[null,null,null,null,null,null,0,0,0,0,0,0,0,null,null,0]
[null,null,null,null,null,null,0,0,0,0,0,0,0,null,null,0]
[null,null,null,null,null,null,0,0,0,0,0,0,0,null,null,0]
[null,null,null,null,null,null,0,0,0,0,0,0,0,null,null,0]
[null,null,null,null,null,null,0,0,0,0,0,0,0,null,null,0]
[null,null,null,null,null,null,0,0,0,0,0,0,0,null,null,0]
[null,null,null,null,null,null,0,0,0,0,0,0,0,null,null,0]
[null,null,null,null,null,null,0,0,0,0,0,0,0,null,null,0]
[null,null,null,null,null,null,0,0,0,0,0,0,0,null,null,0]
[null,null,null,null,null,null,0,0,0,0,0,0,0,null,null,0]
[null,null,null,null,null,null,0,0,0,0,0,0,0,null,null,0]
[null,null,null,null,null,null,0,0,0,0,0,0,0,null,null,0]
[null,null,null,null,null,null,0,0,0,0,0,0,0,null,null,0]
[null,null,null,null,null,null,0,0,0,0,0,0,0,null,null,0]
[null,null,null,null,null,null,0,0,0,0,0,0,0,null,null,0]
[null,null,null,null,null,null,0,0,0,0,0,0,0,null,null,0]
[null,null,null,null,null,null,0,0,0,0,0,0,0,null,null,0]
[null,null,null,null,null,null,0,0,0,0,0,0,0,null,null,0]
[null,null,null,null,null,null,0,0,0,0,0,0,0,null,null,0]
[null,null,null,null,null,null,0,0,0,0,0,0,0,null,null,0]
[null,null,null,null,null,null,0,0,0,0,0,0,0,null,null,0]
[null,null,null,null,null,null,0,0,0,0,0,0,0,null,null,0]
[null,null,null,null,null,null,0,0,0,0,0,0,0,null,null,0]
[null,null,null,null,null,null,0,0,0,0,0,0,0,null,null,0]
[null,null,null,null,null,null,0,0,0,0,0,0,0,null,null,0]
[null,null,null,null,null,null,0,0,0,0,0,0,0,null,null,0]
[null,null,null,null,null,null,0,0,0,0,0,0,0,null,null,0]
[null,null,null,null,null,null,0,0,0,0,0,0,0,null,null,0]
[null,null,null,null,null,null,0,0,0,0,0,0,0,null,null,0]
[null,null,null,null,null,null,0,0,0,0,0,0,0,null,null,0]
[null,null,null,null,null,null,0,0,0,0,0,0,0,null,null,0]
[null,null,null,null,null,null,0,0,0,0,0,0,0,null,null,0]
[null,null,null,null,null,null,0,0,0,0,0,0,0,null,null,0]
[null,null,null,null,null,null,0,0,0,0,0,0,0,null,null,0]
[null,null,null,null,null,null,0,0,0,0,0,0,0,null,null,0]
[null,null,null,null,null,null,0,0,0,0,0,0,0,null,null,0]
[null,null,null,null,null,null,0,0,0,0,0,0,0,null,null,0]
[null,null,null,null,null,null,0,0,0,0,0,0,0,null,null,0]
[null,null,null,null,null,null,0,0,0,0,0,0,0,null,null,0]
[null,null,null,null,null,null,0,0,0,0,0,0,0,null,null,0]
[null,null,null,null,null,null,0,0,0,0,0,0,0,null,null,0]
[null,null,null,null,null,null,0,0,0,0,0,0,0,null,null,0]
[null,null,null,null,null,null,0,0,0,0,0,0,0,null,null,0]
[null,null,null,null,null,null,0,0,0,0,0,0,0,null,null,0]
[null,null,null,null,null,null,0,0,0,0,0,0,0,null,null,0]
[null,null,null,null,null,null,0,0,0,0,0,0,0,null,null,0]
[null,null,null,null,null,null,0,0,0,0,0,0,0,null,null,0]
[null,null,null,null,null,null,0,0,0,0,0,0,0,null,null,0]
[null,null,null,null,null,null,0,0,0,0,0,0,0,null,null,0]
[null,null,null,null,null,null,0,0,0,0,0,0,0,null,null,0]
[null,null,null,null,null,null,0,0,0,0,0,0,0,null,null,0]
[null,null,null,null,null,null,0,0,0,0,0,0,0,null,null,0]
[null,null,null,null,null,null,0,0,0,0,0,0,0,null,null,0]
[null,null,null,null,null,null,0,0,0,0,0,0,0,null,null,0]
[null,null,null,null,null,null,0,0,0,0,0,0,0,null,null,0]
[null,null,null,null,null,null,0,0,0,0,0,0,0,null,null,0]
[null,null,null,null,null,null,0,0,0,0,0,0,0,null,null,0]
[null,null,null,null,null,null,0,0,0,0,0,0,0,null,null,0]
[null,null,null,null,null,null,0,0,0,0,0,0,0,null,null,0]
[null,null,null,null,null,null,0,0,0,0,0,0,0,null,null,0]
[null,null,null,null,null,null,0,0,0,0,0,0,0,null,null,0]
[null,null,null,null,null,null,0,0,0,0,0,0,0,null,null,0]
[null,null,null,null,null,null,0,0,0,0,0,0,0,null,null,0]
[null,null,null,null,null,null,0,0,0,0,0,0,0,null,null,0]
[null,null,null,null,null,null,0,0,0,0,0,0,0,null,null,0]
[null,null,null,null,null,null,0,0,0,0,0,0,0,null,null,0]
[null,null,null,null,null,null,0,0,0,0,0,0,0,null,null,0]
[null,null,null,null,null,null,0,0,0,0,0,0,0,null,null,0]
[null,null,null,null,null,null,0,0,0,0,0,0,0,null,null,0]
[null,null,null,null,null,null,0,0,0,0,0,0,0,null,null,0]
[null,null,null,null,null,null,0,0,0,0,0,0,0,null,null,0]
[null,null,null,null,null,null,0,0,0,0,0,0,0,null,null,0]
[null,null,null,null,null,null,0,0,0,0,0,0,0,null,null,0]
[null,null,null,null,null,null,0,0,0,0,0,0,0,null,null,0]
[null,null,null,null,null,null,0,0,0,0,0,0,0,null,null,0]
[null,null,null,null,null,null,0,0,0,0,0,0,0,null,null,0]
[null,null,null,null,null,null,0,0,0,0,0,0,0,null,null,0]
[null,null,null,null,null,null,0,0,0,0,0,0,0,null,null,0]
[null,null,null,null,null,null,0,0,0,0,0,0,0,null,null,0]
[null,null,null,null,null,null,0,0,0,0,0,0,0,null,null,0]
[null,null,null,null,null,null,0,0,0,0,0,0,0,null,null,0]
[null,null,null,null,null,null,0,0,0,0,0,0,0,null,null,0]
[null,null,null,null,null,null,0,0,0,0,0,0,0,null,null,0]
[null,null,null,null,null,null,0,0,0,0,0,0,0,null,null,0]
[null,null,null,null,null,null,0,0,0,0,0,0,0,null,null,0]
[null,null,null,null,null,null,0,0,0,0,0,0,0,null,null,0]
[null,null,null,null,null,null,0,0,0,0,0,0,0,null,null,0]
[null,null,null,null,null,null,0,0,0,0,0,0,0,null,null,0]
[null,null,null,null,null,null,0,0,0,0,0,0,0,null,null,0]
[null,null,null,null,null,null,0,0,0,0,0,0,0,null,null,0]
[null,null,null,null,null,null,0,0,0,0,0,0,0,null,null,0]
[null,null,null,null,null,null,0,0,0,0,0,0,0,null,null,0]
[null,null,null,null,null,null,0,0,0,0,0,0,0,null,null,0]
[null,null,null,null,null,null,0,0,0,0,0,0,0,null,null,0]
[null,null,null,null,null,null,0,0,0,0,0,0,0,null,null,0]
[null,null,null,null,null,null,0,0,0,0,0,0,0,null,null,0]
[null,null,null,null,null,null,0,0,0,0,0,0,0,null,null,0]
[null,null,null,null,null,null,0,0,0,0,0,0,0,null,null,0]
[null,null,null,null,null,null,0,0,0,0,0,0,0,null,null,0]
[null,null,null,null,null,null,0,0,0,0,0,0,0,null,null,0]
[null,null,null,null,null,null,0,0,0,0,0,0,0,null,null,0]
[null,null,null,null,null,null,0,0,0,0,0,0,0,null,null,0]
[null,null,null,null,null,null,0,0,0,0,0,0,0,null,null,0]
[null,null,null,null,null,null,0,0,0,0,0,0,0,null,null,0]
[null,null,null,null,null,null,0,0,0,0,0,0,0,null,null,0]
[null,null,null,null,null,null,0,0,0,0,0,0,0,null,null,0]
[null,null,null,null,null,null,0,0,0,0,0,0,0,null,null,0]
[null,null,null,null,null,null,0,0,0,0,0,0,0,null,null,0]
[null,null,null,null,null,null,0,0,0,0,0,0,0,null,null,0]
[null,null,null,null,null,null,0,0,0,0,0,0,0,null,null,0]
[null,null,null,null,null,null,0,0,0,0,0,0,0,null,null,0]
[null,null,null,null,null,null,0,0,0,0,0,0,0,null,null,0]
[null,null,null,null,null,null,0,0,0,0,0,0,0,null,null,0]
[null,null,null,null,null,null,0,0,0,0,0,0,0,null,null,0]
[null,null,null,null,null,null,0,0,0,0,0,0,0,null,null,0]
[null,null,null,null,null,null,0,0,0,0,0,0,0,null,null,0]
[null,null,null,null,null,null,0,0,0,0,0,0,0,null,null,0]
[null,null,null,null,null,null,0,0,0,0,0,0,0,null,null,0]
[null,null,null,null,null,null,0,0,0,0,0,0,0,null,null,0]
[null,null,null,null,null,null,0,0,0,0,0,0,0,null,null,0]
[null,null,null,null,null,null,0,0,0,0,0,0,0,null,null,0]
[null,null,null,null,null,null,0,0,0,0,0,0,0,null,null,0]
[null,null,null,null,null,null,0,0,0,0,0,0,0,null,null,0]
[null,null,null,null,null,null,0,0,0,0,0,0,0,null,null,0]
[null,null,null,null,null,null,0,0,0,0,0,0,0,null,null,0]
[null,null,null,null,null,null,0,0,0,0,0,0,0,null,null,0]
[null,null,null,null,null,null,0,0,0,0,0,0,0,null,null,0]
[null,null,null,null,null,null,0,0,0,0,0,0,0,null,null,0]
[null,null,null,null,null,null,0,0,0,0,0,0,0,null,null,0]
[null,null,null,null,null,null,0,0,0,0,0,0,0,null,null,0]
[null,null,null,null,null,null,0,0,0,0,0,0,0,null,null,0]
[null,null,null,null,null,null,0,0,0,0,0,0,0,null,null,0]
[null,null,null,null,null,null,0,0,0,0,0,0,0,null,null,0]
[null,null,null,null,null,null,0,0,0,0,0,0,0,null,null,0]
[null,null,null,null,null,null,0,0,0,0,0,0,0,null,null,0]
[null,null,null,null,null,null,0,0,0,0,0,0,0,null,null,0]
[null,null,null,null,null,null,0,0,0,0,0,0,0,null,null,0]
[null,null,null,null,null,null,0,0,0,0,0,0,0,null,null,0]
[null,null,null,null,null,null,0,0,0,0,0,0,0,null,null,0]
[null,null,null,null,null,null,0,0,0,0,0,0,0,null,null,0]
[null,null,null,null,null,null,0,0,0,0,0,0,0,null,null,0]
[null,null,null,null,null,null,0,0,0,0,0,0,0,null,null,0]
[null,null,null,null,null,null,0,0,0,0,0,0,0,null,null,0]
[null,null,null,null,null,null,0,0,0,0,0,0,0,null,null,0]
[null,null,null,null,null,null,0,0,0,0,0,0,0,null,null,0]
[null,null,null,null,null,null,0,0,0,0,0,0,0,null,null,0]
[null,null,null,null,null,null,0,0,0,0,0,0,0,null,null,0]
[null,null,null,null,null,null,0,0,0,0,0,0,0,null,null,0]
[null,null,null,null,null,null,0,0,0,0,0,0,0,null,null,0]
[null,null,null,null,null,null,0,0,0,0,0,0,0,null,null,0]
[null,null,null,null,null,null,0,0,0,0,0,0,0,null,null,0]
[null,null,null,null,null,null,0,0,0,0,0,0,0,null,null,0]
[null,null,null,null,null,null,0,0,0,0,0,0,0,null,null,0]
[null,null,null,null,null,null,0,0,0,0,0,0,0,null,null,0]
[null,null,null,null,null,null,0,0,0,0,0,0,0,null,null,0]
[null,null,null,null,null,null,0,0,0,0,0,0,0,null,null,0]
[null,null,null,null,null,null,0,0,0,0,0,0,0,null,null,0]
[null,null,null,null,null,null,0,0,0,0,0,0,0,null,null,0]
[null,null,null,null,null,null,0,0,0,0,0,0,0,null,null,0]
[null,null,null,null,null,null,0,0,0,0,0,0,0,null,null,0]
[null,null,null,null,null,null,0,0,0,0,0,0,0,null,null,0]
[null,null,null,null,null,null,0,0,0,0,0,0,0,null,null,0]
[null,null,null,null,null,null,0,0,0,0,0,0,0,null,null,0]
[null,null,null,null,null,null,0,0,0,0,0,0,0,null,null,0]
[null,null,null,null,null,null,0,0,0,0,0,0,0,null,null,0]
[null,null,null,null,null,null,0,0,0,0,0,0,0,null,null,0]
[null,null,null,null,null,null,0,0,0,0,0,0,0,null,null,0]
[null,null,null,null,null,null,0,0,0,0,0,0,0,null,null,0]
[null,null,null,null,null,null,0,0,0,0,0,0,0,null,null,0]
[null,null,null,null,null,null,0,0,0,0,0,0,0,null,null,0]
[null,null,null,null,null,null,0,0,0,0,0,0,0,null,null,0]
[null,null,null,null,null,null,0,0,0,0,0,0,0,null,null,0]
[null,null,null,null,null,null,0,0,0,0,0,0,0,null,null,0]
[null,null,null,null,null,null,0,0,0,0,0,0,0,null,null,0]
[null,null,null,null,null,null,0,0,0,0,0,0,0,null,null,0]
[null,null,null,null,null,null,0,0,0,0,0,0,0,null,null,0]
[null,null,null,null,null,null,0,0,0,0,0,0,0,null,null,0]
[null,null,null,null,null,null,0,0,0,0,0,0,0,null,null,0]
[null,null,null,null,null,null,0,0,0,0,0,0,0,null,null,0]
[null,null,null,null,null,null,0,0,0,0,0,0,0,null,null,0]
[null,null,null,null,null,null,0,0,0,0,0,0,0,null,null,0]
[null,null,null,null,null,null,0,0,0,0,0,0,0,null,null,0]
[null,null,null,null,null,null,0,0,0,0,0,0,0,null,null,0]
[null,null,null,null,null,null,0,0,0,0,0,0,0,null,null,0]
[null,null,null,null,null,null,0,0,0,0,0,0,0,null,null,0]
[null,null,null,null,null,null,0,0,0,0,0,0,0,null,null,0]
[null,null,null,null,null,null,0,0,0,0,0,0,0,null,null,0]
[null,null,null,null,null,null,0,0,0,0,0,0,0,null,null,0]
[null,null,null,null,null,null,0,0,0,0,0,0,0,null,null,0]
[null,null,null,null,null,null,0,0,0,0,0,0,0,null,null,0]
[null,null,null,null,null,null,0,0,0,0,0,0,0,null,null,0]
[null,null,null,null,null,null,0,0,0,0,0,0,0,null,null,0]
[null,null,null,null,null,null,0,0,0,0,0,0,0,null,null,0]
[null,null,null,null,null,null,0,0,0,0,0,0,0,null,null,0]
[null,null,null,null,null,null,0,0,0,0,0,0,0,null,null,0]
[null,null,null,null,null,null,0,0,0,0,0,0,0,null,null,0]
[null,null,null,null,null,null,0,0,0,0,0,0,0,null,null,0]
[null,null,null,null,null,null,0,0,0,0,0,0,0,null,null,0]
[null,null,null,null,null,null,0,0,0,0,0,0,0,null,null,0]
[null,null,null,null,null,null,0,0,0,0,0,0,0,null,null,0]
[null,null,null,null,null,null,0,0,0,0,0,0,0,null,null,0]
[null,null,null,null,null,null,0,0,0,0,0,0,0,null,null,0]
[null,null,null,null,null,null,0,0,0,0,0,0,0,null,null,0]
[null,null,null,null,null,null,0,0,0,0,0,0,0,null,null,0]
[null,null,null,null,null,null,0,0,0,0,0,0,0,null,null,0]
[null,null,null,null,null,null,0,0,0,0,0,0,0,null,null,0]
[null,null,null,null,null,null,0,0,0,0,0,0,0,null,null,0]
[null,null,null,null,null,null,0,0,0,0,0,0,0,null,null,0]
[null,null,null,null,null,null,0,0,0,0,0,0,0,null,null,0]
[null,null,null,null,null,null,0,0,0,0,0,0,0,null,null,0]
[null,null,null,null,null,null,0,0,0,0,0,0,0,null,null,0]
[null,null,null,null,null,null,0,0,0,0,0,0,0,null,null,0]
[null,null,null,null,null,null,0,0,0,0,0,0,0,null,null,0]
[null,null,null,null,null,null,0,0,0,0,0,0,0,null,null,0]
[null,null,null,null,null,null,0,0,0,0,0,0,0,null,null,0]
[null,null,null,null,null,null,0,0,0,0,0,0,0,null,null,0]
[null,null,null,null,null,null,0,0,0,0,0,0,0,null,null,0]
[null,null,null,null,null,null,0,0,0,0,0,0,0,null,null,0]
[null,null,null,null,null,null,0,0,0,0,0,0,0,null,null,0]
[null,null,null,null,null,null,0,0,0,0,0,0,0,null,null,0]
[null,null,null,null,null,null,0,0,0,0,0,0,0,null,null,0]
[null,null,null,null,null,null,0,0,0,0,0,0,0,null,null,0]
[null,null,null,null,null,null,0,0,0,0,0,0,0,null,null,0]
[null,null,null,null,null,null,0,0,0,0,0,0,0,null,null,0]
[null,null,null,null,null,null,0,0,0,0,0,0,0,null,null,0]
[null,null,null,null,null,null,0,0,0,0,0,0,0,null,null,0]
[null,null,null,null,null,null,0,0,0,0,0,0,0,null,null,0]
[null,null,null,null,null,null,0,0,0,0,0,0,0,null,null,0]
[null,null,null,null,null,null,0,0,0,0,0,0,0,null,null,0]
[null,null,null,null,null,null,0,0,0,0,0,0,0,null,null,0]
[null,null,null,null,null,null,0,0,0,0,0,0,0,null,null,0]
[null,null,null,null,null,null,0,0,0,0,0,0,0,null,null,0]
[null,null,null,null,null,null,0,0,0,0,0,0,0,null,null,0]
[null,null,null,null,null,null,0,0,0,0,0,0,0,null,null,0]
[null,null,null,null,null,null,0,0,0,0,0,0,0,null,null,0]
[null,null,null,null,null,null,0,0,0,0,0,0,0,null,null,0]
[null,null,null,null,null,null,0,0,0,0,0,0,0,null,null,0]
[null,null,null,null,null,null,0,0,0,0,0,0,0,null,null,0]
[null,null,null,null,null,null,0,0,0,0,0,0,0,null,null,0]
[null,null,null,null,null,null,0,0,0,0,0,0,0,null,null,0]
[null,null,null,null,null,null,0,0,0,0,0,0,0,null,null,0]
[null,null,null,null,null,null,0,0,0,0,0,0,0,null,null,0]
[null,null,null,null,null,null,0,0,0,0,0,0,0,null,null,0]
[null,null,null,null,null,null,0,0,0,0,0,0,0,null,null,0]
[null,null,null,null,null,null,0,0,0,0,0,0,0,null,null,0]
[null,null,null,null,null,null,0,0,0,0,0,0,0,null,null,0]
[null,null,null,null,null,null,0,0,0,0,0,0,0,null,null,0]
[null,null,null,null,null,null,0,0,0,0,0,0,0,null,null,0]
[null,null,null,null,null,null,0,0,0,0,0,0,0,null,null,0]
[null,null,null,null,null,null,0,0,0,0,0,0,0,null,null,0]
[null,null,null,null,null,null,0,0,0,0,0,0,0,null,null,0]
[null,null,null,null,null,null,0,0,0,0,0,0,0,null,null,0]
[null,null,null,null,null,null,0,0,0,0,0,0,0,null,null,0]
[null,null,null,null,null,null,0,0,0,0,0,0,0,null,null,0]
[null,null,null,null,null,null,0,0,0,0,0,0,0,null,null,0]
[null,null,null,null,null,null,0,0,0,0,0,0,0,null,null,0]
[null,null,null,null,null,null,0,0,0,0,0,0,0,null,null,0]
[null,null,null,null,null,null,0,0,0,0,0,0,0,null,null,0]
[null,null,null,null,null,null,0,0,0,0,0,0,0,null,null,0]
[null,null,null,null,null,null,0,0,0,0,0,0,0,null,null,0]
[null,null,null,null,null,null,0,0,0,0,0,0,0,null,null,0]
[null,null,null,null,null,null,0,0,0,0,0,0,0,null,null,0]
[null,null,null,null,null,null,0,0,0,0,0,0,0,null,null,0]
[null,null,null,null,null,null,0,0,0,0,0,0,0,null,null,0]
[null,null,null,null,null,null,0,0,0,0,0,0,0,null,null,0]
[null,null,null,null,null,null,0,0,0,0,0,0,0,null,null,0]
[null,null,null,null,null,null,0,0,0,0,0,0,0,null,null,0]
[null,null,null,null,null,null,0,0,0,0,0,0,0,null,null,0]
[null,null,null,null,null,null,0,0,0,0,0,0,0,null,null,0]
[null,null,null,null,null,null,0,0,0,0,0,0,0,null,null,0]
[null,null,null,null,null,null,0,0,0,0,0,0,0,null,null,0]
[null,null,null,null,null,null,0,0,0,0,0,0,0,null,null,0]
[null,null,null,null,null,null,0,0,0,0,0,0,0,null,null,0]
[null,null,null,null,null,null,0,0,0,0,0,0,0,null,null,0]
[null,null,null,null,null,null,0,0,0,0,0,0,0,null,null,0]
[null,null,null,null,null,null,0,0,0,0,0,0,0,null,null,0]
[null,null,null,null,null,null,0,0,0,0,0,0,0,null,null,0]
[null,null,null,null,null,null,0,0,0,0,0,0,0,null,null,0]
[null,null,null,null,null,null,0,0,0,0,0,0,0,null,null,0]
[null,null,null,null,null,null,0,0,0,0,0,0,0,null,null,0]
[null,null,null,null,null,null,0,0,0,0,0,0,0,null,null,0]
[null,null,null,null,null,null,0,0,0,0,0,0,0,null,null,0]
[null,null,null,null,null,null,0,0,0,0,0,0,0,null,null,0]
[null,null,null,null,null,null,0,0,0,0,0,0,0,null,null,0]
[null,null,null,null,null,null,0,0,0,0,0,0,0,null,null,0]
[null,null,null,null,null,null,0,0,0,0,0,0,0,null,null,0]
[null,null,null,null,null,null,0,0,0,0,0,0,0,null,null,0]
[null,null,null,null,null,null,0,0,0,0,0,0,0,null,null,0]
[null,null,null,null,null,null,0,0,0,0,0,0,0,null,null,0]
[null,null,null,null,null,null,0,0,0,0,0,0,0,null,null,0]
[null,null,null,null,null,null,0,0,0,0,0,0,0,null,null,0]
[null,null,null,null,null,null,0,0,0,0,0,0,0,null,null,0]
[null,null,null,null,null,null,0,0,0,0,0,0,0,null,null,0]
[null,null,null,null,null,null,0,0,0,0,0,0,0,null,null,0]
[null,null,null,null,null,null,0,0,0,0,0,0,0,null,null,0]
[null,null,null,null,null,null,0,0,0,0,0,0,0,null,null,0]
[null,null,null,null,null,null,0,0,0,0,0,0,0,null,null,0]
[null,null,null,null,null,null,0,0,0,0,0,0,0,null,null,0]
[null,null,null,null,null,null,0,0,0,0,0,0,0,null,null,0]
[null,null,null,null,null,null,0,0,0,0,0,0,0,null,null,0]
[null,null,null,null,null,null,0,0,0,0,0,0,0,null,null,0]
[null,null,null,null,null,null,0,0,0,0,0,0,0,null,null,0]
[null,null,null,null,null,null,0,0,0,0,0,0,0,null,null,0]
[null,null,null,null,null,null,0,0,0,0,0,0,0,null,null,0]
[null,null,null,null,null,null,0,0,0,0,0,0,0,null,null,0]
[null,null,null,null,null,null,0,0,0,0,0,0,0,null,null,0]
[null,null,null,null,null,null,0,0,0,0,0,0,0,null,null,0]
[null,null,null,null,null,null,0,0,0,0,0,0,0,null,null,0]
[null,null,null,null,null,null,0,0,0,0,0,0,0,null,null,0]
[null,null,null,null,null,null,0,0,0,0,0,0,0,null,null,0]
[null,null,null,null,null,null,0,0,0,0,0,0,0,null,null,0]
[null,null,null,null,null,null,0,0,0,0,0,0,0,null,null,0]
[null,null,null,null,null,null,0,0,0,0,0,0,0,null,null,0]
[null,null,null,null,null,null,0,0,0,0,0,0,0,null,null,0]
[null,null,null,null,null,null,0,0,0,0,0,0,0,null,null,0]
[null,null,null,null,null,null,0,0,0,0,0,0,0,null,null,0]
[null,null,null,null,null,null,0,0,0,0,0,0,0,null,null,0]
[null,null,null,null,null,null,0,0,0,0,0,0,0,null,null,0]
[null,null,null,null,null,null,0,0,0,0,0,0,0,null,null,0]
[null,null,null,null,null,null,0,0,0,0,0,0,0,null,null,0]
[null,null,null,null,null,null,0,0,0,0,0,0,0,null,null,0]
[null,null,null,null,null,null,0,0,0,0,0,0,0,null,null,0]
[null,null,null,null,null,null,0,0,0,0,0,0,0,null,null,0]
[null,null,null,null,null,null,0,0,0,0,0,0,0,null,null,0]
[null,null,null,null,null,null,0,0,0,0,0,0,0,null,null,0]
[null,null,null,null,null,null,0,0,0,0,0,0,0,null,null,0]
[null,null,null,null,null,null,0,0,0,0,0,0,0,null,null,0]
[null,null,null,null,null,null,0,0,0,0,0,0,0,null,null,0]
[null,null,null,null,null,null,0,0,0,0,0,0,0,null,null,0]
[null,null,null,null,null,null,0,0,0,0,0,0,0,null,null,0]
[null,null,null,null,null,null,0,0,0,0,0,0,0,null,null,0]
[null,null,null,null,null,null,0,0,0,0,0,0,0,null,null,0]
[null,null,null,null,null,null,0,0,0,0,0,0,0,null,null,0]
[null,null,null,null,null,null,0,0,0,0,0,0,0,null,null,0]
[null,null,null,null,null,null,0,0,0,0,0,0,0,null,null,0]
[null,null,null,null,null,null,0,0,0,0,0,0,0,null,null,0]
[null,null,null,null,null,null,0,0,0,0,0,0,0,null,null,0]
[null,null,null,null,null,null,0,0,0,0,0,0,0,null,null,0]
[null,null,null,null,null,null,0,0,0,0,0,0,0,null,null,0]
[null,null,null,null,null,null,0,0,0,0,0,0,0,null,null,0]
[null,null,null,null,null,null,0,0,0,0,0,0,0,null,null,0]
[null,null,null,null,null,null,0,0,0,0,0,0,0,null,null,0]
[null,null,null,null,null,null,0,0,0,0,0,0,0,null,null,0]
[null,null,null,null,null,null,0,0,0,0,0,0,0,null,null,0]
[null,null,null,null,null,null,0,0,0,0,0,0,0,null,null,0]
[null,null,null,null,null,null,0,0,0,0,0,0,0,null,null,0]
[null,null,null,null,null,null,0,0,0,0,0,0,0,null,null,0]
[null,null,null,null,null,null,0,0,0,0,0,0,0,null,null,0]
[null,null,null,null,null,null,0,0,0,0,0,0,0,null,null,0]
[null,null,null,null,null,null,0,0,0,0,0,0,0,null,null,0]
[null,null,null,null,null,null,0,0,0,0,0,0,0,null,null,0]
[null,null,null,null,null,null,0,0,0,0,0,0,0,null,null,0]
[null,null,null,null,null,null,0,0,0,0,0,0,0,null,null,0]
[null,null,null,null,null,null,0,0,0,0,0,0,0,null,null,0]
[null,null,null,null,null,null,0,0,0,0,0,0,0,null,null,0]
[null,null,null,null,null,null,0,0,0,0,0,0,0,null,null,0]
[null,null,null,null,null,null,0,0,0,0,0,0,0,null,null,0]
[null,null,null,null,null,null,0,0,0,0,0,0,0,null,null,0]
[null,null,null,null,null,null,0,0,0,0,0,0,0,null,null,0]
[null,null,null,null,null,null,0,0,0,0,0,0,0,null,null,0]
[null,null,null,null,null,null,0,0,0,0,0,0,0,null,null,0]
[null,null,null,null,null,null,0,0,0,0,0,0,0,null,null,0]
[null,null,null,null,null,null,0,0,0,0,0,0,0,null,null,0]
[null,null,null,null,null,null,0,0,0,0,0,0,0,null,null,0]
[null,null,null,null,null,null,0,0,0,0,0,0,0,null,null,0]
[null,null,null,null,null,null,0,0,0,0,0,0,0,null,null,0]
[null,null,null,null,null,null,0,0,0,0,0,0,0,null,null,0]
[null,null,null,null,null,null,0,0,0,0,0,0,0,null,null,0]
[null,null,null,null,null,null,0,0,0,0,0,0,0,null,null,0]
[null,null,null,null,null,null,0,0,0,0,0,0,0,null,null,0]
[null,null,null,null,null,null,0,0,0,0,0,0,0,null,null,0]
[null,null,null,null,null,null,0,0,0,0,0,0,0,null,null,0]
[null,null,null,null,null,null,0,0,0,0,0,0,0,null,null,0]
[null,null,null,null,null,null,0,0,0,0,0,0,0,null,null,0]
[null,null,null,null,null,null,0,0,0,0,0,0,0,null,null,0]
[null,null,null,null,null,null,0,0,0,0,0,0,0,null,null,0]
[null,null,null,null,null,null,0,0,0,0,0,0,0,null,null,0]
[null,null,null,null,null,null,0,0,0,0,0,0,0,null,null,0]
[null,null,null,null,null,null,0,0,0,0,0,0,0,null,null,0]
[null,null,null,null,null,null,0,0,0,0,0,0,0,null,null,0]
[null,null,null,null,null,null,0,0,0,0,0,0,0,null,null,0]
[null,null,null,null,null,null,0,0,0,0,0,0,0,null,null,0]
[null,null,null,null,null,null,0,0,0,0,0,0,0,null,null,0]
[null,null,null,null,null,null,0,0,0,0,0,0,0,null,null,0]
[null,null,null,null,null,null,0,0,0,0,0,0,0,null,null,0]
[null,null,null,null,null,null,0,0,0,0,0,0,0,null,null,0]
[null,null,null,null,null,null,0,0,0,0,0,0,0,null,null,0]
[null,null,null,null,null,null,0,0,0,0,0,0,0,null,null,0]
[null,null,null,null,null,null,0,0,0,0,0,0,0,null,null,0]
[null,null,null,null,null,null,0,0,0,0,0,0,0,null,null,0]
[null,null,null,null,null,null,0,0,0,0,0,0,0,null,null,0]
[null,null,null,null,null,null,0,0,0,0,0,0,0,null,null,0]
[null,null,null,null,null,null,0,0,0,0,0,0,0,null,null,0]
[null,null,null,null,null,null,0,0,0,0,0,0,0,null,null,0]
[null,null,null,null,null,null,0,0,0,0,0,0,0,null,null,0]
[null,null,null,null,null,null,0,0,0,0,0,0,0,null,null,0]
[null,null,null,null,null,null,0,0,0,0,0,0,0,null,null,0]
[null,null,null,null,null,null,0,0,0,0,0,0,0,null,null,0]
[null,null,null,null,null,null,0,0,0,0,0,0,0,null,null,0]
[null,null,null,null,null,null,0,0,0,0,0,0,0,null,null,0]
[null,null,null,null,null,null,0,0,0,0,0,0,0,null,null,0]
[null,null,null,null,null,null,0,0,0,0,0,0,0,null,null,0]
[null,null,null,null,null,null,0,0,0,0,0,0,0,null,null,0]
[null,null,null,null,null,null,0,0,0,0,0,0,0,null,null,0]
[null,null,null,null,null,null,0,0,0,0,0,0,0,null,null,0]
[null,null,null,null,null,null,0,0,0,0,0,0,0,null,null,0]
[null,null,null,null,null,null,0,0,0,0,0,0,0,null,null,0]
[null,null,null,null,null,null,0,0,0,0,0,0,0,null,null,0]
[null,null,null,null,null,null,0,0,0,0,0,0,0,null,null,0]
[null,null,null,null,null,null,0,0,0,0,0,0,0,null,null,0]
[null,null,null,null,null,null,0,0,0,0,0,0,0,null,null,0]
[null,null,null,null,null,null,0,0,0,0,0,0,0,null,null,0]
[null,null,null,null,null,null,0,0,0,0,0,0,0,null,null,0]
[null,null,null,null,null,null,0,0,0,0,0,0,0,null,null,0]
[null,null,null,null,null,null,0,0,0,0,0,0,0,null,null,0]
[null,null,null,null,null,null,0,0,0,0,0,0,0,null,null,0]
[null,null,null,null,null,null,0,0,0,0,0,0,0,null,null,0]
[null,null,null,null,null,null,0,0,0,0,0,0,0,null,null,0]
[null,null,null,null,null,null,0,0,0,0,0,0,0,null,null,0]
[null,null,null,null,null,null,0,0,0,0,0,0,0,null,null,0]
[null,null,null,null,null,null,0,0,0,0,0,0,0,null,null,0]
[null,null,null,null,null,null,0,0,0,0,0,0,0,null,null,0]
[null,null,null,null,null,null,0,0,0,0,0,0,0,null,null,0]
[null,null,null,null,null,null,0,0,0,0,0,0,0,null,null,0]
[null,null,null,null,null,null,0,0,0,0,0,0,0,null,null,0]
[null,null,null,null,null,null,0,0,0,0,0,0,0,null,null,0]
[null,null,null,null,null,null,0,0,0,0,0,0,0,null,null,0]
[null,null,null,null,null,null,0,0,0,0,0,0,0,null,null,0]
[null,null,null,null,null,null,0,0,0,0,0,0,0,null,null,0]
[null,null,null,null,null,null,0,0,0,0,0,0,0,null,null,0]
[null,null,null,null,null,null,0,0,0,0,0,0,0,null,null,0]
[null,null,null,null,null,null,0,0,0,0,0,0,0,null,null,0]
[null,null,null,null,null,null,0,0,0,0,0,0,0,null,null,0]
[null,null,null,null,null,null,0,0,0,0,0,0,0,null,null,0]
[null,null,null,null,null,null,0,0,0,0,0,0,0,null,null,0]
[null,null,null,null,null,null,0,0,0,0,0,0,0,null,null,0]
[null,null,null,null,null,null,0,0,0,0,0,0,0,null,null,0]
[null,null,null,null,null,null,0,0,0,0,0,0,0,null,null,0]
[null,null,null,null,null,null,0,0,0,0,0,0,0,null,null,0]
[null,null,null,null,null,null,0,0,0,0,0,0,0,null,null,0]
[null,null,null,null,null,null,0,0,0,0,0,0,0,null,null,0]
[null,null,null,null,null,null,0,0,0,0,0,0,0,null,null,0]
[null,null,null,null,null,null,0,0,0,0,0,0,0,null,null,0]
[null,null,null,null,null,null,0,0,0,0,0,0,0,null,null,0]
[null,null,null,null,null,null,0,0,0,0,0,0,0,null,null,0]
[null,null,null,null,null,null,0,0,0,0,0,0,0,null,null,0]
[null,null,null,null,null,null,0,0,0,0,0,0,0,null,null,0]
[null,null,null,null,null,null,0,0,0,0,0,0,0,null,null,0]
[null,null,null,null,null,null,0,0,0,0,0,0,0,null,null,0]
[null,null,null,null,null,null,0,0,0,0,0,0,0,null,null,0]
[null,null,null,null,null,null,0,0,0,0,0,0,0,null,null,0]
[null,null,null,null,null,null,0,0,0,0,0,0,0,null,null,0]
[null,null,null,null,null,null,0,0,0,0,0,0,0,null,null,0]
[null,null,null,null,null,null,0,0,0,0,0,0,0,null,null,0]
[null,null,null,null,null,null,0,0,0,0,0,0,0,null,null,0]
[null,null,null,null,null,null,0,0,0,0,0,0,0,null,null,0]
[null,null,null,null,null,null,0,0,0,0,0,0,0,null,null,0]
[null,null,null,null,null,null,0,0,0,0,0,0,0,null,null,0]
[null,null,null,null,null,null,0,0,0,0,0,0,0,null,null,0]
[null,null,null,null,null,null,0,0,0,0,0,0,0,null,null,0]
[null,null,null,null,null,null,0,0,0,0,0,0,0,null,null,0]
[null,null,null,null,null,null,0,0,0,0,0,0,0,null,null,0]
[null,null,null,null,null,null,0,0,0,0,0,0,0,null,null,0]
[null,null,null,null,null,null,0,0,0,0,0,0,0,null,null,0]
[null,null,null,null,null,null,0,0,0,0,0,0,0,null,null,0]
[null,null,null,null,null,null,0,0,0,0,0,0,0,null,null,0]
[null,null,null,null,null,null,0,0,0,0,0,0,0,null,null,0]
[null,null,null,null,null,null,0,0,0,0,0,0,0,null,null,0]
[null,null,null,null,null,null,0,0,0,0,0,0,0,null,null,0]
[null,null,null,null,null,null,0,0,0,0,0,0,0,null,null,0]
[null,null,null,null,null,null,0,0,0,0,0,0,0,null,null,0]
[null,null,null,null,null,null,0,0,0,0,0,0,0,null,null,0]
[null,null,null,null,null,null,0,0,0,0,0,0,0,null,null,0]
[null,null,null,null,null,null,0,0,0,0,0,0,0,null,null,0]
[null,null,null,null,null,null,0,0,0,0,0,0,0,null,null,0]
[null,null,null,null,null,null,0,0,0,0,0,0,0,null,null,0]
[null,null,null,null,null,null,0,0,0,0,0,0,0,null,null,0]
[null,null,null,null,null,null,0,0,0,0,0,0,0,null,null,0]
[null,null,null,null,null,null,0,0,0,0,0,0,0,null,null,0]
[null,null,null,null,null,null,0,0,0,0,0,0,0,null,null,0]
[null,null,null,null,null,null,0,0,0,0,0,0,0,null,null,0]
[null,null,null,null,null,null,0,0,0,0,0,0,0,null,null,0]
[null,null,null,null,null,null,0,0,0,0,0,0,0,null,null,0]
[null,null,null,null,null,null,0,0,0,0,0,0,0,null,null,0]
[null,null,null,null,null,null,0,0,0,0,0,0,0,null,null,0]
[null,null,null,null,null,null,0,0,0,0,0,0,0,null,null,0]
[null,null,null,null,null,null,0,0,0,0,0,0,0,null,null,0]
[null,null,null,null,null,null,0,0,0,0,0,0,0,null,null,0]
[null,null,null,null,null,null,0,0,0,0,0,0,0,null,null,0]
[null,null,null,null,null,null,0,0,0,0,0,0,0,null,null,0]
[null,null,null,null,null,null,0,0,0,0,0,0,0,null,null,0]
[null,null,null,null,null,null,0,0,0,0,0,0,0,null,null,0]
[null,null,null,null,null,null,0,0,0,0,0,0,0,null,null,0]
[null,null,null,null,null,null,0,0,0,0,0,0,0,null,null,0]
[null,null,null,null,null,null,0,0,0,0,0,0,0,null,null,0]
[null,null,null,null,null,null,0,0,0,0,0,0,0,null,null,0]
[null,null,null,null,null,null,0,0,0,0,0,0,0,null,null,0]
[null,null,null,null,null,null,0,0,0,0,0,0,0,null,null,0]
[null,null,null,null,null,null,0,0,0,0,0,0,0,null,null,0]
[null,null,null,null,null,null,0,0,0,0,0,0,0,null,null,0]
[null,null,null,null,null,null,0,0,0,0,0,0,0,null,null,0]
[null,null,null,null,null,null,0,0,0,0,0,0,0,null,null,0]
[null,null,null,null,null,null,0,0,0,0,0,0,0,null,null,0]
[null,null,null,null,null,null,0,0,0,0,0,0,0,null,null,0]
[null,null,null,null,null,null,0,0,0,0,0,0,0,null,null,0]
[null,null,null,null,null,null,0,0,0,0,0,0,0,null,null,0]
[null,null,null,null,null,null,0,0,0,0,0,0,0,null,null,0]
[null,null,null,null,null,null,0,0,0,0,0,0,0,null,null,0]
[null,null,null,null,null,null,0,0,0,0,0,0,0,null,null,0]
[null,null,null,null,null,null,0,0,0,0,0,0,0,null,null,0]
[null,null,null,null,null,null,0,0,0,0,0,0,0,null,null,0]
[null,null,null,null,null,null,0,0,0,0,0,0,0,null,null,0]
[null,null,null,null,null,null,0,0,0,0,0,0,0,null,null,0]
[null,null,null,null,null,null,0,0,0,0,0,0,0,null,null,0]
[null,null,null,null,null,null,0,0,0,0,0,0,0,null,null,0]
[null,null,null,null,null,null,0,0,0,0,0,0,0,null,null,0]
[null,null,null,null,null,null,0,0,0,0,0,0,0,null,null,0]
[null,null,null,null,null,null,0,0,0,0,0,0,0,null,null,0]
[null,null,null,null,null,null,0,0,0,0,0,0,0,null,null,0]
[null,null,null,null,null,null,0,0,0,0,0,0,0,null,null,0]
[null,null,null,null,null,null,0,0,0,0,0,0,0,null,null,0]
[null,null,null,null,null,null,0,0,0,0,0,0,0,null,null,0]
[null,null,null,null,null,null,0,0,0,0,0,0,0,null,null,0]
[null,null,null,null,null,null,0,0,0,0,0,0,0,null,null,0]
[null,null,null,null,null,null,0,0,0,0,0,0,0,null,null,0]
[null,null,null,null,null,null,0,0,0,0,0,0,0,null,null,0]
[null,null,null,null,null,null,0,0,0,0,0,0,0,null,null,0]
[null,null,null,null,null,null,0,0,0,0,0,0,0,null,null,0]
[null,null,null,null,null,null,0,0,0,0,0,0,0,null,null,0]
[null,null,null,null,null,null,0,0,0,0,0,0,0,null,null,0]
[null,null,null,null,null,null,0,0,0,0,0,0,0,null,null,0]
[null,null,null,null,null,null,0,0,0,0,0,0,0,null,null,0]
[null,null,null,null,null,null,0,0,0,0,0,0,0,null,null,0]
[null,null,null,null,null,null,0,0,0,0,0,0,0,null,null,0]
[null,null,null,null,null,null,0,0,0,0,0,0,0,null,null,0]
[null,null,null,null,null,null,0,0,0,0,0,0,0,null,null,0]
[null,null,null,null,null,null,0,0,0,0,0,0,0,null,null,0]
[null,null,null,null,null,null,0,0,0,0,0,0,0,null,null,0]
[null,null,null,null,null,null,0,0,0,0,0,0,0,null,null,0]
[null,null,null,null,null,null,0,0,0,0,0,0,0,null,null,0]
[null,null,null,null,null,null,0,0,0,0,0,0,0,null,null,0]
[null,null,null,null,null,null,0,0,0,0,0,0,0,null,null,0]
[null,null,null,null,null,null,0,0,0,0,0,0,0,null,null,0]
[null,null,null,null,null,null,0,0,0,0,0,0,0,null,null,0]
[null,null,null,null,null,null,0,0,0,0,0,0,0,null,null,0]
[null,null,null,null,null,null,0,0,0,0,0,0,0,null,null,0]
[null,null,null,null,null,null,0,0,0,0,0,0,0,null,null,0]
[null,null,null,null,null,null,0,0,0,0,0,0,0,null,null,0]
[null,null,null,null,null,null,0,0,0,0,0,0,0,null,null,0]
[null,null,null,null,null,null,0,0,0,0,0,0,0,null,null,0]
[null,null,null,null,null,null,0,0,0,0,0,0,0,null,null,0]
[null,null,null,null,null,null,0,0,0,0,0,0,0,null,null,0]
[null,null,null,null,null,null,0,0,0,0,0,0,0,null,null,0]
[null,null,null,null,null,null,0,0,0,0,0,0,0,null,null,0]
[null,null,null,null,null,null,0,0,0,0,0,0,0,null,null,0]
[null,null,null,null,null,null,0,0,0,0,0,0,0,null,null,0]
[null,null,null,null,null,null,0,0,0,0,0,0,0,null,null,0]
[null,null,null,null,null,null,0,0,0,0,0,0,0,null,null,0]
[null,null,null,null,null,null,0,0,0,0,0,0,0,null,null,0]
[null,null,null,null,null,null,0,0,0,0,0,0,0,null,null,0]
[null,null,null,null,null,null,0,0,0,0,0,0,0,null,null,0]
[null,null,null,null,null,null,0,0,0,0,0,0,0,null,null,0]
[null,null,null,null,null,null,0,0,0,0,0,0,0,null,null,0]
[null,null,null,null,null,null,0,0,0,0,0,0,0,null,null,0]
[null,null,null,null,null,null,0,0,0,0,0,0,0,null,null,0]
[null,null,null,null,null,null,0,0,0,0,0,0,0,null,null,0]
[null,null,null,null,null,null,0,0,0,0,0,0,0,null,null,0]
[null,null,null,null,null,null,0,0,0,0,0,0,0,null,null,0]
[null,null,null,null,null,null,0,0,0,0,0,0,0,null,null,0]
[null,null,null,null,null,null,0,0,0,0,0,0,0,null,null,0]
[null,null,null,null,null,null,0,0,0,0,0,0,0,null,null,0]
[null,null,null,null,null,null,0,0,0,0,0,0,0,null,null,0]
[null,null,null,null,null,null,0,0,0,0,0,0,0,null,null,0]
[null,null,null,null,null,null,0,0,0,0,0,0,0,null,null,0]
[null,null,null,null,null,null,0,0,0,0,0,0,0,null,null,0]
[null,null,null,null,null,null,0,0,0,0,0,0,0,null,null,0]
[null,null,null,null,null,null,0,0,0,0,0,0,0,null,null,0]
[null,null,null,null,null,null,0,0,0,0,0,0,0,null,null,0]
[null,null,null,null,null,null,0,0,0,0,0,0,0,null,null,0]
[null,null,null,null,null,null,0,0,0,0,0,0,0,null,null,0]
[null,null,null,null,null,null,0,0,0,0,0,0,0,null,null,0]
[null,null,null,null,null,null,0,0,0,0,0,0,0,null,null,0]
[null,null,null,null,null,null,0,0,0,0,0,0,0,null,null,0]
[null,null,null,null,null,null,0,0,0,0,0,0,0,null,null,0]
[null,null,null,null,null,null,0,0,0,0,0,0,0,null,null,0]
[null,null,null,null,null,null,0,0,0,0,0,0,0,null,null,0]
[null,null,null,null,null,null,0,0,0,0,0,0,0,null,null,0]
[null,null,null,null,null,null,0,0,0,0,0,0,0,null,null,0]
[null,null,null,null,null,null,0,0,0,0,0,0,0,null,null,0]
[null,null,null,null,null,null,0,0,0,0,0,0,0,null,null,0]
[null,null,null,null,null,null,0,0,0,0,0,0,0,null,null,0]
[null,null,null,null,null,null,0,0,0,0,0,0,0,null,null,0]
[null,null,null,null,null,null,0,0,0,0,0,0,0,null,null,0]
[null,null,null,null,null,null,0,0,0,0,0,0,0,null,null,0]
[null,null,null,null,null,null,0,0,0,0,0,0,0,null,null,0]
[null,null,null,null,null,null,0,0,0,0,0,0,0,null,null,0]
[null,null,null,null,null,null,0,0,0,0,0,0,0,null,null,0]
[null,null,null,null,null,null,0,0,0,0,0,0,0,null,null,0]
[null,null,null,null,null,null,0,0,0,0,0,0,0,null,null,0]
[null,null,null,null,null,null,0,0,0,0,0,0,0,null,null,0]
[null,null,null,null,null,null,0,0,0,0,0,0,0,null,null,0]
[null,null,null,null,null,null,0,0,0,0,0,0,0,null,null,0]
[null,null,null,null,null,null,0,0,0,0,0,0,0,null,null,0]
[null,null,null,null,null,null,0,0,0,0,0,0,0,null,null,0]
[null,null,null,null,null,null,0,0,0,0,0,0,0,null,null,0]
[null,null,null,null,null,null,0,0,0,0,0,0,0,null,null,0]
[null,null,null,null,null,null,0,0,0,0,0,0,0,null,null,0]
[null,null,null,null,null,null,0,0,0,0,0,0,0,null,null,0]
[null,null,null,null,null,null,0,0,0,0,0,0,0,null,null,0]
[null,null,null,null,null,null,0,0,0,0,0,0,0,null,null,0]
[null,null,null,null,null,null,0,0,0,0,0,0,0,null,null,0]
[null,null,null,null,null,null,0,0,0,0,0,0,0,null,null,0]
[null,null,null,null,null,null,0,0,0,0,0,0,0,null,null,0]
[null,null,null,null,null,null,0,0,0,0,0,0,0,null,null,0]
[null,null,null,null,null,null,0,0,0,0,0,0,0,null,null,0]
[null,null,null,null,null,null,0,0,0,0,0,0,0,null,null,0]
[null,null,null,null,null,null,0,0,0,0,0,0,0,null,null,0]
[null,null,null,null,null,null,0,0,0,0,0,0,0,null,null,0]
[null,null,null,null,null,null,0,0,0,0,0,0,0,null,null,0]
[null,null,null,null,null,null,0,0,0,0,0,0,0,null,null,0]
[null,null,null,null,null,null,0,0,0,0,0,0,0,null,null,0]
[null,null,null,null,null,null,0,0,0,0,0,0,0,null,null,0]
[null,null,null,null,null,null,0,0,0,0,0,0,0,null,null,0]
[null,null,null,null,null,null,0,0,0,0,0,0,0,null,null,0]
[null,null,null,null,null,null,0,0,0,0,0,0,0,null,null,0]
[null,null,null,null,null,null,0,0,0,0,0,0,0,null,null,0]
[null,null,null,null,null,null,0,0,0,0,0,0,0,null,null,0]
[null,null,null,null,null,null,0,0,0,0,0,0,0,null,null,0]
[null,null,null,null,null,null,0,0,0,0,0,0,0,null,null,0]
[null,null,null,null,null,null,0,0,0,0,0,0,0,null,null,0]
[null,null,null,null,null,null,0,0,0,0,0,0,0,null,null,0]
[null,null,null,null,null,null,0,0,0,0,0,0,0,null,null,0]
[null,null,null,null,null,null,0,0,0,0,0,0,0,null,null,0]
[null,null,null,null,null,null,0,0,0,0,0,0,0,null,null,0]
[null,null,null,null,null,null,0,0,0,0,0,0,0,null,null,0]
[null,null,null,null,null,null,0,0,0,0,0,0,0,null,null,0]
[null,null,null,null,null,null,0,0,0,0,0,0,0,null,null,0]
[null,null,null,null,null,null,0,0,0,0,0,0,0,null,null,0]
[null,null,null,null,null,null,0,0,0,0,0,0,0,null,null,0]
[null,null,null,null,null,null,0,0,0,0,0,0,0,null,null,0]
[null,null,null,null,null,null,0,0,0,0,0,0,0,null,null,0]
[null,null,null,null,null,null,0,0,0,0,0,0,0,null,null,0]
[null,null,null,null,null,null,0,0,0,0,0,0,0,null,null,0]
[null,null,null,null,null,null,0,0,0,0,0,0,0,null,null,0]
[null,null,null,null,null,null,0,0,0,0,0,0,0,null,null,0]
[null,null,null,null,null,null,0,0,0,0,0,0,0,null,null,0]
[null,null,null,null,null,null,0,0,0,0,0,0,0,null,null,0]
[null,null,null,null,null,null,0,0,0,0,0,0,0,null,null,0]
[null,null,null,null,null,null,0,0,0,0,0,0,0,null,null,0]
[null,null,null,null,null,null,0,0,0,0,0,0,0,null,null,0]
[null,null,null,null,null,null,0,0,0,0,0,0,0,null,null,0]
[null,null,null,null,null,null,0,0,0,0,0,0,0,null,null,0]
[null,null,null,null,null,null,0,0,0,0,0,0,0,null,null,0]
[null,null,null,null,null,null,0,0,0,0,0,0,0,null,null,0]
[null,null,null,null,null,null,0,0,0,0,0,0,0,null,null,0]
[null,null,null,null,null,null,0,0,0,0,0,0,0,null,null,0]
[null,null,null,null,null,null,0,0,0,0,0,0,0,null,null,0]
[null,null,null,null,null,null,0,0,0,0,0,0,0,null,null,0]
[null,null,null,null,null,null,0,0,0,0,0,0,0,null,null,0]
[null,null,null,null,null,null,0,0,0,0,0,0,0,null,null,0]
[null,null,null,null,null,null,0,0,0,0,0,0,0,null,null,0]
[null,null,null,null,null,null,0,0,0,0,0,0,0,null,null,0]
[null,null,null,null,null,null,0,0,0,0,0,0,0,null,null,0]
[null,null,null,null,null,null,0,0,0,0,0,0,0,null,null,0]
[null,null,null,null,null,null,0,0,0,0,0,0,0,null,null,0]
[null,null,null,null,null,null,0,0,0,0,0,0,0,null,null,0]
[null,null,null,null,null,null,0,0,0,0,0,0,0,null,null,0]
[null,null,null,null,null,null,0,0,0,0,0,0,0,null,null,0]
[null,null,null,null,null,null,0,0,0,0,0,0,0,null,null,0]
[null,null,null,null,null,null,0,0,0,0,0,0,0,null,null,0]
[null,null,null,null,null,null,0,0,0,0,0,0,0,null,null,0]
[null,null,null,null,null,null,0,0,0,0,0,0,0,null,null,0]
[null,null,null,null,null,null,0,0,0,0,0,0,0,null,null,0]
[null,null,null,null,null,null,0,0,0,0,0,0,0,null,null,0]
[null,null,null,null,null,null,0,0,0,0,0,0,0,null,null,0]
[null,null,null,null,null,null,0,0,0,0,0,0,0,null,null,0]
[null,null,null,null,null,null,0,0,0,0,0,0,0,null,null,0]
[null,null,null,null,null,null,0,0,0,0,0,0,0,null,null,0]
[null,null,null,null,null,null,0,0,0,0,0,0,0,null,null,0]
[null,null,null,null,null,null,0,0,0,0,0,0,0,null,null,0]
[null,null,null,null,null,null,0,0,0,0,0,0,0,null,null,0]
[null,null,null,null,null,null,0,0,0,0,0,0,0,null,null,0]
[null,null,null,null,null,null,0,0,0,0,0,0,0,null,null,0]
[null,null,null,null,null,null,0,0,0,0,0,0,0,null,null,0]
[null,null,null,null,null,null,0,0,0,0,0,0,0,null,null,0]
[null,null,null,null,null,null,0,0,0,0,0,0,0,null,null,0]
[null,null,null,null,null,null,0,0,0,0,0,0,0,null,null,0]
[null,null,null,null,null,null,0,0,0,0,0,0,0,null,null,0]
[null,null,null,null,null,null,0,0,0,0,0,0,0,null,null,0]
[null,null,null,null,null,null,0,0,0,0,0,0,0,null,null,0]
[null,null,null,null,null,null,0,0,0,0,0,0,0,null,null,0]
[null,null,null,null,null,null,0,0,0,0,0,0,0,null,null,0]
[null,null,null,null,null,null,0,0,0,0,0,0,0,null,null,0]
[null,null,null,null,null,null,0,0,0,0,0,0,0,null,null,0]
[null,null,null,null,null,null,0,0,0,0,0,0,0,null,null,0]
[null,null,null,null,null,null,0,0,0,0,0,0,0,null,null,0]
[null,null,null,null,null,null,0,0,0,0,0,0,0,null,null,0]
[null,null,null,null,null,null,0,0,0,0,0,0,0,null,null,0]
[null,null,null,null,null,null,0,0,0,0,0,0,0,null,null,0]
[null,null,null,null,null,null,0,0,0,0,0,0,0,null,null,0]
[null,null,null,null,null,null,0,0,0,0,0,0,0,null,null,0]
[null,null,null,null,null,null,0,0,0,0,0,0,0,null,null,0]
[null,null,null,null,null,null,0,0,0,0,0,0,0,null,null,0]
[null,null,null,null,null,null,0,0,0,0,0,0,0,null,null,0]
[null,null,null,null,null,null,0,0,0,0,0,0,0,null,null,0]
[null,null,null,null,null,null,0,0,0,0,0,0,0,null,null,0]
[null,null,null,null,null,null,0,0,0,0,0,0,0,null,null,0]
[null,null,null,null,null,null,0,0,0,0,0,0,0,null,null,0]
[null,null,null,null,null,null,0,0,0,0,0,0,0,null,null,0]
[null,null,null,null,null,null,0,0,0,0,0,0,0,null,null,0]
[null,null,null,null,null,null,0,0,0,0,0,0,0,null,null,0]
[null,null,null,null,null,null,0,0,0,0,0,0,0,null,null,0]
[null,null,null,null,null,null,0,0,0,0,0,0,0,null,null,0]
[null,null,null,null,null,null,0,0,0,0,0,0,0,null,null,0]
[null,null,null,null,null,null,0,0,0,0,0,0,0,null,null,0]
[null,null,null,null,null,null,0,0,0,0,0,0,0,null,null,0]
[null,null,null,null,null,null,0,0,0,0,0,0,0,null,null,0]
[null,null,null,null,null,null,0,0,0,0,0,0,0,null,null,0]
[null,null,null,null,null,null,0,0,0,0,0,0,0,null,null,0]
[null,null,null,null,null,null,0,0,0,0,0,0,0,null,null,0]
[null,null,null,null,null,null,0,0,0,0,0,0,0,null,null,0]
[null,null,null,null,null,null,0,0,0,0,0,0,0,null,null,0]
[null,null,null,null,null,null,0,0,0,0,0,0,0,null,null,0]
[null,null,null,null,null,null,0,0,0,0,0,0,0,null,null,0]
[null,null,null,null,null,null,0,0,0,0,0,0,0,null,null,0]
[null,null,null,null,null,null,0,0,0,0,0,0,0,null,null,0]
[null,null,null,null,null,null,0,0,0,0,0,0,0,null,null,0]
[null,null,null,null,null,null,0,0,0,0,0,0,0,null,null,0]
[null,null,null,null,null,null,0,0,0,0,0,0,0,null,null,0]
[null,null,null,null,null,null,0,0,0,0,0,0,0,null,null,0]
[null,null,null,null,null,null,0,0,0,0,0,0,0,null,null,0]
[null,null,null,null,null,null,0,0,0,0,0,0,0,null,null,0]
[null,null,null,null,null,null,0,0,0,0,0,0,0,null,null,0]
[null,null,null,null,null,null,0,0,0,0,0,0,0,null,null,0]
[null,null,null,null,null,null,0,0,0,0,0,0,0,null,null,0]
[null,null,null,null,null,null,0,0,0,0,0,0,0,null,null,0]
[null,null,null,null,null,null,0,0,0,0,0,0,0,null,null,0]
[null,null,null,null,null,null,0,0,0,0,0,0,0,null,null,0]
[null,null,null,null,null,null,0,0,0,0,0,0,0,null,null,0]
[null,null,null,null,null,null,0,0,0,0,0,0,0,null,null,0]
[null,null,null,null,null,null,0,0,0,0,0,0,0,null,null,0]
[null,null,null,null,null,null,0,0,0,0,0,0,0,null,null,0]
[null,null,null,null,null,null,0,0,0,0,0,0,0,null,null,0]
[null,null,null,null,null,null,0,0,0,0,0,0,0,null,null,0]
[null,null,null,null,null,null,0,0,0,0,0,0,0,null,null,0]
[null,null,null,null,null,null,0,0,0,0,0,0,0,null,null,0]
[null,null,null,null,null,null,0,0,0,0,0,0,0,null,null,0]
[null,null,null,null,null,null,0,0,0,0,0,0,0,null,null,0]
[null,null,null,null,null,null,0,0,0,0,0,0,0,null,null,0]
[null,null,null,null,null,null,0,0,0,0,0,0,0,null,null,0]
[null,null,null,null,null,null,0,0,0,0,0,0,0,null,null,0]
[null,null,null,null,null,null,0,0,0,0,0,0,0,null,null,0]
[null,null,null,null,null,null,0,0,0,0,0,0,0,null,null,0]
[null,null,null,null,null,null,0,0,0,0,0,0,0,null,null,0]
[null,null,null,null,null,null,0,0,0,0,0,0,0,null,null,0]
[null,null,null,null,null,null,0,0,0,0,0,0,0,null,null,0]
[null,null,null,null,null,null,0,0,0,0,0,0,0,null,null,0]
[null,null,null,null,null,null,0,0,0,0,0,0,0,null,null,0]
[null,null,null,null,null,null,0,0,0,0,0,0,0,null,null,0]
[null,null,null,null,null,null,0,0,0,0,0,0,0,null,null,0]
[null,null,null,null,null,null,0,0,0,0,0,0,0,null,null,0]
[null,null,null,null,null,null,0,0,0,0,0,0,0,null,null,0]
[null,null,null,null,null,null,0,0,0,0,0,0,0,null,null,0]
[null,null,null,null,null,null,0,0,0,0,0,0,0,null,null,0]
[null,null,null,null,null,null,0,0,0,0,0,0,0,null,null,0]
[null,null,null,null,null,null,0,0,0,0,0,0,0,null,null,0]
[null,null,null,null,null,null,0,0,0,0,0,0,0,null,null,0]
[null,null,null,null,null,null,0,0,0,0,0,0,0,null,null,0]
[null,null,null,null,null,null,0,0,0,0,0,0,0,null,null,0]
[null,null,null,null,null,null,0,0,0,0,0,0,0,null,null,0]
[null,null,null,null,null,null,0,0,0,0,0,0,0,null,null,0]
[null,null,null,null,null,null,0,0,0,0,0,0,0,null,null,0]
[null,null,null,null,null,null,0,0,0,0,0,0,0,null,null,0]
[null,null,null,null,null,null,0,0,0,0,0,0,0,null,null,0]
[null,null,null,null,null,null,0,0,0,0,0,0,0,null,null,0]
[null,null,null,null,null,null,0,0,0,0,0,0,0,null,null,0]
[null,null,null,null,null,null,0,0,0,0,0,0,0,null,null,0]
[null,null,null,null,null,null,0,0,0,0,0,0,0,null,null,0]
[null,null,null,null,null,null,0,0,0,0,0,0,0,null,null,0]
[null,null,null,null,null,null,0,0,0,0,0,0,0,null,null,0]
[null,null,null,null,null,null,0,0,0,0,0,0,0,null,null,0]
[null,null,null,null,null,null,0,0,0,0,0,0,0,null,null,0]
[null,null,null,null,null,null,0,0,0,0,0,0,0,null,null,0]
[null,null,null,null,null,null,0,0,0,0,0,0,0,null,null,0]
[null,null,null,null,null,null,0,0,0,0,0,0,0,null,null,0]
[null,null,null,null,null,null,0,0,0,0,0,0,0,null,null,0]
[null,null,null,null,null,null,0,0,0,0,0,0,0,null,null,0]
[null,null,null,null,null,null,0,0,0,0,0,0,0,null,null,0]
[null,null,null,null,null,null,0,0,0,0,0,0,0,null,null,0]
[null,null,null,null,null,null,0,0,0,0,0,0,0,null,null,0]
[null,null,null,null,null,null,0,0,0,0,0,0,0,null,null,0]
[null,null,null,null,null,null,0,0,0,0,0,0,0,null,null,0]
[null,null,null,null,null,null,0,0,0,0,0,0,0,null,null,0]
[null,null,null,null,null,null,0,0,0,0,0,0,0,null,null,0]
[null,null,null,null,null,null,0,0,0,0,0,0,0,null,null,0]
[null,null,null,null,null,null,0,0,0,0,0,0,0,null,null,0]
[null,null,null,null,null,null,0,0,0,0,0,0,0,null,null,0]
[null,null,null,null,null,null,0,0,0,0,0,0,0,null,null,0]
[null,null,null,null,null,null,0,0,0,0,0,0,0,null,null,0]
[null,null,null,null,null,null,0,0,0,0,0,0,0,null,null,0]
[null,null,null,null,null,null,0,0,0,0,0,0,0,null,null,0]
[null,null,null,null,null,null,0,0,0,0,0,0,0,null,null,0]
[null,null,null,null,null,null,0,0,0,0,0,0,0,null,null,0]
[null,null,null,null,null,null,0,0,0,0,0,0,0,null,null,0]
[null,null,null,null,null,null,0,0,0,0,0,0,0,null,null,0]
[null,null,null,null,null,null,0,0,0,0,0,0,0,null,null,0]
[null,null,null,null,null,null,0,0,0,0,0,0,0,null,null,0]
[null,null,null,null,null,null,0,0,0,0,0,0,0,null,null,0]
[null,null,null,null,null,null,0,0,0,0,0,0,0,null,null,0]
[null,null,null,null,null,null,0,0,0,0,0,0,0,null,null,0]
[null,null,null,null,null,null,0,0,0,0,0,0,0,null,null,0]
[null,null,null,null,null,null,0,0,0,0,0,0,0,null,null,0]
[null,null,null,null,null,null,0,0,0,0,0,0,0,null,null,0]
[null,null,null,null,null,null,0,0,0,0,0,0,0,null,null,0]
[null,null,null,null,null,null,0,0,0,0,0,0,0,null,null,0]
[null,null,null,null,null,null,0,0,0,0,0,0,0,null,null,0]
[null,null,null,null,null,null,0,0,0,0,0,0,0,null,null,0]
[null,null,null,null,null,null,0,0,0,0,0,0,0,null,null,0]
[null,null,null,null,null,null,0,0,0,0,0,0,0,null,null,0]
[null,null,null,null,null,null,0,0,0,0,0,0,0,null,null,0]
[null,null,null,null,null,null,0,0,0,0,0,0,0,null,null,0]
[null,null,null,null,null,null,0,0,0,0,0,0,0,null,null,0]
[null,null,null,null,null,null,0,0,0,0,0,0,0,null,null,0]
[null,null,null,null,null,null,0,0,0,0,0,0,0,null,null,0]
[null,null,null,null,null,null,0,0,0,0,0,0,0,null,null,0]
[null,null,null,null,null,null,0,0,0,0,0,0,0,null,null,0]
[null,null,null,null,null,null,0,0,0,0,0,0,0,null,null,0]
[null,null,null,null,null,null,0,0,0,0,0,0,0,null,null,0]
[null,null,null,null,null,null,0,0,0,0,0,0,0,null,null,0]
[null,null,null,null,null,null,0,0,0,0,0,0,0,null,null,0]
[null,null,null,null,null,null,0,0,0,0,0,0,0,null,null,0]
[null,null,null,null,null,null,0,0,0,0,0,0,0,null,null,0]
[null,null,null,null,null,null,0,0,0,0,0,0,0,null,null,0]
[null,null,null,null,null,null,0,0,0,0,0,0,0,null,null,0]
[null,null,null,null,null,null,0,0,0,0,0,0,0,null,null,0]
[null,null,null,null,null,null,0,0,0,0,0,0,0,null,null,0]
[null,null,null,null,null,null,0,0,0,0,0,0,0,null,null,0]
[null,null,null,null,null,null,0,0,0,0,0,0,0,null,null,0]
[null,null,null,null,null,null,0,0,0,0,0,0,0,null,null,0]
[null,null,null,null,null,null,0,0,0,0,0,0,0,null,null,0]
[null,null,null,null,null,null,0,0,0,0,0,0,0,null,null,0]
[null,null,null,null,null,null,0,0,0,0,0,0,0,null,null,0]
[null,null,null,null,null,null,0,0,0,0,0,0,0,null,null,0]
[null,null,null,null,null,null,0,0,0,0,0,0,0,null,null,0]
[null,null,null,null,null,null,0,0,0,0,0,0,0,null,null,0]
[null,null,null,null,null,null,0,0,0,0,0,0,0,null,null,0]
[null,null,null,null,null,null,0,0,0,0,0,0,0,null,null,0]
[null,null,null,null,null,null,0,0,0,0,0,0,0,null,null,0]
[null,null,null,null,null,null,0,0,0,0,0,0,0,null,null,0]
[null,null,null,null,null,null,0,0,0,0,0,0,0,null,null,0]
[null,null,null,null,null,null,0,0,0,0,0,0,0,null,null,0]
[null,null,null,null,null,null,0,0,0,0,0,0,0,null,null,0]
[null,null,null,null,null,null,0,0,0,0,0,0,0,null,null,0]
[null,null,null,null,null,null,0,0,0,0,0,0,0,null,null,0]
[null,null,null,null,null,null,0,0,0,0,0,0,0,null,null,0]
[null,null,null,null,null,null,0,0,0,0,0,0,0,null,null,0]
[null,null,null,null,null,null,0,0,0,0,0,0,0,null,null,0]
[null,null,null,null,null,null,0,0,0,0,0,0,0,null,null,0]
[null,null,null,null,null,null,0,0,0,0,0,0,0,null,null,0]
[null,null,null,null,null,null,0,0,0,0,0,0,0,null,null,0]
[null,null,null,null,null,null,0,0,0,0,0,0,0,null,null,0]
[null,null,null,null,null,null,0,0,0,0,0,0,0,null,null,0]
[null,null,null,null,null,null,0,0,0,0,0,0,0,null,null,0]
[null,null,null,null,null,null,0,0,0,0,0,0,0,null,null,0]
[null,null,null,null,null,null,0,0,0,0,0,0,0,null,null,0]
[null,null,null,null,null,null,0,0,0,0,0,0,0,null,null,0]
[null,null,null,null,null,null,0,0,0,0,0,0,0,null,null,0]
[null,null,null,null,null,null,0,0,0,0,0,0,0,null,null,0]
[null,null,null,null,null,null,0,0,0,0,0,0,0,null,null,0]
[null,null,null,null,null,null,0,0,0,0,0,0,0,null,null,0]
[null,null,null,null,null,null,0,0,0,0,0,0,0,null,null,0]
[null,null,null,null,null,null,0,0,0,0,0,0,0,null,null,0]
[null,null,null,null,null,null,0,0,0,0,0,0,0,null,null,0]
[null,null,null,null,null,null,0,0,0,0,0,0,0,null,null,0]
[null,null,null,null,null,null,0,0,0,0,0,0,0,null,null,0]
[null,null,null,null,null,null,0,0,0,0,0,0,0,null,null,0]
[null,null,null,null,null,null,0,0,0,0,0,0,0,null,null,0]
[null,null,null,null,null,null,0,0,0,0,0,0,0,null,null,0]
[null,null,null,null,null,null,0,0,0,0,0,0,0,null,null,0]
[null,null,null,null,null,null,0,0,0,0,0,0,0,null,null,0]
[null,null,null,null,null,null,0,0,0,0,0,0,0,null,null,0]
[null,null,null,null,null,null,0,0,0,0,0,0,0,null,null,0]
[null,null,null,null,null,null,0,0,0,0,0,0,0,null,null,0]
[null,null,null,null,null,null,0,0,0,0,0,0,0,null,null,0]
[null,null,null,null,null,null,0,0,0,0,0,0,0,null,null,0]
[null,null,null,null,null,null,0,0,0,0,0,0,0,null,null,0]
[null,null,null,null,null,null,0,0,0,0,0,0,0,null,null,0]
[null,null,null,null,null,null,0,0,0,0,0,0,0,null,null,0]
[null,null,null,null,null,null,0,0,0,0,0,0,0,null,null,0]
[null,null,null,null,null,null,0,0,0,0,0,0,0,null,null,0]
[null,null,null,null,null,null,0,0,0,0,0,0,0,null,null,0]
[null,null,null,null,null,null,0,0,0,0,0,0,0,null,null,0]
[null,null,null,null,null,null,0,0,0,0,0,0,0,null,null,0]
[null,null,null,null,null,null,0,0,0,0,0,0,0,null,null,0]
[null,null,null,null,null,null,0,0,0,0,0,0,0,null,null,0]
[null,null,null,null,null,null,0,0,0,0,0,0,0,null,null,0]
[null,null,null,null,null,null,0,0,0,0,0,0,0,null,null,0]
[null,null,null,null,null,null,0,0,0,0,0,0,0,null,null,0]
[null,null,null,null,null,null,0,0,0,0,0,0,0,null,null,0]
[null,null,null,null,null,null,0,0,0,0,0,0,0,null,null,0]
[null,null,null,null,null,null,0,0,0,0,0,0,0,null,null,0]
[null,null,null,null,null,null,0,0,0,0,0,0,0,null,null,0]
[null,null,null,null,null,null,0,0,0,0,0,0,0,null,null,0]
[null,null,null,null,null,null,0,0,0,0,0,0,0,null,null,0]
[null,null,null,null,null,null,0,0,0,0,0,0,0,null,null,0]
[null,null,null,null,null,null,0,0,0,0,0,0,0,null,null,0]
[null,null,null,null,null,null,0,0,0,0,0,0,0,null,null,0]
[null,null,null,null,null,null,0,0,0,0,0,0,0,null,null,0]
[null,null,null,null,null,null,0,0,0,0,0,0,0,null,null,0]
[null,null,null,null,null,null,0,0,0,0,0,0,0,null,null,0]
[null,null,null,null,null,null,0,0,0,0,0,0,0,null,null,0]
[null,null,null,null,null,null,0,0,0,0,0,0,0,null,null,0]
[null,null,null,null,null,null,0,0,0,0,0,0,0,null,null,0]
[null,null,null,null,null,null,0,0,0,0,0,0,0,null,null,0]
[null,null,null,null,null,null,0,0,0,0,0,0,0,null,null,0]
[null,null,null,null,null,null,0,0,0,0,0,0,0,null,null,0]
[null,null,null,null,null,null,0,0,0,0,0,0,0,null,null,0]
[null,null,null,null,null,null,0,0,0,0,0,0,0,null,null,0]
[null,null,null,null,null,null,0,0,0,0,0,0,0,null,null,0]
[null,null,null,null,null,null,0,0,0,0,0,0,0,null,null,0]
[null,null,null,null,null,null,0,0,0,0,0,0,0,null,null,0]
[null,null,null,null,null,null,0,0,0,0,0,0,0,null,null,0]
[null,null,null,null,null,null,0,0,0,0,0,0,0,null,null,0]
[null,null,null,null,null,null,0,0,0,0,0,0,0,null,null,0]
[null,null,null,null,null,null,0,0,0,0,0,0,0,null,null,0]
[null,null,null,null,null,null,0,0,0,0,0,0,0,null,null,0]
[null,null,null,null,null,null,0,0,0,0,0,0,0,null,null,0]
[null,null,null,null,null,null,0,0,0,0,0,0,0,null,null,0]
[null,null,null,null,null,null,0,0,0,0,0,0,0,null,null,0]
[null,null,null,null,null,null,0,0,0,0,0,0,0,null,null,0]
[null,null,null,null,null,null,0,0,0,0,0,0,0,null,null,0]
[null,null,null,null,null,null,0,0,0,0,0,0,0,null,null,0]
[null,null,null,null,null,null,0,0,0,0,0,0,0,null,null,0]
[null,null,null,null,null,null,0,0,0,0,0,0,0,null,null,0]
[null,null,null,null,null,null,0,0,0,0,0,0,0,null,null,0]
[null,null,null,null,null,null,0,0,0,0,0,0,0,null,null,0]
[null,null,null,null,null,null,0,0,0,0,0,0,0,null,null,0]
[null,null,null,null,null,null,0,0,0,0,0,0,0,null,null,0]
[null,null,null,null,null,null,0,0,0,0,0,0,0,null,null,0]
[null,null,null,null,null,null,0,0,0,0,0,0,0,null,null,0]
[null,null,null,null,null,null,0,0,0,0,0,0,0,null,null,0]
[null,null,null,null,null,null,0,0,0,0,0,0,0,null,null,0]
[null,null,null,null,null,null,0,0,0,0,0,0,0,null,null,0]
[null,null,null,null,null,null,0,0,0,0,0,0,0,null,null,0]
[null,null,null,null,null,null,0,0,0,0,0,0,0,null,null,0]
[null,null,null,null,null,null,0,0,0,0,0,0,0,null,null,0]
[null,null,null,null,null,null,0,0,0,0,0,0,0,null,null,0]
[null,null,null,null,null,null,0,0,0,0,0,0,0,null,null,0]
[null,null,null,null,null,null,0,0,0,0,0,0,0,null,null,0]
[null,null,null,null,null,null,0,0,0,0,0,0,0,null,null,0]
[null,null,null,null,null,null,0,0,0,0,0,0,0,null,null,0]
[null,null,null,null,null,null,0,0,0,0,0,0,0,null,null,0]
[null,null,null,null,null,null,0,0,0,0,0,0,0,null,null,0]
[null,null,null,null,null,null,0,0,0,0,0,0,0,null,null,0]
[null,null,null,null,null,null,0,0,0,0,0,0,0,null,null,0]
[null,null,null,null,null,null,0,0,0,0,0,0,0,null,null,0]
[null,null,null,null,null,null,0,0,0,0,0,0,0,null,null,0]
[null,null,null,null,null,null,0,0,0,0,0,0,0,null,null,0]
[null,null,null,null,null,null,0,0,0,0,0,0,0,null,null,0]
[null,null,null,null,null,null,0,0,0,0,0,0,0,null,null,0]
[null,null,null,null,null,null,0,0,0,0,0,0,0,null,null,0]
[null,null,null,null,null,null,0,0,0,0,0,0,0,null,null,0]
[null,null,null,null,null,null,0,0,0,0,0,0,0,null,null,0]
[null,null,null,null,null,null,0,0,0,0,0,0,0,null,null,0]
[null,null,null,null,null,null,0,0,0,0,0,0,0,null,null,0]
[null,null,null,null,null,null,0,0,0,0,0,0,0,null,null,0]
[null,null,null,null,null,null,0,0,0,0,0,0,0,null,null,0]
[null,null,null,null,null,null,0,0,0,0,0,0,0,null,null,0]
[null,null,null,null,null,null,0,0,0,0,0,0,0,null,null,0]
[null,null,null,null,null,null,0,0,0,0,0,0,0,null,null,0]
[null,null,null,null,null,null,0,0,0,0,0,0,0,null,null,0]
[null,null,null,null,null,null,0,0,0,0,0,0,0,null,null,0]
[null,null,null,null,null,null,0,0,0,0,0,0,0,null,null,0]
[null,null,null,null,null,null,0,0,0,0,0,0,0,null,null,0]
[null,null,null,null,null,null,0,0,0,0,0,0,0,null,null,0]
[null,null,null,null,null,null,0,0,0,0,0,0,0,null,null,0]
[null,null,null,null,null,null,0,0,0,0,0,0,0,null,null,0]
[null,null,null,null,null,null,0,0,0,0,0,0,0,null,null,0]
[null,null,null,null,null,null,0,0,0,0,0,0,0,null,null,0]
[null,null,null,null,null,null,0,0,0,0,0,0,0,null,null,0]
[null,null,null,null,null,null,0,0,0,0,0,0,0,null,null,0]
[null,null,null,null,null,null,0,0,0,0,0,0,0,null,null,0]
[null,null,null,null,null,null,0,0,0,0,0,0,0,null,null,0]
[null,null,null,null,null,null,0,0,0,0,0,0,0,null,null,0]
[null,null,null,null,null,null,0,0,0,0,0,0,0,null,null,0]
[null,null,null,null,null,null,0,0,0,0,0,0,0,null,null,0]
[null,null,null,null,null,null,0,0,0,0,0,0,0,null,null,0]
[null,null,null,null,null,null,0,0,0,0,0,0,0,null,null,0]
[null,null,null,null,null,null,0,0,0,0,0,0,0,null,null,0]
[null,null,null,null,null,null,0,0,0,0,0,0,0,null,null,0]
[null,null,null,null,null,null,0,0,0,0,0,0,0,null,null,0]
[null,null,null,null,null,null,0,0,0,0,0,0,0,null,null,0]
[null,null,null,null,null,null,0,0,0,0,0,0,0,null,null,0]
[null,null,null,null,null,null,0,0,0,0,0,0,0,null,null,0]
[null,null,null,null,null,null,0,0,0,0,0,0,0,null,null,0]
[null,null,null,null,null,null,0,0,0,0,0,0,0,null,null,0]
[null,null,null,null,null,null,0,0,0,0,0,0,0,null,null,0]
[null,null,null,null,null,null,0,0,0,0,0,0,0,null,null,0]
[null,null,null,null,null,null,0,0,0,0,0,0,0,null,null,0]
[null,null,null,null,null,null,0,0,0,0,0,0,0,null,null,0]
[null,null,null,null,null,null,0,0,0,0,0,0,0,null,null,0]
[null,null,null,null,null,null,0,0,0,0,0,0,0,null,null,0]
[null,null,null,null,null,null,0,0,0,0,0,0,0,null,null,0]
[null,null,null,null,null,null,0,0,0,0,0,0,0,null,null,0]

{"sheet":"DMHH","index":6,"n_rows":1002,"n_cols":12,"rows_kept":1002,"cut":false,"hidden":false,"merged":[[0,5,0,7],[0,9,0,11]]}
["STT","MÃ HÀNG","TÊN HÀNG","ĐVT","NHÓM HÀNG","TỒN KHO BẮT ĐẦU KỲ CŨ",null,null,null,"TỒN KHO BẮT ĐẦU KỲ MỚI"]
[null,null,null,null,null,"Số lượng","Đơn giá","Thành tiền",null,"Số lượng","Đơn giá tồn","Thành tiền"]
[1,"BX30","Bánh xe 30","Cái","MT",54,6500,351000,null,{"$f":"F3+SUMIF(NHAP!$D$1:$D$5000,B3,NHAP!$G$1:$G$5000)-SUMIF(XUAT!$E$1:$E$5000,B3,XUAT!$H$1:$H$5000)","v":97},{"$f":"IF(J3=0,0,L3/J3)","v":6053.5714285714294},{"$f":"H3+SUMIF(NHAP!$D$1:$D$5000,DMHH!B3,NHAP!$I$1:$I$5000)-SUMIF(XUAT!$E$1:$E$5000,DMHH!B3,XUAT!$L$1:$L$5000)","v":587196.42857142864}]
[2,"BX36","Bánh xe 36 ","Cái","MT",80,6500,520000,null,{"$f":"F4+SUMIF(NHAP!$D$1:$D$5000,B4,NHAP!$G$1:$G$5000)-SUMIF(XUAT!$E$1:$E$5000,B4,XUAT!$H$1:$H$5000)","v":94},{"$f":"IF(J4=0,0,L4/J4)","v":6153.9877300613507},{"$f":"H4+SUMIF(NHAP!$D$1:$D$5000,DMHH!B4,NHAP!$I$1:$I$5000)-SUMIF(XUAT!$E$1:$E$5000,DMHH!B4,XUAT!$L$1:$L$5000)","v":578474.84662576695}]
[3,"BX48","Bánh xe 48","Cái","MT",8,12000,96000,null,{"$f":"F5+SUMIF(NHAP!$D$1:$D$5000,B5,NHAP!$G$1:$G$5000)-SUMIF(XUAT!$E$1:$E$5000,B5,XUAT!$H$1:$H$5000)","v":-17},12000,{"$f":"H5+SUMIF(NHAP!$D$1:$D$5000,DMHH!B5,NHAP!$I$1:$I$5000)-SUMIF(XUAT!$E$1:$E$5000,DMHH!B5,XUAT!$L$1:$L$5000)","v":-204000}]
[4,"BXB","Bánh xe bạc treo","Cái","MT",45,9000,405000,null,{"$f":"F6+SUMIF(NHAP!$D$1:$D$5000,B6,NHAP!$G$1:$G$5000)-SUMIF(XUAT!$E$1:$E$5000,B6,XUAT!$H$1:$H$5000)","v":39},9000,{"$f":"H6+SUMIF(NHAP!$D$1:$D$5000,DMHH!B6,NHAP!$I$1:$I$5000)-SUMIF(XUAT!$E$1:$E$5000,DMHH!B6,XUAT!$L$1:$L$5000)","v":351000}]
[5,"CCN20","Chụp nhựa 20","Cái","CN",840,140,117600,null,{"$f":"F7+SUMIF(NHAP!$D$1:$D$5000,B7,NHAP!$G$1:$G$5000)-SUMIF(XUAT!$E$1:$E$5000,B7,XUAT!$H$1:$H$5000)","v":768},140,{"$f":"H7+SUMIF(NHAP!$D$1:$D$5000,DMHH!B7,NHAP!$I$1:$I$5000)-SUMIF(XUAT!$E$1:$E$5000,DMHH!B7,XUAT!$L$1:$L$5000)","v":107520}]
[6,"CCN24","Chụp nhựa 24","Cái","CN",183,140,25620,null,{"$f":"F8+SUMIF(NHAP!$D$1:$D$5000,B8,NHAP!$G$1:$G$5000)-SUMIF(XUAT!$E$1:$E$5000,B8,XUAT!$H$1:$H$5000)","v":141},140,{"$f":"H8+SUMIF(NHAP!$D$1:$D$5000,DMHH!B8,NHAP!$I$1:$I$5000)-SUMIF(XUAT!$E$1:$E$5000,DMHH!B8,XUAT!$L$1:$L$5000)","v":19740}]
[7,"CCN25","Chụp nhựa 25","Cái","CN",384,160,61440,null,{"$f":"F9+SUMIF(NHAP!$D$1:$D$5000,B9,NHAP!$G$1:$G$5000)-SUMIF(XUAT!$E$1:$E$5000,B9,XUAT!$H$1:$H$5000)","v":354},160,{"$f":"H9+SUMIF(NHAP!$D$1:$D$5000,DMHH!B9,NHAP!$I$1:$I$5000)-SUMIF(XUAT!$E$1:$E$5000,DMHH!B9,XUAT!$L$1:$L$5000)","v":56640}]
[8,"CCN2550","Chụp nhựa 2550","Cái","CN",445,210,93450,null,{"$f":"F10+SUMIF(NHAP!$D$1:$D$5000,B10,NHAP!$G$1:$G$5000)-SUMIF(XUAT!$E$1:$E$5000,B10,XUAT!$H$1:$H$5000)","v":445},210,{"$f":"H10+SUMIF(NHAP!$D$1:$D$5000,DMHH!B10,NHAP!$I$1:$I$5000)-SUMIF(XUAT!$E$1:$E$5000,DMHH!B10,XUAT!$L$1:$L$5000)","v":93450}]
[9,"CCN30","Chụp nhựa 30","Cái","CN",468,180,84240,null,{"$f":"F11+SUMIF(NHAP!$D$1:$D$5000,B11,NHAP!$G$1:$G$5000)-SUMIF(XUAT!$E$1:$E$5000,B11,XUAT!$H$1:$H$5000)","v":426},180,{"$f":"H11+SUMIF(NHAP!$D$1:$D$5000,DMHH!B11,NHAP!$I$1:$I$5000)-SUMIF(XUAT!$E$1:$E$5000,DMHH!B11,XUAT!$L$1:$L$5000)","v":76680}]
[10,"CCN36","Chụp nhựa 36","Cái","CN",334,280,93520,null,{"$f":"F12+SUMIF(NHAP!$D$1:$D$5000,B12,NHAP!$G$1:$G$5000)-SUMIF(XUAT!$E$1:$E$5000,B12,XUAT!$H$1:$H$5000)","v":268},280,{"$f":"H12+SUMIF(NHAP!$D$1:$D$5000,DMHH!B12,NHAP!$I$1:$I$5000)-SUMIF(XUAT!$E$1:$E$5000,DMHH!B12,XUAT!$L$1:$L$5000)","v":75040}]
[11,"CCN40","Chụp nhựa 40","Cái","CN",426,300,127800,null,{"$f":"F13+SUMIF(NHAP!$D$1:$D$5000,B13,NHAP!$G$1:$G$5000)-SUMIF(XUAT!$E$1:$E$5000,B13,XUAT!$H$1:$H$5000)","v":326},300,{"$f":"H13+SUMIF(NHAP!$D$1:$D$5000,DMHH!B13,NHAP!$I$1:$I$5000)-SUMIF(XUAT!$E$1:$E$5000,DMHH!B13,XUAT!$L$1:$L$5000)","v":97800}]
[12,"CCN48","Chụp nhựa 48","Cái","CN",49,480,23520,null,{"$f":"F14+SUMIF(NHAP!$D$1:$D$5000,B14,NHAP!$G$1:$G$5000)-SUMIF(XUAT!$E$1:$E$5000,B14,XUAT!$H$1:$H$5000)","v":51},472.66304347826099,{"$f":"H14+SUMIF(NHAP!$D$1:$D$5000,DMHH!B14,NHAP!$I$1:$I$5000)-SUMIF(XUAT!$E$1:$E$5000,DMHH!B14,XUAT!$L$1:$L$5000)","v":24105.815217391311}]
[13,"CCN50","Chụp nhựa 50","Cái","CN",152,500,76000,null,{"$f":"F15+SUMIF(NHAP!$D$1:$D$5000,B15,NHAP!$G$1:$G$5000)-SUMIF(XUAT!$E$1:$E$5000,B15,XUAT!$H$1:$H$5000)","v":127},500,{"$f":"H15+SUMIF(NHAP!$D$1:$D$5000,DMHH!B15,NHAP!$I$1:$I$5000)-SUMIF(XUAT!$E$1:$E$5000,DMHH!B15,XUAT!$L$1:$L$5000)","v":63500}]
[14,"CCN510","Chụp nhựa 510","Cái","CN",87,740,64380,null,{"$f":"F16+SUMIF(NHAP!$D$1:$D$5000,B16,NHAP!$G$1:$G$5000)-SUMIF(XUAT!$E$1:$E$5000,B16,XUAT!$H$1:$H$5000)","v":72},740,{"$f":"H16+SUMIF(NHAP!$D$1:$D$5000,DMHH!B16,NHAP!$I$1:$I$5000)-SUMIF(XUAT!$E$1:$E$5000,DMHH!B16,XUAT!$L$1:$L$5000)","v":53280}]
[15,"CCN612","Chụp nhựa 612","Cái","CN",57,1000,57000,null,{"$f":"F17+SUMIF(NHAP!$D$1:$D$5000,B17,NHAP!$G$1:$G$5000)-SUMIF(XUAT!$E$1:$E$5000,B17,XUAT!$H$1:$H$5000)","v":15},1000,{"$f":"H17+SUMIF(NHAP!$D$1:$D$5000,DMHH!B17,NHAP!$I$1:$I$5000)-SUMIF(XUAT!$E$1:$E$5000,DMHH!B17,XUAT!$L$1:$L$5000)","v":15000}]
[16,"CCS1326","Chụp chông sắt 1326","Cái","CC",258,1000,41280,null,{"$f":"F18+SUMIF(NHAP!$D$1:$D$5000,B18,NHAP!$G$1:$G$5000)-SUMIF(XUAT!$E$1:$E$5000,B18,XUAT!$H$1:$H$5000)","v":251},160,{"$f":"H18+SUMIF(NHAP!$D$1:$D$5000,DMHH!B18,NHAP!$I$1:$I$5000)-SUMIF(XUAT!$E$1:$E$5000,DMHH!B18,XUAT!$L$1:$L$5000)","v":40160}]
[17,"CCS24","Chụp chông sắt 24","Cái","CC",482,1200,77120,null,{"$f":"F19+SUMIF(NHAP!$D$1:$D$5000,B19,NHAP!$G$1:$G$5000)-SUMIF(XUAT!$E$1:$E$5000,B19,XUAT!$H$1:$H$5000)","v":376},464.98533724340172,{"$f":"H19+SUMIF(NHAP!$D$1:$D$5000,DMHH!B19,NHAP!$I$1:$I$5000)-SUMIF(XUAT!$E$1:$E$5000,DMHH!B19,XUAT!$L$1:$L$5000)","v":174834.48680351904}]
[18,"CCS25","Chụp chông sắt 2550","Cái","CC",268,1500,42880,null,{"$f":"F20+SUMIF(NHAP!$D$1:$D$5000,B20,NHAP!$G$1:$G$5000)-SUMIF(XUAT!$E$1:$E$5000,B20,XUAT!$H$1:$H$5000)","v":256},711.28205128205127,{"$f":"H20+SUMIF(NHAP!$D$1:$D$5000,DMHH!B20,NHAP!$I$1:$I$5000)-SUMIF(XUAT!$E$1:$E$5000,DMHH!B20,XUAT!$L$1:$L$5000)","v":182088.20512820513}]
[19,"CCS36","Chụp chông sắt 36","Cái","CC",149,1800,268200,null,{"$f":"F21+SUMIF(NHAP!$D$1:$D$5000,B21,NHAP!$G$1:$G$5000)-SUMIF(XUAT!$E$1:$E$5000,B21,XUAT!$H$1:$H$5000)","v":269},1850.1672240802677,{"$f":"H21+SUMIF(NHAP!$D$1:$D$5000,DMHH!B21,NHAP!$I$1:$I$5000)-SUMIF(XUAT!$E$1:$E$5000,DMHH!B21,XUAT!$L$1:$L$5000)","v":497694.98327759199}]
[20,"CCS48","Chụp chông sắt 48","Cái","CC",21,4000,37800,null,{"$f":"F22+SUMIF(NHAP!$D$1:$D$5000,B22,NHAP!$G$1:$G$5000)-SUMIF(XUAT!$E$1:$E$5000,B22,XUAT!$H$1:$H$5000)","v":21},1800,{"$f":"H22+SUMIF(NHAP!$D$1:$D$5000,DMHH!B22,NHAP!$I$1:$I$5000)-SUMIF(XUAT!$E$1:$E$5000,DMHH!B22,XUAT!$L$1:$L$5000)","v":37800}]
[21,"CKL","Chén kẽm lớn","Kg","CK",12,17000,204000,null,{"$f":"F23+SUMIF(NHAP!$D$1:$D$5000,B23,NHAP!$G$1:$G$5000)-SUMIF(XUAT!$E$1:$E$5000,B23,XUAT!$H$1:$H$5000)","v":40},16642.857142857141,{"$f":"H23+SUMIF(NHAP!$D$1:$D$5000,DMHH!B23,NHAP!$I$1:$I$5000)-SUMIF(XUAT!$E$1:$E$5000,DMHH!B23,XUAT!$L$1:$L$5000)","v":665714.28571428568}]
[22,"CKN","Chén kẽm nhỏ","Kg","CK",32,17000,544000,null,{"$f":"F24+SUMIF(NHAP!$D$1:$D$5000,B24,NHAP!$G$1:$G$5000)-SUMIF(XUAT!$E$1:$E$5000,B24,XUAT!$H$1:$H$5000)","v":32},17000,{"$f":"H24+SUMIF(NHAP!$D$1:$D$5000,DMHH!B24,NHAP!$I$1:$I$5000)-SUMIF(XUAT!$E$1:$E$5000,DMHH!B24,XUAT!$L$1:$L$5000)","v":544000}]
[23,"CKT","Chén kẽm trung","Kg","CK",7,17000,119000,null,{"$f":"F25+SUMIF(NHAP!$D$1:$D$5000,B25,NHAP!$G$1:$G$5000)-SUMIF(XUAT!$E$1:$E$5000,B25,XUAT!$H$1:$H$5000)","v":25.8},16594.594594594593,{"$f":"H25+SUMIF(NHAP!$D$1:$D$5000,DMHH!B25,NHAP!$I$1:$I$5000)-SUMIF(XUAT!$E$1:$E$5000,DMHH!B25,XUAT!$L$1:$L$5000)","v":428140.54054054053}]
[24,"CN10L","Cách nhiệt 10 li","Mét","CN",78,13500,1053000,null,{"$f":"F26+SUMIF(NHAP!$D$1:$D$5000,B26,NHAP!$G$1:$G$5000)-SUMIF(XUAT!$E$1:$E$5000,B26,XUAT!$H$1:$H$5000)","v":324.04999999999995},13082.560296846008,{"$f":"H26+SUMIF(NHAP!$D$1:$D$5000,DMHH!B26,NHAP!$I$1:$I$5000)-SUMIF(XUAT!$E$1:$E$5000,DMHH!B26,XUAT!$L$1:$L$5000)","v":4239403.6641929485}]
[25,"CN20L","Cách nhiệt 20 li","Mét","CN",75,27000,2025000,null,{"$f":"F27+SUMIF(NHAP!$D$1:$D$5000,B27,NHAP!$G$1:$G$5000)-SUMIF(XUAT!$E$1:$E$5000,B27,XUAT!$H$1:$H$5000)","v":141.39999999999998},28600.000000000004,{"$f":"H27+SUMIF(NHAP!$D$1:$D$5000,DMHH!B27,NHAP!$I$1:$I$5000)-SUMIF(XUAT!$E$1:$E$5000,DMHH!B27,XUAT!$L$1:$L$5000)","v":4044040}]
[26,"CN5L","Cách nhiệt 5 li","Mét","CN",500,7500,3750000,null,{"$f":"F28+SUMIF(NHAP!$D$1:$D$5000,B28,NHAP!$G$1:$G$5000)-SUMIF(XUAT!$E$1:$E$5000,B28,XUAT!$H$1:$H$5000)","v":468.44},7666.6666666666661,{"$f":"H28+SUMIF(NHAP!$D$1:$D$5000,DMHH!B28,NHAP!$I$1:$I$5000)-SUMIF(XUAT!$E$1:$E$5000,DMHH!B28,XUAT!$L$1:$L$5000)","v":3591373.333333333}]
[27,"CNCT","Cách nhiệt Cát Tường","Cuộn","CN",21,1128000,23688000,null,{"$f":"F29+SUMIF(NHAP!$D$1:$D$5000,B29,NHAP!$G$1:$G$5000)-SUMIF(XUAT!$E$1:$E$5000,B29,XUAT!$H$1:$H$5000)","v":5},1128000,{"$f":"H29+SUMIF(NHAP!$D$1:$D$5000,DMHH!B29,NHAP!$I$1:$I$5000)-SUMIF(XUAT!$E$1:$E$5000,DMHH!B29,XUAT!$L$1:$L$5000)","v":5640000}]
[28,"CNVN","Cách nhiệt Việt Nhật","Cuộn","CN",null,null,null,null,{"$f":"F30+SUMIF(NHAP!$D$1:$D$5000,B30,NHAP!$G$1:$G$5000)-SUMIF(XUAT!$E$1:$E$5000,B30,XUAT!$H$1:$H$5000)","v":0},0,{"$f":"H30+SUMIF(NHAP!$D$1:$D$5000,DMHH!B30,NHAP!$I$1:$I$5000)-SUMIF(XUAT!$E$1:$E$5000,DMHH!B30,XUAT!$L$1:$L$5000)","v":0}]
[29,"HD1020 0.6","Hộp đen 10x20 (0.6)","cây","HD",230,28500,6555000,null,{"$f":"F31+SUMIF(NHAP!$D$1:$D$5000,B31,NHAP!$G$1:$G$5000)-SUMIF(XUAT!$E$1:$E$5000,B31,XUAT!$H$1:$H$5000)","v":180},28697.368421052633,{"$f":"H31+SUMIF(NHAP!$D$1:$D$5000,DMHH!B31,NHAP!$I$1:$I$5000)-SUMIF(XUAT!$E$1:$E$5000,DMHH!B31,XUAT!$L$1:$L$5000)","v":5165526.3157894742}]
[30,"HD1020 0.7","Hộp đen 10x20 (0.7)","Cây","HD",null,null,null,null,{"$f":"F32+SUMIF(NHAP!$D$1:$D$5000,B32,NHAP!$G$1:$G$5000)-SUMIF(XUAT!$E$1:$E$5000,B32,XUAT!$H$1:$H$5000)","v":0},0,{"$f":"H32+SUMIF(NHAP!$D$1:$D$5000,DMHH!B32,NHAP!$I$1:$I$5000)-SUMIF(XUAT!$E$1:$E$5000,DMHH!B32,XUAT!$L$1:$L$5000)","v":0}]
[31,"HD1326 0.9","Hộp đen 13x26 (0.9)","Cây","HD",null,null,null,null,{"$f":"F33+SUMIF(NHAP!$D$1:$D$5000,B33,NHAP!$G$1:$G$5000)-SUMIF(XUAT!$E$1:$E$5000,B33,XUAT!$H$1:$H$5000)","v":0},0,{"$f":"H33+SUMIF(NHAP!$D$1:$D$5000,DMHH!B33,NHAP!$I$1:$I$5000)-SUMIF(XUAT!$E$1:$E$5000,DMHH!B33,XUAT!$L$1:$L$5000)","v":0}]
[32,"HD1326 1.0","Hộp đen 13x26 (1.0)","Cây","HD",null,null,null,null,{"$f":"F34+SUMIF(NHAP!$D$1:$D$5000,B34,NHAP!$G$1:$G$5000)-SUMIF(XUAT!$E$1:$E$5000,B34,XUAT!$H$1:$H$5000)","v":0},0,{"$f":"H34+SUMIF(NHAP!$D$1:$D$5000,DMHH!B34,NHAP!$I$1:$I$5000)-SUMIF(XUAT!$E$1:$E$5000,DMHH!B34,XUAT!$L$1:$L$5000)","v":0}]
[33,"HD2040 1.4","Hộp đen 20x40 (1.4)","Cây","HD",null,null,null,null,{"$f":"F35+SUMIF(NHAP!$D$1:$D$5000,B35,NHAP!$G$1:$G$5000)-SUMIF(XUAT!$E$1:$E$5000,B35,XUAT!$H$1:$H$5000)","v":0},0,{"$f":"H35+SUMIF(NHAP!$D$1:$D$5000,DMHH!B35,NHAP!$I$1:$I$5000)-SUMIF(XUAT!$E$1:$E$5000,DMHH!B35,XUAT!$L$1:$L$5000)","v":0}]
[34,"HD2550 0.7","Hộp đen 25x50 (0.7)","Cây","HD",1513,73200,110751600,null,{"$f":"F36+SUMIF(NHAP!$D$1:$D$5000,B36,NHAP!$G$1:$G$5000)-SUMIF(XUAT!$E$1:$E$5000,B36,XUAT!$H$1:$H$5000)","v":1117},72716.869158878457,{"$f":"H36+SUMIF(NHAP!$D$1:$D$5000,DMHH!B36,NHAP!$I$1:$I$5000)-SUMIF(XUAT!$E$1:$E$5000,DMHH!B36,XUAT!$L$1:$L$5000)","v":81224742.850467235}]
[35,"HD2550 0.8","Hộp đen 25x50 (0.8)","Cây","HD",null,null,null,null,{"$f":"F37+SUMIF(NHAP!$D$1:$D$5000,B37,NHAP!$G$1:$G$5000)-SUMIF(XUAT!$E$1:$E$5000,B37,XUAT!$H$1:$H$5000)","v":0},0,{"$f":"H37+SUMIF(NHAP!$D$1:$D$5000,DMHH!B37,NHAP!$I$1:$I$5000)-SUMIF(XUAT!$E$1:$E$5000,DMHH!B37,XUAT!$L$1:$L$5000)","v":0}]
[36,"HD2550 0.9","Hộp đen 25x50 (0.9)","Cây","HD",20,90100,1802000,null,{"$f":"F38+SUMIF(NHAP!$D$1:$D$5000,B38,NHAP!$G$1:$G$5000)-SUMIF(XUAT!$E$1:$E$5000,B38,XUAT!$H$1:$H$5000)","v":100},86978.378378378373,{"$f":"H38+SUMIF(NHAP!$D$1:$D$5000,DMHH!B38,NHAP!$I$1:$I$5000)-SUMIF(XUAT!$E$1:$E$5000,DMHH!B38,XUAT!$L$1:$L$5000)","v":8697837.8378378376}]
[37,"HD2550 1.2","Hộp đen 25x50 (1.2)","Cây","HD",null,null,null,null,{"$f":"F39+SUMIF(NHAP!$D$1:$D$5000,B39,NHAP!$G$1:$G$5000)-SUMIF(XUAT!$E$1:$E$5000,B39,XUAT!$H$1:$H$5000)","v":0},0,{"$f":"H39+SUMIF(NHAP!$D$1:$D$5000,DMHH!B39,NHAP!$I$1:$I$5000)-SUMIF(XUAT!$E$1:$E$5000,DMHH!B39,XUAT!$L$1:$L$5000)","v":0}]
[38,"HD2550 1.4","Hộp đen 25x50 (1.4)","Cây","HD",null,null,null,null,{"$f":"F40+SUMIF(NHAP!$D$1:$D$5000,B40,NHAP!$G$1:$G$5000)-SUMIF(XUAT!$E$1:$E$5000,B40,XUAT!$H$1:$H$5000)","v":0},0,{"$f":"H40+SUMIF(NHAP!$D$1:$D$5000,DMHH!B40,NHAP!$I$1:$I$5000)-SUMIF(XUAT!$E$1:$E$5000,DMHH!B40,XUAT!$L$1:$L$5000)","v":0}]
[39,"HD4080 1.2","Hộp đen 40x80 (1.2)","Cây","HD",null,null,null,null,{"$f":"F41+SUMIF(NHAP!$D$1:$D$5000,B41,NHAP!$G$1:$G$5000)-SUMIF(XUAT!$E$1:$E$5000,B41,XUAT!$H$1:$H$5000)","v":0},0,{"$f":"H41+SUMIF(NHAP!$D$1:$D$5000,DMHH!B41,NHAP!$I$1:$I$5000)-SUMIF(XUAT!$E$1:$E$5000,DMHH!B41,XUAT!$L$1:$L$5000)","v":0}]
[40,"HD4080 1.8","Hộp đen 40x80 (1.8)","Cây","HD",null,null,null,null,{"$f":"F42+SUMIF(NHAP!$D$1:$D$5000,B42,NHAP!$G$1:$G$5000)-SUMIF(XUAT!$E$1:$E$5000,B42,XUAT!$H$1:$H$5000)","v":0},0,{"$f":"H42+SUMIF(NHAP!$D$1:$D$5000,DMHH!B42,NHAP!$I$1:$I$5000)-SUMIF(XUAT!$E$1:$E$5000,DMHH!B42,XUAT!$L$1:$L$5000)","v":0}]
[41,"HD4080 3.0","Hộp đen 40x80 (3.0)","Cây","HD",null,null,null,null,{"$f":"F43+SUMIF(NHAP!$D$1:$D$5000,B43,NHAP!$G$1:$G$5000)-SUMIF(XUAT!$E$1:$E$5000,B43,XUAT!$H$1:$H$5000)","v":0},0,{"$f":"H43+SUMIF(NHAP!$D$1:$D$5000,DMHH!B43,NHAP!$I$1:$I$5000)-SUMIF(XUAT!$E$1:$E$5000,DMHH!B43,XUAT!$L$1:$L$5000)","v":0}]
[42,"HD4590 1.4","Hộp đen 45x90 (1.4)","Cây","HD",null,null,null,null,{"$f":"F44+SUMIF(NHAP!$D$1:$D$5000,B44,NHAP!$G$1:$G$5000)-SUMIF(XUAT!$E$1:$E$5000,B44,XUAT!$H$1:$H$5000)","v":0},0,{"$f":"H44+SUMIF(NHAP!$D$1:$D$5000,DMHH!B44,NHAP!$I$1:$I$5000)-SUMIF(XUAT!$E$1:$E$5000,DMHH!B44,XUAT!$L$1:$L$5000)","v":0}]
[43,"HD5010 1.4","Hộp đen 50x100 (1.4)","Cây","HD",null,null,null,null,{"$f":"F45+SUMIF(NHAP!$D$1:$D$5000,B45,NHAP!$G$1:$G$5000)-SUMIF(XUAT!$E$1:$E$5000,B45,XUAT!$H$1:$H$5000)","v":0},0,{"$f":"H45+SUMIF(NHAP!$D$1:$D$5000,DMHH!B45,NHAP!$I$1:$I$5000)-SUMIF(XUAT!$E$1:$E$5000,DMHH!B45,XUAT!$L$1:$L$5000)","v":0}]
[44,"HD5010 1.8","Hộp đen 50x100 (1.8)","Cây","HD",null,null,null,null,{"$f":"F46+SUMIF(NHAP!$D$1:$D$5000,B46,NHAP!$G$1:$G$5000)-SUMIF(XUAT!$E$1:$E$5000,B46,XUAT!$H$1:$H$5000)","v":0},0,{"$f":"H46+SUMIF(NHAP!$D$1:$D$5000,DMHH!B46,NHAP!$I$1:$I$5000)-SUMIF(XUAT!$E$1:$E$5000,DMHH!B46,XUAT!$L$1:$L$5000)","v":0}]
[45,"HD5010 3.0","Hộp đen 50x100 (3.0)","Cây","HD",2,592000,1184000,null,{"$f":"F47+SUMIF(NHAP!$D$1:$D$5000,B47,NHAP!$G$1:$G$5000)-SUMIF(XUAT!$E$1:$E$5000,B47,XUAT!$H$1:$H$5000)","v":2},592000,{"$f":"H47+SUMIF(NHAP!$D$1:$D$5000,DMHH!B47,NHAP!$I$1:$I$5000)-SUMIF(XUAT!$E$1:$E$5000,DMHH!B47,XUAT!$L$1:$L$5000)","v":1184000}]
[46,"HD612 1.4","Hộp đen 60x120 (1.4)","Cây","HD",null,null,null,null,{"$f":"F48+SUMIF(NHAP!$D$1:$D$5000,B48,NHAP!$G$1:$G$5000)-SUMIF(XUAT!$E$1:$E$5000,B48,XUAT!$H$1:$H$5000)","v":0},0,{"$f":"H48+SUMIF(NHAP!$D$1:$D$5000,DMHH!B48,NHAP!$I$1:$I$5000)-SUMIF(XUAT!$E$1:$E$5000,DMHH!B48,XUAT!$L$1:$L$5000)","v":0}]
[47,"HD612 1.8","Hộp đen 60x120 (1.8)","Cây","HD",null,null,null,null,{"$f":"F49+SUMIF(NHAP!$D$1:$D$5000,B49,NHAP!$G$1:$G$5000)-SUMIF(XUAT!$E$1:$E$5000,B49,XUAT!$H$1:$H$5000)","v":0},0,{"$f":"H49+SUMIF(NHAP!$D$1:$D$5000,DMHH!B49,NHAP!$I$1:$I$5000)-SUMIF(XUAT!$E$1:$E$5000,DMHH!B49,XUAT!$L$1:$L$5000)","v":0}]
[48,"HK1326 0.9","Hộp kẽm 13x26 (0.9)","Cây","HK",42,47700,2003400,null,{"$f":"F50+SUMIF(NHAP!$D$1:$D$5000,B50,NHAP!$G$1:$G$5000)-SUMIF(XUAT!$E$1:$E$5000,B50,XUAT!$H$1:$H$5000)","v":30},45165.758754863899,{"$f":"H50+SUMIF(NHAP!$D$1:$D$5000,DMHH!B50,NHAP!$I$1:$I$5000)-SUMIF(XUAT!$E$1:$E$5000,DMHH!B50,XUAT!$L$1:$L$5000)","v":1354972.762645917}]
[49,"HK1326 1.0","Hộp kẽm 13x26 (1.0)","Cây","HK",42,50500,2121000,null,{"$f":"F51+SUMIF(NHAP!$D$1:$D$5000,B51,NHAP!$G$1:$G$5000)-SUMIF(XUAT!$E$1:$E$5000,B51,XUAT!$H$1:$H$5000)","v":62},49243.661971830988,{"$f":"H51+SUMIF(NHAP!$D$1:$D$5000,DMHH!B51,NHAP!$I$1:$I$5000)-SUMIF(XUAT!$E$1:$E$5000,DMHH!B51,XUAT!$L$1:$L$5000)","v":3053107.0422535213}]
[50,"HK1326 1.1","Hộp kẽm 13x26 (1.1)","Cây","HK",61,57100,3483100,null,{"$f":"F52+SUMIF(NHAP!$D$1:$D$5000,B52,NHAP!$G$1:$G$5000)-SUMIF(XUAT!$E$1:$E$5000,B52,XUAT!$H$1:$H$5000)","v":79},56372.511848341223,{"$f":"H52+SUMIF(NHAP!$D$1:$D$5000,DMHH!B52,NHAP!$I$1:$I$5000)-SUMIF(XUAT!$E$1:$E$5000,DMHH!B52,XUAT!$L$1:$L$5000)","v":4453428.4360189568}]
[51,"HK1326 1.2","Hộp kẽm 13x26 (1.2)","Cây","HK",38,63700,2420600,null,{"$f":"F53+SUMIF(NHAP!$D$1:$D$5000,B53,NHAP!$G$1:$G$5000)-SUMIF(XUAT!$E$1:$E$5000,B53,XUAT!$H$1:$H$5000)","v":153},61076.293823038395,{"$f":"H53+SUMIF(NHAP!$D$1:$D$5000,DMHH!B53,NHAP!$I$1:$I$5000)-SUMIF(XUAT!$E$1:$E$5000,DMHH!B53,XUAT!$L$1:$L$5000)","v":9344672.954924874}]
[52,"HK2040 0.9","Hộp kẽm 20x40 (0.9)","Cây","HK",null,null,null,null,{"$f":"F54+SUMIF(NHAP!$D$1:$D$5000,B54,NHAP!$G$1:$G$5000)-SUMIF(XUAT!$E$1:$E$5000,B54,XUAT!$H$1:$H$5000)","v":0},0,{"$f":"H54+SUMIF(NHAP!$D$1:$D$5000,DMHH!B54,NHAP!$I$1:$I$5000)-SUMIF(XUAT!$E$1:$E$5000,DMHH!B54,XUAT!$L$1:$L$5000)","v":0}]
[53,"HK2040 1.0","Hộp kẽm 20x40 (1.0)","Cây","HK",null,null,null,null,{"$f":"F55+SUMIF(NHAP!$D$1:$D$5000,B55,NHAP!$G$1:$G$5000)-SUMIF(XUAT!$E$1:$E$5000,B55,XUAT!$H$1:$H$5000)","v":0},0,{"$f":"H55+SUMIF(NHAP!$D$1:$D$5000,DMHH!B55,NHAP!$I$1:$I$5000)-SUMIF(XUAT!$E$1:$E$5000,DMHH!B55,XUAT!$L$1:$L$5000)","v":0}]
[54,"HK2040 1.1","Hộp kẽm 20x40 (1.1)","Cây","HK",null,null,null,null,{"$f":"F56+SUMIF(NHAP!$D$1:$D$5000,B56,NHAP!$G$1:$G$5000)-SUMIF(XUAT!$E$1:$E$5000,B56,XUAT!$H$1:$H$5000)","v":0},0,{"$f":"H56+SUMIF(NHAP!$D$1:$D$5000,DMHH!B56,NHAP!$I$1:$I$5000)-SUMIF(XUAT!$E$1:$E$5000,DMHH!B56,XUAT!$L$1:$L$5000)","v":0}]
[55,"HK2040 1.2 ","Hộp kẽm 20x40 (1.2) ","Cây","HK",52,99300,5163600,null,{"$f":"F57+SUMIF(NHAP!$D$1:$D$5000,B57,NHAP!$G$1:$G$5000)-SUMIF(XUAT!$E$1:$E$5000,B57,XUAT!$H$1:$H$5000)","v":72},96346.131805157594,{"$f":"H57+SUMIF(NHAP!$D$1:$D$5000,DMHH!B57,NHAP!$I$1:$I$5000)-SUMIF(XUAT!$E$1:$E$5000,DMHH!B57,XUAT!$L$1:$L$5000)","v":6936921.4899713472}]
[56,"HK2040 1.3","Hộp kẽm 20x40 (1.3)","Cây","HK",null,null,null,null,{"$f":"F58+SUMIF(NHAP!$D$1:$D$5000,B58,NHAP!$G$1:$G$5000)-SUMIF(XUAT!$E$1:$E$5000,B58,XUAT!$H$1:$H$5000)","v":39},101752,{"$f":"H58+SUMIF(NHAP!$D$1:$D$5000,DMHH!B58,NHAP!$I$1:$I$5000)-SUMIF(XUAT!$E$1:$E$5000,DMHH!B58,XUAT!$L$1:$L$5000)","v":3968328}]
[57,"HK2040 1.4 ","Hộp kẽm 20x40 (1.4) ","Cây","HK",48,118500,5688000,null,{"$f":"F59+SUMIF(NHAP!$D$1:$D$5000,B59,NHAP!$G$1:$G$5000)-SUMIF(XUAT!$E$1:$E$5000,B59,XUAT!$H$1:$H$5000)","v":63},108619.7986577181,{"$f":"H59+SUMIF(NHAP!$D$1:$D$5000,DMHH!B59,NHAP!$I$1:$I$5000)-SUMIF(XUAT!$E$1:$E$5000,DMHH!B59,XUAT!$L$1:$L$5000)","v":6843047.3154362403}]
[58,"HK2040 1.8","Hộp kẽm 20x40 (1.8)","Cây","HK",null,null,null,null,{"$f":"F60+SUMIF(NHAP!$D$1:$D$5000,B60,NHAP!$G$1:$G$5000)-SUMIF(XUAT!$E$1:$E$5000,B60,XUAT!$H$1:$H$5000)","v":0},0,{"$f":"H60+SUMIF(NHAP!$D$1:$D$5000,DMHH!B60,NHAP!$I$1:$I$5000)-SUMIF(XUAT!$E$1:$E$5000,DMHH!B60,XUAT!$L$1:$L$5000)","v":0}]
[59,"HK2550 1.1","Hộp kẽm 25x50 (1.1)","Cây","HK",1,123200,123200,null,{"$f":"F61+SUMIF(NHAP!$D$1:$D$5000,B61,NHAP!$G$1:$G$5000)-SUMIF(XUAT!$E$1:$E$5000,B61,XUAT!$H$1:$H$5000)","v":1},123200,{"$f":"H61+SUMIF(NHAP!$D$1:$D$5000,DMHH!B61,NHAP!$I$1:$I$5000)-SUMIF(XUAT!$E$1:$E$5000,DMHH!B61,XUAT!$L$1:$L$5000)","v":123200}]
[60,"HK2550 1.2 ","Hộp kẽm 25x50 (1.2) ","Cây","HK",56,127600,7145600,null,{"$f":"F62+SUMIF(NHAP!$D$1:$D$5000,B62,NHAP!$G$1:$G$5000)-SUMIF(XUAT!$E$1:$E$5000,B62,XUAT!$H$1:$H$5000)","v":24},125697.52066115693,{"$f":"H62+SUMIF(NHAP!$D$1:$D$5000,DMHH!B62,NHAP!$I$1:$I$5000)-SUMIF(XUAT!$E$1:$E$5000,DMHH!B62,XUAT!$L$1:$L$5000)","v":3016740.4958677664}]
[61,"HK2550 1.3","Hộp kẽm 25x50 (1.3)","Cây","HK",null,null,null,null,{"$f":"F63+SUMIF(NHAP!$D$1:$D$5000,B63,NHAP!$G$1:$G$5000)-SUMIF(XUAT!$E$1:$E$5000,B63,XUAT!$H$1:$H$5000)","v":0},0,{"$f":"H63+SUMIF(NHAP!$D$1:$D$5000,DMHH!B63,NHAP!$I$1:$I$5000)-SUMIF(XUAT!$E$1:$E$5000,DMHH!B63,XUAT!$L$1:$L$5000)","v":0}]
[62,"HK2550 1.4 ","Hộp kẽm 25x50 (1.4) ","Cây","HK",47,135000,6345000,null,{"$f":"F64+SUMIF(NHAP!$D$1:$D$5000,B64,NHAP!$G$1:$G$5000)-SUMIF(XUAT!$E$1:$E$5000,B64,XUAT!$H$1:$H$5000)","v":69},136627.21088435373,{"$f":"H64+SUMIF(NHAP!$D$1:$D$5000,DMHH!B64,NHAP!$I$1:$I$5000)-SUMIF(XUAT!$E$1:$E$5000,DMHH!B64,XUAT!$L$1:$L$5000)","v":9427277.551020408}]
[63,"HK2550 1.8","Hộp kẽm 25x50 (1.8)","Cây","HK",9,164600,1481400,null,{"$f":"F65+SUMIF(NHAP!$D$1:$D$5000,B65,NHAP!$G$1:$G$5000)-SUMIF(XUAT!$E$1:$E$5000,B65,XUAT!$H$1:$H$5000)","v":0},0,{"$f":"H65+SUMIF(NHAP!$D$1:$D$5000,DMHH!B65,NHAP!$I$1:$I$5000)-SUMIF(XUAT!$E$1:$E$5000,DMHH!B65,XUAT!$L$1:$L$5000)","v":0}]
[64,"HK3060 1.1","Hộp kẽm 30x60 (1.1)","Cây","HK",1,154400,154400,null,{"$f":"F66+SUMIF(NHAP!$D$1:$D$5000,B66,NHAP!$G$1:$G$5000)-SUMIF(XUAT!$E$1:$E$5000,B66,XUAT!$H$1:$H$5000)","v":1},142590.47619047621,{"$f":"H66+SUMIF(NHAP!$D$1:$D$5000,DMHH!B66,NHAP!$I$1:$I$5000)-SUMIF(XUAT!$E$1:$E$5000,DMHH!B66,XUAT!$L$1:$L$5000)","v":142590.47619047621}]
[65,"HK3060 1.2 ","Hộp kẽm 30x60 (1.2) ","Cây","HK",68,148500,10098000,null,{"$f":"F67+SUMIF(NHAP!$D$1:$D$5000,B67,NHAP!$G$1:$G$5000)-SUMIF(XUAT!$E$1:$E$5000,B67,XUAT!$H$1:$H$5000)","v":87},146786.44859813078,{"$f":"H67+SUMIF(NHAP!$D$1:$D$5000,DMHH!B67,NHAP!$I$1:$I$5000)-SUMIF(XUAT!$E$1:$E$5000,DMHH!B67,XUAT!$L$1:$L$5000)","v":12770421.028037377}]
[66,"HK3060 1.3","Hộp kẽm 30x60 (1.3)","Cây","HK",30,153200,4596000,null,{"$f":"F68+SUMIF(NHAP!$D$1:$D$5000,B68,NHAP!$G$1:$G$5000)-SUMIF(XUAT!$E$1:$E$5000,B68,XUAT!$H$1:$H$5000)","v":41},{"$f":"IF(J68=0,0,L68/J68)","v":155353.04347826086},{"$f":"H68+SUMIF(NHAP!$D$1:$D$5000,DMHH!B68,NHAP!$I$1:$I$5000)-SUMIF(XUAT!$E$1:$E$5000,DMHH!B68,XUAT!$L$1:$L$5000)","v":6369474.7826086953}]
[67,"HK3060 1.4 ","Hộp kẽm 30x60 (1.4) ","Cây","HK",69,167300,11543700,null,{"$f":"F69+SUMIF(NHAP!$D$1:$D$5000,B69,NHAP!$G$1:$G$5000)-SUMIF(XUAT!$E$1:$E$5000,B69,XUAT!$H$1:$H$5000)","v":219},163055.6074766352,{"$f":"H69+SUMIF(NHAP!$D$1:$D$5000,DMHH!B69,NHAP!$I$1:$I$5000)-SUMIF(XUAT!$E$1:$E$5000,DMHH!B69,XUAT!$L$1:$L$5000)","v":35709178.037383109}]
[68,"HK3060 1.7","Hộp kẽm 30x60 (1.7)","Cây","HK",9,196600,1769400,null,{"$f":"F70+SUMIF(NHAP!$D$1:$D$5000,B70,NHAP!$G$1:$G$5000)-SUMIF(XUAT!$E$1:$E$5000,B70,XUAT!$H$1:$H$5000)","v":29},216515.25423728811,{"$f":"H70+SUMIF(NHAP!$D$1:$D$5000,DMHH!B70,NHAP!$I$1:$I$5000)-SUMIF(XUAT!$E$1:$E$5000,DMHH!B70,XUAT!$L$1:$L$5000)","v":6278942.3728813557}]
[69,"HK3060 1.8","Hộp kẽm 30x60 (1.8)","Cây","HK",20,204500,4090000,null,{"$f":"F71+SUMIF(NHAP!$D$1:$D$5000,B71,NHAP!$G$1:$G$5000)-SUMIF(XUAT!$E$1:$E$5000,B71,XUAT!$H$1:$H$5000)","v":55},202272.37701974891,{"$f":"H71+SUMIF(NHAP!$D$1:$D$5000,DMHH!B71,NHAP!$I$1:$I$5000)-SUMIF(XUAT!$E$1:$E$5000,DMHH!B71,XUAT!$L$1:$L$5000)","v":11124980.73608619}]
[70,"HK3060 2.0","Hộp kẽm 30x60 (2.0)","Cây","HK",8,251100,2008800,null,{"$f":"F72+SUMIF(NHAP!$D$1:$D$5000,B72,NHAP!$G$1:$G$5000)-SUMIF(XUAT!$E$1:$E$5000,B72,XUAT!$H$1:$H$5000)","v":50},245412.24489795923,{"$f":"H72+SUMIF(NHAP!$D$1:$D$5000,DMHH!B72,NHAP!$I$1:$I$5000)-SUMIF(XUAT!$E$1:$E$5000,DMHH!B72,XUAT!$L$1:$L$5000)","v":12270612.244897962}]
[71,"HK4080 1.1","Hộp kẽm 40x80 (1.1)","Cây","HK",null,null,null,null,{"$f":"F73+SUMIF(NHAP!$D$1:$D$5000,B73,NHAP!$G$1:$G$5000)-SUMIF(XUAT!$E$1:$E$5000,B73,XUAT!$H$1:$H$5000)","v":6},174435.85657370338,{"$f":"H73+SUMIF(NHAP!$D$1:$D$5000,DMHH!B73,NHAP!$I$1:$I$5000)-SUMIF(XUAT!$E$1:$E$5000,DMHH!B73,XUAT!$L$1:$L$5000)","v":1046615.1394422203}]
[72,"HK4080 1.2 ","Hộp kẽm 40x80 (1.2)","Cây","HK",60,208300,12498000,null,{"$f":"F74+SUMIF(NHAP!$D$1:$D$5000,B74,NHAP!$G$1:$G$5000)-SUMIF(XUAT!$E$1:$E$5000,B74,XUAT!$H$1:$H$5000)","v":46},199757.5,{"$f":"H74+SUMIF(NHAP!$D$1:$D$5000,DMHH!B74,NHAP!$I$1:$I$5000)-SUMIF(XUAT!$E$1:$E$5000,DMHH!B74,XUAT!$L$1:$L$5000)","v":9188845}]
[73,"HK4080 1.3","Hộp kẽm 40x80 (1.3)","Cây","HK",53,205200,10875600,null,{"$f":"F75+SUMIF(NHAP!$D$1:$D$5000,B75,NHAP!$G$1:$G$5000)-SUMIF(XUAT!$E$1:$E$5000,B75,XUAT!$H$1:$H$5000)","v":42},211300.9708737864,{"$f":"H75+SUMIF(NHAP!$D$1:$D$5000,DMHH!B75,NHAP!$I$1:$I$5000)-SUMIF(XUAT!$E$1:$E$5000,DMHH!B75,XUAT!$L$1:$L$5000)","v":8874640.7766990289}]
[74,"HK4080 1.4 ","Hộp kẽm 40x80 (1.4) ","Cây","HK",70,222500,15575000,null,{"$f":"F76+SUMIF(NHAP!$D$1:$D$5000,B76,NHAP!$G$1:$G$5000)-SUMIF(XUAT!$E$1:$E$5000,B76,XUAT!$H$1:$H$5000)","v":181},218034.89539748925,{"$f":"H76+SUMIF(NHAP!$D$1:$D$5000,DMHH!B76,NHAP!$I$1:$I$5000)-SUMIF(XUAT!$E$1:$E$5000,DMHH!B76,XUAT!$L$1:$L$5000)","v":39464316.066945553}]
[75,"HK4080 1.7","Hộp kẽm 40x80 (1.7)","Cây","HK",51,275500,14050500,null,{"$f":"F77+SUMIF(NHAP!$D$1:$D$5000,B77,NHAP!$G$1:$G$5000)-SUMIF(XUAT!$E$1:$E$5000,B77,XUAT!$H$1:$H$5000)","v":54},275721.12676056335,{"$f":"H77+SUMIF(NHAP!$D$1:$D$5000,DMHH!B77,NHAP!$I$1:$I$5000)-SUMIF(XUAT!$E$1:$E$5000,DMHH!B77,XUAT!$L$1:$L$5000)","v":14888940.845070422}]
[76,"HK4080 1.8","Hộp kẽm 40x80 (1.8)","Cây","HK",46,269000,12374000,null,{"$f":"F78+SUMIF(NHAP!$D$1:$D$5000,B78,NHAP!$G$1:$G$5000)-SUMIF(XUAT!$E$1:$E$5000,B78,XUAT!$H$1:$H$5000)","v":79},273655.82548476435,{"$f":"H78+SUMIF(NHAP!$D$1:$D$5000,DMHH!B78,NHAP!$I$1:$I$5000)-SUMIF(XUAT!$E$1:$E$5000,DMHH!B78,XUAT!$L$1:$L$5000)","v":21618810.213296384}]
[77,"HK4080 2.0","Hộp kẽm 40x80(2.0)","Cây","HK",11,332500,3657500,null,{"$f":"F79+SUMIF(NHAP!$D$1:$D$5000,B79,NHAP!$G$1:$G$5000)-SUMIF(XUAT!$E$1:$E$5000,B79,XUAT!$H$1:$H$5000)","v":47},338850.27027027006,{"$f":"H79+SUMIF(NHAP!$D$1:$D$5000,DMHH!B79,NHAP!$I$1:$I$5000)-SUMIF(XUAT!$E$1:$E$5000,DMHH!B79,XUAT!$L$1:$L$5000)","v":15925962.702702694}]
[78,"HK4080 2.5","Hộp kẽm 40x80 (2.5)","Cây","HK",4,463000,1852000,null,{"$f":"F80+SUMIF(NHAP!$D$1:$D$5000,B80,NHAP!$G$1:$G$5000)-SUMIF(XUAT!$E$1:$E$5000,B80,XUAT!$H$1:$H$5000)","v":10},451840,{"$f":"H80+SUMIF(NHAP!$D$1:$D$5000,DMHH!B80,NHAP!$I$1:$I$5000)-SUMIF(XUAT!$E$1:$E$5000,DMHH!B80,XUAT!$L$1:$L$5000)","v":4518400}]
[79,"HK5010 1.2","Hộp kẽm 50x100 (1.2)","Cây","HK",null,null,null,null,{"$f":"F81+SUMIF(NHAP!$D$1:$D$5000,B81,NHAP!$G$1:$G$5000)-SUMIF(XUAT!$E$1:$E$5000,B81,XUAT!$H$1:$H$5000)","v":0},0,{"$f":"H81+SUMIF(NHAP!$D$1:$D$5000,DMHH!B81,NHAP!$I$1:$I$5000)-SUMIF(XUAT!$E$1:$E$5000,DMHH!B81,XUAT!$L$1:$L$5000)","v":0}]
[80,"HK5010 1.3","Hộp kẽm 50x100 (1.3)","Cây","HK",30,275600,8268000,null,{"$f":"F82+SUMIF(NHAP!$D$1:$D$5000,B82,NHAP!$G$1:$G$5000)-SUMIF(XUAT!$E$1:$E$5000,B82,XUAT!$H$1:$H$5000)","v":15},275600,{"$f":"H82+SUMIF(NHAP!$D$1:$D$5000,DMHH!B82,NHAP!$I$1:$I$5000)-SUMIF(XUAT!$E$1:$E$5000,DMHH!B82,XUAT!$L$1:$L$5000)","v":4134000}]
[81,"HK5010 1.4 ","Hộp kẽm 50x100 (1.4) ","Cây","HK",10,281200,2812000,null,{"$f":"F83+SUMIF(NHAP!$D$1:$D$5000,B83,NHAP!$G$1:$G$5000)-SUMIF(XUAT!$E$1:$E$5000,B83,XUAT!$H$1:$H$5000)","v":115},275377.69230769225,{"$f":"H83+SUMIF(NHAP!$D$1:$D$5000,DMHH!B83,NHAP!$I$1:$I$5000)-SUMIF(XUAT!$E$1:$E$5000,DMHH!B83,XUAT!$L$1:$L$5000)","v":31668434.615384609}]
[82,"HK5010 1.7","Hộp kẽm 50x100 (1.7)","Cây","HK",18,359000,6462000,null,{"$f":"F84+SUMIF(NHAP!$D$1:$D$5000,B84,NHAP!$G$1:$G$5000)-SUMIF(XUAT!$E$1:$E$5000,B84,XUAT!$H$1:$H$5000)","v":25},359848.27586206893,{"$f":"H84+SUMIF(NHAP!$D$1:$D$5000,DMHH!B84,NHAP!$I$1:$I$5000)-SUMIF(XUAT!$E$1:$E$5000,DMHH!B84,XUAT!$L$1:$L$5000)","v":8996206.8965517227}]
[83,"HK5010 1.8","Hộp kẽm 50x100 (1.8)","Cây","HK",20,354000,7080000,null,{"$f":"F85+SUMIF(NHAP!$D$1:$D$5000,B85,NHAP!$G$1:$G$5000)-SUMIF(XUAT!$E$1:$E$5000,B85,XUAT!$H$1:$H$5000)","v":47},343469.337349398,{"$f":"H85+SUMIF(NHAP!$D$1:$D$5000,DMHH!B85,NHAP!$I$1:$I$5000)-SUMIF(XUAT!$E$1:$E$5000,DMHH!B85,XUAT!$L$1:$L$5000)","v":16143058.855421707}]
[84,"HK5010 2.0","Hộp kẽm 50x100 (2.0)","Cây","HK",4,443000,1772000,null,{"$f":"F86+SUMIF(NHAP!$D$1:$D$5000,B86,NHAP!$G$1:$G$5000)-SUMIF(XUAT!$E$1:$E$5000,B86,XUAT!$H$1:$H$5000)","v":32},411725.71428571409,{"$f":"H86+SUMIF(NHAP!$D$1:$D$5000,DMHH!B86,NHAP!$I$1:$I$5000)-SUMIF(XUAT!$E$1:$E$5000,DMHH!B86,XUAT!$L$1:$L$5000)","v":13175222.857142851}]
[85,"HK612 1.4","Hộp kẽm 60x120 (1.4)","Cây","HK",null,null,null,null,{"$f":"F87+SUMIF(NHAP!$D$1:$D$5000,B87,NHAP!$G$1:$G$5000)-SUMIF(XUAT!$E$1:$E$5000,B87,XUAT!$H$1:$H$5000)","v":3},340333.33333333331,{"$f":"H87+SUMIF(NHAP!$D$1:$D$5000,DMHH!B87,NHAP!$I$1:$I$5000)-SUMIF(XUAT!$E$1:$E$5000,DMHH!B87,XUAT!$L$1:$L$5000)","v":1021000}]
[86,"HK612 1.8","Hộp Kẽm 60x120 (1.8)","Cây","HK",null,null,null,null,{"$f":"F88+SUMIF(NHAP!$D$1:$D$5000,B88,NHAP!$G$1:$G$5000)-SUMIF(XUAT!$E$1:$E$5000,B88,XUAT!$H$1:$H$5000)","v":0},0,{"$f":"H88+SUMIF(NHAP!$D$1:$D$5000,DMHH!B88,NHAP!$I$1:$I$5000)-SUMIF(XUAT!$E$1:$E$5000,DMHH!B88,XUAT!$L$1:$L$5000)","v":0}]
[87,"HK612 2.0","Hộp kẽm 60x120 (2.0)","Cây","HK",null,null,null,null,{"$f":"F89+SUMIF(NHAP!$D$1:$D$5000,B89,NHAP!$G$1:$G$5000)-SUMIF(XUAT!$E$1:$E$5000,B89,XUAT!$H$1:$H$5000)","v":6},530176.4705882353,{"$f":"H89+SUMIF(NHAP!$D$1:$D$5000,DMHH!B89,NHAP!$I$1:$I$5000)-SUMIF(XUAT!$E$1:$E$5000,DMHH!B89,XUAT!$L$1:$L$5000)","v":3181058.823529412}]
[88,"HK612 2.5","Hộp kẽm 60x120 (2.5)","Cây","HK",null,null,null,null,{"$f":"F90+SUMIF(NHAP!$D$1:$D$5000,B90,NHAP!$G$1:$G$5000)-SUMIF(XUAT!$E$1:$E$5000,B90,XUAT!$H$1:$H$5000)","v":0},0,{"$f":"H90+SUMIF(NHAP!$D$1:$D$5000,DMHH!B90,NHAP!$I$1:$I$5000)-SUMIF(XUAT!$E$1:$E$5000,DMHH!B90,XUAT!$L$1:$L$5000)","v":0}]
[89,"I100","I100","Cây","I",9,628000,5652000,null,{"$f":"F91+SUMIF(NHAP!$D$1:$D$5000,B91,NHAP!$G$1:$G$5000)-SUMIF(XUAT!$E$1:$E$5000,B91,XUAT!$H$1:$H$5000)","v":8},600805.5555555555,{"$f":"H91+SUMIF(NHAP!$D$1:$D$5000,DMHH!B91,NHAP!$I$1:$I$5000)-SUMIF(XUAT!$E$1:$E$5000,DMHH!B91,XUAT!$L$1:$L$5000)","v":4806444.444444444}]
[90,"I120","I 120","Cây","I",2,790000,1580000,null,{"$f":"F92+SUMIF(NHAP!$D$1:$D$5000,B92,NHAP!$G$1:$G$5000)-SUMIF(XUAT!$E$1:$E$5000,B92,XUAT!$H$1:$H$5000)","v":7},754130.43478260876,{"$f":"H92+SUMIF(NHAP!$D$1:$D$5000,DMHH!B92,NHAP!$I$1:$I$5000)-SUMIF(XUAT!$E$1:$E$5000,DMHH!B92,XUAT!$L$1:$L$5000)","v":5278913.0434782617}]
[91,"I150","I 150","Cây","I",6,1254000,4740000,null,{"$f":"F93+SUMIF(NHAP!$D$1:$D$5000,B93,NHAP!$G$1:$G$5000)-SUMIF(XUAT!$E$1:$E$5000,B93,XUAT!$H$1:$H$5000)","v":6},934800,{"$f":"H93+SUMIF(NHAP!$D$1:$D$5000,DMHH!B93,NHAP!$I$1:$I$5000)-SUMIF(XUAT!$E$1:$E$5000,DMHH!B93,XUAT!$L$1:$L$5000)","v":5608800}]
[92,"I150 D","I 150 (Dày)","Cây","I",10,1210000,12100000,null,{"$f":"F94+SUMIF(NHAP!$D$1:$D$5000,B94,NHAP!$G$1:$G$5000)-SUMIF(XUAT!$E$1:$E$5000,B94,XUAT!$H$1:$H$5000)","v":10},1210000,{"$f":"H94+SUMIF(NHAP!$D$1:$D$5000,DMHH!B94,NHAP!$I$1:$I$5000)-SUMIF(XUAT!$E$1:$E$5000,DMHH!B94,XUAT!$L$1:$L$5000)","v":12100000}]
[93,"I200","I 200","Cây","I",null,null,null,null,{"$f":"F95+SUMIF(NHAP!$D$1:$D$5000,B95,NHAP!$G$1:$G$5000)-SUMIF(XUAT!$E$1:$E$5000,B95,XUAT!$H$1:$H$5000)","v":0},0,{"$f":"H95+SUMIF(NHAP!$D$1:$D$5000,DMHH!B95,NHAP!$I$1:$I$5000)-SUMIF(XUAT!$E$1:$E$5000,DMHH!B95,XUAT!$L$1:$L$5000)","v":0}]
[94,"LA2F","La 2F(2Li3 - 2li5)","kg","La",null,null,null,null,{"$f":"F96+SUMIF(NHAP!$D$1:$D$5000,B96,NHAP!$G$1:$G$5000)-SUMIF(XUAT!$E$1:$E$5000,B96,XUAT!$H$1:$H$5000)","v":0},0,{"$f":"H96+SUMIF(NHAP!$D$1:$D$5000,DMHH!B96,NHAP!$I$1:$I$5000)-SUMIF(XUAT!$E$1:$E$5000,DMHH!B96,XUAT!$L$1:$L$5000)","v":0}]
[95,"LA3F","La 3F (2Li3)","kg","La",null,null,null,null,{"$f":"F97+SUMIF(NHAP!$D$1:$D$5000,B97,NHAP!$G$1:$G$5000)-SUMIF(XUAT!$E$1:$E$5000,B97,XUAT!$H$1:$H$5000)","v":0},0,{"$f":"H97+SUMIF(NHAP!$D$1:$D$5000,DMHH!B97,NHAP!$I$1:$I$5000)-SUMIF(XUAT!$E$1:$E$5000,DMHH!B97,XUAT!$L$1:$L$5000)","v":0}]
[96,"LC 14","La cứng 14","Cây","LC",277,9000,2493000,null,{"$f":"F98+SUMIF(NHAP!$D$1:$D$5000,B98,NHAP!$G$1:$G$5000)-SUMIF(XUAT!$E$1:$E$5000,B98,XUAT!$H$1:$H$5000)","v":649},8304.2996108949428,{"$f":"H98+SUMIF(NHAP!$D$1:$D$5000,DMHH!B98,NHAP!$I$1:$I$5000)-SUMIF(XUAT!$E$1:$E$5000,DMHH!B98,XUAT!$L$1:$L$5000)","v":5389490.4474708177}]
[97,"LC 16","La cứng 16","Cây","LC",23,10100,232300,null,{"$f":"F99+SUMIF(NHAP!$D$1:$D$5000,B99,NHAP!$G$1:$G$5000)-SUMIF(XUAT!$E$1:$E$5000,B99,XUAT!$H$1:$H$5000)","v":-57},10100,{"$f":"H99+SUMIF(NHAP!$D$1:$D$5000,DMHH!B99,NHAP!$I$1:$I$5000)-SUMIF(XUAT!$E$1:$E$5000,DMHH!B99,XUAT!$L$1:$L$5000)","v":-575700}]
[98,"LC 18","La cứng 18","Cây","LC",87,14000,1218000,null,{"$f":"F100+SUMIF(NHAP!$D$1:$D$5000,B100,NHAP!$G$1:$G$5000)-SUMIF(XUAT!$E$1:$E$5000,B100,XUAT!$H$1:$H$5000)","v":84},14000,{"$f":"H100+SUMIF(NHAP!$D$1:$D$5000,DMHH!B100,NHAP!$I$1:$I$5000)-SUMIF(XUAT!$E$1:$E$5000,DMHH!B100,XUAT!$L$1:$L$5000)","v":1176000}]
[99,"LC 20","La cứng 20","Cây","LC",103,14100,1452300,null,{"$f":"F101+SUMIF(NHAP!$D$1:$D$5000,B101,NHAP!$G$1:$G$5000)-SUMIF(XUAT!$E$1:$E$5000,B101,XUAT!$H$1:$H$5000)","v":59},14100,{"$f":"H101+SUMIF(NHAP!$D$1:$D$5000,DMHH!B101,NHAP!$I$1:$I$5000)-SUMIF(XUAT!$E$1:$E$5000,DMHH!B101,XUAT!$L$1:$L$5000)","v":831900}]
[100,"LC 20 10","La cứng 20 10li","Cây","LC",16,70000,1120000,null,{"$f":"F102+SUMIF(NHAP!$D$1:$D$5000,B102,NHAP!$G$1:$G$5000)-SUMIF(XUAT!$E$1:$E$5000,B102,XUAT!$H$1:$H$5000)","v":16},70000,{"$f":"H102+SUMIF(NHAP!$D$1:$D$5000,DMHH!B102,NHAP!$I$1:$I$5000)-SUMIF(XUAT!$E$1:$E$5000,DMHH!B102,XUAT!$L$1:$L$5000)","v":1120000}]
[101,"LC 20 5","La cứng 20 5li","Cây","LC",9,22800,205200,null,{"$f":"F103+SUMIF(NHAP!$D$1:$D$5000,B103,NHAP!$G$1:$G$5000)-SUMIF(XUAT!$E$1:$E$5000,B103,XUAT!$H$1:$H$5000)","v":6},22800,{"$f":"H103+SUMIF(NHAP!$D$1:$D$5000,DMHH!B103,NHAP!$I$1:$I$5000)-SUMIF(XUAT!$E$1:$E$5000,DMHH!B103,XUAT!$L$1:$L$5000)","v":136800}]
[102,"LC 25","La cứng 25","Cây","LC",30,22800,684000,null,{"$f":"F104+SUMIF(NHAP!$D$1:$D$5000,B104,NHAP!$G$1:$G$5000)-SUMIF(XUAT!$E$1:$E$5000,B104,XUAT!$H$1:$H$5000)","v":15},22800,{"$f":"H104+SUMIF(NHAP!$D$1:$D$5000,DMHH!B104,NHAP!$I$1:$I$5000)-SUMIF(XUAT!$E$1:$E$5000,DMHH!B104,XUAT!$L$1:$L$5000)","v":342000}]
[103,"LC 25 10","La cứng 25 10li","Cây","LC",null,null,null,null,{"$f":"F105+SUMIF(NHAP!$D$1:$D$5000,B105,NHAP!$G$1:$G$5000)-SUMIF(XUAT!$E$1:$E$5000,B105,XUAT!$H$1:$H$5000)","v":0},0,{"$f":"H105+SUMIF(NHAP!$D$1:$D$5000,DMHH!B105,NHAP!$I$1:$I$5000)-SUMIF(XUAT!$E$1:$E$5000,DMHH!B105,XUAT!$L$1:$L$5000)","v":0}]
[104,"LC 25 5","La cứng 25 5li","Cây","LC",13,32000,416000,null,{"$f":"F106+SUMIF(NHAP!$D$1:$D$5000,B106,NHAP!$G$1:$G$5000)-SUMIF(XUAT!$E$1:$E$5000,B106,XUAT!$H$1:$H$5000)","v":13},32000,{"$f":"H106+SUMIF(NHAP!$D$1:$D$5000,DMHH!B106,NHAP!$I$1:$I$5000)-SUMIF(XUAT!$E$1:$E$5000,DMHH!B106,XUAT!$L$1:$L$5000)","v":416000}]
[105,"LC 30","La cứng 30","Cây","LC",61,17000,1037000,null,{"$f":"F107+SUMIF(NHAP!$D$1:$D$5000,B107,NHAP!$G$1:$G$5000)-SUMIF(XUAT!$E$1:$E$5000,B107,XUAT!$H$1:$H$5000)","v":11},17000,{"$f":"H107+SUMIF(NHAP!$D$1:$D$5000,DMHH!B107,NHAP!$I$1:$I$5000)-SUMIF(XUAT!$E$1:$E$5000,DMHH!B107,XUAT!$L$1:$L$5000)","v":187000}]
[106,"LC 30 4","La cứng 30 4li","Cây","LC",2,38000,76000,null,{"$f":"F108+SUMIF(NHAP!$D$1:$D$5000,B108,NHAP!$G$1:$G$5000)-SUMIF(XUAT!$E$1:$E$5000,B108,XUAT!$H$1:$H$5000)","v":1},38000,{"$f":"H108+SUMIF(NHAP!$D$1:$D$5000,DMHH!B108,NHAP!$I$1:$I$5000)-SUMIF(XUAT!$E$1:$E$5000,DMHH!B108,XUAT!$L$1:$L$5000)","v":38000}]
[107,"LC 30 5","La cứng 30 5li","Cây","LC",7,55000,385000,null,{"$f":"F109+SUMIF(NHAP!$D$1:$D$5000,B109,NHAP!$G$1:$G$5000)-SUMIF(XUAT!$E$1:$E$5000,B109,XUAT!$H$1:$H$5000)","v":1},46675.675675675739,{"$f":"H109+SUMIF(NHAP!$D$1:$D$5000,DMHH!B109,NHAP!$I$1:$I$5000)-SUMIF(XUAT!$E$1:$E$5000,DMHH!B109,XUAT!$L$1:$L$5000)","v":46675.675675675739}]
[108,"LC 40","La cứng 40","Cây","LC",34,26000,884000,null,{"$f":"F110+SUMIF(NHAP!$D$1:$D$5000,B110,NHAP!$G$1:$G$5000)-SUMIF(XUAT!$E$1:$E$5000,B110,XUAT!$H$1:$H$5000)","v":27},26000,{"$f":"H110+SUMIF(NHAP!$D$1:$D$5000,DMHH!B110,NHAP!$I$1:$I$5000)-SUMIF(XUAT!$E$1:$E$5000,DMHH!B110,XUAT!$L$1:$L$5000)","v":702000}]
[109,"LC 40 4","La cứng 40 4li","Cây","LC",9,62000,558000,null,{"$f":"F111+SUMIF(NHAP!$D$1:$D$5000,B111,NHAP!$G$1:$G$5000)-SUMIF(XUAT!$E$1:$E$5000,B111,XUAT!$H$1:$H$5000)","v":3},62000,{"$f":"H111+SUMIF(NHAP!$D$1:$D$5000,DMHH!B111,NHAP!$I$1:$I$5000)-SUMIF(XUAT!$E$1:$E$5000,DMHH!B111,XUAT!$L$1:$L$5000)","v":186000}]
[110,"LC 40 5","La cứng 40 5li","Cây","LC",1,65500,65500,null,{"$f":"F112+SUMIF(NHAP!$D$1:$D$5000,B112,NHAP!$G$1:$G$5000)-SUMIF(XUAT!$E$1:$E$5000,B112,XUAT!$H$1:$H$5000)","v":1},67227.272727272823,{"$f":"H112+SUMIF(NHAP!$D$1:$D$5000,DMHH!B112,NHAP!$I$1:$I$5000)-SUMIF(XUAT!$E$1:$E$5000,DMHH!B112,XUAT!$L$1:$L$5000)","v":67227.272727272823}]
[111,"LC 40 6","La cứng 40 6li","Cây","LC",5,93000,465000,null,{"$f":"F113+SUMIF(NHAP!$D$1:$D$5000,B113,NHAP!$G$1:$G$5000)-SUMIF(XUAT!$E$1:$E$5000,B113,XUAT!$H$1:$H$5000)","v":1},93000,{"$f":"H113+SUMIF(NHAP!$D$1:$D$5000,DMHH!B113,NHAP!$I$1:$I$5000)-SUMIF(XUAT!$E$1:$E$5000,DMHH!B113,XUAT!$L$1:$L$5000)","v":93000}]
[112,"LC 40 8","La cứng 40 8li","Cây","LC",10,105600,1056000,null,{"$f":"F114+SUMIF(NHAP!$D$1:$D$5000,B114,NHAP!$G$1:$G$5000)-SUMIF(XUAT!$E$1:$E$5000,B114,XUAT!$H$1:$H$5000)","v":10},105600,{"$f":"H114+SUMIF(NHAP!$D$1:$D$5000,DMHH!B114,NHAP!$I$1:$I$5000)-SUMIF(XUAT!$E$1:$E$5000,DMHH!B114,XUAT!$L$1:$L$5000)","v":1056000}]
[113,"LC 50","La cứng 50","Cây","LC",1,35000,35000,null,{"$f":"F115+SUMIF(NHAP!$D$1:$D$5000,B115,NHAP!$G$1:$G$5000)-SUMIF(XUAT!$E$1:$E$5000,B115,XUAT!$H$1:$H$5000)","v":1},35000,{"$f":"H115+SUMIF(NHAP!$D$1:$D$5000,DMHH!B115,NHAP!$I$1:$I$5000)-SUMIF(XUAT!$E$1:$E$5000,DMHH!B115,XUAT!$L$1:$L$5000)","v":35000}]
[114,"LC 50 5","La cứng 50 5li","Cây","LC",13,86000,1118000,null,{"$f":"F116+SUMIF(NHAP!$D$1:$D$5000,B116,NHAP!$G$1:$G$5000)-SUMIF(XUAT!$E$1:$E$5000,B116,XUAT!$H$1:$H$5000)","v":9},86000,{"$f":"H116+SUMIF(NHAP!$D$1:$D$5000,DMHH!B116,NHAP!$I$1:$I$5000)-SUMIF(XUAT!$E$1:$E$5000,DMHH!B116,XUAT!$L$1:$L$5000)","v":774000}]
[115,"LC 60 5","La cứng 60 5li","Cây","LC",8,60200,481600,null,{"$f":"F117+SUMIF(NHAP!$D$1:$D$5000,B117,NHAP!$G$1:$G$5000)-SUMIF(XUAT!$E$1:$E$5000,B117,XUAT!$H$1:$H$5000)","v":8},60200,{"$f":"H117+SUMIF(NHAP!$D$1:$D$5000,DMHH!B117,NHAP!$I$1:$I$5000)-SUMIF(XUAT!$E$1:$E$5000,DMHH!B117,XUAT!$L$1:$L$5000)","v":481600}]
[116,"LCK 2.0M","Lá cửa kéo 2.0m","Lá","LCK",128,null,null,null,{"$f":"F118+SUMIF(NHAP!$D$1:$D$5000,B118,NHAP!$G$1:$G$5000)-SUMIF(XUAT!$E$1:$E$5000,B118,XUAT!$H$1:$H$5000)","v":128},0,{"$f":"H118+SUMIF(NHAP!$D$1:$D$5000,DMHH!B118,NHAP!$I$1:$I$5000)-SUMIF(XUAT!$E$1:$E$5000,DMHH!B118,XUAT!$L$1:$L$5000)","v":0}]
[117,"LCK 2.5M","Lá cửa kéo 2.5m","Lá","LCK",142,null,null,null,{"$f":"F119+SUMIF(NHAP!$D$1:$D$5000,B119,NHAP!$G$1:$G$5000)-SUMIF(XUAT!$E$1:$E$5000,B119,XUAT!$H$1:$H$5000)","v":142},0,{"$f":"H119+SUMIF(NHAP!$D$1:$D$5000,DMHH!B119,NHAP!$I$1:$I$5000)-SUMIF(XUAT!$E$1:$E$5000,DMHH!B119,XUAT!$L$1:$L$5000)","v":0}]
[118,"MANG30 1.2 4M","Máng cửa sổ 30 (1.2) 4m","Cây","MT",18,90000,1620000,null,{"$f":"F120+SUMIF(NHAP!$D$1:$D$5000,B120,NHAP!$G$1:$G$5000)-SUMIF(XUAT!$E$1:$E$5000,B120,XUAT!$H$1:$H$5000)","v":11},86871.794871794817,{"$f":"H120+SUMIF(NHAP!$D$1:$D$5000,DMHH!B120,NHAP!$I$1:$I$5000)-SUMIF(XUAT!$E$1:$E$5000,DMHH!B120,XUAT!$L$1:$L$5000)","v":955589.74358974304}]
[119,"MANG30 1.2 5M","Máng cửa sổ 30 (1.2) 5m","Cây","MT",16,112500,1800000,null,{"$f":"F121+SUMIF(NHAP!$D$1:$D$5000,B121,NHAP!$G$1:$G$5000)-SUMIF(XUAT!$E$1:$E$5000,B121,XUAT!$H$1:$H$5000)","v":20},106944.44444444445,{"$f":"H121+SUMIF(NHAP!$D$1:$D$5000,DMHH!B121,NHAP!$I$1:$I$5000)-SUMIF(XUAT!$E$1:$E$5000,DMHH!B121,XUAT!$L$1:$L$5000)","v":2138888.888888889}]
[120,"MANG30 1.2 6M","Máng cửa sổ 30 (1.2) 6m","Cây","MT",24,135000,3240000,null,{"$f":"F122+SUMIF(NHAP!$D$1:$D$5000,B122,NHAP!$G$1:$G$5000)-SUMIF(XUAT!$E$1:$E$5000,B122,XUAT!$H$1:$H$5000)","v":25},126063.82978723406,{"$f":"H122+SUMIF(NHAP!$D$1:$D$5000,DMHH!B122,NHAP!$I$1:$I$5000)-SUMIF(XUAT!$E$1:$E$5000,DMHH!B122,XUAT!$L$1:$L$5000)","v":3151595.7446808517}]
[121,"MANG36 1.2 4M","Máng cửa đi 36 (1.2) 4m","Cây","MT",11,130000,1430000,null,{"$f":"F123+SUMIF(NHAP!$D$1:$D$5000,B123,NHAP!$G$1:$G$5000)-SUMIF(XUAT!$E$1:$E$5000,B123,XUAT!$H$1:$H$5000)","v":21},109354.83870967741,{"$f":"H123+SUMIF(NHAP!$D$1:$D$5000,DMHH!B123,NHAP!$I$1:$I$5000)-SUMIF(XUAT!$E$1:$E$5000,DMHH!B123,XUAT!$L$1:$L$5000)","v":2296451.6129032257}]
[122,"MANG36 1.2 5M","Máng cửa đi 36 (1.2) 5m","Cây","MT",18,150000,2700000,null,{"$f":"F124+SUMIF(NHAP!$D$1:$D$5000,B124,NHAP!$G$1:$G$5000)-SUMIF(XUAT!$E$1:$E$5000,B124,XUAT!$H$1:$H$5000)","v":30},137058.82352941175,{"$f":"H124+SUMIF(NHAP!$D$1:$D$5000,DMHH!B124,NHAP!$I$1:$I$5000)-SUMIF(XUAT!$E$1:$E$5000,DMHH!B124,XUAT!$L$1:$L$5000)","v":4111764.7058823528}]
[123,"MANG36 1.2 6M","Máng cửa đi 36 (1.2) 6m","Cây","MT",19,156000,2964000,null,{"$f":"F125+SUMIF(NHAP!$D$1:$D$5000,B125,NHAP!$G$1:$G$5000)-SUMIF(XUAT!$E$1:$E$5000,B125,XUAT!$H$1:$H$5000)","v":27},147247.05882352943,{"$f":"H125+SUMIF(NHAP!$D$1:$D$5000,DMHH!B125,NHAP!$I$1:$I$5000)-SUMIF(XUAT!$E$1:$E$5000,DMHH!B125,XUAT!$L$1:$L$5000)","v":3975670.5882352944}]
[124,"MANG36 1.4 6M","Máng cửa đi 36 (1.4) 6m","Cây","MT",10,180000,1800000,null,{"$f":"F126+SUMIF(NHAP!$D$1:$D$5000,B126,NHAP!$G$1:$G$5000)-SUMIF(XUAT!$E$1:$E$5000,B126,XUAT!$H$1:$H$5000)","v":16},175500,{"$f":"H126+SUMIF(NHAP!$D$1:$D$5000,DMHH!B126,NHAP!$I$1:$I$5000)-SUMIF(XUAT!$E$1:$E$5000,DMHH!B126,XUAT!$L$1:$L$5000)","v":2808000}]
[125,"MANG48 1.4 4M Đ","Máng cửa đi 48 (1.4) 4m đen","Cây","MT",7,220000,1540000,null,{"$f":"F127+SUMIF(NHAP!$D$1:$D$5000,B127,NHAP!$G$1:$G$5000)-SUMIF(XUAT!$E$1:$E$5000,B127,XUAT!$H$1:$H$5000)","v":7},220000,{"$f":"H127+SUMIF(NHAP!$D$1:$D$5000,DMHH!B127,NHAP!$I$1:$I$5000)-SUMIF(XUAT!$E$1:$E$5000,DMHH!B127,XUAT!$L$1:$L$5000)","v":1540000}]
[126,"MCK 2.5M","Máng cửa kéo 2.5m","Cây","MCK",27,null,null,null,{"$f":"F128+SUMIF(NHAP!$D$1:$D$5000,B128,NHAP!$G$1:$G$5000)-SUMIF(XUAT!$E$1:$E$5000,B128,XUAT!$H$1:$H$5000)","v":8},0,{"$f":"H128+SUMIF(NHAP!$D$1:$D$5000,DMHH!B128,NHAP!$I$1:$I$5000)-SUMIF(XUAT!$E$1:$E$5000,DMHH!B128,XUAT!$L$1:$L$5000)","v":0}]
[127,"MCK 2M","Máng cửa kéo 2m","Cây","MCK",20,null,null,null,{"$f":"F129+SUMIF(NHAP!$D$1:$D$5000,B129,NHAP!$G$1:$G$5000)-SUMIF(XUAT!$E$1:$E$5000,B129,XUAT!$H$1:$H$5000)","v":18},0,{"$f":"H129+SUMIF(NHAP!$D$1:$D$5000,DMHH!B129,NHAP!$I$1:$I$5000)-SUMIF(XUAT!$E$1:$E$5000,DMHH!B129,XUAT!$L$1:$L$5000)","v":0}]
[128,"NCL","Nẹp tam giác Lớn (8kg)","Cây","NC",1224,13300,16279200,null,{"$f":"F130+SUMIF(NHAP!$D$1:$D$5000,B130,NHAP!$G$1:$G$5000)-SUMIF(XUAT!$E$1:$E$5000,B130,XUAT!$H$1:$H$5000)","v":777},13300,{"$f":"H130+SUMIF(NHAP!$D$1:$D$5000,DMHH!B130,NHAP!$I$1:$I$5000)-SUMIF(XUAT!$E$1:$E$5000,DMHH!B130,XUAT!$L$1:$L$5000)","v":10334100}]
[129,"NCL1","Nẹp tam giác lớn (7kg)","Cây","NC",86,13300,1143800,null,{"$f":"F131+SUMIF(NHAP!$D$1:$D$5000,B131,NHAP!$G$1:$G$5000)-SUMIF(XUAT!$E$1:$E$5000,B131,XUAT!$H$1:$H$5000)","v":86},13300,{"$f":"H131+SUMIF(NHAP!$D$1:$D$5000,DMHH!B131,NHAP!$I$1:$I$5000)-SUMIF(XUAT!$E$1:$E$5000,DMHH!B131,XUAT!$L$1:$L$5000)","v":1143800}]
[130,"NCN","Nẹp tam giác Nhỏ","Cây","NC",336,7400,2486400,null,{"$f":"F132+SUMIF(NHAP!$D$1:$D$5000,B132,NHAP!$G$1:$G$5000)-SUMIF(XUAT!$E$1:$E$5000,B132,XUAT!$H$1:$H$5000)","v":297},{"$f":"IF(J132=0,0,L132/J132)","v":7400},{"$f":"H132+SUMIF(NHAP!$D$1:$D$5000,DMHH!B132,NHAP!$I$1:$I$5000)-SUMIF(XUAT!$E$1:$E$5000,DMHH!B132,XUAT!$L$1:$L$5000)","v":2197800}]
[131,"OD114 1.4","Ống đen 114 (1.4)","Cây","OD",null,null,null,null,{"$f":"F133+SUMIF(NHAP!$D$1:$D$5000,B133,NHAP!$G$1:$G$5000)-SUMIF(XUAT!$E$1:$E$5000,B133,XUAT!$H$1:$H$5000)","v":0},0,{"$f":"H133+SUMIF(NHAP!$D$1:$D$5000,DMHH!B133,NHAP!$I$1:$I$5000)-SUMIF(XUAT!$E$1:$E$5000,DMHH!B133,XUAT!$L$1:$L$5000)","v":0}]
[132,"OD114 2.0","Ống đen 114 (2.0)","Cây","OD",null,null,null,null,{"$f":"F134+SUMIF(NHAP!$D$1:$D$5000,B134,NHAP!$G$1:$G$5000)-SUMIF(XUAT!$E$1:$E$5000,B134,XUAT!$H$1:$H$5000)","v":0},0,{"$f":"H134+SUMIF(NHAP!$D$1:$D$5000,DMHH!B134,NHAP!$I$1:$I$5000)-SUMIF(XUAT!$E$1:$E$5000,DMHH!B134,XUAT!$L$1:$L$5000)","v":0}]
[133,"OD140 2.0","Ống đen 140 (2.0)","Cây","OD",null,null,null,null,{"$f":"F135+SUMIF(NHAP!$D$1:$D$5000,B135,NHAP!$G$1:$G$5000)-SUMIF(XUAT!$E$1:$E$5000,B135,XUAT!$H$1:$H$5000)","v":0},0,{"$f":"H135+SUMIF(NHAP!$D$1:$D$5000,DMHH!B135,NHAP!$I$1:$I$5000)-SUMIF(XUAT!$E$1:$E$5000,DMHH!B135,XUAT!$L$1:$L$5000)","v":0}]
[134,"OD16 0.5","Ống đen 16 (0.5)","Cây","OD",2871,23720,68100120,null,{"$f":"F136+SUMIF(NHAP!$D$1:$D$5000,B136,NHAP!$G$1:$G$5000)-SUMIF(XUAT!$E$1:$E$5000,B136,XUAT!$H$1:$H$5000)","v":1571},23539.044793829722,{"$f":"H136+SUMIF(NHAP!$D$1:$D$5000,DMHH!B136,NHAP!$I$1:$I$5000)-SUMIF(XUAT!$E$1:$E$5000,DMHH!B136,XUAT!$L$1:$L$5000)","v":36979839.37110649}]
[135,"OD168.3 4.0","Ống đen 168.3 (4.0)","Cây","OD",20,1435000,28700000,null,{"$f":"F137+SUMIF(NHAP!$D$1:$D$5000,B137,NHAP!$G$1:$G$5000)-SUMIF(XUAT!$E$1:$E$5000,B137,XUAT!$H$1:$H$5000)","v":0},0,{"$f":"H137+SUMIF(NHAP!$D$1:$D$5000,DMHH!B137,NHAP!$I$1:$I$5000)-SUMIF(XUAT!$E$1:$E$5000,DMHH!B137,XUAT!$L$1:$L$5000)","v":0}]
[136,"OD22 0.6","Ống đen 22 (0.6)","Cây","OD",20,36500,730000,null,{"$f":"F138+SUMIF(NHAP!$D$1:$D$5000,B138,NHAP!$G$1:$G$5000)-SUMIF(XUAT!$E$1:$E$5000,B138,XUAT!$H$1:$H$5000)","v":0},0,{"$f":"H138+SUMIF(NHAP!$D$1:$D$5000,DMHH!B138,NHAP!$I$1:$I$5000)-SUMIF(XUAT!$E$1:$E$5000,DMHH!B138,XUAT!$L$1:$L$5000)","v":0}]
[137,"OD27 1.2","Ống đen 27 (1.2)","Cây","OD",null,null,null,null,{"$f":"F139+SUMIF(NHAP!$D$1:$D$5000,B139,NHAP!$G$1:$G$5000)-SUMIF(XUAT!$E$1:$E$5000,B139,XUAT!$H$1:$H$5000)","v":0},0,{"$f":"H139+SUMIF(NHAP!$D$1:$D$5000,DMHH!B139,NHAP!$I$1:$I$5000)-SUMIF(XUAT!$E$1:$E$5000,DMHH!B139,XUAT!$L$1:$L$5000)","v":0}]
[138,"OD27 1.4","Ống đen 27 (1.4)","Cây","OD",null,null,null,null,{"$f":"F140+SUMIF(NHAP!$D$1:$D$5000,B140,NHAP!$G$1:$G$5000)-SUMIF(XUAT!$E$1:$E$5000,B140,XUAT!$H$1:$H$5000)","v":0},0,{"$f":"H140+SUMIF(NHAP!$D$1:$D$5000,DMHH!B140,NHAP!$I$1:$I$5000)-SUMIF(XUAT!$E$1:$E$5000,DMHH!B140,XUAT!$L$1:$L$5000)","v":0}]
[139,"OD34 1.1","Ống đen 34 (1.1)","Cây","OD",24,74000,1776000,null,{"$f":"F141+SUMIF(NHAP!$D$1:$D$5000,B141,NHAP!$G$1:$G$5000)-SUMIF(XUAT!$E$1:$E$5000,B141,XUAT!$H$1:$H$5000)","v":18},74000,{"$f":"H141+SUMIF(NHAP!$D$1:$D$5000,DMHH!B141,NHAP!$I$1:$I$5000)-SUMIF(XUAT!$E$1:$E$5000,DMHH!B141,XUAT!$L$1:$L$5000)","v":1332000}]
[140,"OD34 1.2","Ống đen 34 (1.2)","Cây","OD",null,null,null,null,{"$f":"F142+SUMIF(NHAP!$D$1:$D$5000,B142,NHAP!$G$1:$G$5000)-SUMIF(XUAT!$E$1:$E$5000,B142,XUAT!$H$1:$H$5000)","v":-11},0,{"$f":"H142+SUMIF(NHAP!$D$1:$D$5000,DMHH!B142,NHAP!$I$1:$I$5000)-SUMIF(XUAT!$E$1:$E$5000,DMHH!B142,XUAT!$L$1:$L$5000)","v":0}]
[141,"OD34 1.4","Ống đen 34 (1.4)","Cây","OD",null,null,null,null,{"$f":"F143+SUMIF(NHAP!$D$1:$D$5000,B143,NHAP!$G$1:$G$5000)-SUMIF(XUAT!$E$1:$E$5000,B143,XUAT!$H$1:$H$5000)","v":0},0,{"$f":"H143+SUMIF(NHAP!$D$1:$D$5000,DMHH!B143,NHAP!$I$1:$I$5000)-SUMIF(XUAT!$E$1:$E$5000,DMHH!B143,XUAT!$L$1:$L$5000)","v":0}]
[142,"OD42 1.2","Ống đen 42 (1.2)","Cây","OD",null,null,null,null,{"$f":"F144+SUMIF(NHAP!$D$1:$D$5000,B144,NHAP!$G$1:$G$5000)-SUMIF(XUAT!$E$1:$E$5000,B144,XUAT!$H$1:$H$5000)","v":0},0,{"$f":"H144+SUMIF(NHAP!$D$1:$D$5000,DMHH!B144,NHAP!$I$1:$I$5000)-SUMIF(XUAT!$E$1:$E$5000,DMHH!B144,XUAT!$L$1:$L$5000)","v":0}]
[143,"OD42 1.4","Ống đen 42 (1.4)","Cây","OD",null,null,null,null,{"$f":"F145+SUMIF(NHAP!$D$1:$D$5000,B145,NHAP!$G$1:$G$5000)-SUMIF(XUAT!$E$1:$E$5000,B145,XUAT!$H$1:$H$5000)","v":0},0,{"$f":"H145+SUMIF(NHAP!$D$1:$D$5000,DMHH!B145,NHAP!$I$1:$I$5000)-SUMIF(XUAT!$E$1:$E$5000,DMHH!B145,XUAT!$L$1:$L$5000)","v":0}]
[144,"OD49 3.0","Ông đen 49(3.0)","cây","OD",4,198000,792000,null,{"$f":"F146+SUMIF(NHAP!$D$1:$D$5000,B146,NHAP!$G$1:$G$5000)-SUMIF(XUAT!$E$1:$E$5000,B146,XUAT!$H$1:$H$5000)","v":4},198000,{"$f":"H146+SUMIF(NHAP!$D$1:$D$5000,DMHH!B146,NHAP!$I$1:$I$5000)-SUMIF(XUAT!$E$1:$E$5000,DMHH!B146,XUAT!$L$1:$L$5000)","v":792000}]
[145,"OD60 1.2","Ống đen 60 (1.2)","Cây","OD",null,null,null,null,{"$f":"F147+SUMIF(NHAP!$D$1:$D$5000,B147,NHAP!$G$1:$G$5000)-SUMIF(XUAT!$E$1:$E$5000,B147,XUAT!$H$1:$H$5000)","v":0},0,{"$f":"H147+SUMIF(NHAP!$D$1:$D$5000,DMHH!B147,NHAP!$I$1:$I$5000)-SUMIF(XUAT!$E$1:$E$5000,DMHH!B147,XUAT!$L$1:$L$5000)","v":0}]
[146,"OD60 1.4","Ống đen 60 (1.4)","Cây","OD",null,null,null,null,{"$f":"F148+SUMIF(NHAP!$D$1:$D$5000,B148,NHAP!$G$1:$G$5000)-SUMIF(XUAT!$E$1:$E$5000,B148,XUAT!$H$1:$H$5000)","v":0},0,{"$f":"H148+SUMIF(NHAP!$D$1:$D$5000,DMHH!B148,NHAP!$I$1:$I$5000)-SUMIF(XUAT!$E$1:$E$5000,DMHH!B148,XUAT!$L$1:$L$5000)","v":0}]
[147,"OD60 3.0","Ống đen 60 (3.0)","Cây","OD",2,364000,728000,null,{"$f":"F149+SUMIF(NHAP!$D$1:$D$5000,B149,NHAP!$G$1:$G$5000)-SUMIF(XUAT!$E$1:$E$5000,B149,XUAT!$H$1:$H$5000)","v":4},364000,{"$f":"H149+SUMIF(NHAP!$D$1:$D$5000,DMHH!B149,NHAP!$I$1:$I$5000)-SUMIF(XUAT!$E$1:$E$5000,DMHH!B149,XUAT!$L$1:$L$5000)","v":1456000}]
[148,"OD76 1.4","Ông đen 76(1.4)","cây","OD",null,null,null,null,{"$f":"F150+SUMIF(NHAP!$D$1:$D$5000,B150,NHAP!$G$1:$G$5000)-SUMIF(XUAT!$E$1:$E$5000,B150,XUAT!$H$1:$H$5000)","v":0},0,{"$f":"H150+SUMIF(NHAP!$D$1:$D$5000,DMHH!B150,NHAP!$I$1:$I$5000)-SUMIF(XUAT!$E$1:$E$5000,DMHH!B150,XUAT!$L$1:$L$5000)","v":0}]
[149,"OD76 1.8","Ông đen 76 (1.8)","cây","OD",null,null,null,null,{"$f":"F151+SUMIF(NHAP!$D$1:$D$5000,B151,NHAP!$G$1:$G$5000)-SUMIF(XUAT!$E$1:$E$5000,B151,XUAT!$H$1:$H$5000)","v":0},0,{"$f":"H151+SUMIF(NHAP!$D$1:$D$5000,DMHH!B151,NHAP!$I$1:$I$5000)-SUMIF(XUAT!$E$1:$E$5000,DMHH!B151,XUAT!$L$1:$L$5000)","v":0}]
[150,"OD90 1.4","Ống đen 90 (1.4)","Cây","OD",9,288500,2596500,null,{"$f":"F152+SUMIF(NHAP!$D$1:$D$5000,B152,NHAP!$G$1:$G$5000)-SUMIF(XUAT!$E$1:$E$5000,B152,XUAT!$H$1:$H$5000)","v":1},293884.61538461549,{"$f":"H152+SUMIF(NHAP!$D$1:$D$5000,DMHH!B152,NHAP!$I$1:$I$5000)-SUMIF(XUAT!$E$1:$E$5000,DMHH!B152,XUAT!$L$1:$L$5000)","v":293884.61538461549}]
[151,"OK114 1.4","Ống kẽm 114 (1.4)","Cây","OK",null,null,null,null,{"$f":"F153+SUMIF(NHAP!$D$1:$D$5000,B153,NHAP!$G$1:$G$5000)-SUMIF(XUAT!$E$1:$E$5000,B153,XUAT!$H$1:$H$5000)","v":0},0,{"$f":"H153+SUMIF(NHAP!$D$1:$D$5000,DMHH!B153,NHAP!$I$1:$I$5000)-SUMIF(XUAT!$E$1:$E$5000,DMHH!B153,XUAT!$L$1:$L$5000)","v":0}]
[152,"OK114 1.8","ống kẽm 114 (1.8)","Cây","OK",null,null,null,null,{"$f":"F154+SUMIF(NHAP!$D$1:$D$5000,B154,NHAP!$G$1:$G$5000)-SUMIF(XUAT!$E$1:$E$5000,B154,XUAT!$H$1:$H$5000)","v":10},433033.74193548335,{"$f":"H154+SUMIF(NHAP!$D$1:$D$5000,DMHH!B154,NHAP!$I$1:$I$5000)-SUMIF(XUAT!$E$1:$E$5000,DMHH!B154,XUAT!$L$1:$L$5000)","v":4330337.4193548337}]
[153,"OK114 2.0","Ống kẽm 114 (2.0)","Cây","OK",null,null,null,null,{"$f":"F155+SUMIF(NHAP!$D$1:$D$5000,B155,NHAP!$G$1:$G$5000)-SUMIF(XUAT!$E$1:$E$5000,B155,XUAT!$H$1:$H$5000)","v":0},0,{"$f":"H155+SUMIF(NHAP!$D$1:$D$5000,DMHH!B155,NHAP!$I$1:$I$5000)-SUMIF(XUAT!$E$1:$E$5000,DMHH!B155,XUAT!$L$1:$L$5000)","v":0}]
[154,"OK114 2.5 HP","Ống kẽm 114 (2.6) Hòa Phát","Cây","OK",2,800000,1600000,null,{"$f":"F156+SUMIF(NHAP!$D$1:$D$5000,B156,NHAP!$G$1:$G$5000)-SUMIF(XUAT!$E$1:$E$5000,B156,XUAT!$H$1:$H$5000)","v":2},800000,{"$f":"H156+SUMIF(NHAP!$D$1:$D$5000,DMHH!B156,NHAP!$I$1:$I$5000)-SUMIF(XUAT!$E$1:$E$5000,DMHH!B156,XUAT!$L$1:$L$5000)","v":1600000}]
[155,"OK21 0.9","Ống kẽm 21 (0.9)","Cây","OK",4,50000,200000,null,{"$f":"F157+SUMIF(NHAP!$D$1:$D$5000,B157,NHAP!$G$1:$G$5000)-SUMIF(XUAT!$E$1:$E$5000,B157,XUAT!$H$1:$H$5000)","v":4},50000,{"$f":"H157+SUMIF(NHAP!$D$1:$D$5000,DMHH!B157,NHAP!$I$1:$I$5000)-SUMIF(XUAT!$E$1:$E$5000,DMHH!B157,XUAT!$L$1:$L$5000)","v":200000}]
[156,"OK21 1.1","Ống kẽm 21 (1.1)","Cây","OK",1,57300,57300,null,{"$f":"F158+SUMIF(NHAP!$D$1:$D$5000,B158,NHAP!$G$1:$G$5000)-SUMIF(XUAT!$E$1:$E$5000,B158,XUAT!$H$1:$H$5000)","v":3},49395.238095238106,{"$f":"H158+SUMIF(NHAP!$D$1:$D$5000,DMHH!B158,NHAP!$I$1:$I$5000)-SUMIF(XUAT!$E$1:$E$5000,DMHH!B158,XUAT!$L$1:$L$5000)","v":148185.71428571432}]
[157,"OK21 1.2 ","Ống kẽm 21 (1.2) ","Cây","OK",2,60500,114600,null,{"$f":"F159+SUMIF(NHAP!$D$1:$D$5000,B159,NHAP!$G$1:$G$5000)-SUMIF(XUAT!$E$1:$E$5000,B159,XUAT!$H$1:$H$5000)","v":10},54696.774193548386,{"$f":"H159+SUMIF(NHAP!$D$1:$D$5000,DMHH!B159,NHAP!$I$1:$I$5000)-SUMIF(XUAT!$E$1:$E$5000,DMHH!B159,XUAT!$L$1:$L$5000)","v":546967.74193548388}]
[158,"OK21 1.3","Ống kẽm 21 (1.3)","Cây","OK",null,null,null,null,{"$f":"F160+SUMIF(NHAP!$D$1:$D$5000,B160,NHAP!$G$1:$G$5000)-SUMIF(XUAT!$E$1:$E$5000,B160,XUAT!$H$1:$H$5000)","v":0},0,{"$f":"H160+SUMIF(NHAP!$D$1:$D$5000,DMHH!B160,NHAP!$I$1:$I$5000)-SUMIF(XUAT!$E$1:$E$5000,DMHH!B160,XUAT!$L$1:$L$5000)","v":0}]
[159,"OK21 1.4","Ống kẽm 21 (1.4)","Cây","OK",10,60000,600000,null,{"$f":"F161+SUMIF(NHAP!$D$1:$D$5000,B161,NHAP!$G$1:$G$5000)-SUMIF(XUAT!$E$1:$E$5000,B161,XUAT!$H$1:$H$5000)","v":8},62090.909090909117,{"$f":"H161+SUMIF(NHAP!$D$1:$D$5000,DMHH!B161,NHAP!$I$1:$I$5000)-SUMIF(XUAT!$E$1:$E$5000,DMHH!B161,XUAT!$L$1:$L$5000)","v":496727.27272727294}]
[160,"OK21 1.8","Ống kẽm 21 (1.8)","Cây","OK",null,null,null,null,{"$f":"F162+SUMIF(NHAP!$D$1:$D$5000,B162,NHAP!$G$1:$G$5000)-SUMIF(XUAT!$E$1:$E$5000,B162,XUAT!$H$1:$H$5000)","v":0},0,{"$f":"H162+SUMIF(NHAP!$D$1:$D$5000,DMHH!B162,NHAP!$I$1:$I$5000)-SUMIF(XUAT!$E$1:$E$5000,DMHH!B162,XUAT!$L$1:$L$5000)","v":0}]
[161,"OK27 1.1","Ống kẽm 27 (1.1)","Cây","OK",4,67900,271600,null,{"$f":"F163+SUMIF(NHAP!$D$1:$D$5000,B163,NHAP!$G$1:$G$5000)-SUMIF(XUAT!$E$1:$E$5000,B163,XUAT!$H$1:$H$5000)","v":4},67900,{"$f":"H163+SUMIF(NHAP!$D$1:$D$5000,DMHH!B163,NHAP!$I$1:$I$5000)-SUMIF(XUAT!$E$1:$E$5000,DMHH!B163,XUAT!$L$1:$L$5000)","v":271600}]
[162,"OK27 1.2","Ống kẽm 27 (1.2)","Cây","OK",10,68500,685000,null,{"$f":"F164+SUMIF(NHAP!$D$1:$D$5000,B164,NHAP!$G$1:$G$5000)-SUMIF(XUAT!$E$1:$E$5000,B164,XUAT!$H$1:$H$5000)","v":8},68000,{"$f":"H164+SUMIF(NHAP!$D$1:$D$5000,DMHH!B164,NHAP!$I$1:$I$5000)-SUMIF(XUAT!$E$1:$E$5000,DMHH!B164,XUAT!$L$1:$L$5000)","v":544000}]
[163,"OK27 1.3","Ống kẽm 27 (1.3)","Cây","OK",3,84200,252600,null,{"$f":"F165+SUMIF(NHAP!$D$1:$D$5000,B165,NHAP!$G$1:$G$5000)-SUMIF(XUAT!$E$1:$E$5000,B165,XUAT!$H$1:$H$5000)","v":0},0,{"$f":"H165+SUMIF(NHAP!$D$1:$D$5000,DMHH!B165,NHAP!$I$1:$I$5000)-SUMIF(XUAT!$E$1:$E$5000,DMHH!B165,XUAT!$L$1:$L$5000)","v":0}]
[164,"OK27 1.4 ","Ống kẽm 27 (1.4) ","Cây","OK",null,null,null,null,{"$f":"F166+SUMIF(NHAP!$D$1:$D$5000,B166,NHAP!$G$1:$G$5000)-SUMIF(XUAT!$E$1:$E$5000,B166,XUAT!$H$1:$H$5000)","v":11},78166.666666666657,{"$f":"H166+SUMIF(NHAP!$D$1:$D$5000,DMHH!B166,NHAP!$I$1:$I$5000)-SUMIF(XUAT!$E$1:$E$5000,DMHH!B166,XUAT!$L$1:$L$5000)","v":859833.33333333326}]
[165,"OK27 1.7","Ống kẽm 27 (1.7)","Cây","OK",1,104000,104000,null,{"$f":"F167+SUMIF(NHAP!$D$1:$D$5000,B167,NHAP!$G$1:$G$5000)-SUMIF(XUAT!$E$1:$E$5000,B167,XUAT!$H$1:$H$5000)","v":1},96459.375,{"$f":"H167+SUMIF(NHAP!$D$1:$D$5000,DMHH!B167,NHAP!$I$1:$I$5000)-SUMIF(XUAT!$E$1:$E$5000,DMHH!B167,XUAT!$L$1:$L$5000)","v":96459.375}]
[166,"OK27 1.8","Ống kẽm 27 (1.8)","Cây","OK",6,108600,651600,null,{"$f":"F168+SUMIF(NHAP!$D$1:$D$5000,B168,NHAP!$G$1:$G$5000)-SUMIF(XUAT!$E$1:$E$5000,B168,XUAT!$H$1:$H$5000)","v":9},101917.07317073178,{"$f":"H168+SUMIF(NHAP!$D$1:$D$5000,DMHH!B168,NHAP!$I$1:$I$5000)-SUMIF(XUAT!$E$1:$E$5000,DMHH!B168,XUAT!$L$1:$L$5000)","v":917253.65853658598}]
[167,"OK34 1.1","Ống kẽm 34 (1.1)","Cây","OK",1,82000,82000,null,{"$f":"F169+SUMIF(NHAP!$D$1:$D$5000,B169,NHAP!$G$1:$G$5000)-SUMIF(XUAT!$E$1:$E$5000,B169,XUAT!$H$1:$H$5000)","v":1},82000,{"$f":"H169+SUMIF(NHAP!$D$1:$D$5000,DMHH!B169,NHAP!$I$1:$I$5000)-SUMIF(XUAT!$E$1:$E$5000,DMHH!B169,XUAT!$L$1:$L$5000)","v":82000}]
[168,"OK34 1.2","Ống kẽm 34 (1.2)","Cây","OK",15,83900,1258500,null,{"$f":"F170+SUMIF(NHAP!$D$1:$D$5000,B170,NHAP!$G$1:$G$5000)-SUMIF(XUAT!$E$1:$E$5000,B170,XUAT!$H$1:$H$5000)","v":12},85925,{"$f":"H170+SUMIF(NHAP!$D$1:$D$5000,DMHH!B170,NHAP!$I$1:$I$5000)-SUMIF(XUAT!$E$1:$E$5000,DMHH!B170,XUAT!$L$1:$L$5000)","v":1031100}]
[169,"OK34 1.4","Ống kẽm 34 (1.4)","Cây","OK",7,101700,711900,null,{"$f":"F171+SUMIF(NHAP!$D$1:$D$5000,B171,NHAP!$G$1:$G$5000)-SUMIF(XUAT!$E$1:$E$5000,B171,XUAT!$H$1:$H$5000)","v":16},94735.141025641002,{"$f":"H171+SUMIF(NHAP!$D$1:$D$5000,DMHH!B171,NHAP!$I$1:$I$5000)-SUMIF(XUAT!$E$1:$E$5000,DMHH!B171,XUAT!$L$1:$L$5000)","v":1515762.256410256}]
[170,"OK34 1.7","Ống kẽm 34 (1.7)","Cây","OK",8,132100,1056800,null,{"$f":"F172+SUMIF(NHAP!$D$1:$D$5000,B172,NHAP!$G$1:$G$5000)-SUMIF(XUAT!$E$1:$E$5000,B172,XUAT!$H$1:$H$5000)","v":8},132100,{"$f":"H172+SUMIF(NHAP!$D$1:$D$5000,DMHH!B172,NHAP!$I$1:$I$5000)-SUMIF(XUAT!$E$1:$E$5000,DMHH!B172,XUAT!$L$1:$L$5000)","v":1056800}]
[171,"OK34 1.8","Ống kẽm 34 (1.8)","Cây","OK",10,132100,1321000,null,{"$f":"F173+SUMIF(NHAP!$D$1:$D$5000,B173,NHAP!$G$1:$G$5000)-SUMIF(XUAT!$E$1:$E$5000,B173,XUAT!$H$1:$H$5000)","v":5},133515.3846153846,{"$f":"H173+SUMIF(NHAP!$D$1:$D$5000,DMHH!B173,NHAP!$I$1:$I$5000)-SUMIF(XUAT!$E$1:$E$5000,DMHH!B173,XUAT!$L$1:$L$5000)","v":667576.92307692301}]
[172,"OK34 2.3","Ống kẽm 34 (2.3)","Cây","OK",null,null,null,null,{"$f":"F174+SUMIF(NHAP!$D$1:$D$5000,B174,NHAP!$G$1:$G$5000)-SUMIF(XUAT!$E$1:$E$5000,B174,XUAT!$H$1:$H$5000)","v":0},0,{"$f":"H174+SUMIF(NHAP!$D$1:$D$5000,DMHH!B174,NHAP!$I$1:$I$5000)-SUMIF(XUAT!$E$1:$E$5000,DMHH!B174,XUAT!$L$1:$L$5000)","v":0}]
[173,"OK42 1.1","Ống kẽm 42 (1.1)","Cây","OK",null,null,null,null,{"$f":"F175+SUMIF(NHAP!$D$1:$D$5000,B175,NHAP!$G$1:$G$5000)-SUMIF(XUAT!$E$1:$E$5000,B175,XUAT!$H$1:$H$5000)","v":0},0,{"$f":"H175+SUMIF(NHAP!$D$1:$D$5000,DMHH!B175,NHAP!$I$1:$I$5000)-SUMIF(XUAT!$E$1:$E$5000,DMHH!B175,XUAT!$L$1:$L$5000)","v":0}]
[174,"OK42 1.2","Ống kẽm 42 (1.2)","Cây","OK",16,105000,1680000,null,{"$f":"F176+SUMIF(NHAP!$D$1:$D$5000,B176,NHAP!$G$1:$G$5000)-SUMIF(XUAT!$E$1:$E$5000,B176,XUAT!$H$1:$H$5000)","v":0},0,{"$f":"H176+SUMIF(NHAP!$D$1:$D$5000,DMHH!B176,NHAP!$I$1:$I$5000)-SUMIF(XUAT!$E$1:$E$5000,DMHH!B176,XUAT!$L$1:$L$5000)","v":0}]
[175,"OK42 1.3","Ống kẽm 42 (1.3)","Cây","OK",null,null,null,null,{"$f":"F177+SUMIF(NHAP!$D$1:$D$5000,B177,NHAP!$G$1:$G$5000)-SUMIF(XUAT!$E$1:$E$5000,B177,XUAT!$H$1:$H$5000)","v":0},0,{"$f":"H177+SUMIF(NHAP!$D$1:$D$5000,DMHH!B177,NHAP!$I$1:$I$5000)-SUMIF(XUAT!$E$1:$E$5000,DMHH!B177,XUAT!$L$1:$L$5000)","v":0}]
[176,"OK42 1.4","Ống kẽm 42 (1.4)","Cây","OK",15,122000,1830000,null,{"$f":"F178+SUMIF(NHAP!$D$1:$D$5000,B178,NHAP!$G$1:$G$5000)-SUMIF(XUAT!$E$1:$E$5000,B178,XUAT!$H$1:$H$5000)","v":10},123200,{"$f":"H178+SUMIF(NHAP!$D$1:$D$5000,DMHH!B178,NHAP!$I$1:$I$5000)-SUMIF(XUAT!$E$1:$E$5000,DMHH!B178,XUAT!$L$1:$L$5000)","v":1232000}]
[177,"OK42 1.7","Ống kẽm 42 (1.7)","Cây","OK",9,154500,1390500,null,{"$f":"F179+SUMIF(NHAP!$D$1:$D$5000,B179,NHAP!$G$1:$G$5000)-SUMIF(XUAT!$E$1:$E$5000,B179,XUAT!$H$1:$H$5000)","v":9},154500,{"$f":"H179+SUMIF(NHAP!$D$1:$D$5000,DMHH!B179,NHAP!$I$1:$I$5000)-SUMIF(XUAT!$E$1:$E$5000,DMHH!B179,XUAT!$L$1:$L$5000)","v":1390500}]
[178,"OK42 1.8","Ống kẽm 42 (1.8)","Cây","OK",5,173000,865000,null,{"$f":"F180+SUMIF(NHAP!$D$1:$D$5000,B180,NHAP!$G$1:$G$5000)-SUMIF(XUAT!$E$1:$E$5000,B180,XUAT!$H$1:$H$5000)","v":0},0,{"$f":"H180+SUMIF(NHAP!$D$1:$D$5000,DMHH!B180,NHAP!$I$1:$I$5000)-SUMIF(XUAT!$E$1:$E$5000,DMHH!B180,XUAT!$L$1:$L$5000)","v":0}]
[179,"OK49 1.1","Ống kẽm 49 (1.1)","Cây","OK",null,null,null,null,{"$f":"F181+SUMIF(NHAP!$D$1:$D$5000,B181,NHAP!$G$1:$G$5000)-SUMIF(XUAT!$E$1:$E$5000,B181,XUAT!$H$1:$H$5000)","v":0},0,{"$f":"H181+SUMIF(NHAP!$D$1:$D$5000,DMHH!B181,NHAP!$I$1:$I$5000)-SUMIF(XUAT!$E$1:$E$5000,DMHH!B181,XUAT!$L$1:$L$5000)","v":0}]
[180,"OK49 1.3","Ống kẽm 49 (1.3)","Cây","OK",null,null,null,null,{"$f":"F182+SUMIF(NHAP!$D$1:$D$5000,B182,NHAP!$G$1:$G$5000)-SUMIF(XUAT!$E$1:$E$5000,B182,XUAT!$H$1:$H$5000)","v":0},0,{"$f":"H182+SUMIF(NHAP!$D$1:$D$5000,DMHH!B182,NHAP!$I$1:$I$5000)-SUMIF(XUAT!$E$1:$E$5000,DMHH!B182,XUAT!$L$1:$L$5000)","v":0}]
[181,"OK49 1.4","Ống kẽm 49 (1.4)","Cây","OK",2,137000,274000,null,{"$f":"F183+SUMIF(NHAP!$D$1:$D$5000,B183,NHAP!$G$1:$G$5000)-SUMIF(XUAT!$E$1:$E$5000,B183,XUAT!$H$1:$H$5000)","v":5},143600,{"$f":"H183+SUMIF(NHAP!$D$1:$D$5000,DMHH!B183,NHAP!$I$1:$I$5000)-SUMIF(XUAT!$E$1:$E$5000,DMHH!B183,XUAT!$L$1:$L$5000)","v":718000}]
[182,"OK49 1.7","Ống kẽm 49 (1.7)","Cây","OK",11,176000,1936000,null,{"$f":"F184+SUMIF(NHAP!$D$1:$D$5000,B184,NHAP!$G$1:$G$5000)-SUMIF(XUAT!$E$1:$E$5000,B184,XUAT!$H$1:$H$5000)","v":10},176000,{"$f":"H184+SUMIF(NHAP!$D$1:$D$5000,DMHH!B184,NHAP!$I$1:$I$5000)-SUMIF(XUAT!$E$1:$E$5000,DMHH!B184,XUAT!$L$1:$L$5000)","v":1760000}]
[183,"OK49 1.8","Ống kẽm 49 (1.8)","Cây","OK",3,205300,615900,null,{"$f":"F185+SUMIF(NHAP!$D$1:$D$5000,B185,NHAP!$G$1:$G$5000)-SUMIF(XUAT!$E$1:$E$5000,B185,XUAT!$H$1:$H$5000)","v":0},0,{"$f":"H185+SUMIF(NHAP!$D$1:$D$5000,DMHH!B185,NHAP!$I$1:$I$5000)-SUMIF(XUAT!$E$1:$E$5000,DMHH!B185,XUAT!$L$1:$L$5000)","v":0}]
[184,"OK49 2.0","Ống kẽm 49 (2.0)","Cây","OK",null,null,null,null,{"$f":"F186+SUMIF(NHAP!$D$1:$D$5000,B186,NHAP!$G$1:$G$5000)-SUMIF(XUAT!$E$1:$E$5000,B186,XUAT!$H$1:$H$5000)","v":0},0,{"$f":"H186+SUMIF(NHAP!$D$1:$D$5000,DMHH!B186,NHAP!$I$1:$I$5000)-SUMIF(XUAT!$E$1:$E$5000,DMHH!B186,XUAT!$L$1:$L$5000)","v":0}]
[185,"OK60 1.2","Ống kẽm 60 (1.2)","Cây","OK",null,null,null,null,{"$f":"F187+SUMIF(NHAP!$D$1:$D$5000,B187,NHAP!$G$1:$G$5000)-SUMIF(XUAT!$E$1:$E$5000,B187,XUAT!$H$1:$H$5000)","v":0},0,{"$f":"H187+SUMIF(NHAP!$D$1:$D$5000,DMHH!B187,NHAP!$I$1:$I$5000)-SUMIF(XUAT!$E$1:$E$5000,DMHH!B187,XUAT!$L$1:$L$5000)","v":0}]
[186,"OK60 1.3","Ống kẽm 60 (1.3)","Cây","OK",1,203000,203000,null,{"$f":"F188+SUMIF(NHAP!$D$1:$D$5000,B188,NHAP!$G$1:$G$5000)-SUMIF(XUAT!$E$1:$E$5000,B188,XUAT!$H$1:$H$5000)","v":0},0,{"$f":"H188+SUMIF(NHAP!$D$1:$D$5000,DMHH!B188,NHAP!$I$1:$I$5000)-SUMIF(XUAT!$E$1:$E$5000,DMHH!B188,XUAT!$L$1:$L$5000)","v":0}]
[187,"OK60 1.4 ","Ống kẽm 60 (1.4) ","Cây","OK",7,183500,1284500,null,{"$f":"F189+SUMIF(NHAP!$D$1:$D$5000,B189,NHAP!$G$1:$G$5000)-SUMIF(XUAT!$E$1:$E$5000,B189,XUAT!$H$1:$H$5000)","v":10},176506.25,{"$f":"H189+SUMIF(NHAP!$D$1:$D$5000,DMHH!B189,NHAP!$I$1:$I$5000)-SUMIF(XUAT!$E$1:$E$5000,DMHH!B189,XUAT!$L$1:$L$5000)","v":1765062.5}]
[188,"OK60 1.7","Ống kẽm 60 (1.7)","Cây","OK",3,217500,652500,null,{"$f":"F190+SUMIF(NHAP!$D$1:$D$5000,B190,NHAP!$G$1:$G$5000)-SUMIF(XUAT!$E$1:$E$5000,B190,XUAT!$H$1:$H$5000)","v":3},217500,{"$f":"H190+SUMIF(NHAP!$D$1:$D$5000,DMHH!B190,NHAP!$I$1:$I$5000)-SUMIF(XUAT!$E$1:$E$5000,DMHH!B190,XUAT!$L$1:$L$5000)","v":652500}]
[189,"OK60 1.8","Ống kẽm 60 (1.8)","Cây","OK",null,null,null,null,{"$f":"F191+SUMIF(NHAP!$D$1:$D$5000,B191,NHAP!$G$1:$G$5000)-SUMIF(XUAT!$E$1:$E$5000,B191,XUAT!$H$1:$H$5000)","v":0},0,{"$f":"H191+SUMIF(NHAP!$D$1:$D$5000,DMHH!B191,NHAP!$I$1:$I$5000)-SUMIF(XUAT!$E$1:$E$5000,DMHH!B191,XUAT!$L$1:$L$5000)","v":0}]
[190,"OK60 2.0","Ống kẽm 60 (2.0)","Cây","OK",5,265800,1329000,null,{"$f":"F192+SUMIF(NHAP!$D$1:$D$5000,B192,NHAP!$G$1:$G$5000)-SUMIF(XUAT!$E$1:$E$5000,B192,XUAT!$H$1:$H$5000)","v":9},268628.57142857154,{"$f":"H192+SUMIF(NHAP!$D$1:$D$5000,DMHH!B192,NHAP!$I$1:$I$5000)-SUMIF(XUAT!$E$1:$E$5000,DMHH!B192,XUAT!$L$1:$L$5000)","v":2417657.1428571437}]
[191,"OK60 2.5","Ống kẽm 60 (2.5)","Cây","OK",null,null,null,null,{"$f":"F193+SUMIF(NHAP!$D$1:$D$5000,B193,NHAP!$G$1:$G$5000)-SUMIF(XUAT!$E$1:$E$5000,B193,XUAT!$H$1:$H$5000)","v":0},0,{"$f":"H193+SUMIF(NHAP!$D$1:$D$5000,DMHH!B193,NHAP!$I$1:$I$5000)-SUMIF(XUAT!$E$1:$E$5000,DMHH!B193,XUAT!$L$1:$L$5000)","v":0}]
[192,"OK76 1.3","Ống kẽm 76 (1.3)","Cây","OK",null,null,null,null,{"$f":"F194+SUMIF(NHAP!$D$1:$D$5000,B194,NHAP!$G$1:$G$5000)-SUMIF(XUAT!$E$1:$E$5000,B194,XUAT!$H$1:$H$5000)","v":0},0,{"$f":"H194+SUMIF(NHAP!$D$1:$D$5000,DMHH!B194,NHAP!$I$1:$I$5000)-SUMIF(XUAT!$E$1:$E$5000,DMHH!B194,XUAT!$L$1:$L$5000)","v":0}]
[193,"OK76 1.4 ","Ống kẽm 76 (1.4) ","Cây","OK",7,257200,1800400,null,{"$f":"F195+SUMIF(NHAP!$D$1:$D$5000,B195,NHAP!$G$1:$G$5000)-SUMIF(XUAT!$E$1:$E$5000,B195,XUAT!$H$1:$H$5000)","v":5},257200,{"$f":"H195+SUMIF(NHAP!$D$1:$D$5000,DMHH!B195,NHAP!$I$1:$I$5000)-SUMIF(XUAT!$E$1:$E$5000,DMHH!B195,XUAT!$L$1:$L$5000)","v":1286000}]
[194,"OK76 1.7","Ống kẽm 76 (1.7)","Cây","OK",9,288000,2592000,null,{"$f":"F196+SUMIF(NHAP!$D$1:$D$5000,B196,NHAP!$G$1:$G$5000)-SUMIF(XUAT!$E$1:$E$5000,B196,XUAT!$H$1:$H$5000)","v":9},{"$f":"IF(J196=0,0,L196/J196)","v":288000},{"$f":"H196+SUMIF(NHAP!$D$1:$D$5000,DMHH!B196,NHAP!$I$1:$I$5000)-SUMIF(XUAT!$E$1:$E$5000,DMHH!B196,XUAT!$L$1:$L$5000)","v":2592000}]
[195,"OK76 1.8","Ống kẽm 76 (1.8)","Cây","OK",9,288000,2592000,null,{"$f":"F197+SUMIF(NHAP!$D$1:$D$5000,B197,NHAP!$G$1:$G$5000)-SUMIF(XUAT!$E$1:$E$5000,B197,XUAT!$H$1:$H$5000)","v":0},0,{"$f":"H197+SUMIF(NHAP!$D$1:$D$5000,DMHH!B197,NHAP!$I$1:$I$5000)-SUMIF(XUAT!$E$1:$E$5000,DMHH!B197,XUAT!$L$1:$L$5000)","v":0}]
[196,"OK76 2.0","Ống kẽm 76 (2.0)","Cây","OK",3,325900,977700,null,{"$f":"F198+SUMIF(NHAP!$D$1:$D$5000,B198,NHAP!$G$1:$G$5000)-SUMIF(XUAT!$E$1:$E$5000,B198,XUAT!$H$1:$H$5000)","v":3},325900,{"$f":"H198+SUMIF(NHAP!$D$1:$D$5000,DMHH!B198,NHAP!$I$1:$I$5000)-SUMIF(XUAT!$E$1:$E$5000,DMHH!B198,XUAT!$L$1:$L$5000)","v":977700}]
[197,"OK90 1.3","Ống kẽm 90 (1.3)","Cây","OK",null,null,null,null,{"$f":"F199+SUMIF(NHAP!$D$1:$D$5000,B199,NHAP!$G$1:$G$5000)-SUMIF(XUAT!$E$1:$E$5000,B199,XUAT!$H$1:$H$5000)","v":0},0,{"$f":"H199+SUMIF(NHAP!$D$1:$D$5000,DMHH!B199,NHAP!$I$1:$I$5000)-SUMIF(XUAT!$E$1:$E$5000,DMHH!B199,XUAT!$L$1:$L$5000)","v":0}]
[198,"OK90 1.4 ","Ống kẽm 90 (1.4) ","Cây","OK",4,270300,1081200,null,{"$f":"F200+SUMIF(NHAP!$D$1:$D$5000,B200,NHAP!$G$1:$G$5000)-SUMIF(XUAT!$E$1:$E$5000,B200,XUAT!$H$1:$H$5000)","v":5},277500,{"$f":"H200+SUMIF(NHAP!$D$1:$D$5000,DMHH!B200,NHAP!$I$1:$I$5000)-SUMIF(XUAT!$E$1:$E$5000,DMHH!B200,XUAT!$L$1:$L$5000)","v":1387500}]
[199,"OK90 1.7","Ống kẽm 90 (1.7)","Cây","OK",8,330000,2640000,null,{"$f":"F201+SUMIF(NHAP!$D$1:$D$5000,B201,NHAP!$G$1:$G$5000)-SUMIF(XUAT!$E$1:$E$5000,B201,XUAT!$H$1:$H$5000)","v":5},330000,{"$f":"H201+SUMIF(NHAP!$D$1:$D$5000,DMHH!B201,NHAP!$I$1:$I$5000)-SUMIF(XUAT!$E$1:$E$5000,DMHH!B201,XUAT!$L$1:$L$5000)","v":1650000}]
[200,"OK90 1.8","Ống kẽm 90 (1.8)","Cây","OK",10,323600,3236000,null,{"$f":"F202+SUMIF(NHAP!$D$1:$D$5000,B202,NHAP!$G$1:$G$5000)-SUMIF(XUAT!$E$1:$E$5000,B202,XUAT!$H$1:$H$5000)","v":0},0,{"$f":"H202+SUMIF(NHAP!$D$1:$D$5000,DMHH!B202,NHAP!$I$1:$I$5000)-SUMIF(XUAT!$E$1:$E$5000,DMHH!B202,XUAT!$L$1:$L$5000)","v":0}]
[201,"OK90 2.0","Ông kẽm 90 (2.0)","cây","OK",null,null,null,null,{"$f":"F203+SUMIF(NHAP!$D$1:$D$5000,B203,NHAP!$G$1:$G$5000)-SUMIF(XUAT!$E$1:$E$5000,B203,XUAT!$H$1:$H$5000)","v":5},389060,{"$f":"H203+SUMIF(NHAP!$D$1:$D$5000,DMHH!B203,NHAP!$I$1:$I$5000)-SUMIF(XUAT!$E$1:$E$5000,DMHH!B203,XUAT!$L$1:$L$5000)","v":1945300}]
[202,"OK90 2.9 HP","Ống kẽm 90 (2.9) Hòa Phát","Cây","OK",null,null,null,null,{"$f":"F204+SUMIF(NHAP!$D$1:$D$5000,B204,NHAP!$G$1:$G$5000)-SUMIF(XUAT!$E$1:$E$5000,B204,XUAT!$H$1:$H$5000)","v":0},0,{"$f":"H204+SUMIF(NHAP!$D$1:$D$5000,DMHH!B204,NHAP!$I$1:$I$5000)-SUMIF(XUAT!$E$1:$E$5000,DMHH!B204,XUAT!$L$1:$L$5000)","v":0}]
[203,"OKN21 2.6","Ống kẽm nhúng 21 (2.6)","Cây","OKN",5,164200,821000,null,{"$f":"F205+SUMIF(NHAP!$D$1:$D$5000,B205,NHAP!$G$1:$G$5000)-SUMIF(XUAT!$E$1:$E$5000,B205,XUAT!$H$1:$H$5000)","v":3},164200,{"$f":"H205+SUMIF(NHAP!$D$1:$D$5000,DMHH!B205,NHAP!$I$1:$I$5000)-SUMIF(XUAT!$E$1:$E$5000,DMHH!B205,XUAT!$L$1:$L$5000)","v":492600}]
[204,"OKN27 2.1","Ống kẽm nhúng 27 (2.1)","Cây","OKN",null,null,null,null,{"$f":"F206+SUMIF(NHAP!$D$1:$D$5000,B206,NHAP!$G$1:$G$5000)-SUMIF(XUAT!$E$1:$E$5000,B206,XUAT!$H$1:$H$5000)","v":0},0,{"$f":"H206+SUMIF(NHAP!$D$1:$D$5000,DMHH!B206,NHAP!$I$1:$I$5000)-SUMIF(XUAT!$E$1:$E$5000,DMHH!B206,XUAT!$L$1:$L$5000)","v":0}]
[205,"OKN27 2.3","Ống kẽm nhúng 27 (2.3)","Cây","OKN",null,null,null,null,{"$f":"F207+SUMIF(NHAP!$D$1:$D$5000,B207,NHAP!$G$1:$G$5000)-SUMIF(XUAT!$E$1:$E$5000,B207,XUAT!$H$1:$H$5000)","v":0},0,{"$f":"H207+SUMIF(NHAP!$D$1:$D$5000,DMHH!B207,NHAP!$I$1:$I$5000)-SUMIF(XUAT!$E$1:$E$5000,DMHH!B207,XUAT!$L$1:$L$5000)","v":0}]
[206,"OKN27 2.6","Ống kẽm nhúng 27 (2.6)","Cây","OKN",null,null,null,null,{"$f":"F208+SUMIF(NHAP!$D$1:$D$5000,B208,NHAP!$G$1:$G$5000)-SUMIF(XUAT!$E$1:$E$5000,B208,XUAT!$H$1:$H$5000)","v":0},0,{"$f":"H208+SUMIF(NHAP!$D$1:$D$5000,DMHH!B208,NHAP!$I$1:$I$5000)-SUMIF(XUAT!$E$1:$E$5000,DMHH!B208,XUAT!$L$1:$L$5000)","v":0}]
[207,"OKN34 2.1","Ống kẽm nhúng 34 (2.1)","Cây","OKN",null,null,null,null,{"$f":"F209+SUMIF(NHAP!$D$1:$D$5000,B209,NHAP!$G$1:$G$5000)-SUMIF(XUAT!$E$1:$E$5000,B209,XUAT!$H$1:$H$5000)","v":0},0,{"$f":"H209+SUMIF(NHAP!$D$1:$D$5000,DMHH!B209,NHAP!$I$1:$I$5000)-SUMIF(XUAT!$E$1:$E$5000,DMHH!B209,XUAT!$L$1:$L$5000)","v":0}]
[208,"OKN34 2.6","Ống kẽm nhúng 34 (2.6)","Cây","OKN",3,275800,827400,null,{"$f":"F210+SUMIF(NHAP!$D$1:$D$5000,B210,NHAP!$G$1:$G$5000)-SUMIF(XUAT!$E$1:$E$5000,B210,XUAT!$H$1:$H$5000)","v":-4},261886.95652173972,{"$f":"H210+SUMIF(NHAP!$D$1:$D$5000,DMHH!B210,NHAP!$I$1:$I$5000)-SUMIF(XUAT!$E$1:$E$5000,DMHH!B210,XUAT!$L$1:$L$5000)","v":-1047547.8260869589}]
[209,"OKN34 3.2","Ống kẽm nhúng 34 (3.2)","Cây","OKN",4,326000,1304000,null,{"$f":"F211+SUMIF(NHAP!$D$1:$D$5000,B211,NHAP!$G$1:$G$5000)-SUMIF(XUAT!$E$1:$E$5000,B211,XUAT!$H$1:$H$5000)","v":1},326000,{"$f":"H211+SUMIF(NHAP!$D$1:$D$5000,DMHH!B211,NHAP!$I$1:$I$5000)-SUMIF(XUAT!$E$1:$E$5000,DMHH!B211,XUAT!$L$1:$L$5000)","v":326000}]
[210,"OKN42 3.2","Ống kẽm nhúng 42 (3.2)","Cây","OKN",6,422300,2533800,null,{"$f":"F212+SUMIF(NHAP!$D$1:$D$5000,B212,NHAP!$G$1:$G$5000)-SUMIF(XUAT!$E$1:$E$5000,B212,XUAT!$H$1:$H$5000)","v":6},422300,{"$f":"H212+SUMIF(NHAP!$D$1:$D$5000,DMHH!B212,NHAP!$I$1:$I$5000)-SUMIF(XUAT!$E$1:$E$5000,DMHH!B212,XUAT!$L$1:$L$5000)","v":2533800}]
[211,"ON49 0.7","Ống 49 (0.7) Nhũ","Cây","ON",null,null,null,null,{"$f":"F213+SUMIF(NHAP!$D$1:$D$5000,B213,NHAP!$G$1:$G$5000)-SUMIF(XUAT!$E$1:$E$5000,B213,XUAT!$H$1:$H$5000)","v":0},0,{"$f":"H213+SUMIF(NHAP!$D$1:$D$5000,DMHH!B213,NHAP!$I$1:$I$5000)-SUMIF(XUAT!$E$1:$E$5000,DMHH!B213,XUAT!$L$1:$L$5000)","v":0}]
[212,"SGMN10","Sắt gân 10 MN","Cây","SG",null,null,null,null,{"$f":"F214+SUMIF(NHAP!$D$1:$D$5000,B214,NHAP!$G$1:$G$5000)-SUMIF(XUAT!$E$1:$E$5000,B214,XUAT!$H$1:$H$5000)","v":0},0,{"$f":"H214+SUMIF(NHAP!$D$1:$D$5000,DMHH!B214,NHAP!$I$1:$I$5000)-SUMIF(XUAT!$E$1:$E$5000,DMHH!B214,XUAT!$L$1:$L$5000)","v":0}]
[213,"SGMN12","Sắt gân 12 MN","Cây","SG",null,null,null,null,{"$f":"F215+SUMIF(NHAP!$D$1:$D$5000,B215,NHAP!$G$1:$G$5000)-SUMIF(XUAT!$E$1:$E$5000,B215,XUAT!$H$1:$H$5000)","v":0},0,{"$f":"H215+SUMIF(NHAP!$D$1:$D$5000,DMHH!B215,NHAP!$I$1:$I$5000)-SUMIF(XUAT!$E$1:$E$5000,DMHH!B215,XUAT!$L$1:$L$5000)","v":0}]
[214,"SGMN14","Sắt gân 14 MN","Cây","SG",null,null,null,null,{"$f":"F216+SUMIF(NHAP!$D$1:$D$5000,B216,NHAP!$G$1:$G$5000)-SUMIF(XUAT!$E$1:$E$5000,B216,XUAT!$H$1:$H$5000)","v":0},0,{"$f":"H216+SUMIF(NHAP!$D$1:$D$5000,DMHH!B216,NHAP!$I$1:$I$5000)-SUMIF(XUAT!$E$1:$E$5000,DMHH!B216,XUAT!$L$1:$L$5000)","v":0}]
[215,"SGMN16","Sắt gân 16 MN","Cây","SG",null,null,null,null,{"$f":"F217+SUMIF(NHAP!$D$1:$D$5000,B217,NHAP!$G$1:$G$5000)-SUMIF(XUAT!$E$1:$E$5000,B217,XUAT!$H$1:$H$5000)","v":0},0,{"$f":"H217+SUMIF(NHAP!$D$1:$D$5000,DMHH!B217,NHAP!$I$1:$I$5000)-SUMIF(XUAT!$E$1:$E$5000,DMHH!B217,XUAT!$L$1:$L$5000)","v":0}]
[216,"TKP2.0","Tôn kẽm phẳng 2d","Mét","TKP",100,22300,2230000,null,{"$f":"F218+SUMIF(NHAP!$D$1:$D$5000,B218,NHAP!$G$1:$G$5000)-SUMIF(XUAT!$E$1:$E$5000,B218,XUAT!$H$1:$H$5000)","v":100},22300,{"$f":"H218+SUMIF(NHAP!$D$1:$D$5000,DMHH!B218,NHAP!$I$1:$I$5000)-SUMIF(XUAT!$E$1:$E$5000,DMHH!B218,XUAT!$L$1:$L$5000)","v":2230000}]
[217,"TKSTL2.0M","Tôn kẽm 2d sóng tròn lớn 2.0m","Tấm","TKST",19,48000,912000,null,{"$f":"F219+SUMIF(NHAP!$D$1:$D$5000,B219,NHAP!$G$1:$G$5000)-SUMIF(XUAT!$E$1:$E$5000,B219,XUAT!$H$1:$H$5000)","v":7},48000,{"$f":"H219+SUMIF(NHAP!$D$1:$D$5000,DMHH!B219,NHAP!$I$1:$I$5000)-SUMIF(XUAT!$E$1:$E$5000,DMHH!B219,XUAT!$L$1:$L$5000)","v":336000}]
[218,"TKSTL2.4M","Tôn kẽm 2d sóng tròn lớn 2.4m","Tấm","TKST",32,57600,1843200,null,{"$f":"F220+SUMIF(NHAP!$D$1:$D$5000,B220,NHAP!$G$1:$G$5000)-SUMIF(XUAT!$E$1:$E$5000,B220,XUAT!$H$1:$H$5000)","v":32},57600,{"$f":"H220+SUMIF(NHAP!$D$1:$D$5000,DMHH!B220,NHAP!$I$1:$I$5000)-SUMIF(XUAT!$E$1:$E$5000,DMHH!B220,XUAT!$L$1:$L$5000)","v":1843200}]
[219,"TKSTL3.0M","Tôn kẽm 2d sóng tròn lớn 3.0m","Tấm","TKST",14,82500,806400,null,{"$f":"F221+SUMIF(NHAP!$D$1:$D$5000,B221,NHAP!$G$1:$G$5000)-SUMIF(XUAT!$E$1:$E$5000,B221,XUAT!$H$1:$H$5000)","v":14},57600,{"$f":"H221+SUMIF(NHAP!$D$1:$D$5000,DMHH!B221,NHAP!$I$1:$I$5000)-SUMIF(XUAT!$E$1:$E$5000,DMHH!B221,XUAT!$L$1:$L$5000)","v":806400}]
[220,"TKSTN2.4M","Tôn kẽm 2d Sóng tròn nhuyễn 2.4m","Tấm","TKST",null,null,null,null,{"$f":"F222+SUMIF(NHAP!$D$1:$D$5000,B222,NHAP!$G$1:$G$5000)-SUMIF(XUAT!$E$1:$E$5000,B222,XUAT!$H$1:$H$5000)","v":0},0,{"$f":"H222+SUMIF(NHAP!$D$1:$D$5000,DMHH!B222,NHAP!$I$1:$I$5000)-SUMIF(XUAT!$E$1:$E$5000,DMHH!B222,XUAT!$L$1:$L$5000)","v":0}]
[221,"TL3.5","Tôn Lạnh 3.5","Mét","TL",1209,59300,71693700,null,{"$f":"F223+SUMIF(NHAP!$D$1:$D$5000,B223,NHAP!$G$1:$G$5000)-SUMIF(XUAT!$E$1:$E$5000,B223,XUAT!$H$1:$H$5000)","v":250.72000000000014},59299.999999999964,{"$f":"H223+SUMIF(NHAP!$D$1:$D$5000,DMHH!B223,NHAP!$I$1:$I$5000)-SUMIF(XUAT!$E$1:$E$5000,DMHH!B223,XUAT!$L$1:$L$5000)","v":14867696}]
[222,"TL4.0","Tôn Lạnh 4.0","Mét","TL",279,65200,18190800,null,{"$f":"F224+SUMIF(NHAP!$D$1:$D$5000,B224,NHAP!$G$1:$G$5000)-SUMIF(XUAT!$E$1:$E$5000,B224,XUAT!$H$1:$H$5000)","v":10.449999999999989},65200.000000000073,{"$f":"H224+SUMIF(NHAP!$D$1:$D$5000,DMHH!B224,NHAP!$I$1:$I$5000)-SUMIF(XUAT!$E$1:$E$5000,DMHH!B224,XUAT!$L$1:$L$5000)","v":681340}]
[223,"TL4.5","Tôn Lạnh 4.5","Mét","TL",324,72700,23554800,null,{"$f":"F225+SUMIF(NHAP!$D$1:$D$5000,B225,NHAP!$G$1:$G$5000)-SUMIF(XUAT!$E$1:$E$5000,B225,XUAT!$H$1:$H$5000)","v":1151.3300000000002},70889.111880046141,{"$f":"H225+SUMIF(NHAP!$D$1:$D$5000,DMHH!B225,NHAP!$I$1:$I$5000)-SUMIF(XUAT!$E$1:$E$5000,DMHH!B225,XUAT!$L$1:$L$5000)","v":81616761.180853531}]
[224,"TL5.0","Tôn Lạnh 5.0","Mét","TL",87,77600,6751200,null,{"$f":"F226+SUMIF(NHAP!$D$1:$D$5000,B226,NHAP!$G$1:$G$5000)-SUMIF(XUAT!$E$1:$E$5000,B226,XUAT!$H$1:$H$5000)","v":1124.8699999999994},76063.85481852325,{"$f":"H226+SUMIF(NHAP!$D$1:$D$5000,DMHH!B226,NHAP!$I$1:$I$5000)-SUMIF(XUAT!$E$1:$E$5000,DMHH!B226,XUAT!$L$1:$L$5000)","v":85561948.369712204}]
[225,"TL5.0 ĐA","Tole Lạnh 5.0 ĐÁ","Mét","TL",264,88700,23416800,null,{"$f":"F227+SUMIF(NHAP!$D$1:$D$5000,B227,NHAP!$G$1:$G$5000)-SUMIF(XUAT!$E$1:$E$5000,B227,XUAT!$H$1:$H$5000)","v":1089.7600000000011},88638.066176470427,{"$f":"H227+SUMIF(NHAP!$D$1:$D$5000,DMHH!B227,NHAP!$I$1:$I$5000)-SUMIF(XUAT!$E$1:$E$5000,DMHH!B227,XUAT!$L$1:$L$5000)","v":96594218.996470511}]
[226,"TLL4.5","Tôn Lạnh Lỗi 4.5","kg","TL",2590,17000,44030000,null,{"$f":"F228+SUMIF(NHAP!$D$1:$D$5000,B228,NHAP!$G$1:$G$5000)-SUMIF(XUAT!$E$1:$E$5000,B228,XUAT!$H$1:$H$5000)","v":1016},17000,{"$f":"H228+SUMIF(NHAP!$D$1:$D$5000,DMHH!B228,NHAP!$I$1:$I$5000)-SUMIF(XUAT!$E$1:$E$5000,DMHH!B228,XUAT!$L$1:$L$5000)","v":17272000}]
[227,"TMDD4.0","Tôn Đỏ Đậm 4.0","Mét","TM",null,null,null,null,{"$f":"F229+SUMIF(NHAP!$D$1:$D$5000,B229,NHAP!$G$1:$G$5000)-SUMIF(XUAT!$E$1:$E$5000,B229,XUAT!$H$1:$H$5000)","v":0},0,{"$f":"H229+SUMIF(NHAP!$D$1:$D$5000,DMHH!B229,NHAP!$I$1:$I$5000)-SUMIF(XUAT!$E$1:$E$5000,DMHH!B229,XUAT!$L$1:$L$5000)","v":0}]
[228,"TMDD4.5","Tôn Đỏ Đậm 4.5","Mét","TM",null,null,null,null,{"$f":"F230+SUMIF(NHAP!$D$1:$D$5000,B230,NHAP!$G$1:$G$5000)-SUMIF(XUAT!$E$1:$E$5000,B230,XUAT!$H$1:$H$5000)","v":0},0,{"$f":"H230+SUMIF(NHAP!$D$1:$D$5000,DMHH!B230,NHAP!$I$1:$I$5000)-SUMIF(XUAT!$E$1:$E$5000,DMHH!B230,XUAT!$L$1:$L$5000)","v":0}]
[229,"TMDD4.5 ĐA","Tôn Đỏ Đậm 4.5 ĐÁ","Mét","TM",null,null,null,null,{"$f":"F231+SUMIF(NHAP!$D$1:$D$5000,B231,NHAP!$G$1:$G$5000)-SUMIF(XUAT!$E$1:$E$5000,B231,XUAT!$H$1:$H$5000)","v":0},0,{"$f":"H231+SUMIF(NHAP!$D$1:$D$5000,DMHH!B231,NHAP!$I$1:$I$5000)-SUMIF(XUAT!$E$1:$E$5000,DMHH!B231,XUAT!$L$1:$L$5000)","v":0}]
[230,"TMDD5.0ĐA","Tôn Đỏ Đậm 5.0 ĐÁ","Mét","TM",null,null,null,null,{"$f":"F232+SUMIF(NHAP!$D$1:$D$5000,B232,NHAP!$G$1:$G$5000)-SUMIF(XUAT!$E$1:$E$5000,B232,XUAT!$H$1:$H$5000)","v":0},0,{"$f":"H232+SUMIF(NHAP!$D$1:$D$5000,DMHH!B232,NHAP!$I$1:$I$5000)-SUMIF(XUAT!$E$1:$E$5000,DMHH!B232,XUAT!$L$1:$L$5000)","v":0}]
[231,"TMDT4.0","Tôn Đỏ Tươi 4.0","Mét","TM",null,null,null,null,{"$f":"F233+SUMIF(NHAP!$D$1:$D$5000,B233,NHAP!$G$1:$G$5000)-SUMIF(XUAT!$E$1:$E$5000,B233,XUAT!$H$1:$H$5000)","v":0},0,{"$f":"H233+SUMIF(NHAP!$D$1:$D$5000,DMHH!B233,NHAP!$I$1:$I$5000)-SUMIF(XUAT!$E$1:$E$5000,DMHH!B233,XUAT!$L$1:$L$5000)","v":0}]
[232,"TMND4.5","Tôn Nâu Đất 4.5","Mét","TM",null,null,null,null,{"$f":"F234+SUMIF(NHAP!$D$1:$D$5000,B234,NHAP!$G$1:$G$5000)-SUMIF(XUAT!$E$1:$E$5000,B234,XUAT!$H$1:$H$5000)","v":0},0,{"$f":"H234+SUMIF(NHAP!$D$1:$D$5000,DMHH!B234,NHAP!$I$1:$I$5000)-SUMIF(XUAT!$E$1:$E$5000,DMHH!B234,XUAT!$L$1:$L$5000)","v":0}]
[233,"TMP2.0","Tôn màu phẳng 2d","Mét","TMP",100,23000,2300000,null,{"$f":"F235+SUMIF(NHAP!$D$1:$D$5000,B235,NHAP!$G$1:$G$5000)-SUMIF(XUAT!$E$1:$E$5000,B235,XUAT!$H$1:$H$5000)","v":100},23000,{"$f":"H235+SUMIF(NHAP!$D$1:$D$5000,DMHH!B235,NHAP!$I$1:$I$5000)-SUMIF(XUAT!$E$1:$E$5000,DMHH!B235,XUAT!$L$1:$L$5000)","v":2300000}]
[234,"TMTS","Tôn Trắng Sữa 3.5","Mét","TM",null,null,null,null,{"$f":"F236+SUMIF(NHAP!$D$1:$D$5000,B236,NHAP!$G$1:$G$5000)-SUMIF(XUAT!$E$1:$E$5000,B236,XUAT!$H$1:$H$5000)","v":0},0,{"$f":"H236+SUMIF(NHAP!$D$1:$D$5000,DMHH!B236,NHAP!$I$1:$I$5000)-SUMIF(XUAT!$E$1:$E$5000,DMHH!B236,XUAT!$L$1:$L$5000)","v":0}]
[235,"TMTS4.5 ĐA","Tole màu trắng sữa 4.5 ĐA","Mét","TM",null,null,null,null,{"$f":"F237+SUMIF(NHAP!$D$1:$D$5000,B237,NHAP!$G$1:$G$5000)-SUMIF(XUAT!$E$1:$E$5000,B237,XUAT!$H$1:$H$5000)","v":0},0,{"$f":"H237+SUMIF(NHAP!$D$1:$D$5000,DMHH!B237,NHAP!$I$1:$I$5000)-SUMIF(XUAT!$E$1:$E$5000,DMHH!B237,XUAT!$L$1:$L$5000)","v":0}]
[236,"TMVK5.0PN","Tôn Vàng Kem 5.0 Phương Nam","Mét","TM",139,111500,15498500,null,{"$f":"F238+SUMIF(NHAP!$D$1:$D$5000,B238,NHAP!$G$1:$G$5000)-SUMIF(XUAT!$E$1:$E$5000,B238,XUAT!$H$1:$H$5000)","v":533.86},111500,{"$f":"H238+SUMIF(NHAP!$D$1:$D$5000,DMHH!B238,NHAP!$I$1:$I$5000)-SUMIF(XUAT!$E$1:$E$5000,DMHH!B238,XUAT!$L$1:$L$5000)","v":59525390}]
[237,"TMXD4.0","Tôn Xanh Dương 4.0","Mét","TM",61,75300,4593300,null,{"$f":"F239+SUMIF(NHAP!$D$1:$D$5000,B239,NHAP!$G$1:$G$5000)-SUMIF(XUAT!$E$1:$E$5000,B239,XUAT!$H$1:$H$5000)","v":38},75300,{"$f":"H239+SUMIF(NHAP!$D$1:$D$5000,DMHH!B239,NHAP!$I$1:$I$5000)-SUMIF(XUAT!$E$1:$E$5000,DMHH!B239,XUAT!$L$1:$L$5000)","v":2861400}]
[238,"TMXDT3.5","Tôn Xanh Dương Tím 3.5","Mét","TM",79,59000,4661000,null,{"$f":"F240+SUMIF(NHAP!$D$1:$D$5000,B240,NHAP!$G$1:$G$5000)-SUMIF(XUAT!$E$1:$E$5000,B240,XUAT!$H$1:$H$5000)","v":79},59000,{"$f":"H240+SUMIF(NHAP!$D$1:$D$5000,DMHH!B240,NHAP!$I$1:$I$5000)-SUMIF(XUAT!$E$1:$E$5000,DMHH!B240,XUAT!$L$1:$L$5000)","v":4661000}]
[239,"TMXDT4.0 ĐA","Tôn Xanh Dương Tím 4.0 ĐÁ","Mét","TM",504,79300,39967200,null,{"$f":"F241+SUMIF(NHAP!$D$1:$D$5000,B241,NHAP!$G$1:$G$5000)-SUMIF(XUAT!$E$1:$E$5000,B241,XUAT!$H$1:$H$5000)","v":477},79300,{"$f":"H241+SUMIF(NHAP!$D$1:$D$5000,DMHH!B241,NHAP!$I$1:$I$5000)-SUMIF(XUAT!$E$1:$E$5000,DMHH!B241,XUAT!$L$1:$L$5000)","v":37826100}]
[240,"TMXDT4.5 ĐA","Tôn Xanh Dương Tím 4.5 ĐA","Mét","TM",433,87900,38060700,null,{"$f":"F242+SUMIF(NHAP!$D$1:$D$5000,B242,NHAP!$G$1:$G$5000)-SUMIF(XUAT!$E$1:$E$5000,B242,XUAT!$H$1:$H$5000)","v":402.6},87900,{"$f":"H242+SUMIF(NHAP!$D$1:$D$5000,DMHH!B242,NHAP!$I$1:$I$5000)-SUMIF(XUAT!$E$1:$E$5000,DMHH!B242,XUAT!$L$1:$L$5000)","v":35388540}]
[241,"TMXN3.0","Tôn XNgọc 3.0","Mét","TM",1618,47600,77016800,null,{"$f":"F243+SUMIF(NHAP!$D$1:$D$5000,B243,NHAP!$G$1:$G$5000)-SUMIF(XUAT!$E$1:$E$5000,B243,XUAT!$H$1:$H$5000)","v":629.6899999999996},46460.035735556841,{"$f":"H243+SUMIF(NHAP!$D$1:$D$5000,DMHH!B243,NHAP!$I$1:$I$5000)-SUMIF(XUAT!$E$1:$E$5000,DMHH!B243,XUAT!$L$1:$L$5000)","v":29255419.902322769}]
[242,"TMXN3.5","Tôn XNgọc 3.5","Mét","TM",335,53100,17788500,null,{"$f":"F244+SUMIF(NHAP!$D$1:$D$5000,B244,NHAP!$G$1:$G$5000)-SUMIF(XUAT!$E$1:$E$5000,B244,XUAT!$H$1:$H$5000)","v":1318.6199999999994},51631.450577663694,{"$f":"H244+SUMIF(NHAP!$D$1:$D$5000,DMHH!B244,NHAP!$I$1:$I$5000)-SUMIF(XUAT!$E$1:$E$5000,DMHH!B244,XUAT!$L$1:$L$5000)","v":68082263.360718876}]
[243,"TMXN3.8","Tôn XNgọc 3.8","Mét","TM",null,null,null,null,{"$f":"F245+SUMIF(NHAP!$D$1:$D$5000,B245,NHAP!$G$1:$G$5000)-SUMIF(XUAT!$E$1:$E$5000,B245,XUAT!$H$1:$H$5000)","v":0},0,{"$f":"H245+SUMIF(NHAP!$D$1:$D$5000,DMHH!B245,NHAP!$I$1:$I$5000)-SUMIF(XUAT!$E$1:$E$5000,DMHH!B245,XUAT!$L$1:$L$5000)","v":0}]
[244,"TMXN4.0","Tôn XNgọc 4.0","Mét","TM",1075,61000,65575000,null,{"$f":"F246+SUMIF(NHAP!$D$1:$D$5000,B246,NHAP!$G$1:$G$5000)-SUMIF(XUAT!$E$1:$E$5000,B246,XUAT!$H$1:$H$5000)","v":1246.0499999999993},59949.170794744794,{"$f":"H246+SUMIF(NHAP!$D$1:$D$5000,DMHH!B246,NHAP!$I$1:$I$5000)-SUMIF(XUAT!$E$1:$E$5000,DMHH!B246,XUAT!$L$1:$L$5000)","v":74699664.268791705}]
[245,"TMXN4.0DA","Tôn XNgọc 4.0 ĐÁ","Mét","TM",null,null,null,null,{"$f":"F247+SUMIF(NHAP!$D$1:$D$5000,B247,NHAP!$G$1:$G$5000)-SUMIF(XUAT!$E$1:$E$5000,B247,XUAT!$H$1:$H$5000)","v":-3.2},0,{"$f":"H247+SUMIF(NHAP!$D$1:$D$5000,DMHH!B247,NHAP!$I$1:$I$5000)-SUMIF(XUAT!$E$1:$E$5000,DMHH!B247,XUAT!$L$1:$L$5000)","v":0}]
[246,"TMXN4.3","Tôn XNgọc 4.3","Mét","TM",null,null,null,null,{"$f":"F248+SUMIF(NHAP!$D$1:$D$5000,B248,NHAP!$G$1:$G$5000)-SUMIF(XUAT!$E$1:$E$5000,B248,XUAT!$H$1:$H$5000)","v":0},0,{"$f":"H248+SUMIF(NHAP!$D$1:$D$5000,DMHH!B248,NHAP!$I$1:$I$5000)-SUMIF(XUAT!$E$1:$E$5000,DMHH!B248,XUAT!$L$1:$L$5000)","v":0}]
[247,"TMXN4.5","Tôn XNgọc 4.5","Mét","TM",320,69000,22080000,null,{"$f":"F249+SUMIF(NHAP!$D$1:$D$5000,B249,NHAP!$G$1:$G$5000)-SUMIF(XUAT!$E$1:$E$5000,B249,XUAT!$H$1:$H$5000)","v":396.51999999999862},65502.559771880013,{"$f":"H249+SUMIF(NHAP!$D$1:$D$5000,DMHH!B249,NHAP!$I$1:$I$5000)-SUMIF(XUAT!$E$1:$E$5000,DMHH!B249,XUAT!$L$1:$L$5000)","v":25973075.000745773}]
[248,"TMXN4.5DA","Tôn XNgọc 4.5 ĐÁ","Mét","TM",260,88900,23114000,null,{"$f":"F250+SUMIF(NHAP!$D$1:$D$5000,B250,NHAP!$G$1:$G$5000)-SUMIF(XUAT!$E$1:$E$5000,B250,XUAT!$H$1:$H$5000)","v":2376.5700000000002},85344.680851063807,{"$f":"H250+SUMIF(NHAP!$D$1:$D$5000,DMHH!B250,NHAP!$I$1:$I$5000)-SUMIF(XUAT!$E$1:$E$5000,DMHH!B250,XUAT!$L$1:$L$5000)","v":202827608.17021272}]
[249,"TMXN4.7","Tôn XNgọc 4.7","Mét","TM",null,null,null,null,{"$f":"F251+SUMIF(NHAP!$D$1:$D$5000,B251,NHAP!$G$1:$G$5000)-SUMIF(XUAT!$E$1:$E$5000,B251,XUAT!$H$1:$H$5000)","v":0},0,{"$f":"H251+SUMIF(NHAP!$D$1:$D$5000,DMHH!B251,NHAP!$I$1:$I$5000)-SUMIF(XUAT!$E$1:$E$5000,DMHH!B251,XUAT!$L$1:$L$5000)","v":0}]
[250,"TMXN5.0","Tôn XNgọc 5.0","Mét","TM",41,74300,3046300,null,{"$f":"F252+SUMIF(NHAP!$D$1:$D$5000,B252,NHAP!$G$1:$G$5000)-SUMIF(XUAT!$E$1:$E$5000,B252,XUAT!$H$1:$H$5000)","v":504.09999999999991},73300.638510143166,{"$f":"H252+SUMIF(NHAP!$D$1:$D$5000,DMHH!B252,NHAP!$I$1:$I$5000)-SUMIF(XUAT!$E$1:$E$5000,DMHH!B252,XUAT!$L$1:$L$5000)","v":36950851.87296316}]
[251,"TMXN5.0DA","Tôn XNgọc 5.0 ĐÁ","Mét","TM",239,97200,23230800,null,{"$f":"F253+SUMIF(NHAP!$D$1:$D$5000,B253,NHAP!$G$1:$G$5000)-SUMIF(XUAT!$E$1:$E$5000,B253,XUAT!$H$1:$H$5000)","v":-2200.5499999999993},94109.004287756048,{"$f":"H253+SUMIF(NHAP!$D$1:$D$5000,DMHH!B253,NHAP!$I$1:$I$5000)-SUMIF(XUAT!$E$1:$E$5000,DMHH!B253,XUAT!$L$1:$L$5000)","v":-207091569.38542151}]
[252,"TNST 2.0M","Tôn nhựa sóng tròn 2.0m","Tấm","TNST",null,null,null,null,{"$f":"F254+SUMIF(NHAP!$D$1:$D$5000,B254,NHAP!$G$1:$G$5000)-SUMIF(XUAT!$E$1:$E$5000,B254,XUAT!$H$1:$H$5000)","v":0},0,{"$f":"H254+SUMIF(NHAP!$D$1:$D$5000,DMHH!B254,NHAP!$I$1:$I$5000)-SUMIF(XUAT!$E$1:$E$5000,DMHH!B254,XUAT!$L$1:$L$5000)","v":0}]
[253,"TNST 2.4M","Tôn nhựa sóng tròn 2.4m","Tấm","TNST",null,null,null,null,{"$f":"F255+SUMIF(NHAP!$D$1:$D$5000,B255,NHAP!$G$1:$G$5000)-SUMIF(XUAT!$E$1:$E$5000,B255,XUAT!$H$1:$H$5000)","v":0},0,{"$f":"H255+SUMIF(NHAP!$D$1:$D$5000,DMHH!B255,NHAP!$I$1:$I$5000)-SUMIF(XUAT!$E$1:$E$5000,DMHH!B255,XUAT!$L$1:$L$5000)","v":0}]
[254,"TNST 3.0M","Tôn nhựa sóng tròn 3.0m","Tấm","TNST",null,null,null,null,{"$f":"F256+SUMIF(NHAP!$D$1:$D$5000,B256,NHAP!$G$1:$G$5000)-SUMIF(XUAT!$E$1:$E$5000,B256,XUAT!$H$1:$H$5000)","v":0},0,{"$f":"H256+SUMIF(NHAP!$D$1:$D$5000,DMHH!B256,NHAP!$I$1:$I$5000)-SUMIF(XUAT!$E$1:$E$5000,DMHH!B256,XUAT!$L$1:$L$5000)","v":0}]
[255,"TNSV M 2.0M","Tôn nhựa sóng vuông mỏng 2.0m","Tấm","TNSV",31,97000,3007000,null,{"$f":"F257+SUMIF(NHAP!$D$1:$D$5000,B257,NHAP!$G$1:$G$5000)-SUMIF(XUAT!$E$1:$E$5000,B257,XUAT!$H$1:$H$5000)","v":16},97000,{"$f":"H257+SUMIF(NHAP!$D$1:$D$5000,DMHH!B257,NHAP!$I$1:$I$5000)-SUMIF(XUAT!$E$1:$E$5000,DMHH!B257,XUAT!$L$1:$L$5000)","v":1552000}]
[256,"TNSV M 2.4M","Tôn nhựa sóng vuông Mỏng 2.4m","Tấm","TNSV",21,116400,2444400,null,{"$f":"F258+SUMIF(NHAP!$D$1:$D$5000,B258,NHAP!$G$1:$G$5000)-SUMIF(XUAT!$E$1:$E$5000,B258,XUAT!$H$1:$H$5000)","v":21},116400,{"$f":"H258+SUMIF(NHAP!$D$1:$D$5000,DMHH!B258,NHAP!$I$1:$I$5000)-SUMIF(XUAT!$E$1:$E$5000,DMHH!B258,XUAT!$L$1:$L$5000)","v":2444400}]
[257,"TNSV M 2.5M","Tôn nhựa sóng vuông mỏng 2.5m","Tấm","TNSV",29,121250,3516250,null,{"$f":"F259+SUMIF(NHAP!$D$1:$D$5000,B259,NHAP!$G$1:$G$5000)-SUMIF(XUAT!$E$1:$E$5000,B259,XUAT!$H$1:$H$5000)","v":21},121250,{"$f":"H259+SUMIF(NHAP!$D$1:$D$5000,DMHH!B259,NHAP!$I$1:$I$5000)-SUMIF(XUAT!$E$1:$E$5000,DMHH!B259,XUAT!$L$1:$L$5000)","v":2546250}]
[258,"TNSV M 3.0M","Tôn nhựa sóng vuông mỏng 3.0m","Tấm","TNSV",2,145500,291000,null,{"$f":"F260+SUMIF(NHAP!$D$1:$D$5000,B260,NHAP!$G$1:$G$5000)-SUMIF(XUAT!$E$1:$E$5000,B260,XUAT!$H$1:$H$5000)","v":2},{"$f":"IF(J260=0,0,L260/J260)","v":145500},{"$f":"H260+SUMIF(NHAP!$D$1:$D$5000,DMHH!B260,NHAP!$I$1:$I$5000)-SUMIF(XUAT!$E$1:$E$5000,DMHH!B260,XUAT!$L$1:$L$5000)","v":291000}]
[259,"TNSV1.0 2.0M","Tôn nhựa sóng vuông (1.0) 2.0m","Tấm","TNSV",58,130000,7540000,null,{"$f":"F261+SUMIF(NHAP!$D$1:$D$5000,B261,NHAP!$G$1:$G$5000)-SUMIF(XUAT!$E$1:$E$5000,B261,XUAT!$H$1:$H$5000)","v":8},130000,{"$f":"H261+SUMIF(NHAP!$D$1:$D$5000,DMHH!B261,NHAP!$I$1:$I$5000)-SUMIF(XUAT!$E$1:$E$5000,DMHH!B261,XUAT!$L$1:$L$5000)","v":1040000}]
[260,"TNSV1.0 2.5M","Tôn nhựa sóng vuông (1.0) 2.5m","Tấm","TNSV",47,162500,7637500,null,{"$f":"F262+SUMIF(NHAP!$D$1:$D$5000,B262,NHAP!$G$1:$G$5000)-SUMIF(XUAT!$E$1:$E$5000,B262,XUAT!$H$1:$H$5000)","v":25},156056.70103092783,{"$f":"H262+SUMIF(NHAP!$D$1:$D$5000,DMHH!B262,NHAP!$I$1:$I$5000)-SUMIF(XUAT!$E$1:$E$5000,DMHH!B262,XUAT!$L$1:$L$5000)","v":3901417.5257731955}]
[261,"TNSV1.0 3.0M","Tôn nhựa sóng vuông (1.0) 3.0m","Tấm","TNSV",32,195000,6240000,null,{"$f":"F263+SUMIF(NHAP!$D$1:$D$5000,B263,NHAP!$G$1:$G$5000)-SUMIF(XUAT!$E$1:$E$5000,B263,XUAT!$H$1:$H$5000)","v":17},184285.714285714,{"$f":"H263+SUMIF(NHAP!$D$1:$D$5000,DMHH!B263,NHAP!$I$1:$I$5000)-SUMIF(XUAT!$E$1:$E$5000,DMHH!B263,XUAT!$L$1:$L$5000)","v":3132857.1428571381}]
[262,"TNSV1.0 4.5M","Tôn nhựa sóng vuông (1.0) 4.5m","Tấm","TNSV",20,270000,5400000,null,{"$f":"F264+SUMIF(NHAP!$D$1:$D$5000,B264,NHAP!$G$1:$G$5000)-SUMIF(XUAT!$E$1:$E$5000,B264,XUAT!$H$1:$H$5000)","v":40},270000,{"$f":"H264+SUMIF(NHAP!$D$1:$D$5000,DMHH!B264,NHAP!$I$1:$I$5000)-SUMIF(XUAT!$E$1:$E$5000,DMHH!B264,XUAT!$L$1:$L$5000)","v":10800000}]
[263,"TNSV1.0 5.0M","Tôn nhựa sóng vuông (1.0) 5.0m","Tấm","TNSV",20,300000,6000000,null,{"$f":"F265+SUMIF(NHAP!$D$1:$D$5000,B265,NHAP!$G$1:$G$5000)-SUMIF(XUAT!$E$1:$E$5000,B265,XUAT!$H$1:$H$5000)","v":60},302222.22222222219,{"$f":"H265+SUMIF(NHAP!$D$1:$D$5000,DMHH!B265,NHAP!$I$1:$I$5000)-SUMIF(XUAT!$E$1:$E$5000,DMHH!B265,XUAT!$L$1:$L$5000)","v":18133333.333333332}]
[264,"TNSV1.0 5.5M","Tôn nhựa sóng vuông (1.0) 5.5m","Tấm","TNSV",20,330000,6600000,null,{"$f":"F266+SUMIF(NHAP!$D$1:$D$5000,B266,NHAP!$G$1:$G$5000)-SUMIF(XUAT!$E$1:$E$5000,B266,XUAT!$H$1:$H$5000)","v":20},330000,{"$f":"H266+SUMIF(NHAP!$D$1:$D$5000,DMHH!B266,NHAP!$I$1:$I$5000)-SUMIF(XUAT!$E$1:$E$5000,DMHH!B266,XUAT!$L$1:$L$5000)","v":6600000}]
[265,"TNSV1.0 6.0M","Tôn nhựa sóng vuông (1.0) 6.0m","Tấm","TNSV",20,360000,7200000,null,{"$f":"F267+SUMIF(NHAP!$D$1:$D$5000,B267,NHAP!$G$1:$G$5000)-SUMIF(XUAT!$E$1:$E$5000,B267,XUAT!$H$1:$H$5000)","v":26},360000,{"$f":"H267+SUMIF(NHAP!$D$1:$D$5000,DMHH!B267,NHAP!$I$1:$I$5000)-SUMIF(XUAT!$E$1:$E$5000,DMHH!B267,XUAT!$L$1:$L$5000)","v":9360000}]
[266,"U100","U 100","Cây","U",7,451000,3157000,null,{"$f":"F268+SUMIF(NHAP!$D$1:$D$5000,B268,NHAP!$G$1:$G$5000)-SUMIF(XUAT!$E$1:$E$5000,B268,XUAT!$H$1:$H$5000)","v":6},442187.5,{"$f":"H268+SUMIF(NHAP!$D$1:$D$5000,DMHH!B268,NHAP!$I$1:$I$5000)-SUMIF(XUAT!$E$1:$E$5000,DMHH!B268,XUAT!$L$1:$L$5000)","v":2653125}]
[267,"U100D","U 100 (D)","Cây","U",null,null,null,null,{"$f":"F269+SUMIF(NHAP!$D$1:$D$5000,B269,NHAP!$G$1:$G$5000)-SUMIF(XUAT!$E$1:$E$5000,B269,XUAT!$H$1:$H$5000)","v":0},0,{"$f":"H269+SUMIF(NHAP!$D$1:$D$5000,DMHH!B269,NHAP!$I$1:$I$5000)-SUMIF(XUAT!$E$1:$E$5000,DMHH!B269,XUAT!$L$1:$L$5000)","v":0}]
[268,"U120","U 120","Cây","U",4,598000,2392000,null,{"$f":"F270+SUMIF(NHAP!$D$1:$D$5000,B270,NHAP!$G$1:$G$5000)-SUMIF(XUAT!$E$1:$E$5000,B270,XUAT!$H$1:$H$5000)","v":7},581333.33333333326,{"$f":"H270+SUMIF(NHAP!$D$1:$D$5000,DMHH!B270,NHAP!$I$1:$I$5000)-SUMIF(XUAT!$E$1:$E$5000,DMHH!B270,XUAT!$L$1:$L$5000)","v":4069333.333333333}]
[269,"U140","U 140","Cây","U",null,null,null,null,{"$f":"F271+SUMIF(NHAP!$D$1:$D$5000,B271,NHAP!$G$1:$G$5000)-SUMIF(XUAT!$E$1:$E$5000,B271,XUAT!$H$1:$H$5000)","v":0},0,{"$f":"H271+SUMIF(NHAP!$D$1:$D$5000,DMHH!B271,NHAP!$I$1:$I$5000)-SUMIF(XUAT!$E$1:$E$5000,DMHH!B271,XUAT!$L$1:$L$5000)","v":0}]
[270,"U160","U 160","Cây","U",3,1020000,3060000,null,{"$f":"F272+SUMIF(NHAP!$D$1:$D$5000,B272,NHAP!$G$1:$G$5000)-SUMIF(XUAT!$E$1:$E$5000,B272,XUAT!$H$1:$H$5000)","v":0},0,{"$f":"H272+SUMIF(NHAP!$D$1:$D$5000,DMHH!B272,NHAP!$I$1:$I$5000)-SUMIF(XUAT!$E$1:$E$5000,DMHH!B272,XUAT!$L$1:$L$5000)","v":0}]
[271,"U200","U 200","Cây","U",null,null,null,null,{"$f":"F273+SUMIF(NHAP!$D$1:$D$5000,B273,NHAP!$G$1:$G$5000)-SUMIF(XUAT!$E$1:$E$5000,B273,XUAT!$H$1:$H$5000)","v":0},0,{"$f":"H273+SUMIF(NHAP!$D$1:$D$5000,DMHH!B273,NHAP!$I$1:$I$5000)-SUMIF(XUAT!$E$1:$E$5000,DMHH!B273,XUAT!$L$1:$L$5000)","v":0}]
[272,"U50","U 50","Cây","U",null,null,null,null,{"$f":"F274+SUMIF(NHAP!$D$1:$D$5000,B274,NHAP!$G$1:$G$5000)-SUMIF(XUAT!$E$1:$E$5000,B274,XUAT!$H$1:$H$5000)","v":0},0,{"$f":"H274+SUMIF(NHAP!$D$1:$D$5000,DMHH!B274,NHAP!$I$1:$I$5000)-SUMIF(XUAT!$E$1:$E$5000,DMHH!B274,XUAT!$L$1:$L$5000)","v":0}]
[273,"U65","U 65","Cây","U",4,277500,1110000,null,{"$f":"F275+SUMIF(NHAP!$D$1:$D$5000,B275,NHAP!$G$1:$G$5000)-SUMIF(XUAT!$E$1:$E$5000,B275,XUAT!$H$1:$H$5000)","v":17},259869.56521739133,{"$f":"H275+SUMIF(NHAP!$D$1:$D$5000,DMHH!B275,NHAP!$I$1:$I$5000)-SUMIF(XUAT!$E$1:$E$5000,DMHH!B275,XUAT!$L$1:$L$5000)","v":4417782.6086956523}]
[274,"U80D","U 80 (D)","Cây","U",null,null,null,null,{"$f":"F276+SUMIF(NHAP!$D$1:$D$5000,B276,NHAP!$G$1:$G$5000)-SUMIF(XUAT!$E$1:$E$5000,B276,XUAT!$H$1:$H$5000)","v":3},423000,{"$f":"H276+SUMIF(NHAP!$D$1:$D$5000,DMHH!B276,NHAP!$I$1:$I$5000)-SUMIF(XUAT!$E$1:$E$5000,DMHH!B276,XUAT!$L$1:$L$5000)","v":1269000}]
[275,"U80M","U 80 (M)","Cây","U",1,360000,360000,null,{"$f":"F277+SUMIF(NHAP!$D$1:$D$5000,B277,NHAP!$G$1:$G$5000)-SUMIF(XUAT!$E$1:$E$5000,B277,XUAT!$H$1:$H$5000)","v":5},314423.07692307682,{"$f":"H277+SUMIF(NHAP!$D$1:$D$5000,DMHH!B277,NHAP!$I$1:$I$5000)-SUMIF(XUAT!$E$1:$E$5000,DMHH!B277,XUAT!$L$1:$L$5000)","v":1572115.384615384}]
[276,"UCK 2.0M","U cửa kéo 2.0m","Cây","UCK",44,15400,677600,null,{"$f":"F278+SUMIF(NHAP!$D$1:$D$5000,B278,NHAP!$G$1:$G$5000)-SUMIF(XUAT!$E$1:$E$5000,B278,XUAT!$H$1:$H$5000)","v":30},15400,{"$f":"H278+SUMIF(NHAP!$D$1:$D$5000,DMHH!B278,NHAP!$I$1:$I$5000)-SUMIF(XUAT!$E$1:$E$5000,DMHH!B278,XUAT!$L$1:$L$5000)","v":462000}]
[277,"UCK 2.1M","U cửa kéo 2.1m","Cây","UCK",70,15960,1117200,null,{"$f":"F279+SUMIF(NHAP!$D$1:$D$5000,B279,NHAP!$G$1:$G$5000)-SUMIF(XUAT!$E$1:$E$5000,B279,XUAT!$H$1:$H$5000)","v":70},15960,{"$f":"H279+SUMIF(NHAP!$D$1:$D$5000,DMHH!B279,NHAP!$I$1:$I$5000)-SUMIF(XUAT!$E$1:$E$5000,DMHH!B279,XUAT!$L$1:$L$5000)","v":1117200}]
[278,"UCK 2.2M","U cửa kéo 2.2m","Cây","UCK",66,18040,1190640,null,{"$f":"F280+SUMIF(NHAP!$D$1:$D$5000,B280,NHAP!$G$1:$G$5000)-SUMIF(XUAT!$E$1:$E$5000,B280,XUAT!$H$1:$H$5000)","v":66},18040,{"$f":"H280+SUMIF(NHAP!$D$1:$D$5000,DMHH!B280,NHAP!$I$1:$I$5000)-SUMIF(XUAT!$E$1:$E$5000,DMHH!B280,XUAT!$L$1:$L$5000)","v":1190640}]
[279,"UCK 2.3M","U cửa kéo 2.3m","Cây","UCK",49,18860,924140,null,{"$f":"F281+SUMIF(NHAP!$D$1:$D$5000,B281,NHAP!$G$1:$G$5000)-SUMIF(XUAT!$E$1:$E$5000,B281,XUAT!$H$1:$H$5000)","v":49},18860,{"$f":"H281+SUMIF(NHAP!$D$1:$D$5000,DMHH!B281,NHAP!$I$1:$I$5000)-SUMIF(XUAT!$E$1:$E$5000,DMHH!B281,XUAT!$L$1:$L$5000)","v":924140}]
[280,"UCK 2.4M","U cửa kéo 2.4m","Cây","UCK",40,22080,883200,null,{"$f":"F282+SUMIF(NHAP!$D$1:$D$5000,B282,NHAP!$G$1:$G$5000)-SUMIF(XUAT!$E$1:$E$5000,B282,XUAT!$H$1:$H$5000)","v":40},22080,{"$f":"H282+SUMIF(NHAP!$D$1:$D$5000,DMHH!B282,NHAP!$I$1:$I$5000)-SUMIF(XUAT!$E$1:$E$5000,DMHH!B282,XUAT!$L$1:$L$5000)","v":883200}]
[281,"UCK 2.5M","U cửa kéo 2.5m","Cây","UCK",90,20500,1845000,null,{"$f":"F283+SUMIF(NHAP!$D$1:$D$5000,B283,NHAP!$G$1:$G$5000)-SUMIF(XUAT!$E$1:$E$5000,B283,XUAT!$H$1:$H$5000)","v":90},20500,{"$f":"H283+SUMIF(NHAP!$D$1:$D$5000,DMHH!B283,NHAP!$I$1:$I$5000)-SUMIF(XUAT!$E$1:$E$5000,DMHH!B283,XUAT!$L$1:$L$5000)","v":1845000}]
[282,"UCK 2.6M","U cửa kéo 2.6m","Cây","UCK",102,23920,2439840,null,{"$f":"F284+SUMIF(NHAP!$D$1:$D$5000,B284,NHAP!$G$1:$G$5000)-SUMIF(XUAT!$E$1:$E$5000,B284,XUAT!$H$1:$H$5000)","v":102},23920,{"$f":"H284+SUMIF(NHAP!$D$1:$D$5000,DMHH!B284,NHAP!$I$1:$I$5000)-SUMIF(XUAT!$E$1:$E$5000,DMHH!B284,XUAT!$L$1:$L$5000)","v":2439840}]
[283,"UCK 2.7M","U cửa kéo 2.7m","Cây","UCK",62,20660,1280920,null,{"$f":"F285+SUMIF(NHAP!$D$1:$D$5000,B285,NHAP!$G$1:$G$5000)-SUMIF(XUAT!$E$1:$E$5000,B285,XUAT!$H$1:$H$5000)","v":62},20660,{"$f":"H285+SUMIF(NHAP!$D$1:$D$5000,DMHH!B285,NHAP!$I$1:$I$5000)-SUMIF(XUAT!$E$1:$E$5000,DMHH!B285,XUAT!$L$1:$L$5000)","v":1280920}]
[284,"UCK 2.8M","U cửa kéo 2.8m","Cây","UCK",107,23800,2546600,null,{"$f":"F286+SUMIF(NHAP!$D$1:$D$5000,B286,NHAP!$G$1:$G$5000)-SUMIF(XUAT!$E$1:$E$5000,B286,XUAT!$H$1:$H$5000)","v":107},23800,{"$f":"H286+SUMIF(NHAP!$D$1:$D$5000,DMHH!B286,NHAP!$I$1:$I$5000)-SUMIF(XUAT!$E$1:$E$5000,DMHH!B286,XUAT!$L$1:$L$5000)","v":2546600}]
[285,"UCK 2.9M","U cửa kéo 2.9m","Cây","UCK",80,26680,2134400,null,{"$f":"F287+SUMIF(NHAP!$D$1:$D$5000,B287,NHAP!$G$1:$G$5000)-SUMIF(XUAT!$E$1:$E$5000,B287,XUAT!$H$1:$H$5000)","v":25},26680,{"$f":"H287+SUMIF(NHAP!$D$1:$D$5000,DMHH!B287,NHAP!$I$1:$I$5000)-SUMIF(XUAT!$E$1:$E$5000,DMHH!B287,XUAT!$L$1:$L$5000)","v":667000}]
[286,"UCK 3.0M","U cửa kéo 3.0m","Cây","UCK",34,27600,938400,null,{"$f":"F288+SUMIF(NHAP!$D$1:$D$5000,B288,NHAP!$G$1:$G$5000)-SUMIF(XUAT!$E$1:$E$5000,B288,XUAT!$H$1:$H$5000)","v":0},0,{"$f":"H288+SUMIF(NHAP!$D$1:$D$5000,DMHH!B288,NHAP!$I$1:$I$5000)-SUMIF(XUAT!$E$1:$E$5000,DMHH!B288,XUAT!$L$1:$L$5000)","v":0}]
[287,"V25","V đen25(X)","Cây","V",386,69100,26672600,null,{"$f":"F289+SUMIF(NHAP!$D$1:$D$5000,B289,NHAP!$G$1:$G$5000)-SUMIF(XUAT!$E$1:$E$5000,B289,XUAT!$H$1:$H$5000)","v":125},67282.844243792293,{"$f":"H289+SUMIF(NHAP!$D$1:$D$5000,DMHH!B289,NHAP!$I$1:$I$5000)-SUMIF(XUAT!$E$1:$E$5000,DMHH!B289,XUAT!$L$1:$L$5000)","v":8410355.5304740369}]
[288,"V30Đ","V đen 30(Đ)","Cây","V",78,92500,7215000,null,{"$f":"F290+SUMIF(NHAP!$D$1:$D$5000,B290,NHAP!$G$1:$G$5000)-SUMIF(XUAT!$E$1:$E$5000,B290,XUAT!$H$1:$H$5000)","v":193.5},89311.51079136692,{"$f":"H290+SUMIF(NHAP!$D$1:$D$5000,DMHH!B290,NHAP!$I$1:$I$5000)-SUMIF(XUAT!$E$1:$E$5000,DMHH!B290,XUAT!$L$1:$L$5000)","v":17281777.338129498}]
[289,"V30K","V kẽm 30","Cây","V",5,114700,573500,null,{"$f":"F291+SUMIF(NHAP!$D$1:$D$5000,B291,NHAP!$G$1:$G$5000)-SUMIF(XUAT!$E$1:$E$5000,B291,XUAT!$H$1:$H$5000)","v":15},102900,{"$f":"H291+SUMIF(NHAP!$D$1:$D$5000,DMHH!B291,NHAP!$I$1:$I$5000)-SUMIF(XUAT!$E$1:$E$5000,DMHH!B291,XUAT!$L$1:$L$5000)","v":1543500}]
[290,"V30X","V đen 30(X)","Cây","V",752,67000,50384000,null,{"$f":"F292+SUMIF(NHAP!$D$1:$D$5000,B292,NHAP!$G$1:$G$5000)-SUMIF(XUAT!$E$1:$E$5000,B292,XUAT!$H$1:$H$5000)","v":319},67000,{"$f":"H292+SUMIF(NHAP!$D$1:$D$5000,DMHH!B292,NHAP!$I$1:$I$5000)-SUMIF(XUAT!$E$1:$E$5000,DMHH!B292,XUAT!$L$1:$L$5000)","v":21373000}]
[291,"V40Đ","V đen 40(Đ)","Cây","V",70,135000,9450000,null,{"$f":"F293+SUMIF(NHAP!$D$1:$D$5000,B293,NHAP!$G$1:$G$5000)-SUMIF(XUAT!$E$1:$E$5000,B293,XUAT!$H$1:$H$5000)","v":104},129411.76470588233,{"$f":"H293+SUMIF(NHAP!$D$1:$D$5000,DMHH!B293,NHAP!$I$1:$I$5000)-SUMIF(XUAT!$E$1:$E$5000,DMHH!B293,XUAT!$L$1:$L$5000)","v":13458823.529411763}]
[292,"V40K","V kẽm 40","Cây","V",21,182000,3822000,null,{"$f":"F294+SUMIF(NHAP!$D$1:$D$5000,B294,NHAP!$G$1:$G$5000)-SUMIF(XUAT!$E$1:$E$5000,B294,XUAT!$H$1:$H$5000)","v":120},178459.55882352943,{"$f":"H294+SUMIF(NHAP!$D$1:$D$5000,DMHH!B294,NHAP!$I$1:$I$5000)-SUMIF(XUAT!$E$1:$E$5000,DMHH!B294,XUAT!$L$1:$L$5000)","v":21415147.05882353}]
[293,"V40T","V đen 40(T)","Cây","V",96,167200,16051200,null,{"$f":"F295+SUMIF(NHAP!$D$1:$D$5000,B295,NHAP!$G$1:$G$5000)-SUMIF(XUAT!$E$1:$E$5000,B295,XUAT!$H$1:$H$5000)","v":36},167200,{"$f":"H295+SUMIF(NHAP!$D$1:$D$5000,DMHH!B295,NHAP!$I$1:$I$5000)-SUMIF(XUAT!$E$1:$E$5000,DMHH!B295,XUAT!$L$1:$L$5000)","v":6019200}]
[294,"V40X","V đen 40(X)","Cây","V",49,106600,5223400,null,{"$f":"F296+SUMIF(NHAP!$D$1:$D$5000,B296,NHAP!$G$1:$G$5000)-SUMIF(XUAT!$E$1:$E$5000,B296,XUAT!$H$1:$H$5000)","v":56},97322.891566265112,{"$f":"H296+SUMIF(NHAP!$D$1:$D$5000,DMHH!B296,NHAP!$I$1:$I$5000)-SUMIF(XUAT!$E$1:$E$5000,DMHH!B296,XUAT!$L$1:$L$5000)","v":5450081.9277108461}]
[295,"V50Đ","V đen 50(Đ)","Cây","V",42,214200,8996400,null,{"$f":"F297+SUMIF(NHAP!$D$1:$D$5000,B297,NHAP!$G$1:$G$5000)-SUMIF(XUAT!$E$1:$E$5000,B297,XUAT!$H$1:$H$5000)","v":56},198918.30985915501,{"$f":"H297+SUMIF(NHAP!$D$1:$D$5000,DMHH!B297,NHAP!$I$1:$I$5000)-SUMIF(XUAT!$E$1:$E$5000,DMHH!B297,XUAT!$L$1:$L$5000)","v":11139425.352112681}]
[296,"V50K","V kẽm 50","Cây","V",2,269500,539000,null,{"$f":"F298+SUMIF(NHAP!$D$1:$D$5000,B298,NHAP!$G$1:$G$5000)-SUMIF(XUAT!$E$1:$E$5000,B298,XUAT!$H$1:$H$5000)","v":2},269500,{"$f":"H298+SUMIF(NHAP!$D$1:$D$5000,DMHH!B298,NHAP!$I$1:$I$5000)-SUMIF(XUAT!$E$1:$E$5000,DMHH!B298,XUAT!$L$1:$L$5000)","v":539000}]
[297,"V50T","V đen 50(T)","Cây","V",90,260500,23445000,null,{"$f":"F299+SUMIF(NHAP!$D$1:$D$5000,B299,NHAP!$G$1:$G$5000)-SUMIF(XUAT!$E$1:$E$5000,B299,XUAT!$H$1:$H$5000)","v":43},260500,{"$f":"H299+SUMIF(NHAP!$D$1:$D$5000,DMHH!B299,NHAP!$I$1:$I$5000)-SUMIF(XUAT!$E$1:$E$5000,DMHH!B299,XUAT!$L$1:$L$5000)","v":11201500}]
[298,"V50T NB","V đen 50(T) NB","Cây","V",null,null,null,null,{"$f":"F300+SUMIF(NHAP!$D$1:$D$5000,B300,NHAP!$G$1:$G$5000)-SUMIF(XUAT!$E$1:$E$5000,B300,XUAT!$H$1:$H$5000)","v":0},0,{"$f":"H300+SUMIF(NHAP!$D$1:$D$5000,DMHH!B300,NHAP!$I$1:$I$5000)-SUMIF(XUAT!$E$1:$E$5000,DMHH!B300,XUAT!$L$1:$L$5000)","v":0}]
[299,"V50X","V đen 50(X)","Cây","V",23,176000,4048000,null,{"$f":"F301+SUMIF(NHAP!$D$1:$D$5000,B301,NHAP!$G$1:$G$5000)-SUMIF(XUAT!$E$1:$E$5000,B301,XUAT!$H$1:$H$5000)","v":110},160068.29268292684,{"$f":"H301+SUMIF(NHAP!$D$1:$D$5000,DMHH!B301,NHAP!$I$1:$I$5000)-SUMIF(XUAT!$E$1:$E$5000,DMHH!B301,XUAT!$L$1:$L$5000)","v":17607512.195121951}]
[300,"V60Đ","V đen 60(Đ)","Cây","V",null,null,null,null,{"$f":"F302+SUMIF(NHAP!$D$1:$D$5000,B302,NHAP!$G$1:$G$5000)-SUMIF(XUAT!$E$1:$E$5000,B302,XUAT!$H$1:$H$5000)","v":0},0,{"$f":"H302+SUMIF(NHAP!$D$1:$D$5000,DMHH!B302,NHAP!$I$1:$I$5000)-SUMIF(XUAT!$E$1:$E$5000,DMHH!B302,XUAT!$L$1:$L$5000)","v":0}]
[301,"V60T","V đen 60(T)","cây","V",null,null,null,null,{"$f":"F303+SUMIF(NHAP!$D$1:$D$5000,B303,NHAP!$G$1:$G$5000)-SUMIF(XUAT!$E$1:$E$5000,B303,XUAT!$H$1:$H$5000)","v":0},0,{"$f":"H303+SUMIF(NHAP!$D$1:$D$5000,DMHH!B303,NHAP!$I$1:$I$5000)-SUMIF(XUAT!$E$1:$E$5000,DMHH!B303,XUAT!$L$1:$L$5000)","v":0}]
[302,"V63 4LI 26KG","V63 (4li2) 26kg","Cây","V",null,null,null,null,{"$f":"F304+SUMIF(NHAP!$D$1:$D$5000,B304,NHAP!$G$1:$G$5000)-SUMIF(XUAT!$E$1:$E$5000,B304,XUAT!$H$1:$H$5000)","v":0},0,{"$f":"H304+SUMIF(NHAP!$D$1:$D$5000,DMHH!B304,NHAP!$I$1:$I$5000)-SUMIF(XUAT!$E$1:$E$5000,DMHH!B304,XUAT!$L$1:$L$5000)","v":0}]
[303,"V70 5.0","V đen 70 (5.0)","Cây","V",4,350000,1400000,null,{"$f":"F305+SUMIF(NHAP!$D$1:$D$5000,B305,NHAP!$G$1:$G$5000)-SUMIF(XUAT!$E$1:$E$5000,B305,XUAT!$H$1:$H$5000)","v":4},350000,{"$f":"H305+SUMIF(NHAP!$D$1:$D$5000,DMHH!B305,NHAP!$I$1:$I$5000)-SUMIF(XUAT!$E$1:$E$5000,DMHH!B305,XUAT!$L$1:$L$5000)","v":1400000}]
[304,"V75 5.0","V đen75 (5.0)","Cây","V",null,null,null,null,{"$f":"F306+SUMIF(NHAP!$D$1:$D$5000,B306,NHAP!$G$1:$G$5000)-SUMIF(XUAT!$E$1:$E$5000,B306,XUAT!$H$1:$H$5000)","v":0},0,{"$f":"H306+SUMIF(NHAP!$D$1:$D$5000,DMHH!B306,NHAP!$I$1:$I$5000)-SUMIF(XUAT!$E$1:$E$5000,DMHH!B306,XUAT!$L$1:$L$5000)","v":0}]
[305,"V75 6.0","V đen 75 (6.0)","Cây","V",1,417000,417000,null,{"$f":"F307+SUMIF(NHAP!$D$1:$D$5000,B307,NHAP!$G$1:$G$5000)-SUMIF(XUAT!$E$1:$E$5000,B307,XUAT!$H$1:$H$5000)","v":1},417000,{"$f":"H307+SUMIF(NHAP!$D$1:$D$5000,DMHH!B307,NHAP!$I$1:$I$5000)-SUMIF(XUAT!$E$1:$E$5000,DMHH!B307,XUAT!$L$1:$L$5000)","v":417000}]
[306,"V75 8.0","V đen 75 (8.0)","Cây","V",null,null,null,null,{"$f":"F308+SUMIF(NHAP!$D$1:$D$5000,B308,NHAP!$G$1:$G$5000)-SUMIF(XUAT!$E$1:$E$5000,B308,XUAT!$H$1:$H$5000)","v":0},0,{"$f":"H308+SUMIF(NHAP!$D$1:$D$5000,DMHH!B308,NHAP!$I$1:$I$5000)-SUMIF(XUAT!$E$1:$E$5000,DMHH!B308,XUAT!$L$1:$L$5000)","v":0}]
[307,"VD100 2.5","Vuông đen 100 (2.5)","Cây","VD",null,null,null,null,{"$f":"F309+SUMIF(NHAP!$D$1:$D$5000,B309,NHAP!$G$1:$G$5000)-SUMIF(XUAT!$E$1:$E$5000,B309,XUAT!$H$1:$H$5000)","v":0},0,{"$f":"H309+SUMIF(NHAP!$D$1:$D$5000,DMHH!B309,NHAP!$I$1:$I$5000)-SUMIF(XUAT!$E$1:$E$5000,DMHH!B309,XUAT!$L$1:$L$5000)","v":0}]
[308,"VD100 3.0","Vuông đen 100 (3.0)","Cây","VD",null,null,null,null,{"$f":"F310+SUMIF(NHAP!$D$1:$D$5000,B310,NHAP!$G$1:$G$5000)-SUMIF(XUAT!$E$1:$E$5000,B310,XUAT!$H$1:$H$5000)","v":0},0,{"$f":"H310+SUMIF(NHAP!$D$1:$D$5000,DMHH!B310,NHAP!$I$1:$I$5000)-SUMIF(XUAT!$E$1:$E$5000,DMHH!B310,XUAT!$L$1:$L$5000)","v":0}]
[309,"VD14 0.6","Vuông đen 14 (0.6)","Cây","VD",null,null,null,null,{"$f":"F311+SUMIF(NHAP!$D$1:$D$5000,B311,NHAP!$G$1:$G$5000)-SUMIF(XUAT!$E$1:$E$5000,B311,XUAT!$H$1:$H$5000)","v":0},0,{"$f":"H311+SUMIF(NHAP!$D$1:$D$5000,DMHH!B311,NHAP!$I$1:$I$5000)-SUMIF(XUAT!$E$1:$E$5000,DMHH!B311,XUAT!$L$1:$L$5000)","v":0}]
[310,"VD16 0.6","Vuông đen 16 (0.6)","Cây","VD",null,null,null,null,{"$f":"F312+SUMIF(NHAP!$D$1:$D$5000,B312,NHAP!$G$1:$G$5000)-SUMIF(XUAT!$E$1:$E$5000,B312,XUAT!$H$1:$H$5000)","v":0},0,{"$f":"H312+SUMIF(NHAP!$D$1:$D$5000,DMHH!B312,NHAP!$I$1:$I$5000)-SUMIF(XUAT!$E$1:$E$5000,DMHH!B312,XUAT!$L$1:$L$5000)","v":0}]
[311,"VD16 1.2","Vuông đen 16 (1.2)","Cây","VD",null,null,null,null,{"$f":"F313+SUMIF(NHAP!$D$1:$D$5000,B313,NHAP!$G$1:$G$5000)-SUMIF(XUAT!$E$1:$E$5000,B313,XUAT!$H$1:$H$5000)","v":0},0,{"$f":"H313+SUMIF(NHAP!$D$1:$D$5000,DMHH!B313,NHAP!$I$1:$I$5000)-SUMIF(XUAT!$E$1:$E$5000,DMHH!B313,XUAT!$L$1:$L$5000)","v":0}]
[312,"VD20 0.6","Vuông đen 20 (0.6)","Cây","VD",null,null,null,null,{"$f":"F314+SUMIF(NHAP!$D$1:$D$5000,B314,NHAP!$G$1:$G$5000)-SUMIF(XUAT!$E$1:$E$5000,B314,XUAT!$H$1:$H$5000)","v":0},0,{"$f":"H314+SUMIF(NHAP!$D$1:$D$5000,DMHH!B314,NHAP!$I$1:$I$5000)-SUMIF(XUAT!$E$1:$E$5000,DMHH!B314,XUAT!$L$1:$L$5000)","v":0}]
[313,"VD20 0.9","Vuông đen 20 (0.9)","Cây","VD",null,null,null,null,{"$f":"F315+SUMIF(NHAP!$D$1:$D$5000,B315,NHAP!$G$1:$G$5000)-SUMIF(XUAT!$E$1:$E$5000,B315,XUAT!$H$1:$H$5000)","v":0},0,{"$f":"H315+SUMIF(NHAP!$D$1:$D$5000,DMHH!B315,NHAP!$I$1:$I$5000)-SUMIF(XUAT!$E$1:$E$5000,DMHH!B315,XUAT!$L$1:$L$5000)","v":0}]
[314,"VD20 1.2","Vuông đen 20 (1.2)","Cây","VD",null,null,null,null,{"$f":"F316+SUMIF(NHAP!$D$1:$D$5000,B316,NHAP!$G$1:$G$5000)-SUMIF(XUAT!$E$1:$E$5000,B316,XUAT!$H$1:$H$5000)","v":0},0,{"$f":"H316+SUMIF(NHAP!$D$1:$D$5000,DMHH!B316,NHAP!$I$1:$I$5000)-SUMIF(XUAT!$E$1:$E$5000,DMHH!B316,XUAT!$L$1:$L$5000)","v":0}]
[315,"VD25 0.6","Vuông đen 25 (0.6)","Cây","VD",null,null,null,null,{"$f":"F317+SUMIF(NHAP!$D$1:$D$5000,B317,NHAP!$G$1:$G$5000)-SUMIF(XUAT!$E$1:$E$5000,B317,XUAT!$H$1:$H$5000)","v":0},0,{"$f":"H317+SUMIF(NHAP!$D$1:$D$5000,DMHH!B317,NHAP!$I$1:$I$5000)-SUMIF(XUAT!$E$1:$E$5000,DMHH!B317,XUAT!$L$1:$L$5000)","v":0}]
[316,"VD25 0.8","Vuông đen 25 (0.8)","Cây","VD",null,null,null,null,{"$f":"F318+SUMIF(NHAP!$D$1:$D$5000,B318,NHAP!$G$1:$G$5000)-SUMIF(XUAT!$E$1:$E$5000,B318,XUAT!$H$1:$H$5000)","v":0},0,{"$f":"H318+SUMIF(NHAP!$D$1:$D$5000,DMHH!B318,NHAP!$I$1:$I$5000)-SUMIF(XUAT!$E$1:$E$5000,DMHH!B318,XUAT!$L$1:$L$5000)","v":0}]
[317,"VD30 0.9","Vuông đen 30 (0.9)","Cây","VD",null,null,null,null,{"$f":"F319+SUMIF(NHAP!$D$1:$D$5000,B319,NHAP!$G$1:$G$5000)-SUMIF(XUAT!$E$1:$E$5000,B319,XUAT!$H$1:$H$5000)","v":0},0,{"$f":"H319+SUMIF(NHAP!$D$1:$D$5000,DMHH!B319,NHAP!$I$1:$I$5000)-SUMIF(XUAT!$E$1:$E$5000,DMHH!B319,XUAT!$L$1:$L$5000)","v":0}]
[318,"VD30 1.2","Vuông đen 30 (1.2)","Cây","VD",null,null,null,null,{"$f":"F320+SUMIF(NHAP!$D$1:$D$5000,B320,NHAP!$G$1:$G$5000)-SUMIF(XUAT!$E$1:$E$5000,B320,XUAT!$H$1:$H$5000)","v":0},0,{"$f":"H320+SUMIF(NHAP!$D$1:$D$5000,DMHH!B320,NHAP!$I$1:$I$5000)-SUMIF(XUAT!$E$1:$E$5000,DMHH!B320,XUAT!$L$1:$L$5000)","v":0}]
[319,"VD30 1.4","Vuông đen 30 (1.4)","Cây","VD",null,null,null,null,{"$f":"F321+SUMIF(NHAP!$D$1:$D$5000,B321,NHAP!$G$1:$G$5000)-SUMIF(XUAT!$E$1:$E$5000,B321,XUAT!$H$1:$H$5000)","v":0},0,{"$f":"H321+SUMIF(NHAP!$D$1:$D$5000,DMHH!B321,NHAP!$I$1:$I$5000)-SUMIF(XUAT!$E$1:$E$5000,DMHH!B321,XUAT!$L$1:$L$5000)","v":0}]
[320,"VD30 1.8","Vuông đen 30 (1.8)","Cây","VD",null,null,null,null,{"$f":"F322+SUMIF(NHAP!$D$1:$D$5000,B322,NHAP!$G$1:$G$5000)-SUMIF(XUAT!$E$1:$E$5000,B322,XUAT!$H$1:$H$5000)","v":0},0,{"$f":"H322+SUMIF(NHAP!$D$1:$D$5000,DMHH!B322,NHAP!$I$1:$I$5000)-SUMIF(XUAT!$E$1:$E$5000,DMHH!B322,XUAT!$L$1:$L$5000)","v":0}]
[321,"VD30 2.5","Vuông đen 30 (2.5)","Cây","VD",55,201500,11082500,null,{"$f":"F323+SUMIF(NHAP!$D$1:$D$5000,B323,NHAP!$G$1:$G$5000)-SUMIF(XUAT!$E$1:$E$5000,B323,XUAT!$H$1:$H$5000)","v":55},201500,{"$f":"H323+SUMIF(NHAP!$D$1:$D$5000,DMHH!B323,NHAP!$I$1:$I$5000)-SUMIF(XUAT!$E$1:$E$5000,DMHH!B323,XUAT!$L$1:$L$5000)","v":11082500}]
[322,"VD38 1.4","Vuông đen 38 (1.4)","Cây","VD",41,157000,6437000,null,{"$f":"F324+SUMIF(NHAP!$D$1:$D$5000,B324,NHAP!$G$1:$G$5000)-SUMIF(XUAT!$E$1:$E$5000,B324,XUAT!$H$1:$H$5000)","v":41},{"$f":"IF(J324=0,0,L324/J324)","v":157000},{"$f":"H324+SUMIF(NHAP!$D$1:$D$5000,DMHH!B324,NHAP!$I$1:$I$5000)-SUMIF(XUAT!$E$1:$E$5000,DMHH!B324,XUAT!$L$1:$L$5000)","v":6437000}]
[323,"VD40 1.2","Vuông đen 40 (1.2)","Cây","VD",null,null,null,null,{"$f":"F325+SUMIF(NHAP!$D$1:$D$5000,B325,NHAP!$G$1:$G$5000)-SUMIF(XUAT!$E$1:$E$5000,B325,XUAT!$H$1:$H$5000)","v":0},0,{"$f":"H325+SUMIF(NHAP!$D$1:$D$5000,DMHH!B325,NHAP!$I$1:$I$5000)-SUMIF(XUAT!$E$1:$E$5000,DMHH!B325,XUAT!$L$1:$L$5000)","v":0}]
[324,"VD40 1.4","Vuông đen 40 (1.4)","Cây","VD",null,null,null,null,{"$f":"F326+SUMIF(NHAP!$D$1:$D$5000,B326,NHAP!$G$1:$G$5000)-SUMIF(XUAT!$E$1:$E$5000,B326,XUAT!$H$1:$H$5000)","v":0},0,{"$f":"H326+SUMIF(NHAP!$D$1:$D$5000,DMHH!B326,NHAP!$I$1:$I$5000)-SUMIF(XUAT!$E$1:$E$5000,DMHH!B326,XUAT!$L$1:$L$5000)","v":0}]
[325,"VD40 3.0","Vuông đen 40 (3.0)","Cây","VD",null,null,null,null,{"$f":"F327+SUMIF(NHAP!$D$1:$D$5000,B327,NHAP!$G$1:$G$5000)-SUMIF(XUAT!$E$1:$E$5000,B327,XUAT!$H$1:$H$5000)","v":0},0,{"$f":"H327+SUMIF(NHAP!$D$1:$D$5000,DMHH!B327,NHAP!$I$1:$I$5000)-SUMIF(XUAT!$E$1:$E$5000,DMHH!B327,XUAT!$L$1:$L$5000)","v":0}]
[326,"VD50 1.2","Vuông đen 50 (1.2)","Cây","VD",null,null,null,null,{"$f":"F328+SUMIF(NHAP!$D$1:$D$5000,B328,NHAP!$G$1:$G$5000)-SUMIF(XUAT!$E$1:$E$5000,B328,XUAT!$H$1:$H$5000)","v":0},0,{"$f":"H328+SUMIF(NHAP!$D$1:$D$5000,DMHH!B328,NHAP!$I$1:$I$5000)-SUMIF(XUAT!$E$1:$E$5000,DMHH!B328,XUAT!$L$1:$L$5000)","v":0}]
[327,"VD50 1.4","Vuông đen 50 (1.4)","Cây","VD",null,null,null,null,{"$f":"F329+SUMIF(NHAP!$D$1:$D$5000,B329,NHAP!$G$1:$G$5000)-SUMIF(XUAT!$E$1:$E$5000,B329,XUAT!$H$1:$H$5000)","v":0},0,{"$f":"H329+SUMIF(NHAP!$D$1:$D$5000,DMHH!B329,NHAP!$I$1:$I$5000)-SUMIF(XUAT!$E$1:$E$5000,DMHH!B329,XUAT!$L$1:$L$5000)","v":0}]
[328,"VD50 2.0","Vuông đen 50 (2.0)","Cây","VD",null,null,null,null,{"$f":"F330+SUMIF(NHAP!$D$1:$D$5000,B330,NHAP!$G$1:$G$5000)-SUMIF(XUAT!$E$1:$E$5000,B330,XUAT!$H$1:$H$5000)","v":0},0,{"$f":"H330+SUMIF(NHAP!$D$1:$D$5000,DMHH!B330,NHAP!$I$1:$I$5000)-SUMIF(XUAT!$E$1:$E$5000,DMHH!B330,XUAT!$L$1:$L$5000)","v":0}]
[329,"VD50 3.0","Vuông đen 50 (3.0)","Cây","VD",null,null,null,null,{"$f":"F331+SUMIF(NHAP!$D$1:$D$5000,B331,NHAP!$G$1:$G$5000)-SUMIF(XUAT!$E$1:$E$5000,B331,XUAT!$H$1:$H$5000)","v":0},0,{"$f":"H331+SUMIF(NHAP!$D$1:$D$5000,DMHH!B331,NHAP!$I$1:$I$5000)-SUMIF(XUAT!$E$1:$E$5000,DMHH!B331,XUAT!$L$1:$L$5000)","v":0}]
[330,"VD75 2.3","Vuông đen 75 (2.3)","Cây","VD",null,null,null,null,{"$f":"F332+SUMIF(NHAP!$D$1:$D$5000,B332,NHAP!$G$1:$G$5000)-SUMIF(XUAT!$E$1:$E$5000,B332,XUAT!$H$1:$H$5000)","v":0},0,{"$f":"H332+SUMIF(NHAP!$D$1:$D$5000,DMHH!B332,NHAP!$I$1:$I$5000)-SUMIF(XUAT!$E$1:$E$5000,DMHH!B332,XUAT!$L$1:$L$5000)","v":0}]
[331,"VD90 1.4","Vuông đen 90 (1.4)","Cây","VD",null,null,null,null,{"$f":"F333+SUMIF(NHAP!$D$1:$D$5000,B333,NHAP!$G$1:$G$5000)-SUMIF(XUAT!$E$1:$E$5000,B333,XUAT!$H$1:$H$5000)","v":0},0,{"$f":"H333+SUMIF(NHAP!$D$1:$D$5000,DMHH!B333,NHAP!$I$1:$I$5000)-SUMIF(XUAT!$E$1:$E$5000,DMHH!B333,XUAT!$L$1:$L$5000)","v":0}]
[332,"VD90 1.8","Vuông đen 90 (1.8)","Cây","VD",null,null,null,null,{"$f":"F334+SUMIF(NHAP!$D$1:$D$5000,B334,NHAP!$G$1:$G$5000)-SUMIF(XUAT!$E$1:$E$5000,B334,XUAT!$H$1:$H$5000)","v":0},0,{"$f":"H334+SUMIF(NHAP!$D$1:$D$5000,DMHH!B334,NHAP!$I$1:$I$5000)-SUMIF(XUAT!$E$1:$E$5000,DMHH!B334,XUAT!$L$1:$L$5000)","v":0}]
[333,"VK100 1.4","Vuông kẽm 100 (1.4)","Cây","VK",3,418800,1256400,null,{"$f":"F335+SUMIF(NHAP!$D$1:$D$5000,B335,NHAP!$G$1:$G$5000)-SUMIF(XUAT!$E$1:$E$5000,B335,XUAT!$H$1:$H$5000)","v":0},0,{"$f":"H335+SUMIF(NHAP!$D$1:$D$5000,DMHH!B335,NHAP!$I$1:$I$5000)-SUMIF(XUAT!$E$1:$E$5000,DMHH!B335,XUAT!$L$1:$L$5000)","v":0}]
[334,"VK100 1.8","Vuông kẽm 100 (1.8)","Cây","VK",null,null,null,null,{"$f":"F336+SUMIF(NHAP!$D$1:$D$5000,B336,NHAP!$G$1:$G$5000)-SUMIF(XUAT!$E$1:$E$5000,B336,XUAT!$H$1:$H$5000)","v":3},472858.66666666605,{"$f":"H336+SUMIF(NHAP!$D$1:$D$5000,DMHH!B336,NHAP!$I$1:$I$5000)-SUMIF(XUAT!$E$1:$E$5000,DMHH!B336,XUAT!$L$1:$L$5000)","v":1418575.9999999981}]
[335,"VK100 2.0","Vuông kẽm 100 (2.0)","Cây","VK",24,538500,12924000,null,{"$f":"F337+SUMIF(NHAP!$D$1:$D$5000,B337,NHAP!$G$1:$G$5000)-SUMIF(XUAT!$E$1:$E$5000,B337,XUAT!$H$1:$H$5000)","v":2},538500,{"$f":"H337+SUMIF(NHAP!$D$1:$D$5000,DMHH!B337,NHAP!$I$1:$I$5000)-SUMIF(XUAT!$E$1:$E$5000,DMHH!B337,XUAT!$L$1:$L$5000)","v":1077000}]
[336,"VK12 1.0","Vuông kẽm 12 (1.0)","Cây","VK",null,null,null,null,{"$f":"F338+SUMIF(NHAP!$D$1:$D$5000,B338,NHAP!$G$1:$G$5000)-SUMIF(XUAT!$E$1:$E$5000,B338,XUAT!$H$1:$H$5000)","v":0},0,{"$f":"H338+SUMIF(NHAP!$D$1:$D$5000,DMHH!B338,NHAP!$I$1:$I$5000)-SUMIF(XUAT!$E$1:$E$5000,DMHH!B338,XUAT!$L$1:$L$5000)","v":0}]
[337,"VK14 0.8","Vuông kẽm 14 (0.8)","Cây","VK",3,33500,100500,null,{"$f":"F339+SUMIF(NHAP!$D$1:$D$5000,B339,NHAP!$G$1:$G$5000)-SUMIF(XUAT!$E$1:$E$5000,B339,XUAT!$H$1:$H$5000)","v":3},33500,{"$f":"H339+SUMIF(NHAP!$D$1:$D$5000,DMHH!B339,NHAP!$I$1:$I$5000)-SUMIF(XUAT!$E$1:$E$5000,DMHH!B339,XUAT!$L$1:$L$5000)","v":100500}]
[338,"VK14 0.9","Vuông kẽm 14 (0.9)","Cây","VK",17,33400,567800,null,{"$f":"F340+SUMIF(NHAP!$D$1:$D$5000,B340,NHAP!$G$1:$G$5000)-SUMIF(XUAT!$E$1:$E$5000,B340,XUAT!$H$1:$H$5000)","v":58},31348.717948717949,{"$f":"H340+SUMIF(NHAP!$D$1:$D$5000,DMHH!B340,NHAP!$I$1:$I$5000)-SUMIF(XUAT!$E$1:$E$5000,DMHH!B340,XUAT!$L$1:$L$5000)","v":1818225.641025641}]
[339,"VK14 1.0","Vuông kẽm 14 (1.0)","Cây","VK",18,40300,725400,null,{"$f":"F341+SUMIF(NHAP!$D$1:$D$5000,B341,NHAP!$G$1:$G$5000)-SUMIF(XUAT!$E$1:$E$5000,B341,XUAT!$H$1:$H$5000)","v":0},0,{"$f":"H341+SUMIF(NHAP!$D$1:$D$5000,DMHH!B341,NHAP!$I$1:$I$5000)-SUMIF(XUAT!$E$1:$E$5000,DMHH!B341,XUAT!$L$1:$L$5000)","v":0}]
[340,"VK14 1.1","Vuông kẽm 14 (1.1)","Cây","VK",125,40250,5031250,null,{"$f":"F342+SUMIF(NHAP!$D$1:$D$5000,B342,NHAP!$G$1:$G$5000)-SUMIF(XUAT!$E$1:$E$5000,B342,XUAT!$H$1:$H$5000)","v":93},40250,{"$f":"H342+SUMIF(NHAP!$D$1:$D$5000,DMHH!B342,NHAP!$I$1:$I$5000)-SUMIF(XUAT!$E$1:$E$5000,DMHH!B342,XUAT!$L$1:$L$5000)","v":3743250}]
[341,"VK14 1.2","Vuông kẽm 14 (1.2)","Cây","VK",94,47000,4418000,null,{"$f":"F343+SUMIF(NHAP!$D$1:$D$5000,B343,NHAP!$G$1:$G$5000)-SUMIF(XUAT!$E$1:$E$5000,B343,XUAT!$H$1:$H$5000)","v":97},44868.020304568556,{"$f":"H343+SUMIF(NHAP!$D$1:$D$5000,DMHH!B343,NHAP!$I$1:$I$5000)-SUMIF(XUAT!$E$1:$E$5000,DMHH!B343,XUAT!$L$1:$L$5000)","v":4352197.9695431497}]
[342,"VK20 0.8","Vuông kẽm 20 (0.8)","Cây","VK",13,47400,616200,null,{"$f":"F344+SUMIF(NHAP!$D$1:$D$5000,B344,NHAP!$G$1:$G$5000)-SUMIF(XUAT!$E$1:$E$5000,B344,XUAT!$H$1:$H$5000)","v":13},47400,{"$f":"H344+SUMIF(NHAP!$D$1:$D$5000,DMHH!B344,NHAP!$I$1:$I$5000)-SUMIF(XUAT!$E$1:$E$5000,DMHH!B344,XUAT!$L$1:$L$5000)","v":616200}]
[343,"VK20 0.9","Vuông kẽm 20 (0.9)","Cây","VK",null,null,null,null,{"$f":"F345+SUMIF(NHAP!$D$1:$D$5000,B345,NHAP!$G$1:$G$5000)-SUMIF(XUAT!$E$1:$E$5000,B345,XUAT!$H$1:$H$5000)","v":0},0,{"$f":"H345+SUMIF(NHAP!$D$1:$D$5000,DMHH!B345,NHAP!$I$1:$I$5000)-SUMIF(XUAT!$E$1:$E$5000,DMHH!B345,XUAT!$L$1:$L$5000)","v":0}]
[344,"VK20 1.0","Vuông kẽm 20 (1.0)","Cây","VK",92,51100,4701200,null,{"$f":"F346+SUMIF(NHAP!$D$1:$D$5000,B346,NHAP!$G$1:$G$5000)-SUMIF(XUAT!$E$1:$E$5000,B346,XUAT!$H$1:$H$5000)","v":0},0,{"$f":"H346+SUMIF(NHAP!$D$1:$D$5000,DMHH!B346,NHAP!$I$1:$I$5000)-SUMIF(XUAT!$E$1:$E$5000,DMHH!B346,XUAT!$L$1:$L$5000)","v":0}]
[345,"VK20 1.1","Vuông kẽm 20 (1.1)","Cây","VK",null,null,null,null,{"$f":"F347+SUMIF(NHAP!$D$1:$D$5000,B347,NHAP!$G$1:$G$5000)-SUMIF(XUAT!$E$1:$E$5000,B347,XUAT!$H$1:$H$5000)","v":0},0,{"$f":"H347+SUMIF(NHAP!$D$1:$D$5000,DMHH!B347,NHAP!$I$1:$I$5000)-SUMIF(XUAT!$E$1:$E$5000,DMHH!B347,XUAT!$L$1:$L$5000)","v":0}]
[346,"VK20 1.2","Vuông kẽm 20 (1.2)","Cây","VK",67,64500,4321500,null,{"$f":"F348+SUMIF(NHAP!$D$1:$D$5000,B348,NHAP!$G$1:$G$5000)-SUMIF(XUAT!$E$1:$E$5000,B348,XUAT!$H$1:$H$5000)","v":45},63640.552995391685,{"$f":"H348+SUMIF(NHAP!$D$1:$D$5000,DMHH!B348,NHAP!$I$1:$I$5000)-SUMIF(XUAT!$E$1:$E$5000,DMHH!B348,XUAT!$L$1:$L$5000)","v":2863824.8847926259}]
[347,"VK20 1.4","Vuông kẽm 20 (1.4)","Cây","VK",null,null,null,null,{"$f":"F349+SUMIF(NHAP!$D$1:$D$5000,B349,NHAP!$G$1:$G$5000)-SUMIF(XUAT!$E$1:$E$5000,B349,XUAT!$H$1:$H$5000)","v":19},68176.470588235286,{"$f":"H349+SUMIF(NHAP!$D$1:$D$5000,DMHH!B349,NHAP!$I$1:$I$5000)-SUMIF(XUAT!$E$1:$E$5000,DMHH!B349,XUAT!$L$1:$L$5000)","v":1295352.9411764704}]
[348,"VK25 0.9","Vuông kẽm 25 (0.9)","Cây","VK",2,70000,140000,null,{"$f":"F350+SUMIF(NHAP!$D$1:$D$5000,B350,NHAP!$G$1:$G$5000)-SUMIF(XUAT!$E$1:$E$5000,B350,XUAT!$H$1:$H$5000)","v":0},0,{"$f":"H350+SUMIF(NHAP!$D$1:$D$5000,DMHH!B350,NHAP!$I$1:$I$5000)-SUMIF(XUAT!$E$1:$E$5000,DMHH!B350,XUAT!$L$1:$L$5000)","v":0}]
[349,"VK25 1.0","Vuông kẽm 25 (1.0)","Cây","VK",null,null,null,null,{"$f":"F351+SUMIF(NHAP!$D$1:$D$5000,B351,NHAP!$G$1:$G$5000)-SUMIF(XUAT!$E$1:$E$5000,B351,XUAT!$H$1:$H$5000)","v":5},67750,{"$f":"H351+SUMIF(NHAP!$D$1:$D$5000,DMHH!B351,NHAP!$I$1:$I$5000)-SUMIF(XUAT!$E$1:$E$5000,DMHH!B351,XUAT!$L$1:$L$5000)","v":338750}]
[350,"VK25 1.1","Vuông kẽm 25 (1.1)","Cây","VK",1,85000,85000,null,{"$f":"F352+SUMIF(NHAP!$D$1:$D$5000,B352,NHAP!$G$1:$G$5000)-SUMIF(XUAT!$E$1:$E$5000,B352,XUAT!$H$1:$H$5000)","v":1},85000,{"$f":"H352+SUMIF(NHAP!$D$1:$D$5000,DMHH!B352,NHAP!$I$1:$I$5000)-SUMIF(XUAT!$E$1:$E$5000,DMHH!B352,XUAT!$L$1:$L$5000)","v":85000}]
[351,"VK25 1.2","Vuông kẽm 25 (1.2)","Cây","VK",11,90600,996600,null,{"$f":"F353+SUMIF(NHAP!$D$1:$D$5000,B353,NHAP!$G$1:$G$5000)-SUMIF(XUAT!$E$1:$E$5000,B353,XUAT!$H$1:$H$5000)","v":25},81473.23943661974,{"$f":"H353+SUMIF(NHAP!$D$1:$D$5000,DMHH!B353,NHAP!$I$1:$I$5000)-SUMIF(XUAT!$E$1:$E$5000,DMHH!B353,XUAT!$L$1:$L$5000)","v":2036830.9859154937}]
[352,"VK25 1.3","Vuông kẽm 25 (1.3)","Cây","VK",10,92000,920000,null,{"$f":"F354+SUMIF(NHAP!$D$1:$D$5000,B354,NHAP!$G$1:$G$5000)-SUMIF(XUAT!$E$1:$E$5000,B354,XUAT!$H$1:$H$5000)","v":10},92000,{"$f":"H354+SUMIF(NHAP!$D$1:$D$5000,DMHH!B354,NHAP!$I$1:$I$5000)-SUMIF(XUAT!$E$1:$E$5000,DMHH!B354,XUAT!$L$1:$L$5000)","v":920000}]
[353,"VK25 1.4","Vuông kẽm 25 (1.4)","Cây","VK",null,null,null,null,{"$f":"F355+SUMIF(NHAP!$D$1:$D$5000,B355,NHAP!$G$1:$G$5000)-SUMIF(XUAT!$E$1:$E$5000,B355,XUAT!$H$1:$H$5000)","v":3},88188.524590164117,{"$f":"H355+SUMIF(NHAP!$D$1:$D$5000,DMHH!B355,NHAP!$I$1:$I$5000)-SUMIF(XUAT!$E$1:$E$5000,DMHH!B355,XUAT!$L$1:$L$5000)","v":264565.57377049234}]
[354,"VK25 1.7","Vuông kẽm 25 (1.7)","Cây","VK",40,118200,4728000,null,{"$f":"F356+SUMIF(NHAP!$D$1:$D$5000,B356,NHAP!$G$1:$G$5000)-SUMIF(XUAT!$E$1:$E$5000,B356,XUAT!$H$1:$H$5000)","v":40},118200,{"$f":"H356+SUMIF(NHAP!$D$1:$D$5000,DMHH!B356,NHAP!$I$1:$I$5000)-SUMIF(XUAT!$E$1:$E$5000,DMHH!B356,XUAT!$L$1:$L$5000)","v":4728000}]
[355,"VK30 0.9 ","Vuông kẽm 30 (0.9)","Cây","VK",null,null,null,null,{"$f":"F357+SUMIF(NHAP!$D$1:$D$5000,B357,NHAP!$G$1:$G$5000)-SUMIF(XUAT!$E$1:$E$5000,B357,XUAT!$H$1:$H$5000)","v":0},0,{"$f":"H357+SUMIF(NHAP!$D$1:$D$5000,DMHH!B357,NHAP!$I$1:$I$5000)-SUMIF(XUAT!$E$1:$E$5000,DMHH!B357,XUAT!$L$1:$L$5000)","v":0}]
[356,"VK30 1.0","Vuông kẽm 30 (1.0)","Cây","VK",null,null,null,null,{"$f":"F358+SUMIF(NHAP!$D$1:$D$5000,B358,NHAP!$G$1:$G$5000)-SUMIF(XUAT!$E$1:$E$5000,B358,XUAT!$H$1:$H$5000)","v":0},0,{"$f":"H358+SUMIF(NHAP!$D$1:$D$5000,DMHH!B358,NHAP!$I$1:$I$5000)-SUMIF(XUAT!$E$1:$E$5000,DMHH!B358,XUAT!$L$1:$L$5000)","v":0}]
[357,"VK30 1.2","Vuông kẽm 30 (1.2)","Cây","VK",52,98500,5122000,null,{"$f":"F359+SUMIF(NHAP!$D$1:$D$5000,B359,NHAP!$G$1:$G$5000)-SUMIF(XUAT!$E$1:$E$5000,B359,XUAT!$H$1:$H$5000)","v":132},94676.7482517483,{"$f":"H359+SUMIF(NHAP!$D$1:$D$5000,DMHH!B359,NHAP!$I$1:$I$5000)-SUMIF(XUAT!$E$1:$E$5000,DMHH!B359,XUAT!$L$1:$L$5000)","v":12497330.769230776}]
[358,"VK30 1.3","Vuông kẽm 30 (1.3)","Cây","VK",23,111000,2553000,null,{"$f":"F360+SUMIF(NHAP!$D$1:$D$5000,B360,NHAP!$G$1:$G$5000)-SUMIF(XUAT!$E$1:$E$5000,B360,XUAT!$H$1:$H$5000)","v":0},0,{"$f":"H360+SUMIF(NHAP!$D$1:$D$5000,DMHH!B360,NHAP!$I$1:$I$5000)-SUMIF(XUAT!$E$1:$E$5000,DMHH!B360,XUAT!$L$1:$L$5000)","v":0}]
[359,"VK30 1.4","Vuông kẽm 30 (1.4)","Cây","VK",19,106600,2025400,null,{"$f":"F361+SUMIF(NHAP!$D$1:$D$5000,B361,NHAP!$G$1:$G$5000)-SUMIF(XUAT!$E$1:$E$5000,B361,XUAT!$H$1:$H$5000)","v":183},106537.31233933161,{"$f":"H361+SUMIF(NHAP!$D$1:$D$5000,DMHH!B361,NHAP!$I$1:$I$5000)-SUMIF(XUAT!$E$1:$E$5000,DMHH!B361,XUAT!$L$1:$L$5000)","v":19496328.158097684}]
[360,"VK30 1.7","Vuông kẽm 30 (1.7)","Cây","VK",null,null,null,null,{"$f":"F362+SUMIF(NHAP!$D$1:$D$5000,B362,NHAP!$G$1:$G$5000)-SUMIF(XUAT!$E$1:$E$5000,B362,XUAT!$H$1:$H$5000)","v":0},0,{"$f":"H362+SUMIF(NHAP!$D$1:$D$5000,DMHH!B362,NHAP!$I$1:$I$5000)-SUMIF(XUAT!$E$1:$E$5000,DMHH!B362,XUAT!$L$1:$L$5000)","v":0}]
[361,"VK30 1.8","Vuông kẽm 30 (1.8)","Cây","VK",10,138500,1385000,null,{"$f":"F363+SUMIF(NHAP!$D$1:$D$5000,B363,NHAP!$G$1:$G$5000)-SUMIF(XUAT!$E$1:$E$5000,B363,XUAT!$H$1:$H$5000)","v":29},137200,{"$f":"H363+SUMIF(NHAP!$D$1:$D$5000,DMHH!B363,NHAP!$I$1:$I$5000)-SUMIF(XUAT!$E$1:$E$5000,DMHH!B363,XUAT!$L$1:$L$5000)","v":3978800}]
[362,"VK40 1.2","Vuông kẽm 40 (1.2)","Cây","VK",44,132200,5816800,null,{"$f":"F364+SUMIF(NHAP!$D$1:$D$5000,B364,NHAP!$G$1:$G$5000)-SUMIF(XUAT!$E$1:$E$5000,B364,XUAT!$H$1:$H$5000)","v":73},128345.5555555555,{"$f":"H364+SUMIF(NHAP!$D$1:$D$5000,DMHH!B364,NHAP!$I$1:$I$5000)-SUMIF(XUAT!$E$1:$E$5000,DMHH!B364,XUAT!$L$1:$L$5000)","v":9369225.5555555522}]
[363,"VK40 1.3","Vuông kẽm 40 (1.3)","Cây","VK",5,147100,735500,null,{"$f":"F365+SUMIF(NHAP!$D$1:$D$5000,B365,NHAP!$G$1:$G$5000)-SUMIF(XUAT!$E$1:$E$5000,B365,XUAT!$H$1:$H$5000)","v":5},147100,{"$f":"H365+SUMIF(NHAP!$D$1:$D$5000,DMHH!B365,NHAP!$I$1:$I$5000)-SUMIF(XUAT!$E$1:$E$5000,DMHH!B365,XUAT!$L$1:$L$5000)","v":735500}]
[364,"VK40 1.4","Vuông kẽm 40 (1.4)","Cây","VK",21,145300,3051300,null,{"$f":"F366+SUMIF(NHAP!$D$1:$D$5000,B366,NHAP!$G$1:$G$5000)-SUMIF(XUAT!$E$1:$E$5000,B366,XUAT!$H$1:$H$5000)","v":85},143428.60110803245,{"$f":"H366+SUMIF(NHAP!$D$1:$D$5000,DMHH!B366,NHAP!$I$1:$I$5000)-SUMIF(XUAT!$E$1:$E$5000,DMHH!B366,XUAT!$L$1:$L$5000)","v":12191431.09418276}]
[365,"VK40 1.7","Vuông kẽm 40 (1.7)","Cây","VK",26,178600,4643600,null,{"$f":"F367+SUMIF(NHAP!$D$1:$D$5000,B367,NHAP!$G$1:$G$5000)-SUMIF(XUAT!$E$1:$E$5000,B367,XUAT!$H$1:$H$5000)","v":39},222121.73913043478,{"$f":"H367+SUMIF(NHAP!$D$1:$D$5000,DMHH!B367,NHAP!$I$1:$I$5000)-SUMIF(XUAT!$E$1:$E$5000,DMHH!B367,XUAT!$L$1:$L$5000)","v":8662747.826086957}]
[366,"VK40 1.8","Vuông kẽm 40 (1.8)","Cây","VK",18,185000,3330000,null,{"$f":"F368+SUMIF(NHAP!$D$1:$D$5000,B368,NHAP!$G$1:$G$5000)-SUMIF(XUAT!$E$1:$E$5000,B368,XUAT!$H$1:$H$5000)","v":15},181353.90034364312,{"$f":"H368+SUMIF(NHAP!$D$1:$D$5000,DMHH!B368,NHAP!$I$1:$I$5000)-SUMIF(XUAT!$E$1:$E$5000,DMHH!B368,XUAT!$L$1:$L$5000)","v":2720308.5051546469}]
[367,"VK40 2.0","Vuông kẽm 40 (2.0)","Cây","VK",null,null,null,null,{"$f":"F369+SUMIF(NHAP!$D$1:$D$5000,B369,NHAP!$G$1:$G$5000)-SUMIF(XUAT!$E$1:$E$5000,B369,XUAT!$H$1:$H$5000)","v":40},225036.36363636362,{"$f":"H369+SUMIF(NHAP!$D$1:$D$5000,DMHH!B369,NHAP!$I$1:$I$5000)-SUMIF(XUAT!$E$1:$E$5000,DMHH!B369,XUAT!$L$1:$L$5000)","v":9001454.5454545449}]
[368,"VK40 3.0","Vuông kẽm 40 (3.0)","Cây","VK",2,324000,648000,null,{"$f":"F370+SUMIF(NHAP!$D$1:$D$5000,B370,NHAP!$G$1:$G$5000)-SUMIF(XUAT!$E$1:$E$5000,B370,XUAT!$H$1:$H$5000)","v":2},324000,{"$f":"H370+SUMIF(NHAP!$D$1:$D$5000,DMHH!B370,NHAP!$I$1:$I$5000)-SUMIF(XUAT!$E$1:$E$5000,DMHH!B370,XUAT!$L$1:$L$5000)","v":648000}]
[369,"VK50 1.2","Vuông kẽm 50 (1.2)","Cây","VK",15,159600,2394000,null,{"$f":"F371+SUMIF(NHAP!$D$1:$D$5000,B371,NHAP!$G$1:$G$5000)-SUMIF(XUAT!$E$1:$E$5000,B371,XUAT!$H$1:$H$5000)","v":0},0,{"$f":"H371+SUMIF(NHAP!$D$1:$D$5000,DMHH!B371,NHAP!$I$1:$I$5000)-SUMIF(XUAT!$E$1:$E$5000,DMHH!B371,XUAT!$L$1:$L$5000)","v":0}]
[370,"VK50 1.4","Vuông kẽm 50 (1.4)","Cây","VK",null,null,null,null,{"$f":"F372+SUMIF(NHAP!$D$1:$D$5000,B372,NHAP!$G$1:$G$5000)-SUMIF(XUAT!$E$1:$E$5000,B372,XUAT!$H$1:$H$5000)","v":0},0,{"$f":"H372+SUMIF(NHAP!$D$1:$D$5000,DMHH!B372,NHAP!$I$1:$I$5000)-SUMIF(XUAT!$E$1:$E$5000,DMHH!B372,XUAT!$L$1:$L$5000)","v":0}]
[371,"VK50 1.8","Vuông kẽm 50 (1.8)","Cây","VK",5,243000,1215000,null,{"$f":"F373+SUMIF(NHAP!$D$1:$D$5000,B373,NHAP!$G$1:$G$5000)-SUMIF(XUAT!$E$1:$E$5000,B373,XUAT!$H$1:$H$5000)","v":0},0,{"$f":"H373+SUMIF(NHAP!$D$1:$D$5000,DMHH!B373,NHAP!$I$1:$I$5000)-SUMIF(XUAT!$E$1:$E$5000,DMHH!B373,XUAT!$L$1:$L$5000)","v":0}]
[372,"VK75 1.3","Vuông kẽm 75 (1.3)","Cây","VK",3,312000,936000,null,{"$f":"F374+SUMIF(NHAP!$D$1:$D$5000,B374,NHAP!$G$1:$G$5000)-SUMIF(XUAT!$E$1:$E$5000,B374,XUAT!$H$1:$H$5000)","v":3},312000,{"$f":"H374+SUMIF(NHAP!$D$1:$D$5000,DMHH!B374,NHAP!$I$1:$I$5000)-SUMIF(XUAT!$E$1:$E$5000,DMHH!B374,XUAT!$L$1:$L$5000)","v":936000}]
[373,"VK75 1.4","Vuông kẽm 75 (1.4)","Cây","VK",1,294700,294700,null,{"$f":"F375+SUMIF(NHAP!$D$1:$D$5000,B375,NHAP!$G$1:$G$5000)-SUMIF(XUAT!$E$1:$E$5000,B375,XUAT!$H$1:$H$5000)","v":16},287505.71428571432,{"$f":"H375+SUMIF(NHAP!$D$1:$D$5000,DMHH!B375,NHAP!$I$1:$I$5000)-SUMIF(XUAT!$E$1:$E$5000,DMHH!B375,XUAT!$L$1:$L$5000)","v":4600091.4285714291}]
[374,"VK75 1.8","Vuông kẽm 75 (1.8)","Cây","VK",2,360000,720000,null,{"$f":"F376+SUMIF(NHAP!$D$1:$D$5000,B376,NHAP!$G$1:$G$5000)-SUMIF(XUAT!$E$1:$E$5000,B376,XUAT!$H$1:$H$5000)","v":11},363854.16666666674,{"$f":"H376+SUMIF(NHAP!$D$1:$D$5000,DMHH!B376,NHAP!$I$1:$I$5000)-SUMIF(XUAT!$E$1:$E$5000,DMHH!B376,XUAT!$L$1:$L$5000)","v":4002395.833333334}]
[375,"VK90 1.3","Vuông kẽm 90 (1.3)","Cây","VK",1,365100,365100,null,{"$f":"F377+SUMIF(NHAP!$D$1:$D$5000,B377,NHAP!$G$1:$G$5000)-SUMIF(XUAT!$E$1:$E$5000,B377,XUAT!$H$1:$H$5000)","v":1},365100,{"$f":"H377+SUMIF(NHAP!$D$1:$D$5000,DMHH!B377,NHAP!$I$1:$I$5000)-SUMIF(XUAT!$E$1:$E$5000,DMHH!B377,XUAT!$L$1:$L$5000)","v":365100}]
[376,"VK90 1.4","Vuông kẽm 90 (1.4)","Cây","VK",1,365100,365100,null,{"$f":"F378+SUMIF(NHAP!$D$1:$D$5000,B378,NHAP!$G$1:$G$5000)-SUMIF(XUAT!$E$1:$E$5000,B378,XUAT!$H$1:$H$5000)","v":8},341445.45454545459,{"$f":"H378+SUMIF(NHAP!$D$1:$D$5000,DMHH!B378,NHAP!$I$1:$I$5000)-SUMIF(XUAT!$E$1:$E$5000,DMHH!B378,XUAT!$L$1:$L$5000)","v":2731563.6363636367}]
[377,"VK90 1.7 PX","Vuông kẽm 90 (1.7)","Cây","VK",10,410800,4108000,null,{"$f":"F379+SUMIF(NHAP!$D$1:$D$5000,B379,NHAP!$G$1:$G$5000)-SUMIF(XUAT!$E$1:$E$5000,B379,XUAT!$H$1:$H$5000)","v":19},432158.62068965519,{"$f":"H379+SUMIF(NHAP!$D$1:$D$5000,DMHH!B379,NHAP!$I$1:$I$5000)-SUMIF(XUAT!$E$1:$E$5000,DMHH!B379,XUAT!$L$1:$L$5000)","v":8211013.7931034481}]
[378,"VK90 1.8 PX","Vuông kẽm 90 (1.8) PX","Cây","VK",11,447000,4917000,null,{"$f":"F380+SUMIF(NHAP!$D$1:$D$5000,B380,NHAP!$G$1:$G$5000)-SUMIF(XUAT!$E$1:$E$5000,B380,XUAT!$H$1:$H$5000)","v":11},447000,{"$f":"H380+SUMIF(NHAP!$D$1:$D$5000,DMHH!B380,NHAP!$I$1:$I$5000)-SUMIF(XUAT!$E$1:$E$5000,DMHH!B380,XUAT!$L$1:$L$5000)","v":4917000}]
[379,"VK90 1.8 VT","Vuông kẽm 90 (1.8) VT","Cây","VK",null,null,null,null,{"$f":"F381+SUMIF(NHAP!$D$1:$D$5000,B381,NHAP!$G$1:$G$5000)-SUMIF(XUAT!$E$1:$E$5000,B381,XUAT!$H$1:$H$5000)","v":0},0,{"$f":"H381+SUMIF(NHAP!$D$1:$D$5000,DMHH!B381,NHAP!$I$1:$I$5000)-SUMIF(XUAT!$E$1:$E$5000,DMHH!B381,XUAT!$L$1:$L$5000)","v":0}]
[380,"VK90 2.0","Vuông kẽm 90 (2.0)","Cây","VK",null,null,null,null,{"$f":"F382+SUMIF(NHAP!$D$1:$D$5000,B382,NHAP!$G$1:$G$5000)-SUMIF(XUAT!$E$1:$E$5000,B382,XUAT!$H$1:$H$5000)","v":0},0,{"$f":"H382+SUMIF(NHAP!$D$1:$D$5000,DMHH!B382,NHAP!$I$1:$I$5000)-SUMIF(XUAT!$E$1:$E$5000,DMHH!B382,XUAT!$L$1:$L$5000)","v":0}]
[381,"VK90 2.5","Vuông kẽm 90 (2.5)","Cây","VK",3,639800,1919400,null,{"$f":"F383+SUMIF(NHAP!$D$1:$D$5000,B383,NHAP!$G$1:$G$5000)-SUMIF(XUAT!$E$1:$E$5000,B383,XUAT!$H$1:$H$5000)","v":3},639800,{"$f":"H383+SUMIF(NHAP!$D$1:$D$5000,DMHH!B383,NHAP!$I$1:$I$5000)-SUMIF(XUAT!$E$1:$E$5000,DMHH!B383,XUAT!$L$1:$L$5000)","v":1919400}]
[382,"VL30","V Lỗ 30","Cây","VL",100,32400,3240000,null,{"$f":"F384+SUMIF(NHAP!$D$1:$D$5000,B384,NHAP!$G$1:$G$5000)-SUMIF(XUAT!$E$1:$E$5000,B384,XUAT!$H$1:$H$5000)","v":39},32400,{"$f":"H384+SUMIF(NHAP!$D$1:$D$5000,DMHH!B384,NHAP!$I$1:$I$5000)-SUMIF(XUAT!$E$1:$E$5000,DMHH!B384,XUAT!$L$1:$L$5000)","v":1263600}]
[383,"VL30(D)","V Lỗ 30 (dày)","Cây","VL",31,47400,1469400,null,{"$f":"F385+SUMIF(NHAP!$D$1:$D$5000,B385,NHAP!$G$1:$G$5000)-SUMIF(XUAT!$E$1:$E$5000,B385,XUAT!$H$1:$H$5000)","v":25},47400,{"$f":"H385+SUMIF(NHAP!$D$1:$D$5000,DMHH!B385,NHAP!$I$1:$I$5000)-SUMIF(XUAT!$E$1:$E$5000,DMHH!B385,XUAT!$L$1:$L$5000)","v":1185000}]
[384,"VL35","V Lỗ 35","Cây","VL",112,41400,4636800,null,{"$f":"F386+SUMIF(NHAP!$D$1:$D$5000,B386,NHAP!$G$1:$G$5000)-SUMIF(XUAT!$E$1:$E$5000,B386,XUAT!$H$1:$H$5000)","v":112},41400,{"$f":"H386+SUMIF(NHAP!$D$1:$D$5000,DMHH!B386,NHAP!$I$1:$I$5000)-SUMIF(XUAT!$E$1:$E$5000,DMHH!B386,XUAT!$L$1:$L$5000)","v":4636800}]
[385,"VL40","V Lỗ 40","Cây","VL",90,43500,3915000,null,{"$f":"F387+SUMIF(NHAP!$D$1:$D$5000,B387,NHAP!$G$1:$G$5000)-SUMIF(XUAT!$E$1:$E$5000,B387,XUAT!$H$1:$H$5000)","v":90},43184.210526315794,{"$f":"H387+SUMIF(NHAP!$D$1:$D$5000,DMHH!B387,NHAP!$I$1:$I$5000)-SUMIF(XUAT!$E$1:$E$5000,DMHH!B387,XUAT!$L$1:$L$5000)","v":3886578.9473684216}]
[386,"VL40(D)","V Lỗ 40 (dày)","Cây","VL",31,60000,1860000,null,{"$f":"F388+SUMIF(NHAP!$D$1:$D$5000,B388,NHAP!$G$1:$G$5000)-SUMIF(XUAT!$E$1:$E$5000,B388,XUAT!$H$1:$H$5000)","v":31},{"$f":"IF(J388=0,0,L388/J388)","v":60000},{"$f":"H388+SUMIF(NHAP!$D$1:$D$5000,DMHH!B388,NHAP!$I$1:$I$5000)-SUMIF(XUAT!$E$1:$E$5000,DMHH!B388,XUAT!$L$1:$L$5000)","v":1860000}]
[387,"VL46","V Lỗ 46","Cây","VL",null,null,null,null,{"$f":"F389+SUMIF(NHAP!$D$1:$D$5000,B389,NHAP!$G$1:$G$5000)-SUMIF(XUAT!$E$1:$E$5000,B389,XUAT!$H$1:$H$5000)","v":0},0,{"$f":"H389+SUMIF(NHAP!$D$1:$D$5000,DMHH!B389,NHAP!$I$1:$I$5000)-SUMIF(XUAT!$E$1:$E$5000,DMHH!B389,XUAT!$L$1:$L$5000)","v":0}]
[388,"VL46(D)","V Lỗ 46 (dày)","Cây","VL",12,76500,918000,null,{"$f":"F390+SUMIF(NHAP!$D$1:$D$5000,B390,NHAP!$G$1:$G$5000)-SUMIF(XUAT!$E$1:$E$5000,B390,XUAT!$H$1:$H$5000)","v":12},76500,{"$f":"H390+SUMIF(NHAP!$D$1:$D$5000,DMHH!B390,NHAP!$I$1:$I$5000)-SUMIF(XUAT!$E$1:$E$5000,DMHH!B390,XUAT!$L$1:$L$5000)","v":918000}]
[389,"VLB","Bas V Lỗ","Cái","VL",1400,400,560000,null,{"$f":"F391+SUMIF(NHAP!$D$1:$D$5000,B391,NHAP!$G$1:$G$5000)-SUMIF(XUAT!$E$1:$E$5000,B391,XUAT!$H$1:$H$5000)","v":1400},400,{"$f":"H391+SUMIF(NHAP!$D$1:$D$5000,DMHH!B391,NHAP!$I$1:$I$5000)-SUMIF(XUAT!$E$1:$E$5000,DMHH!B391,XUAT!$L$1:$L$5000)","v":560000}]
[390,"VLO","Ốc V Lỗ","Con","VL",4010,290,1162900,null,{"$f":"F392+SUMIF(NHAP!$D$1:$D$5000,B392,NHAP!$G$1:$G$5000)-SUMIF(XUAT!$E$1:$E$5000,B392,XUAT!$H$1:$H$5000)","v":3990},290,{"$f":"H392+SUMIF(NHAP!$D$1:$D$5000,DMHH!B392,NHAP!$I$1:$I$5000)-SUMIF(XUAT!$E$1:$E$5000,DMHH!B392,XUAT!$L$1:$L$5000)","v":1157100}]
[391,null,null,null,null,null,null,null,null,{"$f":"F393+SUMIF(NHAP!$D$1:$D$5000,B393,NHAP!$G$1:$G$5000)-SUMIF(XUAT!$E$1:$E$5000,B393,XUAT!$H$1:$H$5000)","v":0},0,{"$f":"H393+SUMIF(NHAP!$D$1:$D$5000,DMHH!B393,NHAP!$I$1:$I$5000)-SUMIF(XUAT!$E$1:$E$5000,DMHH!B393,XUAT!$L$1:$L$5000)","v":0}]
[392,null,null,null,null,null,null,null,null,{"$f":"F394+SUMIF(NHAP!$D$1:$D$5000,B394,NHAP!$G$1:$G$5000)-SUMIF(XUAT!$E$1:$E$5000,B394,XUAT!$H$1:$H$5000)","v":0},0,{"$f":"H394+SUMIF(NHAP!$D$1:$D$5000,DMHH!B394,NHAP!$I$1:$I$5000)-SUMIF(XUAT!$E$1:$E$5000,DMHH!B394,XUAT!$L$1:$L$5000)","v":0}]
[393,null,null,null,null,null,null,null,null,{"$f":"F395+SUMIF(NHAP!$D$1:$D$5000,B395,NHAP!$G$1:$G$5000)-SUMIF(XUAT!$E$1:$E$5000,B395,XUAT!$H$1:$H$5000)","v":0},0,{"$f":"H395+SUMIF(NHAP!$D$1:$D$5000,DMHH!B395,NHAP!$I$1:$I$5000)-SUMIF(XUAT!$E$1:$E$5000,DMHH!B395,XUAT!$L$1:$L$5000)","v":0}]
[394,null,null,null,null,null,null,null,null,{"$f":"F396+SUMIF(NHAP!$D$1:$D$5000,B396,NHAP!$G$1:$G$5000)-SUMIF(XUAT!$E$1:$E$5000,B396,XUAT!$H$1:$H$5000)","v":0},0,{"$f":"H396+SUMIF(NHAP!$D$1:$D$5000,DMHH!B396,NHAP!$I$1:$I$5000)-SUMIF(XUAT!$E$1:$E$5000,DMHH!B396,XUAT!$L$1:$L$5000)","v":0}]
[395,null,null,null,null,null,null,null,null,{"$f":"F397+SUMIF(NHAP!$D$1:$D$5000,B397,NHAP!$G$1:$G$5000)-SUMIF(XUAT!$E$1:$E$5000,B397,XUAT!$H$1:$H$5000)","v":0},0,{"$f":"H397+SUMIF(NHAP!$D$1:$D$5000,DMHH!B397,NHAP!$I$1:$I$5000)-SUMIF(XUAT!$E$1:$E$5000,DMHH!B397,XUAT!$L$1:$L$5000)","v":0}]
[396,null,null,null,null,null,null,null,null,{"$f":"F398+SUMIF(NHAP!$D$1:$D$5000,B398,NHAP!$G$1:$G$5000)-SUMIF(XUAT!$E$1:$E$5000,B398,XUAT!$H$1:$H$5000)","v":0},0,{"$f":"H398+SUMIF(NHAP!$D$1:$D$5000,DMHH!B398,NHAP!$I$1:$I$5000)-SUMIF(XUAT!$E$1:$E$5000,DMHH!B398,XUAT!$L$1:$L$5000)","v":0}]
[397,null,null,null,null,null,null,null,null,{"$f":"F399+SUMIF(NHAP!$D$1:$D$5000,B399,NHAP!$G$1:$G$5000)-SUMIF(XUAT!$E$1:$E$5000,B399,XUAT!$H$1:$H$5000)","v":0},0,{"$f":"H399+SUMIF(NHAP!$D$1:$D$5000,DMHH!B399,NHAP!$I$1:$I$5000)-SUMIF(XUAT!$E$1:$E$5000,DMHH!B399,XUAT!$L$1:$L$5000)","v":0}]
[398,null,null,null,null,null,null,null,null,{"$f":"F400+SUMIF(NHAP!$D$1:$D$5000,B400,NHAP!$G$1:$G$5000)-SUMIF(XUAT!$E$1:$E$5000,B400,XUAT!$H$1:$H$5000)","v":0},0,{"$f":"H400+SUMIF(NHAP!$D$1:$D$5000,DMHH!B400,NHAP!$I$1:$I$5000)-SUMIF(XUAT!$E$1:$E$5000,DMHH!B400,XUAT!$L$1:$L$5000)","v":0}]
[399,null,null,null,null,null,null,null,null,{"$f":"F401+SUMIF(NHAP!$D$1:$D$5000,B401,NHAP!$G$1:$G$5000)-SUMIF(XUAT!$E$1:$E$5000,B401,XUAT!$H$1:$H$5000)","v":0},0,{"$f":"H401+SUMIF(NHAP!$D$1:$D$5000,DMHH!B401,NHAP!$I$1:$I$5000)-SUMIF(XUAT!$E$1:$E$5000,DMHH!B401,XUAT!$L$1:$L$5000)","v":0}]
[400,null,null,null,null,null,null,null,null,{"$f":"F402+SUMIF(NHAP!$D$1:$D$5000,B402,NHAP!$G$1:$G$5000)-SUMIF(XUAT!$E$1:$E$5000,B402,XUAT!$H$1:$H$5000)","v":0},0,{"$f":"H402+SUMIF(NHAP!$D$1:$D$5000,DMHH!B402,NHAP!$I$1:$I$5000)-SUMIF(XUAT!$E$1:$E$5000,DMHH!B402,XUAT!$L$1:$L$5000)","v":0}]
[401,null,null,null,null,null,null,null,null,{"$f":"F403+SUMIF(NHAP!$D$1:$D$5000,B403,NHAP!$G$1:$G$5000)-SUMIF(XUAT!$E$1:$E$5000,B403,XUAT!$H$1:$H$5000)","v":0},0,{"$f":"H403+SUMIF(NHAP!$D$1:$D$5000,DMHH!B403,NHAP!$I$1:$I$5000)-SUMIF(XUAT!$E$1:$E$5000,DMHH!B403,XUAT!$L$1:$L$5000)","v":0}]
[402,null,null,null,null,null,null,null,null,{"$f":"F404+SUMIF(NHAP!$D$1:$D$5000,B404,NHAP!$G$1:$G$5000)-SUMIF(XUAT!$E$1:$E$5000,B404,XUAT!$H$1:$H$5000)","v":0},0,{"$f":"H404+SUMIF(NHAP!$D$1:$D$5000,DMHH!B404,NHAP!$I$1:$I$5000)-SUMIF(XUAT!$E$1:$E$5000,DMHH!B404,XUAT!$L$1:$L$5000)","v":0}]
[403,null,null,null,null,null,null,null,null,{"$f":"F405+SUMIF(NHAP!$D$1:$D$5000,B405,NHAP!$G$1:$G$5000)-SUMIF(XUAT!$E$1:$E$5000,B405,XUAT!$H$1:$H$5000)","v":0},0,{"$f":"H405+SUMIF(NHAP!$D$1:$D$5000,DMHH!B405,NHAP!$I$1:$I$5000)-SUMIF(XUAT!$E$1:$E$5000,DMHH!B405,XUAT!$L$1:$L$5000)","v":0}]
[404,null,null,null,null,null,null,null,null,{"$f":"F406+SUMIF(NHAP!$D$1:$D$5000,B406,NHAP!$G$1:$G$5000)-SUMIF(XUAT!$E$1:$E$5000,B406,XUAT!$H$1:$H$5000)","v":0},0,{"$f":"H406+SUMIF(NHAP!$D$1:$D$5000,DMHH!B406,NHAP!$I$1:$I$5000)-SUMIF(XUAT!$E$1:$E$5000,DMHH!B406,XUAT!$L$1:$L$5000)","v":0}]
[405,null,null,null,null,null,null,null,null,{"$f":"F407+SUMIF(NHAP!$D$1:$D$5000,B407,NHAP!$G$1:$G$5000)-SUMIF(XUAT!$E$1:$E$5000,B407,XUAT!$H$1:$H$5000)","v":0},0,{"$f":"H407+SUMIF(NHAP!$D$1:$D$5000,DMHH!B407,NHAP!$I$1:$I$5000)-SUMIF(XUAT!$E$1:$E$5000,DMHH!B407,XUAT!$L$1:$L$5000)","v":0}]
[406,null,null,null,null,null,null,null,null,{"$f":"F408+SUMIF(NHAP!$D$1:$D$5000,B408,NHAP!$G$1:$G$5000)-SUMIF(XUAT!$E$1:$E$5000,B408,XUAT!$H$1:$H$5000)","v":0},0,{"$f":"H408+SUMIF(NHAP!$D$1:$D$5000,DMHH!B408,NHAP!$I$1:$I$5000)-SUMIF(XUAT!$E$1:$E$5000,DMHH!B408,XUAT!$L$1:$L$5000)","v":0}]
[407,null,null,null,null,null,null,null,null,{"$f":"F409+SUMIF(NHAP!$D$1:$D$5000,B409,NHAP!$G$1:$G$5000)-SUMIF(XUAT!$E$1:$E$5000,B409,XUAT!$H$1:$H$5000)","v":0},0,{"$f":"H409+SUMIF(NHAP!$D$1:$D$5000,DMHH!B409,NHAP!$I$1:$I$5000)-SUMIF(XUAT!$E$1:$E$5000,DMHH!B409,XUAT!$L$1:$L$5000)","v":0}]
[408,null,null,null,null,null,null,null,null,{"$f":"F410+SUMIF(NHAP!$D$1:$D$5000,B410,NHAP!$G$1:$G$5000)-SUMIF(XUAT!$E$1:$E$5000,B410,XUAT!$H$1:$H$5000)","v":0},0,{"$f":"H410+SUMIF(NHAP!$D$1:$D$5000,DMHH!B410,NHAP!$I$1:$I$5000)-SUMIF(XUAT!$E$1:$E$5000,DMHH!B410,XUAT!$L$1:$L$5000)","v":0}]
[409,null,null,null,null,null,null,null,null,{"$f":"F411+SUMIF(NHAP!$D$1:$D$5000,B411,NHAP!$G$1:$G$5000)-SUMIF(XUAT!$E$1:$E$5000,B411,XUAT!$H$1:$H$5000)","v":0},0,{"$f":"H411+SUMIF(NHAP!$D$1:$D$5000,DMHH!B411,NHAP!$I$1:$I$5000)-SUMIF(XUAT!$E$1:$E$5000,DMHH!B411,XUAT!$L$1:$L$5000)","v":0}]
[410,null,null,null,null,null,null,null,null,{"$f":"F412+SUMIF(NHAP!$D$1:$D$5000,B412,NHAP!$G$1:$G$5000)-SUMIF(XUAT!$E$1:$E$5000,B412,XUAT!$H$1:$H$5000)","v":0},0,{"$f":"H412+SUMIF(NHAP!$D$1:$D$5000,DMHH!B412,NHAP!$I$1:$I$5000)-SUMIF(XUAT!$E$1:$E$5000,DMHH!B412,XUAT!$L$1:$L$5000)","v":0}]
[411,null,null,null,null,null,null,null,null,{"$f":"F413+SUMIF(NHAP!$D$1:$D$5000,B413,NHAP!$G$1:$G$5000)-SUMIF(XUAT!$E$1:$E$5000,B413,XUAT!$H$1:$H$5000)","v":0},0,{"$f":"H413+SUMIF(NHAP!$D$1:$D$5000,DMHH!B413,NHAP!$I$1:$I$5000)-SUMIF(XUAT!$E$1:$E$5000,DMHH!B413,XUAT!$L$1:$L$5000)","v":0}]
[412,null,null,null,null,null,null,null,null,{"$f":"F414+SUMIF(NHAP!$D$1:$D$5000,B414,NHAP!$G$1:$G$5000)-SUMIF(XUAT!$E$1:$E$5000,B414,XUAT!$H$1:$H$5000)","v":0},0,{"$f":"H414+SUMIF(NHAP!$D$1:$D$5000,DMHH!B414,NHAP!$I$1:$I$5000)-SUMIF(XUAT!$E$1:$E$5000,DMHH!B414,XUAT!$L$1:$L$5000)","v":0}]
[413,null,null,null,null,null,null,null,null,{"$f":"F415+SUMIF(NHAP!$D$1:$D$5000,B415,NHAP!$G$1:$G$5000)-SUMIF(XUAT!$E$1:$E$5000,B415,XUAT!$H$1:$H$5000)","v":0},0,{"$f":"H415+SUMIF(NHAP!$D$1:$D$5000,DMHH!B415,NHAP!$I$1:$I$5000)-SUMIF(XUAT!$E$1:$E$5000,DMHH!B415,XUAT!$L$1:$L$5000)","v":0}]
[414,null,null,null,null,null,null,null,null,{"$f":"F416+SUMIF(NHAP!$D$1:$D$5000,B416,NHAP!$G$1:$G$5000)-SUMIF(XUAT!$E$1:$E$5000,B416,XUAT!$H$1:$H$5000)","v":0},0,{"$f":"H416+SUMIF(NHAP!$D$1:$D$5000,DMHH!B416,NHAP!$I$1:$I$5000)-SUMIF(XUAT!$E$1:$E$5000,DMHH!B416,XUAT!$L$1:$L$5000)","v":0}]
[415,null,null,null,null,null,null,null,null,{"$f":"F417+SUMIF(NHAP!$D$1:$D$5000,B417,NHAP!$G$1:$G$5000)-SUMIF(XUAT!$E$1:$E$5000,B417,XUAT!$H$1:$H$5000)","v":0},0,{"$f":"H417+SUMIF(NHAP!$D$1:$D$5000,DMHH!B417,NHAP!$I$1:$I$5000)-SUMIF(XUAT!$E$1:$E$5000,DMHH!B417,XUAT!$L$1:$L$5000)","v":0}]
[416,null,null,null,null,null,null,null,null,{"$f":"F418+SUMIF(NHAP!$D$1:$D$5000,B418,NHAP!$G$1:$G$5000)-SUMIF(XUAT!$E$1:$E$5000,B418,XUAT!$H$1:$H$5000)","v":0},0,{"$f":"H418+SUMIF(NHAP!$D$1:$D$5000,DMHH!B418,NHAP!$I$1:$I$5000)-SUMIF(XUAT!$E$1:$E$5000,DMHH!B418,XUAT!$L$1:$L$5000)","v":0}]
[417,null,null,null,null,null,null,null,null,{"$f":"F419+SUMIF(NHAP!$D$1:$D$5000,B419,NHAP!$G$1:$G$5000)-SUMIF(XUAT!$E$1:$E$5000,B419,XUAT!$H$1:$H$5000)","v":0},0,{"$f":"H419+SUMIF(NHAP!$D$1:$D$5000,DMHH!B419,NHAP!$I$1:$I$5000)-SUMIF(XUAT!$E$1:$E$5000,DMHH!B419,XUAT!$L$1:$L$5000)","v":0}]
[418,null,null,null,null,null,null,null,null,{"$f":"F420+SUMIF(NHAP!$D$1:$D$5000,B420,NHAP!$G$1:$G$5000)-SUMIF(XUAT!$E$1:$E$5000,B420,XUAT!$H$1:$H$5000)","v":0},0,{"$f":"H420+SUMIF(NHAP!$D$1:$D$5000,DMHH!B420,NHAP!$I$1:$I$5000)-SUMIF(XUAT!$E$1:$E$5000,DMHH!B420,XUAT!$L$1:$L$5000)","v":0}]
[419,null,null,null,null,null,null,null,null,{"$f":"F421+SUMIF(NHAP!$D$1:$D$5000,B421,NHAP!$G$1:$G$5000)-SUMIF(XUAT!$E$1:$E$5000,B421,XUAT!$H$1:$H$5000)","v":0},0,{"$f":"H421+SUMIF(NHAP!$D$1:$D$5000,DMHH!B421,NHAP!$I$1:$I$5000)-SUMIF(XUAT!$E$1:$E$5000,DMHH!B421,XUAT!$L$1:$L$5000)","v":0}]
[420,null,null,null,null,null,null,null,null,{"$f":"F422+SUMIF(NHAP!$D$1:$D$5000,B422,NHAP!$G$1:$G$5000)-SUMIF(XUAT!$E$1:$E$5000,B422,XUAT!$H$1:$H$5000)","v":0},0,{"$f":"H422+SUMIF(NHAP!$D$1:$D$5000,DMHH!B422,NHAP!$I$1:$I$5000)-SUMIF(XUAT!$E$1:$E$5000,DMHH!B422,XUAT!$L$1:$L$5000)","v":0}]
[421,null,null,null,null,null,null,null,null,{"$f":"F423+SUMIF(NHAP!$D$1:$D$5000,B423,NHAP!$G$1:$G$5000)-SUMIF(XUAT!$E$1:$E$5000,B423,XUAT!$H$1:$H$5000)","v":0},0,{"$f":"H423+SUMIF(NHAP!$D$1:$D$5000,DMHH!B423,NHAP!$I$1:$I$5000)-SUMIF(XUAT!$E$1:$E$5000,DMHH!B423,XUAT!$L$1:$L$5000)","v":0}]
[422,null,null,null,null,null,null,null,null,{"$f":"F424+SUMIF(NHAP!$D$1:$D$5000,B424,NHAP!$G$1:$G$5000)-SUMIF(XUAT!$E$1:$E$5000,B424,XUAT!$H$1:$H$5000)","v":0},0,{"$f":"H424+SUMIF(NHAP!$D$1:$D$5000,DMHH!B424,NHAP!$I$1:$I$5000)-SUMIF(XUAT!$E$1:$E$5000,DMHH!B424,XUAT!$L$1:$L$5000)","v":0}]
[423,null,null,null,null,null,null,null,null,{"$f":"F425+SUMIF(NHAP!$D$1:$D$5000,B425,NHAP!$G$1:$G$5000)-SUMIF(XUAT!$E$1:$E$5000,B425,XUAT!$H$1:$H$5000)","v":0},0,{"$f":"H425+SUMIF(NHAP!$D$1:$D$5000,DMHH!B425,NHAP!$I$1:$I$5000)-SUMIF(XUAT!$E$1:$E$5000,DMHH!B425,XUAT!$L$1:$L$5000)","v":0}]
[424,null,null,null,null,null,null,null,null,{"$f":"F426+SUMIF(NHAP!$D$1:$D$5000,B426,NHAP!$G$1:$G$5000)-SUMIF(XUAT!$E$1:$E$5000,B426,XUAT!$H$1:$H$5000)","v":0},0,{"$f":"H426+SUMIF(NHAP!$D$1:$D$5000,DMHH!B426,NHAP!$I$1:$I$5000)-SUMIF(XUAT!$E$1:$E$5000,DMHH!B426,XUAT!$L$1:$L$5000)","v":0}]
[425,null,null,null,null,null,null,null,null,{"$f":"F427+SUMIF(NHAP!$D$1:$D$5000,B427,NHAP!$G$1:$G$5000)-SUMIF(XUAT!$E$1:$E$5000,B427,XUAT!$H$1:$H$5000)","v":0},0,{"$f":"H427+SUMIF(NHAP!$D$1:$D$5000,DMHH!B427,NHAP!$I$1:$I$5000)-SUMIF(XUAT!$E$1:$E$5000,DMHH!B427,XUAT!$L$1:$L$5000)","v":0}]
[426,null,null,null,null,null,null,null,null,{"$f":"F428+SUMIF(NHAP!$D$1:$D$5000,B428,NHAP!$G$1:$G$5000)-SUMIF(XUAT!$E$1:$E$5000,B428,XUAT!$H$1:$H$5000)","v":0},0,{"$f":"H428+SUMIF(NHAP!$D$1:$D$5000,DMHH!B428,NHAP!$I$1:$I$5000)-SUMIF(XUAT!$E$1:$E$5000,DMHH!B428,XUAT!$L$1:$L$5000)","v":0}]
[427,null,null,null,null,null,null,null,null,{"$f":"F429+SUMIF(NHAP!$D$1:$D$5000,B429,NHAP!$G$1:$G$5000)-SUMIF(XUAT!$E$1:$E$5000,B429,XUAT!$H$1:$H$5000)","v":0},0,{"$f":"H429+SUMIF(NHAP!$D$1:$D$5000,DMHH!B429,NHAP!$I$1:$I$5000)-SUMIF(XUAT!$E$1:$E$5000,DMHH!B429,XUAT!$L$1:$L$5000)","v":0}]
[428,null,null,null,null,null,null,null,null,{"$f":"F430+SUMIF(NHAP!$D$1:$D$5000,B430,NHAP!$G$1:$G$5000)-SUMIF(XUAT!$E$1:$E$5000,B430,XUAT!$H$1:$H$5000)","v":0},0,{"$f":"H430+SUMIF(NHAP!$D$1:$D$5000,DMHH!B430,NHAP!$I$1:$I$5000)-SUMIF(XUAT!$E$1:$E$5000,DMHH!B430,XUAT!$L$1:$L$5000)","v":0}]
[429,null,null,null,null,null,null,null,null,{"$f":"F431+SUMIF(NHAP!$D$1:$D$5000,B431,NHAP!$G$1:$G$5000)-SUMIF(XUAT!$E$1:$E$5000,B431,XUAT!$H$1:$H$5000)","v":0},0,{"$f":"H431+SUMIF(NHAP!$D$1:$D$5000,DMHH!B431,NHAP!$I$1:$I$5000)-SUMIF(XUAT!$E$1:$E$5000,DMHH!B431,XUAT!$L$1:$L$5000)","v":0}]
[430,null,null,null,null,null,null,null,null,{"$f":"F432+SUMIF(NHAP!$D$1:$D$5000,B432,NHAP!$G$1:$G$5000)-SUMIF(XUAT!$E$1:$E$5000,B432,XUAT!$H$1:$H$5000)","v":0},0,{"$f":"H432+SUMIF(NHAP!$D$1:$D$5000,DMHH!B432,NHAP!$I$1:$I$5000)-SUMIF(XUAT!$E$1:$E$5000,DMHH!B432,XUAT!$L$1:$L$5000)","v":0}]
[431,null,null,null,null,null,null,null,null,{"$f":"F433+SUMIF(NHAP!$D$1:$D$5000,B433,NHAP!$G$1:$G$5000)-SUMIF(XUAT!$E$1:$E$5000,B433,XUAT!$H$1:$H$5000)","v":0},0,{"$f":"H433+SUMIF(NHAP!$D$1:$D$5000,DMHH!B433,NHAP!$I$1:$I$5000)-SUMIF(XUAT!$E$1:$E$5000,DMHH!B433,XUAT!$L$1:$L$5000)","v":0}]
[432,null,null,null,null,null,null,null,null,{"$f":"F434+SUMIF(NHAP!$D$1:$D$5000,B434,NHAP!$G$1:$G$5000)-SUMIF(XUAT!$E$1:$E$5000,B434,XUAT!$H$1:$H$5000)","v":0},0,{"$f":"H434+SUMIF(NHAP!$D$1:$D$5000,DMHH!B434,NHAP!$I$1:$I$5000)-SUMIF(XUAT!$E$1:$E$5000,DMHH!B434,XUAT!$L$1:$L$5000)","v":0}]
[433,null,null,null,null,null,null,null,null,{"$f":"F435+SUMIF(NHAP!$D$1:$D$5000,B435,NHAP!$G$1:$G$5000)-SUMIF(XUAT!$E$1:$E$5000,B435,XUAT!$H$1:$H$5000)","v":0},0,{"$f":"H435+SUMIF(NHAP!$D$1:$D$5000,DMHH!B435,NHAP!$I$1:$I$5000)-SUMIF(XUAT!$E$1:$E$5000,DMHH!B435,XUAT!$L$1:$L$5000)","v":0}]
[434,null,null,null,null,null,null,null,null,{"$f":"F436+SUMIF(NHAP!$D$1:$D$5000,B436,NHAP!$G$1:$G$5000)-SUMIF(XUAT!$E$1:$E$5000,B436,XUAT!$H$1:$H$5000)","v":0},0,{"$f":"H436+SUMIF(NHAP!$D$1:$D$5000,DMHH!B436,NHAP!$I$1:$I$5000)-SUMIF(XUAT!$E$1:$E$5000,DMHH!B436,XUAT!$L$1:$L$5000)","v":0}]
[435,null,null,null,null,null,null,null,null,{"$f":"F437+SUMIF(NHAP!$D$1:$D$5000,B437,NHAP!$G$1:$G$5000)-SUMIF(XUAT!$E$1:$E$5000,B437,XUAT!$H$1:$H$5000)","v":0},0,{"$f":"H437+SUMIF(NHAP!$D$1:$D$5000,DMHH!B437,NHAP!$I$1:$I$5000)-SUMIF(XUAT!$E$1:$E$5000,DMHH!B437,XUAT!$L$1:$L$5000)","v":0}]
[436,null,null,null,null,null,null,null,null,{"$f":"F438+SUMIF(NHAP!$D$1:$D$5000,B438,NHAP!$G$1:$G$5000)-SUMIF(XUAT!$E$1:$E$5000,B438,XUAT!$H$1:$H$5000)","v":0},0,{"$f":"H438+SUMIF(NHAP!$D$1:$D$5000,DMHH!B438,NHAP!$I$1:$I$5000)-SUMIF(XUAT!$E$1:$E$5000,DMHH!B438,XUAT!$L$1:$L$5000)","v":0}]
[437,null,null,null,null,null,null,null,null,{"$f":"F439+SUMIF(NHAP!$D$1:$D$5000,B439,NHAP!$G$1:$G$5000)-SUMIF(XUAT!$E$1:$E$5000,B439,XUAT!$H$1:$H$5000)","v":0},0,{"$f":"H439+SUMIF(NHAP!$D$1:$D$5000,DMHH!B439,NHAP!$I$1:$I$5000)-SUMIF(XUAT!$E$1:$E$5000,DMHH!B439,XUAT!$L$1:$L$5000)","v":0}]
[438,null,null,null,null,null,null,null,null,{"$f":"F440+SUMIF(NHAP!$D$1:$D$5000,B440,NHAP!$G$1:$G$5000)-SUMIF(XUAT!$E$1:$E$5000,B440,XUAT!$H$1:$H$5000)","v":0},0,{"$f":"H440+SUMIF(NHAP!$D$1:$D$5000,DMHH!B440,NHAP!$I$1:$I$5000)-SUMIF(XUAT!$E$1:$E$5000,DMHH!B440,XUAT!$L$1:$L$5000)","v":0}]
[439,null,null,null,null,null,null,null,null,{"$f":"F441+SUMIF(NHAP!$D$1:$D$5000,B441,NHAP!$G$1:$G$5000)-SUMIF(XUAT!$E$1:$E$5000,B441,XUAT!$H$1:$H$5000)","v":0},0,{"$f":"H441+SUMIF(NHAP!$D$1:$D$5000,DMHH!B441,NHAP!$I$1:$I$5000)-SUMIF(XUAT!$E$1:$E$5000,DMHH!B441,XUAT!$L$1:$L$5000)","v":0}]
[440,null,null,null,null,null,null,null,null,{"$f":"F442+SUMIF(NHAP!$D$1:$D$5000,B442,NHAP!$G$1:$G$5000)-SUMIF(XUAT!$E$1:$E$5000,B442,XUAT!$H$1:$H$5000)","v":0},0,{"$f":"H442+SUMIF(NHAP!$D$1:$D$5000,DMHH!B442,NHAP!$I$1:$I$5000)-SUMIF(XUAT!$E$1:$E$5000,DMHH!B442,XUAT!$L$1:$L$5000)","v":0}]
[441,null,null,null,null,null,null,null,null,{"$f":"F443+SUMIF(NHAP!$D$1:$D$5000,B443,NHAP!$G$1:$G$5000)-SUMIF(XUAT!$E$1:$E$5000,B443,XUAT!$H$1:$H$5000)","v":0},0,{"$f":"H443+SUMIF(NHAP!$D$1:$D$5000,DMHH!B443,NHAP!$I$1:$I$5000)-SUMIF(XUAT!$E$1:$E$5000,DMHH!B443,XUAT!$L$1:$L$5000)","v":0}]
[442,null,null,null,null,null,null,null,null,{"$f":"F444+SUMIF(NHAP!$D$1:$D$5000,B444,NHAP!$G$1:$G$5000)-SUMIF(XUAT!$E$1:$E$5000,B444,XUAT!$H$1:$H$5000)","v":0},0,{"$f":"H444+SUMIF(NHAP!$D$1:$D$5000,DMHH!B444,NHAP!$I$1:$I$5000)-SUMIF(XUAT!$E$1:$E$5000,DMHH!B444,XUAT!$L$1:$L$5000)","v":0}]
[443,null,null,null,null,null,null,null,null,{"$f":"F445+SUMIF(NHAP!$D$1:$D$5000,B445,NHAP!$G$1:$G$5000)-SUMIF(XUAT!$E$1:$E$5000,B445,XUAT!$H$1:$H$5000)","v":0},0,{"$f":"H445+SUMIF(NHAP!$D$1:$D$5000,DMHH!B445,NHAP!$I$1:$I$5000)-SUMIF(XUAT!$E$1:$E$5000,DMHH!B445,XUAT!$L$1:$L$5000)","v":0}]
[444,null,null,null,null,null,null,null,null,{"$f":"F446+SUMIF(NHAP!$D$1:$D$5000,B446,NHAP!$G$1:$G$5000)-SUMIF(XUAT!$E$1:$E$5000,B446,XUAT!$H$1:$H$5000)","v":0},0,{"$f":"H446+SUMIF(NHAP!$D$1:$D$5000,DMHH!B446,NHAP!$I$1:$I$5000)-SUMIF(XUAT!$E$1:$E$5000,DMHH!B446,XUAT!$L$1:$L$5000)","v":0}]
[445,null,null,null,null,null,null,null,null,{"$f":"F447+SUMIF(NHAP!$D$1:$D$5000,B447,NHAP!$G$1:$G$5000)-SUMIF(XUAT!$E$1:$E$5000,B447,XUAT!$H$1:$H$5000)","v":0},0,{"$f":"H447+SUMIF(NHAP!$D$1:$D$5000,DMHH!B447,NHAP!$I$1:$I$5000)-SUMIF(XUAT!$E$1:$E$5000,DMHH!B447,XUAT!$L$1:$L$5000)","v":0}]
[446,null,null,null,null,null,null,null,null,{"$f":"F448+SUMIF(NHAP!$D$1:$D$5000,B448,NHAP!$G$1:$G$5000)-SUMIF(XUAT!$E$1:$E$5000,B448,XUAT!$H$1:$H$5000)","v":0},0,{"$f":"H448+SUMIF(NHAP!$D$1:$D$5000,DMHH!B448,NHAP!$I$1:$I$5000)-SUMIF(XUAT!$E$1:$E$5000,DMHH!B448,XUAT!$L$1:$L$5000)","v":0}]
[447,null,null,null,null,null,null,null,null,{"$f":"F449+SUMIF(NHAP!$D$1:$D$5000,B449,NHAP!$G$1:$G$5000)-SUMIF(XUAT!$E$1:$E$5000,B449,XUAT!$H$1:$H$5000)","v":0},0,{"$f":"H449+SUMIF(NHAP!$D$1:$D$5000,DMHH!B449,NHAP!$I$1:$I$5000)-SUMIF(XUAT!$E$1:$E$5000,DMHH!B449,XUAT!$L$1:$L$5000)","v":0}]
[448,null,null,null,null,null,null,null,null,{"$f":"F450+SUMIF(NHAP!$D$1:$D$5000,B450,NHAP!$G$1:$G$5000)-SUMIF(XUAT!$E$1:$E$5000,B450,XUAT!$H$1:$H$5000)","v":0},0,{"$f":"H450+SUMIF(NHAP!$D$1:$D$5000,DMHH!B450,NHAP!$I$1:$I$5000)-SUMIF(XUAT!$E$1:$E$5000,DMHH!B450,XUAT!$L$1:$L$5000)","v":0}]
[449,null,null,null,null,null,null,null,null,{"$f":"F451+SUMIF(NHAP!$D$1:$D$5000,B451,NHAP!$G$1:$G$5000)-SUMIF(XUAT!$E$1:$E$5000,B451,XUAT!$H$1:$H$5000)","v":0},0,{"$f":"H451+SUMIF(NHAP!$D$1:$D$5000,DMHH!B451,NHAP!$I$1:$I$5000)-SUMIF(XUAT!$E$1:$E$5000,DMHH!B451,XUAT!$L$1:$L$5000)","v":0}]
[450,null,null,null,null,null,null,null,null,{"$f":"F452+SUMIF(NHAP!$D$1:$D$5000,B452,NHAP!$G$1:$G$5000)-SUMIF(XUAT!$E$1:$E$5000,B452,XUAT!$H$1:$H$5000)","v":0},{"$f":"IF(J452=0,0,L452/J452)","v":0},{"$f":"H452+SUMIF(NHAP!$D$1:$D$5000,DMHH!B452,NHAP!$I$1:$I$5000)-SUMIF(XUAT!$E$1:$E$5000,DMHH!B452,XUAT!$L$1:$L$5000)","v":0}]
[451,null,null,null,null,null,null,null,null,{"$f":"F453+SUMIF(NHAP!$D$1:$D$5000,B453,NHAP!$G$1:$G$5000)-SUMIF(XUAT!$E$1:$E$5000,B453,XUAT!$H$1:$H$5000)","v":0},0,{"$f":"H453+SUMIF(NHAP!$D$1:$D$5000,DMHH!B453,NHAP!$I$1:$I$5000)-SUMIF(XUAT!$E$1:$E$5000,DMHH!B453,XUAT!$L$1:$L$5000)","v":0}]
[452,null,null,null,null,null,null,null,null,{"$f":"F454+SUMIF(NHAP!$D$1:$D$5000,B454,NHAP!$G$1:$G$5000)-SUMIF(XUAT!$E$1:$E$5000,B454,XUAT!$H$1:$H$5000)","v":0},0,{"$f":"H454+SUMIF(NHAP!$D$1:$D$5000,DMHH!B454,NHAP!$I$1:$I$5000)-SUMIF(XUAT!$E$1:$E$5000,DMHH!B454,XUAT!$L$1:$L$5000)","v":0}]
[453,null,null,null,null,null,null,null,null,{"$f":"F455+SUMIF(NHAP!$D$1:$D$5000,B455,NHAP!$G$1:$G$5000)-SUMIF(XUAT!$E$1:$E$5000,B455,XUAT!$H$1:$H$5000)","v":0},0,{"$f":"H455+SUMIF(NHAP!$D$1:$D$5000,DMHH!B455,NHAP!$I$1:$I$5000)-SUMIF(XUAT!$E$1:$E$5000,DMHH!B455,XUAT!$L$1:$L$5000)","v":0}]
[454,null,null,null,null,null,null,null,null,{"$f":"F456+SUMIF(NHAP!$D$1:$D$5000,B456,NHAP!$G$1:$G$5000)-SUMIF(XUAT!$E$1:$E$5000,B456,XUAT!$H$1:$H$5000)","v":0},0,{"$f":"H456+SUMIF(NHAP!$D$1:$D$5000,DMHH!B456,NHAP!$I$1:$I$5000)-SUMIF(XUAT!$E$1:$E$5000,DMHH!B456,XUAT!$L$1:$L$5000)","v":0}]
[455,null,null,null,null,null,null,null,null,{"$f":"F457+SUMIF(NHAP!$D$1:$D$5000,B457,NHAP!$G$1:$G$5000)-SUMIF(XUAT!$E$1:$E$5000,B457,XUAT!$H$1:$H$5000)","v":0},0,{"$f":"H457+SUMIF(NHAP!$D$1:$D$5000,DMHH!B457,NHAP!$I$1:$I$5000)-SUMIF(XUAT!$E$1:$E$5000,DMHH!B457,XUAT!$L$1:$L$5000)","v":0}]
[456,null,null,null,null,null,null,null,null,{"$f":"F458+SUMIF(NHAP!$D$1:$D$5000,B458,NHAP!$G$1:$G$5000)-SUMIF(XUAT!$E$1:$E$5000,B458,XUAT!$H$1:$H$5000)","v":0},0,{"$f":"H458+SUMIF(NHAP!$D$1:$D$5000,DMHH!B458,NHAP!$I$1:$I$5000)-SUMIF(XUAT!$E$1:$E$5000,DMHH!B458,XUAT!$L$1:$L$5000)","v":0}]
[457,null,null,null,null,null,null,null,null,{"$f":"F459+SUMIF(NHAP!$D$1:$D$5000,B459,NHAP!$G$1:$G$5000)-SUMIF(XUAT!$E$1:$E$5000,B459,XUAT!$H$1:$H$5000)","v":0},0,{"$f":"H459+SUMIF(NHAP!$D$1:$D$5000,DMHH!B459,NHAP!$I$1:$I$5000)-SUMIF(XUAT!$E$1:$E$5000,DMHH!B459,XUAT!$L$1:$L$5000)","v":0}]
[458,null,null,null,null,null,null,null,null,{"$f":"F460+SUMIF(NHAP!$D$1:$D$5000,B460,NHAP!$G$1:$G$5000)-SUMIF(XUAT!$E$1:$E$5000,B460,XUAT!$H$1:$H$5000)","v":0},0,{"$f":"H460+SUMIF(NHAP!$D$1:$D$5000,DMHH!B460,NHAP!$I$1:$I$5000)-SUMIF(XUAT!$E$1:$E$5000,DMHH!B460,XUAT!$L$1:$L$5000)","v":0}]
[459,null,null,null,null,null,null,null,null,{"$f":"F461+SUMIF(NHAP!$D$1:$D$5000,B461,NHAP!$G$1:$G$5000)-SUMIF(XUAT!$E$1:$E$5000,B461,XUAT!$H$1:$H$5000)","v":0},0,{"$f":"H461+SUMIF(NHAP!$D$1:$D$5000,DMHH!B461,NHAP!$I$1:$I$5000)-SUMIF(XUAT!$E$1:$E$5000,DMHH!B461,XUAT!$L$1:$L$5000)","v":0}]
[460,null,null,null,null,null,null,null,null,{"$f":"F462+SUMIF(NHAP!$D$1:$D$5000,B462,NHAP!$G$1:$G$5000)-SUMIF(XUAT!$E$1:$E$5000,B462,XUAT!$H$1:$H$5000)","v":0},0,{"$f":"H462+SUMIF(NHAP!$D$1:$D$5000,DMHH!B462,NHAP!$I$1:$I$5000)-SUMIF(XUAT!$E$1:$E$5000,DMHH!B462,XUAT!$L$1:$L$5000)","v":0}]
[461,null,null,null,null,null,null,null,null,{"$f":"F463+SUMIF(NHAP!$D$1:$D$5000,B463,NHAP!$G$1:$G$5000)-SUMIF(XUAT!$E$1:$E$5000,B463,XUAT!$H$1:$H$5000)","v":0},0,{"$f":"H463+SUMIF(NHAP!$D$1:$D$5000,DMHH!B463,NHAP!$I$1:$I$5000)-SUMIF(XUAT!$E$1:$E$5000,DMHH!B463,XUAT!$L$1:$L$5000)","v":0}]
[462,null,null,null,null,null,null,null,null,{"$f":"F464+SUMIF(NHAP!$D$1:$D$5000,B464,NHAP!$G$1:$G$5000)-SUMIF(XUAT!$E$1:$E$5000,B464,XUAT!$H$1:$H$5000)","v":0},0,{"$f":"H464+SUMIF(NHAP!$D$1:$D$5000,DMHH!B464,NHAP!$I$1:$I$5000)-SUMIF(XUAT!$E$1:$E$5000,DMHH!B464,XUAT!$L$1:$L$5000)","v":0}]
[463,null,null,null,null,null,null,null,null,{"$f":"F465+SUMIF(NHAP!$D$1:$D$5000,B465,NHAP!$G$1:$G$5000)-SUMIF(XUAT!$E$1:$E$5000,B465,XUAT!$H$1:$H$5000)","v":0},0,{"$f":"H465+SUMIF(NHAP!$D$1:$D$5000,DMHH!B465,NHAP!$I$1:$I$5000)-SUMIF(XUAT!$E$1:$E$5000,DMHH!B465,XUAT!$L$1:$L$5000)","v":0}]
[464,null,null,null,null,null,null,null,null,{"$f":"F466+SUMIF(NHAP!$D$1:$D$5000,B466,NHAP!$G$1:$G$5000)-SUMIF(XUAT!$E$1:$E$5000,B466,XUAT!$H$1:$H$5000)","v":0},0,{"$f":"H466+SUMIF(NHAP!$D$1:$D$5000,DMHH!B466,NHAP!$I$1:$I$5000)-SUMIF(XUAT!$E$1:$E$5000,DMHH!B466,XUAT!$L$1:$L$5000)","v":0}]
[465,null,null,null,null,null,null,null,null,{"$f":"F467+SUMIF(NHAP!$D$1:$D$5000,B467,NHAP!$G$1:$G$5000)-SUMIF(XUAT!$E$1:$E$5000,B467,XUAT!$H$1:$H$5000)","v":0},0,{"$f":"H467+SUMIF(NHAP!$D$1:$D$5000,DMHH!B467,NHAP!$I$1:$I$5000)-SUMIF(XUAT!$E$1:$E$5000,DMHH!B467,XUAT!$L$1:$L$5000)","v":0}]
[466,null,null,null,null,null,null,null,null,{"$f":"F468+SUMIF(NHAP!$D$1:$D$5000,B468,NHAP!$G$1:$G$5000)-SUMIF(XUAT!$E$1:$E$5000,B468,XUAT!$H$1:$H$5000)","v":0},0,{"$f":"H468+SUMIF(NHAP!$D$1:$D$5000,DMHH!B468,NHAP!$I$1:$I$5000)-SUMIF(XUAT!$E$1:$E$5000,DMHH!B468,XUAT!$L$1:$L$5000)","v":0}]
[467,null,null,null,null,null,null,null,null,{"$f":"F469+SUMIF(NHAP!$D$1:$D$5000,B469,NHAP!$G$1:$G$5000)-SUMIF(XUAT!$E$1:$E$5000,B469,XUAT!$H$1:$H$5000)","v":0},0,{"$f":"H469+SUMIF(NHAP!$D$1:$D$5000,DMHH!B469,NHAP!$I$1:$I$5000)-SUMIF(XUAT!$E$1:$E$5000,DMHH!B469,XUAT!$L$1:$L$5000)","v":0}]
[468,null,null,null,null,null,null,null,null,{"$f":"F470+SUMIF(NHAP!$D$1:$D$5000,B470,NHAP!$G$1:$G$5000)-SUMIF(XUAT!$E$1:$E$5000,B470,XUAT!$H$1:$H$5000)","v":0},0,{"$f":"H470+SUMIF(NHAP!$D$1:$D$5000,DMHH!B470,NHAP!$I$1:$I$5000)-SUMIF(XUAT!$E$1:$E$5000,DMHH!B470,XUAT!$L$1:$L$5000)","v":0}]
[469,null,null,null,null,null,null,null,null,{"$f":"F471+SUMIF(NHAP!$D$1:$D$5000,B471,NHAP!$G$1:$G$5000)-SUMIF(XUAT!$E$1:$E$5000,B471,XUAT!$H$1:$H$5000)","v":0},0,{"$f":"H471+SUMIF(NHAP!$D$1:$D$5000,DMHH!B471,NHAP!$I$1:$I$5000)-SUMIF(XUAT!$E$1:$E$5000,DMHH!B471,XUAT!$L$1:$L$5000)","v":0}]
[470,null,null,null,null,null,null,null,null,{"$f":"F472+SUMIF(NHAP!$D$1:$D$5000,B472,NHAP!$G$1:$G$5000)-SUMIF(XUAT!$E$1:$E$5000,B472,XUAT!$H$1:$H$5000)","v":0},0,{"$f":"H472+SUMIF(NHAP!$D$1:$D$5000,DMHH!B472,NHAP!$I$1:$I$5000)-SUMIF(XUAT!$E$1:$E$5000,DMHH!B472,XUAT!$L$1:$L$5000)","v":0}]
[471,null,null,null,null,null,null,null,null,{"$f":"F473+SUMIF(NHAP!$D$1:$D$5000,B473,NHAP!$G$1:$G$5000)-SUMIF(XUAT!$E$1:$E$5000,B473,XUAT!$H$1:$H$5000)","v":0},0,{"$f":"H473+SUMIF(NHAP!$D$1:$D$5000,DMHH!B473,NHAP!$I$1:$I$5000)-SUMIF(XUAT!$E$1:$E$5000,DMHH!B473,XUAT!$L$1:$L$5000)","v":0}]
[472,null,null,null,null,null,null,null,null,{"$f":"F474+SUMIF(NHAP!$D$1:$D$5000,B474,NHAP!$G$1:$G$5000)-SUMIF(XUAT!$E$1:$E$5000,B474,XUAT!$H$1:$H$5000)","v":0},0,{"$f":"H474+SUMIF(NHAP!$D$1:$D$5000,DMHH!B474,NHAP!$I$1:$I$5000)-SUMIF(XUAT!$E$1:$E$5000,DMHH!B474,XUAT!$L$1:$L$5000)","v":0}]
[473,null,null,null,null,null,null,null,null,{"$f":"F475+SUMIF(NHAP!$D$1:$D$5000,B475,NHAP!$G$1:$G$5000)-SUMIF(XUAT!$E$1:$E$5000,B475,XUAT!$H$1:$H$5000)","v":0},0,{"$f":"H475+SUMIF(NHAP!$D$1:$D$5000,DMHH!B475,NHAP!$I$1:$I$5000)-SUMIF(XUAT!$E$1:$E$5000,DMHH!B475,XUAT!$L$1:$L$5000)","v":0}]
[474,null,null,null,null,null,null,null,null,{"$f":"F476+SUMIF(NHAP!$D$1:$D$5000,B476,NHAP!$G$1:$G$5000)-SUMIF(XUAT!$E$1:$E$5000,B476,XUAT!$H$1:$H$5000)","v":0},0,{"$f":"H476+SUMIF(NHAP!$D$1:$D$5000,DMHH!B476,NHAP!$I$1:$I$5000)-SUMIF(XUAT!$E$1:$E$5000,DMHH!B476,XUAT!$L$1:$L$5000)","v":0}]
[475,null,null,null,null,null,null,null,null,{"$f":"F477+SUMIF(NHAP!$D$1:$D$5000,B477,NHAP!$G$1:$G$5000)-SUMIF(XUAT!$E$1:$E$5000,B477,XUAT!$H$1:$H$5000)","v":0},0,{"$f":"H477+SUMIF(NHAP!$D$1:$D$5000,DMHH!B477,NHAP!$I$1:$I$5000)-SUMIF(XUAT!$E$1:$E$5000,DMHH!B477,XUAT!$L$1:$L$5000)","v":0}]
[476,null,null,null,null,null,null,null,null,{"$f":"F478+SUMIF(NHAP!$D$1:$D$5000,B478,NHAP!$G$1:$G$5000)-SUMIF(XUAT!$E$1:$E$5000,B478,XUAT!$H$1:$H$5000)","v":0},0,{"$f":"H478+SUMIF(NHAP!$D$1:$D$5000,DMHH!B478,NHAP!$I$1:$I$5000)-SUMIF(XUAT!$E$1:$E$5000,DMHH!B478,XUAT!$L$1:$L$5000)","v":0}]
[477,null,null,null,null,null,null,null,null,{"$f":"F479+SUMIF(NHAP!$D$1:$D$5000,B479,NHAP!$G$1:$G$5000)-SUMIF(XUAT!$E$1:$E$5000,B479,XUAT!$H$1:$H$5000)","v":0},0,{"$f":"H479+SUMIF(NHAP!$D$1:$D$5000,DMHH!B479,NHAP!$I$1:$I$5000)-SUMIF(XUAT!$E$1:$E$5000,DMHH!B479,XUAT!$L$1:$L$5000)","v":0}]
[478,null,null,null,null,null,null,null,null,{"$f":"F480+SUMIF(NHAP!$D$1:$D$5000,B480,NHAP!$G$1:$G$5000)-SUMIF(XUAT!$E$1:$E$5000,B480,XUAT!$H$1:$H$5000)","v":0},0,{"$f":"H480+SUMIF(NHAP!$D$1:$D$5000,DMHH!B480,NHAP!$I$1:$I$5000)-SUMIF(XUAT!$E$1:$E$5000,DMHH!B480,XUAT!$L$1:$L$5000)","v":0}]
[479,null,null,null,null,null,null,null,null,{"$f":"F481+SUMIF(NHAP!$D$1:$D$5000,B481,NHAP!$G$1:$G$5000)-SUMIF(XUAT!$E$1:$E$5000,B481,XUAT!$H$1:$H$5000)","v":0},0,{"$f":"H481+SUMIF(NHAP!$D$1:$D$5000,DMHH!B481,NHAP!$I$1:$I$5000)-SUMIF(XUAT!$E$1:$E$5000,DMHH!B481,XUAT!$L$1:$L$5000)","v":0}]
[480,null,null,null,null,null,null,null,null,{"$f":"F482+SUMIF(NHAP!$D$1:$D$5000,B482,NHAP!$G$1:$G$5000)-SUMIF(XUAT!$E$1:$E$5000,B482,XUAT!$H$1:$H$5000)","v":0},0,{"$f":"H482+SUMIF(NHAP!$D$1:$D$5000,DMHH!B482,NHAP!$I$1:$I$5000)-SUMIF(XUAT!$E$1:$E$5000,DMHH!B482,XUAT!$L$1:$L$5000)","v":0}]
[481,null,null,null,null,null,null,null,null,{"$f":"F483+SUMIF(NHAP!$D$1:$D$5000,B483,NHAP!$G$1:$G$5000)-SUMIF(XUAT!$E$1:$E$5000,B483,XUAT!$H$1:$H$5000)","v":0},0,{"$f":"H483+SUMIF(NHAP!$D$1:$D$5000,DMHH!B483,NHAP!$I$1:$I$5000)-SUMIF(XUAT!$E$1:$E$5000,DMHH!B483,XUAT!$L$1:$L$5000)","v":0}]
[482,null,null,null,null,null,null,null,null,{"$f":"F484+SUMIF(NHAP!$D$1:$D$5000,B484,NHAP!$G$1:$G$5000)-SUMIF(XUAT!$E$1:$E$5000,B484,XUAT!$H$1:$H$5000)","v":0},0,{"$f":"H484+SUMIF(NHAP!$D$1:$D$5000,DMHH!B484,NHAP!$I$1:$I$5000)-SUMIF(XUAT!$E$1:$E$5000,DMHH!B484,XUAT!$L$1:$L$5000)","v":0}]
[483,null,null,null,null,null,null,null,null,{"$f":"F485+SUMIF(NHAP!$D$1:$D$5000,B485,NHAP!$G$1:$G$5000)-SUMIF(XUAT!$E$1:$E$5000,B485,XUAT!$H$1:$H$5000)","v":0},0,{"$f":"H485+SUMIF(NHAP!$D$1:$D$5000,DMHH!B485,NHAP!$I$1:$I$5000)-SUMIF(XUAT!$E$1:$E$5000,DMHH!B485,XUAT!$L$1:$L$5000)","v":0}]
[484,null,null,null,null,null,null,null,null,{"$f":"F486+SUMIF(NHAP!$D$1:$D$5000,B486,NHAP!$G$1:$G$5000)-SUMIF(XUAT!$E$1:$E$5000,B486,XUAT!$H$1:$H$5000)","v":0},0,{"$f":"H486+SUMIF(NHAP!$D$1:$D$5000,DMHH!B486,NHAP!$I$1:$I$5000)-SUMIF(XUAT!$E$1:$E$5000,DMHH!B486,XUAT!$L$1:$L$5000)","v":0}]
[485,null,null,null,null,null,null,null,null,{"$f":"F487+SUMIF(NHAP!$D$1:$D$5000,B487,NHAP!$G$1:$G$5000)-SUMIF(XUAT!$E$1:$E$5000,B487,XUAT!$H$1:$H$5000)","v":0},0,{"$f":"H487+SUMIF(NHAP!$D$1:$D$5000,DMHH!B487,NHAP!$I$1:$I$5000)-SUMIF(XUAT!$E$1:$E$5000,DMHH!B487,XUAT!$L$1:$L$5000)","v":0}]
[486,null,null,null,null,null,null,null,null,{"$f":"F488+SUMIF(NHAP!$D$1:$D$5000,B488,NHAP!$G$1:$G$5000)-SUMIF(XUAT!$E$1:$E$5000,B488,XUAT!$H$1:$H$5000)","v":0},0,{"$f":"H488+SUMIF(NHAP!$D$1:$D$5000,DMHH!B488,NHAP!$I$1:$I$5000)-SUMIF(XUAT!$E$1:$E$5000,DMHH!B488,XUAT!$L$1:$L$5000)","v":0}]
[487,null,null,null,null,null,null,null,null,{"$f":"F489+SUMIF(NHAP!$D$1:$D$5000,B489,NHAP!$G$1:$G$5000)-SUMIF(XUAT!$E$1:$E$5000,B489,XUAT!$H$1:$H$5000)","v":0},0,{"$f":"H489+SUMIF(NHAP!$D$1:$D$5000,DMHH!B489,NHAP!$I$1:$I$5000)-SUMIF(XUAT!$E$1:$E$5000,DMHH!B489,XUAT!$L$1:$L$5000)","v":0}]
[488,null,null,null,null,null,null,null,null,{"$f":"F490+SUMIF(NHAP!$D$1:$D$5000,B490,NHAP!$G$1:$G$5000)-SUMIF(XUAT!$E$1:$E$5000,B490,XUAT!$H$1:$H$5000)","v":0},0,{"$f":"H490+SUMIF(NHAP!$D$1:$D$5000,DMHH!B490,NHAP!$I$1:$I$5000)-SUMIF(XUAT!$E$1:$E$5000,DMHH!B490,XUAT!$L$1:$L$5000)","v":0}]
[489,null,null,null,null,null,null,null,null,{"$f":"F491+SUMIF(NHAP!$D$1:$D$5000,B491,NHAP!$G$1:$G$5000)-SUMIF(XUAT!$E$1:$E$5000,B491,XUAT!$H$1:$H$5000)","v":0},0,{"$f":"H491+SUMIF(NHAP!$D$1:$D$5000,DMHH!B491,NHAP!$I$1:$I$5000)-SUMIF(XUAT!$E$1:$E$5000,DMHH!B491,XUAT!$L$1:$L$5000)","v":0}]
[490,null,null,null,null,null,null,null,null,{"$f":"F492+SUMIF(NHAP!$D$1:$D$5000,B492,NHAP!$G$1:$G$5000)-SUMIF(XUAT!$E$1:$E$5000,B492,XUAT!$H$1:$H$5000)","v":0},0,{"$f":"H492+SUMIF(NHAP!$D$1:$D$5000,DMHH!B492,NHAP!$I$1:$I$5000)-SUMIF(XUAT!$E$1:$E$5000,DMHH!B492,XUAT!$L$1:$L$5000)","v":0}]
[491,null,null,null,null,null,null,null,null,{"$f":"F493+SUMIF(NHAP!$D$1:$D$5000,B493,NHAP!$G$1:$G$5000)-SUMIF(XUAT!$E$1:$E$5000,B493,XUAT!$H$1:$H$5000)","v":0},0,{"$f":"H493+SUMIF(NHAP!$D$1:$D$5000,DMHH!B493,NHAP!$I$1:$I$5000)-SUMIF(XUAT!$E$1:$E$5000,DMHH!B493,XUAT!$L$1:$L$5000)","v":0}]
[492,null,null,null,null,null,null,null,null,{"$f":"F494+SUMIF(NHAP!$D$1:$D$5000,B494,NHAP!$G$1:$G$5000)-SUMIF(XUAT!$E$1:$E$5000,B494,XUAT!$H$1:$H$5000)","v":0},0,{"$f":"H494+SUMIF(NHAP!$D$1:$D$5000,DMHH!B494,NHAP!$I$1:$I$5000)-SUMIF(XUAT!$E$1:$E$5000,DMHH!B494,XUAT!$L$1:$L$5000)","v":0}]
[493,null,null,null,null,null,null,null,null,{"$f":"F495+SUMIF(NHAP!$D$1:$D$5000,B495,NHAP!$G$1:$G$5000)-SUMIF(XUAT!$E$1:$E$5000,B495,XUAT!$H$1:$H$5000)","v":0},0,{"$f":"H495+SUMIF(NHAP!$D$1:$D$5000,DMHH!B495,NHAP!$I$1:$I$5000)-SUMIF(XUAT!$E$1:$E$5000,DMHH!B495,XUAT!$L$1:$L$5000)","v":0}]
[494,null,null,null,null,null,null,null,null,{"$f":"F496+SUMIF(NHAP!$D$1:$D$5000,B496,NHAP!$G$1:$G$5000)-SUMIF(XUAT!$E$1:$E$5000,B496,XUAT!$H$1:$H$5000)","v":0},0,{"$f":"H496+SUMIF(NHAP!$D$1:$D$5000,DMHH!B496,NHAP!$I$1:$I$5000)-SUMIF(XUAT!$E$1:$E$5000,DMHH!B496,XUAT!$L$1:$L$5000)","v":0}]
[495,null,null,null,null,null,null,null,null,{"$f":"F497+SUMIF(NHAP!$D$1:$D$5000,B497,NHAP!$G$1:$G$5000)-SUMIF(XUAT!$E$1:$E$5000,B497,XUAT!$H$1:$H$5000)","v":0},0,{"$f":"H497+SUMIF(NHAP!$D$1:$D$5000,DMHH!B497,NHAP!$I$1:$I$5000)-SUMIF(XUAT!$E$1:$E$5000,DMHH!B497,XUAT!$L$1:$L$5000)","v":0}]
[496,null,null,null,null,null,null,null,null,{"$f":"F498+SUMIF(NHAP!$D$1:$D$5000,B498,NHAP!$G$1:$G$5000)-SUMIF(XUAT!$E$1:$E$5000,B498,XUAT!$H$1:$H$5000)","v":0},0,{"$f":"H498+SUMIF(NHAP!$D$1:$D$5000,DMHH!B498,NHAP!$I$1:$I$5000)-SUMIF(XUAT!$E$1:$E$5000,DMHH!B498,XUAT!$L$1:$L$5000)","v":0}]
[497,null,null,null,null,null,null,null,null,{"$f":"F499+SUMIF(NHAP!$D$1:$D$5000,B499,NHAP!$G$1:$G$5000)-SUMIF(XUAT!$E$1:$E$5000,B499,XUAT!$H$1:$H$5000)","v":0},0,{"$f":"H499+SUMIF(NHAP!$D$1:$D$5000,DMHH!B499,NHAP!$I$1:$I$5000)-SUMIF(XUAT!$E$1:$E$5000,DMHH!B499,XUAT!$L$1:$L$5000)","v":0}]
[498,null,null,null,null,null,null,null,null,{"$f":"F500+SUMIF(NHAP!$D$1:$D$5000,B500,NHAP!$G$1:$G$5000)-SUMIF(XUAT!$E$1:$E$5000,B500,XUAT!$H$1:$H$5000)","v":0},0,{"$f":"H500+SUMIF(NHAP!$D$1:$D$5000,DMHH!B500,NHAP!$I$1:$I$5000)-SUMIF(XUAT!$E$1:$E$5000,DMHH!B500,XUAT!$L$1:$L$5000)","v":0}]
[499,null,null,null,null,null,null,null,null,{"$f":"F501+SUMIF(NHAP!$D$1:$D$5000,B501,NHAP!$G$1:$G$5000)-SUMIF(XUAT!$E$1:$E$5000,B501,XUAT!$H$1:$H$5000)","v":0},0,{"$f":"H501+SUMIF(NHAP!$D$1:$D$5000,DMHH!B501,NHAP!$I$1:$I$5000)-SUMIF(XUAT!$E$1:$E$5000,DMHH!B501,XUAT!$L$1:$L$5000)","v":0}]
[500,null,null,null,null,null,null,null,null,{"$f":"F502+SUMIF(NHAP!$D$1:$D$5000,B502,NHAP!$G$1:$G$5000)-SUMIF(XUAT!$E$1:$E$5000,B502,XUAT!$H$1:$H$5000)","v":0},0,{"$f":"H502+SUMIF(NHAP!$D$1:$D$5000,DMHH!B502,NHAP!$I$1:$I$5000)-SUMIF(XUAT!$E$1:$E$5000,DMHH!B502,XUAT!$L$1:$L$5000)","v":0}]
[501,null,null,null,null,null,null,null,null,{"$f":"F503+SUMIF(NHAP!$D$1:$D$5000,B503,NHAP!$G$1:$G$5000)-SUMIF(XUAT!$E$1:$E$5000,B503,XUAT!$H$1:$H$5000)","v":0},0,{"$f":"H503+SUMIF(NHAP!$D$1:$D$5000,DMHH!B503,NHAP!$I$1:$I$5000)-SUMIF(XUAT!$E$1:$E$5000,DMHH!B503,XUAT!$L$1:$L$5000)","v":0}]
[502,null,null,null,null,null,null,null,null,{"$f":"F504+SUMIF(NHAP!$D$1:$D$5000,B504,NHAP!$G$1:$G$5000)-SUMIF(XUAT!$E$1:$E$5000,B504,XUAT!$H$1:$H$5000)","v":0},0,{"$f":"H504+SUMIF(NHAP!$D$1:$D$5000,DMHH!B504,NHAP!$I$1:$I$5000)-SUMIF(XUAT!$E$1:$E$5000,DMHH!B504,XUAT!$L$1:$L$5000)","v":0}]
[503,null,null,null,null,null,null,null,null,{"$f":"F505+SUMIF(NHAP!$D$1:$D$5000,B505,NHAP!$G$1:$G$5000)-SUMIF(XUAT!$E$1:$E$5000,B505,XUAT!$H$1:$H$5000)","v":0},0,{"$f":"H505+SUMIF(NHAP!$D$1:$D$5000,DMHH!B505,NHAP!$I$1:$I$5000)-SUMIF(XUAT!$E$1:$E$5000,DMHH!B505,XUAT!$L$1:$L$5000)","v":0}]
[504,null,null,null,null,null,null,null,null,{"$f":"F506+SUMIF(NHAP!$D$1:$D$5000,B506,NHAP!$G$1:$G$5000)-SUMIF(XUAT!$E$1:$E$5000,B506,XUAT!$H$1:$H$5000)","v":0},0,{"$f":"H506+SUMIF(NHAP!$D$1:$D$5000,DMHH!B506,NHAP!$I$1:$I$5000)-SUMIF(XUAT!$E$1:$E$5000,DMHH!B506,XUAT!$L$1:$L$5000)","v":0}]
[505,null,null,null,null,null,null,null,null,{"$f":"F507+SUMIF(NHAP!$D$1:$D$5000,B507,NHAP!$G$1:$G$5000)-SUMIF(XUAT!$E$1:$E$5000,B507,XUAT!$H$1:$H$5000)","v":0},0,{"$f":"H507+SUMIF(NHAP!$D$1:$D$5000,DMHH!B507,NHAP!$I$1:$I$5000)-SUMIF(XUAT!$E$1:$E$5000,DMHH!B507,XUAT!$L$1:$L$5000)","v":0}]
[506,null,null,null,null,null,null,null,null,{"$f":"F508+SUMIF(NHAP!$D$1:$D$5000,B508,NHAP!$G$1:$G$5000)-SUMIF(XUAT!$E$1:$E$5000,B508,XUAT!$H$1:$H$5000)","v":0},0,{"$f":"H508+SUMIF(NHAP!$D$1:$D$5000,DMHH!B508,NHAP!$I$1:$I$5000)-SUMIF(XUAT!$E$1:$E$5000,DMHH!B508,XUAT!$L$1:$L$5000)","v":0}]
[507,null,null,null,null,null,null,null,null,{"$f":"F509+SUMIF(NHAP!$D$1:$D$5000,B509,NHAP!$G$1:$G$5000)-SUMIF(XUAT!$E$1:$E$5000,B509,XUAT!$H$1:$H$5000)","v":0},0,{"$f":"H509+SUMIF(NHAP!$D$1:$D$5000,DMHH!B509,NHAP!$I$1:$I$5000)-SUMIF(XUAT!$E$1:$E$5000,DMHH!B509,XUAT!$L$1:$L$5000)","v":0}]
[508,null,null,null,null,null,null,null,null,{"$f":"F510+SUMIF(NHAP!$D$1:$D$5000,B510,NHAP!$G$1:$G$5000)-SUMIF(XUAT!$E$1:$E$5000,B510,XUAT!$H$1:$H$5000)","v":0},0,{"$f":"H510+SUMIF(NHAP!$D$1:$D$5000,DMHH!B510,NHAP!$I$1:$I$5000)-SUMIF(XUAT!$E$1:$E$5000,DMHH!B510,XUAT!$L$1:$L$5000)","v":0}]
[509,null,null,null,null,null,null,null,null,{"$f":"F511+SUMIF(NHAP!$D$1:$D$5000,B511,NHAP!$G$1:$G$5000)-SUMIF(XUAT!$E$1:$E$5000,B511,XUAT!$H$1:$H$5000)","v":0},0,{"$f":"H511+SUMIF(NHAP!$D$1:$D$5000,DMHH!B511,NHAP!$I$1:$I$5000)-SUMIF(XUAT!$E$1:$E$5000,DMHH!B511,XUAT!$L$1:$L$5000)","v":0}]
[510,null,null,null,null,null,null,null,null,{"$f":"F512+SUMIF(NHAP!$D$1:$D$5000,B512,NHAP!$G$1:$G$5000)-SUMIF(XUAT!$E$1:$E$5000,B512,XUAT!$H$1:$H$5000)","v":0},0,{"$f":"H512+SUMIF(NHAP!$D$1:$D$5000,DMHH!B512,NHAP!$I$1:$I$5000)-SUMIF(XUAT!$E$1:$E$5000,DMHH!B512,XUAT!$L$1:$L$5000)","v":0}]
[511,null,null,null,null,null,null,null,null,{"$f":"F513+SUMIF(NHAP!$D$1:$D$5000,B513,NHAP!$G$1:$G$5000)-SUMIF(XUAT!$E$1:$E$5000,B513,XUAT!$H$1:$H$5000)","v":0},0,{"$f":"H513+SUMIF(NHAP!$D$1:$D$5000,DMHH!B513,NHAP!$I$1:$I$5000)-SUMIF(XUAT!$E$1:$E$5000,DMHH!B513,XUAT!$L$1:$L$5000)","v":0}]
[512,null,null,null,null,null,null,null,null,{"$f":"F514+SUMIF(NHAP!$D$1:$D$5000,B514,NHAP!$G$1:$G$5000)-SUMIF(XUAT!$E$1:$E$5000,B514,XUAT!$H$1:$H$5000)","v":0},0,{"$f":"H514+SUMIF(NHAP!$D$1:$D$5000,DMHH!B514,NHAP!$I$1:$I$5000)-SUMIF(XUAT!$E$1:$E$5000,DMHH!B514,XUAT!$L$1:$L$5000)","v":0}]
[513,null,null,null,null,null,null,null,null,{"$f":"F515+SUMIF(NHAP!$D$1:$D$5000,B515,NHAP!$G$1:$G$5000)-SUMIF(XUAT!$E$1:$E$5000,B515,XUAT!$H$1:$H$5000)","v":0},0,{"$f":"H515+SUMIF(NHAP!$D$1:$D$5000,DMHH!B515,NHAP!$I$1:$I$5000)-SUMIF(XUAT!$E$1:$E$5000,DMHH!B515,XUAT!$L$1:$L$5000)","v":0}]
[514,null,null,null,null,null,null,null,null,{"$f":"F516+SUMIF(NHAP!$D$1:$D$5000,B516,NHAP!$G$1:$G$5000)-SUMIF(XUAT!$E$1:$E$5000,B516,XUAT!$H$1:$H$5000)","v":0},{"$f":"IF(J516=0,0,L516/J516)","v":0},{"$f":"H516+SUMIF(NHAP!$D$1:$D$5000,DMHH!B516,NHAP!$I$1:$I$5000)-SUMIF(XUAT!$E$1:$E$5000,DMHH!B516,XUAT!$L$1:$L$5000)","v":0}]
[515,null,null,null,null,null,null,null,null,{"$f":"F517+SUMIF(NHAP!$D$1:$D$5000,B517,NHAP!$G$1:$G$5000)-SUMIF(XUAT!$E$1:$E$5000,B517,XUAT!$H$1:$H$5000)","v":0},0,{"$f":"H517+SUMIF(NHAP!$D$1:$D$5000,DMHH!B517,NHAP!$I$1:$I$5000)-SUMIF(XUAT!$E$1:$E$5000,DMHH!B517,XUAT!$L$1:$L$5000)","v":0}]
[516,null,null,null,null,null,null,null,null,{"$f":"F518+SUMIF(NHAP!$D$1:$D$5000,B518,NHAP!$G$1:$G$5000)-SUMIF(XUAT!$E$1:$E$5000,B518,XUAT!$H$1:$H$5000)","v":0},0,{"$f":"H518+SUMIF(NHAP!$D$1:$D$5000,DMHH!B518,NHAP!$I$1:$I$5000)-SUMIF(XUAT!$E$1:$E$5000,DMHH!B518,XUAT!$L$1:$L$5000)","v":0}]
[517,null,null,null,null,null,null,null,null,{"$f":"F519+SUMIF(NHAP!$D$1:$D$5000,B519,NHAP!$G$1:$G$5000)-SUMIF(XUAT!$E$1:$E$5000,B519,XUAT!$H$1:$H$5000)","v":0},0,{"$f":"H519+SUMIF(NHAP!$D$1:$D$5000,DMHH!B519,NHAP!$I$1:$I$5000)-SUMIF(XUAT!$E$1:$E$5000,DMHH!B519,XUAT!$L$1:$L$5000)","v":0}]
[518,null,null,null,null,null,null,null,null,{"$f":"F520+SUMIF(NHAP!$D$1:$D$5000,B520,NHAP!$G$1:$G$5000)-SUMIF(XUAT!$E$1:$E$5000,B520,XUAT!$H$1:$H$5000)","v":0},0,{"$f":"H520+SUMIF(NHAP!$D$1:$D$5000,DMHH!B520,NHAP!$I$1:$I$5000)-SUMIF(XUAT!$E$1:$E$5000,DMHH!B520,XUAT!$L$1:$L$5000)","v":0}]
[519,null,null,null,null,null,null,null,null,{"$f":"F521+SUMIF(NHAP!$D$1:$D$5000,B521,NHAP!$G$1:$G$5000)-SUMIF(XUAT!$E$1:$E$5000,B521,XUAT!$H$1:$H$5000)","v":0},0,{"$f":"H521+SUMIF(NHAP!$D$1:$D$5000,DMHH!B521,NHAP!$I$1:$I$5000)-SUMIF(XUAT!$E$1:$E$5000,DMHH!B521,XUAT!$L$1:$L$5000)","v":0}]
[520,null,null,null,null,null,null,null,null,{"$f":"F522+SUMIF(NHAP!$D$1:$D$5000,B522,NHAP!$G$1:$G$5000)-SUMIF(XUAT!$E$1:$E$5000,B522,XUAT!$H$1:$H$5000)","v":0},0,{"$f":"H522+SUMIF(NHAP!$D$1:$D$5000,DMHH!B522,NHAP!$I$1:$I$5000)-SUMIF(XUAT!$E$1:$E$5000,DMHH!B522,XUAT!$L$1:$L$5000)","v":0}]
[521,null,null,null,null,null,null,null,null,{"$f":"F523+SUMIF(NHAP!$D$1:$D$5000,B523,NHAP!$G$1:$G$5000)-SUMIF(XUAT!$E$1:$E$5000,B523,XUAT!$H$1:$H$5000)","v":0},0,{"$f":"H523+SUMIF(NHAP!$D$1:$D$5000,DMHH!B523,NHAP!$I$1:$I$5000)-SUMIF(XUAT!$E$1:$E$5000,DMHH!B523,XUAT!$L$1:$L$5000)","v":0}]
[522,null,null,null,null,null,null,null,null,{"$f":"F524+SUMIF(NHAP!$D$1:$D$5000,B524,NHAP!$G$1:$G$5000)-SUMIF(XUAT!$E$1:$E$5000,B524,XUAT!$H$1:$H$5000)","v":0},0,{"$f":"H524+SUMIF(NHAP!$D$1:$D$5000,DMHH!B524,NHAP!$I$1:$I$5000)-SUMIF(XUAT!$E$1:$E$5000,DMHH!B524,XUAT!$L$1:$L$5000)","v":0}]
[523,null,null,null,null,null,null,null,null,{"$f":"F525+SUMIF(NHAP!$D$1:$D$5000,B525,NHAP!$G$1:$G$5000)-SUMIF(XUAT!$E$1:$E$5000,B525,XUAT!$H$1:$H$5000)","v":0},0,{"$f":"H525+SUMIF(NHAP!$D$1:$D$5000,DMHH!B525,NHAP!$I$1:$I$5000)-SUMIF(XUAT!$E$1:$E$5000,DMHH!B525,XUAT!$L$1:$L$5000)","v":0}]
[524,null,null,null,null,null,null,null,null,{"$f":"F526+SUMIF(NHAP!$D$1:$D$5000,B526,NHAP!$G$1:$G$5000)-SUMIF(XUAT!$E$1:$E$5000,B526,XUAT!$H$1:$H$5000)","v":0},0,{"$f":"H526+SUMIF(NHAP!$D$1:$D$5000,DMHH!B526,NHAP!$I$1:$I$5000)-SUMIF(XUAT!$E$1:$E$5000,DMHH!B526,XUAT!$L$1:$L$5000)","v":0}]
[525,null,null,null,null,null,null,null,null,{"$f":"F527+SUMIF(NHAP!$D$1:$D$5000,B527,NHAP!$G$1:$G$5000)-SUMIF(XUAT!$E$1:$E$5000,B527,XUAT!$H$1:$H$5000)","v":0},0,{"$f":"H527+SUMIF(NHAP!$D$1:$D$5000,DMHH!B527,NHAP!$I$1:$I$5000)-SUMIF(XUAT!$E$1:$E$5000,DMHH!B527,XUAT!$L$1:$L$5000)","v":0}]
[526,null,null,null,null,null,null,null,null,{"$f":"F528+SUMIF(NHAP!$D$1:$D$5000,B528,NHAP!$G$1:$G$5000)-SUMIF(XUAT!$E$1:$E$5000,B528,XUAT!$H$1:$H$5000)","v":0},0,{"$f":"H528+SUMIF(NHAP!$D$1:$D$5000,DMHH!B528,NHAP!$I$1:$I$5000)-SUMIF(XUAT!$E$1:$E$5000,DMHH!B528,XUAT!$L$1:$L$5000)","v":0}]
[527,null,null,null,null,null,null,null,null,{"$f":"F529+SUMIF(NHAP!$D$1:$D$5000,B529,NHAP!$G$1:$G$5000)-SUMIF(XUAT!$E$1:$E$5000,B529,XUAT!$H$1:$H$5000)","v":0},0,{"$f":"H529+SUMIF(NHAP!$D$1:$D$5000,DMHH!B529,NHAP!$I$1:$I$5000)-SUMIF(XUAT!$E$1:$E$5000,DMHH!B529,XUAT!$L$1:$L$5000)","v":0}]
[528,null,null,null,null,null,null,null,null,{"$f":"F530+SUMIF(NHAP!$D$1:$D$5000,B530,NHAP!$G$1:$G$5000)-SUMIF(XUAT!$E$1:$E$5000,B530,XUAT!$H$1:$H$5000)","v":0},0,{"$f":"H530+SUMIF(NHAP!$D$1:$D$5000,DMHH!B530,NHAP!$I$1:$I$5000)-SUMIF(XUAT!$E$1:$E$5000,DMHH!B530,XUAT!$L$1:$L$5000)","v":0}]
[529,null,null,null,null,null,null,null,null,{"$f":"F531+SUMIF(NHAP!$D$1:$D$5000,B531,NHAP!$G$1:$G$5000)-SUMIF(XUAT!$E$1:$E$5000,B531,XUAT!$H$1:$H$5000)","v":0},0,{"$f":"H531+SUMIF(NHAP!$D$1:$D$5000,DMHH!B531,NHAP!$I$1:$I$5000)-SUMIF(XUAT!$E$1:$E$5000,DMHH!B531,XUAT!$L$1:$L$5000)","v":0}]
[530,null,null,null,null,null,null,null,null,{"$f":"F532+SUMIF(NHAP!$D$1:$D$5000,B532,NHAP!$G$1:$G$5000)-SUMIF(XUAT!$E$1:$E$5000,B532,XUAT!$H$1:$H$5000)","v":0},0,{"$f":"H532+SUMIF(NHAP!$D$1:$D$5000,DMHH!B532,NHAP!$I$1:$I$5000)-SUMIF(XUAT!$E$1:$E$5000,DMHH!B532,XUAT!$L$1:$L$5000)","v":0}]
[531,null,null,null,null,null,null,null,null,{"$f":"F533+SUMIF(NHAP!$D$1:$D$5000,B533,NHAP!$G$1:$G$5000)-SUMIF(XUAT!$E$1:$E$5000,B533,XUAT!$H$1:$H$5000)","v":0},0,{"$f":"H533+SUMIF(NHAP!$D$1:$D$5000,DMHH!B533,NHAP!$I$1:$I$5000)-SUMIF(XUAT!$E$1:$E$5000,DMHH!B533,XUAT!$L$1:$L$5000)","v":0}]
[532,null,null,null,null,null,null,null,null,{"$f":"F534+SUMIF(NHAP!$D$1:$D$5000,B534,NHAP!$G$1:$G$5000)-SUMIF(XUAT!$E$1:$E$5000,B534,XUAT!$H$1:$H$5000)","v":0},0,{"$f":"H534+SUMIF(NHAP!$D$1:$D$5000,DMHH!B534,NHAP!$I$1:$I$5000)-SUMIF(XUAT!$E$1:$E$5000,DMHH!B534,XUAT!$L$1:$L$5000)","v":0}]
[533,null,null,null,null,null,null,null,null,{"$f":"F535+SUMIF(NHAP!$D$1:$D$5000,B535,NHAP!$G$1:$G$5000)-SUMIF(XUAT!$E$1:$E$5000,B535,XUAT!$H$1:$H$5000)","v":0},0,{"$f":"H535+SUMIF(NHAP!$D$1:$D$5000,DMHH!B535,NHAP!$I$1:$I$5000)-SUMIF(XUAT!$E$1:$E$5000,DMHH!B535,XUAT!$L$1:$L$5000)","v":0}]
[534,null,null,null,null,null,null,null,null,{"$f":"F536+SUMIF(NHAP!$D$1:$D$5000,B536,NHAP!$G$1:$G$5000)-SUMIF(XUAT!$E$1:$E$5000,B536,XUAT!$H$1:$H$5000)","v":0},0,{"$f":"H536+SUMIF(NHAP!$D$1:$D$5000,DMHH!B536,NHAP!$I$1:$I$5000)-SUMIF(XUAT!$E$1:$E$5000,DMHH!B536,XUAT!$L$1:$L$5000)","v":0}]
[535,null,null,null,null,null,null,null,null,{"$f":"F537+SUMIF(NHAP!$D$1:$D$5000,B537,NHAP!$G$1:$G$5000)-SUMIF(XUAT!$E$1:$E$5000,B537,XUAT!$H$1:$H$5000)","v":0},0,{"$f":"H537+SUMIF(NHAP!$D$1:$D$5000,DMHH!B537,NHAP!$I$1:$I$5000)-SUMIF(XUAT!$E$1:$E$5000,DMHH!B537,XUAT!$L$1:$L$5000)","v":0}]
[536,null,null,null,null,null,null,null,null,{"$f":"F538+SUMIF(NHAP!$D$1:$D$5000,B538,NHAP!$G$1:$G$5000)-SUMIF(XUAT!$E$1:$E$5000,B538,XUAT!$H$1:$H$5000)","v":0},0,{"$f":"H538+SUMIF(NHAP!$D$1:$D$5000,DMHH!B538,NHAP!$I$1:$I$5000)-SUMIF(XUAT!$E$1:$E$5000,DMHH!B538,XUAT!$L$1:$L$5000)","v":0}]
[537,null,null,null,null,null,null,null,null,{"$f":"F539+SUMIF(NHAP!$D$1:$D$5000,B539,NHAP!$G$1:$G$5000)-SUMIF(XUAT!$E$1:$E$5000,B539,XUAT!$H$1:$H$5000)","v":0},0,{"$f":"H539+SUMIF(NHAP!$D$1:$D$5000,DMHH!B539,NHAP!$I$1:$I$5000)-SUMIF(XUAT!$E$1:$E$5000,DMHH!B539,XUAT!$L$1:$L$5000)","v":0}]
[538,null,null,null,null,null,null,null,null,{"$f":"F540+SUMIF(NHAP!$D$1:$D$5000,B540,NHAP!$G$1:$G$5000)-SUMIF(XUAT!$E$1:$E$5000,B540,XUAT!$H$1:$H$5000)","v":0},0,{"$f":"H540+SUMIF(NHAP!$D$1:$D$5000,DMHH!B540,NHAP!$I$1:$I$5000)-SUMIF(XUAT!$E$1:$E$5000,DMHH!B540,XUAT!$L$1:$L$5000)","v":0}]
[539,null,null,null,null,null,null,null,null,{"$f":"F541+SUMIF(NHAP!$D$1:$D$5000,B541,NHAP!$G$1:$G$5000)-SUMIF(XUAT!$E$1:$E$5000,B541,XUAT!$H$1:$H$5000)","v":0},0,{"$f":"H541+SUMIF(NHAP!$D$1:$D$5000,DMHH!B541,NHAP!$I$1:$I$5000)-SUMIF(XUAT!$E$1:$E$5000,DMHH!B541,XUAT!$L$1:$L$5000)","v":0}]
[540,null,null,null,null,null,null,null,null,{"$f":"F542+SUMIF(NHAP!$D$1:$D$5000,B542,NHAP!$G$1:$G$5000)-SUMIF(XUAT!$E$1:$E$5000,B542,XUAT!$H$1:$H$5000)","v":0},0,{"$f":"H542+SUMIF(NHAP!$D$1:$D$5000,DMHH!B542,NHAP!$I$1:$I$5000)-SUMIF(XUAT!$E$1:$E$5000,DMHH!B542,XUAT!$L$1:$L$5000)","v":0}]
[541,null,null,null,null,null,null,null,null,{"$f":"F543+SUMIF(NHAP!$D$1:$D$5000,B543,NHAP!$G$1:$G$5000)-SUMIF(XUAT!$E$1:$E$5000,B543,XUAT!$H$1:$H$5000)","v":0},0,{"$f":"H543+SUMIF(NHAP!$D$1:$D$5000,DMHH!B543,NHAP!$I$1:$I$5000)-SUMIF(XUAT!$E$1:$E$5000,DMHH!B543,XUAT!$L$1:$L$5000)","v":0}]
[542,null,null,null,null,null,null,null,null,{"$f":"F544+SUMIF(NHAP!$D$1:$D$5000,B544,NHAP!$G$1:$G$5000)-SUMIF(XUAT!$E$1:$E$5000,B544,XUAT!$H$1:$H$5000)","v":0},0,{"$f":"H544+SUMIF(NHAP!$D$1:$D$5000,DMHH!B544,NHAP!$I$1:$I$5000)-SUMIF(XUAT!$E$1:$E$5000,DMHH!B544,XUAT!$L$1:$L$5000)","v":0}]
[543,null,null,null,null,null,null,null,null,{"$f":"F545+SUMIF(NHAP!$D$1:$D$5000,B545,NHAP!$G$1:$G$5000)-SUMIF(XUAT!$E$1:$E$5000,B545,XUAT!$H$1:$H$5000)","v":0},0,{"$f":"H545+SUMIF(NHAP!$D$1:$D$5000,DMHH!B545,NHAP!$I$1:$I$5000)-SUMIF(XUAT!$E$1:$E$5000,DMHH!B545,XUAT!$L$1:$L$5000)","v":0}]
[544,null,null,null,null,null,null,null,null,{"$f":"F546+SUMIF(NHAP!$D$1:$D$5000,B546,NHAP!$G$1:$G$5000)-SUMIF(XUAT!$E$1:$E$5000,B546,XUAT!$H$1:$H$5000)","v":0},0,{"$f":"H546+SUMIF(NHAP!$D$1:$D$5000,DMHH!B546,NHAP!$I$1:$I$5000)-SUMIF(XUAT!$E$1:$E$5000,DMHH!B546,XUAT!$L$1:$L$5000)","v":0}]
[545,null,null,null,null,null,null,null,null,{"$f":"F547+SUMIF(NHAP!$D$1:$D$5000,B547,NHAP!$G$1:$G$5000)-SUMIF(XUAT!$E$1:$E$5000,B547,XUAT!$H$1:$H$5000)","v":0},0,{"$f":"H547+SUMIF(NHAP!$D$1:$D$5000,DMHH!B547,NHAP!$I$1:$I$5000)-SUMIF(XUAT!$E$1:$E$5000,DMHH!B547,XUAT!$L$1:$L$5000)","v":0}]
[546,null,null,null,null,null,null,null,null,{"$f":"F548+SUMIF(NHAP!$D$1:$D$5000,B548,NHAP!$G$1:$G$5000)-SUMIF(XUAT!$E$1:$E$5000,B548,XUAT!$H$1:$H$5000)","v":0},0,{"$f":"H548+SUMIF(NHAP!$D$1:$D$5000,DMHH!B548,NHAP!$I$1:$I$5000)-SUMIF(XUAT!$E$1:$E$5000,DMHH!B548,XUAT!$L$1:$L$5000)","v":0}]
[547,null,null,null,null,null,null,null,null,{"$f":"F549+SUMIF(NHAP!$D$1:$D$5000,B549,NHAP!$G$1:$G$5000)-SUMIF(XUAT!$E$1:$E$5000,B549,XUAT!$H$1:$H$5000)","v":0},0,{"$f":"H549+SUMIF(NHAP!$D$1:$D$5000,DMHH!B549,NHAP!$I$1:$I$5000)-SUMIF(XUAT!$E$1:$E$5000,DMHH!B549,XUAT!$L$1:$L$5000)","v":0}]
[548,null,null,null,null,null,null,null,null,{"$f":"F550+SUMIF(NHAP!$D$1:$D$5000,B550,NHAP!$G$1:$G$5000)-SUMIF(XUAT!$E$1:$E$5000,B550,XUAT!$H$1:$H$5000)","v":0},0,{"$f":"H550+SUMIF(NHAP!$D$1:$D$5000,DMHH!B550,NHAP!$I$1:$I$5000)-SUMIF(XUAT!$E$1:$E$5000,DMHH!B550,XUAT!$L$1:$L$5000)","v":0}]
[549,null,null,null,null,null,null,null,null,{"$f":"F551+SUMIF(NHAP!$D$1:$D$5000,B551,NHAP!$G$1:$G$5000)-SUMIF(XUAT!$E$1:$E$5000,B551,XUAT!$H$1:$H$5000)","v":0},0,{"$f":"H551+SUMIF(NHAP!$D$1:$D$5000,DMHH!B551,NHAP!$I$1:$I$5000)-SUMIF(XUAT!$E$1:$E$5000,DMHH!B551,XUAT!$L$1:$L$5000)","v":0}]
[550,null,null,null,null,null,null,null,null,{"$f":"F552+SUMIF(NHAP!$D$1:$D$5000,B552,NHAP!$G$1:$G$5000)-SUMIF(XUAT!$E$1:$E$5000,B552,XUAT!$H$1:$H$5000)","v":0},0,{"$f":"H552+SUMIF(NHAP!$D$1:$D$5000,DMHH!B552,NHAP!$I$1:$I$5000)-SUMIF(XUAT!$E$1:$E$5000,DMHH!B552,XUAT!$L$1:$L$5000)","v":0}]
[551,null,null,null,null,null,null,null,null,{"$f":"F553+SUMIF(NHAP!$D$1:$D$5000,B553,NHAP!$G$1:$G$5000)-SUMIF(XUAT!$E$1:$E$5000,B553,XUAT!$H$1:$H$5000)","v":0},0,{"$f":"H553+SUMIF(NHAP!$D$1:$D$5000,DMHH!B553,NHAP!$I$1:$I$5000)-SUMIF(XUAT!$E$1:$E$5000,DMHH!B553,XUAT!$L$1:$L$5000)","v":0}]
[552,null,null,null,null,null,null,null,null,{"$f":"F554+SUMIF(NHAP!$D$1:$D$5000,B554,NHAP!$G$1:$G$5000)-SUMIF(XUAT!$E$1:$E$5000,B554,XUAT!$H$1:$H$5000)","v":0},0,{"$f":"H554+SUMIF(NHAP!$D$1:$D$5000,DMHH!B554,NHAP!$I$1:$I$5000)-SUMIF(XUAT!$E$1:$E$5000,DMHH!B554,XUAT!$L$1:$L$5000)","v":0}]
[553,null,null,null,null,null,null,null,null,{"$f":"F555+SUMIF(NHAP!$D$1:$D$5000,B555,NHAP!$G$1:$G$5000)-SUMIF(XUAT!$E$1:$E$5000,B555,XUAT!$H$1:$H$5000)","v":0},0,{"$f":"H555+SUMIF(NHAP!$D$1:$D$5000,DMHH!B555,NHAP!$I$1:$I$5000)-SUMIF(XUAT!$E$1:$E$5000,DMHH!B555,XUAT!$L$1:$L$5000)","v":0}]
[554,null,null,null,null,null,null,null,null,{"$f":"F556+SUMIF(NHAP!$D$1:$D$5000,B556,NHAP!$G$1:$G$5000)-SUMIF(XUAT!$E$1:$E$5000,B556,XUAT!$H$1:$H$5000)","v":0},0,{"$f":"H556+SUMIF(NHAP!$D$1:$D$5000,DMHH!B556,NHAP!$I$1:$I$5000)-SUMIF(XUAT!$E$1:$E$5000,DMHH!B556,XUAT!$L$1:$L$5000)","v":0}]
[555,null,null,null,null,null,null,null,null,{"$f":"F557+SUMIF(NHAP!$D$1:$D$5000,B557,NHAP!$G$1:$G$5000)-SUMIF(XUAT!$E$1:$E$5000,B557,XUAT!$H$1:$H$5000)","v":0},0,{"$f":"H557+SUMIF(NHAP!$D$1:$D$5000,DMHH!B557,NHAP!$I$1:$I$5000)-SUMIF(XUAT!$E$1:$E$5000,DMHH!B557,XUAT!$L$1:$L$5000)","v":0}]
[556,null,null,null,null,null,null,null,null,{"$f":"F558+SUMIF(NHAP!$D$1:$D$5000,B558,NHAP!$G$1:$G$5000)-SUMIF(XUAT!$E$1:$E$5000,B558,XUAT!$H$1:$H$5000)","v":0},0,{"$f":"H558+SUMIF(NHAP!$D$1:$D$5000,DMHH!B558,NHAP!$I$1:$I$5000)-SUMIF(XUAT!$E$1:$E$5000,DMHH!B558,XUAT!$L$1:$L$5000)","v":0}]
[557,null,null,null,null,null,null,null,null,{"$f":"F559+SUMIF(NHAP!$D$1:$D$5000,B559,NHAP!$G$1:$G$5000)-SUMIF(XUAT!$E$1:$E$5000,B559,XUAT!$H$1:$H$5000)","v":0},0,{"$f":"H559+SUMIF(NHAP!$D$1:$D$5000,DMHH!B559,NHAP!$I$1:$I$5000)-SUMIF(XUAT!$E$1:$E$5000,DMHH!B559,XUAT!$L$1:$L$5000)","v":0}]
[558,null,null,null,null,null,null,null,null,{"$f":"F560+SUMIF(NHAP!$D$1:$D$5000,B560,NHAP!$G$1:$G$5000)-SUMIF(XUAT!$E$1:$E$5000,B560,XUAT!$H$1:$H$5000)","v":0},0,{"$f":"H560+SUMIF(NHAP!$D$1:$D$5000,DMHH!B560,NHAP!$I$1:$I$5000)-SUMIF(XUAT!$E$1:$E$5000,DMHH!B560,XUAT!$L$1:$L$5000)","v":0}]
[559,null,null,null,null,null,null,null,null,{"$f":"F561+SUMIF(NHAP!$D$1:$D$5000,B561,NHAP!$G$1:$G$5000)-SUMIF(XUAT!$E$1:$E$5000,B561,XUAT!$H$1:$H$5000)","v":0},0,{"$f":"H561+SUMIF(NHAP!$D$1:$D$5000,DMHH!B561,NHAP!$I$1:$I$5000)-SUMIF(XUAT!$E$1:$E$5000,DMHH!B561,XUAT!$L$1:$L$5000)","v":0}]
[560,null,null,null,null,null,null,null,null,{"$f":"F562+SUMIF(NHAP!$D$1:$D$5000,B562,NHAP!$G$1:$G$5000)-SUMIF(XUAT!$E$1:$E$5000,B562,XUAT!$H$1:$H$5000)","v":0},0,{"$f":"H562+SUMIF(NHAP!$D$1:$D$5000,DMHH!B562,NHAP!$I$1:$I$5000)-SUMIF(XUAT!$E$1:$E$5000,DMHH!B562,XUAT!$L$1:$L$5000)","v":0}]
[561,null,null,null,null,null,null,null,null,{"$f":"F563+SUMIF(NHAP!$D$1:$D$5000,B563,NHAP!$G$1:$G$5000)-SUMIF(XUAT!$E$1:$E$5000,B563,XUAT!$H$1:$H$5000)","v":0},0,{"$f":"H563+SUMIF(NHAP!$D$1:$D$5000,DMHH!B563,NHAP!$I$1:$I$5000)-SUMIF(XUAT!$E$1:$E$5000,DMHH!B563,XUAT!$L$1:$L$5000)","v":0}]
[562,null,null,null,null,null,null,null,null,{"$f":"F564+SUMIF(NHAP!$D$1:$D$5000,B564,NHAP!$G$1:$G$5000)-SUMIF(XUAT!$E$1:$E$5000,B564,XUAT!$H$1:$H$5000)","v":0},0,{"$f":"H564+SUMIF(NHAP!$D$1:$D$5000,DMHH!B564,NHAP!$I$1:$I$5000)-SUMIF(XUAT!$E$1:$E$5000,DMHH!B564,XUAT!$L$1:$L$5000)","v":0}]
[563,null,null,null,null,null,null,null,null,{"$f":"F565+SUMIF(NHAP!$D$1:$D$5000,B565,NHAP!$G$1:$G$5000)-SUMIF(XUAT!$E$1:$E$5000,B565,XUAT!$H$1:$H$5000)","v":0},0,{"$f":"H565+SUMIF(NHAP!$D$1:$D$5000,DMHH!B565,NHAP!$I$1:$I$5000)-SUMIF(XUAT!$E$1:$E$5000,DMHH!B565,XUAT!$L$1:$L$5000)","v":0}]
[564,null,null,null,null,null,null,null,null,{"$f":"F566+SUMIF(NHAP!$D$1:$D$5000,B566,NHAP!$G$1:$G$5000)-SUMIF(XUAT!$E$1:$E$5000,B566,XUAT!$H$1:$H$5000)","v":0},0,{"$f":"H566+SUMIF(NHAP!$D$1:$D$5000,DMHH!B566,NHAP!$I$1:$I$5000)-SUMIF(XUAT!$E$1:$E$5000,DMHH!B566,XUAT!$L$1:$L$5000)","v":0}]
[565,null,null,null,null,null,null,null,null,{"$f":"F567+SUMIF(NHAP!$D$1:$D$5000,B567,NHAP!$G$1:$G$5000)-SUMIF(XUAT!$E$1:$E$5000,B567,XUAT!$H$1:$H$5000)","v":0},0,{"$f":"H567+SUMIF(NHAP!$D$1:$D$5000,DMHH!B567,NHAP!$I$1:$I$5000)-SUMIF(XUAT!$E$1:$E$5000,DMHH!B567,XUAT!$L$1:$L$5000)","v":0}]
[566,null,null,null,null,null,null,null,null,{"$f":"F568+SUMIF(NHAP!$D$1:$D$5000,B568,NHAP!$G$1:$G$5000)-SUMIF(XUAT!$E$1:$E$5000,B568,XUAT!$H$1:$H$5000)","v":0},0,{"$f":"H568+SUMIF(NHAP!$D$1:$D$5000,DMHH!B568,NHAP!$I$1:$I$5000)-SUMIF(XUAT!$E$1:$E$5000,DMHH!B568,XUAT!$L$1:$L$5000)","v":0}]
[567,null,null,null,null,null,null,null,null,{"$f":"F569+SUMIF(NHAP!$D$1:$D$5000,B569,NHAP!$G$1:$G$5000)-SUMIF(XUAT!$E$1:$E$5000,B569,XUAT!$H$1:$H$5000)","v":0},0,{"$f":"H569+SUMIF(NHAP!$D$1:$D$5000,DMHH!B569,NHAP!$I$1:$I$5000)-SUMIF(XUAT!$E$1:$E$5000,DMHH!B569,XUAT!$L$1:$L$5000)","v":0}]
[568,null,null,null,null,null,null,null,null,{"$f":"F570+SUMIF(NHAP!$D$1:$D$5000,B570,NHAP!$G$1:$G$5000)-SUMIF(XUAT!$E$1:$E$5000,B570,XUAT!$H$1:$H$5000)","v":0},0,{"$f":"H570+SUMIF(NHAP!$D$1:$D$5000,DMHH!B570,NHAP!$I$1:$I$5000)-SUMIF(XUAT!$E$1:$E$5000,DMHH!B570,XUAT!$L$1:$L$5000)","v":0}]
[569,null,null,null,null,null,null,null,null,{"$f":"F571+SUMIF(NHAP!$D$1:$D$5000,B571,NHAP!$G$1:$G$5000)-SUMIF(XUAT!$E$1:$E$5000,B571,XUAT!$H$1:$H$5000)","v":0},0,{"$f":"H571+SUMIF(NHAP!$D$1:$D$5000,DMHH!B571,NHAP!$I$1:$I$5000)-SUMIF(XUAT!$E$1:$E$5000,DMHH!B571,XUAT!$L$1:$L$5000)","v":0}]
[570,null,null,null,null,null,null,null,null,{"$f":"F572+SUMIF(NHAP!$D$1:$D$5000,B572,NHAP!$G$1:$G$5000)-SUMIF(XUAT!$E$1:$E$5000,B572,XUAT!$H$1:$H$5000)","v":0},0,{"$f":"H572+SUMIF(NHAP!$D$1:$D$5000,DMHH!B572,NHAP!$I$1:$I$5000)-SUMIF(XUAT!$E$1:$E$5000,DMHH!B572,XUAT!$L$1:$L$5000)","v":0}]
[571,null,null,null,null,null,null,null,null,{"$f":"F573+SUMIF(NHAP!$D$1:$D$5000,B573,NHAP!$G$1:$G$5000)-SUMIF(XUAT!$E$1:$E$5000,B573,XUAT!$H$1:$H$5000)","v":0},0,{"$f":"H573+SUMIF(NHAP!$D$1:$D$5000,DMHH!B573,NHAP!$I$1:$I$5000)-SUMIF(XUAT!$E$1:$E$5000,DMHH!B573,XUAT!$L$1:$L$5000)","v":0}]
[572,null,null,null,null,null,null,null,null,{"$f":"F574+SUMIF(NHAP!$D$1:$D$5000,B574,NHAP!$G$1:$G$5000)-SUMIF(XUAT!$E$1:$E$5000,B574,XUAT!$H$1:$H$5000)","v":0},0,{"$f":"H574+SUMIF(NHAP!$D$1:$D$5000,DMHH!B574,NHAP!$I$1:$I$5000)-SUMIF(XUAT!$E$1:$E$5000,DMHH!B574,XUAT!$L$1:$L$5000)","v":0}]
[573,null,null,null,null,null,null,null,null,{"$f":"F575+SUMIF(NHAP!$D$1:$D$5000,B575,NHAP!$G$1:$G$5000)-SUMIF(XUAT!$E$1:$E$5000,B575,XUAT!$H$1:$H$5000)","v":0},0,{"$f":"H575+SUMIF(NHAP!$D$1:$D$5000,DMHH!B575,NHAP!$I$1:$I$5000)-SUMIF(XUAT!$E$1:$E$5000,DMHH!B575,XUAT!$L$1:$L$5000)","v":0}]
[574,null,null,null,null,null,null,null,null,{"$f":"F576+SUMIF(NHAP!$D$1:$D$5000,B576,NHAP!$G$1:$G$5000)-SUMIF(XUAT!$E$1:$E$5000,B576,XUAT!$H$1:$H$5000)","v":0},0,{"$f":"H576+SUMIF(NHAP!$D$1:$D$5000,DMHH!B576,NHAP!$I$1:$I$5000)-SUMIF(XUAT!$E$1:$E$5000,DMHH!B576,XUAT!$L$1:$L$5000)","v":0}]
[575,null,null,null,null,null,null,null,null,{"$f":"F577+SUMIF(NHAP!$D$1:$D$5000,B577,NHAP!$G$1:$G$5000)-SUMIF(XUAT!$E$1:$E$5000,B577,XUAT!$H$1:$H$5000)","v":0},0,{"$f":"H577+SUMIF(NHAP!$D$1:$D$5000,DMHH!B577,NHAP!$I$1:$I$5000)-SUMIF(XUAT!$E$1:$E$5000,DMHH!B577,XUAT!$L$1:$L$5000)","v":0}]
[576,null,null,null,null,null,null,null,null,{"$f":"F578+SUMIF(NHAP!$D$1:$D$5000,B578,NHAP!$G$1:$G$5000)-SUMIF(XUAT!$E$1:$E$5000,B578,XUAT!$H$1:$H$5000)","v":0},0,{"$f":"H578+SUMIF(NHAP!$D$1:$D$5000,DMHH!B578,NHAP!$I$1:$I$5000)-SUMIF(XUAT!$E$1:$E$5000,DMHH!B578,XUAT!$L$1:$L$5000)","v":0}]
[577,null,null,null,null,null,null,null,null,{"$f":"F579+SUMIF(NHAP!$D$1:$D$5000,B579,NHAP!$G$1:$G$5000)-SUMIF(XUAT!$E$1:$E$5000,B579,XUAT!$H$1:$H$5000)","v":0},0,{"$f":"H579+SUMIF(NHAP!$D$1:$D$5000,DMHH!B579,NHAP!$I$1:$I$5000)-SUMIF(XUAT!$E$1:$E$5000,DMHH!B579,XUAT!$L$1:$L$5000)","v":0}]
[578,null,null,null,null,null,null,null,null,{"$f":"F580+SUMIF(NHAP!$D$1:$D$5000,B580,NHAP!$G$1:$G$5000)-SUMIF(XUAT!$E$1:$E$5000,B580,XUAT!$H$1:$H$5000)","v":0},{"$f":"IF(J580=0,0,L580/J580)","v":0},{"$f":"H580+SUMIF(NHAP!$D$1:$D$5000,DMHH!B580,NHAP!$I$1:$I$5000)-SUMIF(XUAT!$E$1:$E$5000,DMHH!B580,XUAT!$L$1:$L$5000)","v":0}]
[579,null,null,null,null,null,null,null,null,{"$f":"F581+SUMIF(NHAP!$D$1:$D$5000,B581,NHAP!$G$1:$G$5000)-SUMIF(XUAT!$E$1:$E$5000,B581,XUAT!$H$1:$H$5000)","v":0},0,{"$f":"H581+SUMIF(NHAP!$D$1:$D$5000,DMHH!B581,NHAP!$I$1:$I$5000)-SUMIF(XUAT!$E$1:$E$5000,DMHH!B581,XUAT!$L$1:$L$5000)","v":0}]
[580,null,null,null,null,null,null,null,null,{"$f":"F582+SUMIF(NHAP!$D$1:$D$5000,B582,NHAP!$G$1:$G$5000)-SUMIF(XUAT!$E$1:$E$5000,B582,XUAT!$H$1:$H$5000)","v":0},0,{"$f":"H582+SUMIF(NHAP!$D$1:$D$5000,DMHH!B582,NHAP!$I$1:$I$5000)-SUMIF(XUAT!$E$1:$E$5000,DMHH!B582,XUAT!$L$1:$L$5000)","v":0}]
[581,null,null,null,null,null,null,null,null,{"$f":"F583+SUMIF(NHAP!$D$1:$D$5000,B583,NHAP!$G$1:$G$5000)-SUMIF(XUAT!$E$1:$E$5000,B583,XUAT!$H$1:$H$5000)","v":0},0,{"$f":"H583+SUMIF(NHAP!$D$1:$D$5000,DMHH!B583,NHAP!$I$1:$I$5000)-SUMIF(XUAT!$E$1:$E$5000,DMHH!B583,XUAT!$L$1:$L$5000)","v":0}]
[582,null,null,null,null,null,null,null,null,{"$f":"F584+SUMIF(NHAP!$D$1:$D$5000,B584,NHAP!$G$1:$G$5000)-SUMIF(XUAT!$E$1:$E$5000,B584,XUAT!$H$1:$H$5000)","v":0},0,{"$f":"H584+SUMIF(NHAP!$D$1:$D$5000,DMHH!B584,NHAP!$I$1:$I$5000)-SUMIF(XUAT!$E$1:$E$5000,DMHH!B584,XUAT!$L$1:$L$5000)","v":0}]
[583,null,null,null,null,null,null,null,null,{"$f":"F585+SUMIF(NHAP!$D$1:$D$5000,B585,NHAP!$G$1:$G$5000)-SUMIF(XUAT!$E$1:$E$5000,B585,XUAT!$H$1:$H$5000)","v":0},0,{"$f":"H585+SUMIF(NHAP!$D$1:$D$5000,DMHH!B585,NHAP!$I$1:$I$5000)-SUMIF(XUAT!$E$1:$E$5000,DMHH!B585,XUAT!$L$1:$L$5000)","v":0}]
[584,null,null,null,null,null,null,null,null,{"$f":"F586+SUMIF(NHAP!$D$1:$D$5000,B586,NHAP!$G$1:$G$5000)-SUMIF(XUAT!$E$1:$E$5000,B586,XUAT!$H$1:$H$5000)","v":0},0,{"$f":"H586+SUMIF(NHAP!$D$1:$D$5000,DMHH!B586,NHAP!$I$1:$I$5000)-SUMIF(XUAT!$E$1:$E$5000,DMHH!B586,XUAT!$L$1:$L$5000)","v":0}]
[585,null,null,null,null,null,null,null,null,{"$f":"F587+SUMIF(NHAP!$D$1:$D$5000,B587,NHAP!$G$1:$G$5000)-SUMIF(XUAT!$E$1:$E$5000,B587,XUAT!$H$1:$H$5000)","v":0},0,{"$f":"H587+SUMIF(NHAP!$D$1:$D$5000,DMHH!B587,NHAP!$I$1:$I$5000)-SUMIF(XUAT!$E$1:$E$5000,DMHH!B587,XUAT!$L$1:$L$5000)","v":0}]
[586,null,null,null,null,null,null,null,null,{"$f":"F588+SUMIF(NHAP!$D$1:$D$5000,B588,NHAP!$G$1:$G$5000)-SUMIF(XUAT!$E$1:$E$5000,B588,XUAT!$H$1:$H$5000)","v":0},0,{"$f":"H588+SUMIF(NHAP!$D$1:$D$5000,DMHH!B588,NHAP!$I$1:$I$5000)-SUMIF(XUAT!$E$1:$E$5000,DMHH!B588,XUAT!$L$1:$L$5000)","v":0}]
[587,null,null,null,null,null,null,null,null,{"$f":"F589+SUMIF(NHAP!$D$1:$D$5000,B589,NHAP!$G$1:$G$5000)-SUMIF(XUAT!$E$1:$E$5000,B589,XUAT!$H$1:$H$5000)","v":0},0,{"$f":"H589+SUMIF(NHAP!$D$1:$D$5000,DMHH!B589,NHAP!$I$1:$I$5000)-SUMIF(XUAT!$E$1:$E$5000,DMHH!B589,XUAT!$L$1:$L$5000)","v":0}]
[588,null,null,null,null,null,null,null,null,{"$f":"F590+SUMIF(NHAP!$D$1:$D$5000,B590,NHAP!$G$1:$G$5000)-SUMIF(XUAT!$E$1:$E$5000,B590,XUAT!$H$1:$H$5000)","v":0},0,{"$f":"H590+SUMIF(NHAP!$D$1:$D$5000,DMHH!B590,NHAP!$I$1:$I$5000)-SUMIF(XUAT!$E$1:$E$5000,DMHH!B590,XUAT!$L$1:$L$5000)","v":0}]
[589,null,null,null,null,null,null,null,null,{"$f":"F591+SUMIF(NHAP!$D$1:$D$5000,B591,NHAP!$G$1:$G$5000)-SUMIF(XUAT!$E$1:$E$5000,B591,XUAT!$H$1:$H$5000)","v":0},0,{"$f":"H591+SUMIF(NHAP!$D$1:$D$5000,DMHH!B591,NHAP!$I$1:$I$5000)-SUMIF(XUAT!$E$1:$E$5000,DMHH!B591,XUAT!$L$1:$L$5000)","v":0}]
[590,null,null,null,null,null,null,null,null,{"$f":"F592+SUMIF(NHAP!$D$1:$D$5000,B592,NHAP!$G$1:$G$5000)-SUMIF(XUAT!$E$1:$E$5000,B592,XUAT!$H$1:$H$5000)","v":0},0,{"$f":"H592+SUMIF(NHAP!$D$1:$D$5000,DMHH!B592,NHAP!$I$1:$I$5000)-SUMIF(XUAT!$E$1:$E$5000,DMHH!B592,XUAT!$L$1:$L$5000)","v":0}]
[591,null,null,null,null,null,null,null,null,{"$f":"F593+SUMIF(NHAP!$D$1:$D$5000,B593,NHAP!$G$1:$G$5000)-SUMIF(XUAT!$E$1:$E$5000,B593,XUAT!$H$1:$H$5000)","v":0},0,{"$f":"H593+SUMIF(NHAP!$D$1:$D$5000,DMHH!B593,NHAP!$I$1:$I$5000)-SUMIF(XUAT!$E$1:$E$5000,DMHH!B593,XUAT!$L$1:$L$5000)","v":0}]
[592,null,null,null,null,null,null,null,null,{"$f":"F594+SUMIF(NHAP!$D$1:$D$5000,B594,NHAP!$G$1:$G$5000)-SUMIF(XUAT!$E$1:$E$5000,B594,XUAT!$H$1:$H$5000)","v":0},0,{"$f":"H594+SUMIF(NHAP!$D$1:$D$5000,DMHH!B594,NHAP!$I$1:$I$5000)-SUMIF(XUAT!$E$1:$E$5000,DMHH!B594,XUAT!$L$1:$L$5000)","v":0}]
[593,null,null,null,null,null,null,null,null,{"$f":"F595+SUMIF(NHAP!$D$1:$D$5000,B595,NHAP!$G$1:$G$5000)-SUMIF(XUAT!$E$1:$E$5000,B595,XUAT!$H$1:$H$5000)","v":0},0,{"$f":"H595+SUMIF(NHAP!$D$1:$D$5000,DMHH!B595,NHAP!$I$1:$I$5000)-SUMIF(XUAT!$E$1:$E$5000,DMHH!B595,XUAT!$L$1:$L$5000)","v":0}]
[594,null,null,null,null,null,null,null,null,{"$f":"F596+SUMIF(NHAP!$D$1:$D$5000,B596,NHAP!$G$1:$G$5000)-SUMIF(XUAT!$E$1:$E$5000,B596,XUAT!$H$1:$H$5000)","v":0},0,{"$f":"H596+SUMIF(NHAP!$D$1:$D$5000,DMHH!B596,NHAP!$I$1:$I$5000)-SUMIF(XUAT!$E$1:$E$5000,DMHH!B596,XUAT!$L$1:$L$5000)","v":0}]
[595,null,null,null,null,null,null,null,null,{"$f":"F597+SUMIF(NHAP!$D$1:$D$5000,B597,NHAP!$G$1:$G$5000)-SUMIF(XUAT!$E$1:$E$5000,B597,XUAT!$H$1:$H$5000)","v":0},0,{"$f":"H597+SUMIF(NHAP!$D$1:$D$5000,DMHH!B597,NHAP!$I$1:$I$5000)-SUMIF(XUAT!$E$1:$E$5000,DMHH!B597,XUAT!$L$1:$L$5000)","v":0}]
[596,null,null,null,null,null,null,null,null,{"$f":"F598+SUMIF(NHAP!$D$1:$D$5000,B598,NHAP!$G$1:$G$5000)-SUMIF(XUAT!$E$1:$E$5000,B598,XUAT!$H$1:$H$5000)","v":0},0,{"$f":"H598+SUMIF(NHAP!$D$1:$D$5000,DMHH!B598,NHAP!$I$1:$I$5000)-SUMIF(XUAT!$E$1:$E$5000,DMHH!B598,XUAT!$L$1:$L$5000)","v":0}]
[597,null,null,null,null,null,null,null,null,{"$f":"F599+SUMIF(NHAP!$D$1:$D$5000,B599,NHAP!$G$1:$G$5000)-SUMIF(XUAT!$E$1:$E$5000,B599,XUAT!$H$1:$H$5000)","v":0},0,{"$f":"H599+SUMIF(NHAP!$D$1:$D$5000,DMHH!B599,NHAP!$I$1:$I$5000)-SUMIF(XUAT!$E$1:$E$5000,DMHH!B599,XUAT!$L$1:$L$5000)","v":0}]
[598,null,null,null,null,null,null,null,null,{"$f":"F600+SUMIF(NHAP!$D$1:$D$5000,B600,NHAP!$G$1:$G$5000)-SUMIF(XUAT!$E$1:$E$5000,B600,XUAT!$H$1:$H$5000)","v":0},0,{"$f":"H600+SUMIF(NHAP!$D$1:$D$5000,DMHH!B600,NHAP!$I$1:$I$5000)-SUMIF(XUAT!$E$1:$E$5000,DMHH!B600,XUAT!$L$1:$L$5000)","v":0}]
[599,null,null,null,null,null,null,null,null,{"$f":"F601+SUMIF(NHAP!$D$1:$D$5000,B601,NHAP!$G$1:$G$5000)-SUMIF(XUAT!$E$1:$E$5000,B601,XUAT!$H$1:$H$5000)","v":0},0,{"$f":"H601+SUMIF(NHAP!$D$1:$D$5000,DMHH!B601,NHAP!$I$1:$I$5000)-SUMIF(XUAT!$E$1:$E$5000,DMHH!B601,XUAT!$L$1:$L$5000)","v":0}]
[600,null,null,null,null,null,null,null,null,{"$f":"F602+SUMIF(NHAP!$D$1:$D$5000,B602,NHAP!$G$1:$G$5000)-SUMIF(XUAT!$E$1:$E$5000,B602,XUAT!$H$1:$H$5000)","v":0},0,{"$f":"H602+SUMIF(NHAP!$D$1:$D$5000,DMHH!B602,NHAP!$I$1:$I$5000)-SUMIF(XUAT!$E$1:$E$5000,DMHH!B602,XUAT!$L$1:$L$5000)","v":0}]
[null,null,null,null,null,null,null,null,null,{"$f":"F603+SUMIF(NHAP!$D$1:$D$5000,B603,NHAP!$G$1:$G$5000)-SUMIF(XUAT!$E$1:$E$5000,B603,XUAT!$H$1:$H$5000)","v":0},0,{"$f":"H603+SUMIF(NHAP!$D$1:$D$5000,DMHH!B603,NHAP!$I$1:$I$5000)-SUMIF(XUAT!$E$1:$E$5000,DMHH!B603,XUAT!$L$1:$L$5000)","v":0}]
[null,null,".",".",null,null,null,null,null,{"$f":"F604+SUMIF(NHAP!$D$1:$D$5000,B604,NHAP!$G$1:$G$5000)-SUMIF(XUAT!$E$1:$E$5000,B604,XUAT!$H$1:$H$5000)","v":0},0,{"$f":"H604+SUMIF(NHAP!$D$1:$D$5000,DMHH!B604,NHAP!$I$1:$I$5000)-SUMIF(XUAT!$E$1:$E$5000,DMHH!B604,XUAT!$L$1:$L$5000)","v":0}]
[null,null,null,null,null,null,null,null,null,{"$f":"F605+SUMIF(NHAP!$D$1:$D$5000,B605,NHAP!$G$1:$G$5000)-SUMIF(XUAT!$E$1:$E$5000,B605,XUAT!$H$1:$H$5000)","v":0},0,{"$f":"H605+SUMIF(NHAP!$D$1:$D$5000,DMHH!B605,NHAP!$I$1:$I$5000)-SUMIF(XUAT!$E$1:$E$5000,DMHH!B605,XUAT!$L$1:$L$5000)","v":0}]
[null,null,null,null,null,null,null,null,null,{"$f":"F606+SUMIF(NHAP!$D$1:$D$5000,B606,NHAP!$G$1:$G$5000)-SUMIF(XUAT!$E$1:$E$5000,B606,XUAT!$H$1:$H$5000)","v":0},0,{"$f":"H606+SUMIF(NHAP!$D$1:$D$5000,DMHH!B606,NHAP!$I$1:$I$5000)-SUMIF(XUAT!$E$1:$E$5000,DMHH!B606,XUAT!$L$1:$L$5000)","v":0}]
[null,null,null,null,null,null,null,null,null,{"$f":"F607+SUMIF(NHAP!$D$1:$D$5000,B607,NHAP!$G$1:$G$5000)-SUMIF(XUAT!$E$1:$E$5000,B607,XUAT!$H$1:$H$5000)","v":0},0,{"$f":"H607+SUMIF(NHAP!$D$1:$D$5000,DMHH!B607,NHAP!$I$1:$I$5000)-SUMIF(XUAT!$E$1:$E$5000,DMHH!B607,XUAT!$L$1:$L$5000)","v":0}]
[null,null,null,null,null,null,null,null,null,{"$f":"F608+SUMIF(NHAP!$D$1:$D$5000,B608,NHAP!$G$1:$G$5000)-SUMIF(XUAT!$E$1:$E$5000,B608,XUAT!$H$1:$H$5000)","v":0},0,{"$f":"H608+SUMIF(NHAP!$D$1:$D$5000,DMHH!B608,NHAP!$I$1:$I$5000)-SUMIF(XUAT!$E$1:$E$5000,DMHH!B608,XUAT!$L$1:$L$5000)","v":0}]
[null,null,null,null,null,null,null,null,null,{"$f":"F609+SUMIF(NHAP!$D$1:$D$5000,B609,NHAP!$G$1:$G$5000)-SUMIF(XUAT!$E$1:$E$5000,B609,XUAT!$H$1:$H$5000)","v":0},0,{"$f":"H609+SUMIF(NHAP!$D$1:$D$5000,DMHH!B609,NHAP!$I$1:$I$5000)-SUMIF(XUAT!$E$1:$E$5000,DMHH!B609,XUAT!$L$1:$L$5000)","v":0}]
[null,null,null,null,null,null,null,null,null,{"$f":"F610+SUMIF(NHAP!$D$1:$D$5000,B610,NHAP!$G$1:$G$5000)-SUMIF(XUAT!$E$1:$E$5000,B610,XUAT!$H$1:$H$5000)","v":0},0,{"$f":"H610+SUMIF(NHAP!$D$1:$D$5000,DMHH!B610,NHAP!$I$1:$I$5000)-SUMIF(XUAT!$E$1:$E$5000,DMHH!B610,XUAT!$L$1:$L$5000)","v":0}]
[null,null,null,null,null,null,null,null,null,{"$f":"F611+SUMIF(NHAP!$D$1:$D$5000,B611,NHAP!$G$1:$G$5000)-SUMIF(XUAT!$E$1:$E$5000,B611,XUAT!$H$1:$H$5000)","v":0},0,{"$f":"H611+SUMIF(NHAP!$D$1:$D$5000,DMHH!B611,NHAP!$I$1:$I$5000)-SUMIF(XUAT!$E$1:$E$5000,DMHH!B611,XUAT!$L$1:$L$5000)","v":0}]
[null,null,null,null,null,null,null,null,null,{"$f":"F612+SUMIF(NHAP!$D$1:$D$5000,B612,NHAP!$G$1:$G$5000)-SUMIF(XUAT!$E$1:$E$5000,B612,XUAT!$H$1:$H$5000)","v":0},0,{"$f":"H612+SUMIF(NHAP!$D$1:$D$5000,DMHH!B612,NHAP!$I$1:$I$5000)-SUMIF(XUAT!$E$1:$E$5000,DMHH!B612,XUAT!$L$1:$L$5000)","v":0}]
[null,null,null,null,null,null,null,null,null,{"$f":"F613+SUMIF(NHAP!$D$1:$D$5000,B613,NHAP!$G$1:$G$5000)-SUMIF(XUAT!$E$1:$E$5000,B613,XUAT!$H$1:$H$5000)","v":0},0,{"$f":"H613+SUMIF(NHAP!$D$1:$D$5000,DMHH!B613,NHAP!$I$1:$I$5000)-SUMIF(XUAT!$E$1:$E$5000,DMHH!B613,XUAT!$L$1:$L$5000)","v":0}]
[null,null,null,null,null,null,null,null,null,{"$f":"F614+SUMIF(NHAP!$D$1:$D$5000,B614,NHAP!$G$1:$G$5000)-SUMIF(XUAT!$E$1:$E$5000,B614,XUAT!$H$1:$H$5000)","v":0},0,{"$f":"H614+SUMIF(NHAP!$D$1:$D$5000,DMHH!B614,NHAP!$I$1:$I$5000)-SUMIF(XUAT!$E$1:$E$5000,DMHH!B614,XUAT!$L$1:$L$5000)","v":0}]
[null,null,null,null,null,null,null,null,null,{"$f":"F615+SUMIF(NHAP!$D$1:$D$5000,B615,NHAP!$G$1:$G$5000)-SUMIF(XUAT!$E$1:$E$5000,B615,XUAT!$H$1:$H$5000)","v":0},0,{"$f":"H615+SUMIF(NHAP!$D$1:$D$5000,DMHH!B615,NHAP!$I$1:$I$5000)-SUMIF(XUAT!$E$1:$E$5000,DMHH!B615,XUAT!$L$1:$L$5000)","v":0}]
[null,null,null,null,null,null,null,null,null,{"$f":"F616+SUMIF(NHAP!$D$1:$D$5000,B616,NHAP!$G$1:$G$5000)-SUMIF(XUAT!$E$1:$E$5000,B616,XUAT!$H$1:$H$5000)","v":0},0,{"$f":"H616+SUMIF(NHAP!$D$1:$D$5000,DMHH!B616,NHAP!$I$1:$I$5000)-SUMIF(XUAT!$E$1:$E$5000,DMHH!B616,XUAT!$L$1:$L$5000)","v":0}]
[null,null,null,null,null,null,null,null,null,{"$f":"F617+SUMIF(NHAP!$D$1:$D$5000,B617,NHAP!$G$1:$G$5000)-SUMIF(XUAT!$E$1:$E$5000,B617,XUAT!$H$1:$H$5000)","v":0},0,{"$f":"H617+SUMIF(NHAP!$D$1:$D$5000,DMHH!B617,NHAP!$I$1:$I$5000)-SUMIF(XUAT!$E$1:$E$5000,DMHH!B617,XUAT!$L$1:$L$5000)","v":0}]
[null,null,null,null,null,null,null,null,null,{"$f":"F618+SUMIF(NHAP!$D$1:$D$5000,B618,NHAP!$G$1:$G$5000)-SUMIF(XUAT!$E$1:$E$5000,B618,XUAT!$H$1:$H$5000)","v":0},0,{"$f":"H618+SUMIF(NHAP!$D$1:$D$5000,DMHH!B618,NHAP!$I$1:$I$5000)-SUMIF(XUAT!$E$1:$E$5000,DMHH!B618,XUAT!$L$1:$L$5000)","v":0}]
[null,null,null,null,null,null,null,null,null,{"$f":"F619+SUMIF(NHAP!$D$1:$D$5000,B619,NHAP!$G$1:$G$5000)-SUMIF(XUAT!$E$1:$E$5000,B619,XUAT!$H$1:$H$5000)","v":0},0,{"$f":"H619+SUMIF(NHAP!$D$1:$D$5000,DMHH!B619,NHAP!$I$1:$I$5000)-SUMIF(XUAT!$E$1:$E$5000,DMHH!B619,XUAT!$L$1:$L$5000)","v":0}]
[null,null,null,null,null,null,null,null,null,{"$f":"F620+SUMIF(NHAP!$D$1:$D$5000,B620,NHAP!$G$1:$G$5000)-SUMIF(XUAT!$E$1:$E$5000,B620,XUAT!$H$1:$H$5000)","v":0},0,{"$f":"H620+SUMIF(NHAP!$D$1:$D$5000,DMHH!B620,NHAP!$I$1:$I$5000)-SUMIF(XUAT!$E$1:$E$5000,DMHH!B620,XUAT!$L$1:$L$5000)","v":0}]
[null,null,null,null,null,null,null,null,null,{"$f":"F621+SUMIF(NHAP!$D$1:$D$5000,B621,NHAP!$G$1:$G$5000)-SUMIF(XUAT!$E$1:$E$5000,B621,XUAT!$H$1:$H$5000)","v":0},0,{"$f":"H621+SUMIF(NHAP!$D$1:$D$5000,DMHH!B621,NHAP!$I$1:$I$5000)-SUMIF(XUAT!$E$1:$E$5000,DMHH!B621,XUAT!$L$1:$L$5000)","v":0}]
[null,null,null,null,null,null,null,null,null,{"$f":"F622+SUMIF(NHAP!$D$1:$D$5000,B622,NHAP!$G$1:$G$5000)-SUMIF(XUAT!$E$1:$E$5000,B622,XUAT!$H$1:$H$5000)","v":0},0,{"$f":"H622+SUMIF(NHAP!$D$1:$D$5000,DMHH!B622,NHAP!$I$1:$I$5000)-SUMIF(XUAT!$E$1:$E$5000,DMHH!B622,XUAT!$L$1:$L$5000)","v":0}]
[null,null,null,null,null,null,null,null,null,{"$f":"F623+SUMIF(NHAP!$D$1:$D$5000,B623,NHAP!$G$1:$G$5000)-SUMIF(XUAT!$E$1:$E$5000,B623,XUAT!$H$1:$H$5000)","v":0},0,{"$f":"H623+SUMIF(NHAP!$D$1:$D$5000,DMHH!B623,NHAP!$I$1:$I$5000)-SUMIF(XUAT!$E$1:$E$5000,DMHH!B623,XUAT!$L$1:$L$5000)","v":0}]
[null,null,null,null,null,null,null,null,null,{"$f":"F624+SUMIF(NHAP!$D$1:$D$5000,B624,NHAP!$G$1:$G$5000)-SUMIF(XUAT!$E$1:$E$5000,B624,XUAT!$H$1:$H$5000)","v":0},0,{"$f":"H624+SUMIF(NHAP!$D$1:$D$5000,DMHH!B624,NHAP!$I$1:$I$5000)-SUMIF(XUAT!$E$1:$E$5000,DMHH!B624,XUAT!$L$1:$L$5000)","v":0}]
[null,null,null,null,null,null,null,null,null,{"$f":"F625+SUMIF(NHAP!$D$1:$D$5000,B625,NHAP!$G$1:$G$5000)-SUMIF(XUAT!$E$1:$E$5000,B625,XUAT!$H$1:$H$5000)","v":0},0,{"$f":"H625+SUMIF(NHAP!$D$1:$D$5000,DMHH!B625,NHAP!$I$1:$I$5000)-SUMIF(XUAT!$E$1:$E$5000,DMHH!B625,XUAT!$L$1:$L$5000)","v":0}]
[null,null,null,null,null,null,null,null,null,{"$f":"F626+SUMIF(NHAP!$D$1:$D$5000,B626,NHAP!$G$1:$G$5000)-SUMIF(XUAT!$E$1:$E$5000,B626,XUAT!$H$1:$H$5000)","v":0},0,{"$f":"H626+SUMIF(NHAP!$D$1:$D$5000,DMHH!B626,NHAP!$I$1:$I$5000)-SUMIF(XUAT!$E$1:$E$5000,DMHH!B626,XUAT!$L$1:$L$5000)","v":0}]
[null,null,null,null,null,null,null,null,null,{"$f":"F627+SUMIF(NHAP!$D$1:$D$5000,B627,NHAP!$G$1:$G$5000)-SUMIF(XUAT!$E$1:$E$5000,B627,XUAT!$H$1:$H$5000)","v":0},0,{"$f":"H627+SUMIF(NHAP!$D$1:$D$5000,DMHH!B627,NHAP!$I$1:$I$5000)-SUMIF(XUAT!$E$1:$E$5000,DMHH!B627,XUAT!$L$1:$L$5000)","v":0}]
[null,null,null,null,null,null,null,null,null,{"$f":"F628+SUMIF(NHAP!$D$1:$D$5000,B628,NHAP!$G$1:$G$5000)-SUMIF(XUAT!$E$1:$E$5000,B628,XUAT!$H$1:$H$5000)","v":0},0,{"$f":"H628+SUMIF(NHAP!$D$1:$D$5000,DMHH!B628,NHAP!$I$1:$I$5000)-SUMIF(XUAT!$E$1:$E$5000,DMHH!B628,XUAT!$L$1:$L$5000)","v":0}]
[null,null,null,null,null,null,null,null,null,{"$f":"F629+SUMIF(NHAP!$D$1:$D$5000,B629,NHAP!$G$1:$G$5000)-SUMIF(XUAT!$E$1:$E$5000,B629,XUAT!$H$1:$H$5000)","v":0},0,{"$f":"H629+SUMIF(NHAP!$D$1:$D$5000,DMHH!B629,NHAP!$I$1:$I$5000)-SUMIF(XUAT!$E$1:$E$5000,DMHH!B629,XUAT!$L$1:$L$5000)","v":0}]
[null,null,null,null,null,null,null,null,null,{"$f":"F630+SUMIF(NHAP!$D$1:$D$5000,B630,NHAP!$G$1:$G$5000)-SUMIF(XUAT!$E$1:$E$5000,B630,XUAT!$H$1:$H$5000)","v":0},0,{"$f":"H630+SUMIF(NHAP!$D$1:$D$5000,DMHH!B630,NHAP!$I$1:$I$5000)-SUMIF(XUAT!$E$1:$E$5000,DMHH!B630,XUAT!$L$1:$L$5000)","v":0}]
[null,null,null,null,null,null,null,null,null,{"$f":"F631+SUMIF(NHAP!$D$1:$D$5000,B631,NHAP!$G$1:$G$5000)-SUMIF(XUAT!$E$1:$E$5000,B631,XUAT!$H$1:$H$5000)","v":0},0,{"$f":"H631+SUMIF(NHAP!$D$1:$D$5000,DMHH!B631,NHAP!$I$1:$I$5000)-SUMIF(XUAT!$E$1:$E$5000,DMHH!B631,XUAT!$L$1:$L$5000)","v":0}]
[null,null,null,null,null,null,null,null,null,{"$f":"F632+SUMIF(NHAP!$D$1:$D$5000,B632,NHAP!$G$1:$G$5000)-SUMIF(XUAT!$E$1:$E$5000,B632,XUAT!$H$1:$H$5000)","v":0},0,{"$f":"H632+SUMIF(NHAP!$D$1:$D$5000,DMHH!B632,NHAP!$I$1:$I$5000)-SUMIF(XUAT!$E$1:$E$5000,DMHH!B632,XUAT!$L$1:$L$5000)","v":0}]
[null,null,null,null,null,null,null,null,null,{"$f":"F633+SUMIF(NHAP!$D$1:$D$5000,B633,NHAP!$G$1:$G$5000)-SUMIF(XUAT!$E$1:$E$5000,B633,XUAT!$H$1:$H$5000)","v":0},0,{"$f":"H633+SUMIF(NHAP!$D$1:$D$5000,DMHH!B633,NHAP!$I$1:$I$5000)-SUMIF(XUAT!$E$1:$E$5000,DMHH!B633,XUAT!$L$1:$L$5000)","v":0}]
[null,null,null,null,null,null,null,null,null,{"$f":"F634+SUMIF(NHAP!$D$1:$D$5000,B634,NHAP!$G$1:$G$5000)-SUMIF(XUAT!$E$1:$E$5000,B634,XUAT!$H$1:$H$5000)","v":0},0,{"$f":"H634+SUMIF(NHAP!$D$1:$D$5000,DMHH!B634,NHAP!$I$1:$I$5000)-SUMIF(XUAT!$E$1:$E$5000,DMHH!B634,XUAT!$L$1:$L$5000)","v":0}]
[null,null,null,null,null,null,null,null,null,{"$f":"F635+SUMIF(NHAP!$D$1:$D$5000,B635,NHAP!$G$1:$G$5000)-SUMIF(XUAT!$E$1:$E$5000,B635,XUAT!$H$1:$H$5000)","v":0},0,{"$f":"H635+SUMIF(NHAP!$D$1:$D$5000,DMHH!B635,NHAP!$I$1:$I$5000)-SUMIF(XUAT!$E$1:$E$5000,DMHH!B635,XUAT!$L$1:$L$5000)","v":0}]
[null,null,null,null,null,null,null,null,null,{"$f":"F636+SUMIF(NHAP!$D$1:$D$5000,B636,NHAP!$G$1:$G$5000)-SUMIF(XUAT!$E$1:$E$5000,B636,XUAT!$H$1:$H$5000)","v":0},0,{"$f":"H636+SUMIF(NHAP!$D$1:$D$5000,DMHH!B636,NHAP!$I$1:$I$5000)-SUMIF(XUAT!$E$1:$E$5000,DMHH!B636,XUAT!$L$1:$L$5000)","v":0}]
[null,null,null,null,null,null,null,null,null,{"$f":"F637+SUMIF(NHAP!$D$1:$D$5000,B637,NHAP!$G$1:$G$5000)-SUMIF(XUAT!$E$1:$E$5000,B637,XUAT!$H$1:$H$5000)","v":0},0,{"$f":"H637+SUMIF(NHAP!$D$1:$D$5000,DMHH!B637,NHAP!$I$1:$I$5000)-SUMIF(XUAT!$E$1:$E$5000,DMHH!B637,XUAT!$L$1:$L$5000)","v":0}]
[null,null,null,null,null,null,null,null,null,{"$f":"F638+SUMIF(NHAP!$D$1:$D$5000,B638,NHAP!$G$1:$G$5000)-SUMIF(XUAT!$E$1:$E$5000,B638,XUAT!$H$1:$H$5000)","v":0},0,{"$f":"H638+SUMIF(NHAP!$D$1:$D$5000,DMHH!B638,NHAP!$I$1:$I$5000)-SUMIF(XUAT!$E$1:$E$5000,DMHH!B638,XUAT!$L$1:$L$5000)","v":0}]
[null,null,null,null,null,null,null,null,null,{"$f":"F639+SUMIF(NHAP!$D$1:$D$5000,B639,NHAP!$G$1:$G$5000)-SUMIF(XUAT!$E$1:$E$5000,B639,XUAT!$H$1:$H$5000)","v":0},0,{"$f":"H639+SUMIF(NHAP!$D$1:$D$5000,DMHH!B639,NHAP!$I$1:$I$5000)-SUMIF(XUAT!$E$1:$E$5000,DMHH!B639,XUAT!$L$1:$L$5000)","v":0}]
[null,null,null,null,null,null,null,null,null,{"$f":"F640+SUMIF(NHAP!$D$1:$D$5000,B640,NHAP!$G$1:$G$5000)-SUMIF(XUAT!$E$1:$E$5000,B640,XUAT!$H$1:$H$5000)","v":0},0,{"$f":"H640+SUMIF(NHAP!$D$1:$D$5000,DMHH!B640,NHAP!$I$1:$I$5000)-SUMIF(XUAT!$E$1:$E$5000,DMHH!B640,XUAT!$L$1:$L$5000)","v":0}]
[null,null,null,null,null,null,null,null,null,{"$f":"F641+SUMIF(NHAP!$D$1:$D$5000,B641,NHAP!$G$1:$G$5000)-SUMIF(XUAT!$E$1:$E$5000,B641,XUAT!$H$1:$H$5000)","v":0},0,{"$f":"H641+SUMIF(NHAP!$D$1:$D$5000,DMHH!B641,NHAP!$I$1:$I$5000)-SUMIF(XUAT!$E$1:$E$5000,DMHH!B641,XUAT!$L$1:$L$5000)","v":0}]
[null,null,null,null,null,null,null,null,null,{"$f":"F642+SUMIF(NHAP!$D$1:$D$5000,B642,NHAP!$G$1:$G$5000)-SUMIF(XUAT!$E$1:$E$5000,B642,XUAT!$H$1:$H$5000)","v":0},0,{"$f":"H642+SUMIF(NHAP!$D$1:$D$5000,DMHH!B642,NHAP!$I$1:$I$5000)-SUMIF(XUAT!$E$1:$E$5000,DMHH!B642,XUAT!$L$1:$L$5000)","v":0}]
[null,null,null,null,null,null,null,null,null,{"$f":"F643+SUMIF(NHAP!$D$1:$D$5000,B643,NHAP!$G$1:$G$5000)-SUMIF(XUAT!$E$1:$E$5000,B643,XUAT!$H$1:$H$5000)","v":0},0,{"$f":"H643+SUMIF(NHAP!$D$1:$D$5000,DMHH!B643,NHAP!$I$1:$I$5000)-SUMIF(XUAT!$E$1:$E$5000,DMHH!B643,XUAT!$L$1:$L$5000)","v":0}]
[null,null,null,null,null,null,null,null,null,{"$f":"F644+SUMIF(NHAP!$D$1:$D$5000,B644,NHAP!$G$1:$G$5000)-SUMIF(XUAT!$E$1:$E$5000,B644,XUAT!$H$1:$H$5000)","v":0},{"$f":"IF(J644=0,0,L644/J644)","v":0},{"$f":"H644+SUMIF(NHAP!$D$1:$D$5000,DMHH!B644,NHAP!$I$1:$I$5000)-SUMIF(XUAT!$E$1:$E$5000,DMHH!B644,XUAT!$L$1:$L$5000)","v":0}]
[null,null,null,null,null,null,null,null,null,{"$f":"F645+SUMIF(NHAP!$D$1:$D$5000,B645,NHAP!$G$1:$G$5000)-SUMIF(XUAT!$E$1:$E$5000,B645,XUAT!$H$1:$H$5000)","v":0},0,{"$f":"H645+SUMIF(NHAP!$D$1:$D$5000,DMHH!B645,NHAP!$I$1:$I$5000)-SUMIF(XUAT!$E$1:$E$5000,DMHH!B645,XUAT!$L$1:$L$5000)","v":0}]
[null,null,null,null,null,null,null,null,null,{"$f":"F646+SUMIF(NHAP!$D$1:$D$5000,B646,NHAP!$G$1:$G$5000)-SUMIF(XUAT!$E$1:$E$5000,B646,XUAT!$H$1:$H$5000)","v":0},0,{"$f":"H646+SUMIF(NHAP!$D$1:$D$5000,DMHH!B646,NHAP!$I$1:$I$5000)-SUMIF(XUAT!$E$1:$E$5000,DMHH!B646,XUAT!$L$1:$L$5000)","v":0}]
[null,null,null,null,null,null,null,null,null,{"$f":"F647+SUMIF(NHAP!$D$1:$D$5000,B647,NHAP!$G$1:$G$5000)-SUMIF(XUAT!$E$1:$E$5000,B647,XUAT!$H$1:$H$5000)","v":0},0,{"$f":"H647+SUMIF(NHAP!$D$1:$D$5000,DMHH!B647,NHAP!$I$1:$I$5000)-SUMIF(XUAT!$E$1:$E$5000,DMHH!B647,XUAT!$L$1:$L$5000)","v":0}]
[null,null,null,null,null,null,null,null,null,{"$f":"F648+SUMIF(NHAP!$D$1:$D$5000,B648,NHAP!$G$1:$G$5000)-SUMIF(XUAT!$E$1:$E$5000,B648,XUAT!$H$1:$H$5000)","v":0},0,{"$f":"H648+SUMIF(NHAP!$D$1:$D$5000,DMHH!B648,NHAP!$I$1:$I$5000)-SUMIF(XUAT!$E$1:$E$5000,DMHH!B648,XUAT!$L$1:$L$5000)","v":0}]
[null,null,null,null,null,null,null,null,null,{"$f":"F649+SUMIF(NHAP!$D$1:$D$5000,B649,NHAP!$G$1:$G$5000)-SUMIF(XUAT!$E$1:$E$5000,B649,XUAT!$H$1:$H$5000)","v":0},0,{"$f":"H649+SUMIF(NHAP!$D$1:$D$5000,DMHH!B649,NHAP!$I$1:$I$5000)-SUMIF(XUAT!$E$1:$E$5000,DMHH!B649,XUAT!$L$1:$L$5000)","v":0}]
[null,null,null,null,null,null,null,null,null,{"$f":"F650+SUMIF(NHAP!$D$1:$D$5000,B650,NHAP!$G$1:$G$5000)-SUMIF(XUAT!$E$1:$E$5000,B650,XUAT!$H$1:$H$5000)","v":0},0,{"$f":"H650+SUMIF(NHAP!$D$1:$D$5000,DMHH!B650,NHAP!$I$1:$I$5000)-SUMIF(XUAT!$E$1:$E$5000,DMHH!B650,XUAT!$L$1:$L$5000)","v":0}]
[null,null,null,null,null,null,null,null,null,{"$f":"F651+SUMIF(NHAP!$D$1:$D$5000,B651,NHAP!$G$1:$G$5000)-SUMIF(XUAT!$E$1:$E$5000,B651,XUAT!$H$1:$H$5000)","v":0},0,{"$f":"H651+SUMIF(NHAP!$D$1:$D$5000,DMHH!B651,NHAP!$I$1:$I$5000)-SUMIF(XUAT!$E$1:$E$5000,DMHH!B651,XUAT!$L$1:$L$5000)","v":0}]
[null,null,null,null,null,null,null,null,null,{"$f":"F652+SUMIF(NHAP!$D$1:$D$5000,B652,NHAP!$G$1:$G$5000)-SUMIF(XUAT!$E$1:$E$5000,B652,XUAT!$H$1:$H$5000)","v":0},0,{"$f":"H652+SUMIF(NHAP!$D$1:$D$5000,DMHH!B652,NHAP!$I$1:$I$5000)-SUMIF(XUAT!$E$1:$E$5000,DMHH!B652,XUAT!$L$1:$L$5000)","v":0}]
[null,null,null,null,null,null,null,null,null,{"$f":"F653+SUMIF(NHAP!$D$1:$D$5000,B653,NHAP!$G$1:$G$5000)-SUMIF(XUAT!$E$1:$E$5000,B653,XUAT!$H$1:$H$5000)","v":0},0,{"$f":"H653+SUMIF(NHAP!$D$1:$D$5000,DMHH!B653,NHAP!$I$1:$I$5000)-SUMIF(XUAT!$E$1:$E$5000,DMHH!B653,XUAT!$L$1:$L$5000)","v":0}]
[null,null,null,null,null,null,null,null,null,{"$f":"F654+SUMIF(NHAP!$D$1:$D$5000,B654,NHAP!$G$1:$G$5000)-SUMIF(XUAT!$E$1:$E$5000,B654,XUAT!$H$1:$H$5000)","v":0},0,{"$f":"H654+SUMIF(NHAP!$D$1:$D$5000,DMHH!B654,NHAP!$I$1:$I$5000)-SUMIF(XUAT!$E$1:$E$5000,DMHH!B654,XUAT!$L$1:$L$5000)","v":0}]
[null,null,null,null,null,null,null,null,null,{"$f":"F655+SUMIF(NHAP!$D$1:$D$5000,B655,NHAP!$G$1:$G$5000)-SUMIF(XUAT!$E$1:$E$5000,B655,XUAT!$H$1:$H$5000)","v":0},0,{"$f":"H655+SUMIF(NHAP!$D$1:$D$5000,DMHH!B655,NHAP!$I$1:$I$5000)-SUMIF(XUAT!$E$1:$E$5000,DMHH!B655,XUAT!$L$1:$L$5000)","v":0}]
[null,null,null,null,null,null,null,null,null,{"$f":"F656+SUMIF(NHAP!$D$1:$D$5000,B656,NHAP!$G$1:$G$5000)-SUMIF(XUAT!$E$1:$E$5000,B656,XUAT!$H$1:$H$5000)","v":0},0,{"$f":"H656+SUMIF(NHAP!$D$1:$D$5000,DMHH!B656,NHAP!$I$1:$I$5000)-SUMIF(XUAT!$E$1:$E$5000,DMHH!B656,XUAT!$L$1:$L$5000)","v":0}]
[null,null,null,null,null,null,null,null,null,{"$f":"F657+SUMIF(NHAP!$D$1:$D$5000,B657,NHAP!$G$1:$G$5000)-SUMIF(XUAT!$E$1:$E$5000,B657,XUAT!$H$1:$H$5000)","v":0},0,{"$f":"H657+SUMIF(NHAP!$D$1:$D$5000,DMHH!B657,NHAP!$I$1:$I$5000)-SUMIF(XUAT!$E$1:$E$5000,DMHH!B657,XUAT!$L$1:$L$5000)","v":0}]
[null,null,null,null,null,null,null,null,null,{"$f":"F658+SUMIF(NHAP!$D$1:$D$5000,B658,NHAP!$G$1:$G$5000)-SUMIF(XUAT!$E$1:$E$5000,B658,XUAT!$H$1:$H$5000)","v":0},0,{"$f":"H658+SUMIF(NHAP!$D$1:$D$5000,DMHH!B658,NHAP!$I$1:$I$5000)-SUMIF(XUAT!$E$1:$E$5000,DMHH!B658,XUAT!$L$1:$L$5000)","v":0}]
[null,null,null,null,null,null,null,null,null,{"$f":"F659+SUMIF(NHAP!$D$1:$D$5000,B659,NHAP!$G$1:$G$5000)-SUMIF(XUAT!$E$1:$E$5000,B659,XUAT!$H$1:$H$5000)","v":0},0,{"$f":"H659+SUMIF(NHAP!$D$1:$D$5000,DMHH!B659,NHAP!$I$1:$I$5000)-SUMIF(XUAT!$E$1:$E$5000,DMHH!B659,XUAT!$L$1:$L$5000)","v":0}]
[null,null,null,null,null,null,null,null,null,{"$f":"F660+SUMIF(NHAP!$D$1:$D$5000,B660,NHAP!$G$1:$G$5000)-SUMIF(XUAT!$E$1:$E$5000,B660,XUAT!$H$1:$H$5000)","v":0},0,{"$f":"H660+SUMIF(NHAP!$D$1:$D$5000,DMHH!B660,NHAP!$I$1:$I$5000)-SUMIF(XUAT!$E$1:$E$5000,DMHH!B660,XUAT!$L$1:$L$5000)","v":0}]
[null,null,null,null,null,null,null,null,null,{"$f":"F661+SUMIF(NHAP!$D$1:$D$5000,B661,NHAP!$G$1:$G$5000)-SUMIF(XUAT!$E$1:$E$5000,B661,XUAT!$H$1:$H$5000)","v":0},0,{"$f":"H661+SUMIF(NHAP!$D$1:$D$5000,DMHH!B661,NHAP!$I$1:$I$5000)-SUMIF(XUAT!$E$1:$E$5000,DMHH!B661,XUAT!$L$1:$L$5000)","v":0}]
[null,null,null,null,null,null,null,null,null,{"$f":"F662+SUMIF(NHAP!$D$1:$D$5000,B662,NHAP!$G$1:$G$5000)-SUMIF(XUAT!$E$1:$E$5000,B662,XUAT!$H$1:$H$5000)","v":0},0,{"$f":"H662+SUMIF(NHAP!$D$1:$D$5000,DMHH!B662,NHAP!$I$1:$I$5000)-SUMIF(XUAT!$E$1:$E$5000,DMHH!B662,XUAT!$L$1:$L$5000)","v":0}]
[null,null,null,null,null,null,null,null,null,{"$f":"F663+SUMIF(NHAP!$D$1:$D$5000,B663,NHAP!$G$1:$G$5000)-SUMIF(XUAT!$E$1:$E$5000,B663,XUAT!$H$1:$H$5000)","v":0},0,{"$f":"H663+SUMIF(NHAP!$D$1:$D$5000,DMHH!B663,NHAP!$I$1:$I$5000)-SUMIF(XUAT!$E$1:$E$5000,DMHH!B663,XUAT!$L$1:$L$5000)","v":0}]
[null,null,null,null,null,null,null,null,null,{"$f":"F664+SUMIF(NHAP!$D$1:$D$5000,B664,NHAP!$G$1:$G$5000)-SUMIF(XUAT!$E$1:$E$5000,B664,XUAT!$H$1:$H$5000)","v":0},0,{"$f":"H664+SUMIF(NHAP!$D$1:$D$5000,DMHH!B664,NHAP!$I$1:$I$5000)-SUMIF(XUAT!$E$1:$E$5000,DMHH!B664,XUAT!$L$1:$L$5000)","v":0}]
[null,null,null,null,null,null,null,null,null,{"$f":"F665+SUMIF(NHAP!$D$1:$D$5000,B665,NHAP!$G$1:$G$5000)-SUMIF(XUAT!$E$1:$E$5000,B665,XUAT!$H$1:$H$5000)","v":0},0,{"$f":"H665+SUMIF(NHAP!$D$1:$D$5000,DMHH!B665,NHAP!$I$1:$I$5000)-SUMIF(XUAT!$E$1:$E$5000,DMHH!B665,XUAT!$L$1:$L$5000)","v":0}]
[null,null,null,null,null,null,null,null,null,{"$f":"F666+SUMIF(NHAP!$D$1:$D$5000,B666,NHAP!$G$1:$G$5000)-SUMIF(XUAT!$E$1:$E$5000,B666,XUAT!$H$1:$H$5000)","v":0},0,{"$f":"H666+SUMIF(NHAP!$D$1:$D$5000,DMHH!B666,NHAP!$I$1:$I$5000)-SUMIF(XUAT!$E$1:$E$5000,DMHH!B666,XUAT!$L$1:$L$5000)","v":0}]
[null,null,null,null,null,null,null,null,null,{"$f":"F667+SUMIF(NHAP!$D$1:$D$5000,B667,NHAP!$G$1:$G$5000)-SUMIF(XUAT!$E$1:$E$5000,B667,XUAT!$H$1:$H$5000)","v":0},0,{"$f":"H667+SUMIF(NHAP!$D$1:$D$5000,DMHH!B667,NHAP!$I$1:$I$5000)-SUMIF(XUAT!$E$1:$E$5000,DMHH!B667,XUAT!$L$1:$L$5000)","v":0}]
[null,null,null,null,null,null,null,null,null,{"$f":"F668+SUMIF(NHAP!$D$1:$D$5000,B668,NHAP!$G$1:$G$5000)-SUMIF(XUAT!$E$1:$E$5000,B668,XUAT!$H$1:$H$5000)","v":0},0,{"$f":"H668+SUMIF(NHAP!$D$1:$D$5000,DMHH!B668,NHAP!$I$1:$I$5000)-SUMIF(XUAT!$E$1:$E$5000,DMHH!B668,XUAT!$L$1:$L$5000)","v":0}]
[null,null,null,null,null,null,null,null,null,{"$f":"F669+SUMIF(NHAP!$D$1:$D$5000,B669,NHAP!$G$1:$G$5000)-SUMIF(XUAT!$E$1:$E$5000,B669,XUAT!$H$1:$H$5000)","v":0},0,{"$f":"H669+SUMIF(NHAP!$D$1:$D$5000,DMHH!B669,NHAP!$I$1:$I$5000)-SUMIF(XUAT!$E$1:$E$5000,DMHH!B669,XUAT!$L$1:$L$5000)","v":0}]
[null,null,null,null,null,null,null,null,null,{"$f":"F670+SUMIF(NHAP!$D$1:$D$5000,B670,NHAP!$G$1:$G$5000)-SUMIF(XUAT!$E$1:$E$5000,B670,XUAT!$H$1:$H$5000)","v":0},0,{"$f":"H670+SUMIF(NHAP!$D$1:$D$5000,DMHH!B670,NHAP!$I$1:$I$5000)-SUMIF(XUAT!$E$1:$E$5000,DMHH!B670,XUAT!$L$1:$L$5000)","v":0}]
[null,null,null,null,null,null,null,null,null,{"$f":"F671+SUMIF(NHAP!$D$1:$D$5000,B671,NHAP!$G$1:$G$5000)-SUMIF(XUAT!$E$1:$E$5000,B671,XUAT!$H$1:$H$5000)","v":0},0,{"$f":"H671+SUMIF(NHAP!$D$1:$D$5000,DMHH!B671,NHAP!$I$1:$I$5000)-SUMIF(XUAT!$E$1:$E$5000,DMHH!B671,XUAT!$L$1:$L$5000)","v":0}]
[null,null,null,null,null,null,null,null,null,{"$f":"F672+SUMIF(NHAP!$D$1:$D$5000,B672,NHAP!$G$1:$G$5000)-SUMIF(XUAT!$E$1:$E$5000,B672,XUAT!$H$1:$H$5000)","v":0},0,{"$f":"H672+SUMIF(NHAP!$D$1:$D$5000,DMHH!B672,NHAP!$I$1:$I$5000)-SUMIF(XUAT!$E$1:$E$5000,DMHH!B672,XUAT!$L$1:$L$5000)","v":0}]
[null,null,null,null,null,null,null,null,null,{"$f":"F673+SUMIF(NHAP!$D$1:$D$5000,B673,NHAP!$G$1:$G$5000)-SUMIF(XUAT!$E$1:$E$5000,B673,XUAT!$H$1:$H$5000)","v":0},0,{"$f":"H673+SUMIF(NHAP!$D$1:$D$5000,DMHH!B673,NHAP!$I$1:$I$5000)-SUMIF(XUAT!$E$1:$E$5000,DMHH!B673,XUAT!$L$1:$L$5000)","v":0}]
[null,null,null,null,null,null,null,null,null,{"$f":"F674+SUMIF(NHAP!$D$1:$D$5000,B674,NHAP!$G$1:$G$5000)-SUMIF(XUAT!$E$1:$E$5000,B674,XUAT!$H$1:$H$5000)","v":0},0,{"$f":"H674+SUMIF(NHAP!$D$1:$D$5000,DMHH!B674,NHAP!$I$1:$I$5000)-SUMIF(XUAT!$E$1:$E$5000,DMHH!B674,XUAT!$L$1:$L$5000)","v":0}]
[null,null,null,null,null,null,null,null,null,{"$f":"F675+SUMIF(NHAP!$D$1:$D$5000,B675,NHAP!$G$1:$G$5000)-SUMIF(XUAT!$E$1:$E$5000,B675,XUAT!$H$1:$H$5000)","v":0},0,{"$f":"H675+SUMIF(NHAP!$D$1:$D$5000,DMHH!B675,NHAP!$I$1:$I$5000)-SUMIF(XUAT!$E$1:$E$5000,DMHH!B675,XUAT!$L$1:$L$5000)","v":0}]
[null,null,null,null,null,null,null,null,null,{"$f":"F676+SUMIF(NHAP!$D$1:$D$5000,B676,NHAP!$G$1:$G$5000)-SUMIF(XUAT!$E$1:$E$5000,B676,XUAT!$H$1:$H$5000)","v":0},0,{"$f":"H676+SUMIF(NHAP!$D$1:$D$5000,DMHH!B676,NHAP!$I$1:$I$5000)-SUMIF(XUAT!$E$1:$E$5000,DMHH!B676,XUAT!$L$1:$L$5000)","v":0}]
[null,null,null,null,null,null,null,null,null,{"$f":"F677+SUMIF(NHAP!$D$1:$D$5000,B677,NHAP!$G$1:$G$5000)-SUMIF(XUAT!$E$1:$E$5000,B677,XUAT!$H$1:$H$5000)","v":0},0,{"$f":"H677+SUMIF(NHAP!$D$1:$D$5000,DMHH!B677,NHAP!$I$1:$I$5000)-SUMIF(XUAT!$E$1:$E$5000,DMHH!B677,XUAT!$L$1:$L$5000)","v":0}]
[null,null,null,null,null,null,null,null,null,{"$f":"F678+SUMIF(NHAP!$D$1:$D$5000,B678,NHAP!$G$1:$G$5000)-SUMIF(XUAT!$E$1:$E$5000,B678,XUAT!$H$1:$H$5000)","v":0},0,{"$f":"H678+SUMIF(NHAP!$D$1:$D$5000,DMHH!B678,NHAP!$I$1:$I$5000)-SUMIF(XUAT!$E$1:$E$5000,DMHH!B678,XUAT!$L$1:$L$5000)","v":0}]
[null,null,null,null,null,null,null,null,null,{"$f":"F679+SUMIF(NHAP!$D$1:$D$5000,B679,NHAP!$G$1:$G$5000)-SUMIF(XUAT!$E$1:$E$5000,B679,XUAT!$H$1:$H$5000)","v":0},0,{"$f":"H679+SUMIF(NHAP!$D$1:$D$5000,DMHH!B679,NHAP!$I$1:$I$5000)-SUMIF(XUAT!$E$1:$E$5000,DMHH!B679,XUAT!$L$1:$L$5000)","v":0}]
[null,null,null,null,null,null,null,null,null,{"$f":"F680+SUMIF(NHAP!$D$1:$D$5000,B680,NHAP!$G$1:$G$5000)-SUMIF(XUAT!$E$1:$E$5000,B680,XUAT!$H$1:$H$5000)","v":0},0,{"$f":"H680+SUMIF(NHAP!$D$1:$D$5000,DMHH!B680,NHAP!$I$1:$I$5000)-SUMIF(XUAT!$E$1:$E$5000,DMHH!B680,XUAT!$L$1:$L$5000)","v":0}]
[null,null,null,null,null,null,null,null,null,{"$f":"F681+SUMIF(NHAP!$D$1:$D$5000,B681,NHAP!$G$1:$G$5000)-SUMIF(XUAT!$E$1:$E$5000,B681,XUAT!$H$1:$H$5000)","v":0},0,{"$f":"H681+SUMIF(NHAP!$D$1:$D$5000,DMHH!B681,NHAP!$I$1:$I$5000)-SUMIF(XUAT!$E$1:$E$5000,DMHH!B681,XUAT!$L$1:$L$5000)","v":0}]
[null,null,null,null,null,null,null,null,null,{"$f":"F682+SUMIF(NHAP!$D$1:$D$5000,B682,NHAP!$G$1:$G$5000)-SUMIF(XUAT!$E$1:$E$5000,B682,XUAT!$H$1:$H$5000)","v":0},0,{"$f":"H682+SUMIF(NHAP!$D$1:$D$5000,DMHH!B682,NHAP!$I$1:$I$5000)-SUMIF(XUAT!$E$1:$E$5000,DMHH!B682,XUAT!$L$1:$L$5000)","v":0}]
[null,null,null,null,null,null,null,null,null,{"$f":"F683+SUMIF(NHAP!$D$1:$D$5000,B683,NHAP!$G$1:$G$5000)-SUMIF(XUAT!$E$1:$E$5000,B683,XUAT!$H$1:$H$5000)","v":0},0,{"$f":"H683+SUMIF(NHAP!$D$1:$D$5000,DMHH!B683,NHAP!$I$1:$I$5000)-SUMIF(XUAT!$E$1:$E$5000,DMHH!B683,XUAT!$L$1:$L$5000)","v":0}]
[null,null,null,null,null,null,null,null,null,{"$f":"F684+SUMIF(NHAP!$D$1:$D$5000,B684,NHAP!$G$1:$G$5000)-SUMIF(XUAT!$E$1:$E$5000,B684,XUAT!$H$1:$H$5000)","v":0},0,{"$f":"H684+SUMIF(NHAP!$D$1:$D$5000,DMHH!B684,NHAP!$I$1:$I$5000)-SUMIF(XUAT!$E$1:$E$5000,DMHH!B684,XUAT!$L$1:$L$5000)","v":0}]
[null,null,null,null,null,null,null,null,null,{"$f":"F685+SUMIF(NHAP!$D$1:$D$5000,B685,NHAP!$G$1:$G$5000)-SUMIF(XUAT!$E$1:$E$5000,B685,XUAT!$H$1:$H$5000)","v":0},0,{"$f":"H685+SUMIF(NHAP!$D$1:$D$5000,DMHH!B685,NHAP!$I$1:$I$5000)-SUMIF(XUAT!$E$1:$E$5000,DMHH!B685,XUAT!$L$1:$L$5000)","v":0}]
[null,null,null,null,null,null,null,null,null,{"$f":"F686+SUMIF(NHAP!$D$1:$D$5000,B686,NHAP!$G$1:$G$5000)-SUMIF(XUAT!$E$1:$E$5000,B686,XUAT!$H$1:$H$5000)","v":0},0,{"$f":"H686+SUMIF(NHAP!$D$1:$D$5000,DMHH!B686,NHAP!$I$1:$I$5000)-SUMIF(XUAT!$E$1:$E$5000,DMHH!B686,XUAT!$L$1:$L$5000)","v":0}]
[null,null,null,null,null,null,null,null,null,{"$f":"F687+SUMIF(NHAP!$D$1:$D$5000,B687,NHAP!$G$1:$G$5000)-SUMIF(XUAT!$E$1:$E$5000,B687,XUAT!$H$1:$H$5000)","v":0},0,{"$f":"H687+SUMIF(NHAP!$D$1:$D$5000,DMHH!B687,NHAP!$I$1:$I$5000)-SUMIF(XUAT!$E$1:$E$5000,DMHH!B687,XUAT!$L$1:$L$5000)","v":0}]
[null,null,null,null,null,null,null,null,null,{"$f":"F688+SUMIF(NHAP!$D$1:$D$5000,B688,NHAP!$G$1:$G$5000)-SUMIF(XUAT!$E$1:$E$5000,B688,XUAT!$H$1:$H$5000)","v":0},0,{"$f":"H688+SUMIF(NHAP!$D$1:$D$5000,DMHH!B688,NHAP!$I$1:$I$5000)-SUMIF(XUAT!$E$1:$E$5000,DMHH!B688,XUAT!$L$1:$L$5000)","v":0}]
[null,null,null,null,null,null,null,null,null,{"$f":"F689+SUMIF(NHAP!$D$1:$D$5000,B689,NHAP!$G$1:$G$5000)-SUMIF(XUAT!$E$1:$E$5000,B689,XUAT!$H$1:$H$5000)","v":0},0,{"$f":"H689+SUMIF(NHAP!$D$1:$D$5000,DMHH!B689,NHAP!$I$1:$I$5000)-SUMIF(XUAT!$E$1:$E$5000,DMHH!B689,XUAT!$L$1:$L$5000)","v":0}]
[null,null,null,null,null,null,null,null,null,{"$f":"F690+SUMIF(NHAP!$D$1:$D$5000,B690,NHAP!$G$1:$G$5000)-SUMIF(XUAT!$E$1:$E$5000,B690,XUAT!$H$1:$H$5000)","v":0},0,{"$f":"H690+SUMIF(NHAP!$D$1:$D$5000,DMHH!B690,NHAP!$I$1:$I$5000)-SUMIF(XUAT!$E$1:$E$5000,DMHH!B690,XUAT!$L$1:$L$5000)","v":0}]
[null,null,null,null,null,null,null,null,null,{"$f":"F691+SUMIF(NHAP!$D$1:$D$5000,B691,NHAP!$G$1:$G$5000)-SUMIF(XUAT!$E$1:$E$5000,B691,XUAT!$H$1:$H$5000)","v":0},0,{"$f":"H691+SUMIF(NHAP!$D$1:$D$5000,DMHH!B691,NHAP!$I$1:$I$5000)-SUMIF(XUAT!$E$1:$E$5000,DMHH!B691,XUAT!$L$1:$L$5000)","v":0}]
[null,null,null,null,null,null,null,null,null,{"$f":"F692+SUMIF(NHAP!$D$1:$D$5000,B692,NHAP!$G$1:$G$5000)-SUMIF(XUAT!$E$1:$E$5000,B692,XUAT!$H$1:$H$5000)","v":0},0,{"$f":"H692+SUMIF(NHAP!$D$1:$D$5000,DMHH!B692,NHAP!$I$1:$I$5000)-SUMIF(XUAT!$E$1:$E$5000,DMHH!B692,XUAT!$L$1:$L$5000)","v":0}]
[null,null,null,null,null,null,null,null,null,{"$f":"F693+SUMIF(NHAP!$D$1:$D$5000,B693,NHAP!$G$1:$G$5000)-SUMIF(XUAT!$E$1:$E$5000,B693,XUAT!$H$1:$H$5000)","v":0},0,{"$f":"H693+SUMIF(NHAP!$D$1:$D$5000,DMHH!B693,NHAP!$I$1:$I$5000)-SUMIF(XUAT!$E$1:$E$5000,DMHH!B693,XUAT!$L$1:$L$5000)","v":0}]
[null,null,null,null,null,null,null,null,null,{"$f":"F694+SUMIF(NHAP!$D$1:$D$5000,B694,NHAP!$G$1:$G$5000)-SUMIF(XUAT!$E$1:$E$5000,B694,XUAT!$H$1:$H$5000)","v":0},0,{"$f":"H694+SUMIF(NHAP!$D$1:$D$5000,DMHH!B694,NHAP!$I$1:$I$5000)-SUMIF(XUAT!$E$1:$E$5000,DMHH!B694,XUAT!$L$1:$L$5000)","v":0}]
[null,null,null,null,null,null,null,null,null,{"$f":"F695+SUMIF(NHAP!$D$1:$D$5000,B695,NHAP!$G$1:$G$5000)-SUMIF(XUAT!$E$1:$E$5000,B695,XUAT!$H$1:$H$5000)","v":0},0,{"$f":"H695+SUMIF(NHAP!$D$1:$D$5000,DMHH!B695,NHAP!$I$1:$I$5000)-SUMIF(XUAT!$E$1:$E$5000,DMHH!B695,XUAT!$L$1:$L$5000)","v":0}]
[null,null,null,null,null,null,null,null,null,{"$f":"F696+SUMIF(NHAP!$D$1:$D$5000,B696,NHAP!$G$1:$G$5000)-SUMIF(XUAT!$E$1:$E$5000,B696,XUAT!$H$1:$H$5000)","v":0},0,{"$f":"H696+SUMIF(NHAP!$D$1:$D$5000,DMHH!B696,NHAP!$I$1:$I$5000)-SUMIF(XUAT!$E$1:$E$5000,DMHH!B696,XUAT!$L$1:$L$5000)","v":0}]
[null,null,null,null,null,null,null,null,null,{"$f":"F697+SUMIF(NHAP!$D$1:$D$5000,B697,NHAP!$G$1:$G$5000)-SUMIF(XUAT!$E$1:$E$5000,B697,XUAT!$H$1:$H$5000)","v":0},0,{"$f":"H697+SUMIF(NHAP!$D$1:$D$5000,DMHH!B697,NHAP!$I$1:$I$5000)-SUMIF(XUAT!$E$1:$E$5000,DMHH!B697,XUAT!$L$1:$L$5000)","v":0}]
[null,null,null,null,null,null,null,null,null,{"$f":"F698+SUMIF(NHAP!$D$1:$D$5000,B698,NHAP!$G$1:$G$5000)-SUMIF(XUAT!$E$1:$E$5000,B698,XUAT!$H$1:$H$5000)","v":0},0,{"$f":"H698+SUMIF(NHAP!$D$1:$D$5000,DMHH!B698,NHAP!$I$1:$I$5000)-SUMIF(XUAT!$E$1:$E$5000,DMHH!B698,XUAT!$L$1:$L$5000)","v":0}]
[null,null,null,null,null,null,null,null,null,{"$f":"F699+SUMIF(NHAP!$D$1:$D$5000,B699,NHAP!$G$1:$G$5000)-SUMIF(XUAT!$E$1:$E$5000,B699,XUAT!$H$1:$H$5000)","v":0},0,{"$f":"H699+SUMIF(NHAP!$D$1:$D$5000,DMHH!B699,NHAP!$I$1:$I$5000)-SUMIF(XUAT!$E$1:$E$5000,DMHH!B699,XUAT!$L$1:$L$5000)","v":0}]
[null,null,null,null,null,null,null,null,null,{"$f":"F700+SUMIF(NHAP!$D$1:$D$5000,B700,NHAP!$G$1:$G$5000)-SUMIF(XUAT!$E$1:$E$5000,B700,XUAT!$H$1:$H$5000)","v":0},0,{"$f":"H700+SUMIF(NHAP!$D$1:$D$5000,DMHH!B700,NHAP!$I$1:$I$5000)-SUMIF(XUAT!$E$1:$E$5000,DMHH!B700,XUAT!$L$1:$L$5000)","v":0}]
[null,null,null,null,null,null,null,null,null,{"$f":"F701+SUMIF(NHAP!$D$1:$D$5000,B701,NHAP!$G$1:$G$5000)-SUMIF(XUAT!$E$1:$E$5000,B701,XUAT!$H$1:$H$5000)","v":0},0,{"$f":"H701+SUMIF(NHAP!$D$1:$D$5000,DMHH!B701,NHAP!$I$1:$I$5000)-SUMIF(XUAT!$E$1:$E$5000,DMHH!B701,XUAT!$L$1:$L$5000)","v":0}]
[null,null,null,null,null,null,null,null,null,{"$f":"F702+SUMIF(NHAP!$D$1:$D$5000,B702,NHAP!$G$1:$G$5000)-SUMIF(XUAT!$E$1:$E$5000,B702,XUAT!$H$1:$H$5000)","v":0},0,{"$f":"H702+SUMIF(NHAP!$D$1:$D$5000,DMHH!B702,NHAP!$I$1:$I$5000)-SUMIF(XUAT!$E$1:$E$5000,DMHH!B702,XUAT!$L$1:$L$5000)","v":0}]
[null,null,null,null,null,null,null,null,null,{"$f":"F703+SUMIF(NHAP!$D$1:$D$5000,B703,NHAP!$G$1:$G$5000)-SUMIF(XUAT!$E$1:$E$5000,B703,XUAT!$H$1:$H$5000)","v":0},0,{"$f":"H703+SUMIF(NHAP!$D$1:$D$5000,DMHH!B703,NHAP!$I$1:$I$5000)-SUMIF(XUAT!$E$1:$E$5000,DMHH!B703,XUAT!$L$1:$L$5000)","v":0}]
[null,null,null,null,null,null,null,null,null,{"$f":"F704+SUMIF(NHAP!$D$1:$D$5000,B704,NHAP!$G$1:$G$5000)-SUMIF(XUAT!$E$1:$E$5000,B704,XUAT!$H$1:$H$5000)","v":0},0,{"$f":"H704+SUMIF(NHAP!$D$1:$D$5000,DMHH!B704,NHAP!$I$1:$I$5000)-SUMIF(XUAT!$E$1:$E$5000,DMHH!B704,XUAT!$L$1:$L$5000)","v":0}]
[null,null,null,null,null,null,null,null,null,{"$f":"F705+SUMIF(NHAP!$D$1:$D$5000,B705,NHAP!$G$1:$G$5000)-SUMIF(XUAT!$E$1:$E$5000,B705,XUAT!$H$1:$H$5000)","v":0},0,{"$f":"H705+SUMIF(NHAP!$D$1:$D$5000,DMHH!B705,NHAP!$I$1:$I$5000)-SUMIF(XUAT!$E$1:$E$5000,DMHH!B705,XUAT!$L$1:$L$5000)","v":0}]
[null,null,null,null,null,null,null,null,null,{"$f":"F706+SUMIF(NHAP!$D$1:$D$5000,B706,NHAP!$G$1:$G$5000)-SUMIF(XUAT!$E$1:$E$5000,B706,XUAT!$H$1:$H$5000)","v":0},0,{"$f":"H706+SUMIF(NHAP!$D$1:$D$5000,DMHH!B706,NHAP!$I$1:$I$5000)-SUMIF(XUAT!$E$1:$E$5000,DMHH!B706,XUAT!$L$1:$L$5000)","v":0}]
[null,null,null,null,null,null,null,null,null,{"$f":"F707+SUMIF(NHAP!$D$1:$D$5000,B707,NHAP!$G$1:$G$5000)-SUMIF(XUAT!$E$1:$E$5000,B707,XUAT!$H$1:$H$5000)","v":0},0,{"$f":"H707+SUMIF(NHAP!$D$1:$D$5000,DMHH!B707,NHAP!$I$1:$I$5000)-SUMIF(XUAT!$E$1:$E$5000,DMHH!B707,XUAT!$L$1:$L$5000)","v":0}]
[null,null,null,null,null,null,null,null,null,{"$f":"F708+SUMIF(NHAP!$D$1:$D$5000,B708,NHAP!$G$1:$G$5000)-SUMIF(XUAT!$E$1:$E$5000,B708,XUAT!$H$1:$H$5000)","v":0},{"$f":"IF(J708=0,0,L708/J708)","v":0},{"$f":"H708+SUMIF(NHAP!$D$1:$D$5000,DMHH!B708,NHAP!$I$1:$I$5000)-SUMIF(XUAT!$E$1:$E$5000,DMHH!B708,XUAT!$L$1:$L$5000)","v":0}]
[null,null,null,null,null,null,null,null,null,{"$f":"F709+SUMIF(NHAP!$D$1:$D$5000,B709,NHAP!$G$1:$G$5000)-SUMIF(XUAT!$E$1:$E$5000,B709,XUAT!$H$1:$H$5000)","v":0},0,{"$f":"H709+SUMIF(NHAP!$D$1:$D$5000,DMHH!B709,NHAP!$I$1:$I$5000)-SUMIF(XUAT!$E$1:$E$5000,DMHH!B709,XUAT!$L$1:$L$5000)","v":0}]
[null,null,null,null,null,null,null,null,null,{"$f":"F710+SUMIF(NHAP!$D$1:$D$5000,B710,NHAP!$G$1:$G$5000)-SUMIF(XUAT!$E$1:$E$5000,B710,XUAT!$H$1:$H$5000)","v":0},0,{"$f":"H710+SUMIF(NHAP!$D$1:$D$5000,DMHH!B710,NHAP!$I$1:$I$5000)-SUMIF(XUAT!$E$1:$E$5000,DMHH!B710,XUAT!$L$1:$L$5000)","v":0}]
[null,null,null,null,null,null,null,null,null,{"$f":"F711+SUMIF(NHAP!$D$1:$D$5000,B711,NHAP!$G$1:$G$5000)-SUMIF(XUAT!$E$1:$E$5000,B711,XUAT!$H$1:$H$5000)","v":0},0,{"$f":"H711+SUMIF(NHAP!$D$1:$D$5000,DMHH!B711,NHAP!$I$1:$I$5000)-SUMIF(XUAT!$E$1:$E$5000,DMHH!B711,XUAT!$L$1:$L$5000)","v":0}]
[null,null,null,null,null,null,null,null,null,{"$f":"F712+SUMIF(NHAP!$D$1:$D$5000,B712,NHAP!$G$1:$G$5000)-SUMIF(XUAT!$E$1:$E$5000,B712,XUAT!$H$1:$H$5000)","v":0},0,{"$f":"H712+SUMIF(NHAP!$D$1:$D$5000,DMHH!B712,NHAP!$I$1:$I$5000)-SUMIF(XUAT!$E$1:$E$5000,DMHH!B712,XUAT!$L$1:$L$5000)","v":0}]
[null,null,null,null,null,null,null,null,null,{"$f":"F713+SUMIF(NHAP!$D$1:$D$5000,B713,NHAP!$G$1:$G$5000)-SUMIF(XUAT!$E$1:$E$5000,B713,XUAT!$H$1:$H$5000)","v":0},0,{"$f":"H713+SUMIF(NHAP!$D$1:$D$5000,DMHH!B713,NHAP!$I$1:$I$5000)-SUMIF(XUAT!$E$1:$E$5000,DMHH!B713,XUAT!$L$1:$L$5000)","v":0}]
[null,null,null,null,null,null,null,null,null,{"$f":"F714+SUMIF(NHAP!$D$1:$D$5000,B714,NHAP!$G$1:$G$5000)-SUMIF(XUAT!$E$1:$E$5000,B714,XUAT!$H$1:$H$5000)","v":0},0,{"$f":"H714+SUMIF(NHAP!$D$1:$D$5000,DMHH!B714,NHAP!$I$1:$I$5000)-SUMIF(XUAT!$E$1:$E$5000,DMHH!B714,XUAT!$L$1:$L$5000)","v":0}]
[null,null,null,null,null,null,null,null,null,{"$f":"F715+SUMIF(NHAP!$D$1:$D$5000,B715,NHAP!$G$1:$G$5000)-SUMIF(XUAT!$E$1:$E$5000,B715,XUAT!$H$1:$H$5000)","v":0},0,{"$f":"H715+SUMIF(NHAP!$D$1:$D$5000,DMHH!B715,NHAP!$I$1:$I$5000)-SUMIF(XUAT!$E$1:$E$5000,DMHH!B715,XUAT!$L$1:$L$5000)","v":0}]
[null,null,null,null,null,null,null,null,null,{"$f":"F716+SUMIF(NHAP!$D$1:$D$5000,B716,NHAP!$G$1:$G$5000)-SUMIF(XUAT!$E$1:$E$5000,B716,XUAT!$H$1:$H$5000)","v":0},0,{"$f":"H716+SUMIF(NHAP!$D$1:$D$5000,DMHH!B716,NHAP!$I$1:$I$5000)-SUMIF(XUAT!$E$1:$E$5000,DMHH!B716,XUAT!$L$1:$L$5000)","v":0}]
[null,null,null,null,null,null,null,null,null,{"$f":"F717+SUMIF(NHAP!$D$1:$D$5000,B717,NHAP!$G$1:$G$5000)-SUMIF(XUAT!$E$1:$E$5000,B717,XUAT!$H$1:$H$5000)","v":0},0,{"$f":"H717+SUMIF(NHAP!$D$1:$D$5000,DMHH!B717,NHAP!$I$1:$I$5000)-SUMIF(XUAT!$E$1:$E$5000,DMHH!B717,XUAT!$L$1:$L$5000)","v":0}]
[null,null,null,null,null,null,null,null,null,{"$f":"F718+SUMIF(NHAP!$D$1:$D$5000,B718,NHAP!$G$1:$G$5000)-SUMIF(XUAT!$E$1:$E$5000,B718,XUAT!$H$1:$H$5000)","v":0},0,{"$f":"H718+SUMIF(NHAP!$D$1:$D$5000,DMHH!B718,NHAP!$I$1:$I$5000)-SUMIF(XUAT!$E$1:$E$5000,DMHH!B718,XUAT!$L$1:$L$5000)","v":0}]
[null,null,null,null,null,null,null,null,null,{"$f":"F719+SUMIF(NHAP!$D$1:$D$5000,B719,NHAP!$G$1:$G$5000)-SUMIF(XUAT!$E$1:$E$5000,B719,XUAT!$H$1:$H$5000)","v":0},0,{"$f":"H719+SUMIF(NHAP!$D$1:$D$5000,DMHH!B719,NHAP!$I$1:$I$5000)-SUMIF(XUAT!$E$1:$E$5000,DMHH!B719,XUAT!$L$1:$L$5000)","v":0}]
[null,null,null,null,null,null,null,null,null,{"$f":"F720+SUMIF(NHAP!$D$1:$D$5000,B720,NHAP!$G$1:$G$5000)-SUMIF(XUAT!$E$1:$E$5000,B720,XUAT!$H$1:$H$5000)","v":0},0,{"$f":"H720+SUMIF(NHAP!$D$1:$D$5000,DMHH!B720,NHAP!$I$1:$I$5000)-SUMIF(XUAT!$E$1:$E$5000,DMHH!B720,XUAT!$L$1:$L$5000)","v":0}]
[null,null,null,null,null,null,null,null,null,{"$f":"F721+SUMIF(NHAP!$D$1:$D$5000,B721,NHAP!$G$1:$G$5000)-SUMIF(XUAT!$E$1:$E$5000,B721,XUAT!$H$1:$H$5000)","v":0},0,{"$f":"H721+SUMIF(NHAP!$D$1:$D$5000,DMHH!B721,NHAP!$I$1:$I$5000)-SUMIF(XUAT!$E$1:$E$5000,DMHH!B721,XUAT!$L$1:$L$5000)","v":0}]
[null,null,null,null,null,null,null,null,null,{"$f":"F722+SUMIF(NHAP!$D$1:$D$5000,B722,NHAP!$G$1:$G$5000)-SUMIF(XUAT!$E$1:$E$5000,B722,XUAT!$H$1:$H$5000)","v":0},0,{"$f":"H722+SUMIF(NHAP!$D$1:$D$5000,DMHH!B722,NHAP!$I$1:$I$5000)-SUMIF(XUAT!$E$1:$E$5000,DMHH!B722,XUAT!$L$1:$L$5000)","v":0}]
[null,null,null,null,null,null,null,null,null,{"$f":"F723+SUMIF(NHAP!$D$1:$D$5000,B723,NHAP!$G$1:$G$5000)-SUMIF(XUAT!$E$1:$E$5000,B723,XUAT!$H$1:$H$5000)","v":0},0,{"$f":"H723+SUMIF(NHAP!$D$1:$D$5000,DMHH!B723,NHAP!$I$1:$I$5000)-SUMIF(XUAT!$E$1:$E$5000,DMHH!B723,XUAT!$L$1:$L$5000)","v":0}]
[null,null,null,null,null,null,null,null,null,{"$f":"F724+SUMIF(NHAP!$D$1:$D$5000,B724,NHAP!$G$1:$G$5000)-SUMIF(XUAT!$E$1:$E$5000,B724,XUAT!$H$1:$H$5000)","v":0},0,{"$f":"H724+SUMIF(NHAP!$D$1:$D$5000,DMHH!B724,NHAP!$I$1:$I$5000)-SUMIF(XUAT!$E$1:$E$5000,DMHH!B724,XUAT!$L$1:$L$5000)","v":0}]
[null,null,null,null,null,null,null,null,null,{"$f":"F725+SUMIF(NHAP!$D$1:$D$5000,B725,NHAP!$G$1:$G$5000)-SUMIF(XUAT!$E$1:$E$5000,B725,XUAT!$H$1:$H$5000)","v":0},0,{"$f":"H725+SUMIF(NHAP!$D$1:$D$5000,DMHH!B725,NHAP!$I$1:$I$5000)-SUMIF(XUAT!$E$1:$E$5000,DMHH!B725,XUAT!$L$1:$L$5000)","v":0}]
[null,null,null,null,null,null,null,null,null,{"$f":"F726+SUMIF(NHAP!$D$1:$D$5000,B726,NHAP!$G$1:$G$5000)-SUMIF(XUAT!$E$1:$E$5000,B726,XUAT!$H$1:$H$5000)","v":0},0,{"$f":"H726+SUMIF(NHAP!$D$1:$D$5000,DMHH!B726,NHAP!$I$1:$I$5000)-SUMIF(XUAT!$E$1:$E$5000,DMHH!B726,XUAT!$L$1:$L$5000)","v":0}]
[null,null,null,null,null,null,null,null,null,{"$f":"F727+SUMIF(NHAP!$D$1:$D$5000,B727,NHAP!$G$1:$G$5000)-SUMIF(XUAT!$E$1:$E$5000,B727,XUAT!$H$1:$H$5000)","v":0},0,{"$f":"H727+SUMIF(NHAP!$D$1:$D$5000,DMHH!B727,NHAP!$I$1:$I$5000)-SUMIF(XUAT!$E$1:$E$5000,DMHH!B727,XUAT!$L$1:$L$5000)","v":0}]
[null,null,null,null,null,null,null,null,null,{"$f":"F728+SUMIF(NHAP!$D$1:$D$5000,B728,NHAP!$G$1:$G$5000)-SUMIF(XUAT!$E$1:$E$5000,B728,XUAT!$H$1:$H$5000)","v":0},0,{"$f":"H728+SUMIF(NHAP!$D$1:$D$5000,DMHH!B728,NHAP!$I$1:$I$5000)-SUMIF(XUAT!$E$1:$E$5000,DMHH!B728,XUAT!$L$1:$L$5000)","v":0}]
[null,null,null,null,null,null,null,null,null,{"$f":"F729+SUMIF(NHAP!$D$1:$D$5000,B729,NHAP!$G$1:$G$5000)-SUMIF(XUAT!$E$1:$E$5000,B729,XUAT!$H$1:$H$5000)","v":0},0,{"$f":"H729+SUMIF(NHAP!$D$1:$D$5000,DMHH!B729,NHAP!$I$1:$I$5000)-SUMIF(XUAT!$E$1:$E$5000,DMHH!B729,XUAT!$L$1:$L$5000)","v":0}]
[null,null,null,null,null,null,null,null,null,{"$f":"F730+SUMIF(NHAP!$D$1:$D$5000,B730,NHAP!$G$1:$G$5000)-SUMIF(XUAT!$E$1:$E$5000,B730,XUAT!$H$1:$H$5000)","v":0},0,{"$f":"H730+SUMIF(NHAP!$D$1:$D$5000,DMHH!B730,NHAP!$I$1:$I$5000)-SUMIF(XUAT!$E$1:$E$5000,DMHH!B730,XUAT!$L$1:$L$5000)","v":0}]
[null,null,null,null,null,null,null,null,null,{"$f":"F731+SUMIF(NHAP!$D$1:$D$5000,B731,NHAP!$G$1:$G$5000)-SUMIF(XUAT!$E$1:$E$5000,B731,XUAT!$H$1:$H$5000)","v":0},0,{"$f":"H731+SUMIF(NHAP!$D$1:$D$5000,DMHH!B731,NHAP!$I$1:$I$5000)-SUMIF(XUAT!$E$1:$E$5000,DMHH!B731,XUAT!$L$1:$L$5000)","v":0}]
[null,null,null,null,null,null,null,null,null,{"$f":"F732+SUMIF(NHAP!$D$1:$D$5000,B732,NHAP!$G$1:$G$5000)-SUMIF(XUAT!$E$1:$E$5000,B732,XUAT!$H$1:$H$5000)","v":0},0,{"$f":"H732+SUMIF(NHAP!$D$1:$D$5000,DMHH!B732,NHAP!$I$1:$I$5000)-SUMIF(XUAT!$E$1:$E$5000,DMHH!B732,XUAT!$L$1:$L$5000)","v":0}]
[null,null,null,null,null,null,null,null,null,{"$f":"F733+SUMIF(NHAP!$D$1:$D$5000,B733,NHAP!$G$1:$G$5000)-SUMIF(XUAT!$E$1:$E$5000,B733,XUAT!$H$1:$H$5000)","v":0},0,{"$f":"H733+SUMIF(NHAP!$D$1:$D$5000,DMHH!B733,NHAP!$I$1:$I$5000)-SUMIF(XUAT!$E$1:$E$5000,DMHH!B733,XUAT!$L$1:$L$5000)","v":0}]
[null,null,null,null,null,null,null,null,null,{"$f":"F734+SUMIF(NHAP!$D$1:$D$5000,B734,NHAP!$G$1:$G$5000)-SUMIF(XUAT!$E$1:$E$5000,B734,XUAT!$H$1:$H$5000)","v":0},0,{"$f":"H734+SUMIF(NHAP!$D$1:$D$5000,DMHH!B734,NHAP!$I$1:$I$5000)-SUMIF(XUAT!$E$1:$E$5000,DMHH!B734,XUAT!$L$1:$L$5000)","v":0}]
[null,null,null,null,null,null,null,null,null,{"$f":"F735+SUMIF(NHAP!$D$1:$D$5000,B735,NHAP!$G$1:$G$5000)-SUMIF(XUAT!$E$1:$E$5000,B735,XUAT!$H$1:$H$5000)","v":0},0,{"$f":"H735+SUMIF(NHAP!$D$1:$D$5000,DMHH!B735,NHAP!$I$1:$I$5000)-SUMIF(XUAT!$E$1:$E$5000,DMHH!B735,XUAT!$L$1:$L$5000)","v":0}]
[null,null,null,null,null,null,null,null,null,{"$f":"F736+SUMIF(NHAP!$D$1:$D$5000,B736,NHAP!$G$1:$G$5000)-SUMIF(XUAT!$E$1:$E$5000,B736,XUAT!$H$1:$H$5000)","v":0},0,{"$f":"H736+SUMIF(NHAP!$D$1:$D$5000,DMHH!B736,NHAP!$I$1:$I$5000)-SUMIF(XUAT!$E$1:$E$5000,DMHH!B736,XUAT!$L$1:$L$5000)","v":0}]
[null,null,null,null,null,null,null,null,null,{"$f":"F737+SUMIF(NHAP!$D$1:$D$5000,B737,NHAP!$G$1:$G$5000)-SUMIF(XUAT!$E$1:$E$5000,B737,XUAT!$H$1:$H$5000)","v":0},0,{"$f":"H737+SUMIF(NHAP!$D$1:$D$5000,DMHH!B737,NHAP!$I$1:$I$5000)-SUMIF(XUAT!$E$1:$E$5000,DMHH!B737,XUAT!$L$1:$L$5000)","v":0}]
[null,null,null,null,null,null,null,null,null,{"$f":"F738+SUMIF(NHAP!$D$1:$D$5000,B738,NHAP!$G$1:$G$5000)-SUMIF(XUAT!$E$1:$E$5000,B738,XUAT!$H$1:$H$5000)","v":0},0,{"$f":"H738+SUMIF(NHAP!$D$1:$D$5000,DMHH!B738,NHAP!$I$1:$I$5000)-SUMIF(XUAT!$E$1:$E$5000,DMHH!B738,XUAT!$L$1:$L$5000)","v":0}]
[null,null,null,null,null,null,null,null,null,{"$f":"F739+SUMIF(NHAP!$D$1:$D$5000,B739,NHAP!$G$1:$G$5000)-SUMIF(XUAT!$E$1:$E$5000,B739,XUAT!$H$1:$H$5000)","v":0},0,{"$f":"H739+SUMIF(NHAP!$D$1:$D$5000,DMHH!B739,NHAP!$I$1:$I$5000)-SUMIF(XUAT!$E$1:$E$5000,DMHH!B739,XUAT!$L$1:$L$5000)","v":0}]
[null,null,null,null,null,null,null,null,null,{"$f":"F740+SUMIF(NHAP!$D$1:$D$5000,B740,NHAP!$G$1:$G$5000)-SUMIF(XUAT!$E$1:$E$5000,B740,XUAT!$H$1:$H$5000)","v":0},0,{"$f":"H740+SUMIF(NHAP!$D$1:$D$5000,DMHH!B740,NHAP!$I$1:$I$5000)-SUMIF(XUAT!$E$1:$E$5000,DMHH!B740,XUAT!$L$1:$L$5000)","v":0}]
[null,null,null,null,null,null,null,null,null,{"$f":"F741+SUMIF(NHAP!$D$1:$D$5000,B741,NHAP!$G$1:$G$5000)-SUMIF(XUAT!$E$1:$E$5000,B741,XUAT!$H$1:$H$5000)","v":0},0,{"$f":"H741+SUMIF(NHAP!$D$1:$D$5000,DMHH!B741,NHAP!$I$1:$I$5000)-SUMIF(XUAT!$E$1:$E$5000,DMHH!B741,XUAT!$L$1:$L$5000)","v":0}]
[null,null,null,null,null,null,null,null,null,{"$f":"F742+SUMIF(NHAP!$D$1:$D$5000,B742,NHAP!$G$1:$G$5000)-SUMIF(XUAT!$E$1:$E$5000,B742,XUAT!$H$1:$H$5000)","v":0},0,{"$f":"H742+SUMIF(NHAP!$D$1:$D$5000,DMHH!B742,NHAP!$I$1:$I$5000)-SUMIF(XUAT!$E$1:$E$5000,DMHH!B742,XUAT!$L$1:$L$5000)","v":0}]
[null,null,null,null,null,null,null,null,null,{"$f":"F743+SUMIF(NHAP!$D$1:$D$5000,B743,NHAP!$G$1:$G$5000)-SUMIF(XUAT!$E$1:$E$5000,B743,XUAT!$H$1:$H$5000)","v":0},0,{"$f":"H743+SUMIF(NHAP!$D$1:$D$5000,DMHH!B743,NHAP!$I$1:$I$5000)-SUMIF(XUAT!$E$1:$E$5000,DMHH!B743,XUAT!$L$1:$L$5000)","v":0}]
[null,null,null,null,null,null,null,null,null,{"$f":"F744+SUMIF(NHAP!$D$1:$D$5000,B744,NHAP!$G$1:$G$5000)-SUMIF(XUAT!$E$1:$E$5000,B744,XUAT!$H$1:$H$5000)","v":0},0,{"$f":"H744+SUMIF(NHAP!$D$1:$D$5000,DMHH!B744,NHAP!$I$1:$I$5000)-SUMIF(XUAT!$E$1:$E$5000,DMHH!B744,XUAT!$L$1:$L$5000)","v":0}]
[null,null,null,null,null,null,null,null,null,{"$f":"F745+SUMIF(NHAP!$D$1:$D$5000,B745,NHAP!$G$1:$G$5000)-SUMIF(XUAT!$E$1:$E$5000,B745,XUAT!$H$1:$H$5000)","v":0},0,{"$f":"H745+SUMIF(NHAP!$D$1:$D$5000,DMHH!B745,NHAP!$I$1:$I$5000)-SUMIF(XUAT!$E$1:$E$5000,DMHH!B745,XUAT!$L$1:$L$5000)","v":0}]
[null,null,null,null,null,null,null,null,null,{"$f":"F746+SUMIF(NHAP!$D$1:$D$5000,B746,NHAP!$G$1:$G$5000)-SUMIF(XUAT!$E$1:$E$5000,B746,XUAT!$H$1:$H$5000)","v":0},0,{"$f":"H746+SUMIF(NHAP!$D$1:$D$5000,DMHH!B746,NHAP!$I$1:$I$5000)-SUMIF(XUAT!$E$1:$E$5000,DMHH!B746,XUAT!$L$1:$L$5000)","v":0}]
[null,null,null,null,null,null,null,null,null,{"$f":"F747+SUMIF(NHAP!$D$1:$D$5000,B747,NHAP!$G$1:$G$5000)-SUMIF(XUAT!$E$1:$E$5000,B747,XUAT!$H$1:$H$5000)","v":0},0,{"$f":"H747+SUMIF(NHAP!$D$1:$D$5000,DMHH!B747,NHAP!$I$1:$I$5000)-SUMIF(XUAT!$E$1:$E$5000,DMHH!B747,XUAT!$L$1:$L$5000)","v":0}]
[null,null,null,null,null,null,null,null,null,{"$f":"F748+SUMIF(NHAP!$D$1:$D$5000,B748,NHAP!$G$1:$G$5000)-SUMIF(XUAT!$E$1:$E$5000,B748,XUAT!$H$1:$H$5000)","v":0},0,{"$f":"H748+SUMIF(NHAP!$D$1:$D$5000,DMHH!B748,NHAP!$I$1:$I$5000)-SUMIF(XUAT!$E$1:$E$5000,DMHH!B748,XUAT!$L$1:$L$5000)","v":0}]
[null,null,null,null,null,null,null,null,null,{"$f":"F749+SUMIF(NHAP!$D$1:$D$5000,B749,NHAP!$G$1:$G$5000)-SUMIF(XUAT!$E$1:$E$5000,B749,XUAT!$H$1:$H$5000)","v":0},0,{"$f":"H749+SUMIF(NHAP!$D$1:$D$5000,DMHH!B749,NHAP!$I$1:$I$5000)-SUMIF(XUAT!$E$1:$E$5000,DMHH!B749,XUAT!$L$1:$L$5000)","v":0}]
[null,null,null,null,null,null,null,null,null,{"$f":"F750+SUMIF(NHAP!$D$1:$D$5000,B750,NHAP!$G$1:$G$5000)-SUMIF(XUAT!$E$1:$E$5000,B750,XUAT!$H$1:$H$5000)","v":0},0,{"$f":"H750+SUMIF(NHAP!$D$1:$D$5000,DMHH!B750,NHAP!$I$1:$I$5000)-SUMIF(XUAT!$E$1:$E$5000,DMHH!B750,XUAT!$L$1:$L$5000)","v":0}]
[null,null,null,null,null,null,null,null,null,{"$f":"F751+SUMIF(NHAP!$D$1:$D$5000,B751,NHAP!$G$1:$G$5000)-SUMIF(XUAT!$E$1:$E$5000,B751,XUAT!$H$1:$H$5000)","v":0},0,{"$f":"H751+SUMIF(NHAP!$D$1:$D$5000,DMHH!B751,NHAP!$I$1:$I$5000)-SUMIF(XUAT!$E$1:$E$5000,DMHH!B751,XUAT!$L$1:$L$5000)","v":0}]
[null,null,null,null,null,null,null,null,null,{"$f":"F752+SUMIF(NHAP!$D$1:$D$5000,B752,NHAP!$G$1:$G$5000)-SUMIF(XUAT!$E$1:$E$5000,B752,XUAT!$H$1:$H$5000)","v":0},0,{"$f":"H752+SUMIF(NHAP!$D$1:$D$5000,DMHH!B752,NHAP!$I$1:$I$5000)-SUMIF(XUAT!$E$1:$E$5000,DMHH!B752,XUAT!$L$1:$L$5000)","v":0}]
[null,null,null,null,null,null,null,null,null,{"$f":"F753+SUMIF(NHAP!$D$1:$D$5000,B753,NHAP!$G$1:$G$5000)-SUMIF(XUAT!$E$1:$E$5000,B753,XUAT!$H$1:$H$5000)","v":0},0,{"$f":"H753+SUMIF(NHAP!$D$1:$D$5000,DMHH!B753,NHAP!$I$1:$I$5000)-SUMIF(XUAT!$E$1:$E$5000,DMHH!B753,XUAT!$L$1:$L$5000)","v":0}]
[null,null,null,null,null,null,null,null,null,{"$f":"F754+SUMIF(NHAP!$D$1:$D$5000,B754,NHAP!$G$1:$G$5000)-SUMIF(XUAT!$E$1:$E$5000,B754,XUAT!$H$1:$H$5000)","v":0},0,{"$f":"H754+SUMIF(NHAP!$D$1:$D$5000,DMHH!B754,NHAP!$I$1:$I$5000)-SUMIF(XUAT!$E$1:$E$5000,DMHH!B754,XUAT!$L$1:$L$5000)","v":0}]
[null,null,null,null,null,null,null,null,null,{"$f":"F755+SUMIF(NHAP!$D$1:$D$5000,B755,NHAP!$G$1:$G$5000)-SUMIF(XUAT!$E$1:$E$5000,B755,XUAT!$H$1:$H$5000)","v":0},0,{"$f":"H755+SUMIF(NHAP!$D$1:$D$5000,DMHH!B755,NHAP!$I$1:$I$5000)-SUMIF(XUAT!$E$1:$E$5000,DMHH!B755,XUAT!$L$1:$L$5000)","v":0}]
[null,null,null,null,null,null,null,null,null,{"$f":"F756+SUMIF(NHAP!$D$1:$D$5000,B756,NHAP!$G$1:$G$5000)-SUMIF(XUAT!$E$1:$E$5000,B756,XUAT!$H$1:$H$5000)","v":0},0,{"$f":"H756+SUMIF(NHAP!$D$1:$D$5000,DMHH!B756,NHAP!$I$1:$I$5000)-SUMIF(XUAT!$E$1:$E$5000,DMHH!B756,XUAT!$L$1:$L$5000)","v":0}]
[null,null,null,null,null,null,null,null,null,{"$f":"F757+SUMIF(NHAP!$D$1:$D$5000,B757,NHAP!$G$1:$G$5000)-SUMIF(XUAT!$E$1:$E$5000,B757,XUAT!$H$1:$H$5000)","v":0},0,{"$f":"H757+SUMIF(NHAP!$D$1:$D$5000,DMHH!B757,NHAP!$I$1:$I$5000)-SUMIF(XUAT!$E$1:$E$5000,DMHH!B757,XUAT!$L$1:$L$5000)","v":0}]
[null,null,null,null,null,null,null,null,null,{"$f":"F758+SUMIF(NHAP!$D$1:$D$5000,B758,NHAP!$G$1:$G$5000)-SUMIF(XUAT!$E$1:$E$5000,B758,XUAT!$H$1:$H$5000)","v":0},0,{"$f":"H758+SUMIF(NHAP!$D$1:$D$5000,DMHH!B758,NHAP!$I$1:$I$5000)-SUMIF(XUAT!$E$1:$E$5000,DMHH!B758,XUAT!$L$1:$L$5000)","v":0}]
[null,null,null,null,null,null,null,null,null,{"$f":"F759+SUMIF(NHAP!$D$1:$D$5000,B759,NHAP!$G$1:$G$5000)-SUMIF(XUAT!$E$1:$E$5000,B759,XUAT!$H$1:$H$5000)","v":0},0,{"$f":"H759+SUMIF(NHAP!$D$1:$D$5000,DMHH!B759,NHAP!$I$1:$I$5000)-SUMIF(XUAT!$E$1:$E$5000,DMHH!B759,XUAT!$L$1:$L$5000)","v":0}]
[null,null,null,null,null,null,null,null,null,{"$f":"F760+SUMIF(NHAP!$D$1:$D$5000,B760,NHAP!$G$1:$G$5000)-SUMIF(XUAT!$E$1:$E$5000,B760,XUAT!$H$1:$H$5000)","v":0},0,{"$f":"H760+SUMIF(NHAP!$D$1:$D$5000,DMHH!B760,NHAP!$I$1:$I$5000)-SUMIF(XUAT!$E$1:$E$5000,DMHH!B760,XUAT!$L$1:$L$5000)","v":0}]
[null,null,null,null,null,null,null,null,null,{"$f":"F761+SUMIF(NHAP!$D$1:$D$5000,B761,NHAP!$G$1:$G$5000)-SUMIF(XUAT!$E$1:$E$5000,B761,XUAT!$H$1:$H$5000)","v":0},0,{"$f":"H761+SUMIF(NHAP!$D$1:$D$5000,DMHH!B761,NHAP!$I$1:$I$5000)-SUMIF(XUAT!$E$1:$E$5000,DMHH!B761,XUAT!$L$1:$L$5000)","v":0}]
[null,null,null,null,null,null,null,null,null,{"$f":"F762+SUMIF(NHAP!$D$1:$D$5000,B762,NHAP!$G$1:$G$5000)-SUMIF(XUAT!$E$1:$E$5000,B762,XUAT!$H$1:$H$5000)","v":0},0,{"$f":"H762+SUMIF(NHAP!$D$1:$D$5000,DMHH!B762,NHAP!$I$1:$I$5000)-SUMIF(XUAT!$E$1:$E$5000,DMHH!B762,XUAT!$L$1:$L$5000)","v":0}]
[null,null,null,null,null,null,null,null,null,{"$f":"F763+SUMIF(NHAP!$D$1:$D$5000,B763,NHAP!$G$1:$G$5000)-SUMIF(XUAT!$E$1:$E$5000,B763,XUAT!$H$1:$H$5000)","v":0},0,{"$f":"H763+SUMIF(NHAP!$D$1:$D$5000,DMHH!B763,NHAP!$I$1:$I$5000)-SUMIF(XUAT!$E$1:$E$5000,DMHH!B763,XUAT!$L$1:$L$5000)","v":0}]
[null,null,null,null,null,null,null,null,null,{"$f":"F764+SUMIF(NHAP!$D$1:$D$5000,B764,NHAP!$G$1:$G$5000)-SUMIF(XUAT!$E$1:$E$5000,B764,XUAT!$H$1:$H$5000)","v":0},0,{"$f":"H764+SUMIF(NHAP!$D$1:$D$5000,DMHH!B764,NHAP!$I$1:$I$5000)-SUMIF(XUAT!$E$1:$E$5000,DMHH!B764,XUAT!$L$1:$L$5000)","v":0}]
[null,null,null,null,null,null,null,null,null,{"$f":"F765+SUMIF(NHAP!$D$1:$D$5000,B765,NHAP!$G$1:$G$5000)-SUMIF(XUAT!$E$1:$E$5000,B765,XUAT!$H$1:$H$5000)","v":0},0,{"$f":"H765+SUMIF(NHAP!$D$1:$D$5000,DMHH!B765,NHAP!$I$1:$I$5000)-SUMIF(XUAT!$E$1:$E$5000,DMHH!B765,XUAT!$L$1:$L$5000)","v":0}]
[null,null,null,null,null,null,null,null,null,{"$f":"F766+SUMIF(NHAP!$D$1:$D$5000,B766,NHAP!$G$1:$G$5000)-SUMIF(XUAT!$E$1:$E$5000,B766,XUAT!$H$1:$H$5000)","v":0},0,{"$f":"H766+SUMIF(NHAP!$D$1:$D$5000,DMHH!B766,NHAP!$I$1:$I$5000)-SUMIF(XUAT!$E$1:$E$5000,DMHH!B766,XUAT!$L$1:$L$5000)","v":0}]
[null,null,null,null,null,null,null,null,null,{"$f":"F767+SUMIF(NHAP!$D$1:$D$5000,B767,NHAP!$G$1:$G$5000)-SUMIF(XUAT!$E$1:$E$5000,B767,XUAT!$H$1:$H$5000)","v":0},0,{"$f":"H767+SUMIF(NHAP!$D$1:$D$5000,DMHH!B767,NHAP!$I$1:$I$5000)-SUMIF(XUAT!$E$1:$E$5000,DMHH!B767,XUAT!$L$1:$L$5000)","v":0}]
[null,null,null,null,null,null,null,null,null,{"$f":"F768+SUMIF(NHAP!$D$1:$D$5000,B768,NHAP!$G$1:$G$5000)-SUMIF(XUAT!$E$1:$E$5000,B768,XUAT!$H$1:$H$5000)","v":0},0,{"$f":"H768+SUMIF(NHAP!$D$1:$D$5000,DMHH!B768,NHAP!$I$1:$I$5000)-SUMIF(XUAT!$E$1:$E$5000,DMHH!B768,XUAT!$L$1:$L$5000)","v":0}]
[null,null,null,null,null,null,null,null,null,{"$f":"F769+SUMIF(NHAP!$D$1:$D$5000,B769,NHAP!$G$1:$G$5000)-SUMIF(XUAT!$E$1:$E$5000,B769,XUAT!$H$1:$H$5000)","v":0},0,{"$f":"H769+SUMIF(NHAP!$D$1:$D$5000,DMHH!B769,NHAP!$I$1:$I$5000)-SUMIF(XUAT!$E$1:$E$5000,DMHH!B769,XUAT!$L$1:$L$5000)","v":0}]
[null,null,null,null,null,null,null,null,null,{"$f":"F770+SUMIF(NHAP!$D$1:$D$5000,B770,NHAP!$G$1:$G$5000)-SUMIF(XUAT!$E$1:$E$5000,B770,XUAT!$H$1:$H$5000)","v":0},0,{"$f":"H770+SUMIF(NHAP!$D$1:$D$5000,DMHH!B770,NHAP!$I$1:$I$5000)-SUMIF(XUAT!$E$1:$E$5000,DMHH!B770,XUAT!$L$1:$L$5000)","v":0}]
[null,null,null,null,null,null,null,null,null,{"$f":"F771+SUMIF(NHAP!$D$1:$D$5000,B771,NHAP!$G$1:$G$5000)-SUMIF(XUAT!$E$1:$E$5000,B771,XUAT!$H$1:$H$5000)","v":0},0,{"$f":"H771+SUMIF(NHAP!$D$1:$D$5000,DMHH!B771,NHAP!$I$1:$I$5000)-SUMIF(XUAT!$E$1:$E$5000,DMHH!B771,XUAT!$L$1:$L$5000)","v":0}]
[null,null,null,null,null,null,null,null,null,{"$f":"F772+SUMIF(NHAP!$D$1:$D$5000,B772,NHAP!$G$1:$G$5000)-SUMIF(XUAT!$E$1:$E$5000,B772,XUAT!$H$1:$H$5000)","v":0},{"$f":"IF(J772=0,0,L772/J772)","v":0},{"$f":"H772+SUMIF(NHAP!$D$1:$D$5000,DMHH!B772,NHAP!$I$1:$I$5000)-SUMIF(XUAT!$E$1:$E$5000,DMHH!B772,XUAT!$L$1:$L$5000)","v":0}]
[null,null,null,null,null,null,null,null,null,{"$f":"F773+SUMIF(NHAP!$D$1:$D$5000,B773,NHAP!$G$1:$G$5000)-SUMIF(XUAT!$E$1:$E$5000,B773,XUAT!$H$1:$H$5000)","v":0},0,{"$f":"H773+SUMIF(NHAP!$D$1:$D$5000,DMHH!B773,NHAP!$I$1:$I$5000)-SUMIF(XUAT!$E$1:$E$5000,DMHH!B773,XUAT!$L$1:$L$5000)","v":0}]
[null,null,null,null,null,null,null,null,null,{"$f":"F774+SUMIF(NHAP!$D$1:$D$5000,B774,NHAP!$G$1:$G$5000)-SUMIF(XUAT!$E$1:$E$5000,B774,XUAT!$H$1:$H$5000)","v":0},0,{"$f":"H774+SUMIF(NHAP!$D$1:$D$5000,DMHH!B774,NHAP!$I$1:$I$5000)-SUMIF(XUAT!$E$1:$E$5000,DMHH!B774,XUAT!$L$1:$L$5000)","v":0}]
[null,null,null,null,null,null,null,null,null,{"$f":"F775+SUMIF(NHAP!$D$1:$D$5000,B775,NHAP!$G$1:$G$5000)-SUMIF(XUAT!$E$1:$E$5000,B775,XUAT!$H$1:$H$5000)","v":0},0,{"$f":"H775+SUMIF(NHAP!$D$1:$D$5000,DMHH!B775,NHAP!$I$1:$I$5000)-SUMIF(XUAT!$E$1:$E$5000,DMHH!B775,XUAT!$L$1:$L$5000)","v":0}]
[null,null,null,null,null,null,null,null,null,{"$f":"F776+SUMIF(NHAP!$D$1:$D$5000,B776,NHAP!$G$1:$G$5000)-SUMIF(XUAT!$E$1:$E$5000,B776,XUAT!$H$1:$H$5000)","v":0},0,{"$f":"H776+SUMIF(NHAP!$D$1:$D$5000,DMHH!B776,NHAP!$I$1:$I$5000)-SUMIF(XUAT!$E$1:$E$5000,DMHH!B776,XUAT!$L$1:$L$5000)","v":0}]
[null,null,null,null,null,null,null,null,null,{"$f":"F777+SUMIF(NHAP!$D$1:$D$5000,B777,NHAP!$G$1:$G$5000)-SUMIF(XUAT!$E$1:$E$5000,B777,XUAT!$H$1:$H$5000)","v":0},0,{"$f":"H777+SUMIF(NHAP!$D$1:$D$5000,DMHH!B777,NHAP!$I$1:$I$5000)-SUMIF(XUAT!$E$1:$E$5000,DMHH!B777,XUAT!$L$1:$L$5000)","v":0}]
[null,null,null,null,null,null,null,null,null,{"$f":"F778+SUMIF(NHAP!$D$1:$D$5000,B778,NHAP!$G$1:$G$5000)-SUMIF(XUAT!$E$1:$E$5000,B778,XUAT!$H$1:$H$5000)","v":0},0,{"$f":"H778+SUMIF(NHAP!$D$1:$D$5000,DMHH!B778,NHAP!$I$1:$I$5000)-SUMIF(XUAT!$E$1:$E$5000,DMHH!B778,XUAT!$L$1:$L$5000)","v":0}]
[null,null,null,null,null,null,null,null,null,{"$f":"F779+SUMIF(NHAP!$D$1:$D$5000,B779,NHAP!$G$1:$G$5000)-SUMIF(XUAT!$E$1:$E$5000,B779,XUAT!$H$1:$H$5000)","v":0},0,{"$f":"H779+SUMIF(NHAP!$D$1:$D$5000,DMHH!B779,NHAP!$I$1:$I$5000)-SUMIF(XUAT!$E$1:$E$5000,DMHH!B779,XUAT!$L$1:$L$5000)","v":0}]
[null,null,null,null,null,null,null,null,null,{"$f":"F780+SUMIF(NHAP!$D$1:$D$5000,B780,NHAP!$G$1:$G$5000)-SUMIF(XUAT!$E$1:$E$5000,B780,XUAT!$H$1:$H$5000)","v":0},0,{"$f":"H780+SUMIF(NHAP!$D$1:$D$5000,DMHH!B780,NHAP!$I$1:$I$5000)-SUMIF(XUAT!$E$1:$E$5000,DMHH!B780,XUAT!$L$1:$L$5000)","v":0}]
[null,null,null,null,null,null,null,null,null,{"$f":"F781+SUMIF(NHAP!$D$1:$D$5000,B781,NHAP!$G$1:$G$5000)-SUMIF(XUAT!$E$1:$E$5000,B781,XUAT!$H$1:$H$5000)","v":0},0,{"$f":"H781+SUMIF(NHAP!$D$1:$D$5000,DMHH!B781,NHAP!$I$1:$I$5000)-SUMIF(XUAT!$E$1:$E$5000,DMHH!B781,XUAT!$L$1:$L$5000)","v":0}]
[null,null,null,null,null,null,null,null,null,{"$f":"F782+SUMIF(NHAP!$D$1:$D$5000,B782,NHAP!$G$1:$G$5000)-SUMIF(XUAT!$E$1:$E$5000,B782,XUAT!$H$1:$H$5000)","v":0},0,{"$f":"H782+SUMIF(NHAP!$D$1:$D$5000,DMHH!B782,NHAP!$I$1:$I$5000)-SUMIF(XUAT!$E$1:$E$5000,DMHH!B782,XUAT!$L$1:$L$5000)","v":0}]
[null,null,null,null,null,null,null,null,null,{"$f":"F783+SUMIF(NHAP!$D$1:$D$5000,B783,NHAP!$G$1:$G$5000)-SUMIF(XUAT!$E$1:$E$5000,B783,XUAT!$H$1:$H$5000)","v":0},0,{"$f":"H783+SUMIF(NHAP!$D$1:$D$5000,DMHH!B783,NHAP!$I$1:$I$5000)-SUMIF(XUAT!$E$1:$E$5000,DMHH!B783,XUAT!$L$1:$L$5000)","v":0}]
[null,null,null,null,null,null,null,null,null,{"$f":"F784+SUMIF(NHAP!$D$1:$D$5000,B784,NHAP!$G$1:$G$5000)-SUMIF(XUAT!$E$1:$E$5000,B784,XUAT!$H$1:$H$5000)","v":0},0,{"$f":"H784+SUMIF(NHAP!$D$1:$D$5000,DMHH!B784,NHAP!$I$1:$I$5000)-SUMIF(XUAT!$E$1:$E$5000,DMHH!B784,XUAT!$L$1:$L$5000)","v":0}]
[null,null,null,null,null,null,null,null,null,{"$f":"F785+SUMIF(NHAP!$D$1:$D$5000,B785,NHAP!$G$1:$G$5000)-SUMIF(XUAT!$E$1:$E$5000,B785,XUAT!$H$1:$H$5000)","v":0},0,{"$f":"H785+SUMIF(NHAP!$D$1:$D$5000,DMHH!B785,NHAP!$I$1:$I$5000)-SUMIF(XUAT!$E$1:$E$5000,DMHH!B785,XUAT!$L$1:$L$5000)","v":0}]
[null,null,null,null,null,null,null,null,null,{"$f":"F786+SUMIF(NHAP!$D$1:$D$5000,B786,NHAP!$G$1:$G$5000)-SUMIF(XUAT!$E$1:$E$5000,B786,XUAT!$H$1:$H$5000)","v":0},0,{"$f":"H786+SUMIF(NHAP!$D$1:$D$5000,DMHH!B786,NHAP!$I$1:$I$5000)-SUMIF(XUAT!$E$1:$E$5000,DMHH!B786,XUAT!$L$1:$L$5000)","v":0}]
[null,null,null,null,null,null,null,null,null,{"$f":"F787+SUMIF(NHAP!$D$1:$D$5000,B787,NHAP!$G$1:$G$5000)-SUMIF(XUAT!$E$1:$E$5000,B787,XUAT!$H$1:$H$5000)","v":0},0,{"$f":"H787+SUMIF(NHAP!$D$1:$D$5000,DMHH!B787,NHAP!$I$1:$I$5000)-SUMIF(XUAT!$E$1:$E$5000,DMHH!B787,XUAT!$L$1:$L$5000)","v":0}]
[null,null,null,null,null,null,null,null,null,{"$f":"F788+SUMIF(NHAP!$D$1:$D$5000,B788,NHAP!$G$1:$G$5000)-SUMIF(XUAT!$E$1:$E$5000,B788,XUAT!$H$1:$H$5000)","v":0},0,{"$f":"H788+SUMIF(NHAP!$D$1:$D$5000,DMHH!B788,NHAP!$I$1:$I$5000)-SUMIF(XUAT!$E$1:$E$5000,DMHH!B788,XUAT!$L$1:$L$5000)","v":0}]
[null,null,null,null,null,null,null,null,null,{"$f":"F789+SUMIF(NHAP!$D$1:$D$5000,B789,NHAP!$G$1:$G$5000)-SUMIF(XUAT!$E$1:$E$5000,B789,XUAT!$H$1:$H$5000)","v":0},0,{"$f":"H789+SUMIF(NHAP!$D$1:$D$5000,DMHH!B789,NHAP!$I$1:$I$5000)-SUMIF(XUAT!$E$1:$E$5000,DMHH!B789,XUAT!$L$1:$L$5000)","v":0}]
[null,null,null,null,null,null,null,null,null,{"$f":"F790+SUMIF(NHAP!$D$1:$D$5000,B790,NHAP!$G$1:$G$5000)-SUMIF(XUAT!$E$1:$E$5000,B790,XUAT!$H$1:$H$5000)","v":0},0,{"$f":"H790+SUMIF(NHAP!$D$1:$D$5000,DMHH!B790,NHAP!$I$1:$I$5000)-SUMIF(XUAT!$E$1:$E$5000,DMHH!B790,XUAT!$L$1:$L$5000)","v":0}]
[null,null,null,null,null,null,null,null,null,{"$f":"F791+SUMIF(NHAP!$D$1:$D$5000,B791,NHAP!$G$1:$G$5000)-SUMIF(XUAT!$E$1:$E$5000,B791,XUAT!$H$1:$H$5000)","v":0},0,{"$f":"H791+SUMIF(NHAP!$D$1:$D$5000,DMHH!B791,NHAP!$I$1:$I$5000)-SUMIF(XUAT!$E$1:$E$5000,DMHH!B791,XUAT!$L$1:$L$5000)","v":0}]
[null,null,null,null,null,null,null,null,null,{"$f":"F792+SUMIF(NHAP!$D$1:$D$5000,B792,NHAP!$G$1:$G$5000)-SUMIF(XUAT!$E$1:$E$5000,B792,XUAT!$H$1:$H$5000)","v":0},0,{"$f":"H792+SUMIF(NHAP!$D$1:$D$5000,DMHH!B792,NHAP!$I$1:$I$5000)-SUMIF(XUAT!$E$1:$E$5000,DMHH!B792,XUAT!$L$1:$L$5000)","v":0}]
[null,null,null,null,null,null,null,null,null,{"$f":"F793+SUMIF(NHAP!$D$1:$D$5000,B793,NHAP!$G$1:$G$5000)-SUMIF(XUAT!$E$1:$E$5000,B793,XUAT!$H$1:$H$5000)","v":0},0,{"$f":"H793+SUMIF(NHAP!$D$1:$D$5000,DMHH!B793,NHAP!$I$1:$I$5000)-SUMIF(XUAT!$E$1:$E$5000,DMHH!B793,XUAT!$L$1:$L$5000)","v":0}]
[null,null,null,null,null,null,null,null,null,{"$f":"F794+SUMIF(NHAP!$D$1:$D$5000,B794,NHAP!$G$1:$G$5000)-SUMIF(XUAT!$E$1:$E$5000,B794,XUAT!$H$1:$H$5000)","v":0},0,{"$f":"H794+SUMIF(NHAP!$D$1:$D$5000,DMHH!B794,NHAP!$I$1:$I$5000)-SUMIF(XUAT!$E$1:$E$5000,DMHH!B794,XUAT!$L$1:$L$5000)","v":0}]
[null,null,null,null,null,null,null,null,null,{"$f":"F795+SUMIF(NHAP!$D$1:$D$5000,B795,NHAP!$G$1:$G$5000)-SUMIF(XUAT!$E$1:$E$5000,B795,XUAT!$H$1:$H$5000)","v":0},0,{"$f":"H795+SUMIF(NHAP!$D$1:$D$5000,DMHH!B795,NHAP!$I$1:$I$5000)-SUMIF(XUAT!$E$1:$E$5000,DMHH!B795,XUAT!$L$1:$L$5000)","v":0}]
[null,null,null,null,null,null,null,null,null,{"$f":"F796+SUMIF(NHAP!$D$1:$D$5000,B796,NHAP!$G$1:$G$5000)-SUMIF(XUAT!$E$1:$E$5000,B796,XUAT!$H$1:$H$5000)","v":0},0,{"$f":"H796+SUMIF(NHAP!$D$1:$D$5000,DMHH!B796,NHAP!$I$1:$I$5000)-SUMIF(XUAT!$E$1:$E$5000,DMHH!B796,XUAT!$L$1:$L$5000)","v":0}]
[null,null,null,null,null,null,null,null,null,{"$f":"F797+SUMIF(NHAP!$D$1:$D$5000,B797,NHAP!$G$1:$G$5000)-SUMIF(XUAT!$E$1:$E$5000,B797,XUAT!$H$1:$H$5000)","v":0},0,{"$f":"H797+SUMIF(NHAP!$D$1:$D$5000,DMHH!B797,NHAP!$I$1:$I$5000)-SUMIF(XUAT!$E$1:$E$5000,DMHH!B797,XUAT!$L$1:$L$5000)","v":0}]
[null,null,null,null,null,null,null,null,null,{"$f":"F798+SUMIF(NHAP!$D$1:$D$5000,B798,NHAP!$G$1:$G$5000)-SUMIF(XUAT!$E$1:$E$5000,B798,XUAT!$H$1:$H$5000)","v":0},0,{"$f":"H798+SUMIF(NHAP!$D$1:$D$5000,DMHH!B798,NHAP!$I$1:$I$5000)-SUMIF(XUAT!$E$1:$E$5000,DMHH!B798,XUAT!$L$1:$L$5000)","v":0}]
[null,null,null,null,null,null,null,null,null,{"$f":"F799+SUMIF(NHAP!$D$1:$D$5000,B799,NHAP!$G$1:$G$5000)-SUMIF(XUAT!$E$1:$E$5000,B799,XUAT!$H$1:$H$5000)","v":0},0,{"$f":"H799+SUMIF(NHAP!$D$1:$D$5000,DMHH!B799,NHAP!$I$1:$I$5000)-SUMIF(XUAT!$E$1:$E$5000,DMHH!B799,XUAT!$L$1:$L$5000)","v":0}]
[null,null,null,null,null,null,null,null,null,{"$f":"F800+SUMIF(NHAP!$D$1:$D$5000,B800,NHAP!$G$1:$G$5000)-SUMIF(XUAT!$E$1:$E$5000,B800,XUAT!$H$1:$H$5000)","v":0},0,{"$f":"H800+SUMIF(NHAP!$D$1:$D$5000,DMHH!B800,NHAP!$I$1:$I$5000)-SUMIF(XUAT!$E$1:$E$5000,DMHH!B800,XUAT!$L$1:$L$5000)","v":0}]
[null,null,null,null,null,null,null,null,null,{"$f":"F801+SUMIF(NHAP!$D$1:$D$5000,B801,NHAP!$G$1:$G$5000)-SUMIF(XUAT!$E$1:$E$5000,B801,XUAT!$H$1:$H$5000)","v":0},0,{"$f":"H801+SUMIF(NHAP!$D$1:$D$5000,DMHH!B801,NHAP!$I$1:$I$5000)-SUMIF(XUAT!$E$1:$E$5000,DMHH!B801,XUAT!$L$1:$L$5000)","v":0}]
[null,null,null,null,null,null,null,null,null,{"$f":"F802+SUMIF(NHAP!$D$1:$D$5000,B802,NHAP!$G$1:$G$5000)-SUMIF(XUAT!$E$1:$E$5000,B802,XUAT!$H$1:$H$5000)","v":0},0,{"$f":"H802+SUMIF(NHAP!$D$1:$D$5000,DMHH!B802,NHAP!$I$1:$I$5000)-SUMIF(XUAT!$E$1:$E$5000,DMHH!B802,XUAT!$L$1:$L$5000)","v":0}]
[null,null,null,null,null,null,null,null,null,{"$f":"F803+SUMIF(NHAP!$D$1:$D$5000,B803,NHAP!$G$1:$G$5000)-SUMIF(XUAT!$E$1:$E$5000,B803,XUAT!$H$1:$H$5000)","v":0},0,{"$f":"H803+SUMIF(NHAP!$D$1:$D$5000,DMHH!B803,NHAP!$I$1:$I$5000)-SUMIF(XUAT!$E$1:$E$5000,DMHH!B803,XUAT!$L$1:$L$5000)","v":0}]
[null,null,null,null,null,null,null,null,null,{"$f":"F804+SUMIF(NHAP!$D$1:$D$5000,B804,NHAP!$G$1:$G$5000)-SUMIF(XUAT!$E$1:$E$5000,B804,XUAT!$H$1:$H$5000)","v":0},0,{"$f":"H804+SUMIF(NHAP!$D$1:$D$5000,DMHH!B804,NHAP!$I$1:$I$5000)-SUMIF(XUAT!$E$1:$E$5000,DMHH!B804,XUAT!$L$1:$L$5000)","v":0}]
[null,null,null,null,null,null,null,null,null,{"$f":"F805+SUMIF(NHAP!$D$1:$D$5000,B805,NHAP!$G$1:$G$5000)-SUMIF(XUAT!$E$1:$E$5000,B805,XUAT!$H$1:$H$5000)","v":0},0,{"$f":"H805+SUMIF(NHAP!$D$1:$D$5000,DMHH!B805,NHAP!$I$1:$I$5000)-SUMIF(XUAT!$E$1:$E$5000,DMHH!B805,XUAT!$L$1:$L$5000)","v":0}]
[null,null,null,null,null,null,null,null,null,{"$f":"F806+SUMIF(NHAP!$D$1:$D$5000,B806,NHAP!$G$1:$G$5000)-SUMIF(XUAT!$E$1:$E$5000,B806,XUAT!$H$1:$H$5000)","v":0},0,{"$f":"H806+SUMIF(NHAP!$D$1:$D$5000,DMHH!B806,NHAP!$I$1:$I$5000)-SUMIF(XUAT!$E$1:$E$5000,DMHH!B806,XUAT!$L$1:$L$5000)","v":0}]
[null,null,null,null,null,null,null,null,null,{"$f":"F807+SUMIF(NHAP!$D$1:$D$5000,B807,NHAP!$G$1:$G$5000)-SUMIF(XUAT!$E$1:$E$5000,B807,XUAT!$H$1:$H$5000)","v":0},0,{"$f":"H807+SUMIF(NHAP!$D$1:$D$5000,DMHH!B807,NHAP!$I$1:$I$5000)-SUMIF(XUAT!$E$1:$E$5000,DMHH!B807,XUAT!$L$1:$L$5000)","v":0}]
[null,null,null,null,null,null,null,null,null,{"$f":"F808+SUMIF(NHAP!$D$1:$D$5000,B808,NHAP!$G$1:$G$5000)-SUMIF(XUAT!$E$1:$E$5000,B808,XUAT!$H$1:$H$5000)","v":0},0,{"$f":"H808+SUMIF(NHAP!$D$1:$D$5000,DMHH!B808,NHAP!$I$1:$I$5000)-SUMIF(XUAT!$E$1:$E$5000,DMHH!B808,XUAT!$L$1:$L$5000)","v":0}]
[null,null,null,null,null,null,null,null,null,{"$f":"F809+SUMIF(NHAP!$D$1:$D$5000,B809,NHAP!$G$1:$G$5000)-SUMIF(XUAT!$E$1:$E$5000,B809,XUAT!$H$1:$H$5000)","v":0},0,{"$f":"H809+SUMIF(NHAP!$D$1:$D$5000,DMHH!B809,NHAP!$I$1:$I$5000)-SUMIF(XUAT!$E$1:$E$5000,DMHH!B809,XUAT!$L$1:$L$5000)","v":0}]
[null,null,null,null,null,null,null,null,null,{"$f":"F810+SUMIF(NHAP!$D$1:$D$5000,B810,NHAP!$G$1:$G$5000)-SUMIF(XUAT!$E$1:$E$5000,B810,XUAT!$H$1:$H$5000)","v":0},0,{"$f":"H810+SUMIF(NHAP!$D$1:$D$5000,DMHH!B810,NHAP!$I$1:$I$5000)-SUMIF(XUAT!$E$1:$E$5000,DMHH!B810,XUAT!$L$1:$L$5000)","v":0}]
[null,null,null,null,null,null,null,null,null,{"$f":"F811+SUMIF(NHAP!$D$1:$D$5000,B811,NHAP!$G$1:$G$5000)-SUMIF(XUAT!$E$1:$E$5000,B811,XUAT!$H$1:$H$5000)","v":0},0,{"$f":"H811+SUMIF(NHAP!$D$1:$D$5000,DMHH!B811,NHAP!$I$1:$I$5000)-SUMIF(XUAT!$E$1:$E$5000,DMHH!B811,XUAT!$L$1:$L$5000)","v":0}]
[null,null,null,null,null,null,null,null,null,{"$f":"F812+SUMIF(NHAP!$D$1:$D$5000,B812,NHAP!$G$1:$G$5000)-SUMIF(XUAT!$E$1:$E$5000,B812,XUAT!$H$1:$H$5000)","v":0},0,{"$f":"H812+SUMIF(NHAP!$D$1:$D$5000,DMHH!B812,NHAP!$I$1:$I$5000)-SUMIF(XUAT!$E$1:$E$5000,DMHH!B812,XUAT!$L$1:$L$5000)","v":0}]
[null,null,null,null,null,null,null,null,null,{"$f":"F813+SUMIF(NHAP!$D$1:$D$5000,B813,NHAP!$G$1:$G$5000)-SUMIF(XUAT!$E$1:$E$5000,B813,XUAT!$H$1:$H$5000)","v":0},0,{"$f":"H813+SUMIF(NHAP!$D$1:$D$5000,DMHH!B813,NHAP!$I$1:$I$5000)-SUMIF(XUAT!$E$1:$E$5000,DMHH!B813,XUAT!$L$1:$L$5000)","v":0}]
[null,null,null,null,null,null,null,null,null,{"$f":"F814+SUMIF(NHAP!$D$1:$D$5000,B814,NHAP!$G$1:$G$5000)-SUMIF(XUAT!$E$1:$E$5000,B814,XUAT!$H$1:$H$5000)","v":0},0,{"$f":"H814+SUMIF(NHAP!$D$1:$D$5000,DMHH!B814,NHAP!$I$1:$I$5000)-SUMIF(XUAT!$E$1:$E$5000,DMHH!B814,XUAT!$L$1:$L$5000)","v":0}]
[null,null,null,null,null,null,null,null,null,{"$f":"F815+SUMIF(NHAP!$D$1:$D$5000,B815,NHAP!$G$1:$G$5000)-SUMIF(XUAT!$E$1:$E$5000,B815,XUAT!$H$1:$H$5000)","v":0},0,{"$f":"H815+SUMIF(NHAP!$D$1:$D$5000,DMHH!B815,NHAP!$I$1:$I$5000)-SUMIF(XUAT!$E$1:$E$5000,DMHH!B815,XUAT!$L$1:$L$5000)","v":0}]
[null,null,null,null,null,null,null,null,null,{"$f":"F816+SUMIF(NHAP!$D$1:$D$5000,B816,NHAP!$G$1:$G$5000)-SUMIF(XUAT!$E$1:$E$5000,B816,XUAT!$H$1:$H$5000)","v":0},0,{"$f":"H816+SUMIF(NHAP!$D$1:$D$5000,DMHH!B816,NHAP!$I$1:$I$5000)-SUMIF(XUAT!$E$1:$E$5000,DMHH!B816,XUAT!$L$1:$L$5000)","v":0}]
[null,null,null,null,null,null,null,null,null,{"$f":"F817+SUMIF(NHAP!$D$1:$D$5000,B817,NHAP!$G$1:$G$5000)-SUMIF(XUAT!$E$1:$E$5000,B817,XUAT!$H$1:$H$5000)","v":0},0,{"$f":"H817+SUMIF(NHAP!$D$1:$D$5000,DMHH!B817,NHAP!$I$1:$I$5000)-SUMIF(XUAT!$E$1:$E$5000,DMHH!B817,XUAT!$L$1:$L$5000)","v":0}]
[null,null,null,null,null,null,null,null,null,{"$f":"F818+SUMIF(NHAP!$D$1:$D$5000,B818,NHAP!$G$1:$G$5000)-SUMIF(XUAT!$E$1:$E$5000,B818,XUAT!$H$1:$H$5000)","v":0},0,{"$f":"H818+SUMIF(NHAP!$D$1:$D$5000,DMHH!B818,NHAP!$I$1:$I$5000)-SUMIF(XUAT!$E$1:$E$5000,DMHH!B818,XUAT!$L$1:$L$5000)","v":0}]
[null,null,null,null,null,null,null,null,null,{"$f":"F819+SUMIF(NHAP!$D$1:$D$5000,B819,NHAP!$G$1:$G$5000)-SUMIF(XUAT!$E$1:$E$5000,B819,XUAT!$H$1:$H$5000)","v":0},0,{"$f":"H819+SUMIF(NHAP!$D$1:$D$5000,DMHH!B819,NHAP!$I$1:$I$5000)-SUMIF(XUAT!$E$1:$E$5000,DMHH!B819,XUAT!$L$1:$L$5000)","v":0}]
[null,null,null,null,null,null,null,null,null,{"$f":"F820+SUMIF(NHAP!$D$1:$D$5000,B820,NHAP!$G$1:$G$5000)-SUMIF(XUAT!$E$1:$E$5000,B820,XUAT!$H$1:$H$5000)","v":0},0,{"$f":"H820+SUMIF(NHAP!$D$1:$D$5000,DMHH!B820,NHAP!$I$1:$I$5000)-SUMIF(XUAT!$E$1:$E$5000,DMHH!B820,XUAT!$L$1:$L$5000)","v":0}]
[null,null,null,null,null,null,null,null,null,{"$f":"F821+SUMIF(NHAP!$D$1:$D$5000,B821,NHAP!$G$1:$G$5000)-SUMIF(XUAT!$E$1:$E$5000,B821,XUAT!$H$1:$H$5000)","v":0},0,{"$f":"H821+SUMIF(NHAP!$D$1:$D$5000,DMHH!B821,NHAP!$I$1:$I$5000)-SUMIF(XUAT!$E$1:$E$5000,DMHH!B821,XUAT!$L$1:$L$5000)","v":0}]
[null,null,null,null,null,null,null,null,null,{"$f":"F822+SUMIF(NHAP!$D$1:$D$5000,B822,NHAP!$G$1:$G$5000)-SUMIF(XUAT!$E$1:$E$5000,B822,XUAT!$H$1:$H$5000)","v":0},0,{"$f":"H822+SUMIF(NHAP!$D$1:$D$5000,DMHH!B822,NHAP!$I$1:$I$5000)-SUMIF(XUAT!$E$1:$E$5000,DMHH!B822,XUAT!$L$1:$L$5000)","v":0}]
[null,null,null,null,null,null,null,null,null,{"$f":"F823+SUMIF(NHAP!$D$1:$D$5000,B823,NHAP!$G$1:$G$5000)-SUMIF(XUAT!$E$1:$E$5000,B823,XUAT!$H$1:$H$5000)","v":0},0,{"$f":"H823+SUMIF(NHAP!$D$1:$D$5000,DMHH!B823,NHAP!$I$1:$I$5000)-SUMIF(XUAT!$E$1:$E$5000,DMHH!B823,XUAT!$L$1:$L$5000)","v":0}]
[null,null,null,null,null,null,null,null,null,{"$f":"F824+SUMIF(NHAP!$D$1:$D$5000,B824,NHAP!$G$1:$G$5000)-SUMIF(XUAT!$E$1:$E$5000,B824,XUAT!$H$1:$H$5000)","v":0},0,{"$f":"H824+SUMIF(NHAP!$D$1:$D$5000,DMHH!B824,NHAP!$I$1:$I$5000)-SUMIF(XUAT!$E$1:$E$5000,DMHH!B824,XUAT!$L$1:$L$5000)","v":0}]
[null,null,null,null,null,null,null,null,null,{"$f":"F825+SUMIF(NHAP!$D$1:$D$5000,B825,NHAP!$G$1:$G$5000)-SUMIF(XUAT!$E$1:$E$5000,B825,XUAT!$H$1:$H$5000)","v":0},0,{"$f":"H825+SUMIF(NHAP!$D$1:$D$5000,DMHH!B825,NHAP!$I$1:$I$5000)-SUMIF(XUAT!$E$1:$E$5000,DMHH!B825,XUAT!$L$1:$L$5000)","v":0}]
[null,null,null,null,null,null,null,null,null,{"$f":"F826+SUMIF(NHAP!$D$1:$D$5000,B826,NHAP!$G$1:$G$5000)-SUMIF(XUAT!$E$1:$E$5000,B826,XUAT!$H$1:$H$5000)","v":0},0,{"$f":"H826+SUMIF(NHAP!$D$1:$D$5000,DMHH!B826,NHAP!$I$1:$I$5000)-SUMIF(XUAT!$E$1:$E$5000,DMHH!B826,XUAT!$L$1:$L$5000)","v":0}]
[null,null,null,null,null,null,null,null,null,{"$f":"F827+SUMIF(NHAP!$D$1:$D$5000,B827,NHAP!$G$1:$G$5000)-SUMIF(XUAT!$E$1:$E$5000,B827,XUAT!$H$1:$H$5000)","v":0},0,{"$f":"H827+SUMIF(NHAP!$D$1:$D$5000,DMHH!B827,NHAP!$I$1:$I$5000)-SUMIF(XUAT!$E$1:$E$5000,DMHH!B827,XUAT!$L$1:$L$5000)","v":0}]
[null,null,".",".",null,null,null,null,null,{"$f":"F828+SUMIF(NHAP!$D$1:$D$5000,B828,NHAP!$G$1:$G$5000)-SUMIF(XUAT!$E$1:$E$5000,B828,XUAT!$H$1:$H$5000)","v":0},0,{"$f":"H828+SUMIF(NHAP!$D$1:$D$5000,DMHH!B828,NHAP!$I$1:$I$5000)-SUMIF(XUAT!$E$1:$E$5000,DMHH!B828,XUAT!$L$1:$L$5000)","v":0}]
[null,null,null,null,null,null,null,null,null,{"$f":"F829+SUMIF(NHAP!$D$1:$D$5000,B829,NHAP!$G$1:$G$5000)-SUMIF(XUAT!$E$1:$E$5000,B829,XUAT!$H$1:$H$5000)","v":0},0,{"$f":"H829+SUMIF(NHAP!$D$1:$D$5000,DMHH!B829,NHAP!$I$1:$I$5000)-SUMIF(XUAT!$E$1:$E$5000,DMHH!B829,XUAT!$L$1:$L$5000)","v":0}]
[null,null,null,null,null,null,null,null,null,{"$f":"F830+SUMIF(NHAP!$D$1:$D$5000,B830,NHAP!$G$1:$G$5000)-SUMIF(XUAT!$E$1:$E$5000,B830,XUAT!$H$1:$H$5000)","v":0},0,{"$f":"H830+SUMIF(NHAP!$D$1:$D$5000,DMHH!B830,NHAP!$I$1:$I$5000)-SUMIF(XUAT!$E$1:$E$5000,DMHH!B830,XUAT!$L$1:$L$5000)","v":0}]
[null,null,null,null,null,null,null,null,null,{"$f":"F831+SUMIF(NHAP!$D$1:$D$5000,B831,NHAP!$G$1:$G$5000)-SUMIF(XUAT!$E$1:$E$5000,B831,XUAT!$H$1:$H$5000)","v":0},0,{"$f":"H831+SUMIF(NHAP!$D$1:$D$5000,DMHH!B831,NHAP!$I$1:$I$5000)-SUMIF(XUAT!$E$1:$E$5000,DMHH!B831,XUAT!$L$1:$L$5000)","v":0}]
[null,null,null,null,null,null,null,null,null,{"$f":"F832+SUMIF(NHAP!$D$1:$D$5000,B832,NHAP!$G$1:$G$5000)-SUMIF(XUAT!$E$1:$E$5000,B832,XUAT!$H$1:$H$5000)","v":0},0,{"$f":"H832+SUMIF(NHAP!$D$1:$D$5000,DMHH!B832,NHAP!$I$1:$I$5000)-SUMIF(XUAT!$E$1:$E$5000,DMHH!B832,XUAT!$L$1:$L$5000)","v":0}]
[null,null,null,null,null,null,null,null,null,{"$f":"F833+SUMIF(NHAP!$D$1:$D$5000,B833,NHAP!$G$1:$G$5000)-SUMIF(XUAT!$E$1:$E$5000,B833,XUAT!$H$1:$H$5000)","v":0},0,{"$f":"H833+SUMIF(NHAP!$D$1:$D$5000,DMHH!B833,NHAP!$I$1:$I$5000)-SUMIF(XUAT!$E$1:$E$5000,DMHH!B833,XUAT!$L$1:$L$5000)","v":0}]
[null,null,null,null,null,null,null,null,null,{"$f":"F834+SUMIF(NHAP!$D$1:$D$5000,B834,NHAP!$G$1:$G$5000)-SUMIF(XUAT!$E$1:$E$5000,B834,XUAT!$H$1:$H$5000)","v":0},0,{"$f":"H834+SUMIF(NHAP!$D$1:$D$5000,DMHH!B834,NHAP!$I$1:$I$5000)-SUMIF(XUAT!$E$1:$E$5000,DMHH!B834,XUAT!$L$1:$L$5000)","v":0}]
[null,null,null,null,null,null,null,null,null,{"$f":"F835+SUMIF(NHAP!$D$1:$D$5000,B835,NHAP!$G$1:$G$5000)-SUMIF(XUAT!$E$1:$E$5000,B835,XUAT!$H$1:$H$5000)","v":0},0,{"$f":"H835+SUMIF(NHAP!$D$1:$D$5000,DMHH!B835,NHAP!$I$1:$I$5000)-SUMIF(XUAT!$E$1:$E$5000,DMHH!B835,XUAT!$L$1:$L$5000)","v":0}]
[null,null,null,null,null,null,null,null,null,{"$f":"F836+SUMIF(NHAP!$D$1:$D$5000,B836,NHAP!$G$1:$G$5000)-SUMIF(XUAT!$E$1:$E$5000,B836,XUAT!$H$1:$H$5000)","v":0},{"$f":"IF(J836=0,0,L836/J836)","v":0},{"$f":"H836+SUMIF(NHAP!$D$1:$D$5000,DMHH!B836,NHAP!$I$1:$I$5000)-SUMIF(XUAT!$E$1:$E$5000,DMHH!B836,XUAT!$L$1:$L$5000)","v":0}]
[null,null,null,null,null,null,null,null,null,{"$f":"F837+SUMIF(NHAP!$D$1:$D$5000,B837,NHAP!$G$1:$G$5000)-SUMIF(XUAT!$E$1:$E$5000,B837,XUAT!$H$1:$H$5000)","v":0},0,{"$f":"H837+SUMIF(NHAP!$D$1:$D$5000,DMHH!B837,NHAP!$I$1:$I$5000)-SUMIF(XUAT!$E$1:$E$5000,DMHH!B837,XUAT!$L$1:$L$5000)","v":0}]
[null,null,null,null,null,null,null,null,null,{"$f":"F838+SUMIF(NHAP!$D$1:$D$5000,B838,NHAP!$G$1:$G$5000)-SUMIF(XUAT!$E$1:$E$5000,B838,XUAT!$H$1:$H$5000)","v":0},0,{"$f":"H838+SUMIF(NHAP!$D$1:$D$5000,DMHH!B838,NHAP!$I$1:$I$5000)-SUMIF(XUAT!$E$1:$E$5000,DMHH!B838,XUAT!$L$1:$L$5000)","v":0}]
[null,null,null,null,null,null,null,null,null,{"$f":"F839+SUMIF(NHAP!$D$1:$D$5000,B839,NHAP!$G$1:$G$5000)-SUMIF(XUAT!$E$1:$E$5000,B839,XUAT!$H$1:$H$5000)","v":0},0,{"$f":"H839+SUMIF(NHAP!$D$1:$D$5000,DMHH!B839,NHAP!$I$1:$I$5000)-SUMIF(XUAT!$E$1:$E$5000,DMHH!B839,XUAT!$L$1:$L$5000)","v":0}]
[null,null,null,null,null,null,null,null,null,{"$f":"F840+SUMIF(NHAP!$D$1:$D$5000,B840,NHAP!$G$1:$G$5000)-SUMIF(XUAT!$E$1:$E$5000,B840,XUAT!$H$1:$H$5000)","v":0},0,{"$f":"H840+SUMIF(NHAP!$D$1:$D$5000,DMHH!B840,NHAP!$I$1:$I$5000)-SUMIF(XUAT!$E$1:$E$5000,DMHH!B840,XUAT!$L$1:$L$5000)","v":0}]
[null,null,null,null,null,null,null,null,null,{"$f":"F841+SUMIF(NHAP!$D$1:$D$5000,B841,NHAP!$G$1:$G$5000)-SUMIF(XUAT!$E$1:$E$5000,B841,XUAT!$H$1:$H$5000)","v":0},0,{"$f":"H841+SUMIF(NHAP!$D$1:$D$5000,DMHH!B841,NHAP!$I$1:$I$5000)-SUMIF(XUAT!$E$1:$E$5000,DMHH!B841,XUAT!$L$1:$L$5000)","v":0}]
[null,null,null,null,null,null,null,null,null,{"$f":"F842+SUMIF(NHAP!$D$1:$D$5000,B842,NHAP!$G$1:$G$5000)-SUMIF(XUAT!$E$1:$E$5000,B842,XUAT!$H$1:$H$5000)","v":0},0,{"$f":"H842+SUMIF(NHAP!$D$1:$D$5000,DMHH!B842,NHAP!$I$1:$I$5000)-SUMIF(XUAT!$E$1:$E$5000,DMHH!B842,XUAT!$L$1:$L$5000)","v":0}]
[null,null,null,null,null,null,null,null,null,{"$f":"F843+SUMIF(NHAP!$D$1:$D$5000,B843,NHAP!$G$1:$G$5000)-SUMIF(XUAT!$E$1:$E$5000,B843,XUAT!$H$1:$H$5000)","v":0},0,{"$f":"H843+SUMIF(NHAP!$D$1:$D$5000,DMHH!B843,NHAP!$I$1:$I$5000)-SUMIF(XUAT!$E$1:$E$5000,DMHH!B843,XUAT!$L$1:$L$5000)","v":0}]
[null,null,null,null,null,null,null,null,null,{"$f":"F844+SUMIF(NHAP!$D$1:$D$5000,B844,NHAP!$G$1:$G$5000)-SUMIF(XUAT!$E$1:$E$5000,B844,XUAT!$H$1:$H$5000)","v":0},0,{"$f":"H844+SUMIF(NHAP!$D$1:$D$5000,DMHH!B844,NHAP!$I$1:$I$5000)-SUMIF(XUAT!$E$1:$E$5000,DMHH!B844,XUAT!$L$1:$L$5000)","v":0}]
[null,null,null,null,null,null,null,null,null,{"$f":"F845+SUMIF(NHAP!$D$1:$D$5000,B845,NHAP!$G$1:$G$5000)-SUMIF(XUAT!$E$1:$E$5000,B845,XUAT!$H$1:$H$5000)","v":0},0,{"$f":"H845+SUMIF(NHAP!$D$1:$D$5000,DMHH!B845,NHAP!$I$1:$I$5000)-SUMIF(XUAT!$E$1:$E$5000,DMHH!B845,XUAT!$L$1:$L$5000)","v":0}]
[null,null,null,null,null,null,null,null,null,{"$f":"F846+SUMIF(NHAP!$D$1:$D$5000,B846,NHAP!$G$1:$G$5000)-SUMIF(XUAT!$E$1:$E$5000,B846,XUAT!$H$1:$H$5000)","v":0},0,{"$f":"H846+SUMIF(NHAP!$D$1:$D$5000,DMHH!B846,NHAP!$I$1:$I$5000)-SUMIF(XUAT!$E$1:$E$5000,DMHH!B846,XUAT!$L$1:$L$5000)","v":0}]
[null,null,null,null,null,null,null,null,null,{"$f":"F847+SUMIF(NHAP!$D$1:$D$5000,B847,NHAP!$G$1:$G$5000)-SUMIF(XUAT!$E$1:$E$5000,B847,XUAT!$H$1:$H$5000)","v":0},0,{"$f":"H847+SUMIF(NHAP!$D$1:$D$5000,DMHH!B847,NHAP!$I$1:$I$5000)-SUMIF(XUAT!$E$1:$E$5000,DMHH!B847,XUAT!$L$1:$L$5000)","v":0}]
[null,null,null,null,null,null,null,null,null,{"$f":"F848+SUMIF(NHAP!$D$1:$D$5000,B848,NHAP!$G$1:$G$5000)-SUMIF(XUAT!$E$1:$E$5000,B848,XUAT!$H$1:$H$5000)","v":0},0,{"$f":"H848+SUMIF(NHAP!$D$1:$D$5000,DMHH!B848,NHAP!$I$1:$I$5000)-SUMIF(XUAT!$E$1:$E$5000,DMHH!B848,XUAT!$L$1:$L$5000)","v":0}]
[null,null,null,null,null,null,null,null,null,{"$f":"F849+SUMIF(NHAP!$D$1:$D$5000,B849,NHAP!$G$1:$G$5000)-SUMIF(XUAT!$E$1:$E$5000,B849,XUAT!$H$1:$H$5000)","v":0},0,{"$f":"H849+SUMIF(NHAP!$D$1:$D$5000,DMHH!B849,NHAP!$I$1:$I$5000)-SUMIF(XUAT!$E$1:$E$5000,DMHH!B849,XUAT!$L$1:$L$5000)","v":0}]
[null,null,null,null,null,null,null,null,null,{"$f":"F850+SUMIF(NHAP!$D$1:$D$5000,B850,NHAP!$G$1:$G$5000)-SUMIF(XUAT!$E$1:$E$5000,B850,XUAT!$H$1:$H$5000)","v":0},0,{"$f":"H850+SUMIF(NHAP!$D$1:$D$5000,DMHH!B850,NHAP!$I$1:$I$5000)-SUMIF(XUAT!$E$1:$E$5000,DMHH!B850,XUAT!$L$1:$L$5000)","v":0}]
[null,null,null,null,null,null,null,null,null,{"$f":"F851+SUMIF(NHAP!$D$1:$D$5000,B851,NHAP!$G$1:$G$5000)-SUMIF(XUAT!$E$1:$E$5000,B851,XUAT!$H$1:$H$5000)","v":0},0,{"$f":"H851+SUMIF(NHAP!$D$1:$D$5000,DMHH!B851,NHAP!$I$1:$I$5000)-SUMIF(XUAT!$E$1:$E$5000,DMHH!B851,XUAT!$L$1:$L$5000)","v":0}]
[null,null,null,null,null,null,null,null,null,{"$f":"F852+SUMIF(NHAP!$D$1:$D$5000,B852,NHAP!$G$1:$G$5000)-SUMIF(XUAT!$E$1:$E$5000,B852,XUAT!$H$1:$H$5000)","v":0},0,{"$f":"H852+SUMIF(NHAP!$D$1:$D$5000,DMHH!B852,NHAP!$I$1:$I$5000)-SUMIF(XUAT!$E$1:$E$5000,DMHH!B852,XUAT!$L$1:$L$5000)","v":0}]
[null,null,null,null,null,null,null,null,null,{"$f":"F853+SUMIF(NHAP!$D$1:$D$5000,B853,NHAP!$G$1:$G$5000)-SUMIF(XUAT!$E$1:$E$5000,B853,XUAT!$H$1:$H$5000)","v":0},0,{"$f":"H853+SUMIF(NHAP!$D$1:$D$5000,DMHH!B853,NHAP!$I$1:$I$5000)-SUMIF(XUAT!$E$1:$E$5000,DMHH!B853,XUAT!$L$1:$L$5000)","v":0}]
[null,null,null,null,null,null,null,null,null,{"$f":"F854+SUMIF(NHAP!$D$1:$D$5000,B854,NHAP!$G$1:$G$5000)-SUMIF(XUAT!$E$1:$E$5000,B854,XUAT!$H$1:$H$5000)","v":0},0,{"$f":"H854+SUMIF(NHAP!$D$1:$D$5000,DMHH!B854,NHAP!$I$1:$I$5000)-SUMIF(XUAT!$E$1:$E$5000,DMHH!B854,XUAT!$L$1:$L$5000)","v":0}]
[null,null,null,null,null,null,null,null,null,{"$f":"F855+SUMIF(NHAP!$D$1:$D$5000,B855,NHAP!$G$1:$G$5000)-SUMIF(XUAT!$E$1:$E$5000,B855,XUAT!$H$1:$H$5000)","v":0},0,{"$f":"H855+SUMIF(NHAP!$D$1:$D$5000,DMHH!B855,NHAP!$I$1:$I$5000)-SUMIF(XUAT!$E$1:$E$5000,DMHH!B855,XUAT!$L$1:$L$5000)","v":0}]
[null,null,null,null,null,null,null,null,null,{"$f":"F856+SUMIF(NHAP!$D$1:$D$5000,B856,NHAP!$G$1:$G$5000)-SUMIF(XUAT!$E$1:$E$5000,B856,XUAT!$H$1:$H$5000)","v":0},0,{"$f":"H856+SUMIF(NHAP!$D$1:$D$5000,DMHH!B856,NHAP!$I$1:$I$5000)-SUMIF(XUAT!$E$1:$E$5000,DMHH!B856,XUAT!$L$1:$L$5000)","v":0}]
[null,null,null,null,null,null,null,null,null,{"$f":"F857+SUMIF(NHAP!$D$1:$D$5000,B857,NHAP!$G$1:$G$5000)-SUMIF(XUAT!$E$1:$E$5000,B857,XUAT!$H$1:$H$5000)","v":0},0,{"$f":"H857+SUMIF(NHAP!$D$1:$D$5000,DMHH!B857,NHAP!$I$1:$I$5000)-SUMIF(XUAT!$E$1:$E$5000,DMHH!B857,XUAT!$L$1:$L$5000)","v":0}]
[null,null,null,null,null,null,null,null,null,{"$f":"F858+SUMIF(NHAP!$D$1:$D$5000,B858,NHAP!$G$1:$G$5000)-SUMIF(XUAT!$E$1:$E$5000,B858,XUAT!$H$1:$H$5000)","v":0},0,{"$f":"H858+SUMIF(NHAP!$D$1:$D$5000,DMHH!B858,NHAP!$I$1:$I$5000)-SUMIF(XUAT!$E$1:$E$5000,DMHH!B858,XUAT!$L$1:$L$5000)","v":0}]
[null,null,null,null,null,null,null,null,null,{"$f":"F859+SUMIF(NHAP!$D$1:$D$5000,B859,NHAP!$G$1:$G$5000)-SUMIF(XUAT!$E$1:$E$5000,B859,XUAT!$H$1:$H$5000)","v":0},0,{"$f":"H859+SUMIF(NHAP!$D$1:$D$5000,DMHH!B859,NHAP!$I$1:$I$5000)-SUMIF(XUAT!$E$1:$E$5000,DMHH!B859,XUAT!$L$1:$L$5000)","v":0}]
[null,null,null,null,null,null,null,null,null,{"$f":"F860+SUMIF(NHAP!$D$1:$D$5000,B860,NHAP!$G$1:$G$5000)-SUMIF(XUAT!$E$1:$E$5000,B860,XUAT!$H$1:$H$5000)","v":0},0,{"$f":"H860+SUMIF(NHAP!$D$1:$D$5000,DMHH!B860,NHAP!$I$1:$I$5000)-SUMIF(XUAT!$E$1:$E$5000,DMHH!B860,XUAT!$L$1:$L$5000)","v":0}]
[null,null,null,null,null,null,null,null,null,{"$f":"F861+SUMIF(NHAP!$D$1:$D$5000,B861,NHAP!$G$1:$G$5000)-SUMIF(XUAT!$E$1:$E$5000,B861,XUAT!$H$1:$H$5000)","v":0},0,{"$f":"H861+SUMIF(NHAP!$D$1:$D$5000,DMHH!B861,NHAP!$I$1:$I$5000)-SUMIF(XUAT!$E$1:$E$5000,DMHH!B861,XUAT!$L$1:$L$5000)","v":0}]
[null,null,null,null,null,null,null,null,null,{"$f":"F862+SUMIF(NHAP!$D$1:$D$5000,B862,NHAP!$G$1:$G$5000)-SUMIF(XUAT!$E$1:$E$5000,B862,XUAT!$H$1:$H$5000)","v":0},0,{"$f":"H862+SUMIF(NHAP!$D$1:$D$5000,DMHH!B862,NHAP!$I$1:$I$5000)-SUMIF(XUAT!$E$1:$E$5000,DMHH!B862,XUAT!$L$1:$L$5000)","v":0}]
[null,null,null,null,null,null,null,null,null,{"$f":"F863+SUMIF(NHAP!$D$1:$D$5000,B863,NHAP!$G$1:$G$5000)-SUMIF(XUAT!$E$1:$E$5000,B863,XUAT!$H$1:$H$5000)","v":0},0,{"$f":"H863+SUMIF(NHAP!$D$1:$D$5000,DMHH!B863,NHAP!$I$1:$I$5000)-SUMIF(XUAT!$E$1:$E$5000,DMHH!B863,XUAT!$L$1:$L$5000)","v":0}]
[null,null,null,null,null,null,null,null,null,{"$f":"F864+SUMIF(NHAP!$D$1:$D$5000,B864,NHAP!$G$1:$G$5000)-SUMIF(XUAT!$E$1:$E$5000,B864,XUAT!$H$1:$H$5000)","v":0},0,{"$f":"H864+SUMIF(NHAP!$D$1:$D$5000,DMHH!B864,NHAP!$I$1:$I$5000)-SUMIF(XUAT!$E$1:$E$5000,DMHH!B864,XUAT!$L$1:$L$5000)","v":0}]
[null,null,null,null,null,null,null,null,null,{"$f":"F865+SUMIF(NHAP!$D$1:$D$5000,B865,NHAP!$G$1:$G$5000)-SUMIF(XUAT!$E$1:$E$5000,B865,XUAT!$H$1:$H$5000)","v":0},0,{"$f":"H865+SUMIF(NHAP!$D$1:$D$5000,DMHH!B865,NHAP!$I$1:$I$5000)-SUMIF(XUAT!$E$1:$E$5000,DMHH!B865,XUAT!$L$1:$L$5000)","v":0}]
[null,null,null,null,null,null,null,null,null,{"$f":"F866+SUMIF(NHAP!$D$1:$D$5000,B866,NHAP!$G$1:$G$5000)-SUMIF(XUAT!$E$1:$E$5000,B866,XUAT!$H$1:$H$5000)","v":0},0,{"$f":"H866+SUMIF(NHAP!$D$1:$D$5000,DMHH!B866,NHAP!$I$1:$I$5000)-SUMIF(XUAT!$E$1:$E$5000,DMHH!B866,XUAT!$L$1:$L$5000)","v":0}]
[null,null,null,null,null,null,null,null,null,{"$f":"F867+SUMIF(NHAP!$D$1:$D$5000,B867,NHAP!$G$1:$G$5000)-SUMIF(XUAT!$E$1:$E$5000,B867,XUAT!$H$1:$H$5000)","v":0},0,{"$f":"H867+SUMIF(NHAP!$D$1:$D$5000,DMHH!B867,NHAP!$I$1:$I$5000)-SUMIF(XUAT!$E$1:$E$5000,DMHH!B867,XUAT!$L$1:$L$5000)","v":0}]
[null,null,null,null,null,null,null,null,null,{"$f":"F868+SUMIF(NHAP!$D$1:$D$5000,B868,NHAP!$G$1:$G$5000)-SUMIF(XUAT!$E$1:$E$5000,B868,XUAT!$H$1:$H$5000)","v":0},0,{"$f":"H868+SUMIF(NHAP!$D$1:$D$5000,DMHH!B868,NHAP!$I$1:$I$5000)-SUMIF(XUAT!$E$1:$E$5000,DMHH!B868,XUAT!$L$1:$L$5000)","v":0}]
[null,null,null,null,null,null,null,null,null,{"$f":"F869+SUMIF(NHAP!$D$1:$D$5000,B869,NHAP!$G$1:$G$5000)-SUMIF(XUAT!$E$1:$E$5000,B869,XUAT!$H$1:$H$5000)","v":0},0,{"$f":"H869+SUMIF(NHAP!$D$1:$D$5000,DMHH!B869,NHAP!$I$1:$I$5000)-SUMIF(XUAT!$E$1:$E$5000,DMHH!B869,XUAT!$L$1:$L$5000)","v":0}]
[null,null,null,null,null,null,null,null,null,{"$f":"F870+SUMIF(NHAP!$D$1:$D$5000,B870,NHAP!$G$1:$G$5000)-SUMIF(XUAT!$E$1:$E$5000,B870,XUAT!$H$1:$H$5000)","v":0},0,{"$f":"H870+SUMIF(NHAP!$D$1:$D$5000,DMHH!B870,NHAP!$I$1:$I$5000)-SUMIF(XUAT!$E$1:$E$5000,DMHH!B870,XUAT!$L$1:$L$5000)","v":0}]
[null,null,null,null,null,null,null,null,null,{"$f":"F871+SUMIF(NHAP!$D$1:$D$5000,B871,NHAP!$G$1:$G$5000)-SUMIF(XUAT!$E$1:$E$5000,B871,XUAT!$H$1:$H$5000)","v":0},0,{"$f":"H871+SUMIF(NHAP!$D$1:$D$5000,DMHH!B871,NHAP!$I$1:$I$5000)-SUMIF(XUAT!$E$1:$E$5000,DMHH!B871,XUAT!$L$1:$L$5000)","v":0}]
[null,null,null,null,null,null,null,null,null,{"$f":"F872+SUMIF(NHAP!$D$1:$D$5000,B872,NHAP!$G$1:$G$5000)-SUMIF(XUAT!$E$1:$E$5000,B872,XUAT!$H$1:$H$5000)","v":0},0,{"$f":"H872+SUMIF(NHAP!$D$1:$D$5000,DMHH!B872,NHAP!$I$1:$I$5000)-SUMIF(XUAT!$E$1:$E$5000,DMHH!B872,XUAT!$L$1:$L$5000)","v":0}]
[null,null,null,null,null,null,null,null,null,{"$f":"F873+SUMIF(NHAP!$D$1:$D$5000,B873,NHAP!$G$1:$G$5000)-SUMIF(XUAT!$E$1:$E$5000,B873,XUAT!$H$1:$H$5000)","v":0},0,{"$f":"H873+SUMIF(NHAP!$D$1:$D$5000,DMHH!B873,NHAP!$I$1:$I$5000)-SUMIF(XUAT!$E$1:$E$5000,DMHH!B873,XUAT!$L$1:$L$5000)","v":0}]
[null,null,null,null,null,null,null,null,null,{"$f":"F874+SUMIF(NHAP!$D$1:$D$5000,B874,NHAP!$G$1:$G$5000)-SUMIF(XUAT!$E$1:$E$5000,B874,XUAT!$H$1:$H$5000)","v":0},0,{"$f":"H874+SUMIF(NHAP!$D$1:$D$5000,DMHH!B874,NHAP!$I$1:$I$5000)-SUMIF(XUAT!$E$1:$E$5000,DMHH!B874,XUAT!$L$1:$L$5000)","v":0}]
[null,null,null,null,null,null,null,null,null,{"$f":"F875+SUMIF(NHAP!$D$1:$D$5000,B875,NHAP!$G$1:$G$5000)-SUMIF(XUAT!$E$1:$E$5000,B875,XUAT!$H$1:$H$5000)","v":0},0,{"$f":"H875+SUMIF(NHAP!$D$1:$D$5000,DMHH!B875,NHAP!$I$1:$I$5000)-SUMIF(XUAT!$E$1:$E$5000,DMHH!B875,XUAT!$L$1:$L$5000)","v":0}]
[null,null,null,null,null,null,null,null,null,{"$f":"F876+SUMIF(NHAP!$D$1:$D$5000,B876,NHAP!$G$1:$G$5000)-SUMIF(XUAT!$E$1:$E$5000,B876,XUAT!$H$1:$H$5000)","v":0},0,{"$f":"H876+SUMIF(NHAP!$D$1:$D$5000,DMHH!B876,NHAP!$I$1:$I$5000)-SUMIF(XUAT!$E$1:$E$5000,DMHH!B876,XUAT!$L$1:$L$5000)","v":0}]
[null,null,null,null,null,null,null,null,null,{"$f":"F877+SUMIF(NHAP!$D$1:$D$5000,B877,NHAP!$G$1:$G$5000)-SUMIF(XUAT!$E$1:$E$5000,B877,XUAT!$H$1:$H$5000)","v":0},0,{"$f":"H877+SUMIF(NHAP!$D$1:$D$5000,DMHH!B877,NHAP!$I$1:$I$5000)-SUMIF(XUAT!$E$1:$E$5000,DMHH!B877,XUAT!$L$1:$L$5000)","v":0}]
[null,null,null,null,null,null,null,null,null,{"$f":"F878+SUMIF(NHAP!$D$1:$D$5000,B878,NHAP!$G$1:$G$5000)-SUMIF(XUAT!$E$1:$E$5000,B878,XUAT!$H$1:$H$5000)","v":0},0,{"$f":"H878+SUMIF(NHAP!$D$1:$D$5000,DMHH!B878,NHAP!$I$1:$I$5000)-SUMIF(XUAT!$E$1:$E$5000,DMHH!B878,XUAT!$L$1:$L$5000)","v":0}]
[null,null,null,null,null,null,null,null,null,{"$f":"F879+SUMIF(NHAP!$D$1:$D$5000,B879,NHAP!$G$1:$G$5000)-SUMIF(XUAT!$E$1:$E$5000,B879,XUAT!$H$1:$H$5000)","v":0},0,{"$f":"H879+SUMIF(NHAP!$D$1:$D$5000,DMHH!B879,NHAP!$I$1:$I$5000)-SUMIF(XUAT!$E$1:$E$5000,DMHH!B879,XUAT!$L$1:$L$5000)","v":0}]
[null,null,null,null,null,null,null,null,null,{"$f":"F880+SUMIF(NHAP!$D$1:$D$5000,B880,NHAP!$G$1:$G$5000)-SUMIF(XUAT!$E$1:$E$5000,B880,XUAT!$H$1:$H$5000)","v":0},0,{"$f":"H880+SUMIF(NHAP!$D$1:$D$5000,DMHH!B880,NHAP!$I$1:$I$5000)-SUMIF(XUAT!$E$1:$E$5000,DMHH!B880,XUAT!$L$1:$L$5000)","v":0}]
[null,null,null,null,null,null,null,null,null,{"$f":"F881+SUMIF(NHAP!$D$1:$D$5000,B881,NHAP!$G$1:$G$5000)-SUMIF(XUAT!$E$1:$E$5000,B881,XUAT!$H$1:$H$5000)","v":0},0,{"$f":"H881+SUMIF(NHAP!$D$1:$D$5000,DMHH!B881,NHAP!$I$1:$I$5000)-SUMIF(XUAT!$E$1:$E$5000,DMHH!B881,XUAT!$L$1:$L$5000)","v":0}]
[null,null,null,null,null,null,null,null,null,{"$f":"F882+SUMIF(NHAP!$D$1:$D$5000,B882,NHAP!$G$1:$G$5000)-SUMIF(XUAT!$E$1:$E$5000,B882,XUAT!$H$1:$H$5000)","v":0},0,{"$f":"H882+SUMIF(NHAP!$D$1:$D$5000,DMHH!B882,NHAP!$I$1:$I$5000)-SUMIF(XUAT!$E$1:$E$5000,DMHH!B882,XUAT!$L$1:$L$5000)","v":0}]
[null,null,null,null,null,null,null,null,null,{"$f":"F883+SUMIF(NHAP!$D$1:$D$5000,B883,NHAP!$G$1:$G$5000)-SUMIF(XUAT!$E$1:$E$5000,B883,XUAT!$H$1:$H$5000)","v":0},0,{"$f":"H883+SUMIF(NHAP!$D$1:$D$5000,DMHH!B883,NHAP!$I$1:$I$5000)-SUMIF(XUAT!$E$1:$E$5000,DMHH!B883,XUAT!$L$1:$L$5000)","v":0}]
[null,null,null,null,null,null,null,null,null,{"$f":"F884+SUMIF(NHAP!$D$1:$D$5000,B884,NHAP!$G$1:$G$5000)-SUMIF(XUAT!$E$1:$E$5000,B884,XUAT!$H$1:$H$5000)","v":0},0,{"$f":"H884+SUMIF(NHAP!$D$1:$D$5000,DMHH!B884,NHAP!$I$1:$I$5000)-SUMIF(XUAT!$E$1:$E$5000,DMHH!B884,XUAT!$L$1:$L$5000)","v":0}]
[null,null,null,null,null,null,null,null,null,{"$f":"F885+SUMIF(NHAP!$D$1:$D$5000,B885,NHAP!$G$1:$G$5000)-SUMIF(XUAT!$E$1:$E$5000,B885,XUAT!$H$1:$H$5000)","v":0},0,{"$f":"H885+SUMIF(NHAP!$D$1:$D$5000,DMHH!B885,NHAP!$I$1:$I$5000)-SUMIF(XUAT!$E$1:$E$5000,DMHH!B885,XUAT!$L$1:$L$5000)","v":0}]
[null,null,null,null,null,null,null,null,null,{"$f":"F886+SUMIF(NHAP!$D$1:$D$5000,B886,NHAP!$G$1:$G$5000)-SUMIF(XUAT!$E$1:$E$5000,B886,XUAT!$H$1:$H$5000)","v":0},0,{"$f":"H886+SUMIF(NHAP!$D$1:$D$5000,DMHH!B886,NHAP!$I$1:$I$5000)-SUMIF(XUAT!$E$1:$E$5000,DMHH!B886,XUAT!$L$1:$L$5000)","v":0}]
[null,null,null,null,null,null,null,null,null,{"$f":"F887+SUMIF(NHAP!$D$1:$D$5000,B887,NHAP!$G$1:$G$5000)-SUMIF(XUAT!$E$1:$E$5000,B887,XUAT!$H$1:$H$5000)","v":0},0,{"$f":"H887+SUMIF(NHAP!$D$1:$D$5000,DMHH!B887,NHAP!$I$1:$I$5000)-SUMIF(XUAT!$E$1:$E$5000,DMHH!B887,XUAT!$L$1:$L$5000)","v":0}]
[null,null,null,null,null,null,null,null,null,{"$f":"F888+SUMIF(NHAP!$D$1:$D$5000,B888,NHAP!$G$1:$G$5000)-SUMIF(XUAT!$E$1:$E$5000,B888,XUAT!$H$1:$H$5000)","v":0},0,{"$f":"H888+SUMIF(NHAP!$D$1:$D$5000,DMHH!B888,NHAP!$I$1:$I$5000)-SUMIF(XUAT!$E$1:$E$5000,DMHH!B888,XUAT!$L$1:$L$5000)","v":0}]
[null,null,null,null,null,null,null,null,null,{"$f":"F889+SUMIF(NHAP!$D$1:$D$5000,B889,NHAP!$G$1:$G$5000)-SUMIF(XUAT!$E$1:$E$5000,B889,XUAT!$H$1:$H$5000)","v":0},0,{"$f":"H889+SUMIF(NHAP!$D$1:$D$5000,DMHH!B889,NHAP!$I$1:$I$5000)-SUMIF(XUAT!$E$1:$E$5000,DMHH!B889,XUAT!$L$1:$L$5000)","v":0}]
[null,null,null,null,null,null,null,null,null,{"$f":"F890+SUMIF(NHAP!$D$1:$D$5000,B890,NHAP!$G$1:$G$5000)-SUMIF(XUAT!$E$1:$E$5000,B890,XUAT!$H$1:$H$5000)","v":0},0,{"$f":"H890+SUMIF(NHAP!$D$1:$D$5000,DMHH!B890,NHAP!$I$1:$I$5000)-SUMIF(XUAT!$E$1:$E$5000,DMHH!B890,XUAT!$L$1:$L$5000)","v":0}]
[null,null,null,null,null,null,null,null,null,{"$f":"F891+SUMIF(NHAP!$D$1:$D$5000,B891,NHAP!$G$1:$G$5000)-SUMIF(XUAT!$E$1:$E$5000,B891,XUAT!$H$1:$H$5000)","v":0},0,{"$f":"H891+SUMIF(NHAP!$D$1:$D$5000,DMHH!B891,NHAP!$I$1:$I$5000)-SUMIF(XUAT!$E$1:$E$5000,DMHH!B891,XUAT!$L$1:$L$5000)","v":0}]
[null,null,null,null,null,null,null,null,null,{"$f":"F892+SUMIF(NHAP!$D$1:$D$5000,B892,NHAP!$G$1:$G$5000)-SUMIF(XUAT!$E$1:$E$5000,B892,XUAT!$H$1:$H$5000)","v":0},0,{"$f":"H892+SUMIF(NHAP!$D$1:$D$5000,DMHH!B892,NHAP!$I$1:$I$5000)-SUMIF(XUAT!$E$1:$E$5000,DMHH!B892,XUAT!$L$1:$L$5000)","v":0}]
[null,null,null,null,null,null,null,null,null,{"$f":"F893+SUMIF(NHAP!$D$1:$D$5000,B893,NHAP!$G$1:$G$5000)-SUMIF(XUAT!$E$1:$E$5000,B893,XUAT!$H$1:$H$5000)","v":0},0,{"$f":"H893+SUMIF(NHAP!$D$1:$D$5000,DMHH!B893,NHAP!$I$1:$I$5000)-SUMIF(XUAT!$E$1:$E$5000,DMHH!B893,XUAT!$L$1:$L$5000)","v":0}]
[null,null,null,null,null,null,null,null,null,{"$f":"F894+SUMIF(NHAP!$D$1:$D$5000,B894,NHAP!$G$1:$G$5000)-SUMIF(XUAT!$E$1:$E$5000,B894,XUAT!$H$1:$H$5000)","v":0},0,{"$f":"H894+SUMIF(NHAP!$D$1:$D$5000,DMHH!B894,NHAP!$I$1:$I$5000)-SUMIF(XUAT!$E$1:$E$5000,DMHH!B894,XUAT!$L$1:$L$5000)","v":0}]
[null,null,null,null,null,null,null,null,null,{"$f":"F895+SUMIF(NHAP!$D$1:$D$5000,B895,NHAP!$G$1:$G$5000)-SUMIF(XUAT!$E$1:$E$5000,B895,XUAT!$H$1:$H$5000)","v":0},0,{"$f":"H895+SUMIF(NHAP!$D$1:$D$5000,DMHH!B895,NHAP!$I$1:$I$5000)-SUMIF(XUAT!$E$1:$E$5000,DMHH!B895,XUAT!$L$1:$L$5000)","v":0}]
[null,null,null,null,null,null,null,null,null,{"$f":"F896+SUMIF(NHAP!$D$1:$D$5000,B896,NHAP!$G$1:$G$5000)-SUMIF(XUAT!$E$1:$E$5000,B896,XUAT!$H$1:$H$5000)","v":0},0,{"$f":"H896+SUMIF(NHAP!$D$1:$D$5000,DMHH!B896,NHAP!$I$1:$I$5000)-SUMIF(XUAT!$E$1:$E$5000,DMHH!B896,XUAT!$L$1:$L$5000)","v":0}]
[null,null,null,null,null,null,null,null,null,{"$f":"F897+SUMIF(NHAP!$D$1:$D$5000,B897,NHAP!$G$1:$G$5000)-SUMIF(XUAT!$E$1:$E$5000,B897,XUAT!$H$1:$H$5000)","v":0},0,{"$f":"H897+SUMIF(NHAP!$D$1:$D$5000,DMHH!B897,NHAP!$I$1:$I$5000)-SUMIF(XUAT!$E$1:$E$5000,DMHH!B897,XUAT!$L$1:$L$5000)","v":0}]
[null,null,null,null,null,null,null,null,null,{"$f":"F898+SUMIF(NHAP!$D$1:$D$5000,B898,NHAP!$G$1:$G$5000)-SUMIF(XUAT!$E$1:$E$5000,B898,XUAT!$H$1:$H$5000)","v":0},0,{"$f":"H898+SUMIF(NHAP!$D$1:$D$5000,DMHH!B898,NHAP!$I$1:$I$5000)-SUMIF(XUAT!$E$1:$E$5000,DMHH!B898,XUAT!$L$1:$L$5000)","v":0}]
[null,null,null,null,null,null,null,null,null,{"$f":"F899+SUMIF(NHAP!$D$1:$D$5000,B899,NHAP!$G$1:$G$5000)-SUMIF(XUAT!$E$1:$E$5000,B899,XUAT!$H$1:$H$5000)","v":0},0,{"$f":"H899+SUMIF(NHAP!$D$1:$D$5000,DMHH!B899,NHAP!$I$1:$I$5000)-SUMIF(XUAT!$E$1:$E$5000,DMHH!B899,XUAT!$L$1:$L$5000)","v":0}]
[null,null,null,null,null,null,null,null,null,{"$f":"F900+SUMIF(NHAP!$D$1:$D$5000,B900,NHAP!$G$1:$G$5000)-SUMIF(XUAT!$E$1:$E$5000,B900,XUAT!$H$1:$H$5000)","v":0},{"$f":"IF(J900=0,0,L900/J900)","v":0},{"$f":"H900+SUMIF(NHAP!$D$1:$D$5000,DMHH!B900,NHAP!$I$1:$I$5000)-SUMIF(XUAT!$E$1:$E$5000,DMHH!B900,XUAT!$L$1:$L$5000)","v":0}]
[null,null,null,null,null,null,null,null,null,{"$f":"F901+SUMIF(NHAP!$D$1:$D$5000,B901,NHAP!$G$1:$G$5000)-SUMIF(XUAT!$E$1:$E$5000,B901,XUAT!$H$1:$H$5000)","v":0},0,{"$f":"H901+SUMIF(NHAP!$D$1:$D$5000,DMHH!B901,NHAP!$I$1:$I$5000)-SUMIF(XUAT!$E$1:$E$5000,DMHH!B901,XUAT!$L$1:$L$5000)","v":0}]
[null,null,null,null,null,null,null,null,null,{"$f":"F902+SUMIF(NHAP!$D$1:$D$5000,B902,NHAP!$G$1:$G$5000)-SUMIF(XUAT!$E$1:$E$5000,B902,XUAT!$H$1:$H$5000)","v":0},0,{"$f":"H902+SUMIF(NHAP!$D$1:$D$5000,DMHH!B902,NHAP!$I$1:$I$5000)-SUMIF(XUAT!$E$1:$E$5000,DMHH!B902,XUAT!$L$1:$L$5000)","v":0}]
[null,null,null,null,null,null,null,null,null,{"$f":"F903+SUMIF(NHAP!$D$1:$D$5000,B903,NHAP!$G$1:$G$5000)-SUMIF(XUAT!$E$1:$E$5000,B903,XUAT!$H$1:$H$5000)","v":0},0,{"$f":"H903+SUMIF(NHAP!$D$1:$D$5000,DMHH!B903,NHAP!$I$1:$I$5000)-SUMIF(XUAT!$E$1:$E$5000,DMHH!B903,XUAT!$L$1:$L$5000)","v":0}]
[null,null,null,null,null,null,null,null,null,{"$f":"F904+SUMIF(NHAP!$D$1:$D$5000,B904,NHAP!$G$1:$G$5000)-SUMIF(XUAT!$E$1:$E$5000,B904,XUAT!$H$1:$H$5000)","v":0},0,{"$f":"H904+SUMIF(NHAP!$D$1:$D$5000,DMHH!B904,NHAP!$I$1:$I$5000)-SUMIF(XUAT!$E$1:$E$5000,DMHH!B904,XUAT!$L$1:$L$5000)","v":0}]
[null,null,null,null,null,null,null,null,null,{"$f":"F905+SUMIF(NHAP!$D$1:$D$5000,B905,NHAP!$G$1:$G$5000)-SUMIF(XUAT!$E$1:$E$5000,B905,XUAT!$H$1:$H$5000)","v":0},0,{"$f":"H905+SUMIF(NHAP!$D$1:$D$5000,DMHH!B905,NHAP!$I$1:$I$5000)-SUMIF(XUAT!$E$1:$E$5000,DMHH!B905,XUAT!$L$1:$L$5000)","v":0}]
[null,null,null,null,null,null,null,null,null,{"$f":"F906+SUMIF(NHAP!$D$1:$D$5000,B906,NHAP!$G$1:$G$5000)-SUMIF(XUAT!$E$1:$E$5000,B906,XUAT!$H$1:$H$5000)","v":0},0,{"$f":"H906+SUMIF(NHAP!$D$1:$D$5000,DMHH!B906,NHAP!$I$1:$I$5000)-SUMIF(XUAT!$E$1:$E$5000,DMHH!B906,XUAT!$L$1:$L$5000)","v":0}]
[null,null,null,null,null,null,null,null,null,{"$f":"F907+SUMIF(NHAP!$D$1:$D$5000,B907,NHAP!$G$1:$G$5000)-SUMIF(XUAT!$E$1:$E$5000,B907,XUAT!$H$1:$H$5000)","v":0},0,{"$f":"H907+SUMIF(NHAP!$D$1:$D$5000,DMHH!B907,NHAP!$I$1:$I$5000)-SUMIF(XUAT!$E$1:$E$5000,DMHH!B907,XUAT!$L$1:$L$5000)","v":0}]
[null,null,null,null,null,null,null,null,null,{"$f":"F908+SUMIF(NHAP!$D$1:$D$5000,B908,NHAP!$G$1:$G$5000)-SUMIF(XUAT!$E$1:$E$5000,B908,XUAT!$H$1:$H$5000)","v":0},0,{"$f":"H908+SUMIF(NHAP!$D$1:$D$5000,DMHH!B908,NHAP!$I$1:$I$5000)-SUMIF(XUAT!$E$1:$E$5000,DMHH!B908,XUAT!$L$1:$L$5000)","v":0}]
[null,null,null,null,null,null,null,null,null,{"$f":"F909+SUMIF(NHAP!$D$1:$D$5000,B909,NHAP!$G$1:$G$5000)-SUMIF(XUAT!$E$1:$E$5000,B909,XUAT!$H$1:$H$5000)","v":0},0,{"$f":"H909+SUMIF(NHAP!$D$1:$D$5000,DMHH!B909,NHAP!$I$1:$I$5000)-SUMIF(XUAT!$E$1:$E$5000,DMHH!B909,XUAT!$L$1:$L$5000)","v":0}]
[null,null,null,null,null,null,null,null,null,{"$f":"F910+SUMIF(NHAP!$D$1:$D$5000,B910,NHAP!$G$1:$G$5000)-SUMIF(XUAT!$E$1:$E$5000,B910,XUAT!$H$1:$H$5000)","v":0},0,{"$f":"H910+SUMIF(NHAP!$D$1:$D$5000,DMHH!B910,NHAP!$I$1:$I$5000)-SUMIF(XUAT!$E$1:$E$5000,DMHH!B910,XUAT!$L$1:$L$5000)","v":0}]
[null,null,null,null,null,null,null,null,null,{"$f":"F911+SUMIF(NHAP!$D$1:$D$5000,B911,NHAP!$G$1:$G$5000)-SUMIF(XUAT!$E$1:$E$5000,B911,XUAT!$H$1:$H$5000)","v":0},0,{"$f":"H911+SUMIF(NHAP!$D$1:$D$5000,DMHH!B911,NHAP!$I$1:$I$5000)-SUMIF(XUAT!$E$1:$E$5000,DMHH!B911,XUAT!$L$1:$L$5000)","v":0}]
[null,null,null,null,null,null,null,null,null,{"$f":"F912+SUMIF(NHAP!$D$1:$D$5000,B912,NHAP!$G$1:$G$5000)-SUMIF(XUAT!$E$1:$E$5000,B912,XUAT!$H$1:$H$5000)","v":0},0,{"$f":"H912+SUMIF(NHAP!$D$1:$D$5000,DMHH!B912,NHAP!$I$1:$I$5000)-SUMIF(XUAT!$E$1:$E$5000,DMHH!B912,XUAT!$L$1:$L$5000)","v":0}]
[null,null,null,null,null,null,null,null,null,{"$f":"F913+SUMIF(NHAP!$D$1:$D$5000,B913,NHAP!$G$1:$G$5000)-SUMIF(XUAT!$E$1:$E$5000,B913,XUAT!$H$1:$H$5000)","v":0},0,{"$f":"H913+SUMIF(NHAP!$D$1:$D$5000,DMHH!B913,NHAP!$I$1:$I$5000)-SUMIF(XUAT!$E$1:$E$5000,DMHH!B913,XUAT!$L$1:$L$5000)","v":0}]
[null,null,null,null,null,null,null,null,null,{"$f":"F914+SUMIF(NHAP!$D$1:$D$5000,B914,NHAP!$G$1:$G$5000)-SUMIF(XUAT!$E$1:$E$5000,B914,XUAT!$H$1:$H$5000)","v":0},0,{"$f":"H914+SUMIF(NHAP!$D$1:$D$5000,DMHH!B914,NHAP!$I$1:$I$5000)-SUMIF(XUAT!$E$1:$E$5000,DMHH!B914,XUAT!$L$1:$L$5000)","v":0}]
[null,null,null,null,null,null,null,null,null,{"$f":"F915+SUMIF(NHAP!$D$1:$D$5000,B915,NHAP!$G$1:$G$5000)-SUMIF(XUAT!$E$1:$E$5000,B915,XUAT!$H$1:$H$5000)","v":0},0,{"$f":"H915+SUMIF(NHAP!$D$1:$D$5000,DMHH!B915,NHAP!$I$1:$I$5000)-SUMIF(XUAT!$E$1:$E$5000,DMHH!B915,XUAT!$L$1:$L$5000)","v":0}]
[null,null,null,null,null,null,null,null,null,{"$f":"F916+SUMIF(NHAP!$D$1:$D$5000,B916,NHAP!$G$1:$G$5000)-SUMIF(XUAT!$E$1:$E$5000,B916,XUAT!$H$1:$H$5000)","v":0},0,{"$f":"H916+SUMIF(NHAP!$D$1:$D$5000,DMHH!B916,NHAP!$I$1:$I$5000)-SUMIF(XUAT!$E$1:$E$5000,DMHH!B916,XUAT!$L$1:$L$5000)","v":0}]
[null,null,null,null,null,null,null,null,null,{"$f":"F917+SUMIF(NHAP!$D$1:$D$5000,B917,NHAP!$G$1:$G$5000)-SUMIF(XUAT!$E$1:$E$5000,B917,XUAT!$H$1:$H$5000)","v":0},0,{"$f":"H917+SUMIF(NHAP!$D$1:$D$5000,DMHH!B917,NHAP!$I$1:$I$5000)-SUMIF(XUAT!$E$1:$E$5000,DMHH!B917,XUAT!$L$1:$L$5000)","v":0}]
[null,null,null,null,null,null,null,null,null,{"$f":"F918+SUMIF(NHAP!$D$1:$D$5000,B918,NHAP!$G$1:$G$5000)-SUMIF(XUAT!$E$1:$E$5000,B918,XUAT!$H$1:$H$5000)","v":0},0,{"$f":"H918+SUMIF(NHAP!$D$1:$D$5000,DMHH!B918,NHAP!$I$1:$I$5000)-SUMIF(XUAT!$E$1:$E$5000,DMHH!B918,XUAT!$L$1:$L$5000)","v":0}]
[null,null,null,null,null,null,null,null,null,{"$f":"F919+SUMIF(NHAP!$D$1:$D$5000,B919,NHAP!$G$1:$G$5000)-SUMIF(XUAT!$E$1:$E$5000,B919,XUAT!$H$1:$H$5000)","v":0},0,{"$f":"H919+SUMIF(NHAP!$D$1:$D$5000,DMHH!B919,NHAP!$I$1:$I$5000)-SUMIF(XUAT!$E$1:$E$5000,DMHH!B919,XUAT!$L$1:$L$5000)","v":0}]
[null,null,null,null,null,null,null,null,null,{"$f":"F920+SUMIF(NHAP!$D$1:$D$5000,B920,NHAP!$G$1:$G$5000)-SUMIF(XUAT!$E$1:$E$5000,B920,XUAT!$H$1:$H$5000)","v":0},0,{"$f":"H920+SUMIF(NHAP!$D$1:$D$5000,DMHH!B920,NHAP!$I$1:$I$5000)-SUMIF(XUAT!$E$1:$E$5000,DMHH!B920,XUAT!$L$1:$L$5000)","v":0}]
[null,null,null,null,null,null,null,null,null,{"$f":"F921+SUMIF(NHAP!$D$1:$D$5000,B921,NHAP!$G$1:$G$5000)-SUMIF(XUAT!$E$1:$E$5000,B921,XUAT!$H$1:$H$5000)","v":0},0,{"$f":"H921+SUMIF(NHAP!$D$1:$D$5000,DMHH!B921,NHAP!$I$1:$I$5000)-SUMIF(XUAT!$E$1:$E$5000,DMHH!B921,XUAT!$L$1:$L$5000)","v":0}]
[null,null,null,null,null,null,null,null,null,{"$f":"F922+SUMIF(NHAP!$D$1:$D$5000,B922,NHAP!$G$1:$G$5000)-SUMIF(XUAT!$E$1:$E$5000,B922,XUAT!$H$1:$H$5000)","v":0},0,{"$f":"H922+SUMIF(NHAP!$D$1:$D$5000,DMHH!B922,NHAP!$I$1:$I$5000)-SUMIF(XUAT!$E$1:$E$5000,DMHH!B922,XUAT!$L$1:$L$5000)","v":0}]
[null,null,null,null,null,null,null,null,null,{"$f":"F923+SUMIF(NHAP!$D$1:$D$5000,B923,NHAP!$G$1:$G$5000)-SUMIF(XUAT!$E$1:$E$5000,B923,XUAT!$H$1:$H$5000)","v":0},0,{"$f":"H923+SUMIF(NHAP!$D$1:$D$5000,DMHH!B923,NHAP!$I$1:$I$5000)-SUMIF(XUAT!$E$1:$E$5000,DMHH!B923,XUAT!$L$1:$L$5000)","v":0}]
[null,null,null,null,null,null,null,null,null,{"$f":"F924+SUMIF(NHAP!$D$1:$D$5000,B924,NHAP!$G$1:$G$5000)-SUMIF(XUAT!$E$1:$E$5000,B924,XUAT!$H$1:$H$5000)","v":0},0,{"$f":"H924+SUMIF(NHAP!$D$1:$D$5000,DMHH!B924,NHAP!$I$1:$I$5000)-SUMIF(XUAT!$E$1:$E$5000,DMHH!B924,XUAT!$L$1:$L$5000)","v":0}]
[null,null,null,null,null,null,null,null,null,{"$f":"F925+SUMIF(NHAP!$D$1:$D$5000,B925,NHAP!$G$1:$G$5000)-SUMIF(XUAT!$E$1:$E$5000,B925,XUAT!$H$1:$H$5000)","v":0},0,{"$f":"H925+SUMIF(NHAP!$D$1:$D$5000,DMHH!B925,NHAP!$I$1:$I$5000)-SUMIF(XUAT!$E$1:$E$5000,DMHH!B925,XUAT!$L$1:$L$5000)","v":0}]
[null,null,null,null,null,null,null,null,null,{"$f":"F926+SUMIF(NHAP!$D$1:$D$5000,B926,NHAP!$G$1:$G$5000)-SUMIF(XUAT!$E$1:$E$5000,B926,XUAT!$H$1:$H$5000)","v":0},0,{"$f":"H926+SUMIF(NHAP!$D$1:$D$5000,DMHH!B926,NHAP!$I$1:$I$5000)-SUMIF(XUAT!$E$1:$E$5000,DMHH!B926,XUAT!$L$1:$L$5000)","v":0}]
[null,null,null,null,null,null,null,null,null,{"$f":"F927+SUMIF(NHAP!$D$1:$D$5000,B927,NHAP!$G$1:$G$5000)-SUMIF(XUAT!$E$1:$E$5000,B927,XUAT!$H$1:$H$5000)","v":0},0,{"$f":"H927+SUMIF(NHAP!$D$1:$D$5000,DMHH!B927,NHAP!$I$1:$I$5000)-SUMIF(XUAT!$E$1:$E$5000,DMHH!B927,XUAT!$L$1:$L$5000)","v":0}]
[null,null,null,null,null,null,null,null,null,{"$f":"F928+SUMIF(NHAP!$D$1:$D$5000,B928,NHAP!$G$1:$G$5000)-SUMIF(XUAT!$E$1:$E$5000,B928,XUAT!$H$1:$H$5000)","v":0},0,{"$f":"H928+SUMIF(NHAP!$D$1:$D$5000,DMHH!B928,NHAP!$I$1:$I$5000)-SUMIF(XUAT!$E$1:$E$5000,DMHH!B928,XUAT!$L$1:$L$5000)","v":0}]
[null,null,null,null,null,null,null,null,null,{"$f":"F929+SUMIF(NHAP!$D$1:$D$5000,B929,NHAP!$G$1:$G$5000)-SUMIF(XUAT!$E$1:$E$5000,B929,XUAT!$H$1:$H$5000)","v":0},0,{"$f":"H929+SUMIF(NHAP!$D$1:$D$5000,DMHH!B929,NHAP!$I$1:$I$5000)-SUMIF(XUAT!$E$1:$E$5000,DMHH!B929,XUAT!$L$1:$L$5000)","v":0}]
[null,null,null,null,null,null,null,null,null,{"$f":"F930+SUMIF(NHAP!$D$1:$D$5000,B930,NHAP!$G$1:$G$5000)-SUMIF(XUAT!$E$1:$E$5000,B930,XUAT!$H$1:$H$5000)","v":0},0,{"$f":"H930+SUMIF(NHAP!$D$1:$D$5000,DMHH!B930,NHAP!$I$1:$I$5000)-SUMIF(XUAT!$E$1:$E$5000,DMHH!B930,XUAT!$L$1:$L$5000)","v":0}]
[null,null,null,null,null,null,null,null,null,{"$f":"F931+SUMIF(NHAP!$D$1:$D$5000,B931,NHAP!$G$1:$G$5000)-SUMIF(XUAT!$E$1:$E$5000,B931,XUAT!$H$1:$H$5000)","v":0},0,{"$f":"H931+SUMIF(NHAP!$D$1:$D$5000,DMHH!B931,NHAP!$I$1:$I$5000)-SUMIF(XUAT!$E$1:$E$5000,DMHH!B931,XUAT!$L$1:$L$5000)","v":0}]
[null,null,null,null,null,null,null,null,null,{"$f":"F932+SUMIF(NHAP!$D$1:$D$5000,B932,NHAP!$G$1:$G$5000)-SUMIF(XUAT!$E$1:$E$5000,B932,XUAT!$H$1:$H$5000)","v":0},0,{"$f":"H932+SUMIF(NHAP!$D$1:$D$5000,DMHH!B932,NHAP!$I$1:$I$5000)-SUMIF(XUAT!$E$1:$E$5000,DMHH!B932,XUAT!$L$1:$L$5000)","v":0}]
[null,null,null,null,null,null,null,null,null,{"$f":"F933+SUMIF(NHAP!$D$1:$D$5000,B933,NHAP!$G$1:$G$5000)-SUMIF(XUAT!$E$1:$E$5000,B933,XUAT!$H$1:$H$5000)","v":0},0,{"$f":"H933+SUMIF(NHAP!$D$1:$D$5000,DMHH!B933,NHAP!$I$1:$I$5000)-SUMIF(XUAT!$E$1:$E$5000,DMHH!B933,XUAT!$L$1:$L$5000)","v":0}]
[null,null,null,null,null,null,null,null,null,{"$f":"F934+SUMIF(NHAP!$D$1:$D$5000,B934,NHAP!$G$1:$G$5000)-SUMIF(XUAT!$E$1:$E$5000,B934,XUAT!$H$1:$H$5000)","v":0},0,{"$f":"H934+SUMIF(NHAP!$D$1:$D$5000,DMHH!B934,NHAP!$I$1:$I$5000)-SUMIF(XUAT!$E$1:$E$5000,DMHH!B934,XUAT!$L$1:$L$5000)","v":0}]
[null,null,null,null,null,null,null,null,null,{"$f":"F935+SUMIF(NHAP!$D$1:$D$5000,B935,NHAP!$G$1:$G$5000)-SUMIF(XUAT!$E$1:$E$5000,B935,XUAT!$H$1:$H$5000)","v":0},0,{"$f":"H935+SUMIF(NHAP!$D$1:$D$5000,DMHH!B935,NHAP!$I$1:$I$5000)-SUMIF(XUAT!$E$1:$E$5000,DMHH!B935,XUAT!$L$1:$L$5000)","v":0}]
[null,null,null,null,null,null,null,null,null,{"$f":"F936+SUMIF(NHAP!$D$1:$D$5000,B936,NHAP!$G$1:$G$5000)-SUMIF(XUAT!$E$1:$E$5000,B936,XUAT!$H$1:$H$5000)","v":0},0,{"$f":"H936+SUMIF(NHAP!$D$1:$D$5000,DMHH!B936,NHAP!$I$1:$I$5000)-SUMIF(XUAT!$E$1:$E$5000,DMHH!B936,XUAT!$L$1:$L$5000)","v":0}]
[null,null,null,null,null,null,null,null,null,{"$f":"F937+SUMIF(NHAP!$D$1:$D$5000,B937,NHAP!$G$1:$G$5000)-SUMIF(XUAT!$E$1:$E$5000,B937,XUAT!$H$1:$H$5000)","v":0},0,{"$f":"H937+SUMIF(NHAP!$D$1:$D$5000,DMHH!B937,NHAP!$I$1:$I$5000)-SUMIF(XUAT!$E$1:$E$5000,DMHH!B937,XUAT!$L$1:$L$5000)","v":0}]
[null,null,null,null,null,null,null,null,null,{"$f":"F938+SUMIF(NHAP!$D$1:$D$5000,B938,NHAP!$G$1:$G$5000)-SUMIF(XUAT!$E$1:$E$5000,B938,XUAT!$H$1:$H$5000)","v":0},0,{"$f":"H938+SUMIF(NHAP!$D$1:$D$5000,DMHH!B938,NHAP!$I$1:$I$5000)-SUMIF(XUAT!$E$1:$E$5000,DMHH!B938,XUAT!$L$1:$L$5000)","v":0}]
[null,null,null,null,null,null,null,null,null,{"$f":"F939+SUMIF(NHAP!$D$1:$D$5000,B939,NHAP!$G$1:$G$5000)-SUMIF(XUAT!$E$1:$E$5000,B939,XUAT!$H$1:$H$5000)","v":0},0,{"$f":"H939+SUMIF(NHAP!$D$1:$D$5000,DMHH!B939,NHAP!$I$1:$I$5000)-SUMIF(XUAT!$E$1:$E$5000,DMHH!B939,XUAT!$L$1:$L$5000)","v":0}]
[null,null,null,null,null,null,null,null,null,{"$f":"F940+SUMIF(NHAP!$D$1:$D$5000,B940,NHAP!$G$1:$G$5000)-SUMIF(XUAT!$E$1:$E$5000,B940,XUAT!$H$1:$H$5000)","v":0},0,{"$f":"H940+SUMIF(NHAP!$D$1:$D$5000,DMHH!B940,NHAP!$I$1:$I$5000)-SUMIF(XUAT!$E$1:$E$5000,DMHH!B940,XUAT!$L$1:$L$5000)","v":0}]
[null,null,null,null,null,null,null,null,null,{"$f":"F941+SUMIF(NHAP!$D$1:$D$5000,B941,NHAP!$G$1:$G$5000)-SUMIF(XUAT!$E$1:$E$5000,B941,XUAT!$H$1:$H$5000)","v":0},0,{"$f":"H941+SUMIF(NHAP!$D$1:$D$5000,DMHH!B941,NHAP!$I$1:$I$5000)-SUMIF(XUAT!$E$1:$E$5000,DMHH!B941,XUAT!$L$1:$L$5000)","v":0}]
[null,null,null,null,null,null,null,null,null,{"$f":"F942+SUMIF(NHAP!$D$1:$D$5000,B942,NHAP!$G$1:$G$5000)-SUMIF(XUAT!$E$1:$E$5000,B942,XUAT!$H$1:$H$5000)","v":0},0,{"$f":"H942+SUMIF(NHAP!$D$1:$D$5000,DMHH!B942,NHAP!$I$1:$I$5000)-SUMIF(XUAT!$E$1:$E$5000,DMHH!B942,XUAT!$L$1:$L$5000)","v":0}]
[null,null,null,null,null,null,null,null,null,{"$f":"F943+SUMIF(NHAP!$D$1:$D$5000,B943,NHAP!$G$1:$G$5000)-SUMIF(XUAT!$E$1:$E$5000,B943,XUAT!$H$1:$H$5000)","v":0},0,{"$f":"H943+SUMIF(NHAP!$D$1:$D$5000,DMHH!B943,NHAP!$I$1:$I$5000)-SUMIF(XUAT!$E$1:$E$5000,DMHH!B943,XUAT!$L$1:$L$5000)","v":0}]
[null,null,null,null,null,null,null,null,null,{"$f":"F944+SUMIF(NHAP!$D$1:$D$5000,B944,NHAP!$G$1:$G$5000)-SUMIF(XUAT!$E$1:$E$5000,B944,XUAT!$H$1:$H$5000)","v":0},0,{"$f":"H944+SUMIF(NHAP!$D$1:$D$5000,DMHH!B944,NHAP!$I$1:$I$5000)-SUMIF(XUAT!$E$1:$E$5000,DMHH!B944,XUAT!$L$1:$L$5000)","v":0}]
[null,null,null,null,null,null,null,null,null,{"$f":"F945+SUMIF(NHAP!$D$1:$D$5000,B945,NHAP!$G$1:$G$5000)-SUMIF(XUAT!$E$1:$E$5000,B945,XUAT!$H$1:$H$5000)","v":0},0,{"$f":"H945+SUMIF(NHAP!$D$1:$D$5000,DMHH!B945,NHAP!$I$1:$I$5000)-SUMIF(XUAT!$E$1:$E$5000,DMHH!B945,XUAT!$L$1:$L$5000)","v":0}]
[null,null,null,null,null,null,null,null,null,{"$f":"F946+SUMIF(NHAP!$D$1:$D$5000,B946,NHAP!$G$1:$G$5000)-SUMIF(XUAT!$E$1:$E$5000,B946,XUAT!$H$1:$H$5000)","v":0},0,{"$f":"H946+SUMIF(NHAP!$D$1:$D$5000,DMHH!B946,NHAP!$I$1:$I$5000)-SUMIF(XUAT!$E$1:$E$5000,DMHH!B946,XUAT!$L$1:$L$5000)","v":0}]
[null,null,null,null,null,null,null,null,null,{"$f":"F947+SUMIF(NHAP!$D$1:$D$5000,B947,NHAP!$G$1:$G$5000)-SUMIF(XUAT!$E$1:$E$5000,B947,XUAT!$H$1:$H$5000)","v":0},0,{"$f":"H947+SUMIF(NHAP!$D$1:$D$5000,DMHH!B947,NHAP!$I$1:$I$5000)-SUMIF(XUAT!$E$1:$E$5000,DMHH!B947,XUAT!$L$1:$L$5000)","v":0}]
[null,null,null,null,null,null,null,null,null,{"$f":"F948+SUMIF(NHAP!$D$1:$D$5000,B948,NHAP!$G$1:$G$5000)-SUMIF(XUAT!$E$1:$E$5000,B948,XUAT!$H$1:$H$5000)","v":0},0,{"$f":"H948+SUMIF(NHAP!$D$1:$D$5000,DMHH!B948,NHAP!$I$1:$I$5000)-SUMIF(XUAT!$E$1:$E$5000,DMHH!B948,XUAT!$L$1:$L$5000)","v":0}]
[null,null,null,null,null,null,null,null,null,{"$f":"F949+SUMIF(NHAP!$D$1:$D$5000,B949,NHAP!$G$1:$G$5000)-SUMIF(XUAT!$E$1:$E$5000,B949,XUAT!$H$1:$H$5000)","v":0},0,{"$f":"H949+SUMIF(NHAP!$D$1:$D$5000,DMHH!B949,NHAP!$I$1:$I$5000)-SUMIF(XUAT!$E$1:$E$5000,DMHH!B949,XUAT!$L$1:$L$5000)","v":0}]
[null,null,null,null,null,null,null,null,null,{"$f":"F950+SUMIF(NHAP!$D$1:$D$5000,B950,NHAP!$G$1:$G$5000)-SUMIF(XUAT!$E$1:$E$5000,B950,XUAT!$H$1:$H$5000)","v":0},0,{"$f":"H950+SUMIF(NHAP!$D$1:$D$5000,DMHH!B950,NHAP!$I$1:$I$5000)-SUMIF(XUAT!$E$1:$E$5000,DMHH!B950,XUAT!$L$1:$L$5000)","v":0}]
[null,null,null,null,null,null,null,null,null,{"$f":"F951+SUMIF(NHAP!$D$1:$D$5000,B951,NHAP!$G$1:$G$5000)-SUMIF(XUAT!$E$1:$E$5000,B951,XUAT!$H$1:$H$5000)","v":0},0,{"$f":"H951+SUMIF(NHAP!$D$1:$D$5000,DMHH!B951,NHAP!$I$1:$I$5000)-SUMIF(XUAT!$E$1:$E$5000,DMHH!B951,XUAT!$L$1:$L$5000)","v":0}]
[null,null,null,null,null,null,null,null,null,{"$f":"F952+SUMIF(NHAP!$D$1:$D$5000,B952,NHAP!$G$1:$G$5000)-SUMIF(XUAT!$E$1:$E$5000,B952,XUAT!$H$1:$H$5000)","v":0},0,{"$f":"H952+SUMIF(NHAP!$D$1:$D$5000,DMHH!B952,NHAP!$I$1:$I$5000)-SUMIF(XUAT!$E$1:$E$5000,DMHH!B952,XUAT!$L$1:$L$5000)","v":0}]
[null,null,null,null,null,null,null,null,null,{"$f":"F953+SUMIF(NHAP!$D$1:$D$5000,B953,NHAP!$G$1:$G$5000)-SUMIF(XUAT!$E$1:$E$5000,B953,XUAT!$H$1:$H$5000)","v":0},0,{"$f":"H953+SUMIF(NHAP!$D$1:$D$5000,DMHH!B953,NHAP!$I$1:$I$5000)-SUMIF(XUAT!$E$1:$E$5000,DMHH!B953,XUAT!$L$1:$L$5000)","v":0}]
[null,null,null,null,null,null,null,null,null,{"$f":"F954+SUMIF(NHAP!$D$1:$D$5000,B954,NHAP!$G$1:$G$5000)-SUMIF(XUAT!$E$1:$E$5000,B954,XUAT!$H$1:$H$5000)","v":0},0,{"$f":"H954+SUMIF(NHAP!$D$1:$D$5000,DMHH!B954,NHAP!$I$1:$I$5000)-SUMIF(XUAT!$E$1:$E$5000,DMHH!B954,XUAT!$L$1:$L$5000)","v":0}]
[null,null,null,null,null,null,null,null,null,{"$f":"F955+SUMIF(NHAP!$D$1:$D$5000,B955,NHAP!$G$1:$G$5000)-SUMIF(XUAT!$E$1:$E$5000,B955,XUAT!$H$1:$H$5000)","v":0},0,{"$f":"H955+SUMIF(NHAP!$D$1:$D$5000,DMHH!B955,NHAP!$I$1:$I$5000)-SUMIF(XUAT!$E$1:$E$5000,DMHH!B955,XUAT!$L$1:$L$5000)","v":0}]
[null,null,null,null,null,null,null,null,null,{"$f":"F956+SUMIF(NHAP!$D$1:$D$5000,B956,NHAP!$G$1:$G$5000)-SUMIF(XUAT!$E$1:$E$5000,B956,XUAT!$H$1:$H$5000)","v":0},0,{"$f":"H956+SUMIF(NHAP!$D$1:$D$5000,DMHH!B956,NHAP!$I$1:$I$5000)-SUMIF(XUAT!$E$1:$E$5000,DMHH!B956,XUAT!$L$1:$L$5000)","v":0}]
[null,null,null,null,null,null,null,null,null,{"$f":"F957+SUMIF(NHAP!$D$1:$D$5000,B957,NHAP!$G$1:$G$5000)-SUMIF(XUAT!$E$1:$E$5000,B957,XUAT!$H$1:$H$5000)","v":0},0,{"$f":"H957+SUMIF(NHAP!$D$1:$D$5000,DMHH!B957,NHAP!$I$1:$I$5000)-SUMIF(XUAT!$E$1:$E$5000,DMHH!B957,XUAT!$L$1:$L$5000)","v":0}]
[null,null,null,null,null,null,null,null,null,{"$f":"F958+SUMIF(NHAP!$D$1:$D$5000,B958,NHAP!$G$1:$G$5000)-SUMIF(XUAT!$E$1:$E$5000,B958,XUAT!$H$1:$H$5000)","v":0},0,{"$f":"H958+SUMIF(NHAP!$D$1:$D$5000,DMHH!B958,NHAP!$I$1:$I$5000)-SUMIF(XUAT!$E$1:$E$5000,DMHH!B958,XUAT!$L$1:$L$5000)","v":0}]
[null,null,null,null,null,null,null,null,null,{"$f":"F959+SUMIF(NHAP!$D$1:$D$5000,B959,NHAP!$G$1:$G$5000)-SUMIF(XUAT!$E$1:$E$5000,B959,XUAT!$H$1:$H$5000)","v":0},0,{"$f":"H959+SUMIF(NHAP!$D$1:$D$5000,DMHH!B959,NHAP!$I$1:$I$5000)-SUMIF(XUAT!$E$1:$E$5000,DMHH!B959,XUAT!$L$1:$L$5000)","v":0}]
[null,null,null,null,null,null,null,null,null,{"$f":"F960+SUMIF(NHAP!$D$1:$D$5000,B960,NHAP!$G$1:$G$5000)-SUMIF(XUAT!$E$1:$E$5000,B960,XUAT!$H$1:$H$5000)","v":0},0,{"$f":"H960+SUMIF(NHAP!$D$1:$D$5000,DMHH!B960,NHAP!$I$1:$I$5000)-SUMIF(XUAT!$E$1:$E$5000,DMHH!B960,XUAT!$L$1:$L$5000)","v":0}]
[null,null,null,null,null,null,null,null,null,{"$f":"F961+SUMIF(NHAP!$D$1:$D$5000,B961,NHAP!$G$1:$G$5000)-SUMIF(XUAT!$E$1:$E$5000,B961,XUAT!$H$1:$H$5000)","v":0},0,{"$f":"H961+SUMIF(NHAP!$D$1:$D$5000,DMHH!B961,NHAP!$I$1:$I$5000)-SUMIF(XUAT!$E$1:$E$5000,DMHH!B961,XUAT!$L$1:$L$5000)","v":0}]
[null,null,null,null,null,null,null,null,null,{"$f":"F962+SUMIF(NHAP!$D$1:$D$5000,B962,NHAP!$G$1:$G$5000)-SUMIF(XUAT!$E$1:$E$5000,B962,XUAT!$H$1:$H$5000)","v":0},0,{"$f":"H962+SUMIF(NHAP!$D$1:$D$5000,DMHH!B962,NHAP!$I$1:$I$5000)-SUMIF(XUAT!$E$1:$E$5000,DMHH!B962,XUAT!$L$1:$L$5000)","v":0}]
[null,null,null,null,null,null,null,null,null,{"$f":"F963+SUMIF(NHAP!$D$1:$D$5000,B963,NHAP!$G$1:$G$5000)-SUMIF(XUAT!$E$1:$E$5000,B963,XUAT!$H$1:$H$5000)","v":0},0,{"$f":"H963+SUMIF(NHAP!$D$1:$D$5000,DMHH!B963,NHAP!$I$1:$I$5000)-SUMIF(XUAT!$E$1:$E$5000,DMHH!B963,XUAT!$L$1:$L$5000)","v":0}]
[null,null,null,null,null,null,null,null,null,{"$f":"F964+SUMIF(NHAP!$D$1:$D$5000,B964,NHAP!$G$1:$G$5000)-SUMIF(XUAT!$E$1:$E$5000,B964,XUAT!$H$1:$H$5000)","v":0},{"$f":"IF(J964=0,0,L964/J964)","v":0},{"$f":"H964+SUMIF(NHAP!$D$1:$D$5000,DMHH!B964,NHAP!$I$1:$I$5000)-SUMIF(XUAT!$E$1:$E$5000,DMHH!B964,XUAT!$L$1:$L$5000)","v":0}]
[null,null,null,null,null,null,null,null,null,{"$f":"F965+SUMIF(NHAP!$D$1:$D$5000,B965,NHAP!$G$1:$G$5000)-SUMIF(XUAT!$E$1:$E$5000,B965,XUAT!$H$1:$H$5000)","v":0},0,{"$f":"H965+SUMIF(NHAP!$D$1:$D$5000,DMHH!B965,NHAP!$I$1:$I$5000)-SUMIF(XUAT!$E$1:$E$5000,DMHH!B965,XUAT!$L$1:$L$5000)","v":0}]
[null,null,null,null,null,null,null,null,null,{"$f":"F966+SUMIF(NHAP!$D$1:$D$5000,B966,NHAP!$G$1:$G$5000)-SUMIF(XUAT!$E$1:$E$5000,B966,XUAT!$H$1:$H$5000)","v":0},0,{"$f":"H966+SUMIF(NHAP!$D$1:$D$5000,DMHH!B966,NHAP!$I$1:$I$5000)-SUMIF(XUAT!$E$1:$E$5000,DMHH!B966,XUAT!$L$1:$L$5000)","v":0}]
[null,null,null,null,null,null,null,null,null,{"$f":"F967+SUMIF(NHAP!$D$1:$D$5000,B967,NHAP!$G$1:$G$5000)-SUMIF(XUAT!$E$1:$E$5000,B967,XUAT!$H$1:$H$5000)","v":0},0,{"$f":"H967+SUMIF(NHAP!$D$1:$D$5000,DMHH!B967,NHAP!$I$1:$I$5000)-SUMIF(XUAT!$E$1:$E$5000,DMHH!B967,XUAT!$L$1:$L$5000)","v":0}]
[null,null,null,null,null,null,null,null,null,{"$f":"F968+SUMIF(NHAP!$D$1:$D$5000,B968,NHAP!$G$1:$G$5000)-SUMIF(XUAT!$E$1:$E$5000,B968,XUAT!$H$1:$H$5000)","v":0},0,{"$f":"H968+SUMIF(NHAP!$D$1:$D$5000,DMHH!B968,NHAP!$I$1:$I$5000)-SUMIF(XUAT!$E$1:$E$5000,DMHH!B968,XUAT!$L$1:$L$5000)","v":0}]
[null,null,null,null,null,null,null,null,null,{"$f":"F969+SUMIF(NHAP!$D$1:$D$5000,B969,NHAP!$G$1:$G$5000)-SUMIF(XUAT!$E$1:$E$5000,B969,XUAT!$H$1:$H$5000)","v":0},0,{"$f":"H969+SUMIF(NHAP!$D$1:$D$5000,DMHH!B969,NHAP!$I$1:$I$5000)-SUMIF(XUAT!$E$1:$E$5000,DMHH!B969,XUAT!$L$1:$L$5000)","v":0}]
[null,null,null,null,null,null,null,null,null,{"$f":"F970+SUMIF(NHAP!$D$1:$D$5000,B970,NHAP!$G$1:$G$5000)-SUMIF(XUAT!$E$1:$E$5000,B970,XUAT!$H$1:$H$5000)","v":0},0,{"$f":"H970+SUMIF(NHAP!$D$1:$D$5000,DMHH!B970,NHAP!$I$1:$I$5000)-SUMIF(XUAT!$E$1:$E$5000,DMHH!B970,XUAT!$L$1:$L$5000)","v":0}]
[null,null,null,null,null,null,null,null,null,{"$f":"F971+SUMIF(NHAP!$D$1:$D$5000,B971,NHAP!$G$1:$G$5000)-SUMIF(XUAT!$E$1:$E$5000,B971,XUAT!$H$1:$H$5000)","v":0},0,{"$f":"H971+SUMIF(NHAP!$D$1:$D$5000,DMHH!B971,NHAP!$I$1:$I$5000)-SUMIF(XUAT!$E$1:$E$5000,DMHH!B971,XUAT!$L$1:$L$5000)","v":0}]
[null,null,null,null,null,null,null,null,null,{"$f":"F972+SUMIF(NHAP!$D$1:$D$5000,B972,NHAP!$G$1:$G$5000)-SUMIF(XUAT!$E$1:$E$5000,B972,XUAT!$H$1:$H$5000)","v":0},0,{"$f":"H972+SUMIF(NHAP!$D$1:$D$5000,DMHH!B972,NHAP!$I$1:$I$5000)-SUMIF(XUAT!$E$1:$E$5000,DMHH!B972,XUAT!$L$1:$L$5000)","v":0}]
[null,null,null,null,null,null,null,null,null,{"$f":"F973+SUMIF(NHAP!$D$1:$D$5000,B973,NHAP!$G$1:$G$5000)-SUMIF(XUAT!$E$1:$E$5000,B973,XUAT!$H$1:$H$5000)","v":0},0,{"$f":"H973+SUMIF(NHAP!$D$1:$D$5000,DMHH!B973,NHAP!$I$1:$I$5000)-SUMIF(XUAT!$E$1:$E$5000,DMHH!B973,XUAT!$L$1:$L$5000)","v":0}]
[null,null,null,null,null,null,null,null,null,{"$f":"F974+SUMIF(NHAP!$D$1:$D$5000,B974,NHAP!$G$1:$G$5000)-SUMIF(XUAT!$E$1:$E$5000,B974,XUAT!$H$1:$H$5000)","v":0},0,{"$f":"H974+SUMIF(NHAP!$D$1:$D$5000,DMHH!B974,NHAP!$I$1:$I$5000)-SUMIF(XUAT!$E$1:$E$5000,DMHH!B974,XUAT!$L$1:$L$5000)","v":0}]
[null,null,null,null,null,null,null,null,null,{"$f":"F975+SUMIF(NHAP!$D$1:$D$5000,B975,NHAP!$G$1:$G$5000)-SUMIF(XUAT!$E$1:$E$5000,B975,XUAT!$H$1:$H$5000)","v":0},0,{"$f":"H975+SUMIF(NHAP!$D$1:$D$5000,DMHH!B975,NHAP!$I$1:$I$5000)-SUMIF(XUAT!$E$1:$E$5000,DMHH!B975,XUAT!$L$1:$L$5000)","v":0}]
[null,null,null,null,null,null,null,null,null,{"$f":"F976+SUMIF(NHAP!$D$1:$D$5000,B976,NHAP!$G$1:$G$5000)-SUMIF(XUAT!$E$1:$E$5000,B976,XUAT!$H$1:$H$5000)","v":0},0,{"$f":"H976+SUMIF(NHAP!$D$1:$D$5000,DMHH!B976,NHAP!$I$1:$I$5000)-SUMIF(XUAT!$E$1:$E$5000,DMHH!B976,XUAT!$L$1:$L$5000)","v":0}]
[null,null,null,null,null,null,null,null,null,{"$f":"F977+SUMIF(NHAP!$D$1:$D$5000,B977,NHAP!$G$1:$G$5000)-SUMIF(XUAT!$E$1:$E$5000,B977,XUAT!$H$1:$H$5000)","v":0},0,{"$f":"H977+SUMIF(NHAP!$D$1:$D$5000,DMHH!B977,NHAP!$I$1:$I$5000)-SUMIF(XUAT!$E$1:$E$5000,DMHH!B977,XUAT!$L$1:$L$5000)","v":0}]
[null,null,null,null,null,null,null,null,null,{"$f":"F978+SUMIF(NHAP!$D$1:$D$5000,B978,NHAP!$G$1:$G$5000)-SUMIF(XUAT!$E$1:$E$5000,B978,XUAT!$H$1:$H$5000)","v":0},0,{"$f":"H978+SUMIF(NHAP!$D$1:$D$5000,DMHH!B978,NHAP!$I$1:$I$5000)-SUMIF(XUAT!$E$1:$E$5000,DMHH!B978,XUAT!$L$1:$L$5000)","v":0}]
[null,null,null,null,null,null,null,null,null,{"$f":"F979+SUMIF(NHAP!$D$1:$D$5000,B979,NHAP!$G$1:$G$5000)-SUMIF(XUAT!$E$1:$E$5000,B979,XUAT!$H$1:$H$5000)","v":0},0,{"$f":"H979+SUMIF(NHAP!$D$1:$D$5000,DMHH!B979,NHAP!$I$1:$I$5000)-SUMIF(XUAT!$E$1:$E$5000,DMHH!B979,XUAT!$L$1:$L$5000)","v":0}]
[null,null,null,null,null,null,null,null,null,{"$f":"F980+SUMIF(NHAP!$D$1:$D$5000,B980,NHAP!$G$1:$G$5000)-SUMIF(XUAT!$E$1:$E$5000,B980,XUAT!$H$1:$H$5000)","v":0},0,{"$f":"H980+SUMIF(NHAP!$D$1:$D$5000,DMHH!B980,NHAP!$I$1:$I$5000)-SUMIF(XUAT!$E$1:$E$5000,DMHH!B980,XUAT!$L$1:$L$5000)","v":0}]
[null,null,null,null,null,null,null,null,null,{"$f":"F981+SUMIF(NHAP!$D$1:$D$5000,B981,NHAP!$G$1:$G$5000)-SUMIF(XUAT!$E$1:$E$5000,B981,XUAT!$H$1:$H$5000)","v":0},0,{"$f":"H981+SUMIF(NHAP!$D$1:$D$5000,DMHH!B981,NHAP!$I$1:$I$5000)-SUMIF(XUAT!$E$1:$E$5000,DMHH!B981,XUAT!$L$1:$L$5000)","v":0}]
[null,null,null,null,null,null,null,null,null,{"$f":"F982+SUMIF(NHAP!$D$1:$D$5000,B982,NHAP!$G$1:$G$5000)-SUMIF(XUAT!$E$1:$E$5000,B982,XUAT!$H$1:$H$5000)","v":0},0,{"$f":"H982+SUMIF(NHAP!$D$1:$D$5000,DMHH!B982,NHAP!$I$1:$I$5000)-SUMIF(XUAT!$E$1:$E$5000,DMHH!B982,XUAT!$L$1:$L$5000)","v":0}]
[null,null,null,null,null,null,null,null,null,{"$f":"F983+SUMIF(NHAP!$D$1:$D$5000,B983,NHAP!$G$1:$G$5000)-SUMIF(XUAT!$E$1:$E$5000,B983,XUAT!$H$1:$H$5000)","v":0},0,{"$f":"H983+SUMIF(NHAP!$D$1:$D$5000,DMHH!B983,NHAP!$I$1:$I$5000)-SUMIF(XUAT!$E$1:$E$5000,DMHH!B983,XUAT!$L$1:$L$5000)","v":0}]
[null,null,null,null,null,null,null,null,null,{"$f":"F984+SUMIF(NHAP!$D$1:$D$5000,B984,NHAP!$G$1:$G$5000)-SUMIF(XUAT!$E$1:$E$5000,B984,XUAT!$H$1:$H$5000)","v":0},0,{"$f":"H984+SUMIF(NHAP!$D$1:$D$5000,DMHH!B984,NHAP!$I$1:$I$5000)-SUMIF(XUAT!$E$1:$E$5000,DMHH!B984,XUAT!$L$1:$L$5000)","v":0}]
[null,null,null,null,null,null,null,null,null,{"$f":"F985+SUMIF(NHAP!$D$1:$D$5000,B985,NHAP!$G$1:$G$5000)-SUMIF(XUAT!$E$1:$E$5000,B985,XUAT!$H$1:$H$5000)","v":0},0,{"$f":"H985+SUMIF(NHAP!$D$1:$D$5000,DMHH!B985,NHAP!$I$1:$I$5000)-SUMIF(XUAT!$E$1:$E$5000,DMHH!B985,XUAT!$L$1:$L$5000)","v":0}]
[null,null,null,null,null,null,null,null,null,{"$f":"F986+SUMIF(NHAP!$D$1:$D$5000,B986,NHAP!$G$1:$G$5000)-SUMIF(XUAT!$E$1:$E$5000,B986,XUAT!$H$1:$H$5000)","v":0},0,{"$f":"H986+SUMIF(NHAP!$D$1:$D$5000,DMHH!B986,NHAP!$I$1:$I$5000)-SUMIF(XUAT!$E$1:$E$5000,DMHH!B986,XUAT!$L$1:$L$5000)","v":0}]
[null,null,null,null,null,null,null,null,null,{"$f":"F987+SUMIF(NHAP!$D$1:$D$5000,B987,NHAP!$G$1:$G$5000)-SUMIF(XUAT!$E$1:$E$5000,B987,XUAT!$H$1:$H$5000)","v":0},0,{"$f":"H987+SUMIF(NHAP!$D$1:$D$5000,DMHH!B987,NHAP!$I$1:$I$5000)-SUMIF(XUAT!$E$1:$E$5000,DMHH!B987,XUAT!$L$1:$L$5000)","v":0}]
[null,null,null,null,null,null,null,null,null,{"$f":"F988+SUMIF(NHAP!$D$1:$D$5000,B988,NHAP!$G$1:$G$5000)-SUMIF(XUAT!$E$1:$E$5000,B988,XUAT!$H$1:$H$5000)","v":0},0,{"$f":"H988+SUMIF(NHAP!$D$1:$D$5000,DMHH!B988,NHAP!$I$1:$I$5000)-SUMIF(XUAT!$E$1:$E$5000,DMHH!B988,XUAT!$L$1:$L$5000)","v":0}]
[null,null,null,null,null,null,null,null,null,{"$f":"F989+SUMIF(NHAP!$D$1:$D$5000,B989,NHAP!$G$1:$G$5000)-SUMIF(XUAT!$E$1:$E$5000,B989,XUAT!$H$1:$H$5000)","v":0},0,{"$f":"H989+SUMIF(NHAP!$D$1:$D$5000,DMHH!B989,NHAP!$I$1:$I$5000)-SUMIF(XUAT!$E$1:$E$5000,DMHH!B989,XUAT!$L$1:$L$5000)","v":0}]
[null,null,null,null,null,null,null,null,null,{"$f":"F990+SUMIF(NHAP!$D$1:$D$5000,B990,NHAP!$G$1:$G$5000)-SUMIF(XUAT!$E$1:$E$5000,B990,XUAT!$H$1:$H$5000)","v":0},0,{"$f":"H990+SUMIF(NHAP!$D$1:$D$5000,DMHH!B990,NHAP!$I$1:$I$5000)-SUMIF(XUAT!$E$1:$E$5000,DMHH!B990,XUAT!$L$1:$L$5000)","v":0}]
[null,null,null,null,null,null,null,null,null,{"$f":"F991+SUMIF(NHAP!$D$1:$D$5000,B991,NHAP!$G$1:$G$5000)-SUMIF(XUAT!$E$1:$E$5000,B991,XUAT!$H$1:$H$5000)","v":0},0,{"$f":"H991+SUMIF(NHAP!$D$1:$D$5000,DMHH!B991,NHAP!$I$1:$I$5000)-SUMIF(XUAT!$E$1:$E$5000,DMHH!B991,XUAT!$L$1:$L$5000)","v":0}]
[null,null,null,null,null,null,null,null,null,{"$f":"F992+SUMIF(NHAP!$D$1:$D$5000,B992,NHAP!$G$1:$G$5000)-SUMIF(XUAT!$E$1:$E$5000,B992,XUAT!$H$1:$H$5000)","v":0},0,{"$f":"H992+SUMIF(NHAP!$D$1:$D$5000,DMHH!B992,NHAP!$I$1:$I$5000)-SUMIF(XUAT!$E$1:$E$5000,DMHH!B992,XUAT!$L$1:$L$5000)","v":0}]
[null,null,null,null,null,null,null,null,null,{"$f":"F993+SUMIF(NHAP!$D$1:$D$5000,B993,NHAP!$G$1:$G$5000)-SUMIF(XUAT!$E$1:$E$5000,B993,XUAT!$H$1:$H$5000)","v":0},0,{"$f":"H993+SUMIF(NHAP!$D$1:$D$5000,DMHH!B993,NHAP!$I$1:$I$5000)-SUMIF(XUAT!$E$1:$E$5000,DMHH!B993,XUAT!$L$1:$L$5000)","v":0}]
[null,null,null,null,null,null,null,null,null,{"$f":"F994+SUMIF(NHAP!$D$1:$D$5000,B994,NHAP!$G$1:$G$5000)-SUMIF(XUAT!$E$1:$E$5000,B994,XUAT!$H$1:$H$5000)","v":0},0,{"$f":"H994+SUMIF(NHAP!$D$1:$D$5000,DMHH!B994,NHAP!$I$1:$I$5000)-SUMIF(XUAT!$E$1:$E$5000,DMHH!B994,XUAT!$L$1:$L$5000)","v":0}]
[null,null,null,null,null,null,null,null,null,{"$f":"F995+SUMIF(NHAP!$D$1:$D$5000,B995,NHAP!$G$1:$G$5000)-SUMIF(XUAT!$E$1:$E$5000,B995,XUAT!$H$1:$H$5000)","v":0},0,{"$f":"H995+SUMIF(NHAP!$D$1:$D$5000,DMHH!B995,NHAP!$I$1:$I$5000)-SUMIF(XUAT!$E$1:$E$5000,DMHH!B995,XUAT!$L$1:$L$5000)","v":0}]
[null,null,null,null,null,null,null,null,null,{"$f":"F996+SUMIF(NHAP!$D$1:$D$5000,B996,NHAP!$G$1:$G$5000)-SUMIF(XUAT!$E$1:$E$5000,B996,XUAT!$H$1:$H$5000)","v":0},0,{"$f":"H996+SUMIF(NHAP!$D$1:$D$5000,DMHH!B996,NHAP!$I$1:$I$5000)-SUMIF(XUAT!$E$1:$E$5000,DMHH!B996,XUAT!$L$1:$L$5000)","v":0}]
[null,null,null,null,null,null,null,null,null,{"$f":"F997+SUMIF(NHAP!$D$1:$D$5000,B997,NHAP!$G$1:$G$5000)-SUMIF(XUAT!$E$1:$E$5000,B997,XUAT!$H$1:$H$5000)","v":0},0,{"$f":"H997+SUMIF(NHAP!$D$1:$D$5000,DMHH!B997,NHAP!$I$1:$I$5000)-SUMIF(XUAT!$E$1:$E$5000,DMHH!B997,XUAT!$L$1:$L$5000)","v":0}]
[null,null,null,null,null,null,null,null,null,{"$f":"F998+SUMIF(NHAP!$D$1:$D$5000,B998,NHAP!$G$1:$G$5000)-SUMIF(XUAT!$E$1:$E$5000,B998,XUAT!$H$1:$H$5000)","v":0},0,{"$f":"H998+SUMIF(NHAP!$D$1:$D$5000,DMHH!B998,NHAP!$I$1:$I$5000)-SUMIF(XUAT!$E$1:$E$5000,DMHH!B998,XUAT!$L$1:$L$5000)","v":0}]
[null,null,null,null,null,null,null,null,null,{"$f":"F999+SUMIF(NHAP!$D$1:$D$5000,B999,NHAP!$G$1:$G$5000)-SUMIF(XUAT!$E$1:$E$5000,B999,XUAT!$H$1:$H$5000)","v":0},0,{"$f":"H999+SUMIF(NHAP!$D$1:$D$5000,DMHH!B999,NHAP!$I$1:$I$5000)-SUMIF(XUAT!$E$1:$E$5000,DMHH!B999,XUAT!$L$1:$L$5000)","v":0}]
[null,null,null,null,null,null,null,null,null,{"$f":"F1000+SUMIF(NHAP!$D$1:$D$5000,B1000,NHAP!$G$1:$G$5000)-SUMIF(XUAT!$E$1:$E$5000,B1000,XUAT!$H$1:$H$5000)","v":0},0,{"$f":"H1000+SUMIF(NHAP!$D$1:$D$5000,DMHH!B1000,NHAP!$I$1:$I$5000)-SUMIF(XUAT!$E$1:$E$5000,DMHH!B1000,XUAT!$L$1:$L$5000)","v":0}]
[null,null,null,null,null,null,null,null,null,{"$f":"F1001+SUMIF(NHAP!$D$1:$D$5000,B1001,NHAP!$G$1:$G$5000)-SUMIF(XUAT!$E$1:$E$5000,B1001,XUAT!$H$1:$H$5000)","v":0},0,{"$f":"H1001+SUMIF(NHAP!$D$1:$D$5000,DMHH!B1001,NHAP!$I$1:$I$5000)-SUMIF(XUAT!$E$1:$E$5000,DMHH!B1001,XUAT!$L$1:$L$5000)","v":0}]
[null,null,null,null,null,null,null,null,null,{"$f":"F1002+SUMIF(NHAP!$D$1:$D$5000,B1002,NHAP!$G$1:$G$5000)-SUMIF(XUAT!$E$1:$E$5000,B1002,XUAT!$H$1:$H$5000)","v":0},0,{"$f":"H1002+SUMIF(NHAP!$D$1:$D$5000,DMHH!B1002,NHAP!$I$1:$I$5000)-SUMIF(XUAT!$E$1:$E$5000,DMHH!B1002,XUAT!$L$1:$L$5000)","v":0}]

{"sheet":"DMKH","index":7,"n_rows":1002,"n_cols":9,"rows_kept":1002,"cut":false,"hidden":false,"merged":[[0,4,0,5],[0,7,0,8]]}
["STT","MÃ KH/ NCC","TÊN KH/ NCC","LOẠI","TỒN BẮT ĐẦU KỲ CŨ",null,null,"TỒN BẮT ĐẦU KỲ MỚI"]
[null,null,null,null,"Phải trả","Phải thu",null,"Phải trả","Phải thu"]
[1,"HP","Hải Phương","NCC",null,null,null,{"$f":"IF(D3=\"KH\",0,E3+SUMIF(NHAP!$L$1:$L$5000,B3,NHAP!$K$1:$K$5000)-SUMIF(NHAP!$L$1:$L$5000,B3,NHAP!$M$1:$M$5000))","v":624671380},{"$f":"IF(D3=\"NCC\",0,F3+SUMIF(XUAT!$N$1:$N$5000,B3,XUAT!$L$1:$L$5000)-SUMIF(XUAT!$N$1:$N$5000,B3,XUAT!$O$1:$O$5000))","v":0}]
[2,"KL","Khách lẻ","KH",null,null,null,{"$f":"IF(D4=\"KH\",0,E4+SUMIF(NHAP!$L$1:$L$5000,B4,NHAP!$K$1:$K$5000)-SUMIF(NHAP!$L$1:$L$5000,B4,NHAP!$M$1:$M$5000))","v":0},{"$f":"IF(D4=\"NCC\",0,F4+SUMIF(XUAT!$N$1:$N$5000,B4,XUAT!$L$1:$L$5000)-SUMIF(XUAT!$N$1:$N$5000,B4,XUAT!$O$1:$O$5000))","v":-516696307.86429977}]
[3,"PXV","Phú Xuân Việt","NCC",null,null,null,{"$f":"IF(D5=\"KH\",0,E5+SUMIF(NHAP!$L$1:$L$5000,B5,NHAP!$K$1:$K$5000)-SUMIF(NHAP!$L$1:$L$5000,B5,NHAP!$M$1:$M$5000))","v":792639385},{"$f":"IF(D5=\"NCC\",0,F5+SUMIF(XUAT!$N$1:$N$5000,B5,XUAT!$L$1:$L$5000)-SUMIF(XUAT!$N$1:$N$5000,B5,XUAT!$O$1:$O$5000))","v":0}]
[4,"VT","Việt Thành","NCC",null,null,null,{"$f":"IF(D6=\"KH\",0,E6+SUMIF(NHAP!$L$1:$L$5000,B6,NHAP!$K$1:$K$5000)-SUMIF(NHAP!$L$1:$L$5000,B6,NHAP!$M$1:$M$5000))","v":2604569272},{"$f":"IF(D6=\"NCC\",0,F6+SUMIF(XUAT!$N$1:$N$5000,B6,XUAT!$L$1:$L$5000)-SUMIF(XUAT!$N$1:$N$5000,B6,XUAT!$O$1:$O$5000))","v":0}]
[5,null,null,null,null,null,null,{"$f":"IF(D7=\"KH\",0,E7+SUMIF(NHAP!$L$1:$L$5000,B7,NHAP!$K$1:$K$5000)-SUMIF(NHAP!$L$1:$L$5000,B7,NHAP!$M$1:$M$5000))","v":0},{"$f":"IF(D7=\"NCC\",0,F7+SUMIF(XUAT!$N$1:$N$5000,B7,XUAT!$L$1:$L$5000)-SUMIF(XUAT!$N$1:$N$5000,B7,XUAT!$O$1:$O$5000))","v":0}]
[6,null,null,null,null,null,null,{"$f":"IF(D8=\"KH\",0,E8+SUMIF(NHAP!$L$1:$L$5000,B8,NHAP!$K$1:$K$5000)-SUMIF(NHAP!$L$1:$L$5000,B8,NHAP!$M$1:$M$5000))","v":0},{"$f":"IF(D8=\"NCC\",0,F8+SUMIF(XUAT!$N$1:$N$5000,B8,XUAT!$L$1:$L$5000)-SUMIF(XUAT!$N$1:$N$5000,B8,XUAT!$O$1:$O$5000))","v":0}]
[7,null,null,null,null,null,null,{"$f":"IF(D9=\"KH\",0,E9+SUMIF(NHAP!$L$1:$L$5000,B9,NHAP!$K$1:$K$5000)-SUMIF(NHAP!$L$1:$L$5000,B9,NHAP!$M$1:$M$5000))","v":0},{"$f":"IF(D9=\"NCC\",0,F9+SUMIF(XUAT!$N$1:$N$5000,B9,XUAT!$L$1:$L$5000)-SUMIF(XUAT!$N$1:$N$5000,B9,XUAT!$O$1:$O$5000))","v":0}]
[8,null,null,null,null,null,null,{"$f":"IF(D10=\"KH\",0,E10+SUMIF(NHAP!$L$1:$L$5000,B10,NHAP!$K$1:$K$5000)-SUMIF(NHAP!$L$1:$L$5000,B10,NHAP!$M$1:$M$5000))","v":0},{"$f":"IF(D10=\"NCC\",0,F10+SUMIF(XUAT!$N$1:$N$5000,B10,XUAT!$L$1:$L$5000)-SUMIF(XUAT!$N$1:$N$5000,B10,XUAT!$O$1:$O$5000))","v":0}]
[9,null,null,null,null,null,null,{"$f":"IF(D11=\"KH\",0,E11+SUMIF(NHAP!$L$1:$L$5000,B11,NHAP!$K$1:$K$5000)-SUMIF(NHAP!$L$1:$L$5000,B11,NHAP!$M$1:$M$5000))","v":0},{"$f":"IF(D11=\"NCC\",0,F11+SUMIF(XUAT!$N$1:$N$5000,B11,XUAT!$L$1:$L$5000)-SUMIF(XUAT!$N$1:$N$5000,B11,XUAT!$O$1:$O$5000))","v":0}]
[10,null,null,null,null,null,null,{"$f":"IF(D12=\"KH\",0,E12+SUMIF(NHAP!$L$1:$L$5000,B12,NHAP!$K$1:$K$5000)-SUMIF(NHAP!$L$1:$L$5000,B12,NHAP!$M$1:$M$5000))","v":0},{"$f":"IF(D12=\"NCC\",0,F12+SUMIF(XUAT!$N$1:$N$5000,B12,XUAT!$L$1:$L$5000)-SUMIF(XUAT!$N$1:$N$5000,B12,XUAT!$O$1:$O$5000))","v":0}]
[11,null,null,null,null,null,null,{"$f":"IF(D13=\"KH\",0,E13+SUMIF(NHAP!$L$1:$L$5000,B13,NHAP!$K$1:$K$5000)-SUMIF(NHAP!$L$1:$L$5000,B13,NHAP!$M$1:$M$5000))","v":0},{"$f":"IF(D13=\"NCC\",0,F13+SUMIF(XUAT!$N$1:$N$5000,B13,XUAT!$L$1:$L$5000)-SUMIF(XUAT!$N$1:$N$5000,B13,XUAT!$O$1:$O$5000))","v":0}]
[12,null,null,null,null,null,null,{"$f":"IF(D14=\"KH\",0,E14+SUMIF(NHAP!$L$1:$L$5000,B14,NHAP!$K$1:$K$5000)-SUMIF(NHAP!$L$1:$L$5000,B14,NHAP!$M$1:$M$5000))","v":0},{"$f":"IF(D14=\"NCC\",0,F14+SUMIF(XUAT!$N$1:$N$5000,B14,XUAT!$L$1:$L$5000)-SUMIF(XUAT!$N$1:$N$5000,B14,XUAT!$O$1:$O$5000))","v":0}]
[13,null,null,null,null,null,null,{"$f":"IF(D15=\"KH\",0,E15+SUMIF(NHAP!$L$1:$L$5000,B15,NHAP!$K$1:$K$5000)-SUMIF(NHAP!$L$1:$L$5000,B15,NHAP!$M$1:$M$5000))","v":0},{"$f":"IF(D15=\"NCC\",0,F15+SUMIF(XUAT!$N$1:$N$5000,B15,XUAT!$L$1:$L$5000)-SUMIF(XUAT!$N$1:$N$5000,B15,XUAT!$O$1:$O$5000))","v":0}]
[14,null,null,null,null,null,null,{"$f":"IF(D16=\"KH\",0,E16+SUMIF(NHAP!$L$1:$L$5000,B16,NHAP!$K$1:$K$5000)-SUMIF(NHAP!$L$1:$L$5000,B16,NHAP!$M$1:$M$5000))","v":0},{"$f":"IF(D16=\"NCC\",0,F16+SUMIF(XUAT!$N$1:$N$5000,B16,XUAT!$L$1:$L$5000)-SUMIF(XUAT!$N$1:$N$5000,B16,XUAT!$O$1:$O$5000))","v":0}]
[15,null,null,null,null,null,null,{"$f":"IF(D17=\"KH\",0,E17+SUMIF(NHAP!$L$1:$L$5000,B17,NHAP!$K$1:$K$5000)-SUMIF(NHAP!$L$1:$L$5000,B17,NHAP!$M$1:$M$5000))","v":0},{"$f":"IF(D17=\"NCC\",0,F17+SUMIF(XUAT!$N$1:$N$5000,B17,XUAT!$L$1:$L$5000)-SUMIF(XUAT!$N$1:$N$5000,B17,XUAT!$O$1:$O$5000))","v":0}]
[16,null,null,null,null,null,null,{"$f":"IF(D18=\"KH\",0,E18+SUMIF(NHAP!$L$1:$L$5000,B18,NHAP!$K$1:$K$5000)-SUMIF(NHAP!$L$1:$L$5000,B18,NHAP!$M$1:$M$5000))","v":0},{"$f":"IF(D18=\"NCC\",0,F18+SUMIF(XUAT!$N$1:$N$5000,B18,XUAT!$L$1:$L$5000)-SUMIF(XUAT!$N$1:$N$5000,B18,XUAT!$O$1:$O$5000))","v":0}]
[17,null,null,null,null,null,null,{"$f":"IF(D19=\"KH\",0,E19+SUMIF(NHAP!$L$1:$L$5000,B19,NHAP!$K$1:$K$5000)-SUMIF(NHAP!$L$1:$L$5000,B19,NHAP!$M$1:$M$5000))","v":0},{"$f":"IF(D19=\"NCC\",0,F19+SUMIF(XUAT!$N$1:$N$5000,B19,XUAT!$L$1:$L$5000)-SUMIF(XUAT!$N$1:$N$5000,B19,XUAT!$O$1:$O$5000))","v":0}]
[18,null,null,null,null,null,null,{"$f":"IF(D20=\"KH\",0,E20+SUMIF(NHAP!$L$1:$L$5000,B20,NHAP!$K$1:$K$5000)-SUMIF(NHAP!$L$1:$L$5000,B20,NHAP!$M$1:$M$5000))","v":0},{"$f":"IF(D20=\"NCC\",0,F20+SUMIF(XUAT!$N$1:$N$5000,B20,XUAT!$L$1:$L$5000)-SUMIF(XUAT!$N$1:$N$5000,B20,XUAT!$O$1:$O$5000))","v":0}]
[19,null,null,null,null,null,null,{"$f":"IF(D21=\"KH\",0,E21+SUMIF(NHAP!$L$1:$L$5000,B21,NHAP!$K$1:$K$5000)-SUMIF(NHAP!$L$1:$L$5000,B21,NHAP!$M$1:$M$5000))","v":0},{"$f":"IF(D21=\"NCC\",0,F21+SUMIF(XUAT!$N$1:$N$5000,B21,XUAT!$L$1:$L$5000)-SUMIF(XUAT!$N$1:$N$5000,B21,XUAT!$O$1:$O$5000))","v":0}]
[20,null,null,null,null,null,null,{"$f":"IF(D22=\"KH\",0,E22+SUMIF(NHAP!$L$1:$L$5000,B22,NHAP!$K$1:$K$5000)-SUMIF(NHAP!$L$1:$L$5000,B22,NHAP!$M$1:$M$5000))","v":0},{"$f":"IF(D22=\"NCC\",0,F22+SUMIF(XUAT!$N$1:$N$5000,B22,XUAT!$L$1:$L$5000)-SUMIF(XUAT!$N$1:$N$5000,B22,XUAT!$O$1:$O$5000))","v":0}]
[21,null,null,null,null,null,null,{"$f":"IF(D23=\"KH\",0,E23+SUMIF(NHAP!$L$1:$L$5000,B23,NHAP!$K$1:$K$5000)-SUMIF(NHAP!$L$1:$L$5000,B23,NHAP!$M$1:$M$5000))","v":0},{"$f":"IF(D23=\"NCC\",0,F23+SUMIF(XUAT!$N$1:$N$5000,B23,XUAT!$L$1:$L$5000)-SUMIF(XUAT!$N$1:$N$5000,B23,XUAT!$O$1:$O$5000))","v":0}]
[22,null,null,null,null,null,null,{"$f":"IF(D24=\"KH\",0,E24+SUMIF(NHAP!$L$1:$L$5000,B24,NHAP!$K$1:$K$5000)-SUMIF(NHAP!$L$1:$L$5000,B24,NHAP!$M$1:$M$5000))","v":0},{"$f":"IF(D24=\"NCC\",0,F24+SUMIF(XUAT!$N$1:$N$5000,B24,XUAT!$L$1:$L$5000)-SUMIF(XUAT!$N$1:$N$5000,B24,XUAT!$O$1:$O$5000))","v":0}]
[23,null,null,null,null,null,null,{"$f":"IF(D25=\"KH\",0,E25+SUMIF(NHAP!$L$1:$L$5000,B25,NHAP!$K$1:$K$5000)-SUMIF(NHAP!$L$1:$L$5000,B25,NHAP!$M$1:$M$5000))","v":0},{"$f":"IF(D25=\"NCC\",0,F25+SUMIF(XUAT!$N$1:$N$5000,B25,XUAT!$L$1:$L$5000)-SUMIF(XUAT!$N$1:$N$5000,B25,XUAT!$O$1:$O$5000))","v":0}]
[24,null,null,null,null,null,null,{"$f":"IF(D26=\"KH\",0,E26+SUMIF(NHAP!$L$1:$L$5000,B26,NHAP!$K$1:$K$5000)-SUMIF(NHAP!$L$1:$L$5000,B26,NHAP!$M$1:$M$5000))","v":0},{"$f":"IF(D26=\"NCC\",0,F26+SUMIF(XUAT!$N$1:$N$5000,B26,XUAT!$L$1:$L$5000)-SUMIF(XUAT!$N$1:$N$5000,B26,XUAT!$O$1:$O$5000))","v":0}]
[25,null,null,null,null,null,null,{"$f":"IF(D27=\"KH\",0,E27+SUMIF(NHAP!$L$1:$L$5000,B27,NHAP!$K$1:$K$5000)-SUMIF(NHAP!$L$1:$L$5000,B27,NHAP!$M$1:$M$5000))","v":0},{"$f":"IF(D27=\"NCC\",0,F27+SUMIF(XUAT!$N$1:$N$5000,B27,XUAT!$L$1:$L$5000)-SUMIF(XUAT!$N$1:$N$5000,B27,XUAT!$O$1:$O$5000))","v":0}]
[26,null,null,null,null,null,null,{"$f":"IF(D28=\"KH\",0,E28+SUMIF(NHAP!$L$1:$L$5000,B28,NHAP!$K$1:$K$5000)-SUMIF(NHAP!$L$1:$L$5000,B28,NHAP!$M$1:$M$5000))","v":0},{"$f":"IF(D28=\"NCC\",0,F28+SUMIF(XUAT!$N$1:$N$5000,B28,XUAT!$L$1:$L$5000)-SUMIF(XUAT!$N$1:$N$5000,B28,XUAT!$O$1:$O$5000))","v":0}]
[27,null,null,null,null,null,null,{"$f":"IF(D29=\"KH\",0,E29+SUMIF(NHAP!$L$1:$L$5000,B29,NHAP!$K$1:$K$5000)-SUMIF(NHAP!$L$1:$L$5000,B29,NHAP!$M$1:$M$5000))","v":0},{"$f":"IF(D29=\"NCC\",0,F29+SUMIF(XUAT!$N$1:$N$5000,B29,XUAT!$L$1:$L$5000)-SUMIF(XUAT!$N$1:$N$5000,B29,XUAT!$O$1:$O$5000))","v":0}]
[28,null,null,null,null,null,null,{"$f":"IF(D30=\"KH\",0,E30+SUMIF(NHAP!$L$1:$L$5000,B30,NHAP!$K$1:$K$5000)-SUMIF(NHAP!$L$1:$L$5000,B30,NHAP!$M$1:$M$5000))","v":0},{"$f":"IF(D30=\"NCC\",0,F30+SUMIF(XUAT!$N$1:$N$5000,B30,XUAT!$L$1:$L$5000)-SUMIF(XUAT!$N$1:$N$5000,B30,XUAT!$O$1:$O$5000))","v":0}]
[29,null,null,null,null,null,null,{"$f":"IF(D31=\"KH\",0,E31+SUMIF(NHAP!$L$1:$L$5000,B31,NHAP!$K$1:$K$5000)-SUMIF(NHAP!$L$1:$L$5000,B31,NHAP!$M$1:$M$5000))","v":0},{"$f":"IF(D31=\"NCC\",0,F31+SUMIF(XUAT!$N$1:$N$5000,B31,XUAT!$L$1:$L$5000)-SUMIF(XUAT!$N$1:$N$5000,B31,XUAT!$O$1:$O$5000))","v":0}]
[30,null,null,null,null,null,null,{"$f":"IF(D32=\"KH\",0,E32+SUMIF(NHAP!$L$1:$L$5000,B32,NHAP!$K$1:$K$5000)-SUMIF(NHAP!$L$1:$L$5000,B32,NHAP!$M$1:$M$5000))","v":0},{"$f":"IF(D32=\"NCC\",0,F32+SUMIF(XUAT!$N$1:$N$5000,B32,XUAT!$L$1:$L$5000)-SUMIF(XUAT!$N$1:$N$5000,B32,XUAT!$O$1:$O$5000))","v":0}]
[31,null,null,null,null,null,null,{"$f":"IF(D33=\"KH\",0,E33+SUMIF(NHAP!$L$1:$L$5000,B33,NHAP!$K$1:$K$5000)-SUMIF(NHAP!$L$1:$L$5000,B33,NHAP!$M$1:$M$5000))","v":0},{"$f":"IF(D33=\"NCC\",0,F33+SUMIF(XUAT!$N$1:$N$5000,B33,XUAT!$L$1:$L$5000)-SUMIF(XUAT!$N$1:$N$5000,B33,XUAT!$O$1:$O$5000))","v":0}]
[32,null,null,null,null,null,null,{"$f":"IF(D34=\"KH\",0,E34+SUMIF(NHAP!$L$1:$L$5000,B34,NHAP!$K$1:$K$5000)-SUMIF(NHAP!$L$1:$L$5000,B34,NHAP!$M$1:$M$5000))","v":0},{"$f":"IF(D34=\"NCC\",0,F34+SUMIF(XUAT!$N$1:$N$5000,B34,XUAT!$L$1:$L$5000)-SUMIF(XUAT!$N$1:$N$5000,B34,XUAT!$O$1:$O$5000))","v":0}]
[33,null,null,null,null,null,null,{"$f":"IF(D35=\"KH\",0,E35+SUMIF(NHAP!$L$1:$L$5000,B35,NHAP!$K$1:$K$5000)-SUMIF(NHAP!$L$1:$L$5000,B35,NHAP!$M$1:$M$5000))","v":0},{"$f":"IF(D35=\"NCC\",0,F35+SUMIF(XUAT!$N$1:$N$5000,B35,XUAT!$L$1:$L$5000)-SUMIF(XUAT!$N$1:$N$5000,B35,XUAT!$O$1:$O$5000))","v":0}]
[34,null,null,null,null,null,null,{"$f":"IF(D36=\"KH\",0,E36+SUMIF(NHAP!$L$1:$L$5000,B36,NHAP!$K$1:$K$5000)-SUMIF(NHAP!$L$1:$L$5000,B36,NHAP!$M$1:$M$5000))","v":0},{"$f":"IF(D36=\"NCC\",0,F36+SUMIF(XUAT!$N$1:$N$5000,B36,XUAT!$L$1:$L$5000)-SUMIF(XUAT!$N$1:$N$5000,B36,XUAT!$O$1:$O$5000))","v":0}]
[35,null,null,null,null,null,null,{"$f":"IF(D37=\"KH\",0,E37+SUMIF(NHAP!$L$1:$L$5000,B37,NHAP!$K$1:$K$5000)-SUMIF(NHAP!$L$1:$L$5000,B37,NHAP!$M$1:$M$5000))","v":0},{"$f":"IF(D37=\"NCC\",0,F37+SUMIF(XUAT!$N$1:$N$5000,B37,XUAT!$L$1:$L$5000)-SUMIF(XUAT!$N$1:$N$5000,B37,XUAT!$O$1:$O$5000))","v":0}]
[36,null,null,null,null,null,null,{"$f":"IF(D38=\"KH\",0,E38+SUMIF(NHAP!$L$1:$L$5000,B38,NHAP!$K$1:$K$5000)-SUMIF(NHAP!$L$1:$L$5000,B38,NHAP!$M$1:$M$5000))","v":0},{"$f":"IF(D38=\"NCC\",0,F38+SUMIF(XUAT!$N$1:$N$5000,B38,XUAT!$L$1:$L$5000)-SUMIF(XUAT!$N$1:$N$5000,B38,XUAT!$O$1:$O$5000))","v":0}]
[37,null,null,null,null,null,null,{"$f":"IF(D39=\"KH\",0,E39+SUMIF(NHAP!$L$1:$L$5000,B39,NHAP!$K$1:$K$5000)-SUMIF(NHAP!$L$1:$L$5000,B39,NHAP!$M$1:$M$5000))","v":0},{"$f":"IF(D39=\"NCC\",0,F39+SUMIF(XUAT!$N$1:$N$5000,B39,XUAT!$L$1:$L$5000)-SUMIF(XUAT!$N$1:$N$5000,B39,XUAT!$O$1:$O$5000))","v":0}]
[38,null,null,null,null,null,null,{"$f":"IF(D40=\"KH\",0,E40+SUMIF(NHAP!$L$1:$L$5000,B40,NHAP!$K$1:$K$5000)-SUMIF(NHAP!$L$1:$L$5000,B40,NHAP!$M$1:$M$5000))","v":0},{"$f":"IF(D40=\"NCC\",0,F40+SUMIF(XUAT!$N$1:$N$5000,B40,XUAT!$L$1:$L$5000)-SUMIF(XUAT!$N$1:$N$5000,B40,XUAT!$O$1:$O$5000))","v":0}]
[39,null,null,null,null,null,null,{"$f":"IF(D41=\"KH\",0,E41+SUMIF(NHAP!$L$1:$L$5000,B41,NHAP!$K$1:$K$5000)-SUMIF(NHAP!$L$1:$L$5000,B41,NHAP!$M$1:$M$5000))","v":0},{"$f":"IF(D41=\"NCC\",0,F41+SUMIF(XUAT!$N$1:$N$5000,B41,XUAT!$L$1:$L$5000)-SUMIF(XUAT!$N$1:$N$5000,B41,XUAT!$O$1:$O$5000))","v":0}]
[40,null,null,null,null,null,null,{"$f":"IF(D42=\"KH\",0,E42+SUMIF(NHAP!$L$1:$L$5000,B42,NHAP!$K$1:$K$5000)-SUMIF(NHAP!$L$1:$L$5000,B42,NHAP!$M$1:$M$5000))","v":0},{"$f":"IF(D42=\"NCC\",0,F42+SUMIF(XUAT!$N$1:$N$5000,B42,XUAT!$L$1:$L$5000)-SUMIF(XUAT!$N$1:$N$5000,B42,XUAT!$O$1:$O$5000))","v":0}]
[41,null,null,null,null,null,null,{"$f":"IF(D43=\"KH\",0,E43+SUMIF(NHAP!$L$1:$L$5000,B43,NHAP!$K$1:$K$5000)-SUMIF(NHAP!$L$1:$L$5000,B43,NHAP!$M$1:$M$5000))","v":0},{"$f":"IF(D43=\"NCC\",0,F43+SUMIF(XUAT!$N$1:$N$5000,B43,XUAT!$L$1:$L$5000)-SUMIF(XUAT!$N$1:$N$5000,B43,XUAT!$O$1:$O$5000))","v":0}]
[42,null,null,null,null,null,null,{"$f":"IF(D44=\"KH\",0,E44+SUMIF(NHAP!$L$1:$L$5000,B44,NHAP!$K$1:$K$5000)-SUMIF(NHAP!$L$1:$L$5000,B44,NHAP!$M$1:$M$5000))","v":0},{"$f":"IF(D44=\"NCC\",0,F44+SUMIF(XUAT!$N$1:$N$5000,B44,XUAT!$L$1:$L$5000)-SUMIF(XUAT!$N$1:$N$5000,B44,XUAT!$O$1:$O$5000))","v":0}]
[43,null,null,null,null,null,null,{"$f":"IF(D45=\"KH\",0,E45+SUMIF(NHAP!$L$1:$L$5000,B45,NHAP!$K$1:$K$5000)-SUMIF(NHAP!$L$1:$L$5000,B45,NHAP!$M$1:$M$5000))","v":0},{"$f":"IF(D45=\"NCC\",0,F45+SUMIF(XUAT!$N$1:$N$5000,B45,XUAT!$L$1:$L$5000)-SUMIF(XUAT!$N$1:$N$5000,B45,XUAT!$O$1:$O$5000))","v":0}]
[44,null,null,null,null,null,null,{"$f":"IF(D46=\"KH\",0,E46+SUMIF(NHAP!$L$1:$L$5000,B46,NHAP!$K$1:$K$5000)-SUMIF(NHAP!$L$1:$L$5000,B46,NHAP!$M$1:$M$5000))","v":0},{"$f":"IF(D46=\"NCC\",0,F46+SUMIF(XUAT!$N$1:$N$5000,B46,XUAT!$L$1:$L$5000)-SUMIF(XUAT!$N$1:$N$5000,B46,XUAT!$O$1:$O$5000))","v":0}]
[45,null,null,null,null,null,null,{"$f":"IF(D47=\"KH\",0,E47+SUMIF(NHAP!$L$1:$L$5000,B47,NHAP!$K$1:$K$5000)-SUMIF(NHAP!$L$1:$L$5000,B47,NHAP!$M$1:$M$5000))","v":0},{"$f":"IF(D47=\"NCC\",0,F47+SUMIF(XUAT!$N$1:$N$5000,B47,XUAT!$L$1:$L$5000)-SUMIF(XUAT!$N$1:$N$5000,B47,XUAT!$O$1:$O$5000))","v":0}]
[46,null,null,null,null,null,null,{"$f":"IF(D48=\"KH\",0,E48+SUMIF(NHAP!$L$1:$L$5000,B48,NHAP!$K$1:$K$5000)-SUMIF(NHAP!$L$1:$L$5000,B48,NHAP!$M$1:$M$5000))","v":0},{"$f":"IF(D48=\"NCC\",0,F48+SUMIF(XUAT!$N$1:$N$5000,B48,XUAT!$L$1:$L$5000)-SUMIF(XUAT!$N$1:$N$5000,B48,XUAT!$O$1:$O$5000))","v":0}]
[47,null,null,null,null,null,null,{"$f":"IF(D49=\"KH\",0,E49+SUMIF(NHAP!$L$1:$L$5000,B49,NHAP!$K$1:$K$5000)-SUMIF(NHAP!$L$1:$L$5000,B49,NHAP!$M$1:$M$5000))","v":0},{"$f":"IF(D49=\"NCC\",0,F49+SUMIF(XUAT!$N$1:$N$5000,B49,XUAT!$L$1:$L$5000)-SUMIF(XUAT!$N$1:$N$5000,B49,XUAT!$O$1:$O$5000))","v":0}]
[48,null,null,null,null,null,null,{"$f":"IF(D50=\"KH\",0,E50+SUMIF(NHAP!$L$1:$L$5000,B50,NHAP!$K$1:$K$5000)-SUMIF(NHAP!$L$1:$L$5000,B50,NHAP!$M$1:$M$5000))","v":0},{"$f":"IF(D50=\"NCC\",0,F50+SUMIF(XUAT!$N$1:$N$5000,B50,XUAT!$L$1:$L$5000)-SUMIF(XUAT!$N$1:$N$5000,B50,XUAT!$O$1:$O$5000))","v":0}]
[49,null,null,null,null,null,null,{"$f":"IF(D51=\"KH\",0,E51+SUMIF(NHAP!$L$1:$L$5000,B51,NHAP!$K$1:$K$5000)-SUMIF(NHAP!$L$1:$L$5000,B51,NHAP!$M$1:$M$5000))","v":0},{"$f":"IF(D51=\"NCC\",0,F51+SUMIF(XUAT!$N$1:$N$5000,B51,XUAT!$L$1:$L$5000)-SUMIF(XUAT!$N$1:$N$5000,B51,XUAT!$O$1:$O$5000))","v":0}]
[50,null,null,null,null,null,null,{"$f":"IF(D52=\"KH\",0,E52+SUMIF(NHAP!$L$1:$L$5000,B52,NHAP!$K$1:$K$5000)-SUMIF(NHAP!$L$1:$L$5000,B52,NHAP!$M$1:$M$5000))","v":0},{"$f":"IF(D52=\"NCC\",0,F52+SUMIF(XUAT!$N$1:$N$5000,B52,XUAT!$L$1:$L$5000)-SUMIF(XUAT!$N$1:$N$5000,B52,XUAT!$O$1:$O$5000))","v":0}]
[51,null,null,null,null,null,null,{"$f":"IF(D53=\"KH\",0,E53+SUMIF(NHAP!$L$1:$L$5000,B53,NHAP!$K$1:$K$5000)-SUMIF(NHAP!$L$1:$L$5000,B53,NHAP!$M$1:$M$5000))","v":0},{"$f":"IF(D53=\"NCC\",0,F53+SUMIF(XUAT!$N$1:$N$5000,B53,XUAT!$L$1:$L$5000)-SUMIF(XUAT!$N$1:$N$5000,B53,XUAT!$O$1:$O$5000))","v":0}]
[52,null,null,null,null,null,null,{"$f":"IF(D54=\"KH\",0,E54+SUMIF(NHAP!$L$1:$L$5000,B54,NHAP!$K$1:$K$5000)-SUMIF(NHAP!$L$1:$L$5000,B54,NHAP!$M$1:$M$5000))","v":0},{"$f":"IF(D54=\"NCC\",0,F54+SUMIF(XUAT!$N$1:$N$5000,B54,XUAT!$L$1:$L$5000)-SUMIF(XUAT!$N$1:$N$5000,B54,XUAT!$O$1:$O$5000))","v":0}]
[53,null,null,null,null,null,null,{"$f":"IF(D55=\"KH\",0,E55+SUMIF(NHAP!$L$1:$L$5000,B55,NHAP!$K$1:$K$5000)-SUMIF(NHAP!$L$1:$L$5000,B55,NHAP!$M$1:$M$5000))","v":0},{"$f":"IF(D55=\"NCC\",0,F55+SUMIF(XUAT!$N$1:$N$5000,B55,XUAT!$L$1:$L$5000)-SUMIF(XUAT!$N$1:$N$5000,B55,XUAT!$O$1:$O$5000))","v":0}]
[54,null,null,null,null,null,null,{"$f":"IF(D56=\"KH\",0,E56+SUMIF(NHAP!$L$1:$L$5000,B56,NHAP!$K$1:$K$5000)-SUMIF(NHAP!$L$1:$L$5000,B56,NHAP!$M$1:$M$5000))","v":0},{"$f":"IF(D56=\"NCC\",0,F56+SUMIF(XUAT!$N$1:$N$5000,B56,XUAT!$L$1:$L$5000)-SUMIF(XUAT!$N$1:$N$5000,B56,XUAT!$O$1:$O$5000))","v":0}]
[55,null,null,null,null,null,null,{"$f":"IF(D57=\"KH\",0,E57+SUMIF(NHAP!$L$1:$L$5000,B57,NHAP!$K$1:$K$5000)-SUMIF(NHAP!$L$1:$L$5000,B57,NHAP!$M$1:$M$5000))","v":0},{"$f":"IF(D57=\"NCC\",0,F57+SUMIF(XUAT!$N$1:$N$5000,B57,XUAT!$L$1:$L$5000)-SUMIF(XUAT!$N$1:$N$5000,B57,XUAT!$O$1:$O$5000))","v":0}]
[56,null,null,null,null,null,null,{"$f":"IF(D58=\"KH\",0,E58+SUMIF(NHAP!$L$1:$L$5000,B58,NHAP!$K$1:$K$5000)-SUMIF(NHAP!$L$1:$L$5000,B58,NHAP!$M$1:$M$5000))","v":0},{"$f":"IF(D58=\"NCC\",0,F58+SUMIF(XUAT!$N$1:$N$5000,B58,XUAT!$L$1:$L$5000)-SUMIF(XUAT!$N$1:$N$5000,B58,XUAT!$O$1:$O$5000))","v":0}]
[57,null,null,null,null,null,null,{"$f":"IF(D59=\"KH\",0,E59+SUMIF(NHAP!$L$1:$L$5000,B59,NHAP!$K$1:$K$5000)-SUMIF(NHAP!$L$1:$L$5000,B59,NHAP!$M$1:$M$5000))","v":0},{"$f":"IF(D59=\"NCC\",0,F59+SUMIF(XUAT!$N$1:$N$5000,B59,XUAT!$L$1:$L$5000)-SUMIF(XUAT!$N$1:$N$5000,B59,XUAT!$O$1:$O$5000))","v":0}]
[58,null,null,null,null,null,null,{"$f":"IF(D60=\"KH\",0,E60+SUMIF(NHAP!$L$1:$L$5000,B60,NHAP!$K$1:$K$5000)-SUMIF(NHAP!$L$1:$L$5000,B60,NHAP!$M$1:$M$5000))","v":0},{"$f":"IF(D60=\"NCC\",0,F60+SUMIF(XUAT!$N$1:$N$5000,B60,XUAT!$L$1:$L$5000)-SUMIF(XUAT!$N$1:$N$5000,B60,XUAT!$O$1:$O$5000))","v":0}]
[59,null,null,null,null,null,null,{"$f":"IF(D61=\"KH\",0,E61+SUMIF(NHAP!$L$1:$L$5000,B61,NHAP!$K$1:$K$5000)-SUMIF(NHAP!$L$1:$L$5000,B61,NHAP!$M$1:$M$5000))","v":0},{"$f":"IF(D61=\"NCC\",0,F61+SUMIF(XUAT!$N$1:$N$5000,B61,XUAT!$L$1:$L$5000)-SUMIF(XUAT!$N$1:$N$5000,B61,XUAT!$O$1:$O$5000))","v":0}]
[60,null,null,null,null,null,null,{"$f":"IF(D62=\"KH\",0,E62+SUMIF(NHAP!$L$1:$L$5000,B62,NHAP!$K$1:$K$5000)-SUMIF(NHAP!$L$1:$L$5000,B62,NHAP!$M$1:$M$5000))","v":0},{"$f":"IF(D62=\"NCC\",0,F62+SUMIF(XUAT!$N$1:$N$5000,B62,XUAT!$L$1:$L$5000)-SUMIF(XUAT!$N$1:$N$5000,B62,XUAT!$O$1:$O$5000))","v":0}]
[61,null,null,null,null,null,null,{"$f":"IF(D63=\"KH\",0,E63+SUMIF(NHAP!$L$1:$L$5000,B63,NHAP!$K$1:$K$5000)-SUMIF(NHAP!$L$1:$L$5000,B63,NHAP!$M$1:$M$5000))","v":0},{"$f":"IF(D63=\"NCC\",0,F63+SUMIF(XUAT!$N$1:$N$5000,B63,XUAT!$L$1:$L$5000)-SUMIF(XUAT!$N$1:$N$5000,B63,XUAT!$O$1:$O$5000))","v":0}]
[62,null,null,null,null,null,null,{"$f":"IF(D64=\"KH\",0,E64+SUMIF(NHAP!$L$1:$L$5000,B64,NHAP!$K$1:$K$5000)-SUMIF(NHAP!$L$1:$L$5000,B64,NHAP!$M$1:$M$5000))","v":0},{"$f":"IF(D64=\"NCC\",0,F64+SUMIF(XUAT!$N$1:$N$5000,B64,XUAT!$L$1:$L$5000)-SUMIF(XUAT!$N$1:$N$5000,B64,XUAT!$O$1:$O$5000))","v":0}]
[63,null,null,null,null,null,null,{"$f":"IF(D65=\"KH\",0,E65+SUMIF(NHAP!$L$1:$L$5000,B65,NHAP!$K$1:$K$5000)-SUMIF(NHAP!$L$1:$L$5000,B65,NHAP!$M$1:$M$5000))","v":0},{"$f":"IF(D65=\"NCC\",0,F65+SUMIF(XUAT!$N$1:$N$5000,B65,XUAT!$L$1:$L$5000)-SUMIF(XUAT!$N$1:$N$5000,B65,XUAT!$O$1:$O$5000))","v":0}]
[64,null,null,null,null,null,null,{"$f":"IF(D66=\"KH\",0,E66+SUMIF(NHAP!$L$1:$L$5000,B66,NHAP!$K$1:$K$5000)-SUMIF(NHAP!$L$1:$L$5000,B66,NHAP!$M$1:$M$5000))","v":0},{"$f":"IF(D66=\"NCC\",0,F66+SUMIF(XUAT!$N$1:$N$5000,B66,XUAT!$L$1:$L$5000)-SUMIF(XUAT!$N$1:$N$5000,B66,XUAT!$O$1:$O$5000))","v":0}]
[65,null,null,null,null,null,null,{"$f":"IF(D67=\"KH\",0,E67+SUMIF(NHAP!$L$1:$L$5000,B67,NHAP!$K$1:$K$5000)-SUMIF(NHAP!$L$1:$L$5000,B67,NHAP!$M$1:$M$5000))","v":0},{"$f":"IF(D67=\"NCC\",0,F67+SUMIF(XUAT!$N$1:$N$5000,B67,XUAT!$L$1:$L$5000)-SUMIF(XUAT!$N$1:$N$5000,B67,XUAT!$O$1:$O$5000))","v":0}]
[66,null,null,null,null,null,null,{"$f":"IF(D68=\"KH\",0,E68+SUMIF(NHAP!$L$1:$L$5000,B68,NHAP!$K$1:$K$5000)-SUMIF(NHAP!$L$1:$L$5000,B68,NHAP!$M$1:$M$5000))","v":0},{"$f":"IF(D68=\"NCC\",0,F68+SUMIF(XUAT!$N$1:$N$5000,B68,XUAT!$L$1:$L$5000)-SUMIF(XUAT!$N$1:$N$5000,B68,XUAT!$O$1:$O$5000))","v":0}]
[67,null,null,null,null,null,null,{"$f":"IF(D69=\"KH\",0,E69+SUMIF(NHAP!$L$1:$L$5000,B69,NHAP!$K$1:$K$5000)-SUMIF(NHAP!$L$1:$L$5000,B69,NHAP!$M$1:$M$5000))","v":0},{"$f":"IF(D69=\"NCC\",0,F69+SUMIF(XUAT!$N$1:$N$5000,B69,XUAT!$L$1:$L$5000)-SUMIF(XUAT!$N$1:$N$5000,B69,XUAT!$O$1:$O$5000))","v":0}]
[68,null,null,null,null,null,null,{"$f":"IF(D70=\"KH\",0,E70+SUMIF(NHAP!$L$1:$L$5000,B70,NHAP!$K$1:$K$5000)-SUMIF(NHAP!$L$1:$L$5000,B70,NHAP!$M$1:$M$5000))","v":0},{"$f":"IF(D70=\"NCC\",0,F70+SUMIF(XUAT!$N$1:$N$5000,B70,XUAT!$L$1:$L$5000)-SUMIF(XUAT!$N$1:$N$5000,B70,XUAT!$O$1:$O$5000))","v":0}]
[69,null,null,null,null,null,null,{"$f":"IF(D71=\"KH\",0,E71+SUMIF(NHAP!$L$1:$L$5000,B71,NHAP!$K$1:$K$5000)-SUMIF(NHAP!$L$1:$L$5000,B71,NHAP!$M$1:$M$5000))","v":0},{"$f":"IF(D71=\"NCC\",0,F71+SUMIF(XUAT!$N$1:$N$5000,B71,XUAT!$L$1:$L$5000)-SUMIF(XUAT!$N$1:$N$5000,B71,XUAT!$O$1:$O$5000))","v":0}]
[70,null,null,null,null,null,null,{"$f":"IF(D72=\"KH\",0,E72+SUMIF(NHAP!$L$1:$L$5000,B72,NHAP!$K$1:$K$5000)-SUMIF(NHAP!$L$1:$L$5000,B72,NHAP!$M$1:$M$5000))","v":0},{"$f":"IF(D72=\"NCC\",0,F72+SUMIF(XUAT!$N$1:$N$5000,B72,XUAT!$L$1:$L$5000)-SUMIF(XUAT!$N$1:$N$5000,B72,XUAT!$O$1:$O$5000))","v":0}]
[71,null,null,null,null,null,null,{"$f":"IF(D73=\"KH\",0,E73+SUMIF(NHAP!$L$1:$L$5000,B73,NHAP!$K$1:$K$5000)-SUMIF(NHAP!$L$1:$L$5000,B73,NHAP!$M$1:$M$5000))","v":0},{"$f":"IF(D73=\"NCC\",0,F73+SUMIF(XUAT!$N$1:$N$5000,B73,XUAT!$L$1:$L$5000)-SUMIF(XUAT!$N$1:$N$5000,B73,XUAT!$O$1:$O$5000))","v":0}]
[72,null,null,null,null,null,null,{"$f":"IF(D74=\"KH\",0,E74+SUMIF(NHAP!$L$1:$L$5000,B74,NHAP!$K$1:$K$5000)-SUMIF(NHAP!$L$1:$L$5000,B74,NHAP!$M$1:$M$5000))","v":0},{"$f":"IF(D74=\"NCC\",0,F74+SUMIF(XUAT!$N$1:$N$5000,B74,XUAT!$L$1:$L$5000)-SUMIF(XUAT!$N$1:$N$5000,B74,XUAT!$O$1:$O$5000))","v":0}]
[73,null,null,null,null,null,null,{"$f":"IF(D75=\"KH\",0,E75+SUMIF(NHAP!$L$1:$L$5000,B75,NHAP!$K$1:$K$5000)-SUMIF(NHAP!$L$1:$L$5000,B75,NHAP!$M$1:$M$5000))","v":0},{"$f":"IF(D75=\"NCC\",0,F75+SUMIF(XUAT!$N$1:$N$5000,B75,XUAT!$L$1:$L$5000)-SUMIF(XUAT!$N$1:$N$5000,B75,XUAT!$O$1:$O$5000))","v":0}]
[74,null,null,null,null,null,null,{"$f":"IF(D76=\"KH\",0,E76+SUMIF(NHAP!$L$1:$L$5000,B76,NHAP!$K$1:$K$5000)-SUMIF(NHAP!$L$1:$L$5000,B76,NHAP!$M$1:$M$5000))","v":0},{"$f":"IF(D76=\"NCC\",0,F76+SUMIF(XUAT!$N$1:$N$5000,B76,XUAT!$L$1:$L$5000)-SUMIF(XUAT!$N$1:$N$5000,B76,XUAT!$O$1:$O$5000))","v":0}]
[75,null,null,null,null,null,null,{"$f":"IF(D77=\"KH\",0,E77+SUMIF(NHAP!$L$1:$L$5000,B77,NHAP!$K$1:$K$5000)-SUMIF(NHAP!$L$1:$L$5000,B77,NHAP!$M$1:$M$5000))","v":0},{"$f":"IF(D77=\"NCC\",0,F77+SUMIF(XUAT!$N$1:$N$5000,B77,XUAT!$L$1:$L$5000)-SUMIF(XUAT!$N$1:$N$5000,B77,XUAT!$O$1:$O$5000))","v":0}]
[76,null,null,null,null,null,null,{"$f":"IF(D78=\"KH\",0,E78+SUMIF(NHAP!$L$1:$L$5000,B78,NHAP!$K$1:$K$5000)-SUMIF(NHAP!$L$1:$L$5000,B78,NHAP!$M$1:$M$5000))","v":0},{"$f":"IF(D78=\"NCC\",0,F78+SUMIF(XUAT!$N$1:$N$5000,B78,XUAT!$L$1:$L$5000)-SUMIF(XUAT!$N$1:$N$5000,B78,XUAT!$O$1:$O$5000))","v":0}]
[77,null,null,null,null,null,null,{"$f":"IF(D79=\"KH\",0,E79+SUMIF(NHAP!$L$1:$L$5000,B79,NHAP!$K$1:$K$5000)-SUMIF(NHAP!$L$1:$L$5000,B79,NHAP!$M$1:$M$5000))","v":0},{"$f":"IF(D79=\"NCC\",0,F79+SUMIF(XUAT!$N$1:$N$5000,B79,XUAT!$L$1:$L$5000)-SUMIF(XUAT!$N$1:$N$5000,B79,XUAT!$O$1:$O$5000))","v":0}]
[78,null,null,null,null,null,null,{"$f":"IF(D80=\"KH\",0,E80+SUMIF(NHAP!$L$1:$L$5000,B80,NHAP!$K$1:$K$5000)-SUMIF(NHAP!$L$1:$L$5000,B80,NHAP!$M$1:$M$5000))","v":0},{"$f":"IF(D80=\"NCC\",0,F80+SUMIF(XUAT!$N$1:$N$5000,B80,XUAT!$L$1:$L$5000)-SUMIF(XUAT!$N$1:$N$5000,B80,XUAT!$O$1:$O$5000))","v":0}]
[79,null,null,null,null,null,null,{"$f":"IF(D81=\"KH\",0,E81+SUMIF(NHAP!$L$1:$L$5000,B81,NHAP!$K$1:$K$5000)-SUMIF(NHAP!$L$1:$L$5000,B81,NHAP!$M$1:$M$5000))","v":0},{"$f":"IF(D81=\"NCC\",0,F81+SUMIF(XUAT!$N$1:$N$5000,B81,XUAT!$L$1:$L$5000)-SUMIF(XUAT!$N$1:$N$5000,B81,XUAT!$O$1:$O$5000))","v":0}]
[80,null,null,null,null,null,null,{"$f":"IF(D82=\"KH\",0,E82+SUMIF(NHAP!$L$1:$L$5000,B82,NHAP!$K$1:$K$5000)-SUMIF(NHAP!$L$1:$L$5000,B82,NHAP!$M$1:$M$5000))","v":0},{"$f":"IF(D82=\"NCC\",0,F82+SUMIF(XUAT!$N$1:$N$5000,B82,XUAT!$L$1:$L$5000)-SUMIF(XUAT!$N$1:$N$5000,B82,XUAT!$O$1:$O$5000))","v":0}]
[81,null,null,null,null,null,null,{"$f":"IF(D83=\"KH\",0,E83+SUMIF(NHAP!$L$1:$L$5000,B83,NHAP!$K$1:$K$5000)-SUMIF(NHAP!$L$1:$L$5000,B83,NHAP!$M$1:$M$5000))","v":0},{"$f":"IF(D83=\"NCC\",0,F83+SUMIF(XUAT!$N$1:$N$5000,B83,XUAT!$L$1:$L$5000)-SUMIF(XUAT!$N$1:$N$5000,B83,XUAT!$O$1:$O$5000))","v":0}]
[82,null,null,null,null,null,null,{"$f":"IF(D84=\"KH\",0,E84+SUMIF(NHAP!$L$1:$L$5000,B84,NHAP!$K$1:$K$5000)-SUMIF(NHAP!$L$1:$L$5000,B84,NHAP!$M$1:$M$5000))","v":0},{"$f":"IF(D84=\"NCC\",0,F84+SUMIF(XUAT!$N$1:$N$5000,B84,XUAT!$L$1:$L$5000)-SUMIF(XUAT!$N$1:$N$5000,B84,XUAT!$O$1:$O$5000))","v":0}]
[83,null,null,null,null,null,null,{"$f":"IF(D85=\"KH\",0,E85+SUMIF(NHAP!$L$1:$L$5000,B85,NHAP!$K$1:$K$5000)-SUMIF(NHAP!$L$1:$L$5000,B85,NHAP!$M$1:$M$5000))","v":0},{"$f":"IF(D85=\"NCC\",0,F85+SUMIF(XUAT!$N$1:$N$5000,B85,XUAT!$L$1:$L$5000)-SUMIF(XUAT!$N$1:$N$5000,B85,XUAT!$O$1:$O$5000))","v":0}]
[84,null,null,null,null,null,null,{"$f":"IF(D86=\"KH\",0,E86+SUMIF(NHAP!$L$1:$L$5000,B86,NHAP!$K$1:$K$5000)-SUMIF(NHAP!$L$1:$L$5000,B86,NHAP!$M$1:$M$5000))","v":0},{"$f":"IF(D86=\"NCC\",0,F86+SUMIF(XUAT!$N$1:$N$5000,B86,XUAT!$L$1:$L$5000)-SUMIF(XUAT!$N$1:$N$5000,B86,XUAT!$O$1:$O$5000))","v":0}]
[85,null,null,null,null,null,null,{"$f":"IF(D87=\"KH\",0,E87+SUMIF(NHAP!$L$1:$L$5000,B87,NHAP!$K$1:$K$5000)-SUMIF(NHAP!$L$1:$L$5000,B87,NHAP!$M$1:$M$5000))","v":0},{"$f":"IF(D87=\"NCC\",0,F87+SUMIF(XUAT!$N$1:$N$5000,B87,XUAT!$L$1:$L$5000)-SUMIF(XUAT!$N$1:$N$5000,B87,XUAT!$O$1:$O$5000))","v":0}]
[86,null,null,null,null,null,null,{"$f":"IF(D88=\"KH\",0,E88+SUMIF(NHAP!$L$1:$L$5000,B88,NHAP!$K$1:$K$5000)-SUMIF(NHAP!$L$1:$L$5000,B88,NHAP!$M$1:$M$5000))","v":0},{"$f":"IF(D88=\"NCC\",0,F88+SUMIF(XUAT!$N$1:$N$5000,B88,XUAT!$L$1:$L$5000)-SUMIF(XUAT!$N$1:$N$5000,B88,XUAT!$O$1:$O$5000))","v":0}]
[87,null,null,null,null,null,null,{"$f":"IF(D89=\"KH\",0,E89+SUMIF(NHAP!$L$1:$L$5000,B89,NHAP!$K$1:$K$5000)-SUMIF(NHAP!$L$1:$L$5000,B89,NHAP!$M$1:$M$5000))","v":0},{"$f":"IF(D89=\"NCC\",0,F89+SUMIF(XUAT!$N$1:$N$5000,B89,XUAT!$L$1:$L$5000)-SUMIF(XUAT!$N$1:$N$5000,B89,XUAT!$O$1:$O$5000))","v":0}]
[88,null,null,null,null,null,null,{"$f":"IF(D90=\"KH\",0,E90+SUMIF(NHAP!$L$1:$L$5000,B90,NHAP!$K$1:$K$5000)-SUMIF(NHAP!$L$1:$L$5000,B90,NHAP!$M$1:$M$5000))","v":0},{"$f":"IF(D90=\"NCC\",0,F90+SUMIF(XUAT!$N$1:$N$5000,B90,XUAT!$L$1:$L$5000)-SUMIF(XUAT!$N$1:$N$5000,B90,XUAT!$O$1:$O$5000))","v":0}]
[89,null,null,null,null,null,null,{"$f":"IF(D91=\"KH\",0,E91+SUMIF(NHAP!$L$1:$L$5000,B91,NHAP!$K$1:$K$5000)-SUMIF(NHAP!$L$1:$L$5000,B91,NHAP!$M$1:$M$5000))","v":0},{"$f":"IF(D91=\"NCC\",0,F91+SUMIF(XUAT!$N$1:$N$5000,B91,XUAT!$L$1:$L$5000)-SUMIF(XUAT!$N$1:$N$5000,B91,XUAT!$O$1:$O$5000))","v":0}]
[90,null,null,null,null,null,null,{"$f":"IF(D92=\"KH\",0,E92+SUMIF(NHAP!$L$1:$L$5000,B92,NHAP!$K$1:$K$5000)-SUMIF(NHAP!$L$1:$L$5000,B92,NHAP!$M$1:$M$5000))","v":0},{"$f":"IF(D92=\"NCC\",0,F92+SUMIF(XUAT!$N$1:$N$5000,B92,XUAT!$L$1:$L$5000)-SUMIF(XUAT!$N$1:$N$5000,B92,XUAT!$O$1:$O$5000))","v":0}]
[91,null,null,null,null,null,null,{"$f":"IF(D93=\"KH\",0,E93+SUMIF(NHAP!$L$1:$L$5000,B93,NHAP!$K$1:$K$5000)-SUMIF(NHAP!$L$1:$L$5000,B93,NHAP!$M$1:$M$5000))","v":0},{"$f":"IF(D93=\"NCC\",0,F93+SUMIF(XUAT!$N$1:$N$5000,B93,XUAT!$L$1:$L$5000)-SUMIF(XUAT!$N$1:$N$5000,B93,XUAT!$O$1:$O$5000))","v":0}]
[92,null,null,null,null,null,null,{"$f":"IF(D94=\"KH\",0,E94+SUMIF(NHAP!$L$1:$L$5000,B94,NHAP!$K$1:$K$5000)-SUMIF(NHAP!$L$1:$L$5000,B94,NHAP!$M$1:$M$5000))","v":0},{"$f":"IF(D94=\"NCC\",0,F94+SUMIF(XUAT!$N$1:$N$5000,B94,XUAT!$L$1:$L$5000)-SUMIF(XUAT!$N$1:$N$5000,B94,XUAT!$O$1:$O$5000))","v":0}]
[93,null,null,null,null,null,null,{"$f":"IF(D95=\"KH\",0,E95+SUMIF(NHAP!$L$1:$L$5000,B95,NHAP!$K$1:$K$5000)-SUMIF(NHAP!$L$1:$L$5000,B95,NHAP!$M$1:$M$5000))","v":0},{"$f":"IF(D95=\"NCC\",0,F95+SUMIF(XUAT!$N$1:$N$5000,B95,XUAT!$L$1:$L$5000)-SUMIF(XUAT!$N$1:$N$5000,B95,XUAT!$O$1:$O$5000))","v":0}]
[94,null,null,null,null,null,null,{"$f":"IF(D96=\"KH\",0,E96+SUMIF(NHAP!$L$1:$L$5000,B96,NHAP!$K$1:$K$5000)-SUMIF(NHAP!$L$1:$L$5000,B96,NHAP!$M$1:$M$5000))","v":0},{"$f":"IF(D96=\"NCC\",0,F96+SUMIF(XUAT!$N$1:$N$5000,B96,XUAT!$L$1:$L$5000)-SUMIF(XUAT!$N$1:$N$5000,B96,XUAT!$O$1:$O$5000))","v":0}]
[95,null,null,null,null,null,null,{"$f":"IF(D97=\"KH\",0,E97+SUMIF(NHAP!$L$1:$L$5000,B97,NHAP!$K$1:$K$5000)-SUMIF(NHAP!$L$1:$L$5000,B97,NHAP!$M$1:$M$5000))","v":0},{"$f":"IF(D97=\"NCC\",0,F97+SUMIF(XUAT!$N$1:$N$5000,B97,XUAT!$L$1:$L$5000)-SUMIF(XUAT!$N$1:$N$5000,B97,XUAT!$O$1:$O$5000))","v":0}]
[96,null,null,null,null,null,null,{"$f":"IF(D98=\"KH\",0,E98+SUMIF(NHAP!$L$1:$L$5000,B98,NHAP!$K$1:$K$5000)-SUMIF(NHAP!$L$1:$L$5000,B98,NHAP!$M$1:$M$5000))","v":0},{"$f":"IF(D98=\"NCC\",0,F98+SUMIF(XUAT!$N$1:$N$5000,B98,XUAT!$L$1:$L$5000)-SUMIF(XUAT!$N$1:$N$5000,B98,XUAT!$O$1:$O$5000))","v":0}]
[97,null,null,null,null,null,null,{"$f":"IF(D99=\"KH\",0,E99+SUMIF(NHAP!$L$1:$L$5000,B99,NHAP!$K$1:$K$5000)-SUMIF(NHAP!$L$1:$L$5000,B99,NHAP!$M$1:$M$5000))","v":0},{"$f":"IF(D99=\"NCC\",0,F99+SUMIF(XUAT!$N$1:$N$5000,B99,XUAT!$L$1:$L$5000)-SUMIF(XUAT!$N$1:$N$5000,B99,XUAT!$O$1:$O$5000))","v":0}]
[98,null,null,null,null,null,null,{"$f":"IF(D100=\"KH\",0,E100+SUMIF(NHAP!$L$1:$L$5000,B100,NHAP!$K$1:$K$5000)-SUMIF(NHAP!$L$1:$L$5000,B100,NHAP!$M$1:$M$5000))","v":0},{"$f":"IF(D100=\"NCC\",0,F100+SUMIF(XUAT!$N$1:$N$5000,B100,XUAT!$L$1:$L$5000)-SUMIF(XUAT!$N$1:$N$5000,B100,XUAT!$O$1:$O$5000))","v":0}]
[99,null,null,null,null,null,null,{"$f":"IF(D101=\"KH\",0,E101+SUMIF(NHAP!$L$1:$L$5000,B101,NHAP!$K$1:$K$5000)-SUMIF(NHAP!$L$1:$L$5000,B101,NHAP!$M$1:$M$5000))","v":0},{"$f":"IF(D101=\"NCC\",0,F101+SUMIF(XUAT!$N$1:$N$5000,B101,XUAT!$L$1:$L$5000)-SUMIF(XUAT!$N$1:$N$5000,B101,XUAT!$O$1:$O$5000))","v":0}]
[100,null,null,null,null,null,null,{"$f":"IF(D102=\"KH\",0,E102+SUMIF(NHAP!$L$1:$L$5000,B102,NHAP!$K$1:$K$5000)-SUMIF(NHAP!$L$1:$L$5000,B102,NHAP!$M$1:$M$5000))","v":0},{"$f":"IF(D102=\"NCC\",0,F102+SUMIF(XUAT!$N$1:$N$5000,B102,XUAT!$L$1:$L$5000)-SUMIF(XUAT!$N$1:$N$5000,B102,XUAT!$O$1:$O$5000))","v":0}]
[101,null,null,null,null,null,null,{"$f":"IF(D103=\"KH\",0,E103+SUMIF(NHAP!$L$1:$L$5000,B103,NHAP!$K$1:$K$5000)-SUMIF(NHAP!$L$1:$L$5000,B103,NHAP!$M$1:$M$5000))","v":0},{"$f":"IF(D103=\"NCC\",0,F103+SUMIF(XUAT!$N$1:$N$5000,B103,XUAT!$L$1:$L$5000)-SUMIF(XUAT!$N$1:$N$5000,B103,XUAT!$O$1:$O$5000))","v":0}]
[102,null,null,null,null,null,null,{"$f":"IF(D104=\"KH\",0,E104+SUMIF(NHAP!$L$1:$L$5000,B104,NHAP!$K$1:$K$5000)-SUMIF(NHAP!$L$1:$L$5000,B104,NHAP!$M$1:$M$5000))","v":0},{"$f":"IF(D104=\"NCC\",0,F104+SUMIF(XUAT!$N$1:$N$5000,B104,XUAT!$L$1:$L$5000)-SUMIF(XUAT!$N$1:$N$5000,B104,XUAT!$O$1:$O$5000))","v":0}]
[103,null,null,null,null,null,null,{"$f":"IF(D105=\"KH\",0,E105+SUMIF(NHAP!$L$1:$L$5000,B105,NHAP!$K$1:$K$5000)-SUMIF(NHAP!$L$1:$L$5000,B105,NHAP!$M$1:$M$5000))","v":0},{"$f":"IF(D105=\"NCC\",0,F105+SUMIF(XUAT!$N$1:$N$5000,B105,XUAT!$L$1:$L$5000)-SUMIF(XUAT!$N$1:$N$5000,B105,XUAT!$O$1:$O$5000))","v":0}]
[104,null,null,null,null,null,null,{"$f":"IF(D106=\"KH\",0,E106+SUMIF(NHAP!$L$1:$L$5000,B106,NHAP!$K$1:$K$5000)-SUMIF(NHAP!$L$1:$L$5000,B106,NHAP!$M$1:$M$5000))","v":0},{"$f":"IF(D106=\"NCC\",0,F106+SUMIF(XUAT!$N$1:$N$5000,B106,XUAT!$L$1:$L$5000)-SUMIF(XUAT!$N$1:$N$5000,B106,XUAT!$O$1:$O$5000))","v":0}]
[105,null,null,null,null,null,null,{"$f":"IF(D107=\"KH\",0,E107+SUMIF(NHAP!$L$1:$L$5000,B107,NHAP!$K$1:$K$5000)-SUMIF(NHAP!$L$1:$L$5000,B107,NHAP!$M$1:$M$5000))","v":0},{"$f":"IF(D107=\"NCC\",0,F107+SUMIF(XUAT!$N$1:$N$5000,B107,XUAT!$L$1:$L$5000)-SUMIF(XUAT!$N$1:$N$5000,B107,XUAT!$O$1:$O$5000))","v":0}]
[106,null,null,null,null,null,null,{"$f":"IF(D108=\"KH\",0,E108+SUMIF(NHAP!$L$1:$L$5000,B108,NHAP!$K$1:$K$5000)-SUMIF(NHAP!$L$1:$L$5000,B108,NHAP!$M$1:$M$5000))","v":0},{"$f":"IF(D108=\"NCC\",0,F108+SUMIF(XUAT!$N$1:$N$5000,B108,XUAT!$L$1:$L$5000)-SUMIF(XUAT!$N$1:$N$5000,B108,XUAT!$O$1:$O$5000))","v":0}]
[107,null,null,null,null,null,null,{"$f":"IF(D109=\"KH\",0,E109+SUMIF(NHAP!$L$1:$L$5000,B109,NHAP!$K$1:$K$5000)-SUMIF(NHAP!$L$1:$L$5000,B109,NHAP!$M$1:$M$5000))","v":0},{"$f":"IF(D109=\"NCC\",0,F109+SUMIF(XUAT!$N$1:$N$5000,B109,XUAT!$L$1:$L$5000)-SUMIF(XUAT!$N$1:$N$5000,B109,XUAT!$O$1:$O$5000))","v":0}]
[108,null,null,null,null,null,null,{"$f":"IF(D110=\"KH\",0,E110+SUMIF(NHAP!$L$1:$L$5000,B110,NHAP!$K$1:$K$5000)-SUMIF(NHAP!$L$1:$L$5000,B110,NHAP!$M$1:$M$5000))","v":0},{"$f":"IF(D110=\"NCC\",0,F110+SUMIF(XUAT!$N$1:$N$5000,B110,XUAT!$L$1:$L$5000)-SUMIF(XUAT!$N$1:$N$5000,B110,XUAT!$O$1:$O$5000))","v":0}]
[109,null,null,null,null,null,null,{"$f":"IF(D111=\"KH\",0,E111+SUMIF(NHAP!$L$1:$L$5000,B111,NHAP!$K$1:$K$5000)-SUMIF(NHAP!$L$1:$L$5000,B111,NHAP!$M$1:$M$5000))","v":0},{"$f":"IF(D111=\"NCC\",0,F111+SUMIF(XUAT!$N$1:$N$5000,B111,XUAT!$L$1:$L$5000)-SUMIF(XUAT!$N$1:$N$5000,B111,XUAT!$O$1:$O$5000))","v":0}]
[110,null,null,null,null,null,null,{"$f":"IF(D112=\"KH\",0,E112+SUMIF(NHAP!$L$1:$L$5000,B112,NHAP!$K$1:$K$5000)-SUMIF(NHAP!$L$1:$L$5000,B112,NHAP!$M$1:$M$5000))","v":0},{"$f":"IF(D112=\"NCC\",0,F112+SUMIF(XUAT!$N$1:$N$5000,B112,XUAT!$L$1:$L$5000)-SUMIF(XUAT!$N$1:$N$5000,B112,XUAT!$O$1:$O$5000))","v":0}]
[111,null,null,null,null,null,null,{"$f":"IF(D113=\"KH\",0,E113+SUMIF(NHAP!$L$1:$L$5000,B113,NHAP!$K$1:$K$5000)-SUMIF(NHAP!$L$1:$L$5000,B113,NHAP!$M$1:$M$5000))","v":0},{"$f":"IF(D113=\"NCC\",0,F113+SUMIF(XUAT!$N$1:$N$5000,B113,XUAT!$L$1:$L$5000)-SUMIF(XUAT!$N$1:$N$5000,B113,XUAT!$O$1:$O$5000))","v":0}]
[112,null,null,null,null,null,null,{"$f":"IF(D114=\"KH\",0,E114+SUMIF(NHAP!$L$1:$L$5000,B114,NHAP!$K$1:$K$5000)-SUMIF(NHAP!$L$1:$L$5000,B114,NHAP!$M$1:$M$5000))","v":0},{"$f":"IF(D114=\"NCC\",0,F114+SUMIF(XUAT!$N$1:$N$5000,B114,XUAT!$L$1:$L$5000)-SUMIF(XUAT!$N$1:$N$5000,B114,XUAT!$O$1:$O$5000))","v":0}]
[113,null,null,null,null,null,null,{"$f":"IF(D115=\"KH\",0,E115+SUMIF(NHAP!$L$1:$L$5000,B115,NHAP!$K$1:$K$5000)-SUMIF(NHAP!$L$1:$L$5000,B115,NHAP!$M$1:$M$5000))","v":0},{"$f":"IF(D115=\"NCC\",0,F115+SUMIF(XUAT!$N$1:$N$5000,B115,XUAT!$L$1:$L$5000)-SUMIF(XUAT!$N$1:$N$5000,B115,XUAT!$O$1:$O$5000))","v":0}]
[114,null,null,null,null,null,null,{"$f":"IF(D116=\"KH\",0,E116+SUMIF(NHAP!$L$1:$L$5000,B116,NHAP!$K$1:$K$5000)-SUMIF(NHAP!$L$1:$L$5000,B116,NHAP!$M$1:$M$5000))","v":0},{"$f":"IF(D116=\"NCC\",0,F116+SUMIF(XUAT!$N$1:$N$5000,B116,XUAT!$L$1:$L$5000)-SUMIF(XUAT!$N$1:$N$5000,B116,XUAT!$O$1:$O$5000))","v":0}]
[115,null,null,null,null,null,null,{"$f":"IF(D117=\"KH\",0,E117+SUMIF(NHAP!$L$1:$L$5000,B117,NHAP!$K$1:$K$5000)-SUMIF(NHAP!$L$1:$L$5000,B117,NHAP!$M$1:$M$5000))","v":0},{"$f":"IF(D117=\"NCC\",0,F117+SUMIF(XUAT!$N$1:$N$5000,B117,XUAT!$L$1:$L$5000)-SUMIF(XUAT!$N$1:$N$5000,B117,XUAT!$O$1:$O$5000))","v":0}]
[116,null,null,null,null,null,null,{"$f":"IF(D118=\"KH\",0,E118+SUMIF(NHAP!$L$1:$L$5000,B118,NHAP!$K$1:$K$5000)-SUMIF(NHAP!$L$1:$L$5000,B118,NHAP!$M$1:$M$5000))","v":0},{"$f":"IF(D118=\"NCC\",0,F118+SUMIF(XUAT!$N$1:$N$5000,B118,XUAT!$L$1:$L$5000)-SUMIF(XUAT!$N$1:$N$5000,B118,XUAT!$O$1:$O$5000))","v":0}]
[117,null,null,null,null,null,null,{"$f":"IF(D119=\"KH\",0,E119+SUMIF(NHAP!$L$1:$L$5000,B119,NHAP!$K$1:$K$5000)-SUMIF(NHAP!$L$1:$L$5000,B119,NHAP!$M$1:$M$5000))","v":0},{"$f":"IF(D119=\"NCC\",0,F119+SUMIF(XUAT!$N$1:$N$5000,B119,XUAT!$L$1:$L$5000)-SUMIF(XUAT!$N$1:$N$5000,B119,XUAT!$O$1:$O$5000))","v":0}]
[118,null,null,null,null,null,null,{"$f":"IF(D120=\"KH\",0,E120+SUMIF(NHAP!$L$1:$L$5000,B120,NHAP!$K$1:$K$5000)-SUMIF(NHAP!$L$1:$L$5000,B120,NHAP!$M$1:$M$5000))","v":0},{"$f":"IF(D120=\"NCC\",0,F120+SUMIF(XUAT!$N$1:$N$5000,B120,XUAT!$L$1:$L$5000)-SUMIF(XUAT!$N$1:$N$5000,B120,XUAT!$O$1:$O$5000))","v":0}]
[119,null,null,null,null,null,null,{"$f":"IF(D121=\"KH\",0,E121+SUMIF(NHAP!$L$1:$L$5000,B121,NHAP!$K$1:$K$5000)-SUMIF(NHAP!$L$1:$L$5000,B121,NHAP!$M$1:$M$5000))","v":0},{"$f":"IF(D121=\"NCC\",0,F121+SUMIF(XUAT!$N$1:$N$5000,B121,XUAT!$L$1:$L$5000)-SUMIF(XUAT!$N$1:$N$5000,B121,XUAT!$O$1:$O$5000))","v":0}]
[120,null,null,null,null,null,null,{"$f":"IF(D122=\"KH\",0,E122+SUMIF(NHAP!$L$1:$L$5000,B122,NHAP!$K$1:$K$5000)-SUMIF(NHAP!$L$1:$L$5000,B122,NHAP!$M$1:$M$5000))","v":0},{"$f":"IF(D122=\"NCC\",0,F122+SUMIF(XUAT!$N$1:$N$5000,B122,XUAT!$L$1:$L$5000)-SUMIF(XUAT!$N$1:$N$5000,B122,XUAT!$O$1:$O$5000))","v":0}]
[121,null,null,null,null,null,null,{"$f":"IF(D123=\"KH\",0,E123+SUMIF(NHAP!$L$1:$L$5000,B123,NHAP!$K$1:$K$5000)-SUMIF(NHAP!$L$1:$L$5000,B123,NHAP!$M$1:$M$5000))","v":0},{"$f":"IF(D123=\"NCC\",0,F123+SUMIF(XUAT!$N$1:$N$5000,B123,XUAT!$L$1:$L$5000)-SUMIF(XUAT!$N$1:$N$5000,B123,XUAT!$O$1:$O$5000))","v":0}]
[122,null,null,null,null,null,null,{"$f":"IF(D124=\"KH\",0,E124+SUMIF(NHAP!$L$1:$L$5000,B124,NHAP!$K$1:$K$5000)-SUMIF(NHAP!$L$1:$L$5000,B124,NHAP!$M$1:$M$5000))","v":0},{"$f":"IF(D124=\"NCC\",0,F124+SUMIF(XUAT!$N$1:$N$5000,B124,XUAT!$L$1:$L$5000)-SUMIF(XUAT!$N$1:$N$5000,B124,XUAT!$O$1:$O$5000))","v":0}]
[123,null,null,null,null,null,null,{"$f":"IF(D125=\"KH\",0,E125+SUMIF(NHAP!$L$1:$L$5000,B125,NHAP!$K$1:$K$5000)-SUMIF(NHAP!$L$1:$L$5000,B125,NHAP!$M$1:$M$5000))","v":0},{"$f":"IF(D125=\"NCC\",0,F125+SUMIF(XUAT!$N$1:$N$5000,B125,XUAT!$L$1:$L$5000)-SUMIF(XUAT!$N$1:$N$5000,B125,XUAT!$O$1:$O$5000))","v":0}]
[124,null,null,null,null,null,null,{"$f":"IF(D126=\"KH\",0,E126+SUMIF(NHAP!$L$1:$L$5000,B126,NHAP!$K$1:$K$5000)-SUMIF(NHAP!$L$1:$L$5000,B126,NHAP!$M$1:$M$5000))","v":0},{"$f":"IF(D126=\"NCC\",0,F126+SUMIF(XUAT!$N$1:$N$5000,B126,XUAT!$L$1:$L$5000)-SUMIF(XUAT!$N$1:$N$5000,B126,XUAT!$O$1:$O$5000))","v":0}]
[125,null,null,null,null,null,null,{"$f":"IF(D127=\"KH\",0,E127+SUMIF(NHAP!$L$1:$L$5000,B127,NHAP!$K$1:$K$5000)-SUMIF(NHAP!$L$1:$L$5000,B127,NHAP!$M$1:$M$5000))","v":0},{"$f":"IF(D127=\"NCC\",0,F127+SUMIF(XUAT!$N$1:$N$5000,B127,XUAT!$L$1:$L$5000)-SUMIF(XUAT!$N$1:$N$5000,B127,XUAT!$O$1:$O$5000))","v":0}]
[126,null,null,null,null,null,null,{"$f":"IF(D128=\"KH\",0,E128+SUMIF(NHAP!$L$1:$L$5000,B128,NHAP!$K$1:$K$5000)-SUMIF(NHAP!$L$1:$L$5000,B128,NHAP!$M$1:$M$5000))","v":0},{"$f":"IF(D128=\"NCC\",0,F128+SUMIF(XUAT!$N$1:$N$5000,B128,XUAT!$L$1:$L$5000)-SUMIF(XUAT!$N$1:$N$5000,B128,XUAT!$O$1:$O$5000))","v":0}]
[127,null,null,null,null,null,null,{"$f":"IF(D129=\"KH\",0,E129+SUMIF(NHAP!$L$1:$L$5000,B129,NHAP!$K$1:$K$5000)-SUMIF(NHAP!$L$1:$L$5000,B129,NHAP!$M$1:$M$5000))","v":0},{"$f":"IF(D129=\"NCC\",0,F129+SUMIF(XUAT!$N$1:$N$5000,B129,XUAT!$L$1:$L$5000)-SUMIF(XUAT!$N$1:$N$5000,B129,XUAT!$O$1:$O$5000))","v":0}]
[128,null,null,null,null,null,null,{"$f":"IF(D130=\"KH\",0,E130+SUMIF(NHAP!$L$1:$L$5000,B130,NHAP!$K$1:$K$5000)-SUMIF(NHAP!$L$1:$L$5000,B130,NHAP!$M$1:$M$5000))","v":0},{"$f":"IF(D130=\"NCC\",0,F130+SUMIF(XUAT!$N$1:$N$5000,B130,XUAT!$L$1:$L$5000)-SUMIF(XUAT!$N$1:$N$5000,B130,XUAT!$O$1:$O$5000))","v":0}]
[129,null,null,null,null,null,null,{"$f":"IF(D131=\"KH\",0,E131+SUMIF(NHAP!$L$1:$L$5000,B131,NHAP!$K$1:$K$5000)-SUMIF(NHAP!$L$1:$L$5000,B131,NHAP!$M$1:$M$5000))","v":0},{"$f":"IF(D131=\"NCC\",0,F131+SUMIF(XUAT!$N$1:$N$5000,B131,XUAT!$L$1:$L$5000)-SUMIF(XUAT!$N$1:$N$5000,B131,XUAT!$O$1:$O$5000))","v":0}]
[130,null,null,null,null,null,null,{"$f":"IF(D132=\"KH\",0,E132+SUMIF(NHAP!$L$1:$L$5000,B132,NHAP!$K$1:$K$5000)-SUMIF(NHAP!$L$1:$L$5000,B132,NHAP!$M$1:$M$5000))","v":0},{"$f":"IF(D132=\"NCC\",0,F132+SUMIF(XUAT!$N$1:$N$5000,B132,XUAT!$L$1:$L$5000)-SUMIF(XUAT!$N$1:$N$5000,B132,XUAT!$O$1:$O$5000))","v":0}]
[131,null,null,null,null,null,null,{"$f":"IF(D133=\"KH\",0,E133+SUMIF(NHAP!$L$1:$L$5000,B133,NHAP!$K$1:$K$5000)-SUMIF(NHAP!$L$1:$L$5000,B133,NHAP!$M$1:$M$5000))","v":0},{"$f":"IF(D133=\"NCC\",0,F133+SUMIF(XUAT!$N$1:$N$5000,B133,XUAT!$L$1:$L$5000)-SUMIF(XUAT!$N$1:$N$5000,B133,XUAT!$O$1:$O$5000))","v":0}]
[132,null,null,null,null,null,null,{"$f":"IF(D134=\"KH\",0,E134+SUMIF(NHAP!$L$1:$L$5000,B134,NHAP!$K$1:$K$5000)-SUMIF(NHAP!$L$1:$L$5000,B134,NHAP!$M$1:$M$5000))","v":0},{"$f":"IF(D134=\"NCC\",0,F134+SUMIF(XUAT!$N$1:$N$5000,B134,XUAT!$L$1:$L$5000)-SUMIF(XUAT!$N$1:$N$5000,B134,XUAT!$O$1:$O$5000))","v":0}]
[133,null,null,null,null,null,null,{"$f":"IF(D135=\"KH\",0,E135+SUMIF(NHAP!$L$1:$L$5000,B135,NHAP!$K$1:$K$5000)-SUMIF(NHAP!$L$1:$L$5000,B135,NHAP!$M$1:$M$5000))","v":0},{"$f":"IF(D135=\"NCC\",0,F135+SUMIF(XUAT!$N$1:$N$5000,B135,XUAT!$L$1:$L$5000)-SUMIF(XUAT!$N$1:$N$5000,B135,XUAT!$O$1:$O$5000))","v":0}]
[134,null,null,null,null,null,null,{"$f":"IF(D136=\"KH\",0,E136+SUMIF(NHAP!$L$1:$L$5000,B136,NHAP!$K$1:$K$5000)-SUMIF(NHAP!$L$1:$L$5000,B136,NHAP!$M$1:$M$5000))","v":0},{"$f":"IF(D136=\"NCC\",0,F136+SUMIF(XUAT!$N$1:$N$5000,B136,XUAT!$L$1:$L$5000)-SUMIF(XUAT!$N$1:$N$5000,B136,XUAT!$O$1:$O$5000))","v":0}]
[135,null,null,null,null,null,null,{"$f":"IF(D137=\"KH\",0,E137+SUMIF(NHAP!$L$1:$L$5000,B137,NHAP!$K$1:$K$5000)-SUMIF(NHAP!$L$1:$L$5000,B137,NHAP!$M$1:$M$5000))","v":0},{"$f":"IF(D137=\"NCC\",0,F137+SUMIF(XUAT!$N$1:$N$5000,B137,XUAT!$L$1:$L$5000)-SUMIF(XUAT!$N$1:$N$5000,B137,XUAT!$O$1:$O$5000))","v":0}]
[136,null,null,null,null,null,null,{"$f":"IF(D138=\"KH\",0,E138+SUMIF(NHAP!$L$1:$L$5000,B138,NHAP!$K$1:$K$5000)-SUMIF(NHAP!$L$1:$L$5000,B138,NHAP!$M$1:$M$5000))","v":0},{"$f":"IF(D138=\"NCC\",0,F138+SUMIF(XUAT!$N$1:$N$5000,B138,XUAT!$L$1:$L$5000)-SUMIF(XUAT!$N$1:$N$5000,B138,XUAT!$O$1:$O$5000))","v":0}]
[137,null,null,null,null,null,null,{"$f":"IF(D139=\"KH\",0,E139+SUMIF(NHAP!$L$1:$L$5000,B139,NHAP!$K$1:$K$5000)-SUMIF(NHAP!$L$1:$L$5000,B139,NHAP!$M$1:$M$5000))","v":0},{"$f":"IF(D139=\"NCC\",0,F139+SUMIF(XUAT!$N$1:$N$5000,B139,XUAT!$L$1:$L$5000)-SUMIF(XUAT!$N$1:$N$5000,B139,XUAT!$O$1:$O$5000))","v":0}]
[138,null,null,null,null,null,null,{"$f":"IF(D140=\"KH\",0,E140+SUMIF(NHAP!$L$1:$L$5000,B140,NHAP!$K$1:$K$5000)-SUMIF(NHAP!$L$1:$L$5000,B140,NHAP!$M$1:$M$5000))","v":0},{"$f":"IF(D140=\"NCC\",0,F140+SUMIF(XUAT!$N$1:$N$5000,B140,XUAT!$L$1:$L$5000)-SUMIF(XUAT!$N$1:$N$5000,B140,XUAT!$O$1:$O$5000))","v":0}]
[139,null,null,null,null,null,null,{"$f":"IF(D141=\"KH\",0,E141+SUMIF(NHAP!$L$1:$L$5000,B141,NHAP!$K$1:$K$5000)-SUMIF(NHAP!$L$1:$L$5000,B141,NHAP!$M$1:$M$5000))","v":0},{"$f":"IF(D141=\"NCC\",0,F141+SUMIF(XUAT!$N$1:$N$5000,B141,XUAT!$L$1:$L$5000)-SUMIF(XUAT!$N$1:$N$5000,B141,XUAT!$O$1:$O$5000))","v":0}]
[140,null,null,null,null,null,null,{"$f":"IF(D142=\"KH\",0,E142+SUMIF(NHAP!$L$1:$L$5000,B142,NHAP!$K$1:$K$5000)-SUMIF(NHAP!$L$1:$L$5000,B142,NHAP!$M$1:$M$5000))","v":0},{"$f":"IF(D142=\"NCC\",0,F142+SUMIF(XUAT!$N$1:$N$5000,B142,XUAT!$L$1:$L$5000)-SUMIF(XUAT!$N$1:$N$5000,B142,XUAT!$O$1:$O$5000))","v":0}]
[141,null,null,null,null,null,null,{"$f":"IF(D143=\"KH\",0,E143+SUMIF(NHAP!$L$1:$L$5000,B143,NHAP!$K$1:$K$5000)-SUMIF(NHAP!$L$1:$L$5000,B143,NHAP!$M$1:$M$5000))","v":0},{"$f":"IF(D143=\"NCC\",0,F143+SUMIF(XUAT!$N$1:$N$5000,B143,XUAT!$L$1:$L$5000)-SUMIF(XUAT!$N$1:$N$5000,B143,XUAT!$O$1:$O$5000))","v":0}]
[142,null,null,null,null,null,null,{"$f":"IF(D144=\"KH\",0,E144+SUMIF(NHAP!$L$1:$L$5000,B144,NHAP!$K$1:$K$5000)-SUMIF(NHAP!$L$1:$L$5000,B144,NHAP!$M$1:$M$5000))","v":0},{"$f":"IF(D144=\"NCC\",0,F144+SUMIF(XUAT!$N$1:$N$5000,B144,XUAT!$L$1:$L$5000)-SUMIF(XUAT!$N$1:$N$5000,B144,XUAT!$O$1:$O$5000))","v":0}]
[143,null,null,null,null,null,null,{"$f":"IF(D145=\"KH\",0,E145+SUMIF(NHAP!$L$1:$L$5000,B145,NHAP!$K$1:$K$5000)-SUMIF(NHAP!$L$1:$L$5000,B145,NHAP!$M$1:$M$5000))","v":0},{"$f":"IF(D145=\"NCC\",0,F145+SUMIF(XUAT!$N$1:$N$5000,B145,XUAT!$L$1:$L$5000)-SUMIF(XUAT!$N$1:$N$5000,B145,XUAT!$O$1:$O$5000))","v":0}]
[144,null,null,null,null,null,null,{"$f":"IF(D146=\"KH\",0,E146+SUMIF(NHAP!$L$1:$L$5000,B146,NHAP!$K$1:$K$5000)-SUMIF(NHAP!$L$1:$L$5000,B146,NHAP!$M$1:$M$5000))","v":0},{"$f":"IF(D146=\"NCC\",0,F146+SUMIF(XUAT!$N$1:$N$5000,B146,XUAT!$L$1:$L$5000)-SUMIF(XUAT!$N$1:$N$5000,B146,XUAT!$O$1:$O$5000))","v":0}]
[145,null,null,null,null,null,null,{"$f":"IF(D147=\"KH\",0,E147+SUMIF(NHAP!$L$1:$L$5000,B147,NHAP!$K$1:$K$5000)-SUMIF(NHAP!$L$1:$L$5000,B147,NHAP!$M$1:$M$5000))","v":0},{"$f":"IF(D147=\"NCC\",0,F147+SUMIF(XUAT!$N$1:$N$5000,B147,XUAT!$L$1:$L$5000)-SUMIF(XUAT!$N$1:$N$5000,B147,XUAT!$O$1:$O$5000))","v":0}]
[146,null,null,null,null,null,null,{"$f":"IF(D148=\"KH\",0,E148+SUMIF(NHAP!$L$1:$L$5000,B148,NHAP!$K$1:$K$5000)-SUMIF(NHAP!$L$1:$L$5000,B148,NHAP!$M$1:$M$5000))","v":0},{"$f":"IF(D148=\"NCC\",0,F148+SUMIF(XUAT!$N$1:$N$5000,B148,XUAT!$L$1:$L$5000)-SUMIF(XUAT!$N$1:$N$5000,B148,XUAT!$O$1:$O$5000))","v":0}]
[147,null,null,null,null,null,null,{"$f":"IF(D149=\"KH\",0,E149+SUMIF(NHAP!$L$1:$L$5000,B149,NHAP!$K$1:$K$5000)-SUMIF(NHAP!$L$1:$L$5000,B149,NHAP!$M$1:$M$5000))","v":0},{"$f":"IF(D149=\"NCC\",0,F149+SUMIF(XUAT!$N$1:$N$5000,B149,XUAT!$L$1:$L$5000)-SUMIF(XUAT!$N$1:$N$5000,B149,XUAT!$O$1:$O$5000))","v":0}]
[148,null,null,null,null,null,null,{"$f":"IF(D150=\"KH\",0,E150+SUMIF(NHAP!$L$1:$L$5000,B150,NHAP!$K$1:$K$5000)-SUMIF(NHAP!$L$1:$L$5000,B150,NHAP!$M$1:$M$5000))","v":0},{"$f":"IF(D150=\"NCC\",0,F150+SUMIF(XUAT!$N$1:$N$5000,B150,XUAT!$L$1:$L$5000)-SUMIF(XUAT!$N$1:$N$5000,B150,XUAT!$O$1:$O$5000))","v":0}]
[149,null,null,null,null,null,null,{"$f":"IF(D151=\"KH\",0,E151+SUMIF(NHAP!$L$1:$L$5000,B151,NHAP!$K$1:$K$5000)-SUMIF(NHAP!$L$1:$L$5000,B151,NHAP!$M$1:$M$5000))","v":0},{"$f":"IF(D151=\"NCC\",0,F151+SUMIF(XUAT!$N$1:$N$5000,B151,XUAT!$L$1:$L$5000)-SUMIF(XUAT!$N$1:$N$5000,B151,XUAT!$O$1:$O$5000))","v":0}]
[150,null,null,null,null,null,null,{"$f":"IF(D152=\"KH\",0,E152+SUMIF(NHAP!$L$1:$L$5000,B152,NHAP!$K$1:$K$5000)-SUMIF(NHAP!$L$1:$L$5000,B152,NHAP!$M$1:$M$5000))","v":0},{"$f":"IF(D152=\"NCC\",0,F152+SUMIF(XUAT!$N$1:$N$5000,B152,XUAT!$L$1:$L$5000)-SUMIF(XUAT!$N$1:$N$5000,B152,XUAT!$O$1:$O$5000))","v":0}]
[151,null,null,null,null,null,null,{"$f":"IF(D153=\"KH\",0,E153+SUMIF(NHAP!$L$1:$L$5000,B153,NHAP!$K$1:$K$5000)-SUMIF(NHAP!$L$1:$L$5000,B153,NHAP!$M$1:$M$5000))","v":0},{"$f":"IF(D153=\"NCC\",0,F153+SUMIF(XUAT!$N$1:$N$5000,B153,XUAT!$L$1:$L$5000)-SUMIF(XUAT!$N$1:$N$5000,B153,XUAT!$O$1:$O$5000))","v":0}]
[152,null,null,null,null,null,null,{"$f":"IF(D154=\"KH\",0,E154+SUMIF(NHAP!$L$1:$L$5000,B154,NHAP!$K$1:$K$5000)-SUMIF(NHAP!$L$1:$L$5000,B154,NHAP!$M$1:$M$5000))","v":0},{"$f":"IF(D154=\"NCC\",0,F154+SUMIF(XUAT!$N$1:$N$5000,B154,XUAT!$L$1:$L$5000)-SUMIF(XUAT!$N$1:$N$5000,B154,XUAT!$O$1:$O$5000))","v":0}]
[153,null,null,null,null,null,null,{"$f":"IF(D155=\"KH\",0,E155+SUMIF(NHAP!$L$1:$L$5000,B155,NHAP!$K$1:$K$5000)-SUMIF(NHAP!$L$1:$L$5000,B155,NHAP!$M$1:$M$5000))","v":0},{"$f":"IF(D155=\"NCC\",0,F155+SUMIF(XUAT!$N$1:$N$5000,B155,XUAT!$L$1:$L$5000)-SUMIF(XUAT!$N$1:$N$5000,B155,XUAT!$O$1:$O$5000))","v":0}]
[154,null,null,null,null,null,null,{"$f":"IF(D156=\"KH\",0,E156+SUMIF(NHAP!$L$1:$L$5000,B156,NHAP!$K$1:$K$5000)-SUMIF(NHAP!$L$1:$L$5000,B156,NHAP!$M$1:$M$5000))","v":0},{"$f":"IF(D156=\"NCC\",0,F156+SUMIF(XUAT!$N$1:$N$5000,B156,XUAT!$L$1:$L$5000)-SUMIF(XUAT!$N$1:$N$5000,B156,XUAT!$O$1:$O$5000))","v":0}]
[155,null,null,null,null,null,null,{"$f":"IF(D157=\"KH\",0,E157+SUMIF(NHAP!$L$1:$L$5000,B157,NHAP!$K$1:$K$5000)-SUMIF(NHAP!$L$1:$L$5000,B157,NHAP!$M$1:$M$5000))","v":0},{"$f":"IF(D157=\"NCC\",0,F157+SUMIF(XUAT!$N$1:$N$5000,B157,XUAT!$L$1:$L$5000)-SUMIF(XUAT!$N$1:$N$5000,B157,XUAT!$O$1:$O$5000))","v":0}]
[156,null,null,null,null,null,null,{"$f":"IF(D158=\"KH\",0,E158+SUMIF(NHAP!$L$1:$L$5000,B158,NHAP!$K$1:$K$5000)-SUMIF(NHAP!$L$1:$L$5000,B158,NHAP!$M$1:$M$5000))","v":0},{"$f":"IF(D158=\"NCC\",0,F158+SUMIF(XUAT!$N$1:$N$5000,B158,XUAT!$L$1:$L$5000)-SUMIF(XUAT!$N$1:$N$5000,B158,XUAT!$O$1:$O$5000))","v":0}]
[157,null,null,null,null,null,null,{"$f":"IF(D159=\"KH\",0,E159+SUMIF(NHAP!$L$1:$L$5000,B159,NHAP!$K$1:$K$5000)-SUMIF(NHAP!$L$1:$L$5000,B159,NHAP!$M$1:$M$5000))","v":0},{"$f":"IF(D159=\"NCC\",0,F159+SUMIF(XUAT!$N$1:$N$5000,B159,XUAT!$L$1:$L$5000)-SUMIF(XUAT!$N$1:$N$5000,B159,XUAT!$O$1:$O$5000))","v":0}]
[158,null,null,null,null,null,null,{"$f":"IF(D160=\"KH\",0,E160+SUMIF(NHAP!$L$1:$L$5000,B160,NHAP!$K$1:$K$5000)-SUMIF(NHAP!$L$1:$L$5000,B160,NHAP!$M$1:$M$5000))","v":0},{"$f":"IF(D160=\"NCC\",0,F160+SUMIF(XUAT!$N$1:$N$5000,B160,XUAT!$L$1:$L$5000)-SUMIF(XUAT!$N$1:$N$5000,B160,XUAT!$O$1:$O$5000))","v":0}]
[159,null,null,null,null,null,null,{"$f":"IF(D161=\"KH\",0,E161+SUMIF(NHAP!$L$1:$L$5000,B161,NHAP!$K$1:$K$5000)-SUMIF(NHAP!$L$1:$L$5000,B161,NHAP!$M$1:$M$5000))","v":0},{"$f":"IF(D161=\"NCC\",0,F161+SUMIF(XUAT!$N$1:$N$5000,B161,XUAT!$L$1:$L$5000)-SUMIF(XUAT!$N$1:$N$5000,B161,XUAT!$O$1:$O$5000))","v":0}]
[160,null,null,null,null,null,null,{"$f":"IF(D162=\"KH\",0,E162+SUMIF(NHAP!$L$1:$L$5000,B162,NHAP!$K$1:$K$5000)-SUMIF(NHAP!$L$1:$L$5000,B162,NHAP!$M$1:$M$5000))","v":0},{"$f":"IF(D162=\"NCC\",0,F162+SUMIF(XUAT!$N$1:$N$5000,B162,XUAT!$L$1:$L$5000)-SUMIF(XUAT!$N$1:$N$5000,B162,XUAT!$O$1:$O$5000))","v":0}]
[161,null,null,null,null,null,null,{"$f":"IF(D163=\"KH\",0,E163+SUMIF(NHAP!$L$1:$L$5000,B163,NHAP!$K$1:$K$5000)-SUMIF(NHAP!$L$1:$L$5000,B163,NHAP!$M$1:$M$5000))","v":0},{"$f":"IF(D163=\"NCC\",0,F163+SUMIF(XUAT!$N$1:$N$5000,B163,XUAT!$L$1:$L$5000)-SUMIF(XUAT!$N$1:$N$5000,B163,XUAT!$O$1:$O$5000))","v":0}]
[162,null,null,null,null,null,null,{"$f":"IF(D164=\"KH\",0,E164+SUMIF(NHAP!$L$1:$L$5000,B164,NHAP!$K$1:$K$5000)-SUMIF(NHAP!$L$1:$L$5000,B164,NHAP!$M$1:$M$5000))","v":0},{"$f":"IF(D164=\"NCC\",0,F164+SUMIF(XUAT!$N$1:$N$5000,B164,XUAT!$L$1:$L$5000)-SUMIF(XUAT!$N$1:$N$5000,B164,XUAT!$O$1:$O$5000))","v":0}]
[163,null,null,null,null,null,null,{"$f":"IF(D165=\"KH\",0,E165+SUMIF(NHAP!$L$1:$L$5000,B165,NHAP!$K$1:$K$5000)-SUMIF(NHAP!$L$1:$L$5000,B165,NHAP!$M$1:$M$5000))","v":0},{"$f":"IF(D165=\"NCC\",0,F165+SUMIF(XUAT!$N$1:$N$5000,B165,XUAT!$L$1:$L$5000)-SUMIF(XUAT!$N$1:$N$5000,B165,XUAT!$O$1:$O$5000))","v":0}]
[164,null,null,null,null,null,null,{"$f":"IF(D166=\"KH\",0,E166+SUMIF(NHAP!$L$1:$L$5000,B166,NHAP!$K$1:$K$5000)-SUMIF(NHAP!$L$1:$L$5000,B166,NHAP!$M$1:$M$5000))","v":0},{"$f":"IF(D166=\"NCC\",0,F166+SUMIF(XUAT!$N$1:$N$5000,B166,XUAT!$L$1:$L$5000)-SUMIF(XUAT!$N$1:$N$5000,B166,XUAT!$O$1:$O$5000))","v":0}]
[165,null,null,null,null,null,null,{"$f":"IF(D167=\"KH\",0,E167+SUMIF(NHAP!$L$1:$L$5000,B167,NHAP!$K$1:$K$5000)-SUMIF(NHAP!$L$1:$L$5000,B167,NHAP!$M$1:$M$5000))","v":0},{"$f":"IF(D167=\"NCC\",0,F167+SUMIF(XUAT!$N$1:$N$5000,B167,XUAT!$L$1:$L$5000)-SUMIF(XUAT!$N$1:$N$5000,B167,XUAT!$O$1:$O$5000))","v":0}]
[166,null,null,null,null,null,null,{"$f":"IF(D168=\"KH\",0,E168+SUMIF(NHAP!$L$1:$L$5000,B168,NHAP!$K$1:$K$5000)-SUMIF(NHAP!$L$1:$L$5000,B168,NHAP!$M$1:$M$5000))","v":0},{"$f":"IF(D168=\"NCC\",0,F168+SUMIF(XUAT!$N$1:$N$5000,B168,XUAT!$L$1:$L$5000)-SUMIF(XUAT!$N$1:$N$5000,B168,XUAT!$O$1:$O$5000))","v":0}]
[167,null,null,null,null,null,null,{"$f":"IF(D169=\"KH\",0,E169+SUMIF(NHAP!$L$1:$L$5000,B169,NHAP!$K$1:$K$5000)-SUMIF(NHAP!$L$1:$L$5000,B169,NHAP!$M$1:$M$5000))","v":0},{"$f":"IF(D169=\"NCC\",0,F169+SUMIF(XUAT!$N$1:$N$5000,B169,XUAT!$L$1:$L$5000)-SUMIF(XUAT!$N$1:$N$5000,B169,XUAT!$O$1:$O$5000))","v":0}]
[168,null,null,null,null,null,null,{"$f":"IF(D170=\"KH\",0,E170+SUMIF(NHAP!$L$1:$L$5000,B170,NHAP!$K$1:$K$5000)-SUMIF(NHAP!$L$1:$L$5000,B170,NHAP!$M$1:$M$5000))","v":0},{"$f":"IF(D170=\"NCC\",0,F170+SUMIF(XUAT!$N$1:$N$5000,B170,XUAT!$L$1:$L$5000)-SUMIF(XUAT!$N$1:$N$5000,B170,XUAT!$O$1:$O$5000))","v":0}]
[169,null,null,null,null,null,null,{"$f":"IF(D171=\"KH\",0,E171+SUMIF(NHAP!$L$1:$L$5000,B171,NHAP!$K$1:$K$5000)-SUMIF(NHAP!$L$1:$L$5000,B171,NHAP!$M$1:$M$5000))","v":0},{"$f":"IF(D171=\"NCC\",0,F171+SUMIF(XUAT!$N$1:$N$5000,B171,XUAT!$L$1:$L$5000)-SUMIF(XUAT!$N$1:$N$5000,B171,XUAT!$O$1:$O$5000))","v":0}]
[170,null,null,null,null,null,null,{"$f":"IF(D172=\"KH\",0,E172+SUMIF(NHAP!$L$1:$L$5000,B172,NHAP!$K$1:$K$5000)-SUMIF(NHAP!$L$1:$L$5000,B172,NHAP!$M$1:$M$5000))","v":0},{"$f":"IF(D172=\"NCC\",0,F172+SUMIF(XUAT!$N$1:$N$5000,B172,XUAT!$L$1:$L$5000)-SUMIF(XUAT!$N$1:$N$5000,B172,XUAT!$O$1:$O$5000))","v":0}]
[171,null,null,null,null,null,null,{"$f":"IF(D173=\"KH\",0,E173+SUMIF(NHAP!$L$1:$L$5000,B173,NHAP!$K$1:$K$5000)-SUMIF(NHAP!$L$1:$L$5000,B173,NHAP!$M$1:$M$5000))","v":0},{"$f":"IF(D173=\"NCC\",0,F173+SUMIF(XUAT!$N$1:$N$5000,B173,XUAT!$L$1:$L$5000)-SUMIF(XUAT!$N$1:$N$5000,B173,XUAT!$O$1:$O$5000))","v":0}]
[172,null,null,null,null,null,null,{"$f":"IF(D174=\"KH\",0,E174+SUMIF(NHAP!$L$1:$L$5000,B174,NHAP!$K$1:$K$5000)-SUMIF(NHAP!$L$1:$L$5000,B174,NHAP!$M$1:$M$5000))","v":0},{"$f":"IF(D174=\"NCC\",0,F174+SUMIF(XUAT!$N$1:$N$5000,B174,XUAT!$L$1:$L$5000)-SUMIF(XUAT!$N$1:$N$5000,B174,XUAT!$O$1:$O$5000))","v":0}]
[173,null,null,null,null,null,null,{"$f":"IF(D175=\"KH\",0,E175+SUMIF(NHAP!$L$1:$L$5000,B175,NHAP!$K$1:$K$5000)-SUMIF(NHAP!$L$1:$L$5000,B175,NHAP!$M$1:$M$5000))","v":0},{"$f":"IF(D175=\"NCC\",0,F175+SUMIF(XUAT!$N$1:$N$5000,B175,XUAT!$L$1:$L$5000)-SUMIF(XUAT!$N$1:$N$5000,B175,XUAT!$O$1:$O$5000))","v":0}]
[174,null,null,null,null,null,null,{"$f":"IF(D176=\"KH\",0,E176+SUMIF(NHAP!$L$1:$L$5000,B176,NHAP!$K$1:$K$5000)-SUMIF(NHAP!$L$1:$L$5000,B176,NHAP!$M$1:$M$5000))","v":0},{"$f":"IF(D176=\"NCC\",0,F176+SUMIF(XUAT!$N$1:$N$5000,B176,XUAT!$L$1:$L$5000)-SUMIF(XUAT!$N$1:$N$5000,B176,XUAT!$O$1:$O$5000))","v":0}]
[175,null,null,null,null,null,null,{"$f":"IF(D177=\"KH\",0,E177+SUMIF(NHAP!$L$1:$L$5000,B177,NHAP!$K$1:$K$5000)-SUMIF(NHAP!$L$1:$L$5000,B177,NHAP!$M$1:$M$5000))","v":0},{"$f":"IF(D177=\"NCC\",0,F177+SUMIF(XUAT!$N$1:$N$5000,B177,XUAT!$L$1:$L$5000)-SUMIF(XUAT!$N$1:$N$5000,B177,XUAT!$O$1:$O$5000))","v":0}]
[176,null,null,null,null,null,null,{"$f":"IF(D178=\"KH\",0,E178+SUMIF(NHAP!$L$1:$L$5000,B178,NHAP!$K$1:$K$5000)-SUMIF(NHAP!$L$1:$L$5000,B178,NHAP!$M$1:$M$5000))","v":0},{"$f":"IF(D178=\"NCC\",0,F178+SUMIF(XUAT!$N$1:$N$5000,B178,XUAT!$L$1:$L$5000)-SUMIF(XUAT!$N$1:$N$5000,B178,XUAT!$O$1:$O$5000))","v":0}]
[177,null,null,null,null,null,null,{"$f":"IF(D179=\"KH\",0,E179+SUMIF(NHAP!$L$1:$L$5000,B179,NHAP!$K$1:$K$5000)-SUMIF(NHAP!$L$1:$L$5000,B179,NHAP!$M$1:$M$5000))","v":0},{"$f":"IF(D179=\"NCC\",0,F179+SUMIF(XUAT!$N$1:$N$5000,B179,XUAT!$L$1:$L$5000)-SUMIF(XUAT!$N$1:$N$5000,B179,XUAT!$O$1:$O$5000))","v":0}]
[178,null,null,null,null,null,null,{"$f":"IF(D180=\"KH\",0,E180+SUMIF(NHAP!$L$1:$L$5000,B180,NHAP!$K$1:$K$5000)-SUMIF(NHAP!$L$1:$L$5000,B180,NHAP!$M$1:$M$5000))","v":0},{"$f":"IF(D180=\"NCC\",0,F180+SUMIF(XUAT!$N$1:$N$5000,B180,XUAT!$L$1:$L$5000)-SUMIF(XUAT!$N$1:$N$5000,B180,XUAT!$O$1:$O$5000))","v":0}]
[179,null,null,null,null,null,null,{"$f":"IF(D181=\"KH\",0,E181+SUMIF(NHAP!$L$1:$L$5000,B181,NHAP!$K$1:$K$5000)-SUMIF(NHAP!$L$1:$L$5000,B181,NHAP!$M$1:$M$5000))","v":0},{"$f":"IF(D181=\"NCC\",0,F181+SUMIF(XUAT!$N$1:$N$5000,B181,XUAT!$L$1:$L$5000)-SUMIF(XUAT!$N$1:$N$5000,B181,XUAT!$O$1:$O$5000))","v":0}]
[180,null,null,null,null,null,null,{"$f":"IF(D182=\"KH\",0,E182+SUMIF(NHAP!$L$1:$L$5000,B182,NHAP!$K$1:$K$5000)-SUMIF(NHAP!$L$1:$L$5000,B182,NHAP!$M$1:$M$5000))","v":0},{"$f":"IF(D182=\"NCC\",0,F182+SUMIF(XUAT!$N$1:$N$5000,B182,XUAT!$L$1:$L$5000)-SUMIF(XUAT!$N$1:$N$5000,B182,XUAT!$O$1:$O$5000))","v":0}]
[181,null,null,null,null,null,null,{"$f":"IF(D183=\"KH\",0,E183+SUMIF(NHAP!$L$1:$L$5000,B183,NHAP!$K$1:$K$5000)-SUMIF(NHAP!$L$1:$L$5000,B183,NHAP!$M$1:$M$5000))","v":0},{"$f":"IF(D183=\"NCC\",0,F183+SUMIF(XUAT!$N$1:$N$5000,B183,XUAT!$L$1:$L$5000)-SUMIF(XUAT!$N$1:$N$5000,B183,XUAT!$O$1:$O$5000))","v":0}]
[182,null,null,null,null,null,null,{"$f":"IF(D184=\"KH\",0,E184+SUMIF(NHAP!$L$1:$L$5000,B184,NHAP!$K$1:$K$5000)-SUMIF(NHAP!$L$1:$L$5000,B184,NHAP!$M$1:$M$5000))","v":0},{"$f":"IF(D184=\"NCC\",0,F184+SUMIF(XUAT!$N$1:$N$5000,B184,XUAT!$L$1:$L$5000)-SUMIF(XUAT!$N$1:$N$5000,B184,XUAT!$O$1:$O$5000))","v":0}]
[183,null,null,null,null,null,null,{"$f":"IF(D185=\"KH\",0,E185+SUMIF(NHAP!$L$1:$L$5000,B185,NHAP!$K$1:$K$5000)-SUMIF(NHAP!$L$1:$L$5000,B185,NHAP!$M$1:$M$5000))","v":0},{"$f":"IF(D185=\"NCC\",0,F185+SUMIF(XUAT!$N$1:$N$5000,B185,XUAT!$L$1:$L$5000)-SUMIF(XUAT!$N$1:$N$5000,B185,XUAT!$O$1:$O$5000))","v":0}]
[184,null,null,null,null,null,null,{"$f":"IF(D186=\"KH\",0,E186+SUMIF(NHAP!$L$1:$L$5000,B186,NHAP!$K$1:$K$5000)-SUMIF(NHAP!$L$1:$L$5000,B186,NHAP!$M$1:$M$5000))","v":0},{"$f":"IF(D186=\"NCC\",0,F186+SUMIF(XUAT!$N$1:$N$5000,B186,XUAT!$L$1:$L$5000)-SUMIF(XUAT!$N$1:$N$5000,B186,XUAT!$O$1:$O$5000))","v":0}]
[185,null,null,null,null,null,null,{"$f":"IF(D187=\"KH\",0,E187+SUMIF(NHAP!$L$1:$L$5000,B187,NHAP!$K$1:$K$5000)-SUMIF(NHAP!$L$1:$L$5000,B187,NHAP!$M$1:$M$5000))","v":0},{"$f":"IF(D187=\"NCC\",0,F187+SUMIF(XUAT!$N$1:$N$5000,B187,XUAT!$L$1:$L$5000)-SUMIF(XUAT!$N$1:$N$5000,B187,XUAT!$O$1:$O$5000))","v":0}]
[186,null,null,null,null,null,null,{"$f":"IF(D188=\"KH\",0,E188+SUMIF(NHAP!$L$1:$L$5000,B188,NHAP!$K$1:$K$5000)-SUMIF(NHAP!$L$1:$L$5000,B188,NHAP!$M$1:$M$5000))","v":0},{"$f":"IF(D188=\"NCC\",0,F188+SUMIF(XUAT!$N$1:$N$5000,B188,XUAT!$L$1:$L$5000)-SUMIF(XUAT!$N$1:$N$5000,B188,XUAT!$O$1:$O$5000))","v":0}]
[187,null,null,null,null,null,null,{"$f":"IF(D189=\"KH\",0,E189+SUMIF(NHAP!$L$1:$L$5000,B189,NHAP!$K$1:$K$5000)-SUMIF(NHAP!$L$1:$L$5000,B189,NHAP!$M$1:$M$5000))","v":0},{"$f":"IF(D189=\"NCC\",0,F189+SUMIF(XUAT!$N$1:$N$5000,B189,XUAT!$L$1:$L$5000)-SUMIF(XUAT!$N$1:$N$5000,B189,XUAT!$O$1:$O$5000))","v":0}]
[188,null,null,null,null,null,null,{"$f":"IF(D190=\"KH\",0,E190+SUMIF(NHAP!$L$1:$L$5000,B190,NHAP!$K$1:$K$5000)-SUMIF(NHAP!$L$1:$L$5000,B190,NHAP!$M$1:$M$5000))","v":0},{"$f":"IF(D190=\"NCC\",0,F190+SUMIF(XUAT!$N$1:$N$5000,B190,XUAT!$L$1:$L$5000)-SUMIF(XUAT!$N$1:$N$5000,B190,XUAT!$O$1:$O$5000))","v":0}]
[189,null,null,null,null,null,null,{"$f":"IF(D191=\"KH\",0,E191+SUMIF(NHAP!$L$1:$L$5000,B191,NHAP!$K$1:$K$5000)-SUMIF(NHAP!$L$1:$L$5000,B191,NHAP!$M$1:$M$5000))","v":0},{"$f":"IF(D191=\"NCC\",0,F191+SUMIF(XUAT!$N$1:$N$5000,B191,XUAT!$L$1:$L$5000)-SUMIF(XUAT!$N$1:$N$5000,B191,XUAT!$O$1:$O$5000))","v":0}]
[190,null,null,null,null,null,null,{"$f":"IF(D192=\"KH\",0,E192+SUMIF(NHAP!$L$1:$L$5000,B192,NHAP!$K$1:$K$5000)-SUMIF(NHAP!$L$1:$L$5000,B192,NHAP!$M$1:$M$5000))","v":0},{"$f":"IF(D192=\"NCC\",0,F192+SUMIF(XUAT!$N$1:$N$5000,B192,XUAT!$L$1:$L$5000)-SUMIF(XUAT!$N$1:$N$5000,B192,XUAT!$O$1:$O$5000))","v":0}]
[191,null,null,null,null,null,null,{"$f":"IF(D193=\"KH\",0,E193+SUMIF(NHAP!$L$1:$L$5000,B193,NHAP!$K$1:$K$5000)-SUMIF(NHAP!$L$1:$L$5000,B193,NHAP!$M$1:$M$5000))","v":0},{"$f":"IF(D193=\"NCC\",0,F193+SUMIF(XUAT!$N$1:$N$5000,B193,XUAT!$L$1:$L$5000)-SUMIF(XUAT!$N$1:$N$5000,B193,XUAT!$O$1:$O$5000))","v":0}]
[192,null,null,null,null,null,null,{"$f":"IF(D194=\"KH\",0,E194+SUMIF(NHAP!$L$1:$L$5000,B194,NHAP!$K$1:$K$5000)-SUMIF(NHAP!$L$1:$L$5000,B194,NHAP!$M$1:$M$5000))","v":0},{"$f":"IF(D194=\"NCC\",0,F194+SUMIF(XUAT!$N$1:$N$5000,B194,XUAT!$L$1:$L$5000)-SUMIF(XUAT!$N$1:$N$5000,B194,XUAT!$O$1:$O$5000))","v":0}]
[193,null,null,null,null,null,null,{"$f":"IF(D195=\"KH\",0,E195+SUMIF(NHAP!$L$1:$L$5000,B195,NHAP!$K$1:$K$5000)-SUMIF(NHAP!$L$1:$L$5000,B195,NHAP!$M$1:$M$5000))","v":0},{"$f":"IF(D195=\"NCC\",0,F195+SUMIF(XUAT!$N$1:$N$5000,B195,XUAT!$L$1:$L$5000)-SUMIF(XUAT!$N$1:$N$5000,B195,XUAT!$O$1:$O$5000))","v":0}]
[194,null,null,null,null,null,null,{"$f":"IF(D196=\"KH\",0,E196+SUMIF(NHAP!$L$1:$L$5000,B196,NHAP!$K$1:$K$5000)-SUMIF(NHAP!$L$1:$L$5000,B196,NHAP!$M$1:$M$5000))","v":0},{"$f":"IF(D196=\"NCC\",0,F196+SUMIF(XUAT!$N$1:$N$5000,B196,XUAT!$L$1:$L$5000)-SUMIF(XUAT!$N$1:$N$5000,B196,XUAT!$O$1:$O$5000))","v":0}]
[195,null,null,null,null,null,null,{"$f":"IF(D197=\"KH\",0,E197+SUMIF(NHAP!$L$1:$L$5000,B197,NHAP!$K$1:$K$5000)-SUMIF(NHAP!$L$1:$L$5000,B197,NHAP!$M$1:$M$5000))","v":0},{"$f":"IF(D197=\"NCC\",0,F197+SUMIF(XUAT!$N$1:$N$5000,B197,XUAT!$L$1:$L$5000)-SUMIF(XUAT!$N$1:$N$5000,B197,XUAT!$O$1:$O$5000))","v":0}]
[196,null,null,null,null,null,null,{"$f":"IF(D198=\"KH\",0,E198+SUMIF(NHAP!$L$1:$L$5000,B198,NHAP!$K$1:$K$5000)-SUMIF(NHAP!$L$1:$L$5000,B198,NHAP!$M$1:$M$5000))","v":0},{"$f":"IF(D198=\"NCC\",0,F198+SUMIF(XUAT!$N$1:$N$5000,B198,XUAT!$L$1:$L$5000)-SUMIF(XUAT!$N$1:$N$5000,B198,XUAT!$O$1:$O$5000))","v":0}]
[197,null,null,null,null,null,null,{"$f":"IF(D199=\"KH\",0,E199+SUMIF(NHAP!$L$1:$L$5000,B199,NHAP!$K$1:$K$5000)-SUMIF(NHAP!$L$1:$L$5000,B199,NHAP!$M$1:$M$5000))","v":0},{"$f":"IF(D199=\"NCC\",0,F199+SUMIF(XUAT!$N$1:$N$5000,B199,XUAT!$L$1:$L$5000)-SUMIF(XUAT!$N$1:$N$5000,B199,XUAT!$O$1:$O$5000))","v":0}]
[198,null,null,null,null,null,null,{"$f":"IF(D200=\"KH\",0,E200+SUMIF(NHAP!$L$1:$L$5000,B200,NHAP!$K$1:$K$5000)-SUMIF(NHAP!$L$1:$L$5000,B200,NHAP!$M$1:$M$5000))","v":0},{"$f":"IF(D200=\"NCC\",0,F200+SUMIF(XUAT!$N$1:$N$5000,B200,XUAT!$L$1:$L$5000)-SUMIF(XUAT!$N$1:$N$5000,B200,XUAT!$O$1:$O$5000))","v":0}]
[199,null,null,null,null,null,null,{"$f":"IF(D201=\"KH\",0,E201+SUMIF(NHAP!$L$1:$L$5000,B201,NHAP!$K$1:$K$5000)-SUMIF(NHAP!$L$1:$L$5000,B201,NHAP!$M$1:$M$5000))","v":0},{"$f":"IF(D201=\"NCC\",0,F201+SUMIF(XUAT!$N$1:$N$5000,B201,XUAT!$L$1:$L$5000)-SUMIF(XUAT!$N$1:$N$5000,B201,XUAT!$O$1:$O$5000))","v":0}]
[200,null,null,null,null,null,null,{"$f":"IF(D202=\"KH\",0,E202+SUMIF(NHAP!$L$1:$L$5000,B202,NHAP!$K$1:$K$5000)-SUMIF(NHAP!$L$1:$L$5000,B202,NHAP!$M$1:$M$5000))","v":0},{"$f":"IF(D202=\"NCC\",0,F202+SUMIF(XUAT!$N$1:$N$5000,B202,XUAT!$L$1:$L$5000)-SUMIF(XUAT!$N$1:$N$5000,B202,XUAT!$O$1:$O$5000))","v":0}]
[null,null,null,null,null,null,null,{"$f":"IF(D203=\"KH\",0,E203+SUMIF(NHAP!$L$1:$L$5000,B203,NHAP!$K$1:$K$5000)-SUMIF(NHAP!$L$1:$L$5000,B203,NHAP!$M$1:$M$5000))","v":0},{"$f":"IF(D203=\"NCC\",0,F203+SUMIF(XUAT!$N$1:$N$5000,B203,XUAT!$L$1:$L$5000)-SUMIF(XUAT!$N$1:$N$5000,B203,XUAT!$O$1:$O$5000))","v":0}]
[null,null,".",".",null,null,null,{"$f":"IF(D204=\"KH\",0,E204+SUMIF(NHAP!$L$1:$L$5000,B204,NHAP!$K$1:$K$5000)-SUMIF(NHAP!$L$1:$L$5000,B204,NHAP!$M$1:$M$5000))","v":0},{"$f":"IF(D204=\"NCC\",0,F204+SUMIF(XUAT!$N$1:$N$5000,B204,XUAT!$L$1:$L$5000)-SUMIF(XUAT!$N$1:$N$5000,B204,XUAT!$O$1:$O$5000))","v":0}]
[null,null,null,null,null,null,null,{"$f":"IF(D205=\"KH\",0,E205+SUMIF(NHAP!$L$1:$L$5000,B205,NHAP!$K$1:$K$5000)-SUMIF(NHAP!$L$1:$L$5000,B205,NHAP!$M$1:$M$5000))","v":0},{"$f":"IF(D205=\"NCC\",0,F205+SUMIF(XUAT!$N$1:$N$5000,B205,XUAT!$L$1:$L$5000)-SUMIF(XUAT!$N$1:$N$5000,B205,XUAT!$O$1:$O$5000))","v":0}]
[null,null,null,null,null,null,null,{"$f":"IF(D206=\"KH\",0,E206+SUMIF(NHAP!$L$1:$L$5000,B206,NHAP!$K$1:$K$5000)-SUMIF(NHAP!$L$1:$L$5000,B206,NHAP!$M$1:$M$5000))","v":0},{"$f":"IF(D206=\"NCC\",0,F206+SUMIF(XUAT!$N$1:$N$5000,B206,XUAT!$L$1:$L$5000)-SUMIF(XUAT!$N$1:$N$5000,B206,XUAT!$O$1:$O$5000))","v":0}]
[null,null,null,null,null,null,null,{"$f":"IF(D207=\"KH\",0,E207+SUMIF(NHAP!$L$1:$L$5000,B207,NHAP!$K$1:$K$5000)-SUMIF(NHAP!$L$1:$L$5000,B207,NHAP!$M$1:$M$5000))","v":0},{"$f":"IF(D207=\"NCC\",0,F207+SUMIF(XUAT!$N$1:$N$5000,B207,XUAT!$L$1:$L$5000)-SUMIF(XUAT!$N$1:$N$5000,B207,XUAT!$O$1:$O$5000))","v":0}]
[null,null,null,null,null,null,null,{"$f":"IF(D208=\"KH\",0,E208+SUMIF(NHAP!$L$1:$L$5000,B208,NHAP!$K$1:$K$5000)-SUMIF(NHAP!$L$1:$L$5000,B208,NHAP!$M$1:$M$5000))","v":0},{"$f":"IF(D208=\"NCC\",0,F208+SUMIF(XUAT!$N$1:$N$5000,B208,XUAT!$L$1:$L$5000)-SUMIF(XUAT!$N$1:$N$5000,B208,XUAT!$O$1:$O$5000))","v":0}]
[null,null,null,null,null,null,null,{"$f":"IF(D209=\"KH\",0,E209+SUMIF(NHAP!$L$1:$L$5000,B209,NHAP!$K$1:$K$5000)-SUMIF(NHAP!$L$1:$L$5000,B209,NHAP!$M$1:$M$5000))","v":0},{"$f":"IF(D209=\"NCC\",0,F209+SUMIF(XUAT!$N$1:$N$5000,B209,XUAT!$L$1:$L$5000)-SUMIF(XUAT!$N$1:$N$5000,B209,XUAT!$O$1:$O$5000))","v":0}]
[null,null,null,null,null,null,null,{"$f":"IF(D210=\"KH\",0,E210+SUMIF(NHAP!$L$1:$L$5000,B210,NHAP!$K$1:$K$5000)-SUMIF(NHAP!$L$1:$L$5000,B210,NHAP!$M$1:$M$5000))","v":0},{"$f":"IF(D210=\"NCC\",0,F210+SUMIF(XUAT!$N$1:$N$5000,B210,XUAT!$L$1:$L$5000)-SUMIF(XUAT!$N$1:$N$5000,B210,XUAT!$O$1:$O$5000))","v":0}]
[null,null,null,null,null,null,null,{"$f":"IF(D211=\"KH\",0,E211+SUMIF(NHAP!$L$1:$L$5000,B211,NHAP!$K$1:$K$5000)-SUMIF(NHAP!$L$1:$L$5000,B211,NHAP!$M$1:$M$5000))","v":0},{"$f":"IF(D211=\"NCC\",0,F211+SUMIF(XUAT!$N$1:$N$5000,B211,XUAT!$L$1:$L$5000)-SUMIF(XUAT!$N$1:$N$5000,B211,XUAT!$O$1:$O$5000))","v":0}]
[null,null,null,null,null,null,null,{"$f":"IF(D212=\"KH\",0,E212+SUMIF(NHAP!$L$1:$L$5000,B212,NHAP!$K$1:$K$5000)-SUMIF(NHAP!$L$1:$L$5000,B212,NHAP!$M$1:$M$5000))","v":0},{"$f":"IF(D212=\"NCC\",0,F212+SUMIF(XUAT!$N$1:$N$5000,B212,XUAT!$L$1:$L$5000)-SUMIF(XUAT!$N$1:$N$5000,B212,XUAT!$O$1:$O$5000))","v":0}]
[null,null,null,null,null,null,null,{"$f":"IF(D213=\"KH\",0,E213+SUMIF(NHAP!$L$1:$L$5000,B213,NHAP!$K$1:$K$5000)-SUMIF(NHAP!$L$1:$L$5000,B213,NHAP!$M$1:$M$5000))","v":0},{"$f":"IF(D213=\"NCC\",0,F213+SUMIF(XUAT!$N$1:$N$5000,B213,XUAT!$L$1:$L$5000)-SUMIF(XUAT!$N$1:$N$5000,B213,XUAT!$O$1:$O$5000))","v":0}]
[null,null,null,null,null,null,null,{"$f":"IF(D214=\"KH\",0,E214+SUMIF(NHAP!$L$1:$L$5000,B214,NHAP!$K$1:$K$5000)-SUMIF(NHAP!$L$1:$L$5000,B214,NHAP!$M$1:$M$5000))","v":0},{"$f":"IF(D214=\"NCC\",0,F214+SUMIF(XUAT!$N$1:$N$5000,B214,XUAT!$L$1:$L$5000)-SUMIF(XUAT!$N$1:$N$5000,B214,XUAT!$O$1:$O$5000))","v":0}]
[null,null,null,null,null,null,null,{"$f":"IF(D215=\"KH\",0,E215+SUMIF(NHAP!$L$1:$L$5000,B215,NHAP!$K$1:$K$5000)-SUMIF(NHAP!$L$1:$L$5000,B215,NHAP!$M$1:$M$5000))","v":0},{"$f":"IF(D215=\"NCC\",0,F215+SUMIF(XUAT!$N$1:$N$5000,B215,XUAT!$L$1:$L$5000)-SUMIF(XUAT!$N$1:$N$5000,B215,XUAT!$O$1:$O$5000))","v":0}]
[null,null,null,null,null,null,null,{"$f":"IF(D216=\"KH\",0,E216+SUMIF(NHAP!$L$1:$L$5000,B216,NHAP!$K$1:$K$5000)-SUMIF(NHAP!$L$1:$L$5000,B216,NHAP!$M$1:$M$5000))","v":0},{"$f":"IF(D216=\"NCC\",0,F216+SUMIF(XUAT!$N$1:$N$5000,B216,XUAT!$L$1:$L$5000)-SUMIF(XUAT!$N$1:$N$5000,B216,XUAT!$O$1:$O$5000))","v":0}]
[null,null,null,null,null,null,null,{"$f":"IF(D217=\"KH\",0,E217+SUMIF(NHAP!$L$1:$L$5000,B217,NHAP!$K$1:$K$5000)-SUMIF(NHAP!$L$1:$L$5000,B217,NHAP!$M$1:$M$5000))","v":0},{"$f":"IF(D217=\"NCC\",0,F217+SUMIF(XUAT!$N$1:$N$5000,B217,XUAT!$L$1:$L$5000)-SUMIF(XUAT!$N$1:$N$5000,B217,XUAT!$O$1:$O$5000))","v":0}]
[null,null,null,null,null,null,null,{"$f":"IF(D218=\"KH\",0,E218+SUMIF(NHAP!$L$1:$L$5000,B218,NHAP!$K$1:$K$5000)-SUMIF(NHAP!$L$1:$L$5000,B218,NHAP!$M$1:$M$5000))","v":0},{"$f":"IF(D218=\"NCC\",0,F218+SUMIF(XUAT!$N$1:$N$5000,B218,XUAT!$L$1:$L$5000)-SUMIF(XUAT!$N$1:$N$5000,B218,XUAT!$O$1:$O$5000))","v":0}]
[null,null,null,null,null,null,null,{"$f":"IF(D219=\"KH\",0,E219+SUMIF(NHAP!$L$1:$L$5000,B219,NHAP!$K$1:$K$5000)-SUMIF(NHAP!$L$1:$L$5000,B219,NHAP!$M$1:$M$5000))","v":0},{"$f":"IF(D219=\"NCC\",0,F219+SUMIF(XUAT!$N$1:$N$5000,B219,XUAT!$L$1:$L$5000)-SUMIF(XUAT!$N$1:$N$5000,B219,XUAT!$O$1:$O$5000))","v":0}]
[null,null,null,null,null,null,null,{"$f":"IF(D220=\"KH\",0,E220+SUMIF(NHAP!$L$1:$L$5000,B220,NHAP!$K$1:$K$5000)-SUMIF(NHAP!$L$1:$L$5000,B220,NHAP!$M$1:$M$5000))","v":0},{"$f":"IF(D220=\"NCC\",0,F220+SUMIF(XUAT!$N$1:$N$5000,B220,XUAT!$L$1:$L$5000)-SUMIF(XUAT!$N$1:$N$5000,B220,XUAT!$O$1:$O$5000))","v":0}]
[null,null,null,null,null,null,null,{"$f":"IF(D221=\"KH\",0,E221+SUMIF(NHAP!$L$1:$L$5000,B221,NHAP!$K$1:$K$5000)-SUMIF(NHAP!$L$1:$L$5000,B221,NHAP!$M$1:$M$5000))","v":0},{"$f":"IF(D221=\"NCC\",0,F221+SUMIF(XUAT!$N$1:$N$5000,B221,XUAT!$L$1:$L$5000)-SUMIF(XUAT!$N$1:$N$5000,B221,XUAT!$O$1:$O$5000))","v":0}]
[null,null,null,null,null,null,null,{"$f":"IF(D222=\"KH\",0,E222+SUMIF(NHAP!$L$1:$L$5000,B222,NHAP!$K$1:$K$5000)-SUMIF(NHAP!$L$1:$L$5000,B222,NHAP!$M$1:$M$5000))","v":0},{"$f":"IF(D222=\"NCC\",0,F222+SUMIF(XUAT!$N$1:$N$5000,B222,XUAT!$L$1:$L$5000)-SUMIF(XUAT!$N$1:$N$5000,B222,XUAT!$O$1:$O$5000))","v":0}]
[null,null,null,null,null,null,null,{"$f":"IF(D223=\"KH\",0,E223+SUMIF(NHAP!$L$1:$L$5000,B223,NHAP!$K$1:$K$5000)-SUMIF(NHAP!$L$1:$L$5000,B223,NHAP!$M$1:$M$5000))","v":0},{"$f":"IF(D223=\"NCC\",0,F223+SUMIF(XUAT!$N$1:$N$5000,B223,XUAT!$L$1:$L$5000)-SUMIF(XUAT!$N$1:$N$5000,B223,XUAT!$O$1:$O$5000))","v":0}]
[null,null,null,null,null,null,null,{"$f":"IF(D224=\"KH\",0,E224+SUMIF(NHAP!$L$1:$L$5000,B224,NHAP!$K$1:$K$5000)-SUMIF(NHAP!$L$1:$L$5000,B224,NHAP!$M$1:$M$5000))","v":0},{"$f":"IF(D224=\"NCC\",0,F224+SUMIF(XUAT!$N$1:$N$5000,B224,XUAT!$L$1:$L$5000)-SUMIF(XUAT!$N$1:$N$5000,B224,XUAT!$O$1:$O$5000))","v":0}]
[null,null,null,null,null,null,null,{"$f":"IF(D225=\"KH\",0,E225+SUMIF(NHAP!$L$1:$L$5000,B225,NHAP!$K$1:$K$5000)-SUMIF(NHAP!$L$1:$L$5000,B225,NHAP!$M$1:$M$5000))","v":0},{"$f":"IF(D225=\"NCC\",0,F225+SUMIF(XUAT!$N$1:$N$5000,B225,XUAT!$L$1:$L$5000)-SUMIF(XUAT!$N$1:$N$5000,B225,XUAT!$O$1:$O$5000))","v":0}]
[null,null,null,null,null,null,null,{"$f":"IF(D226=\"KH\",0,E226+SUMIF(NHAP!$L$1:$L$5000,B226,NHAP!$K$1:$K$5000)-SUMIF(NHAP!$L$1:$L$5000,B226,NHAP!$M$1:$M$5000))","v":0},{"$f":"IF(D226=\"NCC\",0,F226+SUMIF(XUAT!$N$1:$N$5000,B226,XUAT!$L$1:$L$5000)-SUMIF(XUAT!$N$1:$N$5000,B226,XUAT!$O$1:$O$5000))","v":0}]
[null,null,null,null,null,null,null,{"$f":"IF(D227=\"KH\",0,E227+SUMIF(NHAP!$L$1:$L$5000,B227,NHAP!$K$1:$K$5000)-SUMIF(NHAP!$L$1:$L$5000,B227,NHAP!$M$1:$M$5000))","v":0},{"$f":"IF(D227=\"NCC\",0,F227+SUMIF(XUAT!$N$1:$N$5000,B227,XUAT!$L$1:$L$5000)-SUMIF(XUAT!$N$1:$N$5000,B227,XUAT!$O$1:$O$5000))","v":0}]
[null,null,null,null,null,null,null,{"$f":"IF(D228=\"KH\",0,E228+SUMIF(NHAP!$L$1:$L$5000,B228,NHAP!$K$1:$K$5000)-SUMIF(NHAP!$L$1:$L$5000,B228,NHAP!$M$1:$M$5000))","v":0},{"$f":"IF(D228=\"NCC\",0,F228+SUMIF(XUAT!$N$1:$N$5000,B228,XUAT!$L$1:$L$5000)-SUMIF(XUAT!$N$1:$N$5000,B228,XUAT!$O$1:$O$5000))","v":0}]
[null,null,null,null,null,null,null,{"$f":"IF(D229=\"KH\",0,E229+SUMIF(NHAP!$L$1:$L$5000,B229,NHAP!$K$1:$K$5000)-SUMIF(NHAP!$L$1:$L$5000,B229,NHAP!$M$1:$M$5000))","v":0},{"$f":"IF(D229=\"NCC\",0,F229+SUMIF(XUAT!$N$1:$N$5000,B229,XUAT!$L$1:$L$5000)-SUMIF(XUAT!$N$1:$N$5000,B229,XUAT!$O$1:$O$5000))","v":0}]
[null,null,null,null,null,null,null,{"$f":"IF(D230=\"KH\",0,E230+SUMIF(NHAP!$L$1:$L$5000,B230,NHAP!$K$1:$K$5000)-SUMIF(NHAP!$L$1:$L$5000,B230,NHAP!$M$1:$M$5000))","v":0},{"$f":"IF(D230=\"NCC\",0,F230+SUMIF(XUAT!$N$1:$N$5000,B230,XUAT!$L$1:$L$5000)-SUMIF(XUAT!$N$1:$N$5000,B230,XUAT!$O$1:$O$5000))","v":0}]
[null,null,null,null,null,null,null,{"$f":"IF(D231=\"KH\",0,E231+SUMIF(NHAP!$L$1:$L$5000,B231,NHAP!$K$1:$K$5000)-SUMIF(NHAP!$L$1:$L$5000,B231,NHAP!$M$1:$M$5000))","v":0},{"$f":"IF(D231=\"NCC\",0,F231+SUMIF(XUAT!$N$1:$N$5000,B231,XUAT!$L$1:$L$5000)-SUMIF(XUAT!$N$1:$N$5000,B231,XUAT!$O$1:$O$5000))","v":0}]
[null,null,null,null,null,null,null,{"$f":"IF(D232=\"KH\",0,E232+SUMIF(NHAP!$L$1:$L$5000,B232,NHAP!$K$1:$K$5000)-SUMIF(NHAP!$L$1:$L$5000,B232,NHAP!$M$1:$M$5000))","v":0},{"$f":"IF(D232=\"NCC\",0,F232+SUMIF(XUAT!$N$1:$N$5000,B232,XUAT!$L$1:$L$5000)-SUMIF(XUAT!$N$1:$N$5000,B232,XUAT!$O$1:$O$5000))","v":0}]
[null,null,null,null,null,null,null,{"$f":"IF(D233=\"KH\",0,E233+SUMIF(NHAP!$L$1:$L$5000,B233,NHAP!$K$1:$K$5000)-SUMIF(NHAP!$L$1:$L$5000,B233,NHAP!$M$1:$M$5000))","v":0},{"$f":"IF(D233=\"NCC\",0,F233+SUMIF(XUAT!$N$1:$N$5000,B233,XUAT!$L$1:$L$5000)-SUMIF(XUAT!$N$1:$N$5000,B233,XUAT!$O$1:$O$5000))","v":0}]
[null,null,null,null,null,null,null,{"$f":"IF(D234=\"KH\",0,E234+SUMIF(NHAP!$L$1:$L$5000,B234,NHAP!$K$1:$K$5000)-SUMIF(NHAP!$L$1:$L$5000,B234,NHAP!$M$1:$M$5000))","v":0},{"$f":"IF(D234=\"NCC\",0,F234+SUMIF(XUAT!$N$1:$N$5000,B234,XUAT!$L$1:$L$5000)-SUMIF(XUAT!$N$1:$N$5000,B234,XUAT!$O$1:$O$5000))","v":0}]
[null,null,null,null,null,null,null,{"$f":"IF(D235=\"KH\",0,E235+SUMIF(NHAP!$L$1:$L$5000,B235,NHAP!$K$1:$K$5000)-SUMIF(NHAP!$L$1:$L$5000,B235,NHAP!$M$1:$M$5000))","v":0},{"$f":"IF(D235=\"NCC\",0,F235+SUMIF(XUAT!$N$1:$N$5000,B235,XUAT!$L$1:$L$5000)-SUMIF(XUAT!$N$1:$N$5000,B235,XUAT!$O$1:$O$5000))","v":0}]
[null,null,null,null,null,null,null,{"$f":"IF(D236=\"KH\",0,E236+SUMIF(NHAP!$L$1:$L$5000,B236,NHAP!$K$1:$K$5000)-SUMIF(NHAP!$L$1:$L$5000,B236,NHAP!$M$1:$M$5000))","v":0},{"$f":"IF(D236=\"NCC\",0,F236+SUMIF(XUAT!$N$1:$N$5000,B236,XUAT!$L$1:$L$5000)-SUMIF(XUAT!$N$1:$N$5000,B236,XUAT!$O$1:$O$5000))","v":0}]
[null,null,null,null,null,null,null,{"$f":"IF(D237=\"KH\",0,E237+SUMIF(NHAP!$L$1:$L$5000,B237,NHAP!$K$1:$K$5000)-SUMIF(NHAP!$L$1:$L$5000,B237,NHAP!$M$1:$M$5000))","v":0},{"$f":"IF(D237=\"NCC\",0,F237+SUMIF(XUAT!$N$1:$N$5000,B237,XUAT!$L$1:$L$5000)-SUMIF(XUAT!$N$1:$N$5000,B237,XUAT!$O$1:$O$5000))","v":0}]
[null,null,null,null,null,null,null,{"$f":"IF(D238=\"KH\",0,E238+SUMIF(NHAP!$L$1:$L$5000,B238,NHAP!$K$1:$K$5000)-SUMIF(NHAP!$L$1:$L$5000,B238,NHAP!$M$1:$M$5000))","v":0},{"$f":"IF(D238=\"NCC\",0,F238+SUMIF(XUAT!$N$1:$N$5000,B238,XUAT!$L$1:$L$5000)-SUMIF(XUAT!$N$1:$N$5000,B238,XUAT!$O$1:$O$5000))","v":0}]
[null,null,null,null,null,null,null,{"$f":"IF(D239=\"KH\",0,E239+SUMIF(NHAP!$L$1:$L$5000,B239,NHAP!$K$1:$K$5000)-SUMIF(NHAP!$L$1:$L$5000,B239,NHAP!$M$1:$M$5000))","v":0},{"$f":"IF(D239=\"NCC\",0,F239+SUMIF(XUAT!$N$1:$N$5000,B239,XUAT!$L$1:$L$5000)-SUMIF(XUAT!$N$1:$N$5000,B239,XUAT!$O$1:$O$5000))","v":0}]
[null,null,null,null,null,null,null,{"$f":"IF(D240=\"KH\",0,E240+SUMIF(NHAP!$L$1:$L$5000,B240,NHAP!$K$1:$K$5000)-SUMIF(NHAP!$L$1:$L$5000,B240,NHAP!$M$1:$M$5000))","v":0},{"$f":"IF(D240=\"NCC\",0,F240+SUMIF(XUAT!$N$1:$N$5000,B240,XUAT!$L$1:$L$5000)-SUMIF(XUAT!$N$1:$N$5000,B240,XUAT!$O$1:$O$5000))","v":0}]
[null,null,null,null,null,null,null,{"$f":"IF(D241=\"KH\",0,E241+SUMIF(NHAP!$L$1:$L$5000,B241,NHAP!$K$1:$K$5000)-SUMIF(NHAP!$L$1:$L$5000,B241,NHAP!$M$1:$M$5000))","v":0},{"$f":"IF(D241=\"NCC\",0,F241+SUMIF(XUAT!$N$1:$N$5000,B241,XUAT!$L$1:$L$5000)-SUMIF(XUAT!$N$1:$N$5000,B241,XUAT!$O$1:$O$5000))","v":0}]
[null,null,null,null,null,null,null,{"$f":"IF(D242=\"KH\",0,E242+SUMIF(NHAP!$L$1:$L$5000,B242,NHAP!$K$1:$K$5000)-SUMIF(NHAP!$L$1:$L$5000,B242,NHAP!$M$1:$M$5000))","v":0},{"$f":"IF(D242=\"NCC\",0,F242+SUMIF(XUAT!$N$1:$N$5000,B242,XUAT!$L$1:$L$5000)-SUMIF(XUAT!$N$1:$N$5000,B242,XUAT!$O$1:$O$5000))","v":0}]
[null,null,null,null,null,null,null,{"$f":"IF(D243=\"KH\",0,E243+SUMIF(NHAP!$L$1:$L$5000,B243,NHAP!$K$1:$K$5000)-SUMIF(NHAP!$L$1:$L$5000,B243,NHAP!$M$1:$M$5000))","v":0},{"$f":"IF(D243=\"NCC\",0,F243+SUMIF(XUAT!$N$1:$N$5000,B243,XUAT!$L$1:$L$5000)-SUMIF(XUAT!$N$1:$N$5000,B243,XUAT!$O$1:$O$5000))","v":0}]
[null,null,null,null,null,null,null,{"$f":"IF(D244=\"KH\",0,E244+SUMIF(NHAP!$L$1:$L$5000,B244,NHAP!$K$1:$K$5000)-SUMIF(NHAP!$L$1:$L$5000,B244,NHAP!$M$1:$M$5000))","v":0},{"$f":"IF(D244=\"NCC\",0,F244+SUMIF(XUAT!$N$1:$N$5000,B244,XUAT!$L$1:$L$5000)-SUMIF(XUAT!$N$1:$N$5000,B244,XUAT!$O$1:$O$5000))","v":0}]
[null,null,null,null,null,null,null,{"$f":"IF(D245=\"KH\",0,E245+SUMIF(NHAP!$L$1:$L$5000,B245,NHAP!$K$1:$K$5000)-SUMIF(NHAP!$L$1:$L$5000,B245,NHAP!$M$1:$M$5000))","v":0},{"$f":"IF(D245=\"NCC\",0,F245+SUMIF(XUAT!$N$1:$N$5000,B245,XUAT!$L$1:$L$5000)-SUMIF(XUAT!$N$1:$N$5000,B245,XUAT!$O$1:$O$5000))","v":0}]
[null,null,null,null,null,null,null,{"$f":"IF(D246=\"KH\",0,E246+SUMIF(NHAP!$L$1:$L$5000,B246,NHAP!$K$1:$K$5000)-SUMIF(NHAP!$L$1:$L$5000,B246,NHAP!$M$1:$M$5000))","v":0},{"$f":"IF(D246=\"NCC\",0,F246+SUMIF(XUAT!$N$1:$N$5000,B246,XUAT!$L$1:$L$5000)-SUMIF(XUAT!$N$1:$N$5000,B246,XUAT!$O$1:$O$5000))","v":0}]
[null,null,null,null,null,null,null,{"$f":"IF(D247=\"KH\",0,E247+SUMIF(NHAP!$L$1:$L$5000,B247,NHAP!$K$1:$K$5000)-SUMIF(NHAP!$L$1:$L$5000,B247,NHAP!$M$1:$M$5000))","v":0},{"$f":"IF(D247=\"NCC\",0,F247+SUMIF(XUAT!$N$1:$N$5000,B247,XUAT!$L$1:$L$5000)-SUMIF(XUAT!$N$1:$N$5000,B247,XUAT!$O$1:$O$5000))","v":0}]
[null,null,null,null,null,null,null,{"$f":"IF(D248=\"KH\",0,E248+SUMIF(NHAP!$L$1:$L$5000,B248,NHAP!$K$1:$K$5000)-SUMIF(NHAP!$L$1:$L$5000,B248,NHAP!$M$1:$M$5000))","v":0},{"$f":"IF(D248=\"NCC\",0,F248+SUMIF(XUAT!$N$1:$N$5000,B248,XUAT!$L$1:$L$5000)-SUMIF(XUAT!$N$1:$N$5000,B248,XUAT!$O$1:$O$5000))","v":0}]
[null,null,null,null,null,null,null,{"$f":"IF(D249=\"KH\",0,E249+SUMIF(NHAP!$L$1:$L$5000,B249,NHAP!$K$1:$K$5000)-SUMIF(NHAP!$L$1:$L$5000,B249,NHAP!$M$1:$M$5000))","v":0},{"$f":"IF(D249=\"NCC\",0,F249+SUMIF(XUAT!$N$1:$N$5000,B249,XUAT!$L$1:$L$5000)-SUMIF(XUAT!$N$1:$N$5000,B249,XUAT!$O$1:$O$5000))","v":0}]
[null,null,null,null,null,null,null,{"$f":"IF(D250=\"KH\",0,E250+SUMIF(NHAP!$L$1:$L$5000,B250,NHAP!$K$1:$K$5000)-SUMIF(NHAP!$L$1:$L$5000,B250,NHAP!$M$1:$M$5000))","v":0},{"$f":"IF(D250=\"NCC\",0,F250+SUMIF(XUAT!$N$1:$N$5000,B250,XUAT!$L$1:$L$5000)-SUMIF(XUAT!$N$1:$N$5000,B250,XUAT!$O$1:$O$5000))","v":0}]
[null,null,null,null,null,null,null,{"$f":"IF(D251=\"KH\",0,E251+SUMIF(NHAP!$L$1:$L$5000,B251,NHAP!$K$1:$K$5000)-SUMIF(NHAP!$L$1:$L$5000,B251,NHAP!$M$1:$M$5000))","v":0},{"$f":"IF(D251=\"NCC\",0,F251+SUMIF(XUAT!$N$1:$N$5000,B251,XUAT!$L$1:$L$5000)-SUMIF(XUAT!$N$1:$N$5000,B251,XUAT!$O$1:$O$5000))","v":0}]
[null,null,null,null,null,null,null,{"$f":"IF(D252=\"KH\",0,E252+SUMIF(NHAP!$L$1:$L$5000,B252,NHAP!$K$1:$K$5000)-SUMIF(NHAP!$L$1:$L$5000,B252,NHAP!$M$1:$M$5000))","v":0},{"$f":"IF(D252=\"NCC\",0,F252+SUMIF(XUAT!$N$1:$N$5000,B252,XUAT!$L$1:$L$5000)-SUMIF(XUAT!$N$1:$N$5000,B252,XUAT!$O$1:$O$5000))","v":0}]
[null,null,null,null,null,null,null,{"$f":"IF(D253=\"KH\",0,E253+SUMIF(NHAP!$L$1:$L$5000,B253,NHAP!$K$1:$K$5000)-SUMIF(NHAP!$L$1:$L$5000,B253,NHAP!$M$1:$M$5000))","v":0},{"$f":"IF(D253=\"NCC\",0,F253+SUMIF(XUAT!$N$1:$N$5000,B253,XUAT!$L$1:$L$5000)-SUMIF(XUAT!$N$1:$N$5000,B253,XUAT!$O$1:$O$5000))","v":0}]
[null,null,null,null,null,null,null,{"$f":"IF(D254=\"KH\",0,E254+SUMIF(NHAP!$L$1:$L$5000,B254,NHAP!$K$1:$K$5000)-SUMIF(NHAP!$L$1:$L$5000,B254,NHAP!$M$1:$M$5000))","v":0},{"$f":"IF(D254=\"NCC\",0,F254+SUMIF(XUAT!$N$1:$N$5000,B254,XUAT!$L$1:$L$5000)-SUMIF(XUAT!$N$1:$N$5000,B254,XUAT!$O$1:$O$5000))","v":0}]
[null,null,null,null,null,null,null,{"$f":"IF(D255=\"KH\",0,E255+SUMIF(NHAP!$L$1:$L$5000,B255,NHAP!$K$1:$K$5000)-SUMIF(NHAP!$L$1:$L$5000,B255,NHAP!$M$1:$M$5000))","v":0},{"$f":"IF(D255=\"NCC\",0,F255+SUMIF(XUAT!$N$1:$N$5000,B255,XUAT!$L$1:$L$5000)-SUMIF(XUAT!$N$1:$N$5000,B255,XUAT!$O$1:$O$5000))","v":0}]
[null,null,null,null,null,null,null,{"$f":"IF(D256=\"KH\",0,E256+SUMIF(NHAP!$L$1:$L$5000,B256,NHAP!$K$1:$K$5000)-SUMIF(NHAP!$L$1:$L$5000,B256,NHAP!$M$1:$M$5000))","v":0},{"$f":"IF(D256=\"NCC\",0,F256+SUMIF(XUAT!$N$1:$N$5000,B256,XUAT!$L$1:$L$5000)-SUMIF(XUAT!$N$1:$N$5000,B256,XUAT!$O$1:$O$5000))","v":0}]
[null,null,null,null,null,null,null,{"$f":"IF(D257=\"KH\",0,E257+SUMIF(NHAP!$L$1:$L$5000,B257,NHAP!$K$1:$K$5000)-SUMIF(NHAP!$L$1:$L$5000,B257,NHAP!$M$1:$M$5000))","v":0},{"$f":"IF(D257=\"NCC\",0,F257+SUMIF(XUAT!$N$1:$N$5000,B257,XUAT!$L$1:$L$5000)-SUMIF(XUAT!$N$1:$N$5000,B257,XUAT!$O$1:$O$5000))","v":0}]
[null,null,null,null,null,null,null,{"$f":"IF(D258=\"KH\",0,E258+SUMIF(NHAP!$L$1:$L$5000,B258,NHAP!$K$1:$K$5000)-SUMIF(NHAP!$L$1:$L$5000,B258,NHAP!$M$1:$M$5000))","v":0},{"$f":"IF(D258=\"NCC\",0,F258+SUMIF(XUAT!$N$1:$N$5000,B258,XUAT!$L$1:$L$5000)-SUMIF(XUAT!$N$1:$N$5000,B258,XUAT!$O$1:$O$5000))","v":0}]
[null,null,null,null,null,null,null,{"$f":"IF(D259=\"KH\",0,E259+SUMIF(NHAP!$L$1:$L$5000,B259,NHAP!$K$1:$K$5000)-SUMIF(NHAP!$L$1:$L$5000,B259,NHAP!$M$1:$M$5000))","v":0},{"$f":"IF(D259=\"NCC\",0,F259+SUMIF(XUAT!$N$1:$N$5000,B259,XUAT!$L$1:$L$5000)-SUMIF(XUAT!$N$1:$N$5000,B259,XUAT!$O$1:$O$5000))","v":0}]
[null,null,null,null,null,null,null,{"$f":"IF(D260=\"KH\",0,E260+SUMIF(NHAP!$L$1:$L$5000,B260,NHAP!$K$1:$K$5000)-SUMIF(NHAP!$L$1:$L$5000,B260,NHAP!$M$1:$M$5000))","v":0},{"$f":"IF(D260=\"NCC\",0,F260+SUMIF(XUAT!$N$1:$N$5000,B260,XUAT!$L$1:$L$5000)-SUMIF(XUAT!$N$1:$N$5000,B260,XUAT!$O$1:$O$5000))","v":0}]
[null,null,null,null,null,null,null,{"$f":"IF(D261=\"KH\",0,E261+SUMIF(NHAP!$L$1:$L$5000,B261,NHAP!$K$1:$K$5000)-SUMIF(NHAP!$L$1:$L$5000,B261,NHAP!$M$1:$M$5000))","v":0},{"$f":"IF(D261=\"NCC\",0,F261+SUMIF(XUAT!$N$1:$N$5000,B261,XUAT!$L$1:$L$5000)-SUMIF(XUAT!$N$1:$N$5000,B261,XUAT!$O$1:$O$5000))","v":0}]
[null,null,null,null,null,null,null,{"$f":"IF(D262=\"KH\",0,E262+SUMIF(NHAP!$L$1:$L$5000,B262,NHAP!$K$1:$K$5000)-SUMIF(NHAP!$L$1:$L$5000,B262,NHAP!$M$1:$M$5000))","v":0},{"$f":"IF(D262=\"NCC\",0,F262+SUMIF(XUAT!$N$1:$N$5000,B262,XUAT!$L$1:$L$5000)-SUMIF(XUAT!$N$1:$N$5000,B262,XUAT!$O$1:$O$5000))","v":0}]
[null,null,null,null,null,null,null,{"$f":"IF(D263=\"KH\",0,E263+SUMIF(NHAP!$L$1:$L$5000,B263,NHAP!$K$1:$K$5000)-SUMIF(NHAP!$L$1:$L$5000,B263,NHAP!$M$1:$M$5000))","v":0},{"$f":"IF(D263=\"NCC\",0,F263+SUMIF(XUAT!$N$1:$N$5000,B263,XUAT!$L$1:$L$5000)-SUMIF(XUAT!$N$1:$N$5000,B263,XUAT!$O$1:$O$5000))","v":0}]
[null,null,null,null,null,null,null,{"$f":"IF(D264=\"KH\",0,E264+SUMIF(NHAP!$L$1:$L$5000,B264,NHAP!$K$1:$K$5000)-SUMIF(NHAP!$L$1:$L$5000,B264,NHAP!$M$1:$M$5000))","v":0},{"$f":"IF(D264=\"NCC\",0,F264+SUMIF(XUAT!$N$1:$N$5000,B264,XUAT!$L$1:$L$5000)-SUMIF(XUAT!$N$1:$N$5000,B264,XUAT!$O$1:$O$5000))","v":0}]
[null,null,null,null,null,null,null,{"$f":"IF(D265=\"KH\",0,E265+SUMIF(NHAP!$L$1:$L$5000,B265,NHAP!$K$1:$K$5000)-SUMIF(NHAP!$L$1:$L$5000,B265,NHAP!$M$1:$M$5000))","v":0},{"$f":"IF(D265=\"NCC\",0,F265+SUMIF(XUAT!$N$1:$N$5000,B265,XUAT!$L$1:$L$5000)-SUMIF(XUAT!$N$1:$N$5000,B265,XUAT!$O$1:$O$5000))","v":0}]
[null,null,null,null,null,null,null,{"$f":"IF(D266=\"KH\",0,E266+SUMIF(NHAP!$L$1:$L$5000,B266,NHAP!$K$1:$K$5000)-SUMIF(NHAP!$L$1:$L$5000,B266,NHAP!$M$1:$M$5000))","v":0},{"$f":"IF(D266=\"NCC\",0,F266+SUMIF(XUAT!$N$1:$N$5000,B266,XUAT!$L$1:$L$5000)-SUMIF(XUAT!$N$1:$N$5000,B266,XUAT!$O$1:$O$5000))","v":0}]
[null,null,null,null,null,null,null,{"$f":"IF(D267=\"KH\",0,E267+SUMIF(NHAP!$L$1:$L$5000,B267,NHAP!$K$1:$K$5000)-SUMIF(NHAP!$L$1:$L$5000,B267,NHAP!$M$1:$M$5000))","v":0},{"$f":"IF(D267=\"NCC\",0,F267+SUMIF(XUAT!$N$1:$N$5000,B267,XUAT!$L$1:$L$5000)-SUMIF(XUAT!$N$1:$N$5000,B267,XUAT!$O$1:$O$5000))","v":0}]
[null,null,null,null,null,null,null,{"$f":"IF(D268=\"KH\",0,E268+SUMIF(NHAP!$L$1:$L$5000,B268,NHAP!$K$1:$K$5000)-SUMIF(NHAP!$L$1:$L$5000,B268,NHAP!$M$1:$M$5000))","v":0},{"$f":"IF(D268=\"NCC\",0,F268+SUMIF(XUAT!$N$1:$N$5000,B268,XUAT!$L$1:$L$5000)-SUMIF(XUAT!$N$1:$N$5000,B268,XUAT!$O$1:$O$5000))","v":0}]
[null,null,null,null,null,null,null,{"$f":"IF(D269=\"KH\",0,E269+SUMIF(NHAP!$L$1:$L$5000,B269,NHAP!$K$1:$K$5000)-SUMIF(NHAP!$L$1:$L$5000,B269,NHAP!$M$1:$M$5000))","v":0},{"$f":"IF(D269=\"NCC\",0,F269+SUMIF(XUAT!$N$1:$N$5000,B269,XUAT!$L$1:$L$5000)-SUMIF(XUAT!$N$1:$N$5000,B269,XUAT!$O$1:$O$5000))","v":0}]
[null,null,null,null,null,null,null,{"$f":"IF(D270=\"KH\",0,E270+SUMIF(NHAP!$L$1:$L$5000,B270,NHAP!$K$1:$K$5000)-SUMIF(NHAP!$L$1:$L$5000,B270,NHAP!$M$1:$M$5000))","v":0},{"$f":"IF(D270=\"NCC\",0,F270+SUMIF(XUAT!$N$1:$N$5000,B270,XUAT!$L$1:$L$5000)-SUMIF(XUAT!$N$1:$N$5000,B270,XUAT!$O$1:$O$5000))","v":0}]
[null,null,null,null,null,null,null,{"$f":"IF(D271=\"KH\",0,E271+SUMIF(NHAP!$L$1:$L$5000,B271,NHAP!$K$1:$K$5000)-SUMIF(NHAP!$L$1:$L$5000,B271,NHAP!$M$1:$M$5000))","v":0},{"$f":"IF(D271=\"NCC\",0,F271+SUMIF(XUAT!$N$1:$N$5000,B271,XUAT!$L$1:$L$5000)-SUMIF(XUAT!$N$1:$N$5000,B271,XUAT!$O$1:$O$5000))","v":0}]
[null,null,null,null,null,null,null,{"$f":"IF(D272=\"KH\",0,E272+SUMIF(NHAP!$L$1:$L$5000,B272,NHAP!$K$1:$K$5000)-SUMIF(NHAP!$L$1:$L$5000,B272,NHAP!$M$1:$M$5000))","v":0},{"$f":"IF(D272=\"NCC\",0,F272+SUMIF(XUAT!$N$1:$N$5000,B272,XUAT!$L$1:$L$5000)-SUMIF(XUAT!$N$1:$N$5000,B272,XUAT!$O$1:$O$5000))","v":0}]
[null,null,null,null,null,null,null,{"$f":"IF(D273=\"KH\",0,E273+SUMIF(NHAP!$L$1:$L$5000,B273,NHAP!$K$1:$K$5000)-SUMIF(NHAP!$L$1:$L$5000,B273,NHAP!$M$1:$M$5000))","v":0},{"$f":"IF(D273=\"NCC\",0,F273+SUMIF(XUAT!$N$1:$N$5000,B273,XUAT!$L$1:$L$5000)-SUMIF(XUAT!$N$1:$N$5000,B273,XUAT!$O$1:$O$5000))","v":0}]
[null,null,null,null,null,null,null,{"$f":"IF(D274=\"KH\",0,E274+SUMIF(NHAP!$L$1:$L$5000,B274,NHAP!$K$1:$K$5000)-SUMIF(NHAP!$L$1:$L$5000,B274,NHAP!$M$1:$M$5000))","v":0},{"$f":"IF(D274=\"NCC\",0,F274+SUMIF(XUAT!$N$1:$N$5000,B274,XUAT!$L$1:$L$5000)-SUMIF(XUAT!$N$1:$N$5000,B274,XUAT!$O$1:$O$5000))","v":0}]
[null,null,null,null,null,null,null,{"$f":"IF(D275=\"KH\",0,E275+SUMIF(NHAP!$L$1:$L$5000,B275,NHAP!$K$1:$K$5000)-SUMIF(NHAP!$L$1:$L$5000,B275,NHAP!$M$1:$M$5000))","v":0},{"$f":"IF(D275=\"NCC\",0,F275+SUMIF(XUAT!$N$1:$N$5000,B275,XUAT!$L$1:$L$5000)-SUMIF(XUAT!$N$1:$N$5000,B275,XUAT!$O$1:$O$5000))","v":0}]
[null,null,null,null,null,null,null,{"$f":"IF(D276=\"KH\",0,E276+SUMIF(NHAP!$L$1:$L$5000,B276,NHAP!$K$1:$K$5000)-SUMIF(NHAP!$L$1:$L$5000,B276,NHAP!$M$1:$M$5000))","v":0},{"$f":"IF(D276=\"NCC\",0,F276+SUMIF(XUAT!$N$1:$N$5000,B276,XUAT!$L$1:$L$5000)-SUMIF(XUAT!$N$1:$N$5000,B276,XUAT!$O$1:$O$5000))","v":0}]
[null,null,null,null,null,null,null,{"$f":"IF(D277=\"KH\",0,E277+SUMIF(NHAP!$L$1:$L$5000,B277,NHAP!$K$1:$K$5000)-SUMIF(NHAP!$L$1:$L$5000,B277,NHAP!$M$1:$M$5000))","v":0},{"$f":"IF(D277=\"NCC\",0,F277+SUMIF(XUAT!$N$1:$N$5000,B277,XUAT!$L$1:$L$5000)-SUMIF(XUAT!$N$1:$N$5000,B277,XUAT!$O$1:$O$5000))","v":0}]
[null,null,null,null,null,null,null,{"$f":"IF(D278=\"KH\",0,E278+SUMIF(NHAP!$L$1:$L$5000,B278,NHAP!$K$1:$K$5000)-SUMIF(NHAP!$L$1:$L$5000,B278,NHAP!$M$1:$M$5000))","v":0},{"$f":"IF(D278=\"NCC\",0,F278+SUMIF(XUAT!$N$1:$N$5000,B278,XUAT!$L$1:$L$5000)-SUMIF(XUAT!$N$1:$N$5000,B278,XUAT!$O$1:$O$5000))","v":0}]
[null,null,null,null,null,null,null,{"$f":"IF(D279=\"KH\",0,E279+SUMIF(NHAP!$L$1:$L$5000,B279,NHAP!$K$1:$K$5000)-SUMIF(NHAP!$L$1:$L$5000,B279,NHAP!$M$1:$M$5000))","v":0},{"$f":"IF(D279=\"NCC\",0,F279+SUMIF(XUAT!$N$1:$N$5000,B279,XUAT!$L$1:$L$5000)-SUMIF(XUAT!$N$1:$N$5000,B279,XUAT!$O$1:$O$5000))","v":0}]
[null,null,null,null,null,null,null,{"$f":"IF(D280=\"KH\",0,E280+SUMIF(NHAP!$L$1:$L$5000,B280,NHAP!$K$1:$K$5000)-SUMIF(NHAP!$L$1:$L$5000,B280,NHAP!$M$1:$M$5000))","v":0},{"$f":"IF(D280=\"NCC\",0,F280+SUMIF(XUAT!$N$1:$N$5000,B280,XUAT!$L$1:$L$5000)-SUMIF(XUAT!$N$1:$N$5000,B280,XUAT!$O$1:$O$5000))","v":0}]
[null,null,null,null,null,null,null,{"$f":"IF(D281=\"KH\",0,E281+SUMIF(NHAP!$L$1:$L$5000,B281,NHAP!$K$1:$K$5000)-SUMIF(NHAP!$L$1:$L$5000,B281,NHAP!$M$1:$M$5000))","v":0},{"$f":"IF(D281=\"NCC\",0,F281+SUMIF(XUAT!$N$1:$N$5000,B281,XUAT!$L$1:$L$5000)-SUMIF(XUAT!$N$1:$N$5000,B281,XUAT!$O$1:$O$5000))","v":0}]
[null,null,null,null,null,null,null,{"$f":"IF(D282=\"KH\",0,E282+SUMIF(NHAP!$L$1:$L$5000,B282,NHAP!$K$1:$K$5000)-SUMIF(NHAP!$L$1:$L$5000,B282,NHAP!$M$1:$M$5000))","v":0},{"$f":"IF(D282=\"NCC\",0,F282+SUMIF(XUAT!$N$1:$N$5000,B282,XUAT!$L$1:$L$5000)-SUMIF(XUAT!$N$1:$N$5000,B282,XUAT!$O$1:$O$5000))","v":0}]
[null,null,null,null,null,null,null,{"$f":"IF(D283=\"KH\",0,E283+SUMIF(NHAP!$L$1:$L$5000,B283,NHAP!$K$1:$K$5000)-SUMIF(NHAP!$L$1:$L$5000,B283,NHAP!$M$1:$M$5000))","v":0},{"$f":"IF(D283=\"NCC\",0,F283+SUMIF(XUAT!$N$1:$N$5000,B283,XUAT!$L$1:$L$5000)-SUMIF(XUAT!$N$1:$N$5000,B283,XUAT!$O$1:$O$5000))","v":0}]
[null,null,null,null,null,null,null,{"$f":"IF(D284=\"KH\",0,E284+SUMIF(NHAP!$L$1:$L$5000,B284,NHAP!$K$1:$K$5000)-SUMIF(NHAP!$L$1:$L$5000,B284,NHAP!$M$1:$M$5000))","v":0},{"$f":"IF(D284=\"NCC\",0,F284+SUMIF(XUAT!$N$1:$N$5000,B284,XUAT!$L$1:$L$5000)-SUMIF(XUAT!$N$1:$N$5000,B284,XUAT!$O$1:$O$5000))","v":0}]
[null,null,null,null,null,null,null,{"$f":"IF(D285=\"KH\",0,E285+SUMIF(NHAP!$L$1:$L$5000,B285,NHAP!$K$1:$K$5000)-SUMIF(NHAP!$L$1:$L$5000,B285,NHAP!$M$1:$M$5000))","v":0},{"$f":"IF(D285=\"NCC\",0,F285+SUMIF(XUAT!$N$1:$N$5000,B285,XUAT!$L$1:$L$5000)-SUMIF(XUAT!$N$1:$N$5000,B285,XUAT!$O$1:$O$5000))","v":0}]
[null,null,null,null,null,null,null,{"$f":"IF(D286=\"KH\",0,E286+SUMIF(NHAP!$L$1:$L$5000,B286,NHAP!$K$1:$K$5000)-SUMIF(NHAP!$L$1:$L$5000,B286,NHAP!$M$1:$M$5000))","v":0},{"$f":"IF(D286=\"NCC\",0,F286+SUMIF(XUAT!$N$1:$N$5000,B286,XUAT!$L$1:$L$5000)-SUMIF(XUAT!$N$1:$N$5000,B286,XUAT!$O$1:$O$5000))","v":0}]
[null,null,null,null,null,null,null,{"$f":"IF(D287=\"KH\",0,E287+SUMIF(NHAP!$L$1:$L$5000,B287,NHAP!$K$1:$K$5000)-SUMIF(NHAP!$L$1:$L$5000,B287,NHAP!$M$1:$M$5000))","v":0},{"$f":"IF(D287=\"NCC\",0,F287+SUMIF(XUAT!$N$1:$N$5000,B287,XUAT!$L$1:$L$5000)-SUMIF(XUAT!$N$1:$N$5000,B287,XUAT!$O$1:$O$5000))","v":0}]
[null,null,null,null,null,null,null,{"$f":"IF(D288=\"KH\",0,E288+SUMIF(NHAP!$L$1:$L$5000,B288,NHAP!$K$1:$K$5000)-SUMIF(NHAP!$L$1:$L$5000,B288,NHAP!$M$1:$M$5000))","v":0},{"$f":"IF(D288=\"NCC\",0,F288+SUMIF(XUAT!$N$1:$N$5000,B288,XUAT!$L$1:$L$5000)-SUMIF(XUAT!$N$1:$N$5000,B288,XUAT!$O$1:$O$5000))","v":0}]
[null,null,null,null,null,null,null,{"$f":"IF(D289=\"KH\",0,E289+SUMIF(NHAP!$L$1:$L$5000,B289,NHAP!$K$1:$K$5000)-SUMIF(NHAP!$L$1:$L$5000,B289,NHAP!$M$1:$M$5000))","v":0},{"$f":"IF(D289=\"NCC\",0,F289+SUMIF(XUAT!$N$1:$N$5000,B289,XUAT!$L$1:$L$5000)-SUMIF(XUAT!$N$1:$N$5000,B289,XUAT!$O$1:$O$5000))","v":0}]
[null,null,null,null,null,null,null,{"$f":"IF(D290=\"KH\",0,E290+SUMIF(NHAP!$L$1:$L$5000,B290,NHAP!$K$1:$K$5000)-SUMIF(NHAP!$L$1:$L$5000,B290,NHAP!$M$1:$M$5000))","v":0},{"$f":"IF(D290=\"NCC\",0,F290+SUMIF(XUAT!$N$1:$N$5000,B290,XUAT!$L$1:$L$5000)-SUMIF(XUAT!$N$1:$N$5000,B290,XUAT!$O$1:$O$5000))","v":0}]
[null,null,null,null,null,null,null,{"$f":"IF(D291=\"KH\",0,E291+SUMIF(NHAP!$L$1:$L$5000,B291,NHAP!$K$1:$K$5000)-SUMIF(NHAP!$L$1:$L$5000,B291,NHAP!$M$1:$M$5000))","v":0},{"$f":"IF(D291=\"NCC\",0,F291+SUMIF(XUAT!$N$1:$N$5000,B291,XUAT!$L$1:$L$5000)-SUMIF(XUAT!$N$1:$N$5000,B291,XUAT!$O$1:$O$5000))","v":0}]
[null,null,null,null,null,null,null,{"$f":"IF(D292=\"KH\",0,E292+SUMIF(NHAP!$L$1:$L$5000,B292,NHAP!$K$1:$K$5000)-SUMIF(NHAP!$L$1:$L$5000,B292,NHAP!$M$1:$M$5000))","v":0},{"$f":"IF(D292=\"NCC\",0,F292+SUMIF(XUAT!$N$1:$N$5000,B292,XUAT!$L$1:$L$5000)-SUMIF(XUAT!$N$1:$N$5000,B292,XUAT!$O$1:$O$5000))","v":0}]
[null,null,null,null,null,null,null,{"$f":"IF(D293=\"KH\",0,E293+SUMIF(NHAP!$L$1:$L$5000,B293,NHAP!$K$1:$K$5000)-SUMIF(NHAP!$L$1:$L$5000,B293,NHAP!$M$1:$M$5000))","v":0},{"$f":"IF(D293=\"NCC\",0,F293+SUMIF(XUAT!$N$1:$N$5000,B293,XUAT!$L$1:$L$5000)-SUMIF(XUAT!$N$1:$N$5000,B293,XUAT!$O$1:$O$5000))","v":0}]
[null,null,null,null,null,null,null,{"$f":"IF(D294=\"KH\",0,E294+SUMIF(NHAP!$L$1:$L$5000,B294,NHAP!$K$1:$K$5000)-SUMIF(NHAP!$L$1:$L$5000,B294,NHAP!$M$1:$M$5000))","v":0},{"$f":"IF(D294=\"NCC\",0,F294+SUMIF(XUAT!$N$1:$N$5000,B294,XUAT!$L$1:$L$5000)-SUMIF(XUAT!$N$1:$N$5000,B294,XUAT!$O$1:$O$5000))","v":0}]
[null,null,null,null,null,null,null,{"$f":"IF(D295=\"KH\",0,E295+SUMIF(NHAP!$L$1:$L$5000,B295,NHAP!$K$1:$K$5000)-SUMIF(NHAP!$L$1:$L$5000,B295,NHAP!$M$1:$M$5000))","v":0},{"$f":"IF(D295=\"NCC\",0,F295+SUMIF(XUAT!$N$1:$N$5000,B295,XUAT!$L$1:$L$5000)-SUMIF(XUAT!$N$1:$N$5000,B295,XUAT!$O$1:$O$5000))","v":0}]
[null,null,null,null,null,null,null,{"$f":"IF(D296=\"KH\",0,E296+SUMIF(NHAP!$L$1:$L$5000,B296,NHAP!$K$1:$K$5000)-SUMIF(NHAP!$L$1:$L$5000,B296,NHAP!$M$1:$M$5000))","v":0},{"$f":"IF(D296=\"NCC\",0,F296+SUMIF(XUAT!$N$1:$N$5000,B296,XUAT!$L$1:$L$5000)-SUMIF(XUAT!$N$1:$N$5000,B296,XUAT!$O$1:$O$5000))","v":0}]
[null,null,null,null,null,null,null,{"$f":"IF(D297=\"KH\",0,E297+SUMIF(NHAP!$L$1:$L$5000,B297,NHAP!$K$1:$K$5000)-SUMIF(NHAP!$L$1:$L$5000,B297,NHAP!$M$1:$M$5000))","v":0},{"$f":"IF(D297=\"NCC\",0,F297+SUMIF(XUAT!$N$1:$N$5000,B297,XUAT!$L$1:$L$5000)-SUMIF(XUAT!$N$1:$N$5000,B297,XUAT!$O$1:$O$5000))","v":0}]
[null,null,null,null,null,null,null,{"$f":"IF(D298=\"KH\",0,E298+SUMIF(NHAP!$L$1:$L$5000,B298,NHAP!$K$1:$K$5000)-SUMIF(NHAP!$L$1:$L$5000,B298,NHAP!$M$1:$M$5000))","v":0},{"$f":"IF(D298=\"NCC\",0,F298+SUMIF(XUAT!$N$1:$N$5000,B298,XUAT!$L$1:$L$5000)-SUMIF(XUAT!$N$1:$N$5000,B298,XUAT!$O$1:$O$5000))","v":0}]
[null,null,null,null,null,null,null,{"$f":"IF(D299=\"KH\",0,E299+SUMIF(NHAP!$L$1:$L$5000,B299,NHAP!$K$1:$K$5000)-SUMIF(NHAP!$L$1:$L$5000,B299,NHAP!$M$1:$M$5000))","v":0},{"$f":"IF(D299=\"NCC\",0,F299+SUMIF(XUAT!$N$1:$N$5000,B299,XUAT!$L$1:$L$5000)-SUMIF(XUAT!$N$1:$N$5000,B299,XUAT!$O$1:$O$5000))","v":0}]
[null,null,null,null,null,null,null,{"$f":"IF(D300=\"KH\",0,E300+SUMIF(NHAP!$L$1:$L$5000,B300,NHAP!$K$1:$K$5000)-SUMIF(NHAP!$L$1:$L$5000,B300,NHAP!$M$1:$M$5000))","v":0},{"$f":"IF(D300=\"NCC\",0,F300+SUMIF(XUAT!$N$1:$N$5000,B300,XUAT!$L$1:$L$5000)-SUMIF(XUAT!$N$1:$N$5000,B300,XUAT!$O$1:$O$5000))","v":0}]
[null,null,null,null,null,null,null,{"$f":"IF(D301=\"KH\",0,E301+SUMIF(NHAP!$L$1:$L$5000,B301,NHAP!$K$1:$K$5000)-SUMIF(NHAP!$L$1:$L$5000,B301,NHAP!$M$1:$M$5000))","v":0},{"$f":"IF(D301=\"NCC\",0,F301+SUMIF(XUAT!$N$1:$N$5000,B301,XUAT!$L$1:$L$5000)-SUMIF(XUAT!$N$1:$N$5000,B301,XUAT!$O$1:$O$5000))","v":0}]
[null,null,null,null,null,null,null,{"$f":"IF(D302=\"KH\",0,E302+SUMIF(NHAP!$L$1:$L$5000,B302,NHAP!$K$1:$K$5000)-SUMIF(NHAP!$L$1:$L$5000,B302,NHAP!$M$1:$M$5000))","v":0},{"$f":"IF(D302=\"NCC\",0,F302+SUMIF(XUAT!$N$1:$N$5000,B302,XUAT!$L$1:$L$5000)-SUMIF(XUAT!$N$1:$N$5000,B302,XUAT!$O$1:$O$5000))","v":0}]
[null,null,null,null,null,null,null,{"$f":"IF(D303=\"KH\",0,E303+SUMIF(NHAP!$L$1:$L$5000,B303,NHAP!$K$1:$K$5000)-SUMIF(NHAP!$L$1:$L$5000,B303,NHAP!$M$1:$M$5000))","v":0},{"$f":"IF(D303=\"NCC\",0,F303+SUMIF(XUAT!$N$1:$N$5000,B303,XUAT!$L$1:$L$5000)-SUMIF(XUAT!$N$1:$N$5000,B303,XUAT!$O$1:$O$5000))","v":0}]
[null,null,null,null,null,null,null,{"$f":"IF(D304=\"KH\",0,E304+SUMIF(NHAP!$L$1:$L$5000,B304,NHAP!$K$1:$K$5000)-SUMIF(NHAP!$L$1:$L$5000,B304,NHAP!$M$1:$M$5000))","v":0},{"$f":"IF(D304=\"NCC\",0,F304+SUMIF(XUAT!$N$1:$N$5000,B304,XUAT!$L$1:$L$5000)-SUMIF(XUAT!$N$1:$N$5000,B304,XUAT!$O$1:$O$5000))","v":0}]
[null,null,null,null,null,null,null,{"$f":"IF(D305=\"KH\",0,E305+SUMIF(NHAP!$L$1:$L$5000,B305,NHAP!$K$1:$K$5000)-SUMIF(NHAP!$L$1:$L$5000,B305,NHAP!$M$1:$M$5000))","v":0},{"$f":"IF(D305=\"NCC\",0,F305+SUMIF(XUAT!$N$1:$N$5000,B305,XUAT!$L$1:$L$5000)-SUMIF(XUAT!$N$1:$N$5000,B305,XUAT!$O$1:$O$5000))","v":0}]
[null,null,null,null,null,null,null,{"$f":"IF(D306=\"KH\",0,E306+SUMIF(NHAP!$L$1:$L$5000,B306,NHAP!$K$1:$K$5000)-SUMIF(NHAP!$L$1:$L$5000,B306,NHAP!$M$1:$M$5000))","v":0},{"$f":"IF(D306=\"NCC\",0,F306+SUMIF(XUAT!$N$1:$N$5000,B306,XUAT!$L$1:$L$5000)-SUMIF(XUAT!$N$1:$N$5000,B306,XUAT!$O$1:$O$5000))","v":0}]
[null,null,null,null,null,null,null,{"$f":"IF(D307=\"KH\",0,E307+SUMIF(NHAP!$L$1:$L$5000,B307,NHAP!$K$1:$K$5000)-SUMIF(NHAP!$L$1:$L$5000,B307,NHAP!$M$1:$M$5000))","v":0},{"$f":"IF(D307=\"NCC\",0,F307+SUMIF(XUAT!$N$1:$N$5000,B307,XUAT!$L$1:$L$5000)-SUMIF(XUAT!$N$1:$N$5000,B307,XUAT!$O$1:$O$5000))","v":0}]
[null,null,null,null,null,null,null,{"$f":"IF(D308=\"KH\",0,E308+SUMIF(NHAP!$L$1:$L$5000,B308,NHAP!$K$1:$K$5000)-SUMIF(NHAP!$L$1:$L$5000,B308,NHAP!$M$1:$M$5000))","v":0},{"$f":"IF(D308=\"NCC\",0,F308+SUMIF(XUAT!$N$1:$N$5000,B308,XUAT!$L$1:$L$5000)-SUMIF(XUAT!$N$1:$N$5000,B308,XUAT!$O$1:$O$5000))","v":0}]
[null,null,null,null,null,null,null,{"$f":"IF(D309=\"KH\",0,E309+SUMIF(NHAP!$L$1:$L$5000,B309,NHAP!$K$1:$K$5000)-SUMIF(NHAP!$L$1:$L$5000,B309,NHAP!$M$1:$M$5000))","v":0},{"$f":"IF(D309=\"NCC\",0,F309+SUMIF(XUAT!$N$1:$N$5000,B309,XUAT!$L$1:$L$5000)-SUMIF(XUAT!$N$1:$N$5000,B309,XUAT!$O$1:$O$5000))","v":0}]
[null,null,null,null,null,null,null,{"$f":"IF(D310=\"KH\",0,E310+SUMIF(NHAP!$L$1:$L$5000,B310,NHAP!$K$1:$K$5000)-SUMIF(NHAP!$L$1:$L$5000,B310,NHAP!$M$1:$M$5000))","v":0},{"$f":"IF(D310=\"NCC\",0,F310+SUMIF(XUAT!$N$1:$N$5000,B310,XUAT!$L$1:$L$5000)-SUMIF(XUAT!$N$1:$N$5000,B310,XUAT!$O$1:$O$5000))","v":0}]
[null,null,null,null,null,null,null,{"$f":"IF(D311=\"KH\",0,E311+SUMIF(NHAP!$L$1:$L$5000,B311,NHAP!$K$1:$K$5000)-SUMIF(NHAP!$L$1:$L$5000,B311,NHAP!$M$1:$M$5000))","v":0},{"$f":"IF(D311=\"NCC\",0,F311+SUMIF(XUAT!$N$1:$N$5000,B311,XUAT!$L$1:$L$5000)-SUMIF(XUAT!$N$1:$N$5000,B311,XUAT!$O$1:$O$5000))","v":0}]
[null,null,null,null,null,null,null,{"$f":"IF(D312=\"KH\",0,E312+SUMIF(NHAP!$L$1:$L$5000,B312,NHAP!$K$1:$K$5000)-SUMIF(NHAP!$L$1:$L$5000,B312,NHAP!$M$1:$M$5000))","v":0},{"$f":"IF(D312=\"NCC\",0,F312+SUMIF(XUAT!$N$1:$N$5000,B312,XUAT!$L$1:$L$5000)-SUMIF(XUAT!$N$1:$N$5000,B312,XUAT!$O$1:$O$5000))","v":0}]
[null,null,null,null,null,null,null,{"$f":"IF(D313=\"KH\",0,E313+SUMIF(NHAP!$L$1:$L$5000,B313,NHAP!$K$1:$K$5000)-SUMIF(NHAP!$L$1:$L$5000,B313,NHAP!$M$1:$M$5000))","v":0},{"$f":"IF(D313=\"NCC\",0,F313+SUMIF(XUAT!$N$1:$N$5000,B313,XUAT!$L$1:$L$5000)-SUMIF(XUAT!$N$1:$N$5000,B313,XUAT!$O$1:$O$5000))","v":0}]
[null,null,null,null,null,null,null,{"$f":"IF(D314=\"KH\",0,E314+SUMIF(NHAP!$L$1:$L$5000,B314,NHAP!$K$1:$K$5000)-SUMIF(NHAP!$L$1:$L$5000,B314,NHAP!$M$1:$M$5000))","v":0},{"$f":"IF(D314=\"NCC\",0,F314+SUMIF(XUAT!$N$1:$N$5000,B314,XUAT!$L$1:$L$5000)-SUMIF(XUAT!$N$1:$N$5000,B314,XUAT!$O$1:$O$5000))","v":0}]
[null,null,null,null,null,null,null,{"$f":"IF(D315=\"KH\",0,E315+SUMIF(NHAP!$L$1:$L$5000,B315,NHAP!$K$1:$K$5000)-SUMIF(NHAP!$L$1:$L$5000,B315,NHAP!$M$1:$M$5000))","v":0},{"$f":"IF(D315=\"NCC\",0,F315+SUMIF(XUAT!$N$1:$N$5000,B315,XUAT!$L$1:$L$5000)-SUMIF(XUAT!$N$1:$N$5000,B315,XUAT!$O$1:$O$5000))","v":0}]
[null,null,null,null,null,null,null,{"$f":"IF(D316=\"KH\",0,E316+SUMIF(NHAP!$L$1:$L$5000,B316,NHAP!$K$1:$K$5000)-SUMIF(NHAP!$L$1:$L$5000,B316,NHAP!$M$1:$M$5000))","v":0},{"$f":"IF(D316=\"NCC\",0,F316+SUMIF(XUAT!$N$1:$N$5000,B316,XUAT!$L$1:$L$5000)-SUMIF(XUAT!$N$1:$N$5000,B316,XUAT!$O$1:$O$5000))","v":0}]
[null,null,null,null,null,null,null,{"$f":"IF(D317=\"KH\",0,E317+SUMIF(NHAP!$L$1:$L$5000,B317,NHAP!$K$1:$K$5000)-SUMIF(NHAP!$L$1:$L$5000,B317,NHAP!$M$1:$M$5000))","v":0},{"$f":"IF(D317=\"NCC\",0,F317+SUMIF(XUAT!$N$1:$N$5000,B317,XUAT!$L$1:$L$5000)-SUMIF(XUAT!$N$1:$N$5000,B317,XUAT!$O$1:$O$5000))","v":0}]
[null,null,null,null,null,null,null,{"$f":"IF(D318=\"KH\",0,E318+SUMIF(NHAP!$L$1:$L$5000,B318,NHAP!$K$1:$K$5000)-SUMIF(NHAP!$L$1:$L$5000,B318,NHAP!$M$1:$M$5000))","v":0},{"$f":"IF(D318=\"NCC\",0,F318+SUMIF(XUAT!$N$1:$N$5000,B318,XUAT!$L$1:$L$5000)-SUMIF(XUAT!$N$1:$N$5000,B318,XUAT!$O$1:$O$5000))","v":0}]
[null,null,null,null,null,null,null,{"$f":"IF(D319=\"KH\",0,E319+SUMIF(NHAP!$L$1:$L$5000,B319,NHAP!$K$1:$K$5000)-SUMIF(NHAP!$L$1:$L$5000,B319,NHAP!$M$1:$M$5000))","v":0},{"$f":"IF(D319=\"NCC\",0,F319+SUMIF(XUAT!$N$1:$N$5000,B319,XUAT!$L$1:$L$5000)-SUMIF(XUAT!$N$1:$N$5000,B319,XUAT!$O$1:$O$5000))","v":0}]
[null,null,null,null,null,null,null,{"$f":"IF(D320=\"KH\",0,E320+SUMIF(NHAP!$L$1:$L$5000,B320,NHAP!$K$1:$K$5000)-SUMIF(NHAP!$L$1:$L$5000,B320,NHAP!$M$1:$M$5000))","v":0},{"$f":"IF(D320=\"NCC\",0,F320+SUMIF(XUAT!$N$1:$N$5000,B320,XUAT!$L$1:$L$5000)-SUMIF(XUAT!$N$1:$N$5000,B320,XUAT!$O$1:$O$5000))","v":0}]
[null,null,null,null,null,null,null,{"$f":"IF(D321=\"KH\",0,E321+SUMIF(NHAP!$L$1:$L$5000,B321,NHAP!$K$1:$K$5000)-SUMIF(NHAP!$L$1:$L$5000,B321,NHAP!$M$1:$M$5000))","v":0},{"$f":"IF(D321=\"NCC\",0,F321+SUMIF(XUAT!$N$1:$N$5000,B321,XUAT!$L$1:$L$5000)-SUMIF(XUAT!$N$1:$N$5000,B321,XUAT!$O$1:$O$5000))","v":0}]
[null,null,null,null,null,null,null,{"$f":"IF(D322=\"KH\",0,E322+SUMIF(NHAP!$L$1:$L$5000,B322,NHAP!$K$1:$K$5000)-SUMIF(NHAP!$L$1:$L$5000,B322,NHAP!$M$1:$M$5000))","v":0},{"$f":"IF(D322=\"NCC\",0,F322+SUMIF(XUAT!$N$1:$N$5000,B322,XUAT!$L$1:$L$5000)-SUMIF(XUAT!$N$1:$N$5000,B322,XUAT!$O$1:$O$5000))","v":0}]
[null,null,null,null,null,null,null,{"$f":"IF(D323=\"KH\",0,E323+SUMIF(NHAP!$L$1:$L$5000,B323,NHAP!$K$1:$K$5000)-SUMIF(NHAP!$L$1:$L$5000,B323,NHAP!$M$1:$M$5000))","v":0},{"$f":"IF(D323=\"NCC\",0,F323+SUMIF(XUAT!$N$1:$N$5000,B323,XUAT!$L$1:$L$5000)-SUMIF(XUAT!$N$1:$N$5000,B323,XUAT!$O$1:$O$5000))","v":0}]
[null,null,null,null,null,null,null,{"$f":"IF(D324=\"KH\",0,E324+SUMIF(NHAP!$L$1:$L$5000,B324,NHAP!$K$1:$K$5000)-SUMIF(NHAP!$L$1:$L$5000,B324,NHAP!$M$1:$M$5000))","v":0},{"$f":"IF(D324=\"NCC\",0,F324+SUMIF(XUAT!$N$1:$N$5000,B324,XUAT!$L$1:$L$5000)-SUMIF(XUAT!$N$1:$N$5000,B324,XUAT!$O$1:$O$5000))","v":0}]
[null,null,null,null,null,null,null,{"$f":"IF(D325=\"KH\",0,E325+SUMIF(NHAP!$L$1:$L$5000,B325,NHAP!$K$1:$K$5000)-SUMIF(NHAP!$L$1:$L$5000,B325,NHAP!$M$1:$M$5000))","v":0},{"$f":"IF(D325=\"NCC\",0,F325+SUMIF(XUAT!$N$1:$N$5000,B325,XUAT!$L$1:$L$5000)-SUMIF(XUAT!$N$1:$N$5000,B325,XUAT!$O$1:$O$5000))","v":0}]
[null,null,null,null,null,null,null,{"$f":"IF(D326=\"KH\",0,E326+SUMIF(NHAP!$L$1:$L$5000,B326,NHAP!$K$1:$K$5000)-SUMIF(NHAP!$L$1:$L$5000,B326,NHAP!$M$1:$M$5000))","v":0},{"$f":"IF(D326=\"NCC\",0,F326+SUMIF(XUAT!$N$1:$N$5000,B326,XUAT!$L$1:$L$5000)-SUMIF(XUAT!$N$1:$N$5000,B326,XUAT!$O$1:$O$5000))","v":0}]
[null,null,null,null,null,null,null,{"$f":"IF(D327=\"KH\",0,E327+SUMIF(NHAP!$L$1:$L$5000,B327,NHAP!$K$1:$K$5000)-SUMIF(NHAP!$L$1:$L$5000,B327,NHAP!$M$1:$M$5000))","v":0},{"$f":"IF(D327=\"NCC\",0,F327+SUMIF(XUAT!$N$1:$N$5000,B327,XUAT!$L$1:$L$5000)-SUMIF(XUAT!$N$1:$N$5000,B327,XUAT!$O$1:$O$5000))","v":0}]
[null,null,null,null,null,null,null,{"$f":"IF(D328=\"KH\",0,E328+SUMIF(NHAP!$L$1:$L$5000,B328,NHAP!$K$1:$K$5000)-SUMIF(NHAP!$L$1:$L$5000,B328,NHAP!$M$1:$M$5000))","v":0},{"$f":"IF(D328=\"NCC\",0,F328+SUMIF(XUAT!$N$1:$N$5000,B328,XUAT!$L$1:$L$5000)-SUMIF(XUAT!$N$1:$N$5000,B328,XUAT!$O$1:$O$5000))","v":0}]
[null,null,null,null,null,null,null,{"$f":"IF(D329=\"KH\",0,E329+SUMIF(NHAP!$L$1:$L$5000,B329,NHAP!$K$1:$K$5000)-SUMIF(NHAP!$L$1:$L$5000,B329,NHAP!$M$1:$M$5000))","v":0},{"$f":"IF(D329=\"NCC\",0,F329+SUMIF(XUAT!$N$1:$N$5000,B329,XUAT!$L$1:$L$5000)-SUMIF(XUAT!$N$1:$N$5000,B329,XUAT!$O$1:$O$5000))","v":0}]
[null,null,null,null,null,null,null,{"$f":"IF(D330=\"KH\",0,E330+SUMIF(NHAP!$L$1:$L$5000,B330,NHAP!$K$1:$K$5000)-SUMIF(NHAP!$L$1:$L$5000,B330,NHAP!$M$1:$M$5000))","v":0},{"$f":"IF(D330=\"NCC\",0,F330+SUMIF(XUAT!$N$1:$N$5000,B330,XUAT!$L$1:$L$5000)-SUMIF(XUAT!$N$1:$N$5000,B330,XUAT!$O$1:$O$5000))","v":0}]
[null,null,null,null,null,null,null,{"$f":"IF(D331=\"KH\",0,E331+SUMIF(NHAP!$L$1:$L$5000,B331,NHAP!$K$1:$K$5000)-SUMIF(NHAP!$L$1:$L$5000,B331,NHAP!$M$1:$M$5000))","v":0},{"$f":"IF(D331=\"NCC\",0,F331+SUMIF(XUAT!$N$1:$N$5000,B331,XUAT!$L$1:$L$5000)-SUMIF(XUAT!$N$1:$N$5000,B331,XUAT!$O$1:$O$5000))","v":0}]
[null,null,null,null,null,null,null,{"$f":"IF(D332=\"KH\",0,E332+SUMIF(NHAP!$L$1:$L$5000,B332,NHAP!$K$1:$K$5000)-SUMIF(NHAP!$L$1:$L$5000,B332,NHAP!$M$1:$M$5000))","v":0},{"$f":"IF(D332=\"NCC\",0,F332+SUMIF(XUAT!$N$1:$N$5000,B332,XUAT!$L$1:$L$5000)-SUMIF(XUAT!$N$1:$N$5000,B332,XUAT!$O$1:$O$5000))","v":0}]
[null,null,null,null,null,null,null,{"$f":"IF(D333=\"KH\",0,E333+SUMIF(NHAP!$L$1:$L$5000,B333,NHAP!$K$1:$K$5000)-SUMIF(NHAP!$L$1:$L$5000,B333,NHAP!$M$1:$M$5000))","v":0},{"$f":"IF(D333=\"NCC\",0,F333+SUMIF(XUAT!$N$1:$N$5000,B333,XUAT!$L$1:$L$5000)-SUMIF(XUAT!$N$1:$N$5000,B333,XUAT!$O$1:$O$5000))","v":0}]
[null,null,null,null,null,null,null,{"$f":"IF(D334=\"KH\",0,E334+SUMIF(NHAP!$L$1:$L$5000,B334,NHAP!$K$1:$K$5000)-SUMIF(NHAP!$L$1:$L$5000,B334,NHAP!$M$1:$M$5000))","v":0},{"$f":"IF(D334=\"NCC\",0,F334+SUMIF(XUAT!$N$1:$N$5000,B334,XUAT!$L$1:$L$5000)-SUMIF(XUAT!$N$1:$N$5000,B334,XUAT!$O$1:$O$5000))","v":0}]
[null,null,null,null,null,null,null,{"$f":"IF(D335=\"KH\",0,E335+SUMIF(NHAP!$L$1:$L$5000,B335,NHAP!$K$1:$K$5000)-SUMIF(NHAP!$L$1:$L$5000,B335,NHAP!$M$1:$M$5000))","v":0},{"$f":"IF(D335=\"NCC\",0,F335+SUMIF(XUAT!$N$1:$N$5000,B335,XUAT!$L$1:$L$5000)-SUMIF(XUAT!$N$1:$N$5000,B335,XUAT!$O$1:$O$5000))","v":0}]
[null,null,null,null,null,null,null,{"$f":"IF(D336=\"KH\",0,E336+SUMIF(NHAP!$L$1:$L$5000,B336,NHAP!$K$1:$K$5000)-SUMIF(NHAP!$L$1:$L$5000,B336,NHAP!$M$1:$M$5000))","v":0},{"$f":"IF(D336=\"NCC\",0,F336+SUMIF(XUAT!$N$1:$N$5000,B336,XUAT!$L$1:$L$5000)-SUMIF(XUAT!$N$1:$N$5000,B336,XUAT!$O$1:$O$5000))","v":0}]
[null,null,null,null,null,null,null,{"$f":"IF(D337=\"KH\",0,E337+SUMIF(NHAP!$L$1:$L$5000,B337,NHAP!$K$1:$K$5000)-SUMIF(NHAP!$L$1:$L$5000,B337,NHAP!$M$1:$M$5000))","v":0},{"$f":"IF(D337=\"NCC\",0,F337+SUMIF(XUAT!$N$1:$N$5000,B337,XUAT!$L$1:$L$5000)-SUMIF(XUAT!$N$1:$N$5000,B337,XUAT!$O$1:$O$5000))","v":0}]
[null,null,null,null,null,null,null,{"$f":"IF(D338=\"KH\",0,E338+SUMIF(NHAP!$L$1:$L$5000,B338,NHAP!$K$1:$K$5000)-SUMIF(NHAP!$L$1:$L$5000,B338,NHAP!$M$1:$M$5000))","v":0},{"$f":"IF(D338=\"NCC\",0,F338+SUMIF(XUAT!$N$1:$N$5000,B338,XUAT!$L$1:$L$5000)-SUMIF(XUAT!$N$1:$N$5000,B338,XUAT!$O$1:$O$5000))","v":0}]
[null,null,null,null,null,null,null,{"$f":"IF(D339=\"KH\",0,E339+SUMIF(NHAP!$L$1:$L$5000,B339,NHAP!$K$1:$K$5000)-SUMIF(NHAP!$L$1:$L$5000,B339,NHAP!$M$1:$M$5000))","v":0},{"$f":"IF(D339=\"NCC\",0,F339+SUMIF(XUAT!$N$1:$N$5000,B339,XUAT!$L$1:$L$5000)-SUMIF(XUAT!$N$1:$N$5000,B339,XUAT!$O$1:$O$5000))","v":0}]
[null,null,null,null,null,null,null,{"$f":"IF(D340=\"KH\",0,E340+SUMIF(NHAP!$L$1:$L$5000,B340,NHAP!$K$1:$K$5000)-SUMIF(NHAP!$L$1:$L$5000,B340,NHAP!$M$1:$M$5000))","v":0},{"$f":"IF(D340=\"NCC\",0,F340+SUMIF(XUAT!$N$1:$N$5000,B340,XUAT!$L$1:$L$5000)-SUMIF(XUAT!$N$1:$N$5000,B340,XUAT!$O$1:$O$5000))","v":0}]
[null,null,null,null,null,null,null,{"$f":"IF(D341=\"KH\",0,E341+SUMIF(NHAP!$L$1:$L$5000,B341,NHAP!$K$1:$K$5000)-SUMIF(NHAP!$L$1:$L$5000,B341,NHAP!$M$1:$M$5000))","v":0},{"$f":"IF(D341=\"NCC\",0,F341+SUMIF(XUAT!$N$1:$N$5000,B341,XUAT!$L$1:$L$5000)-SUMIF(XUAT!$N$1:$N$5000,B341,XUAT!$O$1:$O$5000))","v":0}]
[null,null,null,null,null,null,null,{"$f":"IF(D342=\"KH\",0,E342+SUMIF(NHAP!$L$1:$L$5000,B342,NHAP!$K$1:$K$5000)-SUMIF(NHAP!$L$1:$L$5000,B342,NHAP!$M$1:$M$5000))","v":0},{"$f":"IF(D342=\"NCC\",0,F342+SUMIF(XUAT!$N$1:$N$5000,B342,XUAT!$L$1:$L$5000)-SUMIF(XUAT!$N$1:$N$5000,B342,XUAT!$O$1:$O$5000))","v":0}]
[null,null,null,null,null,null,null,{"$f":"IF(D343=\"KH\",0,E343+SUMIF(NHAP!$L$1:$L$5000,B343,NHAP!$K$1:$K$5000)-SUMIF(NHAP!$L$1:$L$5000,B343,NHAP!$M$1:$M$5000))","v":0},{"$f":"IF(D343=\"NCC\",0,F343+SUMIF(XUAT!$N$1:$N$5000,B343,XUAT!$L$1:$L$5000)-SUMIF(XUAT!$N$1:$N$5000,B343,XUAT!$O$1:$O$5000))","v":0}]
[null,null,null,null,null,null,null,{"$f":"IF(D344=\"KH\",0,E344+SUMIF(NHAP!$L$1:$L$5000,B344,NHAP!$K$1:$K$5000)-SUMIF(NHAP!$L$1:$L$5000,B344,NHAP!$M$1:$M$5000))","v":0},{"$f":"IF(D344=\"NCC\",0,F344+SUMIF(XUAT!$N$1:$N$5000,B344,XUAT!$L$1:$L$5000)-SUMIF(XUAT!$N$1:$N$5000,B344,XUAT!$O$1:$O$5000))","v":0}]
[null,null,null,null,null,null,null,{"$f":"IF(D345=\"KH\",0,E345+SUMIF(NHAP!$L$1:$L$5000,B345,NHAP!$K$1:$K$5000)-SUMIF(NHAP!$L$1:$L$5000,B345,NHAP!$M$1:$M$5000))","v":0},{"$f":"IF(D345=\"NCC\",0,F345+SUMIF(XUAT!$N$1:$N$5000,B345,XUAT!$L$1:$L$5000)-SUMIF(XUAT!$N$1:$N$5000,B345,XUAT!$O$1:$O$5000))","v":0}]
[null,null,null,null,null,null,null,{"$f":"IF(D346=\"KH\",0,E346+SUMIF(NHAP!$L$1:$L$5000,B346,NHAP!$K$1:$K$5000)-SUMIF(NHAP!$L$1:$L$5000,B346,NHAP!$M$1:$M$5000))","v":0},{"$f":"IF(D346=\"NCC\",0,F346+SUMIF(XUAT!$N$1:$N$5000,B346,XUAT!$L$1:$L$5000)-SUMIF(XUAT!$N$1:$N$5000,B346,XUAT!$O$1:$O$5000))","v":0}]
[null,null,null,null,null,null,null,{"$f":"IF(D347=\"KH\",0,E347+SUMIF(NHAP!$L$1:$L$5000,B347,NHAP!$K$1:$K$5000)-SUMIF(NHAP!$L$1:$L$5000,B347,NHAP!$M$1:$M$5000))","v":0},{"$f":"IF(D347=\"NCC\",0,F347+SUMIF(XUAT!$N$1:$N$5000,B347,XUAT!$L$1:$L$5000)-SUMIF(XUAT!$N$1:$N$5000,B347,XUAT!$O$1:$O$5000))","v":0}]
[null,null,null,null,null,null,null,{"$f":"IF(D348=\"KH\",0,E348+SUMIF(NHAP!$L$1:$L$5000,B348,NHAP!$K$1:$K$5000)-SUMIF(NHAP!$L$1:$L$5000,B348,NHAP!$M$1:$M$5000))","v":0},{"$f":"IF(D348=\"NCC\",0,F348+SUMIF(XUAT!$N$1:$N$5000,B348,XUAT!$L$1:$L$5000)-SUMIF(XUAT!$N$1:$N$5000,B348,XUAT!$O$1:$O$5000))","v":0}]
[null,null,null,null,null,null,null,{"$f":"IF(D349=\"KH\",0,E349+SUMIF(NHAP!$L$1:$L$5000,B349,NHAP!$K$1:$K$5000)-SUMIF(NHAP!$L$1:$L$5000,B349,NHAP!$M$1:$M$5000))","v":0},{"$f":"IF(D349=\"NCC\",0,F349+SUMIF(XUAT!$N$1:$N$5000,B349,XUAT!$L$1:$L$5000)-SUMIF(XUAT!$N$1:$N$5000,B349,XUAT!$O$1:$O$5000))","v":0}]
[null,null,null,null,null,null,null,{"$f":"IF(D350=\"KH\",0,E350+SUMIF(NHAP!$L$1:$L$5000,B350,NHAP!$K$1:$K$5000)-SUMIF(NHAP!$L$1:$L$5000,B350,NHAP!$M$1:$M$5000))","v":0},{"$f":"IF(D350=\"NCC\",0,F350+SUMIF(XUAT!$N$1:$N$5000,B350,XUAT!$L$1:$L$5000)-SUMIF(XUAT!$N$1:$N$5000,B350,XUAT!$O$1:$O$5000))","v":0}]
[null,null,null,null,null,null,null,{"$f":"IF(D351=\"KH\",0,E351+SUMIF(NHAP!$L$1:$L$5000,B351,NHAP!$K$1:$K$5000)-SUMIF(NHAP!$L$1:$L$5000,B351,NHAP!$M$1:$M$5000))","v":0},{"$f":"IF(D351=\"NCC\",0,F351+SUMIF(XUAT!$N$1:$N$5000,B351,XUAT!$L$1:$L$5000)-SUMIF(XUAT!$N$1:$N$5000,B351,XUAT!$O$1:$O$5000))","v":0}]
[null,null,null,null,null,null,null,{"$f":"IF(D352=\"KH\",0,E352+SUMIF(NHAP!$L$1:$L$5000,B352,NHAP!$K$1:$K$5000)-SUMIF(NHAP!$L$1:$L$5000,B352,NHAP!$M$1:$M$5000))","v":0},{"$f":"IF(D352=\"NCC\",0,F352+SUMIF(XUAT!$N$1:$N$5000,B352,XUAT!$L$1:$L$5000)-SUMIF(XUAT!$N$1:$N$5000,B352,XUAT!$O$1:$O$5000))","v":0}]
[null,null,null,null,null,null,null,{"$f":"IF(D353=\"KH\",0,E353+SUMIF(NHAP!$L$1:$L$5000,B353,NHAP!$K$1:$K$5000)-SUMIF(NHAP!$L$1:$L$5000,B353,NHAP!$M$1:$M$5000))","v":0},{"$f":"IF(D353=\"NCC\",0,F353+SUMIF(XUAT!$N$1:$N$5000,B353,XUAT!$L$1:$L$5000)-SUMIF(XUAT!$N$1:$N$5000,B353,XUAT!$O$1:$O$5000))","v":0}]
[null,null,null,null,null,null,null,{"$f":"IF(D354=\"KH\",0,E354+SUMIF(NHAP!$L$1:$L$5000,B354,NHAP!$K$1:$K$5000)-SUMIF(NHAP!$L$1:$L$5000,B354,NHAP!$M$1:$M$5000))","v":0},{"$f":"IF(D354=\"NCC\",0,F354+SUMIF(XUAT!$N$1:$N$5000,B354,XUAT!$L$1:$L$5000)-SUMIF(XUAT!$N$1:$N$5000,B354,XUAT!$O$1:$O$5000))","v":0}]
[null,null,null,null,null,null,null,{"$f":"IF(D355=\"KH\",0,E355+SUMIF(NHAP!$L$1:$L$5000,B355,NHAP!$K$1:$K$5000)-SUMIF(NHAP!$L$1:$L$5000,B355,NHAP!$M$1:$M$5000))","v":0},{"$f":"IF(D355=\"NCC\",0,F355+SUMIF(XUAT!$N$1:$N$5000,B355,XUAT!$L$1:$L$5000)-SUMIF(XUAT!$N$1:$N$5000,B355,XUAT!$O$1:$O$5000))","v":0}]
[null,null,null,null,null,null,null,{"$f":"IF(D356=\"KH\",0,E356+SUMIF(NHAP!$L$1:$L$5000,B356,NHAP!$K$1:$K$5000)-SUMIF(NHAP!$L$1:$L$5000,B356,NHAP!$M$1:$M$5000))","v":0},{"$f":"IF(D356=\"NCC\",0,F356+SUMIF(XUAT!$N$1:$N$5000,B356,XUAT!$L$1:$L$5000)-SUMIF(XUAT!$N$1:$N$5000,B356,XUAT!$O$1:$O$5000))","v":0}]
[null,null,null,null,null,null,null,{"$f":"IF(D357=\"KH\",0,E357+SUMIF(NHAP!$L$1:$L$5000,B357,NHAP!$K$1:$K$5000)-SUMIF(NHAP!$L$1:$L$5000,B357,NHAP!$M$1:$M$5000))","v":0},{"$f":"IF(D357=\"NCC\",0,F357+SUMIF(XUAT!$N$1:$N$5000,B357,XUAT!$L$1:$L$5000)-SUMIF(XUAT!$N$1:$N$5000,B357,XUAT!$O$1:$O$5000))","v":0}]
[null,null,null,null,null,null,null,{"$f":"IF(D358=\"KH\",0,E358+SUMIF(NHAP!$L$1:$L$5000,B358,NHAP!$K$1:$K$5000)-SUMIF(NHAP!$L$1:$L$5000,B358,NHAP!$M$1:$M$5000))","v":0},{"$f":"IF(D358=\"NCC\",0,F358+SUMIF(XUAT!$N$1:$N$5000,B358,XUAT!$L$1:$L$5000)-SUMIF(XUAT!$N$1:$N$5000,B358,XUAT!$O$1:$O$5000))","v":0}]
[null,null,null,null,null,null,null,{"$f":"IF(D359=\"KH\",0,E359+SUMIF(NHAP!$L$1:$L$5000,B359,NHAP!$K$1:$K$5000)-SUMIF(NHAP!$L$1:$L$5000,B359,NHAP!$M$1:$M$5000))","v":0},{"$f":"IF(D359=\"NCC\",0,F359+SUMIF(XUAT!$N$1:$N$5000,B359,XUAT!$L$1:$L$5000)-SUMIF(XUAT!$N$1:$N$5000,B359,XUAT!$O$1:$O$5000))","v":0}]
[null,null,null,null,null,null,null,{"$f":"IF(D360=\"KH\",0,E360+SUMIF(NHAP!$L$1:$L$5000,B360,NHAP!$K$1:$K$5000)-SUMIF(NHAP!$L$1:$L$5000,B360,NHAP!$M$1:$M$5000))","v":0},{"$f":"IF(D360=\"NCC\",0,F360+SUMIF(XUAT!$N$1:$N$5000,B360,XUAT!$L$1:$L$5000)-SUMIF(XUAT!$N$1:$N$5000,B360,XUAT!$O$1:$O$5000))","v":0}]
[null,null,null,null,null,null,null,{"$f":"IF(D361=\"KH\",0,E361+SUMIF(NHAP!$L$1:$L$5000,B361,NHAP!$K$1:$K$5000)-SUMIF(NHAP!$L$1:$L$5000,B361,NHAP!$M$1:$M$5000))","v":0},{"$f":"IF(D361=\"NCC\",0,F361+SUMIF(XUAT!$N$1:$N$5000,B361,XUAT!$L$1:$L$5000)-SUMIF(XUAT!$N$1:$N$5000,B361,XUAT!$O$1:$O$5000))","v":0}]
[null,null,null,null,null,null,null,{"$f":"IF(D362=\"KH\",0,E362+SUMIF(NHAP!$L$1:$L$5000,B362,NHAP!$K$1:$K$5000)-SUMIF(NHAP!$L$1:$L$5000,B362,NHAP!$M$1:$M$5000))","v":0},{"$f":"IF(D362=\"NCC\",0,F362+SUMIF(XUAT!$N$1:$N$5000,B362,XUAT!$L$1:$L$5000)-SUMIF(XUAT!$N$1:$N$5000,B362,XUAT!$O$1:$O$5000))","v":0}]
[null,null,null,null,null,null,null,{"$f":"IF(D363=\"KH\",0,E363+SUMIF(NHAP!$L$1:$L$5000,B363,NHAP!$K$1:$K$5000)-SUMIF(NHAP!$L$1:$L$5000,B363,NHAP!$M$1:$M$5000))","v":0},{"$f":"IF(D363=\"NCC\",0,F363+SUMIF(XUAT!$N$1:$N$5000,B363,XUAT!$L$1:$L$5000)-SUMIF(XUAT!$N$1:$N$5000,B363,XUAT!$O$1:$O$5000))","v":0}]
[null,null,null,null,null,null,null,{"$f":"IF(D364=\"KH\",0,E364+SUMIF(NHAP!$L$1:$L$5000,B364,NHAP!$K$1:$K$5000)-SUMIF(NHAP!$L$1:$L$5000,B364,NHAP!$M$1:$M$5000))","v":0},{"$f":"IF(D364=\"NCC\",0,F364+SUMIF(XUAT!$N$1:$N$5000,B364,XUAT!$L$1:$L$5000)-SUMIF(XUAT!$N$1:$N$5000,B364,XUAT!$O$1:$O$5000))","v":0}]
[null,null,null,null,null,null,null,{"$f":"IF(D365=\"KH\",0,E365+SUMIF(NHAP!$L$1:$L$5000,B365,NHAP!$K$1:$K$5000)-SUMIF(NHAP!$L$1:$L$5000,B365,NHAP!$M$1:$M$5000))","v":0},{"$f":"IF(D365=\"NCC\",0,F365+SUMIF(XUAT!$N$1:$N$5000,B365,XUAT!$L$1:$L$5000)-SUMIF(XUAT!$N$1:$N$5000,B365,XUAT!$O$1:$O$5000))","v":0}]
[null,null,null,null,null,null,null,{"$f":"IF(D366=\"KH\",0,E366+SUMIF(NHAP!$L$1:$L$5000,B366,NHAP!$K$1:$K$5000)-SUMIF(NHAP!$L$1:$L$5000,B366,NHAP!$M$1:$M$5000))","v":0},{"$f":"IF(D366=\"NCC\",0,F366+SUMIF(XUAT!$N$1:$N$5000,B366,XUAT!$L$1:$L$5000)-SUMIF(XUAT!$N$1:$N$5000,B366,XUAT!$O$1:$O$5000))","v":0}]
[null,null,null,null,null,null,null,{"$f":"IF(D367=\"KH\",0,E367+SUMIF(NHAP!$L$1:$L$5000,B367,NHAP!$K$1:$K$5000)-SUMIF(NHAP!$L$1:$L$5000,B367,NHAP!$M$1:$M$5000))","v":0},{"$f":"IF(D367=\"NCC\",0,F367+SUMIF(XUAT!$N$1:$N$5000,B367,XUAT!$L$1:$L$5000)-SUMIF(XUAT!$N$1:$N$5000,B367,XUAT!$O$1:$O$5000))","v":0}]
[null,null,null,null,null,null,null,{"$f":"IF(D368=\"KH\",0,E368+SUMIF(NHAP!$L$1:$L$5000,B368,NHAP!$K$1:$K$5000)-SUMIF(NHAP!$L$1:$L$5000,B368,NHAP!$M$1:$M$5000))","v":0},{"$f":"IF(D368=\"NCC\",0,F368+SUMIF(XUAT!$N$1:$N$5000,B368,XUAT!$L$1:$L$5000)-SUMIF(XUAT!$N$1:$N$5000,B368,XUAT!$O$1:$O$5000))","v":0}]
[null,null,null,null,null,null,null,{"$f":"IF(D369=\"KH\",0,E369+SUMIF(NHAP!$L$1:$L$5000,B369,NHAP!$K$1:$K$5000)-SUMIF(NHAP!$L$1:$L$5000,B369,NHAP!$M$1:$M$5000))","v":0},{"$f":"IF(D369=\"NCC\",0,F369+SUMIF(XUAT!$N$1:$N$5000,B369,XUAT!$L$1:$L$5000)-SUMIF(XUAT!$N$1:$N$5000,B369,XUAT!$O$1:$O$5000))","v":0}]
[null,null,null,null,null,null,null,{"$f":"IF(D370=\"KH\",0,E370+SUMIF(NHAP!$L$1:$L$5000,B370,NHAP!$K$1:$K$5000)-SUMIF(NHAP!$L$1:$L$5000,B370,NHAP!$M$1:$M$5000))","v":0},{"$f":"IF(D370=\"NCC\",0,F370+SUMIF(XUAT!$N$1:$N$5000,B370,XUAT!$L$1:$L$5000)-SUMIF(XUAT!$N$1:$N$5000,B370,XUAT!$O$1:$O$5000))","v":0}]
[null,null,null,null,null,null,null,{"$f":"IF(D371=\"KH\",0,E371+SUMIF(NHAP!$L$1:$L$5000,B371,NHAP!$K$1:$K$5000)-SUMIF(NHAP!$L$1:$L$5000,B371,NHAP!$M$1:$M$5000))","v":0},{"$f":"IF(D371=\"NCC\",0,F371+SUMIF(XUAT!$N$1:$N$5000,B371,XUAT!$L$1:$L$5000)-SUMIF(XUAT!$N$1:$N$5000,B371,XUAT!$O$1:$O$5000))","v":0}]
[null,null,null,null,null,null,null,{"$f":"IF(D372=\"KH\",0,E372+SUMIF(NHAP!$L$1:$L$5000,B372,NHAP!$K$1:$K$5000)-SUMIF(NHAP!$L$1:$L$5000,B372,NHAP!$M$1:$M$5000))","v":0},{"$f":"IF(D372=\"NCC\",0,F372+SUMIF(XUAT!$N$1:$N$5000,B372,XUAT!$L$1:$L$5000)-SUMIF(XUAT!$N$1:$N$5000,B372,XUAT!$O$1:$O$5000))","v":0}]
[null,null,null,null,null,null,null,{"$f":"IF(D373=\"KH\",0,E373+SUMIF(NHAP!$L$1:$L$5000,B373,NHAP!$K$1:$K$5000)-SUMIF(NHAP!$L$1:$L$5000,B373,NHAP!$M$1:$M$5000))","v":0},{"$f":"IF(D373=\"NCC\",0,F373+SUMIF(XUAT!$N$1:$N$5000,B373,XUAT!$L$1:$L$5000)-SUMIF(XUAT!$N$1:$N$5000,B373,XUAT!$O$1:$O$5000))","v":0}]
[null,null,null,null,null,null,null,{"$f":"IF(D374=\"KH\",0,E374+SUMIF(NHAP!$L$1:$L$5000,B374,NHAP!$K$1:$K$5000)-SUMIF(NHAP!$L$1:$L$5000,B374,NHAP!$M$1:$M$5000))","v":0},{"$f":"IF(D374=\"NCC\",0,F374+SUMIF(XUAT!$N$1:$N$5000,B374,XUAT!$L$1:$L$5000)-SUMIF(XUAT!$N$1:$N$5000,B374,XUAT!$O$1:$O$5000))","v":0}]
[null,null,null,null,null,null,null,{"$f":"IF(D375=\"KH\",0,E375+SUMIF(NHAP!$L$1:$L$5000,B375,NHAP!$K$1:$K$5000)-SUMIF(NHAP!$L$1:$L$5000,B375,NHAP!$M$1:$M$5000))","v":0},{"$f":"IF(D375=\"NCC\",0,F375+SUMIF(XUAT!$N$1:$N$5000,B375,XUAT!$L$1:$L$5000)-SUMIF(XUAT!$N$1:$N$5000,B375,XUAT!$O$1:$O$5000))","v":0}]
[null,null,null,null,null,null,null,{"$f":"IF(D376=\"KH\",0,E376+SUMIF(NHAP!$L$1:$L$5000,B376,NHAP!$K$1:$K$5000)-SUMIF(NHAP!$L$1:$L$5000,B376,NHAP!$M$1:$M$5000))","v":0},{"$f":"IF(D376=\"NCC\",0,F376+SUMIF(XUAT!$N$1:$N$5000,B376,XUAT!$L$1:$L$5000)-SUMIF(XUAT!$N$1:$N$5000,B376,XUAT!$O$1:$O$5000))","v":0}]
[null,null,null,null,null,null,null,{"$f":"IF(D377=\"KH\",0,E377+SUMIF(NHAP!$L$1:$L$5000,B377,NHAP!$K$1:$K$5000)-SUMIF(NHAP!$L$1:$L$5000,B377,NHAP!$M$1:$M$5000))","v":0},{"$f":"IF(D377=\"NCC\",0,F377+SUMIF(XUAT!$N$1:$N$5000,B377,XUAT!$L$1:$L$5000)-SUMIF(XUAT!$N$1:$N$5000,B377,XUAT!$O$1:$O$5000))","v":0}]
[null,null,null,null,null,null,null,{"$f":"IF(D378=\"KH\",0,E378+SUMIF(NHAP!$L$1:$L$5000,B378,NHAP!$K$1:$K$5000)-SUMIF(NHAP!$L$1:$L$5000,B378,NHAP!$M$1:$M$5000))","v":0},{"$f":"IF(D378=\"NCC\",0,F378+SUMIF(XUAT!$N$1:$N$5000,B378,XUAT!$L$1:$L$5000)-SUMIF(XUAT!$N$1:$N$5000,B378,XUAT!$O$1:$O$5000))","v":0}]
[null,null,null,null,null,null,null,{"$f":"IF(D379=\"KH\",0,E379+SUMIF(NHAP!$L$1:$L$5000,B379,NHAP!$K$1:$K$5000)-SUMIF(NHAP!$L$1:$L$5000,B379,NHAP!$M$1:$M$5000))","v":0},{"$f":"IF(D379=\"NCC\",0,F379+SUMIF(XUAT!$N$1:$N$5000,B379,XUAT!$L$1:$L$5000)-SUMIF(XUAT!$N$1:$N$5000,B379,XUAT!$O$1:$O$5000))","v":0}]
[null,null,null,null,null,null,null,{"$f":"IF(D380=\"KH\",0,E380+SUMIF(NHAP!$L$1:$L$5000,B380,NHAP!$K$1:$K$5000)-SUMIF(NHAP!$L$1:$L$5000,B380,NHAP!$M$1:$M$5000))","v":0},{"$f":"IF(D380=\"NCC\",0,F380+SUMIF(XUAT!$N$1:$N$5000,B380,XUAT!$L$1:$L$5000)-SUMIF(XUAT!$N$1:$N$5000,B380,XUAT!$O$1:$O$5000))","v":0}]
[null,null,null,null,null,null,null,{"$f":"IF(D381=\"KH\",0,E381+SUMIF(NHAP!$L$1:$L$5000,B381,NHAP!$K$1:$K$5000)-SUMIF(NHAP!$L$1:$L$5000,B381,NHAP!$M$1:$M$5000))","v":0},{"$f":"IF(D381=\"NCC\",0,F381+SUMIF(XUAT!$N$1:$N$5000,B381,XUAT!$L$1:$L$5000)-SUMIF(XUAT!$N$1:$N$5000,B381,XUAT!$O$1:$O$5000))","v":0}]
[null,null,null,null,null,null,null,{"$f":"IF(D382=\"KH\",0,E382+SUMIF(NHAP!$L$1:$L$5000,B382,NHAP!$K$1:$K$5000)-SUMIF(NHAP!$L$1:$L$5000,B382,NHAP!$M$1:$M$5000))","v":0},{"$f":"IF(D382=\"NCC\",0,F382+SUMIF(XUAT!$N$1:$N$5000,B382,XUAT!$L$1:$L$5000)-SUMIF(XUAT!$N$1:$N$5000,B382,XUAT!$O$1:$O$5000))","v":0}]
[null,null,null,null,null,null,null,{"$f":"IF(D383=\"KH\",0,E383+SUMIF(NHAP!$L$1:$L$5000,B383,NHAP!$K$1:$K$5000)-SUMIF(NHAP!$L$1:$L$5000,B383,NHAP!$M$1:$M$5000))","v":0},{"$f":"IF(D383=\"NCC\",0,F383+SUMIF(XUAT!$N$1:$N$5000,B383,XUAT!$L$1:$L$5000)-SUMIF(XUAT!$N$1:$N$5000,B383,XUAT!$O$1:$O$5000))","v":0}]
[null,null,null,null,null,null,null,{"$f":"IF(D384=\"KH\",0,E384+SUMIF(NHAP!$L$1:$L$5000,B384,NHAP!$K$1:$K$5000)-SUMIF(NHAP!$L$1:$L$5000,B384,NHAP!$M$1:$M$5000))","v":0},{"$f":"IF(D384=\"NCC\",0,F384+SUMIF(XUAT!$N$1:$N$5000,B384,XUAT!$L$1:$L$5000)-SUMIF(XUAT!$N$1:$N$5000,B384,XUAT!$O$1:$O$5000))","v":0}]
[null,null,null,null,null,null,null,{"$f":"IF(D385=\"KH\",0,E385+SUMIF(NHAP!$L$1:$L$5000,B385,NHAP!$K$1:$K$5000)-SUMIF(NHAP!$L$1:$L$5000,B385,NHAP!$M$1:$M$5000))","v":0},{"$f":"IF(D385=\"NCC\",0,F385+SUMIF(XUAT!$N$1:$N$5000,B385,XUAT!$L$1:$L$5000)-SUMIF(XUAT!$N$1:$N$5000,B385,XUAT!$O$1:$O$5000))","v":0}]
[null,null,null,null,null,null,null,{"$f":"IF(D386=\"KH\",0,E386+SUMIF(NHAP!$L$1:$L$5000,B386,NHAP!$K$1:$K$5000)-SUMIF(NHAP!$L$1:$L$5000,B386,NHAP!$M$1:$M$5000))","v":0},{"$f":"IF(D386=\"NCC\",0,F386+SUMIF(XUAT!$N$1:$N$5000,B386,XUAT!$L$1:$L$5000)-SUMIF(XUAT!$N$1:$N$5000,B386,XUAT!$O$1:$O$5000))","v":0}]
[null,null,null,null,null,null,null,{"$f":"IF(D387=\"KH\",0,E387+SUMIF(NHAP!$L$1:$L$5000,B387,NHAP!$K$1:$K$5000)-SUMIF(NHAP!$L$1:$L$5000,B387,NHAP!$M$1:$M$5000))","v":0},{"$f":"IF(D387=\"NCC\",0,F387+SUMIF(XUAT!$N$1:$N$5000,B387,XUAT!$L$1:$L$5000)-SUMIF(XUAT!$N$1:$N$5000,B387,XUAT!$O$1:$O$5000))","v":0}]
[null,null,null,null,null,null,null,{"$f":"IF(D388=\"KH\",0,E388+SUMIF(NHAP!$L$1:$L$5000,B388,NHAP!$K$1:$K$5000)-SUMIF(NHAP!$L$1:$L$5000,B388,NHAP!$M$1:$M$5000))","v":0},{"$f":"IF(D388=\"NCC\",0,F388+SUMIF(XUAT!$N$1:$N$5000,B388,XUAT!$L$1:$L$5000)-SUMIF(XUAT!$N$1:$N$5000,B388,XUAT!$O$1:$O$5000))","v":0}]
[null,null,null,null,null,null,null,{"$f":"IF(D389=\"KH\",0,E389+SUMIF(NHAP!$L$1:$L$5000,B389,NHAP!$K$1:$K$5000)-SUMIF(NHAP!$L$1:$L$5000,B389,NHAP!$M$1:$M$5000))","v":0},{"$f":"IF(D389=\"NCC\",0,F389+SUMIF(XUAT!$N$1:$N$5000,B389,XUAT!$L$1:$L$5000)-SUMIF(XUAT!$N$1:$N$5000,B389,XUAT!$O$1:$O$5000))","v":0}]
[null,null,null,null,null,null,null,{"$f":"IF(D390=\"KH\",0,E390+SUMIF(NHAP!$L$1:$L$5000,B390,NHAP!$K$1:$K$5000)-SUMIF(NHAP!$L$1:$L$5000,B390,NHAP!$M$1:$M$5000))","v":0},{"$f":"IF(D390=\"NCC\",0,F390+SUMIF(XUAT!$N$1:$N$5000,B390,XUAT!$L$1:$L$5000)-SUMIF(XUAT!$N$1:$N$5000,B390,XUAT!$O$1:$O$5000))","v":0}]
[null,null,null,null,null,null,null,{"$f":"IF(D391=\"KH\",0,E391+SUMIF(NHAP!$L$1:$L$5000,B391,NHAP!$K$1:$K$5000)-SUMIF(NHAP!$L$1:$L$5000,B391,NHAP!$M$1:$M$5000))","v":0},{"$f":"IF(D391=\"NCC\",0,F391+SUMIF(XUAT!$N$1:$N$5000,B391,XUAT!$L$1:$L$5000)-SUMIF(XUAT!$N$1:$N$5000,B391,XUAT!$O$1:$O$5000))","v":0}]
[null,null,null,null,null,null,null,{"$f":"IF(D392=\"KH\",0,E392+SUMIF(NHAP!$L$1:$L$5000,B392,NHAP!$K$1:$K$5000)-SUMIF(NHAP!$L$1:$L$5000,B392,NHAP!$M$1:$M$5000))","v":0},{"$f":"IF(D392=\"NCC\",0,F392+SUMIF(XUAT!$N$1:$N$5000,B392,XUAT!$L$1:$L$5000)-SUMIF(XUAT!$N$1:$N$5000,B392,XUAT!$O$1:$O$5000))","v":0}]
[null,null,null,null,null,null,null,{"$f":"IF(D393=\"KH\",0,E393+SUMIF(NHAP!$L$1:$L$5000,B393,NHAP!$K$1:$K$5000)-SUMIF(NHAP!$L$1:$L$5000,B393,NHAP!$M$1:$M$5000))","v":0},{"$f":"IF(D393=\"NCC\",0,F393+SUMIF(XUAT!$N$1:$N$5000,B393,XUAT!$L$1:$L$5000)-SUMIF(XUAT!$N$1:$N$5000,B393,XUAT!$O$1:$O$5000))","v":0}]
[null,null,null,null,null,null,null,{"$f":"IF(D394=\"KH\",0,E394+SUMIF(NHAP!$L$1:$L$5000,B394,NHAP!$K$1:$K$5000)-SUMIF(NHAP!$L$1:$L$5000,B394,NHAP!$M$1:$M$5000))","v":0},{"$f":"IF(D394=\"NCC\",0,F394+SUMIF(XUAT!$N$1:$N$5000,B394,XUAT!$L$1:$L$5000)-SUMIF(XUAT!$N$1:$N$5000,B394,XUAT!$O$1:$O$5000))","v":0}]
[null,null,null,null,null,null,null,{"$f":"IF(D395=\"KH\",0,E395+SUMIF(NHAP!$L$1:$L$5000,B395,NHAP!$K$1:$K$5000)-SUMIF(NHAP!$L$1:$L$5000,B395,NHAP!$M$1:$M$5000))","v":0},{"$f":"IF(D395=\"NCC\",0,F395+SUMIF(XUAT!$N$1:$N$5000,B395,XUAT!$L$1:$L$5000)-SUMIF(XUAT!$N$1:$N$5000,B395,XUAT!$O$1:$O$5000))","v":0}]
[null,null,null,null,null,null,null,{"$f":"IF(D396=\"KH\",0,E396+SUMIF(NHAP!$L$1:$L$5000,B396,NHAP!$K$1:$K$5000)-SUMIF(NHAP!$L$1:$L$5000,B396,NHAP!$M$1:$M$5000))","v":0},{"$f":"IF(D396=\"NCC\",0,F396+SUMIF(XUAT!$N$1:$N$5000,B396,XUAT!$L$1:$L$5000)-SUMIF(XUAT!$N$1:$N$5000,B396,XUAT!$O$1:$O$5000))","v":0}]
[null,null,null,null,null,null,null,{"$f":"IF(D397=\"KH\",0,E397+SUMIF(NHAP!$L$1:$L$5000,B397,NHAP!$K$1:$K$5000)-SUMIF(NHAP!$L$1:$L$5000,B397,NHAP!$M$1:$M$5000))","v":0},{"$f":"IF(D397=\"NCC\",0,F397+SUMIF(XUAT!$N$1:$N$5000,B397,XUAT!$L$1:$L$5000)-SUMIF(XUAT!$N$1:$N$5000,B397,XUAT!$O$1:$O$5000))","v":0}]
[null,null,null,null,null,null,null,{"$f":"IF(D398=\"KH\",0,E398+SUMIF(NHAP!$L$1:$L$5000,B398,NHAP!$K$1:$K$5000)-SUMIF(NHAP!$L$1:$L$5000,B398,NHAP!$M$1:$M$5000))","v":0},{"$f":"IF(D398=\"NCC\",0,F398+SUMIF(XUAT!$N$1:$N$5000,B398,XUAT!$L$1:$L$5000)-SUMIF(XUAT!$N$1:$N$5000,B398,XUAT!$O$1:$O$5000))","v":0}]
[null,null,null,null,null,null,null,{"$f":"IF(D399=\"KH\",0,E399+SUMIF(NHAP!$L$1:$L$5000,B399,NHAP!$K$1:$K$5000)-SUMIF(NHAP!$L$1:$L$5000,B399,NHAP!$M$1:$M$5000))","v":0},{"$f":"IF(D399=\"NCC\",0,F399+SUMIF(XUAT!$N$1:$N$5000,B399,XUAT!$L$1:$L$5000)-SUMIF(XUAT!$N$1:$N$5000,B399,XUAT!$O$1:$O$5000))","v":0}]
[null,null,null,null,null,null,null,{"$f":"IF(D400=\"KH\",0,E400+SUMIF(NHAP!$L$1:$L$5000,B400,NHAP!$K$1:$K$5000)-SUMIF(NHAP!$L$1:$L$5000,B400,NHAP!$M$1:$M$5000))","v":0},{"$f":"IF(D400=\"NCC\",0,F400+SUMIF(XUAT!$N$1:$N$5000,B400,XUAT!$L$1:$L$5000)-SUMIF(XUAT!$N$1:$N$5000,B400,XUAT!$O$1:$O$5000))","v":0}]
[null,null,null,null,null,null,null,{"$f":"IF(D401=\"KH\",0,E401+SUMIF(NHAP!$L$1:$L$5000,B401,NHAP!$K$1:$K$5000)-SUMIF(NHAP!$L$1:$L$5000,B401,NHAP!$M$1:$M$5000))","v":0},{"$f":"IF(D401=\"NCC\",0,F401+SUMIF(XUAT!$N$1:$N$5000,B401,XUAT!$L$1:$L$5000)-SUMIF(XUAT!$N$1:$N$5000,B401,XUAT!$O$1:$O$5000))","v":0}]
[null,null,null,null,null,null,null,{"$f":"IF(D402=\"KH\",0,E402+SUMIF(NHAP!$L$1:$L$5000,B402,NHAP!$K$1:$K$5000)-SUMIF(NHAP!$L$1:$L$5000,B402,NHAP!$M$1:$M$5000))","v":0},{"$f":"IF(D402=\"NCC\",0,F402+SUMIF(XUAT!$N$1:$N$5000,B402,XUAT!$L$1:$L$5000)-SUMIF(XUAT!$N$1:$N$5000,B402,XUAT!$O$1:$O$5000))","v":0}]
[null,null,null,null,null,null,null,{"$f":"IF(D403=\"KH\",0,E403+SUMIF(NHAP!$L$1:$L$5000,B403,NHAP!$K$1:$K$5000)-SUMIF(NHAP!$L$1:$L$5000,B403,NHAP!$M$1:$M$5000))","v":0},{"$f":"IF(D403=\"NCC\",0,F403+SUMIF(XUAT!$N$1:$N$5000,B403,XUAT!$L$1:$L$5000)-SUMIF(XUAT!$N$1:$N$5000,B403,XUAT!$O$1:$O$5000))","v":0}]
[null,null,null,null,null,null,null,{"$f":"IF(D404=\"KH\",0,E404+SUMIF(NHAP!$L$1:$L$5000,B404,NHAP!$K$1:$K$5000)-SUMIF(NHAP!$L$1:$L$5000,B404,NHAP!$M$1:$M$5000))","v":0},{"$f":"IF(D404=\"NCC\",0,F404+SUMIF(XUAT!$N$1:$N$5000,B404,XUAT!$L$1:$L$5000)-SUMIF(XUAT!$N$1:$N$5000,B404,XUAT!$O$1:$O$5000))","v":0}]
[null,null,null,null,null,null,null,{"$f":"IF(D405=\"KH\",0,E405+SUMIF(NHAP!$L$1:$L$5000,B405,NHAP!$K$1:$K$5000)-SUMIF(NHAP!$L$1:$L$5000,B405,NHAP!$M$1:$M$5000))","v":0},{"$f":"IF(D405=\"NCC\",0,F405+SUMIF(XUAT!$N$1:$N$5000,B405,XUAT!$L$1:$L$5000)-SUMIF(XUAT!$N$1:$N$5000,B405,XUAT!$O$1:$O$5000))","v":0}]
[null,null,null,null,null,null,null,{"$f":"IF(D406=\"KH\",0,E406+SUMIF(NHAP!$L$1:$L$5000,B406,NHAP!$K$1:$K$5000)-SUMIF(NHAP!$L$1:$L$5000,B406,NHAP!$M$1:$M$5000))","v":0},{"$f":"IF(D406=\"NCC\",0,F406+SUMIF(XUAT!$N$1:$N$5000,B406,XUAT!$L$1:$L$5000)-SUMIF(XUAT!$N$1:$N$5000,B406,XUAT!$O$1:$O$5000))","v":0}]
[null,null,null,null,null,null,null,{"$f":"IF(D407=\"KH\",0,E407+SUMIF(NHAP!$L$1:$L$5000,B407,NHAP!$K$1:$K$5000)-SUMIF(NHAP!$L$1:$L$5000,B407,NHAP!$M$1:$M$5000))","v":0},{"$f":"IF(D407=\"NCC\",0,F407+SUMIF(XUAT!$N$1:$N$5000,B407,XUAT!$L$1:$L$5000)-SUMIF(XUAT!$N$1:$N$5000,B407,XUAT!$O$1:$O$5000))","v":0}]
[null,null,null,null,null,null,null,{"$f":"IF(D408=\"KH\",0,E408+SUMIF(NHAP!$L$1:$L$5000,B408,NHAP!$K$1:$K$5000)-SUMIF(NHAP!$L$1:$L$5000,B408,NHAP!$M$1:$M$5000))","v":0},{"$f":"IF(D408=\"NCC\",0,F408+SUMIF(XUAT!$N$1:$N$5000,B408,XUAT!$L$1:$L$5000)-SUMIF(XUAT!$N$1:$N$5000,B408,XUAT!$O$1:$O$5000))","v":0}]
[null,null,null,null,null,null,null,{"$f":"IF(D409=\"KH\",0,E409+SUMIF(NHAP!$L$1:$L$5000,B409,NHAP!$K$1:$K$5000)-SUMIF(NHAP!$L$1:$L$5000,B409,NHAP!$M$1:$M$5000))","v":0},{"$f":"IF(D409=\"NCC\",0,F409+SUMIF(XUAT!$N$1:$N$5000,B409,XUAT!$L$1:$L$5000)-SUMIF(XUAT!$N$1:$N$5000,B409,XUAT!$O$1:$O$5000))","v":0}]
[null,null,null,null,null,null,null,{"$f":"IF(D410=\"KH\",0,E410+SUMIF(NHAP!$L$1:$L$5000,B410,NHAP!$K$1:$K$5000)-SUMIF(NHAP!$L$1:$L$5000,B410,NHAP!$M$1:$M$5000))","v":0},{"$f":"IF(D410=\"NCC\",0,F410+SUMIF(XUAT!$N$1:$N$5000,B410,XUAT!$L$1:$L$5000)-SUMIF(XUAT!$N$1:$N$5000,B410,XUAT!$O$1:$O$5000))","v":0}]
[null,null,null,null,null,null,null,{"$f":"IF(D411=\"KH\",0,E411+SUMIF(NHAP!$L$1:$L$5000,B411,NHAP!$K$1:$K$5000)-SUMIF(NHAP!$L$1:$L$5000,B411,NHAP!$M$1:$M$5000))","v":0},{"$f":"IF(D411=\"NCC\",0,F411+SUMIF(XUAT!$N$1:$N$5000,B411,XUAT!$L$1:$L$5000)-SUMIF(XUAT!$N$1:$N$5000,B411,XUAT!$O$1:$O$5000))","v":0}]
[null,null,null,null,null,null,null,{"$f":"IF(D412=\"KH\",0,E412+SUMIF(NHAP!$L$1:$L$5000,B412,NHAP!$K$1:$K$5000)-SUMIF(NHAP!$L$1:$L$5000,B412,NHAP!$M$1:$M$5000))","v":0},{"$f":"IF(D412=\"NCC\",0,F412+SUMIF(XUAT!$N$1:$N$5000,B412,XUAT!$L$1:$L$5000)-SUMIF(XUAT!$N$1:$N$5000,B412,XUAT!$O$1:$O$5000))","v":0}]
[null,null,null,null,null,null,null,{"$f":"IF(D413=\"KH\",0,E413+SUMIF(NHAP!$L$1:$L$5000,B413,NHAP!$K$1:$K$5000)-SUMIF(NHAP!$L$1:$L$5000,B413,NHAP!$M$1:$M$5000))","v":0},{"$f":"IF(D413=\"NCC\",0,F413+SUMIF(XUAT!$N$1:$N$5000,B413,XUAT!$L$1:$L$5000)-SUMIF(XUAT!$N$1:$N$5000,B413,XUAT!$O$1:$O$5000))","v":0}]
[null,null,null,null,null,null,null,{"$f":"IF(D414=\"KH\",0,E414+SUMIF(NHAP!$L$1:$L$5000,B414,NHAP!$K$1:$K$5000)-SUMIF(NHAP!$L$1:$L$5000,B414,NHAP!$M$1:$M$5000))","v":0},{"$f":"IF(D414=\"NCC\",0,F414+SUMIF(XUAT!$N$1:$N$5000,B414,XUAT!$L$1:$L$5000)-SUMIF(XUAT!$N$1:$N$5000,B414,XUAT!$O$1:$O$5000))","v":0}]
[null,null,null,null,null,null,null,{"$f":"IF(D415=\"KH\",0,E415+SUMIF(NHAP!$L$1:$L$5000,B415,NHAP!$K$1:$K$5000)-SUMIF(NHAP!$L$1:$L$5000,B415,NHAP!$M$1:$M$5000))","v":0},{"$f":"IF(D415=\"NCC\",0,F415+SUMIF(XUAT!$N$1:$N$5000,B415,XUAT!$L$1:$L$5000)-SUMIF(XUAT!$N$1:$N$5000,B415,XUAT!$O$1:$O$5000))","v":0}]
[null,null,null,null,null,null,null,{"$f":"IF(D416=\"KH\",0,E416+SUMIF(NHAP!$L$1:$L$5000,B416,NHAP!$K$1:$K$5000)-SUMIF(NHAP!$L$1:$L$5000,B416,NHAP!$M$1:$M$5000))","v":0},{"$f":"IF(D416=\"NCC\",0,F416+SUMIF(XUAT!$N$1:$N$5000,B416,XUAT!$L$1:$L$5000)-SUMIF(XUAT!$N$1:$N$5000,B416,XUAT!$O$1:$O$5000))","v":0}]
[null,null,null,null,null,null,null,{"$f":"IF(D417=\"KH\",0,E417+SUMIF(NHAP!$L$1:$L$5000,B417,NHAP!$K$1:$K$5000)-SUMIF(NHAP!$L$1:$L$5000,B417,NHAP!$M$1:$M$5000))","v":0},{"$f":"IF(D417=\"NCC\",0,F417+SUMIF(XUAT!$N$1:$N$5000,B417,XUAT!$L$1:$L$5000)-SUMIF(XUAT!$N$1:$N$5000,B417,XUAT!$O$1:$O$5000))","v":0}]
[null,null,null,null,null,null,null,{"$f":"IF(D418=\"KH\",0,E418+SUMIF(NHAP!$L$1:$L$5000,B418,NHAP!$K$1:$K$5000)-SUMIF(NHAP!$L$1:$L$5000,B418,NHAP!$M$1:$M$5000))","v":0},{"$f":"IF(D418=\"NCC\",0,F418+SUMIF(XUAT!$N$1:$N$5000,B418,XUAT!$L$1:$L$5000)-SUMIF(XUAT!$N$1:$N$5000,B418,XUAT!$O$1:$O$5000))","v":0}]
[null,null,null,null,null,null,null,{"$f":"IF(D419=\"KH\",0,E419+SUMIF(NHAP!$L$1:$L$5000,B419,NHAP!$K$1:$K$5000)-SUMIF(NHAP!$L$1:$L$5000,B419,NHAP!$M$1:$M$5000))","v":0},{"$f":"IF(D419=\"NCC\",0,F419+SUMIF(XUAT!$N$1:$N$5000,B419,XUAT!$L$1:$L$5000)-SUMIF(XUAT!$N$1:$N$5000,B419,XUAT!$O$1:$O$5000))","v":0}]
[null,null,null,null,null,null,null,{"$f":"IF(D420=\"KH\",0,E420+SUMIF(NHAP!$L$1:$L$5000,B420,NHAP!$K$1:$K$5000)-SUMIF(NHAP!$L$1:$L$5000,B420,NHAP!$M$1:$M$5000))","v":0},{"$f":"IF(D420=\"NCC\",0,F420+SUMIF(XUAT!$N$1:$N$5000,B420,XUAT!$L$1:$L$5000)-SUMIF(XUAT!$N$1:$N$5000,B420,XUAT!$O$1:$O$5000))","v":0}]
[null,null,null,null,null,null,null,{"$f":"IF(D421=\"KH\",0,E421+SUMIF(NHAP!$L$1:$L$5000,B421,NHAP!$K$1:$K$5000)-SUMIF(NHAP!$L$1:$L$5000,B421,NHAP!$M$1:$M$5000))","v":0},{"$f":"IF(D421=\"NCC\",0,F421+SUMIF(XUAT!$N$1:$N$5000,B421,XUAT!$L$1:$L$5000)-SUMIF(XUAT!$N$1:$N$5000,B421,XUAT!$O$1:$O$5000))","v":0}]
[null,null,null,null,null,null,null,{"$f":"IF(D422=\"KH\",0,E422+SUMIF(NHAP!$L$1:$L$5000,B422,NHAP!$K$1:$K$5000)-SUMIF(NHAP!$L$1:$L$5000,B422,NHAP!$M$1:$M$5000))","v":0},{"$f":"IF(D422=\"NCC\",0,F422+SUMIF(XUAT!$N$1:$N$5000,B422,XUAT!$L$1:$L$5000)-SUMIF(XUAT!$N$1:$N$5000,B422,XUAT!$O$1:$O$5000))","v":0}]
[null,null,null,null,null,null,null,{"$f":"IF(D423=\"KH\",0,E423+SUMIF(NHAP!$L$1:$L$5000,B423,NHAP!$K$1:$K$5000)-SUMIF(NHAP!$L$1:$L$5000,B423,NHAP!$M$1:$M$5000))","v":0},{"$f":"IF(D423=\"NCC\",0,F423+SUMIF(XUAT!$N$1:$N$5000,B423,XUAT!$L$1:$L$5000)-SUMIF(XUAT!$N$1:$N$5000,B423,XUAT!$O$1:$O$5000))","v":0}]
[null,null,null,null,null,null,null,{"$f":"IF(D424=\"KH\",0,E424+SUMIF(NHAP!$L$1:$L$5000,B424,NHAP!$K$1:$K$5000)-SUMIF(NHAP!$L$1:$L$5000,B424,NHAP!$M$1:$M$5000))","v":0},{"$f":"IF(D424=\"NCC\",0,F424+SUMIF(XUAT!$N$1:$N$5000,B424,XUAT!$L$1:$L$5000)-SUMIF(XUAT!$N$1:$N$5000,B424,XUAT!$O$1:$O$5000))","v":0}]
[null,null,null,null,null,null,null,{"$f":"IF(D425=\"KH\",0,E425+SUMIF(NHAP!$L$1:$L$5000,B425,NHAP!$K$1:$K$5000)-SUMIF(NHAP!$L$1:$L$5000,B425,NHAP!$M$1:$M$5000))","v":0},{"$f":"IF(D425=\"NCC\",0,F425+SUMIF(XUAT!$N$1:$N$5000,B425,XUAT!$L$1:$L$5000)-SUMIF(XUAT!$N$1:$N$5000,B425,XUAT!$O$1:$O$5000))","v":0}]
[null,null,null,null,null,null,null,{"$f":"IF(D426=\"KH\",0,E426+SUMIF(NHAP!$L$1:$L$5000,B426,NHAP!$K$1:$K$5000)-SUMIF(NHAP!$L$1:$L$5000,B426,NHAP!$M$1:$M$5000))","v":0},{"$f":"IF(D426=\"NCC\",0,F426+SUMIF(XUAT!$N$1:$N$5000,B426,XUAT!$L$1:$L$5000)-SUMIF(XUAT!$N$1:$N$5000,B426,XUAT!$O$1:$O$5000))","v":0}]
[null,null,null,null,null,null,null,{"$f":"IF(D427=\"KH\",0,E427+SUMIF(NHAP!$L$1:$L$5000,B427,NHAP!$K$1:$K$5000)-SUMIF(NHAP!$L$1:$L$5000,B427,NHAP!$M$1:$M$5000))","v":0},{"$f":"IF(D427=\"NCC\",0,F427+SUMIF(XUAT!$N$1:$N$5000,B427,XUAT!$L$1:$L$5000)-SUMIF(XUAT!$N$1:$N$5000,B427,XUAT!$O$1:$O$5000))","v":0}]
[null,null,".",".",null,null,null,{"$f":"IF(D428=\"KH\",0,E428+SUMIF(NHAP!$L$1:$L$5000,B428,NHAP!$K$1:$K$5000)-SUMIF(NHAP!$L$1:$L$5000,B428,NHAP!$M$1:$M$5000))","v":0},{"$f":"IF(D428=\"NCC\",0,F428+SUMIF(XUAT!$N$1:$N$5000,B428,XUAT!$L$1:$L$5000)-SUMIF(XUAT!$N$1:$N$5000,B428,XUAT!$O$1:$O$5000))","v":0}]
[null,null,null,null,null,null,null,{"$f":"IF(D429=\"KH\",0,E429+SUMIF(NHAP!$L$1:$L$5000,B429,NHAP!$K$1:$K$5000)-SUMIF(NHAP!$L$1:$L$5000,B429,NHAP!$M$1:$M$5000))","v":0},{"$f":"IF(D429=\"NCC\",0,F429+SUMIF(XUAT!$N$1:$N$5000,B429,XUAT!$L$1:$L$5000)-SUMIF(XUAT!$N$1:$N$5000,B429,XUAT!$O$1:$O$5000))","v":0}]
[null,null,null,null,null,null,null,{"$f":"IF(D430=\"KH\",0,E430+SUMIF(NHAP!$L$1:$L$5000,B430,NHAP!$K$1:$K$5000)-SUMIF(NHAP!$L$1:$L$5000,B430,NHAP!$M$1:$M$5000))","v":0},{"$f":"IF(D430=\"NCC\",0,F430+SUMIF(XUAT!$N$1:$N$5000,B430,XUAT!$L$1:$L$5000)-SUMIF(XUAT!$N$1:$N$5000,B430,XUAT!$O$1:$O$5000))","v":0}]
[null,null,null,null,null,null,null,{"$f":"IF(D431=\"KH\",0,E431+SUMIF(NHAP!$L$1:$L$5000,B431,NHAP!$K$1:$K$5000)-SUMIF(NHAP!$L$1:$L$5000,B431,NHAP!$M$1:$M$5000))","v":0},{"$f":"IF(D431=\"NCC\",0,F431+SUMIF(XUAT!$N$1:$N$5000,B431,XUAT!$L$1:$L$5000)-SUMIF(XUAT!$N$1:$N$5000,B431,XUAT!$O$1:$O$5000))","v":0}]
[null,null,null,null,null,null,null,{"$f":"IF(D432=\"KH\",0,E432+SUMIF(NHAP!$L$1:$L$5000,B432,NHAP!$K$1:$K$5000)-SUMIF(NHAP!$L$1:$L$5000,B432,NHAP!$M$1:$M$5000))","v":0},{"$f":"IF(D432=\"NCC\",0,F432+SUMIF(XUAT!$N$1:$N$5000,B432,XUAT!$L$1:$L$5000)-SUMIF(XUAT!$N$1:$N$5000,B432,XUAT!$O$1:$O$5000))","v":0}]
[null,null,null,null,null,null,null,{"$f":"IF(D433=\"KH\",0,E433+SUMIF(NHAP!$L$1:$L$5000,B433,NHAP!$K$1:$K$5000)-SUMIF(NHAP!$L$1:$L$5000,B433,NHAP!$M$1:$M$5000))","v":0},{"$f":"IF(D433=\"NCC\",0,F433+SUMIF(XUAT!$N$1:$N$5000,B433,XUAT!$L$1:$L$5000)-SUMIF(XUAT!$N$1:$N$5000,B433,XUAT!$O$1:$O$5000))","v":0}]
[null,null,null,null,null,null,null,{"$f":"IF(D434=\"KH\",0,E434+SUMIF(NHAP!$L$1:$L$5000,B434,NHAP!$K$1:$K$5000)-SUMIF(NHAP!$L$1:$L$5000,B434,NHAP!$M$1:$M$5000))","v":0},{"$f":"IF(D434=\"NCC\",0,F434+SUMIF(XUAT!$N$1:$N$5000,B434,XUAT!$L$1:$L$5000)-SUMIF(XUAT!$N$1:$N$5000,B434,XUAT!$O$1:$O$5000))","v":0}]
[null,null,null,null,null,null,null,{"$f":"IF(D435=\"KH\",0,E435+SUMIF(NHAP!$L$1:$L$5000,B435,NHAP!$K$1:$K$5000)-SUMIF(NHAP!$L$1:$L$5000,B435,NHAP!$M$1:$M$5000))","v":0},{"$f":"IF(D435=\"NCC\",0,F435+SUMIF(XUAT!$N$1:$N$5000,B435,XUAT!$L$1:$L$5000)-SUMIF(XUAT!$N$1:$N$5000,B435,XUAT!$O$1:$O$5000))","v":0}]
[null,null,null,null,null,null,null,{"$f":"IF(D436=\"KH\",0,E436+SUMIF(NHAP!$L$1:$L$5000,B436,NHAP!$K$1:$K$5000)-SUMIF(NHAP!$L$1:$L$5000,B436,NHAP!$M$1:$M$5000))","v":0},{"$f":"IF(D436=\"NCC\",0,F436+SUMIF(XUAT!$N$1:$N$5000,B436,XUAT!$L$1:$L$5000)-SUMIF(XUAT!$N$1:$N$5000,B436,XUAT!$O$1:$O$5000))","v":0}]
[null,null,null,null,null,null,null,{"$f":"IF(D437=\"KH\",0,E437+SUMIF(NHAP!$L$1:$L$5000,B437,NHAP!$K$1:$K$5000)-SUMIF(NHAP!$L$1:$L$5000,B437,NHAP!$M$1:$M$5000))","v":0},{"$f":"IF(D437=\"NCC\",0,F437+SUMIF(XUAT!$N$1:$N$5000,B437,XUAT!$L$1:$L$5000)-SUMIF(XUAT!$N$1:$N$5000,B437,XUAT!$O$1:$O$5000))","v":0}]
[null,null,null,null,null,null,null,{"$f":"IF(D438=\"KH\",0,E438+SUMIF(NHAP!$L$1:$L$5000,B438,NHAP!$K$1:$K$5000)-SUMIF(NHAP!$L$1:$L$5000,B438,NHAP!$M$1:$M$5000))","v":0},{"$f":"IF(D438=\"NCC\",0,F438+SUMIF(XUAT!$N$1:$N$5000,B438,XUAT!$L$1:$L$5000)-SUMIF(XUAT!$N$1:$N$5000,B438,XUAT!$O$1:$O$5000))","v":0}]
[null,null,null,null,null,null,null,{"$f":"IF(D439=\"KH\",0,E439+SUMIF(NHAP!$L$1:$L$5000,B439,NHAP!$K$1:$K$5000)-SUMIF(NHAP!$L$1:$L$5000,B439,NHAP!$M$1:$M$5000))","v":0},{"$f":"IF(D439=\"NCC\",0,F439+SUMIF(XUAT!$N$1:$N$5000,B439,XUAT!$L$1:$L$5000)-SUMIF(XUAT!$N$1:$N$5000,B439,XUAT!$O$1:$O$5000))","v":0}]
[null,null,null,null,null,null,null,{"$f":"IF(D440=\"KH\",0,E440+SUMIF(NHAP!$L$1:$L$5000,B440,NHAP!$K$1:$K$5000)-SUMIF(NHAP!$L$1:$L$5000,B440,NHAP!$M$1:$M$5000))","v":0},{"$f":"IF(D440=\"NCC\",0,F440+SUMIF(XUAT!$N$1:$N$5000,B440,XUAT!$L$1:$L$5000)-SUMIF(XUAT!$N$1:$N$5000,B440,XUAT!$O$1:$O$5000))","v":0}]
[null,null,null,null,null,null,null,{"$f":"IF(D441=\"KH\",0,E441+SUMIF(NHAP!$L$1:$L$5000,B441,NHAP!$K$1:$K$5000)-SUMIF(NHAP!$L$1:$L$5000,B441,NHAP!$M$1:$M$5000))","v":0},{"$f":"IF(D441=\"NCC\",0,F441+SUMIF(XUAT!$N$1:$N$5000,B441,XUAT!$L$1:$L$5000)-SUMIF(XUAT!$N$1:$N$5000,B441,XUAT!$O$1:$O$5000))","v":0}]
[null,null,null,null,null,null,null,{"$f":"IF(D442=\"KH\",0,E442+SUMIF(NHAP!$L$1:$L$5000,B442,NHAP!$K$1:$K$5000)-SUMIF(NHAP!$L$1:$L$5000,B442,NHAP!$M$1:$M$5000))","v":0},{"$f":"IF(D442=\"NCC\",0,F442+SUMIF(XUAT!$N$1:$N$5000,B442,XUAT!$L$1:$L$5000)-SUMIF(XUAT!$N$1:$N$5000,B442,XUAT!$O$1:$O$5000))","v":0}]
[null,null,null,null,null,null,null,{"$f":"IF(D443=\"KH\",0,E443+SUMIF(NHAP!$L$1:$L$5000,B443,NHAP!$K$1:$K$5000)-SUMIF(NHAP!$L$1:$L$5000,B443,NHAP!$M$1:$M$5000))","v":0},{"$f":"IF(D443=\"NCC\",0,F443+SUMIF(XUAT!$N$1:$N$5000,B443,XUAT!$L$1:$L$5000)-SUMIF(XUAT!$N$1:$N$5000,B443,XUAT!$O$1:$O$5000))","v":0}]
[null,null,null,null,null,null,null,{"$f":"IF(D444=\"KH\",0,E444+SUMIF(NHAP!$L$1:$L$5000,B444,NHAP!$K$1:$K$5000)-SUMIF(NHAP!$L$1:$L$5000,B444,NHAP!$M$1:$M$5000))","v":0},{"$f":"IF(D444=\"NCC\",0,F444+SUMIF(XUAT!$N$1:$N$5000,B444,XUAT!$L$1:$L$5000)-SUMIF(XUAT!$N$1:$N$5000,B444,XUAT!$O$1:$O$5000))","v":0}]
[null,null,null,null,null,null,null,{"$f":"IF(D445=\"KH\",0,E445+SUMIF(NHAP!$L$1:$L$5000,B445,NHAP!$K$1:$K$5000)-SUMIF(NHAP!$L$1:$L$5000,B445,NHAP!$M$1:$M$5000))","v":0},{"$f":"IF(D445=\"NCC\",0,F445+SUMIF(XUAT!$N$1:$N$5000,B445,XUAT!$L$1:$L$5000)-SUMIF(XUAT!$N$1:$N$5000,B445,XUAT!$O$1:$O$5000))","v":0}]
[null,null,null,null,null,null,null,{"$f":"IF(D446=\"KH\",0,E446+SUMIF(NHAP!$L$1:$L$5000,B446,NHAP!$K$1:$K$5000)-SUMIF(NHAP!$L$1:$L$5000,B446,NHAP!$M$1:$M$5000))","v":0},{"$f":"IF(D446=\"NCC\",0,F446+SUMIF(XUAT!$N$1:$N$5000,B446,XUAT!$L$1:$L$5000)-SUMIF(XUAT!$N$1:$N$5000,B446,XUAT!$O$1:$O$5000))","v":0}]
[null,null,null,null,null,null,null,{"$f":"IF(D447=\"KH\",0,E447+SUMIF(NHAP!$L$1:$L$5000,B447,NHAP!$K$1:$K$5000)-SUMIF(NHAP!$L$1:$L$5000,B447,NHAP!$M$1:$M$5000))","v":0},{"$f":"IF(D447=\"NCC\",0,F447+SUMIF(XUAT!$N$1:$N$5000,B447,XUAT!$L$1:$L$5000)-SUMIF(XUAT!$N$1:$N$5000,B447,XUAT!$O$1:$O$5000))","v":0}]
[null,null,null,null,null,null,null,{"$f":"IF(D448=\"KH\",0,E448+SUMIF(NHAP!$L$1:$L$5000,B448,NHAP!$K$1:$K$5000)-SUMIF(NHAP!$L$1:$L$5000,B448,NHAP!$M$1:$M$5000))","v":0},{"$f":"IF(D448=\"NCC\",0,F448+SUMIF(XUAT!$N$1:$N$5000,B448,XUAT!$L$1:$L$5000)-SUMIF(XUAT!$N$1:$N$5000,B448,XUAT!$O$1:$O$5000))","v":0}]
[null,null,null,null,null,null,null,{"$f":"IF(D449=\"KH\",0,E449+SUMIF(NHAP!$L$1:$L$5000,B449,NHAP!$K$1:$K$5000)-SUMIF(NHAP!$L$1:$L$5000,B449,NHAP!$M$1:$M$5000))","v":0},{"$f":"IF(D449=\"NCC\",0,F449+SUMIF(XUAT!$N$1:$N$5000,B449,XUAT!$L$1:$L$5000)-SUMIF(XUAT!$N$1:$N$5000,B449,XUAT!$O$1:$O$5000))","v":0}]
[null,null,null,null,null,null,null,{"$f":"IF(D450=\"KH\",0,E450+SUMIF(NHAP!$L$1:$L$5000,B450,NHAP!$K$1:$K$5000)-SUMIF(NHAP!$L$1:$L$5000,B450,NHAP!$M$1:$M$5000))","v":0},{"$f":"IF(D450=\"NCC\",0,F450+SUMIF(XUAT!$N$1:$N$5000,B450,XUAT!$L$1:$L$5000)-SUMIF(XUAT!$N$1:$N$5000,B450,XUAT!$O$1:$O$5000))","v":0}]
[null,null,null,null,null,null,null,{"$f":"IF(D451=\"KH\",0,E451+SUMIF(NHAP!$L$1:$L$5000,B451,NHAP!$K$1:$K$5000)-SUMIF(NHAP!$L$1:$L$5000,B451,NHAP!$M$1:$M$5000))","v":0},{"$f":"IF(D451=\"NCC\",0,F451+SUMIF(XUAT!$N$1:$N$5000,B451,XUAT!$L$1:$L$5000)-SUMIF(XUAT!$N$1:$N$5000,B451,XUAT!$O$1:$O$5000))","v":0}]
[null,null,null,null,null,null,null,{"$f":"IF(D452=\"KH\",0,E452+SUMIF(NHAP!$L$1:$L$5000,B452,NHAP!$K$1:$K$5000)-SUMIF(NHAP!$L$1:$L$5000,B452,NHAP!$M$1:$M$5000))","v":0},{"$f":"IF(D452=\"NCC\",0,F452+SUMIF(XUAT!$N$1:$N$5000,B452,XUAT!$L$1:$L$5000)-SUMIF(XUAT!$N$1:$N$5000,B452,XUAT!$O$1:$O$5000))","v":0}]
[null,null,null,null,null,null,null,{"$f":"IF(D453=\"KH\",0,E453+SUMIF(NHAP!$L$1:$L$5000,B453,NHAP!$K$1:$K$5000)-SUMIF(NHAP!$L$1:$L$5000,B453,NHAP!$M$1:$M$5000))","v":0},{"$f":"IF(D453=\"NCC\",0,F453+SUMIF(XUAT!$N$1:$N$5000,B453,XUAT!$L$1:$L$5000)-SUMIF(XUAT!$N$1:$N$5000,B453,XUAT!$O$1:$O$5000))","v":0}]
[null,null,null,null,null,null,null,{"$f":"IF(D454=\"KH\",0,E454+SUMIF(NHAP!$L$1:$L$5000,B454,NHAP!$K$1:$K$5000)-SUMIF(NHAP!$L$1:$L$5000,B454,NHAP!$M$1:$M$5000))","v":0},{"$f":"IF(D454=\"NCC\",0,F454+SUMIF(XUAT!$N$1:$N$5000,B454,XUAT!$L$1:$L$5000)-SUMIF(XUAT!$N$1:$N$5000,B454,XUAT!$O$1:$O$5000))","v":0}]
[null,null,null,null,null,null,null,{"$f":"IF(D455=\"KH\",0,E455+SUMIF(NHAP!$L$1:$L$5000,B455,NHAP!$K$1:$K$5000)-SUMIF(NHAP!$L$1:$L$5000,B455,NHAP!$M$1:$M$5000))","v":0},{"$f":"IF(D455=\"NCC\",0,F455+SUMIF(XUAT!$N$1:$N$5000,B455,XUAT!$L$1:$L$5000)-SUMIF(XUAT!$N$1:$N$5000,B455,XUAT!$O$1:$O$5000))","v":0}]
[null,null,null,null,null,null,null,{"$f":"IF(D456=\"KH\",0,E456+SUMIF(NHAP!$L$1:$L$5000,B456,NHAP!$K$1:$K$5000)-SUMIF(NHAP!$L$1:$L$5000,B456,NHAP!$M$1:$M$5000))","v":0},{"$f":"IF(D456=\"NCC\",0,F456+SUMIF(XUAT!$N$1:$N$5000,B456,XUAT!$L$1:$L$5000)-SUMIF(XUAT!$N$1:$N$5000,B456,XUAT!$O$1:$O$5000))","v":0}]
[null,null,null,null,null,null,null,{"$f":"IF(D457=\"KH\",0,E457+SUMIF(NHAP!$L$1:$L$5000,B457,NHAP!$K$1:$K$5000)-SUMIF(NHAP!$L$1:$L$5000,B457,NHAP!$M$1:$M$5000))","v":0},{"$f":"IF(D457=\"NCC\",0,F457+SUMIF(XUAT!$N$1:$N$5000,B457,XUAT!$L$1:$L$5000)-SUMIF(XUAT!$N$1:$N$5000,B457,XUAT!$O$1:$O$5000))","v":0}]
[null,null,null,null,null,null,null,{"$f":"IF(D458=\"KH\",0,E458+SUMIF(NHAP!$L$1:$L$5000,B458,NHAP!$K$1:$K$5000)-SUMIF(NHAP!$L$1:$L$5000,B458,NHAP!$M$1:$M$5000))","v":0},{"$f":"IF(D458=\"NCC\",0,F458+SUMIF(XUAT!$N$1:$N$5000,B458,XUAT!$L$1:$L$5000)-SUMIF(XUAT!$N$1:$N$5000,B458,XUAT!$O$1:$O$5000))","v":0}]
[null,null,null,null,null,null,null,{"$f":"IF(D459=\"KH\",0,E459+SUMIF(NHAP!$L$1:$L$5000,B459,NHAP!$K$1:$K$5000)-SUMIF(NHAP!$L$1:$L$5000,B459,NHAP!$M$1:$M$5000))","v":0},{"$f":"IF(D459=\"NCC\",0,F459+SUMIF(XUAT!$N$1:$N$5000,B459,XUAT!$L$1:$L$5000)-SUMIF(XUAT!$N$1:$N$5000,B459,XUAT!$O$1:$O$5000))","v":0}]
[null,null,null,null,null,null,null,{"$f":"IF(D460=\"KH\",0,E460+SUMIF(NHAP!$L$1:$L$5000,B460,NHAP!$K$1:$K$5000)-SUMIF(NHAP!$L$1:$L$5000,B460,NHAP!$M$1:$M$5000))","v":0},{"$f":"IF(D460=\"NCC\",0,F460+SUMIF(XUAT!$N$1:$N$5000,B460,XUAT!$L$1:$L$5000)-SUMIF(XUAT!$N$1:$N$5000,B460,XUAT!$O$1:$O$5000))","v":0}]
[null,null,null,null,null,null,null,{"$f":"IF(D461=\"KH\",0,E461+SUMIF(NHAP!$L$1:$L$5000,B461,NHAP!$K$1:$K$5000)-SUMIF(NHAP!$L$1:$L$5000,B461,NHAP!$M$1:$M$5000))","v":0},{"$f":"IF(D461=\"NCC\",0,F461+SUMIF(XUAT!$N$1:$N$5000,B461,XUAT!$L$1:$L$5000)-SUMIF(XUAT!$N$1:$N$5000,B461,XUAT!$O$1:$O$5000))","v":0}]
[null,null,null,null,null,null,null,{"$f":"IF(D462=\"KH\",0,E462+SUMIF(NHAP!$L$1:$L$5000,B462,NHAP!$K$1:$K$5000)-SUMIF(NHAP!$L$1:$L$5000,B462,NHAP!$M$1:$M$5000))","v":0},{"$f":"IF(D462=\"NCC\",0,F462+SUMIF(XUAT!$N$1:$N$5000,B462,XUAT!$L$1:$L$5000)-SUMIF(XUAT!$N$1:$N$5000,B462,XUAT!$O$1:$O$5000))","v":0}]
[null,null,null,null,null,null,null,{"$f":"IF(D463=\"KH\",0,E463+SUMIF(NHAP!$L$1:$L$5000,B463,NHAP!$K$1:$K$5000)-SUMIF(NHAP!$L$1:$L$5000,B463,NHAP!$M$1:$M$5000))","v":0},{"$f":"IF(D463=\"NCC\",0,F463+SUMIF(XUAT!$N$1:$N$5000,B463,XUAT!$L$1:$L$5000)-SUMIF(XUAT!$N$1:$N$5000,B463,XUAT!$O$1:$O$5000))","v":0}]
[null,null,null,null,null,null,null,{"$f":"IF(D464=\"KH\",0,E464+SUMIF(NHAP!$L$1:$L$5000,B464,NHAP!$K$1:$K$5000)-SUMIF(NHAP!$L$1:$L$5000,B464,NHAP!$M$1:$M$5000))","v":0},{"$f":"IF(D464=\"NCC\",0,F464+SUMIF(XUAT!$N$1:$N$5000,B464,XUAT!$L$1:$L$5000)-SUMIF(XUAT!$N$1:$N$5000,B464,XUAT!$O$1:$O$5000))","v":0}]
[null,null,null,null,null,null,null,{"$f":"IF(D465=\"KH\",0,E465+SUMIF(NHAP!$L$1:$L$5000,B465,NHAP!$K$1:$K$5000)-SUMIF(NHAP!$L$1:$L$5000,B465,NHAP!$M$1:$M$5000))","v":0},{"$f":"IF(D465=\"NCC\",0,F465+SUMIF(XUAT!$N$1:$N$5000,B465,XUAT!$L$1:$L$5000)-SUMIF(XUAT!$N$1:$N$5000,B465,XUAT!$O$1:$O$5000))","v":0}]
[null,null,null,null,null,null,null,{"$f":"IF(D466=\"KH\",0,E466+SUMIF(NHAP!$L$1:$L$5000,B466,NHAP!$K$1:$K$5000)-SUMIF(NHAP!$L$1:$L$5000,B466,NHAP!$M$1:$M$5000))","v":0},{"$f":"IF(D466=\"NCC\",0,F466+SUMIF(XUAT!$N$1:$N$5000,B466,XUAT!$L$1:$L$5000)-SUMIF(XUAT!$N$1:$N$5000,B466,XUAT!$O$1:$O$5000))","v":0}]
[null,null,null,null,null,null,null,{"$f":"IF(D467=\"KH\",0,E467+SUMIF(NHAP!$L$1:$L$5000,B467,NHAP!$K$1:$K$5000)-SUMIF(NHAP!$L$1:$L$5000,B467,NHAP!$M$1:$M$5000))","v":0},{"$f":"IF(D467=\"NCC\",0,F467+SUMIF(XUAT!$N$1:$N$5000,B467,XUAT!$L$1:$L$5000)-SUMIF(XUAT!$N$1:$N$5000,B467,XUAT!$O$1:$O$5000))","v":0}]
[null,null,null,null,null,null,null,{"$f":"IF(D468=\"KH\",0,E468+SUMIF(NHAP!$L$1:$L$5000,B468,NHAP!$K$1:$K$5000)-SUMIF(NHAP!$L$1:$L$5000,B468,NHAP!$M$1:$M$5000))","v":0},{"$f":"IF(D468=\"NCC\",0,F468+SUMIF(XUAT!$N$1:$N$5000,B468,XUAT!$L$1:$L$5000)-SUMIF(XUAT!$N$1:$N$5000,B468,XUAT!$O$1:$O$5000))","v":0}]
[null,null,null,null,null,null,null,{"$f":"IF(D469=\"KH\",0,E469+SUMIF(NHAP!$L$1:$L$5000,B469,NHAP!$K$1:$K$5000)-SUMIF(NHAP!$L$1:$L$5000,B469,NHAP!$M$1:$M$5000))","v":0},{"$f":"IF(D469=\"NCC\",0,F469+SUMIF(XUAT!$N$1:$N$5000,B469,XUAT!$L$1:$L$5000)-SUMIF(XUAT!$N$1:$N$5000,B469,XUAT!$O$1:$O$5000))","v":0}]
[null,null,null,null,null,null,null,{"$f":"IF(D470=\"KH\",0,E470+SUMIF(NHAP!$L$1:$L$5000,B470,NHAP!$K$1:$K$5000)-SUMIF(NHAP!$L$1:$L$5000,B470,NHAP!$M$1:$M$5000))","v":0},{"$f":"IF(D470=\"NCC\",0,F470+SUMIF(XUAT!$N$1:$N$5000,B470,XUAT!$L$1:$L$5000)-SUMIF(XUAT!$N$1:$N$5000,B470,XUAT!$O$1:$O$5000))","v":0}]
[null,null,null,null,null,null,null,{"$f":"IF(D471=\"KH\",0,E471+SUMIF(NHAP!$L$1:$L$5000,B471,NHAP!$K$1:$K$5000)-SUMIF(NHAP!$L$1:$L$5000,B471,NHAP!$M$1:$M$5000))","v":0},{"$f":"IF(D471=\"NCC\",0,F471+SUMIF(XUAT!$N$1:$N$5000,B471,XUAT!$L$1:$L$5000)-SUMIF(XUAT!$N$1:$N$5000,B471,XUAT!$O$1:$O$5000))","v":0}]
[null,null,null,null,null,null,null,{"$f":"IF(D472=\"KH\",0,E472+SUMIF(NHAP!$L$1:$L$5000,B472,NHAP!$K$1:$K$5000)-SUMIF(NHAP!$L$1:$L$5000,B472,NHAP!$M$1:$M$5000))","v":0},{"$f":"IF(D472=\"NCC\",0,F472+SUMIF(XUAT!$N$1:$N$5000,B472,XUAT!$L$1:$L$5000)-SUMIF(XUAT!$N$1:$N$5000,B472,XUAT!$O$1:$O$5000))","v":0}]
[null,null,null,null,null,null,null,{"$f":"IF(D473=\"KH\",0,E473+SUMIF(NHAP!$L$1:$L$5000,B473,NHAP!$K$1:$K$5000)-SUMIF(NHAP!$L$1:$L$5000,B473,NHAP!$M$1:$M$5000))","v":0},{"$f":"IF(D473=\"NCC\",0,F473+SUMIF(XUAT!$N$1:$N$5000,B473,XUAT!$L$1:$L$5000)-SUMIF(XUAT!$N$1:$N$5000,B473,XUAT!$O$1:$O$5000))","v":0}]
[null,null,null,null,null,null,null,{"$f":"IF(D474=\"KH\",0,E474+SUMIF(NHAP!$L$1:$L$5000,B474,NHAP!$K$1:$K$5000)-SUMIF(NHAP!$L$1:$L$5000,B474,NHAP!$M$1:$M$5000))","v":0},{"$f":"IF(D474=\"NCC\",0,F474+SUMIF(XUAT!$N$1:$N$5000,B474,XUAT!$L$1:$L$5000)-SUMIF(XUAT!$N$1:$N$5000,B474,XUAT!$O$1:$O$5000))","v":0}]
[null,null,null,null,null,null,null,{"$f":"IF(D475=\"KH\",0,E475+SUMIF(NHAP!$L$1:$L$5000,B475,NHAP!$K$1:$K$5000)-SUMIF(NHAP!$L$1:$L$5000,B475,NHAP!$M$1:$M$5000))","v":0},{"$f":"IF(D475=\"NCC\",0,F475+SUMIF(XUAT!$N$1:$N$5000,B475,XUAT!$L$1:$L$5000)-SUMIF(XUAT!$N$1:$N$5000,B475,XUAT!$O$1:$O$5000))","v":0}]
[null,null,null,null,null,null,null,{"$f":"IF(D476=\"KH\",0,E476+SUMIF(NHAP!$L$1:$L$5000,B476,NHAP!$K$1:$K$5000)-SUMIF(NHAP!$L$1:$L$5000,B476,NHAP!$M$1:$M$5000))","v":0},{"$f":"IF(D476=\"NCC\",0,F476+SUMIF(XUAT!$N$1:$N$5000,B476,XUAT!$L$1:$L$5000)-SUMIF(XUAT!$N$1:$N$5000,B476,XUAT!$O$1:$O$5000))","v":0}]
[null,null,null,null,null,null,null,{"$f":"IF(D477=\"KH\",0,E477+SUMIF(NHAP!$L$1:$L$5000,B477,NHAP!$K$1:$K$5000)-SUMIF(NHAP!$L$1:$L$5000,B477,NHAP!$M$1:$M$5000))","v":0},{"$f":"IF(D477=\"NCC\",0,F477+SUMIF(XUAT!$N$1:$N$5000,B477,XUAT!$L$1:$L$5000)-SUMIF(XUAT!$N$1:$N$5000,B477,XUAT!$O$1:$O$5000))","v":0}]
[null,null,null,null,null,null,null,{"$f":"IF(D478=\"KH\",0,E478+SUMIF(NHAP!$L$1:$L$5000,B478,NHAP!$K$1:$K$5000)-SUMIF(NHAP!$L$1:$L$5000,B478,NHAP!$M$1:$M$5000))","v":0},{"$f":"IF(D478=\"NCC\",0,F478+SUMIF(XUAT!$N$1:$N$5000,B478,XUAT!$L$1:$L$5000)-SUMIF(XUAT!$N$1:$N$5000,B478,XUAT!$O$1:$O$5000))","v":0}]
[null,null,null,null,null,null,null,{"$f":"IF(D479=\"KH\",0,E479+SUMIF(NHAP!$L$1:$L$5000,B479,NHAP!$K$1:$K$5000)-SUMIF(NHAP!$L$1:$L$5000,B479,NHAP!$M$1:$M$5000))","v":0},{"$f":"IF(D479=\"NCC\",0,F479+SUMIF(XUAT!$N$1:$N$5000,B479,XUAT!$L$1:$L$5000)-SUMIF(XUAT!$N$1:$N$5000,B479,XUAT!$O$1:$O$5000))","v":0}]
[null,null,null,null,null,null,null,{"$f":"IF(D480=\"KH\",0,E480+SUMIF(NHAP!$L$1:$L$5000,B480,NHAP!$K$1:$K$5000)-SUMIF(NHAP!$L$1:$L$5000,B480,NHAP!$M$1:$M$5000))","v":0},{"$f":"IF(D480=\"NCC\",0,F480+SUMIF(XUAT!$N$1:$N$5000,B480,XUAT!$L$1:$L$5000)-SUMIF(XUAT!$N$1:$N$5000,B480,XUAT!$O$1:$O$5000))","v":0}]
[null,null,null,null,null,null,null,{"$f":"IF(D481=\"KH\",0,E481+SUMIF(NHAP!$L$1:$L$5000,B481,NHAP!$K$1:$K$5000)-SUMIF(NHAP!$L$1:$L$5000,B481,NHAP!$M$1:$M$5000))","v":0},{"$f":"IF(D481=\"NCC\",0,F481+SUMIF(XUAT!$N$1:$N$5000,B481,XUAT!$L$1:$L$5000)-SUMIF(XUAT!$N$1:$N$5000,B481,XUAT!$O$1:$O$5000))","v":0}]
[null,null,null,null,null,null,null,{"$f":"IF(D482=\"KH\",0,E482+SUMIF(NHAP!$L$1:$L$5000,B482,NHAP!$K$1:$K$5000)-SUMIF(NHAP!$L$1:$L$5000,B482,NHAP!$M$1:$M$5000))","v":0},{"$f":"IF(D482=\"NCC\",0,F482+SUMIF(XUAT!$N$1:$N$5000,B482,XUAT!$L$1:$L$5000)-SUMIF(XUAT!$N$1:$N$5000,B482,XUAT!$O$1:$O$5000))","v":0}]
[null,null,null,null,null,null,null,{"$f":"IF(D483=\"KH\",0,E483+SUMIF(NHAP!$L$1:$L$5000,B483,NHAP!$K$1:$K$5000)-SUMIF(NHAP!$L$1:$L$5000,B483,NHAP!$M$1:$M$5000))","v":0},{"$f":"IF(D483=\"NCC\",0,F483+SUMIF(XUAT!$N$1:$N$5000,B483,XUAT!$L$1:$L$5000)-SUMIF(XUAT!$N$1:$N$5000,B483,XUAT!$O$1:$O$5000))","v":0}]
[null,null,null,null,null,null,null,{"$f":"IF(D484=\"KH\",0,E484+SUMIF(NHAP!$L$1:$L$5000,B484,NHAP!$K$1:$K$5000)-SUMIF(NHAP!$L$1:$L$5000,B484,NHAP!$M$1:$M$5000))","v":0},{"$f":"IF(D484=\"NCC\",0,F484+SUMIF(XUAT!$N$1:$N$5000,B484,XUAT!$L$1:$L$5000)-SUMIF(XUAT!$N$1:$N$5000,B484,XUAT!$O$1:$O$5000))","v":0}]
[null,null,null,null,null,null,null,{"$f":"IF(D485=\"KH\",0,E485+SUMIF(NHAP!$L$1:$L$5000,B485,NHAP!$K$1:$K$5000)-SUMIF(NHAP!$L$1:$L$5000,B485,NHAP!$M$1:$M$5000))","v":0},{"$f":"IF(D485=\"NCC\",0,F485+SUMIF(XUAT!$N$1:$N$5000,B485,XUAT!$L$1:$L$5000)-SUMIF(XUAT!$N$1:$N$5000,B485,XUAT!$O$1:$O$5000))","v":0}]
[null,null,null,null,null,null,null,{"$f":"IF(D486=\"KH\",0,E486+SUMIF(NHAP!$L$1:$L$5000,B486,NHAP!$K$1:$K$5000)-SUMIF(NHAP!$L$1:$L$5000,B486,NHAP!$M$1:$M$5000))","v":0},{"$f":"IF(D486=\"NCC\",0,F486+SUMIF(XUAT!$N$1:$N$5000,B486,XUAT!$L$1:$L$5000)-SUMIF(XUAT!$N$1:$N$5000,B486,XUAT!$O$1:$O$5000))","v":0}]
[null,null,null,null,null,null,null,{"$f":"IF(D487=\"KH\",0,E487+SUMIF(NHAP!$L$1:$L$5000,B487,NHAP!$K$1:$K$5000)-SUMIF(NHAP!$L$1:$L$5000,B487,NHAP!$M$1:$M$5000))","v":0},{"$f":"IF(D487=\"NCC\",0,F487+SUMIF(XUAT!$N$1:$N$5000,B487,XUAT!$L$1:$L$5000)-SUMIF(XUAT!$N$1:$N$5000,B487,XUAT!$O$1:$O$5000))","v":0}]
[null,null,null,null,null,null,null,{"$f":"IF(D488=\"KH\",0,E488+SUMIF(NHAP!$L$1:$L$5000,B488,NHAP!$K$1:$K$5000)-SUMIF(NHAP!$L$1:$L$5000,B488,NHAP!$M$1:$M$5000))","v":0},{"$f":"IF(D488=\"NCC\",0,F488+SUMIF(XUAT!$N$1:$N$5000,B488,XUAT!$L$1:$L$5000)-SUMIF(XUAT!$N$1:$N$5000,B488,XUAT!$O$1:$O$5000))","v":0}]
[null,null,null,null,null,null,null,{"$f":"IF(D489=\"KH\",0,E489+SUMIF(NHAP!$L$1:$L$5000,B489,NHAP!$K$1:$K$5000)-SUMIF(NHAP!$L$1:$L$5000,B489,NHAP!$M$1:$M$5000))","v":0},{"$f":"IF(D489=\"NCC\",0,F489+SUMIF(XUAT!$N$1:$N$5000,B489,XUAT!$L$1:$L$5000)-SUMIF(XUAT!$N$1:$N$5000,B489,XUAT!$O$1:$O$5000))","v":0}]
[null,null,null,null,null,null,null,{"$f":"IF(D490=\"KH\",0,E490+SUMIF(NHAP!$L$1:$L$5000,B490,NHAP!$K$1:$K$5000)-SUMIF(NHAP!$L$1:$L$5000,B490,NHAP!$M$1:$M$5000))","v":0},{"$f":"IF(D490=\"NCC\",0,F490+SUMIF(XUAT!$N$1:$N$5000,B490,XUAT!$L$1:$L$5000)-SUMIF(XUAT!$N$1:$N$5000,B490,XUAT!$O$1:$O$5000))","v":0}]
[null,null,null,null,null,null,null,{"$f":"IF(D491=\"KH\",0,E491+SUMIF(NHAP!$L$1:$L$5000,B491,NHAP!$K$1:$K$5000)-SUMIF(NHAP!$L$1:$L$5000,B491,NHAP!$M$1:$M$5000))","v":0},{"$f":"IF(D491=\"NCC\",0,F491+SUMIF(XUAT!$N$1:$N$5000,B491,XUAT!$L$1:$L$5000)-SUMIF(XUAT!$N$1:$N$5000,B491,XUAT!$O$1:$O$5000))","v":0}]
[null,null,null,null,null,null,null,{"$f":"IF(D492=\"KH\",0,E492+SUMIF(NHAP!$L$1:$L$5000,B492,NHAP!$K$1:$K$5000)-SUMIF(NHAP!$L$1:$L$5000,B492,NHAP!$M$1:$M$5000))","v":0},{"$f":"IF(D492=\"NCC\",0,F492+SUMIF(XUAT!$N$1:$N$5000,B492,XUAT!$L$1:$L$5000)-SUMIF(XUAT!$N$1:$N$5000,B492,XUAT!$O$1:$O$5000))","v":0}]
[null,null,null,null,null,null,null,{"$f":"IF(D493=\"KH\",0,E493+SUMIF(NHAP!$L$1:$L$5000,B493,NHAP!$K$1:$K$5000)-SUMIF(NHAP!$L$1:$L$5000,B493,NHAP!$M$1:$M$5000))","v":0},{"$f":"IF(D493=\"NCC\",0,F493+SUMIF(XUAT!$N$1:$N$5000,B493,XUAT!$L$1:$L$5000)-SUMIF(XUAT!$N$1:$N$5000,B493,XUAT!$O$1:$O$5000))","v":0}]
[null,null,null,null,null,null,null,{"$f":"IF(D494=\"KH\",0,E494+SUMIF(NHAP!$L$1:$L$5000,B494,NHAP!$K$1:$K$5000)-SUMIF(NHAP!$L$1:$L$5000,B494,NHAP!$M$1:$M$5000))","v":0},{"$f":"IF(D494=\"NCC\",0,F494+SUMIF(XUAT!$N$1:$N$5000,B494,XUAT!$L$1:$L$5000)-SUMIF(XUAT!$N$1:$N$5000,B494,XUAT!$O$1:$O$5000))","v":0}]
[null,null,null,null,null,null,null,{"$f":"IF(D495=\"KH\",0,E495+SUMIF(NHAP!$L$1:$L$5000,B495,NHAP!$K$1:$K$5000)-SUMIF(NHAP!$L$1:$L$5000,B495,NHAP!$M$1:$M$5000))","v":0},{"$f":"IF(D495=\"NCC\",0,F495+SUMIF(XUAT!$N$1:$N$5000,B495,XUAT!$L$1:$L$5000)-SUMIF(XUAT!$N$1:$N$5000,B495,XUAT!$O$1:$O$5000))","v":0}]
[null,null,null,null,null,null,null,{"$f":"IF(D496=\"KH\",0,E496+SUMIF(NHAP!$L$1:$L$5000,B496,NHAP!$K$1:$K$5000)-SUMIF(NHAP!$L$1:$L$5000,B496,NHAP!$M$1:$M$5000))","v":0},{"$f":"IF(D496=\"NCC\",0,F496+SUMIF(XUAT!$N$1:$N$5000,B496,XUAT!$L$1:$L$5000)-SUMIF(XUAT!$N$1:$N$5000,B496,XUAT!$O$1:$O$5000))","v":0}]
[null,null,null,null,null,null,null,{"$f":"IF(D497=\"KH\",0,E497+SUMIF(NHAP!$L$1:$L$5000,B497,NHAP!$K$1:$K$5000)-SUMIF(NHAP!$L$1:$L$5000,B497,NHAP!$M$1:$M$5000))","v":0},{"$f":"IF(D497=\"NCC\",0,F497+SUMIF(XUAT!$N$1:$N$5000,B497,XUAT!$L$1:$L$5000)-SUMIF(XUAT!$N$1:$N$5000,B497,XUAT!$O$1:$O$5000))","v":0}]
[null,null,null,null,null,null,null,{"$f":"IF(D498=\"KH\",0,E498+SUMIF(NHAP!$L$1:$L$5000,B498,NHAP!$K$1:$K$5000)-SUMIF(NHAP!$L$1:$L$5000,B498,NHAP!$M$1:$M$5000))","v":0},{"$f":"IF(D498=\"NCC\",0,F498+SUMIF(XUAT!$N$1:$N$5000,B498,XUAT!$L$1:$L$5000)-SUMIF(XUAT!$N$1:$N$5000,B498,XUAT!$O$1:$O$5000))","v":0}]
[null,null,null,null,null,null,null,{"$f":"IF(D499=\"KH\",0,E499+SUMIF(NHAP!$L$1:$L$5000,B499,NHAP!$K$1:$K$5000)-SUMIF(NHAP!$L$1:$L$5000,B499,NHAP!$M$1:$M$5000))","v":0},{"$f":"IF(D499=\"NCC\",0,F499+SUMIF(XUAT!$N$1:$N$5000,B499,XUAT!$L$1:$L$5000)-SUMIF(XUAT!$N$1:$N$5000,B499,XUAT!$O$1:$O$5000))","v":0}]
[null,null,null,null,null,null,null,{"$f":"IF(D500=\"KH\",0,E500+SUMIF(NHAP!$L$1:$L$5000,B500,NHAP!$K$1:$K$5000)-SUMIF(NHAP!$L$1:$L$5000,B500,NHAP!$M$1:$M$5000))","v":0},{"$f":"IF(D500=\"NCC\",0,F500+SUMIF(XUAT!$N$1:$N$5000,B500,XUAT!$L$1:$L$5000)-SUMIF(XUAT!$N$1:$N$5000,B500,XUAT!$O$1:$O$5000))","v":0}]
[null,null,null,null,null,null,null,{"$f":"IF(D501=\"KH\",0,E501+SUMIF(NHAP!$L$1:$L$5000,B501,NHAP!$K$1:$K$5000)-SUMIF(NHAP!$L$1:$L$5000,B501,NHAP!$M$1:$M$5000))","v":0},{"$f":"IF(D501=\"NCC\",0,F501+SUMIF(XUAT!$N$1:$N$5000,B501,XUAT!$L$1:$L$5000)-SUMIF(XUAT!$N$1:$N$5000,B501,XUAT!$O$1:$O$5000))","v":0}]
[null,null,null,null,null,null,null,{"$f":"IF(D502=\"KH\",0,E502+SUMIF(NHAP!$L$1:$L$5000,B502,NHAP!$K$1:$K$5000)-SUMIF(NHAP!$L$1:$L$5000,B502,NHAP!$M$1:$M$5000))","v":0},{"$f":"IF(D502=\"NCC\",0,F502+SUMIF(XUAT!$N$1:$N$5000,B502,XUAT!$L$1:$L$5000)-SUMIF(XUAT!$N$1:$N$5000,B502,XUAT!$O$1:$O$5000))","v":0}]
[null,null,null,null,null,null,null,{"$f":"IF(D503=\"KH\",0,E503+SUMIF(NHAP!$L$1:$L$5000,B503,NHAP!$K$1:$K$5000)-SUMIF(NHAP!$L$1:$L$5000,B503,NHAP!$M$1:$M$5000))","v":0},{"$f":"IF(D503=\"NCC\",0,F503+SUMIF(XUAT!$N$1:$N$5000,B503,XUAT!$L$1:$L$5000)-SUMIF(XUAT!$N$1:$N$5000,B503,XUAT!$O$1:$O$5000))","v":0}]
[null,null,null,null,null,null,null,{"$f":"IF(D504=\"KH\",0,E504+SUMIF(NHAP!$L$1:$L$5000,B504,NHAP!$K$1:$K$5000)-SUMIF(NHAP!$L$1:$L$5000,B504,NHAP!$M$1:$M$5000))","v":0},{"$f":"IF(D504=\"NCC\",0,F504+SUMIF(XUAT!$N$1:$N$5000,B504,XUAT!$L$1:$L$5000)-SUMIF(XUAT!$N$1:$N$5000,B504,XUAT!$O$1:$O$5000))","v":0}]
[null,null,null,null,null,null,null,{"$f":"IF(D505=\"KH\",0,E505+SUMIF(NHAP!$L$1:$L$5000,B505,NHAP!$K$1:$K$5000)-SUMIF(NHAP!$L$1:$L$5000,B505,NHAP!$M$1:$M$5000))","v":0},{"$f":"IF(D505=\"NCC\",0,F505+SUMIF(XUAT!$N$1:$N$5000,B505,XUAT!$L$1:$L$5000)-SUMIF(XUAT!$N$1:$N$5000,B505,XUAT!$O$1:$O$5000))","v":0}]
[null,null,null,null,null,null,null,{"$f":"IF(D506=\"KH\",0,E506+SUMIF(NHAP!$L$1:$L$5000,B506,NHAP!$K$1:$K$5000)-SUMIF(NHAP!$L$1:$L$5000,B506,NHAP!$M$1:$M$5000))","v":0},{"$f":"IF(D506=\"NCC\",0,F506+SUMIF(XUAT!$N$1:$N$5000,B506,XUAT!$L$1:$L$5000)-SUMIF(XUAT!$N$1:$N$5000,B506,XUAT!$O$1:$O$5000))","v":0}]
[null,null,null,null,null,null,null,{"$f":"IF(D507=\"KH\",0,E507+SUMIF(NHAP!$L$1:$L$5000,B507,NHAP!$K$1:$K$5000)-SUMIF(NHAP!$L$1:$L$5000,B507,NHAP!$M$1:$M$5000))","v":0},{"$f":"IF(D507=\"NCC\",0,F507+SUMIF(XUAT!$N$1:$N$5000,B507,XUAT!$L$1:$L$5000)-SUMIF(XUAT!$N$1:$N$5000,B507,XUAT!$O$1:$O$5000))","v":0}]
[null,null,null,null,null,null,null,{"$f":"IF(D508=\"KH\",0,E508+SUMIF(NHAP!$L$1:$L$5000,B508,NHAP!$K$1:$K$5000)-SUMIF(NHAP!$L$1:$L$5000,B508,NHAP!$M$1:$M$5000))","v":0},{"$f":"IF(D508=\"NCC\",0,F508+SUMIF(XUAT!$N$1:$N$5000,B508,XUAT!$L$1:$L$5000)-SUMIF(XUAT!$N$1:$N$5000,B508,XUAT!$O$1:$O$5000))","v":0}]
[null,null,null,null,null,null,null,{"$f":"IF(D509=\"KH\",0,E509+SUMIF(NHAP!$L$1:$L$5000,B509,NHAP!$K$1:$K$5000)-SUMIF(NHAP!$L$1:$L$5000,B509,NHAP!$M$1:$M$5000))","v":0},{"$f":"IF(D509=\"NCC\",0,F509+SUMIF(XUAT!$N$1:$N$5000,B509,XUAT!$L$1:$L$5000)-SUMIF(XUAT!$N$1:$N$5000,B509,XUAT!$O$1:$O$5000))","v":0}]
[null,null,null,null,null,null,null,{"$f":"IF(D510=\"KH\",0,E510+SUMIF(NHAP!$L$1:$L$5000,B510,NHAP!$K$1:$K$5000)-SUMIF(NHAP!$L$1:$L$5000,B510,NHAP!$M$1:$M$5000))","v":0},{"$f":"IF(D510=\"NCC\",0,F510+SUMIF(XUAT!$N$1:$N$5000,B510,XUAT!$L$1:$L$5000)-SUMIF(XUAT!$N$1:$N$5000,B510,XUAT!$O$1:$O$5000))","v":0}]
[null,null,null,null,null,null,null,{"$f":"IF(D511=\"KH\",0,E511+SUMIF(NHAP!$L$1:$L$5000,B511,NHAP!$K$1:$K$5000)-SUMIF(NHAP!$L$1:$L$5000,B511,NHAP!$M$1:$M$5000))","v":0},{"$f":"IF(D511=\"NCC\",0,F511+SUMIF(XUAT!$N$1:$N$5000,B511,XUAT!$L$1:$L$5000)-SUMIF(XUAT!$N$1:$N$5000,B511,XUAT!$O$1:$O$5000))","v":0}]
[null,null,null,null,null,null,null,{"$f":"IF(D512=\"KH\",0,E512+SUMIF(NHAP!$L$1:$L$5000,B512,NHAP!$K$1:$K$5000)-SUMIF(NHAP!$L$1:$L$5000,B512,NHAP!$M$1:$M$5000))","v":0},{"$f":"IF(D512=\"NCC\",0,F512+SUMIF(XUAT!$N$1:$N$5000,B512,XUAT!$L$1:$L$5000)-SUMIF(XUAT!$N$1:$N$5000,B512,XUAT!$O$1:$O$5000))","v":0}]
[null,null,null,null,null,null,null,{"$f":"IF(D513=\"KH\",0,E513+SUMIF(NHAP!$L$1:$L$5000,B513,NHAP!$K$1:$K$5000)-SUMIF(NHAP!$L$1:$L$5000,B513,NHAP!$M$1:$M$5000))","v":0},{"$f":"IF(D513=\"NCC\",0,F513+SUMIF(XUAT!$N$1:$N$5000,B513,XUAT!$L$1:$L$5000)-SUMIF(XUAT!$N$1:$N$5000,B513,XUAT!$O$1:$O$5000))","v":0}]
[null,null,null,null,null,null,null,{"$f":"IF(D514=\"KH\",0,E514+SUMIF(NHAP!$L$1:$L$5000,B514,NHAP!$K$1:$K$5000)-SUMIF(NHAP!$L$1:$L$5000,B514,NHAP!$M$1:$M$5000))","v":0},{"$f":"IF(D514=\"NCC\",0,F514+SUMIF(XUAT!$N$1:$N$5000,B514,XUAT!$L$1:$L$5000)-SUMIF(XUAT!$N$1:$N$5000,B514,XUAT!$O$1:$O$5000))","v":0}]
[null,null,null,null,null,null,null,{"$f":"IF(D515=\"KH\",0,E515+SUMIF(NHAP!$L$1:$L$5000,B515,NHAP!$K$1:$K$5000)-SUMIF(NHAP!$L$1:$L$5000,B515,NHAP!$M$1:$M$5000))","v":0},{"$f":"IF(D515=\"NCC\",0,F515+SUMIF(XUAT!$N$1:$N$5000,B515,XUAT!$L$1:$L$5000)-SUMIF(XUAT!$N$1:$N$5000,B515,XUAT!$O$1:$O$5000))","v":0}]
[null,null,null,null,null,null,null,{"$f":"IF(D516=\"KH\",0,E516+SUMIF(NHAP!$L$1:$L$5000,B516,NHAP!$K$1:$K$5000)-SUMIF(NHAP!$L$1:$L$5000,B516,NHAP!$M$1:$M$5000))","v":0},{"$f":"IF(D516=\"NCC\",0,F516+SUMIF(XUAT!$N$1:$N$5000,B516,XUAT!$L$1:$L$5000)-SUMIF(XUAT!$N$1:$N$5000,B516,XUAT!$O$1:$O$5000))","v":0}]
[null,null,null,null,null,null,null,{"$f":"IF(D517=\"KH\",0,E517+SUMIF(NHAP!$L$1:$L$5000,B517,NHAP!$K$1:$K$5000)-SUMIF(NHAP!$L$1:$L$5000,B517,NHAP!$M$1:$M$5000))","v":0},{"$f":"IF(D517=\"NCC\",0,F517+SUMIF(XUAT!$N$1:$N$5000,B517,XUAT!$L$1:$L$5000)-SUMIF(XUAT!$N$1:$N$5000,B517,XUAT!$O$1:$O$5000))","v":0}]
[null,null,null,null,null,null,null,{"$f":"IF(D518=\"KH\",0,E518+SUMIF(NHAP!$L$1:$L$5000,B518,NHAP!$K$1:$K$5000)-SUMIF(NHAP!$L$1:$L$5000,B518,NHAP!$M$1:$M$5000))","v":0},{"$f":"IF(D518=\"NCC\",0,F518+SUMIF(XUAT!$N$1:$N$5000,B518,XUAT!$L$1:$L$5000)-SUMIF(XUAT!$N$1:$N$5000,B518,XUAT!$O$1:$O$5000))","v":0}]
[null,null,null,null,null,null,null,{"$f":"IF(D519=\"KH\",0,E519+SUMIF(NHAP!$L$1:$L$5000,B519,NHAP!$K$1:$K$5000)-SUMIF(NHAP!$L$1:$L$5000,B519,NHAP!$M$1:$M$5000))","v":0},{"$f":"IF(D519=\"NCC\",0,F519+SUMIF(XUAT!$N$1:$N$5000,B519,XUAT!$L$1:$L$5000)-SUMIF(XUAT!$N$1:$N$5000,B519,XUAT!$O$1:$O$5000))","v":0}]
[null,null,null,null,null,null,null,{"$f":"IF(D520=\"KH\",0,E520+SUMIF(NHAP!$L$1:$L$5000,B520,NHAP!$K$1:$K$5000)-SUMIF(NHAP!$L$1:$L$5000,B520,NHAP!$M$1:$M$5000))","v":0},{"$f":"IF(D520=\"NCC\",0,F520+SUMIF(XUAT!$N$1:$N$5000,B520,XUAT!$L$1:$L$5000)-SUMIF(XUAT!$N$1:$N$5000,B520,XUAT!$O$1:$O$5000))","v":0}]
[null,null,null,null,null,null,null,{"$f":"IF(D521=\"KH\",0,E521+SUMIF(NHAP!$L$1:$L$5000,B521,NHAP!$K$1:$K$5000)-SUMIF(NHAP!$L$1:$L$5000,B521,NHAP!$M$1:$M$5000))","v":0},{"$f":"IF(D521=\"NCC\",0,F521+SUMIF(XUAT!$N$1:$N$5000,B521,XUAT!$L$1:$L$5000)-SUMIF(XUAT!$N$1:$N$5000,B521,XUAT!$O$1:$O$5000))","v":0}]
[null,null,null,null,null,null,null,{"$f":"IF(D522=\"KH\",0,E522+SUMIF(NHAP!$L$1:$L$5000,B522,NHAP!$K$1:$K$5000)-SUMIF(NHAP!$L$1:$L$5000,B522,NHAP!$M$1:$M$5000))","v":0},{"$f":"IF(D522=\"NCC\",0,F522+SUMIF(XUAT!$N$1:$N$5000,B522,XUAT!$L$1:$L$5000)-SUMIF(XUAT!$N$1:$N$5000,B522,XUAT!$O$1:$O$5000))","v":0}]
[null,null,null,null,null,null,null,{"$f":"IF(D523=\"KH\",0,E523+SUMIF(NHAP!$L$1:$L$5000,B523,NHAP!$K$1:$K$5000)-SUMIF(NHAP!$L$1:$L$5000,B523,NHAP!$M$1:$M$5000))","v":0},{"$f":"IF(D523=\"NCC\",0,F523+SUMIF(XUAT!$N$1:$N$5000,B523,XUAT!$L$1:$L$5000)-SUMIF(XUAT!$N$1:$N$5000,B523,XUAT!$O$1:$O$5000))","v":0}]
[null,null,null,null,null,null,null,{"$f":"IF(D524=\"KH\",0,E524+SUMIF(NHAP!$L$1:$L$5000,B524,NHAP!$K$1:$K$5000)-SUMIF(NHAP!$L$1:$L$5000,B524,NHAP!$M$1:$M$5000))","v":0},{"$f":"IF(D524=\"NCC\",0,F524+SUMIF(XUAT!$N$1:$N$5000,B524,XUAT!$L$1:$L$5000)-SUMIF(XUAT!$N$1:$N$5000,B524,XUAT!$O$1:$O$5000))","v":0}]
[null,null,null,null,null,null,null,{"$f":"IF(D525=\"KH\",0,E525+SUMIF(NHAP!$L$1:$L$5000,B525,NHAP!$K$1:$K$5000)-SUMIF(NHAP!$L$1:$L$5000,B525,NHAP!$M$1:$M$5000))","v":0},{"$f":"IF(D525=\"NCC\",0,F525+SUMIF(XUAT!$N$1:$N$5000,B525,XUAT!$L$1:$L$5000)-SUMIF(XUAT!$N$1:$N$5000,B525,XUAT!$O$1:$O$5000))","v":0}]
[null,null,null,null,null,null,null,{"$f":"IF(D526=\"KH\",0,E526+SUMIF(NHAP!$L$1:$L$5000,B526,NHAP!$K$1:$K$5000)-SUMIF(NHAP!$L$1:$L$5000,B526,NHAP!$M$1:$M$5000))","v":0},{"$f":"IF(D526=\"NCC\",0,F526+SUMIF(XUAT!$N$1:$N$5000,B526,XUAT!$L$1:$L$5000)-SUMIF(XUAT!$N$1:$N$5000,B526,XUAT!$O$1:$O$5000))","v":0}]
[null,null,null,null,null,null,null,{"$f":"IF(D527=\"KH\",0,E527+SUMIF(NHAP!$L$1:$L$5000,B527,NHAP!$K$1:$K$5000)-SUMIF(NHAP!$L$1:$L$5000,B527,NHAP!$M$1:$M$5000))","v":0},{"$f":"IF(D527=\"NCC\",0,F527+SUMIF(XUAT!$N$1:$N$5000,B527,XUAT!$L$1:$L$5000)-SUMIF(XUAT!$N$1:$N$5000,B527,XUAT!$O$1:$O$5000))","v":0}]
[null,null,null,null,null,null,null,{"$f":"IF(D528=\"KH\",0,E528+SUMIF(NHAP!$L$1:$L$5000,B528,NHAP!$K$1:$K$5000)-SUMIF(NHAP!$L$1:$L$5000,B528,NHAP!$M$1:$M$5000))","v":0},{"$f":"IF(D528=\"NCC\",0,F528+SUMIF(XUAT!$N$1:$N$5000,B528,XUAT!$L$1:$L$5000)-SUMIF(XUAT!$N$1:$N$5000,B528,XUAT!$O$1:$O$5000))","v":0}]
[null,null,null,null,null,null,null,{"$f":"IF(D529=\"KH\",0,E529+SUMIF(NHAP!$L$1:$L$5000,B529,NHAP!$K$1:$K$5000)-SUMIF(NHAP!$L$1:$L$5000,B529,NHAP!$M$1:$M$5000))","v":0},{"$f":"IF(D529=\"NCC\",0,F529+SUMIF(XUAT!$N$1:$N$5000,B529,XUAT!$L$1:$L$5000)-SUMIF(XUAT!$N$1:$N$5000,B529,XUAT!$O$1:$O$5000))","v":0}]
[null,null,null,null,null,null,null,{"$f":"IF(D530=\"KH\",0,E530+SUMIF(NHAP!$L$1:$L$5000,B530,NHAP!$K$1:$K$5000)-SUMIF(NHAP!$L$1:$L$5000,B530,NHAP!$M$1:$M$5000))","v":0},{"$f":"IF(D530=\"NCC\",0,F530+SUMIF(XUAT!$N$1:$N$5000,B530,XUAT!$L$1:$L$5000)-SUMIF(XUAT!$N$1:$N$5000,B530,XUAT!$O$1:$O$5000))","v":0}]
[null,null,null,null,null,null,null,{"$f":"IF(D531=\"KH\",0,E531+SUMIF(NHAP!$L$1:$L$5000,B531,NHAP!$K$1:$K$5000)-SUMIF(NHAP!$L$1:$L$5000,B531,NHAP!$M$1:$M$5000))","v":0},{"$f":"IF(D531=\"NCC\",0,F531+SUMIF(XUAT!$N$1:$N$5000,B531,XUAT!$L$1:$L$5000)-SUMIF(XUAT!$N$1:$N$5000,B531,XUAT!$O$1:$O$5000))","v":0}]
[null,null,null,null,null,null,null,{"$f":"IF(D532=\"KH\",0,E532+SUMIF(NHAP!$L$1:$L$5000,B532,NHAP!$K$1:$K$5000)-SUMIF(NHAP!$L$1:$L$5000,B532,NHAP!$M$1:$M$5000))","v":0},{"$f":"IF(D532=\"NCC\",0,F532+SUMIF(XUAT!$N$1:$N$5000,B532,XUAT!$L$1:$L$5000)-SUMIF(XUAT!$N$1:$N$5000,B532,XUAT!$O$1:$O$5000))","v":0}]
[null,null,null,null,null,null,null,{"$f":"IF(D533=\"KH\",0,E533+SUMIF(NHAP!$L$1:$L$5000,B533,NHAP!$K$1:$K$5000)-SUMIF(NHAP!$L$1:$L$5000,B533,NHAP!$M$1:$M$5000))","v":0},{"$f":"IF(D533=\"NCC\",0,F533+SUMIF(XUAT!$N$1:$N$5000,B533,XUAT!$L$1:$L$5000)-SUMIF(XUAT!$N$1:$N$5000,B533,XUAT!$O$1:$O$5000))","v":0}]
[null,null,null,null,null,null,null,{"$f":"IF(D534=\"KH\",0,E534+SUMIF(NHAP!$L$1:$L$5000,B534,NHAP!$K$1:$K$5000)-SUMIF(NHAP!$L$1:$L$5000,B534,NHAP!$M$1:$M$5000))","v":0},{"$f":"IF(D534=\"NCC\",0,F534+SUMIF(XUAT!$N$1:$N$5000,B534,XUAT!$L$1:$L$5000)-SUMIF(XUAT!$N$1:$N$5000,B534,XUAT!$O$1:$O$5000))","v":0}]
[null,null,null,null,null,null,null,{"$f":"IF(D535=\"KH\",0,E535+SUMIF(NHAP!$L$1:$L$5000,B535,NHAP!$K$1:$K$5000)-SUMIF(NHAP!$L$1:$L$5000,B535,NHAP!$M$1:$M$5000))","v":0},{"$f":"IF(D535=\"NCC\",0,F535+SUMIF(XUAT!$N$1:$N$5000,B535,XUAT!$L$1:$L$5000)-SUMIF(XUAT!$N$1:$N$5000,B535,XUAT!$O$1:$O$5000))","v":0}]
[null,null,null,null,null,null,null,{"$f":"IF(D536=\"KH\",0,E536+SUMIF(NHAP!$L$1:$L$5000,B536,NHAP!$K$1:$K$5000)-SUMIF(NHAP!$L$1:$L$5000,B536,NHAP!$M$1:$M$5000))","v":0},{"$f":"IF(D536=\"NCC\",0,F536+SUMIF(XUAT!$N$1:$N$5000,B536,XUAT!$L$1:$L$5000)-SUMIF(XUAT!$N$1:$N$5000,B536,XUAT!$O$1:$O$5000))","v":0}]
[null,null,null,null,null,null,null,{"$f":"IF(D537=\"KH\",0,E537+SUMIF(NHAP!$L$1:$L$5000,B537,NHAP!$K$1:$K$5000)-SUMIF(NHAP!$L$1:$L$5000,B537,NHAP!$M$1:$M$5000))","v":0},{"$f":"IF(D537=\"NCC\",0,F537+SUMIF(XUAT!$N$1:$N$5000,B537,XUAT!$L$1:$L$5000)-SUMIF(XUAT!$N$1:$N$5000,B537,XUAT!$O$1:$O$5000))","v":0}]
[null,null,null,null,null,null,null,{"$f":"IF(D538=\"KH\",0,E538+SUMIF(NHAP!$L$1:$L$5000,B538,NHAP!$K$1:$K$5000)-SUMIF(NHAP!$L$1:$L$5000,B538,NHAP!$M$1:$M$5000))","v":0},{"$f":"IF(D538=\"NCC\",0,F538+SUMIF(XUAT!$N$1:$N$5000,B538,XUAT!$L$1:$L$5000)-SUMIF(XUAT!$N$1:$N$5000,B538,XUAT!$O$1:$O$5000))","v":0}]
[null,null,null,null,null,null,null,{"$f":"IF(D539=\"KH\",0,E539+SUMIF(NHAP!$L$1:$L$5000,B539,NHAP!$K$1:$K$5000)-SUMIF(NHAP!$L$1:$L$5000,B539,NHAP!$M$1:$M$5000))","v":0},{"$f":"IF(D539=\"NCC\",0,F539+SUMIF(XUAT!$N$1:$N$5000,B539,XUAT!$L$1:$L$5000)-SUMIF(XUAT!$N$1:$N$5000,B539,XUAT!$O$1:$O$5000))","v":0}]
[null,null,null,null,null,null,null,{"$f":"IF(D540=\"KH\",0,E540+SUMIF(NHAP!$L$1:$L$5000,B540,NHAP!$K$1:$K$5000)-SUMIF(NHAP!$L$1:$L$5000,B540,NHAP!$M$1:$M$5000))","v":0},{"$f":"IF(D540=\"NCC\",0,F540+SUMIF(XUAT!$N$1:$N$5000,B540,XUAT!$L$1:$L$5000)-SUMIF(XUAT!$N$1:$N$5000,B540,XUAT!$O$1:$O$5000))","v":0}]
[null,null,null,null,null,null,null,{"$f":"IF(D541=\"KH\",0,E541+SUMIF(NHAP!$L$1:$L$5000,B541,NHAP!$K$1:$K$5000)-SUMIF(NHAP!$L$1:$L$5000,B541,NHAP!$M$1:$M$5000))","v":0},{"$f":"IF(D541=\"NCC\",0,F541+SUMIF(XUAT!$N$1:$N$5000,B541,XUAT!$L$1:$L$5000)-SUMIF(XUAT!$N$1:$N$5000,B541,XUAT!$O$1:$O$5000))","v":0}]
[null,null,null,null,null,null,null,{"$f":"IF(D542=\"KH\",0,E542+SUMIF(NHAP!$L$1:$L$5000,B542,NHAP!$K$1:$K$5000)-SUMIF(NHAP!$L$1:$L$5000,B542,NHAP!$M$1:$M$5000))","v":0},{"$f":"IF(D542=\"NCC\",0,F542+SUMIF(XUAT!$N$1:$N$5000,B542,XUAT!$L$1:$L$5000)-SUMIF(XUAT!$N$1:$N$5000,B542,XUAT!$O$1:$O$5000))","v":0}]
[null,null,null,null,null,null,null,{"$f":"IF(D543=\"KH\",0,E543+SUMIF(NHAP!$L$1:$L$5000,B543,NHAP!$K$1:$K$5000)-SUMIF(NHAP!$L$1:$L$5000,B543,NHAP!$M$1:$M$5000))","v":0},{"$f":"IF(D543=\"NCC\",0,F543+SUMIF(XUAT!$N$1:$N$5000,B543,XUAT!$L$1:$L$5000)-SUMIF(XUAT!$N$1:$N$5000,B543,XUAT!$O$1:$O$5000))","v":0}]
[null,null,null,null,null,null,null,{"$f":"IF(D544=\"KH\",0,E544+SUMIF(NHAP!$L$1:$L$5000,B544,NHAP!$K$1:$K$5000)-SUMIF(NHAP!$L$1:$L$5000,B544,NHAP!$M$1:$M$5000))","v":0},{"$f":"IF(D544=\"NCC\",0,F544+SUMIF(XUAT!$N$1:$N$5000,B544,XUAT!$L$1:$L$5000)-SUMIF(XUAT!$N$1:$N$5000,B544,XUAT!$O$1:$O$5000))","v":0}]
[null,null,null,null,null,null,null,{"$f":"IF(D545=\"KH\",0,E545+SUMIF(NHAP!$L$1:$L$5000,B545,NHAP!$K$1:$K$5000)-SUMIF(NHAP!$L$1:$L$5000,B545,NHAP!$M$1:$M$5000))","v":0},{"$f":"IF(D545=\"NCC\",0,F545+SUMIF(XUAT!$N$1:$N$5000,B545,XUAT!$L$1:$L$5000)-SUMIF(XUAT!$N$1:$N$5000,B545,XUAT!$O$1:$O$5000))","v":0}]
[null,null,null,null,null,null,null,{"$f":"IF(D546=\"KH\",0,E546+SUMIF(NHAP!$L$1:$L$5000,B546,NHAP!$K$1:$K$5000)-SUMIF(NHAP!$L$1:$L$5000,B546,NHAP!$M$1:$M$5000))","v":0},{"$f":"IF(D546=\"NCC\",0,F546+SUMIF(XUAT!$N$1:$N$5000,B546,XUAT!$L$1:$L$5000)-SUMIF(XUAT!$N$1:$N$5000,B546,XUAT!$O$1:$O$5000))","v":0}]
[null,null,null,null,null,null,null,{"$f":"IF(D547=\"KH\",0,E547+SUMIF(NHAP!$L$1:$L$5000,B547,NHAP!$K$1:$K$5000)-SUMIF(NHAP!$L$1:$L$5000,B547,NHAP!$M$1:$M$5000))","v":0},{"$f":"IF(D547=\"NCC\",0,F547+SUMIF(XUAT!$N$1:$N$5000,B547,XUAT!$L$1:$L$5000)-SUMIF(XUAT!$N$1:$N$5000,B547,XUAT!$O$1:$O$5000))","v":0}]
[null,null,null,null,null,null,null,{"$f":"IF(D548=\"KH\",0,E548+SUMIF(NHAP!$L$1:$L$5000,B548,NHAP!$K$1:$K$5000)-SUMIF(NHAP!$L$1:$L$5000,B548,NHAP!$M$1:$M$5000))","v":0},{"$f":"IF(D548=\"NCC\",0,F548+SUMIF(XUAT!$N$1:$N$5000,B548,XUAT!$L$1:$L$5000)-SUMIF(XUAT!$N$1:$N$5000,B548,XUAT!$O$1:$O$5000))","v":0}]
[null,null,null,null,null,null,null,{"$f":"IF(D549=\"KH\",0,E549+SUMIF(NHAP!$L$1:$L$5000,B549,NHAP!$K$1:$K$5000)-SUMIF(NHAP!$L$1:$L$5000,B549,NHAP!$M$1:$M$5000))","v":0},{"$f":"IF(D549=\"NCC\",0,F549+SUMIF(XUAT!$N$1:$N$5000,B549,XUAT!$L$1:$L$5000)-SUMIF(XUAT!$N$1:$N$5000,B549,XUAT!$O$1:$O$5000))","v":0}]
[null,null,null,null,null,null,null,{"$f":"IF(D550=\"KH\",0,E550+SUMIF(NHAP!$L$1:$L$5000,B550,NHAP!$K$1:$K$5000)-SUMIF(NHAP!$L$1:$L$5000,B550,NHAP!$M$1:$M$5000))","v":0},{"$f":"IF(D550=\"NCC\",0,F550+SUMIF(XUAT!$N$1:$N$5000,B550,XUAT!$L$1:$L$5000)-SUMIF(XUAT!$N$1:$N$5000,B550,XUAT!$O$1:$O$5000))","v":0}]
[null,null,null,null,null,null,null,{"$f":"IF(D551=\"KH\",0,E551+SUMIF(NHAP!$L$1:$L$5000,B551,NHAP!$K$1:$K$5000)-SUMIF(NHAP!$L$1:$L$5000,B551,NHAP!$M$1:$M$5000))","v":0},{"$f":"IF(D551=\"NCC\",0,F551+SUMIF(XUAT!$N$1:$N$5000,B551,XUAT!$L$1:$L$5000)-SUMIF(XUAT!$N$1:$N$5000,B551,XUAT!$O$1:$O$5000))","v":0}]
[null,null,null,null,null,null,null,{"$f":"IF(D552=\"KH\",0,E552+SUMIF(NHAP!$L$1:$L$5000,B552,NHAP!$K$1:$K$5000)-SUMIF(NHAP!$L$1:$L$5000,B552,NHAP!$M$1:$M$5000))","v":0},{"$f":"IF(D552=\"NCC\",0,F552+SUMIF(XUAT!$N$1:$N$5000,B552,XUAT!$L$1:$L$5000)-SUMIF(XUAT!$N$1:$N$5000,B552,XUAT!$O$1:$O$5000))","v":0}]
[null,null,null,null,null,null,null,{"$f":"IF(D553=\"KH\",0,E553+SUMIF(NHAP!$L$1:$L$5000,B553,NHAP!$K$1:$K$5000)-SUMIF(NHAP!$L$1:$L$5000,B553,NHAP!$M$1:$M$5000))","v":0},{"$f":"IF(D553=\"NCC\",0,F553+SUMIF(XUAT!$N$1:$N$5000,B553,XUAT!$L$1:$L$5000)-SUMIF(XUAT!$N$1:$N$5000,B553,XUAT!$O$1:$O$5000))","v":0}]
[null,null,null,null,null,null,null,{"$f":"IF(D554=\"KH\",0,E554+SUMIF(NHAP!$L$1:$L$5000,B554,NHAP!$K$1:$K$5000)-SUMIF(NHAP!$L$1:$L$5000,B554,NHAP!$M$1:$M$5000))","v":0},{"$f":"IF(D554=\"NCC\",0,F554+SUMIF(XUAT!$N$1:$N$5000,B554,XUAT!$L$1:$L$5000)-SUMIF(XUAT!$N$1:$N$5000,B554,XUAT!$O$1:$O$5000))","v":0}]
[null,null,null,null,null,null,null,{"$f":"IF(D555=\"KH\",0,E555+SUMIF(NHAP!$L$1:$L$5000,B555,NHAP!$K$1:$K$5000)-SUMIF(NHAP!$L$1:$L$5000,B555,NHAP!$M$1:$M$5000))","v":0},{"$f":"IF(D555=\"NCC\",0,F555+SUMIF(XUAT!$N$1:$N$5000,B555,XUAT!$L$1:$L$5000)-SUMIF(XUAT!$N$1:$N$5000,B555,XUAT!$O$1:$O$5000))","v":0}]
[null,null,null,null,null,null,null,{"$f":"IF(D556=\"KH\",0,E556+SUMIF(NHAP!$L$1:$L$5000,B556,NHAP!$K$1:$K$5000)-SUMIF(NHAP!$L$1:$L$5000,B556,NHAP!$M$1:$M$5000))","v":0},{"$f":"IF(D556=\"NCC\",0,F556+SUMIF(XUAT!$N$1:$N$5000,B556,XUAT!$L$1:$L$5000)-SUMIF(XUAT!$N$1:$N$5000,B556,XUAT!$O$1:$O$5000))","v":0}]
[null,null,null,null,null,null,null,{"$f":"IF(D557=\"KH\",0,E557+SUMIF(NHAP!$L$1:$L$5000,B557,NHAP!$K$1:$K$5000)-SUMIF(NHAP!$L$1:$L$5000,B557,NHAP!$M$1:$M$5000))","v":0},{"$f":"IF(D557=\"NCC\",0,F557+SUMIF(XUAT!$N$1:$N$5000,B557,XUAT!$L$1:$L$5000)-SUMIF(XUAT!$N$1:$N$5000,B557,XUAT!$O$1:$O$5000))","v":0}]
[null,null,null,null,null,null,null,{"$f":"IF(D558=\"KH\",0,E558+SUMIF(NHAP!$L$1:$L$5000,B558,NHAP!$K$1:$K$5000)-SUMIF(NHAP!$L$1:$L$5000,B558,NHAP!$M$1:$M$5000))","v":0},{"$f":"IF(D558=\"NCC\",0,F558+SUMIF(XUAT!$N$1:$N$5000,B558,XUAT!$L$1:$L$5000)-SUMIF(XUAT!$N$1:$N$5000,B558,XUAT!$O$1:$O$5000))","v":0}]
[null,null,null,null,null,null,null,{"$f":"IF(D559=\"KH\",0,E559+SUMIF(NHAP!$L$1:$L$5000,B559,NHAP!$K$1:$K$5000)-SUMIF(NHAP!$L$1:$L$5000,B559,NHAP!$M$1:$M$5000))","v":0},{"$f":"IF(D559=\"NCC\",0,F559+SUMIF(XUAT!$N$1:$N$5000,B559,XUAT!$L$1:$L$5000)-SUMIF(XUAT!$N$1:$N$5000,B559,XUAT!$O$1:$O$5000))","v":0}]
[null,null,null,null,null,null,null,{"$f":"IF(D560=\"KH\",0,E560+SUMIF(NHAP!$L$1:$L$5000,B560,NHAP!$K$1:$K$5000)-SUMIF(NHAP!$L$1:$L$5000,B560,NHAP!$M$1:$M$5000))","v":0},{"$f":"IF(D560=\"NCC\",0,F560+SUMIF(XUAT!$N$1:$N$5000,B560,XUAT!$L$1:$L$5000)-SUMIF(XUAT!$N$1:$N$5000,B560,XUAT!$O$1:$O$5000))","v":0}]
[null,null,null,null,null,null,null,{"$f":"IF(D561=\"KH\",0,E561+SUMIF(NHAP!$L$1:$L$5000,B561,NHAP!$K$1:$K$5000)-SUMIF(NHAP!$L$1:$L$5000,B561,NHAP!$M$1:$M$5000))","v":0},{"$f":"IF(D561=\"NCC\",0,F561+SUMIF(XUAT!$N$1:$N$5000,B561,XUAT!$L$1:$L$5000)-SUMIF(XUAT!$N$1:$N$5000,B561,XUAT!$O$1:$O$5000))","v":0}]
[null,null,null,null,null,null,null,{"$f":"IF(D562=\"KH\",0,E562+SUMIF(NHAP!$L$1:$L$5000,B562,NHAP!$K$1:$K$5000)-SUMIF(NHAP!$L$1:$L$5000,B562,NHAP!$M$1:$M$5000))","v":0},{"$f":"IF(D562=\"NCC\",0,F562+SUMIF(XUAT!$N$1:$N$5000,B562,XUAT!$L$1:$L$5000)-SUMIF(XUAT!$N$1:$N$5000,B562,XUAT!$O$1:$O$5000))","v":0}]
[null,null,null,null,null,null,null,{"$f":"IF(D563=\"KH\",0,E563+SUMIF(NHAP!$L$1:$L$5000,B563,NHAP!$K$1:$K$5000)-SUMIF(NHAP!$L$1:$L$5000,B563,NHAP!$M$1:$M$5000))","v":0},{"$f":"IF(D563=\"NCC\",0,F563+SUMIF(XUAT!$N$1:$N$5000,B563,XUAT!$L$1:$L$5000)-SUMIF(XUAT!$N$1:$N$5000,B563,XUAT!$O$1:$O$5000))","v":0}]
[null,null,null,null,null,null,null,{"$f":"IF(D564=\"KH\",0,E564+SUMIF(NHAP!$L$1:$L$5000,B564,NHAP!$K$1:$K$5000)-SUMIF(NHAP!$L$1:$L$5000,B564,NHAP!$M$1:$M$5000))","v":0},{"$f":"IF(D564=\"NCC\",0,F564+SUMIF(XUAT!$N$1:$N$5000,B564,XUAT!$L$1:$L$5000)-SUMIF(XUAT!$N$1:$N$5000,B564,XUAT!$O$1:$O$5000))","v":0}]
[null,null,null,null,null,null,null,{"$f":"IF(D565=\"KH\",0,E565+SUMIF(NHAP!$L$1:$L$5000,B565,NHAP!$K$1:$K$5000)-SUMIF(NHAP!$L$1:$L$5000,B565,NHAP!$M$1:$M$5000))","v":0},{"$f":"IF(D565=\"NCC\",0,F565+SUMIF(XUAT!$N$1:$N$5000,B565,XUAT!$L$1:$L$5000)-SUMIF(XUAT!$N$1:$N$5000,B565,XUAT!$O$1:$O$5000))","v":0}]
[null,null,null,null,null,null,null,{"$f":"IF(D566=\"KH\",0,E566+SUMIF(NHAP!$L$1:$L$5000,B566,NHAP!$K$1:$K$5000)-SUMIF(NHAP!$L$1:$L$5000,B566,NHAP!$M$1:$M$5000))","v":0},{"$f":"IF(D566=\"NCC\",0,F566+SUMIF(XUAT!$N$1:$N$5000,B566,XUAT!$L$1:$L$5000)-SUMIF(XUAT!$N$1:$N$5000,B566,XUAT!$O$1:$O$5000))","v":0}]
[null,null,null,null,null,null,null,{"$f":"IF(D567=\"KH\",0,E567+SUMIF(NHAP!$L$1:$L$5000,B567,NHAP!$K$1:$K$5000)-SUMIF(NHAP!$L$1:$L$5000,B567,NHAP!$M$1:$M$5000))","v":0},{"$f":"IF(D567=\"NCC\",0,F567+SUMIF(XUAT!$N$1:$N$5000,B567,XUAT!$L$1:$L$5000)-SUMIF(XUAT!$N$1:$N$5000,B567,XUAT!$O$1:$O$5000))","v":0}]
[null,null,null,null,null,null,null,{"$f":"IF(D568=\"KH\",0,E568+SUMIF(NHAP!$L$1:$L$5000,B568,NHAP!$K$1:$K$5000)-SUMIF(NHAP!$L$1:$L$5000,B568,NHAP!$M$1:$M$5000))","v":0},{"$f":"IF(D568=\"NCC\",0,F568+SUMIF(XUAT!$N$1:$N$5000,B568,XUAT!$L$1:$L$5000)-SUMIF(XUAT!$N$1:$N$5000,B568,XUAT!$O$1:$O$5000))","v":0}]
[null,null,null,null,null,null,null,{"$f":"IF(D569=\"KH\",0,E569+SUMIF(NHAP!$L$1:$L$5000,B569,NHAP!$K$1:$K$5000)-SUMIF(NHAP!$L$1:$L$5000,B569,NHAP!$M$1:$M$5000))","v":0},{"$f":"IF(D569=\"NCC\",0,F569+SUMIF(XUAT!$N$1:$N$5000,B569,XUAT!$L$1:$L$5000)-SUMIF(XUAT!$N$1:$N$5000,B569,XUAT!$O$1:$O$5000))","v":0}]
[null,null,null,null,null,null,null,{"$f":"IF(D570=\"KH\",0,E570+SUMIF(NHAP!$L$1:$L$5000,B570,NHAP!$K$1:$K$5000)-SUMIF(NHAP!$L$1:$L$5000,B570,NHAP!$M$1:$M$5000))","v":0},{"$f":"IF(D570=\"NCC\",0,F570+SUMIF(XUAT!$N$1:$N$5000,B570,XUAT!$L$1:$L$5000)-SUMIF(XUAT!$N$1:$N$5000,B570,XUAT!$O$1:$O$5000))","v":0}]
[null,null,null,null,null,null,null,{"$f":"IF(D571=\"KH\",0,E571+SUMIF(NHAP!$L$1:$L$5000,B571,NHAP!$K$1:$K$5000)-SUMIF(NHAP!$L$1:$L$5000,B571,NHAP!$M$1:$M$5000))","v":0},{"$f":"IF(D571=\"NCC\",0,F571+SUMIF(XUAT!$N$1:$N$5000,B571,XUAT!$L$1:$L$5000)-SUMIF(XUAT!$N$1:$N$5000,B571,XUAT!$O$1:$O$5000))","v":0}]
[null,null,null,null,null,null,null,{"$f":"IF(D572=\"KH\",0,E572+SUMIF(NHAP!$L$1:$L$5000,B572,NHAP!$K$1:$K$5000)-SUMIF(NHAP!$L$1:$L$5000,B572,NHAP!$M$1:$M$5000))","v":0},{"$f":"IF(D572=\"NCC\",0,F572+SUMIF(XUAT!$N$1:$N$5000,B572,XUAT!$L$1:$L$5000)-SUMIF(XUAT!$N$1:$N$5000,B572,XUAT!$O$1:$O$5000))","v":0}]
[null,null,null,null,null,null,null,{"$f":"IF(D573=\"KH\",0,E573+SUMIF(NHAP!$L$1:$L$5000,B573,NHAP!$K$1:$K$5000)-SUMIF(NHAP!$L$1:$L$5000,B573,NHAP!$M$1:$M$5000))","v":0},{"$f":"IF(D573=\"NCC\",0,F573+SUMIF(XUAT!$N$1:$N$5000,B573,XUAT!$L$1:$L$5000)-SUMIF(XUAT!$N$1:$N$5000,B573,XUAT!$O$1:$O$5000))","v":0}]
[null,null,null,null,null,null,null,{"$f":"IF(D574=\"KH\",0,E574+SUMIF(NHAP!$L$1:$L$5000,B574,NHAP!$K$1:$K$5000)-SUMIF(NHAP!$L$1:$L$5000,B574,NHAP!$M$1:$M$5000))","v":0},{"$f":"IF(D574=\"NCC\",0,F574+SUMIF(XUAT!$N$1:$N$5000,B574,XUAT!$L$1:$L$5000)-SUMIF(XUAT!$N$1:$N$5000,B574,XUAT!$O$1:$O$5000))","v":0}]
[null,null,null,null,null,null,null,{"$f":"IF(D575=\"KH\",0,E575+SUMIF(NHAP!$L$1:$L$5000,B575,NHAP!$K$1:$K$5000)-SUMIF(NHAP!$L$1:$L$5000,B575,NHAP!$M$1:$M$5000))","v":0},{"$f":"IF(D575=\"NCC\",0,F575+SUMIF(XUAT!$N$1:$N$5000,B575,XUAT!$L$1:$L$5000)-SUMIF(XUAT!$N$1:$N$5000,B575,XUAT!$O$1:$O$5000))","v":0}]
[null,null,null,null,null,null,null,{"$f":"IF(D576=\"KH\",0,E576+SUMIF(NHAP!$L$1:$L$5000,B576,NHAP!$K$1:$K$5000)-SUMIF(NHAP!$L$1:$L$5000,B576,NHAP!$M$1:$M$5000))","v":0},{"$f":"IF(D576=\"NCC\",0,F576+SUMIF(XUAT!$N$1:$N$5000,B576,XUAT!$L$1:$L$5000)-SUMIF(XUAT!$N$1:$N$5000,B576,XUAT!$O$1:$O$5000))","v":0}]
[null,null,null,null,null,null,null,{"$f":"IF(D577=\"KH\",0,E577+SUMIF(NHAP!$L$1:$L$5000,B577,NHAP!$K$1:$K$5000)-SUMIF(NHAP!$L$1:$L$5000,B577,NHAP!$M$1:$M$5000))","v":0},{"$f":"IF(D577=\"NCC\",0,F577+SUMIF(XUAT!$N$1:$N$5000,B577,XUAT!$L$1:$L$5000)-SUMIF(XUAT!$N$1:$N$5000,B577,XUAT!$O$1:$O$5000))","v":0}]
[null,null,null,null,null,null,null,{"$f":"IF(D578=\"KH\",0,E578+SUMIF(NHAP!$L$1:$L$5000,B578,NHAP!$K$1:$K$5000)-SUMIF(NHAP!$L$1:$L$5000,B578,NHAP!$M$1:$M$5000))","v":0},{"$f":"IF(D578=\"NCC\",0,F578+SUMIF(XUAT!$N$1:$N$5000,B578,XUAT!$L$1:$L$5000)-SUMIF(XUAT!$N$1:$N$5000,B578,XUAT!$O$1:$O$5000))","v":0}]
[null,null,null,null,null,null,null,{"$f":"IF(D579=\"KH\",0,E579+SUMIF(NHAP!$L$1:$L$5000,B579,NHAP!$K$1:$K$5000)-SUMIF(NHAP!$L$1:$L$5000,B579,NHAP!$M$1:$M$5000))","v":0},{"$f":"IF(D579=\"NCC\",0,F579+SUMIF(XUAT!$N$1:$N$5000,B579,XUAT!$L$1:$L$5000)-SUMIF(XUAT!$N$1:$N$5000,B579,XUAT!$O$1:$O$5000))","v":0}]
[null,null,null,null,null,null,null,{"$f":"IF(D580=\"KH\",0,E580+SUMIF(NHAP!$L$1:$L$5000,B580,NHAP!$K$1:$K$5000)-SUMIF(NHAP!$L$1:$L$5000,B580,NHAP!$M$1:$M$5000))","v":0},{"$f":"IF(D580=\"NCC\",0,F580+SUMIF(XUAT!$N$1:$N$5000,B580,XUAT!$L$1:$L$5000)-SUMIF(XUAT!$N$1:$N$5000,B580,XUAT!$O$1:$O$5000))","v":0}]
[null,null,null,null,null,null,null,{"$f":"IF(D581=\"KH\",0,E581+SUMIF(NHAP!$L$1:$L$5000,B581,NHAP!$K$1:$K$5000)-SUMIF(NHAP!$L$1:$L$5000,B581,NHAP!$M$1:$M$5000))","v":0},{"$f":"IF(D581=\"NCC\",0,F581+SUMIF(XUAT!$N$1:$N$5000,B581,XUAT!$L$1:$L$5000)-SUMIF(XUAT!$N$1:$N$5000,B581,XUAT!$O$1:$O$5000))","v":0}]
[null,null,null,null,null,null,null,{"$f":"IF(D582=\"KH\",0,E582+SUMIF(NHAP!$L$1:$L$5000,B582,NHAP!$K$1:$K$5000)-SUMIF(NHAP!$L$1:$L$5000,B582,NHAP!$M$1:$M$5000))","v":0},{"$f":"IF(D582=\"NCC\",0,F582+SUMIF(XUAT!$N$1:$N$5000,B582,XUAT!$L$1:$L$5000)-SUMIF(XUAT!$N$1:$N$5000,B582,XUAT!$O$1:$O$5000))","v":0}]
[null,null,null,null,null,null,null,{"$f":"IF(D583=\"KH\",0,E583+SUMIF(NHAP!$L$1:$L$5000,B583,NHAP!$K$1:$K$5000)-SUMIF(NHAP!$L$1:$L$5000,B583,NHAP!$M$1:$M$5000))","v":0},{"$f":"IF(D583=\"NCC\",0,F583+SUMIF(XUAT!$N$1:$N$5000,B583,XUAT!$L$1:$L$5000)-SUMIF(XUAT!$N$1:$N$5000,B583,XUAT!$O$1:$O$5000))","v":0}]
[null,null,null,null,null,null,null,{"$f":"IF(D584=\"KH\",0,E584+SUMIF(NHAP!$L$1:$L$5000,B584,NHAP!$K$1:$K$5000)-SUMIF(NHAP!$L$1:$L$5000,B584,NHAP!$M$1:$M$5000))","v":0},{"$f":"IF(D584=\"NCC\",0,F584+SUMIF(XUAT!$N$1:$N$5000,B584,XUAT!$L$1:$L$5000)-SUMIF(XUAT!$N$1:$N$5000,B584,XUAT!$O$1:$O$5000))","v":0}]
[null,null,null,null,null,null,null,{"$f":"IF(D585=\"KH\",0,E585+SUMIF(NHAP!$L$1:$L$5000,B585,NHAP!$K$1:$K$5000)-SUMIF(NHAP!$L$1:$L$5000,B585,NHAP!$M$1:$M$5000))","v":0},{"$f":"IF(D585=\"NCC\",0,F585+SUMIF(XUAT!$N$1:$N$5000,B585,XUAT!$L$1:$L$5000)-SUMIF(XUAT!$N$1:$N$5000,B585,XUAT!$O$1:$O$5000))","v":0}]
[null,null,null,null,null,null,null,{"$f":"IF(D586=\"KH\",0,E586+SUMIF(NHAP!$L$1:$L$5000,B586,NHAP!$K$1:$K$5000)-SUMIF(NHAP!$L$1:$L$5000,B586,NHAP!$M$1:$M$5000))","v":0},{"$f":"IF(D586=\"NCC\",0,F586+SUMIF(XUAT!$N$1:$N$5000,B586,XUAT!$L$1:$L$5000)-SUMIF(XUAT!$N$1:$N$5000,B586,XUAT!$O$1:$O$5000))","v":0}]
[null,null,null,null,null,null,null,{"$f":"IF(D587=\"KH\",0,E587+SUMIF(NHAP!$L$1:$L$5000,B587,NHAP!$K$1:$K$5000)-SUMIF(NHAP!$L$1:$L$5000,B587,NHAP!$M$1:$M$5000))","v":0},{"$f":"IF(D587=\"NCC\",0,F587+SUMIF(XUAT!$N$1:$N$5000,B587,XUAT!$L$1:$L$5000)-SUMIF(XUAT!$N$1:$N$5000,B587,XUAT!$O$1:$O$5000))","v":0}]
[null,null,null,null,null,null,null,{"$f":"IF(D588=\"KH\",0,E588+SUMIF(NHAP!$L$1:$L$5000,B588,NHAP!$K$1:$K$5000)-SUMIF(NHAP!$L$1:$L$5000,B588,NHAP!$M$1:$M$5000))","v":0},{"$f":"IF(D588=\"NCC\",0,F588+SUMIF(XUAT!$N$1:$N$5000,B588,XUAT!$L$1:$L$5000)-SUMIF(XUAT!$N$1:$N$5000,B588,XUAT!$O$1:$O$5000))","v":0}]
[null,null,null,null,null,null,null,{"$f":"IF(D589=\"KH\",0,E589+SUMIF(NHAP!$L$1:$L$5000,B589,NHAP!$K$1:$K$5000)-SUMIF(NHAP!$L$1:$L$5000,B589,NHAP!$M$1:$M$5000))","v":0},{"$f":"IF(D589=\"NCC\",0,F589+SUMIF(XUAT!$N$1:$N$5000,B589,XUAT!$L$1:$L$5000)-SUMIF(XUAT!$N$1:$N$5000,B589,XUAT!$O$1:$O$5000))","v":0}]
[null,null,null,null,null,null,null,{"$f":"IF(D590=\"KH\",0,E590+SUMIF(NHAP!$L$1:$L$5000,B590,NHAP!$K$1:$K$5000)-SUMIF(NHAP!$L$1:$L$5000,B590,NHAP!$M$1:$M$5000))","v":0},{"$f":"IF(D590=\"NCC\",0,F590+SUMIF(XUAT!$N$1:$N$5000,B590,XUAT!$L$1:$L$5000)-SUMIF(XUAT!$N$1:$N$5000,B590,XUAT!$O$1:$O$5000))","v":0}]
[null,null,null,null,null,null,null,{"$f":"IF(D591=\"KH\",0,E591+SUMIF(NHAP!$L$1:$L$5000,B591,NHAP!$K$1:$K$5000)-SUMIF(NHAP!$L$1:$L$5000,B591,NHAP!$M$1:$M$5000))","v":0},{"$f":"IF(D591=\"NCC\",0,F591+SUMIF(XUAT!$N$1:$N$5000,B591,XUAT!$L$1:$L$5000)-SUMIF(XUAT!$N$1:$N$5000,B591,XUAT!$O$1:$O$5000))","v":0}]
[null,null,null,null,null,null,null,{"$f":"IF(D592=\"KH\",0,E592+SUMIF(NHAP!$L$1:$L$5000,B592,NHAP!$K$1:$K$5000)-SUMIF(NHAP!$L$1:$L$5000,B592,NHAP!$M$1:$M$5000))","v":0},{"$f":"IF(D592=\"NCC\",0,F592+SUMIF(XUAT!$N$1:$N$5000,B592,XUAT!$L$1:$L$5000)-SUMIF(XUAT!$N$1:$N$5000,B592,XUAT!$O$1:$O$5000))","v":0}]
[null,null,null,null,null,null,null,{"$f":"IF(D593=\"KH\",0,E593+SUMIF(NHAP!$L$1:$L$5000,B593,NHAP!$K$1:$K$5000)-SUMIF(NHAP!$L$1:$L$5000,B593,NHAP!$M$1:$M$5000))","v":0},{"$f":"IF(D593=\"NCC\",0,F593+SUMIF(XUAT!$N$1:$N$5000,B593,XUAT!$L$1:$L$5000)-SUMIF(XUAT!$N$1:$N$5000,B593,XUAT!$O$1:$O$5000))","v":0}]
[null,null,null,null,null,null,null,{"$f":"IF(D594=\"KH\",0,E594+SUMIF(NHAP!$L$1:$L$5000,B594,NHAP!$K$1:$K$5000)-SUMIF(NHAP!$L$1:$L$5000,B594,NHAP!$M$1:$M$5000))","v":0},{"$f":"IF(D594=\"NCC\",0,F594+SUMIF(XUAT!$N$1:$N$5000,B594,XUAT!$L$1:$L$5000)-SUMIF(XUAT!$N$1:$N$5000,B594,XUAT!$O$1:$O$5000))","v":0}]
[null,null,null,null,null,null,null,{"$f":"IF(D595=\"KH\",0,E595+SUMIF(NHAP!$L$1:$L$5000,B595,NHAP!$K$1:$K$5000)-SUMIF(NHAP!$L$1:$L$5000,B595,NHAP!$M$1:$M$5000))","v":0},{"$f":"IF(D595=\"NCC\",0,F595+SUMIF(XUAT!$N$1:$N$5000,B595,XUAT!$L$1:$L$5000)-SUMIF(XUAT!$N$1:$N$5000,B595,XUAT!$O$1:$O$5000))","v":0}]
[null,null,null,null,null,null,null,{"$f":"IF(D596=\"KH\",0,E596+SUMIF(NHAP!$L$1:$L$5000,B596,NHAP!$K$1:$K$5000)-SUMIF(NHAP!$L$1:$L$5000,B596,NHAP!$M$1:$M$5000))","v":0},{"$f":"IF(D596=\"NCC\",0,F596+SUMIF(XUAT!$N$1:$N$5000,B596,XUAT!$L$1:$L$5000)-SUMIF(XUAT!$N$1:$N$5000,B596,XUAT!$O$1:$O$5000))","v":0}]
[null,null,null,null,null,null,null,{"$f":"IF(D597=\"KH\",0,E597+SUMIF(NHAP!$L$1:$L$5000,B597,NHAP!$K$1:$K$5000)-SUMIF(NHAP!$L$1:$L$5000,B597,NHAP!$M$1:$M$5000))","v":0},{"$f":"IF(D597=\"NCC\",0,F597+SUMIF(XUAT!$N$1:$N$5000,B597,XUAT!$L$1:$L$5000)-SUMIF(XUAT!$N$1:$N$5000,B597,XUAT!$O$1:$O$5000))","v":0}]
[null,null,null,null,null,null,null,{"$f":"IF(D598=\"KH\",0,E598+SUMIF(NHAP!$L$1:$L$5000,B598,NHAP!$K$1:$K$5000)-SUMIF(NHAP!$L$1:$L$5000,B598,NHAP!$M$1:$M$5000))","v":0},{"$f":"IF(D598=\"NCC\",0,F598+SUMIF(XUAT!$N$1:$N$5000,B598,XUAT!$L$1:$L$5000)-SUMIF(XUAT!$N$1:$N$5000,B598,XUAT!$O$1:$O$5000))","v":0}]
[null,null,null,null,null,null,null,{"$f":"IF(D599=\"KH\",0,E599+SUMIF(NHAP!$L$1:$L$5000,B599,NHAP!$K$1:$K$5000)-SUMIF(NHAP!$L$1:$L$5000,B599,NHAP!$M$1:$M$5000))","v":0},{"$f":"IF(D599=\"NCC\",0,F599+SUMIF(XUAT!$N$1:$N$5000,B599,XUAT!$L$1:$L$5000)-SUMIF(XUAT!$N$1:$N$5000,B599,XUAT!$O$1:$O$5000))","v":0}]
[null,null,null,null,null,null,null,{"$f":"IF(D600=\"KH\",0,E600+SUMIF(NHAP!$L$1:$L$5000,B600,NHAP!$K$1:$K$5000)-SUMIF(NHAP!$L$1:$L$5000,B600,NHAP!$M$1:$M$5000))","v":0},{"$f":"IF(D600=\"NCC\",0,F600+SUMIF(XUAT!$N$1:$N$5000,B600,XUAT!$L$1:$L$5000)-SUMIF(XUAT!$N$1:$N$5000,B600,XUAT!$O$1:$O$5000))","v":0}]
[null,null,null,null,null,null,null,{"$f":"IF(D601=\"KH\",0,E601+SUMIF(NHAP!$L$1:$L$5000,B601,NHAP!$K$1:$K$5000)-SUMIF(NHAP!$L$1:$L$5000,B601,NHAP!$M$1:$M$5000))","v":0},{"$f":"IF(D601=\"NCC\",0,F601+SUMIF(XUAT!$N$1:$N$5000,B601,XUAT!$L$1:$L$5000)-SUMIF(XUAT!$N$1:$N$5000,B601,XUAT!$O$1:$O$5000))","v":0}]
[null,null,null,null,null,null,null,{"$f":"IF(D602=\"KH\",0,E602+SUMIF(NHAP!$L$1:$L$5000,B602,NHAP!$K$1:$K$5000)-SUMIF(NHAP!$L$1:$L$5000,B602,NHAP!$M$1:$M$5000))","v":0},{"$f":"IF(D602=\"NCC\",0,F602+SUMIF(XUAT!$N$1:$N$5000,B602,XUAT!$L$1:$L$5000)-SUMIF(XUAT!$N$1:$N$5000,B602,XUAT!$O$1:$O$5000))","v":0}]
[null,null,null,null,null,null,null,{"$f":"IF(D603=\"KH\",0,E603+SUMIF(NHAP!$L$1:$L$5000,B603,NHAP!$K$1:$K$5000)-SUMIF(NHAP!$L$1:$L$5000,B603,NHAP!$M$1:$M$5000))","v":0},{"$f":"IF(D603=\"NCC\",0,F603+SUMIF(XUAT!$N$1:$N$5000,B603,XUAT!$L$1:$L$5000)-SUMIF(XUAT!$N$1:$N$5000,B603,XUAT!$O$1:$O$5000))","v":0}]
[null,null,null,null,null,null,null,{"$f":"IF(D604=\"KH\",0,E604+SUMIF(NHAP!$L$1:$L$5000,B604,NHAP!$K$1:$K$5000)-SUMIF(NHAP!$L$1:$L$5000,B604,NHAP!$M$1:$M$5000))","v":0},{"$f":"IF(D604=\"NCC\",0,F604+SUMIF(XUAT!$N$1:$N$5000,B604,XUAT!$L$1:$L$5000)-SUMIF(XUAT!$N$1:$N$5000,B604,XUAT!$O$1:$O$5000))","v":0}]
[null,null,null,null,null,null,null,{"$f":"IF(D605=\"KH\",0,E605+SUMIF(NHAP!$L$1:$L$5000,B605,NHAP!$K$1:$K$5000)-SUMIF(NHAP!$L$1:$L$5000,B605,NHAP!$M$1:$M$5000))","v":0},{"$f":"IF(D605=\"NCC\",0,F605+SUMIF(XUAT!$N$1:$N$5000,B605,XUAT!$L$1:$L$5000)-SUMIF(XUAT!$N$1:$N$5000,B605,XUAT!$O$1:$O$5000))","v":0}]
[null,null,null,null,null,null,null,{"$f":"IF(D606=\"KH\",0,E606+SUMIF(NHAP!$L$1:$L$5000,B606,NHAP!$K$1:$K$5000)-SUMIF(NHAP!$L$1:$L$5000,B606,NHAP!$M$1:$M$5000))","v":0},{"$f":"IF(D606=\"NCC\",0,F606+SUMIF(XUAT!$N$1:$N$5000,B606,XUAT!$L$1:$L$5000)-SUMIF(XUAT!$N$1:$N$5000,B606,XUAT!$O$1:$O$5000))","v":0}]
[null,null,null,null,null,null,null,{"$f":"IF(D607=\"KH\",0,E607+SUMIF(NHAP!$L$1:$L$5000,B607,NHAP!$K$1:$K$5000)-SUMIF(NHAP!$L$1:$L$5000,B607,NHAP!$M$1:$M$5000))","v":0},{"$f":"IF(D607=\"NCC\",0,F607+SUMIF(XUAT!$N$1:$N$5000,B607,XUAT!$L$1:$L$5000)-SUMIF(XUAT!$N$1:$N$5000,B607,XUAT!$O$1:$O$5000))","v":0}]
[null,null,null,null,null,null,null,{"$f":"IF(D608=\"KH\",0,E608+SUMIF(NHAP!$L$1:$L$5000,B608,NHAP!$K$1:$K$5000)-SUMIF(NHAP!$L$1:$L$5000,B608,NHAP!$M$1:$M$5000))","v":0},{"$f":"IF(D608=\"NCC\",0,F608+SUMIF(XUAT!$N$1:$N$5000,B608,XUAT!$L$1:$L$5000)-SUMIF(XUAT!$N$1:$N$5000,B608,XUAT!$O$1:$O$5000))","v":0}]
[null,null,null,null,null,null,null,{"$f":"IF(D609=\"KH\",0,E609+SUMIF(NHAP!$L$1:$L$5000,B609,NHAP!$K$1:$K$5000)-SUMIF(NHAP!$L$1:$L$5000,B609,NHAP!$M$1:$M$5000))","v":0},{"$f":"IF(D609=\"NCC\",0,F609+SUMIF(XUAT!$N$1:$N$5000,B609,XUAT!$L$1:$L$5000)-SUMIF(XUAT!$N$1:$N$5000,B609,XUAT!$O$1:$O$5000))","v":0}]
[null,null,null,null,null,null,null,{"$f":"IF(D610=\"KH\",0,E610+SUMIF(NHAP!$L$1:$L$5000,B610,NHAP!$K$1:$K$5000)-SUMIF(NHAP!$L$1:$L$5000,B610,NHAP!$M$1:$M$5000))","v":0},{"$f":"IF(D610=\"NCC\",0,F610+SUMIF(XUAT!$N$1:$N$5000,B610,XUAT!$L$1:$L$5000)-SUMIF(XUAT!$N$1:$N$5000,B610,XUAT!$O$1:$O$5000))","v":0}]
[null,null,null,null,null,null,null,{"$f":"IF(D611=\"KH\",0,E611+SUMIF(NHAP!$L$1:$L$5000,B611,NHAP!$K$1:$K$5000)-SUMIF(NHAP!$L$1:$L$5000,B611,NHAP!$M$1:$M$5000))","v":0},{"$f":"IF(D611=\"NCC\",0,F611+SUMIF(XUAT!$N$1:$N$5000,B611,XUAT!$L$1:$L$5000)-SUMIF(XUAT!$N$1:$N$5000,B611,XUAT!$O$1:$O$5000))","v":0}]
[null,null,null,null,null,null,null,{"$f":"IF(D612=\"KH\",0,E612+SUMIF(NHAP!$L$1:$L$5000,B612,NHAP!$K$1:$K$5000)-SUMIF(NHAP!$L$1:$L$5000,B612,NHAP!$M$1:$M$5000))","v":0},{"$f":"IF(D612=\"NCC\",0,F612+SUMIF(XUAT!$N$1:$N$5000,B612,XUAT!$L$1:$L$5000)-SUMIF(XUAT!$N$1:$N$5000,B612,XUAT!$O$1:$O$5000))","v":0}]
[null,null,null,null,null,null,null,{"$f":"IF(D613=\"KH\",0,E613+SUMIF(NHAP!$L$1:$L$5000,B613,NHAP!$K$1:$K$5000)-SUMIF(NHAP!$L$1:$L$5000,B613,NHAP!$M$1:$M$5000))","v":0},{"$f":"IF(D613=\"NCC\",0,F613+SUMIF(XUAT!$N$1:$N$5000,B613,XUAT!$L$1:$L$5000)-SUMIF(XUAT!$N$1:$N$5000,B613,XUAT!$O$1:$O$5000))","v":0}]
[null,null,null,null,null,null,null,{"$f":"IF(D614=\"KH\",0,E614+SUMIF(NHAP!$L$1:$L$5000,B614,NHAP!$K$1:$K$5000)-SUMIF(NHAP!$L$1:$L$5000,B614,NHAP!$M$1:$M$5000))","v":0},{"$f":"IF(D614=\"NCC\",0,F614+SUMIF(XUAT!$N$1:$N$5000,B614,XUAT!$L$1:$L$5000)-SUMIF(XUAT!$N$1:$N$5000,B614,XUAT!$O$1:$O$5000))","v":0}]
[null,null,null,null,null,null,null,{"$f":"IF(D615=\"KH\",0,E615+SUMIF(NHAP!$L$1:$L$5000,B615,NHAP!$K$1:$K$5000)-SUMIF(NHAP!$L$1:$L$5000,B615,NHAP!$M$1:$M$5000))","v":0},{"$f":"IF(D615=\"NCC\",0,F615+SUMIF(XUAT!$N$1:$N$5000,B615,XUAT!$L$1:$L$5000)-SUMIF(XUAT!$N$1:$N$5000,B615,XUAT!$O$1:$O$5000))","v":0}]
[null,null,null,null,null,null,null,{"$f":"IF(D616=\"KH\",0,E616+SUMIF(NHAP!$L$1:$L$5000,B616,NHAP!$K$1:$K$5000)-SUMIF(NHAP!$L$1:$L$5000,B616,NHAP!$M$1:$M$5000))","v":0},{"$f":"IF(D616=\"NCC\",0,F616+SUMIF(XUAT!$N$1:$N$5000,B616,XUAT!$L$1:$L$5000)-SUMIF(XUAT!$N$1:$N$5000,B616,XUAT!$O$1:$O$5000))","v":0}]
[null,null,null,null,null,null,null,{"$f":"IF(D617=\"KH\",0,E617+SUMIF(NHAP!$L$1:$L$5000,B617,NHAP!$K$1:$K$5000)-SUMIF(NHAP!$L$1:$L$5000,B617,NHAP!$M$1:$M$5000))","v":0},{"$f":"IF(D617=\"NCC\",0,F617+SUMIF(XUAT!$N$1:$N$5000,B617,XUAT!$L$1:$L$5000)-SUMIF(XUAT!$N$1:$N$5000,B617,XUAT!$O$1:$O$5000))","v":0}]
[null,null,null,null,null,null,null,{"$f":"IF(D618=\"KH\",0,E618+SUMIF(NHAP!$L$1:$L$5000,B618,NHAP!$K$1:$K$5000)-SUMIF(NHAP!$L$1:$L$5000,B618,NHAP!$M$1:$M$5000))","v":0},{"$f":"IF(D618=\"NCC\",0,F618+SUMIF(XUAT!$N$1:$N$5000,B618,XUAT!$L$1:$L$5000)-SUMIF(XUAT!$N$1:$N$5000,B618,XUAT!$O$1:$O$5000))","v":0}]
[null,null,null,null,null,null,null,{"$f":"IF(D619=\"KH\",0,E619+SUMIF(NHAP!$L$1:$L$5000,B619,NHAP!$K$1:$K$5000)-SUMIF(NHAP!$L$1:$L$5000,B619,NHAP!$M$1:$M$5000))","v":0},{"$f":"IF(D619=\"NCC\",0,F619+SUMIF(XUAT!$N$1:$N$5000,B619,XUAT!$L$1:$L$5000)-SUMIF(XUAT!$N$1:$N$5000,B619,XUAT!$O$1:$O$5000))","v":0}]
[null,null,null,null,null,null,null,{"$f":"IF(D620=\"KH\",0,E620+SUMIF(NHAP!$L$1:$L$5000,B620,NHAP!$K$1:$K$5000)-SUMIF(NHAP!$L$1:$L$5000,B620,NHAP!$M$1:$M$5000))","v":0},{"$f":"IF(D620=\"NCC\",0,F620+SUMIF(XUAT!$N$1:$N$5000,B620,XUAT!$L$1:$L$5000)-SUMIF(XUAT!$N$1:$N$5000,B620,XUAT!$O$1:$O$5000))","v":0}]
[null,null,null,null,null,null,null,{"$f":"IF(D621=\"KH\",0,E621+SUMIF(NHAP!$L$1:$L$5000,B621,NHAP!$K$1:$K$5000)-SUMIF(NHAP!$L$1:$L$5000,B621,NHAP!$M$1:$M$5000))","v":0},{"$f":"IF(D621=\"NCC\",0,F621+SUMIF(XUAT!$N$1:$N$5000,B621,XUAT!$L$1:$L$5000)-SUMIF(XUAT!$N$1:$N$5000,B621,XUAT!$O$1:$O$5000))","v":0}]
[null,null,null,null,null,null,null,{"$f":"IF(D622=\"KH\",0,E622+SUMIF(NHAP!$L$1:$L$5000,B622,NHAP!$K$1:$K$5000)-SUMIF(NHAP!$L$1:$L$5000,B622,NHAP!$M$1:$M$5000))","v":0},{"$f":"IF(D622=\"NCC\",0,F622+SUMIF(XUAT!$N$1:$N$5000,B622,XUAT!$L$1:$L$5000)-SUMIF(XUAT!$N$1:$N$5000,B622,XUAT!$O$1:$O$5000))","v":0}]
[null,null,null,null,null,null,null,{"$f":"IF(D623=\"KH\",0,E623+SUMIF(NHAP!$L$1:$L$5000,B623,NHAP!$K$1:$K$5000)-SUMIF(NHAP!$L$1:$L$5000,B623,NHAP!$M$1:$M$5000))","v":0},{"$f":"IF(D623=\"NCC\",0,F623+SUMIF(XUAT!$N$1:$N$5000,B623,XUAT!$L$1:$L$5000)-SUMIF(XUAT!$N$1:$N$5000,B623,XUAT!$O$1:$O$5000))","v":0}]
[null,null,null,null,null,null,null,{"$f":"IF(D624=\"KH\",0,E624+SUMIF(NHAP!$L$1:$L$5000,B624,NHAP!$K$1:$K$5000)-SUMIF(NHAP!$L$1:$L$5000,B624,NHAP!$M$1:$M$5000))","v":0},{"$f":"IF(D624=\"NCC\",0,F624+SUMIF(XUAT!$N$1:$N$5000,B624,XUAT!$L$1:$L$5000)-SUMIF(XUAT!$N$1:$N$5000,B624,XUAT!$O$1:$O$5000))","v":0}]
[null,null,null,null,null,null,null,{"$f":"IF(D625=\"KH\",0,E625+SUMIF(NHAP!$L$1:$L$5000,B625,NHAP!$K$1:$K$5000)-SUMIF(NHAP!$L$1:$L$5000,B625,NHAP!$M$1:$M$5000))","v":0},{"$f":"IF(D625=\"NCC\",0,F625+SUMIF(XUAT!$N$1:$N$5000,B625,XUAT!$L$1:$L$5000)-SUMIF(XUAT!$N$1:$N$5000,B625,XUAT!$O$1:$O$5000))","v":0}]
[null,null,null,null,null,null,null,{"$f":"IF(D626=\"KH\",0,E626+SUMIF(NHAP!$L$1:$L$5000,B626,NHAP!$K$1:$K$5000)-SUMIF(NHAP!$L$1:$L$5000,B626,NHAP!$M$1:$M$5000))","v":0},{"$f":"IF(D626=\"NCC\",0,F626+SUMIF(XUAT!$N$1:$N$5000,B626,XUAT!$L$1:$L$5000)-SUMIF(XUAT!$N$1:$N$5000,B626,XUAT!$O$1:$O$5000))","v":0}]
[null,null,null,null,null,null,null,{"$f":"IF(D627=\"KH\",0,E627+SUMIF(NHAP!$L$1:$L$5000,B627,NHAP!$K$1:$K$5000)-SUMIF(NHAP!$L$1:$L$5000,B627,NHAP!$M$1:$M$5000))","v":0},{"$f":"IF(D627=\"NCC\",0,F627+SUMIF(XUAT!$N$1:$N$5000,B627,XUAT!$L$1:$L$5000)-SUMIF(XUAT!$N$1:$N$5000,B627,XUAT!$O$1:$O$5000))","v":0}]
[null,null,null,null,null,null,null,{"$f":"IF(D628=\"KH\",0,E628+SUMIF(NHAP!$L$1:$L$5000,B628,NHAP!$K$1:$K$5000)-SUMIF(NHAP!$L$1:$L$5000,B628,NHAP!$M$1:$M$5000))","v":0},{"$f":"IF(D628=\"NCC\",0,F628+SUMIF(XUAT!$N$1:$N$5000,B628,XUAT!$L$1:$L$5000)-SUMIF(XUAT!$N$1:$N$5000,B628,XUAT!$O$1:$O$5000))","v":0}]
[null,null,null,null,null,null,null,{"$f":"IF(D629=\"KH\",0,E629+SUMIF(NHAP!$L$1:$L$5000,B629,NHAP!$K$1:$K$5000)-SUMIF(NHAP!$L$1:$L$5000,B629,NHAP!$M$1:$M$5000))","v":0},{"$f":"IF(D629=\"NCC\",0,F629+SUMIF(XUAT!$N$1:$N$5000,B629,XUAT!$L$1:$L$5000)-SUMIF(XUAT!$N$1:$N$5000,B629,XUAT!$O$1:$O$5000))","v":0}]
[null,null,null,null,null,null,null,{"$f":"IF(D630=\"KH\",0,E630+SUMIF(NHAP!$L$1:$L$5000,B630,NHAP!$K$1:$K$5000)-SUMIF(NHAP!$L$1:$L$5000,B630,NHAP!$M$1:$M$5000))","v":0},{"$f":"IF(D630=\"NCC\",0,F630+SUMIF(XUAT!$N$1:$N$5000,B630,XUAT!$L$1:$L$5000)-SUMIF(XUAT!$N$1:$N$5000,B630,XUAT!$O$1:$O$5000))","v":0}]
[null,null,null,null,null,null,null,{"$f":"IF(D631=\"KH\",0,E631+SUMIF(NHAP!$L$1:$L$5000,B631,NHAP!$K$1:$K$5000)-SUMIF(NHAP!$L$1:$L$5000,B631,NHAP!$M$1:$M$5000))","v":0},{"$f":"IF(D631=\"NCC\",0,F631+SUMIF(XUAT!$N$1:$N$5000,B631,XUAT!$L$1:$L$5000)-SUMIF(XUAT!$N$1:$N$5000,B631,XUAT!$O$1:$O$5000))","v":0}]
[null,null,null,null,null,null,null,{"$f":"IF(D632=\"KH\",0,E632+SUMIF(NHAP!$L$1:$L$5000,B632,NHAP!$K$1:$K$5000)-SUMIF(NHAP!$L$1:$L$5000,B632,NHAP!$M$1:$M$5000))","v":0},{"$f":"IF(D632=\"NCC\",0,F632+SUMIF(XUAT!$N$1:$N$5000,B632,XUAT!$L$1:$L$5000)-SUMIF(XUAT!$N$1:$N$5000,B632,XUAT!$O$1:$O$5000))","v":0}]
[null,null,null,null,null,null,null,{"$f":"IF(D633=\"KH\",0,E633+SUMIF(NHAP!$L$1:$L$5000,B633,NHAP!$K$1:$K$5000)-SUMIF(NHAP!$L$1:$L$5000,B633,NHAP!$M$1:$M$5000))","v":0},{"$f":"IF(D633=\"NCC\",0,F633+SUMIF(XUAT!$N$1:$N$5000,B633,XUAT!$L$1:$L$5000)-SUMIF(XUAT!$N$1:$N$5000,B633,XUAT!$O$1:$O$5000))","v":0}]
[null,null,null,null,null,null,null,{"$f":"IF(D634=\"KH\",0,E634+SUMIF(NHAP!$L$1:$L$5000,B634,NHAP!$K$1:$K$5000)-SUMIF(NHAP!$L$1:$L$5000,B634,NHAP!$M$1:$M$5000))","v":0},{"$f":"IF(D634=\"NCC\",0,F634+SUMIF(XUAT!$N$1:$N$5000,B634,XUAT!$L$1:$L$5000)-SUMIF(XUAT!$N$1:$N$5000,B634,XUAT!$O$1:$O$5000))","v":0}]
[null,null,null,null,null,null,null,{"$f":"IF(D635=\"KH\",0,E635+SUMIF(NHAP!$L$1:$L$5000,B635,NHAP!$K$1:$K$5000)-SUMIF(NHAP!$L$1:$L$5000,B635,NHAP!$M$1:$M$5000))","v":0},{"$f":"IF(D635=\"NCC\",0,F635+SUMIF(XUAT!$N$1:$N$5000,B635,XUAT!$L$1:$L$5000)-SUMIF(XUAT!$N$1:$N$5000,B635,XUAT!$O$1:$O$5000))","v":0}]
[null,null,null,null,null,null,null,{"$f":"IF(D636=\"KH\",0,E636+SUMIF(NHAP!$L$1:$L$5000,B636,NHAP!$K$1:$K$5000)-SUMIF(NHAP!$L$1:$L$5000,B636,NHAP!$M$1:$M$5000))","v":0},{"$f":"IF(D636=\"NCC\",0,F636+SUMIF(XUAT!$N$1:$N$5000,B636,XUAT!$L$1:$L$5000)-SUMIF(XUAT!$N$1:$N$5000,B636,XUAT!$O$1:$O$5000))","v":0}]
[null,null,null,null,null,null,null,{"$f":"IF(D637=\"KH\",0,E637+SUMIF(NHAP!$L$1:$L$5000,B637,NHAP!$K$1:$K$5000)-SUMIF(NHAP!$L$1:$L$5000,B637,NHAP!$M$1:$M$5000))","v":0},{"$f":"IF(D637=\"NCC\",0,F637+SUMIF(XUAT!$N$1:$N$5000,B637,XUAT!$L$1:$L$5000)-SUMIF(XUAT!$N$1:$N$5000,B637,XUAT!$O$1:$O$5000))","v":0}]
[null,null,null,null,null,null,null,{"$f":"IF(D638=\"KH\",0,E638+SUMIF(NHAP!$L$1:$L$5000,B638,NHAP!$K$1:$K$5000)-SUMIF(NHAP!$L$1:$L$5000,B638,NHAP!$M$1:$M$5000))","v":0},{"$f":"IF(D638=\"NCC\",0,F638+SUMIF(XUAT!$N$1:$N$5000,B638,XUAT!$L$1:$L$5000)-SUMIF(XUAT!$N$1:$N$5000,B638,XUAT!$O$1:$O$5000))","v":0}]
[null,null,null,null,null,null,null,{"$f":"IF(D639=\"KH\",0,E639+SUMIF(NHAP!$L$1:$L$5000,B639,NHAP!$K$1:$K$5000)-SUMIF(NHAP!$L$1:$L$5000,B639,NHAP!$M$1:$M$5000))","v":0},{"$f":"IF(D639=\"NCC\",0,F639+SUMIF(XUAT!$N$1:$N$5000,B639,XUAT!$L$1:$L$5000)-SUMIF(XUAT!$N$1:$N$5000,B639,XUAT!$O$1:$O$5000))","v":0}]
[null,null,null,null,null,null,null,{"$f":"IF(D640=\"KH\",0,E640+SUMIF(NHAP!$L$1:$L$5000,B640,NHAP!$K$1:$K$5000)-SUMIF(NHAP!$L$1:$L$5000,B640,NHAP!$M$1:$M$5000))","v":0},{"$f":"IF(D640=\"NCC\",0,F640+SUMIF(XUAT!$N$1:$N$5000,B640,XUAT!$L$1:$L$5000)-SUMIF(XUAT!$N$1:$N$5000,B640,XUAT!$O$1:$O$5000))","v":0}]
[null,null,null,null,null,null,null,{"$f":"IF(D641=\"KH\",0,E641+SUMIF(NHAP!$L$1:$L$5000,B641,NHAP!$K$1:$K$5000)-SUMIF(NHAP!$L$1:$L$5000,B641,NHAP!$M$1:$M$5000))","v":0},{"$f":"IF(D641=\"NCC\",0,F641+SUMIF(XUAT!$N$1:$N$5000,B641,XUAT!$L$1:$L$5000)-SUMIF(XUAT!$N$1:$N$5000,B641,XUAT!$O$1:$O$5000))","v":0}]
[null,null,null,null,null,null,null,{"$f":"IF(D642=\"KH\",0,E642+SUMIF(NHAP!$L$1:$L$5000,B642,NHAP!$K$1:$K$5000)-SUMIF(NHAP!$L$1:$L$5000,B642,NHAP!$M$1:$M$5000))","v":0},{"$f":"IF(D642=\"NCC\",0,F642+SUMIF(XUAT!$N$1:$N$5000,B642,XUAT!$L$1:$L$5000)-SUMIF(XUAT!$N$1:$N$5000,B642,XUAT!$O$1:$O$5000))","v":0}]
[null,null,null,null,null,null,null,{"$f":"IF(D643=\"KH\",0,E643+SUMIF(NHAP!$L$1:$L$5000,B643,NHAP!$K$1:$K$5000)-SUMIF(NHAP!$L$1:$L$5000,B643,NHAP!$M$1:$M$5000))","v":0},{"$f":"IF(D643=\"NCC\",0,F643+SUMIF(XUAT!$N$1:$N$5000,B643,XUAT!$L$1:$L$5000)-SUMIF(XUAT!$N$1:$N$5000,B643,XUAT!$O$1:$O$5000))","v":0}]
[null,null,null,null,null,null,null,{"$f":"IF(D644=\"KH\",0,E644+SUMIF(NHAP!$L$1:$L$5000,B644,NHAP!$K$1:$K$5000)-SUMIF(NHAP!$L$1:$L$5000,B644,NHAP!$M$1:$M$5000))","v":0},{"$f":"IF(D644=\"NCC\",0,F644+SUMIF(XUAT!$N$1:$N$5000,B644,XUAT!$L$1:$L$5000)-SUMIF(XUAT!$N$1:$N$5000,B644,XUAT!$O$1:$O$5000))","v":0}]
[null,null,null,null,null,null,null,{"$f":"IF(D645=\"KH\",0,E645+SUMIF(NHAP!$L$1:$L$5000,B645,NHAP!$K$1:$K$5000)-SUMIF(NHAP!$L$1:$L$5000,B645,NHAP!$M$1:$M$5000))","v":0},{"$f":"IF(D645=\"NCC\",0,F645+SUMIF(XUAT!$N$1:$N$5000,B645,XUAT!$L$1:$L$5000)-SUMIF(XUAT!$N$1:$N$5000,B645,XUAT!$O$1:$O$5000))","v":0}]
[null,null,null,null,null,null,null,{"$f":"IF(D646=\"KH\",0,E646+SUMIF(NHAP!$L$1:$L$5000,B646,NHAP!$K$1:$K$5000)-SUMIF(NHAP!$L$1:$L$5000,B646,NHAP!$M$1:$M$5000))","v":0},{"$f":"IF(D646=\"NCC\",0,F646+SUMIF(XUAT!$N$1:$N$5000,B646,XUAT!$L$1:$L$5000)-SUMIF(XUAT!$N$1:$N$5000,B646,XUAT!$O$1:$O$5000))","v":0}]
[null,null,null,null,null,null,null,{"$f":"IF(D647=\"KH\",0,E647+SUMIF(NHAP!$L$1:$L$5000,B647,NHAP!$K$1:$K$5000)-SUMIF(NHAP!$L$1:$L$5000,B647,NHAP!$M$1:$M$5000))","v":0},{"$f":"IF(D647=\"NCC\",0,F647+SUMIF(XUAT!$N$1:$N$5000,B647,XUAT!$L$1:$L$5000)-SUMIF(XUAT!$N$1:$N$5000,B647,XUAT!$O$1:$O$5000))","v":0}]
[null,null,null,null,null,null,null,{"$f":"IF(D648=\"KH\",0,E648+SUMIF(NHAP!$L$1:$L$5000,B648,NHAP!$K$1:$K$5000)-SUMIF(NHAP!$L$1:$L$5000,B648,NHAP!$M$1:$M$5000))","v":0},{"$f":"IF(D648=\"NCC\",0,F648+SUMIF(XUAT!$N$1:$N$5000,B648,XUAT!$L$1:$L$5000)-SUMIF(XUAT!$N$1:$N$5000,B648,XUAT!$O$1:$O$5000))","v":0}]
[null,null,null,null,null,null,null,{"$f":"IF(D649=\"KH\",0,E649+SUMIF(NHAP!$L$1:$L$5000,B649,NHAP!$K$1:$K$5000)-SUMIF(NHAP!$L$1:$L$5000,B649,NHAP!$M$1:$M$5000))","v":0},{"$f":"IF(D649=\"NCC\",0,F649+SUMIF(XUAT!$N$1:$N$5000,B649,XUAT!$L$1:$L$5000)-SUMIF(XUAT!$N$1:$N$5000,B649,XUAT!$O$1:$O$5000))","v":0}]
[null,null,null,null,null,null,null,{"$f":"IF(D650=\"KH\",0,E650+SUMIF(NHAP!$L$1:$L$5000,B650,NHAP!$K$1:$K$5000)-SUMIF(NHAP!$L$1:$L$5000,B650,NHAP!$M$1:$M$5000))","v":0},{"$f":"IF(D650=\"NCC\",0,F650+SUMIF(XUAT!$N$1:$N$5000,B650,XUAT!$L$1:$L$5000)-SUMIF(XUAT!$N$1:$N$5000,B650,XUAT!$O$1:$O$5000))","v":0}]
[null,null,null,null,null,null,null,{"$f":"IF(D651=\"KH\",0,E651+SUMIF(NHAP!$L$1:$L$5000,B651,NHAP!$K$1:$K$5000)-SUMIF(NHAP!$L$1:$L$5000,B651,NHAP!$M$1:$M$5000))","v":0},{"$f":"IF(D651=\"NCC\",0,F651+SUMIF(XUAT!$N$1:$N$5000,B651,XUAT!$L$1:$L$5000)-SUMIF(XUAT!$N$1:$N$5000,B651,XUAT!$O$1:$O$5000))","v":0}]
[null,null,null,null,null,null,null,{"$f":"IF(D652=\"KH\",0,E652+SUMIF(NHAP!$L$1:$L$5000,B652,NHAP!$K$1:$K$5000)-SUMIF(NHAP!$L$1:$L$5000,B652,NHAP!$M$1:$M$5000))","v":0},{"$f":"IF(D652=\"NCC\",0,F652+SUMIF(XUAT!$N$1:$N$5000,B652,XUAT!$L$1:$L$5000)-SUMIF(XUAT!$N$1:$N$5000,B652,XUAT!$O$1:$O$5000))","v":0}]
[null,null,null,null,null,null,null,{"$f":"IF(D653=\"KH\",0,E653+SUMIF(NHAP!$L$1:$L$5000,B653,NHAP!$K$1:$K$5000)-SUMIF(NHAP!$L$1:$L$5000,B653,NHAP!$M$1:$M$5000))","v":0},{"$f":"IF(D653=\"NCC\",0,F653+SUMIF(XUAT!$N$1:$N$5000,B653,XUAT!$L$1:$L$5000)-SUMIF(XUAT!$N$1:$N$5000,B653,XUAT!$O$1:$O$5000))","v":0}]
[null,null,null,null,null,null,null,{"$f":"IF(D654=\"KH\",0,E654+SUMIF(NHAP!$L$1:$L$5000,B654,NHAP!$K$1:$K$5000)-SUMIF(NHAP!$L$1:$L$5000,B654,NHAP!$M$1:$M$5000))","v":0},{"$f":"IF(D654=\"NCC\",0,F654+SUMIF(XUAT!$N$1:$N$5000,B654,XUAT!$L$1:$L$5000)-SUMIF(XUAT!$N$1:$N$5000,B654,XUAT!$O$1:$O$5000))","v":0}]
[null,null,null,null,null,null,null,{"$f":"IF(D655=\"KH\",0,E655+SUMIF(NHAP!$L$1:$L$5000,B655,NHAP!$K$1:$K$5000)-SUMIF(NHAP!$L$1:$L$5000,B655,NHAP!$M$1:$M$5000))","v":0},{"$f":"IF(D655=\"NCC\",0,F655+SUMIF(XUAT!$N$1:$N$5000,B655,XUAT!$L$1:$L$5000)-SUMIF(XUAT!$N$1:$N$5000,B655,XUAT!$O$1:$O$5000))","v":0}]
[null,null,null,null,null,null,null,{"$f":"IF(D656=\"KH\",0,E656+SUMIF(NHAP!$L$1:$L$5000,B656,NHAP!$K$1:$K$5000)-SUMIF(NHAP!$L$1:$L$5000,B656,NHAP!$M$1:$M$5000))","v":0},{"$f":"IF(D656=\"NCC\",0,F656+SUMIF(XUAT!$N$1:$N$5000,B656,XUAT!$L$1:$L$5000)-SUMIF(XUAT!$N$1:$N$5000,B656,XUAT!$O$1:$O$5000))","v":0}]
[null,null,null,null,null,null,null,{"$f":"IF(D657=\"KH\",0,E657+SUMIF(NHAP!$L$1:$L$5000,B657,NHAP!$K$1:$K$5000)-SUMIF(NHAP!$L$1:$L$5000,B657,NHAP!$M$1:$M$5000))","v":0},{"$f":"IF(D657=\"NCC\",0,F657+SUMIF(XUAT!$N$1:$N$5000,B657,XUAT!$L$1:$L$5000)-SUMIF(XUAT!$N$1:$N$5000,B657,XUAT!$O$1:$O$5000))","v":0}]
[null,null,null,null,null,null,null,{"$f":"IF(D658=\"KH\",0,E658+SUMIF(NHAP!$L$1:$L$5000,B658,NHAP!$K$1:$K$5000)-SUMIF(NHAP!$L$1:$L$5000,B658,NHAP!$M$1:$M$5000))","v":0},{"$f":"IF(D658=\"NCC\",0,F658+SUMIF(XUAT!$N$1:$N$5000,B658,XUAT!$L$1:$L$5000)-SUMIF(XUAT!$N$1:$N$5000,B658,XUAT!$O$1:$O$5000))","v":0}]
[null,null,null,null,null,null,null,{"$f":"IF(D659=\"KH\",0,E659+SUMIF(NHAP!$L$1:$L$5000,B659,NHAP!$K$1:$K$5000)-SUMIF(NHAP!$L$1:$L$5000,B659,NHAP!$M$1:$M$5000))","v":0},{"$f":"IF(D659=\"NCC\",0,F659+SUMIF(XUAT!$N$1:$N$5000,B659,XUAT!$L$1:$L$5000)-SUMIF(XUAT!$N$1:$N$5000,B659,XUAT!$O$1:$O$5000))","v":0}]
[null,null,null,null,null,null,null,{"$f":"IF(D660=\"KH\",0,E660+SUMIF(NHAP!$L$1:$L$5000,B660,NHAP!$K$1:$K$5000)-SUMIF(NHAP!$L$1:$L$5000,B660,NHAP!$M$1:$M$5000))","v":0},{"$f":"IF(D660=\"NCC\",0,F660+SUMIF(XUAT!$N$1:$N$5000,B660,XUAT!$L$1:$L$5000)-SUMIF(XUAT!$N$1:$N$5000,B660,XUAT!$O$1:$O$5000))","v":0}]
[null,null,null,null,null,null,null,{"$f":"IF(D661=\"KH\",0,E661+SUMIF(NHAP!$L$1:$L$5000,B661,NHAP!$K$1:$K$5000)-SUMIF(NHAP!$L$1:$L$5000,B661,NHAP!$M$1:$M$5000))","v":0},{"$f":"IF(D661=\"NCC\",0,F661+SUMIF(XUAT!$N$1:$N$5000,B661,XUAT!$L$1:$L$5000)-SUMIF(XUAT!$N$1:$N$5000,B661,XUAT!$O$1:$O$5000))","v":0}]
[null,null,null,null,null,null,null,{"$f":"IF(D662=\"KH\",0,E662+SUMIF(NHAP!$L$1:$L$5000,B662,NHAP!$K$1:$K$5000)-SUMIF(NHAP!$L$1:$L$5000,B662,NHAP!$M$1:$M$5000))","v":0},{"$f":"IF(D662=\"NCC\",0,F662+SUMIF(XUAT!$N$1:$N$5000,B662,XUAT!$L$1:$L$5000)-SUMIF(XUAT!$N$1:$N$5000,B662,XUAT!$O$1:$O$5000))","v":0}]
[null,null,null,null,null,null,null,{"$f":"IF(D663=\"KH\",0,E663+SUMIF(NHAP!$L$1:$L$5000,B663,NHAP!$K$1:$K$5000)-SUMIF(NHAP!$L$1:$L$5000,B663,NHAP!$M$1:$M$5000))","v":0},{"$f":"IF(D663=\"NCC\",0,F663+SUMIF(XUAT!$N$1:$N$5000,B663,XUAT!$L$1:$L$5000)-SUMIF(XUAT!$N$1:$N$5000,B663,XUAT!$O$1:$O$5000))","v":0}]
[null,null,null,null,null,null,null,{"$f":"IF(D664=\"KH\",0,E664+SUMIF(NHAP!$L$1:$L$5000,B664,NHAP!$K$1:$K$5000)-SUMIF(NHAP!$L$1:$L$5000,B664,NHAP!$M$1:$M$5000))","v":0},{"$f":"IF(D664=\"NCC\",0,F664+SUMIF(XUAT!$N$1:$N$5000,B664,XUAT!$L$1:$L$5000)-SUMIF(XUAT!$N$1:$N$5000,B664,XUAT!$O$1:$O$5000))","v":0}]
[null,null,null,null,null,null,null,{"$f":"IF(D665=\"KH\",0,E665+SUMIF(NHAP!$L$1:$L$5000,B665,NHAP!$K$1:$K$5000)-SUMIF(NHAP!$L$1:$L$5000,B665,NHAP!$M$1:$M$5000))","v":0},{"$f":"IF(D665=\"NCC\",0,F665+SUMIF(XUAT!$N$1:$N$5000,B665,XUAT!$L$1:$L$5000)-SUMIF(XUAT!$N$1:$N$5000,B665,XUAT!$O$1:$O$5000))","v":0}]
[null,null,null,null,null,null,null,{"$f":"IF(D666=\"KH\",0,E666+SUMIF(NHAP!$L$1:$L$5000,B666,NHAP!$K$1:$K$5000)-SUMIF(NHAP!$L$1:$L$5000,B666,NHAP!$M$1:$M$5000))","v":0},{"$f":"IF(D666=\"NCC\",0,F666+SUMIF(XUAT!$N$1:$N$5000,B666,XUAT!$L$1:$L$5000)-SUMIF(XUAT!$N$1:$N$5000,B666,XUAT!$O$1:$O$5000))","v":0}]
[null,null,null,null,null,null,null,{"$f":"IF(D667=\"KH\",0,E667+SUMIF(NHAP!$L$1:$L$5000,B667,NHAP!$K$1:$K$5000)-SUMIF(NHAP!$L$1:$L$5000,B667,NHAP!$M$1:$M$5000))","v":0},{"$f":"IF(D667=\"NCC\",0,F667+SUMIF(XUAT!$N$1:$N$5000,B667,XUAT!$L$1:$L$5000)-SUMIF(XUAT!$N$1:$N$5000,B667,XUAT!$O$1:$O$5000))","v":0}]
[null,null,null,null,null,null,null,{"$f":"IF(D668=\"KH\",0,E668+SUMIF(NHAP!$L$1:$L$5000,B668,NHAP!$K$1:$K$5000)-SUMIF(NHAP!$L$1:$L$5000,B668,NHAP!$M$1:$M$5000))","v":0},{"$f":"IF(D668=\"NCC\",0,F668+SUMIF(XUAT!$N$1:$N$5000,B668,XUAT!$L$1:$L$5000)-SUMIF(XUAT!$N$1:$N$5000,B668,XUAT!$O$1:$O$5000))","v":0}]
[null,null,null,null,null,null,null,{"$f":"IF(D669=\"KH\",0,E669+SUMIF(NHAP!$L$1:$L$5000,B669,NHAP!$K$1:$K$5000)-SUMIF(NHAP!$L$1:$L$5000,B669,NHAP!$M$1:$M$5000))","v":0},{"$f":"IF(D669=\"NCC\",0,F669+SUMIF(XUAT!$N$1:$N$5000,B669,XUAT!$L$1:$L$5000)-SUMIF(XUAT!$N$1:$N$5000,B669,XUAT!$O$1:$O$5000))","v":0}]
[null,null,null,null,null,null,null,{"$f":"IF(D670=\"KH\",0,E670+SUMIF(NHAP!$L$1:$L$5000,B670,NHAP!$K$1:$K$5000)-SUMIF(NHAP!$L$1:$L$5000,B670,NHAP!$M$1:$M$5000))","v":0},{"$f":"IF(D670=\"NCC\",0,F670+SUMIF(XUAT!$N$1:$N$5000,B670,XUAT!$L$1:$L$5000)-SUMIF(XUAT!$N$1:$N$5000,B670,XUAT!$O$1:$O$5000))","v":0}]
[null,null,null,null,null,null,null,{"$f":"IF(D671=\"KH\",0,E671+SUMIF(NHAP!$L$1:$L$5000,B671,NHAP!$K$1:$K$5000)-SUMIF(NHAP!$L$1:$L$5000,B671,NHAP!$M$1:$M$5000))","v":0},{"$f":"IF(D671=\"NCC\",0,F671+SUMIF(XUAT!$N$1:$N$5000,B671,XUAT!$L$1:$L$5000)-SUMIF(XUAT!$N$1:$N$5000,B671,XUAT!$O$1:$O$5000))","v":0}]
[null,null,null,null,null,null,null,{"$f":"IF(D672=\"KH\",0,E672+SUMIF(NHAP!$L$1:$L$5000,B672,NHAP!$K$1:$K$5000)-SUMIF(NHAP!$L$1:$L$5000,B672,NHAP!$M$1:$M$5000))","v":0},{"$f":"IF(D672=\"NCC\",0,F672+SUMIF(XUAT!$N$1:$N$5000,B672,XUAT!$L$1:$L$5000)-SUMIF(XUAT!$N$1:$N$5000,B672,XUAT!$O$1:$O$5000))","v":0}]
[null,null,null,null,null,null,null,{"$f":"IF(D673=\"KH\",0,E673+SUMIF(NHAP!$L$1:$L$5000,B673,NHAP!$K$1:$K$5000)-SUMIF(NHAP!$L$1:$L$5000,B673,NHAP!$M$1:$M$5000))","v":0},{"$f":"IF(D673=\"NCC\",0,F673+SUMIF(XUAT!$N$1:$N$5000,B673,XUAT!$L$1:$L$5000)-SUMIF(XUAT!$N$1:$N$5000,B673,XUAT!$O$1:$O$5000))","v":0}]
[null,null,null,null,null,null,null,{"$f":"IF(D674=\"KH\",0,E674+SUMIF(NHAP!$L$1:$L$5000,B674,NHAP!$K$1:$K$5000)-SUMIF(NHAP!$L$1:$L$5000,B674,NHAP!$M$1:$M$5000))","v":0},{"$f":"IF(D674=\"NCC\",0,F674+SUMIF(XUAT!$N$1:$N$5000,B674,XUAT!$L$1:$L$5000)-SUMIF(XUAT!$N$1:$N$5000,B674,XUAT!$O$1:$O$5000))","v":0}]
[null,null,null,null,null,null,null,{"$f":"IF(D675=\"KH\",0,E675+SUMIF(NHAP!$L$1:$L$5000,B675,NHAP!$K$1:$K$5000)-SUMIF(NHAP!$L$1:$L$5000,B675,NHAP!$M$1:$M$5000))","v":0},{"$f":"IF(D675=\"NCC\",0,F675+SUMIF(XUAT!$N$1:$N$5000,B675,XUAT!$L$1:$L$5000)-SUMIF(XUAT!$N$1:$N$5000,B675,XUAT!$O$1:$O$5000))","v":0}]
[null,null,null,null,null,null,null,{"$f":"IF(D676=\"KH\",0,E676+SUMIF(NHAP!$L$1:$L$5000,B676,NHAP!$K$1:$K$5000)-SUMIF(NHAP!$L$1:$L$5000,B676,NHAP!$M$1:$M$5000))","v":0},{"$f":"IF(D676=\"NCC\",0,F676+SUMIF(XUAT!$N$1:$N$5000,B676,XUAT!$L$1:$L$5000)-SUMIF(XUAT!$N$1:$N$5000,B676,XUAT!$O$1:$O$5000))","v":0}]
[null,null,null,null,null,null,null,{"$f":"IF(D677=\"KH\",0,E677+SUMIF(NHAP!$L$1:$L$5000,B677,NHAP!$K$1:$K$5000)-SUMIF(NHAP!$L$1:$L$5000,B677,NHAP!$M$1:$M$5000))","v":0},{"$f":"IF(D677=\"NCC\",0,F677+SUMIF(XUAT!$N$1:$N$5000,B677,XUAT!$L$1:$L$5000)-SUMIF(XUAT!$N$1:$N$5000,B677,XUAT!$O$1:$O$5000))","v":0}]
[null,null,null,null,null,null,null,{"$f":"IF(D678=\"KH\",0,E678+SUMIF(NHAP!$L$1:$L$5000,B678,NHAP!$K$1:$K$5000)-SUMIF(NHAP!$L$1:$L$5000,B678,NHAP!$M$1:$M$5000))","v":0},{"$f":"IF(D678=\"NCC\",0,F678+SUMIF(XUAT!$N$1:$N$5000,B678,XUAT!$L$1:$L$5000)-SUMIF(XUAT!$N$1:$N$5000,B678,XUAT!$O$1:$O$5000))","v":0}]
[null,null,null,null,null,null,null,{"$f":"IF(D679=\"KH\",0,E679+SUMIF(NHAP!$L$1:$L$5000,B679,NHAP!$K$1:$K$5000)-SUMIF(NHAP!$L$1:$L$5000,B679,NHAP!$M$1:$M$5000))","v":0},{"$f":"IF(D679=\"NCC\",0,F679+SUMIF(XUAT!$N$1:$N$5000,B679,XUAT!$L$1:$L$5000)-SUMIF(XUAT!$N$1:$N$5000,B679,XUAT!$O$1:$O$5000))","v":0}]
[null,null,null,null,null,null,null,{"$f":"IF(D680=\"KH\",0,E680+SUMIF(NHAP!$L$1:$L$5000,B680,NHAP!$K$1:$K$5000)-SUMIF(NHAP!$L$1:$L$5000,B680,NHAP!$M$1:$M$5000))","v":0},{"$f":"IF(D680=\"NCC\",0,F680+SUMIF(XUAT!$N$1:$N$5000,B680,XUAT!$L$1:$L$5000)-SUMIF(XUAT!$N$1:$N$5000,B680,XUAT!$O$1:$O$5000))","v":0}]
[null,null,null,null,null,null,null,{"$f":"IF(D681=\"KH\",0,E681+SUMIF(NHAP!$L$1:$L$5000,B681,NHAP!$K$1:$K$5000)-SUMIF(NHAP!$L$1:$L$5000,B681,NHAP!$M$1:$M$5000))","v":0},{"$f":"IF(D681=\"NCC\",0,F681+SUMIF(XUAT!$N$1:$N$5000,B681,XUAT!$L$1:$L$5000)-SUMIF(XUAT!$N$1:$N$5000,B681,XUAT!$O$1:$O$5000))","v":0}]
[null,null,null,null,null,null,null,{"$f":"IF(D682=\"KH\",0,E682+SUMIF(NHAP!$L$1:$L$5000,B682,NHAP!$K$1:$K$5000)-SUMIF(NHAP!$L$1:$L$5000,B682,NHAP!$M$1:$M$5000))","v":0},{"$f":"IF(D682=\"NCC\",0,F682+SUMIF(XUAT!$N$1:$N$5000,B682,XUAT!$L$1:$L$5000)-SUMIF(XUAT!$N$1:$N$5000,B682,XUAT!$O$1:$O$5000))","v":0}]
[null,null,null,null,null,null,null,{"$f":"IF(D683=\"KH\",0,E683+SUMIF(NHAP!$L$1:$L$5000,B683,NHAP!$K$1:$K$5000)-SUMIF(NHAP!$L$1:$L$5000,B683,NHAP!$M$1:$M$5000))","v":0},{"$f":"IF(D683=\"NCC\",0,F683+SUMIF(XUAT!$N$1:$N$5000,B683,XUAT!$L$1:$L$5000)-SUMIF(XUAT!$N$1:$N$5000,B683,XUAT!$O$1:$O$5000))","v":0}]
[null,null,null,null,null,null,null,{"$f":"IF(D684=\"KH\",0,E684+SUMIF(NHAP!$L$1:$L$5000,B684,NHAP!$K$1:$K$5000)-SUMIF(NHAP!$L$1:$L$5000,B684,NHAP!$M$1:$M$5000))","v":0},{"$f":"IF(D684=\"NCC\",0,F684+SUMIF(XUAT!$N$1:$N$5000,B684,XUAT!$L$1:$L$5000)-SUMIF(XUAT!$N$1:$N$5000,B684,XUAT!$O$1:$O$5000))","v":0}]
[null,null,null,null,null,null,null,{"$f":"IF(D685=\"KH\",0,E685+SUMIF(NHAP!$L$1:$L$5000,B685,NHAP!$K$1:$K$5000)-SUMIF(NHAP!$L$1:$L$5000,B685,NHAP!$M$1:$M$5000))","v":0},{"$f":"IF(D685=\"NCC\",0,F685+SUMIF(XUAT!$N$1:$N$5000,B685,XUAT!$L$1:$L$5000)-SUMIF(XUAT!$N$1:$N$5000,B685,XUAT!$O$1:$O$5000))","v":0}]
[null,null,null,null,null,null,null,{"$f":"IF(D686=\"KH\",0,E686+SUMIF(NHAP!$L$1:$L$5000,B686,NHAP!$K$1:$K$5000)-SUMIF(NHAP!$L$1:$L$5000,B686,NHAP!$M$1:$M$5000))","v":0},{"$f":"IF(D686=\"NCC\",0,F686+SUMIF(XUAT!$N$1:$N$5000,B686,XUAT!$L$1:$L$5000)-SUMIF(XUAT!$N$1:$N$5000,B686,XUAT!$O$1:$O$5000))","v":0}]
[null,null,null,null,null,null,null,{"$f":"IF(D687=\"KH\",0,E687+SUMIF(NHAP!$L$1:$L$5000,B687,NHAP!$K$1:$K$5000)-SUMIF(NHAP!$L$1:$L$5000,B687,NHAP!$M$1:$M$5000))","v":0},{"$f":"IF(D687=\"NCC\",0,F687+SUMIF(XUAT!$N$1:$N$5000,B687,XUAT!$L$1:$L$5000)-SUMIF(XUAT!$N$1:$N$5000,B687,XUAT!$O$1:$O$5000))","v":0}]
[null,null,null,null,null,null,null,{"$f":"IF(D688=\"KH\",0,E688+SUMIF(NHAP!$L$1:$L$5000,B688,NHAP!$K$1:$K$5000)-SUMIF(NHAP!$L$1:$L$5000,B688,NHAP!$M$1:$M$5000))","v":0},{"$f":"IF(D688=\"NCC\",0,F688+SUMIF(XUAT!$N$1:$N$5000,B688,XUAT!$L$1:$L$5000)-SUMIF(XUAT!$N$1:$N$5000,B688,XUAT!$O$1:$O$5000))","v":0}]
[null,null,null,null,null,null,null,{"$f":"IF(D689=\"KH\",0,E689+SUMIF(NHAP!$L$1:$L$5000,B689,NHAP!$K$1:$K$5000)-SUMIF(NHAP!$L$1:$L$5000,B689,NHAP!$M$1:$M$5000))","v":0},{"$f":"IF(D689=\"NCC\",0,F689+SUMIF(XUAT!$N$1:$N$5000,B689,XUAT!$L$1:$L$5000)-SUMIF(XUAT!$N$1:$N$5000,B689,XUAT!$O$1:$O$5000))","v":0}]
[null,null,null,null,null,null,null,{"$f":"IF(D690=\"KH\",0,E690+SUMIF(NHAP!$L$1:$L$5000,B690,NHAP!$K$1:$K$5000)-SUMIF(NHAP!$L$1:$L$5000,B690,NHAP!$M$1:$M$5000))","v":0},{"$f":"IF(D690=\"NCC\",0,F690+SUMIF(XUAT!$N$1:$N$5000,B690,XUAT!$L$1:$L$5000)-SUMIF(XUAT!$N$1:$N$5000,B690,XUAT!$O$1:$O$5000))","v":0}]
[null,null,null,null,null,null,null,{"$f":"IF(D691=\"KH\",0,E691+SUMIF(NHAP!$L$1:$L$5000,B691,NHAP!$K$1:$K$5000)-SUMIF(NHAP!$L$1:$L$5000,B691,NHAP!$M$1:$M$5000))","v":0},{"$f":"IF(D691=\"NCC\",0,F691+SUMIF(XUAT!$N$1:$N$5000,B691,XUAT!$L$1:$L$5000)-SUMIF(XUAT!$N$1:$N$5000,B691,XUAT!$O$1:$O$5000))","v":0}]
[null,null,null,null,null,null,null,{"$f":"IF(D692=\"KH\",0,E692+SUMIF(NHAP!$L$1:$L$5000,B692,NHAP!$K$1:$K$5000)-SUMIF(NHAP!$L$1:$L$5000,B692,NHAP!$M$1:$M$5000))","v":0},{"$f":"IF(D692=\"NCC\",0,F692+SUMIF(XUAT!$N$1:$N$5000,B692,XUAT!$L$1:$L$5000)-SUMIF(XUAT!$N$1:$N$5000,B692,XUAT!$O$1:$O$5000))","v":0}]
[null,null,null,null,null,null,null,{"$f":"IF(D693=\"KH\",0,E693+SUMIF(NHAP!$L$1:$L$5000,B693,NHAP!$K$1:$K$5000)-SUMIF(NHAP!$L$1:$L$5000,B693,NHAP!$M$1:$M$5000))","v":0},{"$f":"IF(D693=\"NCC\",0,F693+SUMIF(XUAT!$N$1:$N$5000,B693,XUAT!$L$1:$L$5000)-SUMIF(XUAT!$N$1:$N$5000,B693,XUAT!$O$1:$O$5000))","v":0}]
[null,null,null,null,null,null,null,{"$f":"IF(D694=\"KH\",0,E694+SUMIF(NHAP!$L$1:$L$5000,B694,NHAP!$K$1:$K$5000)-SUMIF(NHAP!$L$1:$L$5000,B694,NHAP!$M$1:$M$5000))","v":0},{"$f":"IF(D694=\"NCC\",0,F694+SUMIF(XUAT!$N$1:$N$5000,B694,XUAT!$L$1:$L$5000)-SUMIF(XUAT!$N$1:$N$5000,B694,XUAT!$O$1:$O$5000))","v":0}]
[null,null,null,null,null,null,null,{"$f":"IF(D695=\"KH\",0,E695+SUMIF(NHAP!$L$1:$L$5000,B695,NHAP!$K$1:$K$5000)-SUMIF(NHAP!$L$1:$L$5000,B695,NHAP!$M$1:$M$5000))","v":0},{"$f":"IF(D695=\"NCC\",0,F695+SUMIF(XUAT!$N$1:$N$5000,B695,XUAT!$L$1:$L$5000)-SUMIF(XUAT!$N$1:$N$5000,B695,XUAT!$O$1:$O$5000))","v":0}]
[null,null,null,null,null,null,null,{"$f":"IF(D696=\"KH\",0,E696+SUMIF(NHAP!$L$1:$L$5000,B696,NHAP!$K$1:$K$5000)-SUMIF(NHAP!$L$1:$L$5000,B696,NHAP!$M$1:$M$5000))","v":0},{"$f":"IF(D696=\"NCC\",0,F696+SUMIF(XUAT!$N$1:$N$5000,B696,XUAT!$L$1:$L$5000)-SUMIF(XUAT!$N$1:$N$5000,B696,XUAT!$O$1:$O$5000))","v":0}]
[null,null,null,null,null,null,null,{"$f":"IF(D697=\"KH\",0,E697+SUMIF(NHAP!$L$1:$L$5000,B697,NHAP!$K$1:$K$5000)-SUMIF(NHAP!$L$1:$L$5000,B697,NHAP!$M$1:$M$5000))","v":0},{"$f":"IF(D697=\"NCC\",0,F697+SUMIF(XUAT!$N$1:$N$5000,B697,XUAT!$L$1:$L$5000)-SUMIF(XUAT!$N$1:$N$5000,B697,XUAT!$O$1:$O$5000))","v":0}]
[null,null,null,null,null,null,null,{"$f":"IF(D698=\"KH\",0,E698+SUMIF(NHAP!$L$1:$L$5000,B698,NHAP!$K$1:$K$5000)-SUMIF(NHAP!$L$1:$L$5000,B698,NHAP!$M$1:$M$5000))","v":0},{"$f":"IF(D698=\"NCC\",0,F698+SUMIF(XUAT!$N$1:$N$5000,B698,XUAT!$L$1:$L$5000)-SUMIF(XUAT!$N$1:$N$5000,B698,XUAT!$O$1:$O$5000))","v":0}]
[null,null,null,null,null,null,null,{"$f":"IF(D699=\"KH\",0,E699+SUMIF(NHAP!$L$1:$L$5000,B699,NHAP!$K$1:$K$5000)-SUMIF(NHAP!$L$1:$L$5000,B699,NHAP!$M$1:$M$5000))","v":0},{"$f":"IF(D699=\"NCC\",0,F699+SUMIF(XUAT!$N$1:$N$5000,B699,XUAT!$L$1:$L$5000)-SUMIF(XUAT!$N$1:$N$5000,B699,XUAT!$O$1:$O$5000))","v":0}]
[null,null,null,null,null,null,null,{"$f":"IF(D700=\"KH\",0,E700+SUMIF(NHAP!$L$1:$L$5000,B700,NHAP!$K$1:$K$5000)-SUMIF(NHAP!$L$1:$L$5000,B700,NHAP!$M$1:$M$5000))","v":0},{"$f":"IF(D700=\"NCC\",0,F700+SUMIF(XUAT!$N$1:$N$5000,B700,XUAT!$L$1:$L$5000)-SUMIF(XUAT!$N$1:$N$5000,B700,XUAT!$O$1:$O$5000))","v":0}]
[null,null,null,null,null,null,null,{"$f":"IF(D701=\"KH\",0,E701+SUMIF(NHAP!$L$1:$L$5000,B701,NHAP!$K$1:$K$5000)-SUMIF(NHAP!$L$1:$L$5000,B701,NHAP!$M$1:$M$5000))","v":0},{"$f":"IF(D701=\"NCC\",0,F701+SUMIF(XUAT!$N$1:$N$5000,B701,XUAT!$L$1:$L$5000)-SUMIF(XUAT!$N$1:$N$5000,B701,XUAT!$O$1:$O$5000))","v":0}]
[null,null,null,null,null,null,null,{"$f":"IF(D702=\"KH\",0,E702+SUMIF(NHAP!$L$1:$L$5000,B702,NHAP!$K$1:$K$5000)-SUMIF(NHAP!$L$1:$L$5000,B702,NHAP!$M$1:$M$5000))","v":0},{"$f":"IF(D702=\"NCC\",0,F702+SUMIF(XUAT!$N$1:$N$5000,B702,XUAT!$L$1:$L$5000)-SUMIF(XUAT!$N$1:$N$5000,B702,XUAT!$O$1:$O$5000))","v":0}]
[null,null,null,null,null,null,null,{"$f":"IF(D703=\"KH\",0,E703+SUMIF(NHAP!$L$1:$L$5000,B703,NHAP!$K$1:$K$5000)-SUMIF(NHAP!$L$1:$L$5000,B703,NHAP!$M$1:$M$5000))","v":0},{"$f":"IF(D703=\"NCC\",0,F703+SUMIF(XUAT!$N$1:$N$5000,B703,XUAT!$L$1:$L$5000)-SUMIF(XUAT!$N$1:$N$5000,B703,XUAT!$O$1:$O$5000))","v":0}]
[null,null,null,null,null,null,null,{"$f":"IF(D704=\"KH\",0,E704+SUMIF(NHAP!$L$1:$L$5000,B704,NHAP!$K$1:$K$5000)-SUMIF(NHAP!$L$1:$L$5000,B704,NHAP!$M$1:$M$5000))","v":0},{"$f":"IF(D704=\"NCC\",0,F704+SUMIF(XUAT!$N$1:$N$5000,B704,XUAT!$L$1:$L$5000)-SUMIF(XUAT!$N$1:$N$5000,B704,XUAT!$O$1:$O$5000))","v":0}]
[null,null,null,null,null,null,null,{"$f":"IF(D705=\"KH\",0,E705+SUMIF(NHAP!$L$1:$L$5000,B705,NHAP!$K$1:$K$5000)-SUMIF(NHAP!$L$1:$L$5000,B705,NHAP!$M$1:$M$5000))","v":0},{"$f":"IF(D705=\"NCC\",0,F705+SUMIF(XUAT!$N$1:$N$5000,B705,XUAT!$L$1:$L$5000)-SUMIF(XUAT!$N$1:$N$5000,B705,XUAT!$O$1:$O$5000))","v":0}]
[null,null,null,null,null,null,null,{"$f":"IF(D706=\"KH\",0,E706+SUMIF(NHAP!$L$1:$L$5000,B706,NHAP!$K$1:$K$5000)-SUMIF(NHAP!$L$1:$L$5000,B706,NHAP!$M$1:$M$5000))","v":0},{"$f":"IF(D706=\"NCC\",0,F706+SUMIF(XUAT!$N$1:$N$5000,B706,XUAT!$L$1:$L$5000)-SUMIF(XUAT!$N$1:$N$5000,B706,XUAT!$O$1:$O$5000))","v":0}]
[null,null,null,null,null,null,null,{"$f":"IF(D707=\"KH\",0,E707+SUMIF(NHAP!$L$1:$L$5000,B707,NHAP!$K$1:$K$5000)-SUMIF(NHAP!$L$1:$L$5000,B707,NHAP!$M$1:$M$5000))","v":0},{"$f":"IF(D707=\"NCC\",0,F707+SUMIF(XUAT!$N$1:$N$5000,B707,XUAT!$L$1:$L$5000)-SUMIF(XUAT!$N$1:$N$5000,B707,XUAT!$O$1:$O$5000))","v":0}]
[null,null,null,null,null,null,null,{"$f":"IF(D708=\"KH\",0,E708+SUMIF(NHAP!$L$1:$L$5000,B708,NHAP!$K$1:$K$5000)-SUMIF(NHAP!$L$1:$L$5000,B708,NHAP!$M$1:$M$5000))","v":0},{"$f":"IF(D708=\"NCC\",0,F708+SUMIF(XUAT!$N$1:$N$5000,B708,XUAT!$L$1:$L$5000)-SUMIF(XUAT!$N$1:$N$5000,B708,XUAT!$O$1:$O$5000))","v":0}]
[null,null,null,null,null,null,null,{"$f":"IF(D709=\"KH\",0,E709+SUMIF(NHAP!$L$1:$L$5000,B709,NHAP!$K$1:$K$5000)-SUMIF(NHAP!$L$1:$L$5000,B709,NHAP!$M$1:$M$5000))","v":0},{"$f":"IF(D709=\"NCC\",0,F709+SUMIF(XUAT!$N$1:$N$5000,B709,XUAT!$L$1:$L$5000)-SUMIF(XUAT!$N$1:$N$5000,B709,XUAT!$O$1:$O$5000))","v":0}]
[null,null,null,null,null,null,null,{"$f":"IF(D710=\"KH\",0,E710+SUMIF(NHAP!$L$1:$L$5000,B710,NHAP!$K$1:$K$5000)-SUMIF(NHAP!$L$1:$L$5000,B710,NHAP!$M$1:$M$5000))","v":0},{"$f":"IF(D710=\"NCC\",0,F710+SUMIF(XUAT!$N$1:$N$5000,B710,XUAT!$L$1:$L$5000)-SUMIF(XUAT!$N$1:$N$5000,B710,XUAT!$O$1:$O$5000))","v":0}]
[null,null,null,null,null,null,null,{"$f":"IF(D711=\"KH\",0,E711+SUMIF(NHAP!$L$1:$L$5000,B711,NHAP!$K$1:$K$5000)-SUMIF(NHAP!$L$1:$L$5000,B711,NHAP!$M$1:$M$5000))","v":0},{"$f":"IF(D711=\"NCC\",0,F711+SUMIF(XUAT!$N$1:$N$5000,B711,XUAT!$L$1:$L$5000)-SUMIF(XUAT!$N$1:$N$5000,B711,XUAT!$O$1:$O$5000))","v":0}]
[null,null,null,null,null,null,null,{"$f":"IF(D712=\"KH\",0,E712+SUMIF(NHAP!$L$1:$L$5000,B712,NHAP!$K$1:$K$5000)-SUMIF(NHAP!$L$1:$L$5000,B712,NHAP!$M$1:$M$5000))","v":0},{"$f":"IF(D712=\"NCC\",0,F712+SUMIF(XUAT!$N$1:$N$5000,B712,XUAT!$L$1:$L$5000)-SUMIF(XUAT!$N$1:$N$5000,B712,XUAT!$O$1:$O$5000))","v":0}]
[null,null,null,null,null,null,null,{"$f":"IF(D713=\"KH\",0,E713+SUMIF(NHAP!$L$1:$L$5000,B713,NHAP!$K$1:$K$5000)-SUMIF(NHAP!$L$1:$L$5000,B713,NHAP!$M$1:$M$5000))","v":0},{"$f":"IF(D713=\"NCC\",0,F713+SUMIF(XUAT!$N$1:$N$5000,B713,XUAT!$L$1:$L$5000)-SUMIF(XUAT!$N$1:$N$5000,B713,XUAT!$O$1:$O$5000))","v":0}]
[null,null,null,null,null,null,null,{"$f":"IF(D714=\"KH\",0,E714+SUMIF(NHAP!$L$1:$L$5000,B714,NHAP!$K$1:$K$5000)-SUMIF(NHAP!$L$1:$L$5000,B714,NHAP!$M$1:$M$5000))","v":0},{"$f":"IF(D714=\"NCC\",0,F714+SUMIF(XUAT!$N$1:$N$5000,B714,XUAT!$L$1:$L$5000)-SUMIF(XUAT!$N$1:$N$5000,B714,XUAT!$O$1:$O$5000))","v":0}]
[null,null,null,null,null,null,null,{"$f":"IF(D715=\"KH\",0,E715+SUMIF(NHAP!$L$1:$L$5000,B715,NHAP!$K$1:$K$5000)-SUMIF(NHAP!$L$1:$L$5000,B715,NHAP!$M$1:$M$5000))","v":0},{"$f":"IF(D715=\"NCC\",0,F715+SUMIF(XUAT!$N$1:$N$5000,B715,XUAT!$L$1:$L$5000)-SUMIF(XUAT!$N$1:$N$5000,B715,XUAT!$O$1:$O$5000))","v":0}]
[null,null,null,null,null,null,null,{"$f":"IF(D716=\"KH\",0,E716+SUMIF(NHAP!$L$1:$L$5000,B716,NHAP!$K$1:$K$5000)-SUMIF(NHAP!$L$1:$L$5000,B716,NHAP!$M$1:$M$5000))","v":0},{"$f":"IF(D716=\"NCC\",0,F716+SUMIF(XUAT!$N$1:$N$5000,B716,XUAT!$L$1:$L$5000)-SUMIF(XUAT!$N$1:$N$5000,B716,XUAT!$O$1:$O$5000))","v":0}]
[null,null,null,null,null,null,null,{"$f":"IF(D717=\"KH\",0,E717+SUMIF(NHAP!$L$1:$L$5000,B717,NHAP!$K$1:$K$5000)-SUMIF(NHAP!$L$1:$L$5000,B717,NHAP!$M$1:$M$5000))","v":0},{"$f":"IF(D717=\"NCC\",0,F717+SUMIF(XUAT!$N$1:$N$5000,B717,XUAT!$L$1:$L$5000)-SUMIF(XUAT!$N$1:$N$5000,B717,XUAT!$O$1:$O$5000))","v":0}]
[null,null,null,null,null,null,null,{"$f":"IF(D718=\"KH\",0,E718+SUMIF(NHAP!$L$1:$L$5000,B718,NHAP!$K$1:$K$5000)-SUMIF(NHAP!$L$1:$L$5000,B718,NHAP!$M$1:$M$5000))","v":0},{"$f":"IF(D718=\"NCC\",0,F718+SUMIF(XUAT!$N$1:$N$5000,B718,XUAT!$L$1:$L$5000)-SUMIF(XUAT!$N$1:$N$5000,B718,XUAT!$O$1:$O$5000))","v":0}]
[null,null,null,null,null,null,null,{"$f":"IF(D719=\"KH\",0,E719+SUMIF(NHAP!$L$1:$L$5000,B719,NHAP!$K$1:$K$5000)-SUMIF(NHAP!$L$1:$L$5000,B719,NHAP!$M$1:$M$5000))","v":0},{"$f":"IF(D719=\"NCC\",0,F719+SUMIF(XUAT!$N$1:$N$5000,B719,XUAT!$L$1:$L$5000)-SUMIF(XUAT!$N$1:$N$5000,B719,XUAT!$O$1:$O$5000))","v":0}]
[null,null,null,null,null,null,null,{"$f":"IF(D720=\"KH\",0,E720+SUMIF(NHAP!$L$1:$L$5000,B720,NHAP!$K$1:$K$5000)-SUMIF(NHAP!$L$1:$L$5000,B720,NHAP!$M$1:$M$5000))","v":0},{"$f":"IF(D720=\"NCC\",0,F720+SUMIF(XUAT!$N$1:$N$5000,B720,XUAT!$L$1:$L$5000)-SUMIF(XUAT!$N$1:$N$5000,B720,XUAT!$O$1:$O$5000))","v":0}]
[null,null,null,null,null,null,null,{"$f":"IF(D721=\"KH\",0,E721+SUMIF(NHAP!$L$1:$L$5000,B721,NHAP!$K$1:$K$5000)-SUMIF(NHAP!$L$1:$L$5000,B721,NHAP!$M$1:$M$5000))","v":0},{"$f":"IF(D721=\"NCC\",0,F721+SUMIF(XUAT!$N$1:$N$5000,B721,XUAT!$L$1:$L$5000)-SUMIF(XUAT!$N$1:$N$5000,B721,XUAT!$O$1:$O$5000))","v":0}]
[null,null,null,null,null,null,null,{"$f":"IF(D722=\"KH\",0,E722+SUMIF(NHAP!$L$1:$L$5000,B722,NHAP!$K$1:$K$5000)-SUMIF(NHAP!$L$1:$L$5000,B722,NHAP!$M$1:$M$5000))","v":0},{"$f":"IF(D722=\"NCC\",0,F722+SUMIF(XUAT!$N$1:$N$5000,B722,XUAT!$L$1:$L$5000)-SUMIF(XUAT!$N$1:$N$5000,B722,XUAT!$O$1:$O$5000))","v":0}]
[null,null,null,null,null,null,null,{"$f":"IF(D723=\"KH\",0,E723+SUMIF(NHAP!$L$1:$L$5000,B723,NHAP!$K$1:$K$5000)-SUMIF(NHAP!$L$1:$L$5000,B723,NHAP!$M$1:$M$5000))","v":0},{"$f":"IF(D723=\"NCC\",0,F723+SUMIF(XUAT!$N$1:$N$5000,B723,XUAT!$L$1:$L$5000)-SUMIF(XUAT!$N$1:$N$5000,B723,XUAT!$O$1:$O$5000))","v":0}]
[null,null,null,null,null,null,null,{"$f":"IF(D724=\"KH\",0,E724+SUMIF(NHAP!$L$1:$L$5000,B724,NHAP!$K$1:$K$5000)-SUMIF(NHAP!$L$1:$L$5000,B724,NHAP!$M$1:$M$5000))","v":0},{"$f":"IF(D724=\"NCC\",0,F724+SUMIF(XUAT!$N$1:$N$5000,B724,XUAT!$L$1:$L$5000)-SUMIF(XUAT!$N$1:$N$5000,B724,XUAT!$O$1:$O$5000))","v":0}]
[null,null,null,null,null,null,null,{"$f":"IF(D725=\"KH\",0,E725+SUMIF(NHAP!$L$1:$L$5000,B725,NHAP!$K$1:$K$5000)-SUMIF(NHAP!$L$1:$L$5000,B725,NHAP!$M$1:$M$5000))","v":0},{"$f":"IF(D725=\"NCC\",0,F725+SUMIF(XUAT!$N$1:$N$5000,B725,XUAT!$L$1:$L$5000)-SUMIF(XUAT!$N$1:$N$5000,B725,XUAT!$O$1:$O$5000))","v":0}]
[null,null,null,null,null,null,null,{"$f":"IF(D726=\"KH\",0,E726+SUMIF(NHAP!$L$1:$L$5000,B726,NHAP!$K$1:$K$5000)-SUMIF(NHAP!$L$1:$L$5000,B726,NHAP!$M$1:$M$5000))","v":0},{"$f":"IF(D726=\"NCC\",0,F726+SUMIF(XUAT!$N$1:$N$5000,B726,XUAT!$L$1:$L$5000)-SUMIF(XUAT!$N$1:$N$5000,B726,XUAT!$O$1:$O$5000))","v":0}]
[null,null,null,null,null,null,null,{"$f":"IF(D727=\"KH\",0,E727+SUMIF(NHAP!$L$1:$L$5000,B727,NHAP!$K$1:$K$5000)-SUMIF(NHAP!$L$1:$L$5000,B727,NHAP!$M$1:$M$5000))","v":0},{"$f":"IF(D727=\"NCC\",0,F727+SUMIF(XUAT!$N$1:$N$5000,B727,XUAT!$L$1:$L$5000)-SUMIF(XUAT!$N$1:$N$5000,B727,XUAT!$O$1:$O$5000))","v":0}]
[null,null,null,null,null,null,null,{"$f":"IF(D728=\"KH\",0,E728+SUMIF(NHAP!$L$1:$L$5000,B728,NHAP!$K$1:$K$5000)-SUMIF(NHAP!$L$1:$L$5000,B728,NHAP!$M$1:$M$5000))","v":0},{"$f":"IF(D728=\"NCC\",0,F728+SUMIF(XUAT!$N$1:$N$5000,B728,XUAT!$L$1:$L$5000)-SUMIF(XUAT!$N$1:$N$5000,B728,XUAT!$O$1:$O$5000))","v":0}]
[null,null,null,null,null,null,null,{"$f":"IF(D729=\"KH\",0,E729+SUMIF(NHAP!$L$1:$L$5000,B729,NHAP!$K$1:$K$5000)-SUMIF(NHAP!$L$1:$L$5000,B729,NHAP!$M$1:$M$5000))","v":0},{"$f":"IF(D729=\"NCC\",0,F729+SUMIF(XUAT!$N$1:$N$5000,B729,XUAT!$L$1:$L$5000)-SUMIF(XUAT!$N$1:$N$5000,B729,XUAT!$O$1:$O$5000))","v":0}]
[null,null,null,null,null,null,null,{"$f":"IF(D730=\"KH\",0,E730+SUMIF(NHAP!$L$1:$L$5000,B730,NHAP!$K$1:$K$5000)-SUMIF(NHAP!$L$1:$L$5000,B730,NHAP!$M$1:$M$5000))","v":0},{"$f":"IF(D730=\"NCC\",0,F730+SUMIF(XUAT!$N$1:$N$5000,B730,XUAT!$L$1:$L$5000)-SUMIF(XUAT!$N$1:$N$5000,B730,XUAT!$O$1:$O$5000))","v":0}]
[null,null,null,null,null,null,null,{"$f":"IF(D731=\"KH\",0,E731+SUMIF(NHAP!$L$1:$L$5000,B731,NHAP!$K$1:$K$5000)-SUMIF(NHAP!$L$1:$L$5000,B731,NHAP!$M$1:$M$5000))","v":0},{"$f":"IF(D731=\"NCC\",0,F731+SUMIF(XUAT!$N$1:$N$5000,B731,XUAT!$L$1:$L$5000)-SUMIF(XUAT!$N$1:$N$5000,B731,XUAT!$O$1:$O$5000))","v":0}]
[null,null,null,null,null,null,null,{"$f":"IF(D732=\"KH\",0,E732+SUMIF(NHAP!$L$1:$L$5000,B732,NHAP!$K$1:$K$5000)-SUMIF(NHAP!$L$1:$L$5000,B732,NHAP!$M$1:$M$5000))","v":0},{"$f":"IF(D732=\"NCC\",0,F732+SUMIF(XUAT!$N$1:$N$5000,B732,XUAT!$L$1:$L$5000)-SUMIF(XUAT!$N$1:$N$5000,B732,XUAT!$O$1:$O$5000))","v":0}]
[null,null,null,null,null,null,null,{"$f":"IF(D733=\"KH\",0,E733+SUMIF(NHAP!$L$1:$L$5000,B733,NHAP!$K$1:$K$5000)-SUMIF(NHAP!$L$1:$L$5000,B733,NHAP!$M$1:$M$5000))","v":0},{"$f":"IF(D733=\"NCC\",0,F733+SUMIF(XUAT!$N$1:$N$5000,B733,XUAT!$L$1:$L$5000)-SUMIF(XUAT!$N$1:$N$5000,B733,XUAT!$O$1:$O$5000))","v":0}]
[null,null,null,null,null,null,null,{"$f":"IF(D734=\"KH\",0,E734+SUMIF(NHAP!$L$1:$L$5000,B734,NHAP!$K$1:$K$5000)-SUMIF(NHAP!$L$1:$L$5000,B734,NHAP!$M$1:$M$5000))","v":0},{"$f":"IF(D734=\"NCC\",0,F734+SUMIF(XUAT!$N$1:$N$5000,B734,XUAT!$L$1:$L$5000)-SUMIF(XUAT!$N$1:$N$5000,B734,XUAT!$O$1:$O$5000))","v":0}]
[null,null,null,null,null,null,null,{"$f":"IF(D735=\"KH\",0,E735+SUMIF(NHAP!$L$1:$L$5000,B735,NHAP!$K$1:$K$5000)-SUMIF(NHAP!$L$1:$L$5000,B735,NHAP!$M$1:$M$5000))","v":0},{"$f":"IF(D735=\"NCC\",0,F735+SUMIF(XUAT!$N$1:$N$5000,B735,XUAT!$L$1:$L$5000)-SUMIF(XUAT!$N$1:$N$5000,B735,XUAT!$O$1:$O$5000))","v":0}]
[null,null,null,null,null,null,null,{"$f":"IF(D736=\"KH\",0,E736+SUMIF(NHAP!$L$1:$L$5000,B736,NHAP!$K$1:$K$5000)-SUMIF(NHAP!$L$1:$L$5000,B736,NHAP!$M$1:$M$5000))","v":0},{"$f":"IF(D736=\"NCC\",0,F736+SUMIF(XUAT!$N$1:$N$5000,B736,XUAT!$L$1:$L$5000)-SUMIF(XUAT!$N$1:$N$5000,B736,XUAT!$O$1:$O$5000))","v":0}]
[null,null,null,null,null,null,null,{"$f":"IF(D737=\"KH\",0,E737+SUMIF(NHAP!$L$1:$L$5000,B737,NHAP!$K$1:$K$5000)-SUMIF(NHAP!$L$1:$L$5000,B737,NHAP!$M$1:$M$5000))","v":0},{"$f":"IF(D737=\"NCC\",0,F737+SUMIF(XUAT!$N$1:$N$5000,B737,XUAT!$L$1:$L$5000)-SUMIF(XUAT!$N$1:$N$5000,B737,XUAT!$O$1:$O$5000))","v":0}]
[null,null,null,null,null,null,null,{"$f":"IF(D738=\"KH\",0,E738+SUMIF(NHAP!$L$1:$L$5000,B738,NHAP!$K$1:$K$5000)-SUMIF(NHAP!$L$1:$L$5000,B738,NHAP!$M$1:$M$5000))","v":0},{"$f":"IF(D738=\"NCC\",0,F738+SUMIF(XUAT!$N$1:$N$5000,B738,XUAT!$L$1:$L$5000)-SUMIF(XUAT!$N$1:$N$5000,B738,XUAT!$O$1:$O$5000))","v":0}]
[null,null,null,null,null,null,null,{"$f":"IF(D739=\"KH\",0,E739+SUMIF(NHAP!$L$1:$L$5000,B739,NHAP!$K$1:$K$5000)-SUMIF(NHAP!$L$1:$L$5000,B739,NHAP!$M$1:$M$5000))","v":0},{"$f":"IF(D739=\"NCC\",0,F739+SUMIF(XUAT!$N$1:$N$5000,B739,XUAT!$L$1:$L$5000)-SUMIF(XUAT!$N$1:$N$5000,B739,XUAT!$O$1:$O$5000))","v":0}]
[null,null,null,null,null,null,null,{"$f":"IF(D740=\"KH\",0,E740+SUMIF(NHAP!$L$1:$L$5000,B740,NHAP!$K$1:$K$5000)-SUMIF(NHAP!$L$1:$L$5000,B740,NHAP!$M$1:$M$5000))","v":0},{"$f":"IF(D740=\"NCC\",0,F740+SUMIF(XUAT!$N$1:$N$5000,B740,XUAT!$L$1:$L$5000)-SUMIF(XUAT!$N$1:$N$5000,B740,XUAT!$O$1:$O$5000))","v":0}]
[null,null,null,null,null,null,null,{"$f":"IF(D741=\"KH\",0,E741+SUMIF(NHAP!$L$1:$L$5000,B741,NHAP!$K$1:$K$5000)-SUMIF(NHAP!$L$1:$L$5000,B741,NHAP!$M$1:$M$5000))","v":0},{"$f":"IF(D741=\"NCC\",0,F741+SUMIF(XUAT!$N$1:$N$5000,B741,XUAT!$L$1:$L$5000)-SUMIF(XUAT!$N$1:$N$5000,B741,XUAT!$O$1:$O$5000))","v":0}]
[null,null,null,null,null,null,null,{"$f":"IF(D742=\"KH\",0,E742+SUMIF(NHAP!$L$1:$L$5000,B742,NHAP!$K$1:$K$5000)-SUMIF(NHAP!$L$1:$L$5000,B742,NHAP!$M$1:$M$5000))","v":0},{"$f":"IF(D742=\"NCC\",0,F742+SUMIF(XUAT!$N$1:$N$5000,B742,XUAT!$L$1:$L$5000)-SUMIF(XUAT!$N$1:$N$5000,B742,XUAT!$O$1:$O$5000))","v":0}]
[null,null,null,null,null,null,null,{"$f":"IF(D743=\"KH\",0,E743+SUMIF(NHAP!$L$1:$L$5000,B743,NHAP!$K$1:$K$5000)-SUMIF(NHAP!$L$1:$L$5000,B743,NHAP!$M$1:$M$5000))","v":0},{"$f":"IF(D743=\"NCC\",0,F743+SUMIF(XUAT!$N$1:$N$5000,B743,XUAT!$L$1:$L$5000)-SUMIF(XUAT!$N$1:$N$5000,B743,XUAT!$O$1:$O$5000))","v":0}]
[null,null,null,null,null,null,null,{"$f":"IF(D744=\"KH\",0,E744+SUMIF(NHAP!$L$1:$L$5000,B744,NHAP!$K$1:$K$5000)-SUMIF(NHAP!$L$1:$L$5000,B744,NHAP!$M$1:$M$5000))","v":0},{"$f":"IF(D744=\"NCC\",0,F744+SUMIF(XUAT!$N$1:$N$5000,B744,XUAT!$L$1:$L$5000)-SUMIF(XUAT!$N$1:$N$5000,B744,XUAT!$O$1:$O$5000))","v":0}]
[null,null,null,null,null,null,null,{"$f":"IF(D745=\"KH\",0,E745+SUMIF(NHAP!$L$1:$L$5000,B745,NHAP!$K$1:$K$5000)-SUMIF(NHAP!$L$1:$L$5000,B745,NHAP!$M$1:$M$5000))","v":0},{"$f":"IF(D745=\"NCC\",0,F745+SUMIF(XUAT!$N$1:$N$5000,B745,XUAT!$L$1:$L$5000)-SUMIF(XUAT!$N$1:$N$5000,B745,XUAT!$O$1:$O$5000))","v":0}]
[null,null,null,null,null,null,null,{"$f":"IF(D746=\"KH\",0,E746+SUMIF(NHAP!$L$1:$L$5000,B746,NHAP!$K$1:$K$5000)-SUMIF(NHAP!$L$1:$L$5000,B746,NHAP!$M$1:$M$5000))","v":0},{"$f":"IF(D746=\"NCC\",0,F746+SUMIF(XUAT!$N$1:$N$5000,B746,XUAT!$L$1:$L$5000)-SUMIF(XUAT!$N$1:$N$5000,B746,XUAT!$O$1:$O$5000))","v":0}]
[null,null,null,null,null,null,null,{"$f":"IF(D747=\"KH\",0,E747+SUMIF(NHAP!$L$1:$L$5000,B747,NHAP!$K$1:$K$5000)-SUMIF(NHAP!$L$1:$L$5000,B747,NHAP!$M$1:$M$5000))","v":0},{"$f":"IF(D747=\"NCC\",0,F747+SUMIF(XUAT!$N$1:$N$5000,B747,XUAT!$L$1:$L$5000)-SUMIF(XUAT!$N$1:$N$5000,B747,XUAT!$O$1:$O$5000))","v":0}]
[null,null,null,null,null,null,null,{"$f":"IF(D748=\"KH\",0,E748+SUMIF(NHAP!$L$1:$L$5000,B748,NHAP!$K$1:$K$5000)-SUMIF(NHAP!$L$1:$L$5000,B748,NHAP!$M$1:$M$5000))","v":0},{"$f":"IF(D748=\"NCC\",0,F748+SUMIF(XUAT!$N$1:$N$5000,B748,XUAT!$L$1:$L$5000)-SUMIF(XUAT!$N$1:$N$5000,B748,XUAT!$O$1:$O$5000))","v":0}]
[null,null,null,null,null,null,null,{"$f":"IF(D749=\"KH\",0,E749+SUMIF(NHAP!$L$1:$L$5000,B749,NHAP!$K$1:$K$5000)-SUMIF(NHAP!$L$1:$L$5000,B749,NHAP!$M$1:$M$5000))","v":0},{"$f":"IF(D749=\"NCC\",0,F749+SUMIF(XUAT!$N$1:$N$5000,B749,XUAT!$L$1:$L$5000)-SUMIF(XUAT!$N$1:$N$5000,B749,XUAT!$O$1:$O$5000))","v":0}]
[null,null,null,null,null,null,null,{"$f":"IF(D750=\"KH\",0,E750+SUMIF(NHAP!$L$1:$L$5000,B750,NHAP!$K$1:$K$5000)-SUMIF(NHAP!$L$1:$L$5000,B750,NHAP!$M$1:$M$5000))","v":0},{"$f":"IF(D750=\"NCC\",0,F750+SUMIF(XUAT!$N$1:$N$5000,B750,XUAT!$L$1:$L$5000)-SUMIF(XUAT!$N$1:$N$5000,B750,XUAT!$O$1:$O$5000))","v":0}]
[null,null,null,null,null,null,null,{"$f":"IF(D751=\"KH\",0,E751+SUMIF(NHAP!$L$1:$L$5000,B751,NHAP!$K$1:$K$5000)-SUMIF(NHAP!$L$1:$L$5000,B751,NHAP!$M$1:$M$5000))","v":0},{"$f":"IF(D751=\"NCC\",0,F751+SUMIF(XUAT!$N$1:$N$5000,B751,XUAT!$L$1:$L$5000)-SUMIF(XUAT!$N$1:$N$5000,B751,XUAT!$O$1:$O$5000))","v":0}]
[null,null,null,null,null,null,null,{"$f":"IF(D752=\"KH\",0,E752+SUMIF(NHAP!$L$1:$L$5000,B752,NHAP!$K$1:$K$5000)-SUMIF(NHAP!$L$1:$L$5000,B752,NHAP!$M$1:$M$5000))","v":0},{"$f":"IF(D752=\"NCC\",0,F752+SUMIF(XUAT!$N$1:$N$5000,B752,XUAT!$L$1:$L$5000)-SUMIF(XUAT!$N$1:$N$5000,B752,XUAT!$O$1:$O$5000))","v":0}]
[null,null,null,null,null,null,null,{"$f":"IF(D753=\"KH\",0,E753+SUMIF(NHAP!$L$1:$L$5000,B753,NHAP!$K$1:$K$5000)-SUMIF(NHAP!$L$1:$L$5000,B753,NHAP!$M$1:$M$5000))","v":0},{"$f":"IF(D753=\"NCC\",0,F753+SUMIF(XUAT!$N$1:$N$5000,B753,XUAT!$L$1:$L$5000)-SUMIF(XUAT!$N$1:$N$5000,B753,XUAT!$O$1:$O$5000))","v":0}]
[null,null,null,null,null,null,null,{"$f":"IF(D754=\"KH\",0,E754+SUMIF(NHAP!$L$1:$L$5000,B754,NHAP!$K$1:$K$5000)-SUMIF(NHAP!$L$1:$L$5000,B754,NHAP!$M$1:$M$5000))","v":0},{"$f":"IF(D754=\"NCC\",0,F754+SUMIF(XUAT!$N$1:$N$5000,B754,XUAT!$L$1:$L$5000)-SUMIF(XUAT!$N$1:$N$5000,B754,XUAT!$O$1:$O$5000))","v":0}]
[null,null,null,null,null,null,null,{"$f":"IF(D755=\"KH\",0,E755+SUMIF(NHAP!$L$1:$L$5000,B755,NHAP!$K$1:$K$5000)-SUMIF(NHAP!$L$1:$L$5000,B755,NHAP!$M$1:$M$5000))","v":0},{"$f":"IF(D755=\"NCC\",0,F755+SUMIF(XUAT!$N$1:$N$5000,B755,XUAT!$L$1:$L$5000)-SUMIF(XUAT!$N$1:$N$5000,B755,XUAT!$O$1:$O$5000))","v":0}]
[null,null,null,null,null,null,null,{"$f":"IF(D756=\"KH\",0,E756+SUMIF(NHAP!$L$1:$L$5000,B756,NHAP!$K$1:$K$5000)-SUMIF(NHAP!$L$1:$L$5000,B756,NHAP!$M$1:$M$5000))","v":0},{"$f":"IF(D756=\"NCC\",0,F756+SUMIF(XUAT!$N$1:$N$5000,B756,XUAT!$L$1:$L$5000)-SUMIF(XUAT!$N$1:$N$5000,B756,XUAT!$O$1:$O$5000))","v":0}]
[null,null,null,null,null,null,null,{"$f":"IF(D757=\"KH\",0,E757+SUMIF(NHAP!$L$1:$L$5000,B757,NHAP!$K$1:$K$5000)-SUMIF(NHAP!$L$1:$L$5000,B757,NHAP!$M$1:$M$5000))","v":0},{"$f":"IF(D757=\"NCC\",0,F757+SUMIF(XUAT!$N$1:$N$5000,B757,XUAT!$L$1:$L$5000)-SUMIF(XUAT!$N$1:$N$5000,B757,XUAT!$O$1:$O$5000))","v":0}]
[null,null,null,null,null,null,null,{"$f":"IF(D758=\"KH\",0,E758+SUMIF(NHAP!$L$1:$L$5000,B758,NHAP!$K$1:$K$5000)-SUMIF(NHAP!$L$1:$L$5000,B758,NHAP!$M$1:$M$5000))","v":0},{"$f":"IF(D758=\"NCC\",0,F758+SUMIF(XUAT!$N$1:$N$5000,B758,XUAT!$L$1:$L$5000)-SUMIF(XUAT!$N$1:$N$5000,B758,XUAT!$O$1:$O$5000))","v":0}]
[null,null,null,null,null,null,null,{"$f":"IF(D759=\"KH\",0,E759+SUMIF(NHAP!$L$1:$L$5000,B759,NHAP!$K$1:$K$5000)-SUMIF(NHAP!$L$1:$L$5000,B759,NHAP!$M$1:$M$5000))","v":0},{"$f":"IF(D759=\"NCC\",0,F759+SUMIF(XUAT!$N$1:$N$5000,B759,XUAT!$L$1:$L$5000)-SUMIF(XUAT!$N$1:$N$5000,B759,XUAT!$O$1:$O$5000))","v":0}]
[null,null,null,null,null,null,null,{"$f":"IF(D760=\"KH\",0,E760+SUMIF(NHAP!$L$1:$L$5000,B760,NHAP!$K$1:$K$5000)-SUMIF(NHAP!$L$1:$L$5000,B760,NHAP!$M$1:$M$5000))","v":0},{"$f":"IF(D760=\"NCC\",0,F760+SUMIF(XUAT!$N$1:$N$5000,B760,XUAT!$L$1:$L$5000)-SUMIF(XUAT!$N$1:$N$5000,B760,XUAT!$O$1:$O$5000))","v":0}]
[null,null,null,null,null,null,null,{"$f":"IF(D761=\"KH\",0,E761+SUMIF(NHAP!$L$1:$L$5000,B761,NHAP!$K$1:$K$5000)-SUMIF(NHAP!$L$1:$L$5000,B761,NHAP!$M$1:$M$5000))","v":0},{"$f":"IF(D761=\"NCC\",0,F761+SUMIF(XUAT!$N$1:$N$5000,B761,XUAT!$L$1:$L$5000)-SUMIF(XUAT!$N$1:$N$5000,B761,XUAT!$O$1:$O$5000))","v":0}]
[null,null,null,null,null,null,null,{"$f":"IF(D762=\"KH\",0,E762+SUMIF(NHAP!$L$1:$L$5000,B762,NHAP!$K$1:$K$5000)-SUMIF(NHAP!$L$1:$L$5000,B762,NHAP!$M$1:$M$5000))","v":0},{"$f":"IF(D762=\"NCC\",0,F762+SUMIF(XUAT!$N$1:$N$5000,B762,XUAT!$L$1:$L$5000)-SUMIF(XUAT!$N$1:$N$5000,B762,XUAT!$O$1:$O$5000))","v":0}]
[null,null,null,null,null,null,null,{"$f":"IF(D763=\"KH\",0,E763+SUMIF(NHAP!$L$1:$L$5000,B763,NHAP!$K$1:$K$5000)-SUMIF(NHAP!$L$1:$L$5000,B763,NHAP!$M$1:$M$5000))","v":0},{"$f":"IF(D763=\"NCC\",0,F763+SUMIF(XUAT!$N$1:$N$5000,B763,XUAT!$L$1:$L$5000)-SUMIF(XUAT!$N$1:$N$5000,B763,XUAT!$O$1:$O$5000))","v":0}]
[null,null,null,null,null,null,null,{"$f":"IF(D764=\"KH\",0,E764+SUMIF(NHAP!$L$1:$L$5000,B764,NHAP!$K$1:$K$5000)-SUMIF(NHAP!$L$1:$L$5000,B764,NHAP!$M$1:$M$5000))","v":0},{"$f":"IF(D764=\"NCC\",0,F764+SUMIF(XUAT!$N$1:$N$5000,B764,XUAT!$L$1:$L$5000)-SUMIF(XUAT!$N$1:$N$5000,B764,XUAT!$O$1:$O$5000))","v":0}]
[null,null,null,null,null,null,null,{"$f":"IF(D765=\"KH\",0,E765+SUMIF(NHAP!$L$1:$L$5000,B765,NHAP!$K$1:$K$5000)-SUMIF(NHAP!$L$1:$L$5000,B765,NHAP!$M$1:$M$5000))","v":0},{"$f":"IF(D765=\"NCC\",0,F765+SUMIF(XUAT!$N$1:$N$5000,B765,XUAT!$L$1:$L$5000)-SUMIF(XUAT!$N$1:$N$5000,B765,XUAT!$O$1:$O$5000))","v":0}]
[null,null,null,null,null,null,null,{"$f":"IF(D766=\"KH\",0,E766+SUMIF(NHAP!$L$1:$L$5000,B766,NHAP!$K$1:$K$5000)-SUMIF(NHAP!$L$1:$L$5000,B766,NHAP!$M$1:$M$5000))","v":0},{"$f":"IF(D766=\"NCC\",0,F766+SUMIF(XUAT!$N$1:$N$5000,B766,XUAT!$L$1:$L$5000)-SUMIF(XUAT!$N$1:$N$5000,B766,XUAT!$O$1:$O$5000))","v":0}]
[null,null,null,null,null,null,null,{"$f":"IF(D767=\"KH\",0,E767+SUMIF(NHAP!$L$1:$L$5000,B767,NHAP!$K$1:$K$5000)-SUMIF(NHAP!$L$1:$L$5000,B767,NHAP!$M$1:$M$5000))","v":0},{"$f":"IF(D767=\"NCC\",0,F767+SUMIF(XUAT!$N$1:$N$5000,B767,XUAT!$L$1:$L$5000)-SUMIF(XUAT!$N$1:$N$5000,B767,XUAT!$O$1:$O$5000))","v":0}]
[null,null,null,null,null,null,null,{"$f":"IF(D768=\"KH\",0,E768+SUMIF(NHAP!$L$1:$L$5000,B768,NHAP!$K$1:$K$5000)-SUMIF(NHAP!$L$1:$L$5000,B768,NHAP!$M$1:$M$5000))","v":0},{"$f":"IF(D768=\"NCC\",0,F768+SUMIF(XUAT!$N$1:$N$5000,B768,XUAT!$L$1:$L$5000)-SUMIF(XUAT!$N$1:$N$5000,B768,XUAT!$O$1:$O$5000))","v":0}]
[null,null,null,null,null,null,null,{"$f":"IF(D769=\"KH\",0,E769+SUMIF(NHAP!$L$1:$L$5000,B769,NHAP!$K$1:$K$5000)-SUMIF(NHAP!$L$1:$L$5000,B769,NHAP!$M$1:$M$5000))","v":0},{"$f":"IF(D769=\"NCC\",0,F769+SUMIF(XUAT!$N$1:$N$5000,B769,XUAT!$L$1:$L$5000)-SUMIF(XUAT!$N$1:$N$5000,B769,XUAT!$O$1:$O$5000))","v":0}]
[null,null,null,null,null,null,null,{"$f":"IF(D770=\"KH\",0,E770+SUMIF(NHAP!$L$1:$L$5000,B770,NHAP!$K$1:$K$5000)-SUMIF(NHAP!$L$1:$L$5000,B770,NHAP!$M$1:$M$5000))","v":0},{"$f":"IF(D770=\"NCC\",0,F770+SUMIF(XUAT!$N$1:$N$5000,B770,XUAT!$L$1:$L$5000)-SUMIF(XUAT!$N$1:$N$5000,B770,XUAT!$O$1:$O$5000))","v":0}]
[null,null,null,null,null,null,null,{"$f":"IF(D771=\"KH\",0,E771+SUMIF(NHAP!$L$1:$L$5000,B771,NHAP!$K$1:$K$5000)-SUMIF(NHAP!$L$1:$L$5000,B771,NHAP!$M$1:$M$5000))","v":0},{"$f":"IF(D771=\"NCC\",0,F771+SUMIF(XUAT!$N$1:$N$5000,B771,XUAT!$L$1:$L$5000)-SUMIF(XUAT!$N$1:$N$5000,B771,XUAT!$O$1:$O$5000))","v":0}]
[null,null,null,null,null,null,null,{"$f":"IF(D772=\"KH\",0,E772+SUMIF(NHAP!$L$1:$L$5000,B772,NHAP!$K$1:$K$5000)-SUMIF(NHAP!$L$1:$L$5000,B772,NHAP!$M$1:$M$5000))","v":0},{"$f":"IF(D772=\"NCC\",0,F772+SUMIF(XUAT!$N$1:$N$5000,B772,XUAT!$L$1:$L$5000)-SUMIF(XUAT!$N$1:$N$5000,B772,XUAT!$O$1:$O$5000))","v":0}]
[null,null,null,null,null,null,null,{"$f":"IF(D773=\"KH\",0,E773+SUMIF(NHAP!$L$1:$L$5000,B773,NHAP!$K$1:$K$5000)-SUMIF(NHAP!$L$1:$L$5000,B773,NHAP!$M$1:$M$5000))","v":0},{"$f":"IF(D773=\"NCC\",0,F773+SUMIF(XUAT!$N$1:$N$5000,B773,XUAT!$L$1:$L$5000)-SUMIF(XUAT!$N$1:$N$5000,B773,XUAT!$O$1:$O$5000))","v":0}]
[null,null,null,null,null,null,null,{"$f":"IF(D774=\"KH\",0,E774+SUMIF(NHAP!$L$1:$L$5000,B774,NHAP!$K$1:$K$5000)-SUMIF(NHAP!$L$1:$L$5000,B774,NHAP!$M$1:$M$5000))","v":0},{"$f":"IF(D774=\"NCC\",0,F774+SUMIF(XUAT!$N$1:$N$5000,B774,XUAT!$L$1:$L$5000)-SUMIF(XUAT!$N$1:$N$5000,B774,XUAT!$O$1:$O$5000))","v":0}]
[null,null,null,null,null,null,null,{"$f":"IF(D775=\"KH\",0,E775+SUMIF(NHAP!$L$1:$L$5000,B775,NHAP!$K$1:$K$5000)-SUMIF(NHAP!$L$1:$L$5000,B775,NHAP!$M$1:$M$5000))","v":0},{"$f":"IF(D775=\"NCC\",0,F775+SUMIF(XUAT!$N$1:$N$5000,B775,XUAT!$L$1:$L$5000)-SUMIF(XUAT!$N$1:$N$5000,B775,XUAT!$O$1:$O$5000))","v":0}]
[null,null,null,null,null,null,null,{"$f":"IF(D776=\"KH\",0,E776+SUMIF(NHAP!$L$1:$L$5000,B776,NHAP!$K$1:$K$5000)-SUMIF(NHAP!$L$1:$L$5000,B776,NHAP!$M$1:$M$5000))","v":0},{"$f":"IF(D776=\"NCC\",0,F776+SUMIF(XUAT!$N$1:$N$5000,B776,XUAT!$L$1:$L$5000)-SUMIF(XUAT!$N$1:$N$5000,B776,XUAT!$O$1:$O$5000))","v":0}]
[null,null,null,null,null,null,null,{"$f":"IF(D777=\"KH\",0,E777+SUMIF(NHAP!$L$1:$L$5000,B777,NHAP!$K$1:$K$5000)-SUMIF(NHAP!$L$1:$L$5000,B777,NHAP!$M$1:$M$5000))","v":0},{"$f":"IF(D777=\"NCC\",0,F777+SUMIF(XUAT!$N$1:$N$5000,B777,XUAT!$L$1:$L$5000)-SUMIF(XUAT!$N$1:$N$5000,B777,XUAT!$O$1:$O$5000))","v":0}]
[null,null,null,null,null,null,null,{"$f":"IF(D778=\"KH\",0,E778+SUMIF(NHAP!$L$1:$L$5000,B778,NHAP!$K$1:$K$5000)-SUMIF(NHAP!$L$1:$L$5000,B778,NHAP!$M$1:$M$5000))","v":0},{"$f":"IF(D778=\"NCC\",0,F778+SUMIF(XUAT!$N$1:$N$5000,B778,XUAT!$L$1:$L$5000)-SUMIF(XUAT!$N$1:$N$5000,B778,XUAT!$O$1:$O$5000))","v":0}]
[null,null,null,null,null,null,null,{"$f":"IF(D779=\"KH\",0,E779+SUMIF(NHAP!$L$1:$L$5000,B779,NHAP!$K$1:$K$5000)-SUMIF(NHAP!$L$1:$L$5000,B779,NHAP!$M$1:$M$5000))","v":0},{"$f":"IF(D779=\"NCC\",0,F779+SUMIF(XUAT!$N$1:$N$5000,B779,XUAT!$L$1:$L$5000)-SUMIF(XUAT!$N$1:$N$5000,B779,XUAT!$O$1:$O$5000))","v":0}]
[null,null,null,null,null,null,null,{"$f":"IF(D780=\"KH\",0,E780+SUMIF(NHAP!$L$1:$L$5000,B780,NHAP!$K$1:$K$5000)-SUMIF(NHAP!$L$1:$L$5000,B780,NHAP!$M$1:$M$5000))","v":0},{"$f":"IF(D780=\"NCC\",0,F780+SUMIF(XUAT!$N$1:$N$5000,B780,XUAT!$L$1:$L$5000)-SUMIF(XUAT!$N$1:$N$5000,B780,XUAT!$O$1:$O$5000))","v":0}]
[null,null,null,null,null,null,null,{"$f":"IF(D781=\"KH\",0,E781+SUMIF(NHAP!$L$1:$L$5000,B781,NHAP!$K$1:$K$5000)-SUMIF(NHAP!$L$1:$L$5000,B781,NHAP!$M$1:$M$5000))","v":0},{"$f":"IF(D781=\"NCC\",0,F781+SUMIF(XUAT!$N$1:$N$5000,B781,XUAT!$L$1:$L$5000)-SUMIF(XUAT!$N$1:$N$5000,B781,XUAT!$O$1:$O$5000))","v":0}]
[null,null,null,null,null,null,null,{"$f":"IF(D782=\"KH\",0,E782+SUMIF(NHAP!$L$1:$L$5000,B782,NHAP!$K$1:$K$5000)-SUMIF(NHAP!$L$1:$L$5000,B782,NHAP!$M$1:$M$5000))","v":0},{"$f":"IF(D782=\"NCC\",0,F782+SUMIF(XUAT!$N$1:$N$5000,B782,XUAT!$L$1:$L$5000)-SUMIF(XUAT!$N$1:$N$5000,B782,XUAT!$O$1:$O$5000))","v":0}]
[null,null,null,null,null,null,null,{"$f":"IF(D783=\"KH\",0,E783+SUMIF(NHAP!$L$1:$L$5000,B783,NHAP!$K$1:$K$5000)-SUMIF(NHAP!$L$1:$L$5000,B783,NHAP!$M$1:$M$5000))","v":0},{"$f":"IF(D783=\"NCC\",0,F783+SUMIF(XUAT!$N$1:$N$5000,B783,XUAT!$L$1:$L$5000)-SUMIF(XUAT!$N$1:$N$5000,B783,XUAT!$O$1:$O$5000))","v":0}]
[null,null,null,null,null,null,null,{"$f":"IF(D784=\"KH\",0,E784+SUMIF(NHAP!$L$1:$L$5000,B784,NHAP!$K$1:$K$5000)-SUMIF(NHAP!$L$1:$L$5000,B784,NHAP!$M$1:$M$5000))","v":0},{"$f":"IF(D784=\"NCC\",0,F784+SUMIF(XUAT!$N$1:$N$5000,B784,XUAT!$L$1:$L$5000)-SUMIF(XUAT!$N$1:$N$5000,B784,XUAT!$O$1:$O$5000))","v":0}]
[null,null,null,null,null,null,null,{"$f":"IF(D785=\"KH\",0,E785+SUMIF(NHAP!$L$1:$L$5000,B785,NHAP!$K$1:$K$5000)-SUMIF(NHAP!$L$1:$L$5000,B785,NHAP!$M$1:$M$5000))","v":0},{"$f":"IF(D785=\"NCC\",0,F785+SUMIF(XUAT!$N$1:$N$5000,B785,XUAT!$L$1:$L$5000)-SUMIF(XUAT!$N$1:$N$5000,B785,XUAT!$O$1:$O$5000))","v":0}]
[null,null,null,null,null,null,null,{"$f":"IF(D786=\"KH\",0,E786+SUMIF(NHAP!$L$1:$L$5000,B786,NHAP!$K$1:$K$5000)-SUMIF(NHAP!$L$1:$L$5000,B786,NHAP!$M$1:$M$5000))","v":0},{"$f":"IF(D786=\"NCC\",0,F786+SUMIF(XUAT!$N$1:$N$5000,B786,XUAT!$L$1:$L$5000)-SUMIF(XUAT!$N$1:$N$5000,B786,XUAT!$O$1:$O$5000))","v":0}]
[null,null,null,null,null,null,null,{"$f":"IF(D787=\"KH\",0,E787+SUMIF(NHAP!$L$1:$L$5000,B787,NHAP!$K$1:$K$5000)-SUMIF(NHAP!$L$1:$L$5000,B787,NHAP!$M$1:$M$5000))","v":0},{"$f":"IF(D787=\"NCC\",0,F787+SUMIF(XUAT!$N$1:$N$5000,B787,XUAT!$L$1:$L$5000)-SUMIF(XUAT!$N$1:$N$5000,B787,XUAT!$O$1:$O$5000))","v":0}]
[null,null,null,null,null,null,null,{"$f":"IF(D788=\"KH\",0,E788+SUMIF(NHAP!$L$1:$L$5000,B788,NHAP!$K$1:$K$5000)-SUMIF(NHAP!$L$1:$L$5000,B788,NHAP!$M$1:$M$5000))","v":0},{"$f":"IF(D788=\"NCC\",0,F788+SUMIF(XUAT!$N$1:$N$5000,B788,XUAT!$L$1:$L$5000)-SUMIF(XUAT!$N$1:$N$5000,B788,XUAT!$O$1:$O$5000))","v":0}]
[null,null,null,null,null,null,null,{"$f":"IF(D789=\"KH\",0,E789+SUMIF(NHAP!$L$1:$L$5000,B789,NHAP!$K$1:$K$5000)-SUMIF(NHAP!$L$1:$L$5000,B789,NHAP!$M$1:$M$5000))","v":0},{"$f":"IF(D789=\"NCC\",0,F789+SUMIF(XUAT!$N$1:$N$5000,B789,XUAT!$L$1:$L$5000)-SUMIF(XUAT!$N$1:$N$5000,B789,XUAT!$O$1:$O$5000))","v":0}]
[null,null,null,null,null,null,null,{"$f":"IF(D790=\"KH\",0,E790+SUMIF(NHAP!$L$1:$L$5000,B790,NHAP!$K$1:$K$5000)-SUMIF(NHAP!$L$1:$L$5000,B790,NHAP!$M$1:$M$5000))","v":0},{"$f":"IF(D790=\"NCC\",0,F790+SUMIF(XUAT!$N$1:$N$5000,B790,XUAT!$L$1:$L$5000)-SUMIF(XUAT!$N$1:$N$5000,B790,XUAT!$O$1:$O$5000))","v":0}]
[null,null,null,null,null,null,null,{"$f":"IF(D791=\"KH\",0,E791+SUMIF(NHAP!$L$1:$L$5000,B791,NHAP!$K$1:$K$5000)-SUMIF(NHAP!$L$1:$L$5000,B791,NHAP!$M$1:$M$5000))","v":0},{"$f":"IF(D791=\"NCC\",0,F791+SUMIF(XUAT!$N$1:$N$5000,B791,XUAT!$L$1:$L$5000)-SUMIF(XUAT!$N$1:$N$5000,B791,XUAT!$O$1:$O$5000))","v":0}]
[null,null,null,null,null,null,null,{"$f":"IF(D792=\"KH\",0,E792+SUMIF(NHAP!$L$1:$L$5000,B792,NHAP!$K$1:$K$5000)-SUMIF(NHAP!$L$1:$L$5000,B792,NHAP!$M$1:$M$5000))","v":0},{"$f":"IF(D792=\"NCC\",0,F792+SUMIF(XUAT!$N$1:$N$5000,B792,XUAT!$L$1:$L$5000)-SUMIF(XUAT!$N$1:$N$5000,B792,XUAT!$O$1:$O$5000))","v":0}]
[null,null,null,null,null,null,null,{"$f":"IF(D793=\"KH\",0,E793+SUMIF(NHAP!$L$1:$L$5000,B793,NHAP!$K$1:$K$5000)-SUMIF(NHAP!$L$1:$L$5000,B793,NHAP!$M$1:$M$5000))","v":0},{"$f":"IF(D793=\"NCC\",0,F793+SUMIF(XUAT!$N$1:$N$5000,B793,XUAT!$L$1:$L$5000)-SUMIF(XUAT!$N$1:$N$5000,B793,XUAT!$O$1:$O$5000))","v":0}]
[null,null,null,null,null,null,null,{"$f":"IF(D794=\"KH\",0,E794+SUMIF(NHAP!$L$1:$L$5000,B794,NHAP!$K$1:$K$5000)-SUMIF(NHAP!$L$1:$L$5000,B794,NHAP!$M$1:$M$5000))","v":0},{"$f":"IF(D794=\"NCC\",0,F794+SUMIF(XUAT!$N$1:$N$5000,B794,XUAT!$L$1:$L$5000)-SUMIF(XUAT!$N$1:$N$5000,B794,XUAT!$O$1:$O$5000))","v":0}]
[null,null,null,null,null,null,null,{"$f":"IF(D795=\"KH\",0,E795+SUMIF(NHAP!$L$1:$L$5000,B795,NHAP!$K$1:$K$5000)-SUMIF(NHAP!$L$1:$L$5000,B795,NHAP!$M$1:$M$5000))","v":0},{"$f":"IF(D795=\"NCC\",0,F795+SUMIF(XUAT!$N$1:$N$5000,B795,XUAT!$L$1:$L$5000)-SUMIF(XUAT!$N$1:$N$5000,B795,XUAT!$O$1:$O$5000))","v":0}]
[null,null,null,null,null,null,null,{"$f":"IF(D796=\"KH\",0,E796+SUMIF(NHAP!$L$1:$L$5000,B796,NHAP!$K$1:$K$5000)-SUMIF(NHAP!$L$1:$L$5000,B796,NHAP!$M$1:$M$5000))","v":0},{"$f":"IF(D796=\"NCC\",0,F796+SUMIF(XUAT!$N$1:$N$5000,B796,XUAT!$L$1:$L$5000)-SUMIF(XUAT!$N$1:$N$5000,B796,XUAT!$O$1:$O$5000))","v":0}]
[null,null,null,null,null,null,null,{"$f":"IF(D797=\"KH\",0,E797+SUMIF(NHAP!$L$1:$L$5000,B797,NHAP!$K$1:$K$5000)-SUMIF(NHAP!$L$1:$L$5000,B797,NHAP!$M$1:$M$5000))","v":0},{"$f":"IF(D797=\"NCC\",0,F797+SUMIF(XUAT!$N$1:$N$5000,B797,XUAT!$L$1:$L$5000)-SUMIF(XUAT!$N$1:$N$5000,B797,XUAT!$O$1:$O$5000))","v":0}]
[null,null,null,null,null,null,null,{"$f":"IF(D798=\"KH\",0,E798+SUMIF(NHAP!$L$1:$L$5000,B798,NHAP!$K$1:$K$5000)-SUMIF(NHAP!$L$1:$L$5000,B798,NHAP!$M$1:$M$5000))","v":0},{"$f":"IF(D798=\"NCC\",0,F798+SUMIF(XUAT!$N$1:$N$5000,B798,XUAT!$L$1:$L$5000)-SUMIF(XUAT!$N$1:$N$5000,B798,XUAT!$O$1:$O$5000))","v":0}]
[null,null,null,null,null,null,null,{"$f":"IF(D799=\"KH\",0,E799+SUMIF(NHAP!$L$1:$L$5000,B799,NHAP!$K$1:$K$5000)-SUMIF(NHAP!$L$1:$L$5000,B799,NHAP!$M$1:$M$5000))","v":0},{"$f":"IF(D799=\"NCC\",0,F799+SUMIF(XUAT!$N$1:$N$5000,B799,XUAT!$L$1:$L$5000)-SUMIF(XUAT!$N$1:$N$5000,B799,XUAT!$O$1:$O$5000))","v":0}]
[null,null,null,null,null,null,null,{"$f":"IF(D800=\"KH\",0,E800+SUMIF(NHAP!$L$1:$L$5000,B800,NHAP!$K$1:$K$5000)-SUMIF(NHAP!$L$1:$L$5000,B800,NHAP!$M$1:$M$5000))","v":0},{"$f":"IF(D800=\"NCC\",0,F800+SUMIF(XUAT!$N$1:$N$5000,B800,XUAT!$L$1:$L$5000)-SUMIF(XUAT!$N$1:$N$5000,B800,XUAT!$O$1:$O$5000))","v":0}]
[null,null,null,null,null,null,null,{"$f":"IF(D801=\"KH\",0,E801+SUMIF(NHAP!$L$1:$L$5000,B801,NHAP!$K$1:$K$5000)-SUMIF(NHAP!$L$1:$L$5000,B801,NHAP!$M$1:$M$5000))","v":0},{"$f":"IF(D801=\"NCC\",0,F801+SUMIF(XUAT!$N$1:$N$5000,B801,XUAT!$L$1:$L$5000)-SUMIF(XUAT!$N$1:$N$5000,B801,XUAT!$O$1:$O$5000))","v":0}]
[null,null,null,null,null,null,null,{"$f":"IF(D802=\"KH\",0,E802+SUMIF(NHAP!$L$1:$L$5000,B802,NHAP!$K$1:$K$5000)-SUMIF(NHAP!$L$1:$L$5000,B802,NHAP!$M$1:$M$5000))","v":0},{"$f":"IF(D802=\"NCC\",0,F802+SUMIF(XUAT!$N$1:$N$5000,B802,XUAT!$L$1:$L$5000)-SUMIF(XUAT!$N$1:$N$5000,B802,XUAT!$O$1:$O$5000))","v":0}]
[null,null,null,null,null,null,null,{"$f":"IF(D803=\"KH\",0,E803+SUMIF(NHAP!$L$1:$L$5000,B803,NHAP!$K$1:$K$5000)-SUMIF(NHAP!$L$1:$L$5000,B803,NHAP!$M$1:$M$5000))","v":0},{"$f":"IF(D803=\"NCC\",0,F803+SUMIF(XUAT!$N$1:$N$5000,B803,XUAT!$L$1:$L$5000)-SUMIF(XUAT!$N$1:$N$5000,B803,XUAT!$O$1:$O$5000))","v":0}]
[null,null,null,null,null,null,null,{"$f":"IF(D804=\"KH\",0,E804+SUMIF(NHAP!$L$1:$L$5000,B804,NHAP!$K$1:$K$5000)-SUMIF(NHAP!$L$1:$L$5000,B804,NHAP!$M$1:$M$5000))","v":0},{"$f":"IF(D804=\"NCC\",0,F804+SUMIF(XUAT!$N$1:$N$5000,B804,XUAT!$L$1:$L$5000)-SUMIF(XUAT!$N$1:$N$5000,B804,XUAT!$O$1:$O$5000))","v":0}]
[null,null,null,null,null,null,null,{"$f":"IF(D805=\"KH\",0,E805+SUMIF(NHAP!$L$1:$L$5000,B805,NHAP!$K$1:$K$5000)-SUMIF(NHAP!$L$1:$L$5000,B805,NHAP!$M$1:$M$5000))","v":0},{"$f":"IF(D805=\"NCC\",0,F805+SUMIF(XUAT!$N$1:$N$5000,B805,XUAT!$L$1:$L$5000)-SUMIF(XUAT!$N$1:$N$5000,B805,XUAT!$O$1:$O$5000))","v":0}]
[null,null,null,null,null,null,null,{"$f":"IF(D806=\"KH\",0,E806+SUMIF(NHAP!$L$1:$L$5000,B806,NHAP!$K$1:$K$5000)-SUMIF(NHAP!$L$1:$L$5000,B806,NHAP!$M$1:$M$5000))","v":0},{"$f":"IF(D806=\"NCC\",0,F806+SUMIF(XUAT!$N$1:$N$5000,B806,XUAT!$L$1:$L$5000)-SUMIF(XUAT!$N$1:$N$5000,B806,XUAT!$O$1:$O$5000))","v":0}]
[null,null,null,null,null,null,null,{"$f":"IF(D807=\"KH\",0,E807+SUMIF(NHAP!$L$1:$L$5000,B807,NHAP!$K$1:$K$5000)-SUMIF(NHAP!$L$1:$L$5000,B807,NHAP!$M$1:$M$5000))","v":0},{"$f":"IF(D807=\"NCC\",0,F807+SUMIF(XUAT!$N$1:$N$5000,B807,XUAT!$L$1:$L$5000)-SUMIF(XUAT!$N$1:$N$5000,B807,XUAT!$O$1:$O$5000))","v":0}]
[null,null,null,null,null,null,null,{"$f":"IF(D808=\"KH\",0,E808+SUMIF(NHAP!$L$1:$L$5000,B808,NHAP!$K$1:$K$5000)-SUMIF(NHAP!$L$1:$L$5000,B808,NHAP!$M$1:$M$5000))","v":0},{"$f":"IF(D808=\"NCC\",0,F808+SUMIF(XUAT!$N$1:$N$5000,B808,XUAT!$L$1:$L$5000)-SUMIF(XUAT!$N$1:$N$5000,B808,XUAT!$O$1:$O$5000))","v":0}]
[null,null,null,null,null,null,null,{"$f":"IF(D809=\"KH\",0,E809+SUMIF(NHAP!$L$1:$L$5000,B809,NHAP!$K$1:$K$5000)-SUMIF(NHAP!$L$1:$L$5000,B809,NHAP!$M$1:$M$5000))","v":0},{"$f":"IF(D809=\"NCC\",0,F809+SUMIF(XUAT!$N$1:$N$5000,B809,XUAT!$L$1:$L$5000)-SUMIF(XUAT!$N$1:$N$5000,B809,XUAT!$O$1:$O$5000))","v":0}]
[null,null,null,null,null,null,null,{"$f":"IF(D810=\"KH\",0,E810+SUMIF(NHAP!$L$1:$L$5000,B810,NHAP!$K$1:$K$5000)-SUMIF(NHAP!$L$1:$L$5000,B810,NHAP!$M$1:$M$5000))","v":0},{"$f":"IF(D810=\"NCC\",0,F810+SUMIF(XUAT!$N$1:$N$5000,B810,XUAT!$L$1:$L$5000)-SUMIF(XUAT!$N$1:$N$5000,B810,XUAT!$O$1:$O$5000))","v":0}]
[null,null,null,null,null,null,null,{"$f":"IF(D811=\"KH\",0,E811+SUMIF(NHAP!$L$1:$L$5000,B811,NHAP!$K$1:$K$5000)-SUMIF(NHAP!$L$1:$L$5000,B811,NHAP!$M$1:$M$5000))","v":0},{"$f":"IF(D811=\"NCC\",0,F811+SUMIF(XUAT!$N$1:$N$5000,B811,XUAT!$L$1:$L$5000)-SUMIF(XUAT!$N$1:$N$5000,B811,XUAT!$O$1:$O$5000))","v":0}]
[null,null,null,null,null,null,null,{"$f":"IF(D812=\"KH\",0,E812+SUMIF(NHAP!$L$1:$L$5000,B812,NHAP!$K$1:$K$5000)-SUMIF(NHAP!$L$1:$L$5000,B812,NHAP!$M$1:$M$5000))","v":0},{"$f":"IF(D812=\"NCC\",0,F812+SUMIF(XUAT!$N$1:$N$5000,B812,XUAT!$L$1:$L$5000)-SUMIF(XUAT!$N$1:$N$5000,B812,XUAT!$O$1:$O$5000))","v":0}]
[null,null,null,null,null,null,null,{"$f":"IF(D813=\"KH\",0,E813+SUMIF(NHAP!$L$1:$L$5000,B813,NHAP!$K$1:$K$5000)-SUMIF(NHAP!$L$1:$L$5000,B813,NHAP!$M$1:$M$5000))","v":0},{"$f":"IF(D813=\"NCC\",0,F813+SUMIF(XUAT!$N$1:$N$5000,B813,XUAT!$L$1:$L$5000)-SUMIF(XUAT!$N$1:$N$5000,B813,XUAT!$O$1:$O$5000))","v":0}]
[null,null,null,null,null,null,null,{"$f":"IF(D814=\"KH\",0,E814+SUMIF(NHAP!$L$1:$L$5000,B814,NHAP!$K$1:$K$5000)-SUMIF(NHAP!$L$1:$L$5000,B814,NHAP!$M$1:$M$5000))","v":0},{"$f":"IF(D814=\"NCC\",0,F814+SUMIF(XUAT!$N$1:$N$5000,B814,XUAT!$L$1:$L$5000)-SUMIF(XUAT!$N$1:$N$5000,B814,XUAT!$O$1:$O$5000))","v":0}]
[null,null,null,null,null,null,null,{"$f":"IF(D815=\"KH\",0,E815+SUMIF(NHAP!$L$1:$L$5000,B815,NHAP!$K$1:$K$5000)-SUMIF(NHAP!$L$1:$L$5000,B815,NHAP!$M$1:$M$5000))","v":0},{"$f":"IF(D815=\"NCC\",0,F815+SUMIF(XUAT!$N$1:$N$5000,B815,XUAT!$L$1:$L$5000)-SUMIF(XUAT!$N$1:$N$5000,B815,XUAT!$O$1:$O$5000))","v":0}]
[null,null,null,null,null,null,null,{"$f":"IF(D816=\"KH\",0,E816+SUMIF(NHAP!$L$1:$L$5000,B816,NHAP!$K$1:$K$5000)-SUMIF(NHAP!$L$1:$L$5000,B816,NHAP!$M$1:$M$5000))","v":0},{"$f":"IF(D816=\"NCC\",0,F816+SUMIF(XUAT!$N$1:$N$5000,B816,XUAT!$L$1:$L$5000)-SUMIF(XUAT!$N$1:$N$5000,B816,XUAT!$O$1:$O$5000))","v":0}]
[null,null,null,null,null,null,null,{"$f":"IF(D817=\"KH\",0,E817+SUMIF(NHAP!$L$1:$L$5000,B817,NHAP!$K$1:$K$5000)-SUMIF(NHAP!$L$1:$L$5000,B817,NHAP!$M$1:$M$5000))","v":0},{"$f":"IF(D817=\"NCC\",0,F817+SUMIF(XUAT!$N$1:$N$5000,B817,XUAT!$L$1:$L$5000)-SUMIF(XUAT!$N$1:$N$5000,B817,XUAT!$O$1:$O$5000))","v":0}]
[null,null,null,null,null,null,null,{"$f":"IF(D818=\"KH\",0,E818+SUMIF(NHAP!$L$1:$L$5000,B818,NHAP!$K$1:$K$5000)-SUMIF(NHAP!$L$1:$L$5000,B818,NHAP!$M$1:$M$5000))","v":0},{"$f":"IF(D818=\"NCC\",0,F818+SUMIF(XUAT!$N$1:$N$5000,B818,XUAT!$L$1:$L$5000)-SUMIF(XUAT!$N$1:$N$5000,B818,XUAT!$O$1:$O$5000))","v":0}]
[null,null,null,null,null,null,null,{"$f":"IF(D819=\"KH\",0,E819+SUMIF(NHAP!$L$1:$L$5000,B819,NHAP!$K$1:$K$5000)-SUMIF(NHAP!$L$1:$L$5000,B819,NHAP!$M$1:$M$5000))","v":0},{"$f":"IF(D819=\"NCC\",0,F819+SUMIF(XUAT!$N$1:$N$5000,B819,XUAT!$L$1:$L$5000)-SUMIF(XUAT!$N$1:$N$5000,B819,XUAT!$O$1:$O$5000))","v":0}]
[null,null,null,null,null,null,null,{"$f":"IF(D820=\"KH\",0,E820+SUMIF(NHAP!$L$1:$L$5000,B820,NHAP!$K$1:$K$5000)-SUMIF(NHAP!$L$1:$L$5000,B820,NHAP!$M$1:$M$5000))","v":0},{"$f":"IF(D820=\"NCC\",0,F820+SUMIF(XUAT!$N$1:$N$5000,B820,XUAT!$L$1:$L$5000)-SUMIF(XUAT!$N$1:$N$5000,B820,XUAT!$O$1:$O$5000))","v":0}]
[null,null,null,null,null,null,null,{"$f":"IF(D821=\"KH\",0,E821+SUMIF(NHAP!$L$1:$L$5000,B821,NHAP!$K$1:$K$5000)-SUMIF(NHAP!$L$1:$L$5000,B821,NHAP!$M$1:$M$5000))","v":0},{"$f":"IF(D821=\"NCC\",0,F821+SUMIF(XUAT!$N$1:$N$5000,B821,XUAT!$L$1:$L$5000)-SUMIF(XUAT!$N$1:$N$5000,B821,XUAT!$O$1:$O$5000))","v":0}]
[null,null,null,null,null,null,null,{"$f":"IF(D822=\"KH\",0,E822+SUMIF(NHAP!$L$1:$L$5000,B822,NHAP!$K$1:$K$5000)-SUMIF(NHAP!$L$1:$L$5000,B822,NHAP!$M$1:$M$5000))","v":0},{"$f":"IF(D822=\"NCC\",0,F822+SUMIF(XUAT!$N$1:$N$5000,B822,XUAT!$L$1:$L$5000)-SUMIF(XUAT!$N$1:$N$5000,B822,XUAT!$O$1:$O$5000))","v":0}]
[null,null,null,null,null,null,null,{"$f":"IF(D823=\"KH\",0,E823+SUMIF(NHAP!$L$1:$L$5000,B823,NHAP!$K$1:$K$5000)-SUMIF(NHAP!$L$1:$L$5000,B823,NHAP!$M$1:$M$5000))","v":0},{"$f":"IF(D823=\"NCC\",0,F823+SUMIF(XUAT!$N$1:$N$5000,B823,XUAT!$L$1:$L$5000)-SUMIF(XUAT!$N$1:$N$5000,B823,XUAT!$O$1:$O$5000))","v":0}]
[null,null,null,null,null,null,null,{"$f":"IF(D824=\"KH\",0,E824+SUMIF(NHAP!$L$1:$L$5000,B824,NHAP!$K$1:$K$5000)-SUMIF(NHAP!$L$1:$L$5000,B824,NHAP!$M$1:$M$5000))","v":0},{"$f":"IF(D824=\"NCC\",0,F824+SUMIF(XUAT!$N$1:$N$5000,B824,XUAT!$L$1:$L$5000)-SUMIF(XUAT!$N$1:$N$5000,B824,XUAT!$O$1:$O$5000))","v":0}]
[null,null,null,null,null,null,null,{"$f":"IF(D825=\"KH\",0,E825+SUMIF(NHAP!$L$1:$L$5000,B825,NHAP!$K$1:$K$5000)-SUMIF(NHAP!$L$1:$L$5000,B825,NHAP!$M$1:$M$5000))","v":0},{"$f":"IF(D825=\"NCC\",0,F825+SUMIF(XUAT!$N$1:$N$5000,B825,XUAT!$L$1:$L$5000)-SUMIF(XUAT!$N$1:$N$5000,B825,XUAT!$O$1:$O$5000))","v":0}]
[null,null,null,null,null,null,null,{"$f":"IF(D826=\"KH\",0,E826+SUMIF(NHAP!$L$1:$L$5000,B826,NHAP!$K$1:$K$5000)-SUMIF(NHAP!$L$1:$L$5000,B826,NHAP!$M$1:$M$5000))","v":0},{"$f":"IF(D826=\"NCC\",0,F826+SUMIF(XUAT!$N$1:$N$5000,B826,XUAT!$L$1:$L$5000)-SUMIF(XUAT!$N$1:$N$5000,B826,XUAT!$O$1:$O$5000))","v":0}]
[null,null,null,null,null,null,null,{"$f":"IF(D827=\"KH\",0,E827+SUMIF(NHAP!$L$1:$L$5000,B827,NHAP!$K$1:$K$5000)-SUMIF(NHAP!$L$1:$L$5000,B827,NHAP!$M$1:$M$5000))","v":0},{"$f":"IF(D827=\"NCC\",0,F827+SUMIF(XUAT!$N$1:$N$5000,B827,XUAT!$L$1:$L$5000)-SUMIF(XUAT!$N$1:$N$5000,B827,XUAT!$O$1:$O$5000))","v":0}]
[null,null,null,null,null,null,null,{"$f":"IF(D828=\"KH\",0,E828+SUMIF(NHAP!$L$1:$L$5000,B828,NHAP!$K$1:$K$5000)-SUMIF(NHAP!$L$1:$L$5000,B828,NHAP!$M$1:$M$5000))","v":0},{"$f":"IF(D828=\"NCC\",0,F828+SUMIF(XUAT!$N$1:$N$5000,B828,XUAT!$L$1:$L$5000)-SUMIF(XUAT!$N$1:$N$5000,B828,XUAT!$O$1:$O$5000))","v":0}]
[null,null,null,null,null,null,null,{"$f":"IF(D829=\"KH\",0,E829+SUMIF(NHAP!$L$1:$L$5000,B829,NHAP!$K$1:$K$5000)-SUMIF(NHAP!$L$1:$L$5000,B829,NHAP!$M$1:$M$5000))","v":0},{"$f":"IF(D829=\"NCC\",0,F829+SUMIF(XUAT!$N$1:$N$5000,B829,XUAT!$L$1:$L$5000)-SUMIF(XUAT!$N$1:$N$5000,B829,XUAT!$O$1:$O$5000))","v":0}]
[null,null,null,null,null,null,null,{"$f":"IF(D830=\"KH\",0,E830+SUMIF(NHAP!$L$1:$L$5000,B830,NHAP!$K$1:$K$5000)-SUMIF(NHAP!$L$1:$L$5000,B830,NHAP!$M$1:$M$5000))","v":0},{"$f":"IF(D830=\"NCC\",0,F830+SUMIF(XUAT!$N$1:$N$5000,B830,XUAT!$L$1:$L$5000)-SUMIF(XUAT!$N$1:$N$5000,B830,XUAT!$O$1:$O$5000))","v":0}]
[null,null,null,null,null,null,null,{"$f":"IF(D831=\"KH\",0,E831+SUMIF(NHAP!$L$1:$L$5000,B831,NHAP!$K$1:$K$5000)-SUMIF(NHAP!$L$1:$L$5000,B831,NHAP!$M$1:$M$5000))","v":0},{"$f":"IF(D831=\"NCC\",0,F831+SUMIF(XUAT!$N$1:$N$5000,B831,XUAT!$L$1:$L$5000)-SUMIF(XUAT!$N$1:$N$5000,B831,XUAT!$O$1:$O$5000))","v":0}]
[null,null,null,null,null,null,null,{"$f":"IF(D832=\"KH\",0,E832+SUMIF(NHAP!$L$1:$L$5000,B832,NHAP!$K$1:$K$5000)-SUMIF(NHAP!$L$1:$L$5000,B832,NHAP!$M$1:$M$5000))","v":0},{"$f":"IF(D832=\"NCC\",0,F832+SUMIF(XUAT!$N$1:$N$5000,B832,XUAT!$L$1:$L$5000)-SUMIF(XUAT!$N$1:$N$5000,B832,XUAT!$O$1:$O$5000))","v":0}]
[null,null,null,null,null,null,null,{"$f":"IF(D833=\"KH\",0,E833+SUMIF(NHAP!$L$1:$L$5000,B833,NHAP!$K$1:$K$5000)-SUMIF(NHAP!$L$1:$L$5000,B833,NHAP!$M$1:$M$5000))","v":0},{"$f":"IF(D833=\"NCC\",0,F833+SUMIF(XUAT!$N$1:$N$5000,B833,XUAT!$L$1:$L$5000)-SUMIF(XUAT!$N$1:$N$5000,B833,XUAT!$O$1:$O$5000))","v":0}]
[null,null,null,null,null,null,null,{"$f":"IF(D834=\"KH\",0,E834+SUMIF(NHAP!$L$1:$L$5000,B834,NHAP!$K$1:$K$5000)-SUMIF(NHAP!$L$1:$L$5000,B834,NHAP!$M$1:$M$5000))","v":0},{"$f":"IF(D834=\"NCC\",0,F834+SUMIF(XUAT!$N$1:$N$5000,B834,XUAT!$L$1:$L$5000)-SUMIF(XUAT!$N$1:$N$5000,B834,XUAT!$O$1:$O$5000))","v":0}]
[null,null,null,null,null,null,null,{"$f":"IF(D835=\"KH\",0,E835+SUMIF(NHAP!$L$1:$L$5000,B835,NHAP!$K$1:$K$5000)-SUMIF(NHAP!$L$1:$L$5000,B835,NHAP!$M$1:$M$5000))","v":0},{"$f":"IF(D835=\"NCC\",0,F835+SUMIF(XUAT!$N$1:$N$5000,B835,XUAT!$L$1:$L$5000)-SUMIF(XUAT!$N$1:$N$5000,B835,XUAT!$O$1:$O$5000))","v":0}]
[null,null,null,null,null,null,null,{"$f":"IF(D836=\"KH\",0,E836+SUMIF(NHAP!$L$1:$L$5000,B836,NHAP!$K$1:$K$5000)-SUMIF(NHAP!$L$1:$L$5000,B836,NHAP!$M$1:$M$5000))","v":0},{"$f":"IF(D836=\"NCC\",0,F836+SUMIF(XUAT!$N$1:$N$5000,B836,XUAT!$L$1:$L$5000)-SUMIF(XUAT!$N$1:$N$5000,B836,XUAT!$O$1:$O$5000))","v":0}]
[null,null,null,null,null,null,null,{"$f":"IF(D837=\"KH\",0,E837+SUMIF(NHAP!$L$1:$L$5000,B837,NHAP!$K$1:$K$5000)-SUMIF(NHAP!$L$1:$L$5000,B837,NHAP!$M$1:$M$5000))","v":0},{"$f":"IF(D837=\"NCC\",0,F837+SUMIF(XUAT!$N$1:$N$5000,B837,XUAT!$L$1:$L$5000)-SUMIF(XUAT!$N$1:$N$5000,B837,XUAT!$O$1:$O$5000))","v":0}]
[null,null,null,null,null,null,null,{"$f":"IF(D838=\"KH\",0,E838+SUMIF(NHAP!$L$1:$L$5000,B838,NHAP!$K$1:$K$5000)-SUMIF(NHAP!$L$1:$L$5000,B838,NHAP!$M$1:$M$5000))","v":0},{"$f":"IF(D838=\"NCC\",0,F838+SUMIF(XUAT!$N$1:$N$5000,B838,XUAT!$L$1:$L$5000)-SUMIF(XUAT!$N$1:$N$5000,B838,XUAT!$O$1:$O$5000))","v":0}]
[null,null,null,null,null,null,null,{"$f":"IF(D839=\"KH\",0,E839+SUMIF(NHAP!$L$1:$L$5000,B839,NHAP!$K$1:$K$5000)-SUMIF(NHAP!$L$1:$L$5000,B839,NHAP!$M$1:$M$5000))","v":0},{"$f":"IF(D839=\"NCC\",0,F839+SUMIF(XUAT!$N$1:$N$5000,B839,XUAT!$L$1:$L$5000)-SUMIF(XUAT!$N$1:$N$5000,B839,XUAT!$O$1:$O$5000))","v":0}]
[null,null,null,null,null,null,null,{"$f":"IF(D840=\"KH\",0,E840+SUMIF(NHAP!$L$1:$L$5000,B840,NHAP!$K$1:$K$5000)-SUMIF(NHAP!$L$1:$L$5000,B840,NHAP!$M$1:$M$5000))","v":0},{"$f":"IF(D840=\"NCC\",0,F840+SUMIF(XUAT!$N$1:$N$5000,B840,XUAT!$L$1:$L$5000)-SUMIF(XUAT!$N$1:$N$5000,B840,XUAT!$O$1:$O$5000))","v":0}]
[null,null,null,null,null,null,null,{"$f":"IF(D841=\"KH\",0,E841+SUMIF(NHAP!$L$1:$L$5000,B841,NHAP!$K$1:$K$5000)-SUMIF(NHAP!$L$1:$L$5000,B841,NHAP!$M$1:$M$5000))","v":0},{"$f":"IF(D841=\"NCC\",0,F841+SUMIF(XUAT!$N$1:$N$5000,B841,XUAT!$L$1:$L$5000)-SUMIF(XUAT!$N$1:$N$5000,B841,XUAT!$O$1:$O$5000))","v":0}]
[null,null,null,null,null,null,null,{"$f":"IF(D842=\"KH\",0,E842+SUMIF(NHAP!$L$1:$L$5000,B842,NHAP!$K$1:$K$5000)-SUMIF(NHAP!$L$1:$L$5000,B842,NHAP!$M$1:$M$5000))","v":0},{"$f":"IF(D842=\"NCC\",0,F842+SUMIF(XUAT!$N$1:$N$5000,B842,XUAT!$L$1:$L$5000)-SUMIF(XUAT!$N$1:$N$5000,B842,XUAT!$O$1:$O$5000))","v":0}]
[null,null,null,null,null,null,null,{"$f":"IF(D843=\"KH\",0,E843+SUMIF(NHAP!$L$1:$L$5000,B843,NHAP!$K$1:$K$5000)-SUMIF(NHAP!$L$1:$L$5000,B843,NHAP!$M$1:$M$5000))","v":0},{"$f":"IF(D843=\"NCC\",0,F843+SUMIF(XUAT!$N$1:$N$5000,B843,XUAT!$L$1:$L$5000)-SUMIF(XUAT!$N$1:$N$5000,B843,XUAT!$O$1:$O$5000))","v":0}]
[null,null,null,null,null,null,null,{"$f":"IF(D844=\"KH\",0,E844+SUMIF(NHAP!$L$1:$L$5000,B844,NHAP!$K$1:$K$5000)-SUMIF(NHAP!$L$1:$L$5000,B844,NHAP!$M$1:$M$5000))","v":0},{"$f":"IF(D844=\"NCC\",0,F844+SUMIF(XUAT!$N$1:$N$5000,B844,XUAT!$L$1:$L$5000)-SUMIF(XUAT!$N$1:$N$5000,B844,XUAT!$O$1:$O$5000))","v":0}]
[null,null,null,null,null,null,null,{"$f":"IF(D845=\"KH\",0,E845+SUMIF(NHAP!$L$1:$L$5000,B845,NHAP!$K$1:$K$5000)-SUMIF(NHAP!$L$1:$L$5000,B845,NHAP!$M$1:$M$5000))","v":0},{"$f":"IF(D845=\"NCC\",0,F845+SUMIF(XUAT!$N$1:$N$5000,B845,XUAT!$L$1:$L$5000)-SUMIF(XUAT!$N$1:$N$5000,B845,XUAT!$O$1:$O$5000))","v":0}]
[null,null,null,null,null,null,null,{"$f":"IF(D846=\"KH\",0,E846+SUMIF(NHAP!$L$1:$L$5000,B846,NHAP!$K$1:$K$5000)-SUMIF(NHAP!$L$1:$L$5000,B846,NHAP!$M$1:$M$5000))","v":0},{"$f":"IF(D846=\"NCC\",0,F846+SUMIF(XUAT!$N$1:$N$5000,B846,XUAT!$L$1:$L$5000)-SUMIF(XUAT!$N$1:$N$5000,B846,XUAT!$O$1:$O$5000))","v":0}]
[null,null,null,null,null,null,null,{"$f":"IF(D847=\"KH\",0,E847+SUMIF(NHAP!$L$1:$L$5000,B847,NHAP!$K$1:$K$5000)-SUMIF(NHAP!$L$1:$L$5000,B847,NHAP!$M$1:$M$5000))","v":0},{"$f":"IF(D847=\"NCC\",0,F847+SUMIF(XUAT!$N$1:$N$5000,B847,XUAT!$L$1:$L$5000)-SUMIF(XUAT!$N$1:$N$5000,B847,XUAT!$O$1:$O$5000))","v":0}]
[null,null,null,null,null,null,null,{"$f":"IF(D848=\"KH\",0,E848+SUMIF(NHAP!$L$1:$L$5000,B848,NHAP!$K$1:$K$5000)-SUMIF(NHAP!$L$1:$L$5000,B848,NHAP!$M$1:$M$5000))","v":0},{"$f":"IF(D848=\"NCC\",0,F848+SUMIF(XUAT!$N$1:$N$5000,B848,XUAT!$L$1:$L$5000)-SUMIF(XUAT!$N$1:$N$5000,B848,XUAT!$O$1:$O$5000))","v":0}]
[null,null,null,null,null,null,null,{"$f":"IF(D849=\"KH\",0,E849+SUMIF(NHAP!$L$1:$L$5000,B849,NHAP!$K$1:$K$5000)-SUMIF(NHAP!$L$1:$L$5000,B849,NHAP!$M$1:$M$5000))","v":0},{"$f":"IF(D849=\"NCC\",0,F849+SUMIF(XUAT!$N$1:$N$5000,B849,XUAT!$L$1:$L$5000)-SUMIF(XUAT!$N$1:$N$5000,B849,XUAT!$O$1:$O$5000))","v":0}]
[null,null,null,null,null,null,null,{"$f":"IF(D850=\"KH\",0,E850+SUMIF(NHAP!$L$1:$L$5000,B850,NHAP!$K$1:$K$5000)-SUMIF(NHAP!$L$1:$L$5000,B850,NHAP!$M$1:$M$5000))","v":0},{"$f":"IF(D850=\"NCC\",0,F850+SUMIF(XUAT!$N$1:$N$5000,B850,XUAT!$L$1:$L$5000)-SUMIF(XUAT!$N$1:$N$5000,B850,XUAT!$O$1:$O$5000))","v":0}]
[null,null,null,null,null,null,null,{"$f":"IF(D851=\"KH\",0,E851+SUMIF(NHAP!$L$1:$L$5000,B851,NHAP!$K$1:$K$5000)-SUMIF(NHAP!$L$1:$L$5000,B851,NHAP!$M$1:$M$5000))","v":0},{"$f":"IF(D851=\"NCC\",0,F851+SUMIF(XUAT!$N$1:$N$5000,B851,XUAT!$L$1:$L$5000)-SUMIF(XUAT!$N$1:$N$5000,B851,XUAT!$O$1:$O$5000))","v":0}]
[null,null,null,null,null,null,null,{"$f":"IF(D852=\"KH\",0,E852+SUMIF(NHAP!$L$1:$L$5000,B852,NHAP!$K$1:$K$5000)-SUMIF(NHAP!$L$1:$L$5000,B852,NHAP!$M$1:$M$5000))","v":0},{"$f":"IF(D852=\"NCC\",0,F852+SUMIF(XUAT!$N$1:$N$5000,B852,XUAT!$L$1:$L$5000)-SUMIF(XUAT!$N$1:$N$5000,B852,XUAT!$O$1:$O$5000))","v":0}]
[null,null,null,null,null,null,null,{"$f":"IF(D853=\"KH\",0,E853+SUMIF(NHAP!$L$1:$L$5000,B853,NHAP!$K$1:$K$5000)-SUMIF(NHAP!$L$1:$L$5000,B853,NHAP!$M$1:$M$5000))","v":0},{"$f":"IF(D853=\"NCC\",0,F853+SUMIF(XUAT!$N$1:$N$5000,B853,XUAT!$L$1:$L$5000)-SUMIF(XUAT!$N$1:$N$5000,B853,XUAT!$O$1:$O$5000))","v":0}]
[null,null,null,null,null,null,null,{"$f":"IF(D854=\"KH\",0,E854+SUMIF(NHAP!$L$1:$L$5000,B854,NHAP!$K$1:$K$5000)-SUMIF(NHAP!$L$1:$L$5000,B854,NHAP!$M$1:$M$5000))","v":0},{"$f":"IF(D854=\"NCC\",0,F854+SUMIF(XUAT!$N$1:$N$5000,B854,XUAT!$L$1:$L$5000)-SUMIF(XUAT!$N$1:$N$5000,B854,XUAT!$O$1:$O$5000))","v":0}]
[null,null,null,null,null,null,null,{"$f":"IF(D855=\"KH\",0,E855+SUMIF(NHAP!$L$1:$L$5000,B855,NHAP!$K$1:$K$5000)-SUMIF(NHAP!$L$1:$L$5000,B855,NHAP!$M$1:$M$5000))","v":0},{"$f":"IF(D855=\"NCC\",0,F855+SUMIF(XUAT!$N$1:$N$5000,B855,XUAT!$L$1:$L$5000)-SUMIF(XUAT!$N$1:$N$5000,B855,XUAT!$O$1:$O$5000))","v":0}]
[null,null,null,null,null,null,null,{"$f":"IF(D856=\"KH\",0,E856+SUMIF(NHAP!$L$1:$L$5000,B856,NHAP!$K$1:$K$5000)-SUMIF(NHAP!$L$1:$L$5000,B856,NHAP!$M$1:$M$5000))","v":0},{"$f":"IF(D856=\"NCC\",0,F856+SUMIF(XUAT!$N$1:$N$5000,B856,XUAT!$L$1:$L$5000)-SUMIF(XUAT!$N$1:$N$5000,B856,XUAT!$O$1:$O$5000))","v":0}]
[null,null,null,null,null,null,null,{"$f":"IF(D857=\"KH\",0,E857+SUMIF(NHAP!$L$1:$L$5000,B857,NHAP!$K$1:$K$5000)-SUMIF(NHAP!$L$1:$L$5000,B857,NHAP!$M$1:$M$5000))","v":0},{"$f":"IF(D857=\"NCC\",0,F857+SUMIF(XUAT!$N$1:$N$5000,B857,XUAT!$L$1:$L$5000)-SUMIF(XUAT!$N$1:$N$5000,B857,XUAT!$O$1:$O$5000))","v":0}]
[null,null,null,null,null,null,null,{"$f":"IF(D858=\"KH\",0,E858+SUMIF(NHAP!$L$1:$L$5000,B858,NHAP!$K$1:$K$5000)-SUMIF(NHAP!$L$1:$L$5000,B858,NHAP!$M$1:$M$5000))","v":0},{"$f":"IF(D858=\"NCC\",0,F858+SUMIF(XUAT!$N$1:$N$5000,B858,XUAT!$L$1:$L$5000)-SUMIF(XUAT!$N$1:$N$5000,B858,XUAT!$O$1:$O$5000))","v":0}]
[null,null,null,null,null,null,null,{"$f":"IF(D859=\"KH\",0,E859+SUMIF(NHAP!$L$1:$L$5000,B859,NHAP!$K$1:$K$5000)-SUMIF(NHAP!$L$1:$L$5000,B859,NHAP!$M$1:$M$5000))","v":0},{"$f":"IF(D859=\"NCC\",0,F859+SUMIF(XUAT!$N$1:$N$5000,B859,XUAT!$L$1:$L$5000)-SUMIF(XUAT!$N$1:$N$5000,B859,XUAT!$O$1:$O$5000))","v":0}]
[null,null,null,null,null,null,null,{"$f":"IF(D860=\"KH\",0,E860+SUMIF(NHAP!$L$1:$L$5000,B860,NHAP!$K$1:$K$5000)-SUMIF(NHAP!$L$1:$L$5000,B860,NHAP!$M$1:$M$5000))","v":0},{"$f":"IF(D860=\"NCC\",0,F860+SUMIF(XUAT!$N$1:$N$5000,B860,XUAT!$L$1:$L$5000)-SUMIF(XUAT!$N$1:$N$5000,B860,XUAT!$O$1:$O$5000))","v":0}]
[null,null,null,null,null,null,null,{"$f":"IF(D861=\"KH\",0,E861+SUMIF(NHAP!$L$1:$L$5000,B861,NHAP!$K$1:$K$5000)-SUMIF(NHAP!$L$1:$L$5000,B861,NHAP!$M$1:$M$5000))","v":0},{"$f":"IF(D861=\"NCC\",0,F861+SUMIF(XUAT!$N$1:$N$5000,B861,XUAT!$L$1:$L$5000)-SUMIF(XUAT!$N$1:$N$5000,B861,XUAT!$O$1:$O$5000))","v":0}]
[null,null,null,null,null,null,null,{"$f":"IF(D862=\"KH\",0,E862+SUMIF(NHAP!$L$1:$L$5000,B862,NHAP!$K$1:$K$5000)-SUMIF(NHAP!$L$1:$L$5000,B862,NHAP!$M$1:$M$5000))","v":0},{"$f":"IF(D862=\"NCC\",0,F862+SUMIF(XUAT!$N$1:$N$5000,B862,XUAT!$L$1:$L$5000)-SUMIF(XUAT!$N$1:$N$5000,B862,XUAT!$O$1:$O$5000))","v":0}]
[null,null,null,null,null,null,null,{"$f":"IF(D863=\"KH\",0,E863+SUMIF(NHAP!$L$1:$L$5000,B863,NHAP!$K$1:$K$5000)-SUMIF(NHAP!$L$1:$L$5000,B863,NHAP!$M$1:$M$5000))","v":0},{"$f":"IF(D863=\"NCC\",0,F863+SUMIF(XUAT!$N$1:$N$5000,B863,XUAT!$L$1:$L$5000)-SUMIF(XUAT!$N$1:$N$5000,B863,XUAT!$O$1:$O$5000))","v":0}]
[null,null,null,null,null,null,null,{"$f":"IF(D864=\"KH\",0,E864+SUMIF(NHAP!$L$1:$L$5000,B864,NHAP!$K$1:$K$5000)-SUMIF(NHAP!$L$1:$L$5000,B864,NHAP!$M$1:$M$5000))","v":0},{"$f":"IF(D864=\"NCC\",0,F864+SUMIF(XUAT!$N$1:$N$5000,B864,XUAT!$L$1:$L$5000)-SUMIF(XUAT!$N$1:$N$5000,B864,XUAT!$O$1:$O$5000))","v":0}]
[null,null,null,null,null,null,null,{"$f":"IF(D865=\"KH\",0,E865+SUMIF(NHAP!$L$1:$L$5000,B865,NHAP!$K$1:$K$5000)-SUMIF(NHAP!$L$1:$L$5000,B865,NHAP!$M$1:$M$5000))","v":0},{"$f":"IF(D865=\"NCC\",0,F865+SUMIF(XUAT!$N$1:$N$5000,B865,XUAT!$L$1:$L$5000)-SUMIF(XUAT!$N$1:$N$5000,B865,XUAT!$O$1:$O$5000))","v":0}]
[null,null,null,null,null,null,null,{"$f":"IF(D866=\"KH\",0,E866+SUMIF(NHAP!$L$1:$L$5000,B866,NHAP!$K$1:$K$5000)-SUMIF(NHAP!$L$1:$L$5000,B866,NHAP!$M$1:$M$5000))","v":0},{"$f":"IF(D866=\"NCC\",0,F866+SUMIF(XUAT!$N$1:$N$5000,B866,XUAT!$L$1:$L$5000)-SUMIF(XUAT!$N$1:$N$5000,B866,XUAT!$O$1:$O$5000))","v":0}]
[null,null,null,null,null,null,null,{"$f":"IF(D867=\"KH\",0,E867+SUMIF(NHAP!$L$1:$L$5000,B867,NHAP!$K$1:$K$5000)-SUMIF(NHAP!$L$1:$L$5000,B867,NHAP!$M$1:$M$5000))","v":0},{"$f":"IF(D867=\"NCC\",0,F867+SUMIF(XUAT!$N$1:$N$5000,B867,XUAT!$L$1:$L$5000)-SUMIF(XUAT!$N$1:$N$5000,B867,XUAT!$O$1:$O$5000))","v":0}]
[null,null,null,null,null,null,null,{"$f":"IF(D868=\"KH\",0,E868+SUMIF(NHAP!$L$1:$L$5000,B868,NHAP!$K$1:$K$5000)-SUMIF(NHAP!$L$1:$L$5000,B868,NHAP!$M$1:$M$5000))","v":0},{"$f":"IF(D868=\"NCC\",0,F868+SUMIF(XUAT!$N$1:$N$5000,B868,XUAT!$L$1:$L$5000)-SUMIF(XUAT!$N$1:$N$5000,B868,XUAT!$O$1:$O$5000))","v":0}]
[null,null,null,null,null,null,null,{"$f":"IF(D869=\"KH\",0,E869+SUMIF(NHAP!$L$1:$L$5000,B869,NHAP!$K$1:$K$5000)-SUMIF(NHAP!$L$1:$L$5000,B869,NHAP!$M$1:$M$5000))","v":0},{"$f":"IF(D869=\"NCC\",0,F869+SUMIF(XUAT!$N$1:$N$5000,B869,XUAT!$L$1:$L$5000)-SUMIF(XUAT!$N$1:$N$5000,B869,XUAT!$O$1:$O$5000))","v":0}]
[null,null,null,null,null,null,null,{"$f":"IF(D870=\"KH\",0,E870+SUMIF(NHAP!$L$1:$L$5000,B870,NHAP!$K$1:$K$5000)-SUMIF(NHAP!$L$1:$L$5000,B870,NHAP!$M$1:$M$5000))","v":0},{"$f":"IF(D870=\"NCC\",0,F870+SUMIF(XUAT!$N$1:$N$5000,B870,XUAT!$L$1:$L$5000)-SUMIF(XUAT!$N$1:$N$5000,B870,XUAT!$O$1:$O$5000))","v":0}]
[null,null,null,null,null,null,null,{"$f":"IF(D871=\"KH\",0,E871+SUMIF(NHAP!$L$1:$L$5000,B871,NHAP!$K$1:$K$5000)-SUMIF(NHAP!$L$1:$L$5000,B871,NHAP!$M$1:$M$5000))","v":0},{"$f":"IF(D871=\"NCC\",0,F871+SUMIF(XUAT!$N$1:$N$5000,B871,XUAT!$L$1:$L$5000)-SUMIF(XUAT!$N$1:$N$5000,B871,XUAT!$O$1:$O$5000))","v":0}]
[null,null,null,null,null,null,null,{"$f":"IF(D872=\"KH\",0,E872+SUMIF(NHAP!$L$1:$L$5000,B872,NHAP!$K$1:$K$5000)-SUMIF(NHAP!$L$1:$L$5000,B872,NHAP!$M$1:$M$5000))","v":0},{"$f":"IF(D872=\"NCC\",0,F872+SUMIF(XUAT!$N$1:$N$5000,B872,XUAT!$L$1:$L$5000)-SUMIF(XUAT!$N$1:$N$5000,B872,XUAT!$O$1:$O$5000))","v":0}]
[null,null,null,null,null,null,null,{"$f":"IF(D873=\"KH\",0,E873+SUMIF(NHAP!$L$1:$L$5000,B873,NHAP!$K$1:$K$5000)-SUMIF(NHAP!$L$1:$L$5000,B873,NHAP!$M$1:$M$5000))","v":0},{"$f":"IF(D873=\"NCC\",0,F873+SUMIF(XUAT!$N$1:$N$5000,B873,XUAT!$L$1:$L$5000)-SUMIF(XUAT!$N$1:$N$5000,B873,XUAT!$O$1:$O$5000))","v":0}]
[null,null,null,null,null,null,null,{"$f":"IF(D874=\"KH\",0,E874+SUMIF(NHAP!$L$1:$L$5000,B874,NHAP!$K$1:$K$5000)-SUMIF(NHAP!$L$1:$L$5000,B874,NHAP!$M$1:$M$5000))","v":0},{"$f":"IF(D874=\"NCC\",0,F874+SUMIF(XUAT!$N$1:$N$5000,B874,XUAT!$L$1:$L$5000)-SUMIF(XUAT!$N$1:$N$5000,B874,XUAT!$O$1:$O$5000))","v":0}]
[null,null,null,null,null,null,null,{"$f":"IF(D875=\"KH\",0,E875+SUMIF(NHAP!$L$1:$L$5000,B875,NHAP!$K$1:$K$5000)-SUMIF(NHAP!$L$1:$L$5000,B875,NHAP!$M$1:$M$5000))","v":0},{"$f":"IF(D875=\"NCC\",0,F875+SUMIF(XUAT!$N$1:$N$5000,B875,XUAT!$L$1:$L$5000)-SUMIF(XUAT!$N$1:$N$5000,B875,XUAT!$O$1:$O$5000))","v":0}]
[null,null,null,null,null,null,null,{"$f":"IF(D876=\"KH\",0,E876+SUMIF(NHAP!$L$1:$L$5000,B876,NHAP!$K$1:$K$5000)-SUMIF(NHAP!$L$1:$L$5000,B876,NHAP!$M$1:$M$5000))","v":0},{"$f":"IF(D876=\"NCC\",0,F876+SUMIF(XUAT!$N$1:$N$5000,B876,XUAT!$L$1:$L$5000)-SUMIF(XUAT!$N$1:$N$5000,B876,XUAT!$O$1:$O$5000))","v":0}]
[null,null,null,null,null,null,null,{"$f":"IF(D877=\"KH\",0,E877+SUMIF(NHAP!$L$1:$L$5000,B877,NHAP!$K$1:$K$5000)-SUMIF(NHAP!$L$1:$L$5000,B877,NHAP!$M$1:$M$5000))","v":0},{"$f":"IF(D877=\"NCC\",0,F877+SUMIF(XUAT!$N$1:$N$5000,B877,XUAT!$L$1:$L$5000)-SUMIF(XUAT!$N$1:$N$5000,B877,XUAT!$O$1:$O$5000))","v":0}]
[null,null,null,null,null,null,null,{"$f":"IF(D878=\"KH\",0,E878+SUMIF(NHAP!$L$1:$L$5000,B878,NHAP!$K$1:$K$5000)-SUMIF(NHAP!$L$1:$L$5000,B878,NHAP!$M$1:$M$5000))","v":0},{"$f":"IF(D878=\"NCC\",0,F878+SUMIF(XUAT!$N$1:$N$5000,B878,XUAT!$L$1:$L$5000)-SUMIF(XUAT!$N$1:$N$5000,B878,XUAT!$O$1:$O$5000))","v":0}]
[null,null,null,null,null,null,null,{"$f":"IF(D879=\"KH\",0,E879+SUMIF(NHAP!$L$1:$L$5000,B879,NHAP!$K$1:$K$5000)-SUMIF(NHAP!$L$1:$L$5000,B879,NHAP!$M$1:$M$5000))","v":0},{"$f":"IF(D879=\"NCC\",0,F879+SUMIF(XUAT!$N$1:$N$5000,B879,XUAT!$L$1:$L$5000)-SUMIF(XUAT!$N$1:$N$5000,B879,XUAT!$O$1:$O$5000))","v":0}]
[null,null,null,null,null,null,null,{"$f":"IF(D880=\"KH\",0,E880+SUMIF(NHAP!$L$1:$L$5000,B880,NHAP!$K$1:$K$5000)-SUMIF(NHAP!$L$1:$L$5000,B880,NHAP!$M$1:$M$5000))","v":0},{"$f":"IF(D880=\"NCC\",0,F880+SUMIF(XUAT!$N$1:$N$5000,B880,XUAT!$L$1:$L$5000)-SUMIF(XUAT!$N$1:$N$5000,B880,XUAT!$O$1:$O$5000))","v":0}]
[null,null,null,null,null,null,null,{"$f":"IF(D881=\"KH\",0,E881+SUMIF(NHAP!$L$1:$L$5000,B881,NHAP!$K$1:$K$5000)-SUMIF(NHAP!$L$1:$L$5000,B881,NHAP!$M$1:$M$5000))","v":0},{"$f":"IF(D881=\"NCC\",0,F881+SUMIF(XUAT!$N$1:$N$5000,B881,XUAT!$L$1:$L$5000)-SUMIF(XUAT!$N$1:$N$5000,B881,XUAT!$O$1:$O$5000))","v":0}]
[null,null,null,null,null,null,null,{"$f":"IF(D882=\"KH\",0,E882+SUMIF(NHAP!$L$1:$L$5000,B882,NHAP!$K$1:$K$5000)-SUMIF(NHAP!$L$1:$L$5000,B882,NHAP!$M$1:$M$5000))","v":0},{"$f":"IF(D882=\"NCC\",0,F882+SUMIF(XUAT!$N$1:$N$5000,B882,XUAT!$L$1:$L$5000)-SUMIF(XUAT!$N$1:$N$5000,B882,XUAT!$O$1:$O$5000))","v":0}]
[null,null,null,null,null,null,null,{"$f":"IF(D883=\"KH\",0,E883+SUMIF(NHAP!$L$1:$L$5000,B883,NHAP!$K$1:$K$5000)-SUMIF(NHAP!$L$1:$L$5000,B883,NHAP!$M$1:$M$5000))","v":0},{"$f":"IF(D883=\"NCC\",0,F883+SUMIF(XUAT!$N$1:$N$5000,B883,XUAT!$L$1:$L$5000)-SUMIF(XUAT!$N$1:$N$5000,B883,XUAT!$O$1:$O$5000))","v":0}]
[null,null,null,null,null,null,null,{"$f":"IF(D884=\"KH\",0,E884+SUMIF(NHAP!$L$1:$L$5000,B884,NHAP!$K$1:$K$5000)-SUMIF(NHAP!$L$1:$L$5000,B884,NHAP!$M$1:$M$5000))","v":0},{"$f":"IF(D884=\"NCC\",0,F884+SUMIF(XUAT!$N$1:$N$5000,B884,XUAT!$L$1:$L$5000)-SUMIF(XUAT!$N$1:$N$5000,B884,XUAT!$O$1:$O$5000))","v":0}]
[null,null,null,null,null,null,null,{"$f":"IF(D885=\"KH\",0,E885+SUMIF(NHAP!$L$1:$L$5000,B885,NHAP!$K$1:$K$5000)-SUMIF(NHAP!$L$1:$L$5000,B885,NHAP!$M$1:$M$5000))","v":0},{"$f":"IF(D885=\"NCC\",0,F885+SUMIF(XUAT!$N$1:$N$5000,B885,XUAT!$L$1:$L$5000)-SUMIF(XUAT!$N$1:$N$5000,B885,XUAT!$O$1:$O$5000))","v":0}]
[null,null,null,null,null,null,null,{"$f":"IF(D886=\"KH\",0,E886+SUMIF(NHAP!$L$1:$L$5000,B886,NHAP!$K$1:$K$5000)-SUMIF(NHAP!$L$1:$L$5000,B886,NHAP!$M$1:$M$5000))","v":0},{"$f":"IF(D886=\"NCC\",0,F886+SUMIF(XUAT!$N$1:$N$5000,B886,XUAT!$L$1:$L$5000)-SUMIF(XUAT!$N$1:$N$5000,B886,XUAT!$O$1:$O$5000))","v":0}]
[null,null,null,null,null,null,null,{"$f":"IF(D887=\"KH\",0,E887+SUMIF(NHAP!$L$1:$L$5000,B887,NHAP!$K$1:$K$5000)-SUMIF(NHAP!$L$1:$L$5000,B887,NHAP!$M$1:$M$5000))","v":0},{"$f":"IF(D887=\"NCC\",0,F887+SUMIF(XUAT!$N$1:$N$5000,B887,XUAT!$L$1:$L$5000)-SUMIF(XUAT!$N$1:$N$5000,B887,XUAT!$O$1:$O$5000))","v":0}]
[null,null,null,null,null,null,null,{"$f":"IF(D888=\"KH\",0,E888+SUMIF(NHAP!$L$1:$L$5000,B888,NHAP!$K$1:$K$5000)-SUMIF(NHAP!$L$1:$L$5000,B888,NHAP!$M$1:$M$5000))","v":0},{"$f":"IF(D888=\"NCC\",0,F888+SUMIF(XUAT!$N$1:$N$5000,B888,XUAT!$L$1:$L$5000)-SUMIF(XUAT!$N$1:$N$5000,B888,XUAT!$O$1:$O$5000))","v":0}]
[null,null,null,null,null,null,null,{"$f":"IF(D889=\"KH\",0,E889+SUMIF(NHAP!$L$1:$L$5000,B889,NHAP!$K$1:$K$5000)-SUMIF(NHAP!$L$1:$L$5000,B889,NHAP!$M$1:$M$5000))","v":0},{"$f":"IF(D889=\"NCC\",0,F889+SUMIF(XUAT!$N$1:$N$5000,B889,XUAT!$L$1:$L$5000)-SUMIF(XUAT!$N$1:$N$5000,B889,XUAT!$O$1:$O$5000))","v":0}]
[null,null,null,null,null,null,null,{"$f":"IF(D890=\"KH\",0,E890+SUMIF(NHAP!$L$1:$L$5000,B890,NHAP!$K$1:$K$5000)-SUMIF(NHAP!$L$1:$L$5000,B890,NHAP!$M$1:$M$5000))","v":0},{"$f":"IF(D890=\"NCC\",0,F890+SUMIF(XUAT!$N$1:$N$5000,B890,XUAT!$L$1:$L$5000)-SUMIF(XUAT!$N$1:$N$5000,B890,XUAT!$O$1:$O$5000))","v":0}]
[null,null,null,null,null,null,null,{"$f":"IF(D891=\"KH\",0,E891+SUMIF(NHAP!$L$1:$L$5000,B891,NHAP!$K$1:$K$5000)-SUMIF(NHAP!$L$1:$L$5000,B891,NHAP!$M$1:$M$5000))","v":0},{"$f":"IF(D891=\"NCC\",0,F891+SUMIF(XUAT!$N$1:$N$5000,B891,XUAT!$L$1:$L$5000)-SUMIF(XUAT!$N$1:$N$5000,B891,XUAT!$O$1:$O$5000))","v":0}]
[null,null,null,null,null,null,null,{"$f":"IF(D892=\"KH\",0,E892+SUMIF(NHAP!$L$1:$L$5000,B892,NHAP!$K$1:$K$5000)-SUMIF(NHAP!$L$1:$L$5000,B892,NHAP!$M$1:$M$5000))","v":0},{"$f":"IF(D892=\"NCC\",0,F892+SUMIF(XUAT!$N$1:$N$5000,B892,XUAT!$L$1:$L$5000)-SUMIF(XUAT!$N$1:$N$5000,B892,XUAT!$O$1:$O$5000))","v":0}]
[null,null,null,null,null,null,null,{"$f":"IF(D893=\"KH\",0,E893+SUMIF(NHAP!$L$1:$L$5000,B893,NHAP!$K$1:$K$5000)-SUMIF(NHAP!$L$1:$L$5000,B893,NHAP!$M$1:$M$5000))","v":0},{"$f":"IF(D893=\"NCC\",0,F893+SUMIF(XUAT!$N$1:$N$5000,B893,XUAT!$L$1:$L$5000)-SUMIF(XUAT!$N$1:$N$5000,B893,XUAT!$O$1:$O$5000))","v":0}]
[null,null,null,null,null,null,null,{"$f":"IF(D894=\"KH\",0,E894+SUMIF(NHAP!$L$1:$L$5000,B894,NHAP!$K$1:$K$5000)-SUMIF(NHAP!$L$1:$L$5000,B894,NHAP!$M$1:$M$5000))","v":0},{"$f":"IF(D894=\"NCC\",0,F894+SUMIF(XUAT!$N$1:$N$5000,B894,XUAT!$L$1:$L$5000)-SUMIF(XUAT!$N$1:$N$5000,B894,XUAT!$O$1:$O$5000))","v":0}]
[null,null,null,null,null,null,null,{"$f":"IF(D895=\"KH\",0,E895+SUMIF(NHAP!$L$1:$L$5000,B895,NHAP!$K$1:$K$5000)-SUMIF(NHAP!$L$1:$L$5000,B895,NHAP!$M$1:$M$5000))","v":0},{"$f":"IF(D895=\"NCC\",0,F895+SUMIF(XUAT!$N$1:$N$5000,B895,XUAT!$L$1:$L$5000)-SUMIF(XUAT!$N$1:$N$5000,B895,XUAT!$O$1:$O$5000))","v":0}]
[null,null,null,null,null,null,null,{"$f":"IF(D896=\"KH\",0,E896+SUMIF(NHAP!$L$1:$L$5000,B896,NHAP!$K$1:$K$5000)-SUMIF(NHAP!$L$1:$L$5000,B896,NHAP!$M$1:$M$5000))","v":0},{"$f":"IF(D896=\"NCC\",0,F896+SUMIF(XUAT!$N$1:$N$5000,B896,XUAT!$L$1:$L$5000)-SUMIF(XUAT!$N$1:$N$5000,B896,XUAT!$O$1:$O$5000))","v":0}]
[null,null,null,null,null,null,null,{"$f":"IF(D897=\"KH\",0,E897+SUMIF(NHAP!$L$1:$L$5000,B897,NHAP!$K$1:$K$5000)-SUMIF(NHAP!$L$1:$L$5000,B897,NHAP!$M$1:$M$5000))","v":0},{"$f":"IF(D897=\"NCC\",0,F897+SUMIF(XUAT!$N$1:$N$5000,B897,XUAT!$L$1:$L$5000)-SUMIF(XUAT!$N$1:$N$5000,B897,XUAT!$O$1:$O$5000))","v":0}]
[null,null,null,null,null,null,null,{"$f":"IF(D898=\"KH\",0,E898+SUMIF(NHAP!$L$1:$L$5000,B898,NHAP!$K$1:$K$5000)-SUMIF(NHAP!$L$1:$L$5000,B898,NHAP!$M$1:$M$5000))","v":0},{"$f":"IF(D898=\"NCC\",0,F898+SUMIF(XUAT!$N$1:$N$5000,B898,XUAT!$L$1:$L$5000)-SUMIF(XUAT!$N$1:$N$5000,B898,XUAT!$O$1:$O$5000))","v":0}]
[null,null,null,null,null,null,null,{"$f":"IF(D899=\"KH\",0,E899+SUMIF(NHAP!$L$1:$L$5000,B899,NHAP!$K$1:$K$5000)-SUMIF(NHAP!$L$1:$L$5000,B899,NHAP!$M$1:$M$5000))","v":0},{"$f":"IF(D899=\"NCC\",0,F899+SUMIF(XUAT!$N$1:$N$5000,B899,XUAT!$L$1:$L$5000)-SUMIF(XUAT!$N$1:$N$5000,B899,XUAT!$O$1:$O$5000))","v":0}]
[null,null,null,null,null,null,null,{"$f":"IF(D900=\"KH\",0,E900+SUMIF(NHAP!$L$1:$L$5000,B900,NHAP!$K$1:$K$5000)-SUMIF(NHAP!$L$1:$L$5000,B900,NHAP!$M$1:$M$5000))","v":0},{"$f":"IF(D900=\"NCC\",0,F900+SUMIF(XUAT!$N$1:$N$5000,B900,XUAT!$L$1:$L$5000)-SUMIF(XUAT!$N$1:$N$5000,B900,XUAT!$O$1:$O$5000))","v":0}]
[null,null,null,null,null,null,null,{"$f":"IF(D901=\"KH\",0,E901+SUMIF(NHAP!$L$1:$L$5000,B901,NHAP!$K$1:$K$5000)-SUMIF(NHAP!$L$1:$L$5000,B901,NHAP!$M$1:$M$5000))","v":0},{"$f":"IF(D901=\"NCC\",0,F901+SUMIF(XUAT!$N$1:$N$5000,B901,XUAT!$L$1:$L$5000)-SUMIF(XUAT!$N$1:$N$5000,B901,XUAT!$O$1:$O$5000))","v":0}]
[null,null,null,null,null,null,null,{"$f":"IF(D902=\"KH\",0,E902+SUMIF(NHAP!$L$1:$L$5000,B902,NHAP!$K$1:$K$5000)-SUMIF(NHAP!$L$1:$L$5000,B902,NHAP!$M$1:$M$5000))","v":0},{"$f":"IF(D902=\"NCC\",0,F902+SUMIF(XUAT!$N$1:$N$5000,B902,XUAT!$L$1:$L$5000)-SUMIF(XUAT!$N$1:$N$5000,B902,XUAT!$O$1:$O$5000))","v":0}]
[null,null,null,null,null,null,null,{"$f":"IF(D903=\"KH\",0,E903+SUMIF(NHAP!$L$1:$L$5000,B903,NHAP!$K$1:$K$5000)-SUMIF(NHAP!$L$1:$L$5000,B903,NHAP!$M$1:$M$5000))","v":0},{"$f":"IF(D903=\"NCC\",0,F903+SUMIF(XUAT!$N$1:$N$5000,B903,XUAT!$L$1:$L$5000)-SUMIF(XUAT!$N$1:$N$5000,B903,XUAT!$O$1:$O$5000))","v":0}]
[null,null,null,null,null,null,null,{"$f":"IF(D904=\"KH\",0,E904+SUMIF(NHAP!$L$1:$L$5000,B904,NHAP!$K$1:$K$5000)-SUMIF(NHAP!$L$1:$L$5000,B904,NHAP!$M$1:$M$5000))","v":0},{"$f":"IF(D904=\"NCC\",0,F904+SUMIF(XUAT!$N$1:$N$5000,B904,XUAT!$L$1:$L$5000)-SUMIF(XUAT!$N$1:$N$5000,B904,XUAT!$O$1:$O$5000))","v":0}]
[null,null,null,null,null,null,null,{"$f":"IF(D905=\"KH\",0,E905+SUMIF(NHAP!$L$1:$L$5000,B905,NHAP!$K$1:$K$5000)-SUMIF(NHAP!$L$1:$L$5000,B905,NHAP!$M$1:$M$5000))","v":0},{"$f":"IF(D905=\"NCC\",0,F905+SUMIF(XUAT!$N$1:$N$5000,B905,XUAT!$L$1:$L$5000)-SUMIF(XUAT!$N$1:$N$5000,B905,XUAT!$O$1:$O$5000))","v":0}]
[null,null,null,null,null,null,null,{"$f":"IF(D906=\"KH\",0,E906+SUMIF(NHAP!$L$1:$L$5000,B906,NHAP!$K$1:$K$5000)-SUMIF(NHAP!$L$1:$L$5000,B906,NHAP!$M$1:$M$5000))","v":0},{"$f":"IF(D906=\"NCC\",0,F906+SUMIF(XUAT!$N$1:$N$5000,B906,XUAT!$L$1:$L$5000)-SUMIF(XUAT!$N$1:$N$5000,B906,XUAT!$O$1:$O$5000))","v":0}]
[null,null,null,null,null,null,null,{"$f":"IF(D907=\"KH\",0,E907+SUMIF(NHAP!$L$1:$L$5000,B907,NHAP!$K$1:$K$5000)-SUMIF(NHAP!$L$1:$L$5000,B907,NHAP!$M$1:$M$5000))","v":0},{"$f":"IF(D907=\"NCC\",0,F907+SUMIF(XUAT!$N$1:$N$5000,B907,XUAT!$L$1:$L$5000)-SUMIF(XUAT!$N$1:$N$5000,B907,XUAT!$O$1:$O$5000))","v":0}]
[null,null,null,null,null,null,null,{"$f":"IF(D908=\"KH\",0,E908+SUMIF(NHAP!$L$1:$L$5000,B908,NHAP!$K$1:$K$5000)-SUMIF(NHAP!$L$1:$L$5000,B908,NHAP!$M$1:$M$5000))","v":0},{"$f":"IF(D908=\"NCC\",0,F908+SUMIF(XUAT!$N$1:$N$5000,B908,XUAT!$L$1:$L$5000)-SUMIF(XUAT!$N$1:$N$5000,B908,XUAT!$O$1:$O$5000))","v":0}]
[null,null,null,null,null,null,null,{"$f":"IF(D909=\"KH\",0,E909+SUMIF(NHAP!$L$1:$L$5000,B909,NHAP!$K$1:$K$5000)-SUMIF(NHAP!$L$1:$L$5000,B909,NHAP!$M$1:$M$5000))","v":0},{"$f":"IF(D909=\"NCC\",0,F909+SUMIF(XUAT!$N$1:$N$5000,B909,XUAT!$L$1:$L$5000)-SUMIF(XUAT!$N$1:$N$5000,B909,XUAT!$O$1:$O$5000))","v":0}]
[null,null,null,null,null,null,null,{"$f":"IF(D910=\"KH\",0,E910+SUMIF(NHAP!$L$1:$L$5000,B910,NHAP!$K$1:$K$5000)-SUMIF(NHAP!$L$1:$L$5000,B910,NHAP!$M$1:$M$5000))","v":0},{"$f":"IF(D910=\"NCC\",0,F910+SUMIF(XUAT!$N$1:$N$5000,B910,XUAT!$L$1:$L$5000)-SUMIF(XUAT!$N$1:$N$5000,B910,XUAT!$O$1:$O$5000))","v":0}]
[null,null,null,null,null,null,null,{"$f":"IF(D911=\"KH\",0,E911+SUMIF(NHAP!$L$1:$L$5000,B911,NHAP!$K$1:$K$5000)-SUMIF(NHAP!$L$1:$L$5000,B911,NHAP!$M$1:$M$5000))","v":0},{"$f":"IF(D911=\"NCC\",0,F911+SUMIF(XUAT!$N$1:$N$5000,B911,XUAT!$L$1:$L$5000)-SUMIF(XUAT!$N$1:$N$5000,B911,XUAT!$O$1:$O$5000))","v":0}]
[null,null,null,null,null,null,null,{"$f":"IF(D912=\"KH\",0,E912+SUMIF(NHAP!$L$1:$L$5000,B912,NHAP!$K$1:$K$5000)-SUMIF(NHAP!$L$1:$L$5000,B912,NHAP!$M$1:$M$5000))","v":0},{"$f":"IF(D912=\"NCC\",0,F912+SUMIF(XUAT!$N$1:$N$5000,B912,XUAT!$L$1:$L$5000)-SUMIF(XUAT!$N$1:$N$5000,B912,XUAT!$O$1:$O$5000))","v":0}]
[null,null,null,null,null,null,null,{"$f":"IF(D913=\"KH\",0,E913+SUMIF(NHAP!$L$1:$L$5000,B913,NHAP!$K$1:$K$5000)-SUMIF(NHAP!$L$1:$L$5000,B913,NHAP!$M$1:$M$5000))","v":0},{"$f":"IF(D913=\"NCC\",0,F913+SUMIF(XUAT!$N$1:$N$5000,B913,XUAT!$L$1:$L$5000)-SUMIF(XUAT!$N$1:$N$5000,B913,XUAT!$O$1:$O$5000))","v":0}]
[null,null,null,null,null,null,null,{"$f":"IF(D914=\"KH\",0,E914+SUMIF(NHAP!$L$1:$L$5000,B914,NHAP!$K$1:$K$5000)-SUMIF(NHAP!$L$1:$L$5000,B914,NHAP!$M$1:$M$5000))","v":0},{"$f":"IF(D914=\"NCC\",0,F914+SUMIF(XUAT!$N$1:$N$5000,B914,XUAT!$L$1:$L$5000)-SUMIF(XUAT!$N$1:$N$5000,B914,XUAT!$O$1:$O$5000))","v":0}]
[null,null,null,null,null,null,null,{"$f":"IF(D915=\"KH\",0,E915+SUMIF(NHAP!$L$1:$L$5000,B915,NHAP!$K$1:$K$5000)-SUMIF(NHAP!$L$1:$L$5000,B915,NHAP!$M$1:$M$5000))","v":0},{"$f":"IF(D915=\"NCC\",0,F915+SUMIF(XUAT!$N$1:$N$5000,B915,XUAT!$L$1:$L$5000)-SUMIF(XUAT!$N$1:$N$5000,B915,XUAT!$O$1:$O$5000))","v":0}]
[null,null,null,null,null,null,null,{"$f":"IF(D916=\"KH\",0,E916+SUMIF(NHAP!$L$1:$L$5000,B916,NHAP!$K$1:$K$5000)-SUMIF(NHAP!$L$1:$L$5000,B916,NHAP!$M$1:$M$5000))","v":0},{"$f":"IF(D916=\"NCC\",0,F916+SUMIF(XUAT!$N$1:$N$5000,B916,XUAT!$L$1:$L$5000)-SUMIF(XUAT!$N$1:$N$5000,B916,XUAT!$O$1:$O$5000))","v":0}]
[null,null,null,null,null,null,null,{"$f":"IF(D917=\"KH\",0,E917+SUMIF(NHAP!$L$1:$L$5000,B917,NHAP!$K$1:$K$5000)-SUMIF(NHAP!$L$1:$L$5000,B917,NHAP!$M$1:$M$5000))","v":0},{"$f":"IF(D917=\"NCC\",0,F917+SUMIF(XUAT!$N$1:$N$5000,B917,XUAT!$L$1:$L$5000)-SUMIF(XUAT!$N$1:$N$5000,B917,XUAT!$O$1:$O$5000))","v":0}]
[null,null,null,null,null,null,null,{"$f":"IF(D918=\"KH\",0,E918+SUMIF(NHAP!$L$1:$L$5000,B918,NHAP!$K$1:$K$5000)-SUMIF(NHAP!$L$1:$L$5000,B918,NHAP!$M$1:$M$5000))","v":0},{"$f":"IF(D918=\"NCC\",0,F918+SUMIF(XUAT!$N$1:$N$5000,B918,XUAT!$L$1:$L$5000)-SUMIF(XUAT!$N$1:$N$5000,B918,XUAT!$O$1:$O$5000))","v":0}]
[null,null,null,null,null,null,null,{"$f":"IF(D919=\"KH\",0,E919+SUMIF(NHAP!$L$1:$L$5000,B919,NHAP!$K$1:$K$5000)-SUMIF(NHAP!$L$1:$L$5000,B919,NHAP!$M$1:$M$5000))","v":0},{"$f":"IF(D919=\"NCC\",0,F919+SUMIF(XUAT!$N$1:$N$5000,B919,XUAT!$L$1:$L$5000)-SUMIF(XUAT!$N$1:$N$5000,B919,XUAT!$O$1:$O$5000))","v":0}]
[null,null,null,null,null,null,null,{"$f":"IF(D920=\"KH\",0,E920+SUMIF(NHAP!$L$1:$L$5000,B920,NHAP!$K$1:$K$5000)-SUMIF(NHAP!$L$1:$L$5000,B920,NHAP!$M$1:$M$5000))","v":0},{"$f":"IF(D920=\"NCC\",0,F920+SUMIF(XUAT!$N$1:$N$5000,B920,XUAT!$L$1:$L$5000)-SUMIF(XUAT!$N$1:$N$5000,B920,XUAT!$O$1:$O$5000))","v":0}]
[null,null,null,null,null,null,null,{"$f":"IF(D921=\"KH\",0,E921+SUMIF(NHAP!$L$1:$L$5000,B921,NHAP!$K$1:$K$5000)-SUMIF(NHAP!$L$1:$L$5000,B921,NHAP!$M$1:$M$5000))","v":0},{"$f":"IF(D921=\"NCC\",0,F921+SUMIF(XUAT!$N$1:$N$5000,B921,XUAT!$L$1:$L$5000)-SUMIF(XUAT!$N$1:$N$5000,B921,XUAT!$O$1:$O$5000))","v":0}]
[null,null,null,null,null,null,null,{"$f":"IF(D922=\"KH\",0,E922+SUMIF(NHAP!$L$1:$L$5000,B922,NHAP!$K$1:$K$5000)-SUMIF(NHAP!$L$1:$L$5000,B922,NHAP!$M$1:$M$5000))","v":0},{"$f":"IF(D922=\"NCC\",0,F922+SUMIF(XUAT!$N$1:$N$5000,B922,XUAT!$L$1:$L$5000)-SUMIF(XUAT!$N$1:$N$5000,B922,XUAT!$O$1:$O$5000))","v":0}]
[null,null,null,null,null,null,null,{"$f":"IF(D923=\"KH\",0,E923+SUMIF(NHAP!$L$1:$L$5000,B923,NHAP!$K$1:$K$5000)-SUMIF(NHAP!$L$1:$L$5000,B923,NHAP!$M$1:$M$5000))","v":0},{"$f":"IF(D923=\"NCC\",0,F923+SUMIF(XUAT!$N$1:$N$5000,B923,XUAT!$L$1:$L$5000)-SUMIF(XUAT!$N$1:$N$5000,B923,XUAT!$O$1:$O$5000))","v":0}]
[null,null,null,null,null,null,null,{"$f":"IF(D924=\"KH\",0,E924+SUMIF(NHAP!$L$1:$L$5000,B924,NHAP!$K$1:$K$5000)-SUMIF(NHAP!$L$1:$L$5000,B924,NHAP!$M$1:$M$5000))","v":0},{"$f":"IF(D924=\"NCC\",0,F924+SUMIF(XUAT!$N$1:$N$5000,B924,XUAT!$L$1:$L$5000)-SUMIF(XUAT!$N$1:$N$5000,B924,XUAT!$O$1:$O$5000))","v":0}]
[null,null,null,null,null,null,null,{"$f":"IF(D925=\"KH\",0,E925+SUMIF(NHAP!$L$1:$L$5000,B925,NHAP!$K$1:$K$5000)-SUMIF(NHAP!$L$1:$L$5000,B925,NHAP!$M$1:$M$5000))","v":0},{"$f":"IF(D925=\"NCC\",0,F925+SUMIF(XUAT!$N$1:$N$5000,B925,XUAT!$L$1:$L$5000)-SUMIF(XUAT!$N$1:$N$5000,B925,XUAT!$O$1:$O$5000))","v":0}]
[null,null,null,null,null,null,null,{"$f":"IF(D926=\"KH\",0,E926+SUMIF(NHAP!$L$1:$L$5000,B926,NHAP!$K$1:$K$5000)-SUMIF(NHAP!$L$1:$L$5000,B926,NHAP!$M$1:$M$5000))","v":0},{"$f":"IF(D926=\"NCC\",0,F926+SUMIF(XUAT!$N$1:$N$5000,B926,XUAT!$L$1:$L$5000)-SUMIF(XUAT!$N$1:$N$5000,B926,XUAT!$O$1:$O$5000))","v":0}]
[null,null,null,null,null,null,null,{"$f":"IF(D927=\"KH\",0,E927+SUMIF(NHAP!$L$1:$L$5000,B927,NHAP!$K$1:$K$5000)-SUMIF(NHAP!$L$1:$L$5000,B927,NHAP!$M$1:$M$5000))","v":0},{"$f":"IF(D927=\"NCC\",0,F927+SUMIF(XUAT!$N$1:$N$5000,B927,XUAT!$L$1:$L$5000)-SUMIF(XUAT!$N$1:$N$5000,B927,XUAT!$O$1:$O$5000))","v":0}]
[null,null,null,null,null,null,null,{"$f":"IF(D928=\"KH\",0,E928+SUMIF(NHAP!$L$1:$L$5000,B928,NHAP!$K$1:$K$5000)-SUMIF(NHAP!$L$1:$L$5000,B928,NHAP!$M$1:$M$5000))","v":0},{"$f":"IF(D928=\"NCC\",0,F928+SUMIF(XUAT!$N$1:$N$5000,B928,XUAT!$L$1:$L$5000)-SUMIF(XUAT!$N$1:$N$5000,B928,XUAT!$O$1:$O$5000))","v":0}]
[null,null,null,null,null,null,null,{"$f":"IF(D929=\"KH\",0,E929+SUMIF(NHAP!$L$1:$L$5000,B929,NHAP!$K$1:$K$5000)-SUMIF(NHAP!$L$1:$L$5000,B929,NHAP!$M$1:$M$5000))","v":0},{"$f":"IF(D929=\"NCC\",0,F929+SUMIF(XUAT!$N$1:$N$5000,B929,XUAT!$L$1:$L$5000)-SUMIF(XUAT!$N$1:$N$5000,B929,XUAT!$O$1:$O$5000))","v":0}]
[null,null,null,null,null,null,null,{"$f":"IF(D930=\"KH\",0,E930+SUMIF(NHAP!$L$1:$L$5000,B930,NHAP!$K$1:$K$5000)-SUMIF(NHAP!$L$1:$L$5000,B930,NHAP!$M$1:$M$5000))","v":0},{"$f":"IF(D930=\"NCC\",0,F930+SUMIF(XUAT!$N$1:$N$5000,B930,XUAT!$L$1:$L$5000)-SUMIF(XUAT!$N$1:$N$5000,B930,XUAT!$O$1:$O$5000))","v":0}]
[null,null,null,null,null,null,null,{"$f":"IF(D931=\"KH\",0,E931+SUMIF(NHAP!$L$1:$L$5000,B931,NHAP!$K$1:$K$5000)-SUMIF(NHAP!$L$1:$L$5000,B931,NHAP!$M$1:$M$5000))","v":0},{"$f":"IF(D931=\"NCC\",0,F931+SUMIF(XUAT!$N$1:$N$5000,B931,XUAT!$L$1:$L$5000)-SUMIF(XUAT!$N$1:$N$5000,B931,XUAT!$O$1:$O$5000))","v":0}]
[null,null,null,null,null,null,null,{"$f":"IF(D932=\"KH\",0,E932+SUMIF(NHAP!$L$1:$L$5000,B932,NHAP!$K$1:$K$5000)-SUMIF(NHAP!$L$1:$L$5000,B932,NHAP!$M$1:$M$5000))","v":0},{"$f":"IF(D932=\"NCC\",0,F932+SUMIF(XUAT!$N$1:$N$5000,B932,XUAT!$L$1:$L$5000)-SUMIF(XUAT!$N$1:$N$5000,B932,XUAT!$O$1:$O$5000))","v":0}]
[null,null,null,null,null,null,null,{"$f":"IF(D933=\"KH\",0,E933+SUMIF(NHAP!$L$1:$L$5000,B933,NHAP!$K$1:$K$5000)-SUMIF(NHAP!$L$1:$L$5000,B933,NHAP!$M$1:$M$5000))","v":0},{"$f":"IF(D933=\"NCC\",0,F933+SUMIF(XUAT!$N$1:$N$5000,B933,XUAT!$L$1:$L$5000)-SUMIF(XUAT!$N$1:$N$5000,B933,XUAT!$O$1:$O$5000))","v":0}]
[null,null,null,null,null,null,null,{"$f":"IF(D934=\"KH\",0,E934+SUMIF(NHAP!$L$1:$L$5000,B934,NHAP!$K$1:$K$5000)-SUMIF(NHAP!$L$1:$L$5000,B934,NHAP!$M$1:$M$5000))","v":0},{"$f":"IF(D934=\"NCC\",0,F934+SUMIF(XUAT!$N$1:$N$5000,B934,XUAT!$L$1:$L$5000)-SUMIF(XUAT!$N$1:$N$5000,B934,XUAT!$O$1:$O$5000))","v":0}]
[null,null,null,null,null,null,null,{"$f":"IF(D935=\"KH\",0,E935+SUMIF(NHAP!$L$1:$L$5000,B935,NHAP!$K$1:$K$5000)-SUMIF(NHAP!$L$1:$L$5000,B935,NHAP!$M$1:$M$5000))","v":0},{"$f":"IF(D935=\"NCC\",0,F935+SUMIF(XUAT!$N$1:$N$5000,B935,XUAT!$L$1:$L$5000)-SUMIF(XUAT!$N$1:$N$5000,B935,XUAT!$O$1:$O$5000))","v":0}]
[null,null,null,null,null,null,null,{"$f":"IF(D936=\"KH\",0,E936+SUMIF(NHAP!$L$1:$L$5000,B936,NHAP!$K$1:$K$5000)-SUMIF(NHAP!$L$1:$L$5000,B936,NHAP!$M$1:$M$5000))","v":0},{"$f":"IF(D936=\"NCC\",0,F936+SUMIF(XUAT!$N$1:$N$5000,B936,XUAT!$L$1:$L$5000)-SUMIF(XUAT!$N$1:$N$5000,B936,XUAT!$O$1:$O$5000))","v":0}]
[null,null,null,null,null,null,null,{"$f":"IF(D937=\"KH\",0,E937+SUMIF(NHAP!$L$1:$L$5000,B937,NHAP!$K$1:$K$5000)-SUMIF(NHAP!$L$1:$L$5000,B937,NHAP!$M$1:$M$5000))","v":0},{"$f":"IF(D937=\"NCC\",0,F937+SUMIF(XUAT!$N$1:$N$5000,B937,XUAT!$L$1:$L$5000)-SUMIF(XUAT!$N$1:$N$5000,B937,XUAT!$O$1:$O$5000))","v":0}]
[null,null,null,null,null,null,null,{"$f":"IF(D938=\"KH\",0,E938+SUMIF(NHAP!$L$1:$L$5000,B938,NHAP!$K$1:$K$5000)-SUMIF(NHAP!$L$1:$L$5000,B938,NHAP!$M$1:$M$5000))","v":0},{"$f":"IF(D938=\"NCC\",0,F938+SUMIF(XUAT!$N$1:$N$5000,B938,XUAT!$L$1:$L$5000)-SUMIF(XUAT!$N$1:$N$5000,B938,XUAT!$O$1:$O$5000))","v":0}]
[null,null,null,null,null,null,null,{"$f":"IF(D939=\"KH\",0,E939+SUMIF(NHAP!$L$1:$L$5000,B939,NHAP!$K$1:$K$5000)-SUMIF(NHAP!$L$1:$L$5000,B939,NHAP!$M$1:$M$5000))","v":0},{"$f":"IF(D939=\"NCC\",0,F939+SUMIF(XUAT!$N$1:$N$5000,B939,XUAT!$L$1:$L$5000)-SUMIF(XUAT!$N$1:$N$5000,B939,XUAT!$O$1:$O$5000))","v":0}]
[null,null,null,null,null,null,null,{"$f":"IF(D940=\"KH\",0,E940+SUMIF(NHAP!$L$1:$L$5000,B940,NHAP!$K$1:$K$5000)-SUMIF(NHAP!$L$1:$L$5000,B940,NHAP!$M$1:$M$5000))","v":0},{"$f":"IF(D940=\"NCC\",0,F940+SUMIF(XUAT!$N$1:$N$5000,B940,XUAT!$L$1:$L$5000)-SUMIF(XUAT!$N$1:$N$5000,B940,XUAT!$O$1:$O$5000))","v":0}]
[null,null,null,null,null,null,null,{"$f":"IF(D941=\"KH\",0,E941+SUMIF(NHAP!$L$1:$L$5000,B941,NHAP!$K$1:$K$5000)-SUMIF(NHAP!$L$1:$L$5000,B941,NHAP!$M$1:$M$5000))","v":0},{"$f":"IF(D941=\"NCC\",0,F941+SUMIF(XUAT!$N$1:$N$5000,B941,XUAT!$L$1:$L$5000)-SUMIF(XUAT!$N$1:$N$5000,B941,XUAT!$O$1:$O$5000))","v":0}]
[null,null,null,null,null,null,null,{"$f":"IF(D942=\"KH\",0,E942+SUMIF(NHAP!$L$1:$L$5000,B942,NHAP!$K$1:$K$5000)-SUMIF(NHAP!$L$1:$L$5000,B942,NHAP!$M$1:$M$5000))","v":0},{"$f":"IF(D942=\"NCC\",0,F942+SUMIF(XUAT!$N$1:$N$5000,B942,XUAT!$L$1:$L$5000)-SUMIF(XUAT!$N$1:$N$5000,B942,XUAT!$O$1:$O$5000))","v":0}]
[null,null,null,null,null,null,null,{"$f":"IF(D943=\"KH\",0,E943+SUMIF(NHAP!$L$1:$L$5000,B943,NHAP!$K$1:$K$5000)-SUMIF(NHAP!$L$1:$L$5000,B943,NHAP!$M$1:$M$5000))","v":0},{"$f":"IF(D943=\"NCC\",0,F943+SUMIF(XUAT!$N$1:$N$5000,B943,XUAT!$L$1:$L$5000)-SUMIF(XUAT!$N$1:$N$5000,B943,XUAT!$O$1:$O$5000))","v":0}]
[null,null,null,null,null,null,null,{"$f":"IF(D944=\"KH\",0,E944+SUMIF(NHAP!$L$1:$L$5000,B944,NHAP!$K$1:$K$5000)-SUMIF(NHAP!$L$1:$L$5000,B944,NHAP!$M$1:$M$5000))","v":0},{"$f":"IF(D944=\"NCC\",0,F944+SUMIF(XUAT!$N$1:$N$5000,B944,XUAT!$L$1:$L$5000)-SUMIF(XUAT!$N$1:$N$5000,B944,XUAT!$O$1:$O$5000))","v":0}]
[null,null,null,null,null,null,null,{"$f":"IF(D945=\"KH\",0,E945+SUMIF(NHAP!$L$1:$L$5000,B945,NHAP!$K$1:$K$5000)-SUMIF(NHAP!$L$1:$L$5000,B945,NHAP!$M$1:$M$5000))","v":0},{"$f":"IF(D945=\"NCC\",0,F945+SUMIF(XUAT!$N$1:$N$5000,B945,XUAT!$L$1:$L$5000)-SUMIF(XUAT!$N$1:$N$5000,B945,XUAT!$O$1:$O$5000))","v":0}]
[null,null,null,null,null,null,null,{"$f":"IF(D946=\"KH\",0,E946+SUMIF(NHAP!$L$1:$L$5000,B946,NHAP!$K$1:$K$5000)-SUMIF(NHAP!$L$1:$L$5000,B946,NHAP!$M$1:$M$5000))","v":0},{"$f":"IF(D946=\"NCC\",0,F946+SUMIF(XUAT!$N$1:$N$5000,B946,XUAT!$L$1:$L$5000)-SUMIF(XUAT!$N$1:$N$5000,B946,XUAT!$O$1:$O$5000))","v":0}]
[null,null,null,null,null,null,null,{"$f":"IF(D947=\"KH\",0,E947+SUMIF(NHAP!$L$1:$L$5000,B947,NHAP!$K$1:$K$5000)-SUMIF(NHAP!$L$1:$L$5000,B947,NHAP!$M$1:$M$5000))","v":0},{"$f":"IF(D947=\"NCC\",0,F947+SUMIF(XUAT!$N$1:$N$5000,B947,XUAT!$L$1:$L$5000)-SUMIF(XUAT!$N$1:$N$5000,B947,XUAT!$O$1:$O$5000))","v":0}]
[null,null,null,null,null,null,null,{"$f":"IF(D948=\"KH\",0,E948+SUMIF(NHAP!$L$1:$L$5000,B948,NHAP!$K$1:$K$5000)-SUMIF(NHAP!$L$1:$L$5000,B948,NHAP!$M$1:$M$5000))","v":0},{"$f":"IF(D948=\"NCC\",0,F948+SUMIF(XUAT!$N$1:$N$5000,B948,XUAT!$L$1:$L$5000)-SUMIF(XUAT!$N$1:$N$5000,B948,XUAT!$O$1:$O$5000))","v":0}]
[null,null,null,null,null,null,null,{"$f":"IF(D949=\"KH\",0,E949+SUMIF(NHAP!$L$1:$L$5000,B949,NHAP!$K$1:$K$5000)-SUMIF(NHAP!$L$1:$L$5000,B949,NHAP!$M$1:$M$5000))","v":0},{"$f":"IF(D949=\"NCC\",0,F949+SUMIF(XUAT!$N$1:$N$5000,B949,XUAT!$L$1:$L$5000)-SUMIF(XUAT!$N$1:$N$5000,B949,XUAT!$O$1:$O$5000))","v":0}]
[null,null,null,null,null,null,null,{"$f":"IF(D950=\"KH\",0,E950+SUMIF(NHAP!$L$1:$L$5000,B950,NHAP!$K$1:$K$5000)-SUMIF(NHAP!$L$1:$L$5000,B950,NHAP!$M$1:$M$5000))","v":0},{"$f":"IF(D950=\"NCC\",0,F950+SUMIF(XUAT!$N$1:$N$5000,B950,XUAT!$L$1:$L$5000)-SUMIF(XUAT!$N$1:$N$5000,B950,XUAT!$O$1:$O$5000))","v":0}]
[null,null,null,null,null,null,null,{"$f":"IF(D951=\"KH\",0,E951+SUMIF(NHAP!$L$1:$L$5000,B951,NHAP!$K$1:$K$5000)-SUMIF(NHAP!$L$1:$L$5000,B951,NHAP!$M$1:$M$5000))","v":0},{"$f":"IF(D951=\"NCC\",0,F951+SUMIF(XUAT!$N$1:$N$5000,B951,XUAT!$L$1:$L$5000)-SUMIF(XUAT!$N$1:$N$5000,B951,XUAT!$O$1:$O$5000))","v":0}]
[null,null,null,null,null,null,null,{"$f":"IF(D952=\"KH\",0,E952+SUMIF(NHAP!$L$1:$L$5000,B952,NHAP!$K$1:$K$5000)-SUMIF(NHAP!$L$1:$L$5000,B952,NHAP!$M$1:$M$5000))","v":0},{"$f":"IF(D952=\"NCC\",0,F952+SUMIF(XUAT!$N$1:$N$5000,B952,XUAT!$L$1:$L$5000)-SUMIF(XUAT!$N$1:$N$5000,B952,XUAT!$O$1:$O$5000))","v":0}]
[null,null,null,null,null,null,null,{"$f":"IF(D953=\"KH\",0,E953+SUMIF(NHAP!$L$1:$L$5000,B953,NHAP!$K$1:$K$5000)-SUMIF(NHAP!$L$1:$L$5000,B953,NHAP!$M$1:$M$5000))","v":0},{"$f":"IF(D953=\"NCC\",0,F953+SUMIF(XUAT!$N$1:$N$5000,B953,XUAT!$L$1:$L$5000)-SUMIF(XUAT!$N$1:$N$5000,B953,XUAT!$O$1:$O$5000))","v":0}]
[null,null,null,null,null,null,null,{"$f":"IF(D954=\"KH\",0,E954+SUMIF(NHAP!$L$1:$L$5000,B954,NHAP!$K$1:$K$5000)-SUMIF(NHAP!$L$1:$L$5000,B954,NHAP!$M$1:$M$5000))","v":0},{"$f":"IF(D954=\"NCC\",0,F954+SUMIF(XUAT!$N$1:$N$5000,B954,XUAT!$L$1:$L$5000)-SUMIF(XUAT!$N$1:$N$5000,B954,XUAT!$O$1:$O$5000))","v":0}]
[null,null,null,null,null,null,null,{"$f":"IF(D955=\"KH\",0,E955+SUMIF(NHAP!$L$1:$L$5000,B955,NHAP!$K$1:$K$5000)-SUMIF(NHAP!$L$1:$L$5000,B955,NHAP!$M$1:$M$5000))","v":0},{"$f":"IF(D955=\"NCC\",0,F955+SUMIF(XUAT!$N$1:$N$5000,B955,XUAT!$L$1:$L$5000)-SUMIF(XUAT!$N$1:$N$5000,B955,XUAT!$O$1:$O$5000))","v":0}]
[null,null,null,null,null,null,null,{"$f":"IF(D956=\"KH\",0,E956+SUMIF(NHAP!$L$1:$L$5000,B956,NHAP!$K$1:$K$5000)-SUMIF(NHAP!$L$1:$L$5000,B956,NHAP!$M$1:$M$5000))","v":0},{"$f":"IF(D956=\"NCC\",0,F956+SUMIF(XUAT!$N$1:$N$5000,B956,XUAT!$L$1:$L$5000)-SUMIF(XUAT!$N$1:$N$5000,B956,XUAT!$O$1:$O$5000))","v":0}]
[null,null,null,null,null,null,null,{"$f":"IF(D957=\"KH\",0,E957+SUMIF(NHAP!$L$1:$L$5000,B957,NHAP!$K$1:$K$5000)-SUMIF(NHAP!$L$1:$L$5000,B957,NHAP!$M$1:$M$5000))","v":0},{"$f":"IF(D957=\"NCC\",0,F957+SUMIF(XUAT!$N$1:$N$5000,B957,XUAT!$L$1:$L$5000)-SUMIF(XUAT!$N$1:$N$5000,B957,XUAT!$O$1:$O$5000))","v":0}]
[null,null,null,null,null,null,null,{"$f":"IF(D958=\"KH\",0,E958+SUMIF(NHAP!$L$1:$L$5000,B958,NHAP!$K$1:$K$5000)-SUMIF(NHAP!$L$1:$L$5000,B958,NHAP!$M$1:$M$5000))","v":0},{"$f":"IF(D958=\"NCC\",0,F958+SUMIF(XUAT!$N$1:$N$5000,B958,XUAT!$L$1:$L$5000)-SUMIF(XUAT!$N$1:$N$5000,B958,XUAT!$O$1:$O$5000))","v":0}]
[null,null,null,null,null,null,null,{"$f":"IF(D959=\"KH\",0,E959+SUMIF(NHAP!$L$1:$L$5000,B959,NHAP!$K$1:$K$5000)-SUMIF(NHAP!$L$1:$L$5000,B959,NHAP!$M$1:$M$5000))","v":0},{"$f":"IF(D959=\"NCC\",0,F959+SUMIF(XUAT!$N$1:$N$5000,B959,XUAT!$L$1:$L$5000)-SUMIF(XUAT!$N$1:$N$5000,B959,XUAT!$O$1:$O$5000))","v":0}]
[null,null,null,null,null,null,null,{"$f":"IF(D960=\"KH\",0,E960+SUMIF(NHAP!$L$1:$L$5000,B960,NHAP!$K$1:$K$5000)-SUMIF(NHAP!$L$1:$L$5000,B960,NHAP!$M$1:$M$5000))","v":0},{"$f":"IF(D960=\"NCC\",0,F960+SUMIF(XUAT!$N$1:$N$5000,B960,XUAT!$L$1:$L$5000)-SUMIF(XUAT!$N$1:$N$5000,B960,XUAT!$O$1:$O$5000))","v":0}]
[null,null,null,null,null,null,null,{"$f":"IF(D961=\"KH\",0,E961+SUMIF(NHAP!$L$1:$L$5000,B961,NHAP!$K$1:$K$5000)-SUMIF(NHAP!$L$1:$L$5000,B961,NHAP!$M$1:$M$5000))","v":0},{"$f":"IF(D961=\"NCC\",0,F961+SUMIF(XUAT!$N$1:$N$5000,B961,XUAT!$L$1:$L$5000)-SUMIF(XUAT!$N$1:$N$5000,B961,XUAT!$O$1:$O$5000))","v":0}]
[null,null,null,null,null,null,null,{"$f":"IF(D962=\"KH\",0,E962+SUMIF(NHAP!$L$1:$L$5000,B962,NHAP!$K$1:$K$5000)-SUMIF(NHAP!$L$1:$L$5000,B962,NHAP!$M$1:$M$5000))","v":0},{"$f":"IF(D962=\"NCC\",0,F962+SUMIF(XUAT!$N$1:$N$5000,B962,XUAT!$L$1:$L$5000)-SUMIF(XUAT!$N$1:$N$5000,B962,XUAT!$O$1:$O$5000))","v":0}]
[null,null,null,null,null,null,null,{"$f":"IF(D963=\"KH\",0,E963+SUMIF(NHAP!$L$1:$L$5000,B963,NHAP!$K$1:$K$5000)-SUMIF(NHAP!$L$1:$L$5000,B963,NHAP!$M$1:$M$5000))","v":0},{"$f":"IF(D963=\"NCC\",0,F963+SUMIF(XUAT!$N$1:$N$5000,B963,XUAT!$L$1:$L$5000)-SUMIF(XUAT!$N$1:$N$5000,B963,XUAT!$O$1:$O$5000))","v":0}]
[null,null,null,null,null,null,null,{"$f":"IF(D964=\"KH\",0,E964+SUMIF(NHAP!$L$1:$L$5000,B964,NHAP!$K$1:$K$5000)-SUMIF(NHAP!$L$1:$L$5000,B964,NHAP!$M$1:$M$5000))","v":0},{"$f":"IF(D964=\"NCC\",0,F964+SUMIF(XUAT!$N$1:$N$5000,B964,XUAT!$L$1:$L$5000)-SUMIF(XUAT!$N$1:$N$5000,B964,XUAT!$O$1:$O$5000))","v":0}]
[null,null,null,null,null,null,null,{"$f":"IF(D965=\"KH\",0,E965+SUMIF(NHAP!$L$1:$L$5000,B965,NHAP!$K$1:$K$5000)-SUMIF(NHAP!$L$1:$L$5000,B965,NHAP!$M$1:$M$5000))","v":0},{"$f":"IF(D965=\"NCC\",0,F965+SUMIF(XUAT!$N$1:$N$5000,B965,XUAT!$L$1:$L$5000)-SUMIF(XUAT!$N$1:$N$5000,B965,XUAT!$O$1:$O$5000))","v":0}]
[null,null,null,null,null,null,null,{"$f":"IF(D966=\"KH\",0,E966+SUMIF(NHAP!$L$1:$L$5000,B966,NHAP!$K$1:$K$5000)-SUMIF(NHAP!$L$1:$L$5000,B966,NHAP!$M$1:$M$5000))","v":0},{"$f":"IF(D966=\"NCC\",0,F966+SUMIF(XUAT!$N$1:$N$5000,B966,XUAT!$L$1:$L$5000)-SUMIF(XUAT!$N$1:$N$5000,B966,XUAT!$O$1:$O$5000))","v":0}]
[null,null,null,null,null,null,null,{"$f":"IF(D967=\"KH\",0,E967+SUMIF(NHAP!$L$1:$L$5000,B967,NHAP!$K$1:$K$5000)-SUMIF(NHAP!$L$1:$L$5000,B967,NHAP!$M$1:$M$5000))","v":0},{"$f":"IF(D967=\"NCC\",0,F967+SUMIF(XUAT!$N$1:$N$5000,B967,XUAT!$L$1:$L$5000)-SUMIF(XUAT!$N$1:$N$5000,B967,XUAT!$O$1:$O$5000))","v":0}]
[null,null,null,null,null,null,null,{"$f":"IF(D968=\"KH\",0,E968+SUMIF(NHAP!$L$1:$L$5000,B968,NHAP!$K$1:$K$5000)-SUMIF(NHAP!$L$1:$L$5000,B968,NHAP!$M$1:$M$5000))","v":0},{"$f":"IF(D968=\"NCC\",0,F968+SUMIF(XUAT!$N$1:$N$5000,B968,XUAT!$L$1:$L$5000)-SUMIF(XUAT!$N$1:$N$5000,B968,XUAT!$O$1:$O$5000))","v":0}]
[null,null,null,null,null,null,null,{"$f":"IF(D969=\"KH\",0,E969+SUMIF(NHAP!$L$1:$L$5000,B969,NHAP!$K$1:$K$5000)-SUMIF(NHAP!$L$1:$L$5000,B969,NHAP!$M$1:$M$5000))","v":0},{"$f":"IF(D969=\"NCC\",0,F969+SUMIF(XUAT!$N$1:$N$5000,B969,XUAT!$L$1:$L$5000)-SUMIF(XUAT!$N$1:$N$5000,B969,XUAT!$O$1:$O$5000))","v":0}]
[null,null,null,null,null,null,null,{"$f":"IF(D970=\"KH\",0,E970+SUMIF(NHAP!$L$1:$L$5000,B970,NHAP!$K$1:$K$5000)-SUMIF(NHAP!$L$1:$L$5000,B970,NHAP!$M$1:$M$5000))","v":0},{"$f":"IF(D970=\"NCC\",0,F970+SUMIF(XUAT!$N$1:$N$5000,B970,XUAT!$L$1:$L$5000)-SUMIF(XUAT!$N$1:$N$5000,B970,XUAT!$O$1:$O$5000))","v":0}]
[null,null,null,null,null,null,null,{"$f":"IF(D971=\"KH\",0,E971+SUMIF(NHAP!$L$1:$L$5000,B971,NHAP!$K$1:$K$5000)-SUMIF(NHAP!$L$1:$L$5000,B971,NHAP!$M$1:$M$5000))","v":0},{"$f":"IF(D971=\"NCC\",0,F971+SUMIF(XUAT!$N$1:$N$5000,B971,XUAT!$L$1:$L$5000)-SUMIF(XUAT!$N$1:$N$5000,B971,XUAT!$O$1:$O$5000))","v":0}]
[null,null,null,null,null,null,null,{"$f":"IF(D972=\"KH\",0,E972+SUMIF(NHAP!$L$1:$L$5000,B972,NHAP!$K$1:$K$5000)-SUMIF(NHAP!$L$1:$L$5000,B972,NHAP!$M$1:$M$5000))","v":0},{"$f":"IF(D972=\"NCC\",0,F972+SUMIF(XUAT!$N$1:$N$5000,B972,XUAT!$L$1:$L$5000)-SUMIF(XUAT!$N$1:$N$5000,B972,XUAT!$O$1:$O$5000))","v":0}]
[null,null,null,null,null,null,null,{"$f":"IF(D973=\"KH\",0,E973+SUMIF(NHAP!$L$1:$L$5000,B973,NHAP!$K$1:$K$5000)-SUMIF(NHAP!$L$1:$L$5000,B973,NHAP!$M$1:$M$5000))","v":0},{"$f":"IF(D973=\"NCC\",0,F973+SUMIF(XUAT!$N$1:$N$5000,B973,XUAT!$L$1:$L$5000)-SUMIF(XUAT!$N$1:$N$5000,B973,XUAT!$O$1:$O$5000))","v":0}]
[null,null,null,null,null,null,null,{"$f":"IF(D974=\"KH\",0,E974+SUMIF(NHAP!$L$1:$L$5000,B974,NHAP!$K$1:$K$5000)-SUMIF(NHAP!$L$1:$L$5000,B974,NHAP!$M$1:$M$5000))","v":0},{"$f":"IF(D974=\"NCC\",0,F974+SUMIF(XUAT!$N$1:$N$5000,B974,XUAT!$L$1:$L$5000)-SUMIF(XUAT!$N$1:$N$5000,B974,XUAT!$O$1:$O$5000))","v":0}]
[null,null,null,null,null,null,null,{"$f":"IF(D975=\"KH\",0,E975+SUMIF(NHAP!$L$1:$L$5000,B975,NHAP!$K$1:$K$5000)-SUMIF(NHAP!$L$1:$L$5000,B975,NHAP!$M$1:$M$5000))","v":0},{"$f":"IF(D975=\"NCC\",0,F975+SUMIF(XUAT!$N$1:$N$5000,B975,XUAT!$L$1:$L$5000)-SUMIF(XUAT!$N$1:$N$5000,B975,XUAT!$O$1:$O$5000))","v":0}]
[null,null,null,null,null,null,null,{"$f":"IF(D976=\"KH\",0,E976+SUMIF(NHAP!$L$1:$L$5000,B976,NHAP!$K$1:$K$5000)-SUMIF(NHAP!$L$1:$L$5000,B976,NHAP!$M$1:$M$5000))","v":0},{"$f":"IF(D976=\"NCC\",0,F976+SUMIF(XUAT!$N$1:$N$5000,B976,XUAT!$L$1:$L$5000)-SUMIF(XUAT!$N$1:$N$5000,B976,XUAT!$O$1:$O$5000))","v":0}]
[null,null,null,null,null,null,null,{"$f":"IF(D977=\"KH\",0,E977+SUMIF(NHAP!$L$1:$L$5000,B977,NHAP!$K$1:$K$5000)-SUMIF(NHAP!$L$1:$L$5000,B977,NHAP!$M$1:$M$5000))","v":0},{"$f":"IF(D977=\"NCC\",0,F977+SUMIF(XUAT!$N$1:$N$5000,B977,XUAT!$L$1:$L$5000)-SUMIF(XUAT!$N$1:$N$5000,B977,XUAT!$O$1:$O$5000))","v":0}]
[null,null,null,null,null,null,null,{"$f":"IF(D978=\"KH\",0,E978+SUMIF(NHAP!$L$1:$L$5000,B978,NHAP!$K$1:$K$5000)-SUMIF(NHAP!$L$1:$L$5000,B978,NHAP!$M$1:$M$5000))","v":0},{"$f":"IF(D978=\"NCC\",0,F978+SUMIF(XUAT!$N$1:$N$5000,B978,XUAT!$L$1:$L$5000)-SUMIF(XUAT!$N$1:$N$5000,B978,XUAT!$O$1:$O$5000))","v":0}]
[null,null,null,null,null,null,null,{"$f":"IF(D979=\"KH\",0,E979+SUMIF(NHAP!$L$1:$L$5000,B979,NHAP!$K$1:$K$5000)-SUMIF(NHAP!$L$1:$L$5000,B979,NHAP!$M$1:$M$5000))","v":0},{"$f":"IF(D979=\"NCC\",0,F979+SUMIF(XUAT!$N$1:$N$5000,B979,XUAT!$L$1:$L$5000)-SUMIF(XUAT!$N$1:$N$5000,B979,XUAT!$O$1:$O$5000))","v":0}]
[null,null,null,null,null,null,null,{"$f":"IF(D980=\"KH\",0,E980+SUMIF(NHAP!$L$1:$L$5000,B980,NHAP!$K$1:$K$5000)-SUMIF(NHAP!$L$1:$L$5000,B980,NHAP!$M$1:$M$5000))","v":0},{"$f":"IF(D980=\"NCC\",0,F980+SUMIF(XUAT!$N$1:$N$5000,B980,XUAT!$L$1:$L$5000)-SUMIF(XUAT!$N$1:$N$5000,B980,XUAT!$O$1:$O$5000))","v":0}]
[null,null,null,null,null,null,null,{"$f":"IF(D981=\"KH\",0,E981+SUMIF(NHAP!$L$1:$L$5000,B981,NHAP!$K$1:$K$5000)-SUMIF(NHAP!$L$1:$L$5000,B981,NHAP!$M$1:$M$5000))","v":0},{"$f":"IF(D981=\"NCC\",0,F981+SUMIF(XUAT!$N$1:$N$5000,B981,XUAT!$L$1:$L$5000)-SUMIF(XUAT!$N$1:$N$5000,B981,XUAT!$O$1:$O$5000))","v":0}]
[null,null,null,null,null,null,null,{"$f":"IF(D982=\"KH\",0,E982+SUMIF(NHAP!$L$1:$L$5000,B982,NHAP!$K$1:$K$5000)-SUMIF(NHAP!$L$1:$L$5000,B982,NHAP!$M$1:$M$5000))","v":0},{"$f":"IF(D982=\"NCC\",0,F982+SUMIF(XUAT!$N$1:$N$5000,B982,XUAT!$L$1:$L$5000)-SUMIF(XUAT!$N$1:$N$5000,B982,XUAT!$O$1:$O$5000))","v":0}]
[null,null,null,null,null,null,null,{"$f":"IF(D983=\"KH\",0,E983+SUMIF(NHAP!$L$1:$L$5000,B983,NHAP!$K$1:$K$5000)-SUMIF(NHAP!$L$1:$L$5000,B983,NHAP!$M$1:$M$5000))","v":0},{"$f":"IF(D983=\"NCC\",0,F983+SUMIF(XUAT!$N$1:$N$5000,B983,XUAT!$L$1:$L$5000)-SUMIF(XUAT!$N$1:$N$5000,B983,XUAT!$O$1:$O$5000))","v":0}]
[null,null,null,null,null,null,null,{"$f":"IF(D984=\"KH\",0,E984+SUMIF(NHAP!$L$1:$L$5000,B984,NHAP!$K$1:$K$5000)-SUMIF(NHAP!$L$1:$L$5000,B984,NHAP!$M$1:$M$5000))","v":0},{"$f":"IF(D984=\"NCC\",0,F984+SUMIF(XUAT!$N$1:$N$5000,B984,XUAT!$L$1:$L$5000)-SUMIF(XUAT!$N$1:$N$5000,B984,XUAT!$O$1:$O$5000))","v":0}]
[null,null,null,null,null,null,null,{"$f":"IF(D985=\"KH\",0,E985+SUMIF(NHAP!$L$1:$L$5000,B985,NHAP!$K$1:$K$5000)-SUMIF(NHAP!$L$1:$L$5000,B985,NHAP!$M$1:$M$5000))","v":0},{"$f":"IF(D985=\"NCC\",0,F985+SUMIF(XUAT!$N$1:$N$5000,B985,XUAT!$L$1:$L$5000)-SUMIF(XUAT!$N$1:$N$5000,B985,XUAT!$O$1:$O$5000))","v":0}]
[null,null,null,null,null,null,null,{"$f":"IF(D986=\"KH\",0,E986+SUMIF(NHAP!$L$1:$L$5000,B986,NHAP!$K$1:$K$5000)-SUMIF(NHAP!$L$1:$L$5000,B986,NHAP!$M$1:$M$5000))","v":0},{"$f":"IF(D986=\"NCC\",0,F986+SUMIF(XUAT!$N$1:$N$5000,B986,XUAT!$L$1:$L$5000)-SUMIF(XUAT!$N$1:$N$5000,B986,XUAT!$O$1:$O$5000))","v":0}]
[null,null,null,null,null,null,null,{"$f":"IF(D987=\"KH\",0,E987+SUMIF(NHAP!$L$1:$L$5000,B987,NHAP!$K$1:$K$5000)-SUMIF(NHAP!$L$1:$L$5000,B987,NHAP!$M$1:$M$5000))","v":0},{"$f":"IF(D987=\"NCC\",0,F987+SUMIF(XUAT!$N$1:$N$5000,B987,XUAT!$L$1:$L$5000)-SUMIF(XUAT!$N$1:$N$5000,B987,XUAT!$O$1:$O$5000))","v":0}]
[null,null,null,null,null,null,null,{"$f":"IF(D988=\"KH\",0,E988+SUMIF(NHAP!$L$1:$L$5000,B988,NHAP!$K$1:$K$5000)-SUMIF(NHAP!$L$1:$L$5000,B988,NHAP!$M$1:$M$5000))","v":0},{"$f":"IF(D988=\"NCC\",0,F988+SUMIF(XUAT!$N$1:$N$5000,B988,XUAT!$L$1:$L$5000)-SUMIF(XUAT!$N$1:$N$5000,B988,XUAT!$O$1:$O$5000))","v":0}]
[null,null,null,null,null,null,null,{"$f":"IF(D989=\"KH\",0,E989+SUMIF(NHAP!$L$1:$L$5000,B989,NHAP!$K$1:$K$5000)-SUMIF(NHAP!$L$1:$L$5000,B989,NHAP!$M$1:$M$5000))","v":0},{"$f":"IF(D989=\"NCC\",0,F989+SUMIF(XUAT!$N$1:$N$5000,B989,XUAT!$L$1:$L$5000)-SUMIF(XUAT!$N$1:$N$5000,B989,XUAT!$O$1:$O$5000))","v":0}]
[null,null,null,null,null,null,null,{"$f":"IF(D990=\"KH\",0,E990+SUMIF(NHAP!$L$1:$L$5000,B990,NHAP!$K$1:$K$5000)-SUMIF(NHAP!$L$1:$L$5000,B990,NHAP!$M$1:$M$5000))","v":0},{"$f":"IF(D990=\"NCC\",0,F990+SUMIF(XUAT!$N$1:$N$5000,B990,XUAT!$L$1:$L$5000)-SUMIF(XUAT!$N$1:$N$5000,B990,XUAT!$O$1:$O$5000))","v":0}]
[null,null,null,null,null,null,null,{"$f":"IF(D991=\"KH\",0,E991+SUMIF(NHAP!$L$1:$L$5000,B991,NHAP!$K$1:$K$5000)-SUMIF(NHAP!$L$1:$L$5000,B991,NHAP!$M$1:$M$5000))","v":0},{"$f":"IF(D991=\"NCC\",0,F991+SUMIF(XUAT!$N$1:$N$5000,B991,XUAT!$L$1:$L$5000)-SUMIF(XUAT!$N$1:$N$5000,B991,XUAT!$O$1:$O$5000))","v":0}]
[null,null,null,null,null,null,null,{"$f":"IF(D992=\"KH\",0,E992+SUMIF(NHAP!$L$1:$L$5000,B992,NHAP!$K$1:$K$5000)-SUMIF(NHAP!$L$1:$L$5000,B992,NHAP!$M$1:$M$5000))","v":0},{"$f":"IF(D992=\"NCC\",0,F992+SUMIF(XUAT!$N$1:$N$5000,B992,XUAT!$L$1:$L$5000)-SUMIF(XUAT!$N$1:$N$5000,B992,XUAT!$O$1:$O$5000))","v":0}]
[null,null,null,null,null,null,null,{"$f":"IF(D993=\"KH\",0,E993+SUMIF(NHAP!$L$1:$L$5000,B993,NHAP!$K$1:$K$5000)-SUMIF(NHAP!$L$1:$L$5000,B993,NHAP!$M$1:$M$5000))","v":0},{"$f":"IF(D993=\"NCC\",0,F993+SUMIF(XUAT!$N$1:$N$5000,B993,XUAT!$L$1:$L$5000)-SUMIF(XUAT!$N$1:$N$5000,B993,XUAT!$O$1:$O$5000))","v":0}]
[null,null,null,null,null,null,null,{"$f":"IF(D994=\"KH\",0,E994+SUMIF(NHAP!$L$1:$L$5000,B994,NHAP!$K$1:$K$5000)-SUMIF(NHAP!$L$1:$L$5000,B994,NHAP!$M$1:$M$5000))","v":0},{"$f":"IF(D994=\"NCC\",0,F994+SUMIF(XUAT!$N$1:$N$5000,B994,XUAT!$L$1:$L$5000)-SUMIF(XUAT!$N$1:$N$5000,B994,XUAT!$O$1:$O$5000))","v":0}]
[null,null,null,null,null,null,null,{"$f":"IF(D995=\"KH\",0,E995+SUMIF(NHAP!$L$1:$L$5000,B995,NHAP!$K$1:$K$5000)-SUMIF(NHAP!$L$1:$L$5000,B995,NHAP!$M$1:$M$5000))","v":0},{"$f":"IF(D995=\"NCC\",0,F995+SUMIF(XUAT!$N$1:$N$5000,B995,XUAT!$L$1:$L$5000)-SUMIF(XUAT!$N$1:$N$5000,B995,XUAT!$O$1:$O$5000))","v":0}]
[null,null,null,null,null,null,null,{"$f":"IF(D996=\"KH\",0,E996+SUMIF(NHAP!$L$1:$L$5000,B996,NHAP!$K$1:$K$5000)-SUMIF(NHAP!$L$1:$L$5000,B996,NHAP!$M$1:$M$5000))","v":0},{"$f":"IF(D996=\"NCC\",0,F996+SUMIF(XUAT!$N$1:$N$5000,B996,XUAT!$L$1:$L$5000)-SUMIF(XUAT!$N$1:$N$5000,B996,XUAT!$O$1:$O$5000))","v":0}]
[null,null,null,null,null,null,null,{"$f":"IF(D997=\"KH\",0,E997+SUMIF(NHAP!$L$1:$L$5000,B997,NHAP!$K$1:$K$5000)-SUMIF(NHAP!$L$1:$L$5000,B997,NHAP!$M$1:$M$5000))","v":0},{"$f":"IF(D997=\"NCC\",0,F997+SUMIF(XUAT!$N$1:$N$5000,B997,XUAT!$L$1:$L$5000)-SUMIF(XUAT!$N$1:$N$5000,B997,XUAT!$O$1:$O$5000))","v":0}]
[null,null,null,null,null,null,null,{"$f":"IF(D998=\"KH\",0,E998+SUMIF(NHAP!$L$1:$L$5000,B998,NHAP!$K$1:$K$5000)-SUMIF(NHAP!$L$1:$L$5000,B998,NHAP!$M$1:$M$5000))","v":0},{"$f":"IF(D998=\"NCC\",0,F998+SUMIF(XUAT!$N$1:$N$5000,B998,XUAT!$L$1:$L$5000)-SUMIF(XUAT!$N$1:$N$5000,B998,XUAT!$O$1:$O$5000))","v":0}]
[null,null,null,null,null,null,null,{"$f":"IF(D999=\"KH\",0,E999+SUMIF(NHAP!$L$1:$L$5000,B999,NHAP!$K$1:$K$5000)-SUMIF(NHAP!$L$1:$L$5000,B999,NHAP!$M$1:$M$5000))","v":0},{"$f":"IF(D999=\"NCC\",0,F999+SUMIF(XUAT!$N$1:$N$5000,B999,XUAT!$L$1:$L$5000)-SUMIF(XUAT!$N$1:$N$5000,B999,XUAT!$O$1:$O$5000))","v":0}]
[null,null,null,null,null,null,null,{"$f":"IF(D1000=\"KH\",0,E1000+SUMIF(NHAP!$L$1:$L$5000,B1000,NHAP!$K$1:$K$5000)-SUMIF(NHAP!$L$1:$L$5000,B1000,NHAP!$M$1:$M$5000))","v":0},{"$f":"IF(D1000=\"NCC\",0,F1000+SUMIF(XUAT!$N$1:$N$5000,B1000,XUAT!$L$1:$L$5000)-SUMIF(XUAT!$N$1:$N$5000,B1000,XUAT!$O$1:$O$5000))","v":0}]
[null,null,null,null,null,null,null,{"$f":"IF(D1001=\"KH\",0,E1001+SUMIF(NHAP!$L$1:$L$5000,B1001,NHAP!$K$1:$K$5000)-SUMIF(NHAP!$L$1:$L$5000,B1001,NHAP!$M$1:$M$5000))","v":0},{"$f":"IF(D1001=\"NCC\",0,F1001+SUMIF(XUAT!$N$1:$N$5000,B1001,XUAT!$L$1:$L$5000)-SUMIF(XUAT!$N$1:$N$5000,B1001,XUAT!$O$1:$O$5000))","v":0}]
[null,null,null,null,null,null,null,{"$f":"IF(D1002=\"KH\",0,E1002+SUMIF(NHAP!$L$1:$L$5000,B1002,NHAP!$K$1:$K$5000)-SUMIF(NHAP!$L$1:$L$5000,B1002,NHAP!$M$1:$M$5000))","v":0},{"$f":"IF(D1002=\"NCC\",0,F1002+SUMIF(XUAT!$N$1:$N$5000,B1002,XUAT!$L$1:$L$5000)-SUMIF(XUAT!$N$1:$N$5000,B1002,XUAT!$O$1:$O$5000))","v":0}]